{"text_format":"2","workbook":"xlsx","n_sheets":1,"sheets":["01567601000143 - UNIVERSIDADE F"],"not_rendered":{"charts":0,"images":0,"macros":0,"external_links":0,"defined_names":1,"comments":0,"pivot_tables":0},"unopened":[],"bounds":{"document_bytes":16777216,"sheet_cells":100000,"run_cost":"one","rows_first":2000,"rows_last":500,"rows_between":2000,"halvings":0,"cell_chars":16384,"cell_head_chars":4096},"cells_cut":0,"cells_raw":0,"read":"whole","date_system":"1900"}

{"sheet":"01567601000143 - UNIVERSIDADE F","index":0,"n_rows":3898,"n_cols":20,"rows_kept":3898,"cut":false,"hidden":false,"merged":[]}
["Unidade Responsável","UASG","Id do item no PCA","Categoria do Item","Identificador da Futura Contratação","Nome da Futura Contratação","Catálogo Utilizado","Classificação do Catálogo","Código da Classificação Superior (Classe/Grupo)","Nome da Classificação Superior (Classe/Grupo)","Código do PDM do Item","Nome do PDM do Item","Código do Item","Descrição do Item","Unidade de Fornecimento","Quantidade Estimada","Valor Unitário Estimado (R$)","Valor Total Estimado (R$)","Valor orçamentário estimado para o exercício (R$)","Data Desejada"]
["UNIVERSIDADE FEDERAL DE GOIAS-UF/GO",153052.0,10.0,"Serviço","153052-53/2026","EECA - SERVIÇOS DE MANUTENÇÃO E CALIBRAÇÃO","Catálogo do Compras.gov.br","Serviço",872.0,"SERVIÇOS DE REPARO DE OUTROS BENS",null,null,14427.0,"AFERIÇÃO, CALIBRAÇÃO E MEDIÇÃO DE MÁQUINAS / INSTRUMENTOS  /SENSORES / PADRÕES / EQUIPAMENTOS","-",12.0,1200.0,14400.0,0.0,"2026-10-16"]
["UNIVERSIDADE FEDERAL DE GOIAS-UF/GO",153052.0,2.0,"Serviço","153052-60/2026","INF - CURSOS DE CAPACITAÇÃO.","Catálogo do Compras.gov.br","Serviço",929.0,"OUTROS SERVIÇOS DE EDUCAÇÃO E TREINAMENTO",null,null,21172.0,"TREINAMENTO QUALIFICAÇÃO PROFISSIONAL","-",1.0,5000.0,5000.0,0.0,"2026-07-24"]
["UNIVERSIDADE FEDERAL DE GOIAS-UF/GO",153052.0,3.0,"Serviço","153052-59/2026","INF - INSCRIÇÃO DE DOCENTES E TAES EM EVENTOS","Catálogo do Compras.gov.br","Serviço",929.0,"OUTROS SERVIÇOS DE EDUCAÇÃO E TREINAMENTO",null,null,25232.0,"PAGAMENTO INSCRIÇÃO EVENTOS","-",1.0,10000.0,10000.0,0.0,"2026-07-17"]
["UNIVERSIDADE FEDERAL DE GOIAS-UF/GO",153052.0,4.0,"Serviço","153052-58/2026","FEFD - SERVIÇO DE PROMOÇÃO DE EVENTOS","Catálogo do Compras.gov.br","Serviço",962.0,"SERVIÇOS DE PROMOÇÃO E APRESENTAÇÃO RELACIONADOS AS ARTES CÊNICAS E OUTROS ESPETÁCULOS AO VIVO",null,null,12610.0,"REALIZAÇÃO DE SHOWS / CONCURSOS / ARTÍSTICOS / CULTURAIS","-",1.0,12000.0,12000.0,0.0,"2026-06-26"]
["UNIVERSIDADE FEDERAL DE GOIAS-UF/GO",153052.0,5.0,"Serviço","153052-58/2026","FEFD - SERVIÇO DE PROMOÇÃO DE EVENTOS","Catálogo do Compras.gov.br","Serviço",962.0,"SERVIÇOS DE PROMOÇÃO E APRESENTAÇÃO RELACIONADOS AS ARTES CÊNICAS E OUTROS ESPETÁCULOS AO VIVO",null,null,14591.0,"PROMOÇÃO DE EVENTOS","-",1.0,6000.0,6000.0,0.0,"2026-06-26"]
["UNIVERSIDADE FEDERAL DE GOIAS-UF/GO",153052.0,7.0,"Serviço","153052-54/2026","INF - SERVIÇO DE MANUTENÇÃO DE AR CONDICIONADO","Catálogo do Compras.gov.br","Serviço",871.0,"SERVIÇOS DE MANUTENÇÃO E REPARO DE PRODUTOS FABRICADOS DE METAL,MAQUINARIA E EQUIPAMENTOS",null,null,2771.0,"AR CONDICIONADO - MANUTENÇÃO DE SISTEMAS / LIMPEZA","-",1.0,24000.0,24000.0,0.0,"2026-06-26"]
["UNIVERSIDADE FEDERAL DE GOIAS-UF/GO",153052.0,8.0,"Serviço","153052-53/2026","EECA - SERVIÇOS DE MANUTENÇÃO E CALIBRAÇÃO","Catálogo do Compras.gov.br","Serviço",872.0,"SERVIÇOS DE REPARO DE OUTROS BENS",null,null,14427.0,"AFERIÇÃO, CALIBRAÇÃO E MEDIÇÃO DE MÁQUINAS / INSTRUMENTOS  /SENSORES / PADRÕES / EQUIPAMENTOS","-",3.0,250.0,750.0,0.0,"2026-10-16"]
["UNIVERSIDADE FEDERAL DE GOIAS-UF/GO",153052.0,9.0,"Serviço","153052-53/2026","EECA - SERVIÇOS DE MANUTENÇÃO E CALIBRAÇÃO","Catálogo do Compras.gov.br","Serviço",872.0,"SERVIÇOS DE REPARO DE OUTROS BENS",null,null,14427.0,"AFERIÇÃO, CALIBRAÇÃO E MEDIÇÃO DE MÁQUINAS / INSTRUMENTOS  /SENSORES / PADRÕES / EQUIPAMENTOS","-",1.0,350.0,350.0,0.0,"2026-10-16"]
["UNIVERSIDADE FEDERAL DE GOIAS-UF/GO",153052.0,11.0,"Serviço","153052-53/2026","EECA - SERVIÇOS DE MANUTENÇÃO E CALIBRAÇÃO","Catálogo do Compras.gov.br","Serviço",872.0,"SERVIÇOS DE REPARO DE OUTROS BENS",null,null,14443.0,"AFERIÇÃO E/OU CALIBRAÇÃO DE INSTRUMENTO DE  MEDIR  FORÇA  DEUSO GERAL","-",2.0,578.0,1156.0,0.0,"2026-10-16"]
["UNIVERSIDADE FEDERAL DE GOIAS-UF/GO",153052.0,12.0,"Serviço","153052-53/2026","EECA - SERVIÇOS DE MANUTENÇÃO E CALIBRAÇÃO","Catálogo do Compras.gov.br","Serviço",872.0,"SERVIÇOS DE REPARO DE OUTROS BENS",null,null,14478.0,"AFERIÇÃO, CALIBRAÇÃO E MEDIÇÃO DE AVALIAÇÃO GEOMÉTRICA","-",12.0,70.0,840.0,0.0,"2026-10-16"]
["UNIVERSIDADE FEDERAL DE GOIAS-UF/GO",153052.0,13.0,"Serviço","153052-53/2026","EECA - SERVIÇOS DE MANUTENÇÃO E CALIBRAÇÃO","Catálogo do Compras.gov.br","Serviço",872.0,"SERVIÇOS DE REPARO DE OUTROS BENS",null,null,14460.0,"AFERIÇÃO E/OU CALIBRAÇÃO DE SENSORES","-",1.0,130.0,130.0,0.0,"2026-10-16"]
["UNIVERSIDADE FEDERAL DE GOIAS-UF/GO",153052.0,14.0,"Serviço","153052-53/2026","EECA - SERVIÇOS DE MANUTENÇÃO E CALIBRAÇÃO","Catálogo do Compras.gov.br","Serviço",859.0,"OUTROS SERVIÇOS DE SUPORTE",null,null,19097.0,"FONTES REFERÊNCIA - FORNECIMENTO / CALIBRAÇÃO","-",9.0,360.0,3240.0,0.0,"2026-10-16"]
["UNIVERSIDADE FEDERAL DE GOIAS-UF/GO",153052.0,15.0,"Serviço","153052-53/2026","EECA - SERVIÇOS DE MANUTENÇÃO E CALIBRAÇÃO","Catálogo do Compras.gov.br","Serviço",872.0,"SERVIÇOS DE REPARO DE OUTROS BENS",null,null,14460.0,"AFERIÇÃO E/OU CALIBRAÇÃO DE SENSORES","-",1.0,211.0,211.0,0.0,"2026-10-16"]
["UNIVERSIDADE FEDERAL DE GOIAS-UF/GO",153052.0,16.0,"Serviço","153052-53/2026","EECA - SERVIÇOS DE MANUTENÇÃO E CALIBRAÇÃO","Catálogo do Compras.gov.br","Serviço",872.0,"SERVIÇOS DE REPARO DE OUTROS BENS",null,null,14427.0,"AFERIÇÃO, CALIBRAÇÃO E MEDIÇÃO DE MÁQUINAS / INSTRUMENTOS  /SENSORES / PADRÕES / EQUIPAMENTOS","-",1.0,610.0,610.0,0.0,"2026-10-16"]
["UNIVERSIDADE FEDERAL DE GOIAS-UF/GO",153052.0,17.0,"Serviço","153052-53/2026","EECA - SERVIÇOS DE MANUTENÇÃO E CALIBRAÇÃO","Catálogo do Compras.gov.br","Serviço",871.0,"SERVIÇOS DE MANUTENÇÃO E REPARO DE PRODUTOS FABRICADOS DE METAL,MAQUINARIA E EQUIPAMENTOS",null,null,2623.0,"MANUTENÇÃO / REPARO - BATERIA","-",2.0,907.0,1814.0,0.0,"2026-10-16"]
["UNIVERSIDADE FEDERAL DE GOIAS-UF/GO",153052.0,23.0,"Serviço","153052-51/2026","INF - SERVIÇOS DE ASSINATURAS DE PLATAFORMAS E SISTEMAS DE INFORMAÇÃO, PARA EDIÇÃO DE IMAGEM","Catálogo do Compras.gov.br","Serviço",839.0,"OUTROS SERVIÇOS DE NEGÓCIOS, TÉCNICOS E PROFISSIONAIS",null,null,12904.0,"ELABORAÇÃO DE ARTE - GRÁFICA","-",2.0,500.0,1000.0,0.0,"2026-08-07"]
["UNIVERSIDADE FEDERAL DE GOIAS-UF/GO",153052.0,31.0,"Serviço","153052-45/2026","INF - SERVIÇO Armazenamento de fotos e histórico de eventos realizados no INF.","Catálogo do Compras.gov.br","Serviço",163.0,"SERVIÇOS DE HOSPEDAGEM EM TECNOLOGIA DA INFORMAÇÃO E  COMUNICACÃO (TIC)",null,null,27065.0,"SERVIÇOS DE HOSPEDAGEM DE SISTEMAS","-",1.0,200.0,200.0,0.0,"2026-07-10"]
["UNIVERSIDADE FEDERAL DE GOIAS-UF/GO",153052.0,280.0,"Material","153052-33/2026","FO - MATERIAL ODONTOLÓGICO DIVERSO","Catálogo do Compras.gov.br","Material",6520.0,"INSTRUMENTOS, EQUIPAMENTOS E SUPRIMENTOS DENTÁRIOS",{"$nulls":4},"-",0.0,0.0,1122304.12,0.0,"2026-05-22"]
["UNIVERSIDADE FEDERAL DE GOIAS-UF/GO",153052.0,281.0,"Material","153052-32/2026","FO - MATERIAIS LABORATORIAIS, HOSPITALARES, QUÍMICOS, DE PROTEÇÃO E SEGURANÇA, ENTRE OUTROS.","Catálogo do Compras.gov.br","Material",6530.0,"MOBILIÁRIO, EQUIPAMENTOS, UTENSÍLIOS E  SUPRIMENTOS  HOSPITALARES",{"$nulls":4},"-",0.0,0.0,24278.84,0.0,"2026-05-22"]
["UNIVERSIDADE FEDERAL DE GOIAS-UF/GO",153052.0,282.0,"Material","153052-32/2026","FO - MATERIAIS LABORATORIAIS, HOSPITALARES, QUÍMICOS, DE PROTEÇÃO E SEGURANÇA, ENTRE OUTROS.","Catálogo do Compras.gov.br","Material",6810.0,"PRODUTOS QUÍMICOS",{"$nulls":4},"-",0.0,0.0,20761.99,0.0,"2026-05-22"]
["UNIVERSIDADE FEDERAL DE GOIAS-UF/GO",153052.0,283.0,"Material","153052-32/2026","FO - MATERIAIS LABORATORIAIS, HOSPITALARES, QUÍMICOS, DE PROTEÇÃO E SEGURANÇA, ENTRE OUTROS.","Catálogo do Compras.gov.br","Material",6640.0,"EQUIPAMENTOS E ARTIGOS DE LABORATÓRIO",{"$nulls":4},"-",0.0,0.0,11903.15,0.0,"2026-05-22"]
["UNIVERSIDADE FEDERAL DE GOIAS-UF/GO",153052.0,284.0,"Material","153052-32/2026","FO - MATERIAIS LABORATORIAIS, HOSPITALARES, QUÍMICOS, DE PROTEÇÃO E SEGURANÇA, ENTRE OUTROS.","Catálogo do Compras.gov.br","Material",4240.0,"EQUIPAMENTO PARA SEGURANÇA E SALVAMENTO",{"$nulls":4},"-",0.0,0.0,158638.5,0.0,"2026-05-22"]
["UNIVERSIDADE FEDERAL DE GOIAS-UF/GO",153052.0,285.0,"Material","153052-32/2026","FO - MATERIAIS LABORATORIAIS, HOSPITALARES, QUÍMICOS, DE PROTEÇÃO E SEGURANÇA, ENTRE OUTROS.","Catálogo do Compras.gov.br","Material",6550.0,"SUBSTÂNCIAS PARA DIAGNÓSTICO \"IN VITRO\",  REAGENTES,  CONJUNTOS E JOGOS PARA TESTE",{"$nulls":4},"-",0.0,0.0,214.5,0.0,"2026-05-22"]
["UNIVERSIDADE FEDERAL DE GOIAS-UF/GO",153052.0,286.0,"Material","153052-32/2026","FO - MATERIAIS LABORATORIAIS, HOSPITALARES, QUÍMICOS, DE PROTEÇÃO E SEGURANÇA, ENTRE OUTROS.","Catálogo do Compras.gov.br","Material",5110.0,"FERRAMENTAS MANUAIS DE CORTE, NÃO ACIONADAS POR FORÇA MOTRIZ",{"$nulls":4},"-",0.0,0.0,437.0,0.0,"2026-05-22"]
["UNIVERSIDADE FEDERAL DE GOIAS-UF/GO",153052.0,287.0,"Material","153052-32/2026","FO - MATERIAIS LABORATORIAIS, HOSPITALARES, QUÍMICOS, DE PROTEÇÃO E SEGURANÇA, ENTRE OUTROS.","Catálogo do Compras.gov.br","Material",6830.0,"GASES COMPRIMIDOS E LIQUEFEITOS",{"$nulls":4},"-",0.0,0.0,408.5,0.0,"2026-05-22"]
["UNIVERSIDADE FEDERAL DE GOIAS-UF/GO",153052.0,1645.0,"Serviço","153052-1/2026","PROAD - Contratação de empresa especializada na execução de serviços de vigilância armada e ostensiv","Catálogo do Compras.gov.br","Serviço",852.0,"SERVIÇOS DE INVESTIGAÇÃO E SEGURANÇA",null,null,24015.0,"SERVIÇO DE VIGILÂNCIA ARMADA","-",1.0,1.10716988E7,1.10716988E7,0.0,"2026-01-08"]
["UNIVERSIDADE FEDERAL DE GOIAS-UF/GO",153052.0,1932.0,"Material","153052-9/2026","EECA E OUTROS - EQUIPAMENTOS DE OFICINA","Catálogo do Compras.gov.br","Material",3920.0,"EQUIPAMENTOS NÃO AUTOPROPULSIONADO PARA MOVIMENTAÇÃO  DE  MATERIAIS",10315.0,"PALETEIRA",483883.0,"ALTURA GARFO ELEVADO: 200, APLICAÇÃO: TRANSPORTE CARGA, CAPACIDADE CARGA: 2.000, CARACTERÍSTICAS ADICIONAIS: ELEVAÇÃO HIDRÁULICA E CONTROLE MANUAL, COMPRIMENTO GARFO: 1.000/1.150, LARGURA GARFO: 680, MATERIAL RODA: NYLON","UN",1.0,1000.0,1000.0,0.0,"2026-09-18"]
["UNIVERSIDADE FEDERAL DE GOIAS-UF/GO",153052.0,1812.0,"Material","153052-182/2026","DTEL - SEINFRA E OUTROS - AQUISIÇÃO DE FITAS ISOLANTES E TUBOS ISOLANTES","Catálogo do Compras.gov.br","Material",5970.0,"ISOLADORES ELÉTRICOS E MATERIAIS ISOLANTES",504.0,"TUBO ISOLANTE",624391.0,"APLICAÇÃO: ISOLAMENTO TÉRMICO TUBULAÇÕES DE REFRIGERAÇÃO, BITOLA: 1/2, COMPRIMENTO: 2, TIPO: TUBO CILÍNDRICO","UN",200.0,4.7,940.0,0.0,"2026-06-01"]
["UNIVERSIDADE FEDERAL DE GOIAS-UF/GO",153052.0,1813.0,"Material","153052-182/2026","DTEL - SEINFRA E OUTROS - AQUISIÇÃO DE FITAS ISOLANTES E TUBOS ISOLANTES","Catálogo do Compras.gov.br","Material",5970.0,"ISOLADORES ELÉTRICOS E MATERIAIS ISOLANTES",7592.0,"FITA ISOLANTE ELÉTRICA",604732.0,"APLICAÇÃO: INSTALAÇÕES ELÉTRICAS, COMPRIMENTO: 20, COR: PRETA, LARGURA: 19, MATERIAL BÁSICO: FILME DE PVC ANTICHAMA","UN",100.0,4.67,467.0,0.0,"2026-06-01"]
["UNIVERSIDADE FEDERAL DE GOIAS-UF/GO",153052.0,1811.0,"Material","153052-182/2026","DTEL - SEINFRA E OUTROS - AQUISIÇÃO DE FITAS ISOLANTES E TUBOS ISOLANTES","Catálogo do Compras.gov.br","Material",5970.0,"ISOLADORES ELÉTRICOS E MATERIAIS ISOLANTES",504.0,"TUBO ISOLANTE",472577.0,"APLICAÇÃO: ELETRÔNICA, DIÂMETRO NOMINAL: 4, ESPESSURA: 0,4, TIPO: ESPAGUETE TERMO-RETRÁTIL","M",30.0,5.2,156.0,0.0,"2026-06-01"]
["UNIVERSIDADE FEDERAL DE GOIAS-UF/GO",153052.0,1839.0,"Material","153052-181/2026","DTEL + OUTRAS UNIDADES - CONECTORES ELETRICOS","Catálogo do Compras.gov.br","Material",5935.0,"CONECTORES ELÉTRICOS",15560.0,"CONECTOR",318595.0,"APLICAÇÃO: CABO DE REDE, CARACTERÍSTICAS ADICIONAIS: CAT 5E, TIPO: RJ 45 FÊMEA","UN",30.0,11.68,350.4,0.0,"2026-05-01"]
["UNIVERSIDADE FEDERAL DE GOIAS-UF/GO",153052.0,1840.0,"Material","153052-181/2026","DTEL + OUTRAS UNIDADES - CONECTORES ELETRICOS","Catálogo do Compras.gov.br","Material",5935.0,"CONECTORES ELÉTRICOS",15560.0,"CONECTOR",375963.0,"APLICAÇÃO: CABO DE REDE, CATEGORIA: 6, TIPO: MACHO, PADRÃO: RJ45","UN",500.0,1.0,500.0,0.0,"2026-05-01"]
["UNIVERSIDADE FEDERAL DE GOIAS-UF/GO",153052.0,1841.0,"Material","153052-181/2026","DTEL + OUTRAS UNIDADES - CONECTORES ELETRICOS","Catálogo do Compras.gov.br","Material",5935.0,"CONECTORES ELÉTRICOS",15560.0,"CONECTOR",375963.0,"APLICAÇÃO: CABO DE REDE, CATEGORIA: 6, TIPO: MACHO, PADRÃO: RJ45","PCT",7.0,160.0,1120.0,0.0,"2026-05-01"]
["UNIVERSIDADE FEDERAL DE GOIAS-UF/GO",153052.0,1876.0,"Soluções de TIC","153052-8/2026","COMPUTADORES, NOTEBOOKS E MONITORES - TIC","Catálogo do Compras.gov.br","Material",7010.0,"COMPUTADORES",6661.0,"MICROCOMPUTADOR",620336.0,"ARMAZENAMENTO HDD: SEM DISCO HDD, ARMAZENAMENTO SSD: ATÉ 2 TB, COMPONENTES ADICIONAIS: COM TECLADO E MOUSE, GABINETE: TORRE, GARANTIA ON SITE: 36, MEMÓRIA RAM: 32, MONITOR: SEM MONITOR, NÚCLEOS POR PROCESSADOR: SUPERIOR A 8, OUTROS RECURSOS: CONFORME EDITAL, SISTEMA OPERACIONAL: PROPRIETÁRIO","UN",1.0,11641.51,11641.51,0.0,"2026-07-24"]
["UNIVERSIDADE FEDERAL DE GOIAS-UF/GO",153052.0,1819.0,"Material","153052-182/2026","DTEL - SEINFRA E OUTROS - AQUISIÇÃO DE FITAS ISOLANTES E TUBOS ISOLANTES","Catálogo do Compras.gov.br","Material",5970.0,"ISOLADORES ELÉTRICOS E MATERIAIS ISOLANTES",504.0,"TUBO ISOLANTE",384950.0,"APLICAÇÃO: CABO AR CONDICIONADO SPLIT, TIPO: ESPAGUETE TERMO-RETRÁTIL, DIÂMETRO: 50, MATERIAL ISOLANTE BÁSICO: PVC","UN",30.0,42.0,1260.0,0.0,"2026-06-01"]
["UNIVERSIDADE FEDERAL DE GOIAS-UF/GO",153052.0,1814.0,"Material","153052-182/2026","DTEL - SEINFRA E OUTROS - AQUISIÇÃO DE FITAS ISOLANTES E TUBOS ISOLANTES","Catálogo do Compras.gov.br","Material",5970.0,"ISOLADORES ELÉTRICOS E MATERIAIS ISOLANTES",504.0,"TUBO ISOLANTE",387605.0,"APLICAÇÃO: CABO AR CONDICIONADO SPLIT, BITOLA: 3/4, TIPO: TUBO CILÍNDRICO, DIÂMETRO: 10","UN",200.0,6.22,1244.0,0.0,"2026-06-01"]
["UNIVERSIDADE FEDERAL DE GOIAS-UF/GO",153052.0,1815.0,"Material","153052-182/2026","DTEL - SEINFRA E OUTROS - AQUISIÇÃO DE FITAS ISOLANTES E TUBOS ISOLANTES","Catálogo do Compras.gov.br","Material",5970.0,"ISOLADORES ELÉTRICOS E MATERIAIS ISOLANTES",504.0,"TUBO ISOLANTE",624392.0,"APLICAÇÃO: ISOLAMENTO TÉRMICO TUBULAÇÕES DE REFRIGERAÇÃO, BITOLA: 1/4, COMPRIMENTO: 2, TIPO: TUBO CILÍNDRICO","UN",200.0,2.87,574.0,0.0,"2026-06-01"]
["UNIVERSIDADE FEDERAL DE GOIAS-UF/GO",153052.0,1816.0,"Material","153052-182/2026","DTEL - SEINFRA E OUTROS - AQUISIÇÃO DE FITAS ISOLANTES E TUBOS ISOLANTES","Catálogo do Compras.gov.br","Material",5970.0,"ISOLADORES ELÉTRICOS E MATERIAIS ISOLANTES",504.0,"TUBO ISOLANTE",387607.0,"APLICAÇÃO: CABO AR CONDICIONADO SPLIT, BITOLA: 7/8, TIPO: TUBO CILÍNDRICO, DIÂMETRO: 10","UN",200.0,6.26,1252.0,0.0,"2026-06-01"]
["UNIVERSIDADE FEDERAL DE GOIAS-UF/GO",153052.0,1817.0,"Material","153052-182/2026","DTEL - SEINFRA E OUTROS - AQUISIÇÃO DE FITAS ISOLANTES E TUBOS ISOLANTES","Catálogo do Compras.gov.br","Material",5970.0,"ISOLADORES ELÉTRICOS E MATERIAIS ISOLANTES",504.0,"TUBO ISOLANTE",624393.0,"APLICAÇÃO: ISOLAMENTO TÉRMICO TUBULAÇÕES DE REFRIGERAÇÃO, BITOLA: 3/8, COMPRIMENTO: 2, TIPO: TUBO CILÍNDRICO","UN",200.0,3.97,794.0,0.0,"2026-06-01"]
["UNIVERSIDADE FEDERAL DE GOIAS-UF/GO",153052.0,1818.0,"Material","153052-182/2026","DTEL - SEINFRA E OUTROS - AQUISIÇÃO DE FITAS ISOLANTES E TUBOS ISOLANTES","Catálogo do Compras.gov.br","Material",5970.0,"ISOLADORES ELÉTRICOS E MATERIAIS ISOLANTES",504.0,"TUBO ISOLANTE",624394.0,"APLICAÇÃO: ISOLAMENTO TÉRMICO TUBULAÇÕES DE REFRIGERAÇÃO, BITOLA: 5/8, COMPRIMENTO: 2, TIPO: TUBO CILÍNDRICO","UN",200.0,4.92,984.0,0.0,"2026-06-01"]
["UNIVERSIDADE FEDERAL DE GOIAS-UF/GO",153052.0,1832.0,"Material","153052-182/2026","DTEL - SEINFRA E OUTROS - AQUISIÇÃO DE FITAS ISOLANTES E TUBOS ISOLANTES","Catálogo do Compras.gov.br","Material",5970.0,"ISOLADORES ELÉTRICOS E MATERIAIS ISOLANTES",18853.0,"FITA ISOLANTE ELÉTRICA ADESIVA",419864.0,"COMPRIMENTO NOMINAL: 20, COR: PRETA, LARGURA NOMINAL: 19, MATERIAL DORSO: FILME DE PVC ANTI-CHAMA","UN",5.0,7.0,35.0,0.0,"2026-06-01"]
["UNIVERSIDADE FEDERAL DE GOIAS-UF/GO",153052.0,1877.0,"Soluções de TIC","153052-8/2026","COMPUTADORES, NOTEBOOKS E MONITORES - TIC","Catálogo do Compras.gov.br","Material",7010.0,"COMPUTADORES",6661.0,"MICROCOMPUTADOR",451723.0,"ARMAZENAMENTO HDD: 1, ARMAZENAMENTO SSD: 110 A 300, COMPONENTES ADICIONAIS: COM TECLADO E MOUSE, GARANTIA ON SITE: 36, MEMÓRIA RAM: SUPERIOR A 8, MONITOR: 21 A 29, NÚCLEOS POR PROCESSADOR: ATÉ 4, SISTEMA OPERACIONAL: OPEN SOURCE","UN",1.0,8000.0,8000.0,0.0,"2026-07-24"]
["UNIVERSIDADE FEDERAL DE GOIAS-UF/GO",153052.0,1822.0,"Material","153052-182/2026","DTEL - SEINFRA E OUTROS - AQUISIÇÃO DE FITAS ISOLANTES E TUBOS ISOLANTES","Catálogo do Compras.gov.br","Material",5970.0,"ISOLADORES ELÉTRICOS E MATERIAIS ISOLANTES",7592.0,"FITA ISOLANTE ELÉTRICA",290045.0,"CARACTERÍSTICAS ADICIONAIS: ANTI-CHAMA, CLASSE TEMPERATURA: 90, COMPRIMENTO: 20, COR: VERMELHA, LARGURA: 19, MATERIAL BÁSICO: PVC - COM ADESIVO A BASE DE BORRACHA, RESISTÊNCIA À TENSÃO: ATÉ 750, ESPESSURA: 0,19","UN",50.0,24.99,1249.5,0.0,"2026-06-01"]
["UNIVERSIDADE FEDERAL DE GOIAS-UF/GO",153052.0,1823.0,"Material","153052-182/2026","DTEL - SEINFRA E OUTROS - AQUISIÇÃO DE FITAS ISOLANTES E TUBOS ISOLANTES","Catálogo do Compras.gov.br","Material",5970.0,"ISOLADORES ELÉTRICOS E MATERIAIS ISOLANTES",7592.0,"FITA ISOLANTE ELÉTRICA",262198.0,"CARACTERÍSTICAS ADICIONAIS: ANTI-CHAMA, CLASSE TEMPERATURA: 90, COMPRIMENTO: 20, COR: AMARELA, LARGURA: 19, MATERIAL BÁSICO: PVC - COM ADESIVO A BASE DE BORRACHA, RESISTÊNCIA À TENSÃO: ATÉ 750, ESPESSURA: 0,19","UN",50.0,24.99,1249.5,0.0,"2026-06-01"]
["UNIVERSIDADE FEDERAL DE GOIAS-UF/GO",153052.0,1824.0,"Material","153052-182/2026","DTEL - SEINFRA E OUTROS - AQUISIÇÃO DE FITAS ISOLANTES E TUBOS ISOLANTES","Catálogo do Compras.gov.br","Material",5970.0,"ISOLADORES ELÉTRICOS E MATERIAIS ISOLANTES",7592.0,"FITA ISOLANTE ELÉTRICA",226937.0,"CARACTERÍSTICAS ADICIONAIS: NÃO APLICÁVEL, CLASSE TEMPERATURA: 90, COMPRIMENTO: 20, COR: PRETA, LARGURA: 19, MATERIAL BÁSICO: PVC AUTO-EXTINGUÍVEL, NORMAS TÉCNICAS: NÃO APLICÁVEL, RESISTÊNCIA À TENSÃO: ATÉ 750, ESPESSURA: 0,15","UN",4800.0,24.99,119952.0,0.0,"2026-06-01"]
["UNIVERSIDADE FEDERAL DE GOIAS-UF/GO",153052.0,1825.0,"Material","153052-182/2026","DTEL - SEINFRA E OUTROS - AQUISIÇÃO DE FITAS ISOLANTES E TUBOS ISOLANTES","Catálogo do Compras.gov.br","Material",5970.0,"ISOLADORES ELÉTRICOS E MATERIAIS ISOLANTES",7592.0,"FITA ISOLANTE ELÉTRICA",262199.0,"CARACTERÍSTICAS ADICIONAIS: ANTI-CHAMA, CLASSE TEMPERATURA: 90, COMPRIMENTO: 20, COR: AZUL, LARGURA: 20, MATERIAL BÁSICO: PVC - COM ADESIVO A BASE DE BORRACHA, RESISTÊNCIA À TENSÃO: ATÉ 750, ESPESSURA: 0,19","UN",50.0,24.99,1249.5,0.0,"2026-06-01"]
["UNIVERSIDADE FEDERAL DE GOIAS-UF/GO",153052.0,1826.0,"Material","153052-182/2026","DTEL - SEINFRA E OUTROS - AQUISIÇÃO DE FITAS ISOLANTES E TUBOS ISOLANTES","Catálogo do Compras.gov.br","Material",5970.0,"ISOLADORES ELÉTRICOS E MATERIAIS ISOLANTES",8492.0,"ISOLADOR EPOXI",486557.0,"APLICAÇÃO: PAINÉS ELÉTRICOS OU MANTER A ISOLAÇÃO ELÉTRICA, COR: LARANJA, DIMENSÕES: 25 X 30, TAMANHO DA ROSCA: 1/4, TIPO / MODELO: MNS","UN",50.0,8.14,407.0,0.0,"2026-06-01"]
["UNIVERSIDADE FEDERAL DE GOIAS-UF/GO",153052.0,1827.0,"Material","153052-182/2026","DTEL - SEINFRA E OUTROS - AQUISIÇÃO DE FITAS ISOLANTES E TUBOS ISOLANTES","Catálogo do Compras.gov.br","Material",5970.0,"ISOLADORES ELÉTRICOS E MATERIAIS ISOLANTES",7592.0,"FITA ISOLANTE ELÉTRICA",290044.0,"CARACTERÍSTICAS ADICIONAIS: ANTI-CHAMA, CLASSE TEMPERATURA: 90, COMPRIMENTO: 20, COR: VERDE, LARGURA: 19, MATERIAL BÁSICO: PVC - COM ADESIVO A BASE DE BORRACHA, RESISTÊNCIA À TENSÃO: ATÉ 750, ESPESSURA: 0,19","UN",50.0,24.99,1249.5,0.0,"2026-06-01"]
["UNIVERSIDADE FEDERAL DE GOIAS-UF/GO",153052.0,1828.0,"Material","153052-182/2026","DTEL - SEINFRA E OUTROS - AQUISIÇÃO DE FITAS ISOLANTES E TUBOS ISOLANTES","Catálogo do Compras.gov.br","Material",5970.0,"ISOLADORES ELÉTRICOS E MATERIAIS ISOLANTES",7592.0,"FITA ISOLANTE ELÉTRICA",317582.0,"CARACTERÍSTICAS ADICIONAIS: ANTI-CHAMA, CLASSE TEMPERATURA: 90, COMPRIMENTO: 20, COR: BRANCA, LARGURA: 19, MATERIAL BÁSICO: FILME PVC C/ ADESIVO, RESISTÊNCIA À TENSÃO: ATÉ 750, ESPESSURA: 0,10","UN",50.0,24.99,1249.5,0.0,"2026-06-01"]
["UNIVERSIDADE FEDERAL DE GOIAS-UF/GO",153052.0,1829.0,"Material","153052-182/2026","DTEL - SEINFRA E OUTROS - AQUISIÇÃO DE FITAS ISOLANTES E TUBOS ISOLANTES","Catálogo do Compras.gov.br","Material",5970.0,"ISOLADORES ELÉTRICOS E MATERIAIS ISOLANTES",7592.0,"FITA ISOLANTE ELÉTRICA",604732.0,"APLICAÇÃO: INSTALAÇÕES ELÉTRICAS, COMPRIMENTO: 20, COR: PRETA, LARGURA: 19, MATERIAL BÁSICO: FILME DE PVC ANTICHAMA","UN",10.0,7.0,70.0,0.0,"2026-06-01"]
["UNIVERSIDADE FEDERAL DE GOIAS-UF/GO",153052.0,1878.0,"Soluções de TIC","153052-8/2026","COMPUTADORES, NOTEBOOKS E MONITORES - TIC","Catálogo do Compras.gov.br","Material",7010.0,"COMPUTADORES",8435.0,"NOTEBOOK",613702.0,"ALIMENTAÇÃO: BIVOLT AUTOMÁTICA, ARMAZENAMENTO HDD: SEM DISCO HDD, ARMAZENAMENTO SSD: SUPERIOR A 500, BATERIA: DEFINIDO PELO FABRICANTE, GARANTIA ON SITE: 36, INTERATIVIDADE DA TELA: SEM INTERATIVIDADE, MEMÓRIA RAM: SUPERIOR A 8, NÚCLEOS POR PROCESSADOR: SUPERIOR A 8, SISTEMA OPERACIONAL: PROPRIETÁRIO, TELA: SUPERIOR A 14","UN",4.0,3500.0,14000.0,0.0,"2026-07-24"]
["UNIVERSIDADE FEDERAL DE GOIAS-UF/GO",153052.0,1833.0,"Material","153052-181/2026","DTEL + OUTRAS UNIDADES - CONECTORES ELETRICOS","Catálogo do Compras.gov.br","Material",5935.0,"CONECTORES ELÉTRICOS",13544.0,"CONECTOR ELÉTRICO",474274.0,"CARACTERÍSTICAS ADICIONAIS: MOLA CAGE CLAMP COMPACT: AÇO INOXIDÁVEL  CROMO-NÍ-, COMPONENTE: CONDUTORES: FLEXÍVEL: 0,14 - 4 MM²,, CORRENTE NOMINAL: 32, MATERIAL: NYLON, TEMPERATURA MÁXIMA: 105, TENSÃO NOMINAL: 450, TIPO: CONECTOR DE EMENDA 5P, TIPO CONSTRUTIVO: GRAU DE PROTEÇÃO: IP20","UN",40.0,6.44,257.6,0.0,"2026-05-01"]
["UNIVERSIDADE FEDERAL DE GOIAS-UF/GO",153052.0,1834.0,"Material","153052-181/2026","DTEL + OUTRAS UNIDADES - CONECTORES ELETRICOS","Catálogo do Compras.gov.br","Material",5935.0,"CONECTORES ELÉTRICOS",13544.0,"CONECTOR ELÉTRICO",617759.0,"APLICAÇÃO: INSTALAÇÕES ELÉTRICAS, CARACTERÍSTICAS ADICIONAIS: MOLA CAGE CLAMP COMPACT: AÇO INOXIDÁVEL  CROMO-NÍ-, COMPONENTE: CONDUTORES: FLEXÍVEL: 0,5 ? 6 MM² / 20 ? 10 AWG, CORRENTE NOMINAL: 41, MATERIAL: NYLON, TEMPERATURA MÁXIMA: 105, TENSÃO NOMINAL: 450, TIPO: CONECTOR DE EMENDA 2P, TIPO CONSTRUTIVO: GRAU DE PROTEÇÃO: IP20","UN",40.0,3.54,141.6,0.0,"2026-05-01"]
["UNIVERSIDADE FEDERAL DE GOIAS-UF/GO",153052.0,1835.0,"Material","153052-181/2026","DTEL + OUTRAS UNIDADES - CONECTORES ELETRICOS","Catálogo do Compras.gov.br","Material",5935.0,"CONECTORES ELÉTRICOS",13544.0,"CONECTOR ELÉTRICO",474274.0,"CARACTERÍSTICAS ADICIONAIS: MOLA CAGE CLAMP COMPACT: AÇO INOXIDÁVEL  CROMO-NÍ-, COMPONENTE: CONDUTORES: FLEXÍVEL: 0,14 - 4 MM²,, CORRENTE NOMINAL: 32, MATERIAL: NYLON, TEMPERATURA MÁXIMA: 105, TENSÃO NOMINAL: 450, TIPO: CONECTOR DE EMENDA 5P, TIPO CONSTRUTIVO: GRAU DE PROTEÇÃO: IP20","UN",40.0,3.81,152.4,0.0,"2026-05-01"]
["UNIVERSIDADE FEDERAL DE GOIAS-UF/GO",153052.0,1836.0,"Material","153052-181/2026","DTEL + OUTRAS UNIDADES - CONECTORES ELETRICOS","Catálogo do Compras.gov.br","Material",5935.0,"CONECTORES ELÉTRICOS",13544.0,"CONECTOR ELÉTRICO",474276.0,"CARACTERÍSTICAS ADICIONAIS: MOLA CAGE CLAMP COMPACT: AÇO INOXIDÁVEL  CROMO-NÍ-, COMPONENTE: CONDUTORES: FLEXÍVEL: 0,14 - 4 MM²,, CORRENTE NOMINAL: 32, MATERIAL: NYLON, TEMPERATURA MÁXIMA: 105, TENSÃO NOMINAL: 450, TIPO: CONECTOR DE EMENDA 3P, TIPO CONSTRUTIVO: GRAU DE PROTEÇÃO: IP20","UN",40.0,2.3,92.0,0.0,"2026-05-01"]
["UNIVERSIDADE FEDERAL DE GOIAS-UF/GO",153052.0,1837.0,"Material","153052-181/2026","DTEL + OUTRAS UNIDADES - CONECTORES ELETRICOS","Catálogo do Compras.gov.br","Material",5935.0,"CONECTORES ELÉTRICOS",13544.0,"CONECTOR ELÉTRICO",474275.0,"CARACTERÍSTICAS ADICIONAIS: MOLA CAGE CLAMP COMPACT: AÇO INOXIDÁVEL  CROMO-NÍ-, COMPONENTE: CONDUTORES: FLEXÍVEL: 0,14 - 4 MM²,, CORRENTE NOMINAL: 32, MATERIAL: NYLON, TEMPERATURA MÁXIMA: 105, TENSÃO NOMINAL: 450, TIPO: CONECTOR DE EMENDA 2P, TIPO CONSTRUTIVO: GRAU DE PROTEÇÃO: IP20","UN",40.0,2.41,96.4,0.0,"2026-05-01"]
["UNIVERSIDADE FEDERAL DE GOIAS-UF/GO",153052.0,1838.0,"Material","153052-181/2026","DTEL + OUTRAS UNIDADES - CONECTORES ELETRICOS","Catálogo do Compras.gov.br","Material",5935.0,"CONECTORES ELÉTRICOS",13544.0,"CONECTOR ELÉTRICO",474276.0,"CARACTERÍSTICAS ADICIONAIS: MOLA CAGE CLAMP COMPACT: AÇO INOXIDÁVEL  CROMO-NÍ-, COMPONENTE: CONDUTORES: FLEXÍVEL: 0,14 - 4 MM²,, CORRENTE NOMINAL: 32, MATERIAL: NYLON, TEMPERATURA MÁXIMA: 105, TENSÃO NOMINAL: 450, TIPO: CONECTOR DE EMENDA 3P, TIPO CONSTRUTIVO: GRAU DE PROTEÇÃO: IP20","UN",40.0,4.41,176.4,0.0,"2026-05-01"]
["UNIVERSIDADE FEDERAL DE GOIAS-UF/GO",153052.0,1843.0,"Material","153052-181/2026","DTEL + OUTRAS UNIDADES - CONECTORES ELETRICOS","Catálogo do Compras.gov.br","Material",5935.0,"CONECTORES ELÉTRICOS",5575.0,"CONECTOR ÁUDIO-VÍDEO",428038.0,"APLICAÇÃO: EQUIPAMENTOS ELETRÔNICOS, TIPO: P4 FÊMEA","UN",100.0,3.86,386.0,0.0,"2026-05-01"]
["UNIVERSIDADE FEDERAL DE GOIAS-UF/GO",153052.0,1844.0,"Material","153052-181/2026","DTEL + OUTRAS UNIDADES - CONECTORES ELETRICOS","Catálogo do Compras.gov.br","Material",5935.0,"CONECTORES ELÉTRICOS",5575.0,"CONECTOR ÁUDIO-VÍDEO",428038.0,"APLICAÇÃO: EQUIPAMENTOS ELETRÔNICOS, TIPO: P4 FÊMEA","UN",100.0,4.24,424.0,0.0,"2026-05-01"]
["UNIVERSIDADE FEDERAL DE GOIAS-UF/GO",153052.0,1845.0,"Material","153052-181/2026","DTEL + OUTRAS UNIDADES - CONECTORES ELETRICOS","Catálogo do Compras.gov.br","Material",5935.0,"CONECTORES ELÉTRICOS",5575.0,"CONECTOR ÁUDIO-VÍDEO",399894.0,"APLICAÇÃO: EQUIPAMENTOS ELETRÔNICOS, TIPO: P4 MACHO","UN",400.0,7.45,2980.0,0.0,"2026-05-01"]
["UNIVERSIDADE FEDERAL DE GOIAS-UF/GO",153052.0,1846.0,"Material","153052-181/2026","DTEL + OUTRAS UNIDADES - CONECTORES ELETRICOS","Catálogo do Compras.gov.br","Material",5935.0,"CONECTORES ELÉTRICOS",5575.0,"CONECTOR ÁUDIO-VÍDEO",399894.0,"APLICAÇÃO: EQUIPAMENTOS ELETRÔNICOS, TIPO: P4 MACHO","UN",700.0,7.45,5215.0,0.0,"2026-05-01"]
["UNIVERSIDADE FEDERAL DE GOIAS-UF/GO",153052.0,1847.0,"Material","153052-181/2026","DTEL + OUTRAS UNIDADES - CONECTORES ELETRICOS","Catálogo do Compras.gov.br","Material",5935.0,"CONECTORES ELÉTRICOS",5567.0,"CONECTOR CABO COAXIAL",394095.0,"APLICAÇÃO: CABO RG316 MACHO RETO, IMPEDÂNCIA: 50, MATERIAL: BRONZE, MATERIAL CONTATO: OURO DE 0.4 NO MÍNIMO, REFERÊNCIA: R141075000 (RADIALL), TIPO: BNC","UN",100.0,3.4,340.0,0.0,"2026-05-01"]
["UNIVERSIDADE FEDERAL DE GOIAS-UF/GO",153052.0,1848.0,"Material","153052-181/2026","DTEL + OUTRAS UNIDADES - CONECTORES ELETRICOS","Catálogo do Compras.gov.br","Material",5935.0,"CONECTORES ELÉTRICOS",14743.0,"CONECTOR CABO PAR TRANÇADO",463218.0,"APLICAÇÃO: PARA CABO UTP, CARACTERÍSTICAS ADICIONAIS: PADRÃO T568 A/B, CATEGORIA: 5E, MODELO: RJ45, QUANTIDADE VIAS: 8, TIPO: MACHO","UN",2000.0,3.12,6240.0,0.0,"2026-05-01"]
["UNIVERSIDADE FEDERAL DE GOIAS-UF/GO",153052.0,1849.0,"Material","153052-181/2026","DTEL + OUTRAS UNIDADES - CONECTORES ELETRICOS","Catálogo do Compras.gov.br","Material",5935.0,"CONECTORES ELÉTRICOS",14743.0,"CONECTOR CABO PAR TRANÇADO",473147.0,"APLICAÇÃO: CABO DE REDE, CATEGORIA: 5E, COMPATIBILIDADE: RJ11, CÓDIGO DE COR: BRANCO, MODELO: RJ45, TIPO: KEYSTONE","UN",400.0,28.21,11284.0,0.0,"2026-05-01"]
["UNIVERSIDADE FEDERAL DE GOIAS-UF/GO",153052.0,1850.0,"Material","153052-181/2026","DTEL + OUTRAS UNIDADES - CONECTORES ELETRICOS","Catálogo do Compras.gov.br","Material",5935.0,"CONECTORES ELÉTRICOS",15560.0,"CONECTOR",347465.0,"APLICAÇÃO: CABO DE REDE, CATEGORIA: 6, MATERIAL: POLICARBONATO, TIPO: RJ 45 MACHO, NÚMERO CONECTORES: 4 PARES, QUANTIDADE DE VIAS: 8","UN",2000.0,5.57,11140.0,0.0,"2026-05-01"]
["UNIVERSIDADE FEDERAL DE GOIAS-UF/GO",153052.0,1851.0,"Material","153052-181/2026","DTEL + OUTRAS UNIDADES - CONECTORES ELETRICOS","Catálogo do Compras.gov.br","Material",5935.0,"CONECTORES ELÉTRICOS",15560.0,"CONECTOR",469535.0,"APLICAÇÃO: CABO DE REDE, CATEGORIA: 6, TIPO: RJ 45 FÊMEA","UN",1000.0,37.39,37390.0,0.0,"2026-05-01"]
["UNIVERSIDADE FEDERAL DE GOIAS-UF/GO",153052.0,1842.0,"Material","153052-181/2026","DTEL + OUTRAS UNIDADES - CONECTORES ELETRICOS","Catálogo do Compras.gov.br","Material",5935.0,"CONECTORES ELÉTRICOS",15560.0,"CONECTOR",626230.0,"APLICAÇÃO: CABO TRANÇADO, CATEGORIA: 5E, MATERIAL: TERMOPLÁSTICO, TIPO: CONECTOR RJ45 MACHO CAT 5E","PCT",3.0,150.0,450.0,0.0,"2026-05-01"]
["UNIVERSIDADE FEDERAL DE GOIAS-UF/GO",153052.0,1860.0,"Material","153052-2/2026","DCOM - AQUISIÇÃO PAPEL A4 E A3","Catálogo do Compras.gov.br","Material",9310.0,"PAPÉIS E PAPELÕES",19746.0,"PAPEL PARA IMPRESSÃO FORMATADO",461863.0,"COR: BRANCO, GRAMATURA: 75, TAMANHO (C X L): 420 X 297, TIPO: SULFITE/APERGAMINHADO/OFÍCIO","EMB",7.0,29.55,206.85,0.0,"2026-06-24"]
["UNIVERSIDADE FEDERAL DE GOIAS-UF/GO",153052.0,1861.0,"Material","153052-2/2026","DCOM - AQUISIÇÃO PAPEL A4 E A3","Catálogo do Compras.gov.br","Material",9310.0,"PAPÉIS E PAPELÕES",19746.0,"PAPEL PARA IMPRESSÃO FORMATADO",461889.0,"CARACTERÍSTICA ADICIONAL: ALVURA SUPERIOR, COR: BRANCO, GRAMATURA: 75, TAMANHO (C X L): 297 X 210, TIPO: SULFITE/APERGAMINHADO/OFÍCIO","EMB",10000.0,13.95,139500.0,0.0,"2026-06-24"]
["UNIVERSIDADE FEDERAL DE GOIAS-UF/GO",153052.0,1863.0,"Material","153052-177/2026","DLOG - AQUISIÇÃO DE PALETE","Catálogo do Compras.gov.br","Material",8135.0,"MATERIAIS A GRANEL PARA ACONDICIONAMENTO E EMBALAGEM",1346.0,"PALETE",301367.0,"ALTURA: 145, CARACTERÍSTICAS ADICIONAIS: DUPLA FACE NÃO REVERSÍVEL,  FIXAÇÃO PNEUMÁTICA PRE, COMPRIMENTO: 1,20, LARGURA: 1, MATERIAL: MADEIRA, QUANTIDADE ENTRADAS: 4, TIPO: PBR, TIPO MADEIRA: PINUS E EUCALÍPTO","UN",50.0,50.0,2500.0,0.0,"2026-04-30"]
["UNIVERSIDADE FEDERAL DE GOIAS-UF/GO",153052.0,1879.0,"Soluções de TIC","153052-8/2026","COMPUTADORES, NOTEBOOKS E MONITORES - TIC","Catálogo do Compras.gov.br","Material",7010.0,"COMPUTADORES",6661.0,"MICROCOMPUTADOR",618569.0,"ARMAZENAMENTO HDD: SEM DISCO HDD, ARMAZENAMENTO SSD: 110 A 300, COMPONENTES ADICIONAIS: COM TECLADO E MOUSE, GABINETE: COMPACTO, GARANTIA ON SITE: 36, MEMÓRIA RAM: SUPERIOR A 8, MONITOR: 21 A 29, NÚCLEOS POR PROCESSADOR: 4 A 8, OUTROS RECURSOS: CONFORME EDITAL, SISTEMA OPERACIONAL: PROPRIETÁRIO","UN",5.0,4850.0,24250.0,0.0,"2026-07-24"]
["UNIVERSIDADE FEDERAL DE GOIAS-UF/GO",153052.0,1931.0,"Material","153052-9/2026","EECA E OUTROS - EQUIPAMENTOS DE OFICINA","Catálogo do Compras.gov.br","Material",3405.0,"MÁQUINAS DE SERRAR E LIMAR",1065.0,"GUILHOTINA INDUSTRIAL",237076.0,"ALTURA CORTE: 60 MM, CARACTERÍSTICAS ADICIONAIS: BANCADA TIPO MESA / SISTEMA LUZ PARA CORTE, COMPRIMENTO: 780, COMPRIMENTO CORTE: 510 MM, LARGURA: 830, QUANTIDADE FACAS: 2, TENSÃO: 220 V","UN",1.0,30000.0,30000.0,0.0,"2026-09-18"]
["UNIVERSIDADE FEDERAL DE GOIAS-UF/GO",153052.0,1852.0,"Soluções de TIC","153052-180/2026","CERCOMP - Aquisição solução ampliação data center","Catálogo do Compras.gov.br","Serviço",182.0,"SERVIÇOS DE  LICENCIAMENTO E  CONTRATOS DE TRANSFERÊNCIA DE TECNOLOGIA",null,null,27464.0,"LICENCIAMENTO DE DIREITOS PERMANENTES  DE  USO  DE  SOFTWAREPARA SERVIDOR","-",8.0,264950.0,2119600.0,0.0,"2026-07-30"]
["UNIVERSIDADE FEDERAL DE GOIAS-UF/GO",153052.0,1853.0,"Soluções de TIC","153052-180/2026","CERCOMP - Aquisição solução ampliação data center","Catálogo do Compras.gov.br","Material",7050.0,"EQUIPAMENTOS DE REDE DE TIC - LOCAL E REMOTA",5522.0,"SWITCH",463274.0,"ALIMENTAÇÃO: 110/220, APLICAÇÃO: CONECTAR SERVIDORES E EQUIPAMENTOS EM REDE, QUANTIDADE PORTAS: 24, TIPO PORTAS: ETHERNET 10/100/1000, VELOCIDADE PORTA: 10/100/1000","UN",2.0,162748.0,325496.0,0.0,"2026-07-30"]
["UNIVERSIDADE FEDERAL DE GOIAS-UF/GO",153052.0,1854.0,"Soluções de TIC","153052-180/2026","CERCOMP - Aquisição solução ampliação data center","Catálogo do Compras.gov.br","Material",7010.0,"COMPUTADORES",10293.0,"SERVIDOR",461600.0,"ARMAZENAMENTO SAS: COM DISCOS SAS, ARMAZENAMENTO SATA: SEM DISCOS SATA, ARMAZENAMENTO SSD: COM DISCOS SSD, FONTE ALIMENTAÇÃO: REDUNDANTE (SWAP/HOT PLUG), GARANTIA ON SITE: SUPERIOR 48, INTERFACE REDE LAN: 2, INTERFACE REDE SAN: 1, MEMÓRIA RAM: 64, NÚCLEOS POR PROCESSADOR: 10 A 14, PROCESSADORES FÍSICOS: 2, SISTEMA OPERACIONAL: SEM SISTEMA OPERACIONAL, TIPO: RACK","UN",4.0,351656.0,1406624.0,0.0,"2026-07-30"]
["UNIVERSIDADE FEDERAL DE GOIAS-UF/GO",153052.0,1855.0,"Soluções de TIC","153052-180/2026","CERCOMP - Aquisição solução ampliação data center","Catálogo do Compras.gov.br","Material",7010.0,"COMPUTADORES",10293.0,"SERVIDOR",461600.0,"ARMAZENAMENTO SAS: COM DISCOS SAS, ARMAZENAMENTO SATA: SEM DISCOS SATA, ARMAZENAMENTO SSD: COM DISCOS SSD, FONTE ALIMENTAÇÃO: REDUNDANTE (SWAP/HOT PLUG), GARANTIA ON SITE: SUPERIOR 48, INTERFACE REDE LAN: 2, INTERFACE REDE SAN: 1, MEMÓRIA RAM: 64, NÚCLEOS POR PROCESSADOR: 10 A 14, PROCESSADORES FÍSICOS: 2, SISTEMA OPERACIONAL: SEM SISTEMA OPERACIONAL, TIPO: RACK","UN",1.0,2311000.0,2311000.0,0.0,"2026-07-30"]
["UNIVERSIDADE FEDERAL DE GOIAS-UF/GO",153052.0,1856.0,"Soluções de TIC","153052-180/2026","CERCOMP - Aquisição solução ampliação data center","Catálogo do Compras.gov.br","Serviço",182.0,"SERVIÇOS DE  LICENCIAMENTO E  CONTRATOS DE TRANSFERÊNCIA DE TECNOLOGIA",null,null,27464.0,"LICENCIAMENTO DE DIREITOS PERMANENTES  DE  USO  DE  SOFTWAREPARA SERVIDOR","-",20.0,46872.0,937440.0,0.0,"2026-07-30"]
["UNIVERSIDADE FEDERAL DE GOIAS-UF/GO",153052.0,1857.0,"Soluções de TIC","153052-180/2026","CERCOMP - Aquisição solução ampliação data center","Catálogo do Compras.gov.br","Serviço",182.0,"SERVIÇOS DE  LICENCIAMENTO E  CONTRATOS DE TRANSFERÊNCIA DE TECNOLOGIA",null,null,27464.0,"LICENCIAMENTO DE DIREITOS PERMANENTES  DE  USO  DE  SOFTWAREPARA SERVIDOR","-",8.0,72742.0,581936.0,0.0,"2026-07-30"]
["UNIVERSIDADE FEDERAL DE GOIAS-UF/GO",153052.0,1858.0,"Soluções de TIC","153052-180/2026","CERCOMP - Aquisição solução ampliação data center","Catálogo do Compras.gov.br","Material",7010.0,"COMPUTADORES",10293.0,"SERVIDOR",461600.0,"ARMAZENAMENTO SAS: COM DISCOS SAS, ARMAZENAMENTO SATA: SEM DISCOS SATA, ARMAZENAMENTO SSD: COM DISCOS SSD, FONTE ALIMENTAÇÃO: REDUNDANTE (SWAP/HOT PLUG), GARANTIA ON SITE: SUPERIOR 48, INTERFACE REDE LAN: 2, INTERFACE REDE SAN: 1, MEMÓRIA RAM: 64, NÚCLEOS POR PROCESSADOR: 10 A 14, PROCESSADORES FÍSICOS: 2, SISTEMA OPERACIONAL: SEM SISTEMA OPERACIONAL, TIPO: RACK","UN",1.0,2155984.0,2155984.0,0.0,"2026-07-30"]
["UNIVERSIDADE FEDERAL DE GOIAS-UF/GO",153052.0,1859.0,"Material","153052-179/2026","DLOG - Aquisição de Água Mineral","Catálogo do Compras.gov.br","Material",8960.0,"BEBIDAS NÃO ALCOÓLICAS",19555.0,"ÁGUA MINERAL NATURAL",445484.0,"MATERIAL EMBALAGEM: PLÁSTICO, TIPO: SEM GÁS, TIPO EMBALAGEM: DESCARTÁVEL","GRR",36432.0,10.81,393829.92,0.0,"2026-07-30"]
["UNIVERSIDADE FEDERAL DE GOIAS-UF/GO",153052.0,1862.0,"Material","153052-178/2026","DLOG - Aquisição de AÇUCAR para o almoxarifado central da UFG","Catálogo do Compras.gov.br","Material",8925.0,"AÇÚCAR, CONFEITOS, CASTANHAS, NOZES E SIMILARES",19777.0,"AÇÚCAR",463989.0,"PRAZO VALIDADE MÍNIMO: 12 MESES, TIPO: CRISTAL","EMB",3500.0,9.0505,31676.75,0.0,"2026-04-30"]
["UNIVERSIDADE FEDERAL DE GOIAS-UF/GO",153052.0,1880.0,"Soluções de TIC","153052-8/2026","COMPUTADORES, NOTEBOOKS E MONITORES - TIC","Catálogo do Compras.gov.br","Material",7010.0,"COMPUTADORES",8435.0,"NOTEBOOK",601762.0,"ALIMENTAÇÃO: BIVOLT AUTOMÁTICA, ARMAZENAMENTO HDD: SEM DISCO HDD, ARMAZENAMENTO SSD: 110 A 300, BATERIA: ATÉ 4 CÉLULAS, GARANTIA ON SITE: 36, INTERATIVIDADE DA TELA: SEM INTERATIVIDADE, MEMÓRIA RAM: SUPERIOR A 8, NÚCLEOS POR PROCESSADOR: 4 A 8, SISTEMA OPERACIONAL: PROPRIETÁRIO, TELA: SUPERIOR A 14","UN",3.0,5000.0,15000.0,0.0,"2026-07-24"]
["UNIVERSIDADE FEDERAL DE GOIAS-UF/GO",153052.0,1881.0,"Soluções de TIC","153052-8/2026","COMPUTADORES, NOTEBOOKS E MONITORES - TIC","Catálogo do Compras.gov.br","Material",7010.0,"COMPUTADORES",6661.0,"MICROCOMPUTADOR",630956.0,"ARMAZENAMENTO HDD: SEM DISCO HDD, ARMAZENAMENTO SSD: SUPERIOR A 500, COMPONENTES ADICIONAIS: COM TECLADO E MOUSE, GABINETE: TORRE, GARANTIA ON SITE: SUPERIOR A 36, MEMÓRIA RAM: SUPERIOR A 8, MONITOR: 21 A 29, NÚCLEOS POR PROCESSADOR: SUPERIOR A 8, OUTROS RECURSOS: CONFORME EDITAL, SISTEMA OPERACIONAL: PROPRIETÁRIO","UN",2.0,5500.0,11000.0,0.0,"2026-07-24"]
["UNIVERSIDADE FEDERAL DE GOIAS-UF/GO",153052.0,1866.0,"Soluções de TIC","153052-7/2026","SERVIDORES - TIC","Catálogo do Compras.gov.br","Material",7010.0,"COMPUTADORES",10293.0,"SERVIDOR",476994.0,"ARMAZENAMENTO SAS: COM DISCOS SAS, ARMAZENAMENTO SATA: SEM DISCOS SATA, ARMAZENAMENTO SSD: SEM DISCOS SSD, FONTE ALIMENTAÇÃO: REDUNDANTE (SWAP/HOT PLUG), GARANTIA ON SITE: 24, INTERFACE REDE LAN: 2, INTERFACE REDE SAN: 2, MEMÓRIA RAM: 16, NÚCLEOS POR PROCESSADOR: 8, PROCESSADORES FÍSICOS: 2, SISTEMA OPERACIONAL: PROPRIETÁRIO, TIPO: NAS - NETWORK ATTACHED STORAGE","UN",2.0,70000.0,140000.0,0.0,"2026-07-03"]
["UNIVERSIDADE FEDERAL DE GOIAS-UF/GO",153052.0,1882.0,"Soluções de TIC","153052-8/2026","COMPUTADORES, NOTEBOOKS E MONITORES - TIC","Catálogo do Compras.gov.br","Material",7010.0,"COMPUTADORES",6661.0,"MICROCOMPUTADOR",622948.0,"ARMAZENAMENTO HDD: SEM DISCO HDD, ARMAZENAMENTO SSD: SUPERIOR A 500, COMPONENTES ADICIONAIS: COM TECLADO E MOUSE, GABINETE: TORRE, GARANTIA ON SITE: 36, MEMÓRIA RAM: SUPERIOR A 8, MONITOR: 21 A 29, NÚCLEOS POR PROCESSADOR: SUPERIOR A 8, SISTEMA OPERACIONAL: PROPRIETÁRIO","UN",4.0,6654.645,26618.58,0.0,"2026-07-24"]
["UNIVERSIDADE FEDERAL DE GOIAS-UF/GO",153052.0,1883.0,"Soluções de TIC","153052-8/2026","COMPUTADORES, NOTEBOOKS E MONITORES - TIC","Catálogo do Compras.gov.br","Material",7010.0,"COMPUTADORES",6661.0,"MICROCOMPUTADOR",451723.0,"ARMAZENAMENTO HDD: 1, ARMAZENAMENTO SSD: 110 A 300, COMPONENTES ADICIONAIS: COM TECLADO E MOUSE, GARANTIA ON SITE: 36, MEMÓRIA RAM: SUPERIOR A 8, MONITOR: 21 A 29, NÚCLEOS POR PROCESSADOR: ATÉ 4, SISTEMA OPERACIONAL: OPEN SOURCE","UN",3.0,7030.0,21090.0,0.0,"2026-07-24"]
["UNIVERSIDADE FEDERAL DE GOIAS-UF/GO",153052.0,1865.0,"Soluções de TIC","153052-7/2026","SERVIDORES - TIC","Catálogo do Compras.gov.br","Material",7010.0,"COMPUTADORES",10293.0,"SERVIDOR",608692.0,"ARMAZENAMENTO SAS: SEM DISCOS SAS, ARMAZENAMENTO SATA: COM DISCOS SATA, ARMAZENAMENTO SSD: COM DISCOS SSD, FONTE ALIMENTAÇÃO: REDUNDANTE (SWAP/HOT PLUG), GARANTIA ON SITE: SUPERIOR 48, INTERFACE REDE LAN: 2, INTERFACE REDE SAN: SEM SAN, MEMÓRIA RAM: 32, NÚCLEOS POR PROCESSADOR: 15 A 20, PROCESSADORES FÍSICOS: 1, SISTEMA OPERACIONAL: PROPRIETÁRIO, TIPO: RACK","UN",1.0,96255.0,96255.0,0.0,"2026-07-03"]
["UNIVERSIDADE FEDERAL DE GOIAS-UF/GO",153052.0,1884.0,"Soluções de TIC","153052-8/2026","COMPUTADORES, NOTEBOOKS E MONITORES - TIC","Catálogo do Compras.gov.br","Material",7010.0,"COMPUTADORES",8435.0,"NOTEBOOK",485857.0,"ALIMENTAÇÃO: BIVOLT AUTOMÁTICA, ARMAZENAMENTO HDD: SEM DISCO HDD, ARMAZENAMENTO SSD: SUPERIOR A 500, BATERIA: SUPERIOR A 4 CÉLULAS, GARANTIA ON SITE: SUPERIOR A 36, INTERATIVIDADE DA TELA: SEM INTERATIVIDADE, MEMÓRIA RAM: SUPERIOR A 8, NÚCLEOS POR PROCESSADOR: ATÉ 4, SISTEMA OPERACIONAL: PROPRIETÁRIO, TELA: SUPERIOR A 14","UN",4.0,7000.0,28000.0,0.0,"2026-07-24"]
["UNIVERSIDADE FEDERAL DE GOIAS-UF/GO",153052.0,1867.0,"Soluções de TIC","153052-7/2026","SERVIDORES - TIC","Catálogo do Compras.gov.br","Material",7010.0,"COMPUTADORES",10293.0,"SERVIDOR",608692.0,"ARMAZENAMENTO SAS: SEM DISCOS SAS, ARMAZENAMENTO SATA: COM DISCOS SATA, ARMAZENAMENTO SSD: COM DISCOS SSD, FONTE ALIMENTAÇÃO: REDUNDANTE (SWAP/HOT PLUG), GARANTIA ON SITE: SUPERIOR 48, INTERFACE REDE LAN: 2, INTERFACE REDE SAN: SEM SAN, MEMÓRIA RAM: 32, NÚCLEOS POR PROCESSADOR: 15 A 20, PROCESSADORES FÍSICOS: 1, SISTEMA OPERACIONAL: PROPRIETÁRIO, TIPO: RACK","UN",1.0,96255.0,96255.0,0.0,"2026-07-03"]
["UNIVERSIDADE FEDERAL DE GOIAS-UF/GO",153052.0,1864.0,"Soluções de TIC","153052-7/2026","SERVIDORES - TIC","Catálogo do Compras.gov.br","Material",7010.0,"COMPUTADORES",10293.0,"SERVIDOR",457714.0,"ARMAZENAMENTO SAS: COM DISCOS SAS, ARMAZENAMENTO SATA: COM DISCOS SATA, ARMAZENAMENTO SSD: COM DISCOS SSD, FONTE ALIMENTAÇÃO: REDUNDANTE (SWAP/HOT PLUG), GARANTIA ON SITE: SUPERIOR 48, INTERFACE REDE LAN: 2, INTERFACE REDE SAN: 2, MEMÓRIA RAM: 512, NÚCLEOS POR PROCESSADOR: 15 A 20, PROCESSADORES FÍSICOS: 2, SISTEMA OPERACIONAL: PROPRIETÁRIO, TIPO: RACK","UN",1.0,108000.0,108000.0,0.0,"2026-07-03"]
["UNIVERSIDADE FEDERAL DE GOIAS-UF/GO",153052.0,1885.0,"Soluções de TIC","153052-8/2026","COMPUTADORES, NOTEBOOKS E MONITORES - TIC","Catálogo do Compras.gov.br","Material",7010.0,"COMPUTADORES",8435.0,"NOTEBOOK",451924.0,"ALIMENTAÇÃO: BIVOLT AUTOMÁTICA, ARMAZENAMENTO HDD: 1, ARMAZENAMENTO SSD: SEM DISCO SSD, BATERIA: ATÉ 4 CÉLULAS, GARANTIA ON SITE: 36, INTERATIVIDADE DA TELA: SEM INTERATIVIDADE, MEMÓRIA RAM: 5 A 8, NÚCLEOS POR PROCESSADOR: ATÉ 4, SISTEMA OPERACIONAL: OPEN SOURCE, TELA: SUPERIOR A 14","UN",1.0,7000.0,7000.0,0.0,"2026-07-24"]
["UNIVERSIDADE FEDERAL DE GOIAS-UF/GO",153052.0,1886.0,"Soluções de TIC","153052-8/2026","COMPUTADORES, NOTEBOOKS E MONITORES - TIC","Catálogo do Compras.gov.br","Material",7010.0,"COMPUTADORES",6661.0,"MICROCOMPUTADOR",469148.0,"ARMAZENAMENTO HDD: ATÉ 500, ARMAZENAMENTO SSD: SEM DISCO SSD, COMPONENTES ADICIONAIS: COM TECLADO E MOUSE, GARANTIA ON SITE: 12, MEMÓRIA RAM: 5 A 8, MONITOR: ATÉ 20, NÚCLEOS POR PROCESSADOR: ATÉ 4, SISTEMA OPERACIONAL: PROPRIETÁRIO","UN",1.0,6000.0,6000.0,0.0,"2026-07-24"]
["UNIVERSIDADE FEDERAL DE GOIAS-UF/GO",153052.0,1889.0,"Soluções de TIC","153052-8/2026","COMPUTADORES, NOTEBOOKS E MONITORES - TIC","Catálogo do Compras.gov.br","Material",7010.0,"COMPUTADORES",8435.0,"NOTEBOOK",482382.0,"ALIMENTAÇÃO: BIVOLT AUTOMÁTICA, ARMAZENAMENTO HDD: SEM DISCO HDD, ARMAZENAMENTO SSD: SUPERIOR A 500, BATERIA: SUPERIOR A 4 CÉLULAS, GARANTIA ON SITE: 36, INTERATIVIDADE DA TELA: SEM INTERATIVIDADE, MEMÓRIA RAM: SUPERIOR A 8, NÚCLEOS POR PROCESSADOR: 4 A 8, SISTEMA OPERACIONAL: PROPRIETÁRIO, TELA: SUPERIOR A 14","UN",1.0,4950.0,4950.0,0.0,"2026-07-24"]
["UNIVERSIDADE FEDERAL DE GOIAS-UF/GO",153052.0,1890.0,"Soluções de TIC","153052-8/2026","COMPUTADORES, NOTEBOOKS E MONITORES - TIC","Catálogo do Compras.gov.br","Material",7010.0,"COMPUTADORES",6669.0,"MONITOR COMPUTADOR",619127.0,"AJUSTE: COM REGULAGEM DE ALTURA, ALIMENTAÇÃO: BIVOLT, FORMATO TELA: WIDESCREEN, GARANTIA ON SITE: SUPERIOR A 36, INTERATIVIDADE DA TELA: SEM INTERATIVIDADE, QUALIDADE DE IMAGEM: FULL HD, TAMANHO TELA: ATÉ 22, TIPO DE TELA: LED","UN",6.0,700.0,4200.0,0.0,"2026-07-24"]
["UNIVERSIDADE FEDERAL DE GOIAS-UF/GO",153052.0,1891.0,"Soluções de TIC","153052-8/2026","COMPUTADORES, NOTEBOOKS E MONITORES - TIC","Catálogo do Compras.gov.br","Material",7010.0,"COMPUTADORES",6661.0,"MICROCOMPUTADOR",618577.0,"ARMAZENAMENTO HDD: SEM DISCO HDD, ARMAZENAMENTO SSD: 310 A 500, COMPONENTES ADICIONAIS: COM TECLADO E MOUSE, GABINETE: COMPACTO, GARANTIA ON SITE: SUPERIOR A 36, MEMÓRIA RAM: SUPERIOR A 8, MONITOR: 21 A 29, NÚCLEOS POR PROCESSADOR: SUPERIOR A 8, OUTROS RECURSOS: CONFORME EDITAL, SISTEMA OPERACIONAL: PROPRIETÁRIO","UN",4.0,3500.0,14000.0,0.0,"2026-07-24"]
["UNIVERSIDADE FEDERAL DE GOIAS-UF/GO",153052.0,1916.0,"Soluções de TIC","153052-8/2026","COMPUTADORES, NOTEBOOKS E MONITORES - TIC","Catálogo do Compras.gov.br","Material",7010.0,"COMPUTADORES",8435.0,"NOTEBOOK",626072.0,"ALIMENTAÇÃO: BIVOLT AUTOMÁTICA, ARMAZENAMENTO HDD: 3, ARMAZENAMENTO SSD: SUPERIOR A 500, BATERIA: ATÉ 4 CÉLULAS, GARANTIA ON SITE: 12, INTERATIVIDADE DA TELA: SEM INTERATIVIDADE, MEMÓRIA RAM: SUPERIOR A 8, NÚCLEOS POR PROCESSADOR: SUPERIOR A 8, SISTEMA OPERACIONAL: PROPRIETÁRIO, TELA: SUPERIOR A 14","UN",1.0,5200.0,5200.0,0.0,"2026-07-24"]
["UNIVERSIDADE FEDERAL DE GOIAS-UF/GO",153052.0,1893.0,"Soluções de TIC","153052-8/2026","COMPUTADORES, NOTEBOOKS E MONITORES - TIC","Catálogo do Compras.gov.br","Material",7010.0,"COMPUTADORES",8435.0,"NOTEBOOK",619126.0,"ALIMENTAÇÃO: BIVOLT AUTOMÁTICA, ARMAZENAMENTO HDD: SEM DISCO HDD, ARMAZENAMENTO SSD: 310 A 500, BATERIA: MINIMO DE 6 CELULAS, GARANTIA ON SITE: SUPERIOR A 36, INTERATIVIDADE DA TELA: SEM INTERATIVIDADE, MEMÓRIA RAM: SUPERIOR A 8, NÚCLEOS POR PROCESSADOR: SUPERIOR A 8, SISTEMA OPERACIONAL: PROPRIETÁRIO, TELA: SUPERIOR A 14","UN",1.0,3700.0,3700.0,0.0,"2026-07-24"]
["UNIVERSIDADE FEDERAL DE GOIAS-UF/GO",153052.0,1894.0,"Soluções de TIC","153052-8/2026","COMPUTADORES, NOTEBOOKS E MONITORES - TIC","Catálogo do Compras.gov.br","Material",7010.0,"COMPUTADORES",6661.0,"MICROCOMPUTADOR",471901.0,"ARMAZENAMENTO HDD: 1, ARMAZENAMENTO SSD: 110 A 300, COMPONENTES ADICIONAIS: COM TECLADO E MOUSE, GABINETE: COMPACTO, GARANTIA ON SITE: SUPERIOR A 36, MEMÓRIA RAM: SUPERIOR A 8, MONITOR: 21 A 29, NÚCLEOS POR PROCESSADOR: 4 A 8, SISTEMA OPERACIONAL: PROPRIETÁRIO","UN",1.0,5457.0,5457.0,0.0,"2026-07-24"]
["UNIVERSIDADE FEDERAL DE GOIAS-UF/GO",153052.0,1895.0,"Soluções de TIC","153052-8/2026","COMPUTADORES, NOTEBOOKS E MONITORES - TIC","Catálogo do Compras.gov.br","Material",7010.0,"COMPUTADORES",6661.0,"MICROCOMPUTADOR",618577.0,"ARMAZENAMENTO HDD: SEM DISCO HDD, ARMAZENAMENTO SSD: 310 A 500, COMPONENTES ADICIONAIS: COM TECLADO E MOUSE, GABINETE: COMPACTO, GARANTIA ON SITE: SUPERIOR A 36, MEMÓRIA RAM: SUPERIOR A 8, MONITOR: 21 A 29, NÚCLEOS POR PROCESSADOR: SUPERIOR A 8, OUTROS RECURSOS: CONFORME EDITAL, SISTEMA OPERACIONAL: PROPRIETÁRIO","UN",1.0,3818.0,3818.0,0.0,"2026-07-24"]
["UNIVERSIDADE FEDERAL DE GOIAS-UF/GO",153052.0,1896.0,"Soluções de TIC","153052-8/2026","COMPUTADORES, NOTEBOOKS E MONITORES - TIC","Catálogo do Compras.gov.br","Material",7010.0,"COMPUTADORES",6661.0,"MICROCOMPUTADOR",472633.0,"ARMAZENAMENTO HDD: SEM DISCO HDD, ARMAZENAMENTO SSD: 310 A 500, COMPONENTES ADICIONAIS: COM TECLADO E MOUSE, GABINETE: ULTRACOMPACTO, GARANTIA ON SITE: SUPERIOR A 36, MEMÓRIA RAM: SUPERIOR A 8, MONITOR: SEM MONITOR, NÚCLEOS POR PROCESSADOR: 4 A 8, SISTEMA OPERACIONAL: PROPRIETÁRIO","UN",1.0,5047.0,5047.0,0.0,"2026-07-24"]
["UNIVERSIDADE FEDERAL DE GOIAS-UF/GO",153052.0,1897.0,"Soluções de TIC","153052-8/2026","COMPUTADORES, NOTEBOOKS E MONITORES - TIC","Catálogo do Compras.gov.br","Material",7010.0,"COMPUTADORES",8435.0,"NOTEBOOK",617766.0,"ALIMENTAÇÃO: BIVOLT AUTOMÁTICA, ARMAZENAMENTO HDD: 480 A 1.000, ARMAZENAMENTO SSD: MINIMO DE 1 TB, BATERIA: DEFINIDO PELO FABRICANTE, GARANTIA ON SITE: 36, INTERATIVIDADE DA TELA: SEM INTERATIVIDADE, MEMÓRIA RAM: SUPERIOR A 8, NÚCLEOS POR PROCESSADOR: 4 A 8, SISTEMA OPERACIONAL: PROPRIETÁRIO, TELA: SUPERIOR A 14","UN",1.0,5500.0,5500.0,0.0,"2026-07-24"]
["UNIVERSIDADE FEDERAL DE GOIAS-UF/GO",153052.0,1898.0,"Soluções de TIC","153052-8/2026","COMPUTADORES, NOTEBOOKS E MONITORES - TIC","Catálogo do Compras.gov.br","Material",7010.0,"COMPUTADORES",6661.0,"MICROCOMPUTADOR",471901.0,"ARMAZENAMENTO HDD: 1, ARMAZENAMENTO SSD: 110 A 300, COMPONENTES ADICIONAIS: COM TECLADO E MOUSE, GABINETE: COMPACTO, GARANTIA ON SITE: SUPERIOR A 36, MEMÓRIA RAM: SUPERIOR A 8, MONITOR: 21 A 29, NÚCLEOS POR PROCESSADOR: 4 A 8, SISTEMA OPERACIONAL: PROPRIETÁRIO","UN",1.0,5500.0,5500.0,0.0,"2026-07-24"]
["UNIVERSIDADE FEDERAL DE GOIAS-UF/GO",153052.0,1899.0,"Soluções de TIC","153052-8/2026","COMPUTADORES, NOTEBOOKS E MONITORES - TIC","Catálogo do Compras.gov.br","Material",7060.0,"PEÇAS E ACESSÓRIOS PARA COMPUTADORES",6669.0,"MONITOR COMPUTADOR",606908.0,"AJUSTE: AJUSTE DE ROTAÇÃO, ALTURA E INCLINAÇÃO DO DISPLAY, ALIMENTAÇÃO: BIVOLT, FORMATO TELA: WIDESCREEN, GARANTIA ON SITE: 12, INTERATIVIDADE DA TELA: SEM INTERATIVIDADE, QUALIDADE DE IMAGEM: 4 K, TAMANHO TELA: 23 A 30, TIPO DE TELA: LED","UN",1.0,1199.0,1199.0,0.0,"2026-07-24"]
["UNIVERSIDADE FEDERAL DE GOIAS-UF/GO",153052.0,1917.0,"Soluções de TIC","153052-8/2026","COMPUTADORES, NOTEBOOKS E MONITORES - TIC","Catálogo do Compras.gov.br","Material",7010.0,"COMPUTADORES",19246.0,"TABLET",609347.0,"ARMAZENAMENTO EXTERNO: SEM ARMAZENAMENTO EXTERNO, ARMAZENAMENTO INTERNO: SUPERIOR A 32, CONECTIVIDADE: WI-FI / 5G / BLUETOOTH, CÂMERA FRONTAL: SUPERIOR A 8, CÂMERA TRASEIRA: SUPERIOR A 13, MEMÓRIA RAM: MÍNIMO 8, PROCESSADOR: OCTA CORE OU SUPERIOR, SISTEMA OPERACIONAL: PROPRIETÁRIO, TELA: SUPERIOR A 10","UN",1.0,1340.0,1340.0,0.0,"2026-07-24"]
["UNIVERSIDADE FEDERAL DE GOIAS-UF/GO",153052.0,1918.0,"Soluções de TIC","153052-8/2026","COMPUTADORES, NOTEBOOKS E MONITORES - TIC","Catálogo do Compras.gov.br","Material",7010.0,"COMPUTADORES",6661.0,"MICROCOMPUTADOR",622948.0,"ARMAZENAMENTO HDD: SEM DISCO HDD, ARMAZENAMENTO SSD: SUPERIOR A 500, COMPONENTES ADICIONAIS: COM TECLADO E MOUSE, GABINETE: TORRE, GARANTIA ON SITE: 36, MEMÓRIA RAM: SUPERIOR A 8, MONITOR: 21 A 29, NÚCLEOS POR PROCESSADOR: SUPERIOR A 8, SISTEMA OPERACIONAL: PROPRIETÁRIO","UN",1.0,5677.34,5677.34,0.0,"2026-07-24"]
["UNIVERSIDADE FEDERAL DE GOIAS-UF/GO",153052.0,1875.0,"Serviço","153052-172/2026","PROAD e PRAE (CE e Centro de Esportes) - Serviços de Limpeza","Catálogo do Compras.gov.br","Serviço",853.0,"SERVIÇOS DE LIMPEZA",null,null,24023.0,"PRESTAÇÃO DE SERVIÇO DE LIMPEZA E CONSERVAÇÃO - OUTRAS      NECESSIDADES","M2",1.0,35000.0,35000.0,0.0,"2026-08-04"]
["UNIVERSIDADE FEDERAL DE GOIAS-UF/GO",153052.0,1907.0,"Soluções de TIC","153052-8/2026","COMPUTADORES, NOTEBOOKS E MONITORES - TIC","Catálogo do Compras.gov.br","Material",7010.0,"COMPUTADORES",6661.0,"MICROCOMPUTADOR",630956.0,"ARMAZENAMENTO HDD: SEM DISCO HDD, ARMAZENAMENTO SSD: SUPERIOR A 500, COMPONENTES ADICIONAIS: COM TECLADO E MOUSE, GABINETE: TORRE, GARANTIA ON SITE: SUPERIOR A 36, MEMÓRIA RAM: SUPERIOR A 8, MONITOR: 21 A 29, NÚCLEOS POR PROCESSADOR: SUPERIOR A 8, OUTROS RECURSOS: CONFORME EDITAL, SISTEMA OPERACIONAL: PROPRIETÁRIO","UN",10.0,5000.0,50000.0,0.0,"2026-07-24"]
["UNIVERSIDADE FEDERAL DE GOIAS-UF/GO",153052.0,1887.0,"Soluções de TIC","153052-8/2026","COMPUTADORES, NOTEBOOKS E MONITORES - TIC","Catálogo do Compras.gov.br","Material",7010.0,"COMPUTADORES",6661.0,"MICROCOMPUTADOR",471901.0,"ARMAZENAMENTO HDD: 1, ARMAZENAMENTO SSD: 110 A 300, COMPONENTES ADICIONAIS: COM TECLADO E MOUSE, GABINETE: COMPACTO, GARANTIA ON SITE: SUPERIOR A 36, MEMÓRIA RAM: SUPERIOR A 8, MONITOR: 21 A 29, NÚCLEOS POR PROCESSADOR: 4 A 8, SISTEMA OPERACIONAL: PROPRIETÁRIO","UN",1.0,2000.0,2000.0,0.0,"2026-07-24"]
["UNIVERSIDADE FEDERAL DE GOIAS-UF/GO",153052.0,1888.0,"Soluções de TIC","153052-8/2026","COMPUTADORES, NOTEBOOKS E MONITORES - TIC","Catálogo do Compras.gov.br","Material",7010.0,"COMPUTADORES",6661.0,"MICROCOMPUTADOR",630956.0,"ARMAZENAMENTO HDD: SEM DISCO HDD, ARMAZENAMENTO SSD: SUPERIOR A 500, COMPONENTES ADICIONAIS: COM TECLADO E MOUSE, GABINETE: TORRE, GARANTIA ON SITE: SUPERIOR A 36, MEMÓRIA RAM: SUPERIOR A 8, MONITOR: 21 A 29, NÚCLEOS POR PROCESSADOR: SUPERIOR A 8, OUTROS RECURSOS: CONFORME EDITAL, SISTEMA OPERACIONAL: PROPRIETÁRIO","UN",1.0,5200.0,5200.0,0.0,"2026-07-24"]
["UNIVERSIDADE FEDERAL DE GOIAS-UF/GO",153052.0,1900.0,"Soluções de TIC","153052-8/2026","COMPUTADORES, NOTEBOOKS E MONITORES - TIC","Catálogo do Compras.gov.br","Material",7010.0,"COMPUTADORES",6661.0,"MICROCOMPUTADOR",618577.0,"ARMAZENAMENTO HDD: SEM DISCO HDD, ARMAZENAMENTO SSD: 310 A 500, COMPONENTES ADICIONAIS: COM TECLADO E MOUSE, GABINETE: COMPACTO, GARANTIA ON SITE: SUPERIOR A 36, MEMÓRIA RAM: SUPERIOR A 8, MONITOR: 21 A 29, NÚCLEOS POR PROCESSADOR: SUPERIOR A 8, OUTROS RECURSOS: CONFORME EDITAL, SISTEMA OPERACIONAL: PROPRIETÁRIO","UN",3.0,5000.0,15000.0,0.0,"2026-07-24"]
["UNIVERSIDADE FEDERAL DE GOIAS-UF/GO",153052.0,1901.0,"Soluções de TIC","153052-8/2026","COMPUTADORES, NOTEBOOKS E MONITORES - TIC","Catálogo do Compras.gov.br","Material",7010.0,"COMPUTADORES",8435.0,"NOTEBOOK",609382.0,"ALIMENTAÇÃO: BIVOLT AUTOMÁTICA, ARMAZENAMENTO HDD: SEM DISCO HDD, ARMAZENAMENTO SSD: SUPERIOR A 500, BATERIA: ATÉ 4 CÉLULAS, GARANTIA ON SITE: 36, INTERATIVIDADE DA TELA: SEM INTERATIVIDADE, MEMÓRIA RAM: SUPERIOR A 8, NÚCLEOS POR PROCESSADOR: SUPERIOR A 8, SISTEMA OPERACIONAL: PROPRIETÁRIO, TELA: SUPERIOR A 14","UN",3.0,3500.0,10500.0,0.0,"2026-07-24"]
["UNIVERSIDADE FEDERAL DE GOIAS-UF/GO",153052.0,1902.0,"Soluções de TIC","153052-8/2026","COMPUTADORES, NOTEBOOKS E MONITORES - TIC","Catálogo do Compras.gov.br","Material",7060.0,"PEÇAS E ACESSÓRIOS PARA COMPUTADORES",6669.0,"MONITOR COMPUTADOR",625673.0,"AJUSTE: AJUSTE DE ROTAÇÃO, ALTURA E INCLINAÇÃO DO DISPLAY, ALIMENTAÇÃO: BIVOLT, FORMATO TELA: WIDESCREEN, GARANTIA ON SITE: 12, INTERATIVIDADE DA TELA: SEM INTERATIVIDADE, QUALIDADE DE IMAGEM: FULL HD, TAMANHO TELA: 23 A 30, TIPO DE TELA: LED","UN",2.0,1700.0,3400.0,0.0,"2026-07-24"]
["UNIVERSIDADE FEDERAL DE GOIAS-UF/GO",153052.0,1914.0,"Soluções de TIC","153052-8/2026","COMPUTADORES, NOTEBOOKS E MONITORES - TIC","Catálogo do Compras.gov.br","Material",7010.0,"COMPUTADORES",6669.0,"MONITOR COMPUTADOR",626432.0,"AJUSTE: COM REGULAGEM DE ALTURA, ALIMENTAÇÃO: BIVOLT, FORMATO TELA: WIDESCREEN, GARANTIA ON SITE: 12, INTERATIVIDADE DA TELA: SEM INTERATIVIDADE, QUALIDADE DE IMAGEM: FULL HD, TAMANHO TELA: 23 A 30, TIPO DE TELA: LED","UN",5.0,800.0,4000.0,0.0,"2026-07-24"]
["UNIVERSIDADE FEDERAL DE GOIAS-UF/GO",153052.0,1919.0,"Serviço","153052-171/2026","DLOG - Serviço de comunicação do WhatsApp Business","Catálogo do Compras.gov.br","Serviço",843.0,"SERVIÇOS DE FORNECIMENTO DE INFORMAÇÕES ON-LINE",null,null,16535.0,"COMUNICAÇÃO - ASSINATURA / VALOR ADICIONADO","-",12.0,400.0,4800.0,0.0,"2026-06-02"]
["UNIVERSIDADE FEDERAL DE GOIAS-UF/GO",153052.0,1903.0,"Soluções de TIC","153052-8/2026","COMPUTADORES, NOTEBOOKS E MONITORES - TIC","Catálogo do Compras.gov.br","Material",7010.0,"COMPUTADORES",6661.0,"MICROCOMPUTADOR",630956.0,"ARMAZENAMENTO HDD: SEM DISCO HDD, ARMAZENAMENTO SSD: SUPERIOR A 500, COMPONENTES ADICIONAIS: COM TECLADO E MOUSE, GABINETE: TORRE, GARANTIA ON SITE: SUPERIOR A 36, MEMÓRIA RAM: SUPERIOR A 8, MONITOR: 21 A 29, NÚCLEOS POR PROCESSADOR: SUPERIOR A 8, OUTROS RECURSOS: CONFORME EDITAL, SISTEMA OPERACIONAL: PROPRIETÁRIO","UN",224.0,3359.0,752416.0,0.0,"2026-07-24"]
["UNIVERSIDADE FEDERAL DE GOIAS-UF/GO",153052.0,1904.0,"Soluções de TIC","153052-8/2026","COMPUTADORES, NOTEBOOKS E MONITORES - TIC","Catálogo do Compras.gov.br","Material",7010.0,"COMPUTADORES",8435.0,"NOTEBOOK",630376.0,"ALIMENTAÇÃO: BIVOLT AUTOMÁTICA, ARMAZENAMENTO HDD: SEM DISCO HDD, ARMAZENAMENTO SSD: MINIMO DE 1 TB, BATERIA: DEFINIDO PELO FABRICANTE, GARANTIA ON SITE: SUPERIOR A 36, INTERATIVIDADE DA TELA: SEM INTERATIVIDADE, MEMÓRIA RAM: MINIMO DE 64, NÚCLEOS POR PROCESSADOR: SUPERIOR A 8, SISTEMA OPERACIONAL: PROPRIETÁRIO, TELA: SUPERIOR A 14","UN",102.0,3188.0,325176.0,0.0,"2026-07-24"]
["UNIVERSIDADE FEDERAL DE GOIAS-UF/GO",153052.0,1905.0,"Soluções de TIC","153052-8/2026","COMPUTADORES, NOTEBOOKS E MONITORES - TIC","Catálogo do Compras.gov.br","Material",7060.0,"PEÇAS E ACESSÓRIOS PARA COMPUTADORES",6669.0,"MONITOR COMPUTADOR",619128.0,"AJUSTE: COM REGULAGEM DE ALTURA, ALIMENTAÇÃO: BIVOLT, FORMATO TELA: ULTRAWIDE, GARANTIA ON SITE: SUPERIOR A 36, INTERATIVIDADE DA TELA: SEM INTERATIVIDADE, QUALIDADE DE IMAGEM: FULL HD, TAMANHO TELA: 23 A 30, TIPO DE TELA: LCD","UN",72.0,786.0,56592.0,0.0,"2026-07-24"]
["UNIVERSIDADE FEDERAL DE GOIAS-UF/GO",153052.0,1906.0,"Soluções de TIC","153052-8/2026","COMPUTADORES, NOTEBOOKS E MONITORES - TIC","Catálogo do Compras.gov.br","Material",7010.0,"COMPUTADORES",8435.0,"NOTEBOOK",617766.0,"ALIMENTAÇÃO: BIVOLT AUTOMÁTICA, ARMAZENAMENTO HDD: 480 A 1.000, ARMAZENAMENTO SSD: MINIMO DE 1 TB, BATERIA: DEFINIDO PELO FABRICANTE, GARANTIA ON SITE: 36, INTERATIVIDADE DA TELA: SEM INTERATIVIDADE, MEMÓRIA RAM: SUPERIOR A 8, NÚCLEOS POR PROCESSADOR: 4 A 8, SISTEMA OPERACIONAL: PROPRIETÁRIO, TELA: SUPERIOR A 14","UN",20.0,3100.0,62000.0,0.0,"2026-07-24"]
["UNIVERSIDADE FEDERAL DE GOIAS-UF/GO",153052.0,1892.0,"Soluções de TIC","153052-8/2026","COMPUTADORES, NOTEBOOKS E MONITORES - TIC","Catálogo do Compras.gov.br","Material",7010.0,"COMPUTADORES",6661.0,"MICROCOMPUTADOR",620952.0,"ARMAZENAMENTO HDD: SEM DISCO HDD, ARMAZENAMENTO SSD: ATÉ 2 TB, COMPONENTES ADICIONAIS: COM TECLADO E MOUSE, GABINETE: ULTRACOMPACTO, GARANTIA ON SITE: SUPERIOR A 36, MEMÓRIA RAM: SUPERIOR A 8, MONITOR: 21 A 29, NÚCLEOS POR PROCESSADOR: 4 A 8, OUTROS RECURSOS: CONFORME EDITAL, SISTEMA OPERACIONAL: PROPRIETÁRIO","UN",1.0,6018.95,6018.95,0.0,"2026-07-24"]
["UNIVERSIDADE FEDERAL DE GOIAS-UF/GO",153052.0,1908.0,"Soluções de TIC","153052-8/2026","COMPUTADORES, NOTEBOOKS E MONITORES - TIC","Catálogo do Compras.gov.br","Material",7010.0,"COMPUTADORES",8435.0,"NOTEBOOK",482382.0,"ALIMENTAÇÃO: BIVOLT AUTOMÁTICA, ARMAZENAMENTO HDD: SEM DISCO HDD, ARMAZENAMENTO SSD: SUPERIOR A 500, BATERIA: SUPERIOR A 4 CÉLULAS, GARANTIA ON SITE: 36, INTERATIVIDADE DA TELA: SEM INTERATIVIDADE, MEMÓRIA RAM: SUPERIOR A 8, NÚCLEOS POR PROCESSADOR: 4 A 8, SISTEMA OPERACIONAL: PROPRIETÁRIO, TELA: SUPERIOR A 14","UN",2.0,5300.0,10600.0,0.0,"2026-07-24"]
["UNIVERSIDADE FEDERAL DE GOIAS-UF/GO",153052.0,1909.0,"Soluções de TIC","153052-8/2026","COMPUTADORES, NOTEBOOKS E MONITORES - TIC","Catálogo do Compras.gov.br","Material",7010.0,"COMPUTADORES",6661.0,"MICROCOMPUTADOR",480442.0,"ARMAZENAMENTO HDD: SUPERIOR A 4, ARMAZENAMENTO SSD: SUPERIOR A 500, COMPONENTES ADICIONAIS: SEM TECLADO E MOUSE, GABINETE: TORRE, GARANTIA ON SITE: 24, MEMÓRIA RAM: 32, MONITOR: SEM MONITOR, NÚCLEOS POR PROCESSADOR: SUPERIOR A 8, SISTEMA OPERACIONAL: PROPRIETÁRIO","UN",3.0,7500.0,22500.0,0.0,"2026-07-24"]
["UNIVERSIDADE FEDERAL DE GOIAS-UF/GO",153052.0,1936.0,"Material","153052-9/2026","EECA E OUTROS - EQUIPAMENTOS DE OFICINA","Catálogo do Compras.gov.br","Material",3920.0,"EQUIPAMENTOS NÃO AUTOPROPULSIONADO PARA MOVIMENTAÇÃO  DE  MATERIAIS",4584.0,"CARRINHO TRANSPORTE",486335.0,"ALTURA: 126, APLICAÇÃO: TRANSPORTE DE MATERIAIS, CAPACIDADE: 200 A 280, LARGURA: 41, MATERIAL: METAL, MATERIAL RODAS: PNEU COM CÂMARA DE AR, PROFUNDIDADE: 26, QUANTIDADE RODAS: 2, TIPO: PLATAFORMA","UN",1.0,320.0,320.0,0.0,"2026-09-18"]
["UNIVERSIDADE FEDERAL DE GOIAS-UF/GO",153052.0,1910.0,"Soluções de TIC","153052-8/2026","COMPUTADORES, NOTEBOOKS E MONITORES - TIC","Catálogo do Compras.gov.br","Material",7010.0,"COMPUTADORES",8435.0,"NOTEBOOK",618644.0,"ALIMENTAÇÃO: BIVOLT AUTOMÁTICA, ARMAZENAMENTO HDD: SEM DISCO HDD, ARMAZENAMENTO SSD: MINIMO DE 1 TB, BATERIA: PELO MENOS 40 WH, GARANTIA ON SITE: SUPERIOR A 36, INTERATIVIDADE DA TELA: SEM INTERATIVIDADE, MEMÓRIA RAM: SUPERIOR A 8, NÚCLEOS POR PROCESSADOR: SUPERIOR A 8, SISTEMA OPERACIONAL: PROPRIETÁRIO, TELA: ATÉ 14","UN",2.0,4000.0,8000.0,0.0,"2026-07-24"]
["UNIVERSIDADE FEDERAL DE GOIAS-UF/GO",153052.0,1911.0,"Soluções de TIC","153052-8/2026","COMPUTADORES, NOTEBOOKS E MONITORES - TIC","Catálogo do Compras.gov.br","Material",7010.0,"COMPUTADORES",6661.0,"MICROCOMPUTADOR",613033.0,"ARMAZENAMENTO HDD: SEM DISCO HDD, ARMAZENAMENTO SSD: SUPERIOR A 500, COMPONENTES ADICIONAIS: COM TECLADO E MOUSE, GABINETE: TORRE, GARANTIA ON SITE: 12, MEMÓRIA RAM: 32, MONITOR: 21 A 29, NÚCLEOS POR PROCESSADOR: 4 A 8, OUTROS RECURSOS: CONFORME EDITAL, SISTEMA OPERACIONAL: OPEN SOURCE","UN",6.0,6000.0,36000.0,0.0,"2026-07-24"]
["UNIVERSIDADE FEDERAL DE GOIAS-UF/GO",153052.0,1874.0,"Serviço","153052-172/2026","PROAD e PRAE (CE e Centro de Esportes) - Serviços de Limpeza","Catálogo do Compras.gov.br","Serviço",853.0,"SERVIÇOS DE LIMPEZA",null,null,25194.0,"SERVIÇO ESPECIALIZADO DE LIMPEZA","-",1.0,329700.0,329700.0,0.0,"2026-08-04"]
["UNIVERSIDADE FEDERAL DE GOIAS-UF/GO",153052.0,1868.0,"Material","153052-176/2026","EECA e EMC aquisição bombonas","Catálogo do Compras.gov.br","Material",8110.0,"TAMBORES E LATAS",3799.0,"BOMBONA",483538.0,"APLICAÇÃO: TRANSPORTE COMBUSTÍVEL, CAPACIDADE: 5, DIMENSÕES: 29CM X 20CM X 13CM, MATERIAL: POLIETILENO","UN",20.0,25.0,500.0,0.0,"2026-06-02"]
["UNIVERSIDADE FEDERAL DE GOIAS-UF/GO",153052.0,1870.0,"Material","153052-175/2026","DLOG - Aquisição de CERA LÍQUIDA para o almoxarifado central da UFG","Catálogo do Compras.gov.br","Material",7930.0,"COMPOSTOS E PREPARADOS PARA LIMPEZA E POLIMENTO",4780.0,"CERA POLIMENTO PISO",355838.0,"ASPECTO FÍSICO: LÍQUIDO, CARACTERÍSTICAS ADICIONAIS: ANTI-DERRAPANTE, COMPOSIÇÃO BÁSICA: POLÍMERO ACRÍLICO, RESINAS NIVELANTES, EMULSÃO DE, COR: INCOLOR, SUPERFÍCIE INDICADA: PISOS LAVÁVEIS, TIPO: AUTOBRILHO","GL",5000.0,57.5,287500.0,0.0,"2026-04-30"]
["UNIVERSIDADE FEDERAL DE GOIAS-UF/GO",153052.0,1869.0,"Material","153052-176/2026","EECA e EMC aquisição bombonas","Catálogo do Compras.gov.br","Material",8110.0,"TAMBORES E LATAS",3799.0,"BOMBONA",392730.0,"APLICAÇÃO: ACONDICIONAMENTO PRODUTO PERIGOSO, CAPACIDADE: 100, CARACTERÍSTICAS ADICIONAIS: ALÇA E TAMPA REMOVÍVEL, COR: AZUL, MATERIAL: PLÁSTICO","UN",10.0,259.53,2595.3,0.0,"2026-06-02"]
["UNIVERSIDADE FEDERAL DE GOIAS-UF/GO",153052.0,1871.0,"Material","153052-174/2026","DLOG - GAS GLP","Catálogo do Compras.gov.br","Material",6830.0,"GASES COMPRIMIDOS E LIQUEFEITOS",19744.0,"GÁS REFINO DE PETRÓLEO",461652.0,"TIPO: GÁS LIQUEFEITO DE PETRÓLEO - GLP, USO: DOMÉSTICO","BTJ",125.0,548.55,68568.75,0.0,"2026-04-30"]
["UNIVERSIDADE FEDERAL DE GOIAS-UF/GO",153052.0,1872.0,"Material","153052-174/2026","DLOG - GAS GLP","Catálogo do Compras.gov.br","Material",6830.0,"GASES COMPRIMIDOS E LIQUEFEITOS",19744.0,"GÁS REFINO DE PETRÓLEO",461652.0,"TIPO: GÁS LIQUEFEITO DE PETRÓLEO - GLP, USO: DOMÉSTICO","BTJ",490.0,169.05,82834.5,0.0,"2026-04-30"]
["UNIVERSIDADE FEDERAL DE GOIAS-UF/GO",153052.0,1873.0,"Material","153052-174/2026","DLOG - GAS GLP","Catálogo do Compras.gov.br","Material",6830.0,"GASES COMPRIMIDOS E LIQUEFEITOS",19744.0,"GÁS REFINO DE PETRÓLEO",461651.0,"TIPO: GÁS LIQUEFEITO DE PETRÓLEO - GLP, USO: INDUSTRIAL","KG",39600.0,6.325,250470.0,0.0,"2026-04-30"]
["UNIVERSIDADE FEDERAL DE GOIAS-UF/GO",153052.0,1912.0,"Soluções de TIC","153052-8/2026","COMPUTADORES, NOTEBOOKS E MONITORES - TIC","Catálogo do Compras.gov.br","Material",7010.0,"COMPUTADORES",8435.0,"NOTEBOOK",485857.0,"ALIMENTAÇÃO: BIVOLT AUTOMÁTICA, ARMAZENAMENTO HDD: SEM DISCO HDD, ARMAZENAMENTO SSD: SUPERIOR A 500, BATERIA: SUPERIOR A 4 CÉLULAS, GARANTIA ON SITE: SUPERIOR A 36, INTERATIVIDADE DA TELA: SEM INTERATIVIDADE, MEMÓRIA RAM: SUPERIOR A 8, NÚCLEOS POR PROCESSADOR: ATÉ 4, SISTEMA OPERACIONAL: PROPRIETÁRIO, TELA: SUPERIOR A 14","UN",1.0,4872.0,4872.0,0.0,"2026-07-24"]
["UNIVERSIDADE FEDERAL DE GOIAS-UF/GO",153052.0,1915.0,"Soluções de TIC","153052-8/2026","COMPUTADORES, NOTEBOOKS E MONITORES - TIC","Catálogo do Compras.gov.br","Material",7010.0,"COMPUTADORES",{"$nulls":4},"-",0.0,0.0,23500.0,0.0,"2026-07-24"]
["UNIVERSIDADE FEDERAL DE GOIAS-UF/GO",153052.0,1709.0,"Material","153052-186/2026","DTEL - SEINFRA + OUTRAS UNIDADES - INSTRUMENTO DE TESTE E DE MEDIÇÃO","Catálogo do Compras.gov.br","Material",6625.0,"INSTRUMENTO DE TESTE E DE MEDIÇÃO DE PROPRIEDADES ELÉTRICAS E ELETRÔNICAS",12692.0,"TESTADOR",360407.0,"APLICAÇÃO: TESTADOR DE CABOS, BATERIA: 9, CARACTERÍSTICAS ADICIONAIS: C/LED'S INDICADORES LOCAL/DEFEITO E CONEXÕES INTER, CONECTORES: RJ-45","UN",10.0,473.36,4733.6,0.0,"2026-07-03"]
["UNIVERSIDADE FEDERAL DE GOIAS-UF/GO",153052.0,1714.0,"Material","153052-186/2026","DTEL - SEINFRA + OUTRAS UNIDADES - INSTRUMENTO DE TESTE E DE MEDIÇÃO","Catálogo do Compras.gov.br","Material",6685.0,"INSTRUMENTOS PARA MEDIÇÃO E CONTROLE DE PRESSÃO,TEMPERATURA E UMIDADE",5815.0,"CONTROLADOR ELETRÔNICO DE TEMPERATURA",621528.0,"APLICAÇÃO: ACIONAMENTO ELÉTRICO, FAIXA TEMPERATURA: -50 A 200, MODELO: DIGITAL, TENSÃO: 115/230","UN",30.0,290.0,8700.0,0.0,"2026-07-03"]
["UNIVERSIDADE FEDERAL DE GOIAS-UF/GO",153052.0,1715.0,"Material","153052-186/2026","DTEL - SEINFRA + OUTRAS UNIDADES - INSTRUMENTO DE TESTE E DE MEDIÇÃO","Catálogo do Compras.gov.br","Material",6625.0,"INSTRUMENTO DE TESTE E DE MEDIÇÃO DE PROPRIEDADES ELÉTRICAS E ELETRÔNICAS",10012.0,"MULTÍMETRO",603537.0,"CAPACIDADE: 1000 V, CARACTERÍSTICAS ADICIONAIS: DISPLAY LCD 3.3/4 DÍGITOS, 6000 CONTAGENS, CORRENTE AC: 60/600/1000, CORRENTE DC: 200/60/600/1000, DIMENSÕES: 190 X 70 X 30, FUNCIONAMENTO: 2 BATERIAS 1,5V (AAA), RESISTÊNCIA: 600/6K/60K/600K/6M/60, SENSIBILIDADE: 20 MOHMS, AC/DC, TENSÃO AC: 600/1000, TENSÃO DC: 600/1000, TIPO: DIGITAL","UN",1.0,334.99,334.99,0.0,"2026-07-03"]
["UNIVERSIDADE FEDERAL DE GOIAS-UF/GO",153052.0,1913.0,"Soluções de TIC","153052-8/2026","COMPUTADORES, NOTEBOOKS E MONITORES - TIC","Catálogo do Compras.gov.br","Material",7010.0,"COMPUTADORES",6661.0,"MICROCOMPUTADOR",633035.0,"ARMAZENAMENTO HDD: 2, ARMAZENAMENTO SSD: ATÉ 2 TB, COMPONENTES ADICIONAIS: COM TECLADO E MOUSE, GABINETE: TORRE, GARANTIA ON SITE: SUPERIOR A 36, MEMÓRIA RAM: 32, MONITOR: 21 A 29, NÚCLEOS POR PROCESSADOR: SUPERIOR A 8, OUTROS RECURSOS: CONFORME EDITAL, SISTEMA OPERACIONAL: PROPRIETÁRIO","UN",12.0,3359.0,40308.0,0.0,"2026-07-24"]
["UNIVERSIDADE FEDERAL DE GOIAS-UF/GO",153052.0,1692.0,"Material","153052-187/2026","DTEL + OUTROS - CABO DE REDE","Catálogo do Compras.gov.br","Material",7080.0,"PEÇAS, ACESSÓRIOS E FERRAMENTAS PARA REDES DE TIC",208.0,"CABO REDE COMPUTADOR",605494.0,"APLICAÇÃO: CAMERA CFTV CAT5, CATEGORIA: 5E, COR: AZUL, MATERIAL CONDUTOR: COBRE RÍGIDO, MATERIAL REVESTIMENTO: PVC - CLORETO DE POLIVINILA ANTI-CHAMA, TIPO CABO: 4 PARES, TIPO CONDUTOR: TRANÇADO","UN",5.0,721.7,3608.5,0.0,"2026-07-02"]
["UNIVERSIDADE FEDERAL DE GOIAS-UF/GO",153052.0,1693.0,"Material","153052-187/2026","DTEL + OUTROS - CABO DE REDE","Catálogo do Compras.gov.br","Material",7080.0,"PEÇAS, ACESSÓRIOS E FERRAMENTAS PARA REDES DE TIC",208.0,"CABO REDE COMPUTADOR",474228.0,"CATEGORIA: 6A, MATERIAL REVESTIMENTO: LSZH(LOW SMOKE ZERO HALOGEN), PADRÃO CABEAMENTO: UTP-6A, TIPO CABO: F/UTP GIGALAN, TIPO CONDUTOR: PAR TRANÇADO","UN",20.0,60.0,1200.0,0.0,"2026-07-02"]
["UNIVERSIDADE FEDERAL DE GOIAS-UF/GO",153052.0,1694.0,"Material","153052-187/2026","DTEL + OUTROS - CABO DE REDE","Catálogo do Compras.gov.br","Material",7080.0,"PEÇAS, ACESSÓRIOS E FERRAMENTAS PARA REDES DE TIC",208.0,"CABO REDE COMPUTADOR",474228.0,"CATEGORIA: 6A, MATERIAL REVESTIMENTO: LSZH(LOW SMOKE ZERO HALOGEN), PADRÃO CABEAMENTO: UTP-6A, TIPO CABO: F/UTP GIGALAN, TIPO CONDUTOR: PAR TRANÇADO","UN",5.0,45.0,225.0,0.0,"2026-07-02"]
["UNIVERSIDADE FEDERAL DE GOIAS-UF/GO",153052.0,1687.0,"Material","153052-187/2026","DTEL + OUTROS - CABO DE REDE","Catálogo do Compras.gov.br","Material",7080.0,"PEÇAS, ACESSÓRIOS E FERRAMENTAS PARA REDES DE TIC",14755.0,"ORGANIZADOR CABOS",485191.0,"CARACTERÍSTICAS ADICIONAIS: BITOLA: 19 MM, COMPRIMENTO: 150 CM, COR: PRETA, MATERIAL: PLÁSTICO, TIPO: ESPIRAL","UN",4.0,150.0,600.0,0.0,"2026-07-02"]
["UNIVERSIDADE FEDERAL DE GOIAS-UF/GO",153052.0,1688.0,"Material","153052-187/2026","DTEL + OUTROS - CABO DE REDE","Catálogo do Compras.gov.br","Material",7080.0,"PEÇAS, ACESSÓRIOS E FERRAMENTAS PARA REDES DE TIC",208.0,"CABO REDE COMPUTADOR",465452.0,"APLICAÇÃO: REDE ESTRUTURADA, CARACTERÍSTICAS ADICIONAIS: CABO MONTADO, CONECTORES RJ-45 COM GARRAS DUPLAS, CATEGORIA: 6, COMPRIMENTO: 2,5, CONECTOR: RJ-45, COR: AZUL, MATERIAL REVESTIMENTO: TERMOPLÁSTICO INJETADO, TIPO CABO: PATCH CORD, TIPO CONDUTOR: PAR TRANÇADO","UN",20.0,50.0,1000.0,0.0,"2026-07-02"]
["UNIVERSIDADE FEDERAL DE GOIAS-UF/GO",153052.0,1689.0,"Material","153052-187/2026","DTEL + OUTROS - CABO DE REDE","Catálogo do Compras.gov.br","Material",7060.0,"PEÇAS E ACESSÓRIOS PARA COMPUTADORES",208.0,"CABO REDE COMPUTADOR",467548.0,"APLICAÇÃO: CONEXÃO DE REDE, BITOLA CONDUTOR: 24, CARACTERÍSTICAS ADICIONAIS: AWG, UTP EXTRA, CATEGORIA: 5E, COMPRIMENTO: 305, COR: AZUL, MATERIAL CONDUTOR: COBRE NÚ, MATERIAL REVESTIMENTO: PVC - CLORETO DE POLIVINILA ANTI-CHAMA, PADRÃO CABEAMENTO: UTP-5E, TIPO CABO: 4 PR, TIPO CONDUTOR: PAR TRANÇADO","CX",2.0,300.0,600.0,0.0,"2026-07-02"]
["UNIVERSIDADE FEDERAL DE GOIAS-UF/GO",153052.0,1690.0,"Material","153052-187/2026","DTEL + OUTROS - CABO DE REDE","Catálogo do Compras.gov.br","Material",7060.0,"PEÇAS E ACESSÓRIOS PARA COMPUTADORES",208.0,"CABO REDE COMPUTADOR",472692.0,"CATEGORIA: 6, MATERIAL CONDUTOR: COBRE ELETROLÍTICO, MATERIAL REVESTIMENTO: TERMOPLÁSTICO DE ALTA QUALIDADE, TIPO CABO: PATCH CORD","CX",2.0,500.0,1000.0,0.0,"2026-07-02"]
["UNIVERSIDADE FEDERAL DE GOIAS-UF/GO",153052.0,1691.0,"Material","153052-187/2026","DTEL + OUTROS - CABO DE REDE","Catálogo do Compras.gov.br","Material",7080.0,"PEÇAS, ACESSÓRIOS E FERRAMENTAS PARA REDES DE TIC",208.0,"CABO REDE COMPUTADOR",393611.0,"APLICAÇÃO: CONEXÃO DE REDE, BITOLA CONDUTOR: 24, CARACTERÍSTICAS ADICIONAIS: CABO MONTADO(PATCH CORD)COM CONECTORES RJ-45 EM AM, CATEGORIA: 5E, COMPRIMENTO: 5, COR: AZUL, MATERIAL CONDUTOR: COBRE, MATERIAL REVESTIMENTO: PVC - CLORETO DE POLIVINILA ANTI-CHAMA, TIPO CABO: UTP 4 PARES PADRÃO TIA 568A","UN",5.0,30.0,150.0,0.0,"2026-07-02"]
["UNIVERSIDADE FEDERAL DE GOIAS-UF/GO",153052.0,1695.0,"Material","153052-187/2026","DTEL + OUTROS - CABO DE REDE","Catálogo do Compras.gov.br","Material",7060.0,"PEÇAS E ACESSÓRIOS PARA COMPUTADORES",15410.0,"ADAPTADOR CONECTOR",473562.0,"TIPO CONECTORES: VGA FÊMEA PARA RJ45 FÊMEA","UN",20.0,6.5,130.0,0.0,"2026-07-02"]
["UNIVERSIDADE FEDERAL DE GOIAS-UF/GO",153052.0,1696.0,"Material","153052-187/2026","DTEL + OUTROS - CABO DE REDE","Catálogo do Compras.gov.br","Material",7080.0,"PEÇAS, ACESSÓRIOS E FERRAMENTAS PARA REDES DE TIC",208.0,"CABO REDE COMPUTADOR",482232.0,"APLICAÇÃO: CONEXÃO DE REDE, COMPRIMENTO: 3, PADRÃO CABEAMENTO: QSFP-40G, REFERÊNCIA FABRICANTE: DAC, TIPO CABO: PATCH CORD","RO",5.0,15.0,75.0,0.0,"2026-07-02"]
["UNIVERSIDADE FEDERAL DE GOIAS-UF/GO",153052.0,1724.0,"Material","153052-186/2026","DTEL - SEINFRA + OUTRAS UNIDADES - INSTRUMENTO DE TESTE E DE MEDIÇÃO","Catálogo do Compras.gov.br","Material",6625.0,"INSTRUMENTO DE TESTE E DE MEDIÇÃO DE PROPRIEDADES ELÉTRICAS E ELETRÔNICAS",12692.0,"TESTADOR",279583.0,"APLICAÇÃO: REDE DE INFORMÁTICA E INFORMAÇÃO, BATERIA: 9, CARACTERÍSTICAS ADICIONAIS: VERIFICAÇÃO ETHERNET, TESTE CONTINUIDADE, COMPRIME, CONECTORES: RJ 11  / RJ45 / BNC, PADRÃO: 568 A / 568 A","UN",2.0,350.0,700.0,0.0,"2026-07-03"]
["UNIVERSIDADE FEDERAL DE GOIAS-UF/GO",153052.0,1697.0,"Material","153052-187/2026","DTEL + OUTROS - CABO DE REDE","Catálogo do Compras.gov.br","Material",7080.0,"PEÇAS, ACESSÓRIOS E FERRAMENTAS PARA REDES DE TIC",208.0,"CABO REDE COMPUTADOR",404647.0,"BITOLA CONDUTOR: 24, CARACTERÍSTICAS ADICIONAIS: CONECTORES RJ-45 AMBOS OS LADOS, CATEGORIA: 6, COMPRIMENTO: 2, MATERIAL CONDUTOR: COBRE, TIPO CABO: UTP DE 4 PARES, TIPO CONDUTOR: FLEXÍVEL","UN",9.0,10.0,90.0,0.0,"2026-07-02"]
["UNIVERSIDADE FEDERAL DE GOIAS-UF/GO",153052.0,1698.0,"Material","153052-187/2026","DTEL + OUTROS - CABO DE REDE","Catálogo do Compras.gov.br","Material",7080.0,"PEÇAS, ACESSÓRIOS E FERRAMENTAS PARA REDES DE TIC",208.0,"CABO REDE COMPUTADOR",393611.0,"APLICAÇÃO: CONEXÃO DE REDE, BITOLA CONDUTOR: 24, CARACTERÍSTICAS ADICIONAIS: CABO MONTADO(PATCH CORD)COM CONECTORES RJ-45 EM AM, CATEGORIA: 5E, COMPRIMENTO: 5, COR: AZUL, MATERIAL CONDUTOR: COBRE, MATERIAL REVESTIMENTO: PVC - CLORETO DE POLIVINILA ANTI-CHAMA, TIPO CABO: UTP 4 PARES PADRÃO TIA 568A","UN",4.0,15.0,60.0,0.0,"2026-07-02"]
["UNIVERSIDADE FEDERAL DE GOIAS-UF/GO",153052.0,1699.0,"Material","153052-187/2026","DTEL + OUTROS - CABO DE REDE","Catálogo do Compras.gov.br","Material",7080.0,"PEÇAS, ACESSÓRIOS E FERRAMENTAS PARA REDES DE TIC",208.0,"CABO REDE COMPUTADOR",410058.0,"BITOLA CONDUTOR: 24, CARACTERÍSTICAS ADICIONAIS: LINE CORD COM RJ-45 NAS PONTAS,CAPAS MONTADAS OU I, CATEGORIA: 5E, COMPRIMENTO: 10, CONECTOR: RJ-45, COR: AZUL, MATERIAL CONDUTOR: COBRE RÍGIDO, MATERIAL REVESTIMENTO: PVC - CLORETO DE POLIVINILA ANTI-CHAMA, PADRÃO CABEAMENTO: T568-A, TIPO CABO: UTP DE 4 PARES, TIPO CONDUTOR: FLEXÍVEL","UN",2.0,30.0,60.0,0.0,"2026-07-02"]
["UNIVERSIDADE FEDERAL DE GOIAS-UF/GO",153052.0,1700.0,"Material","153052-187/2026","DTEL + OUTROS - CABO DE REDE","Catálogo do Compras.gov.br","Material",7080.0,"PEÇAS, ACESSÓRIOS E FERRAMENTAS PARA REDES DE TIC",208.0,"CABO REDE COMPUTADOR",312024.0,"APLICAÇÃO: REDE DE INFORMÁTICA, BITOLA CONDUTOR: 24, CARACTERÍSTICAS ADICIONAIS: CABO MONTADO( PATCH CABLE) CONECTORES RJ-45, MACHO, COR: AZUL, MATERIAL CONDUTOR: COBRE, PADRÃO CABEAMENTO: UTP-5E, TIPO CABO: UTP 4 PARES PADRÃO TIA 568A, TIPO CONDUTOR: TRANÇADO, COMPRIMENTO CABO: 2,5","UN",200.0,21.7,4340.0,0.0,"2026-07-02"]
["UNIVERSIDADE FEDERAL DE GOIAS-UF/GO",153052.0,1701.0,"Material","153052-187/2026","DTEL + OUTROS - CABO DE REDE","Catálogo do Compras.gov.br","Material",7080.0,"PEÇAS, ACESSÓRIOS E FERRAMENTAS PARA REDES DE TIC",208.0,"CABO REDE COMPUTADOR",273569.0,"APLICAÇÃO: REDE DE INFORMÁTICA, BITOLA CONDUTOR: 24, CARACTERÍSTICAS ADICIONAIS: CABO MONTADO(LINE CORD) COM CONECTORES RJ-45 EM AM, CATEGORIA: 5E, MATERIAL CONDUTOR: COBRE RÍGIDO, PADRÃO CABEAMENTO: UTP-5E, TIPO CONDUTOR: 4 PARES, COMPRIMENTO CABO: 1,5","UN",300.0,17.5,5250.0,0.0,"2026-07-02"]
["UNIVERSIDADE FEDERAL DE GOIAS-UF/GO",153052.0,1702.0,"Material","153052-187/2026","DTEL + OUTROS - CABO DE REDE","Catálogo do Compras.gov.br","Material",7080.0,"PEÇAS, ACESSÓRIOS E FERRAMENTAS PARA REDES DE TIC",208.0,"CABO REDE COMPUTADOR",437666.0,"CARACTERÍSTICAS ADICIONAIS: CONECTORIZADO, CATEGORIA: 6, COMPRIMENTO: 1,5, CONECTOR: RJ-45, COR: AZUL, MATERIAL CONDUTOR: COBRE ELETROLÍTICO, MATERIAL REVESTIMENTO: PVC - CLORETO DE POLIVINILA ANTI-CHAMA, PADRÃO CABEAMENTO: GIGALAN, TIPO CABO: PATCH CORD, TIPO CONDUTOR: TRANÇADO FLEXÍVEL","UN",300.0,30.3,9090.0,0.0,"2026-07-02"]
["UNIVERSIDADE FEDERAL DE GOIAS-UF/GO",153052.0,1703.0,"Material","153052-187/2026","DTEL + OUTROS - CABO DE REDE","Catálogo do Compras.gov.br","Material",7080.0,"PEÇAS, ACESSÓRIOS E FERRAMENTAS PARA REDES DE TIC",208.0,"CABO REDE COMPUTADOR",437667.0,"CARACTERÍSTICAS ADICIONAIS: CONECTORIZADO, CATEGORIA: 6, COMPRIMENTO: 2,5, CONECTOR: RJ-45, COR: AZUL, MATERIAL CONDUTOR: COBRE ELETROLÍTICO, MATERIAL REVESTIMENTO: PVC - CLORETO DE POLIVINILA ANTI-CHAMA, PADRÃO CABEAMENTO: GIGALAN, TIPO CABO: PATCH CORD, TIPO CONDUTOR: TRANÇADO FLEXÍVEL","UN",250.0,38.43,9607.5,0.0,"2026-07-02"]
["UNIVERSIDADE FEDERAL DE GOIAS-UF/GO",153052.0,1704.0,"Material","153052-187/2026","DTEL + OUTROS - CABO DE REDE","Catálogo do Compras.gov.br","Material",7080.0,"PEÇAS, ACESSÓRIOS E FERRAMENTAS PARA REDES DE TIC",208.0,"CABO REDE COMPUTADOR",467548.0,"APLICAÇÃO: CONEXÃO DE REDE, BITOLA CONDUTOR: 24, CARACTERÍSTICAS ADICIONAIS: AWG, UTP EXTRA, CATEGORIA: 5E, COMPRIMENTO: 305, COR: AZUL, MATERIAL CONDUTOR: COBRE NÚ, MATERIAL REVESTIMENTO: PVC - CLORETO DE POLIVINILA ANTI-CHAMA, PADRÃO CABEAMENTO: UTP-5E, TIPO CABO: 4 PR, TIPO CONDUTOR: PAR TRANÇADO","CX",30.0,826.07,24782.1,0.0,"2026-07-02"]
["UNIVERSIDADE FEDERAL DE GOIAS-UF/GO",153052.0,1705.0,"Material","153052-187/2026","DTEL + OUTROS - CABO DE REDE","Catálogo do Compras.gov.br","Material",7080.0,"PEÇAS, ACESSÓRIOS E FERRAMENTAS PARA REDES DE TIC",208.0,"CABO REDE COMPUTADOR",465402.0,"APLICAÇÃO: REDE ESTRUTURADA, CATEGORIA: 6, COMPRIMENTO: 305, COR: VERMELHA, MATERIAL CONDUTOR: COBRE NÚ, MATERIAL ISOLAMENTO CONDUTOR: POLIETILENO DE ALTA DENSIDADE, MATERIAL REVESTIMENTO: PVC - CLORETO DE POLIVINILA ANTI-CHAMA, NORMAS TÉCNICAS: ANSI/TIA 568 C.2 - ISO/IEC -11801, PADRÃO CABEAMENTO: GIGALAN, TIPO CABO: UTP, TIPO CONDUTOR: PAR TRANÇADO","CX",20.0,1323.93,26478.6,0.0,"2026-07-02"]
["UNIVERSIDADE FEDERAL DE GOIAS-UF/GO",153052.0,1809.0,"Material","153052-183/2026","DTEL - SEINFRA E OUTROS - AQUISIÇÃO DE SUPRIMENTOS DE ELETRICIDADE (LUVA, ELETRODUTO E OUTROS)","Catálogo do Compras.gov.br","Material",5975.0,"FERRAGENS E SUPRIMENTOS DE ELETRICIDADE",4148.0,"CAIXA PASSAGEM",411139.0,"APLICAÇÃO: INSTALAÇÕES ELÉTRICAS, DIMENSÕES: 30 X 30, MATERIAL: ALUMÍNIO, POSIÇÃO RELATIVA: SOBREPOR","UN",40.0,12.0,480.0,0.0,"2026-06-01"]
["UNIVERSIDADE FEDERAL DE GOIAS-UF/GO",153052.0,1717.0,"Material","153052-186/2026","DTEL - SEINFRA + OUTRAS UNIDADES - INSTRUMENTO DE TESTE E DE MEDIÇÃO","Catálogo do Compras.gov.br","Material",6625.0,"INSTRUMENTO DE TESTE E DE MEDIÇÃO DE PROPRIEDADES ELÉTRICAS E ELETRÔNICAS",17743.0,"ANALISADOR DE ENERGIA ELÉTRICA",602150.0,"APLICAÇÃO: MEDIÇÃO DE PARÂMETROS ELÉTRICOS TRIFÁSICOS, CARACTERÍSTICAS ADICIONAIS: BATERIA RECARREGÁVEL, CORRENTE MÁXIMA: 3.000, FREQUÊNCIA: 50/60 HZ, MEDIÇÃO DE TENSÃO: MÁX. 1000V, TIPO: DIGITAL","UN",1.0,35910.0,35910.0,0.0,"2026-07-03"]
["UNIVERSIDADE FEDERAL DE GOIAS-UF/GO",153052.0,1718.0,"Material","153052-186/2026","DTEL - SEINFRA + OUTRAS UNIDADES - INSTRUMENTO DE TESTE E DE MEDIÇÃO","Catálogo do Compras.gov.br","Material",6625.0,"INSTRUMENTO DE TESTE E DE MEDIÇÃO DE PROPRIEDADES ELÉTRICAS E ELETRÔNICAS",12692.0,"TESTADOR",326619.0,"APLICAÇÃO: TESTADOR DE CABOS, CARACTERÍSTICAS ADICIONAIS: CONEXÃO TROCADA, CURTO CIRCUITO, CIRCUITO ABERTO E, CONECTORES: RJ-45/ RJ-11","UN",1.0,23224.23,23224.23,0.0,"2026-07-03"]
["UNIVERSIDADE FEDERAL DE GOIAS-UF/GO",153052.0,1731.0,"Material","153052-185/2026","DTEL - SEINFRA E OUTROS - AQUISIÇÃO DE FIOS E CABOS ELÉTRICOS","Catálogo do Compras.gov.br","Material",6145.0,"FIOS E CABOS ELÉTRICOS",4009.0,"CABO ELÉTRICO FLEXÍVEL",441216.0,"APLICAÇÃO: INSTALAÇÃO ELÉTRICA, CLASSE ENCORDOAMENTO: 5, MATERIAL COBERTURA: PVC ANTI-CHAMA, MATERIAL DO CONDUTOR: COBRE ELETROLÍTICO, MATERIAL ISOLAMENTO: COMPOSTO TERMOPLÁSTICO PVC S/ CHUMBO, SEÇÃO NOMINAL: 16, TEMPERATURA OPERAÇÃO: 90, TENSÃO ISOLAMENTO: 0,6/1, TIPO: UNIPOLAR, TÊMPERA CONDUTOR: MOLE","RO",10.0,1668.0,16680.0,0.0,"2026-06-01"]
["UNIVERSIDADE FEDERAL DE GOIAS-UF/GO",153052.0,1741.0,"Material","153052-185/2026","DTEL - SEINFRA E OUTROS - AQUISIÇÃO DE FIOS E CABOS ELÉTRICOS","Catálogo do Compras.gov.br","Material",6145.0,"FIOS E CABOS ELÉTRICOS",14943.0,"CABO ÁUDIO E VÍDEO",463216.0,"APLICAÇÃO: EQUIPAMENTOS ELETRÔNICOS, COMPRIMENTO: 10, CONECTORES: HDMI MACHO, MATERIAL COBERTURA: PVC EMBORRACHADO, MATERIAL CONDUTOR: COBRE, MATERIAL CONECTOR: OURO 24 QUILATES, MATERIAL ISOLAMENTO CONDUTOR: PVC","UN",2.0,65.0,130.0,0.0,"2026-06-01"]
["UNIVERSIDADE FEDERAL DE GOIAS-UF/GO",153052.0,1720.0,"Material","153052-186/2026","DTEL - SEINFRA + OUTRAS UNIDADES - INSTRUMENTO DE TESTE E DE MEDIÇÃO","Catálogo do Compras.gov.br","Material",6685.0,"INSTRUMENTOS PARA MEDIÇÃO E CONTROLE DE PRESSÃO,TEMPERATURA E UMIDADE",14825.0,"TERMOHIGRÔMETRO",601368.0,"ALTURA: 60, APLICAÇÃO: MONITORAMENTO TEMPERATURA E HUMIDADE, CARACTERÍSTICAS ADICIONAIS: DATA LOGGER, INTERFACE USB,PROTOCOLO DE CALIBRAÇÃO, COMPRIMENTO: 38, ESPESSURA: 18,50, FAIXA MEDIÇÃO UMIDADE RELATIVA: 0 A 100, FAIXA TEMPERATURA: -20 A 70, FONTE ALIMENTAÇÃO: BATERIA, TIPO: DIGITAL","UN",5.0,196.0,980.0,0.0,"2026-07-03"]
["UNIVERSIDADE FEDERAL DE GOIAS-UF/GO",153052.0,1706.0,"Material","153052-186/2026","DTEL - SEINFRA + OUTRAS UNIDADES - INSTRUMENTO DE TESTE E DE MEDIÇÃO","Catálogo do Compras.gov.br","Material",6625.0,"INSTRUMENTO DE TESTE E DE MEDIÇÃO DE PROPRIEDADES ELÉTRICAS E ELETRÔNICAS",12692.0,"TESTADOR",603351.0,"APLICAÇÃO: TESTADOR DE CABOS, BATERIA: 9, CONECTORES: XLR, TRS, RCA, PD10, IN P2, MATERIAL: PLÁSTICO RÍGIDO","UN",5.0,444.0,2220.0,0.0,"2026-07-03"]
["UNIVERSIDADE FEDERAL DE GOIAS-UF/GO",153052.0,1713.0,"Material","153052-186/2026","DTEL - SEINFRA + OUTRAS UNIDADES - INSTRUMENTO DE TESTE E DE MEDIÇÃO","Catálogo do Compras.gov.br","Material",6625.0,"INSTRUMENTO DE TESTE E DE MEDIÇÃO DE PROPRIEDADES ELÉTRICAS E ELETRÔNICAS",10012.0,"MULTÍMETRO",603537.0,"CAPACIDADE: 1000 V, CARACTERÍSTICAS ADICIONAIS: DISPLAY LCD 3.3/4 DÍGITOS, 6000 CONTAGENS, CORRENTE AC: 60/600/1000, CORRENTE DC: 200/60/600/1000, DIMENSÕES: 190 X 70 X 30, FUNCIONAMENTO: 2 BATERIAS 1,5V (AAA), RESISTÊNCIA: 600/6K/60K/600K/6M/60, SENSIBILIDADE: 20 MOHMS, AC/DC, TENSÃO AC: 600/1000, TENSÃO DC: 600/1000, TIPO: DIGITAL","UN",1.0,350.0,350.0,0.0,"2026-07-03"]
["UNIVERSIDADE FEDERAL DE GOIAS-UF/GO",153052.0,1719.0,"Material","153052-186/2026","DTEL - SEINFRA + OUTRAS UNIDADES - INSTRUMENTO DE TESTE E DE MEDIÇÃO","Catálogo do Compras.gov.br","Material",6685.0,"INSTRUMENTOS PARA MEDIÇÃO E CONTROLE DE PRESSÃO,TEMPERATURA E UMIDADE",12667.0,"TERMOHIGRÔMETRO-ANEMÔMETRO",425845.0,"CARACTERÍSTICAS ADICIONAIS: DATA LOGGER U23-001, USB, FAIXA TEMPERATURA -40°C, PRECISÃO: TEMPERATURA: +/-0,2°C, UMIDADE: +/-2,5%, TIPO: MANUAL","UN",2.0,720.0,1440.0,0.0,"2026-07-03"]
["UNIVERSIDADE FEDERAL DE GOIAS-UF/GO",153052.0,1708.0,"Material","153052-186/2026","DTEL - SEINFRA + OUTRAS UNIDADES - INSTRUMENTO DE TESTE E DE MEDIÇÃO","Catálogo do Compras.gov.br","Material",6625.0,"INSTRUMENTO DE TESTE E DE MEDIÇÃO DE PROPRIEDADES ELÉTRICAS E ELETRÔNICAS",9533.0,"MEDIDOR DEMANDA ELETRICIDADE",326006.0,"APLICAÇÃO: MONITORAMENTO QUALIDADE ENERGIA ELÉTRICA, DIAGNÓS-, CARACTERÍSTICAS ADICIONAIS: ENTRADAS TENSÃO E CORRENTE PROVENIENTES DE TRANSDU, TIPO: DIGITAL, TIPO USO: REGISTRADOR GRANDEZAS ELÉTRICAS, TIPO DISPLAY: LCD","UN",1.0,2500.0,2500.0,0.0,"2026-07-03"]
["UNIVERSIDADE FEDERAL DE GOIAS-UF/GO",153052.0,1771.0,"Material","153052-183/2026","DTEL - SEINFRA E OUTROS - AQUISIÇÃO DE SUPRIMENTOS DE ELETRICIDADE (LUVA, ELETRODUTO E OUTROS)","Catálogo do Compras.gov.br","Material",5975.0,"FERRAGENS E SUPRIMENTOS DE ELETRICIDADE",4148.0,"CAIXA PASSAGEM",444800.0,"APLICAÇÃO: INSTALAÇÃO CFTV, CARACTERÍSTICAS ADICIONAIS: JUNTAS COM BOLSAS, LISAS PARA SIMPLES ENCAIXE, COMPONENTES: TAMPA CEGA, COR: CINZA, DIMENSÕES: 94,5 X 50, MATERIAL: PVC, POSIÇÃO RELATIVA: SOBREPOR, TIPO: CONDULETE COM 5 ENTRADAS","UN",2900.0,11.17,32393.0,0.0,"2026-06-01"]
["UNIVERSIDADE FEDERAL DE GOIAS-UF/GO",153052.0,1772.0,"Material","153052-183/2026","DTEL - SEINFRA E OUTROS - AQUISIÇÃO DE SUPRIMENTOS DE ELETRICIDADE (LUVA, ELETRODUTO E OUTROS)","Catálogo do Compras.gov.br","Material",5975.0,"FERRAGENS E SUPRIMENTOS DE ELETRICIDADE",14343.0,"CURVA ELETRODUTO",447133.0,"ANGULAÇÃO: 90°, APLICAÇÃO: INSTALAÇÃO ELÉTRICA, COR: CINZA, DIÂMETRO NOMINAL: 1, MATERIAL: PVC, TIPO: CURVA LONGA","UN",700.0,2.55,1785.0,0.0,"2026-06-01"]
["UNIVERSIDADE FEDERAL DE GOIAS-UF/GO",153052.0,1773.0,"Material","153052-183/2026","DTEL - SEINFRA E OUTROS - AQUISIÇÃO DE SUPRIMENTOS DE ELETRICIDADE (LUVA, ELETRODUTO E OUTROS)","Catálogo do Compras.gov.br","Material",5975.0,"FERRAGENS E SUPRIMENTOS DE ELETRICIDADE",15599.0,"LUVA ELETRODUTO",469283.0,"APLICAÇÃO: INSTALAÇÕES ELÉTRICAS, BITOLA: 1, CARACTERÍSTICAS ADICIONAIS: PARA CONEXÃO TUBO ELETRODUTO CONDULETE DE 3/4, COR: CINZA, MATERIAL: PVC RÍGIDO ANTI-CHAMA, TIPO: CHAPA LISA","UN",1000.0,1.02,1020.0,0.0,"2026-06-01"]
["UNIVERSIDADE FEDERAL DE GOIAS-UF/GO",153052.0,1774.0,"Material","153052-183/2026","DTEL - SEINFRA E OUTROS - AQUISIÇÃO DE SUPRIMENTOS DE ELETRICIDADE (LUVA, ELETRODUTO E OUTROS)","Catálogo do Compras.gov.br","Material",5975.0,"FERRAGENS E SUPRIMENTOS DE ELETRICIDADE",492.0,"LUVA EMENDA COMPRESSÃO ESTANHADA",212321.0,"APLICAÇÃO: CABO COBRE, COMPRIMENTO: 40, DIÂMETRO EXTERNO: 10,50, MATERIAL: LIGA COBRE, SEÇÃO NOMINAL CONDUTOR: 35, TIPO: EXTERNO, TRATAMENTO SUPERFICIAL: ESTANHADO","UN",200.0,2.6,520.0,0.0,"2026-06-01"]
["UNIVERSIDADE FEDERAL DE GOIAS-UF/GO",153052.0,1775.0,"Material","153052-183/2026","DTEL - SEINFRA E OUTROS - AQUISIÇÃO DE SUPRIMENTOS DE ELETRICIDADE (LUVA, ELETRODUTO E OUTROS)","Catálogo do Compras.gov.br","Material",5975.0,"FERRAGENS E SUPRIMENTOS DE ELETRICIDADE",492.0,"LUVA EMENDA COMPRESSÃO ESTANHADA",212322.0,"APLICAÇÃO: CABO COBRE, COMPRIMENTO: 45, DIÂMETRO EXTERNO: 13, MATERIAL: LIGA COBRE, SEÇÃO NOMINAL CONDUTOR: 50, TIPO: EXTERNO, TRATAMENTO SUPERFICIAL: ESTANHADO","UN",200.0,4.51,902.0,0.0,"2026-06-01"]
["UNIVERSIDADE FEDERAL DE GOIAS-UF/GO",153052.0,1711.0,"Material","153052-186/2026","DTEL - SEINFRA + OUTRAS UNIDADES - INSTRUMENTO DE TESTE E DE MEDIÇÃO","Catálogo do Compras.gov.br","Material",6636.0,"CÂMARAS DE CONTROLE AMBIENTAL E EQUIPAMENTOS CORRELATOS",13674.0,"OXÍMETRO DIGITAL",257708.0,"CARACTERÍSTICAS ADICIONAIS: ELETRODO OXIGÊNIO E BOLSA TRANSPORTE, FAIXA MEDIÇÃO OXIGÊNIO: 0 A 99, FAIXA TEMPERATURA: -5 A 45, TIPO: PORTÁTIL, TIPO CORREÇÃO PRESSÃO ATMOSFÉRICA: MANUAL, TOLERÂNCIA MÁXIMA ERRO MEDIÇÃO: 1% PARA 0,1 MG/L","UN",3.0,60.0,180.0,0.0,"2026-07-03"]
["UNIVERSIDADE FEDERAL DE GOIAS-UF/GO",153052.0,1712.0,"Material","153052-186/2026","DTEL - SEINFRA + OUTRAS UNIDADES - INSTRUMENTO DE TESTE E DE MEDIÇÃO","Catálogo do Compras.gov.br","Material",6695.0,"INSTRUMENTOS COMBINADOS DIVERSOS",7676.0,"FLUXÔMETRO",280471.0,"APLICAÇÃO: CONTROLE FLUXO OXIGÊNIO MEDICINAL, CAPACIDADE FLUXO: 0 A 15, COMPONENTES: FLUTUADOR ESFÉRICO,PORCA CONEXÃO C/ABAS EM LATÃO, CONEXÃO SAÍDA: CONEXÃO SAÍDA C/RESCA EM LATÃO CROMADO, PRESSÃO: PRESSÃO CALIBRAÇÃO ATÉ 3,5, REGULAGEM: VAZÃO REGULADA P/VÁLVULA AGULHA C/MANOPLA FIXADA, TIPO CONEXÃO: CONEXÕES CONFORME ABNT, TIPO ESCALA: ESCALA NUMÉRICA","UN",1.0,56.9,56.9,0.0,"2026-07-03"]
["UNIVERSIDADE FEDERAL DE GOIAS-UF/GO",153052.0,1707.0,"Material","153052-186/2026","DTEL - SEINFRA + OUTRAS UNIDADES - INSTRUMENTO DE TESTE E DE MEDIÇÃO","Catálogo do Compras.gov.br","Material",6685.0,"INSTRUMENTOS PARA MEDIÇÃO E CONTROLE DE PRESSÃO,TEMPERATURA E UMIDADE",13220.0,"VACUÔMETRO",373418.0,"CAPACIDADE: 0 A 12.000 MICRONS, CARACTERÍSTICAS ADICIONAIS: LEITURA VÁCUO 7 ESCALAS INTERNACIONAIS, MATERIAL: METÁLICO, MODELO: DIGITAL, TIPO: PORTÁTIL","UN",3.0,500.0,1500.0,0.0,"2026-07-03"]
["UNIVERSIDADE FEDERAL DE GOIAS-UF/GO",153052.0,1710.0,"Material","153052-186/2026","DTEL - SEINFRA + OUTRAS UNIDADES - INSTRUMENTO DE TESTE E DE MEDIÇÃO","Catálogo do Compras.gov.br","Material",6650.0,"INSTRUMENTOS ÓTICOS, EQUIPAMENTOS DE TESTE, COMPONENTES  E ACESSÓRIOS",13507.0,"LUPA ELETRÔNICA",475679.0,"FAIXA AMPLIAÇÃO: 2 A 14 VEZES, FONTE ALIMENTAÇÃO: CARREGADOR, TIPO: PORTÁTIL, TIPO ACOPLAMENTO: SUPORTE COM PERNA","UN",2.0,1449.99,2899.98,0.0,"2026-07-03"]
["UNIVERSIDADE FEDERAL DE GOIAS-UF/GO",153052.0,1721.0,"Material","153052-186/2026","DTEL - SEINFRA + OUTRAS UNIDADES - INSTRUMENTO DE TESTE E DE MEDIÇÃO","Catálogo do Compras.gov.br","Material",6625.0,"INSTRUMENTO DE TESTE E DE MEDIÇÃO DE PROPRIEDADES ELÉTRICAS E ELETRÔNICAS",4897.0,"CHAVE DE TESTE ELÉTRICO",389055.0,"CARACTERÍSTICAS ADICIONAIS: CANETA, PORTÁTIL, DETECÇÃO TENSÃO, SINAL DE ALERTA, COMPRIMENTO: 150, COR CABO: AZUL, MATERIAL CABO: PLÁSTICO, MATERIAL HASTE: PLÁSTICO, TIPO PONTA: METAL","UN",14.0,58.98,825.72,0.0,"2026-07-03"]
["UNIVERSIDADE FEDERAL DE GOIAS-UF/GO",153052.0,1722.0,"Material","153052-186/2026","DTEL - SEINFRA + OUTRAS UNIDADES - INSTRUMENTO DE TESTE E DE MEDIÇÃO","Catálogo do Compras.gov.br","Material",6625.0,"INSTRUMENTO DE TESTE E DE MEDIÇÃO DE PROPRIEDADES ELÉTRICAS E ELETRÔNICAS",4897.0,"CHAVE DE TESTE ELÉTRICO",389055.0,"CARACTERÍSTICAS ADICIONAIS: CANETA, PORTÁTIL, DETECÇÃO TENSÃO, SINAL DE ALERTA, COMPRIMENTO: 150, COR CABO: AZUL, MATERIAL CABO: PLÁSTICO, MATERIAL HASTE: PLÁSTICO, TIPO PONTA: METAL","UN",14.0,5.39,75.46,0.0,"2026-07-03"]
["UNIVERSIDADE FEDERAL DE GOIAS-UF/GO",153052.0,1716.0,"Material","153052-186/2026","DTEL - SEINFRA + OUTRAS UNIDADES - INSTRUMENTO DE TESTE E DE MEDIÇÃO","Catálogo do Compras.gov.br","Material",6625.0,"INSTRUMENTO DE TESTE E DE MEDIÇÃO DE PROPRIEDADES ELÉTRICAS E ELETRÔNICAS",10012.0,"MULTÍMETRO",467274.0,"CAPACITÂNCIA: 10N/100N/10U/100U/10M, CARACTERÍSTICAS ADICIONAIS: TIPO AUTOMOTIVO, TESTE CONTINUIDADE, AUTO DESLIGA-, CORRENTE AC: 60M/600M/20, CORRENTE DC: 600U/6M/60M/600M/20, FREQUÊNCIA: 10 - 10, RESISTÊNCIA: 600/6K/60K/600K/6M/60, TEMPERATURA: 30 - +1000ºC, TENSÃO AC: 600M/6/60/600/750, TENSÃO DC: 600M/6/60/600/1000, TIPO: DIGITAL","UN",1.0,826.2,826.2,0.0,"2026-07-03"]
["UNIVERSIDADE FEDERAL DE GOIAS-UF/GO",153052.0,1723.0,"Material","153052-186/2026","DTEL - SEINFRA + OUTRAS UNIDADES - INSTRUMENTO DE TESTE E DE MEDIÇÃO","Catálogo do Compras.gov.br","Material",6625.0,"INSTRUMENTO DE TESTE E DE MEDIÇÃO DE PROPRIEDADES ELÉTRICAS E ELETRÔNICAS",10012.0,"MULTÍMETRO",467274.0,"CAPACITÂNCIA: 10N/100N/10U/100U/10M, CARACTERÍSTICAS ADICIONAIS: TIPO AUTOMOTIVO, TESTE CONTINUIDADE, AUTO DESLIGA-, CORRENTE AC: 60M/600M/20, CORRENTE DC: 600U/6M/60M/600M/20, FREQUÊNCIA: 10 - 10, RESISTÊNCIA: 600/6K/60K/600K/6M/60, TEMPERATURA: 30 - +1000ºC, TENSÃO AC: 600M/6/60/600/750, TENSÃO DC: 600M/6/60/600/1000, TIPO: DIGITAL","UN",2.0,186.41,372.82,0.0,"2026-07-03"]
["UNIVERSIDADE FEDERAL DE GOIAS-UF/GO",153052.0,1725.0,"Material","153052-185/2026","DTEL - SEINFRA E OUTROS - AQUISIÇÃO DE FIOS E CABOS ELÉTRICOS","Catálogo do Compras.gov.br","Material",6145.0,"FIOS E CABOS ELÉTRICOS",18604.0,"CABO ELÉTRICO ISOLADO",409292.0,"COR DO ISOLAMENTO: PRETA BRANCA VERMELHA VERDE E AZUL, MATERIAL CONDUTOR: COBRE, MATERIAL ISOLAMENTO: PVC FLEXÍVEL ANTICHAMA, NORMAS TÉCNICAS: NBR NM 247-3, NM 280, SEÇÃO NOMINAL: 1,5, TENSÃO ISOLAMENTO: 750, TÊMPERA CONDUTOR: MOLE","M",200.0,1.72,344.0,0.0,"2026-06-01"]
["UNIVERSIDADE FEDERAL DE GOIAS-UF/GO",153052.0,1726.0,"Material","153052-185/2026","DTEL - SEINFRA E OUTROS - AQUISIÇÃO DE FIOS E CABOS ELÉTRICOS","Catálogo do Compras.gov.br","Material",6145.0,"FIOS E CABOS ELÉTRICOS",18604.0,"CABO ELÉTRICO ISOLADO",616156.0,"CLASSE DE ENCORDOAMENTO: 4, COR DO ISOLAMENTO: PRETA, MATERIAL CONDUTOR: COBRE ELETROLÍTICO, MATERIAL ISOLAMENTO: PVC BWF ANTICHAMA, NORMAS TÉCNICAS: NBR NM 247-3, NM 280, SEÇÃO NOMINAL: 0,75, TENSÃO ISOLAMENTO: 450/750, TIPO: UNIPOLAR, TÊMPERA CONDUTOR: MOLE","M",40.0,1.3,52.0,0.0,"2026-06-01"]
["UNIVERSIDADE FEDERAL DE GOIAS-UF/GO",153052.0,1727.0,"Material","153052-185/2026","DTEL - SEINFRA E OUTROS - AQUISIÇÃO DE FIOS E CABOS ELÉTRICOS","Catálogo do Compras.gov.br","Material",6145.0,"FIOS E CABOS ELÉTRICOS",18604.0,"CABO ELÉTRICO ISOLADO",428654.0,"CARACTERÍSTICAS ADICIONAIS: FLEXÍVEL, COR DO ISOLAMENTO: AZUL, MATERIAL CONDUTOR: COBRE, MATERIAL ISOLAMENTO: PVC FLEXÍVEL ANTICHAMA, REFERÊNCIA FABRICANTE: TP FORESPLAST ALCOA OU SIMILAR, SEÇÃO NOMINAL: 2,5, TENSÃO ISOLAMENTO: 450/750","M",200.0,2.34,468.0,0.0,"2026-06-01"]
["UNIVERSIDADE FEDERAL DE GOIAS-UF/GO",153052.0,1728.0,"Material","153052-185/2026","DTEL - SEINFRA E OUTROS - AQUISIÇÃO DE FIOS E CABOS ELÉTRICOS","Catálogo do Compras.gov.br","Material",6145.0,"FIOS E CABOS ELÉTRICOS",18604.0,"CABO ELÉTRICO ISOLADO",428657.0,"CARACTERÍSTICAS ADICIONAIS: FLEXÍVEL, COR DO ISOLAMENTO: VERMELHA, MATERIAL CONDUTOR: COBRE, MATERIAL ISOLAMENTO: PVC FLEXÍVEL ANTICHAMA, REFERÊNCIA FABRICANTE: TP FORESPLAST ALCOA OU SIMILAR, SEÇÃO NOMINAL: 2,5, TENSÃO ISOLAMENTO: 450/750","M",200.0,2.34,468.0,0.0,"2026-06-01"]
["UNIVERSIDADE FEDERAL DE GOIAS-UF/GO",153052.0,1729.0,"Material","153052-185/2026","DTEL - SEINFRA E OUTROS - AQUISIÇÃO DE FIOS E CABOS ELÉTRICOS","Catálogo do Compras.gov.br","Material",6145.0,"FIOS E CABOS ELÉTRICOS",18604.0,"CABO ELÉTRICO ISOLADO",409292.0,"COR DO ISOLAMENTO: PRETA BRANCA VERMELHA VERDE E AZUL, MATERIAL CONDUTOR: COBRE, MATERIAL ISOLAMENTO: PVC FLEXÍVEL ANTICHAMA, NORMAS TÉCNICAS: NBR NM 247-3, NM 280, SEÇÃO NOMINAL: 1,5, TENSÃO ISOLAMENTO: 750, TÊMPERA CONDUTOR: MOLE","M",200.0,1.72,344.0,0.0,"2026-06-01"]
["UNIVERSIDADE FEDERAL DE GOIAS-UF/GO",153052.0,1730.0,"Material","153052-185/2026","DTEL - SEINFRA E OUTROS - AQUISIÇÃO DE FIOS E CABOS ELÉTRICOS","Catálogo do Compras.gov.br","Material",6145.0,"FIOS E CABOS ELÉTRICOS",18604.0,"CABO ELÉTRICO ISOLADO",616156.0,"CLASSE DE ENCORDOAMENTO: 4, COR DO ISOLAMENTO: PRETA, MATERIAL CONDUTOR: COBRE ELETROLÍTICO, MATERIAL ISOLAMENTO: PVC BWF ANTICHAMA, NORMAS TÉCNICAS: NBR NM 247-3, NM 280, SEÇÃO NOMINAL: 0,75, TENSÃO ISOLAMENTO: 450/750, TIPO: UNIPOLAR, TÊMPERA CONDUTOR: MOLE","M",40.0,1.3,52.0,0.0,"2026-06-01"]
["UNIVERSIDADE FEDERAL DE GOIAS-UF/GO",153052.0,1732.0,"Material","153052-185/2026","DTEL - SEINFRA E OUTROS - AQUISIÇÃO DE FIOS E CABOS ELÉTRICOS","Catálogo do Compras.gov.br","Material",6145.0,"FIOS E CABOS ELÉTRICOS",4009.0,"CABO ELÉTRICO FLEXÍVEL",441661.0,"BITOLA: 35,0, CLASSE ENCORDOAMENTO: 5, COR DA COBERTURA: PRETA, MATERIAL COBERTURA: EPR (BORRACHA ETILENO-PROPILENO), MATERIAL DO CONDUTOR: COBRE ELETROLÍTICO, MATERIAL ISOLAMENTO: COMPOSTO TERMOPLÁSTICO PVC S/ CHUMBO, TENSÃO ISOLAMENTO: 0,6/1, TIPO: UNIPOLAR","PC",4.0,3656.0,14624.0,0.0,"2026-06-01"]
["UNIVERSIDADE FEDERAL DE GOIAS-UF/GO",153052.0,1733.0,"Material","153052-185/2026","DTEL - SEINFRA E OUTROS - AQUISIÇÃO DE FIOS E CABOS ELÉTRICOS","Catálogo do Compras.gov.br","Material",6145.0,"FIOS E CABOS ELÉTRICOS",4009.0,"CABO ELÉTRICO FLEXÍVEL",616159.0,"FORMAÇÃO CONDUTOR: 3 X 2,5, MATERIAL DO CONDUTOR: COBRE, TENSÃO ISOLAMENTO: 1, TIPO: PP","RO",15.0,916.0,13740.0,0.0,"2026-06-01"]
["UNIVERSIDADE FEDERAL DE GOIAS-UF/GO",153052.0,1734.0,"Material","153052-185/2026","DTEL - SEINFRA E OUTROS - AQUISIÇÃO DE FIOS E CABOS ELÉTRICOS","Catálogo do Compras.gov.br","Material",6145.0,"FIOS E CABOS ELÉTRICOS",4009.0,"CABO ELÉTRICO FLEXÍVEL",370747.0,"CARACTERÍSTICAS ADICIONAIS: DESLIZANTE, UNIPOLAR, COMPRIMENTO: 100, COR DA ISOLAÇÃO: AZUL, MATERIAL COBERTURA: PVC ANTI-CHAMA, MATERIAL DO CONDUTOR: COBRE, NORMAS TÉCNICAS: NBR 5410, SEÇÃO NOMINAL: 2,5, TENSÃO ISOLAMENTO: 450/750, TIPO: BWF","RO",300.0,241.0,72300.0,0.0,"2026-06-01"]
["UNIVERSIDADE FEDERAL DE GOIAS-UF/GO",153052.0,1735.0,"Material","153052-185/2026","DTEL - SEINFRA E OUTROS - AQUISIÇÃO DE FIOS E CABOS ELÉTRICOS","Catálogo do Compras.gov.br","Material",6145.0,"FIOS E CABOS ELÉTRICOS",4009.0,"CABO ELÉTRICO FLEXÍVEL",419866.0,"COR DA COBERTURA: PRETA, MATERIAL DO CONDUTOR: COBRE ELETROLÍTICO, MATERIAL ISOLAMENTO: ISOLAÇÃO EXTRUDADA DE PVC ANTI CHAMA, NORMAS TÉCNICAS: NBR-6148, NBR-6245, NBR-6812 E NBR-6880, SEÇÃO NOMINAL: 1,0, TEMPERATURA OPERAÇÃO: 70, TENSÃO ISOLAMENTO: 750, TÊMPERA CONDUTOR: MOLE","RO",60.0,1099.0,65940.0,0.0,"2026-06-01"]
["UNIVERSIDADE FEDERAL DE GOIAS-UF/GO",153052.0,1736.0,"Material","153052-185/2026","DTEL - SEINFRA E OUTROS - AQUISIÇÃO DE FIOS E CABOS ELÉTRICOS","Catálogo do Compras.gov.br","Material",6145.0,"FIOS E CABOS ELÉTRICOS",4009.0,"CABO ELÉTRICO FLEXÍVEL",441659.0,"BITOLA: 4,0, CLASSE ENCORDOAMENTO: 5, COR DA COBERTURA: PRETA, MATERIAL COBERTURA: PVC ANTI-CHAMA, MATERIAL DO CONDUTOR: COBRE ELETROLÍTICO, QUANTIDADE CONDUTORES: 3, TENSÃO ISOLAMENTO: 750, TIPO: MULTIPOLAR","RO",5.0,927.0,4635.0,0.0,"2026-06-01"]
["UNIVERSIDADE FEDERAL DE GOIAS-UF/GO",153052.0,1737.0,"Material","153052-185/2026","DTEL - SEINFRA E OUTROS - AQUISIÇÃO DE FIOS E CABOS ELÉTRICOS","Catálogo do Compras.gov.br","Material",6145.0,"FIOS E CABOS ELÉTRICOS",4009.0,"CABO ELÉTRICO FLEXÍVEL",441659.0,"BITOLA: 4,0, CLASSE ENCORDOAMENTO: 5, COR DA COBERTURA: PRETA, MATERIAL COBERTURA: PVC ANTI-CHAMA, MATERIAL DO CONDUTOR: COBRE ELETROLÍTICO, QUANTIDADE CONDUTORES: 3, TENSÃO ISOLAMENTO: 750, TIPO: MULTIPOLAR","RO",8.0,1410.0,11280.0,0.0,"2026-06-01"]
["UNIVERSIDADE FEDERAL DE GOIAS-UF/GO",153052.0,1738.0,"Material","153052-185/2026","DTEL - SEINFRA E OUTROS - AQUISIÇÃO DE FIOS E CABOS ELÉTRICOS","Catálogo do Compras.gov.br","Material",6145.0,"FIOS E CABOS ELÉTRICOS",4009.0,"CABO ELÉTRICO FLEXÍVEL",441659.0,"BITOLA: 4,0, CLASSE ENCORDOAMENTO: 5, COR DA COBERTURA: PRETA, MATERIAL COBERTURA: PVC ANTI-CHAMA, MATERIAL DO CONDUTOR: COBRE ELETROLÍTICO, QUANTIDADE CONDUTORES: 3, TENSÃO ISOLAMENTO: 750, TIPO: MULTIPOLAR","RO",150.0,400.0,60000.0,0.0,"2026-06-01"]
["UNIVERSIDADE FEDERAL DE GOIAS-UF/GO",153052.0,1739.0,"Material","153052-185/2026","DTEL - SEINFRA E OUTROS - AQUISIÇÃO DE FIOS E CABOS ELÉTRICOS","Catálogo do Compras.gov.br","Material",6145.0,"FIOS E CABOS ELÉTRICOS",4009.0,"CABO ELÉTRICO FLEXÍVEL",622823.0,"APLICAÇÃO: APARELHO AR CONDICIONADO, BITOLA: 2,5, MATERIAL COBERTURA: POLIPROPILENO, MATERIAL DO CONDUTOR: COBRE, TIPO: PP TETRAPOLAR","RO",120.0,152.0,18240.0,0.0,"2026-06-01"]
["UNIVERSIDADE FEDERAL DE GOIAS-UF/GO",153052.0,1740.0,"Material","153052-185/2026","DTEL - SEINFRA E OUTROS - AQUISIÇÃO DE FIOS E CABOS ELÉTRICOS","Catálogo do Compras.gov.br","Material",6145.0,"FIOS E CABOS ELÉTRICOS",4009.0,"CABO ELÉTRICO FLEXÍVEL",359854.0,"CARACTERÍSTICAS ADICIONAIS: CABO DE FORÇA COMPATÍVEL COM MONITOR MULTIPARÂMETR, COMPRIMENTO: 2, MATERIAL DO CONDUTOR: COBRE","UN",5.0,21.99,109.95,0.0,"2026-06-01"]
["UNIVERSIDADE FEDERAL DE GOIAS-UF/GO",153052.0,1742.0,"Material","153052-185/2026","DTEL - SEINFRA E OUTROS - AQUISIÇÃO DE FIOS E CABOS ELÉTRICOS","Catálogo do Compras.gov.br","Material",6145.0,"FIOS E CABOS ELÉTRICOS",4009.0,"CABO ELÉTRICO FLEXÍVEL",483320.0,"APLICAÇÃO: MANUTENÇÃO ELÉTRICA, CARACTERÍSTICAS ADICIONAIS: CERTIFICAÇÃO INMETRO, CLASSE ENCORDOAMENTO: 4, COR DA COBERTURA: VERMELHA, MATERIAL DO CONDUTOR: COBRE, MATERIAL ISOLAMENTO: COMPOSTO TERMOPLÁSTICO (LSHF), NÃO HALOGENADO, NORMAS TÉCNICAS: NBR13248, SEÇÃO NOMINAL: 2,5, TENSÃO ISOLAMENTO: 750","M",200.0,2.94,588.0,0.0,"2026-06-01"]
["UNIVERSIDADE FEDERAL DE GOIAS-UF/GO",153052.0,1743.0,"Material","153052-185/2026","DTEL - SEINFRA E OUTROS - AQUISIÇÃO DE FIOS E CABOS ELÉTRICOS","Catálogo do Compras.gov.br","Material",6145.0,"FIOS E CABOS ELÉTRICOS",643.0,"CABO TELEFÔNICO",435544.0,"COR: CINZA, DIÂMETRO CONDUTOR: 0,50, MATERIAL CONDUTOR: COBRE, MATERIAL ISOLAMENTO CONDUTOR: PVC - CLORETO DE POLIVINILA, QUANTIDADE PARES: 2, TIPO: CCI 50 X 2 PARES","M",200.0,1.28,256.0,0.0,"2026-06-01"]
["UNIVERSIDADE FEDERAL DE GOIAS-UF/GO",153052.0,1744.0,"Material","153052-185/2026","DTEL - SEINFRA E OUTROS - AQUISIÇÃO DE FIOS E CABOS ELÉTRICOS","Catálogo do Compras.gov.br","Material",6145.0,"FIOS E CABOS ELÉTRICOS",643.0,"CABO TELEFÔNICO",367690.0,"APLICAÇÃO: INFORMÁTICA, CARACTERÍSTICAS ADICIONAIS: CABO DE CONEXÃO QUICK DISCONNECT, COMPRIMENTO CABO: COM 1.5 METROS EXTENSÍVEL ATÉ 3, TIPO: ESPIRAL","UN",1000.0,24.95,24950.0,0.0,"2026-06-01"]
["UNIVERSIDADE FEDERAL DE GOIAS-UF/GO",153052.0,1745.0,"Material","153052-185/2026","DTEL - SEINFRA E OUTROS - AQUISIÇÃO DE FIOS E CABOS ELÉTRICOS","Catálogo do Compras.gov.br","Material",6145.0,"FIOS E CABOS ELÉTRICOS",643.0,"CABO TELEFÔNICO",358178.0,"COR: BRANCA, QUANTIDADE PARES: 2, QUANTIDADE VIAS: 4, SEÇÃO NOMINAL: 0,12, TIPO: CCI","M",500.0,4.95,2475.0,0.0,"2026-06-01"]
["UNIVERSIDADE FEDERAL DE GOIAS-UF/GO",153052.0,1746.0,"Material","153052-185/2026","DTEL - SEINFRA E OUTROS - AQUISIÇÃO DE FIOS E CABOS ELÉTRICOS","Catálogo do Compras.gov.br","Material",6145.0,"FIOS E CABOS ELÉTRICOS",643.0,"CABO TELEFÔNICO",341637.0,"APLICAÇÃO: MATERIAIS ELÉTRICOS E ELETRÔNICOS., MATERIAL CONDUTOR: COBRE ELETROLÍTICO, MATERIAL ISOLAMENTO NÚCLEO: TERMOPLÁSTICO E ALUMÍNIO, QUANTIDADE PARES: 50, TIPO: CTP/APL 50 X 50, MATERIAL: CABO BLINDADO","M",1000.0,24.95,24950.0,0.0,"2026-06-01"]
["UNIVERSIDADE FEDERAL DE GOIAS-UF/GO",153052.0,1747.0,"Material","153052-185/2026","DTEL - SEINFRA E OUTROS - AQUISIÇÃO DE FIOS E CABOS ELÉTRICOS","Catálogo do Compras.gov.br","Material",6145.0,"FIOS E CABOS ELÉTRICOS",7543.0,"FIO TELEFÔNICO",249786.0,"BITOLA: 0,50, COR: PRETO E BRANCO, MATERIAL CONDUTOR: COBRE, MATERIAL ISOLAMENTO: PVC, TIPO: JUMP, QUANTIDADE CONDUTOR: 2","UN",2.0,264.41,528.82,0.0,"2026-06-01"]
["UNIVERSIDADE FEDERAL DE GOIAS-UF/GO",153052.0,1748.0,"Material","153052-185/2026","DTEL - SEINFRA E OUTROS - AQUISIÇÃO DE FIOS E CABOS ELÉTRICOS","Catálogo do Compras.gov.br","Material",6145.0,"FIOS E CABOS ELÉTRICOS",7543.0,"FIO TELEFÔNICO",235424.0,"BITOLA: 0,50, COR: PRETO E LARANJA, MATERIAL CONDUTOR: COBRE, MATERIAL ISOLAMENTO: PVC, TIPO: JUMP, QUANTIDADE CONDUTOR: 2","UN",2.0,353.94,707.88,0.0,"2026-06-01"]
["UNIVERSIDADE FEDERAL DE GOIAS-UF/GO",153052.0,1749.0,"Material","153052-185/2026","DTEL - SEINFRA E OUTROS - AQUISIÇÃO DE FIOS E CABOS ELÉTRICOS","Catálogo do Compras.gov.br","Material",6145.0,"FIOS E CABOS ELÉTRICOS",14943.0,"CABO ÁUDIO E VÍDEO",428667.0,"CONECTORES: P2-P2, MATERIAL COBERTURA: PVC, MATERIAL CONDUTOR: COBRE, MATERIAL CONECTOR: COBRE COBERTURA DE CARBONO, RESISTÊNCIA ÔHMICA MÁXIMA: 75 OHMS","UN",20.0,20.25,405.0,0.0,"2026-06-01"]
["UNIVERSIDADE FEDERAL DE GOIAS-UF/GO",153052.0,1750.0,"Material","153052-185/2026","DTEL - SEINFRA E OUTROS - AQUISIÇÃO DE FIOS E CABOS ELÉTRICOS","Catálogo do Compras.gov.br","Material",6145.0,"FIOS E CABOS ELÉTRICOS",14943.0,"CABO ÁUDIO E VÍDEO",428668.0,"CONECTORES: P2-P10, MATERIAL COBERTURA: PVC, MATERIAL CONDUTOR: COBRE, MATERIAL CONECTOR: COBRE COBERTURA DE CARBONO, RESISTÊNCIA ÔHMICA MÁXIMA: 75 OHMS","UN",20.0,32.98,659.6,0.0,"2026-06-01"]
["UNIVERSIDADE FEDERAL DE GOIAS-UF/GO",153052.0,1751.0,"Material","153052-185/2026","DTEL - SEINFRA E OUTROS - AQUISIÇÃO DE FIOS E CABOS ELÉTRICOS","Catálogo do Compras.gov.br","Material",6145.0,"FIOS E CABOS ELÉTRICOS",14943.0,"CABO ÁUDIO E VÍDEO",424072.0,"BITOLA: 22, CARACTERÍSTICAS ADICIONAIS: CONECTOR MONTAGEM POR SOLDA COM BUCHA, COMPRIMENTO: 10, CONECTORES: XLR FÊMEA-XLR MACHO, DIÂMETRO NOMINAL: 6, MATERIAL CONDUTOR: COBRE, MATERIAL CONECTOR: NIQUELADO COBERTURA DE CARBONO, TIPO CABO: BLINDADO E BALANCEADO","UN",20.0,61.17,1223.4,0.0,"2026-06-01"]
["UNIVERSIDADE FEDERAL DE GOIAS-UF/GO",153052.0,1752.0,"Material","153052-185/2026","DTEL - SEINFRA E OUTROS - AQUISIÇÃO DE FIOS E CABOS ELÉTRICOS","Catálogo do Compras.gov.br","Material",6145.0,"FIOS E CABOS ELÉTRICOS",14943.0,"CABO ÁUDIO E VÍDEO",356728.0,"APLICAÇÃO: TRANSMISSÃO DE SINAL DE ÁUDIO MONO, CARACTERÍSTICAS ADICIONAIS: BLINDADO E FLEXÍVEL, COMPRIMENTO: 6, CONECTORES: P10-P10, MATERIAL CONDUTOR: COBRE, MATERIAL ISOLAMENTO CONDUTOR: POLIETILENO","UN",20.0,109.81,2196.2,0.0,"2026-06-01"]
["UNIVERSIDADE FEDERAL DE GOIAS-UF/GO",153052.0,1753.0,"Material","153052-185/2026","DTEL - SEINFRA E OUTROS - AQUISIÇÃO DE FIOS E CABOS ELÉTRICOS","Catálogo do Compras.gov.br","Material",6145.0,"FIOS E CABOS ELÉTRICOS",14943.0,"CABO ÁUDIO E VÍDEO",426977.0,"CARACTERÍSTICAS ADICIONAIS: PROFISSIONAL, COMPRIMENTO: 10, CONECTORES: XLR FÊMEA-XLR MACHO, MATERIAL CONDUTOR: COBRE","UN",20.0,118.7,2374.0,0.0,"2026-06-01"]
["UNIVERSIDADE FEDERAL DE GOIAS-UF/GO",153052.0,1754.0,"Material","153052-185/2026","DTEL - SEINFRA E OUTROS - AQUISIÇÃO DE FIOS E CABOS ELÉTRICOS","Catálogo do Compras.gov.br","Material",6145.0,"FIOS E CABOS ELÉTRICOS",14943.0,"CABO ÁUDIO E VÍDEO",479549.0,"APLICAÇÃO: VÍDEO TV PROJETORES DVDS RECEIVERS SINAIS S-VHS, CARACTERÍSTICAS ADICIONAIS: BALANCEADO, BLINDADO E FLEXÍVEL, CONECTORES: MACHO-MACHO, MATERIAL CONDUTOR: COBRE, TIPO CABO: HDMI","UN",120.0,32.13,3855.6,0.0,"2026-06-01"]
["UNIVERSIDADE FEDERAL DE GOIAS-UF/GO",153052.0,1755.0,"Material","153052-185/2026","DTEL - SEINFRA E OUTROS - AQUISIÇÃO DE FIOS E CABOS ELÉTRICOS","Catálogo do Compras.gov.br","Material",6145.0,"FIOS E CABOS ELÉTRICOS",14943.0,"CABO ÁUDIO E VÍDEO",479549.0,"APLICAÇÃO: VÍDEO TV PROJETORES DVDS RECEIVERS SINAIS S-VHS, CARACTERÍSTICAS ADICIONAIS: BALANCEADO, BLINDADO E FLEXÍVEL, CONECTORES: MACHO-MACHO, MATERIAL CONDUTOR: COBRE, TIPO CABO: HDMI","UN",200.0,29.0,5800.0,0.0,"2026-06-01"]
["UNIVERSIDADE FEDERAL DE GOIAS-UF/GO",153052.0,1756.0,"Material","153052-185/2026","DTEL - SEINFRA E OUTROS - AQUISIÇÃO DE FIOS E CABOS ELÉTRICOS","Catálogo do Compras.gov.br","Material",6145.0,"FIOS E CABOS ELÉTRICOS",18604.0,"CABO ELÉTRICO ISOLADO",409292.0,"COR DO ISOLAMENTO: PRETA BRANCA VERMELHA VERDE E AZUL, MATERIAL CONDUTOR: COBRE, MATERIAL ISOLAMENTO: PVC FLEXÍVEL ANTICHAMA, NORMAS TÉCNICAS: NBR NM 247-3, NM 280, SEÇÃO NOMINAL: 1,5, TENSÃO ISOLAMENTO: 750, TÊMPERA CONDUTOR: MOLE","M",200.0,1.72,344.0,0.0,"2026-06-01"]
["UNIVERSIDADE FEDERAL DE GOIAS-UF/GO",153052.0,1757.0,"Material","153052-185/2026","DTEL - SEINFRA E OUTROS - AQUISIÇÃO DE FIOS E CABOS ELÉTRICOS","Catálogo do Compras.gov.br","Material",6145.0,"FIOS E CABOS ELÉTRICOS",18604.0,"CABO ELÉTRICO ISOLADO",409292.0,"COR DO ISOLAMENTO: PRETA BRANCA VERMELHA VERDE E AZUL, MATERIAL CONDUTOR: COBRE, MATERIAL ISOLAMENTO: PVC FLEXÍVEL ANTICHAMA, NORMAS TÉCNICAS: NBR NM 247-3, NM 280, SEÇÃO NOMINAL: 1,5, TENSÃO ISOLAMENTO: 750, TÊMPERA CONDUTOR: MOLE","M",200.0,1.72,344.0,0.0,"2026-06-01"]
["UNIVERSIDADE FEDERAL DE GOIAS-UF/GO",153052.0,1769.0,"Material","153052-183/2026","DTEL - SEINFRA E OUTROS - AQUISIÇÃO DE SUPRIMENTOS DE ELETRICIDADE (LUVA, ELETRODUTO E OUTROS)","Catálogo do Compras.gov.br","Material",5975.0,"FERRAGENS E SUPRIMENTOS DE ELETRICIDADE",15710.0,"PASSA FIO",483177.0,"ACABAMENTO: EPOXI PÓ(ALTA RESISTÊNCIA A RISCOS), ALTURA: 1U, 80, APLICAÇÃO: ORGANIZADOR DE CABOS HORIZONTAL, CARACTERÍSTICAS ADICIONAIS: CAPACIDADES: CAT.5E: 40, CAT.6: 24, CAT.6A: 12, COR: PRETA, LARGURA PADRÃO: 19, MATERIAL: AÇO, TIPO: FECHADO COM TAMPA REMOVÍVEL","UN",10.0,50.24,502.4,0.0,"2026-06-01"]
["UNIVERSIDADE FEDERAL DE GOIAS-UF/GO",153052.0,1770.0,"Material","153052-183/2026","DTEL - SEINFRA E OUTROS - AQUISIÇÃO DE SUPRIMENTOS DE ELETRICIDADE (LUVA, ELETRODUTO E OUTROS)","Catálogo do Compras.gov.br","Material",5975.0,"FERRAGENS E SUPRIMENTOS DE ELETRICIDADE",15710.0,"PASSA FIO",270726.0,"APLICAÇÃO: PASSAR FIO,EM GERAL,PELO CONDUITE, COMPRIMENTO: 30, MATERIAL: NÁILON","UN",10.0,197.23,1972.3,0.0,"2026-06-01"]
["UNIVERSIDADE FEDERAL DE GOIAS-UF/GO",153052.0,1830.0,"Material","153052-182/2026","DTEL - SEINFRA E OUTROS - AQUISIÇÃO DE FITAS ISOLANTES E TUBOS ISOLANTES","Catálogo do Compras.gov.br","Material",5970.0,"ISOLADORES ELÉTRICOS E MATERIAIS ISOLANTES",18853.0,"FITA ISOLANTE ELÉTRICA ADESIVA",483487.0,"APLICAÇÃO: QUALQUER SUPERFÍCIE, COMPRIMENTO NOMINAL: 10, COR: PRETA, ESPESSURA NOMINAL: 0,76, LARGURA NOMINAL: 19, MATERIAL DORSO: BORRACHA DE ETILENO-PROPILENO, NORMAS TÉCNICAS: ASTM-D-4388, RESISTÊNCIA À TENSÃO: 69, TEMPERATURA MÁXIMA OPERAÇÃO: 90°, TIPO ADESIVO: AUTO FUSÃO","UN",5.0,27.58,137.9,0.0,"2026-06-01"]
["UNIVERSIDADE FEDERAL DE GOIAS-UF/GO",153052.0,1831.0,"Material","153052-182/2026","DTEL - SEINFRA E OUTROS - AQUISIÇÃO DE FITAS ISOLANTES E TUBOS ISOLANTES","Catálogo do Compras.gov.br","Material",5970.0,"ISOLADORES ELÉTRICOS E MATERIAIS ISOLANTES",18853.0,"FITA ISOLANTE ELÉTRICA ADESIVA",419569.0,"ALONGAMENTO: MÍNIMO DE 150%, CARACTERÍSTICAS ADICIONAIS: ADESÃO AO AÇO MÍNIMA DE 2,70 N/CM, COR: PRETA, ESPESSURA NOMINAL: 0,19, LARGURA NOMINAL: 19, MATERIAL DORSO: FILME DE PVC ANTI-CHAMA, RESISTÊNCIA A TRAÇÃO: MÍNIMO DE 27,3 N/CM, RESISTÊNCIA À TENSÃO: ATÉ 8,5, TIPO ADESIVO: À BASE DE RESINA E BORRACHA","UN",250.0,16.68,4170.0,0.0,"2026-06-01"]
["UNIVERSIDADE FEDERAL DE GOIAS-UF/GO",153052.0,1767.0,"Material","153052-184/2026","DTEL - AQUISIÇÃO FIBRA ÓTICA E TRANSCEPTOR","Catálogo do Compras.gov.br","Material",6030.0,"DISPOSITIVOS DE FIBRA ÓTICA",14655.0,"TRANSCEPTOR CONVERSOR CABO FIBRA ÓTICA",374361.0,"CARACTERÍSTICAS ADICIONAIS: CONVERSOR DE MÍDIA RJ-45, PADRÃO: FAST ETHERNET - 100 FX, TAXA RECEPÇÃO: 100 BASE-FX, TAXA TRANSMISSÃO: 10/100 MBPS, TIPO CONECTOR: RJ-45, FX MULTIMODO, VELOCIDADE TRANSFERÊCIA: 10/100 BASE-TX","UN",40.0,183.14,7325.6,0.0,"2026-12-01"]
["UNIVERSIDADE FEDERAL DE GOIAS-UF/GO",153052.0,1758.0,"Material","153052-184/2026","DTEL - AQUISIÇÃO FIBRA ÓTICA E TRANSCEPTOR","Catálogo do Compras.gov.br","Material",6070.0,"ACESSÓRIOS E MATERIAIS DE FIBRAS ÓTICAS",1725.0,"PEÇA / ACESSÓRIO - FIBRA ÓPTICA",602355.0,"ACESSÓRIOS: PROTETORES DE EMENDA 40 MM, ABRAÇADEIRAS, ETIQUETA, APLICAÇÃO: ALOJAR NO MÍNIMO 12 EMENDAS DE FIBRAS ÓTICAS, TIPO: KIT BANDEJA DE EMENDA 12F, TIPO FIBRA: MULTIMODO, USO: FIXAÇÃO DE SPLITTERS ÓPTICOS OU EMENDAS MECÂNICAS","UN",500.0,6.32,3160.0,0.0,"2026-12-01"]
["UNIVERSIDADE FEDERAL DE GOIAS-UF/GO",153052.0,1759.0,"Material","153052-184/2026","DTEL - AQUISIÇÃO FIBRA ÓTICA E TRANSCEPTOR","Catálogo do Compras.gov.br","Material",6070.0,"ACESSÓRIOS E MATERIAIS DE FIBRAS ÓTICAS",1725.0,"PEÇA / ACESSÓRIO - FIBRA ÓPTICA",415573.0,"ACESSÓRIOS: FERRAMENTA PARA MONTAGEM DO CONECTOR NA FIBRA, APLICAÇÃO: TELECOMUNICAÇÃO/INFORMÁTICA, CONECTOR: SC/UPC, DIÂMETRO NÚCLEO: 62,5/125, TIPO: CONJUNTO DE CONECTORES ÓPTICOS, TIPO FIBRA: MULTIMODO","UN",100.0,8.11,811.0,0.0,"2026-12-01"]
["UNIVERSIDADE FEDERAL DE GOIAS-UF/GO",153052.0,1760.0,"Material","153052-184/2026","DTEL - AQUISIÇÃO FIBRA ÓTICA E TRANSCEPTOR","Catálogo do Compras.gov.br","Material",6070.0,"ACESSÓRIOS E MATERIAIS DE FIBRAS ÓTICAS",1725.0,"PEÇA / ACESSÓRIO - FIBRA ÓPTICA",415573.0,"ACESSÓRIOS: FERRAMENTA PARA MONTAGEM DO CONECTOR NA FIBRA, APLICAÇÃO: TELECOMUNICAÇÃO/INFORMÁTICA, CONECTOR: SC/UPC, DIÂMETRO NÚCLEO: 62,5/125, TIPO: CONJUNTO DE CONECTORES ÓPTICOS, TIPO FIBRA: MULTIMODO","UN",150.0,4.83,724.5,0.0,"2026-12-01"]
["UNIVERSIDADE FEDERAL DE GOIAS-UF/GO",153052.0,1761.0,"Material","153052-184/2026","DTEL - AQUISIÇÃO FIBRA ÓTICA E TRANSCEPTOR","Catálogo do Compras.gov.br","Material",6015.0,"CABOS DE FIBRA ÓTICA",4028.0,"CABO FIBRA ÓTICA",348307.0,"CARACTERÍSTICAS ADICIONAIS: GELEADO COM NÚCLEO DIELÉTRICO/AÇO CORRUGADO, QUANTIDADE FIBRAS: 8, REVESTIMENTO EXTERNO: TERMOPLÁSTICO NA COR PRETA, TIPO: MONOMODO, NORMAS TÉCNICAS: ABNT 15108 E NBR 15110","M",1000.0,45.19,45190.0,0.0,"2026-12-01"]
["UNIVERSIDADE FEDERAL DE GOIAS-UF/GO",153052.0,1762.0,"Material","153052-184/2026","DTEL - AQUISIÇÃO FIBRA ÓTICA E TRANSCEPTOR","Catálogo do Compras.gov.br","Material",6015.0,"CABOS DE FIBRA ÓTICA",4028.0,"CABO FIBRA ÓTICA",348307.0,"CARACTERÍSTICAS ADICIONAIS: GELEADO COM NÚCLEO DIELÉTRICO/AÇO CORRUGADO, QUANTIDADE FIBRAS: 8, REVESTIMENTO EXTERNO: TERMOPLÁSTICO NA COR PRETA, TIPO: MONOMODO, NORMAS TÉCNICAS: ABNT 15108 E NBR 15110","M",2000.0,62.5,125000.0,0.0,"2026-12-01"]
["UNIVERSIDADE FEDERAL DE GOIAS-UF/GO",153052.0,1763.0,"Material","153052-184/2026","DTEL - AQUISIÇÃO FIBRA ÓTICA E TRANSCEPTOR","Catálogo do Compras.gov.br","Material",6015.0,"CABOS DE FIBRA ÓTICA",16117.0,"EXTENSÃO ÓPTICA",404621.0,"CARACTERISTICAS ADICIONAIS: FORMATO ADEQUADO AO PROCESSO DE FUSÃO, COMPRIMENTO: 2,5, DIAMETRO: 3, TIPO CABO ÓPTICO: MONOFIBRA, TIPO CONECTOR: SC/SC, TIPO EXTENSÃO: MONOMODO DUPLEX","UN",30.0,38.86,1165.8,0.0,"2026-12-01"]
["UNIVERSIDADE FEDERAL DE GOIAS-UF/GO",153052.0,1764.0,"Material","153052-184/2026","DTEL - AQUISIÇÃO FIBRA ÓTICA E TRANSCEPTOR","Catálogo do Compras.gov.br","Material",6015.0,"CABOS DE FIBRA ÓTICA",16117.0,"EXTENSÃO ÓPTICA",401067.0,"COMPRIMENTO: 5, DIAMETRO: 9/125, TIPO CONECTOR: SC, TIPO EXTENSÃO: MONO-MODO","UN",50.0,48.17,2408.5,0.0,"2026-12-01"]
["UNIVERSIDADE FEDERAL DE GOIAS-UF/GO",153052.0,1765.0,"Material","153052-184/2026","DTEL - AQUISIÇÃO FIBRA ÓTICA E TRANSCEPTOR","Catálogo do Compras.gov.br","Material",6015.0,"CABOS DE FIBRA ÓTICA",16117.0,"EXTENSÃO ÓPTICA",437886.0,"CARACTERISTICAS ADICIONAIS: FORMATO ADEQUADO AO PROCESSO DE FUSÃO, COMPRIMENTO: 2,5, DIAMETRO: 3, TIPO CABO ÓPTICO: MONOFIBRA, TIPO CONECTOR: SC/LC, TIPO EXTENSÃO: MONOMODO DUPLEX","UN",50.0,59.64,2982.0,0.0,"2026-12-01"]
["UNIVERSIDADE FEDERAL DE GOIAS-UF/GO",153052.0,1766.0,"Material","153052-184/2026","DTEL - AQUISIÇÃO FIBRA ÓTICA E TRANSCEPTOR","Catálogo do Compras.gov.br","Material",6015.0,"CABOS DE FIBRA ÓTICA",16117.0,"EXTENSÃO ÓPTICA",447180.0,"COMPRIMENTO: 1,50, COR: AZUL, DIÂMETRO NÚCLEO: 9/125, MATERIAL DAS CAPAS: EM PVC, REVESTIMENTO PRIMÁRIO: EM ACRILATO, REVESTIMENTO SEGUNDÁRIO: POLIMÉRICO E TERMOPLÁSTICO, TIPO CONECTOR: SC/LC, TIPO EXTENSÃO: MONOMODO DUPLEX","UN",100.0,34.61,3461.0,0.0,"2026-12-01"]
["UNIVERSIDADE FEDERAL DE GOIAS-UF/GO",153052.0,1790.0,"Material","153052-183/2026","DTEL - SEINFRA E OUTROS - AQUISIÇÃO DE SUPRIMENTOS DE ELETRICIDADE (LUVA, ELETRODUTO E OUTROS)","Catálogo do Compras.gov.br","Material",5975.0,"FERRAGENS E SUPRIMENTOS DE ELETRICIDADE",17408.0,"TAMPÃO CONEXÃO",361239.0,"DIÂMETRO: 3/4, MATERIAL: PVC, TIPO ROSCA: SOLDÁVEL, USO: INSTALAÇÕES HIDRÁULICAS","UN",20.0,0.8,16.0,0.0,"2026-06-01"]
["UNIVERSIDADE FEDERAL DE GOIAS-UF/GO",153052.0,1789.0,"Material","153052-183/2026","DTEL - SEINFRA E OUTROS - AQUISIÇÃO DE SUPRIMENTOS DE ELETRICIDADE (LUVA, ELETRODUTO E OUTROS)","Catálogo do Compras.gov.br","Material",5975.0,"FERRAGENS E SUPRIMENTOS DE ELETRICIDADE",17408.0,"TAMPÃO CONEXÃO",269456.0,"DIÂMETRO: 1/4, MATERIAL: LATÃO, POSIÇÃO ROSCA: INTERNA","UN",50.0,12.0,600.0,0.0,"2026-06-01"]
["UNIVERSIDADE FEDERAL DE GOIAS-UF/GO",153052.0,1768.0,"Material","153052-183/2026","DTEL - SEINFRA E OUTROS - AQUISIÇÃO DE SUPRIMENTOS DE ELETRICIDADE (LUVA, ELETRODUTO E OUTROS)","Catálogo do Compras.gov.br","Material",5975.0,"FERRAGENS E SUPRIMENTOS DE ELETRICIDADE",19261.0,"CONEXÃO CANALETA",428594.0,"ANGULAÇÃO: 90°, APLICAÇÃO: CANALETA PVC, COR: BRANCA, MATERIAL: PVC RÍGIDO ANTICHAMA, TAMANHO: 20 X 10, TIPO: CURVA PLANA","UN",50.0,20.0,1000.0,0.0,"2026-06-01"]
["UNIVERSIDADE FEDERAL DE GOIAS-UF/GO",153052.0,1776.0,"Material","153052-183/2026","DTEL - SEINFRA E OUTROS - AQUISIÇÃO DE SUPRIMENTOS DE ELETRICIDADE (LUVA, ELETRODUTO E OUTROS)","Catálogo do Compras.gov.br","Material",5975.0,"FERRAGENS E SUPRIMENTOS DE ELETRICIDADE",492.0,"LUVA EMENDA COMPRESSÃO ESTANHADA",232815.0,"APLICAÇÃO: CABO COBRE, COMPRIMENTO: 48, DIÂMETRO EXTERNO: 14,30, MATERIAL: LIGA COBRE, SEÇÃO NOMINAL CONDUTOR: 25, TIPO: EXTERNO, TRATAMENTO SUPERFICIAL: ESTANHADO","UN",100.0,2.3,230.0,0.0,"2026-06-01"]
["UNIVERSIDADE FEDERAL DE GOIAS-UF/GO",153052.0,1777.0,"Material","153052-183/2026","DTEL - SEINFRA E OUTROS - AQUISIÇÃO DE SUPRIMENTOS DE ELETRICIDADE (LUVA, ELETRODUTO E OUTROS)","Catálogo do Compras.gov.br","Material",5975.0,"FERRAGENS E SUPRIMENTOS DE ELETRICIDADE",492.0,"LUVA EMENDA COMPRESSÃO ESTANHADA",212323.0,"APLICAÇÃO: CABO COBRE, COMPRIMENTO: 48, DIÂMETRO EXTERNO: 14,30, MATERIAL: LIGA COBRE, SEÇÃO NOMINAL CONDUTOR: 70, TIPO: EXTERNO, TRATAMENTO SUPERFICIAL: ESTANHADO","UN",100.0,5.62,562.0,0.0,"2026-06-01"]
["UNIVERSIDADE FEDERAL DE GOIAS-UF/GO",153052.0,1778.0,"Material","153052-183/2026","DTEL - SEINFRA E OUTROS - AQUISIÇÃO DE SUPRIMENTOS DE ELETRICIDADE (LUVA, ELETRODUTO E OUTROS)","Catálogo do Compras.gov.br","Material",5975.0,"FERRAGENS E SUPRIMENTOS DE ELETRICIDADE",492.0,"LUVA EMENDA COMPRESSÃO ESTANHADA",212324.0,"APLICAÇÃO: CABO COBRE, COMPRIMENTO: 54, DIÂMETRO EXTERNO: 17, MATERIAL: LIGA COBRE, SEÇÃO NOMINAL CONDUTOR: 95, TIPO: EXTERNO, TRATAMENTO SUPERFICIAL: ESTANHADO","UN",100.0,6.92,692.0,0.0,"2026-06-01"]
["UNIVERSIDADE FEDERAL DE GOIAS-UF/GO",153052.0,1779.0,"Material","153052-183/2026","DTEL - SEINFRA E OUTROS - AQUISIÇÃO DE SUPRIMENTOS DE ELETRICIDADE (LUVA, ELETRODUTO E OUTROS)","Catálogo do Compras.gov.br","Material",5975.0,"FERRAGENS E SUPRIMENTOS DE ELETRICIDADE",492.0,"LUVA EMENDA COMPRESSÃO ESTANHADA",212325.0,"APLICAÇÃO: CABO COBRE, COMPRIMENTO: 57, DIÂMETRO EXTERNO: 19, MATERIAL: LIGA COBRE, SEÇÃO NOMINAL CONDUTOR: 120, TIPO: EXTERNO, TRATAMENTO SUPERFICIAL: ESTANHADO","UN",100.0,9.74,974.0,0.0,"2026-06-01"]
["UNIVERSIDADE FEDERAL DE GOIAS-UF/GO",153052.0,1780.0,"Material","153052-183/2026","DTEL - SEINFRA E OUTROS - AQUISIÇÃO DE SUPRIMENTOS DE ELETRICIDADE (LUVA, ELETRODUTO E OUTROS)","Catálogo do Compras.gov.br","Material",5975.0,"FERRAGENS E SUPRIMENTOS DE ELETRICIDADE",492.0,"LUVA EMENDA COMPRESSÃO ESTANHADA",212319.0,"APLICAÇÃO: CABO COBRE, COMPRIMENTO: 24, DIÂMETRO EXTERNO: 6,90, MATERIAL: LIGA COBRE, SEÇÃO NOMINAL CONDUTOR: 10, TIPO: EXTERNO, TRATAMENTO SUPERFICIAL: ESTANHADO","UN",100.0,1.4,140.0,0.0,"2026-06-01"]
["UNIVERSIDADE FEDERAL DE GOIAS-UF/GO",153052.0,1781.0,"Material","153052-183/2026","DTEL - SEINFRA E OUTROS - AQUISIÇÃO DE SUPRIMENTOS DE ELETRICIDADE (LUVA, ELETRODUTO E OUTROS)","Catálogo do Compras.gov.br","Material",5975.0,"FERRAGENS E SUPRIMENTOS DE ELETRICIDADE",492.0,"LUVA EMENDA COMPRESSÃO ESTANHADA",212320.0,"APLICAÇÃO: CABO COBRE, COMPRIMENTO: 40, DIÂMETRO EXTERNO: 7,90, MATERIAL: LIGA COBRE, SEÇÃO NOMINAL CONDUTOR: 16, TIPO: EXTERNO, TRATAMENTO SUPERFICIAL: ESTANHADO","UN",200.0,1.66,332.0,0.0,"2026-06-01"]
["UNIVERSIDADE FEDERAL DE GOIAS-UF/GO",153052.0,1782.0,"Material","153052-183/2026","DTEL - SEINFRA E OUTROS - AQUISIÇÃO DE SUPRIMENTOS DE ELETRICIDADE (LUVA, ELETRODUTO E OUTROS)","Catálogo do Compras.gov.br","Material",5975.0,"FERRAGENS E SUPRIMENTOS DE ELETRICIDADE",492.0,"LUVA EMENDA COMPRESSÃO ESTANHADA",212320.0,"APLICAÇÃO: CABO COBRE, COMPRIMENTO: 40, DIÂMETRO EXTERNO: 7,90, MATERIAL: LIGA COBRE, SEÇÃO NOMINAL CONDUTOR: 16, TIPO: EXTERNO, TRATAMENTO SUPERFICIAL: ESTANHADO","UN",50.0,25.07,1253.5,0.0,"2026-06-01"]
["UNIVERSIDADE FEDERAL DE GOIAS-UF/GO",153052.0,1783.0,"Material","153052-183/2026","DTEL - SEINFRA E OUTROS - AQUISIÇÃO DE SUPRIMENTOS DE ELETRICIDADE (LUVA, ELETRODUTO E OUTROS)","Catálogo do Compras.gov.br","Material",5975.0,"FERRAGENS E SUPRIMENTOS DE ELETRICIDADE",492.0,"LUVA EMENDA COMPRESSÃO ESTANHADA",212320.0,"APLICAÇÃO: CABO COBRE, COMPRIMENTO: 40, DIÂMETRO EXTERNO: 7,90, MATERIAL: LIGA COBRE, SEÇÃO NOMINAL CONDUTOR: 16, TIPO: EXTERNO, TRATAMENTO SUPERFICIAL: ESTANHADO","UN",100.0,25.07,2507.0,0.0,"2026-06-01"]
["UNIVERSIDADE FEDERAL DE GOIAS-UF/GO",153052.0,1784.0,"Material","153052-183/2026","DTEL - SEINFRA E OUTROS - AQUISIÇÃO DE SUPRIMENTOS DE ELETRICIDADE (LUVA, ELETRODUTO E OUTROS)","Catálogo do Compras.gov.br","Material",5975.0,"FERRAGENS E SUPRIMENTOS DE ELETRICIDADE",15710.0,"PASSA FIO",299949.0,"APLICAÇÃO: PASSAGEM CABO/FIO, COMPRIMENTO: 15, MATERIAL: PVC, TIPO: FITA","UN",30.0,18.35,550.5,0.0,"2026-06-01"]
["UNIVERSIDADE FEDERAL DE GOIAS-UF/GO",153052.0,1785.0,"Material","153052-183/2026","DTEL - SEINFRA E OUTROS - AQUISIÇÃO DE SUPRIMENTOS DE ELETRICIDADE (LUVA, ELETRODUTO E OUTROS)","Catálogo do Compras.gov.br","Material",5975.0,"FERRAGENS E SUPRIMENTOS DE ELETRICIDADE",6462.0,"ELETRODUTO",431050.0,"COR: PRETA, DIÂMETRO EXTERNO: 50, MATERIAL: POLIETILENO ALTA DENSIDADE, NORMAS TÉCNICAS: NBR15715, TIPO: FLEXÍVEL CORRUGADO","M",50.0,5.0,250.0,0.0,"2026-06-01"]
["UNIVERSIDADE FEDERAL DE GOIAS-UF/GO",153052.0,1786.0,"Material","153052-183/2026","DTEL - SEINFRA E OUTROS - AQUISIÇÃO DE SUPRIMENTOS DE ELETRICIDADE (LUVA, ELETRODUTO E OUTROS)","Catálogo do Compras.gov.br","Material",5975.0,"FERRAGENS E SUPRIMENTOS DE ELETRICIDADE",6462.0,"ELETRODUTO",436241.0,"DIÂMETRO NOMINAL: 1, MATERIAL: METÁLICO, REVESTIMENTO: POLIETILENO, TIPO: FLEXÍVEL SEALTUBE","M",1000.0,10.69,10690.0,0.0,"2026-06-01"]
["UNIVERSIDADE FEDERAL DE GOIAS-UF/GO",153052.0,1787.0,"Material","153052-183/2026","DTEL - SEINFRA E OUTROS - AQUISIÇÃO DE SUPRIMENTOS DE ELETRICIDADE (LUVA, ELETRODUTO E OUTROS)","Catálogo do Compras.gov.br","Material",5975.0,"FERRAGENS E SUPRIMENTOS DE ELETRICIDADE",6462.0,"ELETRODUTO",348254.0,"CARACTERÍSTICAS ADICIONAIS: COM ROSCA, COMPRIMENTO: 3, COR: CINZA, DIÂMETRO NOMINAL: 1, MATERIAL: PVC, TIPO: RÍGIDO ANTI-CHAMA","M",1000.0,6.3,6300.0,0.0,"2026-06-01"]
["UNIVERSIDADE FEDERAL DE GOIAS-UF/GO",153052.0,1788.0,"Material","153052-183/2026","DTEL - SEINFRA E OUTROS - AQUISIÇÃO DE SUPRIMENTOS DE ELETRICIDADE (LUVA, ELETRODUTO E OUTROS)","Catálogo do Compras.gov.br","Material",5975.0,"FERRAGENS E SUPRIMENTOS DE ELETRICIDADE",7009.0,"PLACA CEGA",265305.0,"APLICAÇÃO: TAMPA CAIXA REDE ELÉTRICA, CARACTERÍSTICAS ADICIONAIS: COM PARAFUSO, FORMATO: RETANGULAR, MATERIAL: PVC, COMPRIMENTO: 4, LARGURA: 2","UN",100.0,3.27,327.0,0.0,"2026-06-01"]
["UNIVERSIDADE FEDERAL DE GOIAS-UF/GO",153052.0,1937.0,"Material","153052-9/2026","EECA E OUTROS - EQUIPAMENTOS DE OFICINA","Catálogo do Compras.gov.br","Material",5130.0,"FERRAMENTAS MANUAIS ACIONADAS POR FORÇA MOTRIZ",7868.0,"FURADEIRA",449192.0,"POTÊNCIA: 800, TAMANHO MANDRIL: 1/2, TENSÃO ALIMENTAÇÃO: 220, TIPO: PROFISSIONAL, VELOCIDADE: 900","UN",4.0,450.0,1800.0,0.0,"2026-09-18"]
["UNIVERSIDADE FEDERAL DE GOIAS-UF/GO",153052.0,1791.0,"Material","153052-183/2026","DTEL - SEINFRA E OUTROS - AQUISIÇÃO DE SUPRIMENTOS DE ELETRICIDADE (LUVA, ELETRODUTO E OUTROS)","Catálogo do Compras.gov.br","Material",5975.0,"FERRAGENS E SUPRIMENTOS DE ELETRICIDADE",15620.0,"ADAPTADOR CONDULETE",433420.0,"BITOLA: 1, CARACTERÍSTICAS ADICIONAIS: SISTEMA TRAVAMENTO DOS ACESSÓRIOS E PROTEÇÃO CABOS, COR: CINZA, MATERIAL: PVC - CLORETO DE POLIVINILA, NORMAS TÉCNICAS: NBR15465","UN",4000.0,1.44,5760.0,0.0,"2026-06-01"]
["UNIVERSIDADE FEDERAL DE GOIAS-UF/GO",153052.0,1792.0,"Material","153052-183/2026","DTEL - SEINFRA E OUTROS - AQUISIÇÃO DE SUPRIMENTOS DE ELETRICIDADE (LUVA, ELETRODUTO E OUTROS)","Catálogo do Compras.gov.br","Material",5975.0,"FERRAGENS E SUPRIMENTOS DE ELETRICIDADE",4148.0,"CAIXA PASSAGEM",369361.0,"COR: CINZA TEXTURIZADO, GRAU PROTEÇÃO: IP 65, MATERIAL: ALUMÍNIO FUNDIDO, MODELO: NECL3-Y (NUTSTEEL), USO: LIGAÇÃO, DERIVAÇÃO E PASSAGEM DE CONDUTORES ELÉTRI, BITOLA: 1, CÓDIGO: NECL320E03NY (NUTSTEEL)","UN",50.0,75.86,3793.0,0.0,"2026-06-01"]
["UNIVERSIDADE FEDERAL DE GOIAS-UF/GO",153052.0,1793.0,"Material","153052-183/2026","DTEL - SEINFRA E OUTROS - AQUISIÇÃO DE SUPRIMENTOS DE ELETRICIDADE (LUVA, ELETRODUTO E OUTROS)","Catálogo do Compras.gov.br","Material",5975.0,"FERRAGENS E SUPRIMENTOS DE ELETRICIDADE",4148.0,"CAIXA PASSAGEM",411139.0,"APLICAÇÃO: INSTALAÇÕES ELÉTRICAS, DIMENSÕES: 30 X 30, MATERIAL: ALUMÍNIO, POSIÇÃO RELATIVA: SOBREPOR","UN",30.0,135.94,4078.2,0.0,"2026-06-01"]
["UNIVERSIDADE FEDERAL DE GOIAS-UF/GO",153052.0,1794.0,"Material","153052-183/2026","DTEL - SEINFRA E OUTROS - AQUISIÇÃO DE SUPRIMENTOS DE ELETRICIDADE (LUVA, ELETRODUTO E OUTROS)","Catálogo do Compras.gov.br","Material",5975.0,"FERRAGENS E SUPRIMENTOS DE ELETRICIDADE",4148.0,"CAIXA PASSAGEM",448154.0,"APLICAÇÃO: INSTALAÇÃO TELEFÔNICA SUBTERRÂNEA, DIMENSÕES: 30 X 30, FORMATO: QUADRADA, MATERIAL: PVC, TIPO: T-16","UN",30.0,160.97,4829.1,0.0,"2026-06-01"]
["UNIVERSIDADE FEDERAL DE GOIAS-UF/GO",153052.0,1795.0,"Material","153052-183/2026","DTEL - SEINFRA E OUTROS - AQUISIÇÃO DE SUPRIMENTOS DE ELETRICIDADE (LUVA, ELETRODUTO E OUTROS)","Catálogo do Compras.gov.br","Material",5975.0,"FERRAGENS E SUPRIMENTOS DE ELETRICIDADE",4148.0,"CAIXA PASSAGEM",347628.0,"CARACTERÍSTICAS ADICIONAIS: COM TAMPA ALTA E PARAFUSO ARTICULADO., MATERIAL: FERRO ESMALTADO, COMPRIMENTO: 300, LARGURA: 300, ALTURA: 120","UN",100.0,112.05,11205.0,0.0,"2026-06-01"]
["UNIVERSIDADE FEDERAL DE GOIAS-UF/GO",153052.0,1796.0,"Material","153052-183/2026","DTEL - SEINFRA E OUTROS - AQUISIÇÃO DE SUPRIMENTOS DE ELETRICIDADE (LUVA, ELETRODUTO E OUTROS)","Catálogo do Compras.gov.br","Material",5975.0,"FERRAGENS E SUPRIMENTOS DE ELETRICIDADE",14260.0,"CANALETA",460764.0,"APLICAÇÃO: INSTALAÇÃO ELÉTRICA, CARACTERÍSTICAS ADICIONAIS: COM DIVISÓRIA / COM ADESIVO DUPLA FACE, COR: BRANCA, DIMENSÕES: 20X12X2000 (LXAXC), MATERIAL: PVC - CLORETO DE POLIVINILA, USO: SISTEMA \"X\"","UN",50.0,19.39,969.5,0.0,"2026-06-01"]
["UNIVERSIDADE FEDERAL DE GOIAS-UF/GO",153052.0,1797.0,"Material","153052-183/2026","DTEL - SEINFRA E OUTROS - AQUISIÇÃO DE SUPRIMENTOS DE ELETRICIDADE (LUVA, ELETRODUTO E OUTROS)","Catálogo do Compras.gov.br","Material",5975.0,"FERRAGENS E SUPRIMENTOS DE ELETRICIDADE",5545.0,"CONDULETE",484530.0,"BITOLA: 1/2 - 1, CARACTERÍSTICAS ADICIONAIS: SEM ROSCA E SEM TAMPA, COR: CINZA, MATERIAL: PVC, REFERÊNCIA FABRICANTE: INPOL, TIPO: MULTIPLO","UN",2000.0,11.57,23140.0,0.0,"2026-06-01"]
["UNIVERSIDADE FEDERAL DE GOIAS-UF/GO",153052.0,1798.0,"Material","153052-183/2026","DTEL - SEINFRA E OUTROS - AQUISIÇÃO DE SUPRIMENTOS DE ELETRICIDADE (LUVA, ELETRODUTO E OUTROS)","Catálogo do Compras.gov.br","Material",5975.0,"FERRAGENS E SUPRIMENTOS DE ELETRICIDADE",14343.0,"CURVA ELETRODUTO",447133.0,"ANGULAÇÃO: 90°, APLICAÇÃO: INSTALAÇÃO ELÉTRICA, COR: CINZA, DIÂMETRO NOMINAL: 1, MATERIAL: PVC, TIPO: CURVA LONGA","UN",500.0,5.73,2865.0,0.0,"2026-06-01"]
["UNIVERSIDADE FEDERAL DE GOIAS-UF/GO",153052.0,1799.0,"Material","153052-183/2026","DTEL - SEINFRA E OUTROS - AQUISIÇÃO DE SUPRIMENTOS DE ELETRICIDADE (LUVA, ELETRODUTO E OUTROS)","Catálogo do Compras.gov.br","Material",5975.0,"FERRAGENS E SUPRIMENTOS DE ELETRICIDADE",6462.0,"ELETRODUTO",334266.0,"APLICAÇÃO: INSTALAÇÃO ELÉTRICA, MATERIAL: FITA DE AÇO GALVANIZADO C/REVESTIMENTO EM PVC, TIPO: FLEXÍVEL, BITOLA: 3/4","M",100.0,26.09,2609.0,0.0,"2026-06-01"]
["UNIVERSIDADE FEDERAL DE GOIAS-UF/GO",153052.0,1800.0,"Material","153052-183/2026","DTEL - SEINFRA E OUTROS - AQUISIÇÃO DE SUPRIMENTOS DE ELETRICIDADE (LUVA, ELETRODUTO E OUTROS)","Catálogo do Compras.gov.br","Material",5975.0,"FERRAGENS E SUPRIMENTOS DE ELETRICIDADE",6462.0,"ELETRODUTO",377729.0,"APLICAÇÃO: MANUTENÇÃO PREDIAL, CARACTERÍSTICAS ADICIONAIS: SEM ROSCA, COM A LOGOMARCA IMPRESSA, COMPRIMENTO: 3, COR: PRETA, DIÂMETRO NOMINAL: 1, MATERIAL: PVC, TIPO: RÍGIDO ANTI-CHAMA","UN",1000.0,32.5,32500.0,0.0,"2026-06-01"]
["UNIVERSIDADE FEDERAL DE GOIAS-UF/GO",153052.0,1801.0,"Material","153052-183/2026","DTEL - SEINFRA E OUTROS - AQUISIÇÃO DE SUPRIMENTOS DE ELETRICIDADE (LUVA, ELETRODUTO E OUTROS)","Catálogo do Compras.gov.br","Material",5975.0,"FERRAGENS E SUPRIMENTOS DE ELETRICIDADE",15599.0,"LUVA ELETRODUTO",250535.0,"BITOLA: 1, COR: CINZA, MATERIAL: PVC - CLORETO DE POLIVINILA, TIPO FIXAÇÃO: PRESSÃO","UN",500.0,2.97,1485.0,0.0,"2026-06-01"]
["UNIVERSIDADE FEDERAL DE GOIAS-UF/GO",153052.0,1802.0,"Material","153052-183/2026","DTEL - SEINFRA E OUTROS - AQUISIÇÃO DE SUPRIMENTOS DE ELETRICIDADE (LUVA, ELETRODUTO E OUTROS)","Catálogo do Compras.gov.br","Material",5975.0,"FERRAGENS E SUPRIMENTOS DE ELETRICIDADE",493.0,"PRENSA-FIOS",319567.0,"ELEMENTO FIXAÇÃO: PORCAS, FAIXA DIÂMETRO CABO: 3/4, MATERIAL: PVC, TRATAMENTO SUPERFICIAL: PVC","UN",100.0,4.71,471.0,0.0,"2026-06-01"]
["UNIVERSIDADE FEDERAL DE GOIAS-UF/GO",153052.0,1803.0,"Material","153052-183/2026","DTEL - SEINFRA E OUTROS - AQUISIÇÃO DE SUPRIMENTOS DE ELETRICIDADE (LUVA, ELETRODUTO E OUTROS)","Catálogo do Compras.gov.br","Material",5975.0,"FERRAGENS E SUPRIMENTOS DE ELETRICIDADE",15621.0,"TAMPA CONDULETE",470900.0,"APLICAÇÃO: 2 CONECTORES RJ11 E RJ45, BITOLA: 4 X 2, CARACTERÍSTICAS ADICIONAIS: COM MOLDURA E SUPORTE PARA 2 CONECTORES, COR: CINZA, FORMATO: RETANGULAR, MATERIAL: PVC","UN",50.0,4.8,240.0,0.0,"2026-06-01"]
["UNIVERSIDADE FEDERAL DE GOIAS-UF/GO",153052.0,1804.0,"Material","153052-183/2026","DTEL - SEINFRA E OUTROS - AQUISIÇÃO DE SUPRIMENTOS DE ELETRICIDADE (LUVA, ELETRODUTO E OUTROS)","Catálogo do Compras.gov.br","Material",5975.0,"FERRAGENS E SUPRIMENTOS DE ELETRICIDADE",15621.0,"TAMPA CONDULETE",453675.0,"CARACTERÍSTICAS ADICIONAIS: COM SUPORTE PARA UMA RJ-45, COR: CINZA, MATERIAL: TERMOPLÁSTICO, TAMANHO: 4 X 2","UN",50.0,5.29,264.5,0.0,"2026-06-01"]
["UNIVERSIDADE FEDERAL DE GOIAS-UF/GO",153052.0,1805.0,"Material","153052-183/2026","DTEL - SEINFRA E OUTROS - AQUISIÇÃO DE SUPRIMENTOS DE ELETRICIDADE (LUVA, ELETRODUTO E OUTROS)","Catálogo do Compras.gov.br","Material",5975.0,"FERRAGENS E SUPRIMENTOS DE ELETRICIDADE",15621.0,"TAMPA CONDULETE",453675.0,"CARACTERÍSTICAS ADICIONAIS: COM SUPORTE PARA UMA RJ-45, COR: CINZA, MATERIAL: TERMOPLÁSTICO, TAMANHO: 4 X 2","UN",200.0,5.29,1058.0,0.0,"2026-06-01"]
["UNIVERSIDADE FEDERAL DE GOIAS-UF/GO",153052.0,1806.0,"Material","153052-183/2026","DTEL - SEINFRA E OUTROS - AQUISIÇÃO DE SUPRIMENTOS DE ELETRICIDADE (LUVA, ELETRODUTO E OUTROS)","Catálogo do Compras.gov.br","Material",5975.0,"FERRAGENS E SUPRIMENTOS DE ELETRICIDADE",15621.0,"TAMPA CONDULETE",420432.0,"APLICAÇÃO: INSTALAÇÕES ELÉTRICAS, BITOLA: 1, CARACTERÍSTICAS ADICIONAIS: CEGA, COR: CINZA, MATERIAL: PVC","UN",1000.0,3.72,3720.0,0.0,"2026-06-01"]
["UNIVERSIDADE FEDERAL DE GOIAS-UF/GO",153052.0,1807.0,"Material","153052-183/2026","DTEL - SEINFRA E OUTROS - AQUISIÇÃO DE SUPRIMENTOS DE ELETRICIDADE (LUVA, ELETRODUTO E OUTROS)","Catálogo do Compras.gov.br","Material",5975.0,"FERRAGENS E SUPRIMENTOS DE ELETRICIDADE",15621.0,"TAMPA CONDULETE",470900.0,"APLICAÇÃO: 2 CONECTORES RJ11 E RJ45, BITOLA: 4 X 2, CARACTERÍSTICAS ADICIONAIS: COM MOLDURA E SUPORTE PARA 2 CONECTORES, COR: CINZA, FORMATO: RETANGULAR, MATERIAL: PVC","UN",1000.0,6.04,6040.0,0.0,"2026-06-01"]
["UNIVERSIDADE FEDERAL DE GOIAS-UF/GO",153052.0,1808.0,"Material","153052-183/2026","DTEL - SEINFRA E OUTROS - AQUISIÇÃO DE SUPRIMENTOS DE ELETRICIDADE (LUVA, ELETRODUTO E OUTROS)","Catálogo do Compras.gov.br","Material",5975.0,"FERRAGENS E SUPRIMENTOS DE ELETRICIDADE",18925.0,"EMENDA",428093.0,"APLICAÇÃO: PERFILADO, MATERIAL: AÇO PRÉ-GALVANIZADO, PERFIL: \"I\", USO: INTERNO","UN",300.0,1.88,564.0,0.0,"2026-06-01"]
["UNIVERSIDADE FEDERAL DE GOIAS-UF/GO",153052.0,1938.0,"Material","153052-9/2026","EECA E OUTROS - EQUIPAMENTOS DE OFICINA","Catálogo do Compras.gov.br","Material",5130.0,"FERRAMENTAS MANUAIS ACIONADAS POR FORÇA MOTRIZ",10424.0,"PARAFUSADEIRA",607558.0,"COMPONENTES: COM MALETA, ACESSÓRIOS, BATERIA, CARREGADOR BIVOLT, ROTAÇÃO: MÍNIMA: 600, VOLTAGEM: 110/220","UN",1.0,462.0,462.0,0.0,"2026-09-18"]
["UNIVERSIDADE FEDERAL DE GOIAS-UF/GO",153052.0,1939.0,"Serviço","153052-170/2026","DCF - ASSESSSORIA FISCAL DIGITAL – EFDREINF, ESOCIAL E DCTFWEB","Catálogo do Compras.gov.br","Serviço",831.0,"SERVIÇOS DE CONSULTORIA E DE GERÊNCIA/GESTÃO",null,null,787.0,"CONSULTORIA E ASSESSORIA - TRIBUTÁRIA","-",1.0,40000.0,40000.0,0.0,"2026-03-02"]
["UNIVERSIDADE FEDERAL DE GOIAS-UF/GO",153052.0,1810.0,"Material","153052-182/2026","DTEL - SEINFRA E OUTROS - AQUISIÇÃO DE FITAS ISOLANTES E TUBOS ISOLANTES","Catálogo do Compras.gov.br","Material",5970.0,"ISOLADORES ELÉTRICOS E MATERIAIS ISOLANTES",504.0,"TUBO ISOLANTE",614607.0,"CARACTERÍSTICAS ADICIONAIS: : ESPAGUETE ISOLANTE TERMO RETRÁTIL COLORIDO, CLASSE TEMPERATURA: 125, COR: PRETA, MATERIAL: POLIOLEFINAS, TIPO: KIT COM 150 PEÇAS DE ESPAGUETE","UN",20.0,24.9,498.0,0.0,"2026-06-01"]
["UNIVERSIDADE FEDERAL DE GOIAS-UF/GO",153052.0,1820.0,"Material","153052-182/2026","DTEL - SEINFRA E OUTROS - AQUISIÇÃO DE FITAS ISOLANTES E TUBOS ISOLANTES","Catálogo do Compras.gov.br","Material",5970.0,"ISOLADORES ELÉTRICOS E MATERIAIS ISOLANTES",7592.0,"FITA ISOLANTE ELÉTRICA",285271.0,"CARACTERÍSTICAS ADICIONAIS: ANTI-CHAMA, COMPRIMENTO: 20, LARGURA: 19, RESISTÊNCIA À TENSÃO: ATÉ 600","RO",22.0,20.0,440.0,0.0,"2026-06-01"]
["UNIVERSIDADE FEDERAL DE GOIAS-UF/GO",153052.0,1821.0,"Material","153052-182/2026","DTEL - SEINFRA E OUTROS - AQUISIÇÃO DE FITAS ISOLANTES E TUBOS ISOLANTES","Catálogo do Compras.gov.br","Material",5970.0,"ISOLADORES ELÉTRICOS E MATERIAIS ISOLANTES",7592.0,"FITA ISOLANTE ELÉTRICA",450105.0,"APLICAÇÃO: ISOLAÇÃO PRIMÁRIA E VEDAÇÃO DE EMENDAS, CARACTERÍSTICAS ADICIONAIS: AUTOFUSÃO, CLASSE TEMPERATURA: 105, COMPRIMENTO NOMINAL: 10, LARGURA NOMINAL: 19, MATERIAL BÁSICO: BORRACHA ETILENO-PROPILENO (EPR), RESISTÊNCIA À TENSÃO: ATÉ 69.000","RO",20.0,24.99,499.8,0.0,"2026-06-01"]
["UNIVERSIDADE FEDERAL DE GOIAS-UF/GO",153052.0,1947.0,"Material","153052-10/2026","DTEL E OUTROS - EQUIPAMENTOS ELÉTRICOS E ENERGÉTICOS","Catálogo do Compras.gov.br","Material",6150.0,"EQUIPAMENTOS DIVERSOS PARA GERAÇÃO E DISTRIBUIÇÃO DE ENERGIA",5714.0,"EXTENSÃO ELÉTRICA",357377.0,"COMPRIMENTO: 3, NÚMERO PÓLOS: 2P + T, TIPO: FLEXÍVEL, ACESSÓRIOS: 3 ENTRADAS","UN",10.0,50.0,500.0,0.0,"2026-07-10"]
["UNIVERSIDADE FEDERAL DE GOIAS-UF/GO",153052.0,1948.0,"Material","153052-10/2026","DTEL E OUTROS - EQUIPAMENTOS ELÉTRICOS E ENERGÉTICOS","Catálogo do Compras.gov.br","Material",6150.0,"EQUIPAMENTOS DIVERSOS PARA GERAÇÃO E DISTRIBUIÇÃO DE ENERGIA",18863.0,"CABO CONEXÃO",615271.0,"APLICAÇÃO: EQUIPAMENTOS DE COMUNICAÇÃO E TRANSMISSÃO DE SINAI, CARACTERÍSTICAS ADICIONAIS: ENCORDOAMENTO CLASSE 5, CLASSE TÉRMICA: 60, MATERIAL CONDUTOR: COBRE, MATERIAL ISOLAMENTO CONDUTOR: PVC ANTI-CHAMA, TENSÃO NOMINAL DE OPERAÇÃO: 30, TIPO: MANGA 3X22 AWG BLINDADO","UN",2.0,35.0,70.0,0.0,"2026-07-10"]
["UNIVERSIDADE FEDERAL DE GOIAS-UF/GO",153052.0,1920.0,"Material","153052-9/2026","EECA E OUTROS - EQUIPAMENTOS DE OFICINA","Catálogo do Compras.gov.br","Material",3895.0,"EQUIPAMENTOS DIVERSOS PARA CONSTRUÇÃO",9796.0,"BETONEIRA",324249.0,"CAPACIDADE TAMBOR: 145, CARACTERÍSTICAS ADICIONAIS: MONOFÁSICO, COM RODAS, FUNCIONAMENTO MOTOR: ELÉTRICO, NORMAS TÉCNICAS: NBR 10342, POTÊNCIA MOTOR: 1/3, ROTAÇÃO: 1.750","UN",1.0,4970.0,4970.0,0.0,"2026-09-18"]
["UNIVERSIDADE FEDERAL DE GOIAS-UF/GO",153052.0,1921.0,"Material","153052-9/2026","EECA E OUTROS - EQUIPAMENTOS DE OFICINA","Catálogo do Compras.gov.br","Material",3590.0,"EQUIPAMENTOS DIVERSOS PARA SERVIÇOS PROFISSIONAIS E  COMERCIAIS",16887.0,"EQUIPAMENTOS DIVERSOS PARA SERVIÇOS PROFISSIONAIS",443026.0,"CARACTERÍSTICAS ADICIONAIS 1: 05 MOLDES TRONCO CÔNICOS, 05 AGULHAS DE PENETRAÇÃO, TIPO: APARELHO DE VICAT AUTOMÁTICO, USO: DETERMINAÇÃO DE INÍCIO E FIM DE PEGA DE CIMENTO, VOLTAGEM: 220/380","UN",1.0,1400.0,1400.0,0.0,"2026-09-18"]
["UNIVERSIDADE FEDERAL DE GOIAS-UF/GO",153052.0,1922.0,"Material","153052-9/2026","EECA E OUTROS - EQUIPAMENTOS DE OFICINA","Catálogo do Compras.gov.br","Material",3990.0,"EQUIPAMENTOS DIVERSOS PARA MOVIMENTAÇÃO DE MATERIAIS",4584.0,"CARRINHO TRANSPORTE",486629.0,"ALTURA: 134, APLICAÇÃO: TRANSPORTE DE MATERIAIS, CAPACIDADE: 400, CARACTERÍSTICAS ADICIONAIS: COM ROLAMENTO, LARGURA: 49, MATERIAL: AÇO, MATERIAL RODAS: BORRACHA MACIÇA, QUANTIDADE RODAS: 2, TRATAMENTO SUPERFICIAL: PINTURA SÓLIDA","UN",1.0,1200.0,1200.0,0.0,"2026-09-18"]
["UNIVERSIDADE FEDERAL DE GOIAS-UF/GO",153052.0,1923.0,"Material","153052-9/2026","EECA E OUTROS - EQUIPAMENTOS DE OFICINA","Catálogo do Compras.gov.br","Material",3413.0,"MÁQUINAS DE FURAR E ABRIR ROSCAS",7869.0,"FURADEIRA - FRESADORA DE BANCADA INDUSTRIAL",471265.0,"CARACTERÍSTICAS ADICIONAIS: DIMENSÕES: 400MM (EIXO X) 300 MM (EIXO Y) E 100 MM, INTERFACE: USB, MATERIAL: FERRO /AÇO FUNDIDO, MODELO: CNC DE BANCADA, MOTOR DO EIXO: FONTE: DC SEM ECOVA, ROTAÇÃO 4.500 A 15.000 RPM","UN",1.0,850.0,850.0,0.0,"2026-09-18"]
["UNIVERSIDADE FEDERAL DE GOIAS-UF/GO",153052.0,1933.0,"Material","153052-9/2026","EECA E OUTROS - EQUIPAMENTOS DE OFICINA","Catálogo do Compras.gov.br","Material",5120.0,"FERRAMENTAS MANUAIS SEM CORTE, NÃO ACIONADAS  POR  FORÇA  MOTRIZ",12856.0,"TRADO",603330.0,"APLICAÇÃO: PERFURAÇÃO E COLETA DE SOLO, CARACTERÍSTICAS ADICIONAIS: COMPRIMENTO DE 100CM, DIÂMETRO: 1/5, MATERIAL: AÇO INOX, TIPO: HOLANDÊS","UN",2.0,2000.0,4000.0,0.0,"2026-09-18"]
["UNIVERSIDADE FEDERAL DE GOIAS-UF/GO",153052.0,1924.0,"Material","153052-9/2026","EECA E OUTROS - EQUIPAMENTOS DE OFICINA","Catálogo do Compras.gov.br","Material",3413.0,"MÁQUINAS DE FURAR E ABRIR ROSCAS",7868.0,"FURADEIRA",633135.0,"CAPACIDADE PERFURAÇÃO AÇO: 13, CAPACIDADE PERFURAÇÃO CONCRETO: 16, CAPACIDADE PERFURAÇÃO MADEIRA: 30, CARACTERÍSTICAS ADICIONAIS: DUAS VELOCIDADES, VARIÁVEL E REVERSÍVEL, POTÊNCIA: 850, TAMANHO MANDRIL: 1/2, TENSÃO ALIMENTAÇÃO: 220, TIPO: IMPACTO, VELOCIDADE: 00 A 3.500","UN",1.0,2600.0,2600.0,0.0,"2026-09-18"]
["UNIVERSIDADE FEDERAL DE GOIAS-UF/GO",153052.0,1925.0,"Material","153052-9/2026","EECA E OUTROS - EQUIPAMENTOS DE OFICINA","Catálogo do Compras.gov.br","Material",5120.0,"FERRAMENTAS MANUAIS SEM CORTE, NÃO ACIONADAS  POR  FORÇA  MOTRIZ",1050.0,"MACACO HIDRÁULICO",447277.0,"CAPACIDADE: 600, CARACTERÍSTICAS ADICIONAIS: TELESCÓPICO, COMPRIMENTO TOTAL: 1.820","UN",1.0,1749.89,1749.89,0.0,"2026-09-18"]
["UNIVERSIDADE FEDERAL DE GOIAS-UF/GO",153052.0,1926.0,"Material","153052-9/2026","EECA E OUTROS - EQUIPAMENTOS DE OFICINA","Catálogo do Compras.gov.br","Material",5120.0,"FERRAMENTAS MANUAIS SEM CORTE, NÃO ACIONADAS  POR  FORÇA  MOTRIZ",965.0,"TORQUÍMETRO ESTALO ESCALA (KG.M).",217890.0,"COMPRIMENTO: 18 1/2, DIVISÃO: 0,20, ENCAIXE: 1/2, TIPO: FIXO REVERSÍVEL, TORQUE MÁXIMO: 30, TORQUE MÍNIMO: 6","UN",1.0,500.0,500.0,0.0,"2026-09-18"]
["UNIVERSIDADE FEDERAL DE GOIAS-UF/GO",153052.0,1927.0,"Material","153052-9/2026","EECA E OUTROS - EQUIPAMENTOS DE OFICINA","Catálogo do Compras.gov.br","Material",5120.0,"FERRAMENTAS MANUAIS SEM CORTE, NÃO ACIONADAS  POR  FORÇA  MOTRIZ",1051.0,"MACACO HIDRO-PNEUMÁTICO",220454.0,"ALTURA ABERTO: 400, ALTURA FECHADO: 250, CAPACIDADE: 30, CARACTERÍSTICAS ADICIONAIS: ACIONAMENTO MANUAL/PNEUMÁTICO, CURSO HIDRÁULICO: 150, PESO: 20,60, PRESSÃO IDEAL TRABALHO: 150","UN",1.0,2386.52,2386.52,0.0,"2026-09-18"]
["UNIVERSIDADE FEDERAL DE GOIAS-UF/GO",153052.0,1928.0,"Material","153052-9/2026","EECA E OUTROS - EQUIPAMENTOS DE OFICINA","Catálogo do Compras.gov.br","Material",7910.0,"ENCERADEIRAS E ASPIRADORES DE PÓ",3096.0,"ASPIRADOR PÓ / ÁGUA - INDUSTRIAL",339484.0,"CAPACIDADE: 70, CARACTERÍSTICAS ADICIONAIS: VÁCUO: 165MBAR, CABO ELÉTRICO 5M, FREQUÊNCIA: 50/60, POTÊNCIA MOTOR: 1.300, TENSÃO ALIMENTAÇÃO: 220","UN",1.0,3985.73,3985.73,0.0,"2026-09-18"]
["UNIVERSIDADE FEDERAL DE GOIAS-UF/GO",153052.0,1929.0,"Material","153052-9/2026","EECA E OUTROS - EQUIPAMENTOS DE OFICINA","Catálogo do Compras.gov.br","Material",5120.0,"FERRAMENTAS MANUAIS SEM CORTE, NÃO ACIONADAS  POR  FORÇA  MOTRIZ",1050.0,"MACACO HIDRÁULICO",287786.0,"ALTURA ALBERTO: 482, ALTURA FECHADO: 240, CAPACIDADE: 10, CARACTERÍSTICAS ADICIONAIS: PISTÃO AÇO 1020, CURSO HIDRÁULICO: 157, CURSO MECÂNICO: 85, FORMATO: GARRAFA","UN",1.0,4040.0,4040.0,0.0,"2026-09-18"]
["UNIVERSIDADE FEDERAL DE GOIAS-UF/GO",153052.0,1930.0,"Material","153052-9/2026","EECA E OUTROS - EQUIPAMENTOS DE OFICINA","Catálogo do Compras.gov.br","Material",5120.0,"FERRAMENTAS MANUAIS SEM CORTE, NÃO ACIONADAS  POR  FORÇA  MOTRIZ",1050.0,"MACACO HIDRÁULICO",451603.0,"CAPACIDADE: 4.000, CARACTERÍSTICAS ADICIONAIS: HASTE CROMADA, RODAS EM NYLON, DESCIDA CONTROLADA, COMPRIMENTO TOTAL: 1.237","UN",1.0,1852.0,1852.0,0.0,"2026-09-18"]
["UNIVERSIDADE FEDERAL DE GOIAS-UF/GO",153052.0,1934.0,"Material","153052-9/2026","EECA E OUTROS - EQUIPAMENTOS DE OFICINA","Catálogo do Compras.gov.br","Material",6675.0,"INSTRUMENTOS DE DESENHO, TOPOGRAFIA E CARTOGRAFIA",12993.0,"TRIPE PARA EQUIPAMENTO DE TOPOGRAFIA",605748.0,"ALTURA ABERTO: 165, ALTURA FECHADO: 101, CARACTERÍSTICAS ADICIONAIS: MESA PLANA, TRAVA DUPLA E TRAVA RÁPIDA, MATERIAL BASE: ALUMÍNIO, MATERIAL CORPO: ALUMINIO","UN",3.0,800.0,2400.0,0.0,"2026-09-18"]
["UNIVERSIDADE FEDERAL DE GOIAS-UF/GO",153052.0,1935.0,"Material","153052-9/2026","EECA E OUTROS - EQUIPAMENTOS DE OFICINA","Catálogo do Compras.gov.br","Material",6675.0,"INSTRUMENTOS DE DESENHO, TOPOGRAFIA E CARTOGRAFIA",9779.0,"MIRA USO TOPOGRÁFICO",419564.0,"COMPRIMENTO: 4, MATERIAL: ALUMÍNIO, TIPO: TELESCÓPICA, MILIMETRADA, COM 4 SEGMENTOS","UN",4.0,400.0,1600.0,0.0,"2026-09-18"]
["UNIVERSIDADE FEDERAL DE GOIAS-UF/GO",153052.0,1943.0,"Material","153052-10/2026","DTEL E OUTROS - EQUIPAMENTOS ELÉTRICOS E ENERGÉTICOS","Catálogo do Compras.gov.br","Material",6110.0,"EQUIPAMENTOS DE CONTROLE ELÉTRICO",7068.0,"ESTABILIZADOR TENSÃO",273765.0,"CAPACIDADE: 3, CARACTERÍSTICAS ADICIONAIS: PROTEÇÃO CONTRA SURTO DE TENSÃO, TENSÃO ALIMENTAÇÃO ENTRADA: 110/220, TENSÃO ALIMENTAÇÃO SAÍDA: 115","UN",1.0,4000.0,4000.0,0.0,"2026-07-10"]
["UNIVERSIDADE FEDERAL DE GOIAS-UF/GO",153052.0,1944.0,"Material","153052-10/2026","DTEL E OUTROS - EQUIPAMENTOS ELÉTRICOS E ENERGÉTICOS","Catálogo do Compras.gov.br","Material",6110.0,"EQUIPAMENTOS DE CONTROLE ELÉTRICO",7068.0,"ESTABILIZADOR TENSÃO",300737.0,"CAPACIDADE: 1,5, CARACTERÍSTICAS ADICIONAIS: NO BREAK INTERATIVO/MICROPROCESSADOR RISC/BATERIAS, TENSÃO ALIMENTAÇÃO ENTRADA: 115 / 220, TENSÃO SAÍDA: 115","UN",3.0,1100.0,3300.0,0.0,"2026-07-10"]
["UNIVERSIDADE FEDERAL DE GOIAS-UF/GO",153052.0,1946.0,"Material","153052-10/2026","DTEL E OUTROS - EQUIPAMENTOS ELÉTRICOS E ENERGÉTICOS","Catálogo do Compras.gov.br","Material",6110.0,"EQUIPAMENTOS DE CONTROLE ELÉTRICO",7068.0,"ESTABILIZADOR TENSÃO",631389.0,"APLICAÇÃO: PROTEÇÃO DE EQUIPAMENTOS DE INFORMÁTICA, AUTONOMIA BATERIA: 6 HORAS, CAPACIDADE: 2 KVA / 2000, CAPACIDADE NOMINAL: 2 KVA / 2000, CARACTERÍSTICAS ADICIONAIS: CHAVE LIGA/DESLIGA EMBUTIDA E TEMPORIZADA, NORMAS TÉCNICAS: NBR 14373, QUANTIDADE TOMADAS SAÍDA: 8, TENSÃO ALIMENTAÇÃO ENTRADA: 84/250, TENSÃO SAÍDA: 115, TIPO: NOBREAK","UN",1.0,900.0,900.0,0.0,"2026-07-10"]
["UNIVERSIDADE FEDERAL DE GOIAS-UF/GO",153052.0,1940.0,"Material","153052-10/2026","DTEL E OUTROS - EQUIPAMENTOS ELÉTRICOS E ENERGÉTICOS","Catálogo do Compras.gov.br","Material",6150.0,"EQUIPAMENTOS DIVERSOS PARA GERAÇÃO E DISTRIBUIÇÃO DE ENERGIA",18863.0,"CABO CONEXÃO",445146.0,"ACESSÓRIOS: PLUG MOLDADO INTEGRADO MACHO/FEMEA, APLICAÇÃO: EQUIPAMENTOS DE INFORMATICA E SIMILARES, COMPRIMENTO CABO: 3, CORRENTE NOMINAL: 10, MATERIAL COBERTURA: BORRACHA FLEXÍVEL, MATERIAL CONDUTOR: COBRE, SEÇÃO NOMINAL: 3 X 0,75, TENSÃO NOMINAL DE OPERAÇÃO: 110/220, TIPO: POWER CORD","UN",26.0,34.0,884.0,0.0,"2026-07-10"]
["UNIVERSIDADE FEDERAL DE GOIAS-UF/GO",153052.0,1953.0,"Material","153052-10/2026","DTEL E OUTROS - EQUIPAMENTOS ELÉTRICOS E ENERGÉTICOS","Catálogo do Compras.gov.br","Material",6150.0,"EQUIPAMENTOS DIVERSOS PARA GERAÇÃO E DISTRIBUIÇÃO DE ENERGIA",5714.0,"EXTENSÃO ELÉTRICA",611883.0,"COMPONENTES: 5 TOMADAS, 2P+T, COMPRIMENTO: 3, CONEXÕES: 1(UMA) ENTRADA 2P+T E 5 SAÍDAS 2P+T, CORRENTE NOMINAL: 10, FORMATO CONTATO: PADRÃO BRASILEIRO, FORMAÇÃO DO CABO: 3 X 0,75, GRAU PROTEÇÃO: IP44, MATERIAL: TERMOPLÁSTICO ANTI-CHAMA, NORMAS TÉCNICAS: NBR 14136, NÚMERO PÓLOS: 2P + T, POTÊNCIA MÁXIMA: 2.200, REFERÊNCIA: FORCE LINE 0180200316, SEÇÃO NOMINAL: 0,75, TEMPERATURA OPERAÇÃO: 70°, TENSÃO ENTRADA: 110-127, TENSÃO NOMINAL: 110/220, TIPO: RÉGUA","UN",30.0,60.0,1800.0,0.0,"2026-07-10"]
["UNIVERSIDADE FEDERAL DE GOIAS-UF/GO",153052.0,1941.0,"Material","153052-10/2026","DTEL E OUTROS - EQUIPAMENTOS ELÉTRICOS E ENERGÉTICOS","Catálogo do Compras.gov.br","Material",6150.0,"EQUIPAMENTOS DIVERSOS PARA GERAÇÃO E DISTRIBUIÇÃO DE ENERGIA",5714.0,"EXTENSÃO ELÉTRICA",602472.0,"APLICAÇÃO: COMPUTADOR, COMPONENTES: 1 PLUGUE MACHO E 1 PLUGUE FÊMEA, COMPRIMENTO: 1,5, FORMATO CONTATO: 3 PINOS CILÍNDRICOS EM 180°, TENSÃO NOMINAL: 110/220, TIPO: FLEXÍVEL","UN",5.0,23.7,118.5,0.0,"2026-07-10"]
["UNIVERSIDADE FEDERAL DE GOIAS-UF/GO",153052.0,1942.0,"Material","153052-10/2026","DTEL E OUTROS - EQUIPAMENTOS ELÉTRICOS E ENERGÉTICOS","Catálogo do Compras.gov.br","Material",6110.0,"EQUIPAMENTOS DE CONTROLE ELÉTRICO",7068.0,"ESTABILIZADOR TENSÃO",318896.0,"APLICAÇÃO: MICROCOMPUTADOR, CAPACIDADE: 1,2, CARACTERÍSTICAS ADICIONAIS: ISO 9001, RS232 OPTO ACOPLADA, ENTRADA BATERIA EXT, DIMENSÕES: 315X114X156 (CXLXA), FREQÜÊNCIA: 60, MODELO: PERSONAL PLUS 1200, NÍVEL RUÍDO: < 40 A 1 METRO, REFERÊNCIA FABRICANTE: 1110005, TENSÃO ALIMENTAÇÃO ENTRADA: 110/220, TENSÃO SAÍDA: 110/220, TIPO: NOBREAK, PROCESSADOR RISC, POTÊNCIA NOMINAL: 1200","UN",2.0,1120.0,2240.0,0.0,"2026-07-10"]
["UNIVERSIDADE FEDERAL DE GOIAS-UF/GO",153052.0,1945.0,"Material","153052-10/2026","DTEL E OUTROS - EQUIPAMENTOS ELÉTRICOS E ENERGÉTICOS","Catálogo do Compras.gov.br","Material",6110.0,"EQUIPAMENTOS DE CONTROLE ELÉTRICO",12051.0,"SERVOMECANISMO DE CONTROLE ELETRICO",631963.0,"APLICAÇÃO: MOTORES ELETRICOS, MODELO: DA180, REFERÊNCIA FABRICAÇÃO: DA180-S7R6CG0, TENSÃO DE ALIMENTAÇÃO: 220, TIPO: AMPLIFICADOR LINEAR, USO: CONTROLE VELOCIDADE DE MOTOR","UN",1.0,14970.0,14970.0,0.0,"2026-07-10"]
["UNIVERSIDADE FEDERAL DE GOIAS-UF/GO",153052.0,1949.0,"Material","153052-10/2026","DTEL E OUTROS - EQUIPAMENTOS ELÉTRICOS E ENERGÉTICOS","Catálogo do Compras.gov.br","Material",6110.0,"EQUIPAMENTOS DE CONTROLE ELÉTRICO",18975.0,"VARIADOR TENSÃO",330695.0,"CORRENTE NOMINAL: 20, FREQUÊNCIA NOMINAL: 60, POTÊNCIA NOMINAL: 8,314, QUANTIDADE FASES: 3, TENSÃO PRIMÁRIA: 0 - 240, TENSÃO SECUNDÁRIA: 220","UN",1.0,2600.0,2600.0,0.0,"2026-07-10"]
["UNIVERSIDADE FEDERAL DE GOIAS-UF/GO",153052.0,1950.0,"Material","153052-10/2026","DTEL E OUTROS - EQUIPAMENTOS ELÉTRICOS E ENERGÉTICOS","Catálogo do Compras.gov.br","Material",6150.0,"EQUIPAMENTOS DIVERSOS PARA GERAÇÃO E DISTRIBUIÇÃO DE ENERGIA",5714.0,"EXTENSÃO ELÉTRICA",601752.0,"COMPONENTES: 5 TOMADAS, 2P+T, COMPRIMENTO: 10, CORRENTE NOMINAL: 10, TENSÃO NOMINAL: 110/220, TIPO: RÉGUA","UN",2.0,120.0,240.0,0.0,"2026-07-10"]
["UNIVERSIDADE FEDERAL DE GOIAS-UF/GO",153052.0,1951.0,"Material","153052-10/2026","DTEL E OUTROS - EQUIPAMENTOS ELÉTRICOS E ENERGÉTICOS","Catálogo do Compras.gov.br","Material",6150.0,"EQUIPAMENTOS DIVERSOS PARA GERAÇÃO E DISTRIBUIÇÃO DE ENERGIA",5714.0,"EXTENSÃO ELÉTRICA",601752.0,"COMPONENTES: 5 TOMADAS, 2P+T, COMPRIMENTO: 10, CORRENTE NOMINAL: 10, TENSÃO NOMINAL: 110/220, TIPO: RÉGUA","UN",10.0,120.0,1200.0,0.0,"2026-07-10"]
["UNIVERSIDADE FEDERAL DE GOIAS-UF/GO",153052.0,1952.0,"Material","153052-10/2026","DTEL E OUTROS - EQUIPAMENTOS ELÉTRICOS E ENERGÉTICOS","Catálogo do Compras.gov.br","Material",6150.0,"EQUIPAMENTOS DIVERSOS PARA GERAÇÃO E DISTRIBUIÇÃO DE ENERGIA",5714.0,"EXTENSÃO ELÉTRICA",601752.0,"COMPONENTES: 5 TOMADAS, 2P+T, COMPRIMENTO: 10, CORRENTE NOMINAL: 10, TENSÃO NOMINAL: 110/220, TIPO: RÉGUA","UN",10.0,120.0,1200.0,0.0,"2026-07-10"]
["UNIVERSIDADE FEDERAL DE GOIAS-UF/GO",153052.0,3306.0,"Material","153052-28/2026","MATERIAIS QUÍMICOS, SUBSTÂNCIAS PARA DIAGNÓSTICO, MEIOS DE CULTURA E TESTES - ICB, IPTSP, IQ","Catálogo do Compras.gov.br","Material",6550.0,"SUBSTÂNCIAS PARA DIAGNÓSTICO \"IN VITRO\",  REAGENTES,  CONJUNTOS E JOGOS PARA TESTE",18947.0,"SUPLEMENTO PARA MEIO DE CULTURA",390194.0,"ASPECTO FÍSICO: LÍQUIDO, CONCENTRAÇÃO: 10.000 UI + 10, TIPO: PENICILINA G + ESTREPTOMICINA","FR",1.0,158.43,158.43,0.0,"2026-05-22"]
["UNIVERSIDADE FEDERAL DE GOIAS-UF/GO",153052.0,3307.0,"Material","153052-28/2026","MATERIAIS QUÍMICOS, SUBSTÂNCIAS PARA DIAGNÓSTICO, MEIOS DE CULTURA E TESTES - ICB, IPTSP, IQ","Catálogo do Compras.gov.br","Material",6550.0,"SUBSTÂNCIAS PARA DIAGNÓSTICO \"IN VITRO\",  REAGENTES,  CONJUNTOS E JOGOS PARA TESTE",18984.0,"REAGENTE PARA DIAGNÓSTICO CLÍNICO 5",381946.0,"CARACTERÍSTICAS ADICIONAIS: SOLUÇÃO A 10%, TIPO: CLORETO FÉRRICO","FR",1.0,15.0,15.0,0.0,"2026-05-22"]
["UNIVERSIDADE FEDERAL DE GOIAS-UF/GO",153052.0,3308.0,"Material","153052-28/2026","MATERIAIS QUÍMICOS, SUBSTÂNCIAS PARA DIAGNÓSTICO, MEIOS DE CULTURA E TESTES - ICB, IPTSP, IQ","Catálogo do Compras.gov.br","Material",6550.0,"SUBSTÂNCIAS PARA DIAGNÓSTICO \"IN VITRO\",  REAGENTES,  CONJUNTOS E JOGOS PARA TESTE",18947.0,"SUPLEMENTO PARA MEIO DE CULTURA",330642.0,"ASPECTO FÍSICO: LIOFILIZADO, TIPO: PLASMA DE COELHO","FR",5.0,9.75,48.75,0.0,"2026-05-22"]
["UNIVERSIDADE FEDERAL DE GOIAS-UF/GO",153052.0,3309.0,"Material","153052-28/2026","MATERIAIS QUÍMICOS, SUBSTÂNCIAS PARA DIAGNÓSTICO, MEIOS DE CULTURA E TESTES - ICB, IPTSP, IQ","Catálogo do Compras.gov.br","Material",6550.0,"SUBSTÂNCIAS PARA DIAGNÓSTICO \"IN VITRO\",  REAGENTES,  CONJUNTOS E JOGOS PARA TESTE",11521.0,"REAGENTE PARA DIAGNÓSTICO CLÍNICO 4",373479.0,"APRESENTAÇÃO: TESTE, MÉTODO: ELISA, TIPO: CONJUNTO COMPLETO, TIPO DE ANÁLISE: QUALITATIVO DE ANTI TRYPANOSSOMA CRUZY IGG","UN",4.0,165.0,660.0,0.0,"2026-05-22"]
["UNIVERSIDADE FEDERAL DE GOIAS-UF/GO",153052.0,3310.0,"Material","153052-28/2026","MATERIAIS QUÍMICOS, SUBSTÂNCIAS PARA DIAGNÓSTICO, MEIOS DE CULTURA E TESTES - ICB, IPTSP, IQ","Catálogo do Compras.gov.br","Material",6550.0,"SUBSTÂNCIAS PARA DIAGNÓSTICO \"IN VITRO\",  REAGENTES,  CONJUNTOS E JOGOS PARA TESTE",19105.0,"REAGENTE PARA DIAGNÓSTICO CLÍNICO 7",352088.0,"APRESENTAÇÃO: TIRA, TIPO DE ANÁLISE: QUALITATIVO DE OXIDASE BACTERIANA","TESTE",3.0,28.12,84.36,0.0,"2026-05-22"]
["UNIVERSIDADE FEDERAL DE GOIAS-UF/GO",153052.0,3311.0,"Material","153052-28/2026","MATERIAIS QUÍMICOS, SUBSTÂNCIAS PARA DIAGNÓSTICO, MEIOS DE CULTURA E TESTES - ICB, IPTSP, IQ","Catálogo do Compras.gov.br","Material",6550.0,"SUBSTÂNCIAS PARA DIAGNÓSTICO \"IN VITRO\",  REAGENTES,  CONJUNTOS E JOGOS PARA TESTE",18996.0,"INDICADOR QUÍMICO",332346.0,"APRESENTAÇÃO: TIRA DE PAPEL, CARACTERÍSTICAS ADICIONAIS: PARA ESTERILIZAÇÃO A VAPOR, CLASSE: CLASSE V, TIPO: INTEGRADOR, TIPO USO: INTERNO","UN",1.0,100.0,100.0,0.0,"2026-05-22"]
["UNIVERSIDADE FEDERAL DE GOIAS-UF/GO",153052.0,3312.0,"Material","153052-28/2026","MATERIAIS QUÍMICOS, SUBSTÂNCIAS PARA DIAGNÓSTICO, MEIOS DE CULTURA E TESTES - ICB, IPTSP, IQ","Catálogo do Compras.gov.br","Material",6550.0,"SUBSTÂNCIAS PARA DIAGNÓSTICO \"IN VITRO\",  REAGENTES,  CONJUNTOS E JOGOS PARA TESTE",17555.0,"PADRÃO REFERÊNCIA 1",405785.0,"TIPO*: ESCALA DE MCFARLAND, APRESENTAÇÃO*: LÍQUIDO, CONCENTRAÇÃO*: 0,5, CARACTERÍSTICA ADICIONAL*: TUBO 13X100MM","UN",4.0,68.0,272.0,0.0,"2026-05-22"]
["UNIVERSIDADE FEDERAL DE GOIAS-UF/GO",153052.0,3313.0,"Material","153052-28/2026","MATERIAIS QUÍMICOS, SUBSTÂNCIAS PARA DIAGNÓSTICO, MEIOS DE CULTURA E TESTES - ICB, IPTSP, IQ","Catálogo do Compras.gov.br","Material",6550.0,"SUBSTÂNCIAS PARA DIAGNÓSTICO \"IN VITRO\",  REAGENTES,  CONJUNTOS E JOGOS PARA TESTE",17880.0,"SORO",280351.0,"TIPO: ANTI-B, COMPOSIÇÃO: MONOCLONAL","FR",4.0,71.25,285.0,0.0,"2026-05-22"]
["UNIVERSIDADE FEDERAL DE GOIAS-UF/GO",153052.0,3314.0,"Material","153052-28/2026","MATERIAIS QUÍMICOS, SUBSTÂNCIAS PARA DIAGNÓSTICO, MEIOS DE CULTURA E TESTES - ICB, IPTSP, IQ","Catálogo do Compras.gov.br","Material",6550.0,"SUBSTÂNCIAS PARA DIAGNÓSTICO \"IN VITRO\",  REAGENTES,  CONJUNTOS E JOGOS PARA TESTE",19105.0,"REAGENTE PARA DIAGNÓSTICO CLÍNICO 7",352088.0,"APRESENTAÇÃO: TIRA, TIPO DE ANÁLISE: QUALITATIVO DE OXIDASE BACTERIANA","UN",3.0,28.12,84.36,0.0,"2026-05-22"]
["UNIVERSIDADE FEDERAL DE GOIAS-UF/GO",153052.0,3315.0,"Material","153052-28/2026","MATERIAIS QUÍMICOS, SUBSTÂNCIAS PARA DIAGNÓSTICO, MEIOS DE CULTURA E TESTES - ICB, IPTSP, IQ","Catálogo do Compras.gov.br","Material",6550.0,"SUBSTÂNCIAS PARA DIAGNÓSTICO \"IN VITRO\",  REAGENTES,  CONJUNTOS E JOGOS PARA TESTE",8561.0,"MEIO DE CULTURA,",417419.0,"APRESENTAÇÃO: PÓ, TIPO: ÁGAR CZAPEK","FR",1.0,463.21,463.21,0.0,"2026-05-22"]
["UNIVERSIDADE FEDERAL DE GOIAS-UF/GO",153052.0,3316.0,"Material","153052-28/2026","MATERIAIS QUÍMICOS, SUBSTÂNCIAS PARA DIAGNÓSTICO, MEIOS DE CULTURA E TESTES - ICB, IPTSP, IQ","Catálogo do Compras.gov.br","Material",6550.0,"SUBSTÂNCIAS PARA DIAGNÓSTICO \"IN VITRO\",  REAGENTES,  CONJUNTOS E JOGOS PARA TESTE",19027.0,"REAGENTE PARA DIAGNÓSTICO CLÍNICO 6",379334.0,"APRESENTAÇÃO: TESTE, MÉTODO: IMUNOFLUORESCÊNCIA INDIRETA, TIPO: CONJUNTO COMPLETO, TIPO DE ANÁLISE: QUALITATIVO DE ANTICORPOS ANTI-TREPONEMA PALLIDUM","UN",4.0,450.0,1800.0,0.0,"2026-05-22"]
["UNIVERSIDADE FEDERAL DE GOIAS-UF/GO",153052.0,3317.0,"Material","153052-28/2026","MATERIAIS QUÍMICOS, SUBSTÂNCIAS PARA DIAGNÓSTICO, MEIOS DE CULTURA E TESTES - ICB, IPTSP, IQ","Catálogo do Compras.gov.br","Material",6550.0,"SUBSTÂNCIAS PARA DIAGNÓSTICO \"IN VITRO\",  REAGENTES,  CONJUNTOS E JOGOS PARA TESTE",13893.0,"CORANTE",327534.0,"ASPECTO FÍSICO: LÍQUIDO, CARACTERÍSTICAS ADICIONAIS: FRASCOS SEPARADOS CONTENDO, COMPOSIÇÃO: CRISTALVIOLETA,LUGOL,ETANOL-ACETONA,FUCSINA BÁSICA, TIPO: CONJUNTO REAGENTE PARA COLORAÇÃO DE GRAM","L",8.0,100.0,800.0,0.0,"2026-05-22"]
["UNIVERSIDADE FEDERAL DE GOIAS-UF/GO",153052.0,3318.0,"Material","153052-28/2026","MATERIAIS QUÍMICOS, SUBSTÂNCIAS PARA DIAGNÓSTICO, MEIOS DE CULTURA E TESTES - ICB, IPTSP, IQ","Catálogo do Compras.gov.br","Material",6550.0,"SUBSTÂNCIAS PARA DIAGNÓSTICO \"IN VITRO\",  REAGENTES,  CONJUNTOS E JOGOS PARA TESTE",18913.0,"MEIO DE CULTURA",326657.0,"ADITIVOS: COM CLORANFENICOL, APRESENTAÇÃO: PÓ, TIPO: ÁGAR SABOURAUD","FR",4.0,373.54,1494.16,0.0,"2026-05-22"]
["UNIVERSIDADE FEDERAL DE GOIAS-UF/GO",153052.0,3319.0,"Material","153052-28/2026","MATERIAIS QUÍMICOS, SUBSTÂNCIAS PARA DIAGNÓSTICO, MEIOS DE CULTURA E TESTES - ICB, IPTSP, IQ","Catálogo do Compras.gov.br","Material",6550.0,"SUBSTÂNCIAS PARA DIAGNÓSTICO \"IN VITRO\",  REAGENTES,  CONJUNTOS E JOGOS PARA TESTE",18947.0,"SUPLEMENTO PARA MEIO DE CULTURA",329544.0,"ASPECTO FÍSICO: LÍQUIDO, TIPO: SORO FETAL BOVINO","FR",1.0,527.0,527.0,0.0,"2026-05-22"]
["UNIVERSIDADE FEDERAL DE GOIAS-UF/GO",153052.0,1954.0,"Material","153052-10/2026","DTEL E OUTROS - EQUIPAMENTOS ELÉTRICOS E ENERGÉTICOS","Catálogo do Compras.gov.br","Material",6150.0,"EQUIPAMENTOS DIVERSOS PARA GERAÇÃO E DISTRIBUIÇÃO DE ENERGIA",18863.0,"CABO CONEXÃO",421738.0,"COMPRIMENTO CABO: 2, MATERIAL CONDUTOR: COBRE, MATERIAL ISOLAMENTO CONDUTOR: PVC ANTI-CHAMA, TENSÃO ISOLAMENTO: 450/750, TIPO CONEXÃO: XLR M - P10","UN",20.0,168.96,3379.2,0.0,"2026-07-10"]
["UNIVERSIDADE FEDERAL DE GOIAS-UF/GO",153052.0,1955.0,"Material","153052-10/2026","DTEL E OUTROS - EQUIPAMENTOS ELÉTRICOS E ENERGÉTICOS","Catálogo do Compras.gov.br","Material",6150.0,"EQUIPAMENTOS DIVERSOS PARA GERAÇÃO E DISTRIBUIÇÃO DE ENERGIA",12644.0,"TERMINADOR DE CABO ( EQUIPAMENTO ELETRICO ROTATIVO",398450.0,"CARACTERÍSTICAS ADICIONAIS: ENTRADAS DE CABOS PROTEGIDAS POR BORRACHA TAMPÃO, COMPONENTES: BANDEJA INTERNA PARA ACOMODAÇÃO DAS EMENDAS E TAMP, MATERIAL: AÇO, TIPO CABO: ÓTICO","UN",100.0,15.95,1595.0,0.0,"2026-07-10"]
["UNIVERSIDADE FEDERAL DE GOIAS-UF/GO",153052.0,1956.0,"Material","153052-10/2026","DTEL E OUTROS - EQUIPAMENTOS ELÉTRICOS E ENERGÉTICOS","Catálogo do Compras.gov.br","Material",6150.0,"EQUIPAMENTOS DIVERSOS PARA GERAÇÃO E DISTRIBUIÇÃO DE ENERGIA",18863.0,"CABO CONEXÃO",421738.0,"COMPRIMENTO CABO: 2, MATERIAL CONDUTOR: COBRE, MATERIAL ISOLAMENTO CONDUTOR: PVC ANTI-CHAMA, TENSÃO ISOLAMENTO: 450/750, TIPO CONEXÃO: XLR M - P10","UN",20.0,107.52,2150.4,0.0,"2026-07-10"]
["UNIVERSIDADE FEDERAL DE GOIAS-UF/GO",153052.0,1965.0,"Material","153052-11/2026","EQUIPAMENTOS ESPECÍFICOS PARA LABORATÓRIO","Catálogo do Compras.gov.br","Material",6670.0,"ESCALAS E BALANÇAS",491.0,"BALANÇA COMERCIAL",212165.0,"CAPACIDADE: 20, DIVISÕES PAINEL: 5, TIPO PAINEL: DIGITAL LUMINOSO, LARGURA: 470, PROFUNDIDADE: 420","UN",1.0,3135.0,3135.0,0.0,"2026-06-26"]
["UNIVERSIDADE FEDERAL DE GOIAS-UF/GO",153052.0,1966.0,"Material","153052-11/2026","EQUIPAMENTOS ESPECÍFICOS PARA LABORATÓRIO","Catálogo do Compras.gov.br","Material",4140.0,"VENTILADORES, CIRCULADORES DE AR E VENTOINHAS",704.0,"EXAUSTOR",271063.0,"APLICAÇÃO: PAREDE, DIÂMETRO: 40, MATERIAL: CHAPA AÇO TRATADO, POTÊNCIA MOTOR: 1/4, ROTAÇÃO MOTOR: 1500, TENSÃO: 127/220, VAZÃO: 4200","UN",2.0,367.55,735.1,0.0,"2026-06-26"]
["UNIVERSIDADE FEDERAL DE GOIAS-UF/GO",153052.0,1967.0,"Material","153052-11/2026","EQUIPAMENTOS ESPECÍFICOS PARA LABORATÓRIO","Catálogo do Compras.gov.br","Material",6630.0,"INSTRUMENTOS PARA ANÁLISES QUÍMICAS",9540.0,"MEDIDOR ÍNDICE ACIDEZ",256068.0,"APLICAÇÃO: MEDIÇÃO DE PH EM SOLUÇÕES QUÍMICAS, FAIXA MEDIÇÃO: DE 0 14 PH, -1999,9 A 1999,9MILIVOLT, FORMATO: RETANGULAR, MATERIAL CORPO: AÇO INOXIDÁVEL, MODELO: MICROPROCESSADO, PRECISÃO: 0,02 PH 0,2°C 0,2 MILIVOLT, RESOLUÇÃO: 0,001PH, 0,1 MILIVOLT E 0,1ºC, TIPO: BANCADA","UN",1.0,1300.0,1300.0,0.0,"2026-06-26"]
["UNIVERSIDADE FEDERAL DE GOIAS-UF/GO",153052.0,1968.0,"Material","153052-11/2026","EQUIPAMENTOS ESPECÍFICOS PARA LABORATÓRIO","Catálogo do Compras.gov.br","Material",6640.0,"EQUIPAMENTOS E ARTIGOS DE LABORATÓRIO",4663.0,"CAPELA EXAUSTÃO",428031.0,"COMPONENTES: JANELA CORREDIÇA COM CONTRA PESO, DIMENSÕES: CERCA DE 250 X 90 X 150, MATERIAL: FIBRA DE VIDRO, OUTROS COMPONENTES: COM LÂMPADA INTERNA, TIPO: DE GASES, VAZÃO: ATÉ 1500","UN",4.0,2300.0,9200.0,0.0,"2026-06-26"]
["UNIVERSIDADE FEDERAL DE GOIAS-UF/GO",153052.0,1969.0,"Material","153052-11/2026","EQUIPAMENTOS ESPECÍFICOS PARA LABORATÓRIO","Catálogo do Compras.gov.br","Material",6640.0,"EQUIPAMENTOS E ARTIGOS DE LABORATÓRIO",6072.0,"BANHO MARIA",414531.0,"AJUSTE: AJUSTE MECÂNICO, COM VISOR DIGITAL, COMPONENTES: COM TAMPA CÔNICA, TEMPERATURA: ATÉ 100, VOLUME: CERCA DE 5","UN",1.0,2300.0,2300.0,0.0,"2026-06-26"]
["UNIVERSIDADE FEDERAL DE GOIAS-UF/GO",153052.0,1970.0,"Material","153052-11/2026","EQUIPAMENTOS ESPECÍFICOS PARA LABORATÓRIO","Catálogo do Compras.gov.br","Material",6640.0,"EQUIPAMENTOS E ARTIGOS DE LABORATÓRIO",7059.0,"MICROSCÓPIO",440806.0,"ADICIONAL: INCLINAÇÃO ATÉ 30°, AUMENTO: C/ OBJETIVAS ATÉ 100X, OCULARES ATÉ 10X, COMPONENTES: ILUMINAÇÃO EM LED, REFLETIDA E TRANSMITIDA, TIPO: BINOCULAR, TIPO DE ANÁLISE: ÓTICO","UN",1.0,2000.0,2000.0,0.0,"2026-06-26"]
["UNIVERSIDADE FEDERAL DE GOIAS-UF/GO",153052.0,1997.0,"Material","153052-11/2026","EQUIPAMENTOS ESPECÍFICOS PARA LABORATÓRIO","Catálogo do Compras.gov.br","Material",6670.0,"ESCALAS E BALANÇAS",489.0,"BALANÇA PRECISÃO",426006.0,"CAPACIDADE MÁXIMA: 35, QUANTIDADE DÍGITOS: 8, RESOLUÇÃO: 0,1, TIPO PAINEL: CRISTAL LÍQUIDO COM ILUMINAÇÃO","UN",1.0,2500.0,2500.0,0.0,"2026-06-26"]
["UNIVERSIDADE FEDERAL DE GOIAS-UF/GO",153052.0,1998.0,"Material","153052-11/2026","EQUIPAMENTOS ESPECÍFICOS PARA LABORATÓRIO","Catálogo do Compras.gov.br","Material",6670.0,"ESCALAS E BALANÇAS",489.0,"BALANÇA PRECISÃO",255026.0,"CAPACIDADE MÁXIMA: 0,50, QUANTIDADE DÍGITOS: 5, RESOLUÇÃO: 0,01, TIPO PAINEL: CRISTAL LÍQUIDO COM ILUMINAÇÃO, COMPRIMENTO: 292, LARGURA: 210, ALTURA: 70","UN",1.0,7000.0,7000.0,0.0,"2026-06-26"]
["UNIVERSIDADE FEDERAL DE GOIAS-UF/GO",153052.0,1999.0,"Material","153052-11/2026","EQUIPAMENTOS ESPECÍFICOS PARA LABORATÓRIO","Catálogo do Compras.gov.br","Material",4620.0,"EQUIPAMENTOS PARA DESTILAÇÃO DE ÁGUA, PARA  USO  MARÍTIMO E INDUSTRIAL",6121.0,"DESTILADOR ÁGUA",441546.0,"APLICAÇÃO: LABORATÓRIO, CAPACIDADE: 10, CARACTERÍSTICAS ADICIONAIS: DESLIGAMENTO AUTOMÁTICO NA FALTA DÁGUA,    LÂMPADA, MATERIAL: AÇO INOX AISI 304, VOLTAGEM: 220","UN",1.0,2500.0,2500.0,0.0,"2026-06-26"]
["UNIVERSIDADE FEDERAL DE GOIAS-UF/GO",153052.0,2000.0,"Material","153052-11/2026","EQUIPAMENTOS ESPECÍFICOS PARA LABORATÓRIO","Catálogo do Compras.gov.br","Material",6635.0,"EQUIPAMENTOS PARA TESTES DE PROPRIEDADES FÍSICAS",18590.0,"MEDIDOR LABORATÓRIO",485192.0,"APLICAÇÃO: MEDIÇÕES METROLÓGICAS, TIPO: PORTÁTIL, USO: MEDIR MASSA E DIMENSIONAIS","UN",1.0,1600.0,1600.0,0.0,"2026-06-26"]
["UNIVERSIDADE FEDERAL DE GOIAS-UF/GO",153052.0,2001.0,"Material","153052-11/2026","EQUIPAMENTOS ESPECÍFICOS PARA LABORATÓRIO","Catálogo do Compras.gov.br","Material",6635.0,"EQUIPAMENTOS PARA TESTES DE PROPRIEDADES FÍSICAS",10619.0,"PENETRÔMETRO",612650.0,"APLICAÇÃO: ENSAIOS DE PENETRAÇÃO DE SOLOS, MODELO: SUL AFRICANO, NORMAS TÉCNICAS: NBR 17091/2023, TIPO: CONE DE PENETRAÇÃO DINÂMICA - DCP","UN",1.0,10000.0,10000.0,0.0,"2026-06-26"]
["UNIVERSIDADE FEDERAL DE GOIAS-UF/GO",153052.0,2002.0,"Material","153052-11/2026","EQUIPAMENTOS ESPECÍFICOS PARA LABORATÓRIO","Catálogo do Compras.gov.br","Material",6640.0,"EQUIPAMENTOS E ARTIGOS DE LABORATÓRIO",4347.0,"CÂMARA GERMINAÇÃO",256999.0,"APLICAÇÃO: CRIAÇÃO INSETOS, ENVELHECIMENTO PRECOCE SEMENTES,, CARACTERÍSTICAS ADICIONAIS: SIMULAÇÃO DE 2 TEMPERATURAS,DIA E NOITE, VARIAÇÃO, MATERIAL HASTE: AÇO INOX AISI 304, TENSÃO ALIMENTAÇÃO: 220, TIPO: ELETRÔNICO DIGITAL","UN",1.0,12000.0,12000.0,0.0,"2026-06-26"]
["UNIVERSIDADE FEDERAL DE GOIAS-UF/GO",153052.0,2003.0,"Material","153052-11/2026","EQUIPAMENTOS ESPECÍFICOS PARA LABORATÓRIO","Catálogo do Compras.gov.br","Material",6640.0,"EQUIPAMENTOS E ARTIGOS DE LABORATÓRIO",526.0,"AGITADOR MAGNÉTICO",449855.0,"ADICIONAL: VIBRATÓRIO, AJUSTE: AJUSTE DIGITAL, CAPACIDADE: ATÉ 20 PENEIRAS, MATERIAL: GABINETE METÁLICO, ANTICORROSIVO, TEMPORIZAÇÃO: COM TEMPORIZADOR ATÉ 99","UN",1.0,23000.0,23000.0,0.0,"2026-06-26"]
["UNIVERSIDADE FEDERAL DE GOIAS-UF/GO",153052.0,2004.0,"Material","153052-11/2026","EQUIPAMENTOS ESPECÍFICOS PARA LABORATÓRIO","Catálogo do Compras.gov.br","Material",6675.0,"INSTRUMENTOS DE DESENHO, TOPOGRAFIA E CARTOGRAFIA",8403.0,"PEÇAS / COMPONENTES TOPOGRAFIA",462263.0,"CARACTERÍSTICAS ADICIONAIS: 4GB DE MEMÓRIA INTERNA PARA 400 HORAS COM INTERVA, TIPO: RECEPTOR GNSS - RTK, USO: PARA RASTREAR SINAIS DE SATÉLITES: GPS, GLONASS,S","UN",4.0,2200.0,8800.0,0.0,"2026-06-26"]
["UNIVERSIDADE FEDERAL DE GOIAS-UF/GO",153052.0,3320.0,"Material","153052-28/2026","MATERIAIS QUÍMICOS, SUBSTÂNCIAS PARA DIAGNÓSTICO, MEIOS DE CULTURA E TESTES - ICB, IPTSP, IQ","Catálogo do Compras.gov.br","Material",6550.0,"SUBSTÂNCIAS PARA DIAGNÓSTICO \"IN VITRO\",  REAGENTES,  CONJUNTOS E JOGOS PARA TESTE",18984.0,"REAGENTE PARA DIAGNÓSTICO CLÍNICO 5",356174.0,"APRESENTAÇÃO: LÍQUIDO, TIPO: REAGENTE DE KOVACS","FR",1.0,293.0,293.0,0.0,"2026-05-22"]
["UNIVERSIDADE FEDERAL DE GOIAS-UF/GO",153052.0,3321.0,"Material","153052-28/2026","MATERIAIS QUÍMICOS, SUBSTÂNCIAS PARA DIAGNÓSTICO, MEIOS DE CULTURA E TESTES - ICB, IPTSP, IQ","Catálogo do Compras.gov.br","Material",6550.0,"SUBSTÂNCIAS PARA DIAGNÓSTICO \"IN VITRO\",  REAGENTES,  CONJUNTOS E JOGOS PARA TESTE",18947.0,"SUPLEMENTO PARA MEIO DE CULTURA",341263.0,"ASPECTO FÍSICO: CRISTAIS LIOFILIZADOS, CONCENTRAÇÃO: > 98%, TIPO: ALBUMINA DE SORO BOVINO (BSA)","FR",2.0,559.63,1119.26,0.0,"2026-05-22"]
["UNIVERSIDADE FEDERAL DE GOIAS-UF/GO",153052.0,3322.0,"Material","153052-28/2026","MATERIAIS QUÍMICOS, SUBSTÂNCIAS PARA DIAGNÓSTICO, MEIOS DE CULTURA E TESTES - ICB, IPTSP, IQ","Catálogo do Compras.gov.br","Material",6550.0,"SUBSTÂNCIAS PARA DIAGNÓSTICO \"IN VITRO\",  REAGENTES,  CONJUNTOS E JOGOS PARA TESTE",18996.0,"INDICADOR QUÍMICO",332343.0,"APRESENTAÇÃO: FITA ADESIVA, CARACTERÍSTICAS ADICIONAIS: PARA ESTERILIZAÇÃO A VAPOR, CLASSE: CLASSE I, TIPO USO: EXTERNO","UN",5.0,6.97,34.85,0.0,"2026-05-22"]
["UNIVERSIDADE FEDERAL DE GOIAS-UF/GO",153052.0,3323.0,"Material","153052-28/2026","MATERIAIS QUÍMICOS, SUBSTÂNCIAS PARA DIAGNÓSTICO, MEIOS DE CULTURA E TESTES - ICB, IPTSP, IQ","Catálogo do Compras.gov.br","Material",6550.0,"SUBSTÂNCIAS PARA DIAGNÓSTICO \"IN VITRO\",  REAGENTES,  CONJUNTOS E JOGOS PARA TESTE",18913.0,"MEIO DE CULTURA",336291.0,"APRESENTAÇÃO: PÓ, TIPO: CALDO NITRATO","FR",1.0,1067.02,1067.02,0.0,"2026-05-22"]
["UNIVERSIDADE FEDERAL DE GOIAS-UF/GO",153052.0,3324.0,"Material","153052-28/2026","MATERIAIS QUÍMICOS, SUBSTÂNCIAS PARA DIAGNÓSTICO, MEIOS DE CULTURA E TESTES - ICB, IPTSP, IQ","Catálogo do Compras.gov.br","Material",6810.0,"PRODUTOS QUÍMICOS",18189.0,"ÁLCOOL ETÍLICO",403723.0,"ASPECTO FÍSICO: LÍQUIDO LÍMPIDO, INCOLOR, VOLÁTIL, CARACTERÍSTICA ADICIONAL: ANIDRO, ABSOLUTO, FÓRMULA QUÍMICA: C2H5OH, GRAU DE PUREZA: MÍNIMO DE 99,2 °INPM (99,2% P/P), NÚMERO DE REFERÊNCIA QUÍMICA: CAS 64-17-5, PESO MOLECULAR: 46,07, TEOR ALCOÓLICO: MÍNIMO DE 99,5 °GL (99,5% V/V A 20 °C)","L",8.0,14.5,116.0,0.0,"2026-05-22"]
["UNIVERSIDADE FEDERAL DE GOIAS-UF/GO",153052.0,3325.0,"Material","153052-28/2026","MATERIAIS QUÍMICOS, SUBSTÂNCIAS PARA DIAGNÓSTICO, MEIOS DE CULTURA E TESTES - ICB, IPTSP, IQ","Catálogo do Compras.gov.br","Material",6810.0,"PRODUTOS QUÍMICOS",12327.0,"SULFATO DE COBRE II",345770.0,"ASPECTO FÍSICO: FINO CRISTAL AZUL, CARACTERÍSTICA ADICIONAL: REAGENTE P.A., COMPOSIÇÃO QUÍMICA: CUSO4.5H2O, GRAU DE PUREZA: PUREZA MÍNIMA DE 99%, NÚMERO DE REFERÊNCIA QUÍMICA: CAS 7758-99-8, PESO DA MOLÉCULA: 249,68","G",1000.0,0.19,190.0,0.0,"2026-05-22"]
["UNIVERSIDADE FEDERAL DE GOIAS-UF/GO",153052.0,3326.0,"Material","153052-28/2026","MATERIAIS QUÍMICOS, SUBSTÂNCIAS PARA DIAGNÓSTICO, MEIOS DE CULTURA E TESTES - ICB, IPTSP, IQ","Catálogo do Compras.gov.br","Material",6810.0,"PRODUTOS QUÍMICOS",848.0,"ACETONA",380786.0,"ASPECTO FÍSICO: LÍQUIDO LÍMPIDO TRANSPARENTE, CARACTERÍSTICA ADICIONAL: REAGENTE P.A. ACS, FÓRMULA QUÍMICA: C3H6O, GRAU DE PUREZA: PUREZA MÍNIMA DE 99,5%, MASSA MOLECULAR: 58,08, NÚMERO DE REFERÊNCIA QUÍMICA: CAS 67-64-1","L",1.0,33.9,33.9,0.0,"2026-05-22"]
["UNIVERSIDADE FEDERAL DE GOIAS-UF/GO",153052.0,1957.0,"Material","153052-10/2026","DTEL E OUTROS - EQUIPAMENTOS ELÉTRICOS E ENERGÉTICOS","Catálogo do Compras.gov.br","Material",6150.0,"EQUIPAMENTOS DIVERSOS PARA GERAÇÃO E DISTRIBUIÇÃO DE ENERGIA",18863.0,"CABO CONEXÃO",445144.0,"ACESSÓRIOS: PLUG MOLDADO INTEGRADO MACHO/FEMEA, APLICAÇÃO: EQUIPAMENTOS DE INFORMATICA E SIMILARES, COMPRIMENTO CABO: 1,50, CORRENTE NOMINAL: 10, MATERIAL COBERTURA: BORRACHA FLEXÍVEL, MATERIAL CONDUTOR: COBRE, SEÇÃO NOMINAL: 3 X 0,75, TENSÃO NOMINAL DE OPERAÇÃO: 110/220, TIPO: POWER CORD","UN",20.0,20.0,400.0,0.0,"2026-07-10"]
["UNIVERSIDADE FEDERAL DE GOIAS-UF/GO",153052.0,3327.0,"Material","153052-28/2026","MATERIAIS QUÍMICOS, SUBSTÂNCIAS PARA DIAGNÓSTICO, MEIOS DE CULTURA E TESTES - ICB, IPTSP, IQ","Catálogo do Compras.gov.br","Material",6810.0,"PRODUTOS QUÍMICOS",796.0,"PARAFINA",390606.0,"APRESENTAÇÃO: EM PASTILHA, ASPECTO FÍSICO: SÓLIDO BRANCO, PONTO FUSÃO: 56 A 58","KG",2.0,112.45,224.9,0.0,"2026-05-22"]
["UNIVERSIDADE FEDERAL DE GOIAS-UF/GO",153052.0,3328.0,"Material","153052-28/2026","MATERIAIS QUÍMICOS, SUBSTÂNCIAS PARA DIAGNÓSTICO, MEIOS DE CULTURA E TESTES - ICB, IPTSP, IQ","Catálogo do Compras.gov.br","Material",6810.0,"PRODUTOS QUÍMICOS",18538.0,"FOSFATO DE SÓDIO",347723.0,"ASPECTO FÍSICO: PÓ FINO DE CRISTAIS BRANCOS, INODORO, HIGROSCÓPICO, CARACTERÍSTICA ADICIONAL: REAGENTE P.A., FÓRMULA QUÍMICA: NA2HPO4 (DIBÁSICO ANIDRO), GRAU DE PUREZA: PUREZA MÍNIMA DE 99%, MASSA MOLECULAR: 141,96, NÚMERO DE REFERÊNCIA QUÍMICA: CAS 7558-79-4","G",1000.0,0.08,80.0,0.0,"2026-05-22"]
["UNIVERSIDADE FEDERAL DE GOIAS-UF/GO",153052.0,3329.0,"Material","153052-28/2026","MATERIAIS QUÍMICOS, SUBSTÂNCIAS PARA DIAGNÓSTICO, MEIOS DE CULTURA E TESTES - ICB, IPTSP, IQ","Catálogo do Compras.gov.br","Material",6810.0,"PRODUTOS QUÍMICOS",787.0,"HIDRÓXIDO DE POTÁSSIO",347797.0,"ASPECTO FÍSICO: ESCAMA OU LENTILHA BRANCA, INODORA, HIGROSCÓPICA, CARACTERÍSTICA ADICIONAL: REAGENTE P.A., FÓRMULA QUÍMICA: KOH, GRAU DE PUREZA: TEOR MÍNIMO DE 85%, NÚMERO DE REFERÊNCIA QUÍMICA: CAS 1310-58-3, PESO MOLECULAR: 56,11","G",500.0,0.12,60.0,0.0,"2026-05-22"]
["UNIVERSIDADE FEDERAL DE GOIAS-UF/GO",153052.0,3330.0,"Material","153052-28/2026","MATERIAIS QUÍMICOS, SUBSTÂNCIAS PARA DIAGNÓSTICO, MEIOS DE CULTURA E TESTES - ICB, IPTSP, IQ","Catálogo do Compras.gov.br","Material",6810.0,"PRODUTOS QUÍMICOS",18153.0,"CLORETO DE SÓDIO",366473.0,"ASPECTO FÍSICO: PÓ CRISTALINO BRANCO OU CRISTAIS INCOLORES, CARACTERÍSTICA ADICIONAL: REAGENTE P.A. ACS ISO, COMPOSIÇÃO QUÍMICA: NACL ANIDRO, NÚMERO DE REFERÊNCIA QUÍMICA: CAS 7647-14-5, PESO MOLECULAR: 58,45, PUREZA MÍNIMA: PUREZA MÍNIMA DE 99,5%","G",500.0,0.04,20.0,0.0,"2026-05-22"]
["UNIVERSIDADE FEDERAL DE GOIAS-UF/GO",153052.0,3331.0,"Material","153052-28/2026","MATERIAIS QUÍMICOS, SUBSTÂNCIAS PARA DIAGNÓSTICO, MEIOS DE CULTURA E TESTES - ICB, IPTSP, IQ","Catálogo do Compras.gov.br","Material",6810.0,"PRODUTOS QUÍMICOS",16421.0,"PARAFORMALDEÍDO",375421.0,"ASPECTO FÍSICO: PÓ BRANCO, ODOR FORTE E PUNGENTE, FÓRMULA QUÍMICA: (CH2O)N  (P-FORMALDEÍDO), GRAU DE PUREZA: PUREZA MÍNIMA DE 95%, NÚMERO DE REFERÊNCIA QUÍMICA: CAS 30525-89-4, PESO MOLECULAR: 30,03","G",1000.0,0.28,280.0,0.0,"2026-05-22"]
["UNIVERSIDADE FEDERAL DE GOIAS-UF/GO",153052.0,3332.0,"Material","153052-28/2026","MATERIAIS QUÍMICOS, SUBSTÂNCIAS PARA DIAGNÓSTICO, MEIOS DE CULTURA E TESTES - ICB, IPTSP, IQ","Catálogo do Compras.gov.br","Material",6810.0,"PRODUTOS QUÍMICOS",18658.0,"DEXTROSE",402718.0,"ASPECTO FÍSICO: CRISTAL INCOLOR OU PÓ BRANCO CRISTALINO, INODORO, CARACTERÍSTICA ADICIONAL: PADRÃO DE REFERÊNCIA ANALÍTICO, FÓRMULA QUÍMICA: C6H12O6 (COMPOSTO ANIDRO), GRAU DE PUREZA: PUREZA MÍNIMA DE 99,9%, NÚMERO DE REFERÊNCIA QUÍMICA: CAS 50-99-7, PESO MOLECULAR: 180,16","G",1000.0,0.06,60.0,0.0,"2026-05-22"]
["UNIVERSIDADE FEDERAL DE GOIAS-UF/GO",153052.0,3333.0,"Material","153052-28/2026","MATERIAIS QUÍMICOS, SUBSTÂNCIAS PARA DIAGNÓSTICO, MEIOS DE CULTURA E TESTES - ICB, IPTSP, IQ","Catálogo do Compras.gov.br","Material",6810.0,"PRODUTOS QUÍMICOS",18189.0,"ÁLCOOL ETÍLICO",346633.0,"ASPECTO FÍSICO: LÍQUIDO LÍMPIDO, INCOLOR, VOLÁTIL, CARACTERÍSTICA ADICIONAL: ANIDRO, ABSOLUTO, FÓRMULA QUÍMICA: C2H5OH, GRAU DE PUREZA: MÍNIMO DE 99,7% P/P INPM, NÚMERO DE REFERÊNCIA QUÍMICA: CAS 64-17-5, PESO MOLECULAR: 46,07, TEOR ALCOÓLICO: MÍNIMO DE 99,5°GL","L",1.0,16.5,16.5,0.0,"2026-05-22"]
["UNIVERSIDADE FEDERAL DE GOIAS-UF/GO",153052.0,3334.0,"Material","153052-28/2026","MATERIAIS QUÍMICOS, SUBSTÂNCIAS PARA DIAGNÓSTICO, MEIOS DE CULTURA E TESTES - ICB, IPTSP, IQ","Catálogo do Compras.gov.br","Material",6810.0,"PRODUTOS QUÍMICOS",13489.0,"XILENO",346185.0,"ASPECTO FÍSICO: LÍQUIDO LÍMPIDO, INCOLOR, INFLAMÁVEL, CARACTERÍSTICA ADICIONAL: REAGENTE P.A., FÓRMULA QUÍMICA: C6H4(CH3)2 - MISTURA DE ISÔMEROS ORTO, PARA E META, GRAU DE PUREZA: PUREZA MÍNIMA DE 98%, NÚMERO DE REFERÊNCIA QUÍMICA: CAS 1330-20-7, PESO MOLECULAR: 106,17","L",2.0,44.45,88.9,0.0,"2026-05-22"]
["UNIVERSIDADE FEDERAL DE GOIAS-UF/GO",153052.0,3335.0,"Material","153052-28/2026","MATERIAIS QUÍMICOS, SUBSTÂNCIAS PARA DIAGNÓSTICO, MEIOS DE CULTURA E TESTES - ICB, IPTSP, IQ","Catálogo do Compras.gov.br","Material",6810.0,"PRODUTOS QUÍMICOS",18189.0,"ÁLCOOL ETÍLICO",444849.0,"ASPECTO FÍSICO: LÍQUIDO, FÓRMULA QUÍMICA: C2H6O, GRAU DE PUREZA: PUREZA MÍNIMA DE 96%, NÚMERO DE REFERÊNCIA QUÍMICA: CAS 64-17-5, PESO MOLECULAR: 46,07","L",10.0,12.4,124.0,0.0,"2026-05-22"]
["UNIVERSIDADE FEDERAL DE GOIAS-UF/GO",153052.0,3336.0,"Material","153052-28/2026","MATERIAIS QUÍMICOS, SUBSTÂNCIAS PARA DIAGNÓSTICO, MEIOS DE CULTURA E TESTES - ICB, IPTSP, IQ","Catálogo do Compras.gov.br","Material",6810.0,"PRODUTOS QUÍMICOS",790.0,"HIPOCLORITO DE SÓDIO",343298.0,"ASPECTO FÍSICO: LÍQUIDO AMARELO ESVERDEADO, CARACTERÍSTICAS ADICIONAIS: PRODUTO CONCENTRADO, NÃO ESTABILIZADO, CONCENTRAÇÃO: TEOR MÍNIMO DE 10 % DE CLORO ATIVO","L",10.0,7.8,78.0,0.0,"2026-05-22"]
["UNIVERSIDADE FEDERAL DE GOIAS-UF/GO",153052.0,3337.0,"Material","153052-28/2026","MATERIAIS QUÍMICOS, SUBSTÂNCIAS PARA DIAGNÓSTICO, MEIOS DE CULTURA E TESTES - ICB, IPTSP, IQ","Catálogo do Compras.gov.br","Material",8040.0,"ADESIVOS",3262.0,"BÁLSAMO DO CANADÁ",244472.0,"ASPECTO FÍSICO: LÍQUIDO VISCOSO, COR: AMARELO-CLARA, DENSIDADE: 0,99, ORIGEM: RESINA EXTRAÍDA DA MADEIRA","FR",3.0,272.0,816.0,0.0,"2026-05-22"]
["UNIVERSIDADE FEDERAL DE GOIAS-UF/GO",153052.0,1979.0,"Material","153052-11/2026","EQUIPAMENTOS ESPECÍFICOS PARA LABORATÓRIO","Catálogo do Compras.gov.br","Material",4110.0,"EQUIPAMENTO PARA REFRIGERAÇÃO",12668.0,"TERMÔMETRO",452542.0,"APLICAÇÃO: LABORATÓRIO, CARACTERÍSTICAS ADICIONAIS: CAPILAR, DIVISÃO DA ESCALA 1, COMPRIMENTO 260 MM, ELEMENTO EXPANSÃO: LÍQUIDO AVERMELHADO, FAIXA MEDIÇÃO TEMPERATURA: - 10 A 110, MATERIAL: VIDRO, PRECISÃO: 1, TIPO: ANALÓGICO","UN",20.0,30.0,600.0,0.0,"2026-06-26"]
["UNIVERSIDADE FEDERAL DE GOIAS-UF/GO",153052.0,1958.0,"Serviço","153052-169/2026","CIDARQ - SERVIÇO DE LIMPEZA","Catálogo do Compras.gov.br","Serviço",853.0,"SERVIÇOS DE LIMPEZA",null,null,24023.0,"PRESTAÇÃO DE SERVIÇO DE LIMPEZA E CONSERVAÇÃO - OUTRAS      NECESSIDADES","-",2.0,20000.0,40000.0,0.0,"2026-08-04"]
["UNIVERSIDADE FEDERAL DE GOIAS-UF/GO",153052.0,1980.0,"Material","153052-11/2026","EQUIPAMENTOS ESPECÍFICOS PARA LABORATÓRIO","Catálogo do Compras.gov.br","Material",6670.0,"ESCALAS E BALANÇAS",14489.0,"BALANÇA ELETRÔNICA",436111.0,"CAPACIDADE PESAGEM: 3,100, CARACTERÍSTICAS ADICIONAIS: LINEARIDADE +/-0,02G, DIMENSÕES: 30 X 19 X 8, SENSIBILIDADE: 0,01, TIPO: PRECISÃO, TIPO PAINEL: DIGITAL, VOLTAGEM: 110/220","UN",1.0,4790.0,4790.0,0.0,"2026-06-26"]
["UNIVERSIDADE FEDERAL DE GOIAS-UF/GO",153052.0,2006.0,"Material","153052-167/2026","DCOM E CEPAE - FILTRO BEBEDOUROS","Catálogo do Compras.gov.br","Material",4330.0,"CENTRIFUGADORES, SEPARADORES E FILTROS DE PRESSÃO E A VÁCUO",6446.0,"ELEMENTO FILTRANTE",373471.0,"APLICAÇÃO: FILTRO  5HPC 5\", CAPACIDADE FILTRAGEM: 130, CARACTERÍSTICAS ADICIONAIS: CARVÃO ATIVADO COM PRATA, ESPESSURA: 5, MATERIAL: POLIPROPILENO, TEMPERATURA MÁXIMA: 50","UN",2.0,21.0,42.0,0.0,"2026-06-01"]
["UNIVERSIDADE FEDERAL DE GOIAS-UF/GO",153052.0,1959.0,"Material","153052-168/2026","BC - AQUISIÇÃO DE BIBLIOCANTO","Catálogo do Compras.gov.br","Material",7510.0,"ARTIGOS PARA ESCRITÓRIO",1340.0,"BIBLIOCANTO",352027.0,"ALTURA: 20, COR: CINZA, ESPESSURA: 1,20, FORMATO: EM \"L\", LARGURA: 20, MATERIAL: CHAPA AÇO, PROFUNDIDADE: 20, TRATAMENTO SUPERFICIAL: ANTI-FERRUGEM","UN",200.0,30.0,6000.0,0.0,"2026-06-02"]
["UNIVERSIDADE FEDERAL DE GOIAS-UF/GO",153052.0,1981.0,"Material","153052-11/2026","EQUIPAMENTOS ESPECÍFICOS PARA LABORATÓRIO","Catálogo do Compras.gov.br","Material",5220.0,"CALIBRES DE INSPEÇÃO E FERRAMENTAS DE PRECISÃO",4299.0,"PAQUÍMETRO ESPECIAL",327048.0,"APLICAÇÃO: MEDIÇÃO DENTES DE ENGRENAGEM, CAPACIDADE: MÓDULO 1 A 26, CARACTERÍSTICAS ADICIONAIS: BICOS MEDIÇÃO EM METAL DURO ALTA RESISTÊNCIA E  PA, MATERIAL: AÇO INOXIDÁVEL TEMPERADO, RESOLUÇÃO: 0,02, TIPO ESCALA: MÉTRICA","UN",2.0,230.99,461.98,0.0,"2026-06-26"]
["UNIVERSIDADE FEDERAL DE GOIAS-UF/GO",153052.0,1982.0,"Material","153052-11/2026","EQUIPAMENTOS ESPECÍFICOS PARA LABORATÓRIO","Catálogo do Compras.gov.br","Material",5220.0,"CALIBRES DE INSPEÇÃO E FERRAMENTAS DE PRECISÃO",1039.0,"PAQUÍMETRO DIGITAL",602052.0,"ALIMENTAÇÃO: BATERIA, CAPACIDADE: 300, CARACTERÍSTICAS ADICIONAIS: FUNÇÃO BATERIA BAIXA CARGA, FUNÇÕES: CONVERSÃO DE UNIDADES DE MEDIDA MM/POL, MATERIAL: AÇO INOXIDÁVEL TEMPERADO ALTA RESISTÊNCIA, RESOLUÇÃO: 0,01","UN",2.0,957.33,1914.66,0.0,"2026-06-26"]
["UNIVERSIDADE FEDERAL DE GOIAS-UF/GO",153052.0,1962.0,"Material","153052-11/2026","EQUIPAMENTOS ESPECÍFICOS PARA LABORATÓRIO","Catálogo do Compras.gov.br","Material",5220.0,"CALIBRES DE INSPEÇÃO E FERRAMENTAS DE PRECISÃO",1039.0,"PAQUÍMETRO DIGITAL",620900.0,"ALIMENTAÇÃO: BATERIA CR 2032 OU LR-44, CAPACIDADE: 0,0 A 150,0 MM, CARACTERÍSTICAS ADICIONAIS: COM ROLDANA PARA AJUSTE RAPIDO, BOTÃO QUE PERMITA, MATERIAL: AÇO INOXIDAVEL, PRECISÃO: 0,02, RESOLUÇÃO: 0,01","UN",1.0,895.21,895.21,0.0,"2026-06-26"]
["UNIVERSIDADE FEDERAL DE GOIAS-UF/GO",153052.0,1963.0,"Material","153052-11/2026","EQUIPAMENTOS ESPECÍFICOS PARA LABORATÓRIO","Catálogo do Compras.gov.br","Material",5220.0,"CALIBRES DE INSPEÇÃO E FERRAMENTAS DE PRECISÃO",4299.0,"PAQUÍMETRO ESPECIAL",327048.0,"APLICAÇÃO: MEDIÇÃO DENTES DE ENGRENAGEM, CAPACIDADE: MÓDULO 1 A 26, CARACTERÍSTICAS ADICIONAIS: BICOS MEDIÇÃO EM METAL DURO ALTA RESISTÊNCIA E  PA, MATERIAL: AÇO INOXIDÁVEL TEMPERADO, RESOLUÇÃO: 0,02, TIPO ESCALA: MÉTRICA","UN",2.0,204.88,409.76,0.0,"2026-06-26"]
["UNIVERSIDADE FEDERAL DE GOIAS-UF/GO",153052.0,1961.0,"Material","153052-11/2026","EQUIPAMENTOS ESPECÍFICOS PARA LABORATÓRIO","Catálogo do Compras.gov.br","Material",4110.0,"EQUIPAMENTO PARA REFRIGERAÇÃO",12668.0,"TERMÔMETRO",366333.0,"APLICAÇÃO: NUTRIÇÃO HOSPITALAR, CARACTERÍSTICAS ADICIONAIS: TECLA LIGA E DESLIGA, ALARME A PROVA D'ÁGUA, FAIXA MEDIÇÃO TEMPERATURA: - 50°C A 300, MATERIAL: AÇO INOXIDÁVEL, TIPO: ESPETO","UN",4.0,60.0,240.0,0.0,"2026-06-26"]
["UNIVERSIDADE FEDERAL DE GOIAS-UF/GO",153052.0,1972.0,"Material","153052-11/2026","EQUIPAMENTOS ESPECÍFICOS PARA LABORATÓRIO","Catálogo do Compras.gov.br","Material",6670.0,"ESCALAS E BALANÇAS",490.0,"BALANÇA ANALÍTICA",287577.0,"CAPACIDADE: 200, CARACTERÍSTICAS ADICIONAIS: PROTEÇÃO VENTO EM VIDRO, ALTURA LIVRE 250MM, PÉS R, DIÂMETRO PRATO: 100, FREQUÊNCIA: 50/60, RESOLUÇÃO: 0,001, TEMPO MEDIÇÃO: 3 A 10, TIPO PAINEL: DIGITAL, LARGURA: 210, ALTURA: 290, PROFUNDIDADE: 292","UN",6.0,3000.0,18000.0,0.0,"2026-06-26"]
["UNIVERSIDADE FEDERAL DE GOIAS-UF/GO",153052.0,1973.0,"Material","153052-11/2026","EQUIPAMENTOS ESPECÍFICOS PARA LABORATÓRIO","Catálogo do Compras.gov.br","Material",6630.0,"INSTRUMENTOS PARA ANÁLISES QUÍMICAS",15437.0,"COLUNA PARA HPLC",413017.0,"CARACTERÍSTICAS ADICIONAIS: QUIMICAMENTE LIGADA A GRUPO OCTADECILSILANO, COMPRIMENTO: 150, DIÂMETRO: 4,60, MATERIAL: SILICA, REVESTIMENTO: AÇO INOXIDÁVEL, TAMANHO PARTÍCULAS: 5","UN",2.0,3048.0,6096.0,0.0,"2026-06-26"]
["UNIVERSIDADE FEDERAL DE GOIAS-UF/GO",153052.0,1974.0,"Material","153052-11/2026","EQUIPAMENTOS ESPECÍFICOS PARA LABORATÓRIO","Catálogo do Compras.gov.br","Material",6630.0,"INSTRUMENTOS PARA ANÁLISES QUÍMICAS",17981.0,"PLACA CROMATOGRÁFICA",405072.0,"APLICAÇÃO: LABORATÓRIO, CARACTERÍSTICAS ADICIONAIS: DIMENSÕES: 200 X 200 X 0,2 MM, COMPOSIÇÃO: SILICA GEL 60 F 254","CX",4.0,960.0,3840.0,0.0,"2026-06-26"]
["UNIVERSIDADE FEDERAL DE GOIAS-UF/GO",153052.0,1975.0,"Material","153052-11/2026","EQUIPAMENTOS ESPECÍFICOS PARA LABORATÓRIO","Catálogo do Compras.gov.br","Material",6630.0,"INSTRUMENTOS PARA ANÁLISES QUÍMICAS",15449.0,"PRÉ-COLUNA PARA HPLC",458268.0,"APLICAÇÃO: ANÁLISES LABORATORIAIS, CARACTERÍSTICAS ADICIONAIS: FORMATO: GUARD COLUMN, COMPRIMENTO: 10, DIÂMETRO: 4","UN",2.0,2540.0,5080.0,0.0,"2026-06-26"]
["UNIVERSIDADE FEDERAL DE GOIAS-UF/GO",153052.0,1976.0,"Material","153052-11/2026","EQUIPAMENTOS ESPECÍFICOS PARA LABORATÓRIO","Catálogo do Compras.gov.br","Material",6630.0,"INSTRUMENTOS PARA ANÁLISES QUÍMICAS",5370.0,"COLUNA CROMATOGRÁFICA",458181.0,"APLICAÇÃO: CROMOTOGRAFIA GASOSA, CARACTERÍSTICAS ADICIONAIS: PARA DETERMINAÇÃO DE ESTERÓIS, COMPOSIÇÃO: 95 % DIMETIL E 5 POR CENTO DIFENILPOLISILOX, COMPRIMENTO: 30, DIÂMETRO: O,25, ESPESSURA FILME: 0,25, REFERÊNCIA: CAPILAR","UN",2.0,3186.0,6372.0,0.0,"2026-06-26"]
["UNIVERSIDADE FEDERAL DE GOIAS-UF/GO",153052.0,1977.0,"Material","153052-11/2026","EQUIPAMENTOS ESPECÍFICOS PARA LABORATÓRIO","Catálogo do Compras.gov.br","Material",6630.0,"INSTRUMENTOS PARA ANÁLISES QUÍMICAS",15449.0,"PRÉ-COLUNA PARA HPLC",413738.0,"APLICAÇÃO: CROMATOGRAFIA LÍQUIDA DE ALTO DESEMPENHO, CARACTERÍSTICAS ADICIONAIS: LIGADA A CADEIAS DE C-18, COMPRIMENTO: 4, DIÂMETRO: 3, MATERIAL: SILICA, REVESTIMENTO: AÇO INOXIDÁVEL, TAMANHO PARTÍCULAS: 5","UN",2.0,2574.0,5148.0,0.0,"2026-06-26"]
["UNIVERSIDADE FEDERAL DE GOIAS-UF/GO",153052.0,1990.0,"Material","153052-11/2026","EQUIPAMENTOS ESPECÍFICOS PARA LABORATÓRIO","Catálogo do Compras.gov.br","Material",6640.0,"EQUIPAMENTOS E ARTIGOS DE LABORATÓRIO",5537.0,"CONDENSADOR",464039.0,"ADICIONAL: COM 2 JUNTAS, COMPRIMENTO: CERCA DE 20, MATERIAL: VIDRO, TIPO: TIPO ALLIHN, TIPO COLUNA: COLUNA EM BOLA","UN",2.0,450.0,900.0,0.0,"2026-06-26"]
["UNIVERSIDADE FEDERAL DE GOIAS-UF/GO",153052.0,1991.0,"Material","153052-11/2026","EQUIPAMENTOS ESPECÍFICOS PARA LABORATÓRIO","Catálogo do Compras.gov.br","Material",6640.0,"EQUIPAMENTOS E ARTIGOS DE LABORATÓRIO",526.0,"AGITADOR MAGNÉTICO",452706.0,"AJUSTE: AJUSTE MECÂNICO, BOTÃO CONTROLE VELOCIDADE, CAPACIDADE: ATÉ 2, MATERIAL: GABINETE METÁLICO, ANTICORROSIVO, ROTAÇÃO: ATÉ 2000, TEMPERATURA: CONTROLE TEMPERATURA ATÉ 400","UN",1.0,2000.0,2000.0,0.0,"2026-06-26"]
["UNIVERSIDADE FEDERAL DE GOIAS-UF/GO",153052.0,1992.0,"Material","153052-11/2026","EQUIPAMENTOS ESPECÍFICOS PARA LABORATÓRIO","Catálogo do Compras.gov.br","Material",6640.0,"EQUIPAMENTOS E ARTIGOS DE LABORATÓRIO",9118.0,"MANTA AQUECEDORA",416189.0,"AJUSTE: AJUSTE MECÂNICO, BOTÃO CONTROLE, CAPACIDADE: 1000, TEMPERATURA: ATÉ 300, TIPO: PARA BALÃO","UN",1.0,750.0,750.0,0.0,"2026-06-26"]
["UNIVERSIDADE FEDERAL DE GOIAS-UF/GO",153052.0,1993.0,"Material","153052-11/2026","EQUIPAMENTOS ESPECÍFICOS PARA LABORATÓRIO","Catálogo do Compras.gov.br","Material",6640.0,"EQUIPAMENTOS E ARTIGOS DE LABORATÓRIO",7059.0,"MICROSCÓPIO",601089.0,"ADICIONAL: INCLINAÇÃO ATÉ 45°, ROTAÇÃO DE 360°, AUMENTO: OBJETIVAS ATÉ 100X, ZOOM ATÉ 1600X, COMPONENTES: ILUMINAÇÃO EM LED, TIPO: BINOCULAR, TIPO DE ANÁLISE: ÓTICO","UN",3.0,2000.0,6000.0,0.0,"2026-06-26"]
["UNIVERSIDADE FEDERAL DE GOIAS-UF/GO",153052.0,1994.0,"Material","153052-11/2026","EQUIPAMENTOS ESPECÍFICOS PARA LABORATÓRIO","Catálogo do Compras.gov.br","Material",4110.0,"EQUIPAMENTO PARA REFRIGERAÇÃO",12668.0,"TERMÔMETRO",600067.0,"ALIMENTAÇÃO: BATERIA 1,5V TAMANHO AA, APLICAÇÃO: TEMPERATURA DE SUPERFÍCIES ENTRE 10 A 60 ºC, CARACTERÍSTICAS ADICIONAIS: PARÂMETROS: EMISSIVIDADE, TEMPERATURA REFLETIDA,, FAIXA MEDIÇÃO TEMPERATURA: -20 A 400, MATERIAL: PLÁSTICO, TIPO: TERMOVISOR  INFRAVERMELHO PORTÁTIL","UN",2.0,1461.0,2922.0,0.0,"2026-06-26"]
["UNIVERSIDADE FEDERAL DE GOIAS-UF/GO",153052.0,1978.0,"Material","153052-11/2026","EQUIPAMENTOS ESPECÍFICOS PARA LABORATÓRIO","Catálogo do Compras.gov.br","Material",6630.0,"INSTRUMENTOS PARA ANÁLISES QUÍMICAS",9540.0,"MEDIDOR ÍNDICE ACIDEZ",440330.0,"CARACTERÍSTICAS ADICIONAIS: CALIBRAÇÃO PH AUTOMATICA 5 PONTOS, FAIXA MEDIÇÃO: DE -2,00 A +20,00 PH, MATERIAL CORPO: PLÁSTICO, MODELO: DIGITAL, TENSÃO: 110/220, TIPO: BANCADA","UN",1.0,1400.0,1400.0,0.0,"2026-06-26"]
["UNIVERSIDADE FEDERAL DE GOIAS-UF/GO",153052.0,1960.0,"Material","153052-11/2026","EQUIPAMENTOS ESPECÍFICOS PARA LABORATÓRIO","Catálogo do Compras.gov.br","Material",6640.0,"EQUIPAMENTOS E ARTIGOS DE LABORATÓRIO",17489.0,"CUBA LABORATÓRIO",424164.0,"ACESSÓRIOS: C/ TAMPA, CAPACIDADE: ATÉ 30 LÂMINAS, MATERIAL: VIDRO, TIPO: VERTICAL","UN",1.0,2250.0,2250.0,0.0,"2026-06-26"]
["UNIVERSIDADE FEDERAL DE GOIAS-UF/GO",153052.0,1964.0,"Material","153052-11/2026","EQUIPAMENTOS ESPECÍFICOS PARA LABORATÓRIO","Catálogo do Compras.gov.br","Material",4110.0,"EQUIPAMENTO PARA REFRIGERAÇÃO",12668.0,"TERMÔMETRO",384214.0,"ALIMENTAÇÃO: PILHA, APLICAÇÃO: GELADEIRA, CARACTERÍSTICAS ADICIONAIS: DISPLAY CRISTAL, BASE MAGNÉTICA, ALARME, SENSOR, FAIXA MEDIÇÃO TEMPERATURA: -50°C A +70, MATERIAL: PLÁSTICO, TIPO: DIGITAL","UN",4.0,100.0,400.0,0.0,"2026-06-26"]
["UNIVERSIDADE FEDERAL DE GOIAS-UF/GO",153052.0,1983.0,"Material","153052-11/2026","EQUIPAMENTOS ESPECÍFICOS PARA LABORATÓRIO","Catálogo do Compras.gov.br","Material",5220.0,"CALIBRES DE INSPEÇÃO E FERRAMENTAS DE PRECISÃO",878.0,"MICRÔMETRO EXTERNO",602045.0,"CAPACIDADE: 0 A 25, CARACTERÍSTICAS ADICIONAIS: PONTAS DE CONTATO EM METAL DURO, COMPONENTES: CATRACA, LEITURA: 0,01, MATERIAL: ARCO AÇO FORJADO","UN",1.0,653.8,653.8,0.0,"2026-06-26"]
["UNIVERSIDADE FEDERAL DE GOIAS-UF/GO",153052.0,1984.0,"Material","153052-11/2026","EQUIPAMENTOS ESPECÍFICOS PARA LABORATÓRIO","Catálogo do Compras.gov.br","Material",5220.0,"CALIBRES DE INSPEÇÃO E FERRAMENTAS DE PRECISÃO",1038.0,"MICRÔMETRO DIGITAL",262471.0,"CAPACIDADE: 0 A 25, MATERIAL: DISPLAY CRISTAL LÍQUIDO, PRECISÃO: APROXIMADAMENTE 2, RESOLUÇÃO: 0,001","UN",1.0,449.0,449.0,0.0,"2026-06-26"]
["UNIVERSIDADE FEDERAL DE GOIAS-UF/GO",153052.0,1985.0,"Material","153052-11/2026","EQUIPAMENTOS ESPECÍFICOS PARA LABORATÓRIO","Catálogo do Compras.gov.br","Material",5220.0,"CALIBRES DE INSPEÇÃO E FERRAMENTAS DE PRECISÃO",14701.0,"PAQUÍMETRO UNIVERSAL",607663.0,"APLICAÇÃO: MEDIÇÃO EXTERNA/INTERNA E PROFUNDIDADE, CAPACIDADE: 0 - 150, MATERIAL: PLÁSTICO, TIPO ESCALA: MÉTRICA COM GRADUAÇÃO DE 0,05MM","UN",1.0,30.38,30.38,0.0,"2026-06-26"]
["UNIVERSIDADE FEDERAL DE GOIAS-UF/GO",153052.0,1971.0,"Material","153052-11/2026","EQUIPAMENTOS ESPECÍFICOS PARA LABORATÓRIO","Catálogo do Compras.gov.br","Material",6640.0,"EQUIPAMENTOS E ARTIGOS DE LABORATÓRIO",4681.0,"ESTUFA LABORATÓRIO",415169.0,"ADICIONAL: C/ VEDAÇÃO, AJUSTE: AJUSTE DIGITAL,C/ PAINEL DE CONTROLE, PROGRAMÁVEL, CAPACIDADE: CERCA DE 250, COMPONENTES: C/ ATÉ 3 BANDEJAS, MATERIAL*: GABINETE AÇO INOX, TEMPERATURA: ATÉ 300, TIPO: C/ RENOVAÇÃO AR","UN",1.0,7000.0,7000.0,0.0,"2026-06-26"]
["UNIVERSIDADE FEDERAL DE GOIAS-UF/GO",153052.0,1986.0,"Material","153052-11/2026","EQUIPAMENTOS ESPECÍFICOS PARA LABORATÓRIO","Catálogo do Compras.gov.br","Material",6530.0,"MOBILIÁRIO, EQUIPAMENTOS, UTENSÍLIOS E  SUPRIMENTOS  HOSPITALARES",{"$nulls":4},"-",0.0,0.0,2500.0,0.0,"2026-06-26"]
["UNIVERSIDADE FEDERAL DE GOIAS-UF/GO",153052.0,1987.0,"Material","153052-11/2026","EQUIPAMENTOS ESPECÍFICOS PARA LABORATÓRIO","Catálogo do Compras.gov.br","Material",6530.0,"MOBILIÁRIO, EQUIPAMENTOS, UTENSÍLIOS E  SUPRIMENTOS  HOSPITALARES",9649.0,"MESA DE MAYO",415922.0,"ALTURA: ALTURA REGULÁVEL, COMPONENTES: BANDEJA AÇO INOX MÍNIMO DE 46 X 30CM, MATERIAL: ESTRUTURA TUBULAR EM AÇO INOX, OUTROS COMPONENTES: 3 RODÍZIOS","UN",1.0,262.0,262.0,0.0,"2026-06-26"]
["UNIVERSIDADE FEDERAL DE GOIAS-UF/GO",153052.0,1988.0,"Material","153052-11/2026","EQUIPAMENTOS ESPECÍFICOS PARA LABORATÓRIO","Catálogo do Compras.gov.br","Material",6530.0,"MOBILIÁRIO, EQUIPAMENTOS, UTENSÍLIOS E  SUPRIMENTOS  HOSPITALARES",30261.0,"VÁLVULA REGULADORA PARA GASES MEDICINAIS",621803.0,"COMPATIBILIDADE: P/ CILINDRO, COMPONENTE: C/ 1 MANÔMETRO, MATERIAL: LATÃO CROMADO E POLÍMERO, MODELO: VÁLVULA REGULADORA DE PRESSÃO, TIPO DE GÁS: P/ OXIGÊNIO","UN",1.0,293.0,293.0,0.0,"2026-06-26"]
["UNIVERSIDADE FEDERAL DE GOIAS-UF/GO",153052.0,1989.0,"Material","153052-11/2026","EQUIPAMENTOS ESPECÍFICOS PARA LABORATÓRIO","Catálogo do Compras.gov.br","Material",6530.0,"MOBILIÁRIO, EQUIPAMENTOS, UTENSÍLIOS E  SUPRIMENTOS  HOSPITALARES",17467.0,"ARMÁRIO VITRINE",365063.0,"ALTURA: 1,65, APLICAÇÃO: USO HOSPITALAR, CARACTERÍSTICAS ADICIONAIS: FUNDO E TETO EM CHAPA AÇO ESMALTADO, LARGURA: 0,65, MATERIAL PORTA: VIDRO 3MM, MATERIAL PRATELEIRAS: 4 PRATELEIRAS VIDRO C/ 4MM ESPESSURA, PROFUNDIDADE: 0,40, QUANTIDADE PORTAS: 2 PORTAS, TIPO FECHADURA: FECHADURA CILÍNDRICA","UN",1.0,1001.3,1001.3,0.0,"2026-06-26"]
["UNIVERSIDADE FEDERAL DE GOIAS-UF/GO",153052.0,1995.0,"Material","153052-11/2026","EQUIPAMENTOS ESPECÍFICOS PARA LABORATÓRIO","Catálogo do Compras.gov.br","Material",6670.0,"ESCALAS E BALANÇAS",14489.0,"BALANÇA ELETRÔNICA",385395.0,"CAPACIDADE PESAGEM: 150, CARACTERÍSTICAS ADICIONAIS: COM SISTEMA DE MEDIÇÃO DE BIOPEDÂNCIA, TIPO: DIGITAL, VOLTAGEM: 110/220","UN",1.0,4180.0,4180.0,0.0,"2026-06-26"]
["UNIVERSIDADE FEDERAL DE GOIAS-UF/GO",153052.0,1996.0,"Material","153052-11/2026","EQUIPAMENTOS ESPECÍFICOS PARA LABORATÓRIO","Catálogo do Compras.gov.br","Serviço",182.0,"SERVIÇOS DE  LICENCIAMENTO E  CONTRATOS DE TRANSFERÊNCIA DE TECNOLOGIA",null,null,27502.0,"CESSÃO TEMPORÁRIA DE DIREITOS SOBRE PROGRAMAS DE COMPUTADOR LOCAÇÃO DE SOFTWARE","-",1.0,130.0,130.0,0.0,"2026-06-26"]
["UNIVERSIDADE FEDERAL DE GOIAS-UF/GO",153052.0,2005.0,"Material","153052-167/2026","DCOM E CEPAE - FILTRO BEBEDOUROS","Catálogo do Compras.gov.br","Material",4330.0,"CENTRIFUGADORES, SEPARADORES E FILTROS DE PRESSÃO E A VÁCUO",6446.0,"ELEMENTO FILTRANTE",373471.0,"APLICAÇÃO: FILTRO  5HPC 5\", CAPACIDADE FILTRAGEM: 130, CARACTERÍSTICAS ADICIONAIS: CARVÃO ATIVADO COM PRATA, ESPESSURA: 5, MATERIAL: POLIPROPILENO, TEMPERATURA MÁXIMA: 50","UN",100.0,21.0,2100.0,0.0,"2026-06-01"]
["UNIVERSIDADE FEDERAL DE GOIAS-UF/GO",153052.0,2030.0,"Material","153052-12/2026","ELETRODOMÉSTICOS E EQUIPAMENTOS COMUNS","Catálogo do Compras.gov.br","Material",4610.0,"EQUIPAMENTOS PARA PURIFICAÇÃO DE ÁGUA",15695.0,"APARELHO PURIFICADOR DE ÁGUA",622129.0,"CARACTERÍSTICAS ADICIONAIS: LÂMPADA ULTRAVIOLETA/MICRO FILTRO, TIPO: OSMOSE REVERSA, VAZÃO: 2, VOLTAGEM: BIVOLT","UN",1.0,650.0,650.0,0.0,"2026-07-10"]
["UNIVERSIDADE FEDERAL DE GOIAS-UF/GO",153052.0,2040.0,"Material","153052-12/2026","ELETRODOMÉSTICOS E EQUIPAMENTOS COMUNS","Catálogo do Compras.gov.br","Material",7310.0,"EQUIPAMENTOS PARA COZINHAR, ASSAR E SERVIR ALIMENTOS",1045.0,"FORNO MICROONDAS",298405.0,"CAPACIDADE: 28, CARACTERÍSTICAS ADICIONAIS: PRATO GIRATÓRIO/TRAVA DE SEGURANÇA/ PAINEL DIGITAL, COR: BRANCA, POTÊNCIA: 900, VOLTAGEM: 220","UN",2.0,1000.0,2000.0,0.0,"2026-07-10"]
["UNIVERSIDADE FEDERAL DE GOIAS-UF/GO",153052.0,2088.0,"Material","153052-13/2026","ARES CONDICIONADOS","Catálogo do Compras.gov.br","Material",4120.0,"EQUIPAMENTO DE AR CONDICIONADO",13768.0,"APARELHO AR CONDICIONADO",618525.0,"CAPACIDADE REFRIGERAÇÃO: 12.000, CARACTERÍSTICAS ADICIONAIS: COM CONTROLE REMOTO SEM FIO, CARACTERÍSTICAS ADICIONAIS 1: CONTROLE REMOTO S/FIO, QUENTE/FRIO, SELO PROCEL, FREQÜÊNCIA: 60, GARANTIA: 1, MODELO: SPLIT INVERTER, TENSÃO: 220, TIPO: SPLIT HI WALL","UN",5.0,2500.0,12500.0,0.0,"2026-08-14"]
["UNIVERSIDADE FEDERAL DE GOIAS-UF/GO",153052.0,2101.0,"Material","153052-13/2026","ARES CONDICIONADOS","Catálogo do Compras.gov.br","Material",4120.0,"EQUIPAMENTO DE AR CONDICIONADO",13768.0,"APARELHO AR CONDICIONADO",617852.0,"CAPACIDADE REFRIGERAÇÃO: 18.000, CARACTERÍSTICAS ADICIONAIS: COM CONTROLE REMOTO SEM FIO, FREQÜÊNCIA: 60, GARANTIA: 1, MODELO: PISO-TETO INVERTER, TENSÃO: 220, TIPO: SPLIT","UN",2.0,4000.0,8000.0,0.0,"2026-08-14"]
["UNIVERSIDADE FEDERAL DE GOIAS-UF/GO",153052.0,2017.0,"Material","153052-12/2026","ELETRODOMÉSTICOS E EQUIPAMENTOS COMUNS","Catálogo do Compras.gov.br","Material",7310.0,"EQUIPAMENTOS PARA COZINHAR, ASSAR E SERVIR ALIMENTOS",1045.0,"FORNO MICROONDAS",446092.0,"CAPACIDADE: 34, MATERIAL: AÇO INOXIDÁVEL, POTÊNCIA: 1.000, VOLTAGEM: 110/220","UN",7.0,649.0,4543.0,0.0,"2026-07-10"]
["UNIVERSIDADE FEDERAL DE GOIAS-UF/GO",153052.0,2044.0,"Material","153052-12/2026","ELETRODOMÉSTICOS E EQUIPAMENTOS COMUNS","Catálogo do Compras.gov.br","Material",3510.0,"EQUIPAMENTOS DE LAVANDERIA E LAVAGEM A SECO",9309.0,"MÁQUINA LAVAR ROUPA",469917.0,"APLICAÇÃO: DOMÉSTICA, CAPACIDADE: 10, CARACTERÍSTICAS ADICIONAIS: PAINEL MECÂNICO,  COM 6 PROGRAMAS DE LAVAGEM, TIPO: TANQUINHO AUTOMÁTICO, VOLTAGEM: 127","UN",1.0,550.0,550.0,0.0,"2026-07-10"]
["UNIVERSIDADE FEDERAL DE GOIAS-UF/GO",153052.0,2045.0,"Material","153052-12/2026","ELETRODOMÉSTICOS E EQUIPAMENTOS COMUNS","Catálogo do Compras.gov.br","Material",3510.0,"EQUIPAMENTOS DE LAVANDERIA E LAVAGEM A SECO",9309.0,"MÁQUINA LAVAR ROUPA",445415.0,"APLICAÇÃO: DOMÉSTICA, LAVAGEM/ENXÁGÜE E CENTRIFUGAÇÃO, CAPACIDADE: 11, CARACTERÍSTICAS ADICIONAIS: COM 5 PROGRAMAS DE LAVAGEM E ABERTURA SUPERIOR, MATERIAL CESTO: AÇO INOXIDÁVEL, MATERIAL GABINETE: METÁLICO, TIPO: AUTOMÁTICA, VOLTAGEM: 127/220","UN",1.0,2000.0,2000.0,0.0,"2026-07-10"]
["UNIVERSIDADE FEDERAL DE GOIAS-UF/GO",153052.0,2046.0,"Material","153052-12/2026","ELETRODOMÉSTICOS E EQUIPAMENTOS COMUNS","Catálogo do Compras.gov.br","Material",3510.0,"EQUIPAMENTOS DE LAVANDERIA E LAVAGEM A SECO",9309.0,"MÁQUINA LAVAR ROUPA",296236.0,"APLICAÇÃO: DOMÉSTICA, CAPACIDADE: 4, CARACTERÍSTICAS ADICIONAIS: COM 3 PROGRAMAS DE LAVAGEM, TIPO: TANQUINHO AUTOMÁTICO, VOLTAGEM: 220","UN",1.0,500.0,500.0,0.0,"2026-07-10"]
["UNIVERSIDADE FEDERAL DE GOIAS-UF/GO",153052.0,2047.0,"Material","153052-12/2026","ELETRODOMÉSTICOS E EQUIPAMENTOS COMUNS","Catálogo do Compras.gov.br","Material",4110.0,"EQUIPAMENTO PARA REFRIGERAÇÃO",13629.0,"REFRIGERADOR DOMÉSTICO",425202.0,"CAPACIDADE: 240, CARACTERÍSTICAS ADICIONAIS: COM SELO DE CERTIFICADO EMITIDO PELO PROCEL, PORTA, COR: BRANCA, TIPO: VERTICAL, VOLTAGEM: 110/220","UN",1.0,2000.0,2000.0,0.0,"2026-07-10"]
["UNIVERSIDADE FEDERAL DE GOIAS-UF/GO",153052.0,2048.0,"Material","153052-12/2026","ELETRODOMÉSTICOS E EQUIPAMENTOS COMUNS","Catálogo do Compras.gov.br","Material",7310.0,"EQUIPAMENTOS PARA COZINHAR, ASSAR E SERVIR ALIMENTOS",17704.0,"FOGÃO ELÉTRICO",617471.0,"ALTURA: 7, COMPONENTES: 2 BOCAS, LARGURA: 43, MATERIAL: AÇO INOXIDÁVEL, POTÊNCIA: 2000, PROFUNDIDADE: 21, VOLTAGEM: 220","UN",2.0,200.0,400.0,0.0,"2026-07-10"]
["UNIVERSIDADE FEDERAL DE GOIAS-UF/GO",153052.0,2049.0,"Material","153052-12/2026","ELETRODOMÉSTICOS E EQUIPAMENTOS COMUNS","Catálogo do Compras.gov.br","Material",7730.0,"FONÓGRAFOS, RÁDIOS E TELEVISORES DE TIPO DOMÉSTICO",12609.0,"TELEVISOR",486188.0,"ACESSÓRIOS: CONTROLE REMOTO, CARACTERÍSTICAS ADICIONAIS: SMART TV, 4 K, WIFI. ENTRADAS HDMI/USB, CONVERSOR, COR: PRETO/PRATA, TAMANHO TELA: 75, TIPO TELA: LED, VOLTAGEM: BIVOLT","UN",3.0,5000.0,15000.0,0.0,"2026-07-10"]
["UNIVERSIDADE FEDERAL DE GOIAS-UF/GO",153052.0,2065.0,"Material","153052-12/2026","ELETRODOMÉSTICOS E EQUIPAMENTOS COMUNS","Catálogo do Compras.gov.br","Material",4110.0,"EQUIPAMENTO PARA REFRIGERAÇÃO",3489.0,"BEBEDOURO ÁGUA",624240.0,"CAPACIDADE ÁGUA: 120, CARACTERÍSTICAS ADICIONAIS: 4 TORNEIRAS LATÃO CROMADO, MATERIAL CORPO: AÇO INOXIDÁVEL, MATERIAL GABINETE: AÇO INOX E POLIURETANO INJETADO, TIPO: INDUSTRIAL, VAZÃO: 120, VOLTAGEM: 220","UN",2.0,3000.0,6000.0,0.0,"2026-07-10"]
["UNIVERSIDADE FEDERAL DE GOIAS-UF/GO",153052.0,2022.0,"Material","153052-12/2026","ELETRODOMÉSTICOS E EQUIPAMENTOS COMUNS","Catálogo do Compras.gov.br","Material",7730.0,"FONÓGRAFOS, RÁDIOS E TELEVISORES DE TIPO DOMÉSTICO",12609.0,"TELEVISOR",471011.0,"ACESSÓRIOS: CONTROLE REMOTO/SLEEP TIME/VHF/UHF E TV A CABO, CARACTERÍSTICAS ADICIONAIS: SMART TV, 4 K, WIFI. ENTRADAS HDMI/USB, CONVERSOR, TAMANHO TELA: 55, TIPO TELA: LED, VOLTAGEM: BIVOLT","UN",1.0,3500.0,3500.0,0.0,"2026-07-10"]
["UNIVERSIDADE FEDERAL DE GOIAS-UF/GO",153052.0,2031.0,"Material","153052-12/2026","ELETRODOMÉSTICOS E EQUIPAMENTOS COMUNS","Catálogo do Compras.gov.br","Material",7310.0,"EQUIPAMENTOS PARA COZINHAR, ASSAR E SERVIR ALIMENTOS",1045.0,"FORNO MICROONDAS",383270.0,"CAPACIDADE: 38, CARACTERÍSTICAS ADICIONAIS: PRATO GIRATÓRIO/TRAVA SEGURANÇA/TIMER/MEMÓRIA, COR: BRANCA, POTÊNCIA: 900, VOLTAGEM: 220","UN",2.0,750.0,1500.0,0.0,"2026-07-10"]
["UNIVERSIDADE FEDERAL DE GOIAS-UF/GO",153052.0,2042.0,"Material","153052-12/2026","ELETRODOMÉSTICOS E EQUIPAMENTOS COMUNS","Catálogo do Compras.gov.br","Material",3610.0,"EQUIPAMENTO PARA IMPRESSÃO, DUPLICAÇÃO E ENCADERNAÇÃO",52.0,"GUILHOTINA",456780.0,"ALAVANCA: NORMAL, CAPACIDADE CORTE: 20 FOLHAS, COMPRIMENTO LÂMINA: 46, DIMENSÕES: 355 X 555, FUNCIONAMENTO: MANUAL, MATERIAL: AÇO INOXIDÁVEL, TIPO: PORTÁTIL","UN",1.0,200.0,200.0,0.0,"2026-07-10"]
["UNIVERSIDADE FEDERAL DE GOIAS-UF/GO",153052.0,2056.0,"Material","153052-12/2026","ELETRODOMÉSTICOS E EQUIPAMENTOS COMUNS","Catálogo do Compras.gov.br","Material",4110.0,"EQUIPAMENTO PARA REFRIGERAÇÃO",785.0,"REFRIGERADOR DUPLEX",620945.0,"CAPACIDADE CONGELADOR: 75, CAPACIDADE REFRIGERAÇÃO: 450, CARACTERÍSTICAS ADICIONAIS: GAVETAS CONGELADOR, COR: BRANCA, SISTEMA DEGELO: FROST FREE, TENSÃO ALIMENTAÇÃO: 220, TIPO: VERTICAL","UN",2.0,3000.0,6000.0,0.0,"2026-07-10"]
["UNIVERSIDADE FEDERAL DE GOIAS-UF/GO",153052.0,2057.0,"Material","153052-12/2026","ELETRODOMÉSTICOS E EQUIPAMENTOS COMUNS","Catálogo do Compras.gov.br","Material",4110.0,"EQUIPAMENTO PARA REFRIGERAÇÃO",3489.0,"BEBEDOURO ÁGUA",311387.0,"CAPACIDADE ÁGUA: 200, CARACTERÍSTICAS ADICIONAIS: 4 TORNEIRAS LATÃO CROMADO, SERPENTINA COBRE LOCALI, MATERIAL GABINETE: AÇO INOXIDÁVEL, TIPO: INDUSTRIAL, VOLTAGEM: 110/220, MATERIAL RESERVATÓRIO ÁGUA: AÇO INOXIDÁVEL","UN",1.0,4000.0,4000.0,0.0,"2026-07-10"]
["UNIVERSIDADE FEDERAL DE GOIAS-UF/GO",153052.0,2012.0,"Material","153052-12/2026","ELETRODOMÉSTICOS E EQUIPAMENTOS COMUNS","Catálogo do Compras.gov.br","Material",4110.0,"EQUIPAMENTO PARA REFRIGERAÇÃO",3492.0,"BEBEDOURO ÁGUA GARRAFÃO",402920.0,"CAPACIDADE: 20, CARACTERÍSTICAS ADICIONAIS: BAIXO CONSUMO ENERGIA,TERMOSTATO REGULÁVEL,INMETRO, MATERIAL: PLÁSTICO ABS E CHAPA AÇO INOXIDÁVEL, TIPO: ELÉTRICO DE COLUNA, VOLTAGEM: 220","UN",1.0,1100.0,1100.0,0.0,"2026-07-10"]
["UNIVERSIDADE FEDERAL DE GOIAS-UF/GO",153052.0,2020.0,"Material","153052-12/2026","ELETRODOMÉSTICOS E EQUIPAMENTOS COMUNS","Catálogo do Compras.gov.br","Material",4110.0,"EQUIPAMENTO PARA REFRIGERAÇÃO",3492.0,"BEBEDOURO ÁGUA GARRAFÃO",344547.0,"CAPACIDADE: 20, CARACTERÍSTICAS ADICIONAIS: 2 TORNEIRAS ÁGUA NATURAL/GELADA, REFRIGERAÇÃO 4L/H, MATERIAL: AÇO INOXIDÁVEL, TIPO: VERTICAL ELÉTRICO, VOLTAGEM: 220","UN",1.0,859.0,859.0,0.0,"2026-07-10"]
["UNIVERSIDADE FEDERAL DE GOIAS-UF/GO",153052.0,2007.0,"Material","153052-12/2026","ELETRODOMÉSTICOS E EQUIPAMENTOS COMUNS","Catálogo do Compras.gov.br","Material",3510.0,"EQUIPAMENTOS DE LAVANDERIA E LAVAGEM A SECO",7405.0,"FERRO PASSAR ROUPA",607775.0,"CAPACIDADE: 320, CARACTERÍSTICAS ADICIONAIS: BASE STEAMGLIDE PLUS, POTÊNCIA: 2.000, TENSÃO ALIMENTAÇÃO: 220, TIPO: ELÉTRICO VAPOR E SPRAY","UN",1.0,150.0,150.0,0.0,"2026-07-10"]
["UNIVERSIDADE FEDERAL DE GOIAS-UF/GO",153052.0,2008.0,"Material","153052-12/2026","ELETRODOMÉSTICOS E EQUIPAMENTOS COMUNS","Catálogo do Compras.gov.br","Material",7320.0,"EQUIPAMENTOS E APARELHOS DE COZINHA",1097.0,"SANDUICHEIRA",367474.0,"CARACTERÍSTICAS ADICIONAIS: PREPARA 2 SANDUÍCHES POR VEZ, MATERIAL: AÇO INOXIDÁVEL, TENSÃO: 220","UN",2.0,130.0,260.0,0.0,"2026-07-10"]
["UNIVERSIDADE FEDERAL DE GOIAS-UF/GO",153052.0,2009.0,"Material","153052-12/2026","ELETRODOMÉSTICOS E EQUIPAMENTOS COMUNS","Catálogo do Compras.gov.br","Material",7320.0,"EQUIPAMENTOS E APARELHOS DE COZINHA",13581.0,"LIQUIDIFICADOR",607776.0,"CAPACIDADE: 3, CARACTERÍSTICAS ADICIONAIS: 12 VELOCIDADES, COPO REFORÇADO, POTÊNCIA: 1.200, USO: DOMÉSTICO, VOLTAGEM: 220","UN",1.0,280.0,280.0,0.0,"2026-07-10"]
["UNIVERSIDADE FEDERAL DE GOIAS-UF/GO",153052.0,2039.0,"Material","153052-12/2026","ELETRODOMÉSTICOS E EQUIPAMENTOS COMUNS","Catálogo do Compras.gov.br","Material",7510.0,"ARTIGOS PARA ESCRITÓRIO",3489.0,"BEBEDOURO ÁGUA",430493.0,"CAPACIDADE ÁGUA: 50, CARACTERÍSTICAS ADICIONAIS: 2 TORNEIRAS GELADAS, MATERIAL GABINETE: AÇO INOXIDÁVEL, TIPO: INDUSTRIAL, VOLTAGEM: 220","UN",1.0,1500.0,1500.0,0.0,"2026-07-10"]
["UNIVERSIDADE FEDERAL DE GOIAS-UF/GO",153052.0,2094.0,"Material","153052-13/2026","ARES CONDICIONADOS","Catálogo do Compras.gov.br","Material",4120.0,"EQUIPAMENTO DE AR CONDICIONADO",13768.0,"APARELHO AR CONDICIONADO",453530.0,"CAPACIDADE REFRIGERAÇÃO: 22.000, CARACTERÍSTICAS ADICIONAIS 1: COM CONTROLE REMOTO, MODELO: SPLIT INVERTER, TENSÃO: 220, TIPO: SPLIT","UN",3.0,5000.0,15000.0,0.0,"2026-08-14"]
["UNIVERSIDADE FEDERAL DE GOIAS-UF/GO",153052.0,2095.0,"Material","153052-13/2026","ARES CONDICIONADOS","Catálogo do Compras.gov.br","Material",4120.0,"EQUIPAMENTO DE AR CONDICIONADO",13768.0,"APARELHO AR CONDICIONADO",453530.0,"CAPACIDADE REFRIGERAÇÃO: 22.000, CARACTERÍSTICAS ADICIONAIS 1: COM CONTROLE REMOTO, MODELO: SPLIT INVERTER, TENSÃO: 220, TIPO: SPLIT","UN",1.0,4100.0,4100.0,0.0,"2026-08-14"]
["UNIVERSIDADE FEDERAL DE GOIAS-UF/GO",153052.0,2096.0,"Material","153052-13/2026","ARES CONDICIONADOS","Catálogo do Compras.gov.br","Material",4120.0,"EQUIPAMENTO DE AR CONDICIONADO",13768.0,"APARELHO AR CONDICIONADO",458192.0,"CAPACIDADE REFRIGERAÇÃO: 12.000, CARACTERÍSTICAS ADICIONAIS 1: CONTROLE REMOTO S/FIO, INVERTER, TENSÃO: 220, TIPO: SPLIT HI WALL","UN",2.0,2000.0,4000.0,0.0,"2026-08-14"]
["UNIVERSIDADE FEDERAL DE GOIAS-UF/GO",153052.0,2097.0,"Material","153052-13/2026","ARES CONDICIONADOS","Catálogo do Compras.gov.br","Material",4120.0,"EQUIPAMENTO DE AR CONDICIONADO",13768.0,"APARELHO AR CONDICIONADO",355750.0,"CAPACIDADE REFRIGERAÇÃO: 30.000, CARACTERÍSTICAS ADICIONAIS 1: CICLO FRIO, SELO PROCEL, CONTROLE REMOTO SEM FIO, MODELO: TETO/PISO, NÍVEL RUÍDO INTERNO: 57, TENSÃO: 220, TIPO: SPLIT","UN",4.0,5600.0,22400.0,0.0,"2026-08-14"]
["UNIVERSIDADE FEDERAL DE GOIAS-UF/GO",153052.0,2098.0,"Material","153052-13/2026","ARES CONDICIONADOS","Catálogo do Compras.gov.br","Material",4120.0,"EQUIPAMENTO DE AR CONDICIONADO",13768.0,"APARELHO AR CONDICIONADO",458191.0,"CAPACIDADE REFRIGERAÇÃO: 18.000, CARACTERÍSTICAS ADICIONAIS 1: CONTROLE REMOTO S/FIO, INVERTER, TENSÃO: 220, TIPO: SPLIT HI WALL","UN",1.0,2850.0,2850.0,0.0,"2026-08-14"]
["UNIVERSIDADE FEDERAL DE GOIAS-UF/GO",153052.0,2052.0,"Material","153052-12/2026","ELETRODOMÉSTICOS E EQUIPAMENTOS COMUNS","Catálogo do Compras.gov.br","Material",4110.0,"EQUIPAMENTO PARA REFRIGERAÇÃO",3492.0,"BEBEDOURO ÁGUA GARRAFÃO",301129.0,"CAPACIDADE: 20, CARACTERÍSTICAS ADICIONAIS: TERMOSTATO, COR: BRANCA, MATERIAL: POLIPROPILENO, TIPO: VERTICAL ELÉTRICO, VOLTAGEM: 110/220, APRESENTAÇÃO: GARRAFÃO, SAÍDA ÁGUA: NATURAL E GELADA","UN",1.0,700.0,700.0,0.0,"2026-07-10"]
["UNIVERSIDADE FEDERAL DE GOIAS-UF/GO",153052.0,2053.0,"Material","153052-12/2026","ELETRODOMÉSTICOS E EQUIPAMENTOS COMUNS","Catálogo do Compras.gov.br","Material",4110.0,"EQUIPAMENTO PARA REFRIGERAÇÃO",3489.0,"BEBEDOURO ÁGUA",230082.0,"CARACTERÍSTICAS ADICIONAIS: 02 SAÍDAS ÁGUA GELADA ADULTO E 01 SAÍDA CRIANÇA, TIPO: PRESSÃO CONJUGADO, PROFUNDIDADE: 27, LARGURA: 74, ALTURA: 95, ACABAMENTO EXTERNO: PINTURA EM EPOXI","UN",1.0,1500.0,1500.0,0.0,"2026-07-10"]
["UNIVERSIDADE FEDERAL DE GOIAS-UF/GO",153052.0,2066.0,"Material","153052-12/2026","ELETRODOMÉSTICOS E EQUIPAMENTOS COMUNS","Catálogo do Compras.gov.br","Material",4130.0,"COMPONENTES DE EQUIPAMENTOS PARA REFRIGERAÇÃO E AR  CONDICIONADO",18545.0,"CLIMATIZADOR",297342.0,"CARACTERÍSTICAS ADICIONAIS: VAZÃO DO VENTILADOR EM M3/H, ÁREA MÁXIMA CLIMATIZA, CONSUMO ÁGUA: 5, POTÊNCIA: 200, TENSÃO ALIMENTAÇÃO: 220, TIPO: PORTÁTIL, TIPO MOTOR: MONOFÁSICO, DIMENSÕES: 50 X 63 X 45, PESO: 18","UN",4.0,1125.0,4500.0,0.0,"2026-07-10"]
["UNIVERSIDADE FEDERAL DE GOIAS-UF/GO",153052.0,2077.0,"Serviço","153052-166/2026","DLOG - CAPACITAÇÃO DE SERVIDORES","Catálogo do Compras.gov.br","Serviço",929.0,"OUTROS SERVIÇOS DE EDUCAÇÃO E TREINAMENTO",null,null,17663.0,"CURSO APERFEIÇOAMENTO / ESPECIALIZAÇÃO PROFISSIONAL","-",3.0,1300.0,3900.0,0.0,"2026-05-04"]
["UNIVERSIDADE FEDERAL DE GOIAS-UF/GO",153052.0,2011.0,"Material","153052-12/2026","ELETRODOMÉSTICOS E EQUIPAMENTOS COMUNS","Catálogo do Compras.gov.br","Material",4110.0,"EQUIPAMENTO PARA REFRIGERAÇÃO",3489.0,"BEBEDOURO ÁGUA",338715.0,"CAPACIDADE ÁGUA: 20, CARACTERÍSTICAS ADICIONAIS: PRÉ-TRATAMENTO CONTRA CORROSÃO/PINTURA EPÓXI PÓ/NA, MATERIAL CORPO: AÇO CARBONO, MATERIAL GABINETE: AÇO CARBONO, TIPO: VERTICAL ELÉTRICO, VOLTAGEM: 110/220","UN",1.0,650.0,650.0,0.0,"2026-07-10"]
["UNIVERSIDADE FEDERAL DE GOIAS-UF/GO",153052.0,2014.0,"Material","153052-12/2026","ELETRODOMÉSTICOS E EQUIPAMENTOS COMUNS","Catálogo do Compras.gov.br","Material",7730.0,"FONÓGRAFOS, RÁDIOS E TELEVISORES DE TIPO DOMÉSTICO",12609.0,"TELEVISOR",611856.0,"ACESSÓRIOS: CONTROLE REMOTO, CARACTERÍSTICAS ADICIONAIS: SMART TV, 4 K, WIFI. ENTRADAS HDMI/USB, CONVERSOR, COR: PRETA, TAMANHO TELA: 75, TIPO TELA: LED TOUCH SCREEN, VOLTAGEM: 110/220","UN",1.0,4000.0,4000.0,0.0,"2026-07-10"]
["UNIVERSIDADE FEDERAL DE GOIAS-UF/GO",153052.0,2051.0,"Material","153052-12/2026","ELETRODOMÉSTICOS E EQUIPAMENTOS COMUNS","Catálogo do Compras.gov.br","Material",4110.0,"EQUIPAMENTO PARA REFRIGERAÇÃO",3489.0,"BEBEDOURO ÁGUA",619006.0,"CARACTERÍSTICAS ADICIONAIS: TORNEIRAS EM LATÃO CROMADO COM BOTÕES INDEPENDENTE, MATERIAL GABINETE: AÇO INOXIDÁVEL, TIPO: INDUSTRIAL, VAZÃO ÁGUA GELADA: 6, VOLTAGEM: 127/220","UN",3.0,1449.0,4347.0,0.0,"2026-07-10"]
["UNIVERSIDADE FEDERAL DE GOIAS-UF/GO",153052.0,2010.0,"Material","153052-12/2026","ELETRODOMÉSTICOS E EQUIPAMENTOS COMUNS","Catálogo do Compras.gov.br","Material",7105.0,"MOBILIÁRIO DOMÉSTICO",12609.0,"TELEVISOR",460902.0,"ACESSÓRIOS: CONTROLE REMOTO, CARACTERÍSTICAS ADICIONAIS: SMART TV, 4 K, WIFI. ENTRADAS HDMI/USB, CONVERSOR, TAMANHO TELA: 85, TIPO TELA: LED, VOLTAGEM: 110/220","UN",1.0,9500.0,9500.0,0.0,"2026-07-10"]
["UNIVERSIDADE FEDERAL DE GOIAS-UF/GO",153052.0,2108.0,"Material","153052-13/2026","ARES CONDICIONADOS","Catálogo do Compras.gov.br","Material",4120.0,"EQUIPAMENTO DE AR CONDICIONADO",13768.0,"APARELHO AR CONDICIONADO",440747.0,"CAPACIDADE REFRIGERAÇÃO: 24.000, CARACTERÍSTICAS ADICIONAIS 1: CONTROLE REMOTO/DISPLAY DIGITAL/TIMER/SELO PROCEL, MODELO: SPLIT INVERTER, TENSÃO: 110/220, TIPO: SPLIT","UN",2.0,3800.0,7600.0,0.0,"2026-08-14"]
["UNIVERSIDADE FEDERAL DE GOIAS-UF/GO",153052.0,2013.0,"Material","153052-12/2026","ELETRODOMÉSTICOS E EQUIPAMENTOS COMUNS","Catálogo do Compras.gov.br","Material",7310.0,"EQUIPAMENTOS PARA COZINHAR, ASSAR E SERVIR ALIMENTOS",8105.0,"FRITADEIRA",601738.0,"CAPACIDADE: 5,5, CARACTERÍSTICAS ADICIONAIS: TIPO FRYER, SEM UTILIZAR ÓLEO, MATERIAL ESTRUTURA: AÇO INOXIDÁVEL, POTÊNCIA: 1900, TENSÃO ALIMENTAÇÃO: 110","UN",1.0,300.0,300.0,0.0,"2026-07-10"]
["UNIVERSIDADE FEDERAL DE GOIAS-UF/GO",153052.0,2025.0,"Material","153052-12/2026","ELETRODOMÉSTICOS E EQUIPAMENTOS COMUNS","Catálogo do Compras.gov.br","Material",4110.0,"EQUIPAMENTO PARA REFRIGERAÇÃO",3492.0,"BEBEDOURO ÁGUA GARRAFÃO",401655.0,"ACABAMENTO EXTERNO: PINTURA EPOXI PÓ, CAPACIDADE: 20, CARACTERÍSTICAS ADICIONAIS: 2 TORNEIRAS,DEPÓSITO ÁGUA E TAMPO SUPERIOR EM AÇO, COR: BRANCA, MATERIAL: AÇO GALVANIZADO, TIPO: ELÉTRICO DE COLUNA, VOLTAGEM: 220","UN",2.0,640.0,1280.0,0.0,"2026-07-10"]
["UNIVERSIDADE FEDERAL DE GOIAS-UF/GO",153052.0,2015.0,"Material","153052-12/2026","ELETRODOMÉSTICOS E EQUIPAMENTOS COMUNS","Catálogo do Compras.gov.br","Material",7910.0,"ENCERADEIRAS E ASPIRADORES DE PÓ",3094.0,"ASPIRADOR PÓ - MICROCOMPUTADOR",607913.0,"CARACTERÍSTICAS ADICIONAIS: ASPIRADOR E SOPRADOR, PORTÁTIL, SEM FIO, CARREGAME, POTÊNCIA: 60, VOLTAGEM: 110/220","UN",1.0,150.0,150.0,0.0,"2026-07-10"]
["UNIVERSIDADE FEDERAL DE GOIAS-UF/GO",153052.0,2023.0,"Material","153052-12/2026","ELETRODOMÉSTICOS E EQUIPAMENTOS COMUNS","Catálogo do Compras.gov.br","Material",4110.0,"EQUIPAMENTO PARA REFRIGERAÇÃO",3489.0,"BEBEDOURO ÁGUA",436862.0,"CAPACIDADE ÁGUA: 6, CARACTERÍSTICAS ADICIONAIS: 1 TORNEIRA ÁGUA GELADA, 1 TORNEIRA ÁGUA NATURAL, MATERIAL CORPO: AÇO INOXIDÁVEL, MATERIAL GABINETE: AÇO INOXIDÁVEL, TIPO: VERTICAL ELÉTRICO, VOLTAGEM: 220","UN",1.0,900.0,900.0,0.0,"2026-07-10"]
["UNIVERSIDADE FEDERAL DE GOIAS-UF/GO",153052.0,2016.0,"Material","153052-12/2026","ELETRODOMÉSTICOS E EQUIPAMENTOS COMUNS","Catálogo do Compras.gov.br","Material",4110.0,"EQUIPAMENTO PARA REFRIGERAÇÃO",3489.0,"BEBEDOURO ÁGUA",611720.0,"CAPACIDADE ÁGUA: 200, MATERIAL CORPO: AÇO INOXIDÁVEL, MATERIAL GABINETE: AÇO INOXIDÁVEL, TIPO: INDUSTRIAL, VOLTAGEM: 127/220","UN",2.0,6000.0,12000.0,0.0,"2026-07-10"]
["UNIVERSIDADE FEDERAL DE GOIAS-UF/GO",153052.0,2018.0,"Material","153052-12/2026","ELETRODOMÉSTICOS E EQUIPAMENTOS COMUNS","Catálogo do Compras.gov.br","Material",4110.0,"EQUIPAMENTO PARA REFRIGERAÇÃO",14072.0,"FREEZER VERTICAL",449403.0,"APLICAÇÃO: LABORATÓRIO, CAPACIDADE: 300, CARACTERÍSTICAS ADICIONAIS: 5 GAVETAS EM AÇO/COMPRESSOR HERMÉTICO/4 RODÍZIOS E, FUNÇÕES: DISPLAY DIGITAL/ALARME/CONECÇÃO USB/DEGELO MANUAL, QUANTIDADE DE PORTAS: 1, TEMPERATURA OPERAÇÃO: -70°C A -80°C, VOLTAGEM: BIVOLT","UN",1.0,7000.0,7000.0,0.0,"2026-07-10"]
["UNIVERSIDADE FEDERAL DE GOIAS-UF/GO",153052.0,2019.0,"Material","153052-12/2026","ELETRODOMÉSTICOS E EQUIPAMENTOS COMUNS","Catálogo do Compras.gov.br","Material",4110.0,"EQUIPAMENTO PARA REFRIGERAÇÃO",3489.0,"BEBEDOURO ÁGUA",611720.0,"CAPACIDADE ÁGUA: 200, MATERIAL CORPO: AÇO INOXIDÁVEL, MATERIAL GABINETE: AÇO INOXIDÁVEL, TIPO: INDUSTRIAL, VOLTAGEM: 127/220","UN",1.0,4000.0,4000.0,0.0,"2026-07-10"]
["UNIVERSIDADE FEDERAL DE GOIAS-UF/GO",153052.0,2050.0,"Material","153052-12/2026","ELETRODOMÉSTICOS E EQUIPAMENTOS COMUNS","Catálogo do Compras.gov.br","Material",7730.0,"FONÓGRAFOS, RÁDIOS E TELEVISORES DE TIPO DOMÉSTICO",12609.0,"TELEVISOR",601704.0,"ACESSÓRIOS: CONTROLE REMOTO, CARACTERÍSTICAS ADICIONAIS: ENTRADAS HDMI, USB, BLUETOOTH, WIFI, TAMANHO TELA: 65, TIPO TELA: LED, VOLTAGEM: BIVOLT","UN",9.0,2993.9,26945.1,0.0,"2026-07-10"]
["UNIVERSIDADE FEDERAL DE GOIAS-UF/GO",153052.0,2021.0,"Material","153052-12/2026","ELETRODOMÉSTICOS E EQUIPAMENTOS COMUNS","Catálogo do Compras.gov.br","Material",4110.0,"EQUIPAMENTO PARA REFRIGERAÇÃO",3492.0,"BEBEDOURO ÁGUA GARRAFÃO",263375.0,"CAPACIDADE: 20, CARACTERÍSTICAS ADICIONAIS: 2 TORNEIRAS, SERPENTINA, MANGUEIRA, TORNEIRAS ATÓ-, MATERIAL: AÇO INOXIDÁVEL, TIPO: TORRE, VOLTAGEM: 220, FREQUÊNCIA: 60, SAÍDA ÁGUA: NATURAL E GELADA","UN",1.0,1000.0,1000.0,0.0,"2026-07-10"]
["UNIVERSIDADE FEDERAL DE GOIAS-UF/GO",153052.0,3338.0,"Material","153052-28/2026","MATERIAIS QUÍMICOS, SUBSTÂNCIAS PARA DIAGNÓSTICO, MEIOS DE CULTURA E TESTES - ICB, IPTSP, IQ","Catálogo do Compras.gov.br","Material",6810.0,"PRODUTOS QUÍMICOS",17568.0,"SILICATO DE SÓDIO",413680.0,"ASPECTO FÍSICO: GRÂNULOS BRANCOS A INCOLORES, COMPOSIÇÃO QUÍMICA: NA2SIO3·5H2O (PENTA-HIDRATADO), GRAU DE PUREZA: PUREZA MÍNIMA DE 95%, NÚMERO DE REFERÊNCIA QUÍMICA: CAS 10213-79-3, PESO MOLECULAR: 212,15","G",250.0,37.5,9375.0,0.0,"2026-05-22"]
["UNIVERSIDADE FEDERAL DE GOIAS-UF/GO",153052.0,3339.0,"Material","153052-28/2026","MATERIAIS QUÍMICOS, SUBSTÂNCIAS PARA DIAGNÓSTICO, MEIOS DE CULTURA E TESTES - ICB, IPTSP, IQ","Catálogo do Compras.gov.br","Material",6810.0,"PRODUTOS QUÍMICOS",8235.0,"HIDRÓXIDO DE AMÔNIO",347756.0,"ASPECTO FÍSICO: LÍQUIDO LÍMPIDO, INCOLOR, VOLÁTIL, DE ODOR ACRE, CARACTERÍSTICA ADICIONAL: EM SOLUÇÃO AQUOSA, REAGENTE P.A., FÓRMULA QUÍMICA: NH4OH, GRAU DE PUREZA: TEOR DE NH3 ENTRE 28 E 30%, NÚMERO DE REFERÊNCIA QUÍMICA: CAS 1336-21-6, PESO MOLECULAR: 35,05","L",6.0,26.0,156.0,0.0,"2026-05-22"]
["UNIVERSIDADE FEDERAL DE GOIAS-UF/GO",153052.0,3340.0,"Material","153052-28/2026","MATERIAIS QUÍMICOS, SUBSTÂNCIAS PARA DIAGNÓSTICO, MEIOS DE CULTURA E TESTES - ICB, IPTSP, IQ","Catálogo do Compras.gov.br","Material",6810.0,"PRODUTOS QUÍMICOS",1871.0,"ÓXIDO DE FERRO",451538.0,"ASPECTO FÍSICO: PÓ, FÓRMULA QUÍMICA: FEO (II), GRAU DE PUREZA: PUREZA MÍNIMA DE 99,7%, NÚMERO DE REFERÊNCIA QUÍMICA: CAS 1345-25-1, PESO MOLECULAR: 71,84","G",500.0,1.0,500.0,0.0,"2026-05-22"]
["UNIVERSIDADE FEDERAL DE GOIAS-UF/GO",153052.0,3341.0,"Material","153052-28/2026","MATERIAIS QUÍMICOS, SUBSTÂNCIAS PARA DIAGNÓSTICO, MEIOS DE CULTURA E TESTES - ICB, IPTSP, IQ","Catálogo do Compras.gov.br","Material",6810.0,"PRODUTOS QUÍMICOS",713.0,"ÁCIDO NÍTRICO",356173.0,"ASPECTO FÍSICO: LÍQUIDO LÍMPIDO,INCOLOR À AMARELADO,ODOR SUFOCANTE, CARACTERÍSTICA ADICIONAL: REAGENTE P.A., FÓRMULA QUÍMICA: HNO3, GRAU DE PUREZA: TEOR MÍNIMO DE 65%, NÚMERO DE REFERÊNCIA QUÍMICA: CAS 7697-37-2, PESO MOLECULAR: 63,01","L",6.0,80.0,480.0,0.0,"2026-05-22"]
["UNIVERSIDADE FEDERAL DE GOIAS-UF/GO",153052.0,3342.0,"Material","153052-28/2026","MATERIAIS QUÍMICOS, SUBSTÂNCIAS PARA DIAGNÓSTICO, MEIOS DE CULTURA E TESTES - ICB, IPTSP, IQ","Catálogo do Compras.gov.br","Material",6810.0,"PRODUTOS QUÍMICOS",18410.0,"P-NITROANILINA",359332.0,"ASPECTO FÍSICO: PÓ AMARELO, ODOR FRACO DE AMINA, FÓRMULA QUÍMICA: NO2C6H4NH2, GRAU DE PUREZA: PUREZA MÍNIMA DE 99%, NÚMERO DE REFERÊNCIA QUÍMICA: CAS 100-01-6, PESO MOLECULAR: 138,13","G",250.0,5.46,1365.0,0.0,"2026-05-22"]
["UNIVERSIDADE FEDERAL DE GOIAS-UF/GO",153052.0,2029.0,"Material","153052-12/2026","ELETRODOMÉSTICOS E EQUIPAMENTOS COMUNS","Catálogo do Compras.gov.br","Material",7730.0,"FONÓGRAFOS, RÁDIOS E TELEVISORES DE TIPO DOMÉSTICO",12609.0,"TELEVISOR",470801.0,"ACESSÓRIOS: CONTROLE REMOTO/SLEEP TIME/VHF/UHF E TV A CABO, CARACTERÍSTICAS ADICIONAIS: SMART TV, FULL HD, ENTRADAS HDMI/USB, CONVERSOR DI, TAMANHO TELA: 42, TIPO TELA: LED, VOLTAGEM: BIVOLT","UN",1.0,1500.0,1500.0,0.0,"2026-07-10"]
["UNIVERSIDADE FEDERAL DE GOIAS-UF/GO",153052.0,2032.0,"Material","153052-12/2026","ELETRODOMÉSTICOS E EQUIPAMENTOS COMUNS","Catálogo do Compras.gov.br","Material",4110.0,"EQUIPAMENTO PARA REFRIGERAÇÃO",785.0,"REFRIGERADOR DUPLEX",602846.0,"CAPACIDADE REFRIGERAÇÃO: 350, CARACTERÍSTICAS ADICIONAIS: PRATELEIRAS REMOVÍVEIS, GAVETÃO, SISTEMA MULTIFLOW, COR: BRANCA, SISTEMA DEGELO: FROST FREE, TENSÃO ALIMENTAÇÃO: 220, TIPO: VERTICAL, TIPO PORTAS: FIXAS","UN",1.0,3090.27,3090.27,0.0,"2026-07-10"]
["UNIVERSIDADE FEDERAL DE GOIAS-UF/GO",153052.0,2033.0,"Material","153052-12/2026","ELETRODOMÉSTICOS E EQUIPAMENTOS COMUNS","Catálogo do Compras.gov.br","Material",7310.0,"EQUIPAMENTOS PARA COZINHAR, ASSAR E SERVIR ALIMENTOS",17704.0,"FOGÃO ELÉTRICO",367049.0,"CARACTERÍSTICAS ADICIONAIS: LÂMPADA INDICADORA LIGA E DESLIGA, COMPONENTES: 2 ACENDEDORES, MATERIAL: VITROCERÂMICO, POTÊNCIA: 1.200 A 1.700, USO: DOMÉSTICO, VOLTAGEM: 220","UN",1.0,879.0,879.0,0.0,"2026-07-10"]
["UNIVERSIDADE FEDERAL DE GOIAS-UF/GO",153052.0,2034.0,"Material","153052-12/2026","ELETRODOMÉSTICOS E EQUIPAMENTOS COMUNS","Catálogo do Compras.gov.br","Material",7310.0,"EQUIPAMENTOS PARA COZINHAR, ASSAR E SERVIR ALIMENTOS",1069.0,"CAFETEIRA ELÉTRICA",470922.0,"CAPACIDADE: 1,2, CARACTERÍSTICAS ADICIONAIS: TERMOSTATO/RESISTÊNCIA BLINDADA/VISOR/SAPATAS ANTI, MATERIAL: AÇO INOXIDÁVEL, POTÊNCIA: 800, VOLTAGEM: 220","UN",1.0,218.47,218.47,0.0,"2026-07-10"]
["UNIVERSIDADE FEDERAL DE GOIAS-UF/GO",153052.0,3343.0,"Material","153052-28/2026","MATERIAIS QUÍMICOS, SUBSTÂNCIAS PARA DIAGNÓSTICO, MEIOS DE CULTURA E TESTES - ICB, IPTSP, IQ","Catálogo do Compras.gov.br","Material",6810.0,"PRODUTOS QUÍMICOS",5111.0,"CLORETO DE HIDROXILAMÔNIO",428497.0,"ASPECTO FÍSICO: CRISTAL INCOLOR A LEVEMENTE AMARELADO,HIGROSCÓPICO, CARACTERÍSTICA ADICIONAL: REAGENTE ACS, COMPOSIÇÃO QUÍMICA: NH2OH.HCL, GRAU DE PUREZA: PUREZA MÍNIMA DE 98%, NÚMERO DE REFERÊNCIA QUÍMICA: CAS 5470-11-1, PESO MOLECULAR: 69,49","G",400.0,0.31,124.0,0.0,"2026-05-22"]
["UNIVERSIDADE FEDERAL DE GOIAS-UF/GO",153052.0,3344.0,"Material","153052-28/2026","MATERIAIS QUÍMICOS, SUBSTÂNCIAS PARA DIAGNÓSTICO, MEIOS DE CULTURA E TESTES - ICB, IPTSP, IQ","Catálogo do Compras.gov.br","Material",6810.0,"PRODUTOS QUÍMICOS",14814.0,"DICROMATO DE AMÔNIO",370012.0,"ASPECTO FÍSICO: PÓ CRISTALINO VERMELHO ALARANJADO, BRILHANTE, FÓRMULA QUÍMICA: (NH4)2 CR2O7, GRAU DE PUREZA: PUREZA MÍNIMA DE 99%, NÚMERO DE REFERÊNCIA QUÍMICA: CAS 7789-09-5, PESO MOLECULAR: 252,06","G",500.0,1.0,500.0,0.0,"2026-05-22"]
["UNIVERSIDADE FEDERAL DE GOIAS-UF/GO",153052.0,3345.0,"Material","153052-28/2026","MATERIAIS QUÍMICOS, SUBSTÂNCIAS PARA DIAGNÓSTICO, MEIOS DE CULTURA E TESTES - ICB, IPTSP, IQ","Catálogo do Compras.gov.br","Material",6810.0,"PRODUTOS QUÍMICOS",15830.0,"CLORETO DE LÍTIO",352959.0,"ASPECTO FÍSICO: PÓ BRANCO, INODORO, CARACTERÍSTICA ADICIONAL: REAGENTE P.A. ACS, COMPOSIÇÃO QUÍMICA: LICL, NÚMERO DE REFERÊNCIA QUÍMICA: CAS 7447-41-8, PESO MOLECULAR: 42,39, TEOR DE PUREZA: PUREZA MÍNIMA DE 99%","G",250.0,2.04,510.0,0.0,"2026-05-22"]
["UNIVERSIDADE FEDERAL DE GOIAS-UF/GO",153052.0,3346.0,"Material","153052-28/2026","MATERIAIS QUÍMICOS, SUBSTÂNCIAS PARA DIAGNÓSTICO, MEIOS DE CULTURA E TESTES - ICB, IPTSP, IQ","Catálogo do Compras.gov.br","Material",6810.0,"PRODUTOS QUÍMICOS",8003.0,"GLICINA",412747.0,"ASPECTO FÍSICO: CRISTAL BRANCO, INODORO, CARACTERÍSTICA ADICIONAL: REAGENTE P.A., FÓRMULA QUÍMICA: C2H5NO2, GRAU DE PUREZA: PUREZA MÍNIMA DE 98,5%, NÚMERO DE REFERÊNCIA QUÍMICA: CAS 56-40-6, PESO MOLECULAR: 75,07","G",500.0,0.157,78.5,0.0,"2026-05-22"]
["UNIVERSIDADE FEDERAL DE GOIAS-UF/GO",153052.0,3347.0,"Material","153052-28/2026","MATERIAIS QUÍMICOS, SUBSTÂNCIAS PARA DIAGNÓSTICO, MEIOS DE CULTURA E TESTES - ICB, IPTSP, IQ","Catálogo do Compras.gov.br","Material",6810.0,"PRODUTOS QUÍMICOS",5101.0,"CLORETO DE AMÔNIO",352801.0,"ASPECTO FÍSICO: PÓ BRANCO, CRISTALINO, INODORO, CARACTERÍSTICA ADICIONAL: REAGENTE P.A., FÓRMULA QUÍMICA: NH4CL, NÚMERO DE REFERÊNCIA QUÍMICA: CAS 12125-02-9, PESO MOLECULAR: 53,49, TEOR DE PUREZA: PUREZA MÍNIMA DE 99,5%","KG",4.0,26.0,104.0,0.0,"2026-05-22"]
["UNIVERSIDADE FEDERAL DE GOIAS-UF/GO",153052.0,3348.0,"Material","153052-28/2026","MATERIAIS QUÍMICOS, SUBSTÂNCIAS PARA DIAGNÓSTICO, MEIOS DE CULTURA E TESTES - ICB, IPTSP, IQ","Catálogo do Compras.gov.br","Material",6810.0,"PRODUTOS QUÍMICOS",6442.0,"CLORETO DE COBRE",437237.0,"ASPECTO FÍSICO: PÓ, CARACTERÍSTICA ADICIONAL: REAGENTE P.A. ACS, FÓRMULA QUÍMICA: CUCL2 X 2H2O (CLORETO DE COBRE II DIHIDRATADO), NÚMERO DE REFERÊNCIA QUÍMICA: CAS 10125-13-0, PESO MOLECULAR: 170,48, PUREZA MÍNIMA: PUREZA MÍNIMA DE 99%","G",250.0,0.41,102.5,0.0,"2026-05-22"]
["UNIVERSIDADE FEDERAL DE GOIAS-UF/GO",153052.0,3349.0,"Material","153052-28/2026","MATERIAIS QUÍMICOS, SUBSTÂNCIAS PARA DIAGNÓSTICO, MEIOS DE CULTURA E TESTES - ICB, IPTSP, IQ","Catálogo do Compras.gov.br","Material",6810.0,"PRODUTOS QUÍMICOS",10091.0,"NÍQUEL",438782.0,"ASPECTO FÍSICO: PÓ, FÓRMULA QUÍMICA: NI, GRAU DE PUREZA: PUREZA MÍNIMA DE 99,9%, NÚMERO DE REFERÊNCIA QUÍMICA*: CAS 7440-02-0, PESO MOLECULAR: 58,69","G",250.0,1.0,250.0,0.0,"2026-05-22"]
["UNIVERSIDADE FEDERAL DE GOIAS-UF/GO",153052.0,3350.0,"Material","153052-28/2026","MATERIAIS QUÍMICOS, SUBSTÂNCIAS PARA DIAGNÓSTICO, MEIOS DE CULTURA E TESTES - ICB, IPTSP, IQ","Catálogo do Compras.gov.br","Material",6810.0,"PRODUTOS QUÍMICOS",2255.0,"ÁLCOOL POLIVINÍLICO (PVA)",413240.0,"ASPECTO FÍSICO: PÓ BRANCO, FÓRMULA QUÍMICA: (C2H4O).N, NÚMERO DE REFERÊNCIA QUÍMICA: CAS 9002-89-5, TEOR DE PUREZA: MÍNIMO DE 98%","G",500.0,0.116,58.0,0.0,"2026-05-22"]
["UNIVERSIDADE FEDERAL DE GOIAS-UF/GO",153052.0,3351.0,"Material","153052-28/2026","MATERIAIS QUÍMICOS, SUBSTÂNCIAS PARA DIAGNÓSTICO, MEIOS DE CULTURA E TESTES - ICB, IPTSP, IQ","Catálogo do Compras.gov.br","Material",6810.0,"PRODUTOS QUÍMICOS",18114.0,"PARACETAMOL (ACETAMINOFENO)",376749.0,"ASPECTO FÍSICO: PÓ BRANCO CRISTALINO, LEVE SABOR AMARGO, FÓRMULA QUÍMICA: C8H9NO2, GRAU DE PUREZA: PUREZA MÍNIMA DE 99,6%, NÚMERO DE REFERÊNCIA QUÍMICA: PADRÃO DE REFERÊNCIA ANALÍTICO, CAS 103-90-2, PESO MOLECULAR: 151,16","G",20.0,1.66,33.2,0.0,"2026-05-22"]
["UNIVERSIDADE FEDERAL DE GOIAS-UF/GO",153052.0,3352.0,"Material","153052-28/2026","MATERIAIS QUÍMICOS, SUBSTÂNCIAS PARA DIAGNÓSTICO, MEIOS DE CULTURA E TESTES - ICB, IPTSP, IQ","Catálogo do Compras.gov.br","Material",6810.0,"PRODUTOS QUÍMICOS",773.0,"CLORETO DE FERRO",359890.0,"ASPECTO FÍSICO: CRISTAL LÍMPIDO, VERDE CLARO, INODORO, CARACTERÍSTICAS ADICIONAIS: REAGENTE P.A., COMPOSIÇÃO: FECL2.4H20  TETRAHIDRATADO, NÚMERO DE REFERÊNCIA QUÍMICA: CAS 13478-10-9, PESO MOLECULAR: 198,81, PUREZA MÍNIMA: PUREZA MÍNIMA DE 99%","G",250.0,1.49,372.5,0.0,"2026-05-22"]
["UNIVERSIDADE FEDERAL DE GOIAS-UF/GO",153052.0,3353.0,"Material","153052-28/2026","MATERIAIS QUÍMICOS, SUBSTÂNCIAS PARA DIAGNÓSTICO, MEIOS DE CULTURA E TESTES - ICB, IPTSP, IQ","Catálogo do Compras.gov.br","Material",6810.0,"PRODUTOS QUÍMICOS",16139.0,"IODETO DE POTÁSSIO",403671.0,"ASPECTO FÍSICO: PÓ CRISTALINO INCOLOR A BRANCO, INODORO, FÓRMULA QUÍMICA: KI, NÚMERO DE REFERÊNCIA QUÍMICA: CAS 7681-11-0, PESO MOLECULAR: 166,00, TEOR DE PUREZA: PUREZA MÍNIMA DE 99,0%","G",2000.0,0.77,1540.0,0.0,"2026-05-22"]
["UNIVERSIDADE FEDERAL DE GOIAS-UF/GO",153052.0,3354.0,"Material","153052-28/2026","MATERIAIS QUÍMICOS, SUBSTÂNCIAS PARA DIAGNÓSTICO, MEIOS DE CULTURA E TESTES - ICB, IPTSP, IQ","Catálogo do Compras.gov.br","Material",6810.0,"PRODUTOS QUÍMICOS",1867.0,"NITRATO DE COBRE II",347395.0,"ASPECTO FÍSICO: PÓ OU CRISTAL AZUL, CARACTERÍSTICA ADICIONAL: REAGENTE P.A., FÓRMULA QUÍMICA: CU(NO3)2.3H2O, GRAU DE PUREZA: PUREZA MÍNIMA DE 99%, NÚMERO DE REFERÊNCIA QUÍMICA: CAS 10031-43-3, PESO MOLECULAR: 241,60","G",250.0,0.197,49.25,0.0,"2026-05-22"]
["UNIVERSIDADE FEDERAL DE GOIAS-UF/GO",153052.0,3355.0,"Material","153052-28/2026","MATERIAIS QUÍMICOS, SUBSTÂNCIAS PARA DIAGNÓSTICO, MEIOS DE CULTURA E TESTES - ICB, IPTSP, IQ","Catálogo do Compras.gov.br","Material",6810.0,"PRODUTOS QUÍMICOS",5101.0,"CLORETO DE AMÔNIO",352801.0,"ASPECTO FÍSICO: PÓ BRANCO, CRISTALINO, INODORO, CARACTERÍSTICA ADICIONAL: REAGENTE P.A., FÓRMULA QUÍMICA: NH4CL, NÚMERO DE REFERÊNCIA QUÍMICA: CAS 12125-02-9, PESO MOLECULAR: 53,49, TEOR DE PUREZA: PUREZA MÍNIMA DE 99,5%","KG",4.0,31.2125,124.85,0.0,"2026-05-22"]
["UNIVERSIDADE FEDERAL DE GOIAS-UF/GO",153052.0,3356.0,"Material","153052-28/2026","MATERIAIS QUÍMICOS, SUBSTÂNCIAS PARA DIAGNÓSTICO, MEIOS DE CULTURA E TESTES - ICB, IPTSP, IQ","Catálogo do Compras.gov.br","Material",6810.0,"PRODUTOS QUÍMICOS",1835.0,"ACETOFENONA",370646.0,"ASPECTO FÍSICO: LÍQUIDO LÍMPIDO, INCOLOR, ODOR FLORAL FORTE, FÓRMULA QUÍMICA: C8H8O, GRAU DE PUREZA: PUREZA MÍNIMA DE 98%, NÚMERO DE REFERÊNCIA QUÍMICA: CAS 98-86-2, PESO MOLECULAR: 120,15","ML",500.0,0.5428,271.4,0.0,"2026-05-22"]
["UNIVERSIDADE FEDERAL DE GOIAS-UF/GO",153052.0,3357.0,"Material","153052-28/2026","MATERIAIS QUÍMICOS, SUBSTÂNCIAS PARA DIAGNÓSTICO, MEIOS DE CULTURA E TESTES - ICB, IPTSP, IQ","Catálogo do Compras.gov.br","Material",6810.0,"PRODUTOS QUÍMICOS",15121.0,"1,10-FENANTROLINA (ORTO-FENANTROLINA)",359568.0,"ASPECTO FÍSICO: PÓ ESBRANQUIÇADO, CRISTALINO, ODOR FRACO, CARACTERÍSTICA ADICIONAL: REAGENTE P.A., FÓRMULA QUÍMICA: C12H8N2.H20 (MONOHIDRATADA), GRAU DE PUREZA: PUREZA MÍNIMA DE 99%, NÚMERO DE REFERÊNCIA QUÍMICA: CAS 5144-89-8, PESO MOLECULAR: 198,22","G",50.0,10.46,523.0,0.0,"2026-05-22"]
["UNIVERSIDADE FEDERAL DE GOIAS-UF/GO",153052.0,3358.0,"Material","153052-28/2026","MATERIAIS QUÍMICOS, SUBSTÂNCIAS PARA DIAGNÓSTICO, MEIOS DE CULTURA E TESTES - ICB, IPTSP, IQ","Catálogo do Compras.gov.br","Material",6810.0,"PRODUTOS QUÍMICOS",5273.0,"DIMETILGLIOXIMA",412072.0,"ASPECTO FÍSICO: PÓ ESBRANQUIÇADO, CARACTERÍSTICA ADICIONAL: REAGENTE P.A. ACS, FÓRMULA QUÍMICA: C4H8N2O2, GRAU DE PUREZA: PUREZA MÍNIMA DE 99%, NÚMERO DE REFERÊNCIA QUÍMICA: CAS 95-45-4, PESO MOLECULAR: 116,12","G",250.0,1.11,277.5,0.0,"2026-05-22"]
["UNIVERSIDADE FEDERAL DE GOIAS-UF/GO",153052.0,3359.0,"Material","153052-28/2026","MATERIAIS QUÍMICOS, SUBSTÂNCIAS PARA DIAGNÓSTICO, MEIOS DE CULTURA E TESTES - ICB, IPTSP, IQ","Catálogo do Compras.gov.br","Material",6810.0,"PRODUTOS QUÍMICOS",14128.0,"NAFTALENO",412712.0,"ASPECTO FÍSICO: PARTÍCULAS SÓLIDAS BRANCAS, CARACTERÍSTICA ADICIONAL: REAGENTE P.A., FÓRMULA QUÍMICA: C10H8, GRAU DE PUREZA: PUREZA MÍNIMA DE 98%, NÚMERO DE REFERÊNCIA QUÍMICA: CAS 91-20-3, PESO MOLECULAR: 128,17","G",500.0,2.2,1100.0,0.0,"2026-05-22"]
["UNIVERSIDADE FEDERAL DE GOIAS-UF/GO",153052.0,2024.0,"Material","153052-12/2026","ELETRODOMÉSTICOS E EQUIPAMENTOS COMUNS","Catálogo do Compras.gov.br","Material",4110.0,"EQUIPAMENTO PARA REFRIGERAÇÃO",784.0,"FRIGOBAR",621443.0,"CAPACIDADE: 120, CARACTERÍSTICAS ADICIONAIS: PRATELEIRAS REMOVÍVEIS/GAVETAS/ETIQUETA \"A', CONSUMO MÁXIMO: 19, COR: BRANCA, TENSÃO ALIMENTAÇÃO: 127/220","UN",1.0,1500.0,1500.0,0.0,"2026-07-10"]
["UNIVERSIDADE FEDERAL DE GOIAS-UF/GO",153052.0,2041.0,"Material","153052-12/2026","ELETRODOMÉSTICOS E EQUIPAMENTOS COMUNS","Catálogo do Compras.gov.br","Material",4110.0,"EQUIPAMENTO PARA REFRIGERAÇÃO",785.0,"REFRIGERADOR DUPLEX",602846.0,"CAPACIDADE REFRIGERAÇÃO: 350, CARACTERÍSTICAS ADICIONAIS: PRATELEIRAS REMOVÍVEIS, GAVETÃO, SISTEMA MULTIFLOW, COR: BRANCA, SISTEMA DEGELO: FROST FREE, TENSÃO ALIMENTAÇÃO: 220, TIPO: VERTICAL, TIPO PORTAS: FIXAS","UN",3.0,2300.0,6900.0,0.0,"2026-07-10"]
["UNIVERSIDADE FEDERAL DE GOIAS-UF/GO",153052.0,3360.0,"Material","153052-28/2026","MATERIAIS QUÍMICOS, SUBSTÂNCIAS PARA DIAGNÓSTICO, MEIOS DE CULTURA E TESTES - ICB, IPTSP, IQ","Catálogo do Compras.gov.br","Material",6810.0,"PRODUTOS QUÍMICOS",18843.0,"BENZOFENONA",412802.0,"ASPECTO FÍSICO: FLOCOS OU CRISTAIS BRANCOS, ODOR DE ROSAS, CARACTERÍSTICA ADICIONAL: REAGENTE P.A, COMPOSIÇÃO QUÍMICA: C13H100, NÚMERO DE REFERÊNCIA QUÍMICA: CAS 119-61-9, PESO MOLECULAR: 182,22, PUREZA MÍNIMA: PUREZA MÍNIMA DE 99%","G",750.0,0.325,243.75,0.0,"2026-05-22"]
["UNIVERSIDADE FEDERAL DE GOIAS-UF/GO",153052.0,3361.0,"Material","153052-28/2026","MATERIAIS QUÍMICOS, SUBSTÂNCIAS PARA DIAGNÓSTICO, MEIOS DE CULTURA E TESTES - ICB, IPTSP, IQ","Catálogo do Compras.gov.br","Material",6810.0,"PRODUTOS QUÍMICOS",13496.0,"ZINCO",437512.0,"ASPECTO FÍSICO: PÓ, CARACTERÍSTICAS ADICIONAIS: REAGENTE ACS, FÓRMULA QUÍMICA: ZN, GRAU DE PUREZA: PUREZA MÍNIMA DE 99,5%, NÚMERO DE REFERÊNCIA QUÍMICA: CAS 7440-66-6, PESO MOLECULAR: 65,38","G",250.0,1.0,250.0,0.0,"2026-05-22"]
["UNIVERSIDADE FEDERAL DE GOIAS-UF/GO",153052.0,3362.0,"Material","153052-28/2026","MATERIAIS QUÍMICOS, SUBSTÂNCIAS PARA DIAGNÓSTICO, MEIOS DE CULTURA E TESTES - ICB, IPTSP, IQ","Catálogo do Compras.gov.br","Material",6810.0,"PRODUTOS QUÍMICOS",773.0,"CLORETO DE FERRO",359890.0,"ASPECTO FÍSICO: CRISTAL LÍMPIDO, VERDE CLARO, INODORO, CARACTERÍSTICAS ADICIONAIS: REAGENTE P.A., COMPOSIÇÃO: FECL2.4H20  TETRAHIDRATADO, NÚMERO DE REFERÊNCIA QUÍMICA: CAS 13478-10-9, PESO MOLECULAR: 198,81, PUREZA MÍNIMA: PUREZA MÍNIMA DE 99%","G",250.0,1.3726,343.15,0.0,"2026-05-22"]
["UNIVERSIDADE FEDERAL DE GOIAS-UF/GO",153052.0,3363.0,"Material","153052-28/2026","MATERIAIS QUÍMICOS, SUBSTÂNCIAS PARA DIAGNÓSTICO, MEIOS DE CULTURA E TESTES - ICB, IPTSP, IQ","Catálogo do Compras.gov.br","Material",6810.0,"PRODUTOS QUÍMICOS",6442.0,"CLORETO DE COBRE",437235.0,"ASPECTO FÍSICO: PÓ, FÓRMULA QUÍMICA: CUCL (CLORETO DE COBRE I ANIDRO), NÚMERO DE REFERÊNCIA QUÍMICA: CAS 7758-89-6, PESO MOLECULAR: 99,01, PUREZA MÍNIMA: PUREZA MÍNIMA DE 99%","G",250.0,0.85,212.5,0.0,"2026-05-22"]
["UNIVERSIDADE FEDERAL DE GOIAS-UF/GO",153052.0,3364.0,"Material","153052-28/2026","MATERIAIS QUÍMICOS, SUBSTÂNCIAS PARA DIAGNÓSTICO, MEIOS DE CULTURA E TESTES - ICB, IPTSP, IQ","Catálogo do Compras.gov.br","Material",6810.0,"PRODUTOS QUÍMICOS",18410.0,"P-NITROANILINA",359332.0,"ASPECTO FÍSICO: PÓ AMARELO, ODOR FRACO DE AMINA, FÓRMULA QUÍMICA: NO2C6H4NH2, GRAU DE PUREZA: PUREZA MÍNIMA DE 99%, NÚMERO DE REFERÊNCIA QUÍMICA: CAS 100-01-6, PESO MOLECULAR: 138,13","G",250.0,4.83,1207.5,0.0,"2026-05-22"]
["UNIVERSIDADE FEDERAL DE GOIAS-UF/GO",153052.0,3365.0,"Material","153052-28/2026","MATERIAIS QUÍMICOS, SUBSTÂNCIAS PARA DIAGNÓSTICO, MEIOS DE CULTURA E TESTES - ICB, IPTSP, IQ","Catálogo do Compras.gov.br","Material",6810.0,"PRODUTOS QUÍMICOS",15453.0,"CROMATO DE BÁRIO",431488.0,"ASPECTO FÍSICO: PÓ, FÓRMULA QUÍMICA: BACRO4, NÚMERO DE REFERÊNCIA QUÍMICA: CAS 10294-40-3, PESO MOLECULAR*: 253,32, PUREZA MÍNIMA*: PUREZA MÍNIMA DE 98%","KG",1.0,1896.0,1896.0,0.0,"2026-05-22"]
["UNIVERSIDADE FEDERAL DE GOIAS-UF/GO",153052.0,3366.0,"Material","153052-28/2026","MATERIAIS QUÍMICOS, SUBSTÂNCIAS PARA DIAGNÓSTICO, MEIOS DE CULTURA E TESTES - ICB, IPTSP, IQ","Catálogo do Compras.gov.br","Material",6810.0,"PRODUTOS QUÍMICOS",2263.0,"ÁLCOOL PROPÍLICO",382615.0,"ASPECTO FÍSICO: LÍQUIDO LÍMPIDO, INCOLOR, ODOR CARACTERÍSTICO, FÓRMULA QUÍMICA: (CH3)2CHOH (ISOPROPÍLICO OU ISO-PROPANOL), GRAU DE PUREZA: PUREZA MÍNIMA DE 99,5%, NÚMERO DE REFERÊNCIA QUÍMICA: CAS 67-63-0, PESO MOLECULAR*: 60,10","L",3.0,30.7,92.1,0.0,"2026-05-22"]
["UNIVERSIDADE FEDERAL DE GOIAS-UF/GO",153052.0,3367.0,"Material","153052-28/2026","MATERIAIS QUÍMICOS, SUBSTÂNCIAS PARA DIAGNÓSTICO, MEIOS DE CULTURA E TESTES - ICB, IPTSP, IQ","Catálogo do Compras.gov.br","Material",6810.0,"PRODUTOS QUÍMICOS",14128.0,"NAFTALENO",412712.0,"ASPECTO FÍSICO: PARTÍCULAS SÓLIDAS BRANCAS, CARACTERÍSTICA ADICIONAL: REAGENTE P.A., FÓRMULA QUÍMICA: C10H8, GRAU DE PUREZA: PUREZA MÍNIMA DE 98%, NÚMERO DE REFERÊNCIA QUÍMICA: CAS 91-20-3, PESO MOLECULAR: 128,17","G",1000.0,0.8,800.0,0.0,"2026-05-22"]
["UNIVERSIDADE FEDERAL DE GOIAS-UF/GO",153052.0,3368.0,"Material","153052-28/2026","MATERIAIS QUÍMICOS, SUBSTÂNCIAS PARA DIAGNÓSTICO, MEIOS DE CULTURA E TESTES - ICB, IPTSP, IQ","Catálogo do Compras.gov.br","Material",6810.0,"PRODUTOS QUÍMICOS",14762.0,"CLORETO DE COBALTO II",400499.0,"ASPECTO FÍSICO: CRISTAL ROSA A VERMELHO, ODOR LEVE PENETRANTE, CARACTERÍSTICA ADICIONAL: REAGENTE P.A. ACS, FÓRMULA QUÍMICA: COCL2.6H2O, NÚMERO DE REFERÊNCIA QUÍMICA: CAS 7791-13-1, PESO MOLECULAR: 237,93, TEOR DE PUREZA: PUREZA MÍNIMA DE 99%","G",500.0,0.6,300.0,0.0,"2026-05-22"]
["UNIVERSIDADE FEDERAL DE GOIAS-UF/GO",153052.0,3369.0,"Material","153052-28/2026","MATERIAIS QUÍMICOS, SUBSTÂNCIAS PARA DIAGNÓSTICO, MEIOS DE CULTURA E TESTES - ICB, IPTSP, IQ","Catálogo do Compras.gov.br","Material",6810.0,"PRODUTOS QUÍMICOS",15453.0,"CROMATO DE BÁRIO",431488.0,"ASPECTO FÍSICO: PÓ, FÓRMULA QUÍMICA: BACRO4, NÚMERO DE REFERÊNCIA QUÍMICA: CAS 10294-40-3, PESO MOLECULAR*: 253,32, PUREZA MÍNIMA*: PUREZA MÍNIMA DE 98%","KG",1.0,2.64,2.64,0.0,"2026-05-22"]
["UNIVERSIDADE FEDERAL DE GOIAS-UF/GO",153052.0,3370.0,"Material","153052-28/2026","MATERIAIS QUÍMICOS, SUBSTÂNCIAS PARA DIAGNÓSTICO, MEIOS DE CULTURA E TESTES - ICB, IPTSP, IQ","Catálogo do Compras.gov.br","Material",6810.0,"PRODUTOS QUÍMICOS",16139.0,"IODETO DE POTÁSSIO",353071.0,"ASPECTO FÍSICO: PÓ BRANCO, CRISTALINO, INODORO, CARACTERÍSTICA ADICIONAL: REAGENTE P.A., FÓRMULA QUÍMICA: KI, NÚMERO DE REFERÊNCIA QUÍMICA: CAS 7681-11-0, PESO MOLECULAR: 166,01, TEOR DE PUREZA: PUREZA MÍNIMA DE 99%","G",1500.0,0.85,1275.0,0.0,"2026-05-22"]
["UNIVERSIDADE FEDERAL DE GOIAS-UF/GO",153052.0,3371.0,"Material","153052-28/2026","MATERIAIS QUÍMICOS, SUBSTÂNCIAS PARA DIAGNÓSTICO, MEIOS DE CULTURA E TESTES - ICB, IPTSP, IQ","Catálogo do Compras.gov.br","Material",6810.0,"PRODUTOS QUÍMICOS",6539.0,"MAGNÉSIO",398904.0,"ASPECTO FÍSICO: EM FITA, CARACTERÍSTICA ADICIONAL: DIMENSÕES 0,2 MM X 3 MM, FÓRMULA QUÍMICA: MG, GRAU DE PUREZA: PUREZA MÍNIMA DE 99,5%, NÚMERO DE REFERÊNCIA QUÍMICA: CAS 7439-95-4, PESO MOLECULAR: 24,31","G",100.0,7.4,740.0,0.0,"2026-05-22"]
["UNIVERSIDADE FEDERAL DE GOIAS-UF/GO",153052.0,3372.0,"Material","153052-28/2026","MATERIAIS QUÍMICOS, SUBSTÂNCIAS PARA DIAGNÓSTICO, MEIOS DE CULTURA E TESTES - ICB, IPTSP, IQ","Catálogo do Compras.gov.br","Material",6810.0,"PRODUTOS QUÍMICOS",6165.0,"4-DIMETILAMINOBENZALDEÍDO",353061.0,"ASPECTO FÍSICO: CRISTAL LEVEMENTE AMARELADO, CARACTERÍSTICA ADICIONAL: REAGENTE P.A., FÓRMULA QUÍMICA: C9H11NO, NÚMERO DE REFERÊNCIA QUÍMICA: CAS 100-10-7, PESO MOLECULAR: 149,19, TEOR DE PUREZA: PUREZA MÍNIMA DE 99%","G",100.0,1.1,110.0,0.0,"2026-05-22"]
["UNIVERSIDADE FEDERAL DE GOIAS-UF/GO",153052.0,3373.0,"Material","153052-28/2026","MATERIAIS QUÍMICOS, SUBSTÂNCIAS PARA DIAGNÓSTICO, MEIOS DE CULTURA E TESTES - ICB, IPTSP, IQ","Catálogo do Compras.gov.br","Material",6810.0,"PRODUTOS QUÍMICOS",1867.0,"NITRATO DE COBRE II",347395.0,"ASPECTO FÍSICO: PÓ OU CRISTAL AZUL, CARACTERÍSTICA ADICIONAL: REAGENTE P.A., FÓRMULA QUÍMICA: CU(NO3)2.3H2O, GRAU DE PUREZA: PUREZA MÍNIMA DE 99%, NÚMERO DE REFERÊNCIA QUÍMICA: CAS 10031-43-3, PESO MOLECULAR: 241,60","G",250.0,1.0,250.0,0.0,"2026-05-22"]
["UNIVERSIDADE FEDERAL DE GOIAS-UF/GO",153052.0,3374.0,"Material","153052-28/2026","MATERIAIS QUÍMICOS, SUBSTÂNCIAS PARA DIAGNÓSTICO, MEIOS DE CULTURA E TESTES - ICB, IPTSP, IQ","Catálogo do Compras.gov.br","Material",6810.0,"PRODUTOS QUÍMICOS",8207.0,"HEXANO",456556.0,"ASPECTO FÍSICO*: LÍQUIDO, FÓRMULA QUÍMICA*: C6H14 (N-HEXANO), GRAU DE PUREZA*: PUREZA MÍNIMA DE 97%, MASSA MOLAR: 86,18, NÚMERO DE REFERÊNCIA QUÍMICA*: CAS 110-54-3","L",3.0,36.0,108.0,0.0,"2026-05-22"]
["UNIVERSIDADE FEDERAL DE GOIAS-UF/GO",153052.0,3375.0,"Material","153052-28/2026","MATERIAIS QUÍMICOS, SUBSTÂNCIAS PARA DIAGNÓSTICO, MEIOS DE CULTURA E TESTES - ICB, IPTSP, IQ","Catálogo do Compras.gov.br","Material",6810.0,"PRODUTOS QUÍMICOS",6539.0,"MAGNÉSIO",390355.0,"ASPECTO FÍSICO: PÓ FINO, COR CINZA, CARACTERÍSTICA ADICIONAL: DIÂMETRO DA PARTÍCULA ENTRE 0,06 E 0,3MM, FÓRMULA QUÍMICA: MG, GRAU DE PUREZA: PUREZA MÍNIMA DE 98,5%, NÚMERO DE REFERÊNCIA QUÍMICA: CAS 7439-95-4, PESO MOLECULAR: 24,31","G",500.0,0.25,125.0,0.0,"2026-05-22"]
["UNIVERSIDADE FEDERAL DE GOIAS-UF/GO",153052.0,3376.0,"Material","153052-28/2026","MATERIAIS QUÍMICOS, SUBSTÂNCIAS PARA DIAGNÓSTICO, MEIOS DE CULTURA E TESTES - ICB, IPTSP, IQ","Catálogo do Compras.gov.br","Material",6850.0,"ESPECIALIDADES QUÍMICAS DIVERSAS",8217.0,"LIGA DE RANEY",353658.0,"ASPECTO FÍSICO: PÓ CATALÍTICO, FINO, CINZA, CARACTERÍSTICA ADICIONAL: REAGENTE ANALÍTICO, TEOR DE PUREZA: TEOR MÍNIMO DE 48% DE NIQUEL E 48% DE ALUMÍNIO","FR",2.0,345.0,690.0,0.0,"2026-05-22"]
["UNIVERSIDADE FEDERAL DE GOIAS-UF/GO",153052.0,3377.0,"Material","153052-28/2026","MATERIAIS QUÍMICOS, SUBSTÂNCIAS PARA DIAGNÓSTICO, MEIOS DE CULTURA E TESTES - ICB, IPTSP, IQ","Catálogo do Compras.gov.br","Material",6850.0,"ESPECIALIDADES QUÍMICAS DIVERSAS",8217.0,"LIGA DE RANEY",353658.0,"ASPECTO FÍSICO: PÓ CATALÍTICO, FINO, CINZA, CARACTERÍSTICA ADICIONAL: REAGENTE ANALÍTICO, TEOR DE PUREZA: TEOR MÍNIMO DE 48% DE NIQUEL E 48% DE ALUMÍNIO","FR",2.0,326.5,653.0,0.0,"2026-05-22"]
["UNIVERSIDADE FEDERAL DE GOIAS-UF/GO",153052.0,3378.0,"Material","153052-28/2026","MATERIAIS QUÍMICOS, SUBSTÂNCIAS PARA DIAGNÓSTICO, MEIOS DE CULTURA E TESTES - ICB, IPTSP, IQ","Catálogo do Compras.gov.br","Material",8030.0,"COMPOSTOS PRESERVATIVOS E VEDANTES",12061.0,"SÍLICA GEL",432763.0,"ASPECTO FÍSICO: PÓ, CARACTERÍSTICAS ADICIONAIS: SILICA-GEL 60 GF254 MESH, SEM INDICADOR DE FLUORES, COMPOSIÇÃO: SIO2, COR: BRANCA, MASSA MOLECULAR: 60,8, USO: CROMATOGRAFIA CAMADA FINA","FR",4.0,473.65,1894.6,0.0,"2026-05-22"]
["UNIVERSIDADE FEDERAL DE GOIAS-UF/GO",153052.0,3379.0,"Material","153052-28/2026","MATERIAIS QUÍMICOS, SUBSTÂNCIAS PARA DIAGNÓSTICO, MEIOS DE CULTURA E TESTES - ICB, IPTSP, IQ","Catálogo do Compras.gov.br","Material",8030.0,"COMPOSTOS PRESERVATIVOS E VEDANTES",12061.0,"SÍLICA GEL",432761.0,"ASPECTO FÍSICO: PÓ, CARACTERÍSTICAS ADICIONAIS: SILICA-GEL 60 GF254 MESH, COM INDICADOR DE FLUORES, COMPOSIÇÃO: SIO2, COR: BRANCA, MASSA MOLECULAR: 60,8, USO: CROMATOGRAFIA CAMADA FINA","FR",2.0,575.94,1151.88,0.0,"2026-05-22"]
["UNIVERSIDADE FEDERAL DE GOIAS-UF/GO",153052.0,2026.0,"Material","153052-12/2026","ELETRODOMÉSTICOS E EQUIPAMENTOS COMUNS","Catálogo do Compras.gov.br","Material",7730.0,"FONÓGRAFOS, RÁDIOS E TELEVISORES DE TIPO DOMÉSTICO",12609.0,"TELEVISOR",611856.0,"ACESSÓRIOS: CONTROLE REMOTO, CARACTERÍSTICAS ADICIONAIS: SMART TV, 4 K, WIFI. ENTRADAS HDMI/USB, CONVERSOR, COR: PRETA, TAMANHO TELA: 75, TIPO TELA: LED TOUCH SCREEN, VOLTAGEM: 110/220","UN",6.0,4000.0,24000.0,0.0,"2026-07-10"]
["UNIVERSIDADE FEDERAL DE GOIAS-UF/GO",153052.0,2068.0,"Material","153052-12/2026","ELETRODOMÉSTICOS E EQUIPAMENTOS COMUNS","Catálogo do Compras.gov.br","Material",4110.0,"EQUIPAMENTO PARA REFRIGERAÇÃO",785.0,"REFRIGERADOR DUPLEX",374674.0,"CAPACIDADE CONGELADOR: 110, CAPACIDADE REFRIGERAÇÃO: 329, COR: BRANCA, SISTEMA DEGELO: FROST FREE, TENSÃO ALIMENTAÇÃO: 220, TIPO: VERTICAL","UN",1.0,1900.0,1900.0,0.0,"2026-07-10"]
["UNIVERSIDADE FEDERAL DE GOIAS-UF/GO",153052.0,2069.0,"Material","153052-12/2026","ELETRODOMÉSTICOS E EQUIPAMENTOS COMUNS","Catálogo do Compras.gov.br","Material",4110.0,"EQUIPAMENTO PARA REFRIGERAÇÃO",783.0,"FREEZER",439305.0,"CAPACIDADE: 500, CARACTERÍSTICAS ADICIONAIS: DUPLA AÇÃO (CONGELAMENTO E REFRIG.) PINTURA EPOXI, COR: BRANCA, QUANTIDADE PORTAS: 2, SISTEMA DEGELO: FROST FREE, TENSÃO ALIMENTAÇÃO: 110/220, TIPO: HORIZONTAL, TIPO PORTAS: SÓLIDA","UN",2.0,2700.0,5400.0,0.0,"2026-07-10"]
["UNIVERSIDADE FEDERAL DE GOIAS-UF/GO",153052.0,3380.0,"Material","153052-28/2026","MATERIAIS QUÍMICOS, SUBSTÂNCIAS PARA DIAGNÓSTICO, MEIOS DE CULTURA E TESTES - ICB, IPTSP, IQ","Catálogo do Compras.gov.br","Material",8030.0,"COMPOSTOS PRESERVATIVOS E VEDANTES",12061.0,"SÍLICA GEL",288984.0,"ASPECTO FÍSICO: PÓ, CARACTERÍSTICAS ADICIONAIS: PARTÍCULA 70-230 MESH, PORO 60, COMPOSIÇÃO: SIO2, COR: BRANCA, USO: COLUNAS CROMATOGRÁFICAS","KG",2.0,312.5,625.0,0.0,"2026-05-22"]
["UNIVERSIDADE FEDERAL DE GOIAS-UF/GO",153052.0,3381.0,"Material","153052-28/2026","MATERIAIS QUÍMICOS, SUBSTÂNCIAS PARA DIAGNÓSTICO, MEIOS DE CULTURA E TESTES - ICB, IPTSP, IQ","Catálogo do Compras.gov.br","Material",9150.0,"ÓLEOS E GRAXAS PARA CORTE, LUBRIFICAÇÃO E SISTEMAS  HIDRÁULICOS",8097.0,"GRAXA - SILICONE",272208.0,"APLICAÇÃO: VIDRARIA LABORATÓRIO, ASPECTO FÍSICO: PASTOSA, COMPOSIÇÃO: POLÍMERO DE METIL SILOXANO, CONSISTÊNCIA: BAIXA, COR: BRANCA, USO: LUBRIFICANTE","FR",2.0,26.86,53.72,0.0,"2026-05-22"]
["UNIVERSIDADE FEDERAL DE GOIAS-UF/GO",153052.0,3382.0,"Material","153052-28/2026","MATERIAIS QUÍMICOS, SUBSTÂNCIAS PARA DIAGNÓSTICO, MEIOS DE CULTURA E TESTES - ICB, IPTSP, IQ","Catálogo do Compras.gov.br","Material",9150.0,"ÓLEOS E GRAXAS PARA CORTE, LUBRIFICAÇÃO E SISTEMAS  HIDRÁULICOS",8097.0,"GRAXA - SILICONE",272208.0,"APLICAÇÃO: VIDRARIA LABORATÓRIO, ASPECTO FÍSICO: PASTOSA, COMPOSIÇÃO: POLÍMERO DE METIL SILOXANO, CONSISTÊNCIA: BAIXA, COR: BRANCA, USO: LUBRIFICANTE","FR",2.0,26.1,52.2,0.0,"2026-05-22"]
["UNIVERSIDADE FEDERAL DE GOIAS-UF/GO",153052.0,3383.0,"Material","153052-28/2026","MATERIAIS QUÍMICOS, SUBSTÂNCIAS PARA DIAGNÓSTICO, MEIOS DE CULTURA E TESTES - ICB, IPTSP, IQ","Catálogo do Compras.gov.br","Material",6505.0,"DROGAS E MEDICAMENTOS",8487.0,"ISOFLURANO",268469.0,"APRESENTAÇÃO: ANESTÉSICO INALATÓRIO","FR",44.0,500.0,22000.0,0.0,"2026-05-22"]
["UNIVERSIDADE FEDERAL DE GOIAS-UF/GO",153052.0,3384.0,"Material","153052-28/2026","MATERIAIS QUÍMICOS, SUBSTÂNCIAS PARA DIAGNÓSTICO, MEIOS DE CULTURA E TESTES - ICB, IPTSP, IQ","Catálogo do Compras.gov.br","Material",6550.0,"SUBSTÂNCIAS PARA DIAGNÓSTICO \"IN VITRO\",  REAGENTES,  CONJUNTOS E JOGOS PARA TESTE",17880.0,"SORO",280350.0,"TIPO: ANTI-A, COMPOSIÇÃO: MONOCLONAL","FR",1.0,200.0,200.0,0.0,"2026-05-22"]
["UNIVERSIDADE FEDERAL DE GOIAS-UF/GO",153052.0,2027.0,"Material","153052-12/2026","ELETRODOMÉSTICOS E EQUIPAMENTOS COMUNS","Catálogo do Compras.gov.br","Material",7910.0,"ENCERADEIRAS E ASPIRADORES DE PÓ",13814.0,"ASPIRADOR DE PÓ E ÁGUA",448227.0,"CAPACIDADE: 20, CARACTERÍSTICAS ADICIONAIS: BOCAIS, PROLONGADOR E FILTRO PADRÃO HEPA, MATERIAL: TANQUE EM AÇO INOX, POTÊNCIA: 1.400, TENSÃO ALIMENTAÇÃO: 127","UN",1.0,660.0,660.0,0.0,"2026-07-10"]
["UNIVERSIDADE FEDERAL DE GOIAS-UF/GO",153052.0,2092.0,"Material","153052-13/2026","ARES CONDICIONADOS","Catálogo do Compras.gov.br","Material",4120.0,"EQUIPAMENTO DE AR CONDICIONADO",{"$nulls":4},"-",0.0,0.0,6000.0,0.0,"2026-08-14"]
["UNIVERSIDADE FEDERAL DE GOIAS-UF/GO",153052.0,2093.0,"Material","153052-13/2026","ARES CONDICIONADOS","Catálogo do Compras.gov.br","Material",4120.0,"EQUIPAMENTO DE AR CONDICIONADO",{"$nulls":4},"-",0.0,0.0,9000.0,0.0,"2026-08-14"]
["UNIVERSIDADE FEDERAL DE GOIAS-UF/GO",153052.0,3385.0,"Material","153052-28/2026","MATERIAIS QUÍMICOS, SUBSTÂNCIAS PARA DIAGNÓSTICO, MEIOS DE CULTURA E TESTES - ICB, IPTSP, IQ","Catálogo do Compras.gov.br","Material",6550.0,"SUBSTÂNCIAS PARA DIAGNÓSTICO \"IN VITRO\",  REAGENTES,  CONJUNTOS E JOGOS PARA TESTE",17880.0,"SORO",280351.0,"TIPO: ANTI-B, COMPOSIÇÃO: MONOCLONAL","FR",1.0,200.0,200.0,0.0,"2026-05-22"]
["UNIVERSIDADE FEDERAL DE GOIAS-UF/GO",153052.0,3386.0,"Material","153052-28/2026","MATERIAIS QUÍMICOS, SUBSTÂNCIAS PARA DIAGNÓSTICO, MEIOS DE CULTURA E TESTES - ICB, IPTSP, IQ","Catálogo do Compras.gov.br","Material",6550.0,"SUBSTÂNCIAS PARA DIAGNÓSTICO \"IN VITRO\",  REAGENTES,  CONJUNTOS E JOGOS PARA TESTE",2146.0,"ÁGAR",387015.0,"ASPECTO FÍSICO: PÓ, TIPO: ÁGAR BACTERIOLÓGICO","FR",1.0,250.0,250.0,0.0,"2026-05-22"]
["UNIVERSIDADE FEDERAL DE GOIAS-UF/GO",153052.0,3387.0,"Material","153052-28/2026","MATERIAIS QUÍMICOS, SUBSTÂNCIAS PARA DIAGNÓSTICO, MEIOS DE CULTURA E TESTES - ICB, IPTSP, IQ","Catálogo do Compras.gov.br","Material",6550.0,"SUBSTÂNCIAS PARA DIAGNÓSTICO \"IN VITRO\",  REAGENTES,  CONJUNTOS E JOGOS PARA TESTE",17880.0,"SORO",280353.0,"TIPO: ANTI-D, COMPOSIÇÃO: MONOCLONAL","FR",1.0,200.0,200.0,0.0,"2026-05-22"]
["UNIVERSIDADE FEDERAL DE GOIAS-UF/GO",153052.0,2070.0,"Material","153052-12/2026","ELETRODOMÉSTICOS E EQUIPAMENTOS COMUNS","Catálogo do Compras.gov.br","Material",4110.0,"EQUIPAMENTO PARA REFRIGERAÇÃO",3492.0,"BEBEDOURO ÁGUA GARRAFÃO",402920.0,"CAPACIDADE: 20, CARACTERÍSTICAS ADICIONAIS: BAIXO CONSUMO ENERGIA,TERMOSTATO REGULÁVEL,INMETRO, MATERIAL: PLÁSTICO ABS E CHAPA AÇO INOXIDÁVEL, TIPO: ELÉTRICO DE COLUNA, VOLTAGEM: 220","UN",1.0,1150.0,1150.0,0.0,"2026-07-10"]
["UNIVERSIDADE FEDERAL DE GOIAS-UF/GO",153052.0,3388.0,"Material","153052-28/2026","MATERIAIS QUÍMICOS, SUBSTÂNCIAS PARA DIAGNÓSTICO, MEIOS DE CULTURA E TESTES - ICB, IPTSP, IQ","Catálogo do Compras.gov.br","Material",6810.0,"PRODUTOS QUÍMICOS",18189.0,"ÁLCOOL ETÍLICO",433509.0,"ASPECTO FÍSICO: LÍQUIDO LÍMPIDO, INCOLOR, VOLÁTIL, CARACTERÍSTICA ADICIONAL: ANIDRO, ABSOLUTO, REAGENTE ACS ISO, FÓRMULA QUÍMICA: C2H5OH, GRAU DE PUREZA: MÍNIMO DE 99,5% P/P INPM, NÚMERO DE REFERÊNCIA QUÍMICA: CAS 64-17-5, PESO MOLECULAR: 46,07, TEOR ALCOÓLICO: MÍNIMO DE 99,5 °GL (99,5% V/V) A 20 °C","L",240.0,29.62,7108.8,0.0,"2026-05-22"]
["UNIVERSIDADE FEDERAL DE GOIAS-UF/GO",153052.0,3389.0,"Material","153052-28/2026","MATERIAIS QUÍMICOS, SUBSTÂNCIAS PARA DIAGNÓSTICO, MEIOS DE CULTURA E TESTES - ICB, IPTSP, IQ","Catálogo do Compras.gov.br","Material",6505.0,"DROGAS E MEDICAMENTOS",2259.0,"ÁLCOOL ETÍLICO",269941.0,"TEOR ALCOÓLICO: 70%_(70°GL), TIPO: HIDRATADO, APRESENTAÇÃO: LÍQUIDO","FR",40.0,12.0,480.0,0.0,"2026-05-22"]
["UNIVERSIDADE FEDERAL DE GOIAS-UF/GO",153052.0,2028.0,"Material","153052-12/2026","ELETRODOMÉSTICOS E EQUIPAMENTOS COMUNS","Catálogo do Compras.gov.br","Material",4110.0,"EQUIPAMENTO PARA REFRIGERAÇÃO",3492.0,"BEBEDOURO ÁGUA GARRAFÃO",605584.0,"CAPACIDADE: 20, CARACTERÍSTICAS ADICIONAIS: CABO USB, BATERIA RECARREGÁVEL, MATERIAL: POLIPROPILENO E AÇO INOXIDÁVEL, TIPO: ENCAIXE, VOLTAGEM: 5","UN",1.0,600.0,600.0,0.0,"2026-07-10"]
["UNIVERSIDADE FEDERAL DE GOIAS-UF/GO",153052.0,2058.0,"Material","153052-12/2026","ELETRODOMÉSTICOS E EQUIPAMENTOS COMUNS","Catálogo do Compras.gov.br","Material",4110.0,"EQUIPAMENTO PARA REFRIGERAÇÃO",785.0,"REFRIGERADOR DUPLEX",405244.0,"CAPACIDADE CONGELADOR: 47, CAPACIDADE REFRIGERAÇÃO: 300, CARACTERÍSTICAS ADICIONAIS: CONTROLE TEMPERATURA, SELO PROCEL \"A\", COR: BRANCA, SISTEMA DEGELO: FROST FREE, TENSÃO ALIMENTAÇÃO: 220","UN",1.0,2700.0,2700.0,0.0,"2026-07-10"]
["UNIVERSIDADE FEDERAL DE GOIAS-UF/GO",153052.0,2059.0,"Material","153052-12/2026","ELETRODOMÉSTICOS E EQUIPAMENTOS COMUNS","Catálogo do Compras.gov.br","Material",4110.0,"EQUIPAMENTO PARA REFRIGERAÇÃO",3492.0,"BEBEDOURO ÁGUA GARRAFÃO",313572.0,"CAPACIDADE: 20, CARACTERÍSTICAS ADICIONAIS: 2 TORNEIRAS, COR: BRANCA, TIPO: VERTICAL ELÉTRICO, VOLTAGEM: 220, CAPACIDADE REFRIGERAÇÃO: 4, SAÍDA ÁGUA: NATURAL E GELADA","UN",1.0,633.6,633.6,0.0,"2026-07-10"]
["UNIVERSIDADE FEDERAL DE GOIAS-UF/GO",153052.0,2060.0,"Material","153052-12/2026","ELETRODOMÉSTICOS E EQUIPAMENTOS COMUNS","Catálogo do Compras.gov.br","Material",7310.0,"EQUIPAMENTOS PARA COZINHAR, ASSAR E SERVIR ALIMENTOS",1045.0,"FORNO MICROONDAS",354973.0,"CAPACIDADE: 30, CARACTERÍSTICAS ADICIONAIS: COM PRATO GIRATÓRIO, COR: BRANCA, VOLTAGEM: 220","UN",1.0,659.0,659.0,0.0,"2026-07-10"]
["UNIVERSIDADE FEDERAL DE GOIAS-UF/GO",153052.0,2061.0,"Material","153052-12/2026","ELETRODOMÉSTICOS E EQUIPAMENTOS COMUNS","Catálogo do Compras.gov.br","Material",4610.0,"EQUIPAMENTOS PARA PURIFICAÇÃO DE ÁGUA",15695.0,"APARELHO PURIFICADOR DE ÁGUA",611887.0,"CAPACIDADE: 2, CARACTERÍSTICAS ADICIONAIS: ÁGUA GELADA E ÁGUA NATURAL, TIPO: CINCO FILTRAGENS, TIPO FIXAÇÃO: PAREDE, VOLTAGEM: 220","UN",1.0,1269.52,1269.52,0.0,"2026-07-10"]
["UNIVERSIDADE FEDERAL DE GOIAS-UF/GO",153052.0,2035.0,"Material","153052-12/2026","ELETRODOMÉSTICOS E EQUIPAMENTOS COMUNS","Catálogo do Compras.gov.br","Material",7310.0,"EQUIPAMENTOS PARA COZINHAR, ASSAR E SERVIR ALIMENTOS",1045.0,"FORNO MICROONDAS",479243.0,"CAPACIDADE: 31, CARACTERÍSTICAS ADICIONAIS: TIMER, PRATO GIRATÓRIO, AUTO DESCONGELAMENTO, MATERIAL: AÇO INOXIDÁVEL, POTÊNCIA: 1.400, VOLTAGEM: 220","UN",5.0,800.0,4000.0,0.0,"2026-07-10"]
["UNIVERSIDADE FEDERAL DE GOIAS-UF/GO",153052.0,2036.0,"Material","153052-12/2026","ELETRODOMÉSTICOS E EQUIPAMENTOS COMUNS","Catálogo do Compras.gov.br","Material",7310.0,"EQUIPAMENTOS PARA COZINHAR, ASSAR E SERVIR ALIMENTOS",1041.0,"FOGÃO GÁS",425200.0,"CARACTERÍSTICAS ADICIONAIS: ACENDIMENTO AUTOMÁTICO / FORNO AUTOLIMPANTE / TAM-, COR: BRANCA, NORMAS TÉCNICAS: SELO INMETRO GATEGORIA \"A\", QUANTIDADE BOCAS: 4, TIPO FOGÃO: CONVENCIONAL, VOLTAGEM: 110/220","UN",2.0,800.0,1600.0,0.0,"2026-07-10"]
["UNIVERSIDADE FEDERAL DE GOIAS-UF/GO",153052.0,2037.0,"Material","153052-12/2026","ELETRODOMÉSTICOS E EQUIPAMENTOS COMUNS","Catálogo do Compras.gov.br","Material",3510.0,"EQUIPAMENTOS DE LAVANDERIA E LAVAGEM A SECO",9309.0,"MÁQUINA LAVAR ROUPA",438940.0,"APLICAÇÃO: DOMÉSTICA, CAPACIDADE: 15, CARACTERÍSTICAS ADICIONAIS: LAVADOURA E SECADORA, COR: BRANCA, MATERIAL CESTO: AÇO INOXIDÁVEL, MATERIAL GABINETE: METÁLICO, TIPO: AUTOMÁTICA, VOLTAGEM: 127/220","UN",4.0,2000.0,8000.0,0.0,"2026-07-10"]
["UNIVERSIDADE FEDERAL DE GOIAS-UF/GO",153052.0,2038.0,"Material","153052-12/2026","ELETRODOMÉSTICOS E EQUIPAMENTOS COMUNS","Catálogo do Compras.gov.br","Material",4140.0,"VENTILADORES, CIRCULADORES DE AR E VENTOINHAS",703.0,"COIFA",327793.0,"APLICAÇÃO: COZINHA, CARACTERÍSTICAS ADICIONAIS: COM EXAUSTOR, 3 NÍVEIS VELOCIDADE, 220 V DIMENSÕES, MATERIAL: AÇO INOXIDÁVEL ESCOVADO, TIPO: DE PAREDE","UN",2.0,700.0,1400.0,0.0,"2026-07-10"]
["UNIVERSIDADE FEDERAL DE GOIAS-UF/GO",153052.0,2043.0,"Material","153052-12/2026","ELETRODOMÉSTICOS E EQUIPAMENTOS COMUNS","Catálogo do Compras.gov.br","Material",4110.0,"EQUIPAMENTO PARA REFRIGERAÇÃO",3492.0,"BEBEDOURO ÁGUA GARRAFÃO",null,null,"-",0.0,0.0,900.0,0.0,"2026-07-10"]
["UNIVERSIDADE FEDERAL DE GOIAS-UF/GO",153052.0,2054.0,"Material","153052-12/2026","ELETRODOMÉSTICOS E EQUIPAMENTOS COMUNS","Catálogo do Compras.gov.br","Material",4110.0,"EQUIPAMENTO PARA REFRIGERAÇÃO",784.0,"FRIGOBAR",360271.0,"CAPACIDADE: 120, CARACTERÍSTICAS ADICIONAIS: PRATELEIRAS REMOVÍVEIS, COR: BRANCA, TENSÃO ALIMENTAÇÃO: 110/220","UN",3.0,1500.0,4500.0,0.0,"2026-07-10"]
["UNIVERSIDADE FEDERAL DE GOIAS-UF/GO",153052.0,2071.0,"Material","153052-12/2026","ELETRODOMÉSTICOS E EQUIPAMENTOS COMUNS","Catálogo do Compras.gov.br","Material",4110.0,"EQUIPAMENTO PARA REFRIGERAÇÃO",3489.0,"BEBEDOURO ÁGUA",430493.0,"CAPACIDADE ÁGUA: 50, CARACTERÍSTICAS ADICIONAIS: 2 TORNEIRAS GELADAS, MATERIAL GABINETE: AÇO INOXIDÁVEL, TIPO: INDUSTRIAL, VOLTAGEM: 220","UN",2.0,2800.0,5600.0,0.0,"2026-07-10"]
["UNIVERSIDADE FEDERAL DE GOIAS-UF/GO",153052.0,2072.0,"Material","153052-12/2026","ELETRODOMÉSTICOS E EQUIPAMENTOS COMUNS","Catálogo do Compras.gov.br","Material",4110.0,"EQUIPAMENTO PARA REFRIGERAÇÃO",785.0,"REFRIGERADOR DUPLEX",620945.0,"CAPACIDADE CONGELADOR: 75, CAPACIDADE REFRIGERAÇÃO: 450, CARACTERÍSTICAS ADICIONAIS: GAVETAS CONGELADOR, COR: BRANCA, SISTEMA DEGELO: FROST FREE, TENSÃO ALIMENTAÇÃO: 220, TIPO: VERTICAL","UN",2.0,3300.0,6600.0,0.0,"2026-07-10"]
["UNIVERSIDADE FEDERAL DE GOIAS-UF/GO",153052.0,2073.0,"Material","153052-12/2026","ELETRODOMÉSTICOS E EQUIPAMENTOS COMUNS","Catálogo do Compras.gov.br","Material",7310.0,"EQUIPAMENTOS PARA COZINHAR, ASSAR E SERVIR ALIMENTOS",1045.0,"FORNO MICROONDAS",354973.0,"CAPACIDADE: 30, CARACTERÍSTICAS ADICIONAIS: COM PRATO GIRATÓRIO, COR: BRANCA, VOLTAGEM: 220","UN",4.0,700.0,2800.0,0.0,"2026-07-10"]
["UNIVERSIDADE FEDERAL DE GOIAS-UF/GO",153052.0,2102.0,"Material","153052-13/2026","ARES CONDICIONADOS","Catálogo do Compras.gov.br","Material",4120.0,"EQUIPAMENTO DE AR CONDICIONADO",13768.0,"APARELHO AR CONDICIONADO",618527.0,"CAPACIDADE REFRIGERAÇÃO: 18.000, CARACTERÍSTICAS ADICIONAIS: COM CONTROLE REMOTO SEM FIO, CARACTERÍSTICAS ADICIONAIS 1: CONTROLE REMOTO S/FIO, QUENTE/FRIO, SELO PROCEL, FREQÜÊNCIA: 60, GARANTIA: 1, MODELO: SPLIT INVERTER, TENSÃO: 220, TIPO: SPLIT HI WALL","UN",3.0,3300.0,9900.0,0.0,"2026-08-14"]
["UNIVERSIDADE FEDERAL DE GOIAS-UF/GO",153052.0,2055.0,"Material","153052-12/2026","ELETRODOMÉSTICOS E EQUIPAMENTOS COMUNS","Catálogo do Compras.gov.br","Material",4110.0,"EQUIPAMENTO PARA REFRIGERAÇÃO",784.0,"FRIGOBAR",334163.0,"CAPACIDADE: 122, COR: BRANCA, TENSÃO ALIMENTAÇÃO: 110/220","UN",1.0,1200.0,1200.0,0.0,"2026-07-10"]
["UNIVERSIDADE FEDERAL DE GOIAS-UF/GO",153052.0,2062.0,"Material","153052-12/2026","ELETRODOMÉSTICOS E EQUIPAMENTOS COMUNS","Catálogo do Compras.gov.br","Material",4110.0,"EQUIPAMENTO PARA REFRIGERAÇÃO",3489.0,"BEBEDOURO ÁGUA",395320.0,"CAPACIDADE ÁGUA: 100, CARACTERÍSTICAS ADICIONAIS: 3 TORNEIRAS BAIXA PRESSÃO/ TEMPERATURA 4ºC A 9ºC, MATERIAL CORPO: AÇO INOXIDÁVEL, MATERIAL GABINETE: AÇO INOX E POLIURETANO INJETADO, TIPO: INDUSTRIAL","UN",4.0,3000.0,12000.0,0.0,"2026-07-10"]
["UNIVERSIDADE FEDERAL DE GOIAS-UF/GO",153052.0,2063.0,"Material","153052-12/2026","ELETRODOMÉSTICOS E EQUIPAMENTOS COMUNS","Catálogo do Compras.gov.br","Material",4610.0,"EQUIPAMENTOS PARA PURIFICAÇÃO DE ÁGUA",15695.0,"APARELHO PURIFICADOR DE ÁGUA",611887.0,"CAPACIDADE: 2, CARACTERÍSTICAS ADICIONAIS: ÁGUA GELADA E ÁGUA NATURAL, TIPO: CINCO FILTRAGENS, TIPO FIXAÇÃO: PAREDE, VOLTAGEM: 220","UN",1.0,600.0,600.0,0.0,"2026-07-10"]
["UNIVERSIDADE FEDERAL DE GOIAS-UF/GO",153052.0,2064.0,"Material","153052-12/2026","ELETRODOMÉSTICOS E EQUIPAMENTOS COMUNS","Catálogo do Compras.gov.br","Material",7310.0,"EQUIPAMENTOS PARA COZINHAR, ASSAR E SERVIR ALIMENTOS",1069.0,"CAFETEIRA ELÉTRICA",613880.0,"CAPACIDADE: 1,50, MATERIAL: PLÁSTICO RESISTENTE, POTÊNCIA: 1.170, VOLTAGEM: 110/220","UN",1.0,550.0,550.0,0.0,"2026-07-10"]
["UNIVERSIDADE FEDERAL DE GOIAS-UF/GO",153052.0,2067.0,"Material","153052-12/2026","ELETRODOMÉSTICOS E EQUIPAMENTOS COMUNS","Catálogo do Compras.gov.br","Material",4110.0,"EQUIPAMENTO PARA REFRIGERAÇÃO",783.0,"FREEZER",432552.0,"CAPACIDADE: 500, CARACTERÍSTICAS ADICIONAIS: TRIPLAFUNÇÃO, EFICIÊNCIA ENERGÉTICA ETIQUETA \"A\", QUANTIDADE TAMPAS: 2, TENSÃO ALIMENTAÇÃO: 110/220, TIPO: HORIZONTAL","UN",1.0,3500.0,3500.0,0.0,"2026-07-10"]
["UNIVERSIDADE FEDERAL DE GOIAS-UF/GO",153052.0,2074.0,"Material","153052-12/2026","ELETRODOMÉSTICOS E EQUIPAMENTOS COMUNS","Catálogo do Compras.gov.br","Material",4110.0,"EQUIPAMENTO PARA REFRIGERAÇÃO",3489.0,"BEBEDOURO ÁGUA",307496.0,"CAPACIDADE ÁGUA: 100, CARACTERÍSTICAS ADICIONAIS: 4 TORNEIRAS LATÃO CROMADO, MATERIAL CORPO: AÇO INOXIDÁVEL, TIPO: INDUSTRIAL, VOLTAGEM: 220","UN",1.0,2690.0,2690.0,0.0,"2026-07-10"]
["UNIVERSIDADE FEDERAL DE GOIAS-UF/GO",153052.0,2075.0,"Material","153052-12/2026","ELETRODOMÉSTICOS E EQUIPAMENTOS COMUNS","Catálogo do Compras.gov.br","Material",3510.0,"EQUIPAMENTOS DE LAVANDERIA E LAVAGEM A SECO",9309.0,"MÁQUINA LAVAR ROUPA",296236.0,"APLICAÇÃO: DOMÉSTICA, CAPACIDADE: 4, CARACTERÍSTICAS ADICIONAIS: COM 3 PROGRAMAS DE LAVAGEM, TIPO: TANQUINHO AUTOMÁTICO, VOLTAGEM: 220","UN",1.0,379.0,379.0,0.0,"2026-07-10"]
["UNIVERSIDADE FEDERAL DE GOIAS-UF/GO",153052.0,2076.0,"Material","153052-12/2026","ELETRODOMÉSTICOS E EQUIPAMENTOS COMUNS","Catálogo do Compras.gov.br","Material",3510.0,"EQUIPAMENTOS DE LAVANDERIA E LAVAGEM A SECO",7405.0,"FERRO PASSAR ROUPA",607777.0,"CARACTERÍSTICAS ADICIONAIS: BASE CERÂMICA GLISS, POTÊNCIA: 1.200, TENSÃO ALIMENTAÇÃO: 220, TIPO: ELÉTRICO VAPOR E SPRAY","UN",1.0,161.0,161.0,0.0,"2026-07-10"]
["UNIVERSIDADE FEDERAL DE GOIAS-UF/GO",153052.0,2078.0,"Serviço","153052-166/2026","DLOG - CAPACITAÇÃO DE SERVIDORES","Catálogo do Compras.gov.br","Serviço",929.0,"OUTROS SERVIÇOS DE EDUCAÇÃO E TREINAMENTO",null,null,21172.0,"TREINAMENTO QUALIFICAÇÃO PROFISSIONAL","-",1.0,2000.0,2000.0,0.0,"2026-05-04"]
["UNIVERSIDADE FEDERAL DE GOIAS-UF/GO",153052.0,2079.0,"Serviço","153052-166/2026","DLOG - CAPACITAÇÃO DE SERVIDORES","Catálogo do Compras.gov.br","Serviço",929.0,"OUTROS SERVIÇOS DE EDUCAÇÃO E TREINAMENTO",null,null,21172.0,"TREINAMENTO QUALIFICAÇÃO PROFISSIONAL","-",2.0,2000.0,4000.0,0.0,"2026-05-04"]
["UNIVERSIDADE FEDERAL DE GOIAS-UF/GO",153052.0,2080.0,"Serviço","153052-166/2026","DLOG - CAPACITAÇÃO DE SERVIDORES","Catálogo do Compras.gov.br","Serviço",929.0,"OUTROS SERVIÇOS DE EDUCAÇÃO E TREINAMENTO",null,null,21172.0,"TREINAMENTO QUALIFICAÇÃO PROFISSIONAL","-",2.0,2000.0,4000.0,0.0,"2026-05-04"]
["UNIVERSIDADE FEDERAL DE GOIAS-UF/GO",153052.0,2081.0,"Serviço","153052-166/2026","DLOG - CAPACITAÇÃO DE SERVIDORES","Catálogo do Compras.gov.br","Serviço",929.0,"OUTROS SERVIÇOS DE EDUCAÇÃO E TREINAMENTO",null,null,21172.0,"TREINAMENTO QUALIFICAÇÃO PROFISSIONAL","-",2.0,4000.0,8000.0,0.0,"2026-05-04"]
["UNIVERSIDADE FEDERAL DE GOIAS-UF/GO",153052.0,2082.0,"Serviço","153052-166/2026","DLOG - CAPACITAÇÃO DE SERVIDORES","Catálogo do Compras.gov.br","Serviço",929.0,"OUTROS SERVIÇOS DE EDUCAÇÃO E TREINAMENTO",null,null,21172.0,"TREINAMENTO QUALIFICAÇÃO PROFISSIONAL","-",2.0,4000.0,8000.0,0.0,"2026-05-04"]
["UNIVERSIDADE FEDERAL DE GOIAS-UF/GO",153052.0,2083.0,"Serviço","153052-166/2026","DLOG - CAPACITAÇÃO DE SERVIDORES","Catálogo do Compras.gov.br","Serviço",929.0,"OUTROS SERVIÇOS DE EDUCAÇÃO E TREINAMENTO",null,null,21172.0,"TREINAMENTO QUALIFICAÇÃO PROFISSIONAL","-",2.0,4040.0,8080.0,0.0,"2026-05-04"]
["UNIVERSIDADE FEDERAL DE GOIAS-UF/GO",153052.0,2084.0,"Serviço","153052-166/2026","DLOG - CAPACITAÇÃO DE SERVIDORES","Catálogo do Compras.gov.br","Serviço",929.0,"OUTROS SERVIÇOS DE EDUCAÇÃO E TREINAMENTO",null,null,21172.0,"TREINAMENTO QUALIFICAÇÃO PROFISSIONAL","-",6.0,2000.0,12000.0,0.0,"2026-05-04"]
["UNIVERSIDADE FEDERAL DE GOIAS-UF/GO",153052.0,2085.0,"Serviço","153052-166/2026","DLOG - CAPACITAÇÃO DE SERVIDORES","Catálogo do Compras.gov.br","Serviço",929.0,"OUTROS SERVIÇOS DE EDUCAÇÃO E TREINAMENTO",null,null,25232.0,"PAGAMENTO INSCRIÇÃO EVENTOS","-",3.0,5000.0,15000.0,0.0,"2026-05-04"]
["UNIVERSIDADE FEDERAL DE GOIAS-UF/GO",153052.0,2086.0,"Serviço","153052-166/2026","DLOG - CAPACITAÇÃO DE SERVIDORES","Catálogo do Compras.gov.br","Serviço",929.0,"OUTROS SERVIÇOS DE EDUCAÇÃO E TREINAMENTO",null,null,25232.0,"PAGAMENTO INSCRIÇÃO EVENTOS","-",3.0,5000.0,15000.0,0.0,"2026-05-04"]
["UNIVERSIDADE FEDERAL DE GOIAS-UF/GO",153052.0,2103.0,"Material","153052-13/2026","ARES CONDICIONADOS","Catálogo do Compras.gov.br","Material",4120.0,"EQUIPAMENTO DE AR CONDICIONADO",13768.0,"APARELHO AR CONDICIONADO",612237.0,"CAPACIDADE REFRIGERAÇÃO: 48.000, CARACTERÍSTICAS ADICIONAIS: CONTROLE REMOTO/CICLO REVERSO (QUENTE/FRIO), FREQÜÊNCIA: 60, GARANTIA: 1, MODELO: PISO-TETO INVERTER, NÍVEL RUÍDO INTERNO: 47/45/42, TENSÃO: 220, TIPO: SPLIT","UN",1.0,9000.0,9000.0,0.0,"2026-08-14"]
["UNIVERSIDADE FEDERAL DE GOIAS-UF/GO",153052.0,2104.0,"Material","153052-13/2026","ARES CONDICIONADOS","Catálogo do Compras.gov.br","Material",4120.0,"EQUIPAMENTO DE AR CONDICIONADO",13768.0,"APARELHO AR CONDICIONADO",480928.0,"CAPACIDADE REFRIGERAÇÃO: 24.000, FREQÜÊNCIA: 60, TENSÃO: 220, TIPO: SPLIT","UN",4.0,4000.0,16000.0,0.0,"2026-08-14"]
["UNIVERSIDADE FEDERAL DE GOIAS-UF/GO",153052.0,2105.0,"Material","153052-13/2026","ARES CONDICIONADOS","Catálogo do Compras.gov.br","Material",4120.0,"EQUIPAMENTO DE AR CONDICIONADO",13768.0,"APARELHO AR CONDICIONADO",619108.0,"CAPACIDADE REFRIGERAÇÃO: 9.000, CARACTERÍSTICAS ADICIONAIS 1: CONTROLE REMOTO/CICLO REVERSO (QUENTE/FRIO), FREQÜÊNCIA: 60, GARANTIA: 1, MODELO: SPLIT INVERTER, TENSÃO: 220, TIPO: HI-WALL","UN",4.0,1700.0,6800.0,0.0,"2026-08-14"]
["UNIVERSIDADE FEDERAL DE GOIAS-UF/GO",153052.0,2106.0,"Material","153052-13/2026","ARES CONDICIONADOS","Catálogo do Compras.gov.br","Material",4120.0,"EQUIPAMENTO DE AR CONDICIONADO",13768.0,"APARELHO AR CONDICIONADO",618525.0,"CAPACIDADE REFRIGERAÇÃO: 12.000, CARACTERÍSTICAS ADICIONAIS: COM CONTROLE REMOTO SEM FIO, CARACTERÍSTICAS ADICIONAIS 1: CONTROLE REMOTO S/FIO, QUENTE/FRIO, SELO PROCEL, FREQÜÊNCIA: 60, GARANTIA: 1, MODELO: SPLIT INVERTER, TENSÃO: 220, TIPO: SPLIT HI WALL","UN",2.0,2037.16,4074.32,0.0,"2026-08-14"]
["UNIVERSIDADE FEDERAL DE GOIAS-UF/GO",153052.0,2107.0,"Material","153052-13/2026","ARES CONDICIONADOS","Catálogo do Compras.gov.br","Material",4120.0,"EQUIPAMENTO DE AR CONDICIONADO",13768.0,"APARELHO AR CONDICIONADO",617852.0,"CAPACIDADE REFRIGERAÇÃO: 18.000, CARACTERÍSTICAS ADICIONAIS: COM CONTROLE REMOTO SEM FIO, FREQÜÊNCIA: 60, GARANTIA: 1, MODELO: PISO-TETO INVERTER, TENSÃO: 220, TIPO: SPLIT","UN",2.0,3361.2,6722.4,0.0,"2026-08-14"]
["UNIVERSIDADE FEDERAL DE GOIAS-UF/GO",153052.0,2111.0,"Material","153052-13/2026","ARES CONDICIONADOS","Catálogo do Compras.gov.br","Material",4120.0,"EQUIPAMENTO DE AR CONDICIONADO",13768.0,"APARELHO AR CONDICIONADO",441655.0,"CAPACIDADE REFRIGERAÇÃO: 36.000, CARACTERÍSTICAS ADICIONAIS: COMPRESSOR ROTATIVO/REFRIGERAR/VENTILAR/RENOVAR AR, MODELO: TETO/PISO, TENSÃO: 220, TIPO: SPLIT","UN",1.0,7500.0,7500.0,0.0,"2026-08-14"]
["UNIVERSIDADE FEDERAL DE GOIAS-UF/GO",153052.0,2120.0,"Material","153052-13/2026","ARES CONDICIONADOS","Catálogo do Compras.gov.br","Material",4120.0,"EQUIPAMENTO DE AR CONDICIONADO",13768.0,"APARELHO AR CONDICIONADO",440745.0,"CAPACIDADE REFRIGERAÇÃO: 18.000, CARACTERÍSTICAS ADICIONAIS 1: CONTROLE REMOTO/DISPLAY DIGITAL/TIMER/SELO PROCEL, MODELO: SPLIT INVERTER, TENSÃO: 110/220, TIPO: SPLIT","UN",4.0,3000.0,12000.0,0.0,"2026-08-14"]
["UNIVERSIDADE FEDERAL DE GOIAS-UF/GO",153052.0,2090.0,"Material","153052-13/2026","ARES CONDICIONADOS","Catálogo do Compras.gov.br","Material",4120.0,"EQUIPAMENTO DE AR CONDICIONADO",13768.0,"APARELHO AR CONDICIONADO",618525.0,"CAPACIDADE REFRIGERAÇÃO: 12.000, CARACTERÍSTICAS ADICIONAIS: COM CONTROLE REMOTO SEM FIO, CARACTERÍSTICAS ADICIONAIS 1: CONTROLE REMOTO S/FIO, QUENTE/FRIO, SELO PROCEL, FREQÜÊNCIA: 60, GARANTIA: 1, MODELO: SPLIT INVERTER, TENSÃO: 220, TIPO: SPLIT HI WALL","UN",1.0,3500.0,3500.0,0.0,"2026-08-14"]
["UNIVERSIDADE FEDERAL DE GOIAS-UF/GO",153052.0,2087.0,"Material","153052-13/2026","ARES CONDICIONADOS","Catálogo do Compras.gov.br","Material",4120.0,"EQUIPAMENTO DE AR CONDICIONADO",{"$nulls":4},"-",0.0,0.0,10000.0,0.0,"2026-08-14"]
["UNIVERSIDADE FEDERAL DE GOIAS-UF/GO",153052.0,2089.0,"Material","153052-13/2026","ARES CONDICIONADOS","Catálogo do Compras.gov.br","Material",4120.0,"EQUIPAMENTO DE AR CONDICIONADO",13768.0,"APARELHO AR CONDICIONADO",621098.0,"CAPACIDADE REFRIGERAÇÃO: 36.000, CARACTERÍSTICAS ADICIONAIS 1: CONTROLE REMOTO SEM FIO / CICLO SÓ FRIO / INVERTER, FREQÜÊNCIA: 60, GARANTIA: 1, MODELO: TETO/PISO, TENSÃO: 220, TIPO: SPLIT","UN",3.0,7860.0,23580.0,0.0,"2026-08-14"]
["UNIVERSIDADE FEDERAL DE GOIAS-UF/GO",153052.0,2091.0,"Material","153052-13/2026","ARES CONDICIONADOS","Catálogo do Compras.gov.br","Material",4120.0,"EQUIPAMENTO DE AR CONDICIONADO",13768.0,"APARELHO AR CONDICIONADO",603717.0,"CAPACIDADE REFRIGERAÇÃO: 20.000, CARACTERÍSTICAS ADICIONAIS 1: BOMBA DE DRENO, FREQÜÊNCIA: 60, MODELO: FANCOLETE HIDRÔNICO, TENSÃO: 220, TIPO: CASSETE 4 VIAS, VAZÃO AR: 374","UN",1.0,4000.0,4000.0,0.0,"2026-08-14"]
["UNIVERSIDADE FEDERAL DE GOIAS-UF/GO",153052.0,2126.0,"Material","153052-165/2026","PRAE - SERVIÇO CONFECÇÃO DE UNIFORMES","Catálogo do Compras.gov.br","Serviço",881.0,"SERVIÇOS DE MANUFATURA EM INSUMOS FÍSICOS QUE SAO PROPRIEDADE DE OUTROS(EXCETO MAQUINARIA E EQUIPAMENTO)",null,null,10030.0,"CONFECÇÃO - BORDADO - AVIAMENTO DE ROUPA / FARDAMENTO / CAMISETA","-",25.0,50.0,1250.0,0.0,"2026-01-15"]
["UNIVERSIDADE FEDERAL DE GOIAS-UF/GO",153052.0,2099.0,"Material","153052-13/2026","ARES CONDICIONADOS","Catálogo do Compras.gov.br","Material",4120.0,"EQUIPAMENTO DE AR CONDICIONADO",13768.0,"APARELHO AR CONDICIONADO",612237.0,"CAPACIDADE REFRIGERAÇÃO: 48.000, CARACTERÍSTICAS ADICIONAIS: CONTROLE REMOTO/CICLO REVERSO (QUENTE/FRIO), FREQÜÊNCIA: 60, GARANTIA: 1, MODELO: PISO-TETO INVERTER, NÍVEL RUÍDO INTERNO: 47/45/42, TENSÃO: 220, TIPO: SPLIT","UN",3.0,8500.0,25500.0,0.0,"2026-08-14"]
["UNIVERSIDADE FEDERAL DE GOIAS-UF/GO",153052.0,2100.0,"Material","153052-13/2026","ARES CONDICIONADOS","Catálogo do Compras.gov.br","Material",4120.0,"EQUIPAMENTO DE AR CONDICIONADO",13768.0,"APARELHO AR CONDICIONADO",618525.0,"CAPACIDADE REFRIGERAÇÃO: 12.000, CARACTERÍSTICAS ADICIONAIS: COM CONTROLE REMOTO SEM FIO, CARACTERÍSTICAS ADICIONAIS 1: CONTROLE REMOTO S/FIO, QUENTE/FRIO, SELO PROCEL, FREQÜÊNCIA: 60, GARANTIA: 1, MODELO: SPLIT INVERTER, TENSÃO: 220, TIPO: SPLIT HI WALL","UN",3.0,2500.0,7500.0,0.0,"2026-08-14"]
["UNIVERSIDADE FEDERAL DE GOIAS-UF/GO",153052.0,2113.0,"Material","153052-13/2026","ARES CONDICIONADOS","Catálogo do Compras.gov.br","Material",4120.0,"EQUIPAMENTO DE AR CONDICIONADO",{"$nulls":4},"-",0.0,0.0,30000.0,0.0,"2026-08-14"]
["UNIVERSIDADE FEDERAL DE GOIAS-UF/GO",153052.0,2109.0,"Material","153052-13/2026","ARES CONDICIONADOS","Catálogo do Compras.gov.br","Material",4120.0,"EQUIPAMENTO DE AR CONDICIONADO",13768.0,"APARELHO AR CONDICIONADO",429601.0,"CAPACIDADE REFRIGERAÇÃO: 15.000, CARACTERÍSTICAS ADICIONAIS: UNIDADE EVAPORADORA, UNIDADE CONDENSADORA,  ALETAS, TIPO: SPLIT","UN",3.0,3100.0,9300.0,0.0,"2026-08-14"]
["UNIVERSIDADE FEDERAL DE GOIAS-UF/GO",153052.0,2110.0,"Material","153052-13/2026","ARES CONDICIONADOS","Catálogo do Compras.gov.br","Material",4110.0,"EQUIPAMENTO PARA REFRIGERAÇÃO",3489.0,"BEBEDOURO ÁGUA",430493.0,"CAPACIDADE ÁGUA: 50, CARACTERÍSTICAS ADICIONAIS: 2 TORNEIRAS GELADAS, MATERIAL GABINETE: AÇO INOXIDÁVEL, TIPO: INDUSTRIAL, VOLTAGEM: 220","UN",1.0,1760.0,1760.0,0.0,"2026-08-14"]
["UNIVERSIDADE FEDERAL DE GOIAS-UF/GO",153052.0,2118.0,"Material","153052-13/2026","ARES CONDICIONADOS","Catálogo do Compras.gov.br","Material",4120.0,"EQUIPAMENTO DE AR CONDICIONADO",13768.0,"APARELHO AR CONDICIONADO",352862.0,"CAPACIDADE REFRIGERAÇÃO: 12.000, CARACTERÍSTICAS ADICIONAIS 1: AUTOMÁTICO, CONTROLE REMOTO, SELO PROCEL, TENSÃO: 220, TIPO: SPLIT","UN",1.0,3000.0,3000.0,0.0,"2026-08-14"]
["UNIVERSIDADE FEDERAL DE GOIAS-UF/GO",153052.0,2121.0,"Material","153052-13/2026","ARES CONDICIONADOS","Catálogo do Compras.gov.br","Material",4120.0,"EQUIPAMENTO DE AR CONDICIONADO",13768.0,"APARELHO AR CONDICIONADO",456466.0,"CAPACIDADE REFRIGERAÇÃO: 9.000, CARACTERÍSTICAS ADICIONAIS 1: CONTROLE REMOTO/DISPLAY DIGITAL/TIMER/SELO PROCEL, MODELO: SPLIT INVERTER, TENSÃO: 110/220, TIPO: SPLIT","UN",2.0,1500.0,3000.0,0.0,"2026-08-14"]
["UNIVERSIDADE FEDERAL DE GOIAS-UF/GO",153052.0,2122.0,"Material","153052-13/2026","ARES CONDICIONADOS","Catálogo do Compras.gov.br","Material",4120.0,"EQUIPAMENTO DE AR CONDICIONADO",13768.0,"APARELHO AR CONDICIONADO",483097.0,"CAPACIDADE REFRIGERAÇÃO: 30.000, CARACTERÍSTICAS ADICIONAIS 1: CICLO FRIO, SELO PROCEL, CONTROLE REMOTO SEM FIO, MODELO: SPLIT INVERTER, TENSÃO: 220, TIPO: SPLIT","UN",1.0,6000.0,6000.0,0.0,"2026-08-14"]
["UNIVERSIDADE FEDERAL DE GOIAS-UF/GO",153052.0,2117.0,"Material","153052-13/2026","ARES CONDICIONADOS","Catálogo do Compras.gov.br","Material",4120.0,"EQUIPAMENTO DE AR CONDICIONADO",13768.0,"APARELHO AR CONDICIONADO",621109.0,"CAPACIDADE REFRIGERAÇÃO: 30.000, CARACTERÍSTICAS ADICIONAIS 1: CONTROLE REMOTO SEM FIO / CICLO SÓ FRIO / INVERTER, FREQÜÊNCIA: 60, GARANTIA: 1, MODELO: TETO/PISO, TENSÃO: 220, TIPO: SPLIT","UN",1.0,6000.0,6000.0,0.0,"2026-08-14"]
["UNIVERSIDADE FEDERAL DE GOIAS-UF/GO",153052.0,2112.0,"Material","153052-13/2026","ARES CONDICIONADOS","Catálogo do Compras.gov.br","Material",4120.0,"EQUIPAMENTO DE AR CONDICIONADO",13768.0,"APARELHO AR CONDICIONADO",238836.0,"CAPACIDADE REFRIGERAÇÃO: 24.000, CARACTERÍSTICAS ADICIONAIS: COMPRESSOR ROTATIVO CONDENSADORA / DIRECIONAMENTO, FREQÜÊNCIA: 60, TENSÃO: 220, TIPO: SPLIT, LARGURA EXTERNA: 1.080, ALTURA EXTERNA: 295, PROFUNDIDADE EXTERNA: 185","UN",20.0,1017.0,20340.0,0.0,"2026-08-14"]
["UNIVERSIDADE FEDERAL DE GOIAS-UF/GO",153052.0,2144.0,"Material","153052-14/2026","MATERIAIS PARA MANUTENÇÃO (PREDIAL, HIDRÁULICO, FERRAGENS)","Catálogo do Compras.gov.br","Material",4510.0,"DISPOSITIVOS E ACESSÓRIOS PARA INSTALAÇÕES HIDRÁULICAS",12820.0,"TORNEIRA",429871.0,"ACABAMENTO SUPERFICIAL: CROMADO, APLICAÇÃO: MESA, CARACTERISTICAS ADICIONAIS: ACIONAMENTO HIDROMECÂNICO COM LEVE PRESSÃO MANUAL, DIÂMETRO: 1/2, MATERIAL CORPO: METAL, TIPO: AUTOMÁTICA","UN",10.0,250.0,2500.0,0.0,"2026-07-17"]
["UNIVERSIDADE FEDERAL DE GOIAS-UF/GO",153052.0,2114.0,"Material","153052-13/2026","ARES CONDICIONADOS","Catálogo do Compras.gov.br","Material",4120.0,"EQUIPAMENTO DE AR CONDICIONADO",13768.0,"APARELHO AR CONDICIONADO",458192.0,"CAPACIDADE REFRIGERAÇÃO: 12.000, CARACTERÍSTICAS ADICIONAIS 1: CONTROLE REMOTO S/FIO, INVERTER, TENSÃO: 220, TIPO: SPLIT HI WALL","UN",2.0,2650.0,5300.0,0.0,"2026-08-14"]
["UNIVERSIDADE FEDERAL DE GOIAS-UF/GO",153052.0,2115.0,"Material","153052-13/2026","ARES CONDICIONADOS","Catálogo do Compras.gov.br","Material",4120.0,"EQUIPAMENTO DE AR CONDICIONADO",13768.0,"APARELHO AR CONDICIONADO",414749.0,"CAPACIDADE REFRIGERAÇÃO: 9.000, CARACTERÍSTICAS ADICIONAIS 1: CONTROLE REMOTO SEM FIO, TENSÃO: 220, TIPO: SPLIT","UN",3.0,3000.0,9000.0,0.0,"2026-08-14"]
["UNIVERSIDADE FEDERAL DE GOIAS-UF/GO",153052.0,2127.0,"Material","153052-14/2026","MATERIAIS PARA MANUTENÇÃO (PREDIAL, HIDRÁULICO, FERRAGENS)","Catálogo do Compras.gov.br","Material",3750.0,"IMPLEMENTOS E FERRAMENTAS DE JARDINAGEM",1374.0,"TESOURA PODA",247611.0,"CARACTERÍSTICAS ADICIONAIS: LÂMINAS RETAS, COM TRAVA, MATERIAL CABO: POLIPROPILENO, MATERIAL LÂMINA: AÇO SAE 1.070, PESO: 230","UN",17.0,40.0,680.0,0.0,"2026-07-17"]
["UNIVERSIDADE FEDERAL DE GOIAS-UF/GO",153052.0,2128.0,"Material","153052-14/2026","MATERIAIS PARA MANUTENÇÃO (PREDIAL, HIDRÁULICO, FERRAGENS)","Catálogo do Compras.gov.br","Material",3750.0,"IMPLEMENTOS E FERRAMENTAS DE JARDINAGEM",614.0,"SERROTE PODA",214067.0,"APLICAÇÃO: JARDINAGEM, COMPRIMENTO LÂMINA: 21, FORMATO TUBO: REDONDO, MATERIAL TUBO: AÇO","UN",3.0,300.0,900.0,0.0,"2026-07-17"]
["UNIVERSIDADE FEDERAL DE GOIAS-UF/GO",153052.0,2116.0,"Material","153052-13/2026","ARES CONDICIONADOS","Catálogo do Compras.gov.br","Material",4120.0,"EQUIPAMENTO DE AR CONDICIONADO",13768.0,"APARELHO AR CONDICIONADO",459763.0,"CAPACIDADE REFRIGERAÇÃO: 48.000, CARACTERÍSTICAS ADICIONAIS 1: COM CONTROLE REMOTO, MODELO: PISO-TETO INVERTER, TENSÃO: 380, TIPO: SPLIT","UN",1.0,9800.0,9800.0,0.0,"2026-08-14"]
["UNIVERSIDADE FEDERAL DE GOIAS-UF/GO",153052.0,2147.0,"Material","153052-14/2026","MATERIAIS PARA MANUTENÇÃO (PREDIAL, HIDRÁULICO, FERRAGENS)","Catálogo do Compras.gov.br","Material",5210.0,"INSTRUMENTOS DE MEDIÇÃO PARA ARTÍFICES",918.0,"ESQUADRO",459435.0,"APLICAÇÃO: MARCENARIA, COMPRIMENTO RÉGUA: 300, ESCALA GRADUAÇÃO: 1 MM, MATERIAL CABO: ALUMÍNIO, MATERIAL RÉGUA: AÇO, TIPO: COMBINADO, TIPO GRADUAÇÃO: DUPLA, TIPO SISTEMA MEDIÇÃO: DECIMAL","UN",9.0,77.0,693.0,0.0,"2026-07-17"]
["UNIVERSIDADE FEDERAL DE GOIAS-UF/GO",153052.0,2119.0,"Material","153052-13/2026","ARES CONDICIONADOS","Catálogo do Compras.gov.br","Material",4110.0,"EQUIPAMENTO PARA REFRIGERAÇÃO",13768.0,"APARELHO AR CONDICIONADO",440747.0,"CAPACIDADE REFRIGERAÇÃO: 24.000, CARACTERÍSTICAS ADICIONAIS 1: CONTROLE REMOTO/DISPLAY DIGITAL/TIMER/SELO PROCEL, MODELO: SPLIT INVERTER, TENSÃO: 110/220, TIPO: SPLIT","UN",2.0,3422.95,6845.9,0.0,"2026-08-14"]
["UNIVERSIDADE FEDERAL DE GOIAS-UF/GO",153052.0,2123.0,"Material","153052-13/2026","ARES CONDICIONADOS","Catálogo do Compras.gov.br","Material",4120.0,"EQUIPAMENTO DE AR CONDICIONADO",13768.0,"APARELHO AR CONDICIONADO",441655.0,"CAPACIDADE REFRIGERAÇÃO: 36.000, CARACTERÍSTICAS ADICIONAIS: COMPRESSOR ROTATIVO/REFRIGERAR/VENTILAR/RENOVAR AR, MODELO: TETO/PISO, TENSÃO: 220, TIPO: SPLIT","UN",1.0,6000.0,6000.0,0.0,"2026-08-14"]
["UNIVERSIDADE FEDERAL DE GOIAS-UF/GO",153052.0,2124.0,"Material","153052-13/2026","ARES CONDICIONADOS","Catálogo do Compras.gov.br","Material",4120.0,"EQUIPAMENTO DE AR CONDICIONADO",13768.0,"APARELHO AR CONDICIONADO",458191.0,"CAPACIDADE REFRIGERAÇÃO: 18.000, CARACTERÍSTICAS ADICIONAIS 1: CONTROLE REMOTO S/FIO, INVERTER, TENSÃO: 220, TIPO: SPLIT HI WALL","UN",2.0,3519.12,7038.24,0.0,"2026-08-14"]
["UNIVERSIDADE FEDERAL DE GOIAS-UF/GO",153052.0,2125.0,"Material","153052-13/2026","ARES CONDICIONADOS","Catálogo do Compras.gov.br","Material",4120.0,"EQUIPAMENTO DE AR CONDICIONADO",13768.0,"APARELHO AR CONDICIONADO",458192.0,"CAPACIDADE REFRIGERAÇÃO: 12.000, CARACTERÍSTICAS ADICIONAIS 1: CONTROLE REMOTO S/FIO, INVERTER, TENSÃO: 220, TIPO: SPLIT HI WALL","UN",1.0,2915.0,2915.0,0.0,"2026-08-14"]
["UNIVERSIDADE FEDERAL DE GOIAS-UF/GO",153052.0,2145.0,"Material","153052-14/2026","MATERIAIS PARA MANUTENÇÃO (PREDIAL, HIDRÁULICO, FERRAGENS)","Catálogo do Compras.gov.br","Material",5315.0,"PREGOS, CHAVETAS E PINOS",10749.0,"PINO PARA TRANSMISSÃO",288736.0,"APLICAÇÃO: ELETRÔNICA, COR: VERMELHA, TIPO: BANANA COM FURO","UN",200.0,5.0,1000.0,0.0,"2026-07-17"]
["UNIVERSIDADE FEDERAL DE GOIAS-UF/GO",153052.0,2146.0,"Material","153052-14/2026","MATERIAIS PARA MANUTENÇÃO (PREDIAL, HIDRÁULICO, FERRAGENS)","Catálogo do Compras.gov.br","Material",5315.0,"PREGOS, CHAVETAS E PINOS",10749.0,"PINO PARA TRANSMISSÃO",288735.0,"APLICAÇÃO: ELETRÔNICA, COR: PRETA, TIPO: BANANA COM FURO","UN",100.0,5.0,500.0,0.0,"2026-07-17"]
["UNIVERSIDADE FEDERAL DE GOIAS-UF/GO",153052.0,2148.0,"Material","153052-14/2026","MATERIAIS PARA MANUTENÇÃO (PREDIAL, HIDRÁULICO, FERRAGENS)","Catálogo do Compras.gov.br","Material",5210.0,"INSTRUMENTOS DE MEDIÇÃO PARA ARTÍFICES",968.0,"TRENA",626385.0,"CARACTERÍSTICAS ADICIONAIS: COR METÁLICA, GRADUAÇÃO DE 1 MM, COMPRIMENTO: 5, MATERIAL: AÇO","UN",10.0,30.0,300.0,0.0,"2026-07-17"]
["UNIVERSIDADE FEDERAL DE GOIAS-UF/GO",153052.0,2149.0,"Material","153052-14/2026","MATERIAIS PARA MANUTENÇÃO (PREDIAL, HIDRÁULICO, FERRAGENS)","Catálogo do Compras.gov.br","Material",5306.0,"PARAFUSOS COM PORCA",10429.0,"PARAFUSO COM PORCA",625168.0,"COMPRIMENTO: 1 1/2, DIÂMETRO: 3/16, MATERIAL: AÇO CARBONO, TIPO CABEÇA: FRANCESA, TRATAMENTO SUPERFICIAL: ZINCADO","UN",2.0,150.0,300.0,0.0,"2026-07-17"]
["UNIVERSIDADE FEDERAL DE GOIAS-UF/GO",153052.0,2150.0,"Material","153052-14/2026","MATERIAIS PARA MANUTENÇÃO (PREDIAL, HIDRÁULICO, FERRAGENS)","Catálogo do Compras.gov.br","Material",5306.0,"PARAFUSOS COM PORCA",15217.0,"PARAFUSO COM BUCHA E PORCA",368684.0,"APLICAÇÃO: FIXAÇÃO DE ACESSÓRIOS E ATIVOS DO RACK, APRESENTAÇÃO: KIT (01 PORCA 01 PARAFUSO), MATERIAL: AÇO SAE 1070, REFERÊNCIA BUCHA: 19 POLEGADAS, TIPO PORCA: GAIOLA","UN",2.0,300.0,600.0,0.0,"2026-07-17"]
["UNIVERSIDADE FEDERAL DE GOIAS-UF/GO",153052.0,2151.0,"Material","153052-14/2026","MATERIAIS PARA MANUTENÇÃO (PREDIAL, HIDRÁULICO, FERRAGENS)","Catálogo do Compras.gov.br","Material",5330.0,"GAXETAS E OUTROS MATERIAIS PARA VEDAÇÃO",7612.0,"FITA VEDA ROSCA",615103.0,"COMPRIMENTO: 50, LARGURA: 18, MATERIAL: PTFE","UN",10.0,10.0,100.0,0.0,"2026-07-17"]
["UNIVERSIDADE FEDERAL DE GOIAS-UF/GO",153052.0,2152.0,"Material","153052-14/2026","MATERIAIS PARA MANUTENÇÃO (PREDIAL, HIDRÁULICO, FERRAGENS)","Catálogo do Compras.gov.br","Material",5345.0,"DISCOS E PEDRAS ABRASIVOS",567.0,"DISCO CORTE",453314.0,"APLICAÇÃO: AÇO E LIGAS MATERIAIS FERROSOS EM GERAL, DIÂMETRO: 4 1/2, DIÂMETRO FURO: 7/8, MATERIAL: AÇO","UN",100.0,6.9,690.0,0.0,"2026-07-17"]
["UNIVERSIDADE FEDERAL DE GOIAS-UF/GO",153052.0,2153.0,"Material","153052-14/2026","MATERIAIS PARA MANUTENÇÃO (PREDIAL, HIDRÁULICO, FERRAGENS)","Catálogo do Compras.gov.br","Material",5345.0,"DISCOS E PEDRAS ABRASIVOS",567.0,"DISCO CORTE",453314.0,"APLICAÇÃO: AÇO E LIGAS MATERIAIS FERROSOS EM GERAL, DIÂMETRO: 4 1/2, DIÂMETRO FURO: 7/8, MATERIAL: AÇO","UN",100.0,3.61,361.0,0.0,"2026-07-17"]
["UNIVERSIDADE FEDERAL DE GOIAS-UF/GO",153052.0,2154.0,"Material","153052-14/2026","MATERIAIS PARA MANUTENÇÃO (PREDIAL, HIDRÁULICO, FERRAGENS)","Catálogo do Compras.gov.br","Material",5350.0,"MATERIAIS ABRASIVOS",585.0,"LIXA",619873.0,"APRESENTAÇÃO: CINTA, COMPRIMENTO: 300, LARGURA: 50, MATERIAL: ÓXIDO ALUMÍNIO, TIPO GRÃO: 150","UN",100.0,4.29,429.0,0.0,"2026-07-17"]
["UNIVERSIDADE FEDERAL DE GOIAS-UF/GO",153052.0,2155.0,"Material","153052-14/2026","MATERIAIS PARA MANUTENÇÃO (PREDIAL, HIDRÁULICO, FERRAGENS)","Catálogo do Compras.gov.br","Material",5350.0,"MATERIAIS ABRASIVOS",585.0,"LIXA",624419.0,"APLICAÇÃO: MARCENARIA, APRESENTAÇÃO: FOLHA, DIMENSÕES: 22,5 X 27,5, MATERIAL: ÓXIDO ALUMÍNIO, TIPO: LIXA MADEIRA, TIPO GRÃO: 80","UN",150.0,3.99,598.5,0.0,"2026-07-17"]
["UNIVERSIDADE FEDERAL DE GOIAS-UF/GO",153052.0,2156.0,"Material","153052-14/2026","MATERIAIS PARA MANUTENÇÃO (PREDIAL, HIDRÁULICO, FERRAGENS)","Catálogo do Compras.gov.br","Material",5350.0,"MATERIAIS ABRASIVOS",585.0,"LIXA",624418.0,"APLICAÇÃO: MARCENARIA, APRESENTAÇÃO: FOLHA, DIMENSÕES: 22,5 X 27,5, MATERIAL: ÓXIDO ALUMÍNIO, TIPO: LIXA MADEIRA, TIPO GRÃO: 220","UN",100.0,4.46,446.0,0.0,"2026-07-17"]
["UNIVERSIDADE FEDERAL DE GOIAS-UF/GO",153052.0,2157.0,"Material","153052-14/2026","MATERIAIS PARA MANUTENÇÃO (PREDIAL, HIDRÁULICO, FERRAGENS)","Catálogo do Compras.gov.br","Material",8010.0,"TINTAS, VERNIZES E PRODUTOS CORRELATOS",6210.0,"DILUENTE TINTA",605624.0,"ASPECTO FÍSICO: LÍQUIDO, CARACTERÍSTICAS ADICIONAIS: GALÃO 5 L., COMPOSIÇÃO: ETANOL, TOLUENO, METILETILCETONA,2 - BUTANOL,, COR: INCOLOR","LT",3.0,123.58,370.74,0.0,"2026-07-17"]
["UNIVERSIDADE FEDERAL DE GOIAS-UF/GO",153052.0,2158.0,"Material","153052-14/2026","MATERIAIS PARA MANUTENÇÃO (PREDIAL, HIDRÁULICO, FERRAGENS)","Catálogo do Compras.gov.br","Material",8020.0,"PINCEL PARA ARTISTAS E PINTORES",1573.0,"TRINCHA",467559.0,"MATERIAL CABO: PLÁSTICO, MATERIAL CERDAS: SINTÉTICA, TAMANHO: 2","UN",30.0,17.91,537.3,0.0,"2026-07-17"]
["UNIVERSIDADE FEDERAL DE GOIAS-UF/GO",153052.0,2159.0,"Material","153052-14/2026","MATERIAIS PARA MANUTENÇÃO (PREDIAL, HIDRÁULICO, FERRAGENS)","Catálogo do Compras.gov.br","Material",9330.0,"ARTIGOS DE PLÁSTICO",3384.0,"BARRA DE PLÁSTICO",603550.0,"COMPRIMENTO: 1, COR: BRANCA, DIÂMETRO: 45, FORMATO SEÇÃO: REDONDA, MATERIAL: POLIACETAL","UN",10.0,108.17,1081.7,0.0,"2026-07-17"]
["UNIVERSIDADE FEDERAL DE GOIAS-UF/GO",153052.0,2160.0,"Material","153052-14/2026","MATERIAIS PARA MANUTENÇÃO (PREDIAL, HIDRÁULICO, FERRAGENS)","Catálogo do Compras.gov.br","Material",9330.0,"ARTIGOS DE PLÁSTICO",3384.0,"BARRA DE PLÁSTICO",603551.0,"COMPRIMENTO: 1, COR: BRANCA, DIÂMETRO: 20, FORMATO SEÇÃO: REDONDA, MATERIAL: POLIACETAL","UN",10.0,42.7,427.0,0.0,"2026-07-17"]
["UNIVERSIDADE FEDERAL DE GOIAS-UF/GO",153052.0,2161.0,"Material","153052-14/2026","MATERIAIS PARA MANUTENÇÃO (PREDIAL, HIDRÁULICO, FERRAGENS)","Catálogo do Compras.gov.br","Material",9330.0,"ARTIGOS DE PLÁSTICO",3384.0,"BARRA DE PLÁSTICO",603548.0,"COMPRIMENTO: 1, COR: BRANCA, DIÂMETRO: 60, FORMATO SEÇÃO: REDONDA, MATERIAL: POLIACETAL","UN",10.0,167.37,1673.7,0.0,"2026-07-17"]
["UNIVERSIDADE FEDERAL DE GOIAS-UF/GO",153052.0,2162.0,"Material","153052-14/2026","MATERIAIS PARA MANUTENÇÃO (PREDIAL, HIDRÁULICO, FERRAGENS)","Catálogo do Compras.gov.br","Material",9330.0,"ARTIGOS DE PLÁSTICO",3384.0,"BARRA DE PLÁSTICO",603551.0,"COMPRIMENTO: 1, COR: BRANCA, DIÂMETRO: 20, FORMATO SEÇÃO: REDONDA, MATERIAL: POLIACETAL","UN",1.0,727.78,727.78,0.0,"2026-07-17"]
["UNIVERSIDADE FEDERAL DE GOIAS-UF/GO",153052.0,2163.0,"Material","153052-14/2026","MATERIAIS PARA MANUTENÇÃO (PREDIAL, HIDRÁULICO, FERRAGENS)","Catálogo do Compras.gov.br","Material",9390.0,"PRODUTOS DIVERSOS NÃO METÁLICOS",4848.0,"CHAPA POLICARBONATO",332826.0,"COMPRIMENTO: 3000, ESPESSURA: 3, LARGURA: 2050, TRANSMITÂNCIA: TRANSPARENTE","UN",1.0,1600.0,1600.0,0.0,"2026-07-17"]
["UNIVERSIDADE FEDERAL DE GOIAS-UF/GO",153052.0,2210.0,"Material","153052-14/2026","MATERIAIS PARA MANUTENÇÃO (PREDIAL, HIDRÁULICO, FERRAGENS)","Catálogo do Compras.gov.br","Material",3590.0,"EQUIPAMENTOS DIVERSOS PARA SERVIÇOS PROFISSIONAIS E  COMERCIAIS",16887.0,"EQUIPAMENTOS DIVERSOS PARA SERVIÇOS PROFISSIONAIS",602971.0,"CARACTERISTICAS ADICIONAIS 3: TAMANHO: 10 X 20 CENTÍMETROS, MATERIAL: NEOPREME, TIPO: DISCO ESPAÇADOR, USO: ENSAIO DE COMPACTAÇÃO E MOLDAGEM CORPOS DE PROVA","UN",15.0,50.0,750.0,0.0,"2026-07-17"]
["UNIVERSIDADE FEDERAL DE GOIAS-UF/GO",153052.0,2211.0,"Material","153052-14/2026","MATERIAIS PARA MANUTENÇÃO (PREDIAL, HIDRÁULICO, FERRAGENS)","Catálogo do Compras.gov.br","Material",8040.0,"ADESIVOS",12066.0,"SELANTE ADESIVO",393922.0,"APLICAÇÃO: SELANTE PARA VEDAÇÃO DE ÁREAS ÚMIDAS COMO BOXES DE, COR: INCOLOR","BIS",3.0,36.59,109.77,0.0,"2026-07-17"]
["UNIVERSIDADE FEDERAL DE GOIAS-UF/GO",153052.0,2212.0,"Material","153052-14/2026","MATERIAIS PARA MANUTENÇÃO (PREDIAL, HIDRÁULICO, FERRAGENS)","Catálogo do Compras.gov.br","Material",5610.0,"MATERIAIS DE ORIGEM MINERAL PARA CONSTRUÇÃO, A GRANEL",862.0,"AREIA",280970.0,"GRANULOMETRIA: MÉDIA FINA, TIPO: NORMAL BRASILEIRA","SC",2.0,450.0,900.0,0.0,"2026-07-17"]
["UNIVERSIDADE FEDERAL DE GOIAS-UF/GO",153052.0,2213.0,"Material","153052-14/2026","MATERIAIS PARA MANUTENÇÃO (PREDIAL, HIDRÁULICO, FERRAGENS)","Catálogo do Compras.gov.br","Material",5610.0,"MATERIAIS DE ORIGEM MINERAL PARA CONSTRUÇÃO, A GRANEL",4184.0,"CAL HIDRATADA",320920.0,"APLICAÇÃO: CONSTRUÇÃO CIVIL, CARACTERÍSTICAS ADICIONAIS: ALTO TEOR DE CÁLCIO,  POUCO SOLÚVEL, 2 ANOS VALIDA, CLASSIFICAÇÃO: CH3, COMPOSIÇÃO: CA (OH2), COR: BRANCA, ASPECTO FÍSICO: PÓ, PESO MOLECULAR: 74","SC",10.0,17.84,178.4,0.0,"2026-07-17"]
["UNIVERSIDADE FEDERAL DE GOIAS-UF/GO",153052.0,2214.0,"Material","153052-14/2026","MATERIAIS PARA MANUTENÇÃO (PREDIAL, HIDRÁULICO, FERRAGENS)","Catálogo do Compras.gov.br","Material",5610.0,"MATERIAIS DE ORIGEM MINERAL PARA CONSTRUÇÃO, A GRANEL",863.0,"BRITA",216957.0,"MATERIAL: ROCHA TRITURADA, TAMANHO: BRITA 1","SC",8.0,7.4,59.2,0.0,"2026-07-17"]
["UNIVERSIDADE FEDERAL DE GOIAS-UF/GO",153052.0,2215.0,"Material","153052-14/2026","MATERIAIS PARA MANUTENÇÃO (PREDIAL, HIDRÁULICO, FERRAGENS)","Catálogo do Compras.gov.br","Material",5610.0,"MATERIAIS DE ORIGEM MINERAL PARA CONSTRUÇÃO, A GRANEL",862.0,"AREIA",280968.0,"GRANULOMETRIA: FINA, TIPO: NORMAL BRASILEIRA","SC",2.0,450.0,900.0,0.0,"2026-07-17"]
["UNIVERSIDADE FEDERAL DE GOIAS-UF/GO",153052.0,2216.0,"Material","153052-14/2026","MATERIAIS PARA MANUTENÇÃO (PREDIAL, HIDRÁULICO, FERRAGENS)","Catálogo do Compras.gov.br","Material",5610.0,"MATERIAIS DE ORIGEM MINERAL PARA CONSTRUÇÃO, A GRANEL",862.0,"AREIA",280971.0,"GRANULOMETRIA: MÉDIA GROSSA, TIPO: NORMAL BRASILEIRA","SC",2.0,450.0,900.0,0.0,"2026-07-17"]
["UNIVERSIDADE FEDERAL DE GOIAS-UF/GO",153052.0,2217.0,"Material","153052-14/2026","MATERIAIS PARA MANUTENÇÃO (PREDIAL, HIDRÁULICO, FERRAGENS)","Catálogo do Compras.gov.br","Material",5610.0,"MATERIAIS DE ORIGEM MINERAL PARA CONSTRUÇÃO, A GRANEL",867.0,"CIMENTO PORTLAND",327367.0,"MATERIAL: CLINKER, TIPO: CP II - E 32","SC",5.0,43.99,219.95,0.0,"2026-07-17"]
["UNIVERSIDADE FEDERAL DE GOIAS-UF/GO",153052.0,2218.0,"Material","153052-14/2026","MATERIAIS PARA MANUTENÇÃO (PREDIAL, HIDRÁULICO, FERRAGENS)","Catálogo do Compras.gov.br","Material",5610.0,"MATERIAIS DE ORIGEM MINERAL PARA CONSTRUÇÃO, A GRANEL",862.0,"AREIA",280969.0,"GRANULOMETRIA: GROSSA, TIPO: NORMAL BRASILEIRA","SC",2.0,450.0,900.0,0.0,"2026-07-17"]
["UNIVERSIDADE FEDERAL DE GOIAS-UF/GO",153052.0,2219.0,"Material","153052-14/2026","MATERIAIS PARA MANUTENÇÃO (PREDIAL, HIDRÁULICO, FERRAGENS)","Catálogo do Compras.gov.br","Material",5610.0,"MATERIAIS DE ORIGEM MINERAL PARA CONSTRUÇÃO, A GRANEL",862.0,"AREIA",348315.0,"GRANULOMETRIA: FINA, TIPO: ARTIFICIAL","SC",8.0,7.95,63.6,0.0,"2026-07-17"]
["UNIVERSIDADE FEDERAL DE GOIAS-UF/GO",153052.0,2220.0,"Material","153052-14/2026","MATERIAIS PARA MANUTENÇÃO (PREDIAL, HIDRÁULICO, FERRAGENS)","Catálogo do Compras.gov.br","Material",5610.0,"MATERIAIS DE ORIGEM MINERAL PARA CONSTRUÇÃO, A GRANEL",867.0,"CIMENTO PORTLAND",454500.0,"MATERIAL: CLINKER, TIPO: CP II - F 32","SC",5.0,35.47,177.35,0.0,"2026-07-17"]
["UNIVERSIDADE FEDERAL DE GOIAS-UF/GO",153052.0,2221.0,"Material","153052-14/2026","MATERIAIS PARA MANUTENÇÃO (PREDIAL, HIDRÁULICO, FERRAGENS)","Catálogo do Compras.gov.br","Material",5610.0,"MATERIAIS DE ORIGEM MINERAL PARA CONSTRUÇÃO, A GRANEL",862.0,"AREIA",271364.0,"GRANULOMETRIA: MÉDIA, TIPO: SAIBROSA","SC",8.0,7.95,63.6,0.0,"2026-07-17"]
["UNIVERSIDADE FEDERAL DE GOIAS-UF/GO",153052.0,2222.0,"Material","153052-14/2026","MATERIAIS PARA MANUTENÇÃO (PREDIAL, HIDRÁULICO, FERRAGENS)","Catálogo do Compras.gov.br","Material",5610.0,"MATERIAIS DE ORIGEM MINERAL PARA CONSTRUÇÃO, A GRANEL",863.0,"BRITA",216956.0,"MATERIAL: ROCHA TRITURADA, TAMANHO: BRITA 0","SC",8.0,7.4,59.2,0.0,"2026-07-17"]
["UNIVERSIDADE FEDERAL DE GOIAS-UF/GO",153052.0,2223.0,"Material","153052-14/2026","MATERIAIS PARA MANUTENÇÃO (PREDIAL, HIDRÁULICO, FERRAGENS)","Catálogo do Compras.gov.br","Material",5620.0,"VIDROS, TELHAS, TIJOLOS E BLOCOS PARA CONSTRUÇÃO",811.0,"TIJOLO",485707.0,"APLICAÇÃO: CONSTRUÇÃO CIVIL, COMPRIMENTO: 19, COR: VERMELHA, ESPESSURA: 4,50, LARGURA: 9, MATERIAL: BARRO COZIDO, TIPO: MACIÇO","MIL",200.0,1.0,200.0,0.0,"2026-07-17"]
["UNIVERSIDADE FEDERAL DE GOIAS-UF/GO",153052.0,2224.0,"Material","153052-14/2026","MATERIAIS PARA MANUTENÇÃO (PREDIAL, HIDRÁULICO, FERRAGENS)","Catálogo do Compras.gov.br","Material",8020.0,"PINCEL PARA ARTISTAS E PINTORES",1573.0,"TRINCHA",467559.0,"MATERIAL CABO: PLÁSTICO, MATERIAL CERDAS: SINTÉTICA, TAMANHO: 2","UN",5.0,11.0,55.0,0.0,"2026-07-17"]
["UNIVERSIDADE FEDERAL DE GOIAS-UF/GO",153052.0,2225.0,"Material","153052-14/2026","MATERIAIS PARA MANUTENÇÃO (PREDIAL, HIDRÁULICO, FERRAGENS)","Catálogo do Compras.gov.br","Material",8020.0,"PINCEL PARA ARTISTAS E PINTORES",1573.0,"TRINCHA",467560.0,"MATERIAL CABO: PLÁSTICO, MATERIAL CERDAS: SINTÉTICA, TAMANHO: 4","UN",4.0,22.0,88.0,0.0,"2026-07-17"]
["UNIVERSIDADE FEDERAL DE GOIAS-UF/GO",153052.0,2226.0,"Material","153052-14/2026","MATERIAIS PARA MANUTENÇÃO (PREDIAL, HIDRÁULICO, FERRAGENS)","Catálogo do Compras.gov.br","Material",5650.0,"MATERIAIS PARA TELHADOS E REVESTIMENTO DE PAREDES",813.0,"TELHA",358086.0,"ACABAMENTO SUPERFICIAL: NATURAL, CARACTERÍSTICAS ADICIONAIS: BICA, COMPRIMENTO: 480, COR: NATURAL, ESPESSURA: 15, LARGURA: 170, MATERIAL: CERÂMICA, TIPO: PLAN","UN",200.0,2.3,460.0,0.0,"2026-07-17"]
["UNIVERSIDADE FEDERAL DE GOIAS-UF/GO",153052.0,2130.0,"Material","153052-14/2026","MATERIAIS PARA MANUTENÇÃO (PREDIAL, HIDRÁULICO, FERRAGENS)","Catálogo do Compras.gov.br","Material",4720.0,"MANGUEIRAS E TUBULAÇÕES FLEXÍVEIS",616.0,"MANGUEIRA JARDIM",311490.0,"CARACTERÍSTICAS ADICIONAIS: C/ SUPORTE FIXAÇÃO, ENGATE ROSQUEADO, BICO ESGUICH, COMPRIMENTO: 60, COR: CRISTAL, DIÂMETRO: 3/4, ESPESSURA: 2, MATERIAL: PVC-TRANÇADO EM NAILON, USO: JARDINAGEM","UN",2.0,420.0,840.0,0.0,"2026-07-17"]
["UNIVERSIDADE FEDERAL DE GOIAS-UF/GO",153052.0,2131.0,"Material","153052-14/2026","MATERIAIS PARA MANUTENÇÃO (PREDIAL, HIDRÁULICO, FERRAGENS)","Catálogo do Compras.gov.br","Material",4820.0,"VÁLVULAS NÃO ACIONADAS POR FORÇA MOTRIZ",14461.0,"REGISTRO ESFERA",356062.0,"APLICAÇÃO: INSTALAÇÃO HIDRÁULICA, BITOLA: 3/4\", MATERIAL: METAL, TIPO: ALAVANCA, TIPO FIXAÇÃO: ROSCÁVEL","UN",5.0,20.43,102.15,0.0,"2026-07-17"]
["UNIVERSIDADE FEDERAL DE GOIAS-UF/GO",153052.0,2132.0,"Material","153052-14/2026","MATERIAIS PARA MANUTENÇÃO (PREDIAL, HIDRÁULICO, FERRAGENS)","Catálogo do Compras.gov.br","Material",4820.0,"VÁLVULAS NÃO ACIONADAS POR FORÇA MOTRIZ",11560.0,"REGISTRO GAVETA",349028.0,"APLICAÇÃO: INSTALAÇÃO HIDRÁULICA, BITOLA: 3/4, CARACTERÍSTICAS ADICIONAIS: VOLANTE LIGA LATÃO CROMADO E CANOPLA FERRO CROMADO, MATERIAL: LATÃO FUNDIDO","UN",5.0,38.8,194.0,0.0,"2026-07-17"]
["UNIVERSIDADE FEDERAL DE GOIAS-UF/GO",153052.0,2133.0,"Material","153052-14/2026","MATERIAIS PARA MANUTENÇÃO (PREDIAL, HIDRÁULICO, FERRAGENS)","Catálogo do Compras.gov.br","Material",4820.0,"VÁLVULAS NÃO ACIONADAS POR FORÇA MOTRIZ",11560.0,"REGISTRO GAVETA",233449.0,"BITOLA: 1/2, CARACTERÍSTICAS ADICIONAIS: CASTELO COM ROSCA PARA FIXAÇÃO DE ACABAMENTO, MATERIAL: BRONZE FUNDIDO, TIPO: MANUAL","UN",5.0,38.35,191.75,0.0,"2026-07-17"]
["UNIVERSIDADE FEDERAL DE GOIAS-UF/GO",153052.0,2134.0,"Material","153052-14/2026","MATERIAIS PARA MANUTENÇÃO (PREDIAL, HIDRÁULICO, FERRAGENS)","Catálogo do Compras.gov.br","Material",5210.0,"INSTRUMENTOS DE MEDIÇÃO PARA ARTÍFICES",968.0,"TRENA",217915.0,"CARACTERÍSTICAS ADICIONAIS: ESTOJO ANATÔMICO COM MANIVELA DOBRÁVEL, COMPRIMENTO: 30, LARGURA LÂMINA: 10, MATERIAL: AÇO, REVESTIMENTO: NÃO APLICÁVEL","UN",1.0,62.0,62.0,0.0,"2026-07-17"]
["UNIVERSIDADE FEDERAL DE GOIAS-UF/GO",153052.0,2129.0,"Material","153052-14/2026","MATERIAIS PARA MANUTENÇÃO (PREDIAL, HIDRÁULICO, FERRAGENS)","Catálogo do Compras.gov.br","Material",6850.0,"ESPECIALIDADES QUÍMICAS DIVERSAS",8849.0,"LIMPADOR CONTATO ELÉTRICO/ELETRÔNICO",369251.0,"APLICAÇÃO: LIMPEZA COMPONENTES ELÉTRICOS, APRESENTAÇÃO: AEROSOL, CARACTERÍSTICAS ADICIONAIS: FÁCIL EVAPORAÇÃO, NÃO CONDUTOR/INFLAMÁVEL, SEM CFC","FR",6.0,30.0,180.0,0.0,"2026-07-17"]
["UNIVERSIDADE FEDERAL DE GOIAS-UF/GO",153052.0,2234.0,"Material","153052-14/2026","MATERIAIS PARA MANUTENÇÃO (PREDIAL, HIDRÁULICO, FERRAGENS)","Catálogo do Compras.gov.br","Material",4720.0,"MANGUEIRAS E TUBULAÇÕES FLEXÍVEIS",616.0,"MANGUEIRA JARDIM",616963.0,"CARACTERÍSTICAS ADICIONAIS: ESGUICHO TIPO PISTOLA, 1 CONECTOR 3/4 DE POLEGADA, COMPRIMENTO: 50, DIÂMETRO: 3/4, MATERIAL: PVC TRANÇADO EM FIO POLIÉSTER","UN",3.0,200.0,600.0,0.0,"2026-07-17"]
["UNIVERSIDADE FEDERAL DE GOIAS-UF/GO",153052.0,2235.0,"Material","153052-14/2026","MATERIAIS PARA MANUTENÇÃO (PREDIAL, HIDRÁULICO, FERRAGENS)","Catálogo do Compras.gov.br","Material",5340.0,"FERRAGENS DIVERSAS",9854.0,"MOLA PORTA",244749.0,"ACABAMENTO: PINTADO, COMPONENTES: BASE FIXAÇÃO, COR: PRATA, MATERIAL: FERRO FUNDIDO, TIPO: AUTOMÁTICA, TIPO REGULAGEM: PARAFUSO PARA CONTROLE DE VELOCIDADE DE FECHAMENTO","UN",40.0,35.0,1400.0,0.0,"2026-07-17"]
["UNIVERSIDADE FEDERAL DE GOIAS-UF/GO",153052.0,2236.0,"Material","153052-14/2026","MATERIAIS PARA MANUTENÇÃO (PREDIAL, HIDRÁULICO, FERRAGENS)","Catálogo do Compras.gov.br","Material",5210.0,"INSTRUMENTOS DE MEDIÇÃO PARA ARTÍFICES",968.0,"TRENA",429114.0,"CARACTERÍSTICAS ADICIONAIS: GRADUAÇÃO: MM/POL, TRAVA E ENROLAMENTO AUTOMÁTICO, COMPRIMENTO: 10, MATERIAL: AÇO FLEXÍVEL, TIPO: COMUM","UN",6.0,26.99,161.94,0.0,"2026-07-17"]
["UNIVERSIDADE FEDERAL DE GOIAS-UF/GO",153052.0,2135.0,"Material","153052-14/2026","MATERIAIS PARA MANUTENÇÃO (PREDIAL, HIDRÁULICO, FERRAGENS)","Catálogo do Compras.gov.br","Material",5210.0,"INSTRUMENTOS DE MEDIÇÃO PARA ARTÍFICES",968.0,"TRENA",393216.0,"CARACTERÍSTICAS ADICIONAIS: ENROLAMENTO AUTOMÁTICO COM TRAVA, COMPRIMENTO: 5, LARGURA LÂMINA: 19, MATERIAL: AÇO, REVESTIMENTO: BORRACHA","UN",21.0,38.0,798.0,0.0,"2026-07-17"]
["UNIVERSIDADE FEDERAL DE GOIAS-UF/GO",153052.0,2136.0,"Material","153052-14/2026","MATERIAIS PARA MANUTENÇÃO (PREDIAL, HIDRÁULICO, FERRAGENS)","Catálogo do Compras.gov.br","Material",7920.0,"VASSOURAS, ESCOVAS, RODOS, ESPONJAS E ESFREGÕES",6950.0,"ESCOVA LIMPEZA GERAL",440011.0,"CARACTERÍSTICAS ADICIONAIS: 4 FILEIRAS, MATERIAL CERDAS: AÇO, MATERIAL CORPO: MADEIRA","UN",14.0,10.0,140.0,0.0,"2026-07-17"]
["UNIVERSIDADE FEDERAL DE GOIAS-UF/GO",153052.0,2137.0,"Material","153052-14/2026","MATERIAIS PARA MANUTENÇÃO (PREDIAL, HIDRÁULICO, FERRAGENS)","Catálogo do Compras.gov.br","Material",7240.0,"RECEPIENTES PARA USO DOMÉSTICO E COMERCIAL",764.0,"BALDE",417992.0,"CAPACIDADE: 10, CARACTERÍSTICAS ADICIONAIS: PARA UTILIZAÇÃO EM OBRAS DE CONSTRUÇÃO CIVIL, MATERIAL: METAL","UN",10.0,27.0,270.0,0.0,"2026-07-17"]
["UNIVERSIDADE FEDERAL DE GOIAS-UF/GO",153052.0,2138.0,"Material","153052-14/2026","MATERIAIS PARA MANUTENÇÃO (PREDIAL, HIDRÁULICO, FERRAGENS)","Catálogo do Compras.gov.br","Material",5350.0,"MATERIAIS ABRASIVOS",585.0,"LIXA",373785.0,"APRESENTAÇÃO: FOLHA, COMPRIMENTO: 240, LARGURA: 134, MATERIAL: ÓXIDO ALUMÍNIO, TIPO COSTADO: FIBRA SINTÉTICA, TIPO GRÃO: 240","UN",70.0,5.0,350.0,0.0,"2026-07-17"]
["UNIVERSIDADE FEDERAL DE GOIAS-UF/GO",153052.0,2139.0,"Material","153052-14/2026","MATERIAIS PARA MANUTENÇÃO (PREDIAL, HIDRÁULICO, FERRAGENS)","Catálogo do Compras.gov.br","Material",5330.0,"GAXETAS E OUTROS MATERIAIS PARA VEDAÇÃO",7612.0,"FITA VEDA ROSCA",465553.0,"COMPRIMENTO: 20, LARGURA: 18, MATERIAL: TEFLON","UN",20.0,3.35,67.0,0.0,"2026-07-17"]
["UNIVERSIDADE FEDERAL DE GOIAS-UF/GO",153052.0,2140.0,"Material","153052-14/2026","MATERIAIS PARA MANUTENÇÃO (PREDIAL, HIDRÁULICO, FERRAGENS)","Catálogo do Compras.gov.br","Material",5210.0,"INSTRUMENTOS DE MEDIÇÃO PARA ARTÍFICES",920.0,"NÍVEL BOLHA",601642.0,"COMPRIMENTO: 300, MATERIAL CORPO: LIGA DE ALUMINIO E PLÁSTICO PP, TIPO BOLHA: 3 BOLHAS (DIAGONAL, HORINZONTAL  E  VERTICAL).","UN",6.0,44.46,266.76,0.0,"2026-07-17"]
["UNIVERSIDADE FEDERAL DE GOIAS-UF/GO",153052.0,2141.0,"Material","153052-14/2026","MATERIAIS PARA MANUTENÇÃO (PREDIAL, HIDRÁULICO, FERRAGENS)","Catálogo do Compras.gov.br","Material",9905.0,"CARTAZES, MOSTRUÁRIOS E PLACAS DE IDENTIFICAÇÃO",10839.0,"PLACA",459936.0,"ACABAMENTO SUPERFICIAL: GALVANIZADO, CARACTERÍSTICAS ADICIONAIS: CONFORME MODELO DO ÓRGÃO, COMPRIMENTO: 100, COR: BRANCA, ESPESSURA: 3, LARGURA: 60, MATERIAL: AÇO","UN",20.0,25.0,500.0,0.0,"2026-07-17"]
["UNIVERSIDADE FEDERAL DE GOIAS-UF/GO",153052.0,2142.0,"Material","153052-14/2026","MATERIAIS PARA MANUTENÇÃO (PREDIAL, HIDRÁULICO, FERRAGENS)","Catálogo do Compras.gov.br","Material",5610.0,"MATERIAIS DE ORIGEM MINERAL PARA CONSTRUÇÃO, A GRANEL",862.0,"AREIA",292021.0,"GRANULOMETRIA: MÉDIA FINA, TIPO: REFRATÁRIA","SC",5.0,350.0,1750.0,0.0,"2026-07-17"]
["UNIVERSIDADE FEDERAL DE GOIAS-UF/GO",153052.0,3445.0,"Material","153052-29/2026","MATERIAIS QUÍMICOS, SUBSTÂNCIAS PARA DIAGNÓSTICO, MEIOS DE CULTURA E TESTES - OUTRAS UNIDADES","Catálogo do Compras.gov.br","Material",6810.0,"PRODUTOS QUÍMICOS",790.0,"HIPOCLORITO DE SÓDIO",437156.0,"ASPECTO FÍSICO: SOLUÇÃO AQUOSA, CONCENTRAÇÃO: ATÉ 2,5% DE CLORO ATIVO","UN",200.0,17.0,3400.0,0.0,"2026-06-26"]
["UNIVERSIDADE FEDERAL DE GOIAS-UF/GO",153052.0,2143.0,"Material","153052-14/2026","MATERIAIS PARA MANUTENÇÃO (PREDIAL, HIDRÁULICO, FERRAGENS)","Catálogo do Compras.gov.br","Material",8010.0,"TINTAS, VERNIZES E PRODUTOS CORRELATOS",185.0,"TINTA NANQUIM",200605.0,"COR: PRETA, MATERIAL: ÁLCOOL","FR",1.0,3.59,3.59,0.0,"2026-07-17"]
["UNIVERSIDADE FEDERAL DE GOIAS-UF/GO",153052.0,2164.0,"Material","153052-14/2026","MATERIAIS PARA MANUTENÇÃO (PREDIAL, HIDRÁULICO, FERRAGENS)","Catálogo do Compras.gov.br","Material",9510.0,"BARRAS E VERGALHÕES DE FERRO E DE AÇO",3350.0,"BARRA AÇO",252723.0,"BITOLA: 7/8, CARACTERÍSTICAS ADICIONAIS: TREFILADO, FORMATO SEÇÃO: QUADRADO, MATERIAL: AÇO 1020","M",10.0,100.0,1000.0,0.0,"2026-07-17"]
["UNIVERSIDADE FEDERAL DE GOIAS-UF/GO",153052.0,2165.0,"Material","153052-14/2026","MATERIAIS PARA MANUTENÇÃO (PREDIAL, HIDRÁULICO, FERRAGENS)","Catálogo do Compras.gov.br","Material",9510.0,"BARRAS E VERGALHÕES DE FERRO E DE AÇO",3350.0,"BARRA AÇO",370849.0,"BITOLA: 2, CARACTERÍSTICAS ADICIONAIS: LAMINADO, FORMATO SEÇÃO: REDONDO, MATERIAL: AÇO SAE 1020","BR",6.0,500.0,3000.0,0.0,"2026-07-17"]
["UNIVERSIDADE FEDERAL DE GOIAS-UF/GO",153052.0,2166.0,"Material","153052-14/2026","MATERIAIS PARA MANUTENÇÃO (PREDIAL, HIDRÁULICO, FERRAGENS)","Catálogo do Compras.gov.br","Material",9510.0,"BARRAS E VERGALHÕES DE FERRO E DE AÇO",3350.0,"BARRA AÇO",602359.0,"CARACTERÍSTICAS ADICIONAIS: RESISTENCIA A TRAÇÃO: 40KG/MM, ALONGAMENTO: 29%, COMPRIMENTO: 200, DIMENSÕES: 1 X 30, FORMATO SEÇÃO: RETANGULAR, MATERIAL: AÇO AISI 1010, TIPO: MACIÇO","M",10.0,280.0,2800.0,0.0,"2026-07-17"]
["UNIVERSIDADE FEDERAL DE GOIAS-UF/GO",153052.0,2167.0,"Material","153052-14/2026","MATERIAIS PARA MANUTENÇÃO (PREDIAL, HIDRÁULICO, FERRAGENS)","Catálogo do Compras.gov.br","Material",9510.0,"BARRAS E VERGALHÕES DE FERRO E DE AÇO",3350.0,"BARRA AÇO",480016.0,"BITOLA: 3/4, COMPRIMENTO: 3, FORMATO SEÇÃO: REDONDO, MATERIAL: AÇO 1020 GALVANIZADO, TIPO: ROSCADA","M",6.0,63.0,378.0,0.0,"2026-07-17"]
["UNIVERSIDADE FEDERAL DE GOIAS-UF/GO",153052.0,2168.0,"Material","153052-14/2026","MATERIAIS PARA MANUTENÇÃO (PREDIAL, HIDRÁULICO, FERRAGENS)","Catálogo do Compras.gov.br","Material",9510.0,"BARRAS E VERGALHÕES DE FERRO E DE AÇO",3350.0,"BARRA AÇO",603521.0,"APLICAÇÃO: LABORATÓRIO MECÂNICA INDUSTRIAL, BITOLA: 1\" X 1/4\", COMPRIMENTO: 6, FORMATO SEÇÃO: CHATO, MATERIAL: AÇO 1020 GALVANIZADO","M",6.0,104.0,624.0,0.0,"2026-07-17"]
["UNIVERSIDADE FEDERAL DE GOIAS-UF/GO",153052.0,2169.0,"Material","153052-14/2026","MATERIAIS PARA MANUTENÇÃO (PREDIAL, HIDRÁULICO, FERRAGENS)","Catálogo do Compras.gov.br","Material",9510.0,"BARRAS E VERGALHÕES DE FERRO E DE AÇO",3350.0,"BARRA AÇO",603521.0,"APLICAÇÃO: LABORATÓRIO MECÂNICA INDUSTRIAL, BITOLA: 1\" X 1/4\", COMPRIMENTO: 6, FORMATO SEÇÃO: CHATO, MATERIAL: AÇO 1020 GALVANIZADO","UN",6.0,150.0,900.0,0.0,"2026-07-17"]
["UNIVERSIDADE FEDERAL DE GOIAS-UF/GO",153052.0,2170.0,"Material","153052-14/2026","MATERIAIS PARA MANUTENÇÃO (PREDIAL, HIDRÁULICO, FERRAGENS)","Catálogo do Compras.gov.br","Material",9510.0,"BARRAS E VERGALHÕES DE FERRO E DE AÇO",3350.0,"BARRA AÇO",397694.0,"BITOLA: 1, CARACTERÍSTICAS ADICIONAIS: TREFILADO, COMPRIMENTO: 6, FORMATO SEÇÃO: REDONDO, MATERIAL: AÇO SAE 1045","M",10.0,250.0,2500.0,0.0,"2026-07-17"]
["UNIVERSIDADE FEDERAL DE GOIAS-UF/GO",153052.0,2171.0,"Material","153052-14/2026","MATERIAIS PARA MANUTENÇÃO (PREDIAL, HIDRÁULICO, FERRAGENS)","Catálogo do Compras.gov.br","Material",9510.0,"BARRAS E VERGALHÕES DE FERRO E DE AÇO",3350.0,"BARRA AÇO",325277.0,"BITOLA: 5/8\", CARACTERÍSTICAS ADICIONAIS: MACIÇO / TREFILADO, COMPRIMENTO: 6, FORMATO SEÇÃO: REDONDO, MATERIAL: AÇO SAE 1020","M",10.0,36.0,360.0,0.0,"2026-07-17"]
["UNIVERSIDADE FEDERAL DE GOIAS-UF/GO",153052.0,2172.0,"Material","153052-14/2026","MATERIAIS PARA MANUTENÇÃO (PREDIAL, HIDRÁULICO, FERRAGENS)","Catálogo do Compras.gov.br","Material",9510.0,"BARRAS E VERGALHÕES DE FERRO E DE AÇO",3350.0,"BARRA AÇO",370849.0,"BITOLA: 2, CARACTERÍSTICAS ADICIONAIS: LAMINADO, FORMATO SEÇÃO: REDONDO, MATERIAL: AÇO SAE 1020","M",6.0,540.0,3240.0,0.0,"2026-07-17"]
["UNIVERSIDADE FEDERAL DE GOIAS-UF/GO",153052.0,2173.0,"Material","153052-14/2026","MATERIAIS PARA MANUTENÇÃO (PREDIAL, HIDRÁULICO, FERRAGENS)","Catálogo do Compras.gov.br","Material",9535.0,"PLACAS, CHAPAS, FITAS E LAMINADOS FINOS DE METAIS NÃO  FERROSOS",15414.0,"BARRA ALUMÍNIO",603387.0,"BITOLA: 1, CARACTERÍSTICAS ADICIONAIS: MACIÇA, COMPRIMENTO: 1, FORMATO SEÇÃO: REDONDO, MATERIAL: ALUMINIO ASTM 7075","M",10.0,68.85,688.5,0.0,"2026-07-17"]
["UNIVERSIDADE FEDERAL DE GOIAS-UF/GO",153052.0,2174.0,"Material","153052-14/2026","MATERIAIS PARA MANUTENÇÃO (PREDIAL, HIDRÁULICO, FERRAGENS)","Catálogo do Compras.gov.br","Material",9535.0,"PLACAS, CHAPAS, FITAS E LAMINADOS FINOS DE METAIS NÃO  FERROSOS",3359.0,"BARRA CHATA",240680.0,"BITOLA: 4\" X 1/4\", COMPRIMENTO: 6, FORMATO SEÇÃO: CHATO, MATERIAL: ALUMÍNIO","M",10.0,108.49,1084.9,0.0,"2026-07-17"]
["UNIVERSIDADE FEDERAL DE GOIAS-UF/GO",153052.0,2175.0,"Material","153052-14/2026","MATERIAIS PARA MANUTENÇÃO (PREDIAL, HIDRÁULICO, FERRAGENS)","Catálogo do Compras.gov.br","Material",9535.0,"PLACAS, CHAPAS, FITAS E LAMINADOS FINOS DE METAIS NÃO  FERROSOS",15414.0,"BARRA ALUMÍNIO",243762.0,"BITOLA: 1 1/2, COMPRIMENTO: 6, FORMATO SEÇÃO: REDONDO, MATERIAL: ALUMÍNIO","UN",1.0,1680.0,1680.0,0.0,"2026-07-17"]
["UNIVERSIDADE FEDERAL DE GOIAS-UF/GO",153052.0,2176.0,"Material","153052-14/2026","MATERIAIS PARA MANUTENÇÃO (PREDIAL, HIDRÁULICO, FERRAGENS)","Catálogo do Compras.gov.br","Material",9535.0,"PLACAS, CHAPAS, FITAS E LAMINADOS FINOS DE METAIS NÃO  FERROSOS",15414.0,"BARRA ALUMÍNIO",243762.0,"BITOLA: 1 1/2, COMPRIMENTO: 6, FORMATO SEÇÃO: REDONDO, MATERIAL: ALUMÍNIO","M",10.0,154.92,1549.2,0.0,"2026-07-17"]
["UNIVERSIDADE FEDERAL DE GOIAS-UF/GO",153052.0,2177.0,"Material","153052-14/2026","MATERIAIS PARA MANUTENÇÃO (PREDIAL, HIDRÁULICO, FERRAGENS)","Catálogo do Compras.gov.br","Material",9535.0,"PLACAS, CHAPAS, FITAS E LAMINADOS FINOS DE METAIS NÃO  FERROSOS",3359.0,"BARRA CHATA",472267.0,"BITOLA: 1 X 1/4, COMPRIMENTO: 6, FORMATO SEÇÃO: CHATO, MATERIAL: ALUMÍNIO","M",10.0,28.18,281.8,0.0,"2026-07-17"]
["UNIVERSIDADE FEDERAL DE GOIAS-UF/GO",153052.0,2178.0,"Material","153052-14/2026","MATERIAIS PARA MANUTENÇÃO (PREDIAL, HIDRÁULICO, FERRAGENS)","Catálogo do Compras.gov.br","Material",9535.0,"PLACAS, CHAPAS, FITAS E LAMINADOS FINOS DE METAIS NÃO  FERROSOS",15414.0,"BARRA ALUMÍNIO",243762.0,"BITOLA: 1 1/2, COMPRIMENTO: 6, FORMATO SEÇÃO: REDONDO, MATERIAL: ALUMÍNIO","M",10.0,107.21,1072.1,0.0,"2026-07-17"]
["UNIVERSIDADE FEDERAL DE GOIAS-UF/GO",153052.0,2179.0,"Material","153052-14/2026","MATERIAIS PARA MANUTENÇÃO (PREDIAL, HIDRÁULICO, FERRAGENS)","Catálogo do Compras.gov.br","Material",9535.0,"PLACAS, CHAPAS, FITAS E LAMINADOS FINOS DE METAIS NÃO  FERROSOS",3359.0,"BARRA CHATA",472803.0,"COMPRIMENTO: 6, ESPESSURA: 3/16, FORMATO SEÇÃO: CHATO, LARGURA: 1 1/2, MATERIAL: AÇO INOX AISI 304","M",50.0,15.0,750.0,0.0,"2026-07-17"]
["UNIVERSIDADE FEDERAL DE GOIAS-UF/GO",153052.0,2180.0,"Material","153052-14/2026","MATERIAIS PARA MANUTENÇÃO (PREDIAL, HIDRÁULICO, FERRAGENS)","Catálogo do Compras.gov.br","Material",9535.0,"PLACAS, CHAPAS, FITAS E LAMINADOS FINOS DE METAIS NÃO  FERROSOS",3359.0,"BARRA CHATA",477154.0,"COMPRIMENTO: 6, ESPESSURA: 1/4, FORMATO SEÇÃO: CHATO, LARGURA: 1, MATERIAL: AÇO INOX AISI 304","M",50.0,28.0,1400.0,0.0,"2026-07-17"]
["UNIVERSIDADE FEDERAL DE GOIAS-UF/GO",153052.0,2181.0,"Material","153052-14/2026","MATERIAIS PARA MANUTENÇÃO (PREDIAL, HIDRÁULICO, FERRAGENS)","Catálogo do Compras.gov.br","Material",9535.0,"PLACAS, CHAPAS, FITAS E LAMINADOS FINOS DE METAIS NÃO  FERROSOS",15414.0,"BARRA ALUMÍNIO",603388.0,"BITOLA: 5, CARACTERÍSTICAS ADICIONAIS: MACIÇA, COMPRIMENTO: 1, FORMATO SEÇÃO: REDONDO, MATERIAL: ALUMINIO ASTM 7075","M",6.0,1114.05,6684.3,0.0,"2026-07-17"]
["UNIVERSIDADE FEDERAL DE GOIAS-UF/GO",153052.0,2182.0,"Material","153052-14/2026","MATERIAIS PARA MANUTENÇÃO (PREDIAL, HIDRÁULICO, FERRAGENS)","Catálogo do Compras.gov.br","Material",9640.0,"PRODUTOS SEMI-ACABADOS E PRODUTOS PRIMÁRIOS DE  FERRO  E DE AÇO",14486.0,"TARUGO",335189.0,"DIÂMETRO: 1, FORMATO: REDONDO, MATERIAL: LATÃO","M",6.0,757.19,4543.14,0.0,"2026-07-17"]
["UNIVERSIDADE FEDERAL DE GOIAS-UF/GO",153052.0,2183.0,"Material","153052-14/2026","MATERIAIS PARA MANUTENÇÃO (PREDIAL, HIDRÁULICO, FERRAGENS)","Catálogo do Compras.gov.br","Material",9640.0,"PRODUTOS SEMI-ACABADOS E PRODUTOS PRIMÁRIOS DE  FERRO  E DE AÇO",14486.0,"TARUGO",299006.0,"DIÂMETRO: 2, FORMATO: REDONDO, MATERIAL: LATÃO","M",6.0,1938.32,11629.92,0.0,"2026-07-17"]
["UNIVERSIDADE FEDERAL DE GOIAS-UF/GO",153052.0,2184.0,"Material","153052-14/2026","MATERIAIS PARA MANUTENÇÃO (PREDIAL, HIDRÁULICO, FERRAGENS)","Catálogo do Compras.gov.br","Material",9640.0,"PRODUTOS SEMI-ACABADOS E PRODUTOS PRIMÁRIOS DE  FERRO  E DE AÇO",14486.0,"TARUGO",326190.0,"DIÂMETRO: 1 1/2, FORMATO: REDONDO, MATERIAL: LATÃO","M",6.0,1090.33,6541.98,0.0,"2026-07-17"]
["UNIVERSIDADE FEDERAL DE GOIAS-UF/GO",153052.0,2185.0,"Material","153052-14/2026","MATERIAIS PARA MANUTENÇÃO (PREDIAL, HIDRÁULICO, FERRAGENS)","Catálogo do Compras.gov.br","Material",5220.0,"CALIBRES DE INSPEÇÃO E FERRAMENTAS DE PRECISÃO",14545.0,"GUIA LINEAR",608696.0,"CARACTERÍSTICAS ADICIONAIS: ACOMPANHA PAR DE SUPORTE PILLOWBLOCK EM ALUMÍNIO, COMPOSIÇÃO: EIXO LINEAR COM BASE DE APOIO, COMPRIMENTO TRILHO: 300, MATERIAL PATIM: ALUMÍNIO, MATERIAL TRILHO: AÇO TEMPERADO","UN",2.0,600.0,1200.0,0.0,"2026-07-17"]
["UNIVERSIDADE FEDERAL DE GOIAS-UF/GO",153052.0,2253.0,"Material","153052-14/2026","MATERIAIS PARA MANUTENÇÃO (PREDIAL, HIDRÁULICO, FERRAGENS)","Catálogo do Compras.gov.br","Material",5210.0,"INSTRUMENTOS DE MEDIÇÃO PARA ARTÍFICES",16203.0,"TRENA ELETRÔNICA",460781.0,"ALCANCE: 40, CARACTERISTICAS ADICIONAIS: MEDIÇÃO DE DISTÂNCIA, CÁLCULO DE ÁREA, CÁLCULO DE, MÉTODO DE MEDIÇÃO: A LASER, TIPO: ELETRÔNICA DIGITAL, TIPO VISOR: CRISTAL LÍQUIDO","UN",1.0,250.0,250.0,0.0,"2026-07-17"]
["UNIVERSIDADE FEDERAL DE GOIAS-UF/GO",153052.0,2186.0,"Material","153052-14/2026","MATERIAIS PARA MANUTENÇÃO (PREDIAL, HIDRÁULICO, FERRAGENS)","Catálogo do Compras.gov.br","Material",5345.0,"DISCOS E PEDRAS ABRASIVOS",14901.0,"DISCO CORTE",235714.0,"APLICAÇÃO: MÁQUINA DE ENCHER AMPOLA, MARZOCCHI, MODELO L/14, REFERÊNCIA: L/021-145","UN",10.0,40.0,400.0,0.0,"2026-07-17"]
["UNIVERSIDADE FEDERAL DE GOIAS-UF/GO",153052.0,2201.0,"Material","153052-14/2026","MATERIAIS PARA MANUTENÇÃO (PREDIAL, HIDRÁULICO, FERRAGENS)","Catálogo do Compras.gov.br","Material",9510.0,"BARRAS E VERGALHÕES DE FERRO E DE AÇO",3359.0,"BARRA CHATA",472267.0,"BITOLA: 1 X 1/4, COMPRIMENTO: 6, FORMATO SEÇÃO: CHATO, MATERIAL: ALUMÍNIO","BR",1.0,700.0,700.0,0.0,"2026-07-17"]
["UNIVERSIDADE FEDERAL DE GOIAS-UF/GO",153052.0,2202.0,"Material","153052-14/2026","MATERIAIS PARA MANUTENÇÃO (PREDIAL, HIDRÁULICO, FERRAGENS)","Catálogo do Compras.gov.br","Material",8010.0,"TINTAS, VERNIZES E PRODUTOS CORRELATOS",6210.0,"DILUENTE TINTA",605624.0,"ASPECTO FÍSICO: LÍQUIDO, CARACTERÍSTICAS ADICIONAIS: GALÃO 5 L., COMPOSIÇÃO: ETANOL, TOLUENO, METILETILCETONA,2 - BUTANOL,, COR: INCOLOR","LT",4.0,80.0,320.0,0.0,"2026-07-17"]
["UNIVERSIDADE FEDERAL DE GOIAS-UF/GO",153052.0,2203.0,"Material","153052-14/2026","MATERIAIS PARA MANUTENÇÃO (PREDIAL, HIDRÁULICO, FERRAGENS)","Catálogo do Compras.gov.br","Material",9535.0,"PLACAS, CHAPAS, FITAS E LAMINADOS FINOS DE METAIS NÃO  FERROSOS",3359.0,"BARRA CHATA",360383.0,"BITOLA: 3 1/2 X 1/4, COMPRIMENTO: 6, MATERIAL: AÇO CARBONO SAE 1020","BR",1.0,350.0,350.0,0.0,"2026-07-17"]
["UNIVERSIDADE FEDERAL DE GOIAS-UF/GO",153052.0,2204.0,"Material","153052-14/2026","MATERIAIS PARA MANUTENÇÃO (PREDIAL, HIDRÁULICO, FERRAGENS)","Catálogo do Compras.gov.br","Material",9535.0,"PLACAS, CHAPAS, FITAS E LAMINADOS FINOS DE METAIS NÃO  FERROSOS",3359.0,"BARRA CHATA",371130.0,"BITOLA: 4 X 1/2, COMPRIMENTO: 6, MATERIAL: AÇO CARBONO SAE 1045","BR",1.0,700.0,700.0,0.0,"2026-07-17"]
["UNIVERSIDADE FEDERAL DE GOIAS-UF/GO",153052.0,2205.0,"Material","153052-14/2026","MATERIAIS PARA MANUTENÇÃO (PREDIAL, HIDRÁULICO, FERRAGENS)","Catálogo do Compras.gov.br","Material",9515.0,"PLACAS, CHAPAS, FITAS E LAMINADOS FINOS DE FERRO E DE AÇO",4844.0,"CHAPA GALVANIZADA",603229.0,"COMPRIMENTO: 2, ESPESSURA: 0,8, LARGURA: 1,20, MATERIAL: AÇO GALVANIZADO","UN",3.0,300.0,900.0,0.0,"2026-07-17"]
["UNIVERSIDADE FEDERAL DE GOIAS-UF/GO",153052.0,2206.0,"Material","153052-14/2026","MATERIAIS PARA MANUTENÇÃO (PREDIAL, HIDRÁULICO, FERRAGENS)","Catálogo do Compras.gov.br","Material",9515.0,"PLACAS, CHAPAS, FITAS E LAMINADOS FINOS DE FERRO E DE AÇO",4842.0,"CHAPA METAL FERROSO",626260.0,"COMPRIMENTO: 1, ESPESSURA: 5, LARGURA: 80, MATERIAL: AÇO CARBONO","UN",3.0,650.0,1950.0,0.0,"2026-07-17"]
["UNIVERSIDADE FEDERAL DE GOIAS-UF/GO",153052.0,2207.0,"Material","153052-14/2026","MATERIAIS PARA MANUTENÇÃO (PREDIAL, HIDRÁULICO, FERRAGENS)","Catálogo do Compras.gov.br","Material",9535.0,"PLACAS, CHAPAS, FITAS E LAMINADOS FINOS DE METAIS NÃO  FERROSOS",3359.0,"BARRA CHATA",623904.0,"BITOLA: 1 X 1/4, COMPRIMENTO: 1.000, FORMATO SEÇÃO: CHATO, MATERIAL: COBRE","BR",1.0,350.0,350.0,0.0,"2026-07-17"]
["UNIVERSIDADE FEDERAL DE GOIAS-UF/GO",153052.0,2208.0,"Material","153052-14/2026","MATERIAIS PARA MANUTENÇÃO (PREDIAL, HIDRÁULICO, FERRAGENS)","Catálogo do Compras.gov.br","Material",9640.0,"PRODUTOS SEMI-ACABADOS E PRODUTOS PRIMÁRIOS DE  FERRO  E DE AÇO",14486.0,"TARUGO",326190.0,"DIÂMETRO: 1 1/2, FORMATO: REDONDO, MATERIAL: LATÃO","BR",1.0,1100.0,1100.0,0.0,"2026-07-17"]
["UNIVERSIDADE FEDERAL DE GOIAS-UF/GO",153052.0,2209.0,"Material","153052-14/2026","MATERIAIS PARA MANUTENÇÃO (PREDIAL, HIDRÁULICO, FERRAGENS)","Catálogo do Compras.gov.br","Material",9640.0,"PRODUTOS SEMI-ACABADOS E PRODUTOS PRIMÁRIOS DE  FERRO  E DE AÇO",14486.0,"TARUGO",335187.0,"DIÂMETRO: 1/4, FORMATO: REDONDO, MATERIAL: LATÃO","BR",1.0,550.0,550.0,0.0,"2026-07-17"]
["UNIVERSIDADE FEDERAL DE GOIAS-UF/GO",153052.0,2187.0,"Material","153052-14/2026","MATERIAIS PARA MANUTENÇÃO (PREDIAL, HIDRÁULICO, FERRAGENS)","Catálogo do Compras.gov.br","Material",3460.0,"ACESSÓRIOS PARA MÁQUINAS-FERRAMENTAS",1087.0,"PINÇA",482780.0,"COMPRIMENTO TOTAL: 77,00, DIÂMETRO EXTERNO: 4, MATERIAL: AÇO, NORMAS TÉCNICAS: NBR ISO 2768","UN",2.0,67.55,135.1,0.0,"2026-07-17"]
["UNIVERSIDADE FEDERAL DE GOIAS-UF/GO",153052.0,2188.0,"Material","153052-14/2026","MATERIAIS PARA MANUTENÇÃO (PREDIAL, HIDRÁULICO, FERRAGENS)","Catálogo do Compras.gov.br","Material",5345.0,"DISCOS E PEDRAS ABRASIVOS",567.0,"DISCO CORTE",603085.0,"CARACTERÍSTICAS ADICIONAIS: DUREZA MAIOR QUE 50 HRC, DIÂMETRO: 305, DIÂMETRO FURO: 32, ESPESSURA: 2, MATERIAL: ÓXIDO ALUMÍNIO","UN",10.0,40.0,400.0,0.0,"2026-07-17"]
["UNIVERSIDADE FEDERAL DE GOIAS-UF/GO",153052.0,2189.0,"Material","153052-14/2026","MATERIAIS PARA MANUTENÇÃO (PREDIAL, HIDRÁULICO, FERRAGENS)","Catálogo do Compras.gov.br","Material",5345.0,"DISCOS E PEDRAS ABRASIVOS",567.0,"DISCO CORTE",603084.0,"CARACTERÍSTICAS ADICIONAIS: DUREZA DE 15 A 35 HRC, DIÂMETRO: 305, DIÂMETRO FURO: 32, MATERIAL: ÓXIDO ALUMÍNIO","UN",10.0,40.0,400.0,0.0,"2026-07-17"]
["UNIVERSIDADE FEDERAL DE GOIAS-UF/GO",153052.0,2190.0,"Material","153052-14/2026","MATERIAIS PARA MANUTENÇÃO (PREDIAL, HIDRÁULICO, FERRAGENS)","Catálogo do Compras.gov.br","Material",5345.0,"DISCOS E PEDRAS ABRASIVOS",567.0,"DISCO CORTE",603085.0,"CARACTERÍSTICAS ADICIONAIS: DUREZA MAIOR QUE 50 HRC, DIÂMETRO: 305, DIÂMETRO FURO: 32, ESPESSURA: 2, MATERIAL: ÓXIDO ALUMÍNIO","UN",10.0,40.0,400.0,0.0,"2026-07-17"]
["UNIVERSIDADE FEDERAL DE GOIAS-UF/GO",153052.0,2191.0,"Material","153052-14/2026","MATERIAIS PARA MANUTENÇÃO (PREDIAL, HIDRÁULICO, FERRAGENS)","Catálogo do Compras.gov.br","Material",8030.0,"COMPOSTOS PRESERVATIVOS E VEDANTES",2576.0,"ANTICORROSIVO",349296.0,"APRESENTAÇÃO: SPRAY, ASPECTO FÍSICO: LÍQUIDO, CARACTERÍSTICAS ADICIONAIS: WD 40, INOFENSIVO PARA CAMADA DE OZÔNIO, INIBIDOR","TBO",3.0,15.0,45.0,0.0,"2026-07-17"]
["UNIVERSIDADE FEDERAL DE GOIAS-UF/GO",153052.0,2192.0,"Material","153052-14/2026","MATERIAIS PARA MANUTENÇÃO (PREDIAL, HIDRÁULICO, FERRAGENS)","Catálogo do Compras.gov.br","Material",9390.0,"PRODUTOS DIVERSOS NÃO METÁLICOS",3064.0,"ESFERA",358104.0,"APLICAÇÃO: AJUSTE DE PESOS CALIBRADOS, DIÂMETRO: 2,50, MATERIAL: CHUMBO","UN",100.0,0.6,60.0,0.0,"2026-07-17"]
["UNIVERSIDADE FEDERAL DE GOIAS-UF/GO",153052.0,2193.0,"Material","153052-14/2026","MATERIAIS PARA MANUTENÇÃO (PREDIAL, HIDRÁULICO, FERRAGENS)","Catálogo do Compras.gov.br","Material",9390.0,"PRODUTOS DIVERSOS NÃO METÁLICOS",3064.0,"ESFERA",625572.0,"APLICAÇÃO: MUNIÇAO DE CAÇA, CARACTERÍSTICAS ADICIONAIS: GRANULADO DE CAÇA ESFÉRICO Nº 5, DIÂMETRO: 3, MATERIAL: CHUMBO","UN",100.0,0.7,70.0,0.0,"2026-07-17"]
["UNIVERSIDADE FEDERAL DE GOIAS-UF/GO",153052.0,2194.0,"Material","153052-14/2026","MATERIAIS PARA MANUTENÇÃO (PREDIAL, HIDRÁULICO, FERRAGENS)","Catálogo do Compras.gov.br","Material",9510.0,"BARRAS E VERGALHÕES DE FERRO E DE AÇO",3350.0,"BARRA AÇO",370919.0,"BITOLA: 2, FORMATO SEÇÃO: QUADRADO, MATERIAL: AÇO SAE 1045","M",3.0,500.0,1500.0,0.0,"2026-07-17"]
["UNIVERSIDADE FEDERAL DE GOIAS-UF/GO",153052.0,2195.0,"Material","153052-14/2026","MATERIAIS PARA MANUTENÇÃO (PREDIAL, HIDRÁULICO, FERRAGENS)","Catálogo do Compras.gov.br","Material",9515.0,"PLACAS, CHAPAS, FITAS E LAMINADOS FINOS DE FERRO E DE AÇO",4817.0,"CHAPA AÇO",308812.0,"ACABAMENTO: XADREZ, APLICAÇÃO: PISO EMBARCAÇÃO, COMPRIMENTO: 3, ESPESSURA: 4,75, LARGURA: 1,20, MATERIAL: AÇO CARBONO","UN",3.0,400.0,1200.0,0.0,"2026-07-17"]
["UNIVERSIDADE FEDERAL DE GOIAS-UF/GO",153052.0,2196.0,"Material","153052-14/2026","MATERIAIS PARA MANUTENÇÃO (PREDIAL, HIDRÁULICO, FERRAGENS)","Catálogo do Compras.gov.br","Material",9530.0,"BARRAS E VERGALHÕES DE METAIS NÃO FERROSOS",4819.0,"CHAPA ALUMÍNIO",608576.0,"APLICAÇÃO: ESTRUTURA DE EMBARCAÇÕES, CARACTERÍSTICAS ADICIONAIS: ASTM B209 5052 H3, LIGA 5052, COMPRIMENTO: 3, ESPESSURA: 4,75, LARGURA: 1,20, TIPO: LISA","UN",1.0,700.0,700.0,0.0,"2026-07-17"]
["UNIVERSIDADE FEDERAL DE GOIAS-UF/GO",153052.0,2197.0,"Material","153052-14/2026","MATERIAIS PARA MANUTENÇÃO (PREDIAL, HIDRÁULICO, FERRAGENS)","Catálogo do Compras.gov.br","Material",9640.0,"PRODUTOS SEMI-ACABADOS E PRODUTOS PRIMÁRIOS DE  FERRO  E DE AÇO",14486.0,"TARUGO",432880.0,"COMPRIMENTO: 1 3/4, FORMATO: QUADRADO, MATERIAL: LATÃO","M",2.0,300.0,600.0,0.0,"2026-07-17"]
["UNIVERSIDADE FEDERAL DE GOIAS-UF/GO",153052.0,2198.0,"Material","153052-14/2026","MATERIAIS PARA MANUTENÇÃO (PREDIAL, HIDRÁULICO, FERRAGENS)","Catálogo do Compras.gov.br","Material",9640.0,"PRODUTOS SEMI-ACABADOS E PRODUTOS PRIMÁRIOS DE  FERRO  E DE AÇO",12556.0,"TARUGO DE AÇO",619426.0,"COMPRIMENTO: 1, DIÂMETRO: 3, FORMATO: REDONDO, MATERIAL: AÇO INOXIDÁVEL 304","UN",2.0,403.0,806.0,0.0,"2026-07-17"]
["UNIVERSIDADE FEDERAL DE GOIAS-UF/GO",153052.0,2199.0,"Material","153052-14/2026","MATERIAIS PARA MANUTENÇÃO (PREDIAL, HIDRÁULICO, FERRAGENS)","Catálogo do Compras.gov.br","Material",3439.0,"SUPRIMENTOS E ACESSÓRIOS PARA SOLDAS DIVERSAS, FRACAS E  FORTES",1147.0,"ARAME SOLDA",416541.0,"CARACTERÍSTICAS ADICIONAIS: AWS A5.18/79, CLASSE ER-70S-6, DIÂMETRO: 1,20, MATERIAL INDICADO: AÇO CARBONO, PROCESSO SOLDAGEM: MIG/MAG","KG",35.0,25.0,875.0,0.0,"2026-07-17"]
["UNIVERSIDADE FEDERAL DE GOIAS-UF/GO",153052.0,2200.0,"Material","153052-14/2026","MATERIAIS PARA MANUTENÇÃO (PREDIAL, HIDRÁULICO, FERRAGENS)","Catálogo do Compras.gov.br","Material",3439.0,"SUPRIMENTOS E ACESSÓRIOS PARA SOLDAS DIVERSAS, FRACAS E  FORTES",1147.0,"ARAME SOLDA",416542.0,"CARACTERÍSTICAS ADICIONAIS: AWS A5.18/79, CLASSE ER-70S-6, DIÂMETRO: 0.80, MATERIAL INDICADO: AÇO CARBONO, PROCESSO SOLDAGEM: MIG/MAG","KG",35.0,25.0,875.0,0.0,"2026-07-17"]
["UNIVERSIDADE FEDERAL DE GOIAS-UF/GO",153052.0,2255.0,"Material","153052-15/2026","MATERIAIS PARA LABORATÓRIO, VIDRARIAS","Catálogo do Compras.gov.br","Material",8040.0,"ADESIVOS",3262.0,"BÁLSAMO DO CANADÁ",244472.0,"ASPECTO FÍSICO: LÍQUIDO VISCOSO, COR: AMARELO-CLARA, DENSIDADE: 0,99, ORIGEM: RESINA EXTRAÍDA DA MADEIRA","FR",3.0,500.0,1500.0,0.0,"2026-06-19"]
["UNIVERSIDADE FEDERAL DE GOIAS-UF/GO",153052.0,2256.0,"Material","153052-15/2026","MATERIAIS PARA LABORATÓRIO, VIDRARIAS","Catálogo do Compras.gov.br","Material",6640.0,"EQUIPAMENTOS E ARTIGOS DE LABORATÓRIO",13114.0,"TUBO LABORATÓRIO",420834.0,"ACESSÓRIOS: TAMPA ROSQUEÁVEL, DIMENSÕES: CERCA DE 25 X 150, MATERIAL: VIDRO, TIPO: ENSAIO, TIPO FUNDO: FUNDO REDONDO","UN",200.0,1.7,340.0,0.0,"2026-06-19"]
["UNIVERSIDADE FEDERAL DE GOIAS-UF/GO",153052.0,2257.0,"Material","153052-15/2026","MATERIAIS PARA LABORATÓRIO, VIDRARIAS","Catálogo do Compras.gov.br","Material",6640.0,"EQUIPAMENTOS E ARTIGOS DE LABORATÓRIO",11016.0,"PONTEIRA LABORATÓRIO",408692.0,"CAPACIDADE: ATÉ 1000 MCL, ESTERILIDADE*: APIROGÊNICO, LIVRE DE DNASE E RNASE, MATERIAL: POLIPROPILENO, TIPO USO*: DESCARTÁVEL","UN",1000.0,0.03,30.0,0.0,"2026-06-19"]
["UNIVERSIDADE FEDERAL DE GOIAS-UF/GO",153052.0,2258.0,"Material","153052-15/2026","MATERIAIS PARA LABORATÓRIO, VIDRARIAS","Catálogo do Compras.gov.br","Material",6640.0,"EQUIPAMENTOS E ARTIGOS DE LABORATÓRIO",15981.0,"DESSECADOR",409578.0,"ACESSÓRIOS: COM LUVA E TORNEIRA, DIÂMETRO INTERNO: CERCA DE 30, MATERIAL: VIDRO, TIPO: PARA VÁCUO, TIPO TAMPA: TAMPA DE VIDRO COM VEDAÇÃO","UN",2.0,1443.0,2886.0,0.0,"2026-06-19"]
["UNIVERSIDADE FEDERAL DE GOIAS-UF/GO",153052.0,2259.0,"Material","153052-15/2026","MATERIAIS PARA LABORATÓRIO, VIDRARIAS","Catálogo do Compras.gov.br","Material",6640.0,"EQUIPAMENTOS E ARTIGOS DE LABORATÓRIO",5526.0,"CASSETE LABORATÓRIO",424233.0,"ADICIONAL: PERFURADO, APLICAÇÃO: HISTOLÓGICO, COMPONENTES: COM TAMPA, DIMENSÕES: CERCA DE 3 X 4, MATERIAL: PLÁSTICO","UN",2500.0,0.48,1200.0,0.0,"2026-06-19"]
["UNIVERSIDADE FEDERAL DE GOIAS-UF/GO",153052.0,2260.0,"Material","153052-15/2026","MATERIAIS PARA LABORATÓRIO, VIDRARIAS","Catálogo do Compras.gov.br","Material",6640.0,"EQUIPAMENTOS E ARTIGOS DE LABORATÓRIO",4352.0,"CÂMARA CONTAGEM",411380.0,"CARACTERÍSTICA ADICIONAL: ESPELHADA, MATERIAL: VIDRO, PROFUNDIDADE: PROFUNDIDADE CERCA DE 0,1, TIPO: NEUBAUER","UN",4.0,350.0,1400.0,0.0,"2026-06-19"]
["UNIVERSIDADE FEDERAL DE GOIAS-UF/GO",153052.0,2261.0,"Material","153052-15/2026","MATERIAIS PARA LABORATÓRIO, VIDRARIAS","Catálogo do Compras.gov.br","Material",6640.0,"EQUIPAMENTOS E ARTIGOS DE LABORATÓRIO",13426.0,"LÂMINA LABORATÓRIO",409705.0,"DIMENSÕES: CERCA DE 75 X 25, MATERIAL: VIDRO, TIPO BORDA: BORDA FOSCA, TIPO*: LAPIDADA","UN",500.0,0.2,100.0,0.0,"2026-06-19"]
["UNIVERSIDADE FEDERAL DE GOIAS-UF/GO",153052.0,2262.0,"Material","153052-15/2026","MATERIAIS PARA LABORATÓRIO, VIDRARIAS","Catálogo do Compras.gov.br","Material",6640.0,"EQUIPAMENTOS E ARTIGOS DE LABORATÓRIO",8874.0,"PIPETA",423975.0,"CAPACIDADE: 3, MATERIAL: PLÁSTICO, TIPO: PASTEUR, TIPO USO: DESCARTÁVEL","UN",100.0,0.6,60.0,0.0,"2026-06-19"]
["UNIVERSIDADE FEDERAL DE GOIAS-UF/GO",153052.0,2263.0,"Material","153052-15/2026","MATERIAIS PARA LABORATÓRIO, VIDRARIAS","Catálogo do Compras.gov.br","Material",6640.0,"EQUIPAMENTOS E ARTIGOS DE LABORATÓRIO",4760.0,"ESCOVA LABORATÓRIO",419759.0,"ACESSÓRIOS: PONTA EM PINCEL, COMPRIMENTO: 25, DIÂMETRO: 1,5, FORMATO: CILÍNDRICA, MATERIAL CABO: ARAME, MATERIAL CERDA: CERDA EM CRINA DE CAVALO","UN",2.0,8.0,16.0,0.0,"2026-06-19"]
["UNIVERSIDADE FEDERAL DE GOIAS-UF/GO",153052.0,2264.0,"Material","153052-15/2026","MATERIAIS PARA LABORATÓRIO, VIDRARIAS","Catálogo do Compras.gov.br","Material",6640.0,"EQUIPAMENTOS E ARTIGOS DE LABORATÓRIO",13114.0,"TUBO LABORATÓRIO",420834.0,"ACESSÓRIOS: TAMPA ROSQUEÁVEL, DIMENSÕES: CERCA DE 25 X 150, MATERIAL: VIDRO, TIPO: ENSAIO, TIPO FUNDO: FUNDO REDONDO","UN",50.0,2.0,100.0,0.0,"2026-06-19"]
["UNIVERSIDADE FEDERAL DE GOIAS-UF/GO",153052.0,2265.0,"Material","153052-15/2026","MATERIAIS PARA LABORATÓRIO, VIDRARIAS","Catálogo do Compras.gov.br","Material",6640.0,"EQUIPAMENTOS E ARTIGOS DE LABORATÓRIO",4760.0,"ESCOVA LABORATÓRIO",421505.0,"ACESSÓRIOS: PONTA EM PINCEL, COMPRIMENTO: 25, DIÂMETRO: 1, FORMATO: CILÍNDRICA, MATERIAL CABO: ARAME, MATERIAL CERDA: CERDA EM NYLON","UN",2.0,8.0,16.0,0.0,"2026-06-19"]
["UNIVERSIDADE FEDERAL DE GOIAS-UF/GO",153052.0,2266.0,"Material","153052-15/2026","MATERIAIS PARA LABORATÓRIO, VIDRARIAS","Catálogo do Compras.gov.br","Material",6640.0,"EQUIPAMENTOS E ARTIGOS DE LABORATÓRIO",11016.0,"PONTEIRA LABORATÓRIO",408690.0,"CAPACIDADE: ATÉ 10 MCL, ESTERILIDADE*: APIROGÊNICO, LIVRE DE DNASE E RNASE, MATERIAL: POLIPROPILENO, TIPO USO*: DESCARTÁVEL","UN",2000.0,0.018,36.0,0.0,"2026-06-19"]
["UNIVERSIDADE FEDERAL DE GOIAS-UF/GO",153052.0,2267.0,"Material","153052-15/2026","MATERIAIS PARA LABORATÓRIO, VIDRARIAS","Catálogo do Compras.gov.br","Material",6640.0,"EQUIPAMENTOS E ARTIGOS DE LABORATÓRIO",2690.0,"PAPEL DE FILTRO",408318.0,"DIÂMETRO: CERCA DE 150, TIPO: QUALITATIVO","UN",100.0,0.18,18.0,0.0,"2026-06-19"]
["UNIVERSIDADE FEDERAL DE GOIAS-UF/GO",153052.0,2268.0,"Material","153052-15/2026","MATERIAIS PARA LABORATÓRIO, VIDRARIAS","Catálogo do Compras.gov.br","Material",6640.0,"EQUIPAMENTOS E ARTIGOS DE LABORATÓRIO",9749.0,"PLACA DE PETRI",414290.0,"DIMENSÕES: CERCA DE 20 X 100, FORMATO: REDONDA, MATERIAL: VIDRO","UN",10.0,18.0,180.0,0.0,"2026-06-19"]
["UNIVERSIDADE FEDERAL DE GOIAS-UF/GO",153052.0,2269.0,"Material","153052-15/2026","MATERIAIS PARA LABORATÓRIO, VIDRARIAS","Catálogo do Compras.gov.br","Material",6640.0,"EQUIPAMENTOS E ARTIGOS DE LABORATÓRIO",13426.0,"LÂMINA LABORATÓRIO",409705.0,"DIMENSÕES: CERCA DE 75 X 25, MATERIAL: VIDRO, TIPO BORDA: BORDA FOSCA, TIPO*: LAPIDADA","UN",500.0,0.2,100.0,0.0,"2026-06-19"]
["UNIVERSIDADE FEDERAL DE GOIAS-UF/GO",153052.0,2270.0,"Material","153052-15/2026","MATERIAIS PARA LABORATÓRIO, VIDRARIAS","Catálogo do Compras.gov.br","Material",6640.0,"EQUIPAMENTOS E ARTIGOS DE LABORATÓRIO",13426.0,"LÂMINA LABORATÓRIO",409705.0,"DIMENSÕES: CERCA DE 75 X 25, MATERIAL: VIDRO, TIPO BORDA: BORDA FOSCA, TIPO*: LAPIDADA","UN",300.0,0.2,60.0,0.0,"2026-06-19"]
["UNIVERSIDADE FEDERAL DE GOIAS-UF/GO",153052.0,2271.0,"Material","153052-15/2026","MATERIAIS PARA LABORATÓRIO, VIDRARIAS","Catálogo do Compras.gov.br","Material",6640.0,"EQUIPAMENTOS E ARTIGOS DE LABORATÓRIO",8637.0,"LAMÍNULA",409644.0,"DIMENSÕES: CERCA DE 25 X 30, MATERIAL: VIDRO","UN",1000.0,0.08,80.0,0.0,"2026-06-19"]
["UNIVERSIDADE FEDERAL DE GOIAS-UF/GO",153052.0,2272.0,"Material","153052-15/2026","MATERIAIS PARA LABORATÓRIO, VIDRARIAS","Catálogo do Compras.gov.br","Material",6640.0,"EQUIPAMENTOS E ARTIGOS DE LABORATÓRIO",9759.0,"MICROTUBO",451047.0,"CAPACIDADE: 2, GRADUAÇÃO: GRADUADO, MATERIAL: POLIPROPILENO, TIPO FUNDO: FUNDO CÔNICO, TIPO TAMPA: TAMPA PRESSÃO CHATA","UN",1000.0,0.052,52.0,0.0,"2026-06-19"]
["UNIVERSIDADE FEDERAL DE GOIAS-UF/GO",153052.0,2273.0,"Material","153052-15/2026","MATERIAIS PARA LABORATÓRIO, VIDRARIAS","Catálogo do Compras.gov.br","Material",6640.0,"EQUIPAMENTOS E ARTIGOS DE LABORATÓRIO",8637.0,"LAMÍNULA",409644.0,"DIMENSÕES: CERCA DE 25 X 30, MATERIAL: VIDRO","UN",1500.0,0.08,120.0,0.0,"2026-06-19"]
["UNIVERSIDADE FEDERAL DE GOIAS-UF/GO",153052.0,2233.0,"Material","153052-14/2026","MATERIAIS PARA MANUTENÇÃO (PREDIAL, HIDRÁULICO, FERRAGENS)","Catálogo do Compras.gov.br","Material",3750.0,"IMPLEMENTOS E FERRAMENTAS DE JARDINAGEM",16912.0,"PEÇAS / COMPONENTES - JARDINAGEM",608085.0,"ALTURA: 10, COMPRIMENTO: 30, COR: VERDE, MATERIAL DO CORPO: POLIETILENO RECICLADO, TIPO: SEPARADOR/LIMITADOR DE GRAMA","UN",3.0,44.07,132.21,0.0,"2026-07-17"]
["UNIVERSIDADE FEDERAL DE GOIAS-UF/GO",153052.0,2227.0,"Serviço","153052-164/2026","SECOM - Serviço de impressão e colagem de outdoors","Catálogo do Compras.gov.br","Serviço",881.0,"SERVIÇOS DE MANUFATURA EM INSUMOS FÍSICOS QUE SAO PROPRIEDADE DE OUTROS(EXCETO MAQUINARIA E EQUIPAMENTO)",null,null,14249.0,"LOCAÇÃO / CONFECÇÃO / MANUTENÇÃO DE PAINEL VISUAL","-",84.0,330.0,27720.0,0.0,"2026-06-01"]
["UNIVERSIDADE FEDERAL DE GOIAS-UF/GO",153052.0,2229.0,"Material","153052-14/2026","MATERIAIS PARA MANUTENÇÃO (PREDIAL, HIDRÁULICO, FERRAGENS)","Catálogo do Compras.gov.br","Material",2510.0,"COMPONENTES DE CABINE, CARROCERIA E CHASSIS DE VEÍCULOS",11776.0,"RODA BORRACHA MACIÇA",451165.0,"CARACTERÍSTICAS ADICIONAIS: EIXO 3/4 COM ROLETE, DIÂMETRO: 8","UN",15.0,75.0,1125.0,0.0,"2026-07-17"]
["UNIVERSIDADE FEDERAL DE GOIAS-UF/GO",153052.0,2230.0,"Material","153052-14/2026","MATERIAIS PARA MANUTENÇÃO (PREDIAL, HIDRÁULICO, FERRAGENS)","Catálogo do Compras.gov.br","Material",2610.0,"PNEUS E CÂMARAS DE AR, EXCETO OS DE AERONAVES",16145.0,"PNEU CARRINHO MÃO",407759.0,"MATERIAL: BORRACHA, TAMANHO: 3,25 X 8","UN",25.0,38.0,950.0,0.0,"2026-07-17"]
["UNIVERSIDADE FEDERAL DE GOIAS-UF/GO",153052.0,2231.0,"Material","153052-14/2026","MATERIAIS PARA MANUTENÇÃO (PREDIAL, HIDRÁULICO, FERRAGENS)","Catálogo do Compras.gov.br","Material",2610.0,"PNEUS E CÂMARAS DE AR, EXCETO OS DE AERONAVES",16145.0,"PNEU CARRINHO MÃO",399476.0,"CARACTERÍSTICAS ADICIONAIS: COM CÂMARA AR, ARO DESMONTÁVEL, MATERIAL: BORRACHA, TAMANHO: 2,0 X 6","UN",16.0,80.0,1280.0,0.0,"2026-07-17"]
["UNIVERSIDADE FEDERAL DE GOIAS-UF/GO",153052.0,3390.0,"Serviço","153052-147/2026","SEINFRA - Serviço plantio de grama e remoção de entulhos","Catálogo do Compras.gov.br","Serviço",543.0,"SERVIÇO DE PREPARAÇÃO DO LOCAL DA CONSTRUÇÃO",null,null,1953.0,"OBRAS CIVIS DE JARDINS E ÁREAS GRAMADAS","-",35000.0,40.0,1400000.0,0.0,"2026-06-02"]
["UNIVERSIDADE FEDERAL DE GOIAS-UF/GO",153052.0,2228.0,"Material","153052-14/2026","MATERIAIS PARA MANUTENÇÃO (PREDIAL, HIDRÁULICO, FERRAGENS)","Catálogo do Compras.gov.br","Material",5210.0,"INSTRUMENTOS DE MEDIÇÃO PARA ARTÍFICES",16203.0,"TRENA ELETRÔNICA",361595.0,"ALCANCE: 50, CARACTERISTICAS ADICIONAIS: DESLIGAMENTO AUTOMÁTICO APÓS 5 MINUTOS SEM USO/CÁL, MÉTODO DE MEDIÇÃO: A LASER, QUANTIDADE DÍGITOS: 6, TIPO: DIGITAL, TIPO VISOR: CRISTAL LÍQUIDO COM ILUMINAÇÃO","UN",1.0,600.0,600.0,0.0,"2026-07-17"]
["UNIVERSIDADE FEDERAL DE GOIAS-UF/GO",153052.0,3392.0,"Material","153052-29/2026","MATERIAIS QUÍMICOS, SUBSTÂNCIAS PARA DIAGNÓSTICO, MEIOS DE CULTURA E TESTES - OUTRAS UNIDADES","Catálogo do Compras.gov.br","Material",6505.0,"DROGAS E MEDICAMENTOS",2259.0,"ÁLCOOL ETÍLICO",618744.0,"ADICIONAL: ESPECIALMENTE MANIPULADO, FORMA FARMACÊUTICA: SOLUÇÃO INJETÁVEL, TEOR ALCOÓLICO: ABSOLUTO, MÍNIMO DE 99,5%","GL",1.0,80.0,80.0,0.0,"2026-06-26"]
["UNIVERSIDADE FEDERAL DE GOIAS-UF/GO",153052.0,3393.0,"Material","153052-29/2026","MATERIAIS QUÍMICOS, SUBSTÂNCIAS PARA DIAGNÓSTICO, MEIOS DE CULTURA E TESTES - OUTRAS UNIDADES","Catálogo do Compras.gov.br","Material",6810.0,"PRODUTOS QUÍMICOS",848.0,"ACETONA",362770.0,"ASPECTO FÍSICO: DEUTERADA, LÍQUIDO LÍMPIDO, INCOLOR, ODOR FORTE, CARACTERÍSTICA ADICIONAL: CONTÉM 0,05% V/V DE TMS, FÓRMULA QUÍMICA: CD3COCD3 (HEXADEUTEROACETONA), GRAU DE PUREZA: PUREZA RADIOSÓTOPA MÍNIMA DE 99,9 ATOM % D, MASSA MOLECULAR: 64,12, NÚMERO DE REFERÊNCIA QUÍMICA: CAS 666-52-4","L",15.0,24.0,360.0,0.0,"2026-06-26"]
["UNIVERSIDADE FEDERAL DE GOIAS-UF/GO",153052.0,2232.0,"Material","153052-14/2026","MATERIAIS PARA MANUTENÇÃO (PREDIAL, HIDRÁULICO, FERRAGENS)","Catálogo do Compras.gov.br","Material",5620.0,"VIDROS, TELHAS, TIJOLOS E BLOCOS PARA CONSTRUÇÃO",3601.0,"BLOCO DE CONCRETO",478106.0,"ALTURA: 6, APLICAÇÃO: PAVIMENTAÇÃO, COMPRIMENTO: 25, LARGURA: 25, TIPO: SEXTAVADO","UN",2100.0,70.0,147000.0,0.0,"2026-07-17"]
["UNIVERSIDADE FEDERAL DE GOIAS-UF/GO",153052.0,2237.0,"Material","153052-14/2026","MATERIAIS PARA MANUTENÇÃO (PREDIAL, HIDRÁULICO, FERRAGENS)","Catálogo do Compras.gov.br","Material",5210.0,"INSTRUMENTOS DE MEDIÇÃO PARA ARTÍFICES",968.0,"TRENA",null,null,"-",0.0,0.0,40.0,0.0,"2026-07-17"]
["UNIVERSIDADE FEDERAL DE GOIAS-UF/GO",153052.0,2238.0,"Material","153052-14/2026","MATERIAIS PARA MANUTENÇÃO (PREDIAL, HIDRÁULICO, FERRAGENS)","Catálogo do Compras.gov.br","Material",2610.0,"PNEUS E CÂMARAS DE AR, EXCETO OS DE AERONAVES",593.0,"PNEU TRATOR RODAS TRAÇÃO",294110.0,"CARACTERÍSTICAS ADICIONAIS: COM CÂMARA, DIANTEIRO, TR T2, DIÂMETRO NOMINAL ARO: 6, LARGURA SEÇÃO: 143, LARGURA SEÇÃO PNEU: 12, QUANTIDADE LONAS: 4, TIPO ESTRUTURA: CARCAÇA DIAGONAL","UN",4.0,750.0,3000.0,0.0,"2026-07-17"]
["UNIVERSIDADE FEDERAL DE GOIAS-UF/GO",153052.0,2239.0,"Material","153052-14/2026","MATERIAIS PARA MANUTENÇÃO (PREDIAL, HIDRÁULICO, FERRAGENS)","Catálogo do Compras.gov.br","Material",2610.0,"PNEUS E CÂMARAS DE AR, EXCETO OS DE AERONAVES",593.0,"PNEU TRATOR RODAS TRAÇÃO",352935.0,"CARACTERÍSTICAS ADICIONAIS: TRASEIRO/COM CÂMARA/CAPACIDADE CARGA 1330 A 1880 K, DIÂMETRO NOMINAL ARO: 34, LARGURA SEÇÃO PNEU: 18,40, QUANTIDADE LONAS: 12, TIPO ESTRUTURA: CARCAÇA RADIAL","UN",4.0,1400.0,5600.0,0.0,"2026-07-17"]
["UNIVERSIDADE FEDERAL DE GOIAS-UF/GO",153052.0,2240.0,"Material","153052-14/2026","MATERIAIS PARA MANUTENÇÃO (PREDIAL, HIDRÁULICO, FERRAGENS)","Catálogo do Compras.gov.br","Material",2610.0,"PNEUS E CÂMARAS DE AR, EXCETO OS DE AERONAVES",593.0,"PNEU TRATOR RODAS TRAÇÃO",294110.0,"CARACTERÍSTICAS ADICIONAIS: COM CÂMARA, DIANTEIRO, TR T2, DIÂMETRO NOMINAL ARO: 6, LARGURA SEÇÃO: 143, LARGURA SEÇÃO PNEU: 12, QUANTIDADE LONAS: 4, TIPO ESTRUTURA: CARCAÇA DIAGONAL","UN",2.0,1400.0,2800.0,0.0,"2026-07-17"]
["UNIVERSIDADE FEDERAL DE GOIAS-UF/GO",153052.0,2241.0,"Material","153052-14/2026","MATERIAIS PARA MANUTENÇÃO (PREDIAL, HIDRÁULICO, FERRAGENS)","Catálogo do Compras.gov.br","Material",2610.0,"PNEUS E CÂMARAS DE AR, EXCETO OS DE AERONAVES",593.0,"PNEU TRATOR RODAS TRAÇÃO",294110.0,"CARACTERÍSTICAS ADICIONAIS: COM CÂMARA, DIANTEIRO, TR T2, DIÂMETRO NOMINAL ARO: 6, LARGURA SEÇÃO: 143, LARGURA SEÇÃO PNEU: 12, QUANTIDADE LONAS: 4, TIPO ESTRUTURA: CARCAÇA DIAGONAL","UN",2.0,1400.0,2800.0,0.0,"2026-07-17"]
["UNIVERSIDADE FEDERAL DE GOIAS-UF/GO",153052.0,2242.0,"Material","153052-14/2026","MATERIAIS PARA MANUTENÇÃO (PREDIAL, HIDRÁULICO, FERRAGENS)","Catálogo do Compras.gov.br","Material",2610.0,"PNEUS E CÂMARAS DE AR, EXCETO OS DE AERONAVES",593.0,"PNEU TRATOR RODAS TRAÇÃO",294110.0,"CARACTERÍSTICAS ADICIONAIS: COM CÂMARA, DIANTEIRO, TR T2, DIÂMETRO NOMINAL ARO: 6, LARGURA SEÇÃO: 143, LARGURA SEÇÃO PNEU: 12, QUANTIDADE LONAS: 4, TIPO ESTRUTURA: CARCAÇA DIAGONAL","UN",2.0,1700.0,3400.0,0.0,"2026-07-17"]
["UNIVERSIDADE FEDERAL DE GOIAS-UF/GO",153052.0,2243.0,"Material","153052-14/2026","MATERIAIS PARA MANUTENÇÃO (PREDIAL, HIDRÁULICO, FERRAGENS)","Catálogo do Compras.gov.br","Material",2610.0,"PNEUS E CÂMARAS DE AR, EXCETO OS DE AERONAVES",593.0,"PNEU TRATOR RODAS TRAÇÃO",615120.0,"APLICAÇÃO: TRATOR AGRÍCOLA, CARACTERÍSTICAS ADICIONAIS: SEM CÂMARA, DIÂMETRO NOMINAL ARO: 16, LARGURA SEÇÃO PNEU: 10,50, MATERIAL: BORRACHA ALTA RESISTÊNCIA, QUANTIDADE LONAS: 12, TIPO ESTRUTURA: CARCAÇA DIAGONAL","UN",2.0,5700.0,11400.0,0.0,"2026-07-17"]
["UNIVERSIDADE FEDERAL DE GOIAS-UF/GO",153052.0,2244.0,"Material","153052-14/2026","MATERIAIS PARA MANUTENÇÃO (PREDIAL, HIDRÁULICO, FERRAGENS)","Catálogo do Compras.gov.br","Material",2610.0,"PNEUS E CÂMARAS DE AR, EXCETO OS DE AERONAVES",593.0,"PNEU TRATOR RODAS TRAÇÃO",615120.0,"APLICAÇÃO: TRATOR AGRÍCOLA, CARACTERÍSTICAS ADICIONAIS: SEM CÂMARA, DIÂMETRO NOMINAL ARO: 16, LARGURA SEÇÃO PNEU: 10,50, MATERIAL: BORRACHA ALTA RESISTÊNCIA, QUANTIDADE LONAS: 12, TIPO ESTRUTURA: CARCAÇA DIAGONAL","UN",2.0,5700.0,11400.0,0.0,"2026-07-17"]
["UNIVERSIDADE FEDERAL DE GOIAS-UF/GO",153052.0,2245.0,"Material","153052-14/2026","MATERIAIS PARA MANUTENÇÃO (PREDIAL, HIDRÁULICO, FERRAGENS)","Catálogo do Compras.gov.br","Material",2610.0,"PNEUS E CÂMARAS DE AR, EXCETO OS DE AERONAVES",593.0,"PNEU TRATOR RODAS TRAÇÃO",353022.0,"CARACTERÍSTICAS ADICIONAIS: TRASEIRO/SEM CÂMARA, DIÂMETRO NOMINAL ARO: 34, LARGURA SEÇÃO PNEU: 18,40, QUANTIDADE LONAS: 12, TIPO ESTRUTURA: CARCAÇA RADIAL","UN",2.0,6000.0,12000.0,0.0,"2026-07-17"]
["UNIVERSIDADE FEDERAL DE GOIAS-UF/GO",153052.0,2246.0,"Material","153052-14/2026","MATERIAIS PARA MANUTENÇÃO (PREDIAL, HIDRÁULICO, FERRAGENS)","Catálogo do Compras.gov.br","Material",2610.0,"PNEUS E CÂMARAS DE AR, EXCETO OS DE AERONAVES",591.0,"CÂMARA AR PNEU",619419.0,"APLICAÇÃO TIPO ARO: 16, APLICAÇÃO TIPO PNEU: CAMINHÃO, CARACTERÍSTICAS ADICIONAIS: DIANTEIRO/TRASEIRO, MATERIAL: BORRACHA, TAMANHO: 9.00 X 16","UN",6.0,120.0,720.0,0.0,"2026-07-17"]
["UNIVERSIDADE FEDERAL DE GOIAS-UF/GO",153052.0,2247.0,"Material","153052-14/2026","MATERIAIS PARA MANUTENÇÃO (PREDIAL, HIDRÁULICO, FERRAGENS)","Catálogo do Compras.gov.br","Material",2610.0,"PNEUS E CÂMARAS DE AR, EXCETO OS DE AERONAVES",591.0,"CÂMARA AR PNEU",619419.0,"APLICAÇÃO TIPO ARO: 16, APLICAÇÃO TIPO PNEU: CAMINHÃO, CARACTERÍSTICAS ADICIONAIS: DIANTEIRO/TRASEIRO, MATERIAL: BORRACHA, TAMANHO: 9.00 X 16","UN",6.0,140.0,840.0,0.0,"2026-07-17"]
["UNIVERSIDADE FEDERAL DE GOIAS-UF/GO",153052.0,2248.0,"Material","153052-14/2026","MATERIAIS PARA MANUTENÇÃO (PREDIAL, HIDRÁULICO, FERRAGENS)","Catálogo do Compras.gov.br","Material",2610.0,"PNEUS E CÂMARAS DE AR, EXCETO OS DE AERONAVES",591.0,"CÂMARA AR PNEU",619419.0,"APLICAÇÃO TIPO ARO: 16, APLICAÇÃO TIPO PNEU: CAMINHÃO, CARACTERÍSTICAS ADICIONAIS: DIANTEIRO/TRASEIRO, MATERIAL: BORRACHA, TAMANHO: 9.00 X 16","UN",6.0,450.0,2700.0,0.0,"2026-07-17"]
["UNIVERSIDADE FEDERAL DE GOIAS-UF/GO",153052.0,2249.0,"Material","153052-14/2026","MATERIAIS PARA MANUTENÇÃO (PREDIAL, HIDRÁULICO, FERRAGENS)","Catálogo do Compras.gov.br","Material",2610.0,"PNEUS E CÂMARAS DE AR, EXCETO OS DE AERONAVES",591.0,"CÂMARA AR PNEU",619419.0,"APLICAÇÃO TIPO ARO: 16, APLICAÇÃO TIPO PNEU: CAMINHÃO, CARACTERÍSTICAS ADICIONAIS: DIANTEIRO/TRASEIRO, MATERIAL: BORRACHA, TAMANHO: 9.00 X 16","UN",6.0,650.0,3900.0,0.0,"2026-07-17"]
["UNIVERSIDADE FEDERAL DE GOIAS-UF/GO",153052.0,2250.0,"Material","153052-14/2026","MATERIAIS PARA MANUTENÇÃO (PREDIAL, HIDRÁULICO, FERRAGENS)","Catálogo do Compras.gov.br","Material",2610.0,"PNEUS E CÂMARAS DE AR, EXCETO OS DE AERONAVES",593.0,"PNEU TRATOR RODAS TRAÇÃO",449170.0,"CARACTERÍSTICAS ADICIONAIS: COM CÂMARA, DIÂMETRO NOMINAL ARO: 16, LARGURA SEÇÃO PNEU: 7,50, QUANTIDADE LONAS: 8, TIPO ESTRUTURA: CARCAÇA DIAGONAL","UN",6.0,800.0,4800.0,0.0,"2026-07-17"]
["UNIVERSIDADE FEDERAL DE GOIAS-UF/GO",153052.0,2251.0,"Material","153052-14/2026","MATERIAIS PARA MANUTENÇÃO (PREDIAL, HIDRÁULICO, FERRAGENS)","Catálogo do Compras.gov.br","Material",2610.0,"PNEUS E CÂMARAS DE AR, EXCETO OS DE AERONAVES",593.0,"PNEU TRATOR RODAS TRAÇÃO",615120.0,"APLICAÇÃO: TRATOR AGRÍCOLA, CARACTERÍSTICAS ADICIONAIS: SEM CÂMARA, DIÂMETRO NOMINAL ARO: 16, LARGURA SEÇÃO PNEU: 10,50, MATERIAL: BORRACHA ALTA RESISTÊNCIA, QUANTIDADE LONAS: 12, TIPO ESTRUTURA: CARCAÇA DIAGONAL","UN",6.0,820.0,4920.0,0.0,"2026-07-17"]
["UNIVERSIDADE FEDERAL DE GOIAS-UF/GO",153052.0,2252.0,"Material","153052-14/2026","MATERIAIS PARA MANUTENÇÃO (PREDIAL, HIDRÁULICO, FERRAGENS)","Catálogo do Compras.gov.br","Material",2610.0,"PNEUS E CÂMARAS DE AR, EXCETO OS DE AERONAVES",593.0,"PNEU TRATOR RODAS TRAÇÃO",477888.0,"CARACTERÍSTICAS ADICIONAIS: COM CÂMARA, DIÂMETRO NOMINAL ARO: 16, LARGURA SEÇÃO PNEU: 6.5, QUANTIDADE LONAS: 6, TIPO ESTRUTURA: CARCAÇA DIAGONAL","UN",12.0,1400.0,16800.0,0.0,"2026-07-17"]
["UNIVERSIDADE FEDERAL DE GOIAS-UF/GO",153052.0,2254.0,"Serviço","153052-163/2026","PROAD - SERVIÇO AUXILIAR E TECNICO AUDIO CENTRO DE EVENTOS","Catálogo do Compras.gov.br","Serviço",859.0,"OUTROS SERVIÇOS DE SUPORTE",null,null,25631.0,"AUXILIAR DE SERVIÇOS TÉCNICOS","-",1.0,445720.0,445720.0,0.0,"2026-08-04"]
["UNIVERSIDADE FEDERAL DE GOIAS-UF/GO",153052.0,3403.0,"Material","153052-29/2026","MATERIAIS QUÍMICOS, SUBSTÂNCIAS PARA DIAGNÓSTICO, MEIOS DE CULTURA E TESTES - OUTRAS UNIDADES","Catálogo do Compras.gov.br","Material",6550.0,"SUBSTÂNCIAS PARA DIAGNÓSTICO \"IN VITRO\",  REAGENTES,  CONJUNTOS E JOGOS PARA TESTE",14801.0,"REAGENTE ANALÍTICO 4",391817.0,"APRESENTAÇÃO*: CARTELA PLÁSTICA, CARACTERÍSTICA ADICIONAL: NMP CERCA DE 1 A 2420 CFU/100 ML, ESTERILIDADE: ESTÉRIL, DESCARTÁVEL, TIPO DE ANÁLISE: QUANTITATIVO COLIFORMES, E.COLI, ENTEROCOCCUS SP","UN",50.0,45.0,2250.0,0.0,"2026-06-26"]
["UNIVERSIDADE FEDERAL DE GOIAS-UF/GO",153052.0,3446.0,"Material","153052-29/2026","MATERIAIS QUÍMICOS, SUBSTÂNCIAS PARA DIAGNÓSTICO, MEIOS DE CULTURA E TESTES - OUTRAS UNIDADES","Catálogo do Compras.gov.br","Material",6550.0,"SUBSTÂNCIAS PARA DIAGNÓSTICO \"IN VITRO\",  REAGENTES,  CONJUNTOS E JOGOS PARA TESTE",14801.0,"REAGENTE ANALÍTICO 4",407641.0,"ASPECTO FÍSICO: PÓ, TIPO: ONPG-MUG","UN",100.0,30.0,3000.0,0.0,"2026-06-26"]
["UNIVERSIDADE FEDERAL DE GOIAS-UF/GO",153052.0,3447.0,"Material","153052-29/2026","MATERIAIS QUÍMICOS, SUBSTÂNCIAS PARA DIAGNÓSTICO, MEIOS DE CULTURA E TESTES - OUTRAS UNIDADES","Catálogo do Compras.gov.br","Material",6810.0,"PRODUTOS QUÍMICOS",16160.0,"NITRATO DE PRATA",353060.0,"ASPECTO FÍSICO: CRISTAL INCOLOR, TRANSPARENTE, INODORO, CARACTERÍSTICA ADICIONAL: REAGENTE P.A., FÓRMULA QUÍMICA: AGNO3, NÚMERO DE REFERÊNCIA QUÍMICA: CAS 7761-88-8, PESO MOLECULAR: 169,87, TEOR DE PUREZA: PUREZA MÍNIMA DE 99,5%","G",25.0,12.0,300.0,0.0,"2026-06-26"]
["UNIVERSIDADE FEDERAL DE GOIAS-UF/GO",153052.0,3448.0,"Material","153052-29/2026","MATERIAIS QUÍMICOS, SUBSTÂNCIAS PARA DIAGNÓSTICO, MEIOS DE CULTURA E TESTES - OUTRAS UNIDADES","Catálogo do Compras.gov.br","Material",6810.0,"PRODUTOS QUÍMICOS",15933.0,"HEXAMETAFOSFATO SÓDIO (SHMP)",355654.0,"ASPECTO FÍSICO: PÓ OU CRISTAL BESBRANQUIÇADO, INODORO,HIGROSCÓPICO, CARACTERÍSTICA ADICIONAL: REAGENTE P.A., COMPOSIÇÃO QUÍMICA: (NAPO3)N ANIDRO, GRAU DE PUREZA: PUREZA MÍNIMA DE 99%, NÚMERO DE REFERÊNCIA QUÍMICA: CAS 10124-56-8, PESO MOLECULAR: (N)101,96","KG",2.0,111.18,222.36,0.0,"2026-06-26"]
["UNIVERSIDADE FEDERAL DE GOIAS-UF/GO",153052.0,3449.0,"Material","153052-29/2026","MATERIAIS QUÍMICOS, SUBSTÂNCIAS PARA DIAGNÓSTICO, MEIOS DE CULTURA E TESTES - OUTRAS UNIDADES","Catálogo do Compras.gov.br","Material",6810.0,"PRODUTOS QUÍMICOS",790.0,"HIPOCLORITO DE SÓDIO",378971.0,"ASPECTO FÍSICO: LÍQUIDO AMARELO ESVERDEADO, CARACTERÍSTICAS ADICIONAIS: ESTABILIZADO, CONCENTRAÇÃO: TEOR MÍNIMO DE 12 % DE CLORO ATIVO","L",20.0,16.0,320.0,0.0,"2026-06-26"]
["UNIVERSIDADE FEDERAL DE GOIAS-UF/GO",153052.0,3450.0,"Material","153052-29/2026","MATERIAIS QUÍMICOS, SUBSTÂNCIAS PARA DIAGNÓSTICO, MEIOS DE CULTURA E TESTES - OUTRAS UNIDADES","Catálogo do Compras.gov.br","Material",6810.0,"PRODUTOS QUÍMICOS",14141.0,"ÁCIDO SULFÚRICO",355811.0,"ASPECTO FÍSICO: LÍQUIDO INCOLOR, INODORO, VISCOSO, CRISTALINO, CARACTERÍSTICA ADICIONAL: REAGENTE P.A., FÓRMULA QUÍMICA: H2SO4, GRAU DE PUREZA: PUREZA MÍNIMA DE 95%, MASSA MOLECULAR: 98,09, NÚMERO DE REFERÊNCIA QUÍMICA: CAS 7664-93-9","L",3.0,79.99,239.97,0.0,"2026-06-26"]
["UNIVERSIDADE FEDERAL DE GOIAS-UF/GO",153052.0,3451.0,"Material","153052-29/2026","MATERIAIS QUÍMICOS, SUBSTÂNCIAS PARA DIAGNÓSTICO, MEIOS DE CULTURA E TESTES - OUTRAS UNIDADES","Catálogo do Compras.gov.br","Material",6810.0,"PRODUTOS QUÍMICOS",18131.0,"ÁCIDO ETILENODIAMINOTETRACÉTICO (EDTA)",621153.0,"ASPECTO FÍSICO\": PÓ, CARACTERÍSTICA ADICIONAL*: GRAU FARMACÊUTICO, FÓRMULA QUÍMICA: C10H14N2O8NA2.2H2O (SAL DISSÓDICO DIHIDRATADO), GRAU DE PUREZA*: PUREZA MÍNIMA DE 99%, MASSA MOLAR: 372,24, NÚMERO DE REFERÊNCIA QUÍMICA*: CAS 6381-92-6","G",500.0,0.09,45.0,0.0,"2026-06-26"]
["UNIVERSIDADE FEDERAL DE GOIAS-UF/GO",153052.0,3452.0,"Material","153052-29/2026","MATERIAIS QUÍMICOS, SUBSTÂNCIAS PARA DIAGNÓSTICO, MEIOS DE CULTURA E TESTES - OUTRAS UNIDADES","Catálogo do Compras.gov.br","Material",6810.0,"PRODUTOS QUÍMICOS",2263.0,"ÁLCOOL PROPÍLICO",380789.0,"ASPECTO FÍSICO: LÍQUIDO LÍMPIDO, INCOLOR, ODOR CARACTERÍSTICO, CARACTERÍSTICA ADICIONAL: REAGENTE P.A. ACS, FÓRMULA QUÍMICA: CH3(CH2)2OH  (1-PROPANOL OU NORMAL), GRAU DE PUREZA: PUREZA MÍNIMA DE 99,5%, NÚMERO DE REFERÊNCIA QUÍMICA: CAS 71-23-8, PESO MOLECULAR*: 60,10","L",2.0,399.0,798.0,0.0,"2026-06-26"]
["UNIVERSIDADE FEDERAL DE GOIAS-UF/GO",153052.0,3453.0,"Material","153052-29/2026","MATERIAIS QUÍMICOS, SUBSTÂNCIAS PARA DIAGNÓSTICO, MEIOS DE CULTURA E TESTES - OUTRAS UNIDADES","Catálogo do Compras.gov.br","Material",6810.0,"PRODUTOS QUÍMICOS",8235.0,"HIDRÓXIDO DE AMÔNIO",366499.0,"ASPECTO FÍSICO: LÍQUIDO LÍMPIDO, INCOLOR, VOLÁTIL, DE ODOR ACRE, CARACTERÍSTICA ADICIONAL: EM SOLUÇÃO AQUOSA, REAGENTE P.A. ACS ISO, FÓRMULA QUÍMICA: NH4OH, GRAU DE PUREZA: TEOR DE NH3 ENTRE 28 E 30%, NÚMERO DE REFERÊNCIA QUÍMICA: CAS 1336-21-6, PESO MOLECULAR: 35,05","L",3.0,28.17,84.51,0.0,"2026-06-26"]
["UNIVERSIDADE FEDERAL DE GOIAS-UF/GO",153052.0,3454.0,"Material","153052-29/2026","MATERIAIS QUÍMICOS, SUBSTÂNCIAS PARA DIAGNÓSTICO, MEIOS DE CULTURA E TESTES - OUTRAS UNIDADES","Catálogo do Compras.gov.br","Material",6810.0,"PRODUTOS QUÍMICOS",709.0,"ÁCIDO ACÉTICO",345906.0,"ASPECTO FÍSICO: LÍQUIDO LÍMPIDO TRANSPARENTE, CARACTERÍSTICA ADICIONAL: GLACIAL,REAGENTE P.A.-ACS-ISO, FÓRMULA QUÍMICA: C2H4O2, GRAU DE PUREZA: PUREZA MÍNIMA DE 99,7%, NÚMERO DE REFERÊNCIA QUÍMICA: CAS 64-19-7, PESO MOLECULAR: 60,05","L",3.0,38.68,116.04,0.0,"2026-06-26"]
["UNIVERSIDADE FEDERAL DE GOIAS-UF/GO",153052.0,3455.0,"Material","153052-29/2026","MATERIAIS QUÍMICOS, SUBSTÂNCIAS PARA DIAGNÓSTICO, MEIOS DE CULTURA E TESTES - OUTRAS UNIDADES","Catálogo do Compras.gov.br","Material",7930.0,"COMPOSTOS E PREPARADOS PARA LIMPEZA E POLIMENTO",715.0,"ÁLCOOL ETÍLICO LIMPEZA DE AMBIENTES",481012.0,"APLICAÇÃO: LIMPEZA, CARACTERÍSTICAS ADICIONAIS: LÍQUIDO, CONCENTRAÇÃO: 70%, TIPO: ETÍLICO","FR",60.0,20.0,1200.0,0.0,"2026-06-26"]
["UNIVERSIDADE FEDERAL DE GOIAS-UF/GO",153052.0,2389.0,"Material","153052-15/2026","MATERIAIS PARA LABORATÓRIO, VIDRARIAS","Catálogo do Compras.gov.br","Material",6640.0,"EQUIPAMENTOS E ARTIGOS DE LABORATÓRIO",8637.0,"LAMÍNULA",625517.0,"DIMENSÕES: CERCA DE 15, FORMATO: REDONDA, MATERIAL: VIDRO SILICONIZADO","UN",300.0,0.15,45.0,0.0,"2026-06-19"]
["UNIVERSIDADE FEDERAL DE GOIAS-UF/GO",153052.0,2390.0,"Material","153052-15/2026","MATERIAIS PARA LABORATÓRIO, VIDRARIAS","Catálogo do Compras.gov.br","Material",6640.0,"EQUIPAMENTOS E ARTIGOS DE LABORATÓRIO",13426.0,"LÂMINA LABORATÓRIO",446931.0,"ADICIONAL: PARA PATOLOGIA, APLICAÇÃO: PREPARADA, DIMENSÕES: CERCA DE 75 X 25, MATERIAL: VIDRO","UN",200.0,0.6,120.0,0.0,"2026-06-19"]
["UNIVERSIDADE FEDERAL DE GOIAS-UF/GO",153052.0,2391.0,"Material","153052-15/2026","MATERIAIS PARA LABORATÓRIO, VIDRARIAS","Catálogo do Compras.gov.br","Material",6640.0,"EQUIPAMENTOS E ARTIGOS DE LABORATÓRIO",8874.0,"PIPETA",452500.0,"CAPACIDADE: 10, MATERIAL: PLÁSTICO, TIPO: PASTEUR, TIPO USO: DESCARTÁVEL","UN",100.0,1.0,100.0,0.0,"2026-06-19"]
["UNIVERSIDADE FEDERAL DE GOIAS-UF/GO",153052.0,3424.0,"Material","153052-29/2026","MATERIAIS QUÍMICOS, SUBSTÂNCIAS PARA DIAGNÓSTICO, MEIOS DE CULTURA E TESTES - OUTRAS UNIDADES","Catálogo do Compras.gov.br","Material",6810.0,"PRODUTOS QUÍMICOS",18189.0,"ÁLCOOL ETÍLICO",445457.0,"ASPECTO FÍSICO: LÍQUIDO, CARACTERÍSTICA ADICIONAL: ABSOLUTO, REAGENTE P.A. ACS ISO, FÓRMULA QUÍMICA: C2H5OH, GRAU DE PUREZA: PUREZA MÍNIMA DE 99,9%, NÚMERO DE REFERÊNCIA QUÍMICA: CAS 64-17-5, PESO MOLECULAR: 46,07","L",10.0,19.89,198.9,0.0,"2026-06-26"]
["UNIVERSIDADE FEDERAL DE GOIAS-UF/GO",153052.0,3425.0,"Material","153052-29/2026","MATERIAIS QUÍMICOS, SUBSTÂNCIAS PARA DIAGNÓSTICO, MEIOS DE CULTURA E TESTES - OUTRAS UNIDADES","Catálogo do Compras.gov.br","Material",6810.0,"PRODUTOS QUÍMICOS",13496.0,"ZINCO",402644.0,"ASPECTO FÍSICO: GRÂNULOS BRANCO-AZULADOS OU CINZA PRATA, INODOROS, CARACTERÍSTICA ADICIONAL: REAGENTE P.A.,ISO, GRANULAÇÃO ESPECÍFICA, FÓRMULA QUÍMICA: ZN, GRAU DE PUREZA: PUREZA MÍNIMA DE 99,9%, NÚMERO DE REFERÊNCIA QUÍMICA: CAS 7440-66-6, PESO MOLECULAR: 65,38","G",250.0,123.48,30870.0,0.0,"2026-06-26"]
["UNIVERSIDADE FEDERAL DE GOIAS-UF/GO",153052.0,2274.0,"Material","153052-15/2026","MATERIAIS PARA LABORATÓRIO, VIDRARIAS","Catálogo do Compras.gov.br","Material",6640.0,"EQUIPAMENTOS E ARTIGOS DE LABORATÓRIO",8874.0,"PIPETA",417814.0,"CAPACIDADE: 3, ESCALA: ESCALA 0,5 EM 0,5 ML, GRADUAÇÃO: GRADUADA, MATERIAL: PLÁSTICO, TIPO: PASTEUR, TIPO USO: DESCARTÁVEL","UN",500.0,0.6,300.0,0.0,"2026-06-19"]
["UNIVERSIDADE FEDERAL DE GOIAS-UF/GO",153052.0,2275.0,"Material","153052-15/2026","MATERIAIS PARA LABORATÓRIO, VIDRARIAS","Catálogo do Compras.gov.br","Material",6640.0,"EQUIPAMENTOS E ARTIGOS DE LABORATÓRIO",2983.0,"PEÇA EQUIPAMENTO LABORATÓRIO",434338.0,"TIPO*: RETÍCULO MICROMETRADO, CARACTERÍSTICAS ADICIONAIS: ESCALA 10 MM, 100 DIVISÕES, CARACTERÍSTICA ADICIONAL: EM CRUZ, MATERIAL*: VIDRO, APLICAÇÃO*: P/ MICROSCÓPIO ÓTICO, DIMENSÕES*: CERCA DE 20","UN",1.0,340.0,340.0,0.0,"2026-06-19"]
["UNIVERSIDADE FEDERAL DE GOIAS-UF/GO",153052.0,2276.0,"Material","153052-15/2026","MATERIAIS PARA LABORATÓRIO, VIDRARIAS","Catálogo do Compras.gov.br","Material",6640.0,"EQUIPAMENTOS E ARTIGOS DE LABORATÓRIO",13426.0,"LÂMINA LABORATÓRIO",409705.0,"DIMENSÕES: CERCA DE 75 X 25, MATERIAL: VIDRO, TIPO BORDA: BORDA FOSCA, TIPO*: LAPIDADA","UN",1500.0,0.2,300.0,0.0,"2026-06-19"]
["UNIVERSIDADE FEDERAL DE GOIAS-UF/GO",153052.0,2277.0,"Material","153052-15/2026","MATERIAIS PARA LABORATÓRIO, VIDRARIAS","Catálogo do Compras.gov.br","Material",6640.0,"EQUIPAMENTOS E ARTIGOS DE LABORATÓRIO",7094.0,"ESTANTE TUBO ENSAIO",421510.0,"CAPACIDADE*: ATÉ 25 UNIDADES, DIÂMETRO TUBO: PARA TUBOS ATÉ 30, MATERIAL: ARAME REVESTIDO EM PVC","UN",10.0,50.0,500.0,0.0,"2026-06-19"]
["UNIVERSIDADE FEDERAL DE GOIAS-UF/GO",153052.0,2278.0,"Material","153052-15/2026","MATERIAIS PARA LABORATÓRIO, VIDRARIAS","Catálogo do Compras.gov.br","Material",6640.0,"EQUIPAMENTOS E ARTIGOS DE LABORATÓRIO",2671.0,"BALÃO LABORATÓRIO",409252.0,"ACESSÓRIOS: ROLHA DE PLÁSTICO, CAPACIDADE: 100, MATERIAL: VIDRO, TIPO FUNDO: FUNDO CHATO, TIPO USO: VOLUMÉTRICO","UN",10.0,40.0,400.0,0.0,"2026-06-19"]
["UNIVERSIDADE FEDERAL DE GOIAS-UF/GO",153052.0,2279.0,"Material","153052-15/2026","MATERIAIS PARA LABORATÓRIO, VIDRARIAS","Catálogo do Compras.gov.br","Material",6640.0,"EQUIPAMENTOS E ARTIGOS DE LABORATÓRIO",2690.0,"PAPEL DE FILTRO",408324.0,"DIÂMETRO: CERCA DE 250, TIPO: QUALITATIVO","UN",100.0,0.36,36.0,0.0,"2026-06-19"]
["UNIVERSIDADE FEDERAL DE GOIAS-UF/GO",153052.0,2280.0,"Material","153052-15/2026","MATERIAIS PARA LABORATÓRIO, VIDRARIAS","Catálogo do Compras.gov.br","Material",6640.0,"EQUIPAMENTOS E ARTIGOS DE LABORATÓRIO",13654.0,"NAVALHA LABORATÓRIO",464231.0,"ADICIONAL: ALTO PERFIL, APLICAÇÃO: PARA MICRÓTOMO, DIMENSÕES: CERCA DE 80 X 15, MATERIAL: AÇO INOX, REVESTIMENTO: REVESTIDA COM CERÂMICA E PTFE, TIPO USO: DESCARTÁVEL","UN",50.0,14.0,700.0,0.0,"2026-06-19"]
["UNIVERSIDADE FEDERAL DE GOIAS-UF/GO",153052.0,2281.0,"Material","153052-15/2026","MATERIAIS PARA LABORATÓRIO, VIDRARIAS","Catálogo do Compras.gov.br","Material",6640.0,"EQUIPAMENTOS E ARTIGOS DE LABORATÓRIO",4760.0,"ESCOVA LABORATÓRIO",408572.0,"ACESSÓRIOS: PONTA EM PINCEL, COMPRIMENTO: 50, DIÂMETRO: 5, FORMATO: CILÍNDRICA, MATERIAL CABO: ARAME, MATERIAL CERDA: CERDA EM CRINA DE CAVALO","UN",2.0,8.0,16.0,0.0,"2026-06-19"]
["UNIVERSIDADE FEDERAL DE GOIAS-UF/GO",153052.0,2282.0,"Material","153052-15/2026","MATERIAIS PARA LABORATÓRIO, VIDRARIAS","Catálogo do Compras.gov.br","Material",6640.0,"EQUIPAMENTOS E ARTIGOS DE LABORATÓRIO",13654.0,"NAVALHA LABORATÓRIO",464231.0,"ADICIONAL: ALTO PERFIL, APLICAÇÃO: PARA MICRÓTOMO, DIMENSÕES: CERCA DE 80 X 15, MATERIAL: AÇO INOX, REVESTIMENTO: REVESTIDA COM CERÂMICA E PTFE, TIPO USO: DESCARTÁVEL","UN",100.0,14.0,1400.0,0.0,"2026-06-19"]
["UNIVERSIDADE FEDERAL DE GOIAS-UF/GO",153052.0,2283.0,"Material","153052-15/2026","MATERIAIS PARA LABORATÓRIO, VIDRARIAS","Catálogo do Compras.gov.br","Material",6640.0,"EQUIPAMENTOS E ARTIGOS DE LABORATÓRIO",8637.0,"LAMÍNULA",409644.0,"DIMENSÕES: CERCA DE 25 X 30, MATERIAL: VIDRO","UN",1000.0,0.08,80.0,0.0,"2026-06-19"]
["UNIVERSIDADE FEDERAL DE GOIAS-UF/GO",153052.0,2284.0,"Material","153052-15/2026","MATERIAIS PARA LABORATÓRIO, VIDRARIAS","Catálogo do Compras.gov.br","Material",6640.0,"EQUIPAMENTOS E ARTIGOS DE LABORATÓRIO",13426.0,"LÂMINA LABORATÓRIO",409705.0,"DIMENSÕES: CERCA DE 75 X 25, MATERIAL: VIDRO, TIPO BORDA: BORDA FOSCA, TIPO*: LAPIDADA","UN",750.0,0.2,150.0,0.0,"2026-06-19"]
["UNIVERSIDADE FEDERAL DE GOIAS-UF/GO",153052.0,2285.0,"Material","153052-15/2026","MATERIAIS PARA LABORATÓRIO, VIDRARIAS","Catálogo do Compras.gov.br","Material",6640.0,"EQUIPAMENTOS E ARTIGOS DE LABORATÓRIO",6991.0,"FRASCO LABORATÓRIO",409442.0,"ACESSÓRIOS: COM BATOQUE, CAPACIDADE: 100, MATERIAL: VIDRO ÂMBAR, TIPO: REAGENTE, TIPO BOCA: BOCA ESTREITA, TIPO TAMPA: TAMPA ROSQUEÁVEL","UN",100.0,3.71,371.0,0.0,"2026-06-19"]
["UNIVERSIDADE FEDERAL DE GOIAS-UF/GO",153052.0,2286.0,"Material","153052-15/2026","MATERIAIS PARA LABORATÓRIO, VIDRARIAS","Catálogo do Compras.gov.br","Material",6640.0,"EQUIPAMENTOS E ARTIGOS DE LABORATÓRIO",7094.0,"ESTANTE TUBO ENSAIO",421510.0,"CAPACIDADE*: ATÉ 25 UNIDADES, DIÂMETRO TUBO: PARA TUBOS ATÉ 30, MATERIAL: ARAME REVESTIDO EM PVC","UN",3.0,90.0,270.0,0.0,"2026-06-19"]
["UNIVERSIDADE FEDERAL DE GOIAS-UF/GO",153052.0,2287.0,"Material","153052-15/2026","MATERIAIS PARA LABORATÓRIO, VIDRARIAS","Catálogo do Compras.gov.br","Material",6640.0,"EQUIPAMENTOS E ARTIGOS DE LABORATÓRIO",15192.0,"ESTANTE PARA MICROTUBOS",434961.0,"ADICIONAL: TÉRMICA, CAPACIDADE: 24 TUBOS, MATERIAL: PLÁSTICO, TAMANHO: PARA TUBOS 0,5 ML A 2","UN",10.0,13.42,134.2,0.0,"2026-06-19"]
["UNIVERSIDADE FEDERAL DE GOIAS-UF/GO",153052.0,2288.0,"Material","153052-15/2026","MATERIAIS PARA LABORATÓRIO, VIDRARIAS","Catálogo do Compras.gov.br","Material",6640.0,"EQUIPAMENTOS E ARTIGOS DE LABORATÓRIO",8874.0,"PIPETA",423975.0,"CAPACIDADE: 3, MATERIAL: PLÁSTICO, TIPO: PASTEUR, TIPO USO: DESCARTÁVEL","UN",100.0,0.6,60.0,0.0,"2026-06-19"]
["UNIVERSIDADE FEDERAL DE GOIAS-UF/GO",153052.0,2289.0,"Material","153052-15/2026","MATERIAIS PARA LABORATÓRIO, VIDRARIAS","Catálogo do Compras.gov.br","Material",6640.0,"EQUIPAMENTOS E ARTIGOS DE LABORATÓRIO",5363.0,"PROVETA",409890.0,"ADICIONAL: COM ORLA E BICO, BASE: BASE PLÁSTICA, CAPACIDADE: 50, GRADUAÇÃO: GRADUADA, MATERIAL: VIDRO","UN",5.0,25.44,127.2,0.0,"2026-06-19"]
["UNIVERSIDADE FEDERAL DE GOIAS-UF/GO",153052.0,2290.0,"Material","153052-15/2026","MATERIAIS PARA LABORATÓRIO, VIDRARIAS","Catálogo do Compras.gov.br","Material",6640.0,"EQUIPAMENTOS E ARTIGOS DE LABORATÓRIO",6991.0,"FRASCO LABORATÓRIO",409439.0,"ACESSÓRIOS: COM BATOQUE, CAPACIDADE: 500, MATERIAL: VIDRO ÂMBAR, TIPO: REAGENTE, TIPO BOCA: BOCA ESTREITA, TIPO TAMPA: TAMPA ROSQUEÁVEL","UN",20.0,12.5,250.0,0.0,"2026-06-19"]
["UNIVERSIDADE FEDERAL DE GOIAS-UF/GO",153052.0,2291.0,"Material","153052-15/2026","MATERIAIS PARA LABORATÓRIO, VIDRARIAS","Catálogo do Compras.gov.br","Material",6640.0,"EQUIPAMENTOS E ARTIGOS DE LABORATÓRIO",16363.0,"CUBETA LABORATÓRIO",410966.0,"MATERIAL: ACRÍLICO, PERCURSO: CAMINHO ÓTICO 10 MM, VOLUME: 1,5","UN",100.0,1.33,133.0,0.0,"2026-06-19"]
["UNIVERSIDADE FEDERAL DE GOIAS-UF/GO",153052.0,2292.0,"Material","153052-15/2026","MATERIAIS PARA LABORATÓRIO, VIDRARIAS","Catálogo do Compras.gov.br","Material",6640.0,"EQUIPAMENTOS E ARTIGOS DE LABORATÓRIO",13114.0,"TUBO LABORATÓRIO",409041.0,"ADICIONAL: COM ORLA, DIMENSÕES: CERCA DE 20 X 200, MATERIAL: VIDRO, TIPO: ENSAIO, TIPO FUNDO: FUNDO REDONDO","UN",50.0,4.77,238.5,0.0,"2026-06-19"]
["UNIVERSIDADE FEDERAL DE GOIAS-UF/GO",153052.0,2293.0,"Material","153052-15/2026","MATERIAIS PARA LABORATÓRIO, VIDRARIAS","Catálogo do Compras.gov.br","Material",6640.0,"EQUIPAMENTOS E ARTIGOS DE LABORATÓRIO",4736.0,"FUNIL LABORATÓRIO",410081.0,"ACESSÓRIOS: TORNEIRA DE TEFLON E ROLHA DE PLÁSTICO, CAPACIDADE: 500, FORMATO: PERA, MATERIAL: VIDRO","UN",3.0,180.0,540.0,0.0,"2026-06-19"]
["UNIVERSIDADE FEDERAL DE GOIAS-UF/GO",153052.0,2294.0,"Material","153052-15/2026","MATERIAIS PARA LABORATÓRIO, VIDRARIAS","Catálogo do Compras.gov.br","Material",6640.0,"EQUIPAMENTOS E ARTIGOS DE LABORATÓRIO",8637.0,"LAMÍNULA",409644.0,"DIMENSÕES: CERCA DE 25 X 30, MATERIAL: VIDRO","UN",400.0,0.08,32.0,0.0,"2026-06-19"]
["UNIVERSIDADE FEDERAL DE GOIAS-UF/GO",153052.0,2295.0,"Material","153052-15/2026","MATERIAIS PARA LABORATÓRIO, VIDRARIAS","Catálogo do Compras.gov.br","Material",6640.0,"EQUIPAMENTOS E ARTIGOS DE LABORATÓRIO",9759.0,"MICROTUBO",434218.0,"CAPACIDADE: 1,5, CARACTERÍSTICA ADICIONAL: APIROGÊNICO, LIVRE DE DNASE E RNASE, MATERIAL: POLIPROPILENO, TIPO FUNDO: FUNDO CÔNICO, TIPO TAMPA: TAMPA PRESSÃO CHATA","UN",1000.0,0.046,46.0,0.0,"2026-06-19"]
["UNIVERSIDADE FEDERAL DE GOIAS-UF/GO",153052.0,2296.0,"Material","153052-15/2026","MATERIAIS PARA LABORATÓRIO, VIDRARIAS","Catálogo do Compras.gov.br","Material",6640.0,"EQUIPAMENTOS E ARTIGOS DE LABORATÓRIO",13426.0,"LÂMINA LABORATÓRIO",409705.0,"DIMENSÕES: CERCA DE 75 X 25, MATERIAL: VIDRO, TIPO BORDA: BORDA FOSCA, TIPO*: LAPIDADA","UN",200.0,0.2,40.0,0.0,"2026-06-19"]
["UNIVERSIDADE FEDERAL DE GOIAS-UF/GO",153052.0,2297.0,"Material","153052-15/2026","MATERIAIS PARA LABORATÓRIO, VIDRARIAS","Catálogo do Compras.gov.br","Material",6640.0,"EQUIPAMENTOS E ARTIGOS DE LABORATÓRIO",10757.0,"PIPETADOR",411171.0,"AJUSTE: TIPO PERA, CAPACIDADE: ATÉ 100, COMPONENTES*: COM 3 VIAS, MATERIAL: BORRACHA, TIPO: MANUAL","UN",3.0,25.0,75.0,0.0,"2026-06-19"]
["UNIVERSIDADE FEDERAL DE GOIAS-UF/GO",153052.0,2298.0,"Material","153052-15/2026","MATERIAIS PARA LABORATÓRIO, VIDRARIAS","Catálogo do Compras.gov.br","Material",6640.0,"EQUIPAMENTOS E ARTIGOS DE LABORATÓRIO",6991.0,"FRASCO LABORATÓRIO",409438.0,"ACESSÓRIOS: COM BATOQUE, CAPACIDADE: 250, MATERIAL: VIDRO ÂMBAR, TIPO: REAGENTE, TIPO BOCA: BOCA ESTREITA, TIPO TAMPA: TAMPA ROSQUEÁVEL","UN",40.0,8.0,320.0,0.0,"2026-06-19"]
["UNIVERSIDADE FEDERAL DE GOIAS-UF/GO",153052.0,2299.0,"Material","153052-15/2026","MATERIAIS PARA LABORATÓRIO, VIDRARIAS","Catálogo do Compras.gov.br","Material",6640.0,"EQUIPAMENTOS E ARTIGOS DE LABORATÓRIO",8637.0,"LAMÍNULA",409646.0,"DIMENSÕES: CERCA DE 25 X 50, MATERIAL: VIDRO","UN",1500.0,0.15,225.0,0.0,"2026-06-19"]
["UNIVERSIDADE FEDERAL DE GOIAS-UF/GO",153052.0,2300.0,"Material","153052-15/2026","MATERIAIS PARA LABORATÓRIO, VIDRARIAS","Catálogo do Compras.gov.br","Material",6640.0,"EQUIPAMENTOS E ARTIGOS DE LABORATÓRIO",5363.0,"PROVETA",409891.0,"ADICIONAL: COM ORLA E BICO, BASE: BASE EM VIDRO, CAPACIDADE: 100, GRADUAÇÃO: GRADUADA, MATERIAL: VIDRO","UN",10.0,40.0,400.0,0.0,"2026-06-19"]
["UNIVERSIDADE FEDERAL DE GOIAS-UF/GO",153052.0,2301.0,"Material","153052-15/2026","MATERIAIS PARA LABORATÓRIO, VIDRARIAS","Catálogo do Compras.gov.br","Material",6640.0,"EQUIPAMENTOS E ARTIGOS DE LABORATÓRIO",11016.0,"PONTEIRA LABORATÓRIO",408692.0,"CAPACIDADE: ATÉ 1000 MCL, ESTERILIDADE*: APIROGÊNICO, LIVRE DE DNASE E RNASE, MATERIAL: POLIPROPILENO, TIPO USO*: DESCARTÁVEL","UN",2000.0,0.03,60.0,0.0,"2026-06-19"]
["UNIVERSIDADE FEDERAL DE GOIAS-UF/GO",153052.0,2355.0,"Serviço","153052-162/2026","CC - REFORMA PISO DE MADEIRA","Catálogo do Compras.gov.br","Serviço",873.0,"SERVIÇOS DE INSTALAÇÃO(À EXCEÇÃO DA CONSTRUÇÃO)",null,null,21989.0,"INSTALAÇÃO / MANUTENÇÃO / REMOÇÃO - PISO MADEIRA","-",1.0,35000.0,35000.0,0.0,"2026-06-01"]
["UNIVERSIDADE FEDERAL DE GOIAS-UF/GO",153052.0,2302.0,"Material","153052-15/2026","MATERIAIS PARA LABORATÓRIO, VIDRARIAS","Catálogo do Compras.gov.br","Material",6640.0,"EQUIPAMENTOS E ARTIGOS DE LABORATÓRIO",9748.0,"MICROPIPETA",424684.0,"ADICIONAL: AUTOCLAVÁVEL, AJUSTE: VOLUME REGULÁVEL, CAPACIDADE ASPIRAÇÃO: ATÉ 20, COMPONENTES: COM EJETOR DE PONTEIRA, TIPO*: MONOCANAL, MECÂNICA","UN",4.0,438.0,1752.0,0.0,"2026-06-19"]
["UNIVERSIDADE FEDERAL DE GOIAS-UF/GO",153052.0,2303.0,"Material","153052-15/2026","MATERIAIS PARA LABORATÓRIO, VIDRARIAS","Catálogo do Compras.gov.br","Material",6640.0,"EQUIPAMENTOS E ARTIGOS DE LABORATÓRIO",8874.0,"PIPETA",410528.0,"ACESSÓRIOS: COM FILTRO HIDRÓFOBO, CAPACIDADE: 5, EMBALAGEM: EMBALAGEM INDIVIDUAL, ESCALA: ESCALA 0,1 EM 0,1 ML, ESTERILIDADE: ESTÉRIL, GRADUAÇÃO: GRADUADA, MATERIAL: PLÁSTICO, TIPO: SOROLÓGICA, TIPO USO: DESCARTÁVEL","UN",100.0,2.25,225.0,0.0,"2026-06-19"]
["UNIVERSIDADE FEDERAL DE GOIAS-UF/GO",153052.0,2304.0,"Material","153052-15/2026","MATERIAIS PARA LABORATÓRIO, VIDRARIAS","Catálogo do Compras.gov.br","Material",6640.0,"EQUIPAMENTOS E ARTIGOS DE LABORATÓRIO",13114.0,"TUBO LABORATÓRIO",409759.0,"ACESSÓRIOS: TAMPA ROSQUEÁVEL, CAPACIDADE: 50, GRADUAÇÃO: GRADUADO, MATERIAL: POLIPROPILENO, TIPO: CENTRÍFUGA, TIPO FUNDO: FUNDO CÔNICO, USO: AUTOCLAVÁVEL","UN",4.0,58.0,232.0,0.0,"2026-06-19"]
["UNIVERSIDADE FEDERAL DE GOIAS-UF/GO",153052.0,2305.0,"Material","153052-15/2026","MATERIAIS PARA LABORATÓRIO, VIDRARIAS","Catálogo do Compras.gov.br","Material",6640.0,"EQUIPAMENTOS E ARTIGOS DE LABORATÓRIO",10848.0,"PLACA LABORATÓRIO",450296.0,"CAPACIDADE: 96 POÇOS, COMPONENTES: COM TAMPA, EMBALAGEM PRIMÁRIA: EMBALAGEM INDIVIDUAL, ESTERILIDADE*: ESTÉRIL, APIROGÊNICA, LIVRE DE DNASE E RNASE, MATERIAL: PLÁSTICO, TIPO: PARA CULTURA, TIPO FUNDO: FUNDO EM \"V\", TIPO USO*: DESCARTÁVEL","UN",50.0,4.0,200.0,0.0,"2026-06-19"]
["UNIVERSIDADE FEDERAL DE GOIAS-UF/GO",153052.0,2306.0,"Material","153052-15/2026","MATERIAIS PARA LABORATÓRIO, VIDRARIAS","Catálogo do Compras.gov.br","Material",6640.0,"EQUIPAMENTOS E ARTIGOS DE LABORATÓRIO",9748.0,"MICROPIPETA",424685.0,"ADICIONAL: AUTOCLAVÁVEL, AJUSTE: VOLUME REGULÁVEL, CAPACIDADE ASPIRAÇÃO: ATÉ 200, COMPONENTES: COM EJETOR DE PONTEIRA, TIPO*: MONOCANAL, MECÂNICA","UN",4.0,427.0,1708.0,0.0,"2026-06-19"]
["UNIVERSIDADE FEDERAL DE GOIAS-UF/GO",153052.0,2307.0,"Material","153052-15/2026","MATERIAIS PARA LABORATÓRIO, VIDRARIAS","Catálogo do Compras.gov.br","Material",6640.0,"EQUIPAMENTOS E ARTIGOS DE LABORATÓRIO",6991.0,"FRASCO LABORATÓRIO",409445.0,"CAPACIDADE: 1000, GRADUAÇÃO: GRADUADO, MATERIAL: VIDRO, TIPO: REAGENTE, TIPO TAMPA: TAMPA ROSQUEÁVEL COM VEDAÇÃO","UN",2.0,49.0,98.0,0.0,"2026-06-19"]
["UNIVERSIDADE FEDERAL DE GOIAS-UF/GO",153052.0,2308.0,"Material","153052-15/2026","MATERIAIS PARA LABORATÓRIO, VIDRARIAS","Catálogo do Compras.gov.br","Material",6640.0,"EQUIPAMENTOS E ARTIGOS DE LABORATÓRIO",10679.0,"PÉROLA DE VIDRO - LABORATÓRIO",474751.0,"DIÂMETRO: CERCA DE 4","KG",1.0,76.9,76.9,0.0,"2026-06-19"]
["UNIVERSIDADE FEDERAL DE GOIAS-UF/GO",153052.0,2309.0,"Material","153052-15/2026","MATERIAIS PARA LABORATÓRIO, VIDRARIAS","Catálogo do Compras.gov.br","Material",6640.0,"EQUIPAMENTOS E ARTIGOS DE LABORATÓRIO",9759.0,"MICROTUBO",408179.0,"CAPACIDADE: 1,5, CARACTERÍSTICA ADICIONAL: APIROGÊNICO, LIVRE DE DNASE E RNASE, GRADUAÇÃO: GRADUADO, MATERIAL: POLIPROPILENO, TIPO FUNDO: FUNDO CÔNICO, TIPO TAMPA: TAMPA PRESSÃO CHATA","UN",2.0,72.67,145.34,0.0,"2026-06-19"]
["UNIVERSIDADE FEDERAL DE GOIAS-UF/GO",153052.0,2310.0,"Material","153052-15/2026","MATERIAIS PARA LABORATÓRIO, VIDRARIAS","Catálogo do Compras.gov.br","Material",6640.0,"EQUIPAMENTOS E ARTIGOS DE LABORATÓRIO",6991.0,"FRASCO LABORATÓRIO",409443.0,"CAPACIDADE: 250, GRADUAÇÃO: GRADUADO, MATERIAL: VIDRO, TIPO: REAGENTE, TIPO TAMPA: TAMPA ROSQUEÁVEL COM VEDAÇÃO","UN",5.0,30.0,150.0,0.0,"2026-06-19"]
["UNIVERSIDADE FEDERAL DE GOIAS-UF/GO",153052.0,2311.0,"Material","153052-15/2026","MATERIAIS PARA LABORATÓRIO, VIDRARIAS","Catálogo do Compras.gov.br","Material",6640.0,"EQUIPAMENTOS E ARTIGOS DE LABORATÓRIO",14152.0,"FRASCO PARA CULTURA CELULAR",443426.0,"ADICIONAL: COM FILTRO ESTÉRIL, COMPONENTES: COM BOCAL INCLINADO, ESTERILIDADE*: ESTÉRIL, APIROGÊNICO, LIVRE DE DNASE E RNASE, GRADUAÇÃO: GRADUADO, MATERIAL: POLIESTIRENO, OPACICIDADE: TRANSPARENTE, TIPO TAMPA: TAMPA ROSQUEÁVEL, TIPO USO: DESCARTÁVEL, ÁREA: 75","UN",100.0,8.8,880.0,0.0,"2026-06-19"]
["UNIVERSIDADE FEDERAL DE GOIAS-UF/GO",153052.0,2312.0,"Material","153052-15/2026","MATERIAIS PARA LABORATÓRIO, VIDRARIAS","Catálogo do Compras.gov.br","Material",6640.0,"EQUIPAMENTOS E ARTIGOS DE LABORATÓRIO",10384.0,"INDICADOR DE PH",412644.0,"ESCALA: 0 A 14, TIPO: TIRA DE PAPEL","UN",2.0,59.11,118.22,0.0,"2026-06-19"]
["UNIVERSIDADE FEDERAL DE GOIAS-UF/GO",153052.0,2313.0,"Material","153052-15/2026","MATERIAIS PARA LABORATÓRIO, VIDRARIAS","Catálogo do Compras.gov.br","Material",6640.0,"EQUIPAMENTOS E ARTIGOS DE LABORATÓRIO",17079.0,"CABO DE KOLLE",408987.0,"CARACTERÍSTICAS ADICIONAIS: EXTREMIDADE ROSQUEÁVEL, PROTEÇÃO TÉRMICA, COMPRIMENTO: CERCA DE 25, MATERIAL: ALUMÍNIO","UN",20.0,26.18,523.6,0.0,"2026-06-19"]
["UNIVERSIDADE FEDERAL DE GOIAS-UF/GO",153052.0,2314.0,"Material","153052-15/2026","MATERIAIS PARA LABORATÓRIO, VIDRARIAS","Catálogo do Compras.gov.br","Material",6640.0,"EQUIPAMENTOS E ARTIGOS DE LABORATÓRIO",8874.0,"PIPETA",423975.0,"CAPACIDADE: 3, MATERIAL: PLÁSTICO, TIPO: PASTEUR, TIPO USO: DESCARTÁVEL","UN",1.0,72.0,72.0,0.0,"2026-06-19"]
["UNIVERSIDADE FEDERAL DE GOIAS-UF/GO",153052.0,2315.0,"Material","153052-15/2026","MATERIAIS PARA LABORATÓRIO, VIDRARIAS","Catálogo do Compras.gov.br","Material",6640.0,"EQUIPAMENTOS E ARTIGOS DE LABORATÓRIO",11016.0,"PONTEIRA LABORATÓRIO",408691.0,"CAPACIDADE: ATÉ 200 MCL, ESTERILIDADE*: APIROGÊNICO, LIVRE DE DNASE E RNASE, MATERIAL: POLIPROPILENO, TIPO USO*: DESCARTÁVEL","UN",2.0,73.22,146.44,0.0,"2026-06-19"]
["UNIVERSIDADE FEDERAL DE GOIAS-UF/GO",153052.0,2316.0,"Material","153052-15/2026","MATERIAIS PARA LABORATÓRIO, VIDRARIAS","Catálogo do Compras.gov.br","Material",6640.0,"EQUIPAMENTOS E ARTIGOS DE LABORATÓRIO",8925.0,"CAIXA LABORATÓRIO",410241.0,"ACESSÓRIOS: TAMPA COM DOBRADIÇA, ADICIONAL: NUMERADA, CAPACIDADE: 100 LÂMINAS, MATERIAL: POLIPROPILENO","UN",4.0,26.2,104.8,0.0,"2026-06-19"]
["UNIVERSIDADE FEDERAL DE GOIAS-UF/GO",153052.0,2317.0,"Material","153052-15/2026","MATERIAIS PARA LABORATÓRIO, VIDRARIAS","Catálogo do Compras.gov.br","Material",6640.0,"EQUIPAMENTOS E ARTIGOS DE LABORATÓRIO",9759.0,"MICROTUBO",408182.0,"CAPACIDADE: 2, CARACTERÍSTICA ADICIONAL: APIROGÊNICO, LIVRE DE DNASE E RNASE, GRADUAÇÃO: GRADUADO, MATERIAL: POLIPROPILENO, TIPO FUNDO: FUNDO CÔNICO, TIPO TAMPA: TAMPA PRESSÃO CHATA","UN",2.0,69.9,139.8,0.0,"2026-06-19"]
["UNIVERSIDADE FEDERAL DE GOIAS-UF/GO",153052.0,2318.0,"Material","153052-15/2026","MATERIAIS PARA LABORATÓRIO, VIDRARIAS","Catálogo do Compras.gov.br","Material",6640.0,"EQUIPAMENTOS E ARTIGOS DE LABORATÓRIO",11016.0,"PONTEIRA LABORATÓRIO",446911.0,"CAPACIDADE: ATÉ 1000 MCL, ESTERILIDADE*: APIROGÊNICO, LIVRE DE DNASE E RNASE, MATERIAL: POLIPROPILENO, TIPO USO*: ESTERILIZÁVEL","UN",1.0,14.4,14.4,0.0,"2026-06-19"]
["UNIVERSIDADE FEDERAL DE GOIAS-UF/GO",153052.0,2319.0,"Material","153052-15/2026","MATERIAIS PARA LABORATÓRIO, VIDRARIAS","Catálogo do Compras.gov.br","Material",6640.0,"EQUIPAMENTOS E ARTIGOS DE LABORATÓRIO",13536.0,"BERÇO COLORAÇÃO LÂMINAS",414669.0,"CAPACIDADE: ATÉ 30 UNIDADES, COMPONENTES: COM ALÇA, MATERIAL: AÇO INOXIDÁVEL","UN",3.0,174.95,524.85,0.0,"2026-06-19"]
["UNIVERSIDADE FEDERAL DE GOIAS-UF/GO",153052.0,2320.0,"Material","153052-15/2026","MATERIAIS PARA LABORATÓRIO, VIDRARIAS","Catálogo do Compras.gov.br","Material",6640.0,"EQUIPAMENTOS E ARTIGOS DE LABORATÓRIO",11016.0,"PONTEIRA LABORATÓRIO",421228.0,"ADICIONAL: MÁXIMA RECUPERAÇÃO, CAPACIDADE: ATÉ 10 MCL, ESTERILIDADE*: APIROGÊNICO, LIVRE DE DNASE E RNASE, MATERIAL: POLIPROPILENO, TIPO USO*: DESCARTÁVEL","UN",2.0,29.64,59.28,0.0,"2026-06-19"]
["UNIVERSIDADE FEDERAL DE GOIAS-UF/GO",153052.0,2321.0,"Material","153052-15/2026","MATERIAIS PARA LABORATÓRIO, VIDRARIAS","Catálogo do Compras.gov.br","Material",6640.0,"EQUIPAMENTOS E ARTIGOS DE LABORATÓRIO",4760.0,"ESCOVA LABORATÓRIO",408573.0,"ACESSÓRIOS: PONTA EM PINCEL, COMPRIMENTO: 50, DIÂMETRO: 8, FORMATO: CILÍNDRICA, MATERIAL CABO: ARAME, MATERIAL CERDA: CERDA EM CRINA DE CAVALO","UN",2.0,19.5,39.0,0.0,"2026-06-19"]
["UNIVERSIDADE FEDERAL DE GOIAS-UF/GO",153052.0,2322.0,"Material","153052-15/2026","MATERIAIS PARA LABORATÓRIO, VIDRARIAS","Catálogo do Compras.gov.br","Material",6640.0,"EQUIPAMENTOS E ARTIGOS DE LABORATÓRIO",8637.0,"LAMÍNULA",409644.0,"DIMENSÕES: CERCA DE 25 X 30, MATERIAL: VIDRO","UN",14.0,10.19,142.66,0.0,"2026-06-19"]
["UNIVERSIDADE FEDERAL DE GOIAS-UF/GO",153052.0,2323.0,"Material","153052-15/2026","MATERIAIS PARA LABORATÓRIO, VIDRARIAS","Catálogo do Compras.gov.br","Material",6640.0,"EQUIPAMENTOS E ARTIGOS DE LABORATÓRIO",7094.0,"ESTANTE TUBO ENSAIO",421511.0,"CAPACIDADE*: ATÉ 60 UNIDADES, DIÂMETRO TUBO: PARA TUBOS ATÉ 30, MATERIAL: ARAME REVESTIDO EM PVC","UN",5.0,47.75,238.75,0.0,"2026-06-19"]
["UNIVERSIDADE FEDERAL DE GOIAS-UF/GO",153052.0,2324.0,"Material","153052-15/2026","MATERIAIS PARA LABORATÓRIO, VIDRARIAS","Catálogo do Compras.gov.br","Material",6640.0,"EQUIPAMENTOS E ARTIGOS DE LABORATÓRIO",15027.0,"BARRA MAGNÉTICA",419146.0,"CARACTERÍSTICAS ADICIONAIS: LISA, DIMENSÕES: CERCA DE 7 X 30, FORMATO: CILÍNDRICO, MATERIAL: REVESTIDA EM PTFE","UN",2.0,18.4,36.8,0.0,"2026-06-19"]
["UNIVERSIDADE FEDERAL DE GOIAS-UF/GO",153052.0,2325.0,"Material","153052-15/2026","MATERIAIS PARA LABORATÓRIO, VIDRARIAS","Catálogo do Compras.gov.br","Material",6640.0,"EQUIPAMENTOS E ARTIGOS DE LABORATÓRIO",2242.0,"ALÇA BACTERIOLÓGICA",408809.0,"CALIBRAGEM: CALIBRADA, COMPONENTES: SEM CABO, MATERIAL*: NÍQUEL CROMO, VOLUME: 10 MCL","UN",10.0,6.3,63.0,0.0,"2026-06-19"]
["UNIVERSIDADE FEDERAL DE GOIAS-UF/GO",153052.0,2326.0,"Material","153052-15/2026","MATERIAIS PARA LABORATÓRIO, VIDRARIAS","Catálogo do Compras.gov.br","Material",6640.0,"EQUIPAMENTOS E ARTIGOS DE LABORATÓRIO",8637.0,"LAMÍNULA",409642.0,"DIMENSÕES: CERCA DE 20 X 20, MATERIAL: VIDRO","UN",4.0,3.95,15.8,0.0,"2026-06-19"]
["UNIVERSIDADE FEDERAL DE GOIAS-UF/GO",153052.0,2327.0,"Material","153052-15/2026","MATERIAIS PARA LABORATÓRIO, VIDRARIAS","Catálogo do Compras.gov.br","Material",6640.0,"EQUIPAMENTOS E ARTIGOS DE LABORATÓRIO",6991.0,"FRASCO LABORATÓRIO",409444.0,"CAPACIDADE: 500, GRADUAÇÃO: GRADUADO, MATERIAL: VIDRO, TIPO: REAGENTE, TIPO TAMPA: TAMPA ROSQUEÁVEL COM VEDAÇÃO","UN",9.0,32.4,291.6,0.0,"2026-06-19"]
["UNIVERSIDADE FEDERAL DE GOIAS-UF/GO",153052.0,2328.0,"Material","153052-15/2026","MATERIAIS PARA LABORATÓRIO, VIDRARIAS","Catálogo do Compras.gov.br","Material",6640.0,"EQUIPAMENTOS E ARTIGOS DE LABORATÓRIO",8874.0,"PIPETA",410532.0,"ACESSÓRIOS: COM FILTRO HIDRÓFOBO, CAPACIDADE: 10, EMBALAGEM: EMBALAGEM INDIVIDUAL, ESCALA: ESCALA 0,1 EM 0,1 ML, ESTERILIDADE: ESTÉRIL, GRADUAÇÃO: GRADUADA, MATERIAL: PLÁSTICO, TIPO: SOROLÓGICA, TIPO USO: DESCARTÁVEL","UN",100.0,2.35,235.0,0.0,"2026-06-19"]
["UNIVERSIDADE FEDERAL DE GOIAS-UF/GO",153052.0,2329.0,"Material","153052-15/2026","MATERIAIS PARA LABORATÓRIO, VIDRARIAS","Catálogo do Compras.gov.br","Material",6640.0,"EQUIPAMENTOS E ARTIGOS DE LABORATÓRIO",10848.0,"PLACA LABORATÓRIO",410794.0,"CAPACIDADE: 6 POÇOS, COMPONENTES: COM TAMPA, MATERIAL: PLÁSTICO, TIPO: PARA CULTURA, TIPO FUNDO: FUNDO CHATO, ESTERILIDADE: ESTÉRIL, APIROGÊNICA, LIVRE DE DNASE E RNASE, TIPO USO: DESCARTÁVEL, EMBALAGEM: EMBALAGEM INDIVIDUAL","UN",50.0,12.6,630.0,0.0,"2026-06-19"]
["UNIVERSIDADE FEDERAL DE GOIAS-UF/GO",153052.0,2330.0,"Material","153052-15/2026","MATERIAIS PARA LABORATÓRIO, VIDRARIAS","Catálogo do Compras.gov.br","Material",6640.0,"EQUIPAMENTOS E ARTIGOS DE LABORATÓRIO",10384.0,"INDICADOR DE PH",412644.0,"ESCALA: 0 A 14, TIPO: TIRA DE PAPEL","UN",2.0,59.11,118.22,0.0,"2026-06-19"]
["UNIVERSIDADE FEDERAL DE GOIAS-UF/GO",153052.0,2331.0,"Material","153052-15/2026","MATERIAIS PARA LABORATÓRIO, VIDRARIAS","Catálogo do Compras.gov.br","Material",6640.0,"EQUIPAMENTOS E ARTIGOS DE LABORATÓRIO",10757.0,"PIPETADOR",411171.0,"AJUSTE: TIPO PERA, CAPACIDADE: ATÉ 100, COMPONENTES*: COM 3 VIAS, MATERIAL: BORRACHA, TIPO: MANUAL","UN",2.0,16.5,33.0,0.0,"2026-06-19"]
["UNIVERSIDADE FEDERAL DE GOIAS-UF/GO",153052.0,2332.0,"Material","153052-15/2026","MATERIAIS PARA LABORATÓRIO, VIDRARIAS","Catálogo do Compras.gov.br","Material",6640.0,"EQUIPAMENTOS E ARTIGOS DE LABORATÓRIO",13654.0,"NAVALHA LABORATÓRIO",464231.0,"ADICIONAL: ALTO PERFIL, APLICAÇÃO: PARA MICRÓTOMO, DIMENSÕES: CERCA DE 80 X 15, MATERIAL: AÇO INOX, REVESTIMENTO: REVESTIDA COM CERÂMICA E PTFE, TIPO USO: DESCARTÁVEL","UN",100.0,20.76,2076.0,0.0,"2026-06-19"]
["UNIVERSIDADE FEDERAL DE GOIAS-UF/GO",153052.0,2333.0,"Material","153052-15/2026","MATERIAIS PARA LABORATÓRIO, VIDRARIAS","Catálogo do Compras.gov.br","Material",6640.0,"EQUIPAMENTOS E ARTIGOS DE LABORATÓRIO",9748.0,"MICROPIPETA",424686.0,"ADICIONAL: AUTOCLAVÁVEL, AJUSTE: VOLUME REGULÁVEL, CAPACIDADE ASPIRAÇÃO: ATÉ 1000, COMPONENTES: COM EJETOR DE PONTEIRA, TIPO*: MONOCANAL, MECÂNICA","UN",6.0,427.0,2562.0,0.0,"2026-06-19"]
["UNIVERSIDADE FEDERAL DE GOIAS-UF/GO",153052.0,2334.0,"Material","153052-15/2026","MATERIAIS PARA LABORATÓRIO, VIDRARIAS","Catálogo do Compras.gov.br","Material",6640.0,"EQUIPAMENTOS E ARTIGOS DE LABORATÓRIO",6995.0,"ESPÁTULA LABORATÓRIO",420830.0,"COMPRIMENTO: CERCA DE 15, FORMATO: CHATA COM COLHER, MATERIAL: AÇO INOX","UN",2.0,18.0,36.0,0.0,"2026-06-19"]
["UNIVERSIDADE FEDERAL DE GOIAS-UF/GO",153052.0,2335.0,"Material","153052-15/2026","MATERIAIS PARA LABORATÓRIO, VIDRARIAS","Catálogo do Compras.gov.br","Material",6640.0,"EQUIPAMENTOS E ARTIGOS DE LABORATÓRIO",11016.0,"PONTEIRA LABORATÓRIO",408693.0,"CAPACIDADE: ATÉ 5000 MCL, ESTERILIDADE*: APIROGÊNICO, LIVRE DE DNASE E RNASE, MATERIAL: POLIPROPILENO, TIPO USO*: DESCARTÁVEL","UN",1.0,55.02,55.02,0.0,"2026-06-19"]
["UNIVERSIDADE FEDERAL DE GOIAS-UF/GO",153052.0,2336.0,"Material","153052-15/2026","MATERIAIS PARA LABORATÓRIO, VIDRARIAS","Catálogo do Compras.gov.br","Material",6640.0,"EQUIPAMENTOS E ARTIGOS DE LABORATÓRIO",8637.0,"LAMÍNULA",409643.0,"DIMENSÕES: CERCA DE 25 X 25, MATERIAL: VIDRO","UN",2.0,4.37,8.74,0.0,"2026-06-19"]
["UNIVERSIDADE FEDERAL DE GOIAS-UF/GO",153052.0,2337.0,"Material","153052-15/2026","MATERIAIS PARA LABORATÓRIO, VIDRARIAS","Catálogo do Compras.gov.br","Material",6640.0,"EQUIPAMENTOS E ARTIGOS DE LABORATÓRIO",2281.0,"PINÇA LABORATÓRIO",411111.0,"COMPRIMENTO: CERCA DE 15, MATERIAL: AÇO INOX, MODELO: HISTOLÓGICA, TIPO PONTA: PONTA FINA","UN",2.0,19.59,39.18,0.0,"2026-06-19"]
["UNIVERSIDADE FEDERAL DE GOIAS-UF/GO",153052.0,2338.0,"Material","153052-15/2026","MATERIAIS PARA LABORATÓRIO, VIDRARIAS","Catálogo do Compras.gov.br","Material",6640.0,"EQUIPAMENTOS E ARTIGOS DE LABORATÓRIO",14152.0,"FRASCO PARA CULTURA CELULAR",440058.0,"ADICIONAL: COM FILTRO ESTÉRIL, COMPONENTES: COM BOCAL INCLINADO, ESTERILIDADE*: ESTÉRIL, APIROGÊNICO, LIVRE DE DNASE E RNASE, GRADUAÇÃO: GRADUADO, MATERIAL: POLIESTIRENO, OPACICIDADE: TRANSPARENTE, TIPO TAMPA: TAMPA ROSQUEÁVEL, TIPO USO: DESCARTÁVEL, ÁREA: 25","UN",100.0,7.3,730.0,0.0,"2026-06-19"]
["UNIVERSIDADE FEDERAL DE GOIAS-UF/GO",153052.0,2339.0,"Material","153052-15/2026","MATERIAIS PARA LABORATÓRIO, VIDRARIAS","Catálogo do Compras.gov.br","Material",6640.0,"EQUIPAMENTOS E ARTIGOS DE LABORATÓRIO",4760.0,"ESCOVA LABORATÓRIO",421505.0,"ACESSÓRIOS: PONTA EM PINCEL, COMPRIMENTO: 25, DIÂMETRO: 1, FORMATO: CILÍNDRICA, MATERIAL CABO: ARAME, MATERIAL CERDA: CERDA EM NYLON","UN",1.0,8.0,8.0,0.0,"2026-06-19"]
["UNIVERSIDADE FEDERAL DE GOIAS-UF/GO",153052.0,2340.0,"Material","153052-15/2026","MATERIAIS PARA LABORATÓRIO, VIDRARIAS","Catálogo do Compras.gov.br","Material",6640.0,"EQUIPAMENTOS E ARTIGOS DE LABORATÓRIO",4760.0,"ESCOVA LABORATÓRIO",411370.0,"ACESSÓRIOS: PONTA EM PINCEL, COMPRIMENTO: 12, DIÂMETRO: 6, FORMATO: CILÍNDRICA, MATERIAL CABO: ARAME, MATERIAL CERDA: CERDA EM CRINA DE CAVALO","UN",4.0,18.8,75.2,0.0,"2026-06-19"]
["UNIVERSIDADE FEDERAL DE GOIAS-UF/GO",153052.0,2341.0,"Material","153052-15/2026","MATERIAIS PARA LABORATÓRIO, VIDRARIAS","Catálogo do Compras.gov.br","Material",6640.0,"EQUIPAMENTOS E ARTIGOS DE LABORATÓRIO",13426.0,"LÂMINA LABORATÓRIO",409706.0,"DIMENSÕES: CERCA DE 75 X 25, MATERIAL: VIDRO, TIPO BORDA: BORDA FOSCA","UN",28.0,8.12,227.36,0.0,"2026-06-19"]
["UNIVERSIDADE FEDERAL DE GOIAS-UF/GO",153052.0,2342.0,"Material","153052-15/2026","MATERIAIS PARA LABORATÓRIO, VIDRARIAS","Catálogo do Compras.gov.br","Material",6640.0,"EQUIPAMENTOS E ARTIGOS DE LABORATÓRIO",13114.0,"TUBO LABORATÓRIO",424742.0,"DIMENSÕES: CERCA DE 5 X 40, MATERIAL: VIDRO, TIPO: DURAN, TIPO FUNDO: FUNDO REDONDO","UN",20.0,0.83,16.6,0.0,"2026-06-19"]
["UNIVERSIDADE FEDERAL DE GOIAS-UF/GO",153052.0,2343.0,"Material","153052-15/2026","MATERIAIS PARA LABORATÓRIO, VIDRARIAS","Catálogo do Compras.gov.br","Material",6640.0,"EQUIPAMENTOS E ARTIGOS DE LABORATÓRIO",8862.0,"ALFINETE ENTOMOLÓGICO",427298.0,"ADICIONAL: COM CABEÇA, DIMENSÕES: CERCA DE 40 X 0,40, MATERIAL: AÇO INOX","UN",2.0,75.8,151.6,0.0,"2026-06-19"]
["UNIVERSIDADE FEDERAL DE GOIAS-UF/GO",153052.0,2344.0,"Material","153052-15/2026","MATERIAIS PARA LABORATÓRIO, VIDRARIAS","Catálogo do Compras.gov.br","Material",6640.0,"EQUIPAMENTOS E ARTIGOS DE LABORATÓRIO",9749.0,"PLACA DE PETRI",433139.0,"DIMENSÕES: CERCA DE 20 X 150, FORMATO: REDONDA, MATERIAL: VIDRO","UN",20.0,30.0,600.0,0.0,"2026-06-19"]
["UNIVERSIDADE FEDERAL DE GOIAS-UF/GO",153052.0,2345.0,"Material","153052-15/2026","MATERIAIS PARA LABORATÓRIO, VIDRARIAS","Catálogo do Compras.gov.br","Material",6640.0,"EQUIPAMENTOS E ARTIGOS DE LABORATÓRIO",9749.0,"PLACA DE PETRI",410068.0,"DIMENSÕES: CERCA DE 15 X 60, FORMATO: REDONDA, MATERIAL: VIDRO","UN",100.0,9.3,930.0,0.0,"2026-06-19"]
["UNIVERSIDADE FEDERAL DE GOIAS-UF/GO",153052.0,2346.0,"Material","153052-15/2026","MATERIAIS PARA LABORATÓRIO, VIDRARIAS","Catálogo do Compras.gov.br","Material",6640.0,"EQUIPAMENTOS E ARTIGOS DE LABORATÓRIO",2268.0,"ALCOÔMETRO",408546.0,"CARACTERÍSTICA ADICIONAL: CALIBRADO, ESCALA: 0 A 100, MATERIAL: VIDRO, MODELO: GAY LUSSAC","UN",3.0,72.29,216.87,0.0,"2026-06-19"]
["UNIVERSIDADE FEDERAL DE GOIAS-UF/GO",153052.0,2347.0,"Material","153052-15/2026","MATERIAIS PARA LABORATÓRIO, VIDRARIAS","Catálogo do Compras.gov.br","Material",6640.0,"EQUIPAMENTOS E ARTIGOS DE LABORATÓRIO",13114.0,"TUBO LABORATÓRIO",409760.0,"ACESSÓRIOS: TAMPA ROSQUEÁVEL, CAPACIDADE: 15, GRADUAÇÃO: GRADUADO, MATERIAL: POLIPROPILENO, TIPO: CENTRÍFUGA, TIPO FUNDO: FUNDO CÔNICO, USO: AUTOCLAVÁVEL","UN",4.0,35.0,140.0,0.0,"2026-06-19"]
["UNIVERSIDADE FEDERAL DE GOIAS-UF/GO",153052.0,2348.0,"Material","153052-15/2026","MATERIAIS PARA LABORATÓRIO, VIDRARIAS","Catálogo do Compras.gov.br","Material",6640.0,"EQUIPAMENTOS E ARTIGOS DE LABORATÓRIO",7059.0,"MICROSCÓPIO",601089.0,"ADICIONAL: INCLINAÇÃO ATÉ 45°, ROTAÇÃO DE 360°, AUMENTO: OBJETIVAS ATÉ 100X, ZOOM ATÉ 1600X, COMPONENTES: ILUMINAÇÃO EM LED, TIPO: BINOCULAR, TIPO DE ANÁLISE: ÓTICO","UN",1.0,15082.62,15082.62,0.0,"2026-06-19"]
["UNIVERSIDADE FEDERAL DE GOIAS-UF/GO",153052.0,2349.0,"Material","153052-15/2026","MATERIAIS PARA LABORATÓRIO, VIDRARIAS","Catálogo do Compras.gov.br","Material",6640.0,"EQUIPAMENTOS E ARTIGOS DE LABORATÓRIO",4403.0,"FILTRO LABORATÓRIO",410909.0,"DIMENSÕES: CERCA DE 35, MATERIAL: PVDF, POROSIDADE: 0,45 ΜM, TIPO: PARA SERINGA","UN",1.0,371.19,371.19,0.0,"2026-06-19"]
["UNIVERSIDADE FEDERAL DE GOIAS-UF/GO",153052.0,2350.0,"Material","153052-15/2026","MATERIAIS PARA LABORATÓRIO, VIDRARIAS","Catálogo do Compras.gov.br","Material",6640.0,"EQUIPAMENTOS E ARTIGOS DE LABORATÓRIO",4403.0,"FILTRO LABORATÓRIO",434257.0,"DIMENSÕES: CERCA DE 35, EMBALAGEM: EMBALAGEM INDIVIDUAL, ESTERILIDADE: ESTÉRIL, APIROGÊNICO, MATERIAL: POLIÉTERSULFONA (PES), POROSIDADE: 0,22 ΜM, TIPO: PARA SERINGA, TIPO USO: DESCARTÁVEL","UN",50.0,8.75,437.5,0.0,"2026-06-19"]
["UNIVERSIDADE FEDERAL DE GOIAS-UF/GO",153052.0,2351.0,"Material","153052-15/2026","MATERIAIS PARA LABORATÓRIO, VIDRARIAS","Catálogo do Compras.gov.br","Material",6640.0,"EQUIPAMENTOS E ARTIGOS DE LABORATÓRIO",4403.0,"FILTRO LABORATÓRIO",410909.0,"DIMENSÕES: CERCA DE 35, MATERIAL: PVDF, POROSIDADE: 0,45 ΜM, TIPO: PARA SERINGA","UN",50.0,7.42,371.0,0.0,"2026-06-19"]
["UNIVERSIDADE FEDERAL DE GOIAS-UF/GO",153052.0,2352.0,"Material","153052-15/2026","MATERIAIS PARA LABORATÓRIO, VIDRARIAS","Catálogo do Compras.gov.br","Material",6640.0,"EQUIPAMENTOS E ARTIGOS DE LABORATÓRIO",9749.0,"PLACA DE PETRI",414156.0,"DIMENSÕES: CERCA DE 15 X 80, FORMATO: REDONDA, MATERIAL: VIDRO","UN",60.0,9.72,583.2,0.0,"2026-06-19"]
["UNIVERSIDADE FEDERAL DE GOIAS-UF/GO",153052.0,2353.0,"Material","153052-15/2026","MATERIAIS PARA LABORATÓRIO, VIDRARIAS","Catálogo do Compras.gov.br","Material",8115.0,"CAIXAS, CAIXOTES E ENGRADADOS",4162.0,"CAIXA",311806.0,"ALTURA: 30, APLICAÇÃO: ACONDICIONAR LÂMINAS HISTOLÓGICAS, COMPRIMENTO: 205, LARGURA: 165, MATERIAL: PLÁSTICO","UN",4.0,8.0,32.0,0.0,"2026-06-19"]
["UNIVERSIDADE FEDERAL DE GOIAS-UF/GO",153052.0,2354.0,"Material","153052-15/2026","MATERIAIS PARA LABORATÓRIO, VIDRARIAS","Catálogo do Compras.gov.br","Material",8115.0,"CAIXAS, CAIXOTES E ENGRADADOS",4162.0,"CAIXA",419246.0,"ALTURA: 5, APLICAÇÃO: ARMAZENAR CRIOTUBOS, CARACTERÍSTICAS ADICIONAIS: RETANGULAR, IMPERMEÁVEL, COM TAMPA, COMPRIMENTO: 13,50, COR: BRANCA, LARGURA: 13,50, MATERIAL: PAPELÃO","UN",7.0,11.38,79.66,0.0,"2026-06-19"]
["UNIVERSIDADE FEDERAL DE GOIAS-UF/GO",153052.0,2545.0,"Material","153052-15/2026","MATERIAIS PARA LABORATÓRIO, VIDRARIAS","Catálogo do Compras.gov.br","Material",6640.0,"EQUIPAMENTOS E ARTIGOS DE LABORATÓRIO",13426.0,"LÂMINA LABORATÓRIO",485227.0,"DIMENSÕES: CERCA DE 50 X 30, MATERIAL: VIDRO, TIPO BORDA: BORDA LISA, TIPO*: LAPIDADA","UN",1.0,200.0,200.0,0.0,"2026-06-19"]
["UNIVERSIDADE FEDERAL DE GOIAS-UF/GO",153052.0,2546.0,"Material","153052-15/2026","MATERIAIS PARA LABORATÓRIO, VIDRARIAS","Catálogo do Compras.gov.br","Material",6640.0,"EQUIPAMENTOS E ARTIGOS DE LABORATÓRIO",2671.0,"BALÃO LABORATÓRIO",453219.0,"ACESSÓRIOS: TORNEIRA DE VIDRO, CAPACIDADE: 500, MATERIAL: VIDRO, TIPO FUNDO: FUNDO REDONDO, TIPO SAÍDA: COM 1 SAÍDA LATERAL, TIPO USO: SCHLENK","UN",6.0,52.0,312.0,0.0,"2026-06-19"]
["UNIVERSIDADE FEDERAL DE GOIAS-UF/GO",153052.0,2547.0,"Material","153052-15/2026","MATERIAIS PARA LABORATÓRIO, VIDRARIAS","Catálogo do Compras.gov.br","Material",6640.0,"EQUIPAMENTOS E ARTIGOS DE LABORATÓRIO",517.0,"BÉQUER",418812.0,"ADICIONAL: COM ORLA E BICO, CAPACIDADE: 500, FORMATO: FORMA BAIXA, GRADUAÇÃO: GRADUADO, MATERIAL: POLIPROPILENO","UN",10.0,11.0,110.0,0.0,"2026-06-19"]
["UNIVERSIDADE FEDERAL DE GOIAS-UF/GO",153052.0,2548.0,"Material","153052-15/2026","MATERIAIS PARA LABORATÓRIO, VIDRARIAS","Catálogo do Compras.gov.br","Material",6640.0,"EQUIPAMENTOS E ARTIGOS DE LABORATÓRIO",517.0,"BÉQUER",479598.0,"ADICIONAL: COM ORLA E BICO, CAPACIDADE: 2000, FORMATO: FORMA ALTA, GRADUAÇÃO: GRADUADO, MATERIAL: POLIPROPILENO","UN",10.0,15.6,156.0,0.0,"2026-06-19"]
["UNIVERSIDADE FEDERAL DE GOIAS-UF/GO",153052.0,2549.0,"Material","153052-15/2026","MATERIAIS PARA LABORATÓRIO, VIDRARIAS","Catálogo do Compras.gov.br","Material",6640.0,"EQUIPAMENTOS E ARTIGOS DE LABORATÓRIO",517.0,"BÉQUER",479703.0,"CAPACIDADE: 1000, FORMATO: FORMA ALTA, GRADUAÇÃO: GRADUADO, MATERIAL: POLIPROPILENO","UN",10.0,14.5,145.0,0.0,"2026-06-19"]
["UNIVERSIDADE FEDERAL DE GOIAS-UF/GO",153052.0,2365.0,"Material","153052-15/2026","MATERIAIS PARA LABORATÓRIO, VIDRARIAS","Catálogo do Compras.gov.br","Material",8145.0,"RECIPIENTES ESPECIALIZADOS PARA TRANSPORTE E ARMAZENAGEM",7822.0,"FRASCO CONTA-GOTAS",414332.0,"CAPACIDADE: 100, COR: BRANCO LEITOSO, MATERIAL: POLIETILENO","UN",300.0,89.68,26904.0,0.0,"2026-06-19"]
["UNIVERSIDADE FEDERAL DE GOIAS-UF/GO",153052.0,2543.0,"Material","153052-15/2026","MATERIAIS PARA LABORATÓRIO, VIDRARIAS","Catálogo do Compras.gov.br","Material",6640.0,"EQUIPAMENTOS E ARTIGOS DE LABORATÓRIO",12668.0,"TERMÔMETRO",472000.0,"CARACTERÍSTICAS ADICIONAIS: FORMATO ESPETO A PROVA DÀGUA, HASTE 15 CM, FAIXA MEDIÇÃO TEMPERATURA: - 50°C A 300, MATERIAL: AÇO INOXIDÁVEL, PRECISÃO: +/- 2, TIPO: DIGITAL","UN",5.0,47.0,235.0,0.0,"2026-06-19"]
["UNIVERSIDADE FEDERAL DE GOIAS-UF/GO",153052.0,2544.0,"Material","153052-15/2026","MATERIAIS PARA LABORATÓRIO, VIDRARIAS","Catálogo do Compras.gov.br","Material",6640.0,"EQUIPAMENTOS E ARTIGOS DE LABORATÓRIO",12668.0,"TERMÔMETRO",422322.0,"APLICAÇÃO: VISOR RETROILUMINADO, CARACTERÍSTICAS ADICIONAIS: CONTATO MIRA LASER (INFRAVERMELHO), FAIXA MEDIÇÃO TEMPERATURA: -30 ºC A +500 ºC, MATERIAL: EMISSIVIDADE FIXA DE 0,95, TIPO: DIGITAL","UN",2.0,85.0,170.0,0.0,"2026-06-19"]
["UNIVERSIDADE FEDERAL DE GOIAS-UF/GO",153052.0,3394.0,"Material","153052-29/2026","MATERIAIS QUÍMICOS, SUBSTÂNCIAS PARA DIAGNÓSTICO, MEIOS DE CULTURA E TESTES - OUTRAS UNIDADES","Catálogo do Compras.gov.br","Material",6550.0,"SUBSTÂNCIAS PARA DIAGNÓSTICO \"IN VITRO\",  REAGENTES,  CONJUNTOS E JOGOS PARA TESTE",6610.0,"ENZIMA",327791.0,"ASPECTO FÍSICO: PÓ, CONCENTRAÇÃO: > 2.400, TIPO: PEPSINA DE MUCOSA GÁSTRICA SUÍNA","FR",6.0,210.0,1260.0,0.0,"2026-06-26"]
["UNIVERSIDADE FEDERAL DE GOIAS-UF/GO",153052.0,3395.0,"Material","153052-29/2026","MATERIAIS QUÍMICOS, SUBSTÂNCIAS PARA DIAGNÓSTICO, MEIOS DE CULTURA E TESTES - OUTRAS UNIDADES","Catálogo do Compras.gov.br","Material",6550.0,"SUBSTÂNCIAS PARA DIAGNÓSTICO \"IN VITRO\",  REAGENTES,  CONJUNTOS E JOGOS PARA TESTE",6610.0,"ENZIMA",444322.0,"ASPECTO FÍSICO: PÓ, CARACTERÍSTICA ADICIONAL*: TIPO IX, CONCENTRAÇÃO: MÍNIMO DE 50.000, TIPO: UREASE","FR",2.0,870.0,1740.0,0.0,"2026-06-26"]
["UNIVERSIDADE FEDERAL DE GOIAS-UF/GO",153052.0,3396.0,"Material","153052-29/2026","MATERIAIS QUÍMICOS, SUBSTÂNCIAS PARA DIAGNÓSTICO, MEIOS DE CULTURA E TESTES - OUTRAS UNIDADES","Catálogo do Compras.gov.br","Material",6550.0,"SUBSTÂNCIAS PARA DIAGNÓSTICO \"IN VITRO\",  REAGENTES,  CONJUNTOS E JOGOS PARA TESTE",6610.0,"ENZIMA",371056.0,"ASPECTO FÍSICO: PÓ, CARACTERÍSTICAS ADICIONAIS: GRAU VII, CONCENTRAÇÃO: > 300, TIPO: INVERTASE DE SACCHAROMYCES CEREVISIAE","FR",2.0,850.0,1700.0,0.0,"2026-06-26"]
["UNIVERSIDADE FEDERAL DE GOIAS-UF/GO",153052.0,3397.0,"Material","153052-29/2026","MATERIAIS QUÍMICOS, SUBSTÂNCIAS PARA DIAGNÓSTICO, MEIOS DE CULTURA E TESTES - OUTRAS UNIDADES","Catálogo do Compras.gov.br","Material",6810.0,"PRODUTOS QUÍMICOS",15466.0,"CLOROFÓRMIO",445473.0,"ASPECTO FÍSICO: LÍQUIDO, CARACTERÍSTICAS ADICIONAIS 1: REAGENTE ACS, ESTABILIZADO C/ AMILENO, FÓRMULA QUÍMICA: CHCL3, GRAU DE PUREZA: PUREZA MÍNIMA DE 99,8%, NÚMERO DE REFERÊNCIA QUÍMICA: CAS 67-66-3, PESO MOLECULAR: 119,38","L",30.0,58.0,1740.0,0.0,"2026-06-26"]
["UNIVERSIDADE FEDERAL DE GOIAS-UF/GO",153052.0,3398.0,"Material","153052-29/2026","MATERIAIS QUÍMICOS, SUBSTÂNCIAS PARA DIAGNÓSTICO, MEIOS DE CULTURA E TESTES - OUTRAS UNIDADES","Catálogo do Compras.gov.br","Material",6810.0,"PRODUTOS QUÍMICOS",18189.0,"ÁLCOOL ETÍLICO",349664.0,"ASPECTO FÍSICO: LÍQUIDO LÍMPIDO, INCOLOR, VOLÁTIL, CARACTERÍSTICA ADICIONAL: ABSOLUTO, REAGENTE UV/HPLC, FÓRMULA QUÍMICA: C2H5OH, GRAU DE PUREZA: MÍNIMO DE 99,7% P/P INPM, NÚMERO DE REFERÊNCIA QUÍMICA: CAS 64-17-5, PESO MOLECULAR: 46,07, TEOR ALCOÓLICO: MÍNIMO DE 99,5°GL","L",40.0,79.0,3160.0,0.0,"2026-06-26"]
["UNIVERSIDADE FEDERAL DE GOIAS-UF/GO",153052.0,3391.0,"Material","153052-29/2026","MATERIAIS QUÍMICOS, SUBSTÂNCIAS PARA DIAGNÓSTICO, MEIOS DE CULTURA E TESTES - OUTRAS UNIDADES","Catálogo do Compras.gov.br","Material",6810.0,"PRODUTOS QUÍMICOS",18189.0,"ÁLCOOL ETÍLICO",405780.0,"ASPECTO FÍSICO: LÍQUIDO LÍMPIDO, INCOLOR, VOLÁTIL, CARACTERÍSTICA ADICIONAL: HIDRATADO, FÓRMULA QUÍMICA: C2H5OH, GRAU DE PUREZA: MÍNIMO DE 70 °INPM (70% P/P), NÚMERO DE REFERÊNCIA QUÍMICA: CAS 64-17-5, PESO MOLECULAR: 46,07, TEOR ALCOÓLICO: MÍNIMO DE 77 °GL (77% V/V A 20 °C)","L",80.0,11.49,919.2,0.0,"2026-06-26"]
["UNIVERSIDADE FEDERAL DE GOIAS-UF/GO",153052.0,3436.0,"Material","153052-29/2026","MATERIAIS QUÍMICOS, SUBSTÂNCIAS PARA DIAGNÓSTICO, MEIOS DE CULTURA E TESTES - OUTRAS UNIDADES","Catálogo do Compras.gov.br","Material",6508.0,"COSMÉTICOS E ARTIGOS DE TOUCADOR DE NATUREZA MEDICINAL",18179.0,"ÁCIDOS GRAXOS ESSENCIAIS",452484.0,"COMPONENTES: ÓLEO DE GIRASSOL E ÓLEO DE CANOLA, COMPOSIÇÃO: COMPOSTO DOS ÁCIDOS CAPRÍLICO, CÁPRICO, LÁURICO, FORMA FARMACÊUTICA: LOÇÃO CREMOSA HIDRATANTE, OUTROS COMPONENTES: PETROLATO E VITAMINA \"E\"","FR",3.0,9.59,28.77,0.0,"2026-06-26"]
["UNIVERSIDADE FEDERAL DE GOIAS-UF/GO",153052.0,3437.0,"Material","153052-29/2026","MATERIAIS QUÍMICOS, SUBSTÂNCIAS PARA DIAGNÓSTICO, MEIOS DE CULTURA E TESTES - OUTRAS UNIDADES","Catálogo do Compras.gov.br","Material",6508.0,"COSMÉTICOS E ARTIGOS DE TOUCADOR DE NATUREZA MEDICINAL",5937.0,"LENÇO UMEDECIDO",434965.0,"CARACTERÍSTICA ADICIONAL: HIPOALERGÊNICO, COMPONENTES: C/ EMOLIENTE, ISENTO DE ÁLCOOL, DIMENSÕES: CERCA DE 15 X 20, MATERIAL: NÃO TECIDO, TIPO USO: DESCARTÁVEL, USO: INFANTIL","UN",8.0,11.0,88.0,0.0,"2026-06-26"]
["UNIVERSIDADE FEDERAL DE GOIAS-UF/GO",153052.0,3438.0,"Material","153052-29/2026","MATERIAIS QUÍMICOS, SUBSTÂNCIAS PARA DIAGNÓSTICO, MEIOS DE CULTURA E TESTES - OUTRAS UNIDADES","Catálogo do Compras.gov.br","Material",6505.0,"DROGAS E MEDICAMENTOS",5118.0,"CLORETO DE SÓDIO",448699.0,"CONCENTRAÇAO: 0,9 %, FORMA FARMACEUTICA: SOLUÇÃO INJETÁVEL","BOL",50.0,6.0,300.0,0.0,"2026-06-26"]
["UNIVERSIDADE FEDERAL DE GOIAS-UF/GO",153052.0,3439.0,"Material","153052-29/2026","MATERIAIS QUÍMICOS, SUBSTÂNCIAS PARA DIAGNÓSTICO, MEIOS DE CULTURA E TESTES - OUTRAS UNIDADES","Catálogo do Compras.gov.br","Material",6505.0,"DROGAS E MEDICAMENTOS",5118.0,"CLORETO DE SÓDIO",448699.0,"CONCENTRAÇAO: 0,9 %, FORMA FARMACEUTICA: SOLUÇÃO INJETÁVEL","AM",300.0,1.9,570.0,0.0,"2026-06-26"]
["UNIVERSIDADE FEDERAL DE GOIAS-UF/GO",153052.0,3440.0,"Material","153052-29/2026","MATERIAIS QUÍMICOS, SUBSTÂNCIAS PARA DIAGNÓSTICO, MEIOS DE CULTURA E TESTES - OUTRAS UNIDADES","Catálogo do Compras.gov.br","Material",6505.0,"DROGAS E MEDICAMENTOS",17357.0,"CLOREXIDINA DIGLUCONATO",269881.0,"APLICAÇÃO: SOLUÇÃO TÓPICA, DOSAGEM: 0,2%","FR",10.0,25.0,250.0,0.0,"2026-06-26"]
["UNIVERSIDADE FEDERAL DE GOIAS-UF/GO",153052.0,3399.0,"Material","153052-29/2026","MATERIAIS QUÍMICOS, SUBSTÂNCIAS PARA DIAGNÓSTICO, MEIOS DE CULTURA E TESTES - OUTRAS UNIDADES","Catálogo do Compras.gov.br","Material",6810.0,"PRODUTOS QUÍMICOS",1847.0,"ACETONITRILA",347148.0,"ASPECTO FÍSICO: LÍQUIDO INCOLOR, LÍMPIDO, ODOR DE ÉTER, CARACTERÍSTICA ADICIONAL: REAGENTE P/ HPLC, FÓRMULA QUÍMICA: CH3CN, GRAU DE PUREZA: PUREZA MÍNIMA DE 99,9%, NÚMERO DE REFERÊNCIA QUÍMICA: CAS 75-05-8, PESO MOLECULAR: 41,05","L",20.0,225.0,4500.0,0.0,"2026-06-26"]
["UNIVERSIDADE FEDERAL DE GOIAS-UF/GO",153052.0,3400.0,"Material","153052-29/2026","MATERIAIS QUÍMICOS, SUBSTÂNCIAS PARA DIAGNÓSTICO, MEIOS DE CULTURA E TESTES - OUTRAS UNIDADES","Catálogo do Compras.gov.br","Material",6810.0,"PRODUTOS QUÍMICOS",2265.0,"ÁLCOOL METÍLICO",425423.0,"ASPECTO FÍSICO: LÍQUIDO LÍMPIDO, INCOLOR, ODOR CARACTERÍSTICO, CARACTERÍSTICA ADICIONAL: REAGENTE P/ UV/HPLC, FÓRMULA QUÍMICA: CH3OH, GRAU DE PUREZA: PUREZA MÍNIMA DE 99,9%, NÚMERO DE REFERÊNCIA QUÍMICA: CAS 67-56-1, PESO MOLECULAR: 32,04","L",30.0,95.0,2850.0,0.0,"2026-06-26"]
["UNIVERSIDADE FEDERAL DE GOIAS-UF/GO",153052.0,3401.0,"Material","153052-29/2026","MATERIAIS QUÍMICOS, SUBSTÂNCIAS PARA DIAGNÓSTICO, MEIOS DE CULTURA E TESTES - OUTRAS UNIDADES","Catálogo do Compras.gov.br","Material",7930.0,"COMPOSTOS E PREPARADOS PARA LIMPEZA E POLIMENTO",715.0,"ÁLCOOL ETÍLICO LIMPEZA DE AMBIENTES",481012.0,"APLICAÇÃO: LIMPEZA, CARACTERÍSTICAS ADICIONAIS: LÍQUIDO, CONCENTRAÇÃO: 70%, TIPO: ETÍLICO","FR",200.0,8.72,1744.0,0.0,"2026-06-26"]
["UNIVERSIDADE FEDERAL DE GOIAS-UF/GO",153052.0,3402.0,"Material","153052-29/2026","MATERIAIS QUÍMICOS, SUBSTÂNCIAS PARA DIAGNÓSTICO, MEIOS DE CULTURA E TESTES - OUTRAS UNIDADES","Catálogo do Compras.gov.br","Material",6505.0,"DROGAS E MEDICAMENTOS",2259.0,"ÁLCOOL ETÍLICO",618744.0,"ADICIONAL: ESPECIALMENTE MANIPULADO, FORMA FARMACÊUTICA: SOLUÇÃO INJETÁVEL, TEOR ALCOÓLICO: ABSOLUTO, MÍNIMO DE 99,5%","FR",30.0,30.1,903.0,0.0,"2026-06-26"]
["UNIVERSIDADE FEDERAL DE GOIAS-UF/GO",153052.0,3482.0,"Serviço","153052-146/2026","DCOM E OUTROS - CONTRATAÇÃO SOFTWARES DIVERSOS","Catálogo do Compras.gov.br","Serviço",182.0,"SERVIÇOS DE  LICENCIAMENTO E  CONTRATOS DE TRANSFERÊNCIA DE TECNOLOGIA",null,null,27502.0,"CESSÃO TEMPORÁRIA DE DIREITOS SOBRE PROGRAMAS DE COMPUTADOR LOCAÇÃO DE SOFTWARE","-",20.0,678.0,13560.0,0.0,"2026-06-01"]
["UNIVERSIDADE FEDERAL DE GOIAS-UF/GO",153052.0,3404.0,"Material","153052-29/2026","MATERIAIS QUÍMICOS, SUBSTÂNCIAS PARA DIAGNÓSTICO, MEIOS DE CULTURA E TESTES - OUTRAS UNIDADES","Catálogo do Compras.gov.br","Material",6810.0,"PRODUTOS QUÍMICOS",18189.0,"ÁLCOOL ETÍLICO",445457.0,"ASPECTO FÍSICO: LÍQUIDO, CARACTERÍSTICA ADICIONAL: ABSOLUTO, REAGENTE P.A. ACS ISO, FÓRMULA QUÍMICA: C2H5OH, GRAU DE PUREZA: PUREZA MÍNIMA DE 99,9%, NÚMERO DE REFERÊNCIA QUÍMICA: CAS 64-17-5, PESO MOLECULAR: 46,07","L",10.0,20.0,200.0,0.0,"2026-06-26"]
["UNIVERSIDADE FEDERAL DE GOIAS-UF/GO",153052.0,3405.0,"Material","153052-29/2026","MATERIAIS QUÍMICOS, SUBSTÂNCIAS PARA DIAGNÓSTICO, MEIOS DE CULTURA E TESTES - OUTRAS UNIDADES","Catálogo do Compras.gov.br","Material",6810.0,"PRODUTOS QUÍMICOS",14141.0,"ÁCIDO SULFÚRICO",447817.0,"ASPECTO FÍSICO: LÍQUIDO INCOLOR, FUMEGANTE, VISCOSO, CRISTALINO, FÓRMULA QUÍMICA: H2SO4.SO3, GRAU DE PUREZA: TEOR DE 105% (H2SO4), MASSA MOLECULAR: 178,14, NÚMERO DE REFERÊNCIA QUÍMICA: CAS 8014-95-7","L",2.0,24.0,48.0,0.0,"2026-06-26"]
["UNIVERSIDADE FEDERAL DE GOIAS-UF/GO",153052.0,3406.0,"Material","153052-29/2026","MATERIAIS QUÍMICOS, SUBSTÂNCIAS PARA DIAGNÓSTICO, MEIOS DE CULTURA E TESTES - OUTRAS UNIDADES","Catálogo do Compras.gov.br","Material",6810.0,"PRODUTOS QUÍMICOS",782.0,"GLICEROL",432626.0,"ASPECTO FÍSICO*: LÍQUIDO LÍMPIDO, INCOLOR, FÓRMULA QUÍMICA*: C21H40O4, GRAU DE PUREZA: MÍNIMO DE 95%, MASSA MOLAR: 92,09, NÚMERO DE REFERÊNCIA QUÍMICA*: CAS 56-81-5","L",2.0,24.0,48.0,0.0,"2026-06-26"]
["UNIVERSIDADE FEDERAL DE GOIAS-UF/GO",153052.0,3407.0,"Material","153052-29/2026","MATERIAIS QUÍMICOS, SUBSTÂNCIAS PARA DIAGNÓSTICO, MEIOS DE CULTURA E TESTES - OUTRAS UNIDADES","Catálogo do Compras.gov.br","Material",6810.0,"PRODUTOS QUÍMICOS",782.0,"GLICEROL",432626.0,"ASPECTO FÍSICO*: LÍQUIDO LÍMPIDO, INCOLOR, FÓRMULA QUÍMICA*: C21H40O4, GRAU DE PUREZA: MÍNIMO DE 95%, MASSA MOLAR: 92,09, NÚMERO DE REFERÊNCIA QUÍMICA*: CAS 56-81-5","KG",3.0,50.0,150.0,0.0,"2026-06-26"]
["UNIVERSIDADE FEDERAL DE GOIAS-UF/GO",153052.0,3408.0,"Material","153052-29/2026","MATERIAIS QUÍMICOS, SUBSTÂNCIAS PARA DIAGNÓSTICO, MEIOS DE CULTURA E TESTES - OUTRAS UNIDADES","Catálogo do Compras.gov.br","Material",6810.0,"PRODUTOS QUÍMICOS",713.0,"ÁCIDO NÍTRICO",414843.0,"ASPECTO FÍSICO: LÍQUIDO LÍMPIDO,INCOLOR À AMARELADO,ODOR SUFOCANTE, FÓRMULA QUÍMICA: HNO3, GRAU DE PUREZA: PUREZA MÍNIMA DE 99,5%, NÚMERO DE REFERÊNCIA QUÍMICA: CAS 7697-37-2, PESO MOLECULAR: 63,01","L",2.0,50.0,100.0,0.0,"2026-06-26"]
["UNIVERSIDADE FEDERAL DE GOIAS-UF/GO",153052.0,3409.0,"Material","153052-29/2026","MATERIAIS QUÍMICOS, SUBSTÂNCIAS PARA DIAGNÓSTICO, MEIOS DE CULTURA E TESTES - OUTRAS UNIDADES","Catálogo do Compras.gov.br","Material",6810.0,"PRODUTOS QUÍMICOS",14936.0,"GÁS COMPRIMIDO",456250.0,"ASPECTO FÍSICO: INCOLOR, INODORO, FÓRMULA QUÍMICA: AR, GRAU DE PUREZA: PUREZA MÍNIMA DE 99,997%, MASSA MOLECULAR: 39,94, NOME: ARGÔNIO, NÚMERO DE REFERÊNCIA QUÍMICA: CAS 7440-37-1","M3",20.0,24.0,480.0,0.0,"2026-06-26"]
["UNIVERSIDADE FEDERAL DE GOIAS-UF/GO",153052.0,3410.0,"Material","153052-29/2026","MATERIAIS QUÍMICOS, SUBSTÂNCIAS PARA DIAGNÓSTICO, MEIOS DE CULTURA E TESTES - OUTRAS UNIDADES","Catálogo do Compras.gov.br","Material",6810.0,"PRODUTOS QUÍMICOS",788.0,"ÁCIDO CLORÍDRICO",447937.0,"ASPECTO FÍSICO: LÍQUIDO, FÓRMULA QUÍMICA: DCL (DEUTERADO), GRAU DE PUREZA: PUREZA ISOTÓPICA MÍNIMA DE 99% EM DEUTÉRIO, NÚMERO DE REFERÊNCIA QUÍMICA: CAS 7698-05-7, PESO MOLECULAR: 37,47","L",2.0,24.0,48.0,0.0,"2026-06-26"]
["UNIVERSIDADE FEDERAL DE GOIAS-UF/GO",153052.0,3411.0,"Material","153052-29/2026","MATERIAIS QUÍMICOS, SUBSTÂNCIAS PARA DIAGNÓSTICO, MEIOS DE CULTURA E TESTES - OUTRAS UNIDADES","Catálogo do Compras.gov.br","Material",6810.0,"PRODUTOS QUÍMICOS",773.0,"CLORETO DE FERRO",415314.0,"ASPECTO FÍSICO: PÓ CRISTALINO, MARROM AMARELADO, CARACTERÍSTICAS ADICIONAIS: REAGENTE P.A., COMPOSIÇÃO: FECL3·6H2O OU ÝFE(H2O)6¨CL3, NÚMERO DE REFERÊNCIA QUÍMICA: CAS 10025-77-1, PESO MOLECULAR: 270,30, PUREZA MÍNIMA: PUREZA MÍNIMA DE 99%","KG",1.0,150.0,150.0,0.0,"2026-06-26"]
["UNIVERSIDADE FEDERAL DE GOIAS-UF/GO",153052.0,3412.0,"Material","153052-29/2026","MATERIAIS QUÍMICOS, SUBSTÂNCIAS PARA DIAGNÓSTICO, MEIOS DE CULTURA E TESTES - OUTRAS UNIDADES","Catálogo do Compras.gov.br","Material",6810.0,"PRODUTOS QUÍMICOS",14936.0,"GÁS COMPRIMIDO",426556.0,"ASPECTO FÍSICO: INCOLOR, INODORO, FÓRMULA QUÍMICA: CO2, GRAU DE PUREZA: TEOR MÍNIMO DE 99,90%, MASSA MOLECULAR: 44,0, NOME: DIÓXIDO DE CARBONO, NÚMERO DE REFERÊNCIA QUÍMICA: CAS 124-38-9","CM3",50.0,9.41,470.5,0.0,"2026-06-26"]
["UNIVERSIDADE FEDERAL DE GOIAS-UF/GO",153052.0,3413.0,"Material","153052-29/2026","MATERIAIS QUÍMICOS, SUBSTÂNCIAS PARA DIAGNÓSTICO, MEIOS DE CULTURA E TESTES - OUTRAS UNIDADES","Catálogo do Compras.gov.br","Material",6810.0,"PRODUTOS QUÍMICOS",848.0,"ACETONA",455286.0,"ASPECTO FÍSICO: LÍQUIDO, FÓRMULA QUÍMICA: C3H6O, GRAU DE PUREZA: PUREZA MÍNIMA DE 99%, MASSA MOLECULAR: 58,08, NÚMERO DE REFERÊNCIA QUÍMICA: CAS 67-64-1","L",5.0,60.0,300.0,0.0,"2026-06-26"]
["UNIVERSIDADE FEDERAL DE GOIAS-UF/GO",153052.0,3414.0,"Material","153052-29/2026","MATERIAIS QUÍMICOS, SUBSTÂNCIAS PARA DIAGNÓSTICO, MEIOS DE CULTURA E TESTES - OUTRAS UNIDADES","Catálogo do Compras.gov.br","Material",6830.0,"GASES COMPRIMIDOS E LIQUEFEITOS",9789.0,"MISTURA GASOSA",463964.0,"COMPOSIÇÃO: ARGONIO + OXIDO DE CARBONO, CONCENTRAÇÃO: 75% E 25%","CIL",20.0,24.0,480.0,0.0,"2026-06-26"]
["UNIVERSIDADE FEDERAL DE GOIAS-UF/GO",153052.0,2380.0,"Material","153052-15/2026","MATERIAIS PARA LABORATÓRIO, VIDRARIAS","Catálogo do Compras.gov.br","Material",6640.0,"EQUIPAMENTOS E ARTIGOS DE LABORATÓRIO",2671.0,"BALÃO LABORATÓRIO",409247.0,"ACESSÓRIOS: ROLHA DE PLÁSTICO, CAPACIDADE: 500, MATERIAL: VIDRO, TIPO FUNDO: FUNDO CHATO, TIPO USO: VOLUMÉTRICO","UN",5.0,80.0,400.0,0.0,"2026-06-19"]
["UNIVERSIDADE FEDERAL DE GOIAS-UF/GO",153052.0,2381.0,"Material","153052-15/2026","MATERIAIS PARA LABORATÓRIO, VIDRARIAS","Catálogo do Compras.gov.br","Material",6640.0,"EQUIPAMENTOS E ARTIGOS DE LABORATÓRIO",6991.0,"FRASCO LABORATÓRIO",411263.0,"ACESSÓRIOS: COM BATOQUE, CAPACIDADE: 60, MATERIAL: VIDRO ÂMBAR, TIPO: REAGENTE, TIPO BOCA: BOCA ESTREITA, TIPO TAMPA: TAMPA ROSQUEÁVEL","UN",100.0,3.5,350.0,0.0,"2026-06-19"]
["UNIVERSIDADE FEDERAL DE GOIAS-UF/GO",153052.0,2382.0,"Material","153052-15/2026","MATERIAIS PARA LABORATÓRIO, VIDRARIAS","Catálogo do Compras.gov.br","Material",6640.0,"EQUIPAMENTOS E ARTIGOS DE LABORATÓRIO",8637.0,"LAMÍNULA",409644.0,"DIMENSÕES: CERCA DE 25 X 30, MATERIAL: VIDRO","UN",1500.0,0.08,120.0,0.0,"2026-06-19"]
["UNIVERSIDADE FEDERAL DE GOIAS-UF/GO",153052.0,2383.0,"Material","153052-15/2026","MATERIAIS PARA LABORATÓRIO, VIDRARIAS","Catálogo do Compras.gov.br","Material",6640.0,"EQUIPAMENTOS E ARTIGOS DE LABORATÓRIO",8637.0,"LAMÍNULA",409644.0,"DIMENSÕES: CERCA DE 25 X 30, MATERIAL: VIDRO","UN",100.0,0.08,8.0,0.0,"2026-06-19"]
["UNIVERSIDADE FEDERAL DE GOIAS-UF/GO",153052.0,2384.0,"Material","153052-15/2026","MATERIAIS PARA LABORATÓRIO, VIDRARIAS","Catálogo do Compras.gov.br","Material",6640.0,"EQUIPAMENTOS E ARTIGOS DE LABORATÓRIO",4760.0,"ESCOVA LABORATÓRIO",411371.0,"ACESSÓRIOS: PONTA EM PINCEL, COMPRIMENTO: 11, DIÂMETRO: 3, FORMATO: CILÍNDRICA, MATERIAL CABO: ARAME, MATERIAL CERDA: CERDA EM CRINA DE CAVALO","UN",2.0,8.0,16.0,0.0,"2026-06-19"]
["UNIVERSIDADE FEDERAL DE GOIAS-UF/GO",153052.0,2385.0,"Material","153052-15/2026","MATERIAIS PARA LABORATÓRIO, VIDRARIAS","Catálogo do Compras.gov.br","Material",6640.0,"EQUIPAMENTOS E ARTIGOS DE LABORATÓRIO",17815.0,"ANEL LABORATÓRIO",421251.0,"DIÂMETRO: 70, MATERIAL: FERRO","UN",3.0,50.0,150.0,0.0,"2026-06-19"]
["UNIVERSIDADE FEDERAL DE GOIAS-UF/GO",153052.0,2386.0,"Material","153052-15/2026","MATERIAIS PARA LABORATÓRIO, VIDRARIAS","Catálogo do Compras.gov.br","Material",6640.0,"EQUIPAMENTOS E ARTIGOS DE LABORATÓRIO",11016.0,"PONTEIRA LABORATÓRIO",408691.0,"CAPACIDADE: ATÉ 200 MCL, ESTERILIDADE*: APIROGÊNICO, LIVRE DE DNASE E RNASE, MATERIAL: POLIPROPILENO, TIPO USO*: DESCARTÁVEL","UN",2000.0,0.04,80.0,0.0,"2026-06-19"]
["UNIVERSIDADE FEDERAL DE GOIAS-UF/GO",153052.0,2387.0,"Material","153052-15/2026","MATERIAIS PARA LABORATÓRIO, VIDRARIAS","Catálogo do Compras.gov.br","Material",6640.0,"EQUIPAMENTOS E ARTIGOS DE LABORATÓRIO",8637.0,"LAMÍNULA",409642.0,"DIMENSÕES: CERCA DE 20 X 20, MATERIAL: VIDRO","UN",100.0,0.08,8.0,0.0,"2026-06-19"]
["UNIVERSIDADE FEDERAL DE GOIAS-UF/GO",153052.0,2388.0,"Material","153052-15/2026","MATERIAIS PARA LABORATÓRIO, VIDRARIAS","Catálogo do Compras.gov.br","Material",6640.0,"EQUIPAMENTOS E ARTIGOS DE LABORATÓRIO",2690.0,"PAPEL DE FILTRO",425257.0,"ADICIONAL: PH NEUTRO, DIMENSÕES: CERCA DE 30 X 40, TIPO: PARA GERMINAÇÃO","UN",500.0,0.334,167.0,0.0,"2026-06-19"]
["UNIVERSIDADE FEDERAL DE GOIAS-UF/GO",153052.0,3415.0,"Material","153052-29/2026","MATERIAIS QUÍMICOS, SUBSTÂNCIAS PARA DIAGNÓSTICO, MEIOS DE CULTURA E TESTES - OUTRAS UNIDADES","Catálogo do Compras.gov.br","Material",7050.0,"EQUIPAMENTOS DE REDE DE TIC - LOCAL E REMOTA",6357.0,"DISTRIBUIDOR INTERNO OTICO",125563.0,"NOME: DISTRIBUIDOR INTERNO OTICO","UN",5.0,884.37,4421.85,0.0,"2026-06-26"]
["UNIVERSIDADE FEDERAL DE GOIAS-UF/GO",153052.0,3416.0,"Material","153052-29/2026","MATERIAIS QUÍMICOS, SUBSTÂNCIAS PARA DIAGNÓSTICO, MEIOS DE CULTURA E TESTES - OUTRAS UNIDADES","Catálogo do Compras.gov.br","Material",7050.0,"EQUIPAMENTOS DE REDE DE TIC - LOCAL E REMOTA",16158.0,"PATCH PANEL",372086.0,"APLICAÇÃO: REDE DE INFORMÁTICA, CARACTERÍSTICAS ADICIONAIS: 2U, CATEGORIA: 6, UL 94V-0, PADRÃO: 19, PORTAS: 48, TIPO PORTAS: MODULAR","UN",20.0,468.74,9374.8,0.0,"2026-06-26"]
["UNIVERSIDADE FEDERAL DE GOIAS-UF/GO",153052.0,3417.0,"Material","153052-29/2026","MATERIAIS QUÍMICOS, SUBSTÂNCIAS PARA DIAGNÓSTICO, MEIOS DE CULTURA E TESTES - OUTRAS UNIDADES","Catálogo do Compras.gov.br","Material",6810.0,"PRODUTOS QUÍMICOS",2263.0,"ÁLCOOL PROPÍLICO",475010.0,"ASPECTO FÍSICO: LÍQUIDO, CARACTERÍSTICA ADICIONAL: REAGENTE P.A. ACS, FÓRMULA QUÍMICA: (CH3)2CHOH (ISOPROPÍLICO OU ISO-PROPANOL), GRAU DE PUREZA: PUREZA MÍNIMA DE 99,8%, NÚMERO DE REFERÊNCIA QUÍMICA: CAS 67-63-0, PESO MOLECULAR*: 60,10","L",2.0,60.76,121.52,0.0,"2026-06-26"]
["UNIVERSIDADE FEDERAL DE GOIAS-UF/GO",153052.0,3418.0,"Material","153052-29/2026","MATERIAIS QUÍMICOS, SUBSTÂNCIAS PARA DIAGNÓSTICO, MEIOS DE CULTURA E TESTES - OUTRAS UNIDADES","Catálogo do Compras.gov.br","Material",6810.0,"PRODUTOS QUÍMICOS",2263.0,"ÁLCOOL PROPÍLICO",475010.0,"ASPECTO FÍSICO: LÍQUIDO, CARACTERÍSTICA ADICIONAL: REAGENTE P.A. ACS, FÓRMULA QUÍMICA: (CH3)2CHOH (ISOPROPÍLICO OU ISO-PROPANOL), GRAU DE PUREZA: PUREZA MÍNIMA DE 99,8%, NÚMERO DE REFERÊNCIA QUÍMICA: CAS 67-63-0, PESO MOLECULAR*: 60,10","L",2.0,60.76,121.52,0.0,"2026-06-26"]
["UNIVERSIDADE FEDERAL DE GOIAS-UF/GO",153052.0,2356.0,"Material","153052-15/2026","MATERIAIS PARA LABORATÓRIO, VIDRARIAS","Catálogo do Compras.gov.br","Material",6640.0,"EQUIPAMENTOS E ARTIGOS DE LABORATÓRIO",16363.0,"CUBETA LABORATÓRIO",606220.0,"ADICIONAL: COM 2 FACES POLIDAS, COMPONENTES: COM TAMPA, MATERIAL: QUARTZO, PERCURSO: CAMINHO ÓPTICO ATÉ 10 MM, VOLUME: ATÉ 1,5","UN",20.0,87.52,1750.4,0.0,"2026-06-19"]
["UNIVERSIDADE FEDERAL DE GOIAS-UF/GO",153052.0,2357.0,"Material","153052-15/2026","MATERIAIS PARA LABORATÓRIO, VIDRARIAS","Catálogo do Compras.gov.br","Material",6640.0,"EQUIPAMENTOS E ARTIGOS DE LABORATÓRIO",9748.0,"MICROPIPETA",424685.0,"ADICIONAL: AUTOCLAVÁVEL, AJUSTE: VOLUME REGULÁVEL, CAPACIDADE ASPIRAÇÃO: ATÉ 200, COMPONENTES: COM EJETOR DE PONTEIRA, TIPO*: MONOCANAL, MECÂNICA","UN",10.0,187.0,1870.0,0.0,"2026-06-19"]
["UNIVERSIDADE FEDERAL DE GOIAS-UF/GO",153052.0,2358.0,"Material","153052-15/2026","MATERIAIS PARA LABORATÓRIO, VIDRARIAS","Catálogo do Compras.gov.br","Material",6640.0,"EQUIPAMENTOS E ARTIGOS DE LABORATÓRIO",9748.0,"MICROPIPETA",409082.0,"ADICIONAL: AUTOCLAVÁVEL, AJUSTE: VOLUME REGULÁVEL, CAPACIDADE ASPIRAÇÃO: ATÉ 10, COMPONENTES: COM EJETOR DE PONTEIRA, SUPORTE, TIPO*: MONOCANAL, MECÂNICA","UN",8.0,845.0,6760.0,0.0,"2026-06-19"]
["UNIVERSIDADE FEDERAL DE GOIAS-UF/GO",153052.0,2359.0,"Material","153052-15/2026","MATERIAIS PARA LABORATÓRIO, VIDRARIAS","Catálogo do Compras.gov.br","Material",6640.0,"EQUIPAMENTOS E ARTIGOS DE LABORATÓRIO",10848.0,"PLACA LABORATÓRIO",478635.0,"DIMENSÕES: CERCA DE 10 X 10, MATERIAL: ÓXIDO DE ALUMÍNIO, TIPO: P/ CROMATOGRAFIA CAMADA DELGADA","UN",50.0,8.3,415.0,0.0,"2026-06-19"]
["UNIVERSIDADE FEDERAL DE GOIAS-UF/GO",153052.0,2360.0,"Material","153052-15/2026","MATERIAIS PARA LABORATÓRIO, VIDRARIAS","Catálogo do Compras.gov.br","Material",6640.0,"EQUIPAMENTOS E ARTIGOS DE LABORATÓRIO",11016.0,"PONTEIRA LABORATÓRIO",446911.0,"CAPACIDADE: ATÉ 1000 MCL, ESTERILIDADE*: APIROGÊNICO, LIVRE DE DNASE E RNASE, MATERIAL: POLIPROPILENO, TIPO USO*: ESTERILIZÁVEL","UN",5000.0,0.06,300.0,0.0,"2026-06-19"]
["UNIVERSIDADE FEDERAL DE GOIAS-UF/GO",153052.0,2361.0,"Material","153052-15/2026","MATERIAIS PARA LABORATÓRIO, VIDRARIAS","Catálogo do Compras.gov.br","Material",6640.0,"EQUIPAMENTOS E ARTIGOS DE LABORATÓRIO",7875.0,"SUPORTE LABORATÓRIO",417188.0,"APLICAÇÃO: PARA MICROPIPETAS, BASE: GIRATÓRIA, CAPACIDADE: ATÉ 10 UNIDADES, MATERIAL: PLÁSTICO, TIPO: ESTANTE","UN",10.0,155.0,1550.0,0.0,"2026-06-19"]
["UNIVERSIDADE FEDERAL DE GOIAS-UF/GO",153052.0,2362.0,"Material","153052-15/2026","MATERIAIS PARA LABORATÓRIO, VIDRARIAS","Catálogo do Compras.gov.br","Material",6640.0,"EQUIPAMENTOS E ARTIGOS DE LABORATÓRIO",11016.0,"PONTEIRA LABORATÓRIO",427478.0,"CAPACIDADE: ATÉ 200 MCL, MATERIAL: POLIPROPILENO, TIPO USO*: DESCARTÁVEL","UN",5000.0,0.0086,43.0,0.0,"2026-06-19"]
["UNIVERSIDADE FEDERAL DE GOIAS-UF/GO",153052.0,2363.0,"Material","153052-15/2026","MATERIAIS PARA LABORATÓRIO, VIDRARIAS","Catálogo do Compras.gov.br","Material",6640.0,"EQUIPAMENTOS E ARTIGOS DE LABORATÓRIO",9748.0,"MICROPIPETA",424686.0,"ADICIONAL: AUTOCLAVÁVEL, AJUSTE: VOLUME REGULÁVEL, CAPACIDADE ASPIRAÇÃO: ATÉ 1000, COMPONENTES: COM EJETOR DE PONTEIRA, TIPO*: MONOCANAL, MECÂNICA","UN",10.0,542.44,5424.4,0.0,"2026-06-19"]
["UNIVERSIDADE FEDERAL DE GOIAS-UF/GO",153052.0,2364.0,"Material","153052-15/2026","MATERIAIS PARA LABORATÓRIO, VIDRARIAS","Catálogo do Compras.gov.br","Material",6640.0,"EQUIPAMENTOS E ARTIGOS DE LABORATÓRIO",5363.0,"PROVETA",409902.0,"ACESSÓRIOS: COM ROLHA DE VIDRO, BASE: BASE EM VIDRO, CAPACIDADE: 100, GRADUAÇÃO: GRADUADA, MATERIAL: VIDRO","UN",30.0,34.17,1025.1,0.0,"2026-06-19"]
["UNIVERSIDADE FEDERAL DE GOIAS-UF/GO",153052.0,3419.0,"Material","153052-29/2026","MATERIAIS QUÍMICOS, SUBSTÂNCIAS PARA DIAGNÓSTICO, MEIOS DE CULTURA E TESTES - OUTRAS UNIDADES","Catálogo do Compras.gov.br","Material",6550.0,"SUBSTÂNCIAS PARA DIAGNÓSTICO \"IN VITRO\",  REAGENTES,  CONJUNTOS E JOGOS PARA TESTE",8561.0,"MEIO DE CULTURA,",434588.0,"APRESENTAÇÃO: PÓ, TIPO: ÁGAR CROMOGÊNICO E. COLI O157:H7","FR",1.0,1200.0,1200.0,0.0,"2026-06-26"]
["UNIVERSIDADE FEDERAL DE GOIAS-UF/GO",153052.0,3420.0,"Material","153052-29/2026","MATERIAIS QUÍMICOS, SUBSTÂNCIAS PARA DIAGNÓSTICO, MEIOS DE CULTURA E TESTES - OUTRAS UNIDADES","Catálogo do Compras.gov.br","Material",6550.0,"SUBSTÂNCIAS PARA DIAGNÓSTICO \"IN VITRO\",  REAGENTES,  CONJUNTOS E JOGOS PARA TESTE",2146.0,"ÁGAR",387015.0,"ASPECTO FÍSICO: PÓ, TIPO: ÁGAR BACTERIOLÓGICO","FR",1.0,3000.0,3000.0,0.0,"2026-06-26"]
["UNIVERSIDADE FEDERAL DE GOIAS-UF/GO",153052.0,3421.0,"Material","153052-29/2026","MATERIAIS QUÍMICOS, SUBSTÂNCIAS PARA DIAGNÓSTICO, MEIOS DE CULTURA E TESTES - OUTRAS UNIDADES","Catálogo do Compras.gov.br","Material",6550.0,"SUBSTÂNCIAS PARA DIAGNÓSTICO \"IN VITRO\",  REAGENTES,  CONJUNTOS E JOGOS PARA TESTE",8561.0,"MEIO DE CULTURA,",434588.0,"APRESENTAÇÃO: PÓ, TIPO: ÁGAR CROMOGÊNICO E. COLI O157:H7","FR",1.0,2000.0,2000.0,0.0,"2026-06-26"]
["UNIVERSIDADE FEDERAL DE GOIAS-UF/GO",153052.0,3422.0,"Material","153052-29/2026","MATERIAIS QUÍMICOS, SUBSTÂNCIAS PARA DIAGNÓSTICO, MEIOS DE CULTURA E TESTES - OUTRAS UNIDADES","Catálogo do Compras.gov.br","Material",6550.0,"SUBSTÂNCIAS PARA DIAGNÓSTICO \"IN VITRO\",  REAGENTES,  CONJUNTOS E JOGOS PARA TESTE",18913.0,"MEIO DE CULTURA",326291.0,"APRESENTAÇÃO: PÓ, TIPO: ÁGAR CITRATO DE SIMMONS","FR",1.0,1000.0,1000.0,0.0,"2026-06-26"]
["UNIVERSIDADE FEDERAL DE GOIAS-UF/GO",153052.0,3423.0,"Material","153052-29/2026","MATERIAIS QUÍMICOS, SUBSTÂNCIAS PARA DIAGNÓSTICO, MEIOS DE CULTURA E TESTES - OUTRAS UNIDADES","Catálogo do Compras.gov.br","Material",6550.0,"SUBSTÂNCIAS PARA DIAGNÓSTICO \"IN VITRO\",  REAGENTES,  CONJUNTOS E JOGOS PARA TESTE",12247.0,"REAGENTE ANALÍTICO 3",455686.0,"APRESENTAÇÃO: TESTE, CARACTERÍSTICAS ADICIONAIS: AMPLIFICAÇÃO DE ÁCIDOS NUCLEICOS, TIPO: CONJUNTO COMPLETO, TIPO DE ANÁLISE: QUALITATIVO SALMONELLA SP","TESTE",25.0,100.0,2500.0,0.0,"2026-06-26"]
["UNIVERSIDADE FEDERAL DE GOIAS-UF/GO",153052.0,2366.0,"Material","153052-15/2026","MATERIAIS PARA LABORATÓRIO, VIDRARIAS","Catálogo do Compras.gov.br","Material",6635.0,"EQUIPAMENTOS PARA TESTES DE PROPRIEDADES FÍSICAS",14210.0,"PENEIRA GRANULOMÉTRICA",375673.0,"ALTURA: 2, DIÂMETRO: 8, MATERIAL: AÇO INOXIDÁVEL, TAMANHO ABERTURA MALHAS: 4 MESH","UN",1.0,399.0,399.0,0.0,"2026-06-19"]
["UNIVERSIDADE FEDERAL DE GOIAS-UF/GO",153052.0,2367.0,"Material","153052-15/2026","MATERIAIS PARA LABORATÓRIO, VIDRARIAS","Catálogo do Compras.gov.br","Material",6635.0,"EQUIPAMENTOS PARA TESTES DE PROPRIEDADES FÍSICAS",14210.0,"PENEIRA GRANULOMÉTRICA",375678.0,"ALTURA: 2, DIÂMETRO: 8, MATERIAL: AÇO INOXIDÁVEL, TAMANHO ABERTURA MALHAS: 14 MESH","UN",1.0,378.4,378.4,0.0,"2026-06-19"]
["UNIVERSIDADE FEDERAL DE GOIAS-UF/GO",153052.0,2368.0,"Material","153052-15/2026","MATERIAIS PARA LABORATÓRIO, VIDRARIAS","Catálogo do Compras.gov.br","Material",6635.0,"EQUIPAMENTOS PARA TESTES DE PROPRIEDADES FÍSICAS",14210.0,"PENEIRA GRANULOMÉTRICA",277445.0,"ABERTURA MALHAS: 19, ALTURA: 2, APLICAÇÃO: LABORATÓRIO DE CONSTRUÇÃO CIVIL, DIÂMETRO: 8, MATERIAL: LATÃO POLIDO","UN",1.0,307.0,307.0,0.0,"2026-06-19"]
["UNIVERSIDADE FEDERAL DE GOIAS-UF/GO",153052.0,2369.0,"Material","153052-15/2026","MATERIAIS PARA LABORATÓRIO, VIDRARIAS","Catálogo do Compras.gov.br","Material",6635.0,"EQUIPAMENTOS PARA TESTES DE PROPRIEDADES FÍSICAS",14210.0,"PENEIRA GRANULOMÉTRICA",425342.0,"ABERTURA MALHAS: 1/4, ALTURA: 2, DIÂMETRO: 8, MATERIAL: AÇO INOXIDÁVEL","UN",1.0,538.4,538.4,0.0,"2026-06-19"]
["UNIVERSIDADE FEDERAL DE GOIAS-UF/GO",153052.0,2370.0,"Material","153052-15/2026","MATERIAIS PARA LABORATÓRIO, VIDRARIAS","Catálogo do Compras.gov.br","Material",6635.0,"EQUIPAMENTOS PARA TESTES DE PROPRIEDADES FÍSICAS",14210.0,"PENEIRA GRANULOMÉTRICA",353954.0,"ALTURA: 2, CARACTERÍSTICAS ADICIONAIS: MALHA TENSIONADA E AFIXADA POR PRESSÃO, DIÂMETRO: 8, MATERIAL: AÇO INOXIDÁVEL 304, NORMAS TÉCNICAS: ISO 3310-01 (MM),ASTM E11 (POL),SÉRIE TYLER (MESH), TAMANHO ABERTURA MALHAS: 100","UN",1.0,378.4,378.4,0.0,"2026-06-19"]
["UNIVERSIDADE FEDERAL DE GOIAS-UF/GO",153052.0,2371.0,"Material","153052-15/2026","MATERIAIS PARA LABORATÓRIO, VIDRARIAS","Catálogo do Compras.gov.br","Material",6635.0,"EQUIPAMENTOS PARA TESTES DE PROPRIEDADES FÍSICAS",14210.0,"PENEIRA GRANULOMÉTRICA",269137.0,"ALTURA: 2, DIÂMETRO: 8, MATERIAL: AÇO INOXIDÁVEL, TAMANHO ABERTURA MALHAS: 48 MESH","UN",1.0,319.16,319.16,0.0,"2026-06-19"]
["UNIVERSIDADE FEDERAL DE GOIAS-UF/GO",153052.0,2372.0,"Material","153052-15/2026","MATERIAIS PARA LABORATÓRIO, VIDRARIAS","Catálogo do Compras.gov.br","Material",6635.0,"EQUIPAMENTOS PARA TESTES DE PROPRIEDADES FÍSICAS",14210.0,"PENEIRA GRANULOMÉTRICA",353955.0,"ALTURA: 2, CARACTERÍSTICAS ADICIONAIS: MALHA TENSIONADA E AFIXADA POR PRESSÃO, DIÂMETRO: 8, MATERIAL: AÇO INOXIDÁVEL 304, NORMAS TÉCNICAS: ISO 3310-01 (MM),ASTM E11 (POL),SÉRIE TYLER (MESH), TAMANHO ABERTURA MALHAS: 200","UN",1.0,390.0,390.0,0.0,"2026-06-19"]
["UNIVERSIDADE FEDERAL DE GOIAS-UF/GO",153052.0,2373.0,"Material","153052-15/2026","MATERIAIS PARA LABORATÓRIO, VIDRARIAS","Catálogo do Compras.gov.br","Material",6635.0,"EQUIPAMENTOS PARA TESTES DE PROPRIEDADES FÍSICAS",14210.0,"PENEIRA GRANULOMÉTRICA",462400.0,"ABERTURA MALHAS: 12,5, ALTURA: 2, DIÂMETRO: 8, MATERIAL: LATÃO POLIDO, NORMAS TÉCNICAS: ABNT, TIPO MALHA: QUADRADA","UN",1.0,502.45,502.45,0.0,"2026-06-19"]
["UNIVERSIDADE FEDERAL DE GOIAS-UF/GO",153052.0,2374.0,"Material","153052-15/2026","MATERIAIS PARA LABORATÓRIO, VIDRARIAS","Catálogo do Compras.gov.br","Material",6635.0,"EQUIPAMENTOS PARA TESTES DE PROPRIEDADES FÍSICAS",14210.0,"PENEIRA GRANULOMÉTRICA",277449.0,"ABERTURA MALHAS: 9,5, ALTURA: 2, APLICAÇÃO: LABORATÓRIO DE CONSTRUÇÃO CIVIL, DIÂMETRO: 8, MATERIAL: LATÃO POLIDO","UN",1.0,307.0,307.0,0.0,"2026-06-19"]
["UNIVERSIDADE FEDERAL DE GOIAS-UF/GO",153052.0,2375.0,"Material","153052-15/2026","MATERIAIS PARA LABORATÓRIO, VIDRARIAS","Catálogo do Compras.gov.br","Material",6635.0,"EQUIPAMENTOS PARA TESTES DE PROPRIEDADES FÍSICAS",14210.0,"PENEIRA GRANULOMÉTRICA",277446.0,"ABERTURA MALHAS: 25, ALTURA: 2, APLICAÇÃO: LABORATÓRIO DE CONSTRUÇÃO CIVIL, DIÂMETRO: 8, MATERIAL: LATÃO POLIDO","UN",4.0,442.5,1770.0,0.0,"2026-06-19"]
["UNIVERSIDADE FEDERAL DE GOIAS-UF/GO",153052.0,2376.0,"Material","153052-15/2026","MATERIAIS PARA LABORATÓRIO, VIDRARIAS","Catálogo do Compras.gov.br","Material",6635.0,"EQUIPAMENTOS PARA TESTES DE PROPRIEDADES FÍSICAS",14210.0,"PENEIRA GRANULOMÉTRICA",269134.0,"ALTURA: 2, DIÂMETRO: 8, MATERIAL: AÇO INOXIDÁVEL, TAMANHO ABERTURA MALHAS: 28 MESH","UN",1.0,378.4,378.4,0.0,"2026-06-19"]
["UNIVERSIDADE FEDERAL DE GOIAS-UF/GO",153052.0,2377.0,"Material","153052-15/2026","MATERIAIS PARA LABORATÓRIO, VIDRARIAS","Catálogo do Compras.gov.br","Material",6635.0,"EQUIPAMENTOS PARA TESTES DE PROPRIEDADES FÍSICAS",14210.0,"PENEIRA GRANULOMÉTRICA",420713.0,"ALTURA: 2, DIÂMETRO: 8, MATERIAL: AÇO INOXIDÁVEL, NORMAS TÉCNICAS: ABNT, TIPO MALHA: QUADRADA, TAMANHO ABERTURA MALHAS: 8 MESH","UN",1.0,378.4,378.4,0.0,"2026-06-19"]
["UNIVERSIDADE FEDERAL DE GOIAS-UF/GO",153052.0,2378.0,"Material","153052-15/2026","MATERIAIS PARA LABORATÓRIO, VIDRARIAS","Catálogo do Compras.gov.br","Material",6640.0,"EQUIPAMENTOS E ARTIGOS DE LABORATÓRIO",15188.0,"CILINDRO ESTERILIZADOR",439153.0,"CARACTERÍSTICAS ADICIONAIS*: C/ TAMPA, DIMENSÕES: CERCA DE 90 X 400, FORMATO: REDONDO, MATERIAL: AÇO INOXIDÁVEL, TIPO USO: P/ PIPETAS","UN",1.0,92.0,92.0,0.0,"2026-06-19"]
["UNIVERSIDADE FEDERAL DE GOIAS-UF/GO",153052.0,2379.0,"Material","153052-15/2026","MATERIAIS PARA LABORATÓRIO, VIDRARIAS","Catálogo do Compras.gov.br","Material",6640.0,"EQUIPAMENTOS E ARTIGOS DE LABORATÓRIO",10757.0,"PIPETADOR",421099.0,"AJUSTE: TIPO PERA, CAPACIDADE: ATÉ 100, COMPONENTES*: COM 3 VIAS, MATERIAL: PLÁSTICO, TIPO: MANUAL","UN",9.0,40.0,360.0,0.0,"2026-06-19"]
["UNIVERSIDADE FEDERAL DE GOIAS-UF/GO",153052.0,2392.0,"Material","153052-15/2026","MATERIAIS PARA LABORATÓRIO, VIDRARIAS","Catálogo do Compras.gov.br","Material",4720.0,"MANGUEIRAS E TUBULAÇÕES FLEXÍVEIS",13821.0,"MANGUEIRA",420189.0,"APARÊNCIA VISUAL: INCOLOR, DIÂMETRO EXTERNO: 11,50, DIÂMETRO INTERNO: 8, MATERIAL: SILICONE","M",80.0,26.285,2102.8,0.0,"2026-06-19"]
["UNIVERSIDADE FEDERAL DE GOIAS-UF/GO",153052.0,2393.0,"Material","153052-15/2026","MATERIAIS PARA LABORATÓRIO, VIDRARIAS","Catálogo do Compras.gov.br","Material",4720.0,"MANGUEIRAS E TUBULAÇÕES FLEXÍVEIS",13821.0,"MANGUEIRA",290445.0,"APARÊNCIA VISUAL: TRANSPARENTE, DIÂMETRO EXTERNO: 14,66, DIÂMETRO INTERNO: 9,50, MATERIAL: SILICONE","M",100.0,36.67,3667.0,0.0,"2026-06-19"]
["UNIVERSIDADE FEDERAL DE GOIAS-UF/GO",153052.0,2394.0,"Material","153052-15/2026","MATERIAIS PARA LABORATÓRIO, VIDRARIAS","Catálogo do Compras.gov.br","Material",6640.0,"EQUIPAMENTOS E ARTIGOS DE LABORATÓRIO",13431.0,"VIDRO RELÓGIO",408488.0,"DIÂMETRO: CERCA DE 15, FORMATO: CÔNCAVO","UN",100.0,6.865,686.5,0.0,"2026-06-19"]
["UNIVERSIDADE FEDERAL DE GOIAS-UF/GO",153052.0,2395.0,"Material","153052-15/2026","MATERIAIS PARA LABORATÓRIO, VIDRARIAS","Catálogo do Compras.gov.br","Material",6640.0,"EQUIPAMENTOS E ARTIGOS DE LABORATÓRIO",8874.0,"PIPETA",410489.0,"CAPACIDADE: 5, ESCALA: ESCALA 0,1 EM 0,1 ML, GRADUAÇÃO: GRADUADA, MATERIAL: VIDRO, TIPO: SOROLÓGICA","UN",150.0,3.6,540.0,0.0,"2026-06-19"]
["UNIVERSIDADE FEDERAL DE GOIAS-UF/GO",153052.0,2396.0,"Material","153052-15/2026","MATERIAIS PARA LABORATÓRIO, VIDRARIAS","Catálogo do Compras.gov.br","Material",6640.0,"EQUIPAMENTOS E ARTIGOS DE LABORATÓRIO",13431.0,"VIDRO RELÓGIO",423500.0,"DIÂMETRO: CERCA DE 7,5, FORMATO: CÔNCAVO","UN",300.0,3.51,1053.0,0.0,"2026-06-19"]
["UNIVERSIDADE FEDERAL DE GOIAS-UF/GO",153052.0,2397.0,"Material","153052-15/2026","MATERIAIS PARA LABORATÓRIO, VIDRARIAS","Catálogo do Compras.gov.br","Material",6640.0,"EQUIPAMENTOS E ARTIGOS DE LABORATÓRIO",8874.0,"PIPETA",414249.0,"CAPACIDADE: 2, ESGOTAMENTO: ESGOTAMENTO TOTAL, MATERIAL: VIDRO, TIPO: VOLUMÉTRICA","UN",50.0,5.9773,298.865,0.0,"2026-06-19"]
["UNIVERSIDADE FEDERAL DE GOIAS-UF/GO",153052.0,2398.0,"Material","153052-15/2026","MATERIAIS PARA LABORATÓRIO, VIDRARIAS","Catálogo do Compras.gov.br","Material",6640.0,"EQUIPAMENTOS E ARTIGOS DE LABORATÓRIO",517.0,"BÉQUER",408269.0,"ADICIONAL: COM ORLA E BICO, CAPACIDADE: 400, FORMATO: FORMA BAIXA, GRADUAÇÃO: GRADUADO, MATERIAL: VIDRO","UN",45.0,7.7,346.5,0.0,"2026-06-19"]
["UNIVERSIDADE FEDERAL DE GOIAS-UF/GO",153052.0,2399.0,"Material","153052-15/2026","MATERIAIS PARA LABORATÓRIO, VIDRARIAS","Catálogo do Compras.gov.br","Material",6640.0,"EQUIPAMENTOS E ARTIGOS DE LABORATÓRIO",6991.0,"FRASCO LABORATÓRIO",411263.0,"ACESSÓRIOS: COM BATOQUE, CAPACIDADE: 60, MATERIAL: VIDRO ÂMBAR, TIPO: REAGENTE, TIPO BOCA: BOCA ESTREITA, TIPO TAMPA: TAMPA ROSQUEÁVEL","UN",100.0,3.65,365.0,0.0,"2026-06-19"]
["UNIVERSIDADE FEDERAL DE GOIAS-UF/GO",153052.0,2400.0,"Material","153052-15/2026","MATERIAIS PARA LABORATÓRIO, VIDRARIAS","Catálogo do Compras.gov.br","Material",6640.0,"EQUIPAMENTOS E ARTIGOS DE LABORATÓRIO",2690.0,"PAPEL DE FILTRO",408332.0,"DIÂMETRO: CERCA DE 120, TIPO: QUANTITATIVO, TIPO FILTRAÇÃO: FILTRAÇÃO MÉDIA","UN",2000.0,0.7,1400.0,0.0,"2026-06-19"]
["UNIVERSIDADE FEDERAL DE GOIAS-UF/GO",153052.0,2401.0,"Material","153052-15/2026","MATERIAIS PARA LABORATÓRIO, VIDRARIAS","Catálogo do Compras.gov.br","Material",6640.0,"EQUIPAMENTOS E ARTIGOS DE LABORATÓRIO",517.0,"BÉQUER",408266.0,"ADICIONAL: COM ORLA E BICO, CAPACIDADE: 250, FORMATO: FORMA BAIXA, GRADUAÇÃO: GRADUADO, MATERIAL: VIDRO","UN",60.0,5.85,351.0,0.0,"2026-06-19"]
["UNIVERSIDADE FEDERAL DE GOIAS-UF/GO",153052.0,2402.0,"Material","153052-15/2026","MATERIAIS PARA LABORATÓRIO, VIDRARIAS","Catálogo do Compras.gov.br","Material",6640.0,"EQUIPAMENTOS E ARTIGOS DE LABORATÓRIO",4760.0,"ESCOVA LABORATÓRIO",419759.0,"ACESSÓRIOS: PONTA EM PINCEL, COMPRIMENTO: 25, DIÂMETRO: 1,5, FORMATO: CILÍNDRICA, MATERIAL CABO: ARAME, MATERIAL CERDA: CERDA EM CRINA DE CAVALO","UN",30.0,7.07,212.1,0.0,"2026-06-19"]
["UNIVERSIDADE FEDERAL DE GOIAS-UF/GO",153052.0,2403.0,"Material","153052-15/2026","MATERIAIS PARA LABORATÓRIO, VIDRARIAS","Catálogo do Compras.gov.br","Material",6640.0,"EQUIPAMENTOS E ARTIGOS DE LABORATÓRIO",13904.0,"CONEXÃO LABORATÓRIO",608480.0,"ADICIONAL: TORNEIRA EM PTFE, CAPACIDADE: 25, COMPONENTES: COM 2 JUNTAS, DIÂMETRO JUNTA: JUNTA MACHO E FÊMEA 24/40, GRADUAÇÃO: GRADUADO, MATERIAL 1: VIDRO, TIPO: TRAP","UN",10.0,62.2,622.0,0.0,"2026-06-19"]
["UNIVERSIDADE FEDERAL DE GOIAS-UF/GO",153052.0,2404.0,"Material","153052-15/2026","MATERIAIS PARA LABORATÓRIO, VIDRARIAS","Catálogo do Compras.gov.br","Material",6640.0,"EQUIPAMENTOS E ARTIGOS DE LABORATÓRIO",4736.0,"FUNIL LABORATÓRIO",410094.0,"ADICIONAL: RAIADO, CAPACIDADE: 125, MATERIAL: VIDRO, TIPO HASTE: HASTE CURTA, TIPO USO: ANALÍTICO","UN",30.0,30.4325,912.975,0.0,"2026-06-19"]
["UNIVERSIDADE FEDERAL DE GOIAS-UF/GO",153052.0,2405.0,"Material","153052-15/2026","MATERIAIS PARA LABORATÓRIO, VIDRARIAS","Catálogo do Compras.gov.br","Material",6640.0,"EQUIPAMENTOS E ARTIGOS DE LABORATÓRIO",2671.0,"BALÃO LABORATÓRIO",414373.0,"ADICIONAL: COM 3 JUNTAS, CAPACIDADE: 500, MATERIAL: VIDRO, TIPO FUNDO: FUNDO REDONDO","UN",10.0,92.5,925.0,0.0,"2026-06-19"]
["UNIVERSIDADE FEDERAL DE GOIAS-UF/GO",153052.0,2406.0,"Material","153052-15/2026","MATERIAIS PARA LABORATÓRIO, VIDRARIAS","Catálogo do Compras.gov.br","Material",6640.0,"EQUIPAMENTOS E ARTIGOS DE LABORATÓRIO",7875.0,"SUPORTE LABORATÓRIO",421507.0,"APLICAÇÃO: PARA PIPETAS, BASE: GIRATÓRIA, CAPACIDADE: ATÉ 15 UNIDADES, MATERIAL: METAL, TIPO: ESTANTE","UN",10.0,169.0,1690.0,0.0,"2026-06-19"]
["UNIVERSIDADE FEDERAL DE GOIAS-UF/GO",153052.0,2407.0,"Material","153052-15/2026","MATERIAIS PARA LABORATÓRIO, VIDRARIAS","Catálogo do Compras.gov.br","Material",6640.0,"EQUIPAMENTOS E ARTIGOS DE LABORATÓRIO",4736.0,"FUNIL LABORATÓRIO",427126.0,"ACESSÓRIOS: TORNEIRA E ROLHA DE VIDRO, CAPACIDADE: 100, FORMATO: BOLA, MATERIAL: VIDRO","UN",7.0,100.0,700.0,0.0,"2026-06-19"]
["UNIVERSIDADE FEDERAL DE GOIAS-UF/GO",153052.0,2408.0,"Material","153052-15/2026","MATERIAIS PARA LABORATÓRIO, VIDRARIAS","Catálogo do Compras.gov.br","Material",6640.0,"EQUIPAMENTOS E ARTIGOS DE LABORATÓRIO",517.0,"BÉQUER",408252.0,"ADICIONAL: COM ORLA E BICO, CAPACIDADE: 500, FORMATO: FORMA ALTA, GRADUAÇÃO: GRADUADO, MATERIAL: VIDRO","UN",30.0,9.4,282.0,0.0,"2026-06-19"]
["UNIVERSIDADE FEDERAL DE GOIAS-UF/GO",153052.0,2409.0,"Material","153052-15/2026","MATERIAIS PARA LABORATÓRIO, VIDRARIAS","Catálogo do Compras.gov.br","Material",6640.0,"EQUIPAMENTOS E ARTIGOS DE LABORATÓRIO",13571.0,"GARRA LABORATÓRIO",410717.0,"ABERTURA: ABERTURA ATÉ 35, ACESSÓRIOS: COM MUFA GIRATÓRIA, MATERIAL: METAL, TIPO GARRA: 2 DEDOS, TIPO PONTA: PONTA REVESTIDA EM PVC","UN",40.0,42.3525,1694.1,0.0,"2026-06-19"]
["UNIVERSIDADE FEDERAL DE GOIAS-UF/GO",153052.0,2410.0,"Material","153052-15/2026","MATERIAIS PARA LABORATÓRIO, VIDRARIAS","Catálogo do Compras.gov.br","Material",6640.0,"EQUIPAMENTOS E ARTIGOS DE LABORATÓRIO",8874.0,"PIPETA",410504.0,"CAPACIDADE: 20, ESCALA: ESCALA 0,1 EM 0,1 ML, GRADUAÇÃO: GRADUADA, MATERIAL: VIDRO, TIPO: SOROLÓGICA","UN",80.0,4.41,352.8,0.0,"2026-06-19"]
["UNIVERSIDADE FEDERAL DE GOIAS-UF/GO",153052.0,2411.0,"Material","153052-15/2026","MATERIAIS PARA LABORATÓRIO, VIDRARIAS","Catálogo do Compras.gov.br","Material",6640.0,"EQUIPAMENTOS E ARTIGOS DE LABORATÓRIO",2671.0,"BALÃO LABORATÓRIO",409267.0,"ADICIONAL: COM 2 JUNTAS, CAPACIDADE: 250, MATERIAL: VIDRO, TIPO FUNDO: FUNDO REDONDO","UN",40.0,56.0,2240.0,0.0,"2026-06-19"]
["UNIVERSIDADE FEDERAL DE GOIAS-UF/GO",153052.0,2412.0,"Material","153052-15/2026","MATERIAIS PARA LABORATÓRIO, VIDRARIAS","Catálogo do Compras.gov.br","Material",6640.0,"EQUIPAMENTOS E ARTIGOS DE LABORATÓRIO",13571.0,"GARRA LABORATÓRIO",410720.0,"ABERTURA: ABERTURA ATÉ 60, ACESSÓRIOS: COM MUFA, ADICIONAL: DUPLA, MATERIAL: METAL, TIPO GARRA: 3 DEDOS, TIPO PONTA: PONTA REVESTIDA EM PVC","UN",40.0,42.3525,1694.1,0.0,"2026-06-19"]
["UNIVERSIDADE FEDERAL DE GOIAS-UF/GO",153052.0,2413.0,"Material","153052-15/2026","MATERIAIS PARA LABORATÓRIO, VIDRARIAS","Catálogo do Compras.gov.br","Material",6640.0,"EQUIPAMENTOS E ARTIGOS DE LABORATÓRIO",517.0,"BÉQUER",408277.0,"ADICIONAL: COM ORLA E BICO, CAPACIDADE: 100, FORMATO: FORMA BAIXA, GRADUAÇÃO: GRADUADO, MATERIAL: VIDRO","UN",300.0,4.0,1200.0,0.0,"2026-06-19"]
["UNIVERSIDADE FEDERAL DE GOIAS-UF/GO",153052.0,2414.0,"Material","153052-15/2026","MATERIAIS PARA LABORATÓRIO, VIDRARIAS","Catálogo do Compras.gov.br","Material",6640.0,"EQUIPAMENTOS E ARTIGOS DE LABORATÓRIO",2671.0,"BALÃO LABORATÓRIO",409247.0,"ACESSÓRIOS: ROLHA DE PLÁSTICO, CAPACIDADE: 500, MATERIAL: VIDRO, TIPO FUNDO: FUNDO CHATO, TIPO USO: VOLUMÉTRICO","UN",20.0,33.0,660.0,0.0,"2026-06-19"]
["UNIVERSIDADE FEDERAL DE GOIAS-UF/GO",153052.0,2415.0,"Material","153052-15/2026","MATERIAIS PARA LABORATÓRIO, VIDRARIAS","Catálogo do Compras.gov.br","Material",6640.0,"EQUIPAMENTOS E ARTIGOS DE LABORATÓRIO",4493.0,"CÁPSULA DE EVAPORAÇÃO",427017.0,"ADICIONAL: COM BICO, DIÂMETRO: CERCA DE 85, FORMATO: FUNDO REDONDO, MATERIAL: PORCELANA","UN",20.0,35.7,714.0,0.0,"2026-06-19"]
["UNIVERSIDADE FEDERAL DE GOIAS-UF/GO",153052.0,2416.0,"Material","153052-15/2026","MATERIAIS PARA LABORATÓRIO, VIDRARIAS","Catálogo do Compras.gov.br","Material",6640.0,"EQUIPAMENTOS E ARTIGOS DE LABORATÓRIO",4097.0,"CADINHO",408793.0,"CAPACIDADE: ATÉ 50, FORMATO: FORMA BAIXA, MATERIAL: PORCELANA, POROSIDADE: 7 A 8 MICRONS","UN",10.0,16.7,167.0,0.0,"2026-06-19"]
["UNIVERSIDADE FEDERAL DE GOIAS-UF/GO",153052.0,2417.0,"Material","153052-15/2026","MATERIAIS PARA LABORATÓRIO, VIDRARIAS","Catálogo do Compras.gov.br","Material",6640.0,"EQUIPAMENTOS E ARTIGOS DE LABORATÓRIO",6991.0,"FRASCO LABORATÓRIO",409438.0,"ACESSÓRIOS: COM BATOQUE, CAPACIDADE: 250, MATERIAL: VIDRO ÂMBAR, TIPO: REAGENTE, TIPO BOCA: BOCA ESTREITA, TIPO TAMPA: TAMPA ROSQUEÁVEL","UN",150.0,6.48,972.0,0.0,"2026-06-19"]
["UNIVERSIDADE FEDERAL DE GOIAS-UF/GO",153052.0,2418.0,"Material","153052-15/2026","MATERIAIS PARA LABORATÓRIO, VIDRARIAS","Catálogo do Compras.gov.br","Material",6640.0,"EQUIPAMENTOS E ARTIGOS DE LABORATÓRIO",13571.0,"GARRA LABORATÓRIO",410726.0,"ABERTURA: ABERTURA ATÉ 90, ACESSÓRIOS: COM MUFA, MATERIAL: METAL, TIPO GARRA: 3 DEDOS, TIPO PONTA: PONTA REVESTIDA EM PVC","UN",10.0,52.9,529.0,0.0,"2026-06-19"]
["UNIVERSIDADE FEDERAL DE GOIAS-UF/GO",153052.0,2419.0,"Material","153052-15/2026","MATERIAIS PARA LABORATÓRIO, VIDRARIAS","Catálogo do Compras.gov.br","Material",6640.0,"EQUIPAMENTOS E ARTIGOS DE LABORATÓRIO",2671.0,"BALÃO LABORATÓRIO",409251.0,"ACESSÓRIOS: ROLHA DE PLÁSTICO, CAPACIDADE: 50, MATERIAL: VIDRO, TIPO FUNDO: FUNDO CHATO, TIPO USO: VOLUMÉTRICO","UN",100.0,14.0,1400.0,0.0,"2026-06-19"]
["UNIVERSIDADE FEDERAL DE GOIAS-UF/GO",153052.0,2420.0,"Material","153052-15/2026","MATERIAIS PARA LABORATÓRIO, VIDRARIAS","Catálogo do Compras.gov.br","Material",6640.0,"EQUIPAMENTOS E ARTIGOS DE LABORATÓRIO",517.0,"BÉQUER",408275.0,"ADICIONAL: COM ORLA E BICO, CAPACIDADE: 50, FORMATO: FORMA BAIXA, GRADUAÇÃO: GRADUADO, MATERIAL: VIDRO","UN",400.0,3.75,1500.0,0.0,"2026-06-19"]
["UNIVERSIDADE FEDERAL DE GOIAS-UF/GO",153052.0,2421.0,"Material","153052-15/2026","MATERIAIS PARA LABORATÓRIO, VIDRARIAS","Catálogo do Compras.gov.br","Material",6640.0,"EQUIPAMENTOS E ARTIGOS DE LABORATÓRIO",13114.0,"TUBO LABORATÓRIO",409072.0,"ACESSÓRIOS: TAMPA ROSQUEÁVEL, DIMENSÕES: CERCA DE 15 X 100, MATERIAL: VIDRO, TIPO: ENSAIO, TIPO FUNDO: FUNDO REDONDO","UN",200.0,1.175,235.0,0.0,"2026-06-19"]
["UNIVERSIDADE FEDERAL DE GOIAS-UF/GO",153052.0,2422.0,"Material","153052-15/2026","MATERIAIS PARA LABORATÓRIO, VIDRARIAS","Catálogo do Compras.gov.br","Material",6640.0,"EQUIPAMENTOS E ARTIGOS DE LABORATÓRIO",4760.0,"ESCOVA LABORATÓRIO",409847.0,"ACESSÓRIOS: PONTA EM PINCEL, COMPRIMENTO: 25, DIÂMETRO: 2, FORMATO: CILÍNDRICA, MATERIAL CABO: ARAME, MATERIAL CERDA: CERDA EM NYLON","UN",30.0,10.3,309.0,0.0,"2026-06-19"]
["UNIVERSIDADE FEDERAL DE GOIAS-UF/GO",153052.0,2423.0,"Material","153052-15/2026","MATERIAIS PARA LABORATÓRIO, VIDRARIAS","Catálogo do Compras.gov.br","Material",6640.0,"EQUIPAMENTOS E ARTIGOS DE LABORATÓRIO",2690.0,"PAPEL DE FILTRO",408337.0,"DIÂMETRO: CERCA DE 90, TIPO: QUANTITATIVO, TIPO FILTRAÇÃO: FILTRAÇÃO MÉDIA","UN",3000.0,0.7,2100.0,0.0,"2026-06-19"]
["UNIVERSIDADE FEDERAL DE GOIAS-UF/GO",153052.0,2424.0,"Material","153052-15/2026","MATERIAIS PARA LABORATÓRIO, VIDRARIAS","Catálogo do Compras.gov.br","Material",6640.0,"EQUIPAMENTOS E ARTIGOS DE LABORATÓRIO",4493.0,"CÁPSULA DE EVAPORAÇÃO",409490.0,"ADICIONAL: COM BICO, DIÂMETRO: CERCA DE 110, FORMATO: FUNDO REDONDO, MATERIAL: PORCELANA","UN",20.0,23.5,470.0,0.0,"2026-06-19"]
["UNIVERSIDADE FEDERAL DE GOIAS-UF/GO",153052.0,2425.0,"Material","153052-15/2026","MATERIAIS PARA LABORATÓRIO, VIDRARIAS","Catálogo do Compras.gov.br","Material",6640.0,"EQUIPAMENTOS E ARTIGOS DE LABORATÓRIO",3433.0,"BASTÃO LABORATÓRIO",409529.0,"DIMENSÕES: CERCA DE 5 X 300, MATERIAL: VIDRO","UN",200.0,1.6,320.0,0.0,"2026-06-19"]
["UNIVERSIDADE FEDERAL DE GOIAS-UF/GO",153052.0,2426.0,"Material","153052-15/2026","MATERIAIS PARA LABORATÓRIO, VIDRARIAS","Catálogo do Compras.gov.br","Material",6640.0,"EQUIPAMENTOS E ARTIGOS DE LABORATÓRIO",2281.0,"PINÇA LABORATÓRIO",440497.0,"ADICIONAL: DUPLA E COM MUFA, APLICAÇÃO: PARA BURETA, COMPRIMENTO: CERCA DE 25, MATERIAL: METAL, MODELO: CASTALOY","UN",32.0,77.3415,2474.928,0.0,"2026-06-19"]
["UNIVERSIDADE FEDERAL DE GOIAS-UF/GO",153052.0,2427.0,"Material","153052-15/2026","MATERIAIS PARA LABORATÓRIO, VIDRARIAS","Catálogo do Compras.gov.br","Material",6640.0,"EQUIPAMENTOS E ARTIGOS DE LABORATÓRIO",517.0,"BÉQUER",408271.0,"ADICIONAL: COM ORLA E BICO, CAPACIDADE: 1000, FORMATO: FORMA BAIXA, GRADUAÇÃO: GRADUADO, MATERIAL: VIDRO","UN",10.0,14.0,140.0,0.0,"2026-06-19"]
["UNIVERSIDADE FEDERAL DE GOIAS-UF/GO",153052.0,2428.0,"Material","153052-15/2026","MATERIAIS PARA LABORATÓRIO, VIDRARIAS","Catálogo do Compras.gov.br","Material",6640.0,"EQUIPAMENTOS E ARTIGOS DE LABORATÓRIO",8874.0,"PIPETA",414246.0,"CAPACIDADE: 25, ESGOTAMENTO: ESGOTAMENTO TOTAL, MATERIAL: VIDRO, TIPO: VOLUMÉTRICA","UN",80.0,11.2479,899.832,0.0,"2026-06-19"]
["UNIVERSIDADE FEDERAL DE GOIAS-UF/GO",153052.0,2429.0,"Material","153052-15/2026","MATERIAIS PARA LABORATÓRIO, VIDRARIAS","Catálogo do Compras.gov.br","Material",6640.0,"EQUIPAMENTOS E ARTIGOS DE LABORATÓRIO",13431.0,"VIDRO RELÓGIO",408487.0,"DIÂMETRO: CERCA DE 25, FORMATO: CÔNCAVO","UN",100.0,8.06,806.0,0.0,"2026-06-19"]
["UNIVERSIDADE FEDERAL DE GOIAS-UF/GO",153052.0,2430.0,"Material","153052-15/2026","MATERIAIS PARA LABORATÓRIO, VIDRARIAS","Catálogo do Compras.gov.br","Material",6640.0,"EQUIPAMENTOS E ARTIGOS DE LABORATÓRIO",8874.0,"PIPETA",414260.0,"CAPACIDADE: 10, MATERIAL: VIDRO, TIPO: VOLUMÉTRICA","UN",200.0,9.95,1990.0,0.0,"2026-06-19"]
["UNIVERSIDADE FEDERAL DE GOIAS-UF/GO",153052.0,2431.0,"Material","153052-15/2026","MATERIAIS PARA LABORATÓRIO, VIDRARIAS","Catálogo do Compras.gov.br","Material",6640.0,"EQUIPAMENTOS E ARTIGOS DE LABORATÓRIO",4097.0,"CADINHO",604000.0,"ACESSÓRIOS: COM PLACA DE VIDRO SINTERIZADO, CAPACIDADE: ATÉ 50, MATERIAL: VIDRO, POROSIDADE: 15 A 40 MICRAS","UN",15.0,54.0,810.0,0.0,"2026-06-19"]
["UNIVERSIDADE FEDERAL DE GOIAS-UF/GO",153052.0,2432.0,"Material","153052-15/2026","MATERIAIS PARA LABORATÓRIO, VIDRARIAS","Catálogo do Compras.gov.br","Material",6640.0,"EQUIPAMENTOS E ARTIGOS DE LABORATÓRIO",2671.0,"BALÃO LABORATÓRIO",409268.0,"ADICIONAL: COM 2 JUNTAS, CAPACIDADE: 500, MATERIAL: VIDRO, TIPO FUNDO: FUNDO REDONDO","UN",15.0,63.0,945.0,0.0,"2026-06-19"]
["UNIVERSIDADE FEDERAL DE GOIAS-UF/GO",153052.0,2433.0,"Material","153052-15/2026","MATERIAIS PARA LABORATÓRIO, VIDRARIAS","Catálogo do Compras.gov.br","Material",6640.0,"EQUIPAMENTOS E ARTIGOS DE LABORATÓRIO",6995.0,"ESPÁTULA LABORATÓRIO",409370.0,"COMPRIMENTO: CERCA DE 20, FORMATO: CANALETA, MATERIAL: AÇO INOX","UN",30.0,16.94,508.2,0.0,"2026-06-19"]
["UNIVERSIDADE FEDERAL DE GOIAS-UF/GO",153052.0,2434.0,"Material","153052-15/2026","MATERIAIS PARA LABORATÓRIO, VIDRARIAS","Catálogo do Compras.gov.br","Material",6640.0,"EQUIPAMENTOS E ARTIGOS DE LABORATÓRIO",8874.0,"PIPETA",410477.0,"CAPACIDADE: 2, ESCALA: ESCALA 0,02 EM 0,02 ML, GRADUAÇÃO: GRADUADA, MATERIAL: VIDRO, TIPO: SOROLÓGICA","UN",50.0,3.45,172.5,0.0,"2026-06-19"]
["UNIVERSIDADE FEDERAL DE GOIAS-UF/GO",153052.0,2435.0,"Material","153052-15/2026","MATERIAIS PARA LABORATÓRIO, VIDRARIAS","Catálogo do Compras.gov.br","Material",6640.0,"EQUIPAMENTOS E ARTIGOS DE LABORATÓRIO",2671.0,"BALÃO LABORATÓRIO",409250.0,"ACESSÓRIOS: ROLHA DE PLÁSTICO, CAPACIDADE: 10, MATERIAL: VIDRO, TIPO FUNDO: FUNDO CHATO, TIPO USO: VOLUMÉTRICO","UN",100.0,12.0,1200.0,0.0,"2026-06-19"]
["UNIVERSIDADE FEDERAL DE GOIAS-UF/GO",153052.0,2436.0,"Material","153052-15/2026","MATERIAIS PARA LABORATÓRIO, VIDRARIAS","Catálogo do Compras.gov.br","Material",6640.0,"EQUIPAMENTOS E ARTIGOS DE LABORATÓRIO",9501.0,"MATERIAL LABORATÓRIO",419586.0,"DIMENSÕES: CERCA DE 50 X 25, MATERIAL: BORRACHA, TIPO: ALONGA","UN",50.0,11.8,590.0,0.0,"2026-06-19"]
["UNIVERSIDADE FEDERAL DE GOIAS-UF/GO",153052.0,2437.0,"Material","153052-15/2026","MATERIAIS PARA LABORATÓRIO, VIDRARIAS","Catálogo do Compras.gov.br","Material",6640.0,"EQUIPAMENTOS E ARTIGOS DE LABORATÓRIO",15027.0,"BARRA MAGNÉTICA",419146.0,"CARACTERÍSTICAS ADICIONAIS: LISA, DIMENSÕES: CERCA DE 7 X 30, FORMATO: CILÍNDRICO, MATERIAL: REVESTIDA EM PTFE","UN",40.0,9.5,380.0,0.0,"2026-06-19"]
["UNIVERSIDADE FEDERAL DE GOIAS-UF/GO",153052.0,2438.0,"Material","153052-15/2026","MATERIAIS PARA LABORATÓRIO, VIDRARIAS","Catálogo do Compras.gov.br","Material",6640.0,"EQUIPAMENTOS E ARTIGOS DE LABORATÓRIO",4757.0,"BANDEJA LABORATÓRIO",408563.0,"DIMENSÕES: CERCA DE 45 X 30 X 10, TIPO USO: PLÁSTICO","UN",40.0,15.0,600.0,0.0,"2026-06-19"]
["UNIVERSIDADE FEDERAL DE GOIAS-UF/GO",153052.0,2439.0,"Material","153052-15/2026","MATERIAIS PARA LABORATÓRIO, VIDRARIAS","Catálogo do Compras.gov.br","Material",6640.0,"EQUIPAMENTOS E ARTIGOS DE LABORATÓRIO",4736.0,"FUNIL LABORATÓRIO",411930.0,"ADICIONAL: LISO, CAPACIDADE: 250, MATERIAL: VIDRO, TIPO HASTE: HASTE CURTA, TIPO USO: ANALÍTICO","UN",20.0,29.3813,587.626,0.0,"2026-06-19"]
["UNIVERSIDADE FEDERAL DE GOIAS-UF/GO",153052.0,2440.0,"Material","153052-15/2026","MATERIAIS PARA LABORATÓRIO, VIDRARIAS","Catálogo do Compras.gov.br","Material",6640.0,"EQUIPAMENTOS E ARTIGOS DE LABORATÓRIO",8874.0,"PIPETA",414260.0,"CAPACIDADE: 10, MATERIAL: VIDRO, TIPO: VOLUMÉTRICA","UN",150.0,9.44,1416.0,0.0,"2026-06-19"]
["UNIVERSIDADE FEDERAL DE GOIAS-UF/GO",153052.0,2441.0,"Material","153052-15/2026","MATERIAIS PARA LABORATÓRIO, VIDRARIAS","Catálogo do Compras.gov.br","Material",6640.0,"EQUIPAMENTOS E ARTIGOS DE LABORATÓRIO",4736.0,"FUNIL LABORATÓRIO",410108.0,"ADICIONAL: LISO, CAPACIDADE: 30, MATERIAL: VIDRO, TIPO HASTE: HASTE CURTA, TIPO USO: ANALÍTICO","UN",60.0,12.4783,748.698,0.0,"2026-06-19"]
["UNIVERSIDADE FEDERAL DE GOIAS-UF/GO",153052.0,2442.0,"Material","153052-15/2026","MATERIAIS PARA LABORATÓRIO, VIDRARIAS","Catálogo do Compras.gov.br","Material",6640.0,"EQUIPAMENTOS E ARTIGOS DE LABORATÓRIO",2671.0,"BALÃO LABORATÓRIO",409287.0,"ACESSÓRIOS: ROLHA DE PLÁSTICO, CAPACIDADE: 25, MATERIAL: VIDRO, TIPO FUNDO: FUNDO CHATO, TIPO USO: VOLUMÉTRICO","UN",150.0,12.9,1935.0,0.0,"2026-06-19"]
["UNIVERSIDADE FEDERAL DE GOIAS-UF/GO",153052.0,2443.0,"Material","153052-15/2026","MATERIAIS PARA LABORATÓRIO, VIDRARIAS","Catálogo do Compras.gov.br","Material",6640.0,"EQUIPAMENTOS E ARTIGOS DE LABORATÓRIO",6995.0,"ESPÁTULA LABORATÓRIO",409373.0,"COMPRIMENTO: CERCA DE 20, FORMATO: CHATA COM COLHER, MATERIAL: ARAME DE AÇO INOX","UN",100.0,3.5,350.0,0.0,"2026-06-19"]
["UNIVERSIDADE FEDERAL DE GOIAS-UF/GO",153052.0,2444.0,"Material","153052-15/2026","MATERIAIS PARA LABORATÓRIO, VIDRARIAS","Catálogo do Compras.gov.br","Material",6640.0,"EQUIPAMENTOS E ARTIGOS DE LABORATÓRIO",17593.0,"ERLENMEYER",409368.0,"ADICIONAL: COM ORLA, GRADUAÇÃO: GRADUADO, MATERIAL: VIDRO, TIPO BOCA: BOCA ESTREITA, VOLUME: 50","UN",150.0,6.3546,953.19,0.0,"2026-06-19"]
["UNIVERSIDADE FEDERAL DE GOIAS-UF/GO",153052.0,2445.0,"Material","153052-15/2026","MATERIAIS PARA LABORATÓRIO, VIDRARIAS","Catálogo do Compras.gov.br","Material",6640.0,"EQUIPAMENTOS E ARTIGOS DE LABORATÓRIO",8874.0,"PIPETA",414266.0,"CAPACIDADE: 5, ESGOTAMENTO: ESGOTAMENTO TOTAL, MATERIAL: VIDRO, TIPO: VOLUMÉTRICA","UN",100.0,7.23,723.0,0.0,"2026-06-19"]
["UNIVERSIDADE FEDERAL DE GOIAS-UF/GO",153052.0,2446.0,"Material","153052-15/2026","MATERIAIS PARA LABORATÓRIO, VIDRARIAS","Catálogo do Compras.gov.br","Material",6640.0,"EQUIPAMENTOS E ARTIGOS DE LABORATÓRIO",13114.0,"TUBO LABORATÓRIO",409040.0,"ADICIONAL: SEM ORLA, DIMENSÕES: CERCA DE 20 X 200, MATERIAL: VIDRO, TIPO: ENSAIO, TIPO FUNDO: FUNDO REDONDO","UN",300.0,1.0,300.0,0.0,"2026-06-19"]
["UNIVERSIDADE FEDERAL DE GOIAS-UF/GO",153052.0,2447.0,"Material","153052-15/2026","MATERIAIS PARA LABORATÓRIO, VIDRARIAS","Catálogo do Compras.gov.br","Material",6640.0,"EQUIPAMENTOS E ARTIGOS DE LABORATÓRIO",8874.0,"PIPETA",417814.0,"CAPACIDADE: 3, ESCALA: ESCALA 0,5 EM 0,5 ML, GRADUAÇÃO: GRADUADA, MATERIAL: PLÁSTICO, TIPO: PASTEUR, TIPO USO: DESCARTÁVEL","UN",500.0,0.261,130.5,0.0,"2026-06-19"]
["UNIVERSIDADE FEDERAL DE GOIAS-UF/GO",153052.0,2448.0,"Material","153052-15/2026","MATERIAIS PARA LABORATÓRIO, VIDRARIAS","Catálogo do Compras.gov.br","Material",6640.0,"EQUIPAMENTOS E ARTIGOS DE LABORATÓRIO",4736.0,"FUNIL LABORATÓRIO",411200.0,"ADICIONAL: RAIADO, CAPACIDADE: 180, MATERIAL: VIDRO, TIPO HASTE: HASTE CURTA, TIPO USO: ANALÍTICO","UN",40.0,35.7,1428.0,0.0,"2026-06-19"]
["UNIVERSIDADE FEDERAL DE GOIAS-UF/GO",153052.0,2449.0,"Material","153052-15/2026","MATERIAIS PARA LABORATÓRIO, VIDRARIAS","Catálogo do Compras.gov.br","Material",6640.0,"EQUIPAMENTOS E ARTIGOS DE LABORATÓRIO",8874.0,"PIPETA",410501.0,"CAPACIDADE: 10, ESCALA: ESCALA 0,1 EM 0,1 ML, GRADUAÇÃO: GRADUADA, MATERIAL: VIDRO, TIPO: SOROLÓGICA","UN",300.0,4.008,1202.4,0.0,"2026-06-19"]
["UNIVERSIDADE FEDERAL DE GOIAS-UF/GO",153052.0,2450.0,"Material","153052-15/2026","MATERIAIS PARA LABORATÓRIO, VIDRARIAS","Catálogo do Compras.gov.br","Material",6640.0,"EQUIPAMENTOS E ARTIGOS DE LABORATÓRIO",13431.0,"VIDRO RELÓGIO",408486.0,"DIÂMETRO: CERCA DE 10, FORMATO: CÔNCAVO","UN",150.0,4.76,714.0,0.0,"2026-06-19"]
["UNIVERSIDADE FEDERAL DE GOIAS-UF/GO",153052.0,2451.0,"Material","153052-15/2026","MATERIAIS PARA LABORATÓRIO, VIDRARIAS","Catálogo do Compras.gov.br","Material",6640.0,"EQUIPAMENTOS E ARTIGOS DE LABORATÓRIO",2690.0,"PAPEL DE FILTRO",408329.0,"DIÂMETRO: CERCA DE 100, TIPO: QUANTITATIVO, TIPO FILTRAÇÃO: FILTRAÇÃO MÉDIA","UN",2000.0,0.7,1400.0,0.0,"2026-06-19"]
["UNIVERSIDADE FEDERAL DE GOIAS-UF/GO",153052.0,2452.0,"Material","153052-15/2026","MATERIAIS PARA LABORATÓRIO, VIDRARIAS","Catálogo do Compras.gov.br","Material",6640.0,"EQUIPAMENTOS E ARTIGOS DE LABORATÓRIO",13571.0,"GARRA LABORATÓRIO",410724.0,"ABERTURA: ABERTURA ATÉ 65, ACESSÓRIOS: COM MUFA, MATERIAL: METAL, TIPO GARRA: 2 DEDOS, TIPO PONTA: PONTA REVESTIDA EM PVC","UN",30.0,57.24,1717.2,0.0,"2026-06-19"]
["UNIVERSIDADE FEDERAL DE GOIAS-UF/GO",153052.0,2453.0,"Material","153052-15/2026","MATERIAIS PARA LABORATÓRIO, VIDRARIAS","Catálogo do Compras.gov.br","Material",6640.0,"EQUIPAMENTOS E ARTIGOS DE LABORATÓRIO",8874.0,"PIPETA",414261.0,"CAPACIDADE: 20, MATERIAL: VIDRO, TIPO: VOLUMÉTRICA","UN",120.0,8.1175,974.1,0.0,"2026-06-19"]
["UNIVERSIDADE FEDERAL DE GOIAS-UF/GO",153052.0,2454.0,"Material","153052-15/2026","MATERIAIS PARA LABORATÓRIO, VIDRARIAS","Catálogo do Compras.gov.br","Material",8145.0,"RECIPIENTES ESPECIALIZADOS PARA TRANSPORTE E ARMAZENAGEM",7822.0,"FRASCO CONTA-GOTAS",420716.0,"APLICAÇÃO: USO FARMACÊUTICO, CAPACIDADE: 6, COR: BRANCO LEITOSO, MATERIAL: PLÁSTICO","UN",1000.0,1.71,1710.0,0.0,"2026-06-19"]
["UNIVERSIDADE FEDERAL DE GOIAS-UF/GO",153052.0,2455.0,"Material","153052-15/2026","MATERIAIS PARA LABORATÓRIO, VIDRARIAS","Catálogo do Compras.gov.br","Material",9340.0,"ARTIGOS DE VIDRO",8567.0,"JUNTA CÔNICA",249049.0,"MATERIAL: VIDRO BOROSSILICATO, TIPO: MACHO, TIPO JUNTA: ESMERILHADA E INTERCAMBIÁVEL, MEDIDA REF. 24/40","UN",10.0,32.9,329.0,0.0,"2026-06-19"]
["UNIVERSIDADE FEDERAL DE GOIAS-UF/GO",153052.0,3426.0,"Material","153052-29/2026","MATERIAIS QUÍMICOS, SUBSTÂNCIAS PARA DIAGNÓSTICO, MEIOS DE CULTURA E TESTES - OUTRAS UNIDADES","Catálogo do Compras.gov.br","Material",6810.0,"PRODUTOS QUÍMICOS",713.0,"ÁCIDO NÍTRICO",384366.0,"ASPECTO FÍSICO: LÍQUIDO LÍMPIDO,INCOLOR À AMARELADO,ODOR SUFOCANTE, FÓRMULA QUÍMICA: HNO3, GRAU DE PUREZA: TEOR MÍNIMO NA FAIXA ENTRE 53 E 55%, NÚMERO DE REFERÊNCIA QUÍMICA: CAS 7697-37-2, PESO MOLECULAR: 63,01","L",2.0,150.0,300.0,0.0,"2026-06-26"]
["UNIVERSIDADE FEDERAL DE GOIAS-UF/GO",153052.0,3427.0,"Material","153052-29/2026","MATERIAIS QUÍMICOS, SUBSTÂNCIAS PARA DIAGNÓSTICO, MEIOS DE CULTURA E TESTES - OUTRAS UNIDADES","Catálogo do Compras.gov.br","Material",6550.0,"SUBSTÂNCIAS PARA DIAGNÓSTICO \"IN VITRO\",  REAGENTES,  CONJUNTOS E JOGOS PARA TESTE",2018.0,"ÁCIDO PERCLÓRICO",380377.0,"ASPECTO FÍSICO: LÍQUIDO INCOLOR OU LEVEMENTE AMARELADO, CARACTERÍSTICA ADICIONAL: REAGENTE P.A. ACS, FÓRMULA QUÍMICA: HCLO4, GRAU DE PUREZA: CONCENTRAÇÃO MÍNIMA DE 70%, NÚMERO DE REFERÊNCIA QUÍMICA: CAS 7601-90-3, PESO MOLECULAR: 100,46","L",2.0,90.0,180.0,0.0,"2026-06-26"]
["UNIVERSIDADE FEDERAL DE GOIAS-UF/GO",153052.0,3428.0,"Material","153052-29/2026","MATERIAIS QUÍMICOS, SUBSTÂNCIAS PARA DIAGNÓSTICO, MEIOS DE CULTURA E TESTES - OUTRAS UNIDADES","Catálogo do Compras.gov.br","Material",6810.0,"PRODUTOS QUÍMICOS",2259.0,"ÁLCOOL ETÍLICO",445578.0,"FORMA FARMACÊUTICA: SOLUÇÃO INJETÁVEL, TEOR ALCOÓLICO: ABSOLUTO, MÍNIMO DE 95%","L",20.0,20.0,400.0,0.0,"2026-06-26"]
["UNIVERSIDADE FEDERAL DE GOIAS-UF/GO",153052.0,3456.0,"Material","153052-29/2026","MATERIAIS QUÍMICOS, SUBSTÂNCIAS PARA DIAGNÓSTICO, MEIOS DE CULTURA E TESTES - OUTRAS UNIDADES","Catálogo do Compras.gov.br","Material",6810.0,"PRODUTOS QUÍMICOS",788.0,"ÁCIDO CLORÍDRICO",355813.0,"ASPECTO FÍSICO: LÍQUIDO LÍMPIDO, INCOLOR/AMARELADO, FUMEGANTE, CARACTERÍSTICA ADICIONAL: REAGENTE P.A., FÓRMULA QUÍMICA: HCL, NÚMERO DE REFERÊNCIA QUÍMICA: CAS 7647-01-0, PESO MOLECULAR: 36,46, TEOR: TEOR MÍNIMO DE 37%","L",12.0,45.0,540.0,0.0,"2026-06-26"]
["UNIVERSIDADE FEDERAL DE GOIAS-UF/GO",153052.0,3457.0,"Material","153052-29/2026","MATERIAIS QUÍMICOS, SUBSTÂNCIAS PARA DIAGNÓSTICO, MEIOS DE CULTURA E TESTES - OUTRAS UNIDADES","Catálogo do Compras.gov.br","Material",6810.0,"PRODUTOS QUÍMICOS",848.0,"ACETONA",380786.0,"ASPECTO FÍSICO: LÍQUIDO LÍMPIDO TRANSPARENTE, CARACTERÍSTICA ADICIONAL: REAGENTE P.A. ACS, FÓRMULA QUÍMICA: C3H6O, GRAU DE PUREZA: PUREZA MÍNIMA DE 99,5%, MASSA MOLECULAR: 58,08, NÚMERO DE REFERÊNCIA QUÍMICA: CAS 67-64-1","L",65.0,50.0,3250.0,0.0,"2026-06-26"]
["UNIVERSIDADE FEDERAL DE GOIAS-UF/GO",153052.0,3429.0,"Material","153052-29/2026","MATERIAIS QUÍMICOS, SUBSTÂNCIAS PARA DIAGNÓSTICO, MEIOS DE CULTURA E TESTES - OUTRAS UNIDADES","Catálogo do Compras.gov.br","Material",6810.0,"PRODUTOS QUÍMICOS",18153.0,"CLORETO DE SÓDIO",438787.0,"ASPECTO FÍSICO: PÓ CRISTALINO BRANCO OU CRISTAIS INCOLORES, COMPOSIÇÃO QUÍMICA: NACL ANIDRO, NÚMERO DE REFERÊNCIA QUÍMICA: CAS 7647-14-5, PESO MOLECULAR: 58,45, PUREZA MÍNIMA: PUREZA MÍNIMA DE 99%","KG",1.0,50.0,50.0,0.0,"2026-06-26"]
["UNIVERSIDADE FEDERAL DE GOIAS-UF/GO",153052.0,3430.0,"Material","153052-29/2026","MATERIAIS QUÍMICOS, SUBSTÂNCIAS PARA DIAGNÓSTICO, MEIOS DE CULTURA E TESTES - OUTRAS UNIDADES","Catálogo do Compras.gov.br","Material",6810.0,"PRODUTOS QUÍMICOS",14483.0,"CLORETO DE POTÁSSIO",458161.0,"ASPECTO FÍSICO: PÓ OU CRISTAL BRANCO, INODORO, CARACTERÍSTICA ADICIONAL: REAGENTE P.A., FÓRMULA QUÍMICA: KCL, GRAU DE PUREZA: PUREZA MÍNIMA DE 99,5%, MASSA MOLECULAR: 74,55, NÚMERO DE REFERÊNCIA QUÍMICA: CAS 7447-40-7","KG",1.0,50.0,50.0,0.0,"2026-06-26"]
["UNIVERSIDADE FEDERAL DE GOIAS-UF/GO",153052.0,3431.0,"Material","153052-29/2026","MATERIAIS QUÍMICOS, SUBSTÂNCIAS PARA DIAGNÓSTICO, MEIOS DE CULTURA E TESTES - OUTRAS UNIDADES","Catálogo do Compras.gov.br","Material",6810.0,"PRODUTOS QUÍMICOS",709.0,"ÁCIDO ACÉTICO",484213.0,"ASPECTO FÍSICO: LÍQUIDO, CARACTERÍSTICA ADICIONAL: PADRÃO DE REFERÊNCIA, FÓRMULA QUÍMICA: C2H4O2, GRAU DE PUREZA: PUREZA MÍNIMA DE 99%, NÚMERO DE REFERÊNCIA QUÍMICA: CAS 64-19-7, PESO MOLECULAR: 60,05","L",1.0,80.0,80.0,0.0,"2026-06-26"]
["UNIVERSIDADE FEDERAL DE GOIAS-UF/GO",153052.0,3432.0,"Material","153052-29/2026","MATERIAIS QUÍMICOS, SUBSTÂNCIAS PARA DIAGNÓSTICO, MEIOS DE CULTURA E TESTES - OUTRAS UNIDADES","Catálogo do Compras.gov.br","Material",6810.0,"PRODUTOS QUÍMICOS",788.0,"ÁCIDO CLORÍDRICO",441630.0,"ASPECTO FÍSICO: LÍQUIDO, CARACTERÍSTICAS ADICIONAIS 1: REAGENTE ACS, FÓRMULA QUÍMICA: HCL, NÚMERO DE REFERÊNCIA QUÍMICA: CAS 7647-01-0, PESO MOLECULAR: 36,46, TEOR: TEOR MÍNIMO DE 37%","L",11.0,70.0,770.0,0.0,"2026-06-26"]
["UNIVERSIDADE FEDERAL DE GOIAS-UF/GO",153052.0,3433.0,"Material","153052-29/2026","MATERIAIS QUÍMICOS, SUBSTÂNCIAS PARA DIAGNÓSTICO, MEIOS DE CULTURA E TESTES - OUTRAS UNIDADES","Catálogo do Compras.gov.br","Material",6810.0,"PRODUTOS QUÍMICOS",7357.0,"FENOLFTALEÍNA",366476.0,"ASPECTO FÍSICO: CRISTAL BRANCO A LEVEMENTE AMARELADO, CARACTERÍSTICA ADICIONAL: REAGENTE ACS, COMPOSIÇÃO: C20H1404, NÚMERO DE REFERÊNCIA QUÍMICA: CAS 77-09-8, PESO MOLECULAR: 318,33","G",100.0,0.3,30.0,0.0,"2026-06-26"]
["UNIVERSIDADE FEDERAL DE GOIAS-UF/GO",153052.0,3434.0,"Material","153052-29/2026","MATERIAIS QUÍMICOS, SUBSTÂNCIAS PARA DIAGNÓSTICO, MEIOS DE CULTURA E TESTES - OUTRAS UNIDADES","Catálogo do Compras.gov.br","Material",6810.0,"PRODUTOS QUÍMICOS",3520.0,"BICARBONATO DE SÓDIO",412637.0,"ASPECTO FÍSICO: PÓ BRANCO, FINO, CARACTERISTICA ADICIONAL: REAGENTE P.A., FÓRMULA QUÍMICA: NAHCO3, GRAU DE PUREZA: PUREZA MÍNIMA DE 99%, NÚMERO DE REFERÊNCIA QUÍMICA*: CAS 144-55-8, PESO MOLECULAR: 84,01","G",500.0,0.04,20.0,0.0,"2026-06-26"]
["UNIVERSIDADE FEDERAL DE GOIAS-UF/GO",153052.0,3435.0,"Material","153052-29/2026","MATERIAIS QUÍMICOS, SUBSTÂNCIAS PARA DIAGNÓSTICO, MEIOS DE CULTURA E TESTES - OUTRAS UNIDADES","Catálogo do Compras.gov.br","Material",6810.0,"PRODUTOS QUÍMICOS",8239.0,"HIDRÓXIDO DE SÓDIO",445526.0,"ASPECTO FÍSICO: EM LENTILHAS OU MICRO PÉROLAS ESBRANQUIÇADAS, CARACTERÍSTICA ADICIONAL: REAGENTE P.A. ACS, FÓRMULA QUÍMICA: NAOH, GRAU DE PUREZA: PUREZA MÍNIMA DE 98%, NÚMERO DE REFERÊNCIA QUÍMICA: CAS 1310-73-2, PESO MOLECULAR: 40","KG",1.0,30.0,30.0,0.0,"2026-06-26"]
["UNIVERSIDADE FEDERAL DE GOIAS-UF/GO",153052.0,3574.0,"Material","153052-30/2026","MATERIAIS HOSPITALARES (INSTRUMENTOS, VESTUÁRIOS E EPI'S)","Catálogo do Compras.gov.br","Material",6515.0,"INSTRUMENTOS, EQUIPAMENTOS E SUPRIMENTOS MÉDICOS  E  CIRÚRGICOS",14216.0,"COLETOR MATERIAL PÉRFURO-CORTANTE",466702.0,"ACESSÓRIOS: ALÇAS RÍGIDAS E TAMPA, CAPACIDADE TOTAL: 13, COMPONENTES ADICIONAIS: PARA RESÍDUOS QUIMIOTERÁPICOS, MATERIAL: PAPELÃO, TIPO USO: DESCARTÁVEL","UN",150.0,35.0,5250.0,0.0,"2026-06-12"]
["UNIVERSIDADE FEDERAL DE GOIAS-UF/GO",153052.0,3575.0,"Material","153052-30/2026","MATERIAIS HOSPITALARES (INSTRUMENTOS, VESTUÁRIOS E EPI'S)","Catálogo do Compras.gov.br","Material",6532.0,"VESTUÁRIO HOSPITALAR E CIRÚRGICO E ITENS CORRELATOS DE  FINALIDADES ESPECIAIS",421.0,"LUVA PARA PROCEDIMENTO NÃO CIRÚRGICO",392943.0,"CARACTERÍSTICAS ADICIONAIS: COM PÓ, ESTERILIDADE: NÃO ESTÉRIL, MATERIAL: LÁTEX, TAMANHO: MÉDIO, TIPO USO: DESCARTÁVEL","CX",150.0,29.0,4350.0,0.0,"2026-06-12"]
["UNIVERSIDADE FEDERAL DE GOIAS-UF/GO",153052.0,3576.0,"Material","153052-30/2026","MATERIAIS HOSPITALARES (INSTRUMENTOS, VESTUÁRIOS E EPI'S)","Catálogo do Compras.gov.br","Material",6532.0,"VESTUÁRIO HOSPITALAR E CIRÚRGICO E ITENS CORRELATOS DE  FINALIDADES ESPECIAIS",30247.0,"LUVA P/ PROCEDIMENTO DE SAÚDE NÃO CIRÚRGICO C/ ANVISA",619859.0,"COR: C/ COR, EMBALAGEM: PAR EM EMBALAGEM INDIVIDUAL, ESTERILIDADE: ESTÉRIL, USO ÚNICO, FORMATO: AMBIDESTRA, MATERIAL: BORRACHA NATURAL - LÁTEX, PÓ: COM PÓ BIOABSORVÍVEL, SUPERFÍCIE: SUPERFÍCIE LISA, TAMANHO: GRANDE - G","EMB",100.0,29.0,2900.0,0.0,"2026-06-12"]
["UNIVERSIDADE FEDERAL DE GOIAS-UF/GO",153052.0,3577.0,"Material","153052-30/2026","MATERIAIS HOSPITALARES (INSTRUMENTOS, VESTUÁRIOS E EPI'S)","Catálogo do Compras.gov.br","Material",6532.0,"VESTUÁRIO HOSPITALAR E CIRÚRGICO E ITENS CORRELATOS DE  FINALIDADES ESPECIAIS",421.0,"LUVA PARA PROCEDIMENTO NÃO CIRÚRGICO",342918.0,"CARACTERÍSTICAS ADICIONAIS: LUBRIFICADA COM PÓ BIOABSORVÍVEL, ESTERILIDADE: NÃO ESTÉRIL, MATERIAL: LÁTEX, TAMANHO: PEQUENO, TIPO: AMBIDESTRA, TIPO USO: DESCARTÁVEL, COR: BRANCA","CX",150.0,29.0,4350.0,0.0,"2026-06-12"]
["UNIVERSIDADE FEDERAL DE GOIAS-UF/GO",153052.0,3578.0,"Material","153052-30/2026","MATERIAIS HOSPITALARES (INSTRUMENTOS, VESTUÁRIOS E EPI'S)","Catálogo do Compras.gov.br","Material",8415.0,"VESTUÁRIO PARA FINS ESPECIAIS",419.0,"LUVA DE PROTEÇÃO",450334.0,"ACABAMENTO PALMA: LISO, APLICAÇÃO: LABORATORIAL, CARACTERÍSTICAS ADICIONAIS: SEM PÓ, COR: AZUL, ESTERILIDADE: NÃO ESTERILIZADA, MATERIAL: NITRÍLICA, TAMANHO: GRANDE, TIPO PUNHO: CURTO","CX",50.0,18.1,905.0,0.0,"2026-06-12"]
["UNIVERSIDADE FEDERAL DE GOIAS-UF/GO",153052.0,3579.0,"Material","153052-30/2026","MATERIAIS HOSPITALARES (INSTRUMENTOS, VESTUÁRIOS E EPI'S)","Catálogo do Compras.gov.br","Material",8415.0,"VESTUÁRIO PARA FINS ESPECIAIS",419.0,"LUVA DE PROTEÇÃO",450346.0,"ACABAMENTO PALMA: LISO, APLICAÇÃO: LABORATORIAL, CARACTERÍSTICAS ADICIONAIS: SEM PÓ, COR: AZUL, ESTERILIDADE: NÃO ESTERILIZADA, MATERIAL: NITRÍLICA, TAMANHO: PEQUENO, TIPO PUNHO: CURTO","CX",50.0,17.58,879.0,0.0,"2026-06-12"]
["UNIVERSIDADE FEDERAL DE GOIAS-UF/GO",153052.0,3441.0,"Material","153052-29/2026","MATERIAIS QUÍMICOS, SUBSTÂNCIAS PARA DIAGNÓSTICO, MEIOS DE CULTURA E TESTES - OUTRAS UNIDADES","Catálogo do Compras.gov.br","Material",6810.0,"PRODUTOS QUÍMICOS",4529.0,"CARBURETO DE CÁLCIO",361466.0,"ASPECTO FÍSICO: CRISTAL CINZA OU GRUMOS ESCUROS, ODOR DE ALHO, COMPOSIÇÃO: CAC2, GRAU DE PUREZA: TEOR MÍNIMO DE 80%, NÚMERO DE REFERÊNCIA QUÍMICA: CAS 75-20-7, PESO MOLECULAR: 64,1","G",1950.0,0.4769,929.955,0.0,"2026-06-26"]
["UNIVERSIDADE FEDERAL DE GOIAS-UF/GO",153052.0,3442.0,"Material","153052-29/2026","MATERIAIS QUÍMICOS, SUBSTÂNCIAS PARA DIAGNÓSTICO, MEIOS DE CULTURA E TESTES - OUTRAS UNIDADES","Catálogo do Compras.gov.br","Material",6810.0,"PRODUTOS QUÍMICOS",2263.0,"ÁLCOOL PROPÍLICO",475010.0,"ASPECTO FÍSICO: LÍQUIDO, CARACTERÍSTICA ADICIONAL: REAGENTE P.A. ACS, FÓRMULA QUÍMICA: (CH3)2CHOH (ISOPROPÍLICO OU ISO-PROPANOL), GRAU DE PUREZA: PUREZA MÍNIMA DE 99,8%, NÚMERO DE REFERÊNCIA QUÍMICA: CAS 67-63-0, PESO MOLECULAR*: 60,10","L",5.0,35.0,175.0,0.0,"2026-06-26"]
["UNIVERSIDADE FEDERAL DE GOIAS-UF/GO",153052.0,3477.0,"Serviço","153052-146/2026","DCOM E OUTROS - CONTRATAÇÃO SOFTWARES DIVERSOS","Catálogo do Compras.gov.br","Serviço",182.0,"SERVIÇOS DE  LICENCIAMENTO E  CONTRATOS DE TRANSFERÊNCIA DE TECNOLOGIA",null,null,27502.0,"CESSÃO TEMPORÁRIA DE DIREITOS SOBRE PROGRAMAS DE COMPUTADOR LOCAÇÃO DE SOFTWARE","-",1.0,12000.0,12000.0,0.0,"2026-06-01"]
["UNIVERSIDADE FEDERAL DE GOIAS-UF/GO",153052.0,3443.0,"Material","153052-29/2026","MATERIAIS QUÍMICOS, SUBSTÂNCIAS PARA DIAGNÓSTICO, MEIOS DE CULTURA E TESTES - OUTRAS UNIDADES","Catálogo do Compras.gov.br","Material",6810.0,"PRODUTOS QUÍMICOS",3500.0,"BENZINA",380630.0,"ASPECTO FÍSICO: LÍQUIDO INCOLOR, LÍMPIDO, COM ODOR DE GASOLINA, CARACTERÍSTICA ADICIONAL: BENZINA RETIFICADA, FAIXA DE DESTILAÇÃO: DESTILADOS NA FAIXA ENTRE 60 E 120°C, FÓRMULA QUÍMICA: MISTURA DE HIDROCARBONETOS DERIVADOS DO PETRÓLEO, GRAU DE PUREZA: PUREZA MÍNIMA DE 97%, NÚMERO DE REFERÊNCIA QUÍMICA: CAS 64742-49-0","L",3.0,75.0,225.0,0.0,"2026-06-26"]
["UNIVERSIDADE FEDERAL DE GOIAS-UF/GO",153052.0,2524.0,"Material","153052-15/2026","MATERIAIS PARA LABORATÓRIO, VIDRARIAS","Catálogo do Compras.gov.br","Material",6630.0,"INSTRUMENTOS PARA ANÁLISES QUÍMICAS",6461.0,"ELETRODO MEDIÇÃO PH",282057.0,"CARACTERÍSTICAS ADICIONAIS: SISTEMA REF. AG/AGCL, PH 0 A 14, COMPONENTES: CORPO VIDRO/ CONEXÃO BNC / JUNÇÃO CERÂMICA, TEMPERATURA TRABALHO: 0 A 80, TIPO: COMBINADO UNIVERSAL","UN",3.0,250.0,750.0,0.0,"2026-06-19"]
["UNIVERSIDADE FEDERAL DE GOIAS-UF/GO",153052.0,2525.0,"Material","153052-15/2026","MATERIAIS PARA LABORATÓRIO, VIDRARIAS","Catálogo do Compras.gov.br","Material",6635.0,"EQUIPAMENTOS PARA TESTES DE PROPRIEDADES FÍSICAS",14210.0,"PENEIRA GRANULOMÉTRICA",230674.0,"ALTURA: 2, DIÂMETRO: 5, MATERIAL: AÇO INOXIDÁVEL, TIPO MALHA: 180","UN",1.0,87.0,87.0,0.0,"2026-06-19"]
["UNIVERSIDADE FEDERAL DE GOIAS-UF/GO",153052.0,2526.0,"Material","153052-15/2026","MATERIAIS PARA LABORATÓRIO, VIDRARIAS","Catálogo do Compras.gov.br","Material",6640.0,"EQUIPAMENTOS E ARTIGOS DE LABORATÓRIO",2690.0,"PAPEL DE FILTRO",449087.0,"DIMENSÕES: 40 X 40, TIPO: QUALITATIVO","UN",2.0,90.0,180.0,0.0,"2026-06-19"]
["UNIVERSIDADE FEDERAL DE GOIAS-UF/GO",153052.0,2527.0,"Material","153052-15/2026","MATERIAIS PARA LABORATÓRIO, VIDRARIAS","Catálogo do Compras.gov.br","Material",6640.0,"EQUIPAMENTOS E ARTIGOS DE LABORATÓRIO",6991.0,"FRASCO LABORATÓRIO",409426.0,"CAPACIDADE: 250, GRADUAÇÃO: GRADUADO, MATERIAL: VIDRO ÂMBAR, TIPO: REAGENTE, TIPO TAMPA: TAMPA ROSQUEÁVEL COM VEDAÇÃO","UN",8.0,80.0,640.0,0.0,"2026-06-19"]
["UNIVERSIDADE FEDERAL DE GOIAS-UF/GO",153052.0,2528.0,"Material","153052-15/2026","MATERIAIS PARA LABORATÓRIO, VIDRARIAS","Catálogo do Compras.gov.br","Material",6640.0,"EQUIPAMENTOS E ARTIGOS DE LABORATÓRIO",8874.0,"PIPETA",414266.0,"CAPACIDADE: 5, ESGOTAMENTO: ESGOTAMENTO TOTAL, MATERIAL: VIDRO, TIPO: VOLUMÉTRICA","UN",10.0,30.0,300.0,0.0,"2026-06-19"]
["UNIVERSIDADE FEDERAL DE GOIAS-UF/GO",153052.0,2529.0,"Material","153052-15/2026","MATERIAIS PARA LABORATÓRIO, VIDRARIAS","Catálogo do Compras.gov.br","Material",6640.0,"EQUIPAMENTOS E ARTIGOS DE LABORATÓRIO",8874.0,"PIPETA",423321.0,"ACESSÓRIOS: COM 1 JUNTA, CAPACIDADE: 10, ESGOTAMENTO: ESGOTAMENTO TOTAL, MATERIAL: VIDRO, TIPO: BICO DE PAPAGAIO","UN",1.0,200.0,200.0,0.0,"2026-06-19"]
["UNIVERSIDADE FEDERAL DE GOIAS-UF/GO",153052.0,3444.0,"Material","153052-29/2026","MATERIAIS QUÍMICOS, SUBSTÂNCIAS PARA DIAGNÓSTICO, MEIOS DE CULTURA E TESTES - OUTRAS UNIDADES","Catálogo do Compras.gov.br","Material",6810.0,"PRODUTOS QUÍMICOS",3498.0,"BENZENO",478018.0,"ASPECTO FÍSICO*: LÍQUIDO, FÓRMULA QUÍMICA*: C9H9NO Ý(R)-(+)-ALFA-METILBENZIL ISOCIANATO¨, GRAU DE PUREZA*: PUREZA MÍNIMA DE 99%, MASSA MOLAR: 147,17, NÚMERO DE REFERÊNCIA QUÍMICA*: CAS 33375-06-3","L",1.0,604.94,604.94,0.0,"2026-06-26"]
["UNIVERSIDADE FEDERAL DE GOIAS-UF/GO",153052.0,3458.0,"Material","153052-29/2026","MATERIAIS QUÍMICOS, SUBSTÂNCIAS PARA DIAGNÓSTICO, MEIOS DE CULTURA E TESTES - OUTRAS UNIDADES","Catálogo do Compras.gov.br","Material",6550.0,"SUBSTÂNCIAS PARA DIAGNÓSTICO \"IN VITRO\",  REAGENTES,  CONJUNTOS E JOGOS PARA TESTE",12254.0,"SOLUÇÃO TAMPÃO",289050.0,"APLICAÇÃO: CALIBRAGEM DE PEAGÂMETRO, LEITURA: PH 10","FR",3.0,25.0,75.0,0.0,"2026-06-26"]
["UNIVERSIDADE FEDERAL DE GOIAS-UF/GO",153052.0,3459.0,"Material","153052-29/2026","MATERIAIS QUÍMICOS, SUBSTÂNCIAS PARA DIAGNÓSTICO, MEIOS DE CULTURA E TESTES - OUTRAS UNIDADES","Catálogo do Compras.gov.br","Material",6550.0,"SUBSTÂNCIAS PARA DIAGNÓSTICO \"IN VITRO\",  REAGENTES,  CONJUNTOS E JOGOS PARA TESTE",12254.0,"SOLUÇÃO TAMPÃO",253072.0,"APLICAÇÃO: CALIBRAGEM DE PEAGÂMETRO, LEITURA: PH 6,86","FR",2.0,25.0,50.0,0.0,"2026-06-26"]
["UNIVERSIDADE FEDERAL DE GOIAS-UF/GO",153052.0,3460.0,"Material","153052-29/2026","MATERIAIS QUÍMICOS, SUBSTÂNCIAS PARA DIAGNÓSTICO, MEIOS DE CULTURA E TESTES - OUTRAS UNIDADES","Catálogo do Compras.gov.br","Material",6550.0,"SUBSTÂNCIAS PARA DIAGNÓSTICO \"IN VITRO\",  REAGENTES,  CONJUNTOS E JOGOS PARA TESTE",12254.0,"SOLUÇÃO TAMPÃO",234416.0,"APLICAÇÃO: CALIBRAGEM DE PEAGÂMETRO, LEITURA: PH 4,0","FR",3.0,21.05,63.15,0.0,"2026-06-26"]
["UNIVERSIDADE FEDERAL DE GOIAS-UF/GO",153052.0,3461.0,"Material","153052-29/2026","MATERIAIS QUÍMICOS, SUBSTÂNCIAS PARA DIAGNÓSTICO, MEIOS DE CULTURA E TESTES - OUTRAS UNIDADES","Catálogo do Compras.gov.br","Material",6550.0,"SUBSTÂNCIAS PARA DIAGNÓSTICO \"IN VITRO\",  REAGENTES,  CONJUNTOS E JOGOS PARA TESTE",12254.0,"SOLUÇÃO TAMPÃO",234417.0,"APLICAÇÃO: CALIBRAGEM DE PEAGÂMETRO, LEITURA: PH 7,0","FR",3.0,25.0,75.0,0.0,"2026-06-26"]
["UNIVERSIDADE FEDERAL DE GOIAS-UF/GO",153052.0,3462.0,"Material","153052-29/2026","MATERIAIS QUÍMICOS, SUBSTÂNCIAS PARA DIAGNÓSTICO, MEIOS DE CULTURA E TESTES - OUTRAS UNIDADES","Catálogo do Compras.gov.br","Material",6810.0,"PRODUTOS QUÍMICOS",18153.0,"CLORETO DE SÓDIO",366472.0,"ASPECTO FÍSICO: PÓ CRISTALINO BRANCO OU CRISTAIS INCOLORES, CARACTERÍSTICA ADICIONAL: REAGENTE P.A., COMPOSIÇÃO QUÍMICA: NACL ANIDRO, NÚMERO DE REFERÊNCIA QUÍMICA: CAS 7647-14-5, PESO MOLECULAR: 58,45, PUREZA MÍNIMA: PUREZA MÍNIMA DE 99,5%","KG",1.0,24.15,24.15,0.0,"2026-06-26"]
["UNIVERSIDADE FEDERAL DE GOIAS-UF/GO",153052.0,3463.0,"Material","153052-29/2026","MATERIAIS QUÍMICOS, SUBSTÂNCIAS PARA DIAGNÓSTICO, MEIOS DE CULTURA E TESTES - OUTRAS UNIDADES","Catálogo do Compras.gov.br","Material",6810.0,"PRODUTOS QUÍMICOS",2250.0,"ÁLCOOL AMÍLICO (PENTÍLICO)",370365.0,"ASPECTO FÍSICO: LÍQUIDO LÍMPIDO, INCOLOR, ODOR DESAGRADÁVEL, CARACTERÍSTICA ADICIONAL: REAGENTE P.A. ACS, FÓRMULA QUÍMICA: C5H12O (ÁLCOOL ISOAMÍLICO, 3-METIL-1-BUTANOL), GRAU DE PUREZA: PUREZA MÍNIMA DE 98,5%, NÚMERO DE REFERÊNCIA QUÍMICA: CAS 123-51-3, PESO MOLECULAR: 88,15","L",1.0,69.0,69.0,0.0,"2026-06-26"]
["UNIVERSIDADE FEDERAL DE GOIAS-UF/GO",153052.0,3464.0,"Material","153052-29/2026","MATERIAIS QUÍMICOS, SUBSTÂNCIAS PARA DIAGNÓSTICO, MEIOS DE CULTURA E TESTES - OUTRAS UNIDADES","Catálogo do Compras.gov.br","Material",6810.0,"PRODUTOS QUÍMICOS",13873.0,"ÉTER DE PETRÓLEO",352740.0,"ASPECTO FÍSICO: LÍQUIDO INCOLOR, LÍMPIDO, COM ODOR DE GASOLINA, CARACTERÍSTICA ADICIONAL: REAGENTE P.A., FAIXA DE DESTILAÇÃO: DESTILADOS ENTRE 30° E 60°C, FÓRMULA QUÍMICA: MISTURA DE HIDROCARBONETOS DERIVADOS DO PETRÓLEO, NÚMERO DE REFERÊNCIA QUÍMICA: CAS 8032-32-4, TEOR DE PUREZA: PUREZA MÍNIMA DE 99,5%","L",8.0,90.0,720.0,0.0,"2026-06-26"]
["UNIVERSIDADE FEDERAL DE GOIAS-UF/GO",153052.0,3465.0,"Material","153052-29/2026","MATERIAIS QUÍMICOS, SUBSTÂNCIAS PARA DIAGNÓSTICO, MEIOS DE CULTURA E TESTES - OUTRAS UNIDADES","Catálogo do Compras.gov.br","Material",6810.0,"PRODUTOS QUÍMICOS",17832.0,"ÁCIDO TRICLOROACÉTICO",347504.0,"ASPECTO FÍSICO: CRISTAIS BRANCOS, CARACTERÍSTICA ADICIONAL: REAGENTE P.A., FÓRMULA QUÍMICA: CCL3COOH, GRAU DE PUREZA: PUREZA MÍNIMA DE 99%, MASSA MOLECULAR: 163,39, NÚMERO DE REFERÊNCIA QUÍMICA: CAS 76-03-9","G",500.0,0.32,160.0,0.0,"2026-06-26"]
["UNIVERSIDADE FEDERAL DE GOIAS-UF/GO",153052.0,3466.0,"Material","153052-29/2026","MATERIAIS QUÍMICOS, SUBSTÂNCIAS PARA DIAGNÓSTICO, MEIOS DE CULTURA E TESTES - OUTRAS UNIDADES","Catálogo do Compras.gov.br","Material",6810.0,"PRODUTOS QUÍMICOS",12327.0,"SULFATO DE COBRE II",366492.0,"ASPECTO FÍSICO: FINO CRISTAL AZUL, CARACTERÍSTICA ADICIONAL: REAGENTE P.A. ACS ISO, COMPOSIÇÃO QUÍMICA: CUSO4.5H2O, GRAU DE PUREZA: PUREZA MÍNIMA DE 99%, NÚMERO DE REFERÊNCIA QUÍMICA: CAS 7758-98-7, PESO DA MOLÉCULA: 249,68","L",1.0,80.0,80.0,0.0,"2026-06-26"]
["UNIVERSIDADE FEDERAL DE GOIAS-UF/GO",153052.0,3467.0,"Material","153052-29/2026","MATERIAIS QUÍMICOS, SUBSTÂNCIAS PARA DIAGNÓSTICO, MEIOS DE CULTURA E TESTES - OUTRAS UNIDADES","Catálogo do Compras.gov.br","Material",6810.0,"PRODUTOS QUÍMICOS",12345.0,"SULFATO DE POTÁSSIO",357865.0,"ASPECTO FÍSICO: CRISTAIS BRANCOS, INODOROS, CARACTERÍSTICA ADICIONAL: REAGENTE P.A. ACS, FÓRMULA QUÍMICA: K2SO4, GRAU DE PUREZA: PUREZA MÍNIMA DE 99%, NÚMERO DE REFERÊNCIA QUÍMICA: CAS 7778-80-5, PESO MOLECULAR: 174,26","KG",1.0,70.0,70.0,0.0,"2026-06-26"]
["UNIVERSIDADE FEDERAL DE GOIAS-UF/GO",153052.0,3468.0,"Material","153052-29/2026","MATERIAIS QUÍMICOS, SUBSTÂNCIAS PARA DIAGNÓSTICO, MEIOS DE CULTURA E TESTES - OUTRAS UNIDADES","Catálogo do Compras.gov.br","Material",6810.0,"PRODUTOS QUÍMICOS",13.0,"ÁCIDO BENZÓICO",347347.0,"ASPECTO FÍSICO: PÓ BRANCO OU CRISTAL INCOLOR, C/ ODOR FORTE, FÓRMULA QUÍMICA: C6H5COOH, PESO MOLECULAR: 122,12, GRAU DE PUREZA: PUREZA MÍNIMA DE 99,5%, CARACTERÍSTICA ADICIONAL: REAGENTE P.A., NÚMERO DE REFERÊNCIA QUÍMICA: CAS 65-85-0","ML",1.0,27.65,27.65,0.0,"2026-06-26"]
["UNIVERSIDADE FEDERAL DE GOIAS-UF/GO",153052.0,2508.0,"Material","153052-15/2026","MATERIAIS PARA LABORATÓRIO, VIDRARIAS","Catálogo do Compras.gov.br","Material",6640.0,"EQUIPAMENTOS E ARTIGOS DE LABORATÓRIO",2281.0,"PINÇA LABORATÓRIO",411111.0,"COMPRIMENTO: CERCA DE 15, MATERIAL: AÇO INOX, MODELO: HISTOLÓGICA, TIPO PONTA: PONTA FINA","UN",2.0,19.59,39.18,0.0,"2026-06-19"]
["UNIVERSIDADE FEDERAL DE GOIAS-UF/GO",153052.0,2509.0,"Material","153052-15/2026","MATERIAIS PARA LABORATÓRIO, VIDRARIAS","Catálogo do Compras.gov.br","Material",6640.0,"EQUIPAMENTOS E ARTIGOS DE LABORATÓRIO",8637.0,"LAMÍNULA",409642.0,"DIMENSÕES: CERCA DE 20 X 20, MATERIAL: VIDRO","UN",4.0,3.95,15.8,0.0,"2026-06-19"]
["UNIVERSIDADE FEDERAL DE GOIAS-UF/GO",153052.0,2510.0,"Material","153052-15/2026","MATERIAIS PARA LABORATÓRIO, VIDRARIAS","Catálogo do Compras.gov.br","Material",6640.0,"EQUIPAMENTOS E ARTIGOS DE LABORATÓRIO",13114.0,"TUBO LABORATÓRIO",409759.0,"ACESSÓRIOS: TAMPA ROSQUEÁVEL, CAPACIDADE: 50, GRADUAÇÃO: GRADUADO, MATERIAL: POLIPROPILENO, TIPO: CENTRÍFUGA, TIPO FUNDO: FUNDO CÔNICO, USO: AUTOCLAVÁVEL","UN",4.0,58.0,232.0,0.0,"2026-06-19"]
["UNIVERSIDADE FEDERAL DE GOIAS-UF/GO",153052.0,2511.0,"Material","153052-15/2026","MATERIAIS PARA LABORATÓRIO, VIDRARIAS","Catálogo do Compras.gov.br","Material",6640.0,"EQUIPAMENTOS E ARTIGOS DE LABORATÓRIO",9748.0,"MICROPIPETA",424684.0,"ADICIONAL: AUTOCLAVÁVEL, AJUSTE: VOLUME REGULÁVEL, CAPACIDADE ASPIRAÇÃO: ATÉ 20, COMPONENTES: COM EJETOR DE PONTEIRA, TIPO*: MONOCANAL, MECÂNICA","UN",4.0,438.0,1752.0,0.0,"2026-06-19"]
["UNIVERSIDADE FEDERAL DE GOIAS-UF/GO",153052.0,2512.0,"Material","153052-15/2026","MATERIAIS PARA LABORATÓRIO, VIDRARIAS","Catálogo do Compras.gov.br","Material",6640.0,"EQUIPAMENTOS E ARTIGOS DE LABORATÓRIO",10848.0,"PLACA LABORATÓRIO",450296.0,"CAPACIDADE: 96 POÇOS, COMPONENTES: COM TAMPA, EMBALAGEM PRIMÁRIA: EMBALAGEM INDIVIDUAL, ESTERILIDADE*: ESTÉRIL, APIROGÊNICA, LIVRE DE DNASE E RNASE, MATERIAL: PLÁSTICO, TIPO: PARA CULTURA, TIPO FUNDO: FUNDO EM \"V\", TIPO USO*: DESCARTÁVEL","UN",50.0,4.0,200.0,0.0,"2026-06-19"]
["UNIVERSIDADE FEDERAL DE GOIAS-UF/GO",153052.0,2513.0,"Material","153052-15/2026","MATERIAIS PARA LABORATÓRIO, VIDRARIAS","Catálogo do Compras.gov.br","Material",6640.0,"EQUIPAMENTOS E ARTIGOS DE LABORATÓRIO",9748.0,"MICROPIPETA",424686.0,"ADICIONAL: AUTOCLAVÁVEL, AJUSTE: VOLUME REGULÁVEL, CAPACIDADE ASPIRAÇÃO: ATÉ 1000, COMPONENTES: COM EJETOR DE PONTEIRA, TIPO*: MONOCANAL, MECÂNICA","UN",6.0,427.0,2562.0,0.0,"2026-06-19"]
["UNIVERSIDADE FEDERAL DE GOIAS-UF/GO",153052.0,2514.0,"Material","153052-15/2026","MATERIAIS PARA LABORATÓRIO, VIDRARIAS","Catálogo do Compras.gov.br","Material",6640.0,"EQUIPAMENTOS E ARTIGOS DE LABORATÓRIO",9748.0,"MICROPIPETA",424685.0,"ADICIONAL: AUTOCLAVÁVEL, AJUSTE: VOLUME REGULÁVEL, CAPACIDADE ASPIRAÇÃO: ATÉ 200, COMPONENTES: COM EJETOR DE PONTEIRA, TIPO*: MONOCANAL, MECÂNICA","UN",4.0,427.0,1708.0,0.0,"2026-06-19"]
["UNIVERSIDADE FEDERAL DE GOIAS-UF/GO",153052.0,2515.0,"Material","153052-15/2026","MATERIAIS PARA LABORATÓRIO, VIDRARIAS","Catálogo do Compras.gov.br","Material",6640.0,"EQUIPAMENTOS E ARTIGOS DE LABORATÓRIO",4403.0,"FILTRO LABORATÓRIO",410909.0,"DIMENSÕES: CERCA DE 35, MATERIAL: PVDF, POROSIDADE: 0,45 ΜM, TIPO: PARA SERINGA","UN",1.0,371.19,371.19,0.0,"2026-06-19"]
["UNIVERSIDADE FEDERAL DE GOIAS-UF/GO",153052.0,2516.0,"Material","153052-15/2026","MATERIAIS PARA LABORATÓRIO, VIDRARIAS","Catálogo do Compras.gov.br","Material",6640.0,"EQUIPAMENTOS E ARTIGOS DE LABORATÓRIO",17079.0,"CABO DE KOLLE",408987.0,"CARACTERÍSTICAS ADICIONAIS: EXTREMIDADE ROSQUEÁVEL, PROTEÇÃO TÉRMICA, COMPRIMENTO: CERCA DE 25, MATERIAL: ALUMÍNIO","UN",20.0,26.18,523.6,0.0,"2026-06-19"]
["UNIVERSIDADE FEDERAL DE GOIAS-UF/GO",153052.0,2517.0,"Material","153052-15/2026","MATERIAIS PARA LABORATÓRIO, VIDRARIAS","Catálogo do Compras.gov.br","Material",6640.0,"EQUIPAMENTOS E ARTIGOS DE LABORATÓRIO",6991.0,"FRASCO LABORATÓRIO",409443.0,"CAPACIDADE: 250, GRADUAÇÃO: GRADUADO, MATERIAL: VIDRO, TIPO: REAGENTE, TIPO TAMPA: TAMPA ROSQUEÁVEL COM VEDAÇÃO","UN",5.0,30.0,150.0,0.0,"2026-06-19"]
["UNIVERSIDADE FEDERAL DE GOIAS-UF/GO",153052.0,2518.0,"Material","153052-15/2026","MATERIAIS PARA LABORATÓRIO, VIDRARIAS","Catálogo do Compras.gov.br","Material",6640.0,"EQUIPAMENTOS E ARTIGOS DE LABORATÓRIO",11016.0,"PONTEIRA LABORATÓRIO",408693.0,"CAPACIDADE: ATÉ 5000 MCL, ESTERILIDADE*: APIROGÊNICO, LIVRE DE DNASE E RNASE, MATERIAL: POLIPROPILENO, TIPO USO*: DESCARTÁVEL","UN",1.0,55.02,55.02,0.0,"2026-06-19"]
["UNIVERSIDADE FEDERAL DE GOIAS-UF/GO",153052.0,2519.0,"Material","153052-15/2026","MATERIAIS PARA LABORATÓRIO, VIDRARIAS","Catálogo do Compras.gov.br","Material",6640.0,"EQUIPAMENTOS E ARTIGOS DE LABORATÓRIO",13654.0,"NAVALHA LABORATÓRIO",464231.0,"ADICIONAL: ALTO PERFIL, APLICAÇÃO: PARA MICRÓTOMO, DIMENSÕES: CERCA DE 80 X 15, MATERIAL: AÇO INOX, REVESTIMENTO: REVESTIDA COM CERÂMICA E PTFE, TIPO USO: DESCARTÁVEL","UN",100.0,20.76,2076.0,0.0,"2026-06-19"]
["UNIVERSIDADE FEDERAL DE GOIAS-UF/GO",153052.0,2520.0,"Material","153052-15/2026","MATERIAIS PARA LABORATÓRIO, VIDRARIAS","Catálogo do Compras.gov.br","Material",6640.0,"EQUIPAMENTOS E ARTIGOS DE LABORATÓRIO",8874.0,"PIPETA",423975.0,"CAPACIDADE: 3, MATERIAL: PLÁSTICO, TIPO: PASTEUR, TIPO USO: DESCARTÁVEL","UN",1.0,72.0,72.0,0.0,"2026-06-19"]
["UNIVERSIDADE FEDERAL DE GOIAS-UF/GO",153052.0,2521.0,"Material","153052-15/2026","MATERIAIS PARA LABORATÓRIO, VIDRARIAS","Catálogo do Compras.gov.br","Material",6640.0,"EQUIPAMENTOS E ARTIGOS DE LABORATÓRIO",9749.0,"PLACA DE PETRI",414156.0,"DIMENSÕES: CERCA DE 15 X 80, FORMATO: REDONDA, MATERIAL: VIDRO","UN",60.0,9.72,583.2,0.0,"2026-06-19"]
["UNIVERSIDADE FEDERAL DE GOIAS-UF/GO",153052.0,2522.0,"Material","153052-15/2026","MATERIAIS PARA LABORATÓRIO, VIDRARIAS","Catálogo do Compras.gov.br","Material",6640.0,"EQUIPAMENTOS E ARTIGOS DE LABORATÓRIO",4760.0,"ESCOVA LABORATÓRIO",411370.0,"ACESSÓRIOS: PONTA EM PINCEL, COMPRIMENTO: 12, DIÂMETRO: 6, FORMATO: CILÍNDRICA, MATERIAL CABO: ARAME, MATERIAL CERDA: CERDA EM CRINA DE CAVALO","UN",4.0,18.8,75.2,0.0,"2026-06-19"]
["UNIVERSIDADE FEDERAL DE GOIAS-UF/GO",153052.0,3469.0,"Material","153052-29/2026","MATERIAIS QUÍMICOS, SUBSTÂNCIAS PARA DIAGNÓSTICO, MEIOS DE CULTURA E TESTES - OUTRAS UNIDADES","Catálogo do Compras.gov.br","Material",6810.0,"PRODUTOS QUÍMICOS",12327.0,"SULFATO DE COBRE II",366492.0,"ASPECTO FÍSICO: FINO CRISTAL AZUL, CARACTERÍSTICA ADICIONAL: REAGENTE P.A. ACS ISO, COMPOSIÇÃO QUÍMICA: CUSO4.5H2O, GRAU DE PUREZA: PUREZA MÍNIMA DE 99%, NÚMERO DE REFERÊNCIA QUÍMICA: CAS 7758-98-7, PESO DA MOLÉCULA: 249,68","L",1.0,76.0,76.0,0.0,"2026-06-26"]
["UNIVERSIDADE FEDERAL DE GOIAS-UF/GO",153052.0,3470.0,"Material","153052-29/2026","MATERIAIS QUÍMICOS, SUBSTÂNCIAS PARA DIAGNÓSTICO, MEIOS DE CULTURA E TESTES - OUTRAS UNIDADES","Catálogo do Compras.gov.br","Material",6810.0,"PRODUTOS QUÍMICOS",1891.0,"ÁCIDO CÍTRICO",351610.0,"ASPECTO FÍSICO: CRISTAL INCOLOR, INODORO, SABOR ÁCIDO AGRADÁVEL, CARACTERÍSTICA ADICIONAL: REAGENTE P.A. ACS, FÓRMULA QUÍMICA: C6H8O7 ANIDRO, NÚMERO DE REFERÊNCIA QUÍMICA*: CAS 77-92-9, PESO MOLECULAR: 192,12, PUREZA MÍNIMA: PUREZA MÍNIMA DE 99,5%","G",1.0,34.89,34.89,0.0,"2026-06-26"]
["UNIVERSIDADE FEDERAL DE GOIAS-UF/GO",153052.0,3471.0,"Material","153052-29/2026","MATERIAIS QUÍMICOS, SUBSTÂNCIAS PARA DIAGNÓSTICO, MEIOS DE CULTURA E TESTES - OUTRAS UNIDADES","Catálogo do Compras.gov.br","Material",6810.0,"PRODUTOS QUÍMICOS",788.0,"ÁCIDO CLORÍDRICO",441630.0,"ASPECTO FÍSICO: LÍQUIDO, CARACTERÍSTICAS ADICIONAIS 1: REAGENTE ACS, FÓRMULA QUÍMICA: HCL, NÚMERO DE REFERÊNCIA QUÍMICA: CAS 7647-01-0, PESO MOLECULAR: 36,46, TEOR: TEOR MÍNIMO DE 37%","G",500.0,0.11,55.0,0.0,"2026-06-26"]
["UNIVERSIDADE FEDERAL DE GOIAS-UF/GO",153052.0,3472.0,"Material","153052-29/2026","MATERIAIS QUÍMICOS, SUBSTÂNCIAS PARA DIAGNÓSTICO, MEIOS DE CULTURA E TESTES - OUTRAS UNIDADES","Catálogo do Compras.gov.br","Material",6810.0,"PRODUTOS QUÍMICOS",18706.0,"TIOSSULFATO DE SÓDIO",347745.0,"ASPECTO FÍSICO: CRISTAL INCOLOR, INODORO, CARACTERÍSTICA ADICIONAL: REAGENTE P.A., FÓRMULA QUÍMICA: NA2S2O3 ANIDRO, GRAU DE PUREZA: PUREZA MÍNIMA DE 98%, NÚMERO DE REFERÊNCIA QUÍMICA: CAS 7772-98-7, PESO MOLECULAR: 158,11","L",1.0,40.0,40.0,0.0,"2026-06-26"]
["UNIVERSIDADE FEDERAL DE GOIAS-UF/GO",153052.0,3473.0,"Material","153052-29/2026","MATERIAIS QUÍMICOS, SUBSTÂNCIAS PARA DIAGNÓSTICO, MEIOS DE CULTURA E TESTES - OUTRAS UNIDADES","Catálogo do Compras.gov.br","Material",6810.0,"PRODUTOS QUÍMICOS",14483.0,"CLORETO DE POTÁSSIO",352777.0,"ASPECTO FÍSICO: PÓ OU CRISTAL BRANCO, INODORO, CARACTERÍSTICA ADICIONAL: REAGENTE P.A., FÓRMULA QUÍMICA: KCL, GRAU DE PUREZA: PUREZA MÍNIMA DE 99%, MASSA MOLECULAR: 74,55, NÚMERO DE REFERÊNCIA QUÍMICA: CAS 7447-40-7","KG",1.0,46.24,46.24,0.0,"2026-06-26"]
["UNIVERSIDADE FEDERAL DE GOIAS-UF/GO",153052.0,3474.0,"Material","153052-29/2026","MATERIAIS QUÍMICOS, SUBSTÂNCIAS PARA DIAGNÓSTICO, MEIOS DE CULTURA E TESTES - OUTRAS UNIDADES","Catálogo do Compras.gov.br","Material",6810.0,"PRODUTOS QUÍMICOS",8235.0,"HIDRÓXIDO DE AMÔNIO",347756.0,"ASPECTO FÍSICO: LÍQUIDO LÍMPIDO, INCOLOR, VOLÁTIL, DE ODOR ACRE, CARACTERÍSTICA ADICIONAL: EM SOLUÇÃO AQUOSA, REAGENTE P.A., FÓRMULA QUÍMICA: NH4OH, GRAU DE PUREZA: TEOR DE NH3 ENTRE 28 E 30%, NÚMERO DE REFERÊNCIA QUÍMICA: CAS 1336-21-6, PESO MOLECULAR: 35,05","L",1.0,37.79,37.79,0.0,"2026-06-26"]
["UNIVERSIDADE FEDERAL DE GOIAS-UF/GO",153052.0,3475.0,"Material","153052-29/2026","MATERIAIS QUÍMICOS, SUBSTÂNCIAS PARA DIAGNÓSTICO, MEIOS DE CULTURA E TESTES - OUTRAS UNIDADES","Catálogo do Compras.gov.br","Material",6810.0,"PRODUTOS QUÍMICOS",15013.0,"NEGRO DE ERIOCROMO T",354392.0,"ASPECTO FÍSICO: PÓ ESCURO, PRETO MARROM, INODORO, CARACTERÍSTICA ADICIONAL: REAGENTE P.A., FÓRMULA QUÍMICA: C20H12N3O7SNA, NÚMERO DE REFERÊNCIA QUÍMICA: CAS 1787-61-7, PESO MOLECULAR: 461,38","G",1500.0,0.0421,63.15,0.0,"2026-06-26"]
["UNIVERSIDADE FEDERAL DE GOIAS-UF/GO",153052.0,3476.0,"Material","153052-29/2026","MATERIAIS QUÍMICOS, SUBSTÂNCIAS PARA DIAGNÓSTICO, MEIOS DE CULTURA E TESTES - OUTRAS UNIDADES","Catálogo do Compras.gov.br","Material",6810.0,"PRODUTOS QUÍMICOS",15088.0,"TARTARATO DE SÓDIO E POTÁSSIO",412378.0,"ASPECTO FÍSICO: PÓ BRANCO OU CRISTAL INCOLOR, INODORO, FÓRMULA QUÍMICA: NAKC4H4O6.4H2O, GRAU DE PUREZA: PUREZA MÍNIMA DE 99%, NÚMERO DE REFERÊNCIA QUÍMICA: CAS 6381-59-5, PESO MOLECULAR: 282,22","KG",1.0,100.0,100.0,0.0,"2026-06-26"]
["UNIVERSIDADE FEDERAL DE GOIAS-UF/GO",153052.0,3518.0,"Material","153052-30/2026","MATERIAIS HOSPITALARES (INSTRUMENTOS, VESTUÁRIOS E EPI'S)","Catálogo do Compras.gov.br","Material",6532.0,"VESTUÁRIO HOSPITALAR E CIRÚRGICO E ITENS CORRELATOS DE  FINALIDADES ESPECIAIS",30247.0,"LUVA P/ PROCEDIMENTO DE SAÚDE NÃO CIRÚRGICO C/ ANVISA",619832.0,"COR: TRANSPARENTE, ESTERILIDADE: NÃO ESTÉRIL, USO ÚNICO, FORMATO: AMBIDESTRA, MATERIAL: BORRACHA SINTÉTICA - VINIL / PVC, PÓ: SEM PÓ, SUPERFÍCIE: SUPERFÍCIE LISA, TAMANHO: PEQUENO - P","EMB",8.0,30.0,240.0,0.0,"2026-06-12"]
["UNIVERSIDADE FEDERAL DE GOIAS-UF/GO",153052.0,3588.0,"Material","153052-30/2026","MATERIAIS HOSPITALARES (INSTRUMENTOS, VESTUÁRIOS E EPI'S)","Catálogo do Compras.gov.br","Material",4240.0,"EQUIPAMENTO PARA SEGURANÇA E SALVAMENTO",1415.0,"BOTA SEGURANÇA",624508.0,"CARACTERÍSTICAS ADICIONAIS: BIQUEIRA DE PVC, COM CADARÇO, COR: MARROM, MATERIAL: COURO, MATERIAL SOLA: BORRACHA, TAMANHO: SOB MEDIDA, TIPO CANO: CURTO, TIPO USO: PROTEÇÃO","PAR",1.0,45.0,45.0,0.0,"2026-06-12"]
["UNIVERSIDADE FEDERAL DE GOIAS-UF/GO",153052.0,3589.0,"Material","153052-30/2026","MATERIAIS HOSPITALARES (INSTRUMENTOS, VESTUÁRIOS E EPI'S)","Catálogo do Compras.gov.br","Material",4240.0,"EQUIPAMENTO PARA SEGURANÇA E SALVAMENTO",419.0,"LUVA DE PROTEÇÃO",626303.0,"ACABAMENTO PALMA: ANTIDERRAPANTE, APLICAÇÃO: LIMPEZA, CARACTERÍSTICAS ADICIONAIS: ANTIDERRAPANTE (GRIP DE BOLINHAS), FINALIDADE: EPI - EQUIPAMENTO DE PROTEÇÃO INDIVIDUAL, MATERIAL: LATÉX, TAMANHO: GRANDE","PAR",40.0,12.0,480.0,0.0,"2026-06-12"]
["UNIVERSIDADE FEDERAL DE GOIAS-UF/GO",153052.0,3590.0,"Material","153052-30/2026","MATERIAIS HOSPITALARES (INSTRUMENTOS, VESTUÁRIOS E EPI'S)","Catálogo do Compras.gov.br","Material",4240.0,"EQUIPAMENTO PARA SEGURANÇA E SALVAMENTO",30032.0,"MÁSCARA PROTEÇÃO RESP. C/ ANVISA",485531.0,"ADICIONAL: CARVÃO ATIVADO, ADICIONAL 2: S/ VÁLVULA, CLASSE: PFF2, N95 OU EQUIVALENTE, COMPONENTE: CLIPE NASAL, COR: C/ COR, ESTERILIDADE: DESCARTÁVEL, FILTRO: EFICIÊNCIA FILTRAÇÃO MÍN. 94% S, MATERIAL: CAMADAS FIBRAS SINTÉTICAS, MODELO: RESPIRADOR TIPO CONCHA, TAMANHO: ADULTO, TIPO FIXAÇÃO: TIRAS VEDAÇÃO ANATÔMICA","UN",300.0,2.0,600.0,0.0,"2026-06-12"]
["UNIVERSIDADE FEDERAL DE GOIAS-UF/GO",153052.0,3591.0,"Material","153052-30/2026","MATERIAIS HOSPITALARES (INSTRUMENTOS, VESTUÁRIOS E EPI'S)","Catálogo do Compras.gov.br","Material",4240.0,"EQUIPAMENTO PARA SEGURANÇA E SALVAMENTO",13711.0,"MÁSCARA MULTIUSO",479905.0,"CARACTERÍSTICAS ADICIONAIS: COM 2 FILTROS LATERAIS SUBSTITUÍVEIS, FINALIDADE: ODORES, POLUIÇÃO, GERMES, BACTÉRIAS, MATERIAL: PVC, TAMANHO: ÚNICO, TIPO CORREIA: AJUSTÁVEL AO ROSTO, TIPO USO: REUTILIZÁVEL","UN",7.0,40.0,280.0,0.0,"2026-06-12"]
["UNIVERSIDADE FEDERAL DE GOIAS-UF/GO",153052.0,2492.0,"Material","153052-15/2026","MATERIAIS PARA LABORATÓRIO, VIDRARIAS","Catálogo do Compras.gov.br","Material",9150.0,"ÓLEOS E GRAXAS PARA CORTE, LUBRIFICAÇÃO E SISTEMAS  HIDRÁULICOS",14780.0,"DESENGRIMPANTE",602645.0,"APLICAÇÃO: USO GERAL, APRESENTAÇÃO: SPRAY, COMPOSIÇÃO: BASE SINTÉTICA BIODEGRADÁVEL","UN",30.0,10.83,324.9,0.0,"2026-06-19"]
["UNIVERSIDADE FEDERAL DE GOIAS-UF/GO",153052.0,2493.0,"Material","153052-15/2026","MATERIAIS PARA LABORATÓRIO, VIDRARIAS","Catálogo do Compras.gov.br","Material",6520.0,"INSTRUMENTOS, EQUIPAMENTOS E SUPRIMENTOS DENTÁRIOS",7994.0,"GESSO - USO ODONTOLÓGICO",428417.0,"TIPO: PEDRA ESPECIAL TIPO IV","EMB",45.0,25.0,1125.0,0.0,"2026-06-19"]
["UNIVERSIDADE FEDERAL DE GOIAS-UF/GO",153052.0,2494.0,"Material","153052-15/2026","MATERIAIS PARA LABORATÓRIO, VIDRARIAS","Catálogo do Compras.gov.br","Material",6640.0,"EQUIPAMENTOS E ARTIGOS DE LABORATÓRIO",10384.0,"INDICADOR DE PH",412644.0,"ESCALA: 0 A 14, TIPO: TIRA DE PAPEL","UN",400.0,1.5,600.0,0.0,"2026-06-19"]
["UNIVERSIDADE FEDERAL DE GOIAS-UF/GO",153052.0,2576.0,"Material","153052-15/2026","MATERIAIS PARA LABORATÓRIO, VIDRARIAS","Catálogo do Compras.gov.br","Material",6640.0,"EQUIPAMENTOS E ARTIGOS DE LABORATÓRIO",13114.0,"TUBO LABORATÓRIO",424742.0,"DIMENSÕES: CERCA DE 5 X 40, MATERIAL: VIDRO, TIPO: DURAN, TIPO FUNDO: FUNDO REDONDO","UN",20.0,0.83,16.6,0.0,"2026-06-19"]
["UNIVERSIDADE FEDERAL DE GOIAS-UF/GO",153052.0,2577.0,"Material","153052-15/2026","MATERIAIS PARA LABORATÓRIO, VIDRARIAS","Catálogo do Compras.gov.br","Material",6640.0,"EQUIPAMENTOS E ARTIGOS DE LABORATÓRIO",8874.0,"PIPETA",410532.0,"ACESSÓRIOS: COM FILTRO HIDRÓFOBO, CAPACIDADE: 10, EMBALAGEM: EMBALAGEM INDIVIDUAL, ESCALA: ESCALA 0,1 EM 0,1 ML, ESTERILIDADE: ESTÉRIL, GRADUAÇÃO: GRADUADA, MATERIAL: PLÁSTICO, TIPO: SOROLÓGICA, TIPO USO: DESCARTÁVEL","UN",100.0,2.35,235.0,0.0,"2026-06-19"]
["UNIVERSIDADE FEDERAL DE GOIAS-UF/GO",153052.0,2578.0,"Material","153052-15/2026","MATERIAIS PARA LABORATÓRIO, VIDRARIAS","Catálogo do Compras.gov.br","Material",6640.0,"EQUIPAMENTOS E ARTIGOS DE LABORATÓRIO",13426.0,"LÂMINA LABORATÓRIO",409706.0,"DIMENSÕES: CERCA DE 75 X 25, MATERIAL: VIDRO, TIPO BORDA: BORDA FOSCA","UN",28.0,8.12,227.36,0.0,"2026-06-19"]
["UNIVERSIDADE FEDERAL DE GOIAS-UF/GO",153052.0,2579.0,"Material","153052-15/2026","MATERIAIS PARA LABORATÓRIO, VIDRARIAS","Catálogo do Compras.gov.br","Material",6640.0,"EQUIPAMENTOS E ARTIGOS DE LABORATÓRIO",6991.0,"FRASCO LABORATÓRIO",409444.0,"CAPACIDADE: 500, GRADUAÇÃO: GRADUADO, MATERIAL: VIDRO, TIPO: REAGENTE, TIPO TAMPA: TAMPA ROSQUEÁVEL COM VEDAÇÃO","UN",9.0,32.4,291.6,0.0,"2026-06-19"]
["UNIVERSIDADE FEDERAL DE GOIAS-UF/GO",153052.0,2580.0,"Material","153052-15/2026","MATERIAIS PARA LABORATÓRIO, VIDRARIAS","Catálogo do Compras.gov.br","Material",6640.0,"EQUIPAMENTOS E ARTIGOS DE LABORATÓRIO",9759.0,"MICROTUBO",408182.0,"CAPACIDADE: 2, CARACTERÍSTICA ADICIONAL: APIROGÊNICO, LIVRE DE DNASE E RNASE, GRADUAÇÃO: GRADUADO, MATERIAL: POLIPROPILENO, TIPO FUNDO: FUNDO CÔNICO, TIPO TAMPA: TAMPA PRESSÃO CHATA","UN",2.0,69.9,139.8,0.0,"2026-06-19"]
["UNIVERSIDADE FEDERAL DE GOIAS-UF/GO",153052.0,2581.0,"Material","153052-15/2026","MATERIAIS PARA LABORATÓRIO, VIDRARIAS","Catálogo do Compras.gov.br","Material",6640.0,"EQUIPAMENTOS E ARTIGOS DE LABORATÓRIO",8925.0,"CAIXA LABORATÓRIO",410241.0,"ACESSÓRIOS: TAMPA COM DOBRADIÇA, ADICIONAL: NUMERADA, CAPACIDADE: 100 LÂMINAS, MATERIAL: POLIPROPILENO","UN",4.0,26.2,104.8,0.0,"2026-06-19"]
["UNIVERSIDADE FEDERAL DE GOIAS-UF/GO",153052.0,2582.0,"Material","153052-15/2026","MATERIAIS PARA LABORATÓRIO, VIDRARIAS","Catálogo do Compras.gov.br","Material",6640.0,"EQUIPAMENTOS E ARTIGOS DE LABORATÓRIO",14152.0,"FRASCO PARA CULTURA CELULAR",443426.0,"ADICIONAL: COM FILTRO ESTÉRIL, COMPONENTES: COM BOCAL INCLINADO, ESTERILIDADE*: ESTÉRIL, APIROGÊNICO, LIVRE DE DNASE E RNASE, GRADUAÇÃO: GRADUADO, MATERIAL: POLIESTIRENO, OPACICIDADE: TRANSPARENTE, TIPO TAMPA: TAMPA ROSQUEÁVEL, TIPO USO: DESCARTÁVEL, ÁREA: 75","UN",100.0,8.8,880.0,0.0,"2026-06-19"]
["UNIVERSIDADE FEDERAL DE GOIAS-UF/GO",153052.0,2583.0,"Material","153052-15/2026","MATERIAIS PARA LABORATÓRIO, VIDRARIAS","Catálogo do Compras.gov.br","Material",6640.0,"EQUIPAMENTOS E ARTIGOS DE LABORATÓRIO",2242.0,"ALÇA BACTERIOLÓGICA",408809.0,"CALIBRAGEM: CALIBRADA, COMPONENTES: SEM CABO, MATERIAL*: NÍQUEL CROMO, VOLUME: 10 MCL","UN",10.0,6.3,63.0,0.0,"2026-06-19"]
["UNIVERSIDADE FEDERAL DE GOIAS-UF/GO",153052.0,2584.0,"Material","153052-15/2026","MATERIAIS PARA LABORATÓRIO, VIDRARIAS","Catálogo do Compras.gov.br","Material",6640.0,"EQUIPAMENTOS E ARTIGOS DE LABORATÓRIO",6991.0,"FRASCO LABORATÓRIO",409445.0,"CAPACIDADE: 1000, GRADUAÇÃO: GRADUADO, MATERIAL: VIDRO, TIPO: REAGENTE, TIPO TAMPA: TAMPA ROSQUEÁVEL COM VEDAÇÃO","UN",2.0,49.0,98.0,0.0,"2026-06-19"]
["UNIVERSIDADE FEDERAL DE GOIAS-UF/GO",153052.0,2585.0,"Material","153052-15/2026","MATERIAIS PARA LABORATÓRIO, VIDRARIAS","Catálogo do Compras.gov.br","Material",6640.0,"EQUIPAMENTOS E ARTIGOS DE LABORATÓRIO",13114.0,"TUBO LABORATÓRIO",409760.0,"ACESSÓRIOS: TAMPA ROSQUEÁVEL, CAPACIDADE: 15, GRADUAÇÃO: GRADUADO, MATERIAL: POLIPROPILENO, TIPO: CENTRÍFUGA, TIPO FUNDO: FUNDO CÔNICO, USO: AUTOCLAVÁVEL","UN",4.0,35.0,140.0,0.0,"2026-06-19"]
["UNIVERSIDADE FEDERAL DE GOIAS-UF/GO",153052.0,2586.0,"Material","153052-15/2026","MATERIAIS PARA LABORATÓRIO, VIDRARIAS","Catálogo do Compras.gov.br","Material",6640.0,"EQUIPAMENTOS E ARTIGOS DE LABORATÓRIO",6995.0,"ESPÁTULA LABORATÓRIO",420830.0,"COMPRIMENTO: CERCA DE 15, FORMATO: CHATA COM COLHER, MATERIAL: AÇO INOX","UN",2.0,18.0,36.0,0.0,"2026-06-19"]
["UNIVERSIDADE FEDERAL DE GOIAS-UF/GO",153052.0,2587.0,"Material","153052-15/2026","MATERIAIS PARA LABORATÓRIO, VIDRARIAS","Catálogo do Compras.gov.br","Material",6640.0,"EQUIPAMENTOS E ARTIGOS DE LABORATÓRIO",10679.0,"PÉROLA DE VIDRO - LABORATÓRIO",474751.0,"DIÂMETRO: CERCA DE 4","KG",1.0,76.9,76.9,0.0,"2026-06-19"]
["UNIVERSIDADE FEDERAL DE GOIAS-UF/GO",153052.0,2588.0,"Material","153052-15/2026","MATERIAIS PARA LABORATÓRIO, VIDRARIAS","Catálogo do Compras.gov.br","Material",6640.0,"EQUIPAMENTOS E ARTIGOS DE LABORATÓRIO",8862.0,"ALFINETE ENTOMOLÓGICO",427298.0,"ADICIONAL: COM CABEÇA, DIMENSÕES: CERCA DE 40 X 0,40, MATERIAL: AÇO INOX","UN",2.0,75.8,151.6,0.0,"2026-06-19"]
["UNIVERSIDADE FEDERAL DE GOIAS-UF/GO",153052.0,2495.0,"Material","153052-15/2026","MATERIAIS PARA LABORATÓRIO, VIDRARIAS","Catálogo do Compras.gov.br","Material",6640.0,"EQUIPAMENTOS E ARTIGOS DE LABORATÓRIO",3433.0,"BASTÃO LABORATÓRIO",409529.0,"DIMENSÕES: CERCA DE 5 X 300, MATERIAL: VIDRO","UN",5.0,2.05,10.25,0.0,"2026-06-19"]
["UNIVERSIDADE FEDERAL DE GOIAS-UF/GO",153052.0,2496.0,"Material","153052-15/2026","MATERIAIS PARA LABORATÓRIO, VIDRARIAS","Catálogo do Compras.gov.br","Material",6640.0,"EQUIPAMENTOS E ARTIGOS DE LABORATÓRIO",7875.0,"SUPORTE LABORATÓRIO",470789.0,"DIMENSÕES: CERCA DE 25, MATERIAL: AÇO INOXIDÁVEL, TIPO: HASTE","UN",3.0,140.0,420.0,0.0,"2026-06-19"]
["UNIVERSIDADE FEDERAL DE GOIAS-UF/GO",153052.0,2497.0,"Material","153052-15/2026","MATERIAIS PARA LABORATÓRIO, VIDRARIAS","Catálogo do Compras.gov.br","Material",6640.0,"EQUIPAMENTOS E ARTIGOS DE LABORATÓRIO",4736.0,"FUNIL LABORATÓRIO",419977.0,"ADICIONAL: RAIADO, CAPACIDADE: 125, MATERIAL: PLÁSTICO, TIPO HASTE: HASTE CURTA, TIPO USO: ANALÍTICO","UN",2.0,22.37,44.74,0.0,"2026-06-19"]
["UNIVERSIDADE FEDERAL DE GOIAS-UF/GO",153052.0,2498.0,"Material","153052-15/2026","MATERIAIS PARA LABORATÓRIO, VIDRARIAS","Catálogo do Compras.gov.br","Material",6640.0,"EQUIPAMENTOS E ARTIGOS DE LABORATÓRIO",3528.0,"BICO DE BÜNSEN",408553.0,"ALTURA: CERCA DE 15, COMPONENTES: COM REGISTRO, MATERIAL: BASE EM FERRO","UN",2.0,113.05,226.1,0.0,"2026-06-19"]
["UNIVERSIDADE FEDERAL DE GOIAS-UF/GO",153052.0,2499.0,"Material","153052-15/2026","MATERIAIS PARA LABORATÓRIO, VIDRARIAS","Catálogo do Compras.gov.br","Material",6640.0,"EQUIPAMENTOS E ARTIGOS DE LABORATÓRIO",5363.0,"PROVETA",409897.0,"ADICIONAL: COM ORLA E BICO, BASE: BASE PLÁSTICA, CAPACIDADE: 2000, GRADUAÇÃO: GRADUADA, MATERIAL: POLIPROPILENO","UN",2.0,167.58,335.16,0.0,"2026-06-19"]
["UNIVERSIDADE FEDERAL DE GOIAS-UF/GO",153052.0,2500.0,"Material","153052-15/2026","MATERIAIS PARA LABORATÓRIO, VIDRARIAS","Catálogo do Compras.gov.br","Material",6640.0,"EQUIPAMENTOS E ARTIGOS DE LABORATÓRIO",17815.0,"ANEL LABORATÓRIO",421658.0,"CARACTERÍSTICAS ADICIONAIS: CROMADO COM MUFA, DIÂMETRO: 50, MATERIAL: FERRO","UN",1.0,42.88,42.88,0.0,"2026-06-19"]
["UNIVERSIDADE FEDERAL DE GOIAS-UF/GO",153052.0,2501.0,"Material","153052-15/2026","MATERIAIS PARA LABORATÓRIO, VIDRARIAS","Catálogo do Compras.gov.br","Material",6640.0,"EQUIPAMENTOS E ARTIGOS DE LABORATÓRIO",4736.0,"FUNIL LABORATÓRIO",411931.0,"ADICIONAL: RAIADO, CAPACIDADE: 250, MATERIAL: VIDRO, TIPO HASTE: HASTE CURTA, TIPO USO: ANALÍTICO","UN",2.0,52.63,105.26,0.0,"2026-06-19"]
["UNIVERSIDADE FEDERAL DE GOIAS-UF/GO",153052.0,2502.0,"Material","153052-15/2026","MATERIAIS PARA LABORATÓRIO, VIDRARIAS","Catálogo do Compras.gov.br","Material",6640.0,"EQUIPAMENTOS E ARTIGOS DE LABORATÓRIO",5363.0,"PROVETA",409895.0,"ADICIONAL: COM ORLA E BICO, BASE: BASE PLÁSTICA, CAPACIDADE: 500, GRADUAÇÃO: GRADUADA, MATERIAL: POLIPROPILENO","UN",3.0,20.18,60.54,0.0,"2026-06-19"]
["UNIVERSIDADE FEDERAL DE GOIAS-UF/GO",153052.0,2503.0,"Material","153052-15/2026","MATERIAIS PARA LABORATÓRIO, VIDRARIAS","Catálogo do Compras.gov.br","Material",6640.0,"EQUIPAMENTOS E ARTIGOS DE LABORATÓRIO",5363.0,"PROVETA",409896.0,"ADICIONAL: COM ORLA E BICO, BASE: BASE PLÁSTICA, CAPACIDADE: 1000, GRADUAÇÃO: GRADUADA, MATERIAL: POLIPROPILENO","UN",2.0,46.17,92.34,0.0,"2026-06-19"]
["UNIVERSIDADE FEDERAL DE GOIAS-UF/GO",153052.0,2504.0,"Material","153052-15/2026","MATERIAIS PARA LABORATÓRIO, VIDRARIAS","Catálogo do Compras.gov.br","Material",6640.0,"EQUIPAMENTOS E ARTIGOS DE LABORATÓRIO",17815.0,"ANEL LABORATÓRIO",432682.0,"CARACTERÍSTICAS ADICIONAIS: CROMADO COM MUFA, DIÂMETRO: 15, MATERIAL: FERRO","UN",1.0,63.0,63.0,0.0,"2026-06-19"]
["UNIVERSIDADE FEDERAL DE GOIAS-UF/GO",153052.0,2505.0,"Material","153052-15/2026","MATERIAIS PARA LABORATÓRIO, VIDRARIAS","Catálogo do Compras.gov.br","Material",6640.0,"EQUIPAMENTOS E ARTIGOS DE LABORATÓRIO",17815.0,"ANEL LABORATÓRIO",431837.0,"CARACTERÍSTICAS ADICIONAIS: CROMADO COM MUFA, DIÂMETRO: 10, MATERIAL: FERRO","UN",1.0,55.13,55.13,0.0,"2026-06-19"]
["UNIVERSIDADE FEDERAL DE GOIAS-UF/GO",153052.0,2506.0,"Material","153052-15/2026","MATERIAIS PARA LABORATÓRIO, VIDRARIAS","Catálogo do Compras.gov.br","Material",6640.0,"EQUIPAMENTOS E ARTIGOS DE LABORATÓRIO",3433.0,"BASTÃO LABORATÓRIO",431722.0,"ADICIONAL: PARA COLETA DE BARRAS MAGNÉTICAS, DIMENSÕES: CERCA DE 8 X 300, MATERIAL: VIDRO","UN",5.0,2.34,11.7,0.0,"2026-06-19"]
["UNIVERSIDADE FEDERAL DE GOIAS-UF/GO",153052.0,2507.0,"Material","153052-15/2026","MATERIAIS PARA LABORATÓRIO, VIDRARIAS","Catálogo do Compras.gov.br","Material",6640.0,"EQUIPAMENTOS E ARTIGOS DE LABORATÓRIO",3433.0,"BASTÃO LABORATÓRIO",409533.0,"DIMENSÕES: CERCA DE 10 X 300, MATERIAL: POLIPROPILENO","UN",5.0,5.04,25.2,0.0,"2026-06-19"]
["UNIVERSIDADE FEDERAL DE GOIAS-UF/GO",153052.0,2456.0,"Serviço","153052-161/2026","DLOG - Serviços regularização do imobilizado e avaliação patrimonial","Catálogo do Compras.gov.br","Serviço",859.0,"OUTROS SERVIÇOS DE SUPORTE",{"$nulls":4},"-",0.0,0.0,1140000.0,0.0,"2026-12-30"]
["UNIVERSIDADE FEDERAL DE GOIAS-UF/GO",153052.0,3569.0,"Material","153052-30/2026","MATERIAIS HOSPITALARES (INSTRUMENTOS, VESTUÁRIOS E EPI'S)","Catálogo do Compras.gov.br","Material",6515.0,"INSTRUMENTOS, EQUIPAMENTOS E SUPRIMENTOS MÉDICOS  E  CIRÚRGICOS",18087.0,"FRASCO - TIPO ALMOTOLIA",421821.0,"CAPACIDADE: 1.000, COR: TRANSPARENTE, MATERIAL: POLIETILENO (PLÁSTICO), TIPO BICO: BICO CURVO, TIPO TAMPA: TAMPA EM ROSCA","UN",4.0,15.5,62.0,0.0,"2026-06-12"]
["UNIVERSIDADE FEDERAL DE GOIAS-UF/GO",153052.0,2457.0,"Material","153052-15/2026","MATERIAIS PARA LABORATÓRIO, VIDRARIAS","Catálogo do Compras.gov.br","Material",6630.0,"INSTRUMENTOS PARA ANÁLISES QUÍMICAS",6461.0,"ELETRODO MEDIÇÃO PH",477006.0,"CARACTERÍSTICAS ADICIONAIS: JUNÇÃO DIAFRAGMA: ABERTA, COMPONENTES: 01 DIAFRAGMA, FAIXA OPERAÇÃO ACIDEZ: 2 A 11, TEMPERATURA TRABALHO: 0 A 80, TIPO: PERFURAÇÃO DE BAIXA MANUTENÇÃO","UN",25.0,218.5,5462.5,0.0,"2026-06-19"]
["UNIVERSIDADE FEDERAL DE GOIAS-UF/GO",153052.0,2458.0,"Material","153052-15/2026","MATERIAIS PARA LABORATÓRIO, VIDRARIAS","Catálogo do Compras.gov.br","Material",6640.0,"EQUIPAMENTOS E ARTIGOS DE LABORATÓRIO",6991.0,"FRASCO LABORATÓRIO",419975.0,"CAPACIDADE: 100, GRADUAÇÃO: GRADUADO, MATERIAL: VIDRO, TIPO BOCA: BOCA LARGA, TIPO TAMPA: TAMPA ROSQUEÁVEL COM VEDAÇÃO","UN",10.0,89.0,890.0,0.0,"2026-06-19"]
["UNIVERSIDADE FEDERAL DE GOIAS-UF/GO",153052.0,2459.0,"Material","153052-15/2026","MATERIAIS PARA LABORATÓRIO, VIDRARIAS","Catálogo do Compras.gov.br","Material",6640.0,"EQUIPAMENTOS E ARTIGOS DE LABORATÓRIO",8874.0,"PIPETA",414253.0,"CAPACIDADE: 50, ESGOTAMENTO: ESGOTAMENTO TOTAL, MATERIAL: VIDRO, TIPO: VOLUMÉTRICA","UN",3.0,20.0,60.0,0.0,"2026-06-19"]
["UNIVERSIDADE FEDERAL DE GOIAS-UF/GO",153052.0,2460.0,"Material","153052-15/2026","MATERIAIS PARA LABORATÓRIO, VIDRARIAS","Catálogo do Compras.gov.br","Material",6640.0,"EQUIPAMENTOS E ARTIGOS DE LABORATÓRIO",6991.0,"FRASCO LABORATÓRIO",420038.0,"CAPACIDADE: 450, GRADUAÇÃO: GRADUADO, MATERIAL: VIDRO, TIPO: CHAPMAN","UN",2.0,270.0,540.0,0.0,"2026-06-19"]
["UNIVERSIDADE FEDERAL DE GOIAS-UF/GO",153052.0,2461.0,"Material","153052-15/2026","MATERIAIS PARA LABORATÓRIO, VIDRARIAS","Catálogo do Compras.gov.br","Material",6640.0,"EQUIPAMENTOS E ARTIGOS DE LABORATÓRIO",4736.0,"FUNIL LABORATÓRIO",427147.0,"ADICIONAL: RAIADO, CAPACIDADE: 250, MATERIAL: VIDRO, TIPO HASTE: HASTE LONGA, TIPO USO: ANALÍTICO","UN",8.0,65.0,520.0,0.0,"2026-06-19"]
["UNIVERSIDADE FEDERAL DE GOIAS-UF/GO",153052.0,2462.0,"Material","153052-15/2026","MATERIAIS PARA LABORATÓRIO, VIDRARIAS","Catálogo do Compras.gov.br","Material",6640.0,"EQUIPAMENTOS E ARTIGOS DE LABORATÓRIO",517.0,"BÉQUER",408287.0,"ADICIONAL: COM ORLA E BICO, CAPACIDADE: 2000, FORMATO: FORMA BAIXA, GRADUAÇÃO: GRADUADO, MATERIAL: POLIPROPILENO","UN",8.0,22.0,176.0,0.0,"2026-06-19"]
["UNIVERSIDADE FEDERAL DE GOIAS-UF/GO",153052.0,2463.0,"Material","153052-15/2026","MATERIAIS PARA LABORATÓRIO, VIDRARIAS","Catálogo do Compras.gov.br","Material",6640.0,"EQUIPAMENTOS E ARTIGOS DE LABORATÓRIO",517.0,"BÉQUER",408273.0,"ADICIONAL: COM ORLA E BICO, CAPACIDADE: 2000, FORMATO: FORMA BAIXA, GRADUAÇÃO: GRADUADO, MATERIAL: VIDRO","UN",13.0,36.0,468.0,0.0,"2026-06-19"]
["UNIVERSIDADE FEDERAL DE GOIAS-UF/GO",153052.0,2464.0,"Material","153052-15/2026","MATERIAIS PARA LABORATÓRIO, VIDRARIAS","Catálogo do Compras.gov.br","Material",6640.0,"EQUIPAMENTOS E ARTIGOS DE LABORATÓRIO",8874.0,"PIPETA",414253.0,"CAPACIDADE: 50, ESGOTAMENTO: ESGOTAMENTO TOTAL, MATERIAL: VIDRO, TIPO: VOLUMÉTRICA","UN",12.0,20.0,240.0,0.0,"2026-06-19"]
["UNIVERSIDADE FEDERAL DE GOIAS-UF/GO",153052.0,2465.0,"Material","153052-15/2026","MATERIAIS PARA LABORATÓRIO, VIDRARIAS","Catálogo do Compras.gov.br","Material",6640.0,"EQUIPAMENTOS E ARTIGOS DE LABORATÓRIO",10757.0,"PIPETADOR",421099.0,"AJUSTE: TIPO PERA, CAPACIDADE: ATÉ 100, COMPONENTES*: COM 3 VIAS, MATERIAL: PLÁSTICO, TIPO: MANUAL","UN",10.0,21.9,219.0,0.0,"2026-06-19"]
["UNIVERSIDADE FEDERAL DE GOIAS-UF/GO",153052.0,2466.0,"Material","153052-15/2026","MATERIAIS PARA LABORATÓRIO, VIDRARIAS","Catálogo do Compras.gov.br","Material",6640.0,"EQUIPAMENTOS E ARTIGOS DE LABORATÓRIO",17593.0,"ERLENMEYER",419838.0,"ADICIONAL: COM ORLA, GRADUAÇÃO: GRADUADO, MATERIAL: VIDRO, TIPO BOCA: BOCA LARGA, VOLUME: 150","UN",100.0,14.38,1438.0,0.0,"2026-06-19"]
["UNIVERSIDADE FEDERAL DE GOIAS-UF/GO",153052.0,2467.0,"Material","153052-15/2026","MATERIAIS PARA LABORATÓRIO, VIDRARIAS","Catálogo do Compras.gov.br","Material",6640.0,"EQUIPAMENTOS E ARTIGOS DE LABORATÓRIO",2671.0,"BALÃO LABORATÓRIO",409237.0,"ACESSÓRIOS: ROLHA DE VIDRO, CAPACIDADE: 250, MATERIAL: VIDRO, TIPO FUNDO: FUNDO CHATO, TIPO USO: VOLUMÉTRICO","UN",8.0,60.0,480.0,0.0,"2026-06-19"]
["UNIVERSIDADE FEDERAL DE GOIAS-UF/GO",153052.0,2468.0,"Material","153052-15/2026","MATERIAIS PARA LABORATÓRIO, VIDRARIAS","Catálogo do Compras.gov.br","Material",6640.0,"EQUIPAMENTOS E ARTIGOS DE LABORATÓRIO",4736.0,"FUNIL LABORATÓRIO",411931.0,"ADICIONAL: RAIADO, CAPACIDADE: 250, MATERIAL: VIDRO, TIPO HASTE: HASTE CURTA, TIPO USO: ANALÍTICO","UN",8.0,40.0,320.0,0.0,"2026-06-19"]
["UNIVERSIDADE FEDERAL DE GOIAS-UF/GO",153052.0,2469.0,"Material","153052-15/2026","MATERIAIS PARA LABORATÓRIO, VIDRARIAS","Catálogo do Compras.gov.br","Material",6640.0,"EQUIPAMENTOS E ARTIGOS DE LABORATÓRIO",517.0,"BÉQUER",408266.0,"ADICIONAL: COM ORLA E BICO, CAPACIDADE: 250, FORMATO: FORMA BAIXA, GRADUAÇÃO: GRADUADO, MATERIAL: VIDRO","UN",18.0,6.0,108.0,0.0,"2026-06-19"]
["UNIVERSIDADE FEDERAL DE GOIAS-UF/GO",153052.0,2470.0,"Material","153052-15/2026","MATERIAIS PARA LABORATÓRIO, VIDRARIAS","Catálogo do Compras.gov.br","Material",6640.0,"EQUIPAMENTOS E ARTIGOS DE LABORATÓRIO",2671.0,"BALÃO LABORATÓRIO",458143.0,"ACESSÓRIOS: ROLHA DE VIDRO, CAPACIDADE: 100, MATERIAL: VIDRO ÂMBAR, TIPO FUNDO: FUNDO CHATO, TIPO USO: VOLUMÉTRICO","UN",5.0,68.0,340.0,0.0,"2026-06-19"]
["UNIVERSIDADE FEDERAL DE GOIAS-UF/GO",153052.0,2471.0,"Material","153052-15/2026","MATERIAIS PARA LABORATÓRIO, VIDRARIAS","Catálogo do Compras.gov.br","Material",6640.0,"EQUIPAMENTOS E ARTIGOS DE LABORATÓRIO",17593.0,"ERLENMEYER",409397.0,"ADICIONAL: COM ORLA, GRADUAÇÃO: GRADUADO, MATERIAL: VIDRO, TIPO BOCA: BOCA LARGA, VOLUME: 125","UN",15.0,12.0,180.0,0.0,"2026-06-19"]
["UNIVERSIDADE FEDERAL DE GOIAS-UF/GO",153052.0,2472.0,"Material","153052-15/2026","MATERIAIS PARA LABORATÓRIO, VIDRARIAS","Catálogo do Compras.gov.br","Material",6640.0,"EQUIPAMENTOS E ARTIGOS DE LABORATÓRIO",10757.0,"PIPETADOR",408655.0,"AJUSTE: TIPO ROLDANA, CAPACIDADE: ATÉ 10, MATERIAL: PLÁSTICO, TIPO: MANUAL","UN",10.0,21.99,219.9,0.0,"2026-06-19"]
["UNIVERSIDADE FEDERAL DE GOIAS-UF/GO",153052.0,2473.0,"Material","153052-15/2026","MATERIAIS PARA LABORATÓRIO, VIDRARIAS","Catálogo do Compras.gov.br","Material",6640.0,"EQUIPAMENTOS E ARTIGOS DE LABORATÓRIO",6991.0,"FRASCO LABORATÓRIO",450304.0,"CAPACIDADE: 125, MATERIAL: VIDRO, TIPO: DRESCHEL","UN",20.0,22.0,440.0,0.0,"2026-06-19"]
["UNIVERSIDADE FEDERAL DE GOIAS-UF/GO",153052.0,2474.0,"Material","153052-15/2026","MATERIAIS PARA LABORATÓRIO, VIDRARIAS","Catálogo do Compras.gov.br","Material",6640.0,"EQUIPAMENTOS E ARTIGOS DE LABORATÓRIO",8874.0,"PIPETA",423975.0,"CAPACIDADE: 3, MATERIAL: PLÁSTICO, TIPO: PASTEUR, TIPO USO: DESCARTÁVEL","UN",300.0,0.22,66.0,0.0,"2026-06-19"]
["UNIVERSIDADE FEDERAL DE GOIAS-UF/GO",153052.0,2475.0,"Material","153052-15/2026","MATERIAIS PARA LABORATÓRIO, VIDRARIAS","Catálogo do Compras.gov.br","Material",6640.0,"EQUIPAMENTOS E ARTIGOS DE LABORATÓRIO",517.0,"BÉQUER",408286.0,"ADICIONAL: COM ORLA E BICO, CAPACIDADE: 1000, FORMATO: FORMA BAIXA, GRADUAÇÃO: GRADUADO, MATERIAL: POLIPROPILENO","UN",33.0,16.0,528.0,0.0,"2026-06-19"]
["UNIVERSIDADE FEDERAL DE GOIAS-UF/GO",153052.0,2476.0,"Material","153052-15/2026","MATERIAIS PARA LABORATÓRIO, VIDRARIAS","Catálogo do Compras.gov.br","Material",6640.0,"EQUIPAMENTOS E ARTIGOS DE LABORATÓRIO",13114.0,"TUBO LABORATÓRIO",409038.0,"ADICIONAL: SEM ORLA, DIMENSÕES: CERCA DE 20 X 150, MATERIAL: VIDRO, TIPO: ENSAIO, TIPO FUNDO: FUNDO REDONDO","UN",20.0,5.61,112.2,0.0,"2026-06-19"]
["UNIVERSIDADE FEDERAL DE GOIAS-UF/GO",153052.0,2477.0,"Material","153052-15/2026","MATERIAIS PARA LABORATÓRIO, VIDRARIAS","Catálogo do Compras.gov.br","Material",6640.0,"EQUIPAMENTOS E ARTIGOS DE LABORATÓRIO",17593.0,"ERLENMEYER",424239.0,"ACESSÓRIOS: TAMPA ROSQUEÁVEL COM VENTILAÇÃO, ESTERILIDADE: ESTÉRIL DESCARTÁVEL, GRADUAÇÃO: GRADUADO, MATERIAL: PLÁSTICO, TIPO BOCA: BOCA ESTREITA, VOLUME: 250","UN",10.0,17.32,173.2,0.0,"2026-06-19"]
["UNIVERSIDADE FEDERAL DE GOIAS-UF/GO",153052.0,2478.0,"Material","153052-15/2026","MATERIAIS PARA LABORATÓRIO, VIDRARIAS","Catálogo do Compras.gov.br","Material",6640.0,"EQUIPAMENTOS E ARTIGOS DE LABORATÓRIO",6991.0,"FRASCO LABORATÓRIO",420038.0,"CAPACIDADE: 450, GRADUAÇÃO: GRADUADO, MATERIAL: VIDRO, TIPO: CHAPMAN","UN",2.0,450.0,900.0,0.0,"2026-06-19"]
["UNIVERSIDADE FEDERAL DE GOIAS-UF/GO",153052.0,2479.0,"Material","153052-15/2026","MATERIAIS PARA LABORATÓRIO, VIDRARIAS","Catálogo do Compras.gov.br","Material",6640.0,"EQUIPAMENTOS E ARTIGOS DE LABORATÓRIO",517.0,"BÉQUER",408271.0,"ADICIONAL: COM ORLA E BICO, CAPACIDADE: 1000, FORMATO: FORMA BAIXA, GRADUAÇÃO: GRADUADO, MATERIAL: VIDRO","UN",33.0,15.0,495.0,0.0,"2026-06-19"]
["UNIVERSIDADE FEDERAL DE GOIAS-UF/GO",153052.0,2480.0,"Material","153052-15/2026","MATERIAIS PARA LABORATÓRIO, VIDRARIAS","Catálogo do Compras.gov.br","Material",6640.0,"EQUIPAMENTOS E ARTIGOS DE LABORATÓRIO",2671.0,"BALÃO LABORATÓRIO",458142.0,"ACESSÓRIOS: ROLHA DE VIDRO, CAPACIDADE: 50, MATERIAL: VIDRO ÂMBAR, TIPO FUNDO: FUNDO CHATO, TIPO USO: VOLUMÉTRICO","UN",6.0,32.0,192.0,0.0,"2026-06-19"]
["UNIVERSIDADE FEDERAL DE GOIAS-UF/GO",153052.0,2481.0,"Material","153052-15/2026","MATERIAIS PARA LABORATÓRIO, VIDRARIAS","Catálogo do Compras.gov.br","Material",6640.0,"EQUIPAMENTOS E ARTIGOS DE LABORATÓRIO",4493.0,"CÁPSULA DE EVAPORAÇÃO",409489.0,"ADICIONAL: COM BICO, DIÂMETRO: CERCA DE 110, FORMATO: FUNDO CHATO, MATERIAL: PORCELANA","UN",10.0,31.0,310.0,0.0,"2026-06-19"]
["UNIVERSIDADE FEDERAL DE GOIAS-UF/GO",153052.0,2482.0,"Material","153052-15/2026","MATERIAIS PARA LABORATÓRIO, VIDRARIAS","Catálogo do Compras.gov.br","Material",6640.0,"EQUIPAMENTOS E ARTIGOS DE LABORATÓRIO",17593.0,"ERLENMEYER",420750.0,"ACESSÓRIOS: TAMPA ROSQUEÁVEL COM VEDAÇÃO, GRADUAÇÃO: GRADUADO, MATERIAL: VIDRO, TIPO BOCA: BOCA ESTREITA, VOLUME: 100","UN",20.0,10.0,200.0,0.0,"2026-06-19"]
["UNIVERSIDADE FEDERAL DE GOIAS-UF/GO",153052.0,2483.0,"Material","153052-15/2026","MATERIAIS PARA LABORATÓRIO, VIDRARIAS","Catálogo do Compras.gov.br","Material",6640.0,"EQUIPAMENTOS E ARTIGOS DE LABORATÓRIO",10757.0,"PIPETADOR",408656.0,"AJUSTE: TIPO ROLDANA, CAPACIDADE: ATÉ 25, MATERIAL: PLÁSTICO, TIPO: MANUAL","UN",3.0,21.99,65.97,0.0,"2026-06-19"]
["UNIVERSIDADE FEDERAL DE GOIAS-UF/GO",153052.0,2484.0,"Material","153052-15/2026","MATERIAIS PARA LABORATÓRIO, VIDRARIAS","Catálogo do Compras.gov.br","Material",6640.0,"EQUIPAMENTOS E ARTIGOS DE LABORATÓRIO",10757.0,"PIPETADOR",408654.0,"AJUSTE: TIPO ROLDANA, CAPACIDADE: ATÉ 2, MATERIAL: PLÁSTICO, TIPO: MANUAL","UN",5.0,21.99,109.95,0.0,"2026-06-19"]
["UNIVERSIDADE FEDERAL DE GOIAS-UF/GO",153052.0,2485.0,"Material","153052-15/2026","MATERIAIS PARA LABORATÓRIO, VIDRARIAS","Catálogo do Compras.gov.br","Material",6640.0,"EQUIPAMENTOS E ARTIGOS DE LABORATÓRIO",517.0,"BÉQUER",408268.0,"ADICIONAL: COM ORLA E BICO, CAPACIDADE: 500, FORMATO: FORMA BAIXA, GRADUAÇÃO: GRADUADO, MATERIAL: VIDRO","UN",18.0,10.0,180.0,0.0,"2026-06-19"]
["UNIVERSIDADE FEDERAL DE GOIAS-UF/GO",153052.0,2486.0,"Material","153052-15/2026","MATERIAIS PARA LABORATÓRIO, VIDRARIAS","Catálogo do Compras.gov.br","Material",6640.0,"EQUIPAMENTOS E ARTIGOS DE LABORATÓRIO",3964.0,"BURETA",409140.0,"ACESSÓRIOS: COM TORNEIRA DE TEFLON, ADICIONAL: COM FAIXA AZUL, ESCALA: GRADUAÇÃO MÁXIMA 0,2 EM 0,2 ML, NUMERADA, GRADUAÇÃO: GRADUADA, MATERIAL: VIDRO, VOLUME: 100","UN",3.0,80.0,240.0,0.0,"2026-06-19"]
["UNIVERSIDADE FEDERAL DE GOIAS-UF/GO",153052.0,2487.0,"Material","153052-15/2026","MATERIAIS PARA LABORATÓRIO, VIDRARIAS","Catálogo do Compras.gov.br","Material",6640.0,"EQUIPAMENTOS E ARTIGOS DE LABORATÓRIO",517.0,"BÉQUER",408289.0,"ADICIONAL: COM ORLA E BICO, CAPACIDADE: 100, FORMATO: FORMA BAIXA, GRADUAÇÃO: GRADUADO, MATERIAL: POLIPROPILENO","UN",18.0,5.0,90.0,0.0,"2026-06-19"]
["UNIVERSIDADE FEDERAL DE GOIAS-UF/GO",153052.0,2488.0,"Material","153052-15/2026","MATERIAIS PARA LABORATÓRIO, VIDRARIAS","Catálogo do Compras.gov.br","Material",6640.0,"EQUIPAMENTOS E ARTIGOS DE LABORATÓRIO",2671.0,"BALÃO LABORATÓRIO",409839.0,"ADICIONAL: COM 1 JUNTA, CAPACIDADE: 500, MATERIAL: VIDRO, TIPO FUNDO: FUNDO CHATO","UN",23.0,60.0,1380.0,0.0,"2026-06-19"]
["UNIVERSIDADE FEDERAL DE GOIAS-UF/GO",153052.0,2489.0,"Material","153052-15/2026","MATERIAIS PARA LABORATÓRIO, VIDRARIAS","Catálogo do Compras.gov.br","Material",6640.0,"EQUIPAMENTOS E ARTIGOS DE LABORATÓRIO",517.0,"BÉQUER",419773.0,"ADICIONAL: COM ORLA E BICO, CAPACIDADE: 50, FORMATO: FORMA BAIXA, GRADUAÇÃO: GRADUADO, MATERIAL: POLIPROPILENO","UN",18.0,5.0,90.0,0.0,"2026-06-19"]
["UNIVERSIDADE FEDERAL DE GOIAS-UF/GO",153052.0,2490.0,"Material","153052-15/2026","MATERIAIS PARA LABORATÓRIO, VIDRARIAS","Catálogo do Compras.gov.br","Material",6640.0,"EQUIPAMENTOS E ARTIGOS DE LABORATÓRIO",6991.0,"FRASCO LABORATÓRIO",409500.0,"CAPACIDADE: 250, GRADUAÇÃO: GRADUADO, MATERIAL: VIDRO, TIPO: LE CHATELIER, TIPO TAMPA: ROLHA DE VIDRO","UN",4.0,240.0,960.0,0.0,"2026-06-19"]
["UNIVERSIDADE FEDERAL DE GOIAS-UF/GO",153052.0,2491.0,"Material","153052-15/2026","MATERIAIS PARA LABORATÓRIO, VIDRARIAS","Catálogo do Compras.gov.br","Material",7290.0,"UTENSÍLIOS COMERCIAIS E DOMÉSTICOS DIVERSOS",1333.0,"ESCORREDOR VIDROS",449714.0,"COMPRIMENTO: 50, LARGURA: 50, MATERIAL: POLIPROPILENO, QUANTIDADE PINOS: 25, TIPO: PAREDE","UN",7.0,220.0,1540.0,0.0,"2026-06-19"]
["UNIVERSIDADE FEDERAL DE GOIAS-UF/GO",153052.0,2523.0,"Material","153052-15/2026","MATERIAIS PARA LABORATÓRIO, VIDRARIAS","Catálogo do Compras.gov.br","Material",6640.0,"EQUIPAMENTOS E ARTIGOS DE LABORATÓRIO",15188.0,"CILINDRO ESTERILIZADOR",440653.0,"CARACTERÍSTICAS ADICIONAIS*: C/ TAMPA, DIMENSÕES: CERCA DE 120 X 270, FORMATO: REDONDO, MATERIAL: AÇO INOXIDÁVEL, TIPO USO: P/ ATÉ 12 PLACAS DE PETRI DE 100 X 20 MM","UN",1.0,350.0,350.0,0.0,"2026-06-19"]
["UNIVERSIDADE FEDERAL DE GOIAS-UF/GO",153052.0,2530.0,"Material","153052-15/2026","MATERIAIS PARA LABORATÓRIO, VIDRARIAS","Catálogo do Compras.gov.br","Material",6640.0,"EQUIPAMENTOS E ARTIGOS DE LABORATÓRIO",8874.0,"PIPETA",423322.0,"ACESSÓRIOS: COM 1 JUNTA, CAPACIDADE: 20, ESGOTAMENTO: ESGOTAMENTO TOTAL, MATERIAL: VIDRO, TIPO: BICO DE PAPAGAIO","UN",1.0,200.0,200.0,0.0,"2026-06-19"]
["UNIVERSIDADE FEDERAL DE GOIAS-UF/GO",153052.0,2531.0,"Material","153052-15/2026","MATERIAIS PARA LABORATÓRIO, VIDRARIAS","Catálogo do Compras.gov.br","Material",6640.0,"EQUIPAMENTOS E ARTIGOS DE LABORATÓRIO",3964.0,"BURETA",409141.0,"ACESSÓRIOS: COM TORNEIRA DE TEFLON, ADICIONAL: COM FAIXA AZUL, ESCALA: GRADUAÇÃO MÁXIMA 0,1 EM 0,1 ML, NUMERADA, GRADUAÇÃO: GRADUADA, MATERIAL: VIDRO, VOLUME: 25","UN",4.0,180.0,720.0,0.0,"2026-06-19"]
["UNIVERSIDADE FEDERAL DE GOIAS-UF/GO",153052.0,2532.0,"Material","153052-15/2026","MATERIAIS PARA LABORATÓRIO, VIDRARIAS","Catálogo do Compras.gov.br","Material",6640.0,"EQUIPAMENTOS E ARTIGOS DE LABORATÓRIO",15871.0,"EXTRATOR LABORATÓRIO",414441.0,"DIMENSÕES: CERCA DE 30, MATERIAL*: VIDRO, TIPO*: SOXHLET","UN",3.0,240.0,720.0,0.0,"2026-06-19"]
["UNIVERSIDADE FEDERAL DE GOIAS-UF/GO",153052.0,2533.0,"Material","153052-15/2026","MATERIAIS PARA LABORATÓRIO, VIDRARIAS","Catálogo do Compras.gov.br","Material",6640.0,"EQUIPAMENTOS E ARTIGOS DE LABORATÓRIO",8874.0,"PIPETA",423320.0,"ACESSÓRIOS: COM 1 JUNTA, CAPACIDADE: 5, ESGOTAMENTO: ESGOTAMENTO TOTAL, MATERIAL: VIDRO, TIPO: BICO DE PAPAGAIO","UN",2.0,190.0,380.0,0.0,"2026-06-19"]
["UNIVERSIDADE FEDERAL DE GOIAS-UF/GO",153052.0,2534.0,"Material","153052-15/2026","MATERIAIS PARA LABORATÓRIO, VIDRARIAS","Catálogo do Compras.gov.br","Material",6640.0,"EQUIPAMENTOS E ARTIGOS DE LABORATÓRIO",4097.0,"CADINHO",408802.0,"ACESSÓRIOS: COM PLACA DE VIDRO SINTERIZADO, CAPACIDADE: ATÉ 50, MATERIAL: VIDRO, POROSIDADE: 40 A 100 MICRAS","UN",16.0,100.0,1600.0,0.0,"2026-06-19"]
["UNIVERSIDADE FEDERAL DE GOIAS-UF/GO",153052.0,2535.0,"Material","153052-15/2026","MATERIAIS PARA LABORATÓRIO, VIDRARIAS","Catálogo do Compras.gov.br","Material",6640.0,"EQUIPAMENTOS E ARTIGOS DE LABORATÓRIO",4097.0,"CADINHO",425426.0,"CAPACIDADE: ATÉ 45, FORMATO: FORMA ALTA, MATERIAL: PORCELANA","UN",20.0,30.0,600.0,0.0,"2026-06-19"]
["UNIVERSIDADE FEDERAL DE GOIAS-UF/GO",153052.0,2536.0,"Material","153052-15/2026","MATERIAIS PARA LABORATÓRIO, VIDRARIAS","Catálogo do Compras.gov.br","Material",6640.0,"EQUIPAMENTOS E ARTIGOS DE LABORATÓRIO",10757.0,"PIPETADOR",430867.0,"AJUSTE: TIPO PERA, CAPACIDADE: ATÉ 100, MATERIAL: BORRACHA, TIPO: MANUAL","UN",8.0,25.0,200.0,0.0,"2026-06-19"]
["UNIVERSIDADE FEDERAL DE GOIAS-UF/GO",153052.0,2537.0,"Material","153052-15/2026","MATERIAIS PARA LABORATÓRIO, VIDRARIAS","Catálogo do Compras.gov.br","Material",6640.0,"EQUIPAMENTOS E ARTIGOS DE LABORATÓRIO",2690.0,"PAPEL DE FILTRO",408318.0,"DIÂMETRO: CERCA DE 150, TIPO: QUALITATIVO","UN",1.0,15.0,15.0,0.0,"2026-06-19"]
["UNIVERSIDADE FEDERAL DE GOIAS-UF/GO",153052.0,2538.0,"Material","153052-15/2026","MATERIAIS PARA LABORATÓRIO, VIDRARIAS","Catálogo do Compras.gov.br","Material",6640.0,"EQUIPAMENTOS E ARTIGOS DE LABORATÓRIO",5363.0,"PROVETA",409891.0,"ADICIONAL: COM ORLA E BICO, BASE: BASE EM VIDRO, CAPACIDADE: 100, GRADUAÇÃO: GRADUADA, MATERIAL: VIDRO","UN",2.0,250.0,500.0,0.0,"2026-06-19"]
["UNIVERSIDADE FEDERAL DE GOIAS-UF/GO",153052.0,2539.0,"Material","153052-15/2026","MATERIAIS PARA LABORATÓRIO, VIDRARIAS","Catálogo do Compras.gov.br","Material",6640.0,"EQUIPAMENTOS E ARTIGOS DE LABORATÓRIO",15027.0,"BARRA MAGNÉTICA",419146.0,"CARACTERÍSTICAS ADICIONAIS: LISA, DIMENSÕES: CERCA DE 7 X 30, FORMATO: CILÍNDRICO, MATERIAL: REVESTIDA EM PTFE","UN",4.0,33.38,133.52,0.0,"2026-06-19"]
["UNIVERSIDADE FEDERAL DE GOIAS-UF/GO",153052.0,2540.0,"Material","153052-15/2026","MATERIAIS PARA LABORATÓRIO, VIDRARIAS","Catálogo do Compras.gov.br","Material",6640.0,"EQUIPAMENTOS E ARTIGOS DE LABORATÓRIO",4097.0,"CADINHO",408802.0,"ACESSÓRIOS: COM PLACA DE VIDRO SINTERIZADO, CAPACIDADE: ATÉ 50, MATERIAL: VIDRO, POROSIDADE: 40 A 100 MICRAS","UN",12.0,42.0,504.0,0.0,"2026-06-19"]
["UNIVERSIDADE FEDERAL DE GOIAS-UF/GO",153052.0,2541.0,"Material","153052-15/2026","MATERIAIS PARA LABORATÓRIO, VIDRARIAS","Catálogo do Compras.gov.br","Material",6640.0,"EQUIPAMENTOS E ARTIGOS DE LABORATÓRIO",8874.0,"PIPETA",410569.0,"CAPACIDADE: 1, ESCALA: ESCALA 0,25 EM 0,25 ML, GRADUAÇÃO: GRADUADA, MATERIAL: PLÁSTICO, TIPO: PASTEUR, TIPO USO: DESCARTÁVEL","UN",2.0,130.0,260.0,0.0,"2026-06-19"]
["UNIVERSIDADE FEDERAL DE GOIAS-UF/GO",153052.0,2542.0,"Material","153052-15/2026","MATERIAIS PARA LABORATÓRIO, VIDRARIAS","Catálogo do Compras.gov.br","Material",7240.0,"RECEPIENTES PARA USO DOMÉSTICO E COMERCIAL",3819.0,"BORRIFADOR",307885.0,"APLICAÇÃO: MATERIAL DE LIMPEZA, MATERIAL: PLÁSTICO, TIPO: SPRAY, CONTENDO BICO BORRIFADOR","FR",1.0,20.0,20.0,0.0,"2026-06-19"]
["UNIVERSIDADE FEDERAL DE GOIAS-UF/GO",153052.0,2557.0,"Serviço","153052-160/2026","DLOG - Serviço de TRR (Transportador-Revendedor-Retalhista","Catálogo do Compras.gov.br","Serviço",859.0,"OUTROS SERVIÇOS DE SUPORTE",null,null,25372.0,"CONTROLE DE ABASTECIMENTO DE VEÍCULOS","-",1.0,658453.78,658453.78,0.0,"2026-03-02"]
["UNIVERSIDADE FEDERAL DE GOIAS-UF/GO",153052.0,3585.0,"Material","153052-30/2026","MATERIAIS HOSPITALARES (INSTRUMENTOS, VESTUÁRIOS E EPI'S)","Catálogo do Compras.gov.br","Material",6515.0,"INSTRUMENTOS, EQUIPAMENTOS E SUPRIMENTOS MÉDICOS  E  CIRÚRGICOS",{"$nulls":4},"-",0.0,0.0,1000.0,0.0,"2026-06-12"]
["UNIVERSIDADE FEDERAL DE GOIAS-UF/GO",153052.0,2550.0,"Material","153052-15/2026","MATERIAIS PARA LABORATÓRIO, VIDRARIAS","Catálogo do Compras.gov.br","Material",6640.0,"EQUIPAMENTOS E ARTIGOS DE LABORATÓRIO",5363.0,"PROVETA",409896.0,"ADICIONAL: COM ORLA E BICO, BASE: BASE PLÁSTICA, CAPACIDADE: 1000, GRADUAÇÃO: GRADUADA, MATERIAL: POLIPROPILENO","UN",1.0,150.0,150.0,0.0,"2026-06-19"]
["UNIVERSIDADE FEDERAL DE GOIAS-UF/GO",153052.0,2551.0,"Material","153052-15/2026","MATERIAIS PARA LABORATÓRIO, VIDRARIAS","Catálogo do Compras.gov.br","Material",6640.0,"EQUIPAMENTOS E ARTIGOS DE LABORATÓRIO",7875.0,"SUPORTE LABORATÓRIO",467648.0,"APLICAÇÃO: PARA CARTÕES, TUBOS E FRASCOS, BASE: BASE PLANA, DIMENSÕES: CERCA DE 55 X 35 X 75, MATERIAL: AÇO INOXIDÁVEL, TIPO: ESTAÇÃO DE TRABALHO","UN",1.0,150.0,150.0,0.0,"2026-06-19"]
["UNIVERSIDADE FEDERAL DE GOIAS-UF/GO",153052.0,2552.0,"Material","153052-15/2026","MATERIAIS PARA LABORATÓRIO, VIDRARIAS","Catálogo do Compras.gov.br","Material",6640.0,"EQUIPAMENTOS E ARTIGOS DE LABORATÓRIO",6995.0,"ESPÁTULA LABORATÓRIO",420830.0,"COMPRIMENTO: CERCA DE 15, FORMATO: CHATA COM COLHER, MATERIAL: AÇO INOX","UN",20.0,12.0,240.0,0.0,"2026-06-19"]
["UNIVERSIDADE FEDERAL DE GOIAS-UF/GO",153052.0,2553.0,"Material","153052-15/2026","MATERIAIS PARA LABORATÓRIO, VIDRARIAS","Catálogo do Compras.gov.br","Material",6640.0,"EQUIPAMENTOS E ARTIGOS DE LABORATÓRIO",4097.0,"CADINHO",604031.0,"CAPACIDADE: ATÉ 75, FORMATO: FORMA BAIXA, MATERIAL: PORCELANA, TIPO FUNDO: FUNDO CHATO","UN",12.0,30.0,360.0,0.0,"2026-06-19"]
["UNIVERSIDADE FEDERAL DE GOIAS-UF/GO",153052.0,2554.0,"Material","153052-15/2026","MATERIAIS PARA LABORATÓRIO, VIDRARIAS","Catálogo do Compras.gov.br","Material",6640.0,"EQUIPAMENTOS E ARTIGOS DE LABORATÓRIO",2281.0,"PINÇA LABORATÓRIO",428968.0,"APLICAÇÃO: PARA CADINHO, COMPRIMENTO: CERCA DE 22, MATERIAL: METAL, MODELO: TENAZ, TIPO PONTA: PONTA CURVA","UN",3.0,50.0,150.0,0.0,"2026-06-19"]
["UNIVERSIDADE FEDERAL DE GOIAS-UF/GO",153052.0,2555.0,"Material","153052-15/2026","MATERIAIS PARA LABORATÓRIO, VIDRARIAS","Catálogo do Compras.gov.br","Material",8040.0,"ADESIVOS",11674.0,"RESINA",479327.0,"ASPECTO FÍSICO: LÍQUIDO, CARACTERÍSTICAS ADICIONAIS: ADESIVO BICOMPONENTE, COMPOSIÇÃO BÁSICA: COMP A: RESINA, COMP B: ENDURECEDOR, COR: BRANCA, SOLUBILIDADE: INSOLÚVEL EM ÁGUA, TIPO: EPÓXI","CJ",1.0,1300.0,1300.0,0.0,"2026-06-19"]
["UNIVERSIDADE FEDERAL DE GOIAS-UF/GO",153052.0,2556.0,"Material","153052-15/2026","MATERIAIS PARA LABORATÓRIO, VIDRARIAS","Catálogo do Compras.gov.br","Material",9150.0,"ÓLEOS E GRAXAS PARA CORTE, LUBRIFICAÇÃO E SISTEMAS  HIDRÁULICOS",10209.0,"ÓLEO REFRIGERANTE",314644.0,"APLICAÇÃO: CORTE DE METAIS EM MÁQUINAS OPERATRIZES, ASPECTO FÍSICO: LÍQUIDO CASTANHO ESCURO TRANSLÚCIDO, COMPOSIÇÃO: ÓLEO MINERAL, ADITIVOS EMULSIFICANTES, ESTABILIZA, CORROSIVIDADE: NULA, SOLUBILIDADE: 100% EM ÁGUA","UN",5.0,60.0,300.0,0.0,"2026-06-19"]
["UNIVERSIDADE FEDERAL DE GOIAS-UF/GO",153052.0,2615.0,"Material","153052-15/2026","MATERIAIS PARA LABORATÓRIO, VIDRARIAS","Catálogo do Compras.gov.br","Material",6640.0,"EQUIPAMENTOS E ARTIGOS DE LABORATÓRIO",13426.0,"LÂMINA LABORATÓRIO",422122.0,"ADICIONAL: PARA BOTÂNICA, APLICAÇÃO: PREPARADA, DIMENSÕES: CERCA DE 75 X 25, MATERIAL: VIDRO, TIPO*: CONJUNTO C/ ATÉ 100 PEÇAS","UN",1.0,200.0,200.0,0.0,"2026-06-19"]
["UNIVERSIDADE FEDERAL DE GOIAS-UF/GO",153052.0,2616.0,"Material","153052-15/2026","MATERIAIS PARA LABORATÓRIO, VIDRARIAS","Catálogo do Compras.gov.br","Material",6640.0,"EQUIPAMENTOS E ARTIGOS DE LABORATÓRIO",4736.0,"FUNIL LABORATÓRIO",427147.0,"ADICIONAL: RAIADO, CAPACIDADE: 250, MATERIAL: VIDRO, TIPO HASTE: HASTE LONGA, TIPO USO: ANALÍTICO","UN",2.0,40.0,80.0,0.0,"2026-06-19"]
["UNIVERSIDADE FEDERAL DE GOIAS-UF/GO",153052.0,2617.0,"Material","153052-15/2026","MATERIAIS PARA LABORATÓRIO, VIDRARIAS","Catálogo do Compras.gov.br","Material",6640.0,"EQUIPAMENTOS E ARTIGOS DE LABORATÓRIO",13431.0,"VIDRO RELÓGIO",408488.0,"DIÂMETRO: CERCA DE 15, FORMATO: CÔNCAVO","UN",5.0,10.0,50.0,0.0,"2026-06-19"]
["UNIVERSIDADE FEDERAL DE GOIAS-UF/GO",153052.0,2618.0,"Material","153052-15/2026","MATERIAIS PARA LABORATÓRIO, VIDRARIAS","Catálogo do Compras.gov.br","Material",6640.0,"EQUIPAMENTOS E ARTIGOS DE LABORATÓRIO",10757.0,"PIPETADOR",408656.0,"AJUSTE: TIPO ROLDANA, CAPACIDADE: ATÉ 25, MATERIAL: PLÁSTICO, TIPO: MANUAL","UN",4.0,50.0,200.0,0.0,"2026-06-19"]
["UNIVERSIDADE FEDERAL DE GOIAS-UF/GO",153052.0,2619.0,"Material","153052-15/2026","MATERIAIS PARA LABORATÓRIO, VIDRARIAS","Catálogo do Compras.gov.br","Material",6640.0,"EQUIPAMENTOS E ARTIGOS DE LABORATÓRIO",10384.0,"INDICADOR DE PH",412644.0,"ESCALA: 0 A 14, TIPO: TIRA DE PAPEL","CM",5.0,50.0,250.0,0.0,"2026-06-19"]
["UNIVERSIDADE FEDERAL DE GOIAS-UF/GO",153052.0,2620.0,"Material","153052-15/2026","MATERIAIS PARA LABORATÓRIO, VIDRARIAS","Catálogo do Compras.gov.br","Material",6640.0,"EQUIPAMENTOS E ARTIGOS DE LABORATÓRIO",3528.0,"BICO DE BÜNSEN",428057.0,"ALTURA: CERCA DE 20, COMPONENTES: COM REGISTRO, MATERIAL: BASE EM FERRO","UN",5.0,200.0,1000.0,0.0,"2026-06-19"]
["UNIVERSIDADE FEDERAL DE GOIAS-UF/GO",153052.0,2621.0,"Material","153052-15/2026","MATERIAIS PARA LABORATÓRIO, VIDRARIAS","Catálogo do Compras.gov.br","Material",6640.0,"EQUIPAMENTOS E ARTIGOS DE LABORATÓRIO",2281.0,"PINÇA LABORATÓRIO",470779.0,"ABERTURA: ABERTURA ATÉ 120, ADICIONAL: COM MUFA, APLICAÇÃO: PARA CONDENSADOR, MATERIAL: METAL, REVESTIMENTO: REVESTIDA COM PVC, TIPO PONTA: PONTA COM 4 DEDOS","UN",5.0,150.0,750.0,0.0,"2026-06-19"]
["UNIVERSIDADE FEDERAL DE GOIAS-UF/GO",153052.0,2622.0,"Material","153052-15/2026","MATERIAIS PARA LABORATÓRIO, VIDRARIAS","Catálogo do Compras.gov.br","Material",6640.0,"EQUIPAMENTOS E ARTIGOS DE LABORATÓRIO",13426.0,"LÂMINA LABORATÓRIO",429581.0,"ADICIONAL: C/ HELMINTOS, PROTOZOÁRIOS E ARTRÓPODES, APLICAÇÃO: PREPARADA, DIMENSÕES: CERCA DE 75 X 25, MATERIAL: VIDRO, TIPO*: CONJUNTO C/ ATÉ 50 PEÇAS","UN",1.0,250.0,250.0,0.0,"2026-06-19"]
["UNIVERSIDADE FEDERAL DE GOIAS-UF/GO",153052.0,2623.0,"Material","153052-15/2026","MATERIAIS PARA LABORATÓRIO, VIDRARIAS","Catálogo do Compras.gov.br","Material",6640.0,"EQUIPAMENTOS E ARTIGOS DE LABORATÓRIO",17815.0,"ANEL LABORATÓRIO",432682.0,"CARACTERÍSTICAS ADICIONAIS: CROMADO COM MUFA, DIÂMETRO: 15, MATERIAL: FERRO","UN",5.0,90.0,450.0,0.0,"2026-06-19"]
["UNIVERSIDADE FEDERAL DE GOIAS-UF/GO",153052.0,2624.0,"Material","153052-15/2026","MATERIAIS PARA LABORATÓRIO, VIDRARIAS","Catálogo do Compras.gov.br","Material",6640.0,"EQUIPAMENTOS E ARTIGOS DE LABORATÓRIO",12596.0,"TELA LABORATÓRIO",414680.0,"DIMENSÕES: CERCA DE 30 X 30, MATERIAL: EM ARAME, TRATAMENTO SUPERFICIAL: COM DISCO CENTRAL EM AMIANTO","UN",3.0,50.0,150.0,0.0,"2026-06-19"]
["UNIVERSIDADE FEDERAL DE GOIAS-UF/GO",153052.0,2625.0,"Material","153052-15/2026","MATERIAIS PARA LABORATÓRIO, VIDRARIAS","Catálogo do Compras.gov.br","Material",6640.0,"EQUIPAMENTOS E ARTIGOS DE LABORATÓRIO",13426.0,"LÂMINA LABORATÓRIO",409742.0,"DIMENSÕES: CERCA DE 75 X 50, MATERIAL: VIDRO, TIPO BORDA: BORDA FOSCA, TIPO*: LAPIDADA","UN",1.0,40.0,40.0,0.0,"2026-06-19"]
["UNIVERSIDADE FEDERAL DE GOIAS-UF/GO",153052.0,2626.0,"Material","153052-15/2026","MATERIAIS PARA LABORATÓRIO, VIDRARIAS","Catálogo do Compras.gov.br","Material",6640.0,"EQUIPAMENTOS E ARTIGOS DE LABORATÓRIO",8041.0,"GRAL",421491.0,"ACESSÓRIOS: COM PISTILO DE PORCELANA, CAPACIDADE: CERCA DE 200, MATERIAL: PORCELANA","UN",8.0,40.0,320.0,0.0,"2026-06-19"]
["UNIVERSIDADE FEDERAL DE GOIAS-UF/GO",153052.0,2627.0,"Material","153052-15/2026","MATERIAIS PARA LABORATÓRIO, VIDRARIAS","Catálogo do Compras.gov.br","Material",6640.0,"EQUIPAMENTOS E ARTIGOS DE LABORATÓRIO",2671.0,"BALÃO LABORATÓRIO",604056.0,"ADICIONAL: COM ORLA, CAPACIDADE: 250, MATERIAL: VIDRO, TIPO FUNDO: FUNDO REDONDO","UN",2.0,180.0,360.0,0.0,"2026-06-19"]
["UNIVERSIDADE FEDERAL DE GOIAS-UF/GO",153052.0,2628.0,"Material","153052-15/2026","MATERIAIS PARA LABORATÓRIO, VIDRARIAS","Catálogo do Compras.gov.br","Material",6640.0,"EQUIPAMENTOS E ARTIGOS DE LABORATÓRIO",2671.0,"BALÃO LABORATÓRIO",602402.0,"CAPACIDADE: 1000, MATERIAL: VIDRO, TIPO FUNDO: FUNDO REDONDO","UN",2.0,160.0,320.0,0.0,"2026-06-19"]
["UNIVERSIDADE FEDERAL DE GOIAS-UF/GO",153052.0,2629.0,"Material","153052-15/2026","MATERIAIS PARA LABORATÓRIO, VIDRARIAS","Catálogo do Compras.gov.br","Material",6640.0,"EQUIPAMENTOS E ARTIGOS DE LABORATÓRIO",2281.0,"PINÇA LABORATÓRIO",419313.0,"APLICAÇÃO: PARA TUBO DE ENSAIO, COMPRIMENTO: CERCA DE 20, MATERIAL: MADEIRA","UN",10.0,8.0,80.0,0.0,"2026-06-19"]
["UNIVERSIDADE FEDERAL DE GOIAS-UF/GO",153052.0,3485.0,"Serviço","153052-146/2026","DCOM E OUTROS - CONTRATAÇÃO SOFTWARES DIVERSOS","Catálogo do Compras.gov.br","Serviço",182.0,"SERVIÇOS DE  LICENCIAMENTO E  CONTRATOS DE TRANSFERÊNCIA DE TECNOLOGIA",null,null,27502.0,"CESSÃO TEMPORÁRIA DE DIREITOS SOBRE PROGRAMAS DE COMPUTADOR LOCAÇÃO DE SOFTWARE","-",1.0,1998.0,1998.0,0.0,"2026-06-01"]
["UNIVERSIDADE FEDERAL DE GOIAS-UF/GO",153052.0,2568.0,"Material","153052-15/2026","MATERIAIS PARA LABORATÓRIO, VIDRARIAS","Catálogo do Compras.gov.br","Material",6640.0,"EQUIPAMENTOS E ARTIGOS DE LABORATÓRIO",2690.0,"PAPEL DE FILTRO",449087.0,"DIMENSÕES: 40 X 40, TIPO: QUALITATIVO","UN",5.0,60.0,300.0,0.0,"2026-06-19"]
["UNIVERSIDADE FEDERAL DE GOIAS-UF/GO",153052.0,3478.0,"Serviço","153052-146/2026","DCOM E OUTROS - CONTRATAÇÃO SOFTWARES DIVERSOS","Catálogo do Compras.gov.br","Serviço",182.0,"SERVIÇOS DE  LICENCIAMENTO E  CONTRATOS DE TRANSFERÊNCIA DE TECNOLOGIA",null,null,27502.0,"CESSÃO TEMPORÁRIA DE DIREITOS SOBRE PROGRAMAS DE COMPUTADOR LOCAÇÃO DE SOFTWARE","-",15.0,678.0,10170.0,0.0,"2026-06-01"]
["UNIVERSIDADE FEDERAL DE GOIAS-UF/GO",153052.0,3479.0,"Serviço","153052-146/2026","DCOM E OUTROS - CONTRATAÇÃO SOFTWARES DIVERSOS","Catálogo do Compras.gov.br","Serviço",182.0,"SERVIÇOS DE  LICENCIAMENTO E  CONTRATOS DE TRANSFERÊNCIA DE TECNOLOGIA",null,null,27502.0,"CESSÃO TEMPORÁRIA DE DIREITOS SOBRE PROGRAMAS DE COMPUTADOR LOCAÇÃO DE SOFTWARE","-",1.0,130.0,130.0,0.0,"2026-06-01"]
["UNIVERSIDADE FEDERAL DE GOIAS-UF/GO",153052.0,3480.0,"Serviço","153052-146/2026","DCOM E OUTROS - CONTRATAÇÃO SOFTWARES DIVERSOS","Catálogo do Compras.gov.br","Serviço",182.0,"SERVIÇOS DE  LICENCIAMENTO E  CONTRATOS DE TRANSFERÊNCIA DE TECNOLOGIA",null,null,27502.0,"CESSÃO TEMPORÁRIA DE DIREITOS SOBRE PROGRAMAS DE COMPUTADOR LOCAÇÃO DE SOFTWARE","-",12.0,3000.0,36000.0,0.0,"2026-06-01"]
["UNIVERSIDADE FEDERAL DE GOIAS-UF/GO",153052.0,3481.0,"Serviço","153052-146/2026","DCOM E OUTROS - CONTRATAÇÃO SOFTWARES DIVERSOS","Catálogo do Compras.gov.br","Serviço",182.0,"SERVIÇOS DE  LICENCIAMENTO E  CONTRATOS DE TRANSFERÊNCIA DE TECNOLOGIA",null,null,27502.0,"CESSÃO TEMPORÁRIA DE DIREITOS SOBRE PROGRAMAS DE COMPUTADOR LOCAÇÃO DE SOFTWARE","-",12.0,77.25,927.0,0.0,"2026-06-01"]
["UNIVERSIDADE FEDERAL DE GOIAS-UF/GO",153052.0,2558.0,"Material","153052-15/2026","MATERIAIS PARA LABORATÓRIO, VIDRARIAS","Catálogo do Compras.gov.br","Material",8125.0,"GARRAFAS E JARROS",1281.0,"GARRAFÃO",380485.0,"APLICAÇÃO: USO EM LABORATÓRIO, CAPACIDADE: 10, CARACTERÍSTICAS ADICIONAIS: COM TAMPA, MATERIAL: VIDRO","UN",1.0,213.85,213.85,0.0,"2026-06-19"]
["UNIVERSIDADE FEDERAL DE GOIAS-UF/GO",153052.0,3522.0,"Material","153052-30/2026","MATERIAIS HOSPITALARES (INSTRUMENTOS, VESTUÁRIOS E EPI'S)","Catálogo do Compras.gov.br","Material",6515.0,"INSTRUMENTOS, EQUIPAMENTOS E SUPRIMENTOS MÉDICOS  E  CIRÚRGICOS",30273.0,"COLETOR DE RESÍDUOS DE SERVIÇO DE SAÚDE",623116.0,"ADICIONAL: C/ ALÇA, CAPACIDADE: CERCA DE 3, MATERIAL: CAIXA DE PAPELÃO C/ SACO PLÁSTICO, TIPO DE RESÍDUO: GRUPO E - RESÍDUO PERFUROCORTANTE TÓXICO, TIPO RISCO: RISCO QUÍMICO, USO: USO ÚNICO","UN",2.0,16.0,32.0,0.0,"2026-06-12"]
["UNIVERSIDADE FEDERAL DE GOIAS-UF/GO",153052.0,3523.0,"Material","153052-30/2026","MATERIAIS HOSPITALARES (INSTRUMENTOS, VESTUÁRIOS E EPI'S)","Catálogo do Compras.gov.br","Material",6515.0,"INSTRUMENTOS, EQUIPAMENTOS E SUPRIMENTOS MÉDICOS  E  CIRÚRGICOS",7611.0,"IMOBILIZADOR (ÓRTESE)",452194.0,"ADICIONAIS: C/ MARCAÇÕES PARA DOBRAS, MATERIAL: PAPELÃO, POSIÇÃO: BILATERAL, TAMANHO: TAMANHO ADULTO, TIPO: P/ MEMBRO INFERIOR","UN",10.0,3.62,36.2,0.0,"2026-06-12"]
["UNIVERSIDADE FEDERAL DE GOIAS-UF/GO",153052.0,3524.0,"Material","153052-30/2026","MATERIAIS HOSPITALARES (INSTRUMENTOS, VESTUÁRIOS E EPI'S)","Catálogo do Compras.gov.br","Material",6515.0,"INSTRUMENTOS, EQUIPAMENTOS E SUPRIMENTOS MÉDICOS  E  CIRÚRGICOS",2202.0,"IMOBILIZADOR (TALA)",469638.0,"MATERIAL: METAL REVESTIDO DE E.V.A., TAMANHO: TAMANHOS VARIADOS, MÍNIMO 4 PEÇAS","UN",16.0,10.0,160.0,0.0,"2026-06-12"]
["UNIVERSIDADE FEDERAL DE GOIAS-UF/GO",153052.0,3525.0,"Material","153052-30/2026","MATERIAIS HOSPITALARES (INSTRUMENTOS, VESTUÁRIOS E EPI'S)","Catálogo do Compras.gov.br","Material",6515.0,"INSTRUMENTOS, EQUIPAMENTOS E SUPRIMENTOS MÉDICOS  E  CIRÚRGICOS",11700.0,"REANIMADOR MANUAL",456410.0,"CAPACIDADE BALÃO: CERCA 500, COMPONENTE 1: MÁSCARA PLÁSTICO RÍGIDO C/ COXIM SILICONE, COMPONENTE 2: RESERVATÓRIO DE O2 EM PLÁSTICO C/ VÁLVULA, COMPONENTES 3: ENTRADA DE O2 E EXTENSOR PVC, MATERIAL BALÃO: SILICONE, TAMANHOS: INFANTIL, TIPO VÁLVULA: VÁLVULA UNIDIRECIONAL POP OFF CERCA 40 CMH20","UN",2.0,60.0,120.0,0.0,"2026-06-12"]
["UNIVERSIDADE FEDERAL DE GOIAS-UF/GO",153052.0,3526.0,"Material","153052-30/2026","MATERIAIS HOSPITALARES (INSTRUMENTOS, VESTUÁRIOS E EPI'S)","Catálogo do Compras.gov.br","Material",6515.0,"INSTRUMENTOS, EQUIPAMENTOS E SUPRIMENTOS MÉDICOS  E  CIRÚRGICOS",7611.0,"IMOBILIZADOR (ÓRTESE)",452195.0,"ADICIONAIS: C/ MARCAÇÕES PARA DOBRAS, MATERIAL: PAPELÃO, POSIÇÃO: BILATERAL, TAMANHO: TAMANHO INFANTIL, TIPO: P/ MEMBRO SUPERIOR","UN",1.0,3.62,3.62,0.0,"2026-06-12"]
["UNIVERSIDADE FEDERAL DE GOIAS-UF/GO",153052.0,3527.0,"Material","153052-30/2026","MATERIAIS HOSPITALARES (INSTRUMENTOS, VESTUÁRIOS E EPI'S)","Catálogo do Compras.gov.br","Material",6515.0,"INSTRUMENTOS, EQUIPAMENTOS E SUPRIMENTOS MÉDICOS  E  CIRÚRGICOS",14219.0,"BOLSA TÉRMICA USO EM SAÚDE",433753.0,"APLICAÇÃO*: P/ GELO, COMPONENTES: C/ TAMPA ROSQUEÁVEL, DIÂMETRO*: CERCA 25, MATERIAL*: POLÍMERO FLEXÍVEL, MODELO: REDONDA","UN",2.0,29.0,58.0,0.0,"2026-06-12"]
["UNIVERSIDADE FEDERAL DE GOIAS-UF/GO",153052.0,3528.0,"Material","153052-30/2026","MATERIAIS HOSPITALARES (INSTRUMENTOS, VESTUÁRIOS E EPI'S)","Catálogo do Compras.gov.br","Material",6515.0,"INSTRUMENTOS, EQUIPAMENTOS E SUPRIMENTOS MÉDICOS  E  CIRÚRGICOS",7611.0,"IMOBILIZADOR (ÓRTESE)",452150.0,"MATERIAL: TECIDO 100 % ALGODÃO RESISTENTE, MODELO: ALÇA REGULÁVEL, POSIÇÃO: BILATERAL, TAMANHO: TAMANHO M, TIPO: TIPOIA VELPEAU, TIPO FECHO: FECHO DE ENGATE RÁPIDO","UN",1.0,84.0,84.0,0.0,"2026-06-12"]
["UNIVERSIDADE FEDERAL DE GOIAS-UF/GO",153052.0,3529.0,"Material","153052-30/2026","MATERIAIS HOSPITALARES (INSTRUMENTOS, VESTUÁRIOS E EPI'S)","Catálogo do Compras.gov.br","Material",6515.0,"INSTRUMENTOS, EQUIPAMENTOS E SUPRIMENTOS MÉDICOS  E  CIRÚRGICOS",12670.0,"TERMÔMETRO CLÍNICO",438089.0,"AJUSTE: DIGITAL, INFRAVERMELHO, COMPONENTES: C/ ALARMES, MEDIÇÃO À DISTÂNCIA, ESCALA: ATÉ 50, MEMÓRIA: MEMÓRIA ATÉ 10 MEDIÇÕES, TIPO*: USO EM TESTA","UN",4.0,4.0,16.0,0.0,"2026-06-12"]
["UNIVERSIDADE FEDERAL DE GOIAS-UF/GO",153052.0,3530.0,"Material","153052-30/2026","MATERIAIS HOSPITALARES (INSTRUMENTOS, VESTUÁRIOS E EPI'S)","Catálogo do Compras.gov.br","Material",6515.0,"INSTRUMENTOS, EQUIPAMENTOS E SUPRIMENTOS MÉDICOS  E  CIRÚRGICOS",9745.0,"MATERIAL GASOTERAPIA",436267.0,"COMPRIMENTO EXTENSÃO: CERCA DE 1,5, ESTERILIDADE*: ESTERILIZÁVEL, MODELO: MICRONEBULIZADOR, TIPO EXTENSÃO: EXTENSOR EM PVC C/ CONECTORES","UN",2.0,13.93,27.86,0.0,"2026-06-12"]
["UNIVERSIDADE FEDERAL DE GOIAS-UF/GO",153052.0,2559.0,"Material","153052-15/2026","MATERIAIS PARA LABORATÓRIO, VIDRARIAS","Catálogo do Compras.gov.br","Material",6640.0,"EQUIPAMENTOS E ARTIGOS DE LABORATÓRIO",17593.0,"ERLENMEYER",409494.0,"ACESSÓRIOS: TAMPA ROSQUEÁVEL COM VEDAÇÃO, GRADUAÇÃO: GRADUADO, MATERIAL: VIDRO, TIPO BOCA: BOCA LARGA, VOLUME: 1000","UN",2.0,48.9,97.8,0.0,"2026-06-19"]
["UNIVERSIDADE FEDERAL DE GOIAS-UF/GO",153052.0,2560.0,"Material","153052-15/2026","MATERIAIS PARA LABORATÓRIO, VIDRARIAS","Catálogo do Compras.gov.br","Material",6640.0,"EQUIPAMENTOS E ARTIGOS DE LABORATÓRIO",8041.0,"GRAL",442170.0,"ACESSÓRIOS: COM PISTILO DE PORCELANA, CAPACIDADE: CERCA DE 2500, MATERIAL: PORCELANA","UN",1.0,664.77,664.77,0.0,"2026-06-19"]
["UNIVERSIDADE FEDERAL DE GOIAS-UF/GO",153052.0,2561.0,"Material","153052-15/2026","MATERIAIS PARA LABORATÓRIO, VIDRARIAS","Catálogo do Compras.gov.br","Material",6640.0,"EQUIPAMENTOS E ARTIGOS DE LABORATÓRIO",17593.0,"ERLENMEYER",444745.0,"ACESSÓRIOS: COM ROLHA DE PLÁSTICO, GRADUAÇÃO: GRADUADO, MATERIAL: VIDRO, TIPO BOCA: BOCA ESTREITA, VOLUME: 250","UN",2.0,21.0,42.0,0.0,"2026-06-19"]
["UNIVERSIDADE FEDERAL DE GOIAS-UF/GO",153052.0,2562.0,"Material","153052-15/2026","MATERIAIS PARA LABORATÓRIO, VIDRARIAS","Catálogo do Compras.gov.br","Material",6515.0,"INSTRUMENTOS, EQUIPAMENTOS E SUPRIMENTOS MÉDICOS  E  CIRÚRGICOS",18087.0,"FRASCO - TIPO ALMOTOLIA",428642.0,"CAPACIDADE: 500, MATERIAL: POLIETILENO (PLÁSTICO), TIPO BICO: BICO CURVO, TIPO TAMPA: TAMPA EM ROSCA","UN",5.0,14.6,73.0,0.0,"2026-06-19"]
["UNIVERSIDADE FEDERAL DE GOIAS-UF/GO",153052.0,2563.0,"Material","153052-15/2026","MATERIAIS PARA LABORATÓRIO, VIDRARIAS","Catálogo do Compras.gov.br","Material",6640.0,"EQUIPAMENTOS E ARTIGOS DE LABORATÓRIO",13782.0,"PISTILO",408976.0,"COMPRIMENTO: CERCA DE 250, MATERIAL: PORCELANA","UN",1.0,85.64,85.64,0.0,"2026-06-19"]
["UNIVERSIDADE FEDERAL DE GOIAS-UF/GO",153052.0,2564.0,"Material","153052-15/2026","MATERIAIS PARA LABORATÓRIO, VIDRARIAS","Catálogo do Compras.gov.br","Material",6640.0,"EQUIPAMENTOS E ARTIGOS DE LABORATÓRIO",13782.0,"PISTILO",408976.0,"COMPRIMENTO: CERCA DE 250, MATERIAL: PORCELANA","UN",3.0,59.54,178.62,0.0,"2026-06-19"]
["UNIVERSIDADE FEDERAL DE GOIAS-UF/GO",153052.0,2565.0,"Material","153052-15/2026","MATERIAIS PARA LABORATÓRIO, VIDRARIAS","Catálogo do Compras.gov.br","Material",6515.0,"INSTRUMENTOS, EQUIPAMENTOS E SUPRIMENTOS MÉDICOS  E  CIRÚRGICOS",18087.0,"FRASCO - TIPO ALMOTOLIA",421821.0,"CAPACIDADE: 1.000, COR: TRANSPARENTE, MATERIAL: POLIETILENO (PLÁSTICO), TIPO BICO: BICO CURVO, TIPO TAMPA: TAMPA EM ROSCA","UN",5.0,17.27,86.35,0.0,"2026-06-19"]
["UNIVERSIDADE FEDERAL DE GOIAS-UF/GO",153052.0,2566.0,"Material","153052-15/2026","MATERIAIS PARA LABORATÓRIO, VIDRARIAS","Catálogo do Compras.gov.br","Material",6640.0,"EQUIPAMENTOS E ARTIGOS DE LABORATÓRIO",8041.0,"GRAL",442170.0,"ACESSÓRIOS: COM PISTILO DE PORCELANA, CAPACIDADE: CERCA DE 2500, MATERIAL: PORCELANA","UN",3.0,529.87,1589.61,0.0,"2026-06-19"]
["UNIVERSIDADE FEDERAL DE GOIAS-UF/GO",153052.0,2567.0,"Material","153052-15/2026","MATERIAIS PARA LABORATÓRIO, VIDRARIAS","Catálogo do Compras.gov.br","Material",6640.0,"EQUIPAMENTOS E ARTIGOS DE LABORATÓRIO",17593.0,"ERLENMEYER",433611.0,"ACESSÓRIOS: COM ROLHA DE PLÁSTICO, GRADUAÇÃO: GRADUADO, MATERIAL: VIDRO, VOLUME: 500","UN",2.0,35.47,70.94,0.0,"2026-06-19"]
["UNIVERSIDADE FEDERAL DE GOIAS-UF/GO",153052.0,3483.0,"Serviço","153052-146/2026","DCOM E OUTROS - CONTRATAÇÃO SOFTWARES DIVERSOS","Catálogo do Compras.gov.br","Serviço",182.0,"SERVIÇOS DE  LICENCIAMENTO E  CONTRATOS DE TRANSFERÊNCIA DE TECNOLOGIA",null,null,27502.0,"CESSÃO TEMPORÁRIA DE DIREITOS SOBRE PROGRAMAS DE COMPUTADOR LOCAÇÃO DE SOFTWARE","-",1.0,16000.0,16000.0,0.0,"2026-06-01"]
["UNIVERSIDADE FEDERAL DE GOIAS-UF/GO",153052.0,3484.0,"Serviço","153052-146/2026","DCOM E OUTROS - CONTRATAÇÃO SOFTWARES DIVERSOS","Catálogo do Compras.gov.br","Serviço",182.0,"SERVIÇOS DE  LICENCIAMENTO E  CONTRATOS DE TRANSFERÊNCIA DE TECNOLOGIA",null,null,27502.0,"CESSÃO TEMPORÁRIA DE DIREITOS SOBRE PROGRAMAS DE COMPUTADOR LOCAÇÃO DE SOFTWARE","-",1.0,360.0,360.0,0.0,"2026-06-01"]
["UNIVERSIDADE FEDERAL DE GOIAS-UF/GO",153052.0,3508.0,"Material","153052-30/2026","MATERIAIS HOSPITALARES (INSTRUMENTOS, VESTUÁRIOS E EPI'S)","Catálogo do Compras.gov.br","Material",6515.0,"INSTRUMENTOS, EQUIPAMENTOS E SUPRIMENTOS MÉDICOS  E  CIRÚRGICOS",30247.0,"LUVA P/ PROCEDIMENTO DE SAÚDE NÃO CIRÚRGICO C/ ANVISA",619849.0,"COR: C/ COR, ESTERILIDADE: NÃO ESTÉRIL, USO ÚNICO, FORMATO: AMBIDESTRA, MATERIAL: BORRACHA NATURAL - LÁTEX, PÓ: COM PÓ BIOABSORVÍVEL, SUPERFÍCIE: SUPERFÍCIE TEXTURIZADA, TAMANHO: PEQUENO - P","EMB",1.0,50.0,50.0,0.0,"2026-06-12"]
["UNIVERSIDADE FEDERAL DE GOIAS-UF/GO",153052.0,3509.0,"Material","153052-30/2026","MATERIAIS HOSPITALARES (INSTRUMENTOS, VESTUÁRIOS E EPI'S)","Catálogo do Compras.gov.br","Material",6515.0,"INSTRUMENTOS, EQUIPAMENTOS E SUPRIMENTOS MÉDICOS  E  CIRÚRGICOS",30247.0,"LUVA P/ PROCEDIMENTO DE SAÚDE NÃO CIRÚRGICO C/ ANVISA",619850.0,"COR: C/ COR, ESTERILIDADE: NÃO ESTÉRIL, USO ÚNICO, FORMATO: AMBIDESTRA, MATERIAL: BORRACHA NATURAL - LÁTEX, PÓ: COM PÓ BIOABSORVÍVEL, SUPERFÍCIE: SUPERFÍCIE TEXTURIZADA, TAMANHO: MÉDIO - M","EMB",1.0,50.0,50.0,0.0,"2026-06-12"]
["UNIVERSIDADE FEDERAL DE GOIAS-UF/GO",153052.0,3510.0,"Material","153052-30/2026","MATERIAIS HOSPITALARES (INSTRUMENTOS, VESTUÁRIOS E EPI'S)","Catálogo do Compras.gov.br","Material",6515.0,"INSTRUMENTOS, EQUIPAMENTOS E SUPRIMENTOS MÉDICOS  E  CIRÚRGICOS",30247.0,"LUVA P/ PROCEDIMENTO DE SAÚDE NÃO CIRÚRGICO C/ ANVISA",619851.0,"COR: C/ COR, ESTERILIDADE: NÃO ESTÉRIL, USO ÚNICO, FORMATO: AMBIDESTRA, MATERIAL: BORRACHA NATURAL - LÁTEX, PÓ: COM PÓ BIOABSORVÍVEL, SUPERFÍCIE: SUPERFÍCIE TEXTURIZADA, TAMANHO: GRANDE - G","EMB",1.0,50.0,50.0,0.0,"2026-06-12"]
["UNIVERSIDADE FEDERAL DE GOIAS-UF/GO",153052.0,2569.0,"Material","153052-15/2026","MATERIAIS PARA LABORATÓRIO, VIDRARIAS","Catálogo do Compras.gov.br","Material",6515.0,"INSTRUMENTOS, EQUIPAMENTOS E SUPRIMENTOS MÉDICOS  E  CIRÚRGICOS",30334.0,"ATADURA ORTOPÉDICA",628472.0,"COMPRIMENTO EM REPOUSO: ROLO CERCA DE 1,0 M, ESTERILIDADE: ESTÉRIL, LARGURA: CERCA DE 20 CM, MATERIAL: MANTA CONTÍNUA DE FIBRAS SINTÉTICAS","EMB",1.0,62.9,62.9,0.0,"2026-06-19"]
["UNIVERSIDADE FEDERAL DE GOIAS-UF/GO",153052.0,2570.0,"Material","153052-15/2026","MATERIAIS PARA LABORATÓRIO, VIDRARIAS","Catálogo do Compras.gov.br","Material",6515.0,"INSTRUMENTOS, EQUIPAMENTOS E SUPRIMENTOS MÉDICOS  E  CIRÚRGICOS",{"$nulls":4},"-",0.0,0.0,88.99,0.0,"2026-06-19"]
["UNIVERSIDADE FEDERAL DE GOIAS-UF/GO",153052.0,2571.0,"Material","153052-15/2026","MATERIAIS PARA LABORATÓRIO, VIDRARIAS","Catálogo do Compras.gov.br","Material",6515.0,"INSTRUMENTOS, EQUIPAMENTOS E SUPRIMENTOS MÉDICOS  E  CIRÚRGICOS",383.0,"MALHA P/ FIXAÇÃO CURATIVO - VER INC 30336",446388.0,"ADICIONAL: HIPOALERGÊNICA, APRESENTAÇÃO: ROLO, LARGURA*: CERCA DE 20, MATERIAL*: TECIDO MISTO, TIPO: TUBULAR, TIPO USO: DESCARTÁVEL","RO",1.0,46.19,46.19,0.0,"2026-06-19"]
["UNIVERSIDADE FEDERAL DE GOIAS-UF/GO",153052.0,2572.0,"Material","153052-15/2026","MATERIAIS PARA LABORATÓRIO, VIDRARIAS","Catálogo do Compras.gov.br","Material",6515.0,"INSTRUMENTOS, EQUIPAMENTOS E SUPRIMENTOS MÉDICOS  E  CIRÚRGICOS",7955.0,"GEL PARA EXAME MÉDICO",438929.0,"CARACTERÍSTICAS ADICIONAIS: PH NEUTRO, COMPOSIÇÃO: A BASE DE ÁGUA","FR",1.0,66.99,66.99,0.0,"2026-06-19"]
["UNIVERSIDADE FEDERAL DE GOIAS-UF/GO",153052.0,2573.0,"Material","153052-15/2026","MATERIAIS PARA LABORATÓRIO, VIDRARIAS","Catálogo do Compras.gov.br","Material",6515.0,"INSTRUMENTOS, EQUIPAMENTOS E SUPRIMENTOS MÉDICOS  E  CIRÚRGICOS",7955.0,"GEL PARA EXAME MÉDICO",475840.0,"APLICAÇÃO: CONDUTOR, CARACTERÍSTICAS ADICIONAIS: PH NEUTRO, COMPOSIÇÃO: A BASE DE ÁGUA, ESTERILIDADE: ESTÉRIL","FR",1.0,31.37,31.37,0.0,"2026-06-19"]
["UNIVERSIDADE FEDERAL DE GOIAS-UF/GO",153052.0,2574.0,"Material","153052-15/2026","MATERIAIS PARA LABORATÓRIO, VIDRARIAS","Catálogo do Compras.gov.br","Material",6515.0,"INSTRUMENTOS, EQUIPAMENTOS E SUPRIMENTOS MÉDICOS  E  CIRÚRGICOS",19648.0,"SISTEMA COMPRESSÃO PNEUMÁTICA INTERMITENTE",633238.0,"ALIMENTAÇÃO: BIVOLT AUTOMÁTICO, COMPONENTE: 1 PAR DE BOTAS PNEUMÁTICAS, COMPONENTE 1: UNIDADE DE CONTROLE COM FIO, CONTROLE: AJUSTE DE PRESSÃO (MMHG) E TEMPO (MIN), TAMANHO: ADULTO G, TIPO: MICROPROCESSADO","UN",1.0,7498.0,7498.0,0.0,"2026-06-19"]
["UNIVERSIDADE FEDERAL DE GOIAS-UF/GO",153052.0,2575.0,"Material","153052-15/2026","MATERIAIS PARA LABORATÓRIO, VIDRARIAS","Catálogo do Compras.gov.br","Material",6515.0,"INSTRUMENTOS, EQUIPAMENTOS E SUPRIMENTOS MÉDICOS  E  CIRÚRGICOS",2626.0,"DISPOSITIVO P/ MEDIDAS ANTROPOMÉTRICAS",600428.0,"ADICIONAL: PORTÁTIL, COMPONENTE I: C/ VISOR, ESCALA GRADUAÇÃO: C/ ESCALA MÉTRICA - MM, CM E POLEGADAS, FAIXA MEDIÇÃO: CERCA DE 2,3, MATERIAL*: GABINETE PLÁSTICO, TIPO*: ESTADIÔMETRO DIGITAL, ULTRASSÔNICO","UN",1.0,380.0,380.0,0.0,"2026-06-19"]
["UNIVERSIDADE FEDERAL DE GOIAS-UF/GO",153052.0,3486.0,"Material","153052-30/2026","MATERIAIS HOSPITALARES (INSTRUMENTOS, VESTUÁRIOS E EPI'S)","Catálogo do Compras.gov.br","Material",6510.0,"MATERIAIS CIRÚRGICOS PARA CURATIVOS",18085.0,"ALGODÃO USO MÉDICO",291086.0,"APRESENTAÇÃO: MACIO, SEM FIBRAS SINTÉTICAS OU PLÁSTICO, CARACTERÍSTICAS ADICIONAIS: USO EM LABORATÓRIO, MATERIAL: EM FIBRA DE ALGODÃO CRÚ, TIPO: HIDRÓFOBO","EMB",5.0,64.66,323.3,0.0,"2026-06-12"]
["UNIVERSIDADE FEDERAL DE GOIAS-UF/GO",153052.0,3487.0,"Material","153052-30/2026","MATERIAIS HOSPITALARES (INSTRUMENTOS, VESTUÁRIOS E EPI'S)","Catálogo do Compras.gov.br","Material",6510.0,"MATERIAIS CIRÚRGICOS PARA CURATIVOS",373.0,"COMPRESSA GAZE",272020.0,"CARACTERÍSTICAS ADICIONAIS: EMBALAGEM PLÁSTICA INDIVIDUAL, MATERIAL: TECIDO 100% ALGODÃO, MODELO: COR BRANCA,ISENTA DE IMPUREZAS, TIPO: TIPO QUEIJO, CAMADAS: 8 CAMADAS, QUANTIDADE FIOS: 13 FIOS/CM2, LARGURA: 91, COMPRIMENTO: 91, DOBRAS: 4 DOBRAS","UN",4.0,75.0,300.0,0.0,"2026-06-12"]
["UNIVERSIDADE FEDERAL DE GOIAS-UF/GO",153052.0,3488.0,"Material","153052-30/2026","MATERIAIS HOSPITALARES (INSTRUMENTOS, VESTUÁRIOS E EPI'S)","Catálogo do Compras.gov.br","Material",6515.0,"INSTRUMENTOS, EQUIPAMENTOS E SUPRIMENTOS MÉDICOS  E  CIRÚRGICOS",18351.0,"EMBALAGEM P/ ESTERILIZAÇÃO",442388.0,"APRESENTAÇÃO: ROLO, COMPONENTES: C/ INDICADOR QUÍMICO, COMPONENTES ADICIONAIS: TERMOSSELANTE, COMPOSIÇÃO: C/ FILME POLÍMERO MULTILAMINADO, GRAMATURA / ESPESSURA: CERCA DE 60, MATERIAL: PAPEL GRAU CIRÚRGICO, TAMANHO: CERCA DE 40, TIPO USO: USO ÚNICO","RO",1.0,280.0,280.0,0.0,"2026-06-12"]
["UNIVERSIDADE FEDERAL DE GOIAS-UF/GO",153052.0,3489.0,"Material","153052-30/2026","MATERIAIS HOSPITALARES (INSTRUMENTOS, VESTUÁRIOS E EPI'S)","Catálogo do Compras.gov.br","Material",6515.0,"INSTRUMENTOS, EQUIPAMENTOS E SUPRIMENTOS MÉDICOS  E  CIRÚRGICOS",30273.0,"COLETOR DE RESÍDUOS DE SERVIÇO DE SAÚDE",623109.0,"ADICIONAL: C/ ALÇA, CAPACIDADE: CERCA DE 13, MATERIAL: CAIXA DE PAPELÃO C/ SACO PLÁSTICO, TIPO DE RESÍDUO: GRUPO E - RESÍDUO PERFUROCORTANTE INFECTANTE, TIPO RISCO: RISCO BIOLÓGICO, USO: USO ÚNICO","UN",7.0,110.0,770.0,0.0,"2026-06-12"]
["UNIVERSIDADE FEDERAL DE GOIAS-UF/GO",153052.0,3490.0,"Material","153052-30/2026","MATERIAIS HOSPITALARES (INSTRUMENTOS, VESTUÁRIOS E EPI'S)","Catálogo do Compras.gov.br","Material",6515.0,"INSTRUMENTOS, EQUIPAMENTOS E SUPRIMENTOS MÉDICOS  E  CIRÚRGICOS",19829.0,"PINÇA ANATÔMICA",468069.0,"COMPONENTE: S/ CREMALHEIRA, COMPRIMENTO TOTAL: CERCA DE 12, ESTERILIDADE: ESTERILIZÁVEL, FORMATO PONTA: PONTA RETA, MATERIAL: AÇO INOXIDÁVEL, MODELO 1: RELOJOEIRO, TIPO PONTA: LISA","UN",5.0,27.1,135.5,0.0,"2026-06-12"]
["UNIVERSIDADE FEDERAL DE GOIAS-UF/GO",153052.0,2589.0,"Material","153052-15/2026","MATERIAIS PARA LABORATÓRIO, VIDRARIAS","Catálogo do Compras.gov.br","Material",6640.0,"EQUIPAMENTOS E ARTIGOS DE LABORATÓRIO",14152.0,"FRASCO PARA CULTURA CELULAR",440058.0,"ADICIONAL: COM FILTRO ESTÉRIL, COMPONENTES: COM BOCAL INCLINADO, ESTERILIDADE*: ESTÉRIL, APIROGÊNICO, LIVRE DE DNASE E RNASE, GRADUAÇÃO: GRADUADO, MATERIAL: POLIESTIRENO, OPACICIDADE: TRANSPARENTE, TIPO TAMPA: TAMPA ROSQUEÁVEL, TIPO USO: DESCARTÁVEL, ÁREA: 25","UN",100.0,7.3,730.0,0.0,"2026-06-19"]
["UNIVERSIDADE FEDERAL DE GOIAS-UF/GO",153052.0,2590.0,"Material","153052-15/2026","MATERIAIS PARA LABORATÓRIO, VIDRARIAS","Catálogo do Compras.gov.br","Material",6640.0,"EQUIPAMENTOS E ARTIGOS DE LABORATÓRIO",8874.0,"PIPETA",410528.0,"ACESSÓRIOS: COM FILTRO HIDRÓFOBO, CAPACIDADE: 5, EMBALAGEM: EMBALAGEM INDIVIDUAL, ESCALA: ESCALA 0,1 EM 0,1 ML, ESTERILIDADE: ESTÉRIL, GRADUAÇÃO: GRADUADA, MATERIAL: PLÁSTICO, TIPO: SOROLÓGICA, TIPO USO: DESCARTÁVEL","UN",100.0,2.25,225.0,0.0,"2026-06-19"]
["UNIVERSIDADE FEDERAL DE GOIAS-UF/GO",153052.0,2591.0,"Material","153052-15/2026","MATERIAIS PARA LABORATÓRIO, VIDRARIAS","Catálogo do Compras.gov.br","Material",6640.0,"EQUIPAMENTOS E ARTIGOS DE LABORATÓRIO",10384.0,"INDICADOR DE PH",412644.0,"ESCALA: 0 A 14, TIPO: TIRA DE PAPEL","UN",2.0,59.11,118.22,0.0,"2026-06-19"]
["UNIVERSIDADE FEDERAL DE GOIAS-UF/GO",153052.0,2592.0,"Material","153052-15/2026","MATERIAIS PARA LABORATÓRIO, VIDRARIAS","Catálogo do Compras.gov.br","Material",6640.0,"EQUIPAMENTOS E ARTIGOS DE LABORATÓRIO",9749.0,"PLACA DE PETRI",433139.0,"DIMENSÕES: CERCA DE 20 X 150, FORMATO: REDONDA, MATERIAL: VIDRO","UN",20.0,30.0,600.0,0.0,"2026-06-19"]
["UNIVERSIDADE FEDERAL DE GOIAS-UF/GO",153052.0,2593.0,"Material","153052-15/2026","MATERIAIS PARA LABORATÓRIO, VIDRARIAS","Catálogo do Compras.gov.br","Material",6640.0,"EQUIPAMENTOS E ARTIGOS DE LABORATÓRIO",4403.0,"FILTRO LABORATÓRIO",434257.0,"DIMENSÕES: CERCA DE 35, EMBALAGEM: EMBALAGEM INDIVIDUAL, ESTERILIDADE: ESTÉRIL, APIROGÊNICO, MATERIAL: POLIÉTERSULFONA (PES), POROSIDADE: 0,22 ΜM, TIPO: PARA SERINGA, TIPO USO: DESCARTÁVEL","UN",50.0,8.75,437.5,0.0,"2026-06-19"]
["UNIVERSIDADE FEDERAL DE GOIAS-UF/GO",153052.0,2594.0,"Material","153052-15/2026","MATERIAIS PARA LABORATÓRIO, VIDRARIAS","Catálogo do Compras.gov.br","Material",6640.0,"EQUIPAMENTOS E ARTIGOS DE LABORATÓRIO",8637.0,"LAMÍNULA",409643.0,"DIMENSÕES: CERCA DE 25 X 25, MATERIAL: VIDRO","UN",2.0,4.37,8.74,0.0,"2026-06-19"]
["UNIVERSIDADE FEDERAL DE GOIAS-UF/GO",153052.0,2595.0,"Material","153052-15/2026","MATERIAIS PARA LABORATÓRIO, VIDRARIAS","Catálogo do Compras.gov.br","Material",6640.0,"EQUIPAMENTOS E ARTIGOS DE LABORATÓRIO",11016.0,"PONTEIRA LABORATÓRIO",408691.0,"CAPACIDADE: ATÉ 200 MCL, ESTERILIDADE*: APIROGÊNICO, LIVRE DE DNASE E RNASE, MATERIAL: POLIPROPILENO, TIPO USO*: DESCARTÁVEL","UN",2.0,73.22,146.44,0.0,"2026-06-19"]
["UNIVERSIDADE FEDERAL DE GOIAS-UF/GO",153052.0,2596.0,"Material","153052-15/2026","MATERIAIS PARA LABORATÓRIO, VIDRARIAS","Catálogo do Compras.gov.br","Material",6640.0,"EQUIPAMENTOS E ARTIGOS DE LABORATÓRIO",10384.0,"INDICADOR DE PH",412644.0,"ESCALA: 0 A 14, TIPO: TIRA DE PAPEL","UN",2.0,59.11,118.22,0.0,"2026-06-19"]
["UNIVERSIDADE FEDERAL DE GOIAS-UF/GO",153052.0,2597.0,"Material","153052-15/2026","MATERIAIS PARA LABORATÓRIO, VIDRARIAS","Catálogo do Compras.gov.br","Material",6640.0,"EQUIPAMENTOS E ARTIGOS DE LABORATÓRIO",4760.0,"ESCOVA LABORATÓRIO",411370.0,"ACESSÓRIOS: PONTA EM PINCEL, COMPRIMENTO: 12, DIÂMETRO: 6, FORMATO: CILÍNDRICA, MATERIAL CABO: ARAME, MATERIAL CERDA: CERDA EM CRINA DE CAVALO","UN",4.0,18.8,75.2,0.0,"2026-06-19"]
["UNIVERSIDADE FEDERAL DE GOIAS-UF/GO",153052.0,2598.0,"Material","153052-15/2026","MATERIAIS PARA LABORATÓRIO, VIDRARIAS","Catálogo do Compras.gov.br","Material",6640.0,"EQUIPAMENTOS E ARTIGOS DE LABORATÓRIO",4760.0,"ESCOVA LABORATÓRIO",408573.0,"ACESSÓRIOS: PONTA EM PINCEL, COMPRIMENTO: 50, DIÂMETRO: 8, FORMATO: CILÍNDRICA, MATERIAL CABO: ARAME, MATERIAL CERDA: CERDA EM CRINA DE CAVALO","UN",2.0,19.5,39.0,0.0,"2026-06-19"]
["UNIVERSIDADE FEDERAL DE GOIAS-UF/GO",153052.0,2599.0,"Material","153052-15/2026","MATERIAIS PARA LABORATÓRIO, VIDRARIAS","Catálogo do Compras.gov.br","Material",6640.0,"EQUIPAMENTOS E ARTIGOS DE LABORATÓRIO",4403.0,"FILTRO LABORATÓRIO",434257.0,"DIMENSÕES: CERCA DE 35, EMBALAGEM: EMBALAGEM INDIVIDUAL, ESTERILIDADE: ESTÉRIL, APIROGÊNICO, MATERIAL: POLIÉTERSULFONA (PES), POROSIDADE: 0,22 ΜM, TIPO: PARA SERINGA, TIPO USO: DESCARTÁVEL","UN",100.0,8.75,875.0,0.0,"2026-06-19"]
["UNIVERSIDADE FEDERAL DE GOIAS-UF/GO",153052.0,2600.0,"Material","153052-15/2026","MATERIAIS PARA LABORATÓRIO, VIDRARIAS","Catálogo do Compras.gov.br","Material",6640.0,"EQUIPAMENTOS E ARTIGOS DE LABORATÓRIO",4760.0,"ESCOVA LABORATÓRIO",421505.0,"ACESSÓRIOS: PONTA EM PINCEL, COMPRIMENTO: 25, DIÂMETRO: 1, FORMATO: CILÍNDRICA, MATERIAL CABO: ARAME, MATERIAL CERDA: CERDA EM NYLON","UN",1.0,8.0,8.0,0.0,"2026-06-19"]
["UNIVERSIDADE FEDERAL DE GOIAS-UF/GO",153052.0,2601.0,"Material","153052-15/2026","MATERIAIS PARA LABORATÓRIO, VIDRARIAS","Catálogo do Compras.gov.br","Material",6640.0,"EQUIPAMENTOS E ARTIGOS DE LABORATÓRIO",7094.0,"ESTANTE TUBO ENSAIO",421511.0,"CAPACIDADE*: ATÉ 60 UNIDADES, DIÂMETRO TUBO: PARA TUBOS ATÉ 30, MATERIAL: ARAME REVESTIDO EM PVC","UN",5.0,47.75,238.75,0.0,"2026-06-19"]
["UNIVERSIDADE FEDERAL DE GOIAS-UF/GO",153052.0,2602.0,"Material","153052-15/2026","MATERIAIS PARA LABORATÓRIO, VIDRARIAS","Catálogo do Compras.gov.br","Material",6640.0,"EQUIPAMENTOS E ARTIGOS DE LABORATÓRIO",4403.0,"FILTRO LABORATÓRIO",410909.0,"DIMENSÕES: CERCA DE 35, MATERIAL: PVDF, POROSIDADE: 0,45 ΜM, TIPO: PARA SERINGA","UN",1.0,371.19,371.19,0.0,"2026-06-19"]
["UNIVERSIDADE FEDERAL DE GOIAS-UF/GO",153052.0,2603.0,"Material","153052-15/2026","MATERIAIS PARA LABORATÓRIO, VIDRARIAS","Catálogo do Compras.gov.br","Material",6640.0,"EQUIPAMENTOS E ARTIGOS DE LABORATÓRIO",2242.0,"ALÇA BACTERIOLÓGICA",408809.0,"CALIBRAGEM: CALIBRADA, COMPONENTES: SEM CABO, MATERIAL*: NÍQUEL CROMO, VOLUME: 10 MCL","UN",10.0,6.3,63.0,0.0,"2026-06-19"]
["UNIVERSIDADE FEDERAL DE GOIAS-UF/GO",153052.0,2604.0,"Material","153052-15/2026","MATERIAIS PARA LABORATÓRIO, VIDRARIAS","Catálogo do Compras.gov.br","Material",6640.0,"EQUIPAMENTOS E ARTIGOS DE LABORATÓRIO",9759.0,"MICROTUBO",408179.0,"CAPACIDADE: 1,5, CARACTERÍSTICA ADICIONAL: APIROGÊNICO, LIVRE DE DNASE E RNASE, GRADUAÇÃO: GRADUADO, MATERIAL: POLIPROPILENO, TIPO FUNDO: FUNDO CÔNICO, TIPO TAMPA: TAMPA PRESSÃO CHATA","UN",2.0,72.67,145.34,0.0,"2026-06-19"]
["UNIVERSIDADE FEDERAL DE GOIAS-UF/GO",153052.0,2605.0,"Material","153052-15/2026","MATERIAIS PARA LABORATÓRIO, VIDRARIAS","Catálogo do Compras.gov.br","Material",6640.0,"EQUIPAMENTOS E ARTIGOS DE LABORATÓRIO",2268.0,"ALCOÔMETRO",408546.0,"CARACTERÍSTICA ADICIONAL: CALIBRADO, ESCALA: 0 A 100, MATERIAL: VIDRO, MODELO: GAY LUSSAC","UN",3.0,72.29,216.87,0.0,"2026-06-19"]
["UNIVERSIDADE FEDERAL DE GOIAS-UF/GO",153052.0,2606.0,"Material","153052-15/2026","MATERIAIS PARA LABORATÓRIO, VIDRARIAS","Catálogo do Compras.gov.br","Material",6640.0,"EQUIPAMENTOS E ARTIGOS DE LABORATÓRIO",8637.0,"LAMÍNULA",409644.0,"DIMENSÕES: CERCA DE 25 X 30, MATERIAL: VIDRO","UN",14.0,10.19,142.66,0.0,"2026-06-19"]
["UNIVERSIDADE FEDERAL DE GOIAS-UF/GO",153052.0,2607.0,"Material","153052-15/2026","MATERIAIS PARA LABORATÓRIO, VIDRARIAS","Catálogo do Compras.gov.br","Material",6640.0,"EQUIPAMENTOS E ARTIGOS DE LABORATÓRIO",13536.0,"BERÇO COLORAÇÃO LÂMINAS",414669.0,"CAPACIDADE: ATÉ 30 UNIDADES, COMPONENTES: COM ALÇA, MATERIAL: AÇO INOXIDÁVEL","UN",3.0,174.95,524.85,0.0,"2026-06-19"]
["UNIVERSIDADE FEDERAL DE GOIAS-UF/GO",153052.0,2608.0,"Material","153052-15/2026","MATERIAIS PARA LABORATÓRIO, VIDRARIAS","Catálogo do Compras.gov.br","Material",6640.0,"EQUIPAMENTOS E ARTIGOS DE LABORATÓRIO",10848.0,"PLACA LABORATÓRIO",410794.0,"CAPACIDADE: 6 POÇOS, COMPONENTES: COM TAMPA, MATERIAL: PLÁSTICO, TIPO: PARA CULTURA, TIPO FUNDO: FUNDO CHATO, ESTERILIDADE: ESTÉRIL, APIROGÊNICA, LIVRE DE DNASE E RNASE, TIPO USO: DESCARTÁVEL, EMBALAGEM: EMBALAGEM INDIVIDUAL","UN",50.0,12.6,630.0,0.0,"2026-06-19"]
["UNIVERSIDADE FEDERAL DE GOIAS-UF/GO",153052.0,2609.0,"Material","153052-15/2026","MATERIAIS PARA LABORATÓRIO, VIDRARIAS","Catálogo do Compras.gov.br","Material",6640.0,"EQUIPAMENTOS E ARTIGOS DE LABORATÓRIO",11016.0,"PONTEIRA LABORATÓRIO",446911.0,"CAPACIDADE: ATÉ 1000 MCL, ESTERILIDADE*: APIROGÊNICO, LIVRE DE DNASE E RNASE, MATERIAL: POLIPROPILENO, TIPO USO*: ESTERILIZÁVEL","UN",1.0,14.4,14.4,0.0,"2026-06-19"]
["UNIVERSIDADE FEDERAL DE GOIAS-UF/GO",153052.0,2610.0,"Material","153052-15/2026","MATERIAIS PARA LABORATÓRIO, VIDRARIAS","Catálogo do Compras.gov.br","Material",6640.0,"EQUIPAMENTOS E ARTIGOS DE LABORATÓRIO",2268.0,"ALCOÔMETRO",408546.0,"CARACTERÍSTICA ADICIONAL: CALIBRADO, ESCALA: 0 A 100, MATERIAL: VIDRO, MODELO: GAY LUSSAC","UN",3.0,72.29,216.87,0.0,"2026-06-19"]
["UNIVERSIDADE FEDERAL DE GOIAS-UF/GO",153052.0,2611.0,"Material","153052-15/2026","MATERIAIS PARA LABORATÓRIO, VIDRARIAS","Catálogo do Compras.gov.br","Material",6640.0,"EQUIPAMENTOS E ARTIGOS DE LABORATÓRIO",9749.0,"PLACA DE PETRI",410068.0,"DIMENSÕES: CERCA DE 15 X 60, FORMATO: REDONDA, MATERIAL: VIDRO","UN",100.0,9.3,930.0,0.0,"2026-06-19"]
["UNIVERSIDADE FEDERAL DE GOIAS-UF/GO",153052.0,2612.0,"Material","153052-15/2026","MATERIAIS PARA LABORATÓRIO, VIDRARIAS","Catálogo do Compras.gov.br","Material",6640.0,"EQUIPAMENTOS E ARTIGOS DE LABORATÓRIO",15027.0,"BARRA MAGNÉTICA",419146.0,"CARACTERÍSTICAS ADICIONAIS: LISA, DIMENSÕES: CERCA DE 7 X 30, FORMATO: CILÍNDRICO, MATERIAL: REVESTIDA EM PTFE","UN",2.0,18.4,36.8,0.0,"2026-06-19"]
["UNIVERSIDADE FEDERAL DE GOIAS-UF/GO",153052.0,2613.0,"Material","153052-15/2026","MATERIAIS PARA LABORATÓRIO, VIDRARIAS","Catálogo do Compras.gov.br","Material",6640.0,"EQUIPAMENTOS E ARTIGOS DE LABORATÓRIO",11016.0,"PONTEIRA LABORATÓRIO",421228.0,"ADICIONAL: MÁXIMA RECUPERAÇÃO, CAPACIDADE: ATÉ 10 MCL, ESTERILIDADE*: APIROGÊNICO, LIVRE DE DNASE E RNASE, MATERIAL: POLIPROPILENO, TIPO USO*: DESCARTÁVEL","UN",2.0,29.64,59.28,0.0,"2026-06-19"]
["UNIVERSIDADE FEDERAL DE GOIAS-UF/GO",153052.0,2614.0,"Material","153052-15/2026","MATERIAIS PARA LABORATÓRIO, VIDRARIAS","Catálogo do Compras.gov.br","Material",6640.0,"EQUIPAMENTOS E ARTIGOS DE LABORATÓRIO",10757.0,"PIPETADOR",411171.0,"AJUSTE: TIPO PERA, CAPACIDADE: ATÉ 100, COMPONENTES*: COM 3 VIAS, MATERIAL: BORRACHA, TIPO: MANUAL","UN",2.0,16.5,33.0,0.0,"2026-06-19"]
["UNIVERSIDADE FEDERAL DE GOIAS-UF/GO",153052.0,2630.0,"Material","153052-15/2026","MATERIAIS PARA LABORATÓRIO, VIDRARIAS","Catálogo do Compras.gov.br","Material",6640.0,"EQUIPAMENTOS E ARTIGOS DE LABORATÓRIO",4736.0,"FUNIL LABORATÓRIO",452581.0,"ACESSÓRIOS: TORNEIRA DE TEFLON E ROLHA DE PLÁSTICO, CAPACIDADE: 1000, FORMATO: PERA, MATERIAL: VIDRO","UN",2.0,600.0,1200.0,0.0,"2026-06-19"]
["UNIVERSIDADE FEDERAL DE GOIAS-UF/GO",153052.0,2631.0,"Material","153052-15/2026","MATERIAIS PARA LABORATÓRIO, VIDRARIAS","Catálogo do Compras.gov.br","Material",6640.0,"EQUIPAMENTOS E ARTIGOS DE LABORATÓRIO",2281.0,"PINÇA LABORATÓRIO",410929.0,"APLICAÇÃO: PARA FRASCO E BALÃO, COMPRIMENTO: CERCA DE 20, MATERIAL: METAL, MODELO: TESOURA, REVESTIMENTO: REVESTIDA COM CERÂMICA, TIPO PONTA: PONTA CURVA","UN",3.0,50.0,150.0,0.0,"2026-06-19"]
["UNIVERSIDADE FEDERAL DE GOIAS-UF/GO",153052.0,2632.0,"Material","153052-15/2026","MATERIAIS PARA LABORATÓRIO, VIDRARIAS","Catálogo do Compras.gov.br","Material",6640.0,"EQUIPAMENTOS E ARTIGOS DE LABORATÓRIO",10757.0,"PIPETADOR",421099.0,"AJUSTE: TIPO PERA, CAPACIDADE: ATÉ 100, COMPONENTES*: COM 3 VIAS, MATERIAL: PLÁSTICO, TIPO: MANUAL","UN",4.0,40.0,160.0,0.0,"2026-06-19"]
["UNIVERSIDADE FEDERAL DE GOIAS-UF/GO",153052.0,2633.0,"Material","153052-15/2026","MATERIAIS PARA LABORATÓRIO, VIDRARIAS","Catálogo do Compras.gov.br","Material",6640.0,"EQUIPAMENTOS E ARTIGOS DE LABORATÓRIO",9749.0,"PLACA DE PETRI",433139.0,"DIMENSÕES: CERCA DE 20 X 150, FORMATO: REDONDA, MATERIAL: VIDRO","UN",1.0,70.0,70.0,0.0,"2026-06-19"]
["UNIVERSIDADE FEDERAL DE GOIAS-UF/GO",153052.0,2634.0,"Material","153052-15/2026","MATERIAIS PARA LABORATÓRIO, VIDRARIAS","Catálogo do Compras.gov.br","Material",6640.0,"EQUIPAMENTOS E ARTIGOS DE LABORATÓRIO",13426.0,"LÂMINA LABORATÓRIO",424933.0,"ADICIONAL: PARA HISTOLOGIA, APLICAÇÃO: PREPARADA, DIMENSÕES: CERCA DE 75 X 25, MATERIAL: VIDRO, TIPO*: CONJUNTO C/ ATÉ 50 PEÇAS","UN",1.0,200.0,200.0,0.0,"2026-06-19"]
["UNIVERSIDADE FEDERAL DE GOIAS-UF/GO",153052.0,2635.0,"Material","153052-15/2026","MATERIAIS PARA LABORATÓRIO, VIDRARIAS","Catálogo do Compras.gov.br","Material",6640.0,"EQUIPAMENTOS E ARTIGOS DE LABORATÓRIO",2281.0,"PINÇA LABORATÓRIO",440497.0,"ADICIONAL: DUPLA E COM MUFA, APLICAÇÃO: PARA BURETA, COMPRIMENTO: CERCA DE 25, MATERIAL: METAL, MODELO: CASTALOY","UN",5.0,100.0,500.0,0.0,"2026-06-19"]
["UNIVERSIDADE FEDERAL DE GOIAS-UF/GO",153052.0,2636.0,"Material","153052-15/2026","MATERIAIS PARA LABORATÓRIO, VIDRARIAS","Catálogo do Compras.gov.br","Material",6532.0,"VESTUÁRIO HOSPITALAR E CIRÚRGICO E ITENS CORRELATOS DE  FINALIDADES ESPECIAIS",30029.0,"MÁSCARA CIRÚRGICA",485315.0,"COMPONENTE ADICIONAL: VISOR P/ PROTEÇÃO OCULAR, COR: C/ COR, EFICIÊNCIA: EFP MAIOR QUE 98% E BFE MAIOR QUE 95%, ESTERILIDADE: DESCARTÁVEL, FILTRO: ELEMENTO FILTRANTE INTERNO, FORMATO: RETANGULAR, C/ PREGAS HORIZONTAIS, MATERIAL: NÃO TECIDO 100% POLIPROPILENO, MODELO: AJUSTÁVEL, CLIPE NASAL, QUANTIDADE CAMADAS: MÍNIMO 3 CAMADAS, TAMANHO: ADULTO","UN",3.0,15.0,45.0,0.0,"2026-06-19"]
["UNIVERSIDADE FEDERAL DE GOIAS-UF/GO",153052.0,2637.0,"Material","153052-15/2026","MATERIAIS PARA LABORATÓRIO, VIDRARIAS","Catálogo do Compras.gov.br","Material",8415.0,"VESTUÁRIO PARA FINS ESPECIAIS",419.0,"LUVA DE PROTEÇÃO",624868.0,"ACABAMENTO PALMA: REVESTIMENTO EM POLIURETANO, APLICAÇÃO: PRODUTOS QUÍMICOS E BIOLÓGICO, ESTERILIDADE: NÃO ESTERILIZADA, FINALIDADE: EPI - EQUIPAMENTO DE PROTEÇÃO INDIVIDUAL, MATERIAL: POLICLORETO DE VINILA (PVC), TAMANHO: MÉDIO, TIPO: DESCARTÁVEL, TIPO PUNHO: CURTO, TIPO USO: DESCARTÁVEL","CX",3.0,30.0,90.0,0.0,"2026-06-19"]
["UNIVERSIDADE FEDERAL DE GOIAS-UF/GO",153052.0,2638.0,"Material","153052-15/2026","MATERIAIS PARA LABORATÓRIO, VIDRARIAS","Catálogo do Compras.gov.br","Material",6505.0,"DROGAS E MEDICAMENTOS",460.0,"PERÓXIDO DE HIDROGÊNIO (ÁGUA OXIGENADA)",278440.0,"TIPO: 20 VOLUMES","FR",1.0,40.0,40.0,0.0,"2026-06-19"]
["UNIVERSIDADE FEDERAL DE GOIAS-UF/GO",153052.0,2639.0,"Material","153052-15/2026","MATERIAIS PARA LABORATÓRIO, VIDRARIAS","Catálogo do Compras.gov.br","Material",6550.0,"SUBSTÂNCIAS PARA DIAGNÓSTICO \"IN VITRO\",  REAGENTES,  CONJUNTOS E JOGOS PARA TESTE",13893.0,"CORANTE",441782.0,"COMPONENTES: EOSINA AZUL DE METILENO E SOLUÇÕES RINSE, TIPO*: CONJUNTO COLORAÇÃO PARA CÉLULAS SANGUÍNEAS","FR",1.0,150.0,150.0,0.0,"2026-06-19"]
["UNIVERSIDADE FEDERAL DE GOIAS-UF/GO",153052.0,2640.0,"Material","153052-15/2026","MATERIAIS PARA LABORATÓRIO, VIDRARIAS","Catálogo do Compras.gov.br","Material",6515.0,"INSTRUMENTOS, EQUIPAMENTOS E SUPRIMENTOS MÉDICOS  E  CIRÚRGICOS",19829.0,"PINÇA ANATÔMICA",607670.0,"COMPONENTE: S/ CREMALHEIRA, COMPRIMENTO TOTAL: CERCA DE 12, ESTERILIDADE: ESTERILIZÁVEL, FORMATO PONTA: PONTA RETA, MATERIAL: AÇO INOXIDÁVEL, MODELO 1: LAZAR P/ PONTO, TIPO PONTA: LISA","UN",2.0,200.0,400.0,0.0,"2026-06-19"]
["UNIVERSIDADE FEDERAL DE GOIAS-UF/GO",153052.0,2641.0,"Material","153052-15/2026","MATERIAIS PARA LABORATÓRIO, VIDRARIAS","Catálogo do Compras.gov.br","Material",8415.0,"VESTUÁRIO PARA FINS ESPECIAIS",8518.0,"JALECO",477094.0,"COR: BRANCA, MATERIAL: TECIDO, POSIÇÃO BOLSOS: FRONTAIS INFERIORES, QUANTIDADE BOLSOS: 2, QUANTIDADE BOTÕES: 5, TAMANHO: SOB MEDIDA, TIPO: LONGO, TIPO ABERTURA: FRONTAL, TIPO GOLA: GOLA EM \"V\", TIPO MANGA: LONGA, TIPO TECIDO: OXFORD, USO: UNIFORME","PCT",5.0,80.0,400.0,0.0,"2026-06-19"]
["UNIVERSIDADE FEDERAL DE GOIAS-UF/GO",153052.0,2642.0,"Material","153052-15/2026","MATERIAIS PARA LABORATÓRIO, VIDRARIAS","Catálogo do Compras.gov.br","Material",6550.0,"SUBSTÂNCIAS PARA DIAGNÓSTICO \"IN VITRO\",  REAGENTES,  CONJUNTOS E JOGOS PARA TESTE",13893.0,"CORANTE",455927.0,"ASPECTO FÍSICO: PÓ, CARACTERÍSTICAS ADICIONAIS: CI 52030, TIPO: AZUL DE METILENO","FR",1.0,150.0,150.0,0.0,"2026-06-19"]
["UNIVERSIDADE FEDERAL DE GOIAS-UF/GO",153052.0,2643.0,"Material","153052-15/2026","MATERIAIS PARA LABORATÓRIO, VIDRARIAS","Catálogo do Compras.gov.br","Material",6550.0,"SUBSTÂNCIAS PARA DIAGNÓSTICO \"IN VITRO\",  REAGENTES,  CONJUNTOS E JOGOS PARA TESTE",13893.0,"CORANTE",454844.0,"ASPECTO FÍSICO: PÓ, CARACTERÍSTICAS ADICIONAIS: CI 52040, TIPO: AZUL DE TOLUIDINA","FR",1.0,120.0,120.0,0.0,"2026-06-19"]
["UNIVERSIDADE FEDERAL DE GOIAS-UF/GO",153052.0,2644.0,"Material","153052-15/2026","MATERIAIS PARA LABORATÓRIO, VIDRARIAS","Catálogo do Compras.gov.br","Material",6550.0,"SUBSTÂNCIAS PARA DIAGNÓSTICO \"IN VITRO\",  REAGENTES,  CONJUNTOS E JOGOS PARA TESTE",13893.0,"CORANTE",454810.0,"ASPECTO FÍSICO*: LÍQUIDO, COMPONENTES: ÁCIDO ACÉTICO E VIOLETA GENCIANA (TURK), TIPO*: PARA COLORAÇÃO DE LEUCÓCITOS","FR",1.0,150.0,150.0,0.0,"2026-06-19"]
["UNIVERSIDADE FEDERAL DE GOIAS-UF/GO",153052.0,2699.0,"Material","153052-16/2026","SEINFRA E OUTROS - MATERIAIS ELÉTRICOS E ELETRÔNICOS","Catálogo do Compras.gov.br","Material",6130.0,"CONVERSORES ELÉTRICOS ESTÁTICOS",7709.0,"FONTE ALIMENTAÇÃO",477960.0,"APLICAÇÃO: SERVIDOR, CORRENTE NOMINAL: 91,6, DIMENSÕES: 353 X 750 X 360, FREQUÊNCIA NOMINAL: 50/60, MODELO: PWS-721P-1R, POTÊNCIA NOMINAL: 720, REFERÊNCIA FABRICANTE: 80 PLUS GLOD, TEMPERATURA OPERAÇÃO: 10 A 35, TENSÃO ALIMENTAÇÃO: 100/240, TENSÃO SAÍDA: 12","UN",200.0,849.0,169800.0,0.0,"2026-07-31"]
["UNIVERSIDADE FEDERAL DE GOIAS-UF/GO",153052.0,3581.0,"Material","153052-30/2026","MATERIAIS HOSPITALARES (INSTRUMENTOS, VESTUÁRIOS E EPI'S)","Catálogo do Compras.gov.br","Material",8415.0,"VESTUÁRIO PARA FINS ESPECIAIS",8518.0,"JALECO",392739.0,"CARACTERÍSTICAS ADICIONAIS: FECHAMENTO EM TRANSPASSE LATERAL/TRIPLA AMARRAÇÃO, MATERIAL: 100% POLIPROPILENO, TAMANHO: G, TIPO: DESCARTÁVEL, TIPO MANGA: MANGA LONGA E PUNHO COM ELÁSTICO, TIPO TECIDO: ATÓXICO/POROSO/SEM LATÉX/HIPOALERGÊNCICO, USO: MÉDICO HOSPITALAR","PCT",50.0,33.9,1695.0,0.0,"2026-06-12"]
["UNIVERSIDADE FEDERAL DE GOIAS-UF/GO",153052.0,3582.0,"Material","153052-30/2026","MATERIAIS HOSPITALARES (INSTRUMENTOS, VESTUÁRIOS E EPI'S)","Catálogo do Compras.gov.br","Material",8415.0,"VESTUÁRIO PARA FINS ESPECIAIS",8518.0,"JALECO",392742.0,"CARACTERÍSTICAS ADICIONAIS: FECHAMENTO EM TRANSPASSE LATERAL/TRIPLA AMARRAÇÃO, MATERIAL: 100% POLIPROPILENO, TAMANHO: GG, TIPO: DESCARTÁVEL, TIPO MANGA: MANGA LONGA E PUNHO COM ELÁSTICO, TIPO TECIDO: ATÓXICO/POROSO/SEM LATÉX/HIPOALERGÊNCICO, USO: MÉDICO HOSPITALAR","PCT",50.0,33.9,1695.0,0.0,"2026-06-12"]
["UNIVERSIDADE FEDERAL DE GOIAS-UF/GO",153052.0,3583.0,"Material","153052-30/2026","MATERIAIS HOSPITALARES (INSTRUMENTOS, VESTUÁRIOS E EPI'S)","Catálogo do Compras.gov.br","Material",8415.0,"VESTUÁRIO PARA FINS ESPECIAIS",8518.0,"JALECO",392741.0,"CARACTERÍSTICAS ADICIONAIS: FECHAMENTO EM TRANSPASSE LATERAL/TRIPLA AMARRAÇÃO, MATERIAL: 100% POLIPROPILENO, TAMANHO: P, TIPO: DESCARTÁVEL, TIPO MANGA: MANGA LONGA E PUNHO COM ELÁSTICO, TIPO TECIDO: ATÓXICO/POROSO/SEM LATÉX/HIPOALERGÊNCICO, USO: MÉDICO HOSPITALAR","PCT",100.0,33.9,3390.0,0.0,"2026-06-12"]
["UNIVERSIDADE FEDERAL DE GOIAS-UF/GO",153052.0,3584.0,"Material","153052-30/2026","MATERIAIS HOSPITALARES (INSTRUMENTOS, VESTUÁRIOS E EPI'S)","Catálogo do Compras.gov.br","Material",8415.0,"VESTUÁRIO PARA FINS ESPECIAIS",8518.0,"JALECO",392740.0,"CARACTERÍSTICAS ADICIONAIS: FECHAMENTO EM TRANSPASSE LATERAL/TRIPLA AMARRAÇÃO, MATERIAL: 100% POLIPROPILENO, TAMANHO: M, TIPO: DESCARTÁVEL, TIPO MANGA: MANGA LONGA E PUNHO COM ELÁSTICO, TIPO TECIDO: ATÓXICO/POROSO/SEM LATÉX/HIPOALERGÊNCICO, USO: MÉDICO HOSPITALAR","PCT",100.0,33.9,3390.0,0.0,"2026-06-12"]
["UNIVERSIDADE FEDERAL DE GOIAS-UF/GO",153052.0,2693.0,"Material","153052-16/2026","SEINFRA E OUTROS - MATERIAIS ELÉTRICOS E ELETRÔNICOS","Catálogo do Compras.gov.br","Material",6130.0,"CONVERSORES ELÉTRICOS ESTÁTICOS",7709.0,"FONTE ALIMENTAÇÃO",342814.0,"APLICAÇÃO: CÂMERA DE VIGILÂNCIA, CORRENTE SAÍDA: 2, TENSÃO SAÍDA: 12","UN",50.0,54.53,2726.5,0.0,"2026-07-31"]
["UNIVERSIDADE FEDERAL DE GOIAS-UF/GO",153052.0,2694.0,"Material","153052-16/2026","SEINFRA E OUTROS - MATERIAIS ELÉTRICOS E ELETRÔNICOS","Catálogo do Compras.gov.br","Material",6130.0,"CONVERSORES ELÉTRICOS ESTÁTICOS",7709.0,"FONTE ALIMENTAÇÃO",603990.0,"APLICAÇÃO: LED, CARACTERÍSTICAS ADICIONAIS 1: AUTOMÁTICA, PROTEÇÃO: IP67, CORRENTE SAÍDA: 10, POTÊNCIA: 120, TENSÃO ALIMENTAÇÃO: 110/275, TENSÃO SAÍDA: 12, TIPO: FONTE BLINDADA A PROVA D´AGUA","UN",40.0,158.5,6340.0,0.0,"2026-07-31"]
["UNIVERSIDADE FEDERAL DE GOIAS-UF/GO",153052.0,2695.0,"Material","153052-16/2026","SEINFRA E OUTROS - MATERIAIS ELÉTRICOS E ELETRÔNICOS","Catálogo do Compras.gov.br","Material",6130.0,"CONVERSORES ELÉTRICOS ESTÁTICOS",7709.0,"FONTE ALIMENTAÇÃO",612787.0,"APLICAÇÃO: NOTEBOOKS LENOVO, CARACTERÍSTICAS ADICIONAIS 1: TECNOLOGIA POWER DELIVERY, COMPATIBILIDADE: USB-C 3.1, CORRENTE SAÍDA: 2 A / 2,25 A / 3 A / 3,25, FREQUÊNCIA NOMINAL: 50/60, POTÊNCIA: 65, TENSÃO ALIMENTAÇÃO: 110/240, TENSÃO SAÍDA: 5 V / 9 V / 15 V / 20","UN",200.0,34.21,6842.0,0.0,"2026-07-31"]
["UNIVERSIDADE FEDERAL DE GOIAS-UF/GO",153052.0,2696.0,"Material","153052-16/2026","SEINFRA E OUTROS - MATERIAIS ELÉTRICOS E ELETRÔNICOS","Catálogo do Compras.gov.br","Material",6130.0,"CONVERSORES ELÉTRICOS ESTÁTICOS",7709.0,"FONTE ALIMENTAÇÃO",430680.0,"ACESSÓRIOS: FONTE AC/DC 12V, APLICAÇÃO: MICROCÂMERAS CFTV, CARACTERÍSTICAS ADICIONAIS: ESTABILIZADA, CORRENTE NOMINAL: 10, DIMENSÕES: 200 X 100 X 50, FREQUÊNCIA NOMINAL: 50/60, POTÊNCIA NOMINAL: 120, REFERÊNCIA FABRICANTE: VIVATEC, TENSÃO ALIMENTAÇÃO: 110/240, TENSÃO SAÍDA: 12, TIPO: CHAVEADA","UN",35.0,64.21,2247.35,0.0,"2026-07-31"]
["UNIVERSIDADE FEDERAL DE GOIAS-UF/GO",153052.0,2697.0,"Material","153052-16/2026","SEINFRA E OUTROS - MATERIAIS ELÉTRICOS E ELETRÔNICOS","Catálogo do Compras.gov.br","Material",6130.0,"CONVERSORES ELÉTRICOS ESTÁTICOS",7709.0,"FONTE ALIMENTAÇÃO",342814.0,"APLICAÇÃO: CÂMERA DE VIGILÂNCIA, CORRENTE SAÍDA: 2, TENSÃO SAÍDA: 12","UN",60.0,20.57,1234.2,0.0,"2026-07-31"]
["UNIVERSIDADE FEDERAL DE GOIAS-UF/GO",153052.0,2698.0,"Material","153052-16/2026","SEINFRA E OUTROS - MATERIAIS ELÉTRICOS E ELETRÔNICOS","Catálogo do Compras.gov.br","Material",6130.0,"CONVERSORES ELÉTRICOS ESTÁTICOS",7709.0,"FONTE ALIMENTAÇÃO",453159.0,"CORRENTE SAÍDA: 20, FREQUÊNCIA NOMINAL: 50/60, TENSÃO ALIMENTAÇÃO: 110 / 220, TENSÃO SAÍDA: 12, TIPO: CHAVEADA","UN",50.0,73.54,3677.0,0.0,"2026-07-31"]
["UNIVERSIDADE FEDERAL DE GOIAS-UF/GO",153052.0,3491.0,"Material","153052-30/2026","MATERIAIS HOSPITALARES (INSTRUMENTOS, VESTUÁRIOS E EPI'S)","Catálogo do Compras.gov.br","Material",6515.0,"INSTRUMENTOS, EQUIPAMENTOS E SUPRIMENTOS MÉDICOS  E  CIRÚRGICOS",18351.0,"EMBALAGEM P/ ESTERILIZAÇÃO",443438.0,"APRESENTAÇÃO: ROLO, COMPONENTES: C/ INDICADOR QUÍMICO, COMPONENTES ADICIONAIS: TERMOSSELANTE, COMPOSIÇÃO: C/ FILME POLÍMERO MULTILAMINADO, GRAMATURA / ESPESSURA: CERCA DE 60, MATERIAL: PAPEL GRAU CIRÚRGICO, TAMANHO: CERCA DE 15, TIPO USO: USO ÚNICO","RO",1.0,102.9,102.9,0.0,"2026-06-12"]
["UNIVERSIDADE FEDERAL DE GOIAS-UF/GO",153052.0,3492.0,"Material","153052-30/2026","MATERIAIS HOSPITALARES (INSTRUMENTOS, VESTUÁRIOS E EPI'S)","Catálogo do Compras.gov.br","Material",6515.0,"INSTRUMENTOS, EQUIPAMENTOS E SUPRIMENTOS MÉDICOS  E  CIRÚRGICOS",30273.0,"COLETOR DE RESÍDUOS DE SERVIÇO DE SAÚDE",623106.0,"ADICIONAL: C/ ALÇA, CAPACIDADE: CERCA DE 1, MATERIAL: CAIXA DE PAPELÃO C/ SACO PLÁSTICO, TIPO DE RESÍDUO: GRUPO E - RESÍDUO PERFUROCORTANTE INFECTANTE, TIPO RISCO: RISCO BIOLÓGICO, USO: USO ÚNICO","UN",5.0,143.9,719.5,0.0,"2026-06-12"]
["UNIVERSIDADE FEDERAL DE GOIAS-UF/GO",153052.0,3493.0,"Material","153052-30/2026","MATERIAIS HOSPITALARES (INSTRUMENTOS, VESTUÁRIOS E EPI'S)","Catálogo do Compras.gov.br","Material",6515.0,"INSTRUMENTOS, EQUIPAMENTOS E SUPRIMENTOS MÉDICOS  E  CIRÚRGICOS",19829.0,"PINÇA ANATÔMICA",476091.0,"COMPONENTE: S/ CREMALHEIRA, COMPRIMENTO TOTAL: CERCA DE 14, ESTERILIDADE: ESTERILIZÁVEL, FORMATO PONTA: PONTA CURVA, MATERIAL: AÇO INOXIDÁVEL, MODELO 2: MICRO PLATAFORMA, TIPO PONTA: LISA","UN",4.0,11.9,47.6,0.0,"2026-06-12"]
["UNIVERSIDADE FEDERAL DE GOIAS-UF/GO",153052.0,3494.0,"Material","153052-30/2026","MATERIAIS HOSPITALARES (INSTRUMENTOS, VESTUÁRIOS E EPI'S)","Catálogo do Compras.gov.br","Material",6515.0,"INSTRUMENTOS, EQUIPAMENTOS E SUPRIMENTOS MÉDICOS  E  CIRÚRGICOS",17428.0,"SERINGA",440635.0,"ADICIONAL: GRADUADA (ESCALA UI), NUMERADA, APRESENTAÇÃO: EMBALAGEM INDIVIDUAL, CAPACIDADE: 1, COMPONENTE ADICIONAL: C/ SISTEMA SEGURANÇA SEGUNDO NR/32, ESTERILIDADE: ESTÉRIL, DESCARTÁVEL, MATERIAL: POLIPROPILENO, TIPO AGULHA: C/ AGULHA 30 G X 5/16\", TIPO BICO: BICO CENTRAL LUER LOCK OU SLIP, TIPO VEDAÇÃO: ÊMBOLO DE BORRACHA","EMB",2.0,31.5,63.0,0.0,"2026-06-12"]
["UNIVERSIDADE FEDERAL DE GOIAS-UF/GO",153052.0,3495.0,"Material","153052-30/2026","MATERIAIS HOSPITALARES (INSTRUMENTOS, VESTUÁRIOS E EPI'S)","Catálogo do Compras.gov.br","Material",6515.0,"INSTRUMENTOS, EQUIPAMENTOS E SUPRIMENTOS MÉDICOS  E  CIRÚRGICOS",18351.0,"EMBALAGEM P/ ESTERILIZAÇÃO",442385.0,"APRESENTAÇÃO: ROLO, COMPONENTES: C/ INDICADOR QUÍMICO, COMPONENTES ADICIONAIS: TERMOSSELANTE, COMPOSIÇÃO: C/ FILME POLÍMERO MULTILAMINADO, GRAMATURA / ESPESSURA: CERCA DE 60, MATERIAL: PAPEL GRAU CIRÚRGICO, TAMANHO: CERCA DE 10, TIPO USO: USO ÚNICO","RO",1.0,78.9,78.9,0.0,"2026-06-12"]
["UNIVERSIDADE FEDERAL DE GOIAS-UF/GO",153052.0,3496.0,"Material","153052-30/2026","MATERIAIS HOSPITALARES (INSTRUMENTOS, VESTUÁRIOS E EPI'S)","Catálogo do Compras.gov.br","Material",6515.0,"INSTRUMENTOS, EQUIPAMENTOS E SUPRIMENTOS MÉDICOS  E  CIRÚRGICOS",13092.0,"TUBO PARA COLETA DE AMOSTRA BIOLÓGICA",376621.0,"CARACTERÍSTICA ADICIONAL: À VÁCUO, COMPONENTES: COM EDTA-K3, ESTERILIDADE: ESTÉRIL, DESCARTÁVEL, MATERIAL: PLÁSTICO, USO: COLETA DE SANGUE, VOLUME: 5","UN",1.0,31.08,31.08,0.0,"2026-06-12"]
["UNIVERSIDADE FEDERAL DE GOIAS-UF/GO",153052.0,3497.0,"Material","153052-30/2026","MATERIAIS HOSPITALARES (INSTRUMENTOS, VESTUÁRIOS E EPI'S)","Catálogo do Compras.gov.br","Material",6515.0,"INSTRUMENTOS, EQUIPAMENTOS E SUPRIMENTOS MÉDICOS  E  CIRÚRGICOS",13831.0,"SWAB",396142.0,"APRESENTAÇÃO*: EMBALAGEM INDIVIDUAL EM PAPEL GRAU CIRÚRGICO, ESTERILIDADE: ESTÉRIL, MATERIAL: HASTE PLÁSTICA, TIPO DE USO: DESCARTÁVEL, TIPO PONTA: PONTA EM ALGODÃO HIDRÓFILO","UN",2.0,20.0,40.0,0.0,"2026-06-12"]
["UNIVERSIDADE FEDERAL DE GOIAS-UF/GO",153052.0,3498.0,"Material","153052-30/2026","MATERIAIS HOSPITALARES (INSTRUMENTOS, VESTUÁRIOS E EPI'S)","Catálogo do Compras.gov.br","Material",6515.0,"INSTRUMENTOS, EQUIPAMENTOS E SUPRIMENTOS MÉDICOS  E  CIRÚRGICOS",13092.0,"TUBO PARA COLETA DE AMOSTRA BIOLÓGICA",372351.0,"CARACTERÍSTICA ADICIONAL: À VÁCUO, COMPONENTES: COM ATIVADOR DE COÁGULO E GEL SEPARADOR, ESTERILIDADE: ESTÉRIL, DESCARTÁVEL, MATERIAL: PLÁSTICO, USO: COLETA DE SANGUE, VOLUME: 6","UN",1.0,68.98,68.98,0.0,"2026-06-12"]
["UNIVERSIDADE FEDERAL DE GOIAS-UF/GO",153052.0,3499.0,"Material","153052-30/2026","MATERIAIS HOSPITALARES (INSTRUMENTOS, VESTUÁRIOS E EPI'S)","Catálogo do Compras.gov.br","Material",6532.0,"VESTUÁRIO HOSPITALAR E CIRÚRGICO E ITENS CORRELATOS DE  FINALIDADES ESPECIAIS",30247.0,"LUVA P/ PROCEDIMENTO DE SAÚDE NÃO CIRÚRGICO C/ ANVISA",619855.0,"COR: C/ COR, ESTERILIDADE: NÃO ESTÉRIL, USO ÚNICO, FORMATO: AMBIDESTRA, MATERIAL: BORRACHA NATURAL - LÁTEX, PÓ: SEM PÓ, SUPERFÍCIE: SUPERFÍCIE TEXTURIZADA, TAMANHO: GRANDE - G","EMB",5.0,17.99,89.95,0.0,"2026-06-12"]
["UNIVERSIDADE FEDERAL DE GOIAS-UF/GO",153052.0,3500.0,"Material","153052-30/2026","MATERIAIS HOSPITALARES (INSTRUMENTOS, VESTUÁRIOS E EPI'S)","Catálogo do Compras.gov.br","Material",6532.0,"VESTUÁRIO HOSPITALAR E CIRÚRGICO E ITENS CORRELATOS DE  FINALIDADES ESPECIAIS",30247.0,"LUVA P/ PROCEDIMENTO DE SAÚDE NÃO CIRÚRGICO C/ ANVISA",619841.0,"COR: C/ COR, ESTERILIDADE: NÃO ESTÉRIL, USO ÚNICO, FORMATO: AMBIDESTRA, MATERIAL: BORRACHA NATURAL - LÁTEX, PÓ: COM PÓ BIOABSORVÍVEL, SUPERFÍCIE: SUPERFÍCIE LISA, TAMANHO: MÉDIO - M","EMB",9.0,25.9,233.1,0.0,"2026-06-12"]
["UNIVERSIDADE FEDERAL DE GOIAS-UF/GO",153052.0,3501.0,"Material","153052-30/2026","MATERIAIS HOSPITALARES (INSTRUMENTOS, VESTUÁRIOS E EPI'S)","Catálogo do Compras.gov.br","Material",6532.0,"VESTUÁRIO HOSPITALAR E CIRÚRGICO E ITENS CORRELATOS DE  FINALIDADES ESPECIAIS",30247.0,"LUVA P/ PROCEDIMENTO DE SAÚDE NÃO CIRÚRGICO C/ ANVISA",619842.0,"COR: C/ COR, ESTERILIDADE: NÃO ESTÉRIL, USO ÚNICO, FORMATO: AMBIDESTRA, MATERIAL: BORRACHA NATURAL - LÁTEX, PÓ: COM PÓ BIOABSORVÍVEL, SUPERFÍCIE: SUPERFÍCIE LISA, TAMANHO: GRANDE - G","EMB",7.0,25.9,181.3,0.0,"2026-06-12"]
["UNIVERSIDADE FEDERAL DE GOIAS-UF/GO",153052.0,3502.0,"Material","153052-30/2026","MATERIAIS HOSPITALARES (INSTRUMENTOS, VESTUÁRIOS E EPI'S)","Catálogo do Compras.gov.br","Material",6532.0,"VESTUÁRIO HOSPITALAR E CIRÚRGICO E ITENS CORRELATOS DE  FINALIDADES ESPECIAIS",30247.0,"LUVA P/ PROCEDIMENTO DE SAÚDE NÃO CIRÚRGICO C/ ANVISA",619854.0,"COR: C/ COR, ESTERILIDADE: NÃO ESTÉRIL, USO ÚNICO, FORMATO: AMBIDESTRA, MATERIAL: BORRACHA NATURAL - LÁTEX, PÓ: SEM PÓ, SUPERFÍCIE: SUPERFÍCIE TEXTURIZADA, TAMANHO: MÉDIO - M","EMB",13.0,17.99,233.87,0.0,"2026-06-12"]
["UNIVERSIDADE FEDERAL DE GOIAS-UF/GO",153052.0,3503.0,"Material","153052-30/2026","MATERIAIS HOSPITALARES (INSTRUMENTOS, VESTUÁRIOS E EPI'S)","Catálogo do Compras.gov.br","Material",6532.0,"VESTUÁRIO HOSPITALAR E CIRÚRGICO E ITENS CORRELATOS DE  FINALIDADES ESPECIAIS",30247.0,"LUVA P/ PROCEDIMENTO DE SAÚDE NÃO CIRÚRGICO C/ ANVISA",619840.0,"COR: C/ COR, ESTERILIDADE: NÃO ESTÉRIL, USO ÚNICO, FORMATO: AMBIDESTRA, MATERIAL: BORRACHA NATURAL - LÁTEX, PÓ: COM PÓ BIOABSORVÍVEL, SUPERFÍCIE: SUPERFÍCIE LISA, TAMANHO: PEQUENO - P","EMB",7.0,25.9,181.3,0.0,"2026-06-12"]
["UNIVERSIDADE FEDERAL DE GOIAS-UF/GO",153052.0,3504.0,"Material","153052-30/2026","MATERIAIS HOSPITALARES (INSTRUMENTOS, VESTUÁRIOS E EPI'S)","Catálogo do Compras.gov.br","Material",6532.0,"VESTUÁRIO HOSPITALAR E CIRÚRGICO E ITENS CORRELATOS DE  FINALIDADES ESPECIAIS",30247.0,"LUVA P/ PROCEDIMENTO DE SAÚDE NÃO CIRÚRGICO C/ ANVISA",619853.0,"COR: C/ COR, ESTERILIDADE: NÃO ESTÉRIL, USO ÚNICO, FORMATO: AMBIDESTRA, MATERIAL: BORRACHA NATURAL - LÁTEX, PÓ: SEM PÓ, SUPERFÍCIE: SUPERFÍCIE TEXTURIZADA, TAMANHO: PEQUENO - P","EMB",9.0,17.99,161.91,0.0,"2026-06-12"]
["UNIVERSIDADE FEDERAL DE GOIAS-UF/GO",153052.0,3505.0,"Material","153052-30/2026","MATERIAIS HOSPITALARES (INSTRUMENTOS, VESTUÁRIOS E EPI'S)","Catálogo do Compras.gov.br","Material",6532.0,"VESTUÁRIO HOSPITALAR E CIRÚRGICO E ITENS CORRELATOS DE  FINALIDADES ESPECIAIS",30029.0,"MÁSCARA CIRÚRGICA",485312.0,"COR: C/ COR, EFICIÊNCIA: EFP MAIOR QUE 98% E BFE MAIOR QUE 95%, ESTERILIDADE: DESCARTÁVEL, FILTRO: ELEMENTO FILTRANTE INTERNO, FORMATO: RETANGULAR, C/ PREGAS HORIZONTAIS, MATERIAL: NÃO TECIDO 100% POLIPROPILENO, MODELO: AJUSTÁVEL, CLIPE NASAL, QUANTIDADE CAMADAS: MÍNIMO 3 CAMADAS, TAMANHO: ADULTO","UN",200.0,0.3,60.0,0.0,"2026-06-12"]
["UNIVERSIDADE FEDERAL DE GOIAS-UF/GO",153052.0,2645.0,"Serviço","153052-159/2026","DLOG - GERENCIAMENTO DE FROTA","Catálogo do Compras.gov.br","Serviço",859.0,"OUTROS SERVIÇOS DE SUPORTE",null,null,25372.0,"CONTROLE DE ABASTECIMENTO DE VEÍCULOS","-",1.0,1881296.5,1881296.5,0.0,"2026-06-01"]
["UNIVERSIDADE FEDERAL DE GOIAS-UF/GO",153052.0,3506.0,"Material","153052-30/2026","MATERIAIS HOSPITALARES (INSTRUMENTOS, VESTUÁRIOS E EPI'S)","Catálogo do Compras.gov.br","Material",4240.0,"EQUIPAMENTO PARA SEGURANÇA E SALVAMENTO",13722.0,"LUVA SEGURANÇA",286253.0,"APLICAÇÃO: P/PROTEÇÃO TÉRMICA (ALTAS TEMPERATURAS), CARACTERÍSTICAS ADICIONAIS: FORRO ISOLANTE C/DUPLA CAMADA DE ALGODÃO, COMPRIMENTO: 35,5, MATERIAL: NEOPRENE, MODELO: PALMA ANTIDERRAPANTE, TAMANHO: 9¹/²","PAR",1.0,64.9,64.9,0.0,"2026-06-12"]
["UNIVERSIDADE FEDERAL DE GOIAS-UF/GO",153052.0,3517.0,"Material","153052-30/2026","MATERIAIS HOSPITALARES (INSTRUMENTOS, VESTUÁRIOS E EPI'S)","Catálogo do Compras.gov.br","Material",6515.0,"INSTRUMENTOS, EQUIPAMENTOS E SUPRIMENTOS MÉDICOS  E  CIRÚRGICOS",{"$nulls":4},"-",0.0,0.0,1000.0,0.0,"2026-06-12"]
["UNIVERSIDADE FEDERAL DE GOIAS-UF/GO",153052.0,3566.0,"Material","153052-30/2026","MATERIAIS HOSPITALARES (INSTRUMENTOS, VESTUÁRIOS E EPI'S)","Catálogo do Compras.gov.br","Material",6532.0,"VESTUÁRIO HOSPITALAR E CIRÚRGICO E ITENS CORRELATOS DE  FINALIDADES ESPECIAIS",30247.0,"LUVA P/ PROCEDIMENTO DE SAÚDE NÃO CIRÚRGICO C/ ANVISA",619841.0,"COR: C/ COR, ESTERILIDADE: NÃO ESTÉRIL, USO ÚNICO, FORMATO: AMBIDESTRA, MATERIAL: BORRACHA NATURAL - LÁTEX, PÓ: COM PÓ BIOABSORVÍVEL, SUPERFÍCIE: SUPERFÍCIE LISA, TAMANHO: MÉDIO - M","EMB",7.0,30.0,210.0,0.0,"2026-06-12"]
["UNIVERSIDADE FEDERAL DE GOIAS-UF/GO",153052.0,3567.0,"Material","153052-30/2026","MATERIAIS HOSPITALARES (INSTRUMENTOS, VESTUÁRIOS E EPI'S)","Catálogo do Compras.gov.br","Material",6532.0,"VESTUÁRIO HOSPITALAR E CIRÚRGICO E ITENS CORRELATOS DE  FINALIDADES ESPECIAIS",30247.0,"LUVA P/ PROCEDIMENTO DE SAÚDE NÃO CIRÚRGICO C/ ANVISA",619842.0,"COR: C/ COR, ESTERILIDADE: NÃO ESTÉRIL, USO ÚNICO, FORMATO: AMBIDESTRA, MATERIAL: BORRACHA NATURAL - LÁTEX, PÓ: COM PÓ BIOABSORVÍVEL, SUPERFÍCIE: SUPERFÍCIE LISA, TAMANHO: GRANDE - G","EMB",2.0,30.0,60.0,0.0,"2026-06-12"]
["UNIVERSIDADE FEDERAL DE GOIAS-UF/GO",153052.0,3568.0,"Material","153052-30/2026","MATERIAIS HOSPITALARES (INSTRUMENTOS, VESTUÁRIOS E EPI'S)","Catálogo do Compras.gov.br","Material",6532.0,"VESTUÁRIO HOSPITALAR E CIRÚRGICO E ITENS CORRELATOS DE  FINALIDADES ESPECIAIS",30247.0,"LUVA P/ PROCEDIMENTO DE SAÚDE NÃO CIRÚRGICO C/ ANVISA",619840.0,"COR: C/ COR, ESTERILIDADE: NÃO ESTÉRIL, USO ÚNICO, FORMATO: AMBIDESTRA, MATERIAL: BORRACHA NATURAL - LÁTEX, PÓ: COM PÓ BIOABSORVÍVEL, SUPERFÍCIE: SUPERFÍCIE LISA, TAMANHO: PEQUENO - P","EMB",10.0,30.0,300.0,0.0,"2026-06-12"]
["UNIVERSIDADE FEDERAL DE GOIAS-UF/GO",153052.0,3570.0,"Material","153052-30/2026","MATERIAIS HOSPITALARES (INSTRUMENTOS, VESTUÁRIOS E EPI'S)","Catálogo do Compras.gov.br","Material",6515.0,"INSTRUMENTOS, EQUIPAMENTOS E SUPRIMENTOS MÉDICOS  E  CIRÚRGICOS",7955.0,"GEL PARA EXAME MÉDICO",438929.0,"CARACTERÍSTICAS ADICIONAIS: PH NEUTRO, COMPOSIÇÃO: A BASE DE ÁGUA","GL",2.0,100.0,200.0,0.0,"2026-06-12"]
["UNIVERSIDADE FEDERAL DE GOIAS-UF/GO",153052.0,3571.0,"Material","153052-30/2026","MATERIAIS HOSPITALARES (INSTRUMENTOS, VESTUÁRIOS E EPI'S)","Catálogo do Compras.gov.br","Material",6515.0,"INSTRUMENTOS, EQUIPAMENTOS E SUPRIMENTOS MÉDICOS  E  CIRÚRGICOS",17428.0,"SERINGA",439652.0,"ADICIONAL: GRADUADA (ESCALA UI), NUMERADA, APRESENTAÇÃO: EMBALAGEM INDIVIDUAL, CAPACIDADE: 0,5, ESTERILIDADE: ESTÉRIL, DESCARTÁVEL, MATERIAL: POLIPROPILENO, TIPO AGULHA: C/ AGULHA 30 G X 1/2\", TIPO BICO: BICO CENTRAL LUER LOCK OU SLIP, TIPO VEDAÇÃO: ÊMBOLO DE BORRACHA","EMB",4.0,50.0,200.0,0.0,"2026-06-12"]
["UNIVERSIDADE FEDERAL DE GOIAS-UF/GO",153052.0,3572.0,"Material","153052-30/2026","MATERIAIS HOSPITALARES (INSTRUMENTOS, VESTUÁRIOS E EPI'S)","Catálogo do Compras.gov.br","Material",6515.0,"INSTRUMENTOS, EQUIPAMENTOS E SUPRIMENTOS MÉDICOS  E  CIRÚRGICOS",2176.0,"AGULHA COLETA SANGUE À VÁCUO",411901.0,"DIMENSÃO: 25 G X 1 1/2\", MATERIAL: AÇO INOXIDÁVEL SILICONIZADO, TIPO CONEXÃO: CONECTOR LUER LOCK EM PLÁSTICO, TIPO FIXAÇÃO: PROTETOR PLÁSTICO, TIPO PONTA: BISEL CURTO TRIFACETADO, USO: ESTÉRIL, DESCARTÁVEL, EMBALAGEM INDIVIDUAL","CX",4.0,15.0,60.0,0.0,"2026-06-12"]
["UNIVERSIDADE FEDERAL DE GOIAS-UF/GO",153052.0,3573.0,"Material","153052-30/2026","MATERIAIS HOSPITALARES (INSTRUMENTOS, VESTUÁRIOS E EPI'S)","Catálogo do Compras.gov.br","Material",6510.0,"MATERIAIS CIRÚRGICOS PARA CURATIVOS",18085.0,"ALGODÃO USO MÉDICO",279727.0,"APRESENTAÇÃO: EM BOLAS, ESTERILIDADE: NÃO ESTÉRIL, MATERIAL: ALVEJADO, PURIFICADO, ISENTO DE IMPUREZAS, TIPO: HIDRÓFILO","EMB",3.0,10.0,30.0,0.0,"2026-06-12"]
["UNIVERSIDADE FEDERAL DE GOIAS-UF/GO",153052.0,3507.0,"Material","153052-30/2026","MATERIAIS HOSPITALARES (INSTRUMENTOS, VESTUÁRIOS E EPI'S)","Catálogo do Compras.gov.br","Material",6515.0,"INSTRUMENTOS, EQUIPAMENTOS E SUPRIMENTOS MÉDICOS  E  CIRÚRGICOS",19828.0,"PINÇA CIRÚRGICA",467833.0,"COMPONENTE: C/ CREMALHEIRA, COMPRIMENTO TOTAL: CERCA DE 14, ESTERILIDADE: ESTERILIZÁVEL, FORMATO PONTA: PONTA RETA, MATERIAL: AÇO INOXIDÁVEL, MODELO 1: KELLY, TIPO PONTA: SERRILHADA","UN",20.0,50.0,1000.0,0.0,"2026-06-12"]
["UNIVERSIDADE FEDERAL DE GOIAS-UF/GO",153052.0,3511.0,"Material","153052-30/2026","MATERIAIS HOSPITALARES (INSTRUMENTOS, VESTUÁRIOS E EPI'S)","Catálogo do Compras.gov.br","Material",4240.0,"EQUIPAMENTO PARA SEGURANÇA E SALVAMENTO",1377.0,"ÓCULOS PROTEÇÃO",312489.0,"APLICAÇÃO: ODONTOLOGIA, CARACTERÍSTICAS ADICIONAIS: PROTEÇÃO MÍNIMA DE 99% UVA E UVB, PINOS METÁLICOS, COR ARMAÇÃO: INCOLOR, COR LENTE: INCOLOR, MATERIAL ARMAÇÃO: NÁILON FLEXÍVEL, MATERIAL LENTE: POLICARBONATO, TIPO FIXAÇÃO: HASTE AJUSTÁVEIS TIPO ESPÁTULA","UN",100.0,4.0,400.0,0.0,"2026-06-12"]
["UNIVERSIDADE FEDERAL DE GOIAS-UF/GO",153052.0,3512.0,"Material","153052-30/2026","MATERIAIS HOSPITALARES (INSTRUMENTOS, VESTUÁRIOS E EPI'S)","Catálogo do Compras.gov.br","Material",4240.0,"EQUIPAMENTO PARA SEGURANÇA E SALVAMENTO",13722.0,"LUVA SEGURANÇA",613245.0,"APLICAÇÃO: SOLDADOR, CARACTERÍSTICAS ADICIONAIS: COSTURADO COM FIO KEVLAR, FORRADA ATÉ O PUNHO, MATERIAL: RASPA DE COURO, TAMANHO: VARIADO","PAR",10.0,70.0,700.0,0.0,"2026-06-12"]
["UNIVERSIDADE FEDERAL DE GOIAS-UF/GO",153052.0,3513.0,"Material","153052-30/2026","MATERIAIS HOSPITALARES (INSTRUMENTOS, VESTUÁRIOS E EPI'S)","Catálogo do Compras.gov.br","Material",6515.0,"INSTRUMENTOS, EQUIPAMENTOS E SUPRIMENTOS MÉDICOS  E  CIRÚRGICOS",9410.0,"MÁSCARA DESCARTÁVEL USO GERAL",385112.0,"CARACTERÍSTICAS ADICIONAIS: GRAMPO AJUSTE NASAL EM ALUMÍNIO, MATERIAL: FIBRA DE POLIÉSTER, TIPO FIXAÇÃO: TIRA ELÁSTICA","CX",10.0,50.0,500.0,0.0,"2026-06-12"]
["UNIVERSIDADE FEDERAL DE GOIAS-UF/GO",153052.0,3514.0,"Material","153052-30/2026","MATERIAIS HOSPITALARES (INSTRUMENTOS, VESTUÁRIOS E EPI'S)","Catálogo do Compras.gov.br","Material",6532.0,"VESTUÁRIO HOSPITALAR E CIRÚRGICO E ITENS CORRELATOS DE  FINALIDADES ESPECIAIS",30247.0,"LUVA P/ PROCEDIMENTO DE SAÚDE NÃO CIRÚRGICO C/ ANVISA",619859.0,"COR: C/ COR, EMBALAGEM: PAR EM EMBALAGEM INDIVIDUAL, ESTERILIDADE: ESTÉRIL, USO ÚNICO, FORMATO: AMBIDESTRA, MATERIAL: BORRACHA NATURAL - LÁTEX, PÓ: COM PÓ BIOABSORVÍVEL, SUPERFÍCIE: SUPERFÍCIE LISA, TAMANHO: GRANDE - G","EMB",42.0,55.0,2310.0,0.0,"2026-06-12"]
["UNIVERSIDADE FEDERAL DE GOIAS-UF/GO",153052.0,3515.0,"Material","153052-30/2026","MATERIAIS HOSPITALARES (INSTRUMENTOS, VESTUÁRIOS E EPI'S)","Catálogo do Compras.gov.br","Material",6532.0,"VESTUÁRIO HOSPITALAR E CIRÚRGICO E ITENS CORRELATOS DE  FINALIDADES ESPECIAIS",30247.0,"LUVA P/ PROCEDIMENTO DE SAÚDE NÃO CIRÚRGICO C/ ANVISA",619858.0,"COR: C/ COR, EMBALAGEM: PAR EM EMBALAGEM INDIVIDUAL, ESTERILIDADE: ESTÉRIL, USO ÚNICO, FORMATO: AMBIDESTRA, MATERIAL: BORRACHA NATURAL - LÁTEX, PÓ: COM PÓ BIOABSORVÍVEL, SUPERFÍCIE: SUPERFÍCIE LISA, TAMANHO: MÉDIO - M","EMB",42.0,55.0,2310.0,0.0,"2026-06-12"]
["UNIVERSIDADE FEDERAL DE GOIAS-UF/GO",153052.0,3516.0,"Material","153052-30/2026","MATERIAIS HOSPITALARES (INSTRUMENTOS, VESTUÁRIOS E EPI'S)","Catálogo do Compras.gov.br","Material",6532.0,"VESTUÁRIO HOSPITALAR E CIRÚRGICO E ITENS CORRELATOS DE  FINALIDADES ESPECIAIS",30247.0,"LUVA P/ PROCEDIMENTO DE SAÚDE NÃO CIRÚRGICO C/ ANVISA",619857.0,"COR: C/ COR, EMBALAGEM: PAR EM EMBALAGEM INDIVIDUAL, ESTERILIDADE: ESTÉRIL, USO ÚNICO, FORMATO: AMBIDESTRA, MATERIAL: BORRACHA NATURAL - LÁTEX, PÓ: COM PÓ BIOABSORVÍVEL, SUPERFÍCIE: SUPERFÍCIE LISA, TAMANHO: PEQUENO - P","EMB",42.0,50.0,2100.0,0.0,"2026-06-12"]
["UNIVERSIDADE FEDERAL DE GOIAS-UF/GO",153052.0,3586.0,"Serviço","153052-145/2026","CIDARQ - SERVIÇO DIGITALIZAÇÃO","Catálogo do Compras.gov.br","Serviço",168.0,"SERVIÇOS AUXILIARES DE TECNOLOGIA DA INFORMAÇÃO  E  COMUNICAÇÃO (TIC)",null,null,27278.0,"SERVIÇOS DE DIGITALIZAÇÃO / INDEXAÇÃO DE DOCUMENTOS","-",2.0,20000.0,40000.0,0.0,"2026-08-31"]
["UNIVERSIDADE FEDERAL DE GOIAS-UF/GO",153052.0,2646.0,"Material","153052-16/2026","SEINFRA E OUTROS - MATERIAIS ELÉTRICOS E ELETRÔNICOS","Catálogo do Compras.gov.br","Material",6130.0,"CONVERSORES ELÉTRICOS ESTÁTICOS",7709.0,"FONTE ALIMENTAÇÃO",288965.0,"APLICAÇÃO: MICROCOMPUTADOR, CARACTERÍSTICAS ADICIONAIS: FAN COOLER: 12 CM BALL BEARING ULTRA SILENCIOSO, COMPATIBILIDADE: PENTIUM IV - PADRÃO ATX, CORRENTE ALIMENTAÇÃO: 10/5,5, CORRENTE SAÍDA: 30/0,5/1/2,5, DIMENSÕES: 8,60 X 15 X 14, MODELO: ATX, POTÊNCIA: 450, QUANTIDADE CONEXÃO ALIMENTAÇÃO: 9, TENSÃO ALIMENTAÇÃO: 115/230, TENSÃO SAÍDA: +3,3V/+5V/-12V/+5VSB, FREQÜÊNCIA: 50/60","UN",10.0,250.0,2500.0,0.0,"2026-07-31"]
["UNIVERSIDADE FEDERAL DE GOIAS-UF/GO",153052.0,2723.0,"Material","153052-16/2026","SEINFRA E OUTROS - MATERIAIS ELÉTRICOS E ELETRÔNICOS","Catálogo do Compras.gov.br","Material",5935.0,"CONECTORES ELÉTRICOS",484.0,"TOMADA",614591.0,"CARACTERÍSTICAS ADICIONAIS: COM PRENSA CABO PLÁSTICO, CORRENTE NOMINAL: 10, FORMATO CONTATO: 2P + T, MATERIAL: PVC - CLORETO DE POLIVINILA, MODELO: PLUGUE, NORMAS TÉCNICAS: NBR 14136, REFERÊNCIA: PIAL 615833, TENSÃO NOMINAL: 250, TIPO: MACHO","UN",50.0,5.0,250.0,0.0,"2026-07-31"]
["UNIVERSIDADE FEDERAL DE GOIAS-UF/GO",153052.0,2724.0,"Material","153052-16/2026","SEINFRA E OUTROS - MATERIAIS ELÉTRICOS E ELETRÔNICOS","Catálogo do Compras.gov.br","Material",6910.0,"ACESSÓRIOS PARA TREINAMENTO",17181.0,"ACESSÓRIOS PARA ESTUDO/TREINAMENTO",626128.0,"APLICAÇÃO: KIT PROTOTIPAGEM, APRESENTAÇÃO: 1 PLACA, DISPLAY LCD 1.3\", + 20 JUMPERS, CARACTERÍSTICAS ADICIONAIS: TENSÃO DE OPERAÇÃO: 5V, TENSÃO DE ENTRADA: 3-10V, TIPO: KIT ARDUINO NANO V3.0 ATMEGA328","UN",2.0,300.0,600.0,0.0,"2026-07-31"]
["UNIVERSIDADE FEDERAL DE GOIAS-UF/GO",153052.0,3519.0,"Material","153052-30/2026","MATERIAIS HOSPITALARES (INSTRUMENTOS, VESTUÁRIOS E EPI'S)","Catálogo do Compras.gov.br","Material",6532.0,"VESTUÁRIO HOSPITALAR E CIRÚRGICO E ITENS CORRELATOS DE  FINALIDADES ESPECIAIS",30247.0,"LUVA P/ PROCEDIMENTO DE SAÚDE NÃO CIRÚRGICO C/ ANVISA",619834.0,"COR: TRANSPARENTE, ESTERILIDADE: NÃO ESTÉRIL, USO ÚNICO, FORMATO: AMBIDESTRA, MATERIAL: BORRACHA SINTÉTICA - VINIL / PVC, PÓ: SEM PÓ, SUPERFÍCIE: SUPERFÍCIE LISA, TAMANHO: GRANDE - G","EMB",28.0,30.0,840.0,0.0,"2026-06-12"]
["UNIVERSIDADE FEDERAL DE GOIAS-UF/GO",153052.0,3520.0,"Material","153052-30/2026","MATERIAIS HOSPITALARES (INSTRUMENTOS, VESTUÁRIOS E EPI'S)","Catálogo do Compras.gov.br","Material",8415.0,"VESTUÁRIO PARA FINS ESPECIAIS",419.0,"LUVA DE PROTEÇÃO",450516.0,"ACABAMENTO PALMA: ANTIDERRAPANTE, APLICAÇÃO: LIMPEZA, CARACTERÍSTICAS ADICIONAIS: COM FORRO, MATERIAL: NITRÍLICA, TAMANHO: ÚNICO, TIPO USO: REUTILIZÁVEL","PAR",18.0,6.0,108.0,0.0,"2026-06-12"]
["UNIVERSIDADE FEDERAL DE GOIAS-UF/GO",153052.0,3521.0,"Material","153052-30/2026","MATERIAIS HOSPITALARES (INSTRUMENTOS, VESTUÁRIOS E EPI'S)","Catálogo do Compras.gov.br","Material",8415.0,"VESTUÁRIO PARA FINS ESPECIAIS",12848.0,"TOUCA",369561.0,"APLICAÇÃO: COZINHA INDUSTRIAL, CARACTERÍSTICAS ADICIONAIS: TAMANHO ÚNICO COM ELÁSTICO, COR: BRANCA, MATERIAL: TNT, TIPO: DESCARTÁVEL","PCT",29.0,7.0,203.0,0.0,"2026-06-12"]
["UNIVERSIDADE FEDERAL DE GOIAS-UF/GO",153052.0,3531.0,"Material","153052-30/2026","MATERIAIS HOSPITALARES (INSTRUMENTOS, VESTUÁRIOS E EPI'S)","Catálogo do Compras.gov.br","Material",6515.0,"INSTRUMENTOS, EQUIPAMENTOS E SUPRIMENTOS MÉDICOS  E  CIRÚRGICOS",11700.0,"REANIMADOR MANUAL",456409.0,"CAPACIDADE BALÃO: CERCA 1,5, COMPONENTE 1: MÁSCARA PLÁSTICO RÍGIDO C/ COXIM SILICONE, COMPONENTE 2: RESERVATÓRIO DE O2 EM PLÁSTICO C/ VÁLVULA, COMPONENTES 3: ENTRADA DE O2 E EXTENSOR PVC, MATERIAL BALÃO: SILICONE, TAMANHOS: ADULTO, TIPO VÁLVULA: VÁLVULA UNIDIRECIONAL POP OFF CERCA 60 CMH2O","UN",2.0,119.0,238.0,0.0,"2026-06-12"]
["UNIVERSIDADE FEDERAL DE GOIAS-UF/GO",153052.0,3532.0,"Material","153052-30/2026","MATERIAIS HOSPITALARES (INSTRUMENTOS, VESTUÁRIOS E EPI'S)","Catálogo do Compras.gov.br","Material",6515.0,"INSTRUMENTOS, EQUIPAMENTOS E SUPRIMENTOS MÉDICOS  E  CIRÚRGICOS",30260.0,"CATETER NASAL PARA OXIGÊNIO",621755.0,"APLICAÇÃO: P/ POLISSONOGRAFIA, COMPONENTE ADICIONAL: C/ FILTRO, COMPRIMENTO: CERCA DE 2,5 M, CONECTOR: COMPATÍVEL C/ EQUIPAMENTO, ESTERILIDADE: ESTÉRIL, USO ÚNICO, MATERIAL: TUBO PLÁSTICO C/ PRONGA DE SILICONE, MODELO: TIPO ÓCULOS, TAMANHO: ADULTO","UN",10.0,1.63,16.3,0.0,"2026-06-12"]
["UNIVERSIDADE FEDERAL DE GOIAS-UF/GO",153052.0,3533.0,"Material","153052-30/2026","MATERIAIS HOSPITALARES (INSTRUMENTOS, VESTUÁRIOS E EPI'S)","Catálogo do Compras.gov.br","Material",6515.0,"INSTRUMENTOS, EQUIPAMENTOS E SUPRIMENTOS MÉDICOS  E  CIRÚRGICOS",7611.0,"IMOBILIZADOR (ÓRTESE)",452200.0,"MATERIAL: POLÍMERO  C/ FORRO ATOALHADO, POSIÇÃO: LADO ESQUERDO, TAMANHO: TAMANHO INFANTIL, TIPO: P/ PUNHO, MÃO E DEDOS, TIPO FECHO: TIRAS C/ VELCRO AJUSTÁVEIS","UN",1.0,56.26,56.26,0.0,"2026-06-12"]
["UNIVERSIDADE FEDERAL DE GOIAS-UF/GO",153052.0,3534.0,"Material","153052-30/2026","MATERIAIS HOSPITALARES (INSTRUMENTOS, VESTUÁRIOS E EPI'S)","Catálogo do Compras.gov.br","Material",6515.0,"INSTRUMENTOS, EQUIPAMENTOS E SUPRIMENTOS MÉDICOS  E  CIRÚRGICOS",30260.0,"CATETER NASAL PARA OXIGÊNIO",621752.0,"APLICAÇÃO: P/ POLISSONOGRAFIA, COMPRIMENTO: CERCA DE 2,5 M, CONECTOR: COMPATÍVEL C/ EQUIPAMENTO, ESTERILIDADE: ESTÉRIL, USO ÚNICO, MATERIAL: TUBO PLÁSTICO C/ PRONGA DE SILICONE, MODELO: TIPO ÓCULOS, TAMANHO: INFANTIL","UN",10.0,1.63,16.3,0.0,"2026-06-12"]
["UNIVERSIDADE FEDERAL DE GOIAS-UF/GO",153052.0,3535.0,"Material","153052-30/2026","MATERIAIS HOSPITALARES (INSTRUMENTOS, VESTUÁRIOS E EPI'S)","Catálogo do Compras.gov.br","Material",6515.0,"INSTRUMENTOS, EQUIPAMENTOS E SUPRIMENTOS MÉDICOS  E  CIRÚRGICOS",30260.0,"CATETER NASAL PARA OXIGÊNIO",621739.0,"APLICAÇÃO: P/ OXIGENOTERAPIA, COMPRIMENTO: CERCA DE 2,5 M, CONECTOR: COMPATÍVEL C/ FONTE O2, ESTERILIDADE: ESTÉRIL, USO ÚNICO, MATERIAL: TUBO E PRONGA DE SILICONE, MODELO: TIPO ÓCULOS, TAMANHO: NEONATAL","UN",10.0,1.63,16.3,0.0,"2026-06-12"]
["UNIVERSIDADE FEDERAL DE GOIAS-UF/GO",153052.0,3536.0,"Material","153052-30/2026","MATERIAIS HOSPITALARES (INSTRUMENTOS, VESTUÁRIOS E EPI'S)","Catálogo do Compras.gov.br","Material",6515.0,"INSTRUMENTOS, EQUIPAMENTOS E SUPRIMENTOS MÉDICOS  E  CIRÚRGICOS",379.0,"ESTETOSCÓPIO",609094.0,"ACESSÓRIOS: OLIVAS ANATÔMICAS SILICONE, AUSCULTADOR: AUSCULTADOR DUPLO AÇO INOX C/ ANEL DE BORRACHA, HASTE: HASTE AÇO INOX, TAMANHO: ADULTO, TIPO: BIAURICULAR, TUBO: TUBO \"Y\" PVC","UN",2.0,40.0,80.0,0.0,"2026-06-12"]
["UNIVERSIDADE FEDERAL DE GOIAS-UF/GO",153052.0,3537.0,"Material","153052-30/2026","MATERIAIS HOSPITALARES (INSTRUMENTOS, VESTUÁRIOS E EPI'S)","Catálogo do Compras.gov.br","Material",6515.0,"INSTRUMENTOS, EQUIPAMENTOS E SUPRIMENTOS MÉDICOS  E  CIRÚRGICOS",7611.0,"IMOBILIZADOR (ÓRTESE)",452166.0,"ADICIONAIS: C/ BARBATANAS, MATERIAL: TECIDO RESISTENTE ACOLCHOADO, POSIÇÃO: BILATERAL, TAMANHO: TAMANHO P, TIPO: P/ PUNHO C/ DEDOS LIVRES, TIPO FECHO: TIRAS C/ VELCRO AJUSTÁVEIS","UN",1.0,42.0,42.0,0.0,"2026-06-12"]
["UNIVERSIDADE FEDERAL DE GOIAS-UF/GO",153052.0,3538.0,"Material","153052-30/2026","MATERIAIS HOSPITALARES (INSTRUMENTOS, VESTUÁRIOS E EPI'S)","Catálogo do Compras.gov.br","Material",6515.0,"INSTRUMENTOS, EQUIPAMENTOS E SUPRIMENTOS MÉDICOS  E  CIRÚRGICOS",19647.0,"SISTEMA PARA COMPRESSÃO",485515.0,"APLICAÇÃO: TÁTICO, P/ ATENDIMENTO PRÉ HOSPITALAR, MODELO: CINTA EM NYLON, C/ COR, TIPO: TORNIQUETE NÃO PNEUMÁTICO, TIPO FECHO: AUTO AJUSTÁVEL C/ VELCRO, FIVELA E BARRA PRESSÃO, TIPO USO: REUSÁVEL","UN",5.0,2.0,10.0,0.0,"2026-06-12"]
["UNIVERSIDADE FEDERAL DE GOIAS-UF/GO",153052.0,3539.0,"Material","153052-30/2026","MATERIAIS HOSPITALARES (INSTRUMENTOS, VESTUÁRIOS E EPI'S)","Catálogo do Compras.gov.br","Material",6515.0,"INSTRUMENTOS, EQUIPAMENTOS E SUPRIMENTOS MÉDICOS  E  CIRÚRGICOS",7611.0,"IMOBILIZADOR (ÓRTESE)",452165.0,"ADICIONAIS: C/ BARBATANAS, MATERIAL: TECIDO RESISTENTE ACOLCHOADO, POSIÇÃO: BILATERAL, TAMANHO: TAMANHO G, TIPO: P/ PUNHO C/ DEDOS LIVRES, TIPO FECHO: TIRAS C/ VELCRO AJUSTÁVEIS","UN",1.0,42.0,42.0,0.0,"2026-06-12"]
["UNIVERSIDADE FEDERAL DE GOIAS-UF/GO",153052.0,3540.0,"Material","153052-30/2026","MATERIAIS HOSPITALARES (INSTRUMENTOS, VESTUÁRIOS E EPI'S)","Catálogo do Compras.gov.br","Material",6515.0,"INSTRUMENTOS, EQUIPAMENTOS E SUPRIMENTOS MÉDICOS  E  CIRÚRGICOS",13653.0,"MONITOR PORTÁTIL",389557.0,"ACESSÓRIOS: LANCETADOR, SOLUÇÃO CONTROLE, COMPONENTES: COM LANCETAS, TIRAS, FAIXA DE OPERAÇÃO: ATÉ 600, MEMÓRIA: 250 A 500 TESTES, OPERAÇÃO: DIGITAL, TEMPO RESPOSTA: ATÉ 10, TIPO AMOSTRA: SANGUE CAPILAR, TIPO DE ANÁLISE: QUANTITATIVO DE GLICOSE","UN",2.0,120.0,240.0,0.0,"2026-06-12"]
["UNIVERSIDADE FEDERAL DE GOIAS-UF/GO",153052.0,3541.0,"Material","153052-30/2026","MATERIAIS HOSPITALARES (INSTRUMENTOS, VESTUÁRIOS E EPI'S)","Catálogo do Compras.gov.br","Material",6515.0,"INSTRUMENTOS, EQUIPAMENTOS E SUPRIMENTOS MÉDICOS  E  CIRÚRGICOS",14219.0,"BOLSA TÉRMICA USO EM SAÚDE",433747.0,"APLICAÇÃO*: P/ CALOR, CAPACIDADE*: CERCA 500, COMPONENTES: C/ TAMPA ROSQUEÁVEL, MATERIAL*: BORRACHA NATURAL, MODELO: RETANGULAR","UN",2.0,67.0,134.0,0.0,"2026-06-12"]
["UNIVERSIDADE FEDERAL DE GOIAS-UF/GO",153052.0,3542.0,"Material","153052-30/2026","MATERIAIS HOSPITALARES (INSTRUMENTOS, VESTUÁRIOS E EPI'S)","Catálogo do Compras.gov.br","Material",6515.0,"INSTRUMENTOS, EQUIPAMENTOS E SUPRIMENTOS MÉDICOS  E  CIRÚRGICOS",6960.0,"ESFIGMOMANÔMETRO",436498.0,"AJUSTE: DIGITAL, FAIXA DE OPERAÇÃO: ATÉ 300, MATERIAL BRAÇADEIRA: BRAÇADEIRA EM NYLON, TAMANHO: ADULTO, TIPO FECHO: FECHO EM VELCRO, TIPO*: DE BRAÇO","UN",2.0,90.0,180.0,0.0,"2026-06-12"]
["UNIVERSIDADE FEDERAL DE GOIAS-UF/GO",153052.0,3543.0,"Material","153052-30/2026","MATERIAIS HOSPITALARES (INSTRUMENTOS, VESTUÁRIOS E EPI'S)","Catálogo do Compras.gov.br","Material",6515.0,"INSTRUMENTOS, EQUIPAMENTOS E SUPRIMENTOS MÉDICOS  E  CIRÚRGICOS",7611.0,"IMOBILIZADOR (ÓRTESE)",452196.0,"ADICIONAIS: C/ MARCAÇÕES PARA DOBRAS, MATERIAL: PAPELÃO, POSIÇÃO: BILATERAL, TAMANHO: TAMANHO INFANTIL, TIPO: P/ MEMBRO INFERIOR","UN",1.0,3.62,3.62,0.0,"2026-06-12"]
["UNIVERSIDADE FEDERAL DE GOIAS-UF/GO",153052.0,3544.0,"Material","153052-30/2026","MATERIAIS HOSPITALARES (INSTRUMENTOS, VESTUÁRIOS E EPI'S)","Catálogo do Compras.gov.br","Material",6515.0,"INSTRUMENTOS, EQUIPAMENTOS E SUPRIMENTOS MÉDICOS  E  CIRÚRGICOS",30273.0,"COLETOR DE RESÍDUOS DE SERVIÇO DE SAÚDE",623105.0,"ADICIONAL: C/ ALÇA, CAPACIDADE: CERCA DE 1, COMPONENTE: ENCAIXE P/ DESCONEXÃO DE AGULHA, MATERIAL: CAIXA DE PAPELÃO C/ SACO PLÁSTICO, TIPO DE RESÍDUO: GRUPO E - RESÍDUO PERFUROCORTANTE INFECTANTE, TIPO RISCO: RISCO BIOLÓGICO, USO: USO ÚNICO","UN",2.0,5.0,10.0,0.0,"2026-06-12"]
["UNIVERSIDADE FEDERAL DE GOIAS-UF/GO",153052.0,3545.0,"Material","153052-30/2026","MATERIAIS HOSPITALARES (INSTRUMENTOS, VESTUÁRIOS E EPI'S)","Catálogo do Compras.gov.br","Material",6515.0,"INSTRUMENTOS, EQUIPAMENTOS E SUPRIMENTOS MÉDICOS  E  CIRÚRGICOS",7611.0,"IMOBILIZADOR (ÓRTESE)",452152.0,"MATERIAL: TECIDO 100 % ALGODÃO RESISTENTE, MODELO: ALÇA REGULÁVEL, POSIÇÃO: BILATERAL, TAMANHO: TAMANHO P, TIPO: TIPOIA VELPEAU, TIPO FECHO: FECHO DE ENGATE RÁPIDO","UN",1.0,84.0,84.0,0.0,"2026-06-12"]
["UNIVERSIDADE FEDERAL DE GOIAS-UF/GO",153052.0,3546.0,"Material","153052-30/2026","MATERIAIS HOSPITALARES (INSTRUMENTOS, VESTUÁRIOS E EPI'S)","Catálogo do Compras.gov.br","Material",6515.0,"INSTRUMENTOS, EQUIPAMENTOS E SUPRIMENTOS MÉDICOS  E  CIRÚRGICOS",7611.0,"IMOBILIZADOR (ÓRTESE)",452149.0,"MATERIAL: TECIDO 100 % ALGODÃO RESISTENTE, MODELO: ALÇA REGULÁVEL, POSIÇÃO: BILATERAL, TAMANHO: TAMANHO G, TIPO: TIPOIA VELPEAU, TIPO FECHO: FECHO DE ENGATE RÁPIDO","UN",1.0,84.0,84.0,0.0,"2026-06-12"]
["UNIVERSIDADE FEDERAL DE GOIAS-UF/GO",153052.0,3547.0,"Material","153052-30/2026","MATERIAIS HOSPITALARES (INSTRUMENTOS, VESTUÁRIOS E EPI'S)","Catálogo do Compras.gov.br","Material",6515.0,"INSTRUMENTOS, EQUIPAMENTOS E SUPRIMENTOS MÉDICOS  E  CIRÚRGICOS",3192.0,"BACIA - USO HOSPITALAR",469451.0,"CAPACIDADE: CERCA DE 2500, DIÂMETRO: CERCA DE 30, ESTERILIDADE: ESTERILIZÁVEL, MATERIAL: AÇO INOXIDÁVEL","UN",1.0,160.0,160.0,0.0,"2026-06-12"]
["UNIVERSIDADE FEDERAL DE GOIAS-UF/GO",153052.0,3548.0,"Material","153052-30/2026","MATERIAIS HOSPITALARES (INSTRUMENTOS, VESTUÁRIOS E EPI'S)","Catálogo do Compras.gov.br","Material",6515.0,"INSTRUMENTOS, EQUIPAMENTOS E SUPRIMENTOS MÉDICOS  E  CIRÚRGICOS",7611.0,"IMOBILIZADOR (ÓRTESE)",452150.0,"MATERIAL: TECIDO 100 % ALGODÃO RESISTENTE, MODELO: ALÇA REGULÁVEL, POSIÇÃO: BILATERAL, TAMANHO: TAMANHO M, TIPO: TIPOIA VELPEAU, TIPO FECHO: FECHO DE ENGATE RÁPIDO","UN",1.0,84.0,84.0,0.0,"2026-06-12"]
["UNIVERSIDADE FEDERAL DE GOIAS-UF/GO",153052.0,3549.0,"Material","153052-30/2026","MATERIAIS HOSPITALARES (INSTRUMENTOS, VESTUÁRIOS E EPI'S)","Catálogo do Compras.gov.br","Material",6515.0,"INSTRUMENTOS, EQUIPAMENTOS E SUPRIMENTOS MÉDICOS  E  CIRÚRGICOS",6960.0,"ESFIGMOMANÔMETRO",432472.0,"AJUSTE: ANALÓGICO, ANERÓIDE, FAIXA DE OPERAÇÃO: ATÉ 300, MATERIAL BRAÇADEIRA: BRAÇADEIRA EM NYLON, TAMANHO: INFANTIL, TIPO FECHO: FECHO EM VELCRO, TIPO*: DE BRAÇO","UN",1.0,60.0,60.0,0.0,"2026-06-12"]
["UNIVERSIDADE FEDERAL DE GOIAS-UF/GO",153052.0,3550.0,"Material","153052-30/2026","MATERIAIS HOSPITALARES (INSTRUMENTOS, VESTUÁRIOS E EPI'S)","Catálogo do Compras.gov.br","Material",6515.0,"INSTRUMENTOS, EQUIPAMENTOS E SUPRIMENTOS MÉDICOS  E  CIRÚRGICOS",7611.0,"IMOBILIZADOR (ÓRTESE)",452199.0,"MATERIAL: POLÍMERO  C/ FORRO ATOALHADO, POSIÇÃO: LADO DIREITO, TAMANHO: TAMANHO INFANTIL, TIPO: P/ PUNHO, MÃO E DEDOS, TIPO FECHO: TIRAS C/ VELCRO AJUSTÁVEIS","UN",1.0,56.26,56.26,0.0,"2026-06-12"]
["UNIVERSIDADE FEDERAL DE GOIAS-UF/GO",153052.0,3551.0,"Material","153052-30/2026","MATERIAIS HOSPITALARES (INSTRUMENTOS, VESTUÁRIOS E EPI'S)","Catálogo do Compras.gov.br","Material",6515.0,"INSTRUMENTOS, EQUIPAMENTOS E SUPRIMENTOS MÉDICOS  E  CIRÚRGICOS",9745.0,"MATERIAL GASOTERAPIA",435413.0,"ESTERILIDADE*: ESTERILIZÁVEL, MODELO: UMIDIFICADOR, SAÍDA: P/ OXIGÊNIO, TIPO FRASCO: FRASCO PLÁSTICO GRADUADO, C/ TAMPA, VOLUME: CERCA DE 250, CARACTERÍSTICA ADICIONAL: CONECTOR METAL C/ROSCA","UN",2.0,15.2,30.4,0.0,"2026-06-12"]
["UNIVERSIDADE FEDERAL DE GOIAS-UF/GO",153052.0,3552.0,"Material","153052-30/2026","MATERIAIS HOSPITALARES (INSTRUMENTOS, VESTUÁRIOS E EPI'S)","Catálogo do Compras.gov.br","Material",6515.0,"INSTRUMENTOS, EQUIPAMENTOS E SUPRIMENTOS MÉDICOS  E  CIRÚRGICOS",6960.0,"ESFIGMOMANÔMETRO",432482.0,"AJUSTE: DIGITAL, CARACTERÍSTICA ADICIONAL: C/ FREQUENCÍMETRO, FAIXA DE OPERAÇÃO: ATÉ 300, MATERIAL BRAÇADEIRA: BRAÇADEIRA EM NYLON, TAMANHO: ADULTO, TIPO FECHO: FECHO EM VELCRO, TIPO*: DE PULSO","UN",1.0,50.0,50.0,0.0,"2026-06-12"]
["UNIVERSIDADE FEDERAL DE GOIAS-UF/GO",153052.0,3553.0,"Material","153052-30/2026","MATERIAIS HOSPITALARES (INSTRUMENTOS, VESTUÁRIOS E EPI'S)","Catálogo do Compras.gov.br","Material",6515.0,"INSTRUMENTOS, EQUIPAMENTOS E SUPRIMENTOS MÉDICOS  E  CIRÚRGICOS",11700.0,"REANIMADOR MANUAL",456411.0,"CAPACIDADE BALÃO: CERCA 250, COMPONENTE 1: MÁSCARA PLÁSTICO RÍGIDO C/ COXIM SILICONE, COMPONENTE 2: RESERVATÓRIO DE O2 EM PLÁSTICO C/ VÁLVULA, COMPONENTES 3: ENTRADA DE O2 E EXTENSOR PVC, MATERIAL BALÃO: SILICONE, TAMANHOS: NEONATAL, TIPO VÁLVULA: VÁLVULA UNIDIRECIONAL POP OFF CERCA 40 CMH20","UN",2.0,220.0,440.0,0.0,"2026-06-12"]
["UNIVERSIDADE FEDERAL DE GOIAS-UF/GO",153052.0,3554.0,"Material","153052-30/2026","MATERIAIS HOSPITALARES (INSTRUMENTOS, VESTUÁRIOS E EPI'S)","Catálogo do Compras.gov.br","Material",6515.0,"INSTRUMENTOS, EQUIPAMENTOS E SUPRIMENTOS MÉDICOS  E  CIRÚRGICOS",2202.0,"IMOBILIZADOR (TALA)",469637.0,"MATERIAL: METAL REVESTIDO DE E.V.A., TAMANHO: TAMANHOS VARIADOS, MÍNIMO 6 PEÇAS","UN",2.0,140.0,280.0,0.0,"2026-06-12"]
["UNIVERSIDADE FEDERAL DE GOIAS-UF/GO",153052.0,3555.0,"Material","153052-30/2026","MATERIAIS HOSPITALARES (INSTRUMENTOS, VESTUÁRIOS E EPI'S)","Catálogo do Compras.gov.br","Material",6532.0,"VESTUÁRIO HOSPITALAR E CIRÚRGICO E ITENS CORRELATOS DE  FINALIDADES ESPECIAIS",8774.0,"LENÇOL DESCARTÁVEL USO HOSPITALAR",481799.0,"APRESENTAÇÃO 1: C/ ELÁSTICO, DIMENSOES: CERCA DE 150 X 220 CM, GRAMATURA 1: CERCA DE 40, MATERIA PRIMA: 100% POLIPROPILENO, NÃO TECIDO TNT","UN",200.0,0.9,180.0,0.0,"2026-06-12"]
["UNIVERSIDADE FEDERAL DE GOIAS-UF/GO",153052.0,3556.0,"Material","153052-30/2026","MATERIAIS HOSPITALARES (INSTRUMENTOS, VESTUÁRIOS E EPI'S)","Catálogo do Compras.gov.br","Material",6532.0,"VESTUÁRIO HOSPITALAR E CIRÚRGICO E ITENS CORRELATOS DE  FINALIDADES ESPECIAIS",30029.0,"MÁSCARA CIRÚRGICA",485312.0,"COR: C/ COR, EFICIÊNCIA: EFP MAIOR QUE 98% E BFE MAIOR QUE 95%, ESTERILIDADE: DESCARTÁVEL, FILTRO: ELEMENTO FILTRANTE INTERNO, FORMATO: RETANGULAR, C/ PREGAS HORIZONTAIS, MATERIAL: NÃO TECIDO 100% POLIPROPILENO, MODELO: AJUSTÁVEL, CLIPE NASAL, QUANTIDADE CAMADAS: MÍNIMO 3 CAMADAS, TAMANHO: ADULTO","UN",150.0,8.0,1200.0,0.0,"2026-06-12"]
["UNIVERSIDADE FEDERAL DE GOIAS-UF/GO",153052.0,3557.0,"Material","153052-30/2026","MATERIAIS HOSPITALARES (INSTRUMENTOS, VESTUÁRIOS E EPI'S)","Catálogo do Compras.gov.br","Material",6532.0,"VESTUÁRIO HOSPITALAR E CIRÚRGICO E ITENS CORRELATOS DE  FINALIDADES ESPECIAIS",30247.0,"LUVA P/ PROCEDIMENTO DE SAÚDE NÃO CIRÚRGICO C/ ANVISA",619841.0,"COR: C/ COR, ESTERILIDADE: NÃO ESTÉRIL, USO ÚNICO, FORMATO: AMBIDESTRA, MATERIAL: BORRACHA NATURAL - LÁTEX, PÓ: COM PÓ BIOABSORVÍVEL, SUPERFÍCIE: SUPERFÍCIE LISA, TAMANHO: MÉDIO - M","EMB",20.0,35.0,700.0,0.0,"2026-06-12"]
["UNIVERSIDADE FEDERAL DE GOIAS-UF/GO",153052.0,3558.0,"Material","153052-30/2026","MATERIAIS HOSPITALARES (INSTRUMENTOS, VESTUÁRIOS E EPI'S)","Catálogo do Compras.gov.br","Material",6532.0,"VESTUÁRIO HOSPITALAR E CIRÚRGICO E ITENS CORRELATOS DE  FINALIDADES ESPECIAIS",437.0,"TOUCA HOSPITALAR",428616.0,"CARACTERÍSTICA ADICIONAL 01: HIPOALERGÊNICA, ATÓXICA, INODORA, UNISSEX, COR*: COM COR, GRAMATURA*: CERCA DE 30, MATERIAL*: NÃO TECIDO 100% POLIPROPILENO, MODELO: COM ELÁSTICO EM TODA VOLTA, TAMANHO*: ÚNICO, TIPO USO*: DESCARTÁVEL","EMB",1.0,10.0,10.0,0.0,"2026-06-12"]
["UNIVERSIDADE FEDERAL DE GOIAS-UF/GO",153052.0,3559.0,"Material","153052-30/2026","MATERIAIS HOSPITALARES (INSTRUMENTOS, VESTUÁRIOS E EPI'S)","Catálogo do Compras.gov.br","Material",9999.0,"ITENS DIVERSOS",7961.0,"GELO REUTILIZÁVEL",625126.0,"COMPOSIÇÃO: GEL ATÓXICO A BASE DE POLÍMERO, NEUTRALIZANTES, AG, DIMENSÕES: 22 X 15 X 2","EMB",5.0,2.8,14.0,0.0,"2026-06-12"]
["UNIVERSIDADE FEDERAL DE GOIAS-UF/GO",153052.0,3560.0,"Material","153052-30/2026","MATERIAIS HOSPITALARES (INSTRUMENTOS, VESTUÁRIOS E EPI'S)","Catálogo do Compras.gov.br","Material",6510.0,"MATERIAIS CIRÚRGICOS PARA CURATIVOS",373.0,"COMPRESSA GAZE",615986.0,"ADICIONAL: 5 DOBRAS, DIMENSÕES: CERCA DE 7,5 X 7,5, EMBALAGEM: EMBALAGEM INDIVIDUAL, ESTERILIDADE*: ESTÉRIL, USO ÚNICO, GRAMATURA: 13 FIOS/, MATERIAL: 100% ALGODÃO","PCT",12.0,30.0,360.0,0.0,"2026-06-12"]
["UNIVERSIDADE FEDERAL DE GOIAS-UF/GO",153052.0,3561.0,"Material","153052-30/2026","MATERIAIS HOSPITALARES (INSTRUMENTOS, VESTUÁRIOS E EPI'S)","Catálogo do Compras.gov.br","Material",6510.0,"MATERIAIS CIRÚRGICOS PARA CURATIVOS",30274.0,"COMPRESSA CAMPO OPERATÓRIO",623087.0,"DIMENSÃO: CERCA DE 25 X 28, ESTERILIDADE: ESTÉRIL, USO ÚNICO, FIXAÇÃO: C/ DISPOSITIVO DE FIXAÇÃO, MATERIAL: 100% ALGODÃO, TIPO: COM PRÉ-ENCOLHIMENTO","EMB",3.0,20.0,60.0,0.0,"2026-06-12"]
["UNIVERSIDADE FEDERAL DE GOIAS-UF/GO",153052.0,3562.0,"Material","153052-30/2026","MATERIAIS HOSPITALARES (INSTRUMENTOS, VESTUÁRIOS E EPI'S)","Catálogo do Compras.gov.br","Material",6510.0,"MATERIAIS CIRÚRGICOS PARA CURATIVOS",3104.0,"ATADURA",474789.0,"DIMENSÕES: CERCA DE 15, EMBALAGEM: EMBALAGEM INDIVIDUAL, GRAMATURA 1: CERCA DE 15 FIOS/, MATERIAL 1: TECIDO MISTO, TIPO 1: CREPOM","RO",100.0,2.0,200.0,0.0,"2026-06-12"]
["UNIVERSIDADE FEDERAL DE GOIAS-UF/GO",153052.0,3563.0,"Material","153052-30/2026","MATERIAIS HOSPITALARES (INSTRUMENTOS, VESTUÁRIOS E EPI'S)","Catálogo do Compras.gov.br","Material",6510.0,"MATERIAIS CIRÚRGICOS PARA CURATIVOS",17139.0,"FITA HOSPITALAR",437863.0,"COMPONENTES: ADESIVO À BASE DE ZINCO, COR: COM COR, DIMENSÕES: CERCA DE 100, MATERIAL: DORSO EM ALGODÃO, TIPO: ESPARADRAPO, IMPERMEÁVEL","EMB",2.0,160.0,320.0,0.0,"2026-06-12"]
["UNIVERSIDADE FEDERAL DE GOIAS-UF/GO",153052.0,3564.0,"Material","153052-30/2026","MATERIAIS HOSPITALARES (INSTRUMENTOS, VESTUÁRIOS E EPI'S)","Catálogo do Compras.gov.br","Material",6510.0,"MATERIAIS CIRÚRGICOS PARA CURATIVOS",17139.0,"FITA HOSPITALAR",437867.0,"CARACTERÍSTICAS ADICIONAIS: HIPOALERGÊNICO, COMPONENTES: ADESIVO ACRÍLICO, COR: COM COR, DIMENSÕES: CERCA DE 50, MATERIAL: DORSO EM NÃO TECIDO, TIPO: MICROPOROSA","UN",30.0,16.0,480.0,0.0,"2026-06-12"]
["UNIVERSIDADE FEDERAL DE GOIAS-UF/GO",153052.0,3565.0,"Material","153052-30/2026","MATERIAIS HOSPITALARES (INSTRUMENTOS, VESTUÁRIOS E EPI'S)","Catálogo do Compras.gov.br","Material",6510.0,"MATERIAIS CIRÚRGICOS PARA CURATIVOS",18085.0,"ALGODÃO USO MÉDICO",279727.0,"APRESENTAÇÃO: EM BOLAS, ESTERILIDADE: NÃO ESTÉRIL, MATERIAL: ALVEJADO, PURIFICADO, ISENTO DE IMPUREZAS, TIPO: HIDRÓFILO","EMB",1.0,7.0,7.0,0.0,"2026-06-12"]
["UNIVERSIDADE FEDERAL DE GOIAS-UF/GO",153052.0,3580.0,"Material","153052-30/2026","MATERIAIS HOSPITALARES (INSTRUMENTOS, VESTUÁRIOS E EPI'S)","Catálogo do Compras.gov.br","Material",8415.0,"VESTUÁRIO PARA FINS ESPECIAIS",419.0,"LUVA DE PROTEÇÃO",450345.0,"ACABAMENTO PALMA: LISO, APLICAÇÃO: LABORATORIAL, CARACTERÍSTICAS ADICIONAIS: SEM PÓ, COR: AZUL, ESTERILIDADE: NÃO ESTERILIZADA, MATERIAL: NITRÍLICA, TAMANHO: MÉDIO, TIPO PUNHO: CURTO","CX",50.0,18.92,946.0,0.0,"2026-06-12"]
["UNIVERSIDADE FEDERAL DE GOIAS-UF/GO",153052.0,2680.0,"Material","153052-16/2026","SEINFRA E OUTROS - MATERIAIS ELÉTRICOS E ELETRÔNICOS","Catálogo do Compras.gov.br","Material",5915.0,"FILTROS E REDES",7472.0,"FILTRO LINHA",632182.0,"CARACTERÍSTICAS ADICIONAIS: PROTEÇÃO CONTRA SURTOS E SOBRECARGAS, COMPONENTES: GABINETE PLÁSTICO, LÂMINA DE COBRE NO CABO, COMPRIMENTO CABO: 3, CORRENTE MÁXIMA: 10, CORRENTE NOMINAL: 10, NÚMERO PÓLOS: 2P + T, POTÊNCIA MÁXIMA: 2200, QUANTIDADE SAÍDA: 5 TOMADAS TRIPOLARES + 2 USB, TENSÃO ALIMENTAÇÃO: 110/220","UN",5.0,45.0,225.0,0.0,"2026-07-31"]
["UNIVERSIDADE FEDERAL DE GOIAS-UF/GO",153052.0,2681.0,"Material","153052-16/2026","SEINFRA E OUTROS - MATERIAIS ELÉTRICOS E ELETRÔNICOS","Catálogo do Compras.gov.br","Material",5962.0,"MICROCIRCUITOS ELETRÔNICOS",5043.0,"CIRCUITO INTEGRADO",458748.0,"APLICAÇÃO: PRÁTICAS ELETRÔNICAS, CORRENTE NOMINAL: 2, ENCAPSULAMENTO: DIP, QUANTIDADE PINOS: 14, REFERÊNCIA 3: IR 2113, TENSÃO SAÍDA: 10 A 20, TIPO: ACIONADOR MOSFETS OU IGBTS","UN",50.0,60.0,3000.0,0.0,"2026-07-31"]
["UNIVERSIDADE FEDERAL DE GOIAS-UF/GO",153052.0,2682.0,"Material","153052-16/2026","SEINFRA E OUTROS - MATERIAIS ELÉTRICOS E ELETRÔNICOS","Catálogo do Compras.gov.br","Material",5962.0,"MICROCIRCUITOS ELETRÔNICOS",5043.0,"CIRCUITO INTEGRADO",348753.0,"ENCAPSULAMENTO: PDIP, QUANTIDADE PINOS: 16, REFERÊNCIA 2: CD4017B (TEXAS INSTRUMENTS), TIPO: CONTADOR DE DÉCADA","UN",20.0,130.0,2600.0,0.0,"2026-07-31"]
["UNIVERSIDADE FEDERAL DE GOIAS-UF/GO",153052.0,2730.0,"Serviço","153052-158/2026","BC E EMAC - SERVIÇO DE AFINAÇÃO DE PIANO E INSTRUMENTOS MUSICAIS","Catálogo do Compras.gov.br","Serviço",872.0,"SERVIÇOS DE REPARO DE OUTROS BENS",null,null,15687.0,"AFINAÇÃO DE INSTRUMENTOS MUSICAIS","-",1.0,2000.0,2000.0,0.0,"2026-04-01"]
["UNIVERSIDADE FEDERAL DE GOIAS-UF/GO",153052.0,2700.0,"Material","153052-16/2026","SEINFRA E OUTROS - MATERIAIS ELÉTRICOS E ELETRÔNICOS","Catálogo do Compras.gov.br","Material",5963.0,"MÓDULOS ELETRÔNICOS",18663.0,"MÓDULO ELETRÔNICO",475612.0,"APLICAÇÃO: PLC ALLEN BRADLEY, MODELO: 1769-IQ32, REFERÊNCIA FABRICANTE: 1769-IQ32 ALLEN BRADLEY, TIPO: ENTRADAS DIGITAIS","UN",1.0,5822.95,5822.95,0.0,"2026-07-31"]
["UNIVERSIDADE FEDERAL DE GOIAS-UF/GO",153052.0,2647.0,"Material","153052-16/2026","SEINFRA E OUTROS - MATERIAIS ELÉTRICOS E ELETRÔNICOS","Catálogo do Compras.gov.br","Material",5905.0,"RESISTORES",1.0,"RESISTOR CARBONO",393584.0,"APLICAÇÃO: ELETRÔNICA, POTÊNCIA NOMINAL: 1/4, RESISTÊNCIA NOMINAL: 10.000, TIPO: FIXO","UN",400.0,0.2,80.0,0.0,"2026-07-31"]
["UNIVERSIDADE FEDERAL DE GOIAS-UF/GO",153052.0,2648.0,"Material","153052-16/2026","SEINFRA E OUTROS - MATERIAIS ELÉTRICOS E ELETRÔNICOS","Catálogo do Compras.gov.br","Material",5905.0,"RESISTORES",1.0,"RESISTOR CARBONO",393549.0,"APLICAÇÃO: ELETRÔNICA, POTÊNCIA NOMINAL: 1/4, RESISTÊNCIA NOMINAL: 180, TIPO: FIXO","UN",100.0,0.2,20.0,0.0,"2026-07-31"]
["UNIVERSIDADE FEDERAL DE GOIAS-UF/GO",153052.0,2649.0,"Material","153052-16/2026","SEINFRA E OUTROS - MATERIAIS ELÉTRICOS E ELETRÔNICOS","Catálogo do Compras.gov.br","Material",5905.0,"RESISTORES",1.0,"RESISTOR CARBONO",393590.0,"APLICAÇÃO: ELETRÔNICA, POTÊNCIA NOMINAL: 1/4, RESISTÊNCIA NOMINAL: 4K7, TIPO: FIXO","UN",400.0,0.2,80.0,0.0,"2026-07-31"]
["UNIVERSIDADE FEDERAL DE GOIAS-UF/GO",153052.0,2650.0,"Material","153052-16/2026","SEINFRA E OUTROS - MATERIAIS ELÉTRICOS E ELETRÔNICOS","Catálogo do Compras.gov.br","Material",5905.0,"RESISTORES",1.0,"RESISTOR CARBONO",347044.0,"POTÊNCIA NOMINAL: 0,5, RESISTÊNCIA NOMINAL: 47, TIPO: FIXO, TOLERÂNCIA: +/- 5","UN",400.0,0.2,80.0,0.0,"2026-07-31"]
["UNIVERSIDADE FEDERAL DE GOIAS-UF/GO",153052.0,2651.0,"Material","153052-16/2026","SEINFRA E OUTROS - MATERIAIS ELÉTRICOS E ELETRÔNICOS","Catálogo do Compras.gov.br","Material",5905.0,"RESISTORES",1.0,"RESISTOR CARBONO",600576.0,"APLICAÇÃO: ELETRÔNICA, POTÊNCIA NOMINAL: 1/4, RESISTÊNCIA NOMINAL: 1, TIPO: FIXO","UN",100.0,0.2,20.0,0.0,"2026-07-31"]
["UNIVERSIDADE FEDERAL DE GOIAS-UF/GO",153052.0,2652.0,"Material","153052-16/2026","SEINFRA E OUTROS - MATERIAIS ELÉTRICOS E ELETRÔNICOS","Catálogo do Compras.gov.br","Material",5905.0,"RESISTORES",1.0,"RESISTOR CARBONO",393606.0,"APLICAÇÃO: ELETRÔNICA, POTÊNCIA NOMINAL: 1/4, RESISTÊNCIA NOMINAL: 100, TIPO: FIXO","UN",200.0,0.2,40.0,0.0,"2026-07-31"]
["UNIVERSIDADE FEDERAL DE GOIAS-UF/GO",153052.0,2653.0,"Material","153052-16/2026","SEINFRA E OUTROS - MATERIAIS ELÉTRICOS E ELETRÔNICOS","Catálogo do Compras.gov.br","Material",5910.0,"CAPACITORES",19191.0,"CAPACITOR FIXO POLIÉSTER",362382.0,"APLICAÇÃO: ELETRÔNICA, CAPACITÂNCIA NOMINAL: 33, TENSÃO NOMINAL: 250","UN",200.0,0.5,100.0,0.0,"2026-07-31"]
["UNIVERSIDADE FEDERAL DE GOIAS-UF/GO",153052.0,2654.0,"Material","153052-16/2026","SEINFRA E OUTROS - MATERIAIS ELÉTRICOS E ELETRÔNICOS","Catálogo do Compras.gov.br","Material",5910.0,"CAPACITORES",14774.0,"CAPACITOR",292217.0,"APLICAÇÃO: EQUIPAMENTOS ELETRÔNICOS EM GERAL, CAPACITÂNCIA: 22, TENSÃO: 50, TIPO: ELETROLÍTICO","UN",200.0,0.7,140.0,0.0,"2026-07-31"]
["UNIVERSIDADE FEDERAL DE GOIAS-UF/GO",153052.0,2655.0,"Material","153052-16/2026","SEINFRA E OUTROS - MATERIAIS ELÉTRICOS E ELETRÔNICOS","Catálogo do Compras.gov.br","Material",5910.0,"CAPACITORES",19191.0,"CAPACITOR FIXO POLIÉSTER",362381.0,"APLICAÇÃO: ELETRÔNICA, CAPACITÂNCIA NOMINAL: 10, TENSÃO NOMINAL: 250","UN",200.0,0.5,100.0,0.0,"2026-07-31"]
["UNIVERSIDADE FEDERAL DE GOIAS-UF/GO",153052.0,2656.0,"Material","153052-16/2026","SEINFRA E OUTROS - MATERIAIS ELÉTRICOS E ELETRÔNICOS","Catálogo do Compras.gov.br","Material",5910.0,"CAPACITORES",14774.0,"CAPACITOR",238440.0,"CAPACITÂNCIA: 33, MATERIAL: CARVÃO, TENSÃO: 25 V, TIPO: ELETROLÍTICO","UN",50.0,0.7,35.0,0.0,"2026-07-31"]
["UNIVERSIDADE FEDERAL DE GOIAS-UF/GO",153052.0,2657.0,"Material","153052-16/2026","SEINFRA E OUTROS - MATERIAIS ELÉTRICOS E ELETRÔNICOS","Catálogo do Compras.gov.br","Material",5910.0,"CAPACITORES",14774.0,"CAPACITOR",600839.0,"CAPACITÂNCIA: 3,3, TENSÃO: 35 V, TIPO: TÂNTALO","UN",200.0,0.4,80.0,0.0,"2026-07-31"]
["UNIVERSIDADE FEDERAL DE GOIAS-UF/GO",153052.0,2658.0,"Material","153052-16/2026","SEINFRA E OUTROS - MATERIAIS ELÉTRICOS E ELETRÔNICOS","Catálogo do Compras.gov.br","Material",5910.0,"CAPACITORES",19191.0,"CAPACITOR FIXO POLIÉSTER",393663.0,"APLICAÇÃO: ELETRÔNICA, CAPACITÂNCIA NOMINAL: 330, TENSÃO NOMINAL: 50","UN",200.0,0.5,100.0,0.0,"2026-07-31"]
["UNIVERSIDADE FEDERAL DE GOIAS-UF/GO",153052.0,2659.0,"Material","153052-16/2026","SEINFRA E OUTROS - MATERIAIS ELÉTRICOS E ELETRÔNICOS","Catálogo do Compras.gov.br","Material",5910.0,"CAPACITORES",19191.0,"CAPACITOR FIXO POLIÉSTER",369524.0,"APLICAÇÃO: ELETRÔNICA, CAPACITÂNCIA NOMINAL: 470, TENSÃO NOMINAL: 250","UN",200.0,0.5,100.0,0.0,"2026-07-31"]
["UNIVERSIDADE FEDERAL DE GOIAS-UF/GO",153052.0,2660.0,"Material","153052-16/2026","SEINFRA E OUTROS - MATERIAIS ELÉTRICOS E ELETRÔNICOS","Catálogo do Compras.gov.br","Material",5910.0,"CAPACITORES",14774.0,"CAPACITOR",238441.0,"CAPACITÂNCIA: 100, MATERIAL: CARVÃO, TENSÃO: 25 V, TIPO: ELETROLÍTICO","UN",50.0,1.0,50.0,0.0,"2026-07-31"]
["UNIVERSIDADE FEDERAL DE GOIAS-UF/GO",153052.0,2661.0,"Material","153052-16/2026","SEINFRA E OUTROS - MATERIAIS ELÉTRICOS E ELETRÔNICOS","Catálogo do Compras.gov.br","Material",5910.0,"CAPACITORES",19191.0,"CAPACITOR FIXO POLIÉSTER",379705.0,"APLICAÇÃO: ELETRÔNICA, CAPACITÂNCIA NOMINAL: 100, TENSÃO NOMINAL: 250","UN",200.0,0.5,100.0,0.0,"2026-07-31"]
["UNIVERSIDADE FEDERAL DE GOIAS-UF/GO",153052.0,2662.0,"Material","153052-16/2026","SEINFRA E OUTROS - MATERIAIS ELÉTRICOS E ELETRÔNICOS","Catálogo do Compras.gov.br","Material",5910.0,"CAPACITORES",19191.0,"CAPACITOR FIXO POLIÉSTER",454137.0,"APLICAÇÃO: ELETRÔNICA, CAPACITÂNCIA NOMINAL: 220, TENSÃO NOMINAL: 630","UN",200.0,0.5,100.0,0.0,"2026-07-31"]
["UNIVERSIDADE FEDERAL DE GOIAS-UF/GO",153052.0,2663.0,"Material","153052-16/2026","SEINFRA E OUTROS - MATERIAIS ELÉTRICOS E ELETRÔNICOS","Catálogo do Compras.gov.br","Material",5910.0,"CAPACITORES",19191.0,"CAPACITOR FIXO POLIÉSTER",362375.0,"APLICAÇÃO: ELETRÔNICA, CAPACITÂNCIA NOMINAL: 22, TENSÃO NOMINAL: 250","UN",200.0,0.5,100.0,0.0,"2026-07-31"]
["UNIVERSIDADE FEDERAL DE GOIAS-UF/GO",153052.0,2664.0,"Material","153052-16/2026","SEINFRA E OUTROS - MATERIAIS ELÉTRICOS E ELETRÔNICOS","Catálogo do Compras.gov.br","Material",5910.0,"CAPACITORES",14774.0,"CAPACITOR",600840.0,"CAPACITÂNCIA: 4,7, TENSÃO: 35 V, TIPO: TÂNTALO","UN",200.0,0.5,100.0,0.0,"2026-07-31"]
["UNIVERSIDADE FEDERAL DE GOIAS-UF/GO",153052.0,2665.0,"Material","153052-16/2026","SEINFRA E OUTROS - MATERIAIS ELÉTRICOS E ELETRÔNICOS","Catálogo do Compras.gov.br","Material",5910.0,"CAPACITORES",14774.0,"CAPACITOR",248335.0,"CAPACITÂNCIA: 10, TENSÃO: 25 V, TIPO: ELETROLÍTICO","UN",200.0,0.5,100.0,0.0,"2026-07-31"]
["UNIVERSIDADE FEDERAL DE GOIAS-UF/GO",153052.0,2666.0,"Material","153052-16/2026","SEINFRA E OUTROS - MATERIAIS ELÉTRICOS E ELETRÔNICOS","Catálogo do Compras.gov.br","Material",5910.0,"CAPACITORES",19191.0,"CAPACITOR FIXO POLIÉSTER",454136.0,"APLICAÇÃO: ELETRÔNICA, CAPACITÂNCIA NOMINAL: 150, TENSÃO NOMINAL: 400","UN",200.0,0.5,100.0,0.0,"2026-07-31"]
["UNIVERSIDADE FEDERAL DE GOIAS-UF/GO",153052.0,2667.0,"Material","153052-16/2026","SEINFRA E OUTROS - MATERIAIS ELÉTRICOS E ELETRÔNICOS","Catálogo do Compras.gov.br","Material",5910.0,"CAPACITORES",14774.0,"CAPACITOR",607410.0,"CAPACITÂNCIA: 47, TENSÃO: 63 V, TIPO: ELETROLÍTICO","UN",50.0,0.7,35.0,0.0,"2026-07-31"]
["UNIVERSIDADE FEDERAL DE GOIAS-UF/GO",153052.0,2668.0,"Material","153052-16/2026","SEINFRA E OUTROS - MATERIAIS ELÉTRICOS E ELETRÔNICOS","Catálogo do Compras.gov.br","Material",5910.0,"CAPACITORES",14774.0,"CAPACITOR",600840.0,"CAPACITÂNCIA: 4,7, TENSÃO: 35 V, TIPO: TÂNTALO","UN",200.0,0.5,100.0,0.0,"2026-07-31"]
["UNIVERSIDADE FEDERAL DE GOIAS-UF/GO",153052.0,2701.0,"Material","153052-16/2026","SEINFRA E OUTROS - MATERIAIS ELÉTRICOS E ELETRÔNICOS","Catálogo do Compras.gov.br","Material",6130.0,"CONVERSORES ELÉTRICOS ESTÁTICOS",7709.0,"FONTE ALIMENTAÇÃO",612424.0,"APLICAÇÃO: COMPUTADOR, CARACTERÍSTICAS ADICIONAIS 1: PROTEÇÃO: OVP/ UVP/ OPP/ SCP / SIP, COM PFC ATIVO, POTÊNCIA: 600, TENSÃO ALIMENTAÇÃO: BIVOLT","UN",30.0,320.0,9600.0,0.0,"2026-07-31"]
["UNIVERSIDADE FEDERAL DE GOIAS-UF/GO",153052.0,2728.0,"Serviço","153052-158/2026","BC E EMAC - SERVIÇO DE AFINAÇÃO DE PIANO E INSTRUMENTOS MUSICAIS","Catálogo do Compras.gov.br","Serviço",872.0,"SERVIÇOS DE REPARO DE OUTROS BENS",null,null,18791.0,"CONSERTO INSTRUMENTO MUSICAL","UN",5.0,1000.0,5000.0,0.0,"2026-04-01"]
["UNIVERSIDADE FEDERAL DE GOIAS-UF/GO",153052.0,2729.0,"Serviço","153052-158/2026","BC E EMAC - SERVIÇO DE AFINAÇÃO DE PIANO E INSTRUMENTOS MUSICAIS","Catálogo do Compras.gov.br","Serviço",872.0,"SERVIÇOS DE REPARO DE OUTROS BENS",null,null,15687.0,"AFINAÇÃO DE INSTRUMENTOS MUSICAIS","UN",12.0,400.0,4800.0,0.0,"2026-04-01"]
["UNIVERSIDADE FEDERAL DE GOIAS-UF/GO",153052.0,2683.0,"Material","153052-16/2026","SEINFRA E OUTROS - MATERIAIS ELÉTRICOS E ELETRÔNICOS","Catálogo do Compras.gov.br","Material",6130.0,"CONVERSORES ELÉTRICOS ESTÁTICOS",14302.0,"FONTE ALIMENTAÇÃO ININTERRUPTA",603924.0,"BATERIA: 1 SELADA/VRLA/ESTACIONÁRIA/CHUMBO-ÁCIDO, CAPACIDADE BATERIA: 7, CARACTERÍSTICAS ADICIONAIS: FAIXA DE VARIAÇÃO DE TENSÃO DE ENTRADA COM  REGULA, CARACTERÍSTICAS ADICIONAIS 1: 4 TOMADAS DE 10A, FREQUÊNCIA: 50/60, TENSÃO BATERIA: 12, TENSÃO ENTRADA: 120, TENSÃO SAÍDA: 120, TIPO: NO-BREAK, TIPO ONDA: SEMI-SENOIDAL, VARIAÇÃO FREQUÊNCIA ENTRADA: +/- 5%","UN",140.0,434.0,60760.0,0.0,"2026-07-31"]
["UNIVERSIDADE FEDERAL DE GOIAS-UF/GO",153052.0,2684.0,"Material","153052-16/2026","SEINFRA E OUTROS - MATERIAIS ELÉTRICOS E ELETRÔNICOS","Catálogo do Compras.gov.br","Material",6130.0,"CONVERSORES ELÉTRICOS ESTÁTICOS",14302.0,"FONTE ALIMENTAÇÃO ININTERRUPTA",463300.0,"APLICAÇÃO: ALIMENTAÇÃO DE CARGAS DE INFORMÁTICA, BATERIA: SELADA, CAPACIDADE BATERIA: INTERNAS DE 12V DC DE 7, DIMENSÕES: 258 X 208 X 92 (AXLXP), FREQUÊNCIA: 60, TENSÃO ENTRADA: 100/240, TENSÃO SAÍDA: 12, TIPO: NO-BREAK, TIPO ALARME: LED INDICADOR SOBRECARGA","UN",40.0,196.36,7854.4,0.0,"2026-07-31"]
["UNIVERSIDADE FEDERAL DE GOIAS-UF/GO",153052.0,2685.0,"Material","153052-16/2026","SEINFRA E OUTROS - MATERIAIS ELÉTRICOS E ELETRÔNICOS","Catálogo do Compras.gov.br","Material",6130.0,"CONVERSORES ELÉTRICOS ESTÁTICOS",14302.0,"FONTE ALIMENTAÇÃO ININTERRUPTA",603924.0,"BATERIA: 1 SELADA/VRLA/ESTACIONÁRIA/CHUMBO-ÁCIDO, CAPACIDADE BATERIA: 7, CARACTERÍSTICAS ADICIONAIS: FAIXA DE VARIAÇÃO DE TENSÃO DE ENTRADA COM  REGULA, CARACTERÍSTICAS ADICIONAIS 1: 4 TOMADAS DE 10A, FREQUÊNCIA: 50/60, TENSÃO BATERIA: 12, TENSÃO ENTRADA: 120, TENSÃO SAÍDA: 120, TIPO: NO-BREAK, TIPO ONDA: SEMI-SENOIDAL, VARIAÇÃO FREQUÊNCIA ENTRADA: +/- 5%","UN",5.0,150.0,750.0,0.0,"2026-07-31"]
["UNIVERSIDADE FEDERAL DE GOIAS-UF/GO",153052.0,2669.0,"Material","153052-16/2026","SEINFRA E OUTROS - MATERIAIS ELÉTRICOS E ELETRÔNICOS","Catálogo do Compras.gov.br","Material",5910.0,"CAPACITORES",19191.0,"CAPACITOR FIXO POLIÉSTER",362377.0,"APLICAÇÃO: ELETRÔNICA, CAPACITÂNCIA NOMINAL: 47, TENSÃO NOMINAL: 250","UN",200.0,0.5,100.0,0.0,"2026-07-31"]
["UNIVERSIDADE FEDERAL DE GOIAS-UF/GO",153052.0,2670.0,"Material","153052-16/2026","SEINFRA E OUTROS - MATERIAIS ELÉTRICOS E ELETRÔNICOS","Catálogo do Compras.gov.br","Material",5920.0,"FUSÍVEIS INTERRUPTORES, ISOLANTES E PROTETORES",7886.0,"FUSÍVEL VIDRO",291430.0,"APLICAÇÃO: ELETRÔNICA, CORRENTE NOMINAL: 20, DIÂMETRO: 30, VOLTAGEM: 250","UN",100.0,0.5,50.0,0.0,"2026-07-31"]
["UNIVERSIDADE FEDERAL DE GOIAS-UF/GO",153052.0,2671.0,"Material","153052-16/2026","SEINFRA E OUTROS - MATERIAIS ELÉTRICOS E ELETRÔNICOS","Catálogo do Compras.gov.br","Material",5961.0,"DISPOSITIVOS A SEMICONDUTOR E PLACAS ASSOCIADAS (CIRCUITOS)",16618.0,"DIODO RETIFICADOR",257568.0,"APLICAÇÃO: RETIFICAÇÃO DE SINAL, MATERIAL: PLÁSTICO, TIPO: 1N 4007, POTÊNCIA: 02, TENSÃO: VDC 1000","UN",400.0,0.3,120.0,0.0,"2026-07-31"]
["UNIVERSIDADE FEDERAL DE GOIAS-UF/GO",153052.0,2672.0,"Material","153052-16/2026","SEINFRA E OUTROS - MATERIAIS ELÉTRICOS E ELETRÔNICOS","Catálogo do Compras.gov.br","Material",5961.0,"DISPOSITIVOS A SEMICONDUTOR E PLACAS ASSOCIADAS (CIRCUITOS)",19145.0,"TRANSISTOR POTÊNCIA",614204.0,"CORRENTE MÁXIMA DE COLETOR (IC): 200, ENCAPSULAMENTO: TO-18, MATERIAL: SILÍCIO, POLARIDADE: PNP, POTÊNCIA DE DISSIPAÇÃO: 1, TENSÃO COLETOR-EMISSOR BASE ABERTA-VCE0: 32, TIPO: BCY58X","UN",400.0,0.5,200.0,0.0,"2026-07-31"]
["UNIVERSIDADE FEDERAL DE GOIAS-UF/GO",153052.0,2673.0,"Material","153052-16/2026","SEINFRA E OUTROS - MATERIAIS ELÉTRICOS E ELETRÔNICOS","Catálogo do Compras.gov.br","Material",5961.0,"DISPOSITIVOS A SEMICONDUTOR E PLACAS ASSOCIADAS (CIRCUITOS)",19145.0,"TRANSISTOR POTÊNCIA",614204.0,"CORRENTE MÁXIMA DE COLETOR (IC): 200, ENCAPSULAMENTO: TO-18, MATERIAL: SILÍCIO, POLARIDADE: PNP, POTÊNCIA DE DISSIPAÇÃO: 1, TENSÃO COLETOR-EMISSOR BASE ABERTA-VCE0: 32, TIPO: BCY58X","UN",400.0,0.5,200.0,0.0,"2026-07-31"]
["UNIVERSIDADE FEDERAL DE GOIAS-UF/GO",153052.0,2674.0,"Material","153052-16/2026","SEINFRA E OUTROS - MATERIAIS ELÉTRICOS E ELETRÔNICOS","Catálogo do Compras.gov.br","Material",5961.0,"DISPOSITIVOS A SEMICONDUTOR E PLACAS ASSOCIADAS (CIRCUITOS)",16618.0,"DIODO RETIFICADOR",292282.0,"APLICAÇÃO: RETIFICAÇÃO DE SINAL, MATERIAL: SILÍCIO, TIPO: 1N 4148, TENSÃO: VDC 75","UN",400.0,0.15,60.0,0.0,"2026-07-31"]
["UNIVERSIDADE FEDERAL DE GOIAS-UF/GO",153052.0,2675.0,"Material","153052-16/2026","SEINFRA E OUTROS - MATERIAIS ELÉTRICOS E ELETRÔNICOS","Catálogo do Compras.gov.br","Material",5962.0,"MICROCIRCUITOS ELETRÔNICOS",5043.0,"CIRCUITO INTEGRADO",424351.0,"APLICAÇÃO: ELETRÔNICA, ENCAPSULAMENTO: DIP, QUANTIDADE PINOS: 14, REFERÊNCIA 3: 74LS08","UN",100.0,4.0,400.0,0.0,"2026-07-31"]
["UNIVERSIDADE FEDERAL DE GOIAS-UF/GO",153052.0,2676.0,"Material","153052-16/2026","SEINFRA E OUTROS - MATERIAIS ELÉTRICOS E ELETRÔNICOS","Catálogo do Compras.gov.br","Material",5962.0,"MICROCIRCUITOS ELETRÔNICOS",5043.0,"CIRCUITO INTEGRADO",261862.0,"APLICAÇÃO: ELETRÔNICA, QUANTIDADE PINOS: 14, REFERÊNCIA: 74LS00","UN",100.0,2.5,250.0,0.0,"2026-07-31"]
["UNIVERSIDADE FEDERAL DE GOIAS-UF/GO",153052.0,2677.0,"Material","153052-16/2026","SEINFRA E OUTROS - MATERIAIS ELÉTRICOS E ELETRÔNICOS","Catálogo do Compras.gov.br","Material",5962.0,"MICROCIRCUITOS ELETRÔNICOS",5043.0,"CIRCUITO INTEGRADO",349252.0,"ENCAPSULAMENTO: DIP, QUANTIDADE PINOS: 8, REFERÊNCIA 2: LM741, TIPO: AMPLIFICADOR OPERACIONAL","UN",300.0,2.5,750.0,0.0,"2026-07-31"]
["UNIVERSIDADE FEDERAL DE GOIAS-UF/GO",153052.0,2678.0,"Material","153052-16/2026","SEINFRA E OUTROS - MATERIAIS ELÉTRICOS E ELETRÔNICOS","Catálogo do Compras.gov.br","Material",5962.0,"MICROCIRCUITOS ELETRÔNICOS",5043.0,"CIRCUITO INTEGRADO",261860.0,"APLICAÇÃO: ELETRÔNICA, QUANTIDADE PINOS: 14, REFERÊNCIA: 74LS04","UN",50.0,3.0,150.0,0.0,"2026-07-31"]
["UNIVERSIDADE FEDERAL DE GOIAS-UF/GO",153052.0,2679.0,"Material","153052-16/2026","SEINFRA E OUTROS - MATERIAIS ELÉTRICOS E ELETRÔNICOS","Catálogo do Compras.gov.br","Material",5962.0,"MICROCIRCUITOS ELETRÔNICOS",5043.0,"CIRCUITO INTEGRADO",261857.0,"APLICAÇÃO: ELETRÔNICA, QUANTIDADE PINOS: 14, REFERÊNCIA: 74LS32","UN",100.0,3.0,300.0,0.0,"2026-07-31"]
["UNIVERSIDADE FEDERAL DE GOIAS-UF/GO",153052.0,2686.0,"Material","153052-16/2026","SEINFRA E OUTROS - MATERIAIS ELÉTRICOS E ELETRÔNICOS","Catálogo do Compras.gov.br","Material",5930.0,"CHAVES ELÉTRICAS",4884.0,"CHAVE FIM DE CURSO",604201.0,"CARACTERÍSTICAS ADICIONAIS: MICRO CHAVE, CORRENTE NOMINAL: 16, NÚMERO SAÍDAS: 2, TENSÃO NOMINAL: 250, TIPO ACIONAMENTO: RETILÍNEO","UN",30.0,11.59,347.7,0.0,"2026-07-31"]
["UNIVERSIDADE FEDERAL DE GOIAS-UF/GO",153052.0,2687.0,"Material","153052-16/2026","SEINFRA E OUTROS - MATERIAIS ELÉTRICOS E ELETRÔNICOS","Catálogo do Compras.gov.br","Material",6130.0,"CONVERSORES ELÉTRICOS ESTÁTICOS",14302.0,"FONTE ALIMENTAÇÃO ININTERRUPTA",612197.0,"APLICAÇÃO: MICROSCÓPIO ELETRÔNICO DE VARREDURA (MEV), BATERIA: 7,2 AH, CAPACIDADE DE SOBRECARGA: 120% CARGA 25 SEG., CAPACIDADE NOMINAL: 5 KVA, COR: GRAFITE, DIMENSÕES: 720 X 200 X 600, DISTORÇÃO HARMÔNICA TOTAL (THD): SAÍDA MENOR QUE 0,1% LINEAR, FATOR DE CRISTA: 3:1, FREQUÊNCIA: 60, NORMAS TÉCNICAS: EM CONFORMIDADE COM NORMAS DA ABNT, SOFTWARE: COMPATÍVEL COM INTERFACE RS-232, TENSÃO ENTRADA: (F+N+T) 220, TENSÃO SAÍDA: (F+N+T) 110, TIPO: TECNOL.DSP (PROCESSADOR DIGITAL DE SINAL), TIPO ALARME: SONORO, TIPO ESTABILIZADOR INTERNO: BYPASS ESTÁTICO ISOLADO, TIPO ONDA: SENOIDAL PURA, VARIAÇÃO ENTRADA: +/- 5%","UN",50.0,380.0,19000.0,0.0,"2026-07-31"]
["UNIVERSIDADE FEDERAL DE GOIAS-UF/GO",153052.0,2688.0,"Material","153052-16/2026","SEINFRA E OUTROS - MATERIAIS ELÉTRICOS E ELETRÔNICOS","Catálogo do Compras.gov.br","Material",5910.0,"CAPACITORES",14774.0,"CAPACITOR",483530.0,"CAPACITÂNCIA: 6, MATERIAL: ALUMÍNIO ELETROLÍTICO, TENSÃO: 450_VAC, TIPO: DUPLO(FASE E PARTIDA)","UN",30.0,21.32,639.6,0.0,"2026-07-31"]
["UNIVERSIDADE FEDERAL DE GOIAS-UF/GO",153052.0,2689.0,"Material","153052-16/2026","SEINFRA E OUTROS - MATERIAIS ELÉTRICOS E ELETRÔNICOS","Catálogo do Compras.gov.br","Material",5910.0,"CAPACITORES",14774.0,"CAPACITOR",244935.0,"APLICAÇÃO: EQUIPAMENTOS ELETRÔNICOS EM GERAL, CAPACITÂNCIA: 680, MATERIAL: ALUMÍNIO ELETROLÍTICO, TENSÃO: 200 VAC, TIPO: ELETROLÍTICO, CARACTERÍSTICAS ADICIONAIS: IMPEDÂNCIA DE 9,7 OHMS, 50/60 HERTZ","UN",60.0,20.69,1241.4,0.0,"2026-07-31"]
["UNIVERSIDADE FEDERAL DE GOIAS-UF/GO",153052.0,2690.0,"Material","153052-16/2026","SEINFRA E OUTROS - MATERIAIS ELÉTRICOS E ELETRÔNICOS","Catálogo do Compras.gov.br","Material",5962.0,"MICROCIRCUITOS ELETRÔNICOS",5043.0,"CIRCUITO INTEGRADO",349221.0,"ENCAPSULAMENTO: TO-220, REFERÊNCIA 2: TIC 246, TIPO: RETIFICADOR","UN",40.0,11.0,440.0,0.0,"2026-07-31"]
["UNIVERSIDADE FEDERAL DE GOIAS-UF/GO",153052.0,2691.0,"Material","153052-16/2026","SEINFRA E OUTROS - MATERIAIS ELÉTRICOS E ELETRÔNICOS","Catálogo do Compras.gov.br","Material",5962.0,"MICROCIRCUITOS ELETRÔNICOS",5043.0,"CIRCUITO INTEGRADO",349220.0,"ENCAPSULAMENTO: TO-220, QUANTIDADE PINOS: 3, REFERÊNCIA 2: TIC 106D, TIPO: RETIFICADOR","UN",40.0,23.5,940.0,0.0,"2026-07-31"]
["UNIVERSIDADE FEDERAL DE GOIAS-UF/GO",153052.0,2726.0,"Material","153052-16/2026","SEINFRA E OUTROS - MATERIAIS ELÉTRICOS E ELETRÔNICOS","Catálogo do Compras.gov.br","Material",6910.0,"ACESSÓRIOS PARA TREINAMENTO",18663.0,"MÓDULO ELETRÔNICO",607408.0,"APLICAÇÃO: MOTOR DE PASSO, REFERÊNCIA FABRICANTE: TMC2208, TIPO: MÓDULO DRIVER, USO: ARDUÍNO E ROBOTICA","UN",5.0,300.0,1500.0,0.0,"2026-07-31"]
["UNIVERSIDADE FEDERAL DE GOIAS-UF/GO",153052.0,2727.0,"Material","153052-16/2026","SEINFRA E OUTROS - MATERIAIS ELÉTRICOS E ELETRÔNICOS","Catálogo do Compras.gov.br","Material",6910.0,"ACESSÓRIOS PARA TREINAMENTO",18663.0,"MÓDULO ELETRÔNICO",607409.0,"APLICAÇÃO: CÂMERA VGA, REFERÊNCIA FABRICANTE: OV7670, TIPO: MODULO ELETRÔNICO, USO: ARDUÍNO E ROBOTICA","UN",5.0,350.0,1750.0,0.0,"2026-07-31"]
["UNIVERSIDADE FEDERAL DE GOIAS-UF/GO",153052.0,2692.0,"Material","153052-16/2026","SEINFRA E OUTROS - MATERIAIS ELÉTRICOS E ELETRÔNICOS","Catálogo do Compras.gov.br","Material",6130.0,"CONVERSORES ELÉTRICOS ESTÁTICOS",7709.0,"FONTE ALIMENTAÇÃO",601651.0,"CORRENTE SAÍDA: 30, FREQUÊNCIA NOMINAL: 50/60, TENSÃO ALIMENTAÇÃO: 110 / 220, TENSÃO SAÍDA: 12, TIPO: CHAVEADA","UN",1.0,70.0,70.0,0.0,"2026-07-31"]
["UNIVERSIDADE FEDERAL DE GOIAS-UF/GO",153052.0,2702.0,"Material","153052-16/2026","SEINFRA E OUTROS - MATERIAIS ELÉTRICOS E ELETRÔNICOS","Catálogo do Compras.gov.br","Material",5935.0,"CONECTORES ELÉTRICOS",2085.0,"ADAPTADOR",440987.0,"APLICAÇÃO: MULTIPLICADOR DE TOMADAS, CONEXÃO: TIPO T, CORRENTE NOMINAL: 10, MODELO: BENJAMIM, QUANTIDADE PINOS: 3, TENSÃO NOMINAL: 250, TIPO: 3 SAÍDAS PARA PLUG COM 3 PINO, TIPO PINO: REDONDO","UN",30.0,15.0,450.0,0.0,"2026-07-31"]
["UNIVERSIDADE FEDERAL DE GOIAS-UF/GO",153052.0,2703.0,"Material","153052-16/2026","SEINFRA E OUTROS - MATERIAIS ELÉTRICOS E ELETRÔNICOS","Catálogo do Compras.gov.br","Material",5940.0,"BORNES, TERMINAIS E LÂMINAS TERMINAIS",14958.0,"TERMINAL ELÉTRICO",389861.0,"BITOLA CONDUTOR: 4, LINGUETA: OLHAL, MATERIAL: COBRE, TIPO: PRÉ-ISOLADO","UN",200.0,0.52,104.0,0.0,"2026-07-31"]
["UNIVERSIDADE FEDERAL DE GOIAS-UF/GO",153052.0,2704.0,"Material","153052-16/2026","SEINFRA E OUTROS - MATERIAIS ELÉTRICOS E ELETRÔNICOS","Catálogo do Compras.gov.br","Material",5940.0,"BORNES, TERMINAIS E LÂMINAS TERMINAIS",12648.0,"TERMINAL CABO",461251.0,"APLICAÇÃO: INSTALAÇÕES ELÉTRICAS, BITOLA: 22, MATERIAL: COBRE ESTANHADO, REFERÊNCIA FABRICANTE: INTELLI, SEÇÃO NOMINAL CONDUTOR: 1,5, TENSÃO ISOLAMENTO: 760, TIPO: ILHÓS PRÉ-ISOLADO","UN",200.0,0.08,16.0,0.0,"2026-07-31"]
["UNIVERSIDADE FEDERAL DE GOIAS-UF/GO",153052.0,2705.0,"Material","153052-16/2026","SEINFRA E OUTROS - MATERIAIS ELÉTRICOS E ELETRÔNICOS","Catálogo do Compras.gov.br","Material",5940.0,"BORNES, TERMINAIS E LÂMINAS TERMINAIS",12648.0,"TERMINAL CABO",435919.0,"COR: AZUL, LINGUETA: PINO TUBULAR, MATERIAL: COBRE ESTANHADO, MATERIAL ISOLAMENTO: POLIPROPILENO, SEÇÃO NOMINAL CONDUTOR: 2,5, TIPO: ILHÓS PRÉ-ISOLADO","UN",200.0,0.1,20.0,0.0,"2026-07-31"]
["UNIVERSIDADE FEDERAL DE GOIAS-UF/GO",153052.0,2706.0,"Material","153052-16/2026","SEINFRA E OUTROS - MATERIAIS ELÉTRICOS E ELETRÔNICOS","Catálogo do Compras.gov.br","Material",5940.0,"BORNES, TERMINAIS E LÂMINAS TERMINAIS",14958.0,"TERMINAL ELÉTRICO",389538.0,"BITOLA CONDUTOR: 6,0, MATERIAL: COBRE, TIPO: PINO","UN",200.0,0.88,176.0,0.0,"2026-07-31"]
["UNIVERSIDADE FEDERAL DE GOIAS-UF/GO",153052.0,2707.0,"Material","153052-16/2026","SEINFRA E OUTROS - MATERIAIS ELÉTRICOS E ELETRÔNICOS","Catálogo do Compras.gov.br","Material",5940.0,"BORNES, TERMINAIS E LÂMINAS TERMINAIS",12648.0,"TERMINAL CABO",429683.0,"COR: AMARELA, LINGUETA: TUBULAR, MATERIAL: COBRE ESTANHADO, REFERÊNCIA FABRICANTE: INTELLI TI-6-12, SEÇÃO NOMINAL CONDUTOR: 6, TIPO: ILHÓS PRÉ-ISOLADO","UN",200.0,0.24,48.0,0.0,"2026-07-31"]
["UNIVERSIDADE FEDERAL DE GOIAS-UF/GO",153052.0,2708.0,"Material","153052-16/2026","SEINFRA E OUTROS - MATERIAIS ELÉTRICOS E ELETRÔNICOS","Catálogo do Compras.gov.br","Material",5940.0,"BORNES, TERMINAIS E LÂMINAS TERMINAIS",14958.0,"TERMINAL ELÉTRICO",379932.0,"APLICAÇÃO: CABO ELÉTRICO, COMPONENTES: LUVA, FIXAÇÃO: POR COMPRESSÃO, MATERIAL: COBRE, REVESTIMENTO: ESTANHADO, SEÇÃO NOMINAL CONDUTOR: 2,5, TIPO: OLHAL","UN",200.0,0.68,136.0,0.0,"2026-07-31"]
["UNIVERSIDADE FEDERAL DE GOIAS-UF/GO",153052.0,2709.0,"Material","153052-16/2026","SEINFRA E OUTROS - MATERIAIS ELÉTRICOS E ELETRÔNICOS","Catálogo do Compras.gov.br","Material",5940.0,"BORNES, TERMINAIS E LÂMINAS TERMINAIS",12648.0,"TERMINAL CABO",461246.0,"APLICAÇÃO: INSTALAÇÕES ELÉTRICAS, BITOLA: 22, MATERIAL: COBRE ESTANHADO, REFERÊNCIA FABRICANTE: INTELLI TI-1-8, SEÇÃO NOMINAL CONDUTOR: 1, TENSÃO ISOLAMENTO: 760, TIPO: ILHÓS PRÉ-ISOLADO","UN",200.0,0.02,4.0,0.0,"2026-07-31"]
["UNIVERSIDADE FEDERAL DE GOIAS-UF/GO",153052.0,2710.0,"Material","153052-16/2026","SEINFRA E OUTROS - MATERIAIS ELÉTRICOS E ELETRÔNICOS","Catálogo do Compras.gov.br","Material",5940.0,"BORNES, TERMINAIS E LÂMINAS TERMINAIS",14958.0,"TERMINAL ELÉTRICO",415090.0,"COR DA ISOLAÇÃO: VERMELHA, LINGUETA: PINO, MATERIAL: TERMOPLÁSTICO, REVESTIMENTO: MATERIAL ISOLANTE, SEÇÃO NOMINAL CONDUTOR: 1,5 A 2,5, TIPO: PRÉ-ISOLADO","UN",200.0,0.46,92.0,0.0,"2026-07-31"]
["UNIVERSIDADE FEDERAL DE GOIAS-UF/GO",153052.0,2711.0,"Material","153052-16/2026","SEINFRA E OUTROS - MATERIAIS ELÉTRICOS E ELETRÔNICOS","Catálogo do Compras.gov.br","Material",5940.0,"BORNES, TERMINAIS E LÂMINAS TERMINAIS",14958.0,"TERMINAL ELÉTRICO",614572.0,"BITOLA CONDUTOR: 0,5-1,5, CARACTERÍSTICAS ADICIONAIS: LARGURA:7,8MM, COMPRIMENTO:21MM, DIAMETRO FURO: 3, LINGUETA: OLHAL, MATERIAL: COBRE ELETROLÍTICO, MATERIAL ISOLAMENTO: NYLON, REFERÊNCIA FABRICANTE: RV 1.25-3","UN",200.0,0.43,86.0,0.0,"2026-07-31"]
["UNIVERSIDADE FEDERAL DE GOIAS-UF/GO",153052.0,2712.0,"Material","153052-16/2026","SEINFRA E OUTROS - MATERIAIS ELÉTRICOS E ELETRÔNICOS","Catálogo do Compras.gov.br","Material",5940.0,"BORNES, TERMINAIS E LÂMINAS TERMINAIS",14958.0,"TERMINAL ELÉTRICO",473327.0,"APLICAÇÃO: MANUTENÇÃO ELÉTRICA, CARACTERÍSTICAS ADICIONAIS: PINO TPP 49, DIAMETRO FURO: 1,5, MATERIAL: LIGA ALUMÍNIO, REVESTIMENTO: PVC, TIPO: PRÉ-ISOLADO","UN",200.0,0.41,82.0,0.0,"2026-07-31"]
["UNIVERSIDADE FEDERAL DE GOIAS-UF/GO",153052.0,2713.0,"Material","153052-16/2026","SEINFRA E OUTROS - MATERIAIS ELÉTRICOS E ELETRÔNICOS","Catálogo do Compras.gov.br","Material",5940.0,"BORNES, TERMINAIS E LÂMINAS TERMINAIS",14958.0,"TERMINAL ELÉTRICO",415672.0,"LINGUETA: PINO, MATERIAL: COBRE, SEÇÃO NOMINAL CONDUTOR: 4","UN",200.0,0.59,118.0,0.0,"2026-07-31"]
["UNIVERSIDADE FEDERAL DE GOIAS-UF/GO",153052.0,2714.0,"Material","153052-16/2026","SEINFRA E OUTROS - MATERIAIS ELÉTRICOS E ELETRÔNICOS","Catálogo do Compras.gov.br","Material",5940.0,"BORNES, TERMINAIS E LÂMINAS TERMINAIS",14958.0,"TERMINAL ELÉTRICO",418878.0,"FIXAÇÃO: POR COMPRESSÃO, LINGUETA: GARFO, MATERIAL: COBRE ELETROLÍTICO, MATERIAL ISOLAMENTO: PVC, REVESTIMENTO: ESTANHADO, SEÇÃO NOMINAL CONDUTOR: 2,5, TIPO: ISOLADO","UN",200.0,0.5,100.0,0.0,"2026-07-31"]
["UNIVERSIDADE FEDERAL DE GOIAS-UF/GO",153052.0,2715.0,"Material","153052-16/2026","SEINFRA E OUTROS - MATERIAIS ELÉTRICOS E ELETRÔNICOS","Catálogo do Compras.gov.br","Material",5940.0,"BORNES, TERMINAIS E LÂMINAS TERMINAIS",14958.0,"TERMINAL ELÉTRICO",418879.0,"FIXAÇÃO: POR COMPRESSÃO, LINGUETA: GARFO, MATERIAL: COBRE ELETROLÍTICO, MATERIAL ISOLAMENTO: PVC, REVESTIMENTO: ESTANHADO, SEÇÃO NOMINAL CONDUTOR: 4, TIPO: ISOLADO","UN",200.0,0.84,168.0,0.0,"2026-07-31"]
["UNIVERSIDADE FEDERAL DE GOIAS-UF/GO",153052.0,2716.0,"Material","153052-16/2026","SEINFRA E OUTROS - MATERIAIS ELÉTRICOS E ELETRÔNICOS","Catálogo do Compras.gov.br","Material",5940.0,"BORNES, TERMINAIS E LÂMINAS TERMINAIS",12648.0,"TERMINAL CABO",461246.0,"APLICAÇÃO: INSTALAÇÕES ELÉTRICAS, BITOLA: 22, MATERIAL: COBRE ESTANHADO, REFERÊNCIA FABRICANTE: INTELLI TI-1-8, SEÇÃO NOMINAL CONDUTOR: 1, TENSÃO ISOLAMENTO: 760, TIPO: ILHÓS PRÉ-ISOLADO","UN",200.0,0.06,12.0,0.0,"2026-07-31"]
["UNIVERSIDADE FEDERAL DE GOIAS-UF/GO",153052.0,2717.0,"Material","153052-16/2026","SEINFRA E OUTROS - MATERIAIS ELÉTRICOS E ELETRÔNICOS","Catálogo do Compras.gov.br","Material",5940.0,"BORNES, TERMINAIS E LÂMINAS TERMINAIS",12648.0,"TERMINAL CABO",435919.0,"COR: AZUL, LINGUETA: PINO TUBULAR, MATERIAL: COBRE ESTANHADO, MATERIAL ISOLAMENTO: POLIPROPILENO, SEÇÃO NOMINAL CONDUTOR: 2,5, TIPO: ILHÓS PRÉ-ISOLADO","UN",200.0,0.16,32.0,0.0,"2026-07-31"]
["UNIVERSIDADE FEDERAL DE GOIAS-UF/GO",153052.0,2718.0,"Material","153052-16/2026","SEINFRA E OUTROS - MATERIAIS ELÉTRICOS E ELETRÔNICOS","Catálogo do Compras.gov.br","Material",5940.0,"BORNES, TERMINAIS E LÂMINAS TERMINAIS",14958.0,"TERMINAL ELÉTRICO",473294.0,"DIAMETRO FURO: 1,5, LINGUETA: GARFO, MATERIAL: PVC, TIPO: PRÉ-ISOLADO","UN",200.0,0.4,80.0,0.0,"2026-07-31"]
["UNIVERSIDADE FEDERAL DE GOIAS-UF/GO",153052.0,2719.0,"Material","153052-16/2026","SEINFRA E OUTROS - MATERIAIS ELÉTRICOS E ELETRÔNICOS","Catálogo do Compras.gov.br","Material",5940.0,"BORNES, TERMINAIS E LÂMINAS TERMINAIS",14958.0,"TERMINAL ELÉTRICO",379930.0,"APLICAÇÃO: CABO ELÉTRICO, COMPONENTES: LUVA, FIXAÇÃO: POR COMPRESSÃO, MATERIAL: COBRE, REVESTIMENTO: ESTANHADO, SEÇÃO NOMINAL CONDUTOR: 6, TIPO: OLHAL","UN",200.0,0.56,112.0,0.0,"2026-07-31"]
["UNIVERSIDADE FEDERAL DE GOIAS-UF/GO",153052.0,2720.0,"Material","153052-16/2026","SEINFRA E OUTROS - MATERIAIS ELÉTRICOS E ELETRÔNICOS","Catálogo do Compras.gov.br","Material",5940.0,"BORNES, TERMINAIS E LÂMINAS TERMINAIS",14958.0,"TERMINAL ELÉTRICO",415089.0,"COR DA ISOLAÇÃO: VERMELHA, LINGUETA: PINO, MATERIAL: TERMOPLÁSTICO, REVESTIMENTO: MATERIAL ISOLANTE, SEÇÃO NOMINAL CONDUTOR: 4 A 6, TIPO: PRÉ-ISOLADO","UN",200.0,0.59,118.0,0.0,"2026-07-31"]
["UNIVERSIDADE FEDERAL DE GOIAS-UF/GO",153052.0,2721.0,"Material","153052-16/2026","SEINFRA E OUTROS - MATERIAIS ELÉTRICOS E ELETRÔNICOS","Catálogo do Compras.gov.br","Material",5940.0,"BORNES, TERMINAIS E LÂMINAS TERMINAIS",14958.0,"TERMINAL ELÉTRICO",389860.0,"BITOLA CONDUTOR: 2,5, LINGUETA: OLHAL, MATERIAL: COBRE, TIPO: PRÉ-ISOLADO","UN",200.0,0.45,90.0,0.0,"2026-07-31"]
["UNIVERSIDADE FEDERAL DE GOIAS-UF/GO",153052.0,2722.0,"Material","153052-16/2026","SEINFRA E OUTROS - MATERIAIS ELÉTRICOS E ELETRÔNICOS","Catálogo do Compras.gov.br","Material",5940.0,"BORNES, TERMINAIS E LÂMINAS TERMINAIS",14958.0,"TERMINAL ELÉTRICO",377569.0,"APLICAÇÃO: LIGAÇÃO ELÉTRICA, CARACTERÍSTICAS ADICIONAIS: GARFO-TPF 23-5,M5, LINGUETA: GARFO, MATERIAL: COBRE, SEÇÃO NOMINAL CONDUTOR: 4,0 A 6,0, TIPO: GARFO","UN",200.0,0.96,192.0,0.0,"2026-07-31"]
["UNIVERSIDADE FEDERAL DE GOIAS-UF/GO",153052.0,2725.0,"Material","153052-16/2026","SEINFRA E OUTROS - MATERIAIS ELÉTRICOS E ELETRÔNICOS","Catálogo do Compras.gov.br","Material",5935.0,"CONECTORES ELÉTRICOS",19194.0,"PINO TOMADA",364928.0,"APLICAÇÃO: AR CONDICIONADO, CORRENTE NOMINAL: 20, QUANTIDADE POLOS: 3 P, TENSÃO NOMINAL: 125/250","UN",4.0,18.0,72.0,0.0,"2026-07-31"]
["UNIVERSIDADE FEDERAL DE GOIAS-UF/GO",153052.0,3595.0,"Material","153052-30/2026","MATERIAIS HOSPITALARES (INSTRUMENTOS, VESTUÁRIOS E EPI'S)","Catálogo do Compras.gov.br","Material",4240.0,"EQUIPAMENTO PARA SEGURANÇA E SALVAMENTO",13722.0,"LUVA SEGURANÇA",342889.0,"APLICAÇÃO: SEGURANÇA E PROTEÇÃO INDIVIDUAL., MATERIAL: MALHA EM AÇO, TAMANHO: M","PAR",2.0,367.0,734.0,0.0,"2026-06-12"]
["UNIVERSIDADE FEDERAL DE GOIAS-UF/GO",153052.0,3596.0,"Material","153052-30/2026","MATERIAIS HOSPITALARES (INSTRUMENTOS, VESTUÁRIOS E EPI'S)","Catálogo do Compras.gov.br","Material",8415.0,"VESTUÁRIO PARA FINS ESPECIAIS",8974.0,"LUVA PROTEÇÃO",435861.0,"APLICAÇÃO: PROTEÇÃO TÉRMICA, CARACTERÍSTICAS ADICIONAIS: RESISTENTE A TEMPERATURA ATÉ 250 ºC, FORMATO: ANATÔMICO, MATERIAL: SILICONE, TAMANHO CANO: 35 CM, TIPO: AMBIDESTRA/ANTIDERRAPANTE/IMPERMEÁVEL","PAR",2.0,211.0,422.0,0.0,"2026-06-12"]
["UNIVERSIDADE FEDERAL DE GOIAS-UF/GO",153052.0,3587.0,"Material","153052-30/2026","MATERIAIS HOSPITALARES (INSTRUMENTOS, VESTUÁRIOS E EPI'S)","Catálogo do Compras.gov.br","Material",9420.0,"FIBRAS VEGETAIS, ANIMAIS E SINTÉTICAS",18085.0,"ALGODÃO USO MÉDICO",279727.0,"APRESENTAÇÃO: EM BOLAS, ESTERILIDADE: NÃO ESTÉRIL, MATERIAL: ALVEJADO, PURIFICADO, ISENTO DE IMPUREZAS, TIPO: HIDRÓFILO","EMB",50.0,12.0,600.0,0.0,"2026-06-12"]
["UNIVERSIDADE FEDERAL DE GOIAS-UF/GO",153052.0,3598.0,"Material","153052-30/2026","MATERIAIS HOSPITALARES (INSTRUMENTOS, VESTUÁRIOS E EPI'S)","Catálogo do Compras.gov.br","Material",4240.0,"EQUIPAMENTO PARA SEGURANÇA E SALVAMENTO",1377.0,"ÓCULOS PROTEÇÃO",608634.0,"APLICAÇÃO: PROTEÇÃO DOS OLHOS, CONTRA POEIRA E RESÍDUOS DO AR, CARACTERÍSTICAS ADICIONAIS: UVA/UVB/AJUSTE COMPRIMENTO HASTES, COR ARMAÇÃO: AMARELA/PRETA, COR LENTE: INCOLOR, MATERIAL ARMAÇÃO: POLÍMERO, MATERIAL LENTE: POLICARBONATO, TIPO LENTE: ANTI-RISCO, TIPO PROTEÇÃO: LATERAL/FRONTAL","UN",10.0,5.0,50.0,0.0,"2026-06-12"]
["UNIVERSIDADE FEDERAL DE GOIAS-UF/GO",153052.0,3592.0,"Material","153052-30/2026","MATERIAIS HOSPITALARES (INSTRUMENTOS, VESTUÁRIOS E EPI'S)","Catálogo do Compras.gov.br","Material",4240.0,"EQUIPAMENTO PARA SEGURANÇA E SALVAMENTO",8958.0,"LUVA BORRACHA",366699.0,"CARACTERÍSTICAS ADICIONAIS: ANATÔMICA, ANTIDERRAPANTE, MATERIAL: LÁTEX, TAMANHO: MÉDIO, TIPO: CANO LONGO","PAR",5.0,20.0,100.0,0.0,"2026-06-12"]
["UNIVERSIDADE FEDERAL DE GOIAS-UF/GO",153052.0,3593.0,"Material","153052-30/2026","MATERIAIS HOSPITALARES (INSTRUMENTOS, VESTUÁRIOS E EPI'S)","Catálogo do Compras.gov.br","Material",8415.0,"VESTUÁRIO PARA FINS ESPECIAIS",1203.0,"AVENTAL",620990.0,"APLICAÇÃO: PROTEÇÃO, CARACTERÍSTICAS ADICIONAIS: COM MANGAS LONGAS COM PUNHO, COR: BRANCA, GRAMATURA: 50, MATERIAL: TNT, TAMANHO: SOB MEDIDA, TIPO: DESCARTÁVEL","UN",10.0,5.0,50.0,0.0,"2026-06-12"]
["UNIVERSIDADE FEDERAL DE GOIAS-UF/GO",153052.0,3594.0,"Material","153052-30/2026","MATERIAIS HOSPITALARES (INSTRUMENTOS, VESTUÁRIOS E EPI'S)","Catálogo do Compras.gov.br","Material",8415.0,"VESTUÁRIO PARA FINS ESPECIAIS",1203.0,"AVENTAL",620990.0,"APLICAÇÃO: PROTEÇÃO, CARACTERÍSTICAS ADICIONAIS: COM MANGAS LONGAS COM PUNHO, COR: BRANCA, GRAMATURA: 50, MATERIAL: TNT, TAMANHO: SOB MEDIDA, TIPO: DESCARTÁVEL","UN",5.0,60.0,300.0,0.0,"2026-06-12"]
["UNIVERSIDADE FEDERAL DE GOIAS-UF/GO",153052.0,3597.0,"Material","153052-30/2026","MATERIAIS HOSPITALARES (INSTRUMENTOS, VESTUÁRIOS E EPI'S)","Catálogo do Compras.gov.br","Material",8415.0,"VESTUÁRIO PARA FINS ESPECIAIS",419.0,"LUVA DE PROTEÇÃO",618825.0,"APLICAÇÃO: USO GERAL, MATERIAL: 100% ALGODÃO, TAMANHO: VARIADOS, TIPO PUNHO: SEM PUNHO, TIPO USO: REUTILIZÁVEL","PAR",5.0,230.0,1150.0,0.0,"2026-06-12"]
["UNIVERSIDADE FEDERAL DE GOIAS-UF/GO",153052.0,3599.0,"Material","153052-30/2026","MATERIAIS HOSPITALARES (INSTRUMENTOS, VESTUÁRIOS E EPI'S)","Catálogo do Compras.gov.br","Material",6532.0,"VESTUÁRIO HOSPITALAR E CIRÚRGICO E ITENS CORRELATOS DE  FINALIDADES ESPECIAIS",437.0,"TOUCA HOSPITALAR",428620.0,"CARACTERÍSTICA ADICIONAL 01: HIPOALERGÊNICA, ATÓXICA, INODORA, UNISSEX, COR*: SEM COR, GRAMATURA*: CERCA DE 30, MATERIAL*: NÃO TECIDO 100% POLIPROPILENO, MODELO: COM ELÁSTICO EM TODA VOLTA, TAMANHO*: ÚNICO, TIPO USO*: DESCARTÁVEL","EMB",20.0,30.0,600.0,0.0,"2026-06-12"]
["UNIVERSIDADE FEDERAL DE GOIAS-UF/GO",153052.0,3600.0,"Material","153052-30/2026","MATERIAIS HOSPITALARES (INSTRUMENTOS, VESTUÁRIOS E EPI'S)","Catálogo do Compras.gov.br","Material",6532.0,"VESTUÁRIO HOSPITALAR E CIRÚRGICO E ITENS CORRELATOS DE  FINALIDADES ESPECIAIS",30029.0,"MÁSCARA CIRÚRGICA",485312.0,"COR: C/ COR, EFICIÊNCIA: EFP MAIOR QUE 98% E BFE MAIOR QUE 95%, ESTERILIDADE: DESCARTÁVEL, FILTRO: ELEMENTO FILTRANTE INTERNO, FORMATO: RETANGULAR, C/ PREGAS HORIZONTAIS, MATERIAL: NÃO TECIDO 100% POLIPROPILENO, MODELO: AJUSTÁVEL, CLIPE NASAL, QUANTIDADE CAMADAS: MÍNIMO 3 CAMADAS, TAMANHO: ADULTO","UN",30.0,30.0,900.0,0.0,"2026-06-12"]
["UNIVERSIDADE FEDERAL DE GOIAS-UF/GO",153052.0,3601.0,"Material","153052-30/2026","MATERIAIS HOSPITALARES (INSTRUMENTOS, VESTUÁRIOS E EPI'S)","Catálogo do Compras.gov.br","Material",6532.0,"VESTUÁRIO HOSPITALAR E CIRÚRGICO E ITENS CORRELATOS DE  FINALIDADES ESPECIAIS",30247.0,"LUVA P/ PROCEDIMENTO DE SAÚDE NÃO CIRÚRGICO C/ ANVISA",619842.0,"COR: C/ COR, ESTERILIDADE: NÃO ESTÉRIL, USO ÚNICO, FORMATO: AMBIDESTRA, MATERIAL: BORRACHA NATURAL - LÁTEX, PÓ: COM PÓ BIOABSORVÍVEL, SUPERFÍCIE: SUPERFÍCIE LISA, TAMANHO: GRANDE - G","EMB",35.0,40.0,1400.0,0.0,"2026-06-12"]
["UNIVERSIDADE FEDERAL DE GOIAS-UF/GO",153052.0,3602.0,"Material","153052-30/2026","MATERIAIS HOSPITALARES (INSTRUMENTOS, VESTUÁRIOS E EPI'S)","Catálogo do Compras.gov.br","Material",6532.0,"VESTUÁRIO HOSPITALAR E CIRÚRGICO E ITENS CORRELATOS DE  FINALIDADES ESPECIAIS",30247.0,"LUVA P/ PROCEDIMENTO DE SAÚDE NÃO CIRÚRGICO C/ ANVISA",619840.0,"COR: C/ COR, ESTERILIDADE: NÃO ESTÉRIL, USO ÚNICO, FORMATO: AMBIDESTRA, MATERIAL: BORRACHA NATURAL - LÁTEX, PÓ: COM PÓ BIOABSORVÍVEL, SUPERFÍCIE: SUPERFÍCIE LISA, TAMANHO: PEQUENO - P","EMB",35.0,40.0,1400.0,0.0,"2026-06-12"]
["UNIVERSIDADE FEDERAL DE GOIAS-UF/GO",153052.0,3603.0,"Material","153052-30/2026","MATERIAIS HOSPITALARES (INSTRUMENTOS, VESTUÁRIOS E EPI'S)","Catálogo do Compras.gov.br","Material",6532.0,"VESTUÁRIO HOSPITALAR E CIRÚRGICO E ITENS CORRELATOS DE  FINALIDADES ESPECIAIS",30247.0,"LUVA P/ PROCEDIMENTO DE SAÚDE NÃO CIRÚRGICO C/ ANVISA",619841.0,"COR: C/ COR, ESTERILIDADE: NÃO ESTÉRIL, USO ÚNICO, FORMATO: AMBIDESTRA, MATERIAL: BORRACHA NATURAL - LÁTEX, PÓ: COM PÓ BIOABSORVÍVEL, SUPERFÍCIE: SUPERFÍCIE LISA, TAMANHO: MÉDIO - M","EMB",35.0,40.0,1400.0,0.0,"2026-06-12"]
["UNIVERSIDADE FEDERAL DE GOIAS-UF/GO",153052.0,3604.0,"Material","153052-30/2026","MATERIAIS HOSPITALARES (INSTRUMENTOS, VESTUÁRIOS E EPI'S)","Catálogo do Compras.gov.br","Material",8415.0,"VESTUÁRIO PARA FINS ESPECIAIS",8518.0,"JALECO",342908.0,"CARACTERÍSTICAS ADICIONAIS: COMPRIDO, BOTÃO DE PRESSÃO, PUNHO MALHA SANFONADA, COR: BRANCA, MATERIAL: TNT, QUANTIDADE BOTÕES: 4, TAMANHO: GG, TIPO: DESCARTÁVEL, TIPO GOLA: PADRE, TIPO MANGA: COMPRIDA","PCT",50.0,30.0,1500.0,0.0,"2026-06-12"]
["UNIVERSIDADE FEDERAL DE GOIAS-UF/GO",153052.0,2731.0,"Material","153052-17/2026","MATERIAIS ÓLEOS E LUBRIFICANTES EM GERAL","Catálogo do Compras.gov.br","Material",9150.0,"ÓLEOS E GRAXAS PARA CORTE, LUBRIFICAÇÃO E SISTEMAS  HIDRÁULICOS",13990.0,"SOLUÇÃO LUBRIFICANTE",276351.0,"ASPECTO FÍSICO: LÍQUIDO AZUL, COMPOSIÇÃO BÁSICA: COPOLÍMERO SEMI-CRISTALINO / SOL. ALCOÓLICA C/ VEÍ, TIPO USO: POLIMENTO COM PASTA DIAMANTADA, APLICAÇÃO: METALOGRAFIA","L",1.0,280.0,280.0,0.0,"2026-07-10"]
["UNIVERSIDADE FEDERAL DE GOIAS-UF/GO",153052.0,2732.0,"Material","153052-17/2026","MATERIAIS ÓLEOS E LUBRIFICANTES EM GERAL","Catálogo do Compras.gov.br","Material",5350.0,"MATERIAIS ABRASIVOS",4524.0,"CARBURETO DE SILÍCIO",396810.0,"ASPECTO FÍSICO: PÓ INODORO, PRETO ESVERDEADO, CARACTERÍSTICA ADICIONAL: GRANULAÇÃO MÉDIA (Nº 80), FÓRMULA QUÍMICA: SIC, NÚMERO DE REFERÊNCIA QUÍMICA: CAS 409-21-2, PESO MOLECULAR: 40,10","KG",10.0,80.0,800.0,0.0,"2026-07-10"]
["UNIVERSIDADE FEDERAL DE GOIAS-UF/GO",153052.0,2733.0,"Material","153052-17/2026","MATERIAIS ÓLEOS E LUBRIFICANTES EM GERAL","Catálogo do Compras.gov.br","Material",5350.0,"MATERIAIS ABRASIVOS",4524.0,"CARBURETO DE SILÍCIO",396810.0,"ASPECTO FÍSICO: PÓ INODORO, PRETO ESVERDEADO, CARACTERÍSTICA ADICIONAL: GRANULAÇÃO MÉDIA (Nº 80), FÓRMULA QUÍMICA: SIC, NÚMERO DE REFERÊNCIA QUÍMICA: CAS 409-21-2, PESO MOLECULAR: 40,10","KG",10.0,100.0,1000.0,0.0,"2026-07-10"]
["UNIVERSIDADE FEDERAL DE GOIAS-UF/GO",153052.0,2734.0,"Material","153052-17/2026","MATERIAIS ÓLEOS E LUBRIFICANTES EM GERAL","Catálogo do Compras.gov.br","Material",5350.0,"MATERIAIS ABRASIVOS",4524.0,"CARBURETO DE SILÍCIO",396810.0,"ASPECTO FÍSICO: PÓ INODORO, PRETO ESVERDEADO, CARACTERÍSTICA ADICIONAL: GRANULAÇÃO MÉDIA (Nº 80), FÓRMULA QUÍMICA: SIC, NÚMERO DE REFERÊNCIA QUÍMICA: CAS 409-21-2, PESO MOLECULAR: 40,10","KG",10.0,260.0,2600.0,0.0,"2026-07-10"]
["UNIVERSIDADE FEDERAL DE GOIAS-UF/GO",153052.0,2737.0,"Material","153052-17/2026","MATERIAIS ÓLEOS E LUBRIFICANTES EM GERAL","Catálogo do Compras.gov.br","Material",9150.0,"ÓLEOS E GRAXAS PARA CORTE, LUBRIFICAÇÃO E SISTEMAS  HIDRÁULICOS",609.0,"GRAXA",479064.0,"CONSISTÊNCIA NLGI: 1, TIPO ADITIVOS: ANTICORROSIVO, TIPO BASE: ÓLEO MINERAL, TIPO ESPESSANTE: VASELINA RÍGIDA À BASE DE PETROLATO","FR",6.0,26.9,161.4,0.0,"2026-07-10"]
["UNIVERSIDADE FEDERAL DE GOIAS-UF/GO",153052.0,3607.0,"Material","153052-34/2026","CEPAE- CILINDRO DE GAS","Catálogo do Compras.gov.br","Material",8120.0,"CILINDROS COMERCIAIS E INDUSTRIAIS PARA GASES",1178.0,"CILINDRO GÁS",435808.0,"MATERIAL: AÇO, TIPO GÁS: OXIGÊNIO, VOLUME: 5","CIL",1.0,891.51,891.51,0.0,"2026-08-14"]
["UNIVERSIDADE FEDERAL DE GOIAS-UF/GO",153052.0,2738.0,"Serviço","153052-157/2026","CC- PROJETO E MONTAGEM DE ILUMINACAO","Catálogo do Compras.gov.br","Serviço",859.0,"OUTROS SERVIÇOS DE SUPORTE",null,null,15296.0,"PROJETO E MONTAGEM DE ILUMINAÇÃO - RESIDENCIAL / COMERCIAL /ARTÍSTICA","-",1.0,200000.0,200000.0,0.0,"2026-06-15"]
["UNIVERSIDADE FEDERAL DE GOIAS-UF/GO",153052.0,2735.0,"Material","153052-17/2026","MATERIAIS ÓLEOS E LUBRIFICANTES EM GERAL","Catálogo do Compras.gov.br","Material",9150.0,"ÓLEOS E GRAXAS PARA CORTE, LUBRIFICAÇÃO E SISTEMAS  HIDRÁULICOS",7652.0,"FLUÍDO PARA APLICAÇÃO ESPECÍFICA",615342.0,"APLICAÇÃO: GERAÇÃO FUMAÇA INERTE, CARACTERÍSTICA ADICIONAIS: ATÓXICO E NÃO INFLAMÁVEL, COMPOSIÇÃO: ÁGUA DESMINERALIZADA, AROMATIZANTES, CORANTES E AL","FR",5.0,10.866,54.33,0.0,"2026-07-10"]
["UNIVERSIDADE FEDERAL DE GOIAS-UF/GO",153052.0,2736.0,"Material","153052-17/2026","MATERIAIS ÓLEOS E LUBRIFICANTES EM GERAL","Catálogo do Compras.gov.br","Material",9150.0,"ÓLEOS E GRAXAS PARA CORTE, LUBRIFICAÇÃO E SISTEMAS  HIDRÁULICOS",7652.0,"FLUÍDO PARA APLICAÇÃO ESPECÍFICA",615342.0,"APLICAÇÃO: GERAÇÃO FUMAÇA INERTE, CARACTERÍSTICA ADICIONAIS: ATÓXICO E NÃO INFLAMÁVEL, COMPOSIÇÃO: ÁGUA DESMINERALIZADA, AROMATIZANTES, CORANTES E AL","FR",2.0,90.0,180.0,0.0,"2026-07-10"]
["UNIVERSIDADE FEDERAL DE GOIAS-UF/GO",153052.0,2740.0,"Serviço","153052-156/2026","PROAD - Serviços de Limpeza Campus Colemar e Samambaia","Catálogo do Compras.gov.br","Serviço",853.0,"SERVIÇOS DE LIMPEZA",null,null,25194.0,"SERVIÇO ESPECIALIZADO DE LIMPEZA","-",1.0,7764589.65,7764589.65,0.0,"2026-12-30"]
["UNIVERSIDADE FEDERAL DE GOIAS-UF/GO",153052.0,2739.0,"Serviço","153052-156/2026","PROAD - Serviços de Limpeza Campus Colemar e Samambaia","Catálogo do Compras.gov.br","Serviço",853.0,"SERVIÇOS DE LIMPEZA",null,null,25194.0,"SERVIÇO ESPECIALIZADO DE LIMPEZA","-",12.0,306489.36,3677872.32,0.0,"2026-12-30"]
["UNIVERSIDADE FEDERAL DE GOIAS-UF/GO",153052.0,3605.0,"Serviço","153052-144/2026","DCOM - ECNPJ","Catálogo do Compras.gov.br","Serviço",167.0,"SERVIÇOS DE EMISSÃO DE CERTIFICADOS DIGITAIS",null,null,27243.0,"EMISSÃO DE OUTROS TIPOS DE CERTIFICADOS COM TOKEN","-",7.0,200.0,1400.0,0.0,"2026-02-02"]
["UNIVERSIDADE FEDERAL DE GOIAS-UF/GO",153052.0,3606.0,"Serviço","153052-144/2026","DCOM - ECNPJ","Catálogo do Compras.gov.br","Serviço",167.0,"SERVIÇOS DE EMISSÃO DE CERTIFICADOS DIGITAIS",null,null,27162.0,"EMISSÃO DE CERTIFICADO DIGITAL A1 PARA PESSOA JURÍDICA","-",1.0,200.0,200.0,0.0,"2026-02-02"]
["UNIVERSIDADE FEDERAL DE GOIAS-UF/GO",153052.0,2758.0,"Material","153052-18/2026","MATERIAIS DE LIMPEZA","Catálogo do Compras.gov.br","Material",7240.0,"RECEPIENTES PARA USO DOMÉSTICO E COMERCIAL",2826.0,"DISPENSER PAPEL TOALHA",630614.0,"CARACTERÍSTICAS ADICIONAIS: CAPACIDADE ATÉ 1.000 FOLHAS DUPLAS, COR: BRANCA, DIMENSÕES: 20 X 23, MATERIAL: PLÁSTICO RESISTENTE, TIPO: PARA FIXAÇÃO EM PAREDE","UN",1.0,30.0,30.0,0.0,"2026-07-31"]
["UNIVERSIDADE FEDERAL DE GOIAS-UF/GO",153052.0,2741.0,"Material","153052-18/2026","MATERIAIS DE LIMPEZA","Catálogo do Compras.gov.br","Material",8540.0,"ARTIGOS DE PAPEL PARA HIGIENE",12792.0,"TOALHA DE PAPEL",481231.0,"APLICAÇÃO: HIGIENE PESSOAL, CARACTERÍSTICAS ADICIONAIS: INTERFOLHADA, COMPRIMENTO: 21,50, COR: BRANCA, LARGURA: 24 A 25, MATERIAL: PAPEL, TIPO FOLHA: 2 DOBRAS","EMB",25.0,19.32,483.0,0.0,"2026-07-31"]
["UNIVERSIDADE FEDERAL DE GOIAS-UF/GO",153052.0,2756.0,"Material","153052-18/2026","MATERIAIS DE LIMPEZA","Catálogo do Compras.gov.br","Material",7920.0,"VASSOURAS, ESCOVAS, RODOS, ESPONJAS E ESFREGÕES",5670.0,"CONJUNTO PARA LIMPEZA",464159.0,"APLICAÇÃO: EQUIPAMENTOS ELETROELETRÔNICOS, COMPONENTES: KIT ANTIESTÁTICO: LUVA, PINÇA, ESCOVA E PULSEIRA","UN",1.0,115.0,115.0,0.0,"2026-07-31"]
["UNIVERSIDADE FEDERAL DE GOIAS-UF/GO",153052.0,2743.0,"Material","153052-18/2026","MATERIAIS DE LIMPEZA","Catálogo do Compras.gov.br","Material",8520.0,"SABONETES, ARTIGOS PARA BARBEAR E DENTIFRÍCIOS",11870.0,"SABONETE LÍQUIDO",384525.0,"ACIDEZ: PH NEUTRO, ASPECTO FÍSICO: LÍQUIDO VISCOSO CREMOSO, CARACTERÍSTICAS ADICIONAIS: SEM ESSÊNCIA, COMPOSIÇÃO: GLICERINA, AGENTES EMOLIENTES","FR",4.0,10.0,40.0,0.0,"2026-07-31"]
["UNIVERSIDADE FEDERAL DE GOIAS-UF/GO",153052.0,2742.0,"Material","153052-18/2026","MATERIAIS DE LIMPEZA","Catálogo do Compras.gov.br","Material",8530.0,"ARTIGOS PARA HIGIENE PESSOAL",8612.0,"LÂMINA BARBEAR",241535.0,"COMPRIMENTO: 43 MM, LARGURA: 22 MM, MATERIAL: AÇO INOXIDÁVEL, TIPO USO: DESCARTÁVEL","EMB",80.0,12.0,960.0,0.0,"2026-07-31"]
["UNIVERSIDADE FEDERAL DE GOIAS-UF/GO",153052.0,2761.0,"Material","153052-18/2026","MATERIAIS DE LIMPEZA","Catálogo do Compras.gov.br","Material",6850.0,"ESPECIALIDADES QUÍMICAS DIVERSAS",6096.0,"DESINCROSTANTE",301134.0,"ASPECTO FÍSICO: LÍQUIDO, CARACTERÍSTICAS ADICIONAIS: ODOR CARACTERÍSTICO, BIODEGRADÁVEL, PESO ESPECÍFI, COMPOSIÇÃO: HIDRÓXIDOS, SEQUESTRANTES E UMECTANTES, PRINCÍPIO ATIVO: SODA CÁUSTICA, TEOR ACIDEZ: PH 1%: 12,00 A 13,00%, COR: INCOLOR, APLICAÇÃO: REMOÇÃO DE GORDURAS CARBONIZADAS EM CHAPAS E EQUI","GL",2.0,40.5,81.0,0.0,"2026-07-31"]
["UNIVERSIDADE FEDERAL DE GOIAS-UF/GO",153052.0,2762.0,"Material","153052-18/2026","MATERIAIS DE LIMPEZA","Catálogo do Compras.gov.br","Material",7240.0,"RECEPIENTES PARA USO DOMÉSTICO E COMERCIAL",3819.0,"BORRIFADOR",272254.0,"APLICAÇÃO: ACONDICIONAR SOLUÇÃO REVELADORA, CAPACIDADE: 500, MATERIAL: PLÁSTICO, TIPO: SPRAY, CONTENDO BICO BORRIFADOR","FR",10.0,13.0,130.0,0.0,"2026-07-31"]
["UNIVERSIDADE FEDERAL DE GOIAS-UF/GO",153052.0,2763.0,"Material","153052-18/2026","MATERIAIS DE LIMPEZA","Catálogo do Compras.gov.br","Material",7920.0,"VASSOURAS, ESCOVAS, RODOS, ESPONJAS E ESFREGÕES",10344.0,"PANO LIMPEZA",276828.0,"APLICAÇÃO: LIMPEZA GERAL, CARACTERÍSTICAS ADICIONAIS: ALTO GRAU ABSORÇÃO S/DESPREENDIMENTO DE PARTICULA, COMPRIMENTO: 300, COR: VERDE, LARGURA: 33, MATERIAL: TECIDO ESPECIAL","RO",6.0,86.0,516.0,0.0,"2026-07-31"]
["UNIVERSIDADE FEDERAL DE GOIAS-UF/GO",153052.0,2764.0,"Material","153052-18/2026","MATERIAIS DE LIMPEZA","Catálogo do Compras.gov.br","Material",7920.0,"VASSOURAS, ESCOVAS, RODOS, ESPONJAS E ESFREGÕES",10344.0,"PANO LIMPEZA",276802.0,"APLICAÇÃO: LIMPEZA FINA, CARACTERÍSTICAS ADICIONAIS: ALTO GRAU ABSORÇÃO S/DESPREENDIMENTO DE PARTICULA, COMPRIMENTO: 300, COR: LARANJA, LARGURA: 33, MATERIAL: TECIDO ESPECIAL","RO",6.0,86.0,516.0,0.0,"2026-07-31"]
["UNIVERSIDADE FEDERAL DE GOIAS-UF/GO",153052.0,2765.0,"Material","153052-18/2026","MATERIAIS DE LIMPEZA","Catálogo do Compras.gov.br","Material",7920.0,"VASSOURAS, ESCOVAS, RODOS, ESPONJAS E ESFREGÕES",7042.0,"ESPONJA LIMPEZA",433820.0,"APLICAÇÃO: UTENSÍLIOS E LIMPEZA EM GERAL, FORMATO: CIRCULAR, MATERIAL: LÂ AÇO INOXIDÁVEL","UN",80.0,5.0,400.0,0.0,"2026-07-31"]
["UNIVERSIDADE FEDERAL DE GOIAS-UF/GO",153052.0,2766.0,"Material","153052-18/2026","MATERIAIS DE LIMPEZA","Catálogo do Compras.gov.br","Material",7920.0,"VASSOURAS, ESCOVAS, RODOS, ESPONJAS E ESFREGÕES",7042.0,"ESPONJA LIMPEZA",481020.0,"APLICAÇÃO: UTENSÍLIOS DOMÉSTICOS, CARACTERÍSTICAS ADICIONAIS: DUPLA FACE, FORMATO: RETANGULAR, MATERIAL: ESPUMA / FIBRA","UN",400.0,3.0,1200.0,0.0,"2026-07-31"]
["UNIVERSIDADE FEDERAL DE GOIAS-UF/GO",153052.0,2767.0,"Material","153052-18/2026","MATERIAIS DE LIMPEZA","Catálogo do Compras.gov.br","Material",7920.0,"VASSOURAS, ESCOVAS, RODOS, ESPONJAS E ESFREGÕES",7042.0,"ESPONJA LIMPEZA",481018.0,"APLICAÇÃO: LIMPEZA GERAL, MATERIAL: LÃ AÇO","EMB",10.0,2.5,25.0,0.0,"2026-07-31"]
["UNIVERSIDADE FEDERAL DE GOIAS-UF/GO",153052.0,2768.0,"Material","153052-18/2026","MATERIAIS DE LIMPEZA","Catálogo do Compras.gov.br","Material",7930.0,"COMPOSTOS E PREPARADOS PARA LIMPEZA E POLIMENTO",11200.0,"SOLUÇÃO LIMPEZA MULTIUSO",404258.0,"ASPECTO FÍSICO: PÓ, CARACTERÍSTICAS ADICIONAIS: SEM ENXÁGUE, COMPOSIÇÃO BÁSICA: HIPOCLORITO DE SÓDIO","KG",10.0,21.5,215.0,0.0,"2026-07-31"]
["UNIVERSIDADE FEDERAL DE GOIAS-UF/GO",153052.0,2769.0,"Material","153052-18/2026","MATERIAIS DE LIMPEZA","Catálogo do Compras.gov.br","Material",7930.0,"COMPOSTOS E PREPARADOS PARA LIMPEZA E POLIMENTO",15221.0,"DETERGENTE ÁCIDO",251594.0,"APLICAÇÃO: LIMPEZA DE ALUMÍNIO, ASPECTO FÍSICO: LÍQUIDO, COMPOSIÇÃO BÁSICA: TENSOATIVOS ANIÔNICOS, CORANTE E ÁGUA","FR",4.0,3.2,12.8,0.0,"2026-07-31"]
["UNIVERSIDADE FEDERAL DE GOIAS-UF/GO",153052.0,2770.0,"Material","153052-18/2026","MATERIAIS DE LIMPEZA","Catálogo do Compras.gov.br","Material",7930.0,"COMPOSTOS E PREPARADOS PARA LIMPEZA E POLIMENTO",6136.0,"DETERGENTE",310039.0,"APLICAÇÃO: LAVAGEM DE LOUÇA, CARACTERÍSTICAS ADICIONAIS: CONTÉM TENSOATIVO BIODEGRADÁVEL, COMPONENTE ATIVO: LINEAR ALQUIBENZENO SULFONATO DE SÓDIO, COMPOSIÇÃO: TENSOATIVOS ANIÔNICOS/PRESERVANTES E ESPESSANTES","EMB",140.0,68.0,9520.0,0.0,"2026-07-31"]
["UNIVERSIDADE FEDERAL DE GOIAS-UF/GO",153052.0,2771.0,"Material","153052-18/2026","MATERIAIS DE LIMPEZA","Catálogo do Compras.gov.br","Material",7930.0,"COMPOSTOS E PREPARADOS PARA LIMPEZA E POLIMENTO",2166.0,"ÁGUA SANITÁRIA",299605.0,"COMPOSIÇÃO QUÍMICA: HIPOCLORITO DE SÓDIO, HIDRÓXIDO DE SÓDIO, CLORETO, COR: INCOLOR, TEOR CLORO ATIVO: VARIA DE 2 A 2,50%, APLICAÇÃO: LAVAGEM E ALVEJANTE DE ROUPAS, BANHEIRAS, PIAS,","GRF",20.0,8.7,174.0,0.0,"2026-07-31"]
["UNIVERSIDADE FEDERAL DE GOIAS-UF/GO",153052.0,2772.0,"Material","153052-18/2026","MATERIAIS DE LIMPEZA","Catálogo do Compras.gov.br","Material",8145.0,"RECIPIENTES ESPECIALIZADOS PARA TRANSPORTE E ARMAZENAGEM",7824.0,"FRASCO",477989.0,"APLICAÇÃO: ARMAZENAR PRODUTOS DE HIGIENE, CAPACIDADE: 1000, CARACTERÍSTICAS ADICIONAIS: COM VÁLVULA PUMP, COR: INCOLOR, MATERIAL: PET","UN",10.0,15.0,150.0,0.0,"2026-07-31"]
["UNIVERSIDADE FEDERAL DE GOIAS-UF/GO",153052.0,2773.0,"Material","153052-18/2026","MATERIAIS DE LIMPEZA","Catálogo do Compras.gov.br","Material",8520.0,"SABONETES, ARTIGOS PARA BARBEAR E DENTIFRÍCIOS",11870.0,"SABONETE LÍQUIDO",463131.0,"ACIDEZ: PH 6 A 8, APLICAÇÃO: ASSEPSIA DAS MÃOS, ASPECTO FÍSICO: LÍQUIDO VISCOSO, CARACTERÍSTICAS ADICIONAIS: AGENTE BACTERICIDA, COMPOSIÇÃO: TENSOATIVOS ANIÔNICOS E NÃO ANIÔNICOS,   SOLVENTE","GL",10.0,19.0,190.0,0.0,"2026-07-31"]
["UNIVERSIDADE FEDERAL DE GOIAS-UF/GO",153052.0,2774.0,"Material","153052-18/2026","MATERIAIS DE LIMPEZA","Catálogo do Compras.gov.br","Material",8540.0,"ARTIGOS DE PAPEL PARA HIGIENE",12792.0,"TOALHA DE PAPEL",436328.0,"CARACTERÍSTICAS ADICIONAIS: INTERFOLHADA, COMPRIMENTO: 20, COR: BRANCA, LARGURA: 21, MATERIAL: 100% CELULOSE VIRGEM, TIPO FOLHA: 2 DOBRAS","FD",40.0,11.0,440.0,0.0,"2026-07-31"]
["UNIVERSIDADE FEDERAL DE GOIAS-UF/GO",153052.0,2748.0,"Material","153052-18/2026","MATERIAIS DE LIMPEZA","Catálogo do Compras.gov.br","Material",7920.0,"VASSOURAS, ESCOVAS, RODOS, ESPONJAS E ESFREGÕES",6950.0,"ESCOVA LIMPEZA GERAL",440011.0,"CARACTERÍSTICAS ADICIONAIS: 4 FILEIRAS, MATERIAL CERDAS: AÇO, MATERIAL CORPO: MADEIRA","UN",4.0,18.97,75.88,0.0,"2026-07-31"]
["UNIVERSIDADE FEDERAL DE GOIAS-UF/GO",153052.0,2749.0,"Material","153052-18/2026","MATERIAIS DE LIMPEZA","Catálogo do Compras.gov.br","Material",7920.0,"VASSOURAS, ESCOVAS, RODOS, ESPONJAS E ESFREGÕES",7174.0,"ESTOPA",300146.0,"CARACTERÍSTICAS ADICIONAIS: LAVADA, COR: BRANCA, MATERIAL: FIO ALGODÃO ALVEJADO, APLICAÇÃO: LIMPEZA PESADA","PCT",11.0,14.21,156.31,0.0,"2026-07-31"]
["UNIVERSIDADE FEDERAL DE GOIAS-UF/GO",153052.0,2750.0,"Material","153052-18/2026","MATERIAIS DE LIMPEZA","Catálogo do Compras.gov.br","Material",7920.0,"VASSOURAS, ESCOVAS, RODOS, ESPONJAS E ESFREGÕES",10344.0,"PANO LIMPEZA",608446.0,"APLICAÇÃO: LIMPEZA PESADA, CARACTERÍSTICAS ADICIONAIS: COM ALTO PODER DE ABSORÇÃO., COMPRIMENTO: 40, LARGURA: 40, MATERIAL: 100% ALGODÃO","UN",40.0,13.69,547.6,0.0,"2026-07-31"]
["UNIVERSIDADE FEDERAL DE GOIAS-UF/GO",153052.0,2751.0,"Material","153052-18/2026","MATERIAIS DE LIMPEZA","Catálogo do Compras.gov.br","Material",7920.0,"VASSOURAS, ESCOVAS, RODOS, ESPONJAS E ESFREGÕES",7042.0,"ESPONJA LIMPEZA",481018.0,"APLICAÇÃO: LIMPEZA GERAL, MATERIAL: LÃ AÇO","PCT",12.0,3.24,38.88,0.0,"2026-07-31"]
["UNIVERSIDADE FEDERAL DE GOIAS-UF/GO",153052.0,2752.0,"Material","153052-18/2026","MATERIAIS DE LIMPEZA","Catálogo do Compras.gov.br","Material",7930.0,"COMPOSTOS E PREPARADOS PARA LIMPEZA E POLIMENTO",6136.0,"DETERGENTE",449798.0,"APLICAÇÃO: LAVAGEM DE LOUÇAS, AROMA: INODORO, ASPECTO FÍSICO: LÍQUIDO INCOLOR, CARACTERÍSTICAS ADICIONAIS: PH 6,5 A 7,5, COMPOSIÇÃO: DODECILBENZENO SULFONATO DE SÓDIO","EMB",10.0,53.94,539.4,0.0,"2026-07-31"]
["UNIVERSIDADE FEDERAL DE GOIAS-UF/GO",153052.0,2753.0,"Material","153052-18/2026","MATERIAIS DE LIMPEZA","Catálogo do Compras.gov.br","Material",8540.0,"ARTIGOS DE PAPEL PARA HIGIENE",12792.0,"TOALHA DE PAPEL",481231.0,"APLICAÇÃO: HIGIENE PESSOAL, CARACTERÍSTICAS ADICIONAIS: INTERFOLHADA, COMPRIMENTO: 21,50, COR: BRANCA, LARGURA: 24 A 25, MATERIAL: PAPEL, TIPO FOLHA: 2 DOBRAS","EMB",15.0,64.36,965.4,0.0,"2026-07-31"]
["UNIVERSIDADE FEDERAL DE GOIAS-UF/GO",153052.0,2760.0,"Material","153052-18/2026","MATERIAIS DE LIMPEZA","Catálogo do Compras.gov.br","Material",9320.0,"ARTIGOS DE BORRACHA",8958.0,"LUVA BORRACHA",477578.0,"CARACTERÍSTICAS ADICIONAIS: AVELUDADA INTERNAMENTE, ANTIDERRAPANTE E BORDAS AJ, COR: AMARELA, MATERIAL: LÁTEX NATURAL, TAMANHO: SOB MEDIDA","CX",8.0,37.9,303.2,0.0,"2026-07-31"]
["UNIVERSIDADE FEDERAL DE GOIAS-UF/GO",153052.0,2744.0,"Material","153052-18/2026","MATERIAIS DE LIMPEZA","Catálogo do Compras.gov.br","Material",9160.0,"CERAS, ÓLEOS E GORDURAS DIVERSOS",681.0,"CERA",292586.0,"APLICAÇÃO: LIMPEZA DE PISOS, CARACTERÍSTICAS ADICIONAIS: ANTIDERRAPANTE, IMPERMEABILIZANTE, COMPOSIÇÃO: A BASE DE ÁGUA, CARNAÚBA E RESINAS METALIZADAS, COR: INCOLOR LEITOSO, TIPO: LÍQUIDA","BOM",100.0,150.0,15000.0,0.0,"2026-07-31"]
["UNIVERSIDADE FEDERAL DE GOIAS-UF/GO",153052.0,2745.0,"Material","153052-18/2026","MATERIAIS DE LIMPEZA","Catálogo do Compras.gov.br","Material",5345.0,"DISCOS E PEDRAS ABRASIVOS",17002.0,"DISCOS E PEDRAS ABRASIVOS",307508.0,"CARACTERÍSTICAS ADICIONAIS: COMPATÍVEL COM MÁQUINA LAVADORA, MATERIAL: FIBRAS SINTÉTICAS, TAMANHO: Nº 510, USO: LIMPEZA PESADA DE PISOS","UN",30.0,50.0,1500.0,0.0,"2026-07-31"]
["UNIVERSIDADE FEDERAL DE GOIAS-UF/GO",153052.0,2746.0,"Material","153052-18/2026","MATERIAIS DE LIMPEZA","Catálogo do Compras.gov.br","Material",7920.0,"VASSOURAS, ESCOVAS, RODOS, ESPONJAS E ESFREGÕES",10344.0,"PANO LIMPEZA",484741.0,"APLICAÇÃO: POLIMENTO, CARACTERÍSTICAS ADICIONAIS: GRANULOMETRIA 3 A 6 MM, DIÂMETRO: 250, MATERIAL: LÃ, TIPO: AKA-MORAN","UN",5.0,5.0,25.0,0.0,"2026-07-31"]
["UNIVERSIDADE FEDERAL DE GOIAS-UF/GO",153052.0,2747.0,"Material","153052-18/2026","MATERIAIS DE LIMPEZA","Catálogo do Compras.gov.br","Material",8730.0,"SEMENTES E MUDAS DE PLANTAS",16449.0,"ESPONJA FLORAL",255052.0,"ALTURA: 7,50, COMPRIMENTO: 23, COR: VERDE, LARGURA: 10, MATERIAL: RESINA FENÓLICA, USO: DECORAÇÃO","UN",1.0,70.0,70.0,0.0,"2026-07-31"]
["UNIVERSIDADE FEDERAL DE GOIAS-UF/GO",153052.0,2754.0,"Material","153052-18/2026","MATERIAIS DE LIMPEZA","Catálogo do Compras.gov.br","Material",6840.0,"PESTICIDAS E DESINFETANTES",6137.0,"DETERGENTE SANEANTE",416418.0,"ASPECTO FÍSICO: LÍQUIDO, COMPOSIÇÃO: ISENTO DE FOSFATOS, SEM CLORO, TIPO: ALCALINO","L",5.0,73.7,368.5,0.0,"2026-07-31"]
["UNIVERSIDADE FEDERAL DE GOIAS-UF/GO",153052.0,2755.0,"Material","153052-18/2026","MATERIAIS DE LIMPEZA","Catálogo do Compras.gov.br","Material",8540.0,"ARTIGOS DE PAPEL PARA HIGIENE",12792.0,"TOALHA DE PAPEL",346297.0,"APLICAÇÃO: EM TOALETES, CARACTERÍSTICAS ADICIONAIS: LUXO E GRAMATURA 27 A 29 G/M², COMPRIMENTO: 22,50, COR: BRANCA, LARGURA: 20,50, MATERIAL: 100% FIBRA CELULOSE VIRGEM, TIPO FOLHA: INTERFOLHA","PCT",4.0,33.15,132.6,0.0,"2026-07-31"]
["UNIVERSIDADE FEDERAL DE GOIAS-UF/GO",153052.0,2757.0,"Material","153052-18/2026","MATERIAIS DE LIMPEZA","Catálogo do Compras.gov.br","Material",7920.0,"VASSOURAS, ESCOVAS, RODOS, ESPONJAS E ESFREGÕES",10344.0,"PANO LIMPEZA",342439.0,"CARACTERÍSTICAS ADICIONAIS: SEM FUROS, ACONDICONADO EM EMBALAGEM DE 20 KG., COMPRIMENTO: 30, LARGURA: 30, MATERIAL: MALHA ALGODÃO","BOB",2.0,106.905,213.81,0.0,"2026-07-31"]
["UNIVERSIDADE FEDERAL DE GOIAS-UF/GO",153052.0,2759.0,"Material","153052-18/2026","MATERIAIS DE LIMPEZA","Catálogo do Compras.gov.br","Material",6850.0,"ESPECIALIDADES QUÍMICAS DIVERSAS",6096.0,"DESINCROSTANTE",463127.0,"ASPECTO FÍSICO: LÍQUIDO, COMPOSIÇÃO: TENSOATIVOS NÃO-IÔNICO E ACIDULANTE, PRINCÍPIO ATIVO: ÁCIDO FOSFÓRICO 25 A 35%, TEOR ACIDEZ: PH 1 A 3, TIPO: LIMPEZA PESADA","GL",5.0,34.0,170.0,0.0,"2026-07-31"]
["UNIVERSIDADE FEDERAL DE GOIAS-UF/GO",153052.0,2775.0,"Serviço","153052-155/2026","PROAD - Serviços de Copa/Cozinha/Lavanderia - Goiânia e Firminópolis","Catálogo do Compras.gov.br","Serviço",881.0,"SERVIÇOS DE MANUFATURA EM INSUMOS FÍSICOS QUE SAO PROPRIEDADE DE OUTROS(EXCETO MAQUINARIA E EQUIPAMENTO)",null,null,30180.0,"SERVIÇOS DIVERSOS DE AUXILIAR DE COZINHA","-",8.0,52559.64,420477.12,0.0,"2026-01-02"]
["UNIVERSIDADE FEDERAL DE GOIAS-UF/GO",153052.0,2776.0,"Serviço","153052-155/2026","PROAD - Serviços de Copa/Cozinha/Lavanderia - Goiânia e Firminópolis","Catálogo do Compras.gov.br","Serviço",851.0,"SERVIÇOS DE AGÊNCIAS DE EMPREGOS E FORNECIMENTO DE PESSOAL",null,null,19399.0,"PRESTAÇÃO DE SERVIÇOS DE COZINHEIRO","-",6.0,71197.32,427183.92,0.0,"2026-01-02"]
["UNIVERSIDADE FEDERAL DE GOIAS-UF/GO",153052.0,2777.0,"Serviço","153052-155/2026","PROAD - Serviços de Copa/Cozinha/Lavanderia - Goiânia e Firminópolis","Catálogo do Compras.gov.br","Serviço",853.0,"SERVIÇOS DE LIMPEZA",null,null,19542.0,"PRESTAÇÃO DE SERVIÇOS DE LAVANDERIA","-",2.0,52592.16,105184.32,0.0,"2026-01-02"]
["UNIVERSIDADE FEDERAL DE GOIAS-UF/GO",153052.0,2778.0,"Serviço","153052-155/2026","PROAD - Serviços de Copa/Cozinha/Lavanderia - Goiânia e Firminópolis","Catálogo do Compras.gov.br","Serviço",859.0,"OUTROS SERVIÇOS DE SUPORTE",null,null,14397.0,"PRESTAÇÃO DE SERVIÇOS DE COPEIRAGEM","-",1.0,42779.04,42779.04,0.0,"2026-01-02"]
["UNIVERSIDADE FEDERAL DE GOIAS-UF/GO",153052.0,2779.0,"Serviço","153052-155/2026","PROAD - Serviços de Copa/Cozinha/Lavanderia - Goiânia e Firminópolis","Catálogo do Compras.gov.br","Serviço",859.0,"OUTROS SERVIÇOS DE SUPORTE",null,null,5363.0,"PRESTAÇÃO DE SERVIÇOS DE GARÇON","-",2.0,52610.64,105221.28,0.0,"2026-01-02"]
["UNIVERSIDADE FEDERAL DE GOIAS-UF/GO",153052.0,2780.0,"Material","153052-19/2026","SERRAGEM TIPO PINUS","Catálogo do Compras.gov.br","Material",5510.0,"TÁBUAS E ARTIGOS CORRELATOS À BASE DE MADEIRA",12045.0,"SERRAGEM",427369.0,"TIPO: PINUS","KG",1765.0,6.2,10943.0,0.0,"2026-08-07"]
["UNIVERSIDADE FEDERAL DE GOIAS-UF/GO",153052.0,2783.0,"Serviço","153052-154/2026","PROAD - Recepcionistas, Bombeiro Civil e Segurança para apoio em eventos do Centro de Eventos","Catálogo do Compras.gov.br","Serviço",852.0,"SERVIÇOS DE INVESTIGAÇÃO E SEGURANÇA",null,null,25550.0,"SERVIÇOS DE PREVENÇÃO COMBATE INCÊNDIO / BRIGADISTA","-",576.0,212.0,122112.0,0.0,"2026-04-29"]
["UNIVERSIDADE FEDERAL DE GOIAS-UF/GO",153052.0,2821.0,"Material","153052-20/2026","EQUIPAMENTOS DE AUDIO E VÍDEO","Catálogo do Compras.gov.br","Material",6710.0,"CÂMARAS CINEMATOGRÁFICAS",1024.0,"FILMADORA/MONITOR PORTÁTIL",470898.0,"AMPLITUDE ZOOM DIGITAL: 30, AMPLITUDE ZOOM ÓTICO: 15, RESOLUÇÃO: 4K, SISTEMA GRAVAÇÃO: CARTÃO MEMÓRIA SD/SDHC/SDXC, TIPO: DIGITAL, TIPO ZOOM: ÓPTICO / DIGITAL","UN",2.0,2500.0,5000.0,0.0,"2026-07-31"]
["UNIVERSIDADE FEDERAL DE GOIAS-UF/GO",153052.0,2781.0,"Serviço","153052-154/2026","PROAD - Recepcionistas, Bombeiro Civil e Segurança para apoio em eventos do Centro de Eventos","Catálogo do Compras.gov.br","Serviço",851.0,"SERVIÇOS DE AGÊNCIAS DE EMPREGOS E FORNECIMENTO DE PESSOAL",null,null,8729.0,"PRESTAÇÃO DE SERVIÇOS DE PORTARIA / RECEPÇÃO","-",1.0,29600.0,29600.0,0.0,"2026-04-29"]
["UNIVERSIDADE FEDERAL DE GOIAS-UF/GO",153052.0,2791.0,"Material","153052-20/2026","EQUIPAMENTOS DE AUDIO E VÍDEO","Catálogo do Compras.gov.br","Material",6730.0,"EQUIPAMENTO PARA PROJEÇÃO FOTOGRÁFICA",915.0,"TELA PROJEÇÃO",243493.0,"ALTURA: 180, COR: BRANCA, LARGURA: 180, MATERIAL: TECIDO VINIL, TIPO AJUSTE TELA: ACIONAMENTO MANUAL, TIPO FIXAÇÃO: PAREDE/TETO","UN",3.0,390.0,1170.0,0.0,"2026-07-31"]
["UNIVERSIDADE FEDERAL DE GOIAS-UF/GO",153052.0,2782.0,"Serviço","153052-154/2026","PROAD - Recepcionistas, Bombeiro Civil e Segurança para apoio em eventos do Centro de Eventos","Catálogo do Compras.gov.br","Serviço",852.0,"SERVIÇOS DE INVESTIGAÇÃO E SEGURANÇA",null,null,23795.0,"PRESTAÇÃO DE SERVIÇO DE  VIGILÂNCIA E SEGURANÇA - ORGÂNICA -24 HORAS DIUTURNAS","-",1260.0,230.0,289800.0,0.0,"2026-04-29"]
["UNIVERSIDADE FEDERAL DE GOIAS-UF/GO",153052.0,2790.0,"Material","153052-20/2026","EQUIPAMENTOS DE AUDIO E VÍDEO","Catálogo do Compras.gov.br","Material",5965.0,"FONES, MICROFONES E ALTO-FALANTES",7703.0,"FONE OUVIDO",620179.0,"ACESSÓRIOS: CABO PARA CARREGAMENTO 1,5 M, ADAPTADOR USB-A, ALCANCE: 30, CARACTERÍSTICAS ADICIONAIS: ALMOFADAS COM ESPUMA, REDUÇÃO DE RUÍDOS, CONECTOR: USB, FREQÜÊNCIA: 20 HZ - 20, SENSIBILIDADE: - 40, TIPO: HEADSET, TIPO FONE: ESTÉREO, SEM FIO","UN",10.0,179.9,1799.0,0.0,"2026-07-31"]
["UNIVERSIDADE FEDERAL DE GOIAS-UF/GO",153052.0,2793.0,"Material","153052-20/2026","EQUIPAMENTOS DE AUDIO E VÍDEO","Catálogo do Compras.gov.br","Material",5835.0,"EQUIPAMENTOS PARA GRAVAÇÃO E REPRODUÇÃO DE SOM",9608.0,"MESA ÁUDIO / VÍDEO - SWITCHER DE VÍDEO",626110.0,"ACESSÓRIOS: PRÉ-AMPLIFICADORES DE MICROFONE“D-PRE” COM UM CIRC, CARACTERÍSTICAS ADICIONAIS: 12 LINHAS (6 MONO + 3 ESTÉREO)/1 BARRAMENTO ESTÉRE, CONTROLE GANHO: SPX COM 24 PROGRAMAS 24 BITS / 192 KHZ 2IN / 2OUT, QUANTIDADE CANAIS: 12, TENSÃO ALIMENTAÇÃO: 48, TIPO ENTRADA: 6 ENTRADAS DE MICROFONE, TIPO SAÍDA: SAÍDAS BALANCEADAS XLR","UN",1.0,2000.0,2000.0,0.0,"2026-07-31"]
["UNIVERSIDADE FEDERAL DE GOIAS-UF/GO",153052.0,2794.0,"Material","153052-20/2026","EQUIPAMENTOS DE AUDIO E VÍDEO","Catálogo do Compras.gov.br","Material",5965.0,"FONES, MICROFONES E ALTO-FALANTES",9732.0,"MICROFONE",626201.0,"ACESSÓRIOS: BATERIA, CARREGADOR E CABO, ALCANCE: 100, ALIMENTAÇÃO: 220, APLICAÇÃO: VOZ PRINCIPAL, IMPEDÂNCIA: 50/500, PADRÃO: UNIDIRECIONAL, RESPOSTA FREQÜÊNCIA: 50 HZ A 15.000, TIPO: BASTÃO SEM FIO","UN",1.0,2000.0,2000.0,0.0,"2026-07-31"]
["UNIVERSIDADE FEDERAL DE GOIAS-UF/GO",153052.0,2795.0,"Material","153052-20/2026","EQUIPAMENTOS DE AUDIO E VÍDEO","Catálogo do Compras.gov.br","Material",6730.0,"EQUIPAMENTO PARA PROJEÇÃO FOTOGRÁFICA",907.0,"PROJETOR MULTIMÍDIA",624091.0,"CONTRASTE MÍNIMO: 16.000:1, FREQÜÊNCIA: 50 A 60, LUMINOSIDADE MÍNIMA: 3.400, POTÊNCIA LÂMPADA: 200, QUANTIDADE AUTOFALANTES: 1, QUANTIDADE ENTRADAS VÍDEO: 1, RESOLUÇÃO: 1920 X 1080 FULL HD, TAMANHO MÍNIMO IMAGEM: 30, TIPO: TETO E MESA, TIPO FOCO: MANUAL, TIPO LÂMPADA: UHE, TIPO PROJEÇÃO: FRONTAL/RETROPROJEÇÃO/TETO, TIPO ZOOM: MANUAL, VOLTAGEM: 100/240","UN",1.0,4500.0,4500.0,0.0,"2026-07-31"]
["UNIVERSIDADE FEDERAL DE GOIAS-UF/GO",153052.0,2819.0,"Material","153052-20/2026","EQUIPAMENTOS DE AUDIO E VÍDEO","Catálogo do Compras.gov.br","Material",6730.0,"EQUIPAMENTO PARA PROJEÇÃO FOTOGRÁFICA",907.0,"PROJETOR MULTIMÍDIA",473604.0,"CAPACIDADE CONEXÃO: COMPATÍVEL VÁRIOS PADRÕES MONITORES/COMPUTADORES, CAPACIDADE PROJEÇÃO COR: 2.300.000, COMPATIBILIDADE RESOLUÇÃO: XGA, LUMINOSIDADE MÍNIMA: 3.200, POTÊNCIA LÂMPADA: 215, QUANTIDADE ENTRADA RGB: 15 PINOS, QUANTIDADE ENTRADAS VÍDEO: MÍNIMO 5, RESOLUÇÃO: 1.024 X 768, TAMANHO MÍNIMO IMAGEM: 30, TIPO: PORTÁTIL, TIPO LÂMPADA: MERCÚRIO, TIPO PROJEÇÃO: FRONTAL/TRASEIRO/TETO/MESA, TIPO TECNOLOGIA: 3LCD, TIPO ZOOM: MANUAL, VOLTAGEM: BIVOLT","UN",1.0,2800.0,2800.0,0.0,"2026-07-31"]
["UNIVERSIDADE FEDERAL DE GOIAS-UF/GO",153052.0,2827.0,"Material","153052-20/2026","EQUIPAMENTOS DE AUDIO E VÍDEO","Catálogo do Compras.gov.br","Material",5965.0,"FONES, MICROFONES E ALTO-FALANTES",9732.0,"MICROFONE",460688.0,"ALCANCE: 40 A 80, ALIMENTAÇÃO: BATERIA / PILHA, APLICAÇÃO: AUDITÓRIO, RESPOSTA FREQÜÊNCIA: 40 HZ A 20 KHZ, TIPO: DE MÃO SEM FIO, TIPO RECEPTOR: 2 ANTENAS","UN",250.0,2.0,500.0,0.0,"2026-07-31"]
["UNIVERSIDADE FEDERAL DE GOIAS-UF/GO",153052.0,2828.0,"Material","153052-20/2026","EQUIPAMENTOS DE AUDIO E VÍDEO","Catálogo do Compras.gov.br","Material",6730.0,"EQUIPAMENTO PARA PROJEÇÃO FOTOGRÁFICA",915.0,"TELA PROJEÇÃO",470923.0,"ALTURA: 182, CARACTERÍSTICAS ADICIONAIS: ACONDICIONADA EM ESTOJO METÁLICO, COR: BRANCA, LARGURA: 243, MATERIAL: MATTE WITE, MATERIAL ESTRUTURA: ALUMÍNIO EXTRUDADO, TAMANHO TELA: 120, TIPO ACABAMENTO: PINTURA ELETROSTÁTICA, TIPO FIXAÇÃO: PAREDE/TETO, TIPO TELA: RETRÁTIL","UN",1.0,450.0,450.0,0.0,"2026-07-31"]
["UNIVERSIDADE FEDERAL DE GOIAS-UF/GO",153052.0,2818.0,"Material","153052-20/2026","EQUIPAMENTOS DE AUDIO E VÍDEO","Catálogo do Compras.gov.br","Material",5965.0,"FONES, MICROFONES E ALTO-FALANTES",9732.0,"MICROFONE",615065.0,"ALCANCE: 15 A 20, APLICAÇÃO: TELEFONE CELULAR, CARACTERÍSTICAS ADICIONAIS: USB COM 2,4 GHZ, PADRÃO UNIDIRECIONAL, PADRÃO: OMNIDIRECIONAL, TIPO: LAPELA SEM FIO","UN",1.0,645.91,645.91,0.0,"2026-07-31"]
["UNIVERSIDADE FEDERAL DE GOIAS-UF/GO",153052.0,2839.0,"Material","153052-20/2026","EQUIPAMENTOS DE AUDIO E VÍDEO","Catálogo do Compras.gov.br","Material",6730.0,"EQUIPAMENTO PARA PROJEÇÃO FOTOGRÁFICA",907.0,"PROJETOR MULTIMÍDIA",446924.0,"CAPACIDADE PROJEÇÃO COR: 1.07 BILHÕES DE CORES, CARACTERÍSTICAS ADICIONAIS: CONEXÃO HDMI, RGB E USB, WIFI, SEEN MIRROR/SHARING, FREQÜÊNCIA: 50 A 60, LUMINOSIDADE MÍNIMA: 3.600, QUANTIDADE ENTRADA RGB: 1 S-VÍDEO/1RCA, QUANTIDADE ENTRADAS VÍDEO: 01: SVIDEO E 04 PINOS RCA, RESOLUÇÃO: NATIVA 1920X1200, TIPO: PORTÁTIL, TIPO FOCO: MANUAL, TIPO PROJEÇÃO: FRONTAL/TRASEIRO/TETO/MESA, TIPO ZOOM: MANUAL/DIGITAL, VOLTAGEM: 100/240","UN",2.0,4000.0,8000.0,0.0,"2026-07-31"]
["UNIVERSIDADE FEDERAL DE GOIAS-UF/GO",153052.0,2786.0,"Material","153052-20/2026","EQUIPAMENTOS DE AUDIO E VÍDEO","Catálogo do Compras.gov.br","Material",5965.0,"FONES, MICROFONES E ALTO-FALANTES",9732.0,"MICROFONE",612281.0,"ALCANCE: 200, ALIMENTAÇÃO: BATERIA AA, CARACTERÍSTICAS ADICIONAIS: DISPLAY LCD, DISTORÇÃO HARMÔNICA TOTAL: <0,1%, IMPEDÂNCIA: 50, PADRÃO: CARDIÓIDE, REFERÊNCIA FABRICANTE: ULXD2/SM58, RESPOSTA FREQÜÊNCIA: 30 HZ A 20, SENSIBILIDADE: ? 98, TIPO: DE MÃO SEM FIO","EMB",1.0,1500.0,1500.0,0.0,"2026-07-31"]
["UNIVERSIDADE FEDERAL DE GOIAS-UF/GO",153052.0,2787.0,"Material","153052-20/2026","EQUIPAMENTOS DE AUDIO E VÍDEO","Catálogo do Compras.gov.br","Material",5965.0,"FONES, MICROFONES E ALTO-FALANTES",14249.0,"CAIXA SOM",625996.0,"APLICAÇÃO: USO EM GERAL, COMPONENTES ADICIONAIS: BLUETOOTH, ENTRADAS US, P2 E P10, POTÊNCIA: 1,200, VOLTAGEM: 220","UN",1.0,3000.0,3000.0,0.0,"2026-07-31"]
["UNIVERSIDADE FEDERAL DE GOIAS-UF/GO",153052.0,2788.0,"Material","153052-20/2026","EQUIPAMENTOS DE AUDIO E VÍDEO","Catálogo do Compras.gov.br","Material",6760.0,"EQUIPAMENTO FOTOGRÁFICO E ACESSÓRIOS",5758.0,"CONJUNTO ILUMINACAO",613731.0,"CARACTERÍSTICAS ADICIONAIS: CONTENDO SOFTBOX, TRIPÉS E SUPORTES COM SOQUETE QU, FORMATO: BALÃO CHINEZ, MATERIAL ARMAÇÃO: ALUMÍNIO, TIPO: ESTÚDIO AUDIOVISUAL, TIPO LÂMPADA: LED","UN",1.0,600.0,600.0,0.0,"2026-07-31"]
["UNIVERSIDADE FEDERAL DE GOIAS-UF/GO",153052.0,2789.0,"Material","153052-20/2026","EQUIPAMENTOS DE AUDIO E VÍDEO","Catálogo do Compras.gov.br","Material",6760.0,"EQUIPAMENTO FOTOGRÁFICO E ACESSÓRIOS",5758.0,"CONJUNTO ILUMINACAO",481675.0,"CARACTERÍSTICAS ADICIONAIS: CONTENDO SOFTBOX, TRIPÉ, LÂMPADA, FUNDO INFINITO E, TIPO LÂMPADA: LED, VOLTAGEM: 220","UN",1.0,1500.0,1500.0,0.0,"2026-07-31"]
["UNIVERSIDADE FEDERAL DE GOIAS-UF/GO",153052.0,2816.0,"Material","153052-20/2026","EQUIPAMENTOS DE AUDIO E VÍDEO","Catálogo do Compras.gov.br","Material",6760.0,"EQUIPAMENTO FOTOGRÁFICO E ACESSÓRIOS",8788.0,"LENTE PARA CÂMERA FOTOGRÁFICA",626351.0,"ABERTURA MÁXIMA: F2,8, DISTÂNCIA FOCAL: 24 - 70 MM, DISTÂNCIA M´ÍNIMA FOCO: 21 CM, TIPO: 24 - 70 MM, TIPO DE FOCO: AUTOMÁTICO, TIPO LENTE: SÉRIE L, NORMAL, ANGULARES, TELEFOTO","UN",1.0,8247.0,8247.0,0.0,"2026-07-31"]
["UNIVERSIDADE FEDERAL DE GOIAS-UF/GO",153052.0,2822.0,"Material","153052-20/2026","EQUIPAMENTOS DE AUDIO E VÍDEO","Catálogo do Compras.gov.br","Material",5965.0,"FONES, MICROFONES E ALTO-FALANTES",9732.0,"MICROFONE",626201.0,"ACESSÓRIOS: BATERIA, CARREGADOR E CABO, ALCANCE: 100, ALIMENTAÇÃO: 220, APLICAÇÃO: VOZ PRINCIPAL, IMPEDÂNCIA: 50/500, PADRÃO: UNIDIRECIONAL, RESPOSTA FREQÜÊNCIA: 50 HZ A 15.000, TIPO: BASTÃO SEM FIO","UN",2.0,5000.0,10000.0,0.0,"2026-07-31"]
["UNIVERSIDADE FEDERAL DE GOIAS-UF/GO",153052.0,2784.0,"Material","153052-20/2026","EQUIPAMENTOS DE AUDIO E VÍDEO","Catálogo do Compras.gov.br","Material",6730.0,"EQUIPAMENTO PARA PROJEÇÃO FOTOGRÁFICA",915.0,"TELA PROJEÇÃO",611844.0,"ALTURA: 180, CARACTERÍSTICAS ADICIONAIS: ENROLAMENTO AUTOMÁTICO POR MOLA, COR ACABAMENTO: PRETA, LARGURA: 2,40, MATERIAL: MATTE WITE, TENSÃO ENTRADA: 110/220, TIPO AJUSTE TELA: RETRÁTIL AUTOMÁTICO, TIPO TELA: RETRÁTIL","UN",10.0,900.0,9000.0,0.0,"2026-07-31"]
["UNIVERSIDADE FEDERAL DE GOIAS-UF/GO",153052.0,2796.0,"Material","153052-20/2026","EQUIPAMENTOS DE AUDIO E VÍDEO","Catálogo do Compras.gov.br","Material",5965.0,"FONES, MICROFONES E ALTO-FALANTES",9732.0,"MICROFONE",631077.0,"ALIMENTAÇÃO: BATERIA, IMPEDÂNCIA: 300, RESPOSTA FREQÜÊNCIA: 512 A 608, SENSIBILIDADE: -10, TIPO: DINÂMICO","UN",5.0,500.0,2500.0,0.0,"2026-07-31"]
["UNIVERSIDADE FEDERAL DE GOIAS-UF/GO",153052.0,2797.0,"Material","153052-20/2026","EQUIPAMENTOS DE AUDIO E VÍDEO","Catálogo do Compras.gov.br","Material",6720.0,"CÂMARAS FOTOGRÁFICAS",15692.0,"CÂMERA VÍDEO",611461.0,"CAPACIDADE MEMÓRIA: 256, DIMENSÕES APROXIMADAS: 124,7 X 38,1 X 30, RESOLUÇÃO: 4K, TENSÃO NOMINAL: 7,7, TIPO: COMPACTA, ZOOM ÓPTICO: 8","UN",2.0,10000.0,20000.0,0.0,"2026-07-31"]
["UNIVERSIDADE FEDERAL DE GOIAS-UF/GO",153052.0,2798.0,"Material","153052-20/2026","EQUIPAMENTOS DE AUDIO E VÍDEO","Catálogo do Compras.gov.br","Material",6720.0,"CÂMARAS FOTOGRÁFICAS",13849.0,"CÂMERA DIGITAL",467643.0,"ALIMENTAÇÃO CÂMERA: BATERIA RECARREGÁVEL, CARACTERÍSTICAS ADICIONAIS: ALTA RESOLUÇÃO, MEMÓRIA TIPO SD, FORMATO DE GRAVAÇÃO: MP4, MOV, JPEG, RESOLUÇÃO: 3840 X 2160 PIXELS, ZOOM DIGITAL: 6, ZOOM ÓPTICO: 30","UN",3.0,7000.0,21000.0,0.0,"2026-07-31"]
["UNIVERSIDADE FEDERAL DE GOIAS-UF/GO",153052.0,2799.0,"Material","153052-20/2026","EQUIPAMENTOS DE AUDIO E VÍDEO","Catálogo do Compras.gov.br","Material",6730.0,"EQUIPAMENTO PARA PROJEÇÃO FOTOGRÁFICA",917.0,"PROJETOR DE SLIDE",217750.0,"CAPACIDADE MAGAZINE: 80 ESLAIDES, CARACTERÍSTICAS ADICIONAIS: MAGAZINE, FREQÜÊNCIA: 50 A 60, TIPO FOCO: CONTROLE REMOTO SEM FIO, TIPO MAGAZINE: HORIZONTAL, VOLTAGEM: 110/220","UN",4.0,2500.0,10000.0,0.0,"2026-07-31"]
["UNIVERSIDADE FEDERAL DE GOIAS-UF/GO",153052.0,2817.0,"Material","153052-20/2026","EQUIPAMENTOS DE AUDIO E VÍDEO","Catálogo do Compras.gov.br","Material",5965.0,"FONES, MICROFONES E ALTO-FALANTES",9732.0,"MICROFONE",611519.0,"ACESSÓRIOS: 1 RECEPTOR E 2 TRANSMISSORES, ALCANCE: 200, ALIMENTAÇÃO: BATERIA, PADRÃO: OMNIDIRECIONAL, RESPOSTA FREQÜÊNCIA: 50HZ A 20, TIPO: DE LAPELA","UN",2.0,500.0,1000.0,0.0,"2026-07-31"]
["UNIVERSIDADE FEDERAL DE GOIAS-UF/GO",153052.0,2814.0,"Material","153052-20/2026","EQUIPAMENTOS DE AUDIO E VÍDEO","Catálogo do Compras.gov.br","Material",5965.0,"FONES, MICROFONES E ALTO-FALANTES",9732.0,"MICROFONE",612281.0,"ALCANCE: 200, ALIMENTAÇÃO: BATERIA AA, CARACTERÍSTICAS ADICIONAIS: DISPLAY LCD, DISTORÇÃO HARMÔNICA TOTAL: <0,1%, IMPEDÂNCIA: 50, PADRÃO: CARDIÓIDE, REFERÊNCIA FABRICANTE: ULXD2/SM58, RESPOSTA FREQÜÊNCIA: 30 HZ A 20, SENSIBILIDADE: ? 98, TIPO: DE MÃO SEM FIO","UN",3.0,120.0,360.0,0.0,"2026-07-31"]
["UNIVERSIDADE FEDERAL DE GOIAS-UF/GO",153052.0,2801.0,"Material","153052-20/2026","EQUIPAMENTOS DE AUDIO E VÍDEO","Catálogo do Compras.gov.br","Material",5835.0,"EQUIPAMENTOS PARA GRAVAÇÃO E REPRODUÇÃO DE SOM",9608.0,"MESA ÁUDIO / VÍDEO - SWITCHER DE VÍDEO",626110.0,"ACESSÓRIOS: PRÉ-AMPLIFICADORES DE MICROFONE“D-PRE” COM UM CIRC, CARACTERÍSTICAS ADICIONAIS: 12 LINHAS (6 MONO + 3 ESTÉREO)/1 BARRAMENTO ESTÉRE, CONTROLE GANHO: SPX COM 24 PROGRAMAS 24 BITS / 192 KHZ 2IN / 2OUT, QUANTIDADE CANAIS: 12, TENSÃO ALIMENTAÇÃO: 48, TIPO ENTRADA: 6 ENTRADAS DE MICROFONE, TIPO SAÍDA: SAÍDAS BALANCEADAS XLR","UN",2.0,3200.0,6400.0,0.0,"2026-07-31"]
["UNIVERSIDADE FEDERAL DE GOIAS-UF/GO",153052.0,2830.0,"Material","153052-20/2026","EQUIPAMENTOS DE AUDIO E VÍDEO","Catálogo do Compras.gov.br","Material",6720.0,"CÂMARAS FOTOGRÁFICAS",14570.0,"CÂMERA FOTOGRÁFICA DIGITAL",485489.0,"ACESSÓRIOS: BOLSA, CARREGADOR BATERIA, ALÇA DE PESCOÇO, ALIMENTAÇÃO CÂMERA: BATERIA, CAPACIDADE MEMÓRIA: CARTÃO DE MEMÓRIA DE 512, CARACTERÍSTICAS ADICIONAIS: FULL FRAME MIRRORLESS, FLASH:  SEM LASH EXTERNO, INTERFACE: USB, TIPO FOCO: MULTIFOCAL, TIPO MEMÓRIA: CARTÕES SD/SDHC/SDXC, TIPO VISOR: EVF/LCD","UN",1.0,20025.88,20025.88,0.0,"2026-07-31"]
["UNIVERSIDADE FEDERAL DE GOIAS-UF/GO",153052.0,2785.0,"Material","153052-20/2026","EQUIPAMENTOS DE AUDIO E VÍDEO","Catálogo do Compras.gov.br","Material",6760.0,"EQUIPAMENTO FOTOGRÁFICO E ACESSÓRIOS",7635.0,"FLASH",470968.0,"CARACTERÍSTICAS ADICIONAIS: CABEÇA MÓVEL, COMPATIBILIDADE EQUIPAMENTO: CÂMERA FOTOGRÁFICA DIGITAL, TIPO ALIMENTAÇÃO: PILHA","UN",1.0,4200.0,4200.0,0.0,"2026-07-31"]
["UNIVERSIDADE FEDERAL DE GOIAS-UF/GO",153052.0,2792.0,"Material","153052-20/2026","EQUIPAMENTOS DE AUDIO E VÍDEO","Catálogo do Compras.gov.br","Material",5965.0,"FONES, MICROFONES E ALTO-FALANTES",7703.0,"FONE OUVIDO",620179.0,"ACESSÓRIOS: CABO PARA CARREGAMENTO 1,5 M, ADAPTADOR USB-A, ALCANCE: 30, CARACTERÍSTICAS ADICIONAIS: ALMOFADAS COM ESPUMA, REDUÇÃO DE RUÍDOS, CONECTOR: USB, FREQÜÊNCIA: 20 HZ - 20, SENSIBILIDADE: - 40, TIPO: HEADSET, TIPO FONE: ESTÉREO, SEM FIO","UN",30.0,179.9,5397.0,0.0,"2026-07-31"]
["UNIVERSIDADE FEDERAL DE GOIAS-UF/GO",153052.0,2810.0,"Material","153052-20/2026","EQUIPAMENTOS DE AUDIO E VÍDEO","Catálogo do Compras.gov.br","Material",5965.0,"FONES, MICROFONES E ALTO-FALANTES",7703.0,"FONE OUVIDO",440465.0,"CARACTERÍSTICAS ADICIONAIS: ACESSÓRIOS,COM ADAPTADOR PARA CONECTOR 1/4 POLEGAS, CONECTOR: CONECTOR 3.5MM BANHADO A OURO, FREQÜÊNCIA: 5 A 25, TIPO: PROFISSIONAL, TIPO FONE: DOBRAVEL, COM IMÃS DE NEODÍMIO","UN",3.0,200.0,600.0,0.0,"2026-07-31"]
["UNIVERSIDADE FEDERAL DE GOIAS-UF/GO",153052.0,2811.0,"Material","153052-20/2026","EQUIPAMENTOS DE AUDIO E VÍDEO","Catálogo do Compras.gov.br","Material",5965.0,"FONES, MICROFONES E ALTO-FALANTES",9732.0,"MICROFONE",604661.0,"ALCANCE: ATÉ 50 METROS, ALIMENTAÇÃO: PILHA, APLICAÇÃO: AUDITÓRIO, PADRÃO: UNIDIRECIONAL, RESPOSTA FREQÜÊNCIA: 40 HZ A 20 KHZ, SENSIBILIDADE: 76, TIPO: HEADSET, TIPO RECEPTOR: 2 ANTENAS","UN",20.0,230.0,4600.0,0.0,"2026-07-31"]
["UNIVERSIDADE FEDERAL DE GOIAS-UF/GO",153052.0,2812.0,"Material","153052-20/2026","EQUIPAMENTOS DE AUDIO E VÍDEO","Catálogo do Compras.gov.br","Material",5965.0,"FONES, MICROFONES E ALTO-FALANTES",2372.0,"ALTO-FALANTE",628165.0,"APLICAÇÃO: ‎NOTEBOOK, TABLET, SMARTPHONE, CARACTERÍSTICAS ADICIONAIS: BLUETOOTH OU P2 FORMATO 2.1, POTÊNCIA NOMINAL: 20, TIPO: SUB WOOFER","PAR",2.0,62.0,124.0,0.0,"2026-07-31"]
["UNIVERSIDADE FEDERAL DE GOIAS-UF/GO",153052.0,2826.0,"Material","153052-20/2026","EQUIPAMENTOS DE AUDIO E VÍDEO","Catálogo do Compras.gov.br","Material",5965.0,"FONES, MICROFONES E ALTO-FALANTES",9732.0,"MICROFONE",604246.0,"ALCANCE: 100, ALIMENTAÇÃO: 02 PILHAS AA, ALIMENTAÇÃO RECEPTOR: 12 VDC, CARACTERÍSTICAS ADICIONAIS: ATÉ 12 CANAIS PROGRAMÁVEIS, DIMENSÃO: 190 X 212 X 43, IMPEDÂNCIA: 40, MATERIAL: METAL, MODULAÇÃO: BANDA LARGA FM, PADRÃO: POLAR CARDIÓIDE, RESPOSTA FREQÜÊNCIA: 516-558, SENSIBILIDADE: 2.1, TEMPERATURA OPERAÇÃO: -10 A + 55, TIPO: SEM FIO, TIPO RECEPTOR: 2 ANTENAS","UN",1.0,2000.0,2000.0,0.0,"2026-07-31"]
["UNIVERSIDADE FEDERAL DE GOIAS-UF/GO",153052.0,2838.0,"Material","153052-20/2026","EQUIPAMENTOS DE AUDIO E VÍDEO","Catálogo do Compras.gov.br","Material",5965.0,"FONES, MICROFONES E ALTO-FALANTES",9732.0,"MICROFONE",338935.0,"ALCANCE: 15 M, DINÂMICO 100 DB E REJEIÇÃO NO MÍNIMO 80 DB, ALIMENTAÇÃO: BATERIA 9, CARACTERÍSTICAS ADICIONAIS: CHAVE SELETORA E ESTAÇÃO RECEPTORA MODULAÇÃO EM FM, DISTORÇÃO HARMÔNICA TOTAL: < 5%, IMPEDÂNCIA SAÍDA: 5, NÍVEL DE SAÍDA DE ÁUDIO: 0 A 25, POTÊNCIA DE SAÍDA: 30, RESPOSTA FREQÜÊNCIA: 40 HZ A 20 KHZ, TIPO: SEM FIO, TIPO RECEPTOR: 2 ANTENAS, ALIMENTAÇÃO EXTERNA RECEPTOR: 110/220, FREQUÊNCIA: 230 A 260 MHZ","UN",2.0,12000.0,24000.0,0.0,"2026-07-31"]
["UNIVERSIDADE FEDERAL DE GOIAS-UF/GO",153052.0,2802.0,"Material","153052-20/2026","EQUIPAMENTOS DE AUDIO E VÍDEO","Catálogo do Compras.gov.br","Material",5965.0,"FONES, MICROFONES E ALTO-FALANTES",7703.0,"FONE OUVIDO",620179.0,"ACESSÓRIOS: CABO PARA CARREGAMENTO 1,5 M, ADAPTADOR USB-A, ALCANCE: 30, CARACTERÍSTICAS ADICIONAIS: ALMOFADAS COM ESPUMA, REDUÇÃO DE RUÍDOS, CONECTOR: USB, FREQÜÊNCIA: 20 HZ - 20, SENSIBILIDADE: - 40, TIPO: HEADSET, TIPO FONE: ESTÉREO, SEM FIO","UN",5.0,180.0,900.0,0.0,"2026-07-31"]
["UNIVERSIDADE FEDERAL DE GOIAS-UF/GO",153052.0,2803.0,"Material","153052-20/2026","EQUIPAMENTOS DE AUDIO E VÍDEO","Catálogo do Compras.gov.br","Material",5965.0,"FONES, MICROFONES E ALTO-FALANTES",7703.0,"FONE OUVIDO",611515.0,"FREQÜÊNCIA: 20, IMPEDÂNCIA: 32, POTÊNCIA: 20, SENSIBILIDADE: 96, TIPO: DINÂMICO, TIPO FONE: HEADPHONE","UN",17.0,80.0,1360.0,0.0,"2026-07-31"]
["UNIVERSIDADE FEDERAL DE GOIAS-UF/GO",153052.0,2804.0,"Material","153052-20/2026","EQUIPAMENTOS DE AUDIO E VÍDEO","Catálogo do Compras.gov.br","Material",5965.0,"FONES, MICROFONES E ALTO-FALANTES",10580.0,"PEDESTAL MICROFONE",604424.0,"ACABAMENTO SUPERFICIAL: PINTURA A PÓ, CARACTERÍSTICAS ADICIONAIS: FIVELA, GRAMPO DE MICROFONE REMOVÍVEL, COMPRIMENTO HASTE: 185, COR: PRETA, FORMATO BASE: TRIPÉ, MATERIAL BASE SUSTENTAÇÃO: LIGA DE PLÁSTICO, TIPO: GIRAFA, TIPO HASTE: TELESCÓPICA","UN",2.0,130.0,260.0,0.0,"2026-07-31"]
["UNIVERSIDADE FEDERAL DE GOIAS-UF/GO",153052.0,2805.0,"Material","153052-20/2026","EQUIPAMENTOS DE AUDIO E VÍDEO","Catálogo do Compras.gov.br","Material",6760.0,"EQUIPAMENTO FOTOGRÁFICO E ACESSÓRIOS",979.0,"TRIPÉ",628035.0,"ALTURA MÁXIMA: 1,60, APLICAÇÃO: CÂMARA FOTOGRÁFICA OU FILMADORA, CAPACIDADE: 5, CARACTERÍSTICAS ADICIONAIS: COM ENCAIXE ROSCA 3/8, MATERIAL: ALUMÍNIO, QUANTIDADE HASTES: 3, TIPO CABEÇA: GIRATÓRIA","UN",2.0,110.0,220.0,0.0,"2026-07-31"]
["UNIVERSIDADE FEDERAL DE GOIAS-UF/GO",153052.0,2800.0,"Material","153052-20/2026","EQUIPAMENTOS DE AUDIO E VÍDEO","Catálogo do Compras.gov.br","Material",7060.0,"PEÇAS E ACESSÓRIOS PARA COMPUTADORES",14249.0,"CAIXA SOM",625996.0,"APLICAÇÃO: USO EM GERAL, COMPONENTES ADICIONAIS: BLUETOOTH, ENTRADAS US, P2 E P10, POTÊNCIA: 1,200, VOLTAGEM: 220","UN",2.0,2000.0,4000.0,0.0,"2026-07-31"]
["UNIVERSIDADE FEDERAL DE GOIAS-UF/GO",153052.0,2815.0,"Material","153052-20/2026","EQUIPAMENTOS DE AUDIO E VÍDEO","Catálogo do Compras.gov.br","Material",5836.0,"EQUIPAMENTOS PARA GRAVAÇÃO E REPRODUÇÃO DE VÍDEO",14570.0,"CÂMERA FOTOGRÁFICA DIGITAL",628815.0,"ACESSÓRIOS: MICROFONE SHOTGUN, TRIPÉ, BATERIA, ALÇA, ESTOJO, ALIMENTAÇÃO CÂMERA: BATERIA, FORMATO GRAVAÇÃO IMAGEM: MPEG-4, MONITOR: TELA LCD SENSÍVEL AO TOQUE, REFERÊNCIA: CÂMERA CANON EOS R50 MIRRORLESS RF-S 18-45MM CONTE, RESOLUÇÃO MÁXIMA: 26 MEGAPIXELS, RESOLUÇÃO MÍNIMA: 24 MEGAPIXELS, SENSOR IMAGEM: CMOS APS-C, TIPO FOCO: AUTOFOCO, TIPO MEMÓRIA: SD, SDHC, SDXC, TIPO MODO GRAVAÇÃO: UHD 4K, TIPO VISOR: LCD SENSÍVEL AO TOQUE","UN",1.0,18000.0,18000.0,0.0,"2026-07-31"]
["UNIVERSIDADE FEDERAL DE GOIAS-UF/GO",153052.0,2833.0,"Material","153052-20/2026","EQUIPAMENTOS DE AUDIO E VÍDEO","Catálogo do Compras.gov.br","Material",5965.0,"FONES, MICROFONES E ALTO-FALANTES",7703.0,"FONE OUVIDO",480914.0,"ACOPLAMENTO AURICULAR: SOBRE AS ORELHAS, COR: PRETA, FREQÜÊNCIA: 12HZ A 28, POTÊNCIA: 30, TIPO: HEADSET, TIPO FONE: HEADSET COM PROTETOR AURICULAR","UN",10.0,51.0,510.0,0.0,"2026-07-31"]
["UNIVERSIDADE FEDERAL DE GOIAS-UF/GO",153052.0,2813.0,"Material","153052-20/2026","EQUIPAMENTOS DE AUDIO E VÍDEO","Catálogo do Compras.gov.br","Material",6730.0,"EQUIPAMENTO PARA PROJEÇÃO FOTOGRÁFICA",907.0,"PROJETOR MULTIMÍDIA",603956.0,"CARACTERÍSTICAS ADICIONAIS: CONEXÃO: HDMI, USB, WI-FI, LUMINOSIDADE MÍNIMA: 4.000, QUANTIDADE ENTRADAS VÍDEO: 4, RESOLUÇÃO: 1.280 X 800, TIPO: INTERATIVO, TIPO LÂMPADA: LED, TIPO PROJEÇÃO: FRONTAL, TIPO ZOOM: DIGITAL, VOLTAGEM: BIVOLT","UN",2.0,2600.0,5200.0,0.0,"2026-07-31"]
["UNIVERSIDADE FEDERAL DE GOIAS-UF/GO",153052.0,2806.0,"Material","153052-20/2026","EQUIPAMENTOS DE AUDIO E VÍDEO","Catálogo do Compras.gov.br","Material",6730.0,"EQUIPAMENTO PARA PROJEÇÃO FOTOGRÁFICA",915.0,"TELA PROJEÇÃO",617350.0,"ALTURA: 150, COR: BRANCA, LARGURA: 2,70, MATERIAL: VINIL, MATERIAL ESTRUTURA: AÇO, TAMANHO TELA: 120, TIPO ACABAMENTO: PINTURA ELETROSTÁTICA, TIPO AJUSTE TELA: ACIONAMENTO RETRÁTIL E FUNCIONAMENTO ROLO, TIPO TELA: RETRÁTIL","UN",1.0,1192.99,1192.99,0.0,"2026-07-31"]
["UNIVERSIDADE FEDERAL DE GOIAS-UF/GO",153052.0,2807.0,"Material","153052-20/2026","EQUIPAMENTOS DE AUDIO E VÍDEO","Catálogo do Compras.gov.br","Material",5965.0,"FONES, MICROFONES E ALTO-FALANTES",7703.0,"FONE OUVIDO",620179.0,"ACESSÓRIOS: CABO PARA CARREGAMENTO 1,5 M, ADAPTADOR USB-A, ALCANCE: 30, CARACTERÍSTICAS ADICIONAIS: ALMOFADAS COM ESPUMA, REDUÇÃO DE RUÍDOS, CONECTOR: USB, FREQÜÊNCIA: 20 HZ - 20, SENSIBILIDADE: - 40, TIPO: HEADSET, TIPO FONE: ESTÉREO, SEM FIO","UN",5.0,522.83,2614.15,0.0,"2026-07-31"]
["UNIVERSIDADE FEDERAL DE GOIAS-UF/GO",153052.0,2808.0,"Material","153052-20/2026","EQUIPAMENTOS DE AUDIO E VÍDEO","Catálogo do Compras.gov.br","Material",5965.0,"FONES, MICROFONES E ALTO-FALANTES",9732.0,"MICROFONE",612281.0,"ALCANCE: 200, ALIMENTAÇÃO: BATERIA AA, CARACTERÍSTICAS ADICIONAIS: DISPLAY LCD, DISTORÇÃO HARMÔNICA TOTAL: <0,1%, IMPEDÂNCIA: 50, PADRÃO: CARDIÓIDE, REFERÊNCIA FABRICANTE: ULXD2/SM58, RESPOSTA FREQÜÊNCIA: 30 HZ A 20, SENSIBILIDADE: ? 98, TIPO: DE MÃO SEM FIO","EMB",1.0,455.78,455.78,0.0,"2026-07-31"]
["UNIVERSIDADE FEDERAL DE GOIAS-UF/GO",153052.0,2809.0,"Material","153052-20/2026","EQUIPAMENTOS DE AUDIO E VÍDEO","Catálogo do Compras.gov.br","Material",6710.0,"CÂMARAS CINEMATOGRÁFICAS",1024.0,"FILMADORA/MONITOR PORTÁTIL",604548.0,"AMPLITUDE ZOOM DIGITAL: MÍNIMO 350, AMPLITUDE ZOOM ÓTICO: MÍNIMO DE 20, CARACTERÍSTICAS ADICIONAIS: ENTRADA DE ÁUDIO, SAÍDAS SDI/HDMI/USD, CARTÃO   DE, TAMANHO MONITOR: 3, TIPO: DIGITAL, TIPO ZOOM: ÓPTICO / DIGITAL","UN",5.0,9483.01,47415.05,0.0,"2026-07-31"]
["UNIVERSIDADE FEDERAL DE GOIAS-UF/GO",153052.0,2820.0,"Material","153052-20/2026","EQUIPAMENTOS DE AUDIO E VÍDEO","Catálogo do Compras.gov.br","Material",9390.0,"PRODUTOS DIVERSOS NÃO METÁLICOS",{"$nulls":4},"-",0.0,0.0,2000.0,0.0,"2026-07-31"]
["UNIVERSIDADE FEDERAL DE GOIAS-UF/GO",153052.0,2823.0,"Material","153052-20/2026","EQUIPAMENTOS DE AUDIO E VÍDEO","Catálogo do Compras.gov.br","Material",6730.0,"EQUIPAMENTO PARA PROJEÇÃO FOTOGRÁFICA",907.0,"PROJETOR MULTIMÍDIA",367718.0,"CARACTERÍSTICAS ADICIONAIS: ZOOM OPTICO 1,0 A 1,2 MINIMO, TIPO DATA SHOW, DISTÂNCIA MÁXIMA TELA: 10.41, DISTÂNCIA MÍNIMA TELA: 0,84, FREQÜÊNCIA: 50 A 60, LUMINOSIDADE MÍNIMA: 2200, QUANTIDADE ENTRADA RGB: 2, QUANTIDADE ENTRADAS VÍDEO: MÍNIMO 2, RESOLUÇÃO: 800 X 600, RESOLUÇÃO MÍNIMA: 800 X 600, TAMANHO MÍNIMO IMAGEM: 76, TIPO: PORTÁTIL C/BOLSA TRANSPORTE E CONTROLE REMOTO, TIPO PROJEÇÃO: FRONTAL/RETROPROJEÇÃO/TETO, TIPO ZOOM: DIGITAL/OPTICO, VOLTAGEM: 110/220","UN",2.0,4000.0,8000.0,0.0,"2026-07-31"]
["UNIVERSIDADE FEDERAL DE GOIAS-UF/GO",153052.0,2824.0,"Material","153052-20/2026","EQUIPAMENTOS DE AUDIO E VÍDEO","Catálogo do Compras.gov.br","Material",5965.0,"FONES, MICROFONES E ALTO-FALANTES",9732.0,"MICROFONE",624663.0,"ACESSÓRIOS: BOLSA COM ZÍPER, CACHIMBO OU SUPORTE PARA PEDESTAL, APLICAÇÃO: VOZ PRINCIPAL, CARACTERÍSTICAS ADICIONAIS: DINÂMICO, COMPONENTES ADICIONAIS: CONECTOR PROFISSIONAL XLR, IMPEDÂNCIA: 150/350, PADRÃO: POLAR CARDIÓIDE, RESPOSTA FREQÜÊNCIA: 50 A 16.000, SENSIBILIDADE: A 1 KHZ -58, TIPO: DE MÃO COM FIO","UN",1.0,185.0,185.0,0.0,"2026-07-31"]
["UNIVERSIDADE FEDERAL DE GOIAS-UF/GO",153052.0,2825.0,"Material","153052-20/2026","EQUIPAMENTOS DE AUDIO E VÍDEO","Catálogo do Compras.gov.br","Material",5965.0,"FONES, MICROFONES E ALTO-FALANTES",9732.0,"MICROFONE",460688.0,"ALCANCE: 40 A 80, ALIMENTAÇÃO: BATERIA / PILHA, APLICAÇÃO: AUDITÓRIO, RESPOSTA FREQÜÊNCIA: 40 HZ A 20 KHZ, TIPO: DE MÃO SEM FIO, TIPO RECEPTOR: 2 ANTENAS","UN",1.0,250.0,250.0,0.0,"2026-07-31"]
["UNIVERSIDADE FEDERAL DE GOIAS-UF/GO",153052.0,2835.0,"Material","153052-20/2026","EQUIPAMENTOS DE AUDIO E VÍDEO","Catálogo do Compras.gov.br","Material",5965.0,"FONES, MICROFONES E ALTO-FALANTES",9732.0,"MICROFONE",611519.0,"ACESSÓRIOS: 1 RECEPTOR E 2 TRANSMISSORES, ALCANCE: 200, ALIMENTAÇÃO: BATERIA, PADRÃO: OMNIDIRECIONAL, RESPOSTA FREQÜÊNCIA: 50HZ A 20, TIPO: DE LAPELA","UN",1.0,300.0,300.0,0.0,"2026-07-31"]
["UNIVERSIDADE FEDERAL DE GOIAS-UF/GO",153052.0,2836.0,"Material","153052-20/2026","EQUIPAMENTOS DE AUDIO E VÍDEO","Catálogo do Compras.gov.br","Material",6730.0,"EQUIPAMENTO PARA PROJEÇÃO FOTOGRÁFICA",915.0,"TELA PROJEÇÃO",617350.0,"ALTURA: 150, COR: BRANCA, LARGURA: 2,70, MATERIAL: VINIL, MATERIAL ESTRUTURA: AÇO, TAMANHO TELA: 120, TIPO ACABAMENTO: PINTURA ELETROSTÁTICA, TIPO AJUSTE TELA: ACIONAMENTO RETRÁTIL E FUNCIONAMENTO ROLO, TIPO TELA: RETRÁTIL","UN",1.0,550.0,550.0,0.0,"2026-07-31"]
["UNIVERSIDADE FEDERAL DE GOIAS-UF/GO",153052.0,2837.0,"Material","153052-20/2026","EQUIPAMENTOS DE AUDIO E VÍDEO","Catálogo do Compras.gov.br","Material",6730.0,"EQUIPAMENTO PARA PROJEÇÃO FOTOGRÁFICA",907.0,"PROJETOR MULTIMÍDIA",624091.0,"CONTRASTE MÍNIMO: 16.000:1, FREQÜÊNCIA: 50 A 60, LUMINOSIDADE MÍNIMA: 3.400, POTÊNCIA LÂMPADA: 200, QUANTIDADE AUTOFALANTES: 1, QUANTIDADE ENTRADAS VÍDEO: 1, RESOLUÇÃO: 1920 X 1080 FULL HD, TAMANHO MÍNIMO IMAGEM: 30, TIPO: TETO E MESA, TIPO FOCO: MANUAL, TIPO LÂMPADA: UHE, TIPO PROJEÇÃO: FRONTAL/RETROPROJEÇÃO/TETO, TIPO ZOOM: MANUAL, VOLTAGEM: 100/240","UN",1.0,3500.0,3500.0,0.0,"2026-07-31"]
["UNIVERSIDADE FEDERAL DE GOIAS-UF/GO",153052.0,2829.0,"Material","153052-20/2026","EQUIPAMENTOS DE AUDIO E VÍDEO","Catálogo do Compras.gov.br","Material",6730.0,"EQUIPAMENTO PARA PROJEÇÃO FOTOGRÁFICA",{"$nulls":4},"-",0.0,0.0,2022.94,0.0,"2026-07-31"]
["UNIVERSIDADE FEDERAL DE GOIAS-UF/GO",153052.0,2834.0,"Material","153052-20/2026","EQUIPAMENTOS DE AUDIO E VÍDEO","Catálogo do Compras.gov.br","Material",6730.0,"EQUIPAMENTO PARA PROJEÇÃO FOTOGRÁFICA",907.0,"PROJETOR MULTIMÍDIA",602170.0,"COMPATIBILIDADE VÍDEO: NTSC, SDTV, EDTV, HDTV, CONTRASTE MÍNIMO: 16.000:1, FREQÜÊNCIA: 50/60, LUMINOSIDADE MÍNIMA: 3.400, QUANTIDADE ENTRADA RGB: 1, QUANTIDADE ENTRADAS VÍDEO: 3, RESOLUÇÃO: 1920 X 1080 FULL HD, TIPO: TETO E MESA, TIPO FOCO: MANUAL, TIPO PROJEÇÃO: FRONTAL/RETROPROJEÇÃO/TETO, TIPO ZOOM: MANUAL, VOLTAGEM: 100/240","UN",3.0,3450.0,10350.0,0.0,"2026-07-31"]
["UNIVERSIDADE FEDERAL DE GOIAS-UF/GO",153052.0,2832.0,"Material","153052-20/2026","EQUIPAMENTOS DE AUDIO E VÍDEO","Catálogo do Compras.gov.br","Material",5965.0,"FONES, MICROFONES E ALTO-FALANTES",9732.0,"MICROFONE",615065.0,"ALCANCE: 15 A 20, APLICAÇÃO: TELEFONE CELULAR, CARACTERÍSTICAS ADICIONAIS: USB COM 2,4 GHZ, PADRÃO UNIDIRECIONAL, PADRÃO: OMNIDIRECIONAL, TIPO: LAPELA SEM FIO","UN",1.0,1000.0,1000.0,0.0,"2026-07-31"]
["UNIVERSIDADE FEDERAL DE GOIAS-UF/GO",153052.0,2831.0,"Material","153052-20/2026","EQUIPAMENTOS DE AUDIO E VÍDEO","Catálogo do Compras.gov.br","Material",6760.0,"EQUIPAMENTO FOTOGRÁFICO E ACESSÓRIOS",8787.0,"LENTE OBJETIVA DE MÁQUINA FOTOGRÁFICA",630523.0,"ABERTURA MÁXIMA: F2.8, ABERTURA MÍNINA: F/32, MODELO: RF 70-200MM, TIPO: FIXA","UN",1.0,9961.05,9961.05,0.0,"2026-07-31"]
["UNIVERSIDADE FEDERAL DE GOIAS-UF/GO",153052.0,2868.0,"Soluções de TIC","153052-21/2026","SUPRIMENTOS DE INFORMÁTICA EM GERAL - NÃO TIC","Catálogo do Compras.gov.br","Material",7195.0,"MOBILIÁRIOS DIVERSOS E ACESSÓRIOS",12416.0,"SUPORTE PARA TECLADO",335502.0,"APOIO PULSO: GEL, CARACTERÍSTICA ADICIONAIS: COMPATÍVEL TECLADO PADRÃO ABNT, MATERIAL: ELASTÔMERO, REVESTIMENTO: TECIDO E GELATINA DE SILICONE","UN",60.0,55.0,3300.0,0.0,"2026-08-07"]
["UNIVERSIDADE FEDERAL DE GOIAS-UF/GO",153052.0,2869.0,"Soluções de TIC","153052-21/2026","SUPRIMENTOS DE INFORMÁTICA EM GERAL - NÃO TIC","Catálogo do Compras.gov.br","Material",6135.0,"BATERIAS NAO RECARREGÁVEIS",3479.0,"BATERIA NÃO RECARREGÁVEL",411291.0,"MODELO: CR-2032, SISTEMA ELETROQUÍMICO: LITHIUM, TENSÃO NOMINAL: 3, TIPO: BUTTON CELL","EMB",12.0,20.0,240.0,0.0,"2026-08-07"]
["UNIVERSIDADE FEDERAL DE GOIAS-UF/GO",153052.0,2840.0,"Material","153052-20/2026","EQUIPAMENTOS DE AUDIO E VÍDEO","Catálogo do Compras.gov.br","Material",5965.0,"FONES, MICROFONES E ALTO-FALANTES",9732.0,"MICROFONE",624663.0,"ACESSÓRIOS: BOLSA COM ZÍPER, CACHIMBO OU SUPORTE PARA PEDESTAL, APLICAÇÃO: VOZ PRINCIPAL, CARACTERÍSTICAS ADICIONAIS: DINÂMICO, COMPONENTES ADICIONAIS: CONECTOR PROFISSIONAL XLR, IMPEDÂNCIA: 150/350, PADRÃO: POLAR CARDIÓIDE, RESPOSTA FREQÜÊNCIA: 50 A 16.000, SENSIBILIDADE: A 1 KHZ -58, TIPO: DE MÃO COM FIO","UN",3.0,450.0,1350.0,0.0,"2026-07-31"]
["UNIVERSIDADE FEDERAL DE GOIAS-UF/GO",153052.0,2841.0,"Material","153052-20/2026","EQUIPAMENTOS DE AUDIO E VÍDEO","Catálogo do Compras.gov.br","Material",5965.0,"FONES, MICROFONES E ALTO-FALANTES",9732.0,"MICROFONE",624664.0,"ACESSÓRIOS: CABO DE SAÍDA LAW-BMP, CABO DE CONVERSÃO, MINI PLU, CARACTERÍSTICAS ADICIONAIS: : TRANSMISSOR BODYPACK UTX-B40, PLUGUE UTX-P40,, COMPONENTES ADICIONAIS: ADAPTADOR DE MONTAGEM, SAPATA, ESPUMA ACÚSTICA, CA, RESPOSTA FREQÜÊNCIA: 536 MHZ A 608, TIPO: LAPELA SEM FIO, OMNIDIRECIONAL, TIPO RECEPTOR: PORTÁTIL URX-P40","UN",2.0,150.0,300.0,0.0,"2026-07-31"]
["UNIVERSIDADE FEDERAL DE GOIAS-UF/GO",153052.0,2842.0,"Material","153052-20/2026","EQUIPAMENTOS DE AUDIO E VÍDEO","Catálogo do Compras.gov.br","Material",6720.0,"CÂMARAS FOTOGRÁFICAS",13849.0,"CÂMERA DIGITAL",624241.0,"ALIMENTAÇÃO CÂMERA: BATERIA, APLICAÇÃO: USO EM GERAL, CAPACIDADE MEMÓRIA INTERNA: 20, CARACTERÍSTICAS ADICIONAIS: LENTE DE 24-3000 MM EQUIVALENTE (ULTRA TELEOBJETIV, FORMATO DE GRAVAÇÃO: GRAVAÇÃO DE VÍDEO 4K UHD (3840 X 2160 PIXELS) A 30, RESOLUÇÃO: 16 MP (4608 X 3456 PIXELS), SENSIBILIDADE: 100-6400 (ISO), TERMINAL CONEXÃO SAÍDA: HDMI, USB, WI-FI, BLUETOOTH, TIPO MONITOR: LCD TFT, ZOOM DIGITAL: 4, ZOOM ÓPTICO: 125","UN",2.0,899.0,1798.0,0.0,"2026-07-31"]
["UNIVERSIDADE FEDERAL DE GOIAS-UF/GO",153052.0,2843.0,"Material","153052-20/2026","EQUIPAMENTOS DE AUDIO E VÍDEO","Catálogo do Compras.gov.br","Material",6730.0,"EQUIPAMENTO PARA PROJEÇÃO FOTOGRÁFICA",907.0,"PROJETOR MULTIMÍDIA",626910.0,"CAPACIDADE CONEXÃO: CONEXÃO: RJ45, CARACTERÍSTICAS ADICIONAIS: CONEXÃO RJ45, HDMI, D-SUB15 PIN, RCA, USB A E B, S, CONTRASTE MÍNIMO: 16.000, DISTÂNCIA MÁXIMA TELA: 10, DISTÂNCIA MÍNIMA TELA: 90, FREQÜÊNCIA: 50/60, LUMINOSIDADE MÍNIMA: 3.800, POTÊNCIA AUTOFALANTES: 5, POTÊNCIA LÂMPADA: 210, QUANTIDADE AUTOFALANTES: 1, QUANTIDADE ENTRADAS VÍDEO: 2, RESOLUÇÃO: 1.280 X 800, RESOLUÇÃO MÍNIMA: 1.280 X 800, TIPO: TETO E MESA, TIPO CONTROLE: REMOTO, SEM FIO, TIPO FOCO: MANUAL, TIPO LÂMPADA: UHE, TIPO PROJEÇÃO: FRONTRAL / TRASEIRO / TETO, TIPO TECNOLOGIA: RJ45, TIPO ZOOM: ÓPTICO, VOLTAGEM: BIVOLT","UN",2.0,3300.0,6600.0,0.0,"2026-07-31"]
["UNIVERSIDADE FEDERAL DE GOIAS-UF/GO",153052.0,2888.0,"Soluções de TIC","153052-21/2026","SUPRIMENTOS DE INFORMÁTICA EM GERAL - NÃO TIC","Catálogo do Compras.gov.br","Material",7290.0,"UTENSÍLIOS COMERCIAIS E DOMÉSTICOS DIVERSOS",12399.0,"SUPORTE",430274.0,"APLICAÇÃO: APOIO PARA NOTEBOOK, FORMATO: RETANGULAR, MATERIAL: ACO CROMADO, TIPO: AJUSTÁVEL","UN",1.0,230.0,230.0,0.0,"2026-08-07"]
["UNIVERSIDADE FEDERAL DE GOIAS-UF/GO",153052.0,2903.0,"Soluções de TIC","153052-21/2026","SUPRIMENTOS DE INFORMÁTICA EM GERAL - NÃO TIC","Catálogo do Compras.gov.br","Material",7060.0,"PEÇAS E ACESSÓRIOS PARA COMPUTADORES",14829.0,"MEMÓRIA PORTÁTIL MICROCOMPUTADOR",423941.0,"APLICAÇÃO: ARMAZENAMENTO DE DADOS, CAPACIDADE MEMÓRIA: 2, INTERFACE: CONEXÃO USB 3.0, TIPO: HARD DISK EXTERNO","UN",2.0,800.0,1600.0,0.0,"2026-08-07"]
["UNIVERSIDADE FEDERAL DE GOIAS-UF/GO",153052.0,2904.0,"Soluções de TIC","153052-21/2026","SUPRIMENTOS DE INFORMÁTICA EM GERAL - NÃO TIC","Catálogo do Compras.gov.br","Material",7060.0,"PEÇAS E ACESSÓRIOS PARA COMPUTADORES",14829.0,"MEMÓRIA PORTÁTIL MICROCOMPUTADOR",467654.0,"CAPACIDADE MEMÓRIA: 16, CARACTERÍSTICAS ADICIONAIS: ESTILO CANIVETE, MODELO GIRATÓRIO, TIPO: PEN DRIVE","UN",4.0,24.99,99.96,0.0,"2026-08-07"]
["UNIVERSIDADE FEDERAL DE GOIAS-UF/GO",153052.0,2905.0,"Soluções de TIC","153052-21/2026","SUPRIMENTOS DE INFORMÁTICA EM GERAL - NÃO TIC","Catálogo do Compras.gov.br","Material",7060.0,"PEÇAS E ACESSÓRIOS PARA COMPUTADORES",5409.0,"MOUSE COMPUTADOR",451822.0,"CONECTIVIDADE: COM FIO, SENSOR: LED, TAMANHO: PADRÃO, TIPO CONECTOR: USB","UN",10.0,35.0,350.0,0.0,"2026-08-07"]
["UNIVERSIDADE FEDERAL DE GOIAS-UF/GO",153052.0,2906.0,"Soluções de TIC","153052-21/2026","SUPRIMENTOS DE INFORMÁTICA EM GERAL - NÃO TIC","Catálogo do Compras.gov.br","Material",7060.0,"PEÇAS E ACESSÓRIOS PARA COMPUTADORES",14829.0,"MEMÓRIA PORTÁTIL MICROCOMPUTADOR",376577.0,"APLICAÇÃO: ARMAZENAMENTO DE DADOS, CAPACIDADE MEMÓRIA: 2, CARACTERÍSTICAS ADICIONAIS: CONEXÃO USB 1.1 E USB 2.0, TIPO: PEN DRIVE","UN",14.0,30.0,420.0,0.0,"2026-08-07"]
["UNIVERSIDADE FEDERAL DE GOIAS-UF/GO",153052.0,2907.0,"Soluções de TIC","153052-21/2026","SUPRIMENTOS DE INFORMÁTICA EM GERAL - NÃO TIC","Catálogo do Compras.gov.br","Material",5836.0,"EQUIPAMENTOS PARA GRAVAÇÃO E REPRODUÇÃO DE VÍDEO",14650.0,"CÂMERA VIDEOCONFERÊNCIA",479217.0,"CARACTERÍSTICAS ADICIONAIS: WEBCAM USB COM MICROFONE EMBUTIDO, RESOLUÇÃO: 1080 X 1920, TIPO LENTE: FOCO AUTOMÁTICO, VELOCIDADE TRANSMISSÃO VÍDEO: 60","UN",10.0,80.0,800.0,0.0,"2026-08-07"]
["UNIVERSIDADE FEDERAL DE GOIAS-UF/GO",153052.0,2866.0,"Soluções de TIC","153052-21/2026","SUPRIMENTOS DE INFORMÁTICA EM GERAL - NÃO TIC","Catálogo do Compras.gov.br","Material",7060.0,"PEÇAS E ACESSÓRIOS PARA COMPUTADORES",13510.0,"TECLADO MICROCOMPUTADOR",451817.0,"CONECTIVIDADE: COM FIO, TIPO: PADRÃO, TIPO CONECTOR: USB","UN",2.0,22.0,44.0,0.0,"2026-08-07"]
["UNIVERSIDADE FEDERAL DE GOIAS-UF/GO",153052.0,2871.0,"Soluções de TIC","153052-21/2026","SUPRIMENTOS DE INFORMÁTICA EM GERAL - NÃO TIC","Catálogo do Compras.gov.br","Material",7030.0,"EQUIPAMENTOS DE ARMAZENAMENTO DE DADOS",17653.0,"DISCO RÍGIDO REMOVÍVEL",602652.0,"CAPACIDADE MEMÓRIA: 4, CARACTERÍSTICAS ADICIONAIS: EXTERNO, INTERFACE: USB 2.0 E 3.0, VELOCIDADE: 5.400, VELOCIDADE TRANSFERÊNCIA: 4.8","UN",1.0,884.54,884.54,0.0,"2026-08-07"]
["UNIVERSIDADE FEDERAL DE GOIAS-UF/GO",153052.0,2844.0,"Serviço","153052-153/2026","DCOM - LOCAÇÃO DE TENDAS E BANHEIROS","Catálogo do Compras.gov.br","Serviço",732.0,"SERVIÇOS DE LEASING OU ALUGUEL RELACIONADOS A OUTROS BENS",null,null,17612.0,"LOCAÇÃO GUARITA / CABINE SANITÁRIA","-",15.0,300.0,4500.0,0.0,"2026-12-30"]
["UNIVERSIDADE FEDERAL DE GOIAS-UF/GO",153052.0,2845.0,"Serviço","153052-153/2026","DCOM - LOCAÇÃO DE TENDAS E BANHEIROS","Catálogo do Compras.gov.br","Serviço",732.0,"SERVIÇOS DE LEASING OU ALUGUEL RELACIONADOS A OUTROS BENS",null,null,17612.0,"LOCAÇÃO GUARITA / CABINE SANITÁRIA","-",50.0,180.0,9000.0,0.0,"2026-12-30"]
["UNIVERSIDADE FEDERAL DE GOIAS-UF/GO",153052.0,2846.0,"Serviço","153052-153/2026","DCOM - LOCAÇÃO DE TENDAS E BANHEIROS","Catálogo do Compras.gov.br","Serviço",732.0,"SERVIÇOS DE LEASING OU ALUGUEL RELACIONADOS A OUTROS BENS",null,null,21164.0,"LOCAÇÃO COBERTURA DESMONTÁVEL","-",20.0,80.0,1600.0,0.0,"2026-12-30"]
["UNIVERSIDADE FEDERAL DE GOIAS-UF/GO",153052.0,2847.0,"Serviço","153052-153/2026","DCOM - LOCAÇÃO DE TENDAS E BANHEIROS","Catálogo do Compras.gov.br","Serviço",732.0,"SERVIÇOS DE LEASING OU ALUGUEL RELACIONADOS A OUTROS BENS",null,null,21164.0,"LOCAÇÃO COBERTURA DESMONTÁVEL","-",20.0,70.0,1400.0,0.0,"2026-12-30"]
["UNIVERSIDADE FEDERAL DE GOIAS-UF/GO",153052.0,2848.0,"Serviço","153052-153/2026","DCOM - LOCAÇÃO DE TENDAS E BANHEIROS","Catálogo do Compras.gov.br","Serviço",732.0,"SERVIÇOS DE LEASING OU ALUGUEL RELACIONADOS A OUTROS BENS",null,null,21164.0,"LOCAÇÃO COBERTURA DESMONTÁVEL","-",20.0,70.0,1400.0,0.0,"2026-12-30"]
["UNIVERSIDADE FEDERAL DE GOIAS-UF/GO",153052.0,2849.0,"Serviço","153052-153/2026","DCOM - LOCAÇÃO DE TENDAS E BANHEIROS","Catálogo do Compras.gov.br","Serviço",732.0,"SERVIÇOS DE LEASING OU ALUGUEL RELACIONADOS A OUTROS BENS",null,null,21164.0,"LOCAÇÃO COBERTURA DESMONTÁVEL","-",20.0,80.0,1600.0,0.0,"2026-12-30"]
["UNIVERSIDADE FEDERAL DE GOIAS-UF/GO",153052.0,2850.0,"Serviço","153052-153/2026","DCOM - LOCAÇÃO DE TENDAS E BANHEIROS","Catálogo do Compras.gov.br","Serviço",732.0,"SERVIÇOS DE LEASING OU ALUGUEL RELACIONADOS A OUTROS BENS",null,null,21164.0,"LOCAÇÃO COBERTURA DESMONTÁVEL","-",30.0,40.0,1200.0,0.0,"2026-12-30"]
["UNIVERSIDADE FEDERAL DE GOIAS-UF/GO",153052.0,2851.0,"Serviço","153052-153/2026","DCOM - LOCAÇÃO DE TENDAS E BANHEIROS","Catálogo do Compras.gov.br","Serviço",732.0,"SERVIÇOS DE LEASING OU ALUGUEL RELACIONADOS A OUTROS BENS",null,null,21164.0,"LOCAÇÃO COBERTURA DESMONTÁVEL","-",30.0,65.0,1950.0,0.0,"2026-12-30"]
["UNIVERSIDADE FEDERAL DE GOIAS-UF/GO",153052.0,2852.0,"Serviço","153052-153/2026","DCOM - LOCAÇÃO DE TENDAS E BANHEIROS","Catálogo do Compras.gov.br","Serviço",732.0,"SERVIÇOS DE LEASING OU ALUGUEL RELACIONADOS A OUTROS BENS",null,null,21164.0,"LOCAÇÃO COBERTURA DESMONTÁVEL","-",20.0,75.0,1500.0,0.0,"2026-12-30"]
["UNIVERSIDADE FEDERAL DE GOIAS-UF/GO",153052.0,2853.0,"Serviço","153052-153/2026","DCOM - LOCAÇÃO DE TENDAS E BANHEIROS","Catálogo do Compras.gov.br","Serviço",732.0,"SERVIÇOS DE LEASING OU ALUGUEL RELACIONADOS A OUTROS BENS",null,null,21164.0,"LOCAÇÃO COBERTURA DESMONTÁVEL","-",30.0,800.0,24000.0,0.0,"2026-12-30"]
["UNIVERSIDADE FEDERAL DE GOIAS-UF/GO",153052.0,2854.0,"Serviço","153052-153/2026","DCOM - LOCAÇÃO DE TENDAS E BANHEIROS","Catálogo do Compras.gov.br","Serviço",732.0,"SERVIÇOS DE LEASING OU ALUGUEL RELACIONADOS A OUTROS BENS",null,null,21164.0,"LOCAÇÃO COBERTURA DESMONTÁVEL","-",30.0,900.0,27000.0,0.0,"2026-12-30"]
["UNIVERSIDADE FEDERAL DE GOIAS-UF/GO",153052.0,2855.0,"Serviço","153052-153/2026","DCOM - LOCAÇÃO DE TENDAS E BANHEIROS","Catálogo do Compras.gov.br","Serviço",732.0,"SERVIÇOS DE LEASING OU ALUGUEL RELACIONADOS A OUTROS BENS",null,null,21164.0,"LOCAÇÃO COBERTURA DESMONTÁVEL","-",30.0,400.0,12000.0,0.0,"2026-12-30"]
["UNIVERSIDADE FEDERAL DE GOIAS-UF/GO",153052.0,2856.0,"Serviço","153052-153/2026","DCOM - LOCAÇÃO DE TENDAS E BANHEIROS","Catálogo do Compras.gov.br","Serviço",732.0,"SERVIÇOS DE LEASING OU ALUGUEL RELACIONADOS A OUTROS BENS",null,null,21164.0,"LOCAÇÃO COBERTURA DESMONTÁVEL","-",30.0,500.0,15000.0,0.0,"2026-12-30"]
["UNIVERSIDADE FEDERAL DE GOIAS-UF/GO",153052.0,2857.0,"Serviço","153052-153/2026","DCOM - LOCAÇÃO DE TENDAS E BANHEIROS","Catálogo do Compras.gov.br","Serviço",732.0,"SERVIÇOS DE LEASING OU ALUGUEL RELACIONADOS A OUTROS BENS",null,null,21164.0,"LOCAÇÃO COBERTURA DESMONTÁVEL","-",30.0,800.0,24000.0,0.0,"2026-12-30"]
["UNIVERSIDADE FEDERAL DE GOIAS-UF/GO",153052.0,2858.0,"Serviço","153052-153/2026","DCOM - LOCAÇÃO DE TENDAS E BANHEIROS","Catálogo do Compras.gov.br","Serviço",732.0,"SERVIÇOS DE LEASING OU ALUGUEL RELACIONADOS A OUTROS BENS",null,null,13099.0,"LOCAÇÃO / MONTAGEM / DESMONTAGEM DE STANDS E PROJETOS EM FEIRAS E EXPOSIÇÕES","-",20.0,500.0,10000.0,0.0,"2026-12-30"]
["UNIVERSIDADE FEDERAL DE GOIAS-UF/GO",153052.0,2859.0,"Serviço","153052-153/2026","DCOM - LOCAÇÃO DE TENDAS E BANHEIROS","Catálogo do Compras.gov.br","Serviço",732.0,"SERVIÇOS DE LEASING OU ALUGUEL RELACIONADOS A OUTROS BENS",null,null,13099.0,"LOCAÇÃO / MONTAGEM / DESMONTAGEM DE STANDS E PROJETOS EM FEIRAS E EXPOSIÇÕES","-",20.0,400.0,8000.0,0.0,"2026-12-30"]
["UNIVERSIDADE FEDERAL DE GOIAS-UF/GO",153052.0,2861.0,"Soluções de TIC","153052-21/2026","SUPRIMENTOS DE INFORMÁTICA EM GERAL - NÃO TIC","Catálogo do Compras.gov.br","Material",5935.0,"CONECTORES ELÉTRICOS",2085.0,"ADAPTADOR",445782.0,"APLICAÇÃO: USO EM VÍDEO, CARACTERÍSTICAS ADICIONAIS: RESOLUÇÃO MÍNIMA: 1080P, CONEXÃO: HDMI MACHO X VGA FÊMEA","UN",5.0,33.9,169.5,0.0,"2026-08-07"]
["UNIVERSIDADE FEDERAL DE GOIAS-UF/GO",153052.0,2862.0,"Soluções de TIC","153052-21/2026","SUPRIMENTOS DE INFORMÁTICA EM GERAL - NÃO TIC","Catálogo do Compras.gov.br","Material",7060.0,"PEÇAS E ACESSÓRIOS PARA COMPUTADORES",13510.0,"TECLADO MICROCOMPUTADOR",451819.0,"CONECTIVIDADE: COM FIO, TIPO: MULTIMIDIA, TIPO CONECTOR: USB","UN",5.0,139.0,695.0,0.0,"2026-08-07"]
["UNIVERSIDADE FEDERAL DE GOIAS-UF/GO",153052.0,2863.0,"Soluções de TIC","153052-21/2026","SUPRIMENTOS DE INFORMÁTICA EM GERAL - NÃO TIC","Catálogo do Compras.gov.br","Material",7060.0,"PEÇAS E ACESSÓRIOS PARA COMPUTADORES",14943.0,"CABO ÁUDIO E VÍDEO",463303.0,"APLICAÇÃO: EQUIPAMENTOS DE INFORMÁTICA, COMPRIMENTO: 3, CONECTORES: VGA MACHO, MATERIAL CONDUTOR: COBRE, MATERIAL CONECTOR: METAL INOX, MATERIAL ISOLAMENTO CONDUTOR: EMBORRACHADO, TIPO CABO: PADRÃO VGA","UN",5.0,34.89,174.45,0.0,"2026-08-07"]
["UNIVERSIDADE FEDERAL DE GOIAS-UF/GO",153052.0,2864.0,"Soluções de TIC","153052-21/2026","SUPRIMENTOS DE INFORMÁTICA EM GERAL - NÃO TIC","Catálogo do Compras.gov.br","Material",7060.0,"PEÇAS E ACESSÓRIOS PARA COMPUTADORES",5409.0,"MOUSE COMPUTADOR",457752.0,"CONECTIVIDADE: COM FIO, SENSOR: LASER, TAMANHO: PADRÃO, TIPO CONECTOR: USB","UN",12.0,46.9,562.8,0.0,"2026-08-07"]
["UNIVERSIDADE FEDERAL DE GOIAS-UF/GO",153052.0,2865.0,"Soluções de TIC","153052-21/2026","SUPRIMENTOS DE INFORMÁTICA EM GERAL - NÃO TIC","Catálogo do Compras.gov.br","Material",7060.0,"PEÇAS E ACESSÓRIOS PARA COMPUTADORES",14943.0,"CABO ÁUDIO E VÍDEO",382957.0,"APLICAÇÃO: SISTEMA DE ÁUDIO E VÍDEO, TIPO CABO: HDMI PADRÃO","UN",3.0,64.78,194.34,0.0,"2026-08-07"]
["UNIVERSIDADE FEDERAL DE GOIAS-UF/GO",153052.0,2889.0,"Soluções de TIC","153052-21/2026","SUPRIMENTOS DE INFORMÁTICA EM GERAL - NÃO TIC","Catálogo do Compras.gov.br","Material",7060.0,"PEÇAS E ACESSÓRIOS PARA COMPUTADORES",14650.0,"CÂMERA VIDEOCONFERÊNCIA",480444.0,"CARACTERÍSTICAS ADICIONAIS: WEBCAM, MICROFONE DUPLO UNIDIRECIONAL, RESOLUÇÃO: 1080, TIPO LENTE: FOCO AUTOMÁTICO, VELOCIDADE TRANSMISSÃO VÍDEO: 30","UN",3.0,500.0,1500.0,0.0,"2026-08-07"]
["UNIVERSIDADE FEDERAL DE GOIAS-UF/GO",153052.0,2879.0,"Soluções de TIC","153052-21/2026","SUPRIMENTOS DE INFORMÁTICA EM GERAL - NÃO TIC","Catálogo do Compras.gov.br","Material",7060.0,"PEÇAS E ACESSÓRIOS PARA COMPUTADORES",15042.0,"PLACA CAPTURA IMAGEM TV",331932.0,"APLICAÇÃO: PENTIUM 4/WINDOWS XP, CARACTERÍSTICAS ADICIONAIS: PLACA DE CAPTURA IMAGEM 08 CÂMARAS/60 FRAMES/SEGUN, MEMÓRIA: 128 MB/64-BIT","UN",2.0,350.0,700.0,0.0,"2026-08-07"]
["UNIVERSIDADE FEDERAL DE GOIAS-UF/GO",153052.0,2952.0,"Soluções de TIC","153052-21/2026","SUPRIMENTOS DE INFORMÁTICA EM GERAL - NÃO TIC","Catálogo do Compras.gov.br","Material",7060.0,"PEÇAS E ACESSÓRIOS PARA COMPUTADORES",14148.0,"PLACA MÃE",486665.0,"APLICAÇÃO: CPU UP TO 91W  CHIPSET:INTEL H110, CARACTERÍSTICAS ADICIONAIS: AUDIO HD 7.1 CANAIS,REDE PCIE 1 GB 10/100/1000MB/S, COMPONENTES: SUPORTE PROCESSADORES INTEL CORE (SOCKET 1200), MEMÓRIA EXPANSÃO: 32, SLOTS:  1 PCI EXPRESS 3.0 X16, 2 PCI EXPRESS 2.0, TIPO CONECTORES: 4 CONECTORES SATA 3 6.0GB, TIPO PORTAS: 4 PORTAS USB 2.0, 2 PORTAS USB 3.0, 1 PORTA RJ45","UN",9.0,650.0,5850.0,0.0,"2026-08-07"]
["UNIVERSIDADE FEDERAL DE GOIAS-UF/GO",153052.0,2953.0,"Soluções de TIC","153052-21/2026","SUPRIMENTOS DE INFORMÁTICA EM GERAL - NÃO TIC","Catálogo do Compras.gov.br","Material",7060.0,"PEÇAS E ACESSÓRIOS PARA COMPUTADORES",14431.0,"PROCESSADOR",607893.0,"BARRAMENTO: TURBO BOOST 4.3 GHZ, CARACTERÍSTICAS ADICIONAIS: GRÁFICO UHD INTEGRADO, MODELO: INTEL CORE I5-10400, TIPO: LGA 1200, VELOCIDADE PROCESSAMENTO: 2.9","UN",9.0,1000.0,9000.0,0.0,"2026-08-07"]
["UNIVERSIDADE FEDERAL DE GOIAS-UF/GO",153052.0,2954.0,"Soluções de TIC","153052-21/2026","SUPRIMENTOS DE INFORMÁTICA EM GERAL - NÃO TIC","Catálogo do Compras.gov.br","Material",7060.0,"PEÇAS E ACESSÓRIOS PARA COMPUTADORES",5409.0,"MOUSE COMPUTADOR",451822.0,"CONECTIVIDADE: COM FIO, SENSOR: LED, TAMANHO: PADRÃO, TIPO CONECTOR: USB","UN",6.0,60.0,360.0,0.0,"2026-08-07"]
["UNIVERSIDADE FEDERAL DE GOIAS-UF/GO",153052.0,2873.0,"Soluções de TIC","153052-21/2026","SUPRIMENTOS DE INFORMÁTICA EM GERAL - NÃO TIC","Catálogo do Compras.gov.br","Material",5935.0,"CONECTORES ELÉTRICOS",2085.0,"ADAPTADOR",472913.0,"APLICAÇÃO: USO EM VÍDEO, CARACTERÍSTICAS ADICIONAIS: HDMI VERSÃO 2.0, CONEXÃO: HDMI FEMEA X HDMI FEMEA","UN",10.0,20.0,200.0,0.0,"2026-08-07"]
["UNIVERSIDADE FEDERAL DE GOIAS-UF/GO",153052.0,2874.0,"Soluções de TIC","153052-21/2026","SUPRIMENTOS DE INFORMÁTICA EM GERAL - NÃO TIC","Catálogo do Compras.gov.br","Material",6730.0,"EQUIPAMENTO PARA PROJEÇÃO FOTOGRÁFICA",17170.0,"APRESENTADOR MULTIMÍDIA",475604.0,"CARACTERÍSTICAS ADICIONAIS: USB E SEM FIO, COMPATIBILIDADE: WINDOWS, MAC, PC, NOTEBOOK, DISTÂNCIA MÍNIMA: 10, FONTE ALIMENTAÇÃO: BATERIA, FREQÜÊNCIA: 2,4","UN",2.0,130.0,260.0,0.0,"2026-08-07"]
["UNIVERSIDADE FEDERAL DE GOIAS-UF/GO",153052.0,2875.0,"Soluções de TIC","153052-21/2026","SUPRIMENTOS DE INFORMÁTICA EM GERAL - NÃO TIC","Catálogo do Compras.gov.br","Material",7060.0,"PEÇAS E ACESSÓRIOS PARA COMPUTADORES",15410.0,"ADAPTADOR CONECTOR",473397.0,"APLICAÇÃO: INTERNET PARA PC, CARACTERÍSTICAS ADICIONAIS: INTERFACE USB 1.0/1.1/2.0 : WINDOWS 98 OU SUPERIOR, TIPO CONECTORES: ADAPTADOR USB 2.0 PARA RJ45","UN",5.0,60.0,300.0,0.0,"2026-08-07"]
["UNIVERSIDADE FEDERAL DE GOIAS-UF/GO",153052.0,2876.0,"Soluções de TIC","153052-21/2026","SUPRIMENTOS DE INFORMÁTICA EM GERAL - NÃO TIC","Catálogo do Compras.gov.br","Material",7060.0,"PEÇAS E ACESSÓRIOS PARA COMPUTADORES",15410.0,"ADAPTADOR CONECTOR",435888.0,"APLICAÇÃO: VÍDEO, CARACTERÍSTICAS ADICIONAIS: RESOLUÇÃO ATÉ 1080P/ TAMANHO MIN.CABO 15CM, TIPO CONECTORES: HDMI 19 PINO FÊMEA / DISPLAYPORT 20 PINOS MACHO","UN",5.0,30.0,150.0,0.0,"2026-08-07"]
["UNIVERSIDADE FEDERAL DE GOIAS-UF/GO",153052.0,2877.0,"Soluções de TIC","153052-21/2026","SUPRIMENTOS DE INFORMÁTICA EM GERAL - NÃO TIC","Catálogo do Compras.gov.br","Material",7060.0,"PEÇAS E ACESSÓRIOS PARA COMPUTADORES",15410.0,"ADAPTADOR CONECTOR",608233.0,"APLICAÇÃO: NOTEBOOKS COM PORTAS USB TIPO-C, CARACTERÍSTICAS ADICIONAIS: SUPORTA HDMI/USB HUB E PORTO DE CARREGAMENTO, NÚMERO CONTATO: 5 EM 1, TIPO CONECTORES: MULTIPORTA COM 4K HDMI USB 3.0, RJ45 ETHERNET","UN",5.0,78.0,390.0,0.0,"2026-08-07"]
["UNIVERSIDADE FEDERAL DE GOIAS-UF/GO",153052.0,2880.0,"Soluções de TIC","153052-21/2026","SUPRIMENTOS DE INFORMÁTICA EM GERAL - NÃO TIC","Catálogo do Compras.gov.br","Material",6140.0,"BATERIAS RECARREGÁVEIS",3475.0,"BATERIA RECARREGÁVEL",601097.0,"APLICAÇÃO: EQUIPAMENTOS ELETRÔNICOS, CAPACIDADE NOMINAL 1: 450, SISTEMA ELETROQUÍMICO: NI-MH, TENSÃO NOMINAL: 9","UN",2.0,22.0,44.0,0.0,"2026-08-07"]
["UNIVERSIDADE FEDERAL DE GOIAS-UF/GO",153052.0,2881.0,"Soluções de TIC","153052-21/2026","SUPRIMENTOS DE INFORMÁTICA EM GERAL - NÃO TIC","Catálogo do Compras.gov.br","Material",6135.0,"BATERIAS NAO RECARREGÁVEIS",3463.0,"BATERIA - COMPUTADOR",238772.0,"APLICAÇÃO: PARA SETUP (BIOS), MODELO: CR-2032, TENSÃO ALIMENTAÇÃO: 3V, TIPO: LITHIUM","UN",5.0,10.0,50.0,0.0,"2026-08-07"]
["UNIVERSIDADE FEDERAL DE GOIAS-UF/GO",153052.0,2882.0,"Soluções de TIC","153052-21/2026","SUPRIMENTOS DE INFORMÁTICA EM GERAL - NÃO TIC","Catálogo do Compras.gov.br","Material",6135.0,"BATERIAS NAO RECARREGÁVEIS",10708.0,"PILHA",419859.0,"CARACTERÍSTICAS ADICIONAIS: NÃO RECARREGÁVEL, MODELO: AA, SISTEMA ELETROQUÍMICO: ALCALINA, TAMANHO: PEQUENA, TENSÃO NOMINAL: 1,5","EMB",3.0,15.0,45.0,0.0,"2026-08-07"]
["UNIVERSIDADE FEDERAL DE GOIAS-UF/GO",153052.0,3608.0,"Material","153052-35/2026","PESTICIDAS, DEFENSIVOS E FERTILIZANTES","Catálogo do Compras.gov.br","Material",8720.0,"FERTILIZANTES",1554.0,"FERTILIZANTE UREIA",321945.0,"APRESENTAÇÃO: GRANULADO, CARACTERÍSTICAS ADICIONAIS: FÓRMULA QUÍMICA NH2CONH2, COMPOSIÇÃO QUÍMICA NITROGÊNIO: 46, COR: BRANCA","TON",20.0,2500.0,50000.0,0.0,"2026-07-24"]
["UNIVERSIDADE FEDERAL DE GOIAS-UF/GO",153052.0,3609.0,"Material","153052-35/2026","PESTICIDAS, DEFENSIVOS E FERTILIZANTES","Catálogo do Compras.gov.br","Material",8720.0,"FERTILIZANTES",2122.0,"ADUBO QUÍMICO",438237.0,"ASPECTO FÍSICO: GRANULADO, CARACTERÍSTICAS ADICIONAIS: MAP - FOSFATO MONOAMÔNICO, COMPOSIÇÃO BÁSICA: 50% P2O5 + 11% N","TON",13.0,2700.0,35100.0,0.0,"2026-07-24"]
["UNIVERSIDADE FEDERAL DE GOIAS-UF/GO",153052.0,3610.0,"Material","153052-35/2026","PESTICIDAS, DEFENSIVOS E FERTILIZANTES","Catálogo do Compras.gov.br","Material",8720.0,"FERTILIZANTES",2122.0,"ADUBO QUÍMICO",452057.0,"ASPECTO FÍSICO: PÓ/GRANULADO, COMPOSIÇÃO BÁSICA 1: CLORETO DE POTÁSSIO 60% K20, COR: BRANCA","TON",9.0,2500.0,22500.0,0.0,"2026-07-24"]
["UNIVERSIDADE FEDERAL DE GOIAS-UF/GO",153052.0,3611.0,"Material","153052-35/2026","PESTICIDAS, DEFENSIVOS E FERTILIZANTES","Catálogo do Compras.gov.br","Material",9620.0,"MINERAIS NATURAIS E SINTÉTICOS",15160.0,"CALCÁRIO DOLOMITICO",402221.0,"ASPECTO FÍSICO: PÓ, COMPOSIÇÃO: 30,3% CACO3, 22,4% MGCO3, PRNT > 95%, PN > 109%, COR: BRANCA, USO: CORREÇÃO ACIDEZ DO SOLO","TON",24.0,130.0,3120.0,0.0,"2026-07-24"]
["UNIVERSIDADE FEDERAL DE GOIAS-UF/GO",153052.0,3612.0,"Material","153052-35/2026","PESTICIDAS, DEFENSIVOS E FERTILIZANTES","Catálogo do Compras.gov.br","Material",8720.0,"FERTILIZANTES",995.0,"FERTILIZANTE NATURAL",465465.0,"APLICAÇÃO: AGRÍCOLA, APRESENTAÇÃO: FARELO, COMPOSIÇÃO QUÍMICA: MÍNIMO 17% DE CALCIO, 25% DE ENXOFRE E 0,6 % P205, TIPO: GESSO AGRÍCOLA","T",20.0,193.0,3860.0,0.0,"2026-07-24"]
["UNIVERSIDADE FEDERAL DE GOIAS-UF/GO",153052.0,3613.0,"Material","153052-35/2026","PESTICIDAS, DEFENSIVOS E FERTILIZANTES","Catálogo do Compras.gov.br","Material",8720.0,"FERTILIZANTES",2122.0,"ADUBO QUÍMICO",452057.0,"ASPECTO FÍSICO: PÓ/GRANULADO, COMPOSIÇÃO BÁSICA 1: CLORETO DE POTÁSSIO 60% K20, COR: BRANCA","TON",6.0,2900.0,17400.0,0.0,"2026-07-24"]
["UNIVERSIDADE FEDERAL DE GOIAS-UF/GO",153052.0,2887.0,"Soluções de TIC","153052-21/2026","SUPRIMENTOS DE INFORMÁTICA EM GERAL - NÃO TIC","Catálogo do Compras.gov.br","Material",6135.0,"BATERIAS NAO RECARREGÁVEIS",3463.0,"BATERIA - COMPUTADOR",630604.0,"APLICAÇÃO: BACKUP, CAPACIDADE NOMINAL: 48, MODELO: M4T28-BR12SH, SISTEMA ELETROQUÍMICO: LÍTIO MONOFLUORETO DE CARBONO (LICF), TENSÃO ALIMENTAÇÃO: 3","UN",25.0,22.83,570.75,0.0,"2026-08-07"]
["UNIVERSIDADE FEDERAL DE GOIAS-UF/GO",153052.0,2870.0,"Soluções de TIC","153052-21/2026","SUPRIMENTOS DE INFORMÁTICA EM GERAL - NÃO TIC","Catálogo do Compras.gov.br","Material",7090.0,"SUPRIMENTOS DE INFORMÁTICA - TIC",13828.0,"CARTUCHO TONER IMPRESSORA LEXMARK",456288.0,"COR TINTA: PRETA, REFERÊNCIA CARTUCHO 3: 56F4U00, TIPO CARTUCHO: ORIGINAL","UN",1.0,1000.0,1000.0,0.0,"2026-08-07"]
["UNIVERSIDADE FEDERAL DE GOIAS-UF/GO",153052.0,2872.0,"Soluções de TIC","153052-21/2026","SUPRIMENTOS DE INFORMÁTICA EM GERAL - NÃO TIC","Catálogo do Compras.gov.br","Material",7060.0,"PEÇAS E ACESSÓRIOS PARA COMPUTADORES",5409.0,"MOUSE COMPUTADOR",457752.0,"CONECTIVIDADE: COM FIO, SENSOR: LASER, TAMANHO: PADRÃO, TIPO CONECTOR: USB","UN",10.0,40.0,400.0,0.0,"2026-08-07"]
["UNIVERSIDADE FEDERAL DE GOIAS-UF/GO",153052.0,2890.0,"Soluções de TIC","153052-21/2026","SUPRIMENTOS DE INFORMÁTICA EM GERAL - NÃO TIC","Catálogo do Compras.gov.br","Material",6145.0,"FIOS E CABOS ELÉTRICOS",14943.0,"CABO ÁUDIO E VÍDEO",463216.0,"APLICAÇÃO: EQUIPAMENTOS ELETRÔNICOS, COMPRIMENTO: 10, CONECTORES: HDMI MACHO, MATERIAL COBERTURA: PVC EMBORRACHADO, MATERIAL CONDUTOR: COBRE, MATERIAL CONECTOR: OURO 24 QUILATES, MATERIAL ISOLAMENTO CONDUTOR: PVC","UN",40.0,55.0,2200.0,0.0,"2026-08-07"]
["UNIVERSIDADE FEDERAL DE GOIAS-UF/GO",153052.0,2891.0,"Soluções de TIC","153052-21/2026","SUPRIMENTOS DE INFORMÁTICA EM GERAL - NÃO TIC","Catálogo do Compras.gov.br","Material",7090.0,"SUPRIMENTOS DE INFORMÁTICA - TIC",13853.0,"CARTUCHO TONER IMPRESSORA HP",396448.0,"COR: PRETA, REFERÊNCIA CARTUCHO 2: CE320A, TIPO CARTUCHO: ORIGINAL","UN",6.0,150.0,900.0,0.0,"2026-08-07"]
["UNIVERSIDADE FEDERAL DE GOIAS-UF/GO",153052.0,2892.0,"Soluções de TIC","153052-21/2026","SUPRIMENTOS DE INFORMÁTICA EM GERAL - NÃO TIC","Catálogo do Compras.gov.br","Material",7090.0,"SUPRIMENTOS DE INFORMÁTICA - TIC",13853.0,"CARTUCHO TONER IMPRESSORA HP",396445.0,"COR: AMARELA, REFERÊNCIA CARTUCHO 2: CE322A, TIPO CARTUCHO: ORIGINAL","UN",6.0,150.0,900.0,0.0,"2026-08-07"]
["UNIVERSIDADE FEDERAL DE GOIAS-UF/GO",153052.0,2893.0,"Soluções de TIC","153052-21/2026","SUPRIMENTOS DE INFORMÁTICA EM GERAL - NÃO TIC","Catálogo do Compras.gov.br","Material",7090.0,"SUPRIMENTOS DE INFORMÁTICA - TIC",13853.0,"CARTUCHO TONER IMPRESSORA HP",396447.0,"COR: MAGENTA, REFERÊNCIA CARTUCHO 2: CE323A, TIPO CARTUCHO: ORIGINAL","UN",6.0,150.0,900.0,0.0,"2026-08-07"]
["UNIVERSIDADE FEDERAL DE GOIAS-UF/GO",153052.0,2894.0,"Soluções de TIC","153052-21/2026","SUPRIMENTOS DE INFORMÁTICA EM GERAL - NÃO TIC","Catálogo do Compras.gov.br","Material",7090.0,"SUPRIMENTOS DE INFORMÁTICA - TIC",13853.0,"CARTUCHO TONER IMPRESSORA HP",396446.0,"COR: CIANO, REFERÊNCIA CARTUCHO 2: CE321A, TIPO CARTUCHO: ORIGINAL","UN",6.0,150.0,900.0,0.0,"2026-08-07"]
["UNIVERSIDADE FEDERAL DE GOIAS-UF/GO",153052.0,2860.0,"Soluções de TIC","153052-21/2026","SUPRIMENTOS DE INFORMÁTICA EM GERAL - NÃO TIC","Catálogo do Compras.gov.br","Material",5895.0,"EQUIPAMENTOS DIVERSOS PARA COMUNICAÇÕES",18514.0,"TRANSCEIVER",462024.0,"APLICAÇÃO: REDES DE DADOS, CARACTERÍSTICAS ADICIONAIS: CONEXÃO SFP+, VELOCIDADE TRANSFERÊNCIA 10GBPS, MUL, TIPO: CABEAMENTO ÓTICO COM CONECTOR LC","UN",8.0,800.0,6400.0,0.0,"2026-08-07"]
["UNIVERSIDADE FEDERAL DE GOIAS-UF/GO",153052.0,2867.0,"Soluções de TIC","153052-21/2026","SUPRIMENTOS DE INFORMÁTICA EM GERAL - NÃO TIC","Catálogo do Compras.gov.br","Material",7060.0,"PEÇAS E ACESSÓRIOS PARA COMPUTADORES",14650.0,"CÂMERA VIDEOCONFERÊNCIA",479217.0,"CARACTERÍSTICAS ADICIONAIS: WEBCAM USB COM MICROFONE EMBUTIDO, RESOLUÇÃO: 1080 X 1920, TIPO LENTE: FOCO AUTOMÁTICO, VELOCIDADE TRANSMISSÃO VÍDEO: 60","UN",7.0,996.99,6978.93,0.0,"2026-08-07"]
["UNIVERSIDADE FEDERAL DE GOIAS-UF/GO",153052.0,2878.0,"Soluções de TIC","153052-21/2026","SUPRIMENTOS DE INFORMÁTICA EM GERAL - NÃO TIC","Catálogo do Compras.gov.br","Material",6140.0,"BATERIAS RECARREGÁVEIS",3475.0,"BATERIA RECARREGÁVEL",487706.0,"APLICAÇÃO: MÁQUINA FOTOGRÁFICA, CAPACIDADE NOMINAL: 1900, MODELO: EN-EL15, SISTEMA ELETROQUÍMICO: LI-ON, TENSÃO NOMINAL: 7.2","UN",2.0,550.0,1100.0,0.0,"2026-08-07"]
["UNIVERSIDADE FEDERAL DE GOIAS-UF/GO",153052.0,2883.0,"Soluções de TIC","153052-21/2026","SUPRIMENTOS DE INFORMÁTICA EM GERAL - NÃO TIC","Catálogo do Compras.gov.br","Material",7090.0,"SUPRIMENTOS DE INFORMÁTICA - TIC",14426.0,"CARTUCHO TONER IMPRESSORA BROTHER",627627.0,"COR: PRETA, REFERÊNCIA CARTUCHO: TN-3472, TIPO CARTUCHO: COMPATÍVEL","UN",1.0,200.0,200.0,0.0,"2026-08-07"]
["UNIVERSIDADE FEDERAL DE GOIAS-UF/GO",153052.0,2884.0,"Soluções de TIC","153052-21/2026","SUPRIMENTOS DE INFORMÁTICA EM GERAL - NÃO TIC","Catálogo do Compras.gov.br","Material",6730.0,"EQUIPAMENTO PARA PROJEÇÃO FOTOGRÁFICA",17170.0,"APRESENTADOR MULTIMÍDIA",344236.0,"CARACTERÍSTICAS ADICIONAIS: USB E SEM FIO, COMPATIBILIDADE: PC / NOTEBOOK, WINDOWS 98 / 2000 / XP, DISTÂNCIA MÍNIMA: 20, FONTE ALIMENTAÇÃO: 2 PILHAS AAA, FREQÜÊNCIA: 2,4","UN",2.0,200.0,400.0,0.0,"2026-08-07"]
["UNIVERSIDADE FEDERAL DE GOIAS-UF/GO",153052.0,2885.0,"Soluções de TIC","153052-21/2026","SUPRIMENTOS DE INFORMÁTICA EM GERAL - NÃO TIC","Catálogo do Compras.gov.br","Material",6140.0,"BATERIAS RECARREGÁVEIS",10710.0,"PILHA RECARREGAVEL",424039.0,"APLICAÇÃO: EQUIPAMENTOS ELETRÔNICOS, CAPACIDADE NOMINAL: 1000, MODELO: AAA, SISTEMA ELETROQUÍMICO: NÍQUEL METAL HIDRETO (NI-MH), TAMANHO PILHA: PALITO, TENSÃO NOMINAL: 1,2","EMB",2.0,180.0,360.0,0.0,"2026-08-07"]
["UNIVERSIDADE FEDERAL DE GOIAS-UF/GO",153052.0,2886.0,"Soluções de TIC","153052-21/2026","SUPRIMENTOS DE INFORMÁTICA EM GERAL - NÃO TIC","Catálogo do Compras.gov.br","Material",6130.0,"CONVERSORES ELÉTRICOS ESTÁTICOS",4569.0,"CARREGADOR BATERIA",623361.0,"CAPACIDADE: 04 PILHAS TIPO AA, TENSÃO ALIMENTAÇÃO: 110-220-12, TIPO: AUTOMÁTICO PARA QUATRO BATERIAS","UN",1.0,170.0,170.0,0.0,"2026-08-07"]
["UNIVERSIDADE FEDERAL DE GOIAS-UF/GO",153052.0,2895.0,"Soluções de TIC","153052-21/2026","SUPRIMENTOS DE INFORMÁTICA EM GERAL - NÃO TIC","Catálogo do Compras.gov.br","Material",7030.0,"EQUIPAMENTOS DE ARMAZENAMENTO DE DADOS",244.0,"UNIDADE DISCO",473248.0,"APLICAÇÃO: SERVIDOR, CAPACIDADE: 2, TAMANHO: 2,5, TIPO: RÍGIDO, VELOCIDADE: 7.2","UN",10.0,900.0,9000.0,0.0,"2026-08-07"]
["UNIVERSIDADE FEDERAL DE GOIAS-UF/GO",153052.0,2896.0,"Soluções de TIC","153052-21/2026","SUPRIMENTOS DE INFORMÁTICA EM GERAL - NÃO TIC","Catálogo do Compras.gov.br","Material",7090.0,"SUPRIMENTOS DE INFORMÁTICA - TIC",13853.0,"CARTUCHO TONER IMPRESSORA HP",434699.0,"COR: PRETA, REFERÊNCIA CARTUCHO 1: CC364A, TIPO CARTUCHO: COMPATÍVEL","UN",15.0,200.0,3000.0,0.0,"2026-08-07"]
["UNIVERSIDADE FEDERAL DE GOIAS-UF/GO",153052.0,2897.0,"Soluções de TIC","153052-21/2026","SUPRIMENTOS DE INFORMÁTICA EM GERAL - NÃO TIC","Catálogo do Compras.gov.br","Material",7030.0,"EQUIPAMENTOS DE ARMAZENAMENTO DE DADOS",244.0,"UNIDADE DISCO",479103.0,"CAPACIDADE: 500, TAMANHO: 2,5, TIPO: DISCO SSD, VELOCIDADE: 550, PADRÃO: SATA 3.0","UN",120.0,150.0,18000.0,0.0,"2026-08-07"]
["UNIVERSIDADE FEDERAL DE GOIAS-UF/GO",153052.0,2898.0,"Soluções de TIC","153052-21/2026","SUPRIMENTOS DE INFORMÁTICA EM GERAL - NÃO TIC","Catálogo do Compras.gov.br","Material",5995.0,"CONJUNTOS DE CABOS, CORDÕES E FIOS ELÉTRICOS PARA  EQUIPAMENTOS DE COMUNICAÇÕES",4047.0,"CABO EXTENSOR",607930.0,"APLICAÇÃO: TRANSMISSÃO DE VÍDEO À DISTÂNCIA, COMPRIMENTO: 60, TIPO: EXTENSOR HDMI, TIPO SAÍDA: HDMI FÊMEA X RJ45 FÊMEA","UN",20.0,199.0,3980.0,0.0,"2026-08-07"]
["UNIVERSIDADE FEDERAL DE GOIAS-UF/GO",153052.0,2899.0,"Soluções de TIC","153052-21/2026","SUPRIMENTOS DE INFORMÁTICA EM GERAL - NÃO TIC","Catálogo do Compras.gov.br","Material",5995.0,"CONJUNTOS DE CABOS, CORDÕES E FIOS ELÉTRICOS PARA  EQUIPAMENTOS DE COMUNICAÇÕES",4047.0,"CABO EXTENSOR",447093.0,"APLICAÇÃO: PROJETOR MULTIMÍDIA, CARACTERÍSTICAS ADICIONAIS: CABO COM FILTRO, COMPRIMENTO: 10, MATERIAL CONDUTOR: PINOS BANHADOS A OURO, PADRÃO: HDMI 2.0, TIPO: BLINDADO REFORÇADO, TIPO SAÍDA: HDMI MACHO X HDMI MACHO 19 PINOS","UN",5.0,30.0,150.0,0.0,"2026-08-07"]
["UNIVERSIDADE FEDERAL DE GOIAS-UF/GO",153052.0,2900.0,"Soluções de TIC","153052-21/2026","SUPRIMENTOS DE INFORMÁTICA EM GERAL - NÃO TIC","Catálogo do Compras.gov.br","Material",7090.0,"SUPRIMENTOS DE INFORMÁTICA - TIC",14426.0,"CARTUCHO TONER IMPRESSORA BROTHER",428017.0,"COR: PRETA, REFERÊNCIA CARTUCHO: TN-3392, TIPO CARTUCHO: ORIGINAL","UN",50.0,200.0,10000.0,0.0,"2026-08-07"]
["UNIVERSIDADE FEDERAL DE GOIAS-UF/GO",153052.0,2901.0,"Soluções de TIC","153052-21/2026","SUPRIMENTOS DE INFORMÁTICA EM GERAL - NÃO TIC","Catálogo do Compras.gov.br","Material",6135.0,"BATERIAS NAO RECARREGÁVEIS",3463.0,"BATERIA - COMPUTADOR",238772.0,"APLICAÇÃO: PARA SETUP (BIOS), MODELO: CR-2032, TENSÃO ALIMENTAÇÃO: 3V, TIPO: LITHIUM","UN",250.0,20.0,5000.0,0.0,"2026-08-07"]
["UNIVERSIDADE FEDERAL DE GOIAS-UF/GO",153052.0,2902.0,"Soluções de TIC","153052-21/2026","SUPRIMENTOS DE INFORMÁTICA EM GERAL - NÃO TIC","Catálogo do Compras.gov.br","Material",7090.0,"SUPRIMENTOS DE INFORMÁTICA - TIC",13853.0,"CARTUCHO TONER IMPRESSORA HP",434699.0,"COR: PRETA, REFERÊNCIA CARTUCHO 1: CC364A, TIPO CARTUCHO: COMPATÍVEL","UN",10.0,200.0,2000.0,0.0,"2026-08-07"]
["UNIVERSIDADE FEDERAL DE GOIAS-UF/GO",153052.0,2908.0,"Soluções de TIC","153052-21/2026","SUPRIMENTOS DE INFORMÁTICA EM GERAL - NÃO TIC","Catálogo do Compras.gov.br","Material",7060.0,"PEÇAS E ACESSÓRIOS PARA COMPUTADORES",14697.0,"CÂMERA WEB",474995.0,"CAPTURA CORES: 30 FPS, CARACTERÍSTICAS ADICIONAIS: MICROFONE EMBUTIDO, COMPATIBILIDADE: WINDOWS 10, CONEXÃO: INTERFACE USB 2.0, RESOLUÇÃO: FULL HD 1080, TAMANHO IMAGEM: 1280 X 720 PIXELS","UN",10.0,200.0,2000.0,0.0,"2026-08-07"]
["UNIVERSIDADE FEDERAL DE GOIAS-UF/GO",153052.0,2909.0,"Soluções de TIC","153052-21/2026","SUPRIMENTOS DE INFORMÁTICA EM GERAL - NÃO TIC","Catálogo do Compras.gov.br","Material",6135.0,"BATERIAS NAO RECARREGÁVEIS",10708.0,"PILHA",415869.0,"MODELO: 6F22, SISTEMA ELETROQUÍMICO: NIMH, TAMANHO: GRANDE, TENSÃO NOMINAL: 9","UN",300.0,20.0,6000.0,0.0,"2026-08-07"]
["UNIVERSIDADE FEDERAL DE GOIAS-UF/GO",153052.0,2910.0,"Soluções de TIC","153052-21/2026","SUPRIMENTOS DE INFORMÁTICA EM GERAL - NÃO TIC","Catálogo do Compras.gov.br","Material",6135.0,"BATERIAS NAO RECARREGÁVEIS",10708.0,"PILHA",419859.0,"CARACTERÍSTICAS ADICIONAIS: NÃO RECARREGÁVEL, MODELO: AA, SISTEMA ELETROQUÍMICO: ALCALINA, TAMANHO: PEQUENA, TENSÃO NOMINAL: 1,5","UN",300.0,6.0,1800.0,0.0,"2026-08-07"]
["UNIVERSIDADE FEDERAL DE GOIAS-UF/GO",153052.0,2911.0,"Soluções de TIC","153052-21/2026","SUPRIMENTOS DE INFORMÁTICA EM GERAL - NÃO TIC","Catálogo do Compras.gov.br","Material",6135.0,"BATERIAS NAO RECARREGÁVEIS",10708.0,"PILHA",432380.0,"MODELO: AAA, SISTEMA ELETROQUÍMICO: LITHIUM, TAMANHO: PALITO, TENSÃO NOMINAL: 1,5","UN",300.0,5.0,1500.0,0.0,"2026-08-07"]
["UNIVERSIDADE FEDERAL DE GOIAS-UF/GO",153052.0,2912.0,"Soluções de TIC","153052-21/2026","SUPRIMENTOS DE INFORMÁTICA EM GERAL - NÃO TIC","Catálogo do Compras.gov.br","Material",5915.0,"FILTROS E REDES",7472.0,"FILTRO LINHA",473407.0,"CARACTERÍSTICAS ADICIONAIS: CHAVE LIGA/DESLIGA, FUSÍVEL 7A, QUANTIDADE SAÍDA: 6 TOMADAS MOD.UNIVERSAL, TENSÃO ALIMENTAÇÃO: 110/220","UN",20.0,50.0,1000.0,0.0,"2026-08-07"]
["UNIVERSIDADE FEDERAL DE GOIAS-UF/GO",153052.0,2913.0,"Soluções de TIC","153052-21/2026","SUPRIMENTOS DE INFORMÁTICA EM GERAL - NÃO TIC","Catálogo do Compras.gov.br","Material",6135.0,"BATERIAS NAO RECARREGÁVEIS",10708.0,"PILHA",419859.0,"CARACTERÍSTICAS ADICIONAIS: NÃO RECARREGÁVEL, MODELO: AA, SISTEMA ELETROQUÍMICO: ALCALINA, TAMANHO: PEQUENA, TENSÃO NOMINAL: 1,5","UN",50.0,7.0,350.0,0.0,"2026-08-07"]
["UNIVERSIDADE FEDERAL DE GOIAS-UF/GO",153052.0,2914.0,"Soluções de TIC","153052-21/2026","SUPRIMENTOS DE INFORMÁTICA EM GERAL - NÃO TIC","Catálogo do Compras.gov.br","Material",7060.0,"PEÇAS E ACESSÓRIOS PARA COMPUTADORES",5409.0,"MOUSE COMPUTADOR",457752.0,"CONECTIVIDADE: COM FIO, SENSOR: LASER, TAMANHO: PADRÃO, TIPO CONECTOR: USB","UN",30.0,19.0,570.0,0.0,"2026-08-07"]
["UNIVERSIDADE FEDERAL DE GOIAS-UF/GO",153052.0,2915.0,"Soluções de TIC","153052-21/2026","SUPRIMENTOS DE INFORMÁTICA EM GERAL - NÃO TIC","Catálogo do Compras.gov.br","Material",7090.0,"SUPRIMENTOS DE INFORMÁTICA - TIC",240.0,"MOUSE PAD",394901.0,"CARACTERÍSTICAS ADICIONAIS: COM APOIO DE PUNHO EM GEL, COR: PRETA, MATERIAL: BORRACHA ANTIDERRAPANTE, TIPO: ERGONÔMICO","UN",10.0,25.0,250.0,0.0,"2026-08-07"]
["UNIVERSIDADE FEDERAL DE GOIAS-UF/GO",153052.0,2916.0,"Soluções de TIC","153052-21/2026","SUPRIMENTOS DE INFORMÁTICA EM GERAL - NÃO TIC","Catálogo do Compras.gov.br","Material",7090.0,"SUPRIMENTOS DE INFORMÁTICA - TIC",240.0,"MOUSE PAD",394901.0,"CARACTERÍSTICAS ADICIONAIS: COM APOIO DE PUNHO EM GEL, COR: PRETA, MATERIAL: BORRACHA ANTIDERRAPANTE, TIPO: ERGONÔMICO","UN",5.0,25.0,125.0,0.0,"2026-08-07"]
["UNIVERSIDADE FEDERAL DE GOIAS-UF/GO",153052.0,2917.0,"Soluções de TIC","153052-21/2026","SUPRIMENTOS DE INFORMÁTICA EM GERAL - NÃO TIC","Catálogo do Compras.gov.br","Material",7060.0,"PEÇAS E ACESSÓRIOS PARA COMPUTADORES",5409.0,"MOUSE COMPUTADOR",451823.0,"CONECTIVIDADE: SEM FIO, SENSOR: LED, TAMANHO: PADRÃO, TIPO CONECTOR: USB","UN",5.0,25.0,125.0,0.0,"2026-08-07"]
["UNIVERSIDADE FEDERAL DE GOIAS-UF/GO",153052.0,2918.0,"Soluções de TIC","153052-21/2026","SUPRIMENTOS DE INFORMÁTICA EM GERAL - NÃO TIC","Catálogo do Compras.gov.br","Material",6135.0,"BATERIAS NAO RECARREGÁVEIS",10708.0,"PILHA",419860.0,"CARACTERÍSTICAS ADICIONAIS: NÃO RECARREGÁVEL, MODELO: AAA, SISTEMA ELETROQUÍMICO: ALCALINA, TAMANHO: PALITO, TENSÃO NOMINAL: 1,5","UN",50.0,6.0,300.0,0.0,"2026-08-07"]
["UNIVERSIDADE FEDERAL DE GOIAS-UF/GO",153052.0,2919.0,"Soluções de TIC","153052-21/2026","SUPRIMENTOS DE INFORMÁTICA EM GERAL - NÃO TIC","Catálogo do Compras.gov.br","Material",5965.0,"FONES, MICROFONES E ALTO-FALANTES",14943.0,"CABO ÁUDIO E VÍDEO",439279.0,"CONECTORES: P2 MACHO X P2 MACHDO, MATERIAL CONDUTOR: COBRE, MATERIAL ISOLAMENTO CONDUTOR: PVC, TIPO CABO: AUDIO","UN",2.0,50.0,100.0,0.0,"2026-08-07"]
["UNIVERSIDADE FEDERAL DE GOIAS-UF/GO",153052.0,2920.0,"Soluções de TIC","153052-21/2026","SUPRIMENTOS DE INFORMÁTICA EM GERAL - NÃO TIC","Catálogo do Compras.gov.br","Material",5965.0,"FONES, MICROFONES E ALTO-FALANTES",14943.0,"CABO ÁUDIO E VÍDEO",439279.0,"CONECTORES: P2 MACHO X P2 MACHDO, MATERIAL CONDUTOR: COBRE, MATERIAL ISOLAMENTO CONDUTOR: PVC, TIPO CABO: AUDIO","UN",10.0,40.0,400.0,0.0,"2026-08-07"]
["UNIVERSIDADE FEDERAL DE GOIAS-UF/GO",153052.0,2921.0,"Soluções de TIC","153052-21/2026","SUPRIMENTOS DE INFORMÁTICA EM GERAL - NÃO TIC","Catálogo do Compras.gov.br","Material",5995.0,"CONJUNTOS DE CABOS, CORDÕES E FIOS ELÉTRICOS PARA  EQUIPAMENTOS DE COMUNICAÇÕES",4047.0,"CABO EXTENSOR",434365.0,"APLICAÇÃO: ÁUDIO E VÍDEO INCL.DOLBY TRUEHD AND DTS-HD,MASTER, CARACTERÍSTICAS ADICIONAIS: SUPORTA QQ RESOLUÇÃO INCL.1080P ATÉ 4K, COMPRIMENTO: 1, TIPO SAÍDA: HDMI TIPO A MACHO X HDMI TIPO A MACHO","UN",10.0,30.0,300.0,0.0,"2026-08-07"]
["UNIVERSIDADE FEDERAL DE GOIAS-UF/GO",153052.0,2922.0,"Soluções de TIC","153052-21/2026","SUPRIMENTOS DE INFORMÁTICA EM GERAL - NÃO TIC","Catálogo do Compras.gov.br","Material",5995.0,"CONJUNTOS DE CABOS, CORDÕES E FIOS ELÉTRICOS PARA  EQUIPAMENTOS DE COMUNICAÇÕES",4047.0,"CABO EXTENSOR",448723.0,"APLICAÇÃO: MULTIMÍDIA, CARACTERÍSTICAS ADICIONAIS: RESOLUÇÃO: 480I, 480P, 720P, 1080I E 1080P, COMPRIMENTO: 15, TIPO: FLEXÍVEL, TIPO SAÍDA: HDMI MACHO X HDMI MACHO 19 PINOS","UN",5.0,200.0,1000.0,0.0,"2026-08-07"]
["UNIVERSIDADE FEDERAL DE GOIAS-UF/GO",153052.0,2923.0,"Soluções de TIC","153052-21/2026","SUPRIMENTOS DE INFORMÁTICA EM GERAL - NÃO TIC","Catálogo do Compras.gov.br","Material",6145.0,"FIOS E CABOS ELÉTRICOS",14943.0,"CABO ÁUDIO E VÍDEO",610954.0,"APLICAÇÃO: ÁUDIO E VÍDEO, CARACTERÍSTICAS ADICIONAIS: CONECTOR BANHADO A OURO, COMPRIMENTO: 2, CONECTORES: P2  MACHO/FÊMEA 3,5MM, MATERIAL CONDUTOR: COBRE ESMALTADO, MATERIAL ISOLAMENTO CONDUTOR: TRANÇADO DE NYLON, REFERÊNCIA: UGREEN 40675","UN",2.0,50.0,100.0,0.0,"2026-08-07"]
["UNIVERSIDADE FEDERAL DE GOIAS-UF/GO",153052.0,2924.0,"Soluções de TIC","153052-21/2026","SUPRIMENTOS DE INFORMÁTICA EM GERAL - NÃO TIC","Catálogo do Compras.gov.br","Material",7030.0,"EQUIPAMENTOS DE ARMAZENAMENTO DE DADOS",216.0,"DISCO MAGNÉTICO",606881.0,"APLICAÇÃO: USO EXTERNO, CARACTERÍSTICAS ADICIONAIS: COMPATÍVEL COM USB 3.1, MEMÓRIA: 1 TERABYTE, MODELO: SSD","UN",6.0,600.0,3600.0,0.0,"2026-08-07"]
["UNIVERSIDADE FEDERAL DE GOIAS-UF/GO",153052.0,2925.0,"Soluções de TIC","153052-21/2026","SUPRIMENTOS DE INFORMÁTICA EM GERAL - NÃO TIC","Catálogo do Compras.gov.br","Material",7030.0,"EQUIPAMENTOS DE ARMAZENAMENTO DE DADOS",216.0,"DISCO MAGNÉTICO",449232.0,"APLICAÇÃO: INFORMÁTICA, INTERFACE: SATA III, MEMÓRIA: 480, MODELO: SSD, TAMANHO: 2.5, VELOCIDADE TRANSFERÊNCIA: 6.0","UN",30.0,300.0,9000.0,0.0,"2026-08-07"]
["UNIVERSIDADE FEDERAL DE GOIAS-UF/GO",153052.0,2926.0,"Soluções de TIC","153052-21/2026","SUPRIMENTOS DE INFORMÁTICA EM GERAL - NÃO TIC","Catálogo do Compras.gov.br","Material",7090.0,"SUPRIMENTOS DE INFORMÁTICA - TIC",14426.0,"CARTUCHO TONER IMPRESSORA BROTHER",428017.0,"COR: PRETA, REFERÊNCIA CARTUCHO: TN-3392, TIPO CARTUCHO: ORIGINAL","UN",1.0,400.0,400.0,0.0,"2026-08-07"]
["UNIVERSIDADE FEDERAL DE GOIAS-UF/GO",153052.0,2927.0,"Soluções de TIC","153052-21/2026","SUPRIMENTOS DE INFORMÁTICA EM GERAL - NÃO TIC","Catálogo do Compras.gov.br","Material",7090.0,"SUPRIMENTOS DE INFORMÁTICA - TIC",14426.0,"CARTUCHO TONER IMPRESSORA BROTHER",438945.0,"COR: PRETA, REFERÊNCIA CARTUCHO: DR 3440, TIPO CARTUCHO: ORIGINAL","UN",2.0,650.0,1300.0,0.0,"2026-08-07"]
["UNIVERSIDADE FEDERAL DE GOIAS-UF/GO",153052.0,2928.0,"Soluções de TIC","153052-21/2026","SUPRIMENTOS DE INFORMÁTICA EM GERAL - NÃO TIC","Catálogo do Compras.gov.br","Material",7090.0,"SUPRIMENTOS DE INFORMÁTICA - TIC",14426.0,"CARTUCHO TONER IMPRESSORA BROTHER",437144.0,"COR: PRETA, REFERÊNCIA CARTUCHO: TN-3472, TIPO CARTUCHO: ORIGINAL","UN",4.0,450.0,1800.0,0.0,"2026-08-07"]
["UNIVERSIDADE FEDERAL DE GOIAS-UF/GO",153052.0,2929.0,"Soluções de TIC","153052-21/2026","SUPRIMENTOS DE INFORMÁTICA EM GERAL - NÃO TIC","Catálogo do Compras.gov.br","Material",7090.0,"SUPRIMENTOS DE INFORMÁTICA - TIC",13853.0,"CARTUCHO TONER IMPRESSORA HP",412511.0,"COR: CIANO, REFERÊNCIA CARTUCHO 2: CE411A, TIPO CARTUCHO: ORIGINAL","UN",2.0,300.0,600.0,0.0,"2026-08-07"]
["UNIVERSIDADE FEDERAL DE GOIAS-UF/GO",153052.0,2930.0,"Soluções de TIC","153052-21/2026","SUPRIMENTOS DE INFORMÁTICA EM GERAL - NÃO TIC","Catálogo do Compras.gov.br","Material",7090.0,"SUPRIMENTOS DE INFORMÁTICA - TIC",13853.0,"CARTUCHO TONER IMPRESSORA HP",412512.0,"COR: AMARELA, REFERÊNCIA CARTUCHO 2: CE412A, TIPO CARTUCHO: ORIGINAL","UN",2.0,300.0,600.0,0.0,"2026-08-07"]
["UNIVERSIDADE FEDERAL DE GOIAS-UF/GO",153052.0,2931.0,"Soluções de TIC","153052-21/2026","SUPRIMENTOS DE INFORMÁTICA EM GERAL - NÃO TIC","Catálogo do Compras.gov.br","Material",7090.0,"SUPRIMENTOS DE INFORMÁTICA - TIC",13853.0,"CARTUCHO TONER IMPRESSORA HP",416903.0,"COR: PRETA, REFERÊNCIA CARTUCHO 2: CE410X, TIPO CARTUCHO: ORIGINAL","UN",2.0,600.0,1200.0,0.0,"2026-08-07"]
["UNIVERSIDADE FEDERAL DE GOIAS-UF/GO",153052.0,2932.0,"Soluções de TIC","153052-21/2026","SUPRIMENTOS DE INFORMÁTICA EM GERAL - NÃO TIC","Catálogo do Compras.gov.br","Material",7090.0,"SUPRIMENTOS DE INFORMÁTICA - TIC",240.0,"MOUSE PAD",350241.0,"CARACTERÍSTICAS ADICIONAIS: ANTIDERRAPANTE, COMPRIMENTO: 17,50, ESPESSURA: 2, LARGURA: 21,50, MATERIAL: BORRACHA PVC - CLORETO DE POLIVINILA","UN",40.0,10.0,400.0,0.0,"2026-08-07"]
["UNIVERSIDADE FEDERAL DE GOIAS-UF/GO",153052.0,2933.0,"Soluções de TIC","153052-21/2026","SUPRIMENTOS DE INFORMÁTICA EM GERAL - NÃO TIC","Catálogo do Compras.gov.br","Material",7090.0,"SUPRIMENTOS DE INFORMÁTICA - TIC",13853.0,"CARTUCHO TONER IMPRESSORA HP",412513.0,"COR: MAGENTA, REFERÊNCIA CARTUCHO 2: CE413A, TIPO CARTUCHO: ORIGINAL","UN",2.0,300.0,600.0,0.0,"2026-08-07"]
["UNIVERSIDADE FEDERAL DE GOIAS-UF/GO",153052.0,2934.0,"Soluções de TIC","153052-21/2026","SUPRIMENTOS DE INFORMÁTICA EM GERAL - NÃO TIC","Catálogo do Compras.gov.br","Material",7060.0,"PEÇAS E ACESSÓRIOS PARA COMPUTADORES",15410.0,"ADAPTADOR CONECTOR",450018.0,"CARACTERÍSTICAS ADICIONAIS: WIRELLES, PADRÃO IEEE 802.11B/G/N, 2 ANTENAS, TIPO CONECTORES: INTERFACE USB, VELOCIDADE: 300","UN",3.0,180.0,540.0,0.0,"2026-08-07"]
["UNIVERSIDADE FEDERAL DE GOIAS-UF/GO",153052.0,2935.0,"Soluções de TIC","153052-21/2026","SUPRIMENTOS DE INFORMÁTICA EM GERAL - NÃO TIC","Catálogo do Compras.gov.br","Material",7060.0,"PEÇAS E ACESSÓRIOS PARA COMPUTADORES",15410.0,"ADAPTADOR CONECTOR",438638.0,"APLICAÇÃO: MONITOR, CARACTERÍSTICAS ADICIONAIS: CABO MIN. 15 CM, TIPO CONECTORES: VGA FÊMEA / DISPLAYPORT","UN",2.0,50.0,100.0,0.0,"2026-08-07"]
["UNIVERSIDADE FEDERAL DE GOIAS-UF/GO",153052.0,2936.0,"Soluções de TIC","153052-21/2026","SUPRIMENTOS DE INFORMÁTICA EM GERAL - NÃO TIC","Catálogo do Compras.gov.br","Material",7060.0,"PEÇAS E ACESSÓRIOS PARA COMPUTADORES",14256.0,"PENTE DE MEMÓRIA",627931.0,"CAPACIDADE MEMÓRIA: 16, TIPO: DDR5, VELOCIDADE BARRAMENTO: 5.200","UN",10.0,400.0,4000.0,0.0,"2026-08-07"]
["UNIVERSIDADE FEDERAL DE GOIAS-UF/GO",153052.0,2937.0,"Soluções de TIC","153052-21/2026","SUPRIMENTOS DE INFORMÁTICA EM GERAL - NÃO TIC","Catálogo do Compras.gov.br","Material",7060.0,"PEÇAS E ACESSÓRIOS PARA COMPUTADORES",5409.0,"MOUSE COMPUTADOR",457752.0,"CONECTIVIDADE: COM FIO, SENSOR: LASER, TAMANHO: PADRÃO, TIPO CONECTOR: USB","UN",20.0,50.0,1000.0,0.0,"2026-08-07"]
["UNIVERSIDADE FEDERAL DE GOIAS-UF/GO",153052.0,2938.0,"Soluções de TIC","153052-21/2026","SUPRIMENTOS DE INFORMÁTICA EM GERAL - NÃO TIC","Catálogo do Compras.gov.br","Material",7060.0,"PEÇAS E ACESSÓRIOS PARA COMPUTADORES",2085.0,"ADAPTADOR",445782.0,"APLICAÇÃO: USO EM VÍDEO, CARACTERÍSTICAS ADICIONAIS: RESOLUÇÃO MÍNIMA: 1080P, CONEXÃO: HDMI MACHO X VGA FÊMEA","UN",5.0,35.0,175.0,0.0,"2026-08-07"]
["UNIVERSIDADE FEDERAL DE GOIAS-UF/GO",153052.0,2939.0,"Soluções de TIC","153052-21/2026","SUPRIMENTOS DE INFORMÁTICA EM GERAL - NÃO TIC","Catálogo do Compras.gov.br","Material",7060.0,"PEÇAS E ACESSÓRIOS PARA COMPUTADORES",14300.0,"GABINETE PARA COMPUTADOR",362833.0,"COR: PRETA, PADRÃO: ATX, TIPO: 4 BAIAS","UN",10.0,178.0,1780.0,0.0,"2026-08-07"]
["UNIVERSIDADE FEDERAL DE GOIAS-UF/GO",153052.0,2940.0,"Soluções de TIC","153052-21/2026","SUPRIMENTOS DE INFORMÁTICA EM GERAL - NÃO TIC","Catálogo do Compras.gov.br","Material",7060.0,"PEÇAS E ACESSÓRIOS PARA COMPUTADORES",2085.0,"ADAPTADOR",462526.0,"APLICAÇÃO: EQUIPAMENTOS ELETRÔNICOS, CONEXÃO: VGA MACHO X HDMI FEMEA","UN",5.0,35.0,175.0,0.0,"2026-08-07"]
["UNIVERSIDADE FEDERAL DE GOIAS-UF/GO",153052.0,2941.0,"Soluções de TIC","153052-21/2026","SUPRIMENTOS DE INFORMÁTICA EM GERAL - NÃO TIC","Catálogo do Compras.gov.br","Material",7060.0,"PEÇAS E ACESSÓRIOS PARA COMPUTADORES",14148.0,"PLACA MÃE",627969.0,"APLICAÇÃO: MICROCOMPUTADOR, COMPONENTES: CHIPSET AMD, FONTE ALIMENTAÇÃO: ATX, MEMÓRIA EXPANSÃO: 128, MEMÓRIA RAM: DDR 4, PADRÃO: MICRO ATX, SLOTS: M.2, PCI-EXPRESS, SOCKET: AM4, TIPO CONECTORES: SATA3 6GB/S (SUPORTE PARA RAID), TIPO PORTAS: USB, RJ-45, HDMI, DISPLAYPORT","UN",10.0,1000.0,10000.0,0.0,"2026-08-07"]
["UNIVERSIDADE FEDERAL DE GOIAS-UF/GO",153052.0,2942.0,"Soluções de TIC","153052-21/2026","SUPRIMENTOS DE INFORMÁTICA EM GERAL - NÃO TIC","Catálogo do Compras.gov.br","Material",7060.0,"PEÇAS E ACESSÓRIOS PARA COMPUTADORES",14431.0,"PROCESSADOR",484063.0,"APLICAÇÃO: MICROCOMPUTADOR, BARRAMENTO: PCI EXPRESS, CARACTERÍSTICAS ADICIONAIS: DDR 4, MEMÓRIA CACHE: L2 4MB, L3 16MB, MODELO: RYZEN 7 5.700G, TIPO: AMD RYZEN 7, VELOCIDADE PROCESSAMENTO: 3.8","UN",10.0,1019.0,10190.0,0.0,"2026-08-07"]
["UNIVERSIDADE FEDERAL DE GOIAS-UF/GO",153052.0,2943.0,"Soluções de TIC","153052-21/2026","SUPRIMENTOS DE INFORMÁTICA EM GERAL - NÃO TIC","Catálogo do Compras.gov.br","Material",7060.0,"PEÇAS E ACESSÓRIOS PARA COMPUTADORES",15410.0,"ADAPTADOR CONECTOR",453465.0,"APLICAÇÃO: MONITOR, CARACTERÍSTICAS ADICIONAIS: CABO MIN. 1,8 M, TIPO CONECTORES: MINI DISPLAYPORT/HDMI","UN",2.0,50.0,100.0,0.0,"2026-08-07"]
["UNIVERSIDADE FEDERAL DE GOIAS-UF/GO",153052.0,2944.0,"Soluções de TIC","153052-21/2026","SUPRIMENTOS DE INFORMÁTICA EM GERAL - NÃO TIC","Catálogo do Compras.gov.br","Material",7060.0,"PEÇAS E ACESSÓRIOS PARA COMPUTADORES",13510.0,"TECLADO MICROCOMPUTADOR",451817.0,"CONECTIVIDADE: COM FIO, TIPO: PADRÃO, TIPO CONECTOR: USB","UN",20.0,80.0,1600.0,0.0,"2026-08-07"]
["UNIVERSIDADE FEDERAL DE GOIAS-UF/GO",153052.0,2945.0,"Soluções de TIC","153052-21/2026","SUPRIMENTOS DE INFORMÁTICA EM GERAL - NÃO TIC","Catálogo do Compras.gov.br","Material",7060.0,"PEÇAS E ACESSÓRIOS PARA COMPUTADORES",15410.0,"ADAPTADOR CONECTOR",451860.0,"APLICAÇÃO: MONITOR, CARACTERÍSTICAS ADICIONAIS: RESOLUÇÃO ATÉ 1080P/ TAMANHO MIN.CABO 15CM, TIPO CONECTORES: DVI FÊMEA / DISPLAYPORT MACHO","UN",2.0,50.0,100.0,0.0,"2026-08-07"]
["UNIVERSIDADE FEDERAL DE GOIAS-UF/GO",153052.0,2946.0,"Soluções de TIC","153052-21/2026","SUPRIMENTOS DE INFORMÁTICA EM GERAL - NÃO TIC","Catálogo do Compras.gov.br","Material",7060.0,"PEÇAS E ACESSÓRIOS PARA COMPUTADORES",15410.0,"ADAPTADOR CONECTOR",470246.0,"APLICAÇÃO: INFORMÁTICA, CARACTERÍSTICAS ADICIONAIS: INTERFACE USB 2.0 A 3.0, TIPO CONECTORES: ADAPTADOR USB PARA RJ45, VELOCIDADE: 100/1000","UN",3.0,80.0,240.0,0.0,"2026-08-07"]
["UNIVERSIDADE FEDERAL DE GOIAS-UF/GO",153052.0,2947.0,"Soluções de TIC","153052-21/2026","SUPRIMENTOS DE INFORMÁTICA EM GERAL - NÃO TIC","Catálogo do Compras.gov.br","Material",6135.0,"BATERIAS NAO RECARREGÁVEIS",3479.0,"BATERIA NÃO RECARREGÁVEL",411291.0,"MODELO: CR-2032, SISTEMA ELETROQUÍMICO: LITHIUM, TENSÃO NOMINAL: 3, TIPO: BUTTON CELL","EMB",10.0,30.0,300.0,0.0,"2026-08-07"]
["UNIVERSIDADE FEDERAL DE GOIAS-UF/GO",153052.0,2948.0,"Soluções de TIC","153052-21/2026","SUPRIMENTOS DE INFORMÁTICA EM GERAL - NÃO TIC","Catálogo do Compras.gov.br","Material",7060.0,"PEÇAS E ACESSÓRIOS PARA COMPUTADORES",9594.0,"MEMÓRIA EM CARTÃO MAGNÉTICO",450734.0,"APLICAÇÃO: ARMAZENAR FOTOS, IMAGENS E DADOS, CAPACIDADE MEMÓRIA: 64, CARACTERÍSTICAS ADICIONAIS: COM ADAPTADOR, TIPO CARTAO: MICRO SD, USO: INFORMÁTICA","UN",10.0,70.0,700.0,0.0,"2026-08-07"]
["UNIVERSIDADE FEDERAL DE GOIAS-UF/GO",153052.0,2949.0,"Soluções de TIC","153052-21/2026","SUPRIMENTOS DE INFORMÁTICA EM GERAL - NÃO TIC","Catálogo do Compras.gov.br","Material",7030.0,"EQUIPAMENTOS DE ARMAZENAMENTO DE DADOS",216.0,"DISCO MAGNÉTICO",482667.0,"APLICAÇÃO: USO EXTERNO, CARACTERÍSTICAS ADICIONAIS: COMPATÍVEL COM USB 3.1, MEMÓRIA: 2, MODELO: SSD","UN",2.0,530.0,1060.0,0.0,"2026-08-07"]
["UNIVERSIDADE FEDERAL DE GOIAS-UF/GO",153052.0,2950.0,"Soluções de TIC","153052-21/2026","SUPRIMENTOS DE INFORMÁTICA EM GERAL - NÃO TIC","Catálogo do Compras.gov.br","Material",5935.0,"CONECTORES ELÉTRICOS",15410.0,"ADAPTADOR CONECTOR",355247.0,"APLICAÇÃO: CONEXÃO WIRELESS BLUETOOTH 2.0 + EDR, MATERIAL: PLÁSTICO, TIPO CONECTORES: INTERFACE USB 1.1 E 2.0","UN",10.0,30.0,300.0,0.0,"2026-08-07"]
["UNIVERSIDADE FEDERAL DE GOIAS-UF/GO",153052.0,2951.0,"Soluções de TIC","153052-21/2026","SUPRIMENTOS DE INFORMÁTICA EM GERAL - NÃO TIC","Catálogo do Compras.gov.br","Material",7060.0,"PEÇAS E ACESSÓRIOS PARA COMPUTADORES",15410.0,"ADAPTADOR CONECTOR",335755.0,"APLICAÇÃO: CONEXÃO NOTEBOOK, CARACTERÍSTICAS ADICIONAIS: WIRELESS/EXTERNO/108 MBPS/SEM FIO, MATERIAL: LATÃO ZINCADO, TIPO CONECTORES: INTERFACE USB 2.0","UN",1.0,1149.0,1149.0,0.0,"2026-08-07"]
["UNIVERSIDADE FEDERAL DE GOIAS-UF/GO",153052.0,2955.0,"Soluções de TIC","153052-21/2026","SUPRIMENTOS DE INFORMÁTICA EM GERAL - NÃO TIC","Catálogo do Compras.gov.br","Material",7060.0,"PEÇAS E ACESSÓRIOS PARA COMPUTADORES",15899.0,"MÓDULO MEMÓRIA",608236.0,"APLICAÇÃO: SERVIDOR STORAGE, BARRAMENTO: 1.333, CAPACIDADE MEMÓRIA: 8, PADRÃO: 2RX4 PC3L-10600R","UN",5.0,89.0,445.0,0.0,"2026-08-07"]
["UNIVERSIDADE FEDERAL DE GOIAS-UF/GO",153052.0,2956.0,"Soluções de TIC","153052-21/2026","SUPRIMENTOS DE INFORMÁTICA EM GERAL - NÃO TIC","Catálogo do Compras.gov.br","Material",7060.0,"PEÇAS E ACESSÓRIOS PARA COMPUTADORES",9597.0,"MEMÓRIA RAM",624339.0,"APLICAÇÃO: MICROCOMPUTADORES, CAPACIDADE MEMÓRIA: 8, PADRÃO: DDR4, FREQUENCIA: 2133MHZ, 288-PIN DIMM","UN",20.0,104.0,2080.0,0.0,"2026-08-07"]
["UNIVERSIDADE FEDERAL DE GOIAS-UF/GO",153052.0,2957.0,"Soluções de TIC","153052-21/2026","SUPRIMENTOS DE INFORMÁTICA EM GERAL - NÃO TIC","Catálogo do Compras.gov.br","Material",7030.0,"EQUIPAMENTOS DE ARMAZENAMENTO DE DADOS",244.0,"UNIDADE DISCO",624588.0,"APLICAÇÃO: MICROCOMPUTADOR, CAPACIDADE: 500, CARACTERÍSTICAS ADICIONAIS: FORMATO: M.2 2280, INTERFACE: NVME PCIE 4.0 X 4, TAMANHO: 22 X 80, TIPO: DISCO SSD","UN",9.0,250.0,2250.0,0.0,"2026-08-07"]
["UNIVERSIDADE FEDERAL DE GOIAS-UF/GO",153052.0,2958.0,"Soluções de TIC","153052-21/2026","SUPRIMENTOS DE INFORMÁTICA EM GERAL - NÃO TIC","Catálogo do Compras.gov.br","Material",5995.0,"CONJUNTOS DE CABOS, CORDÕES E FIOS ELÉTRICOS PARA  EQUIPAMENTOS DE COMUNICAÇÕES",4047.0,"CABO EXTENSOR",434366.0,"APLICAÇÃO: ÁUDIO E VÍDEO INCL.DOLBY TRUEHD AND DTS-HD,MASTER, CARACTERÍSTICAS ADICIONAIS: SUPORTA QQ RESOLUÇÃO INCL.1080P ATÉ 4K, COMPRIMENTO: 3, TIPO SAÍDA: HDMI TIPO A MACHO X HDMI TIPO A MACHO","RO",2.0,89.0,178.0,0.0,"2026-08-07"]
["UNIVERSIDADE FEDERAL DE GOIAS-UF/GO",153052.0,2959.0,"Soluções de TIC","153052-21/2026","SUPRIMENTOS DE INFORMÁTICA EM GERAL - NÃO TIC","Catálogo do Compras.gov.br","Material",5995.0,"CONJUNTOS DE CABOS, CORDÕES E FIOS ELÉTRICOS PARA  EQUIPAMENTOS DE COMUNICAÇÕES",4047.0,"CABO EXTENSOR",447093.0,"APLICAÇÃO: PROJETOR MULTIMÍDIA, CARACTERÍSTICAS ADICIONAIS: CABO COM FILTRO, COMPRIMENTO: 10, MATERIAL CONDUTOR: PINOS BANHADOS A OURO, PADRÃO: HDMI 2.0, TIPO: BLINDADO REFORÇADO, TIPO SAÍDA: HDMI MACHO X HDMI MACHO 19 PINOS","RO",1.0,40.0,40.0,0.0,"2026-08-07"]
["UNIVERSIDADE FEDERAL DE GOIAS-UF/GO",153052.0,2974.0,"Soluções de TIC","153052-21/2026","SUPRIMENTOS DE INFORMÁTICA EM GERAL - NÃO TIC","Catálogo do Compras.gov.br","Material",7060.0,"PEÇAS E ACESSÓRIOS PARA COMPUTADORES",13510.0,"TECLADO MICROCOMPUTADOR",451820.0,"CONECTIVIDADE: SEM FIO, TIPO: MULTIMIDIA, TIPO CONECTOR: USB","UN",6.0,190.0,1140.0,0.0,"2026-08-07"]
["UNIVERSIDADE FEDERAL DE GOIAS-UF/GO",153052.0,2975.0,"Soluções de TIC","153052-21/2026","SUPRIMENTOS DE INFORMÁTICA EM GERAL - NÃO TIC","Catálogo do Compras.gov.br","Material",7090.0,"SUPRIMENTOS DE INFORMÁTICA - TIC",15154.0,"TRAVA SEGURANÇA",405818.0,"APLICAÇÃO: PROTEÇÃO NOTEBOOK, CARACTERÍSTICAS ADICIONAIS: COM 2 CHAVES, CHAVE SEGURANÇA: MECÂNICA INVIOLÁVEL, COMPONENTES: CABO DE AÇO DE 1,80M E REVESTIDO EM PVC COM LAÇO, MATERIAL: AÇO, MATERIAL FECHADURA: AÇO, TIPO DISPOSITIVO: ENCAIXE DA TRAVA DIRETO NO NOTEBOOK, TIPO FECHADURA: MECÂNICA INVIOLÁVEL","UN",50.0,90.0,4500.0,0.0,"2026-08-07"]
["UNIVERSIDADE FEDERAL DE GOIAS-UF/GO",153052.0,2986.0,"Soluções de TIC","153052-21/2026","SUPRIMENTOS DE INFORMÁTICA EM GERAL - NÃO TIC","Catálogo do Compras.gov.br","Material",7060.0,"PEÇAS E ACESSÓRIOS PARA COMPUTADORES",9594.0,"MEMÓRIA EM CARTÃO MAGNÉTICO",450734.0,"APLICAÇÃO: ARMAZENAR FOTOS, IMAGENS E DADOS, CAPACIDADE MEMÓRIA: 64, CARACTERÍSTICAS ADICIONAIS: COM ADAPTADOR, TIPO CARTAO: MICRO SD, USO: INFORMÁTICA","UN",10.0,70.0,700.0,0.0,"2026-08-07"]
["UNIVERSIDADE FEDERAL DE GOIAS-UF/GO",153052.0,2987.0,"Soluções de TIC","153052-21/2026","SUPRIMENTOS DE INFORMÁTICA EM GERAL - NÃO TIC","Catálogo do Compras.gov.br","Material",7030.0,"EQUIPAMENTOS DE ARMAZENAMENTO DE DADOS",244.0,"UNIDADE DISCO",487697.0,"APLICAÇÃO: MICROCOMPUTADOR, CAPACIDADE: 240, TAMANHO: 2,5, TIPO: DISCO SSD, VELOCIDADE: 500, PADRÃO: SERIAL ATA-600","UN",10.0,280.0,2800.0,0.0,"2026-08-07"]
["UNIVERSIDADE FEDERAL DE GOIAS-UF/GO",153052.0,2960.0,"Soluções de TIC","153052-21/2026","SUPRIMENTOS DE INFORMÁTICA EM GERAL - NÃO TIC","Catálogo do Compras.gov.br","Material",7060.0,"PEÇAS E ACESSÓRIOS PARA COMPUTADORES",14697.0,"CÂMERA WEB",474995.0,"CAPTURA CORES: 30 FPS, CARACTERÍSTICAS ADICIONAIS: MICROFONE EMBUTIDO, COMPATIBILIDADE: WINDOWS 10, CONEXÃO: INTERFACE USB 2.0, RESOLUÇÃO: FULL HD 1080, TAMANHO IMAGEM: 1280 X 720 PIXELS","UN",4.0,50.0,200.0,0.0,"2026-08-07"]
["UNIVERSIDADE FEDERAL DE GOIAS-UF/GO",153052.0,2964.0,"Soluções de TIC","153052-21/2026","SUPRIMENTOS DE INFORMÁTICA EM GERAL - NÃO TIC","Catálogo do Compras.gov.br","Material",6135.0,"BATERIAS NAO RECARREGÁVEIS",10708.0,"PILHA",246685.0,"CARACTERÍSTICAS ADICIONAIS: NÃO RECARREGÁVEL, MODELO: AAA, TAMANHO: PEQUENA, TIPO: ALCALINA, TENSÃO: 1,5","EMB",4000.0,2.461,9844.0,0.0,"2026-08-07"]
["UNIVERSIDADE FEDERAL DE GOIAS-UF/GO",153052.0,2965.0,"Soluções de TIC","153052-21/2026","SUPRIMENTOS DE INFORMÁTICA EM GERAL - NÃO TIC","Catálogo do Compras.gov.br","Material",6135.0,"BATERIAS NAO RECARREGÁVEIS",10708.0,"PILHA",410947.0,"MODELO: A23, SISTEMA ELETROQUÍMICO: ALCALINA, TAMANHO: PEQUENA, TENSÃO NOMINAL: 12","UN",400.0,1.7595,703.8,0.0,"2026-08-07"]
["UNIVERSIDADE FEDERAL DE GOIAS-UF/GO",153052.0,2966.0,"Soluções de TIC","153052-21/2026","SUPRIMENTOS DE INFORMÁTICA EM GERAL - NÃO TIC","Catálogo do Compras.gov.br","Material",6135.0,"BATERIAS NAO RECARREGÁVEIS",10708.0,"PILHA",241539.0,"CARACTERÍSTICAS ADICIONAIS: NÃO RECARREGÁVEL, MODELO: AA, TAMANHO: PEQUENA, TIPO: ALCALINA, TENSÃO: 1,5","UN",4000.0,1.311,5244.0,0.0,"2026-08-07"]
["UNIVERSIDADE FEDERAL DE GOIAS-UF/GO",153052.0,2979.0,"Soluções de TIC","153052-21/2026","SUPRIMENTOS DE INFORMÁTICA EM GERAL - NÃO TIC","Catálogo do Compras.gov.br","Material",7060.0,"PEÇAS E ACESSÓRIOS PARA COMPUTADORES",14256.0,"PENTE DE MEMÓRIA",450307.0,"CAPACIDADE MEMÓRIA: 16, CARACTERÍSTICAS ADICIONAIS: SDRAM/RDIMM, FREQUÊNCIA CLOCK: 2.133, TIPO: DDR4","UN",6.0,206.08,1236.48,0.0,"2026-08-07"]
["UNIVERSIDADE FEDERAL DE GOIAS-UF/GO",153052.0,2977.0,"Soluções de TIC","153052-21/2026","SUPRIMENTOS DE INFORMÁTICA EM GERAL - NÃO TIC","Catálogo do Compras.gov.br","Material",7060.0,"PEÇAS E ACESSÓRIOS PARA COMPUTADORES",15410.0,"ADAPTADOR CONECTOR",435888.0,"APLICAÇÃO: VÍDEO, CARACTERÍSTICAS ADICIONAIS: RESOLUÇÃO ATÉ 1080P/ TAMANHO MIN.CABO 15CM, TIPO CONECTORES: HDMI 19 PINO FÊMEA / DISPLAYPORT 20 PINOS MACHO","UN",100.0,32.26,3226.0,0.0,"2026-08-07"]
["UNIVERSIDADE FEDERAL DE GOIAS-UF/GO",153052.0,2978.0,"Soluções de TIC","153052-21/2026","SUPRIMENTOS DE INFORMÁTICA EM GERAL - NÃO TIC","Catálogo do Compras.gov.br","Material",7060.0,"PEÇAS E ACESSÓRIOS PARA COMPUTADORES",214.0,"CONVERSOR VÍDEO",604338.0,"COMPATIBILIDADE: PC OU MAC, CONECTOR ENTRADA: HDMI, CONECTOR SAÍDA: RJ45, ENTRADA VÍDEO: HDMI, RESOLUÇÃO: 3840 X 2160, SAÍDA VÍDEO: HDBT, TENSÃO ALIMENTAÇÃO: 48","UN",40.0,137.3,5492.0,0.0,"2026-08-07"]
["UNIVERSIDADE FEDERAL DE GOIAS-UF/GO",153052.0,2988.0,"Soluções de TIC","153052-21/2026","SUPRIMENTOS DE INFORMÁTICA EM GERAL - NÃO TIC","Catálogo do Compras.gov.br","Material",6145.0,"FIOS E CABOS ELÉTRICOS",14943.0,"CABO ÁUDIO E VÍDEO",479549.0,"APLICAÇÃO: VÍDEO TV PROJETORES DVDS RECEIVERS SINAIS S-VHS, CARACTERÍSTICAS ADICIONAIS: BALANCEADO, BLINDADO E FLEXÍVEL, CONECTORES: MACHO-MACHO, MATERIAL CONDUTOR: COBRE, TIPO CABO: HDMI","UN",60.0,30.0,1800.0,0.0,"2026-08-07"]
["UNIVERSIDADE FEDERAL DE GOIAS-UF/GO",153052.0,2989.0,"Soluções de TIC","153052-21/2026","SUPRIMENTOS DE INFORMÁTICA EM GERAL - NÃO TIC","Catálogo do Compras.gov.br","Material",6145.0,"FIOS E CABOS ELÉTRICOS",14943.0,"CABO ÁUDIO E VÍDEO",463216.0,"APLICAÇÃO: EQUIPAMENTOS ELETRÔNICOS, COMPRIMENTO: 10, CONECTORES: HDMI MACHO, MATERIAL COBERTURA: PVC EMBORRACHADO, MATERIAL CONDUTOR: COBRE, MATERIAL CONECTOR: OURO 24 QUILATES, MATERIAL ISOLAMENTO CONDUTOR: PVC","UN",5.0,56.0,280.0,0.0,"2026-08-07"]
["UNIVERSIDADE FEDERAL DE GOIAS-UF/GO",153052.0,2990.0,"Soluções de TIC","153052-21/2026","SUPRIMENTOS DE INFORMÁTICA EM GERAL - NÃO TIC","Catálogo do Compras.gov.br","Material",5340.0,"FERRAGENS DIVERSAS",15828.0,"SUPORTE FIXAÇÃO PROJETOR",465618.0,"ACABAMENTO SUPERFICIAL: PINTURA ELETROSTÁTICA, ALTURA: 30 A 80, APLICAÇÃO: FIXAÇÃO PROJETOR MULTIMÍDIA, CARACTERÍSTICAS ADICIONAIS: SISTEMA ANTI-FURTO, COR: BRANCA, MATERIAL: AÇO CARBONO, TIPO: UNIVERSAL, TRATAMENTO SUPERFICIAL: ANTICORROSIVO","UN",30.0,104.0,3120.0,0.0,"2026-08-07"]
["UNIVERSIDADE FEDERAL DE GOIAS-UF/GO",153052.0,2991.0,"Soluções de TIC","153052-21/2026","SUPRIMENTOS DE INFORMÁTICA EM GERAL - NÃO TIC","Catálogo do Compras.gov.br","Material",7060.0,"PEÇAS E ACESSÓRIOS PARA COMPUTADORES",15410.0,"ADAPTADOR CONECTOR",620713.0,"APLICAÇÃO: NOTEBOOK A MONITOR, CARACTERÍSTICAS ADICIONAIS: CABO MIN. 1,8 M, TIPO CONECTORES: HDMI MACHO DISPLAYPORT MACHO","UN",15.0,20.0,300.0,0.0,"2026-08-07"]
["UNIVERSIDADE FEDERAL DE GOIAS-UF/GO",153052.0,2992.0,"Soluções de TIC","153052-21/2026","SUPRIMENTOS DE INFORMÁTICA EM GERAL - NÃO TIC","Catálogo do Compras.gov.br","Material",7060.0,"PEÇAS E ACESSÓRIOS PARA COMPUTADORES",214.0,"CONVERSOR VÍDEO",431538.0,"CONECTOR ENTRADA: FÊMEA, CONECTOR SAÍDA: JACK TRS, ENTRADA VÍDEO: HDMI, RESOLUÇÃO: 1080I, SAÍDA VÍDEO: VGA, TENSÃO ALIMENTAÇÃO: 220","UN",30.0,30.0,900.0,0.0,"2026-08-07"]
["UNIVERSIDADE FEDERAL DE GOIAS-UF/GO",153052.0,2993.0,"Soluções de TIC","153052-21/2026","SUPRIMENTOS DE INFORMÁTICA EM GERAL - NÃO TIC","Catálogo do Compras.gov.br","Material",7060.0,"PEÇAS E ACESSÓRIOS PARA COMPUTADORES",9594.0,"MEMÓRIA EM CARTÃO MAGNÉTICO",440337.0,"APLICAÇÃO: ARMAZENAR FOTOS, IMAGENS E DADOS, CAPACIDADE MEMÓRIA: 64, TIPO CARTAO: COMPACT FLASH, USO: CAMERA FOTOGRÁFICA DIGITAL","UN",1.0,140.0,140.0,0.0,"2026-08-07"]
["UNIVERSIDADE FEDERAL DE GOIAS-UF/GO",153052.0,2994.0,"Soluções de TIC","153052-21/2026","SUPRIMENTOS DE INFORMÁTICA EM GERAL - NÃO TIC","Catálogo do Compras.gov.br","Material",7060.0,"PEÇAS E ACESSÓRIOS PARA COMPUTADORES",13510.0,"TECLADO MICROCOMPUTADOR",451818.0,"CONECTIVIDADE: SEM FIO, TIPO: PADRÃO, TIPO CONECTOR: USB","UN",30.0,30.0,900.0,0.0,"2026-08-07"]
["UNIVERSIDADE FEDERAL DE GOIAS-UF/GO",153052.0,2996.0,"Soluções de TIC","153052-21/2026","SUPRIMENTOS DE INFORMÁTICA EM GERAL - NÃO TIC","Catálogo do Compras.gov.br","Material",7090.0,"SUPRIMENTOS DE INFORMÁTICA - TIC",14426.0,"CARTUCHO TONER IMPRESSORA BROTHER",428017.0,"COR: PRETA, REFERÊNCIA CARTUCHO: TN-3392, TIPO CARTUCHO: ORIGINAL","UN",4.0,35.0,140.0,0.0,"2026-08-07"]
["UNIVERSIDADE FEDERAL DE GOIAS-UF/GO",153052.0,2997.0,"Soluções de TIC","153052-21/2026","SUPRIMENTOS DE INFORMÁTICA EM GERAL - NÃO TIC","Catálogo do Compras.gov.br","Material",7060.0,"PEÇAS E ACESSÓRIOS PARA COMPUTADORES",5409.0,"MOUSE COMPUTADOR",457752.0,"CONECTIVIDADE: COM FIO, SENSOR: LASER, TAMANHO: PADRÃO, TIPO CONECTOR: USB","UN",15.0,45.0,675.0,0.0,"2026-08-07"]
["UNIVERSIDADE FEDERAL DE GOIAS-UF/GO",153052.0,2998.0,"Soluções de TIC","153052-21/2026","SUPRIMENTOS DE INFORMÁTICA EM GERAL - NÃO TIC","Catálogo do Compras.gov.br","Material",7060.0,"PEÇAS E ACESSÓRIOS PARA COMPUTADORES",14697.0,"CÂMERA WEB",474995.0,"CAPTURA CORES: 30 FPS, CARACTERÍSTICAS ADICIONAIS: MICROFONE EMBUTIDO, COMPATIBILIDADE: WINDOWS 10, CONEXÃO: INTERFACE USB 2.0, RESOLUÇÃO: FULL HD 1080, TAMANHO IMAGEM: 1280 X 720 PIXELS","UN",10.0,200.0,2000.0,0.0,"2026-08-07"]
["UNIVERSIDADE FEDERAL DE GOIAS-UF/GO",153052.0,2999.0,"Soluções de TIC","153052-21/2026","SUPRIMENTOS DE INFORMÁTICA EM GERAL - NÃO TIC","Catálogo do Compras.gov.br","Material",7060.0,"PEÇAS E ACESSÓRIOS PARA COMPUTADORES",13510.0,"TECLADO MICROCOMPUTADOR",451819.0,"CONECTIVIDADE: COM FIO, TIPO: MULTIMIDIA, TIPO CONECTOR: USB","UN",15.0,63.0,945.0,0.0,"2026-08-07"]
["UNIVERSIDADE FEDERAL DE GOIAS-UF/GO",153052.0,3000.0,"Soluções de TIC","153052-21/2026","SUPRIMENTOS DE INFORMÁTICA EM GERAL - NÃO TIC","Catálogo do Compras.gov.br","Material",7090.0,"SUPRIMENTOS DE INFORMÁTICA - TIC",14426.0,"CARTUCHO TONER IMPRESSORA BROTHER",428481.0,"COR: PRETA, REFERÊNCIA CARTUCHO: TN-650, TIPO CARTUCHO: ORIGINAL","UN",4.0,35.0,140.0,0.0,"2026-08-07"]
["UNIVERSIDADE FEDERAL DE GOIAS-UF/GO",153052.0,2961.0,"Soluções de TIC","153052-21/2026","SUPRIMENTOS DE INFORMÁTICA EM GERAL - NÃO TIC","Catálogo do Compras.gov.br","Material",7510.0,"ARTIGOS PARA ESCRITÓRIO",15545.0,"APOIO PUNHO TECLADO",306734.0,"COMPRIMENTO: 40, COR: PRETA, LARGURA: 49, MATERIAL: GELATINA SILICONE, TIPO: ERGONÔMICO","UN",3.0,50.0,150.0,0.0,"2026-08-07"]
["UNIVERSIDADE FEDERAL DE GOIAS-UF/GO",153052.0,2962.0,"Soluções de TIC","153052-21/2026","SUPRIMENTOS DE INFORMÁTICA EM GERAL - NÃO TIC","Catálogo do Compras.gov.br","Material",7090.0,"SUPRIMENTOS DE INFORMÁTICA - TIC",240.0,"MOUSE PAD",444576.0,"ACABAMENTO SUPERFICIAL: PAPEL MINERAL, COMPRIMENTO: 22, LARGURA: 18, MATERIAL: BORRACHA ANTIDERRAPANTE","UN",10.0,25.0,250.0,0.0,"2026-08-07"]
["UNIVERSIDADE FEDERAL DE GOIAS-UF/GO",153052.0,2963.0,"Soluções de TIC","153052-21/2026","SUPRIMENTOS DE INFORMÁTICA EM GERAL - NÃO TIC","Catálogo do Compras.gov.br","Material",5836.0,"EQUIPAMENTOS PARA GRAVAÇÃO E REPRODUÇÃO DE VÍDEO",14650.0,"CÂMERA VIDEOCONFERÊNCIA",291791.0,"CARACTERÍSTICAS ADICIONAIS: WEBCAM USB COM MICROFONE EMBUTIDO, RESOLUÇÃO: 320 X 240 E 640 X 480, TIPO LENTE: F 2.2/F6.85, VELOCIDADE TRANSMISSÃO VÍDEO: 30, APLICAÇÃO: SISTEMA DE VIDEOCONFERÊNCIA","UN",15.0,200.0,3000.0,0.0,"2026-08-07"]
["UNIVERSIDADE FEDERAL DE GOIAS-UF/GO",153052.0,2967.0,"Soluções de TIC","153052-21/2026","SUPRIMENTOS DE INFORMÁTICA EM GERAL - NÃO TIC","Catálogo do Compras.gov.br","Material",6135.0,"BATERIAS NAO RECARREGÁVEIS",3479.0,"BATERIA NÃO RECARREGÁVEL",368173.0,"APLICAÇÃO: ELÉTRICA, SISTEMA ELETROQUÍMICO: ALCALINA, TENSÃO NOMINAL: 9","UN",1000.0,5.98,5980.0,0.0,"2026-08-07"]
["UNIVERSIDADE FEDERAL DE GOIAS-UF/GO",153052.0,2968.0,"Soluções de TIC","153052-21/2026","SUPRIMENTOS DE INFORMÁTICA EM GERAL - NÃO TIC","Catálogo do Compras.gov.br","Material",7090.0,"SUPRIMENTOS DE INFORMÁTICA - TIC",240.0,"MOUSE PAD",296977.0,"ACABAMENTO SUPERFICIAL: TECIDO, APLICAÇÃO: USO DE NOUSE COM PREVENÇÃO A LER, CARACTERÍSTICAS ADICIONAIS: COM APOIO PARA O PUNHO E ERGONÔMICO, MATERIAL: PVC","UN",800.0,15.8355,12668.4,0.0,"2026-08-07"]
["UNIVERSIDADE FEDERAL DE GOIAS-UF/GO",153052.0,2969.0,"Soluções de TIC","153052-21/2026","SUPRIMENTOS DE INFORMÁTICA EM GERAL - NÃO TIC","Catálogo do Compras.gov.br","Material",7090.0,"SUPRIMENTOS DE INFORMÁTICA - TIC",14426.0,"CARTUCHO TONER IMPRESSORA BROTHER",421094.0,"COR: PRETA, REFERÊNCIA CARTUCHO: TN-3392, TIPO CARTUCHO: COMPATÍVEL","CX",2.0,46.65,93.3,0.0,"2026-08-07"]
["UNIVERSIDADE FEDERAL DE GOIAS-UF/GO",153052.0,2970.0,"Soluções de TIC","153052-21/2026","SUPRIMENTOS DE INFORMÁTICA EM GERAL - NÃO TIC","Catálogo do Compras.gov.br","Material",7090.0,"SUPRIMENTOS DE INFORMÁTICA - TIC",14426.0,"CARTUCHO TONER IMPRESSORA BROTHER",437144.0,"COR: PRETA, REFERÊNCIA CARTUCHO: TN-3472, TIPO CARTUCHO: ORIGINAL","CX",2.0,121.81,243.62,0.0,"2026-08-07"]
["UNIVERSIDADE FEDERAL DE GOIAS-UF/GO",153052.0,2971.0,"Soluções de TIC","153052-21/2026","SUPRIMENTOS DE INFORMÁTICA EM GERAL - NÃO TIC","Catálogo do Compras.gov.br","Material",7090.0,"SUPRIMENTOS DE INFORMÁTICA - TIC",13819.0,"CARTUCHO TINTA IMPRESSORA LEXMARK",427093.0,"COR TINTA: PRETA, REFERÊNCIA CARTUCHO: 80C8SK0, TIPO CARTUCHO: ORIGINAL","CX",2.0,184.41,368.82,0.0,"2026-08-07"]
["UNIVERSIDADE FEDERAL DE GOIAS-UF/GO",153052.0,2972.0,"Soluções de TIC","153052-21/2026","SUPRIMENTOS DE INFORMÁTICA EM GERAL - NÃO TIC","Catálogo do Compras.gov.br","Material",7060.0,"PEÇAS E ACESSÓRIOS PARA COMPUTADORES",9594.0,"MEMÓRIA EM CARTÃO MAGNÉTICO",465556.0,"APLICAÇÃO: ARMAZENAMENTO DE DADOS, CAPACIDADE MEMÓRIA: 128, TIPO CARTAO: MEMORY CARD, USO: CÂMERA FOTOGRÁFICA E FILMADORA","UN",2.0,265.04,530.08,0.0,"2026-08-07"]
["UNIVERSIDADE FEDERAL DE GOIAS-UF/GO",153052.0,2973.0,"Soluções de TIC","153052-21/2026","SUPRIMENTOS DE INFORMÁTICA EM GERAL - NÃO TIC","Catálogo do Compras.gov.br","Material",7290.0,"UTENSÍLIOS COMERCIAIS E DOMÉSTICOS DIVERSOS",12399.0,"SUPORTE",602089.0,"ALTURA: 15, APLICAÇÃO: APOIO PARA NOTEBOOK, CARACTERÍSTICAS ADICIONAIS: BASE ANTIDERRAPANTE, COMPRIMENTO: 19, FORMATO: RETANGULAR, LARGURA: 25,5, MATERIAL: ALUMÍNIO, MATERIAL BASE: ALUMÍNIO, TIPO: AJUSTÁVEL E DESMONTÁVEL","UN",4.0,30.2,120.8,0.0,"2026-08-07"]
["UNIVERSIDADE FEDERAL DE GOIAS-UF/GO",153052.0,2985.0,"Soluções de TIC","153052-21/2026","SUPRIMENTOS DE INFORMÁTICA EM GERAL - NÃO TIC","Catálogo do Compras.gov.br","Material",7060.0,"PEÇAS E ACESSÓRIOS PARA COMPUTADORES",14249.0,"CAIXA SOM",625996.0,"APLICAÇÃO: USO EM GERAL, COMPONENTES ADICIONAIS: BLUETOOTH, ENTRADAS US, P2 E P10, POTÊNCIA: 1,200, VOLTAGEM: 220","UN",1.0,1448.25,1448.25,0.0,"2026-08-07"]
["UNIVERSIDADE FEDERAL DE GOIAS-UF/GO",153052.0,2976.0,"Soluções de TIC","153052-21/2026","SUPRIMENTOS DE INFORMÁTICA EM GERAL - NÃO TIC","Catálogo do Compras.gov.br","Material",5935.0,"CONECTORES ELÉTRICOS",2085.0,"ADAPTADOR",462526.0,"APLICAÇÃO: EQUIPAMENTOS ELETRÔNICOS, CONEXÃO: VGA MACHO X HDMI FEMEA","UN",10.0,39.55,395.5,0.0,"2026-08-07"]
["UNIVERSIDADE FEDERAL DE GOIAS-UF/GO",153052.0,2980.0,"Soluções de TIC","153052-21/2026","SUPRIMENTOS DE INFORMÁTICA EM GERAL - NÃO TIC","Catálogo do Compras.gov.br","Material",7030.0,"EQUIPAMENTOS DE ARMAZENAMENTO DE DADOS",216.0,"DISCO MAGNÉTICO",392823.0,"APLICAÇÃO: ARMAZENAMENTO DADOS, CARACTERÍSTICAS ADICIONAIS: SUPORTA PROTOCOLO DE REDE CIFS, NFS,HTTP,FTP,SNMP, INTERFACE: USB 2.0, MEMÓRIA: 4, MODELO: SERIAL ATA (SATA II), VELOCIDADE MÍNIMA DISCO: 1.000","UN",40.0,774.84,30993.6,0.0,"2026-08-07"]
["UNIVERSIDADE FEDERAL DE GOIAS-UF/GO",153052.0,2981.0,"Soluções de TIC","153052-21/2026","SUPRIMENTOS DE INFORMÁTICA EM GERAL - NÃO TIC","Catálogo do Compras.gov.br","Material",7060.0,"PEÇAS E ACESSÓRIOS PARA COMPUTADORES",14431.0,"PROCESSADOR",608237.0,"CARACTERÍSTICAS ADICIONAIS: LGA 1366, MODELO: XEON E5649, TIPO: INTEL, VELOCIDADE PROCESSAMENTO: 2.93","UN",2.0,350.66,701.32,0.0,"2026-08-07"]
["UNIVERSIDADE FEDERAL DE GOIAS-UF/GO",153052.0,2982.0,"Soluções de TIC","153052-21/2026","SUPRIMENTOS DE INFORMÁTICA EM GERAL - NÃO TIC","Catálogo do Compras.gov.br","Material",7030.0,"EQUIPAMENTOS DE ARMAZENAMENTO DE DADOS",216.0,"DISCO MAGNÉTICO",477105.0,"CAPACIDADE MÍNIMA CACHE: 256, INTERFACE: SATA III, MEMÓRIA: 8, MODELO: ST8000DM005, FABRICANTE: SEAGATE, TAMANHO: 3.5, TIPO: RÍGIDO, VELOCIDADE ROTAÇÃO: 7.200, VELOCIDADE TRANSFERÊNCIA: 6.0","UN",50.0,1428.03,71401.5,0.0,"2026-08-07"]
["UNIVERSIDADE FEDERAL DE GOIAS-UF/GO",153052.0,2983.0,"Soluções de TIC","153052-21/2026","SUPRIMENTOS DE INFORMÁTICA EM GERAL - NÃO TIC","Catálogo do Compras.gov.br","Material",7030.0,"EQUIPAMENTOS DE ARMAZENAMENTO DE DADOS",216.0,"DISCO MAGNÉTICO",479105.0,"APLICAÇÃO: INFORMÁTICA, MEMÓRIA: 2, MODELO: SAS, TAMANHO: 3.5, TIPO: RÍGIDO, VELOCIDADE MÍNIMA DISCO: 7.200, VELOCIDADE TRANSFERÊNCIA: 6.0","UN",30.0,540.35,16210.5,0.0,"2026-08-07"]
["UNIVERSIDADE FEDERAL DE GOIAS-UF/GO",153052.0,2984.0,"Soluções de TIC","153052-21/2026","SUPRIMENTOS DE INFORMÁTICA EM GERAL - NÃO TIC","Catálogo do Compras.gov.br","Material",6135.0,"BATERIAS NAO RECARREGÁVEIS",3479.0,"BATERIA NÃO RECARREGÁVEL",313931.0,"APLICAÇÃO: MÁQUINA FOTOGRÁFICA, CARACTERÍSTICAS ADICIONAIS: MODELO CR2032, TIPO: LITHIUM, VOLTAGEM: 3","UN",200.0,2.5,500.0,0.0,"2026-08-07"]
["UNIVERSIDADE FEDERAL DE GOIAS-UF/GO",153052.0,2995.0,"Soluções de TIC","153052-21/2026","SUPRIMENTOS DE INFORMÁTICA EM GERAL - NÃO TIC","Catálogo do Compras.gov.br","Material",5915.0,"FILTROS E REDES",7472.0,"FILTRO LINHA",268310.0,"APLICAÇÃO: EQUIPAMENTO INFORMÁTICA / ELÉTRICO, CARACTERÍSTICAS ADICIONAIS: NO MÍNIMO 4 TOMADAS, PORTA FUSÍVEL C/ 1 UNIDADE RE, POTÊNCIA MÁXIMA: 1.500, TENSÃO ALIMENTAÇÃO: 115/220","UN",500.0,22.0225,11011.25,0.0,"2026-08-07"]
["UNIVERSIDADE FEDERAL DE GOIAS-UF/GO",153052.0,3001.0,"Serviço","153052-152/2026","PROAD - LOCAÇÃO IMÓVEL EM GOIÁS","Catálogo do Compras.gov.br","Serviço",721.0,"SERVIÇOS IMOBILIÁRIOS RELATIVOS A LOCAÇÃO OU ARRENDAMENTO",null,null,4316.0,"LOCAÇÃO DE IMÓVEL","-",12.0,44771.64,537259.68,0.0,"2026-08-24"]
["UNIVERSIDADE FEDERAL DE GOIAS-UF/GO",153052.0,3002.0,"Material","153052-22/2026","GERADORES ELÉTRICOS","Catálogo do Compras.gov.br","Material",6115.0,"GERADORES E CONJUNTOS GERADORES ELÉTRICOS",8113.0,"GRUPO DIESEL GERADOR",318249.0,"ACESSÓRIOS: BATERIA PARTIDA C/ CABOS TERMINAIS, CONJUNTO APOIO, APLICAÇÃO: SISTEMA DE EMERGÊNCIA, COMPONENTES: MÓDULO MICROPROCESSADO(USCA), DISJUNTOR TERMOMAG-, FREQUÊNCIA: 60, POTÊNCIA: 230, QUANTIDADE FASES: TRIFÁSICO, TENSÃO SAÍDA: 380/220, TIPO COMANDO: PAINEL COMANDO AUTOMÁTICO, MONTADO EM ARMÁRIO, TIPO OPERAÇÃO: COMANDO E SUPERVISÃO DE UMA UNIDADE DE CORRENTE, USO: FONTE AUXILIAR TENSÃO","UN",1.0,200000.0,200000.0,0.0,"2026-07-17"]
["UNIVERSIDADE FEDERAL DE GOIAS-UF/GO",153052.0,3003.0,"Serviço","153052-151/2026","BC - ANUIDADE ABEC","Catálogo do Compras.gov.br","Serviço",711.0,"SERVIÇOS DE INTERMEDIAÇÃO FINANCEIRA,EXCETO SERVIÇO BANCÁRIODE INVESTIMENTO,SERVIÇOS DE SEGUROS E DE PENSÕES",null,null,20010.0,"RECOLHIMENTO CONTRIBUIÇÃO / ANUIDADE","-",1.0,930.0,930.0,0.0,"2026-01-02"]
["UNIVERSIDADE FEDERAL DE GOIAS-UF/GO",153052.0,3004.0,"Material","153052-24/2026","MATERIAIS DE COPA E COZINHA","Catálogo do Compras.gov.br","Material",7330.0,"UTENSÍLIOS E FERRAMENTAS MANUAIS DE COZINHA",1115.0,"GARRAFA TÉRMICA",437878.0,"CAPACIDADE: 1,90, CARACTERÍSTICAS ADICIONAIS: COM PRESSÃO, AMPOLA INQUEBRÁVEL, MATERIAL: AÇO INOXIDÁVEL","UN",2.0,150.0,300.0,0.0,"2026-08-14"]
["UNIVERSIDADE FEDERAL DE GOIAS-UF/GO",153052.0,3029.0,"Material","153052-24/2026","MATERIAIS DE COPA E COZINHA","Catálogo do Compras.gov.br","Material",7330.0,"UTENSÍLIOS E FERRAMENTAS MANUAIS DE COZINHA",1287.0,"JARRA",428385.0,"APLICAÇÃO: COPA E COZINHA, CAPACIDADE: 2, MATERIAL: AÇO INOXIDÁVEL, MODELO: COM TAMPA E ALÇA","UN",5.0,250.0,1250.0,0.0,"2026-08-14"]
["UNIVERSIDADE FEDERAL DE GOIAS-UF/GO",153052.0,3030.0,"Material","153052-24/2026","MATERIAIS DE COPA E COZINHA","Catálogo do Compras.gov.br","Material",7350.0,"LOUÇA E ARTIGOS DE MESA",11036.0,"PORTA-COPO",386952.0,"APLICAÇÃO: COPOS DESCARTÁVEIS DE 300ML, DIÂMETRO BASE: 100, MATERIAL: AÇO INOXIDÁVEL","UN",1.0,250.0,250.0,0.0,"2026-08-14"]
["UNIVERSIDADE FEDERAL DE GOIAS-UF/GO",153052.0,3031.0,"Material","153052-24/2026","MATERIAIS DE COPA E COZINHA","Catálogo do Compras.gov.br","Material",7350.0,"LOUÇA E ARTIGOS DE MESA",1118.0,"PRATO PORCELANA",304000.0,"APLICAÇÃO: REFEIÇÃO, FORMATO: REDONDO, CARACTERÍSTICAS ADICIONAIS: BORDA ESPESSURA 3,5 CM, COR: BRANCA, TIPO: FUNDO, DIÂMETRO: 24","UN",20.0,52.0,1040.0,0.0,"2026-08-14"]
["UNIVERSIDADE FEDERAL DE GOIAS-UF/GO",153052.0,3032.0,"Material","153052-24/2026","MATERIAIS DE COPA E COZINHA","Catálogo do Compras.gov.br","Material",7350.0,"LOUÇA E ARTIGOS DE MESA",5848.0,"COPO DE VIDRO",628196.0,"ALTURA: 95, CAPACIDADE: 410, CARACTERÍSTICAS ADICIONAIS: SUPERFÍCIE LISA E PAREDE GROSSA, COR: INCOLOR, DIÂMETRO BOCA: 90, TIPO USO: UISQUE/BATIDAS/APERITIVOS","UN",15.0,35.0,525.0,0.0,"2026-08-14"]
["UNIVERSIDADE FEDERAL DE GOIAS-UF/GO",153052.0,3033.0,"Material","153052-24/2026","MATERIAIS DE COPA E COZINHA","Catálogo do Compras.gov.br","Material",7350.0,"LOUÇA E ARTIGOS DE MESA",1095.0,"CANECA CERÂMICA",331897.0,"ALTURA: 9, CAPACIDADE: 300, CARACTERÍSTICAS ADICIONAIS: COM ALÇA EM CERÂMICA, DIÂMETRO: 7, TIPO USO: ALIMENTOS LÍQUIDOS","UN",6.0,110.0,660.0,0.0,"2026-08-14"]
["UNIVERSIDADE FEDERAL DE GOIAS-UF/GO",153052.0,3034.0,"Material","153052-24/2026","MATERIAIS DE COPA E COZINHA","Catálogo do Compras.gov.br","Material",7350.0,"LOUÇA E ARTIGOS DE MESA",1154.0,"XÍCARA",443808.0,"CAPACIDADE: 270, CARACTERÍSTICAS ADICIONAIS: COM PIRES, COR: BRANCA, MATERIAL: PORCELANA, TIPO: CAFÉ","DZ",2.0,350.0,700.0,0.0,"2026-08-14"]
["UNIVERSIDADE FEDERAL DE GOIAS-UF/GO",153052.0,3012.0,"Material","153052-24/2026","MATERIAIS DE COPA E COZINHA","Catálogo do Compras.gov.br","Material",7210.0,"UTENSÍLIOS DOMÉSTICOS",14733.0,"COLCHONETE",237898.0,"APLICAÇÃO: AULA DE EDUCAÇÃO FÍSICA E GINÁSTICA, COMPRIMENTO: 0,95, ESPESSURA: 4, LARGURA: 42, MATERIAL: ESPUMA, REVESTIMENTO: NAPA","UN",10.0,50.0,500.0,0.0,"2026-08-14"]
["UNIVERSIDADE FEDERAL DE GOIAS-UF/GO",153052.0,3026.0,"Material","153052-24/2026","MATERIAIS DE COPA E COZINHA","Catálogo do Compras.gov.br","Material",7310.0,"EQUIPAMENTOS PARA COZINHAR, ASSAR E SERVIR ALIMENTOS",1100.0,"BANDEJA METÁLICA",281219.0,"ALTURA: 4, CARACTERÍSTICAS ADICIONAIS: COM 3 DIVISÕES E TAMPA, COMPRIMENTO: 70, LARGURA: 70, MATERIAL: ALUMÍNIO, FORMATO: RETANGULAR, TIPO: DESCARTÁVEL","CX",2.0,63.0,126.0,0.0,"2026-08-14"]
["UNIVERSIDADE FEDERAL DE GOIAS-UF/GO",153052.0,3014.0,"Material","153052-24/2026","MATERIAIS DE COPA E COZINHA","Catálogo do Compras.gov.br","Material",7290.0,"UTENSÍLIOS COMERCIAIS E DOMÉSTICOS DIVERSOS",13320.0,"VASO",243834.0,"ALTURA: 11, CAPACIDADE: 1, CARACTERÍSTICAS ADICIONAIS: COM PRATO, COR: PRETA, DIÂMETRO EXTERNO: 13, MATERIAL: PLÁSTICO, TIPO: COM FURO","UN",20.0,2.5,50.0,0.0,"2026-08-14"]
["UNIVERSIDADE FEDERAL DE GOIAS-UF/GO",153052.0,3035.0,"Material","153052-24/2026","MATERIAIS DE COPA E COZINHA","Catálogo do Compras.gov.br","Material",7330.0,"UTENSÍLIOS E FERRAMENTAS MANUAIS DE COZINHA",1057.0,"ASSADEIRA COZINHA COMERCIAL",295918.0,"ALTURA: 8, CARACTERÍSTICAS ADICIONAIS: COM ALÇAS MESMO MATERIAL, COMPRIMENTO: 60, FORMATO: RETANGULAR, LARGURA: 40, MATERIAL: ALUMÍNIO REFORÇADO","UN",2.0,180.0,360.0,0.0,"2026-08-14"]
["UNIVERSIDADE FEDERAL DE GOIAS-UF/GO",153052.0,3036.0,"Material","153052-24/2026","MATERIAIS DE COPA E COZINHA","Catálogo do Compras.gov.br","Material",7360.0,"JOGOS, CONJUNTOS  E  EQUIPAMENTOS PARA PREPARAR E SERVIR ALIMENTOS",1133.0,"BANDEJA",330215.0,"ALTURA: 8, COMPRIMENTO: 44, FINALIDADE: ARMAZANAMENTO DE COPOS, LARGURA: 29, MATERIAL: PLÁSTICO, FORMATO: RETANGULAR","UN",4.0,30.0,120.0,0.0,"2026-08-14"]
["UNIVERSIDADE FEDERAL DE GOIAS-UF/GO",153052.0,3008.0,"Material","153052-24/2026","MATERIAIS DE COPA E COZINHA","Catálogo do Compras.gov.br","Material",7330.0,"UTENSÍLIOS E FERRAMENTAS MANUAIS DE COZINHA",10617.0,"PENEIRA COZINHA",286587.0,"CARACTERÍSTICAS ADICIONAIS: TIPO COADOR CHÁ, MALHA FINA, DIÂMETRO: 10, MATERIAL: PLÁSTICO","UN",1.0,2.69,2.69,0.0,"2026-08-14"]
["UNIVERSIDADE FEDERAL DE GOIAS-UF/GO",153052.0,3009.0,"Material","153052-24/2026","MATERIAIS DE COPA E COZINHA","Catálogo do Compras.gov.br","Material",7360.0,"JOGOS, CONJUNTOS  E  EQUIPAMENTOS PARA PREPARAR E SERVIR ALIMENTOS",1133.0,"BANDEJA",479594.0,"ALTURA: 7,7, CARACTERÍSTICAS ADICIONAIS: CAPACIDADE 7 LITROS, COMPRIMENTO: 45, LARGURA: 28, MATERIAL: POLIPROPILENO","UN",10.0,11.9,119.0,0.0,"2026-08-14"]
["UNIVERSIDADE FEDERAL DE GOIAS-UF/GO",153052.0,3010.0,"Material","153052-24/2026","MATERIAIS DE COPA E COZINHA","Catálogo do Compras.gov.br","Material",7360.0,"JOGOS, CONJUNTOS  E  EQUIPAMENTOS PARA PREPARAR E SERVIR ALIMENTOS",1133.0,"BANDEJA",320842.0,"ALTURA: 7, CARACTERÍSTICAS ADICIONAIS: LISA, COMPRIMENTO: 30, COR: BRANCA, LARGURA: 22, MATERIAL: PLÁSTICO RÍGIDO E RESISTENTE","UN",6.0,6.0,36.0,0.0,"2026-08-14"]
["UNIVERSIDADE FEDERAL DE GOIAS-UF/GO",153052.0,3011.0,"Material","153052-24/2026","MATERIAIS DE COPA E COZINHA","Catálogo do Compras.gov.br","Material",9330.0,"ARTIGOS DE PLÁSTICO",4149.0,"CAIXA PLÁSTICA",432610.0,"ALTURA: 14, APLICAÇÃO: ACONDICIONAMENTO DE MATERIAL, CARACTERÍSTICAS ADICIONAIS: TAMPA E TRAVAS, LARGURA: 41, MATERIAL: POLIPROPILENO, TIPO: CAIXA ORGANIZADORA, TRANSMITÂNCIA: TRANSPARENTE, PROFUNDIDADE: 29","UN",2.0,29.0,58.0,0.0,"2026-08-14"]
["UNIVERSIDADE FEDERAL DE GOIAS-UF/GO",153052.0,3070.0,"Serviço","153052-150/2026","PRAE - ANUIDADE FGDU","Catálogo do Compras.gov.br","Serviço",711.0,"SERVIÇOS DE INTERMEDIAÇÃO FINANCEIRA,EXCETO SERVIÇO BANCÁRIODE INVESTIMENTO,SERVIÇOS DE SEGUROS E DE PENSÕES",null,null,20010.0,"RECOLHIMENTO CONTRIBUIÇÃO / ANUIDADE","-",1.0,3000.0,3000.0,0.0,"2026-01-02"]
["UNIVERSIDADE FEDERAL DE GOIAS-UF/GO",153052.0,3005.0,"Material","153052-24/2026","MATERIAIS DE COPA E COZINHA","Catálogo do Compras.gov.br","Material",7330.0,"UTENSÍLIOS E FERRAMENTAS MANUAIS DE COZINHA",1075.0,"PANELA PRESSÃO",626118.0,"CAPACIDADE: 5, CARACTERÍSTICAS ADICIONAIS: TAMPA COM ALÇA, MATERIAL: AÇO INOXIDÁVEL, SISTEMA SEGURANÇA: VÁLVULA SEGURANÇA","UN",2.0,400.0,800.0,0.0,"2026-08-14"]
["UNIVERSIDADE FEDERAL DE GOIAS-UF/GO",153052.0,3006.0,"Material","153052-24/2026","MATERIAIS DE COPA E COZINHA","Catálogo do Compras.gov.br","Material",7330.0,"UTENSÍLIOS E FERRAMENTAS MANUAIS DE COZINHA",10334.0,"PANELA",617399.0,"CARACTERÍSTICAS ADICIONAIS: JOGO COM 5 UNIDADES, MATERIAL: AÇO INOXIDÁVEL, MATERIAL CABO: AÇO INOXIDÁVEL, TIPO: COM FUNDO TRIPLO","UN",3.0,600.0,1800.0,0.0,"2026-08-14"]
["UNIVERSIDADE FEDERAL DE GOIAS-UF/GO",153052.0,3037.0,"Material","153052-24/2026","MATERIAIS DE COPA E COZINHA","Catálogo do Compras.gov.br","Material",7330.0,"UTENSÍLIOS E FERRAMENTAS MANUAIS DE COZINHA",{"$nulls":4},"-",0.0,0.0,810.0,0.0,"2026-08-14"]
["UNIVERSIDADE FEDERAL DE GOIAS-UF/GO",153052.0,3027.0,"Material","153052-24/2026","MATERIAIS DE COPA E COZINHA","Catálogo do Compras.gov.br","Material",9920.0,"ARTIGOS PARA FUMANTES",7795.0,"FÓSFORO",241343.0,"COR CABEÇA: VERMELHA, MATERIAL CORPO: MADEIRA, TIPO: LONGO","CX",15.0,3.5,52.5,0.0,"2026-08-14"]
["UNIVERSIDADE FEDERAL DE GOIAS-UF/GO",153052.0,3039.0,"Material","153052-24/2026","MATERIAIS DE COPA E COZINHA","Catálogo do Compras.gov.br","Material",6760.0,"EQUIPAMENTO FOTOGRÁFICO E ACESSÓRIOS",916.0,"BOLSA",601573.0,"APLICAÇÃO: GUARDA DE MATERIAL DE PRIMEIROS-SOCORROS, CARACTERÍSTICAS ADICIONAIS: DIVISÓRIAS TIPO COLMEIA/POCHETE FIXADA COM VELCRO, DIMENSÕES: 35 X 50 X 25, MATERIAL: CORDURA, TIPO: MOCHILA COM 4 BOLSOS, ALÇAS PARA MÃOS E OMBRO","UN",1.0,100.0,100.0,0.0,"2026-08-14"]
["UNIVERSIDADE FEDERAL DE GOIAS-UF/GO",153052.0,3007.0,"Material","153052-24/2026","MATERIAIS DE COPA E COZINHA","Catálogo do Compras.gov.br","Material",9999.0,"ITENS DIVERSOS",13531.0,"POTE",461130.0,"CAPACIDADE: 500, CARACTERÍSTICAS ADICIONAIS: COM TAMPA ROSQUEÁVEL, MATERIAL: POLIETILENO","UN",200.0,5.0,1000.0,0.0,"2026-08-14"]
["UNIVERSIDADE FEDERAL DE GOIAS-UF/GO",153052.0,3028.0,"Material","153052-24/2026","MATERIAIS DE COPA E COZINHA","Catálogo do Compras.gov.br","Material",7330.0,"UTENSÍLIOS E FERRAMENTAS MANUAIS DE COZINHA",1115.0,"GARRAFA TÉRMICA",468442.0,"CAPACIDADE: 2, CARACTERÍSTICAS ADICIONAIS: TAMPA TIPO PRESSÃO, AMPOLA INQUEBRÁVEL, MATERIAL: AÇO INOXIDÁVEL","UN",300.0,54.395,16318.5,0.0,"2026-08-14"]
["UNIVERSIDADE FEDERAL DE GOIAS-UF/GO",153052.0,3013.0,"Material","153052-24/2026","MATERIAIS DE COPA E COZINHA","Catálogo do Compras.gov.br","Material",7210.0,"UTENSÍLIOS DOMÉSTICOS",19709.0,"COLCHÃO",485165.0,"CARACTERÍSTICAS ADICIONAIS: TECIDO ANTIALERGICO/ANTIACARO, BORDADO MATELASSE D, DENSIDADE: D-45, MATERIAL: ESPUMA POLIURETANO, TAMANHO ALTURA: 0,18, TAMANHO LARGURA X COMPRIMENTO: 0,88 X 1,88, TECIDO DE REVESTIMENTO: SINTÉTICO POLIÉSTER, TIPO: ESPUMA","UN",33.0,500.0,16500.0,0.0,"2026-08-14"]
["UNIVERSIDADE FEDERAL DE GOIAS-UF/GO",153052.0,3015.0,"Material","153052-24/2026","MATERIAIS DE COPA E COZINHA","Catálogo do Compras.gov.br","Material",7220.0,"REVESTIMENTOS PARA PISOS",755.0,"TAPETE BANHEIRO",612167.0,"CARACTERÍSTICAS ADICIONAIS: GRAMATURA 200 G/M2, COMPRIMENTO: 90, COR: BRANCA, LARGURA: 60, MATERIAL: 100% ALGODÃO, TIPO: ANTIDERRAPANTE","UN",20.0,32.0,640.0,0.0,"2026-08-14"]
["UNIVERSIDADE FEDERAL DE GOIAS-UF/GO",153052.0,3016.0,"Material","153052-24/2026","MATERIAIS DE COPA E COZINHA","Catálogo do Compras.gov.br","Material",7210.0,"UTENSÍLIOS DOMÉSTICOS",754.0,"TOALHA ROSTO",402822.0,"COMPRIMENTO: 70, COR: BRANCA, LARGURA: 50, MATERIAL: 100% ALGODÃO","UN",20.0,10.0,200.0,0.0,"2026-08-14"]
["UNIVERSIDADE FEDERAL DE GOIAS-UF/GO",153052.0,3017.0,"Material","153052-24/2026","MATERIAIS DE COPA E COZINHA","Catálogo do Compras.gov.br","Material",7210.0,"UTENSÍLIOS DOMÉSTICOS",756.0,"TRAVESSEIRO",303643.0,"COMPRIMENTO: 0,50, COR: BRANCA, DENSIDADE: 28, LARGURA: 0,70, MATERIAL: ESPUMA, REVESTIMENTO: 100% ALGODÃO","UN",30.0,45.0,1350.0,0.0,"2026-08-14"]
["UNIVERSIDADE FEDERAL DE GOIAS-UF/GO",153052.0,3018.0,"Material","153052-24/2026","MATERIAIS DE COPA E COZINHA","Catálogo do Compras.gov.br","Material",7210.0,"UTENSÍLIOS DOMÉSTICOS",14361.0,"FORRO MESA",611678.0,"CARACTERÍSTICAS ADICIONAIS: NÃO ABSORVE LÍQUIDOS / IMPERMEÁVEL, COMPRIMENTO: 4,50, COR: VARIADA, FORMATO: RETANGULAR, LARGURA: 1,60","UN",20.0,28.0,560.0,0.0,"2026-08-14"]
["UNIVERSIDADE FEDERAL DE GOIAS-UF/GO",153052.0,3019.0,"Material","153052-24/2026","MATERIAIS DE COPA E COZINHA","Catálogo do Compras.gov.br","Material",7210.0,"UTENSÍLIOS DOMÉSTICOS",10341.0,"PANO PRATO",364252.0,"CARACTERÍSTICAS ADICIONAIS: COM ARREMATE, COMPRIMENTO: 80, COR: BRANCA, LARGURA: 50, MATERIAL: ALGODÃO","PCT",5.0,30.0,150.0,0.0,"2026-08-14"]
["UNIVERSIDADE FEDERAL DE GOIAS-UF/GO",153052.0,3020.0,"Material","153052-24/2026","MATERIAIS DE COPA E COZINHA","Catálogo do Compras.gov.br","Material",7210.0,"UTENSÍLIOS DOMÉSTICOS",18651.0,"JOGO CAMA",478501.0,"COMPONENTES: LENÇOL COM ELÁSTICO, FRONHA, COR: VARIADA, MATERIAL: 100% ALGODÃO, MEDIDA: 1,60 X 0,90, TIPO: SOLTEIRO","UN",20.0,38.0,760.0,0.0,"2026-08-14"]
["UNIVERSIDADE FEDERAL DE GOIAS-UF/GO",153052.0,3021.0,"Material","153052-24/2026","MATERIAIS DE COPA E COZINHA","Catálogo do Compras.gov.br","Material",7210.0,"UTENSÍLIOS DOMÉSTICOS",19710.0,"TOALHA BANHO",477475.0,"COR: BRANCO, MATERIAL: 100% ALGODÃO, MEDIDAS MÍNIMAS (C X L): 0,90 X 0,70","UN",10.0,29.0,290.0,0.0,"2026-08-14"]
["UNIVERSIDADE FEDERAL DE GOIAS-UF/GO",153052.0,3038.0,"Material","153052-24/2026","MATERIAIS DE COPA E COZINHA","Catálogo do Compras.gov.br","Material",7330.0,"UTENSÍLIOS E FERRAMENTAS MANUAIS DE COZINHA",10334.0,"PANELA",467232.0,"CARACTERÍSTICAS ADICIONAIS: ELÉTRICA, POTÊNCIA 1200 W, C/ TAMPA DE VIDRO, DIÂMETRO: 32, MATERIAL: ALUMÍNIO, MATERIAL CABO: POLIPROPILENO, TAMANHO: C/ AJUSTE MANUAL DE TEMPERATURA, TIPO: GRILL C/ GRELHA REMOVÍVEL E ANTIADERENTE","UN",1.0,457.34,457.34,0.0,"2026-08-14"]
["UNIVERSIDADE FEDERAL DE GOIAS-UF/GO",153052.0,3022.0,"Material","153052-24/2026","MATERIAIS DE COPA E COZINHA","Catálogo do Compras.gov.br","Material",9390.0,"PRODUTOS DIVERSOS NÃO METÁLICOS",4175.0,"CAIXA TÉRMICA",461680.0,"APLICAÇÃO: TRANSPORTE DE HEMOCOMPONENTES, CAPACIDADE: 30, CARACTERÍSTICAS ADICIONAIS: ALÇA,TAMPA, RODÍZIOS, TERMÔMETRO DIGITAL, SEPARADO, MATERIAL: PLÁSTICO REVESTIDO EM POLIESTIRENO","UN",5.0,100.0,500.0,0.0,"2026-08-14"]
["UNIVERSIDADE FEDERAL DE GOIAS-UF/GO",153052.0,3023.0,"Material","153052-24/2026","MATERIAIS DE COPA E COZINHA","Catálogo do Compras.gov.br","Material",8115.0,"CAIXAS, CAIXOTES E ENGRADADOS",4149.0,"CAIXA PLÁSTICA",410282.0,"ALTURA: 13, CAPACIDADE: 25, CARACTERÍSTICAS ADICIONAIS: COM ALÇAS EMBUTIDAS E TAMPA HERMETICAMENTE FECHADA, COMPRIMENTO: 60, COR: BRANCA, LARGURA: 40, MATERIAL: POLIETILENO","UN",10.0,100.0,1000.0,0.0,"2026-08-14"]
["UNIVERSIDADE FEDERAL DE GOIAS-UF/GO",153052.0,3024.0,"Material","153052-24/2026","MATERIAIS DE COPA E COZINHA","Catálogo do Compras.gov.br","Material",8115.0,"CAIXAS, CAIXOTES E ENGRADADOS",4149.0,"CAIXA PLÁSTICA",383257.0,"ALTURA: 31, CAPACIDADE: 50, CARACTERÍSTICAS ADICIONAIS: VAZADA/MONOBLOCO/SEM TAMPA, COMPRIMENTO: 55, COR: PRETA, LARGURA: 35,50, MATERIAL: POLIPROPILENO, TIPO: EMPILHÁVEL","UN",20.0,50.0,1000.0,0.0,"2026-08-14"]
["UNIVERSIDADE FEDERAL DE GOIAS-UF/GO",153052.0,3025.0,"Material","153052-24/2026","MATERIAIS DE COPA E COZINHA","Catálogo do Compras.gov.br","Material",8115.0,"CAIXAS, CAIXOTES E ENGRADADOS",4149.0,"CAIXA PLÁSTICA",438009.0,"ALTURA: 196, CAPACIDADE: 20, COMPRIMENTO: 487, COR: BRANCA, LARGURA: 331, MATERIAL: PLÁSTICO, TIPO: ORGANIZADOR COM TAMPA","UN",20.0,40.0,800.0,0.0,"2026-08-14"]
["UNIVERSIDADE FEDERAL DE GOIAS-UF/GO",153052.0,3614.0,"Material","153052-143/2026","DLOG - AQUISIÇÃO PLAQUETAS IDENTIFICAÇÃO PATRIMONIAL","Catálogo do Compras.gov.br","Material",9905.0,"CARTAZES, MOSTRUÁRIOS E PLACAS DE IDENTIFICAÇÃO",{"$nulls":4},"-",0.0,0.0,240000.0,0.0,"2026-06-02"]
["UNIVERSIDADE FEDERAL DE GOIAS-UF/GO",153052.0,3043.0,"Material","153052-24/2026","MATERIAIS DE COPA E COZINHA","Catálogo do Compras.gov.br","Material",7330.0,"UTENSÍLIOS E FERRAMENTAS MANUAIS DE COZINHA",5282.0,"COADOR CAFÉ",613576.0,"APLICAÇÃO: CAFETEIRA, CARACTERÍSTICAS ADICIONAIS: PERMANENTE, MATERIAL: AÇO INOXIDÁVEL","UN",2.0,41.0,82.0,0.0,"2026-08-14"]
["UNIVERSIDADE FEDERAL DE GOIAS-UF/GO",153052.0,3044.0,"Material","153052-24/2026","MATERIAIS DE COPA E COZINHA","Catálogo do Compras.gov.br","Material",7330.0,"UTENSÍLIOS E FERRAMENTAS MANUAIS DE COZINHA",15550.0,"ESCORREDOR LOUÇA",396188.0,"CAPACIDADE: 36 COPOS, MATERIAL: AÇO INOXIDÁVEL","UN",2.0,72.63,145.26,0.0,"2026-08-14"]
["UNIVERSIDADE FEDERAL DE GOIAS-UF/GO",153052.0,3045.0,"Material","153052-24/2026","MATERIAIS DE COPA E COZINHA","Catálogo do Compras.gov.br","Material",7340.0,"CUTELARIA E TALHERES",7276.0,"FACA",631610.0,"APLICAÇÃO: COZINHA ESCOLAR, COMPRIMENTO LÂMINA: 4, ESPESSURA: 2,5, MATERIAL CABO: POLIPROPILENO, MATERIAL LÂMINA: AÇO INOXIDÁVEL, TAMANHO: 21, TIPO: CORTE DE LEGUMES","UN",9.0,18.0,162.0,0.0,"2026-08-14"]
["UNIVERSIDADE FEDERAL DE GOIAS-UF/GO",153052.0,3046.0,"Material","153052-24/2026","MATERIAIS DE COPA E COZINHA","Catálogo do Compras.gov.br","Material",7340.0,"CUTELARIA E TALHERES",7276.0,"FACA",299056.0,"APLICAÇÃO: CORTAR PÃO, COMPRIMENTO CABO: 10, COMPRIMENTO LÂMINA: 17, LARGURA LÂMINA: 2,5, MATERIAL CABO: POLIPROPILENO, MATERIAL LÂMINA: AÇO INOXIDÁVEL","UN",3.0,40.0,120.0,0.0,"2026-08-14"]
["UNIVERSIDADE FEDERAL DE GOIAS-UF/GO",153052.0,3047.0,"Material","153052-24/2026","MATERIAIS DE COPA E COZINHA","Catálogo do Compras.gov.br","Material",7340.0,"CUTELARIA E TALHERES",7276.0,"FACA",397160.0,"COMPRIMENTO LÂMINA: 5, MATERIAL CABO: POLIPROPILENO INJETADO, MATERIAL LÂMINA: AÇO INOXIDÁVEL","UN",9.0,23.0,207.0,0.0,"2026-08-14"]
["UNIVERSIDADE FEDERAL DE GOIAS-UF/GO",153052.0,3048.0,"Material","153052-24/2026","MATERIAIS DE COPA E COZINHA","Catálogo do Compras.gov.br","Material",7340.0,"CUTELARIA E TALHERES",7276.0,"FACA",242549.0,"COMPRIMENTO CABO: 14, COMPRIMENTO LÂMINA: 20, LARGURA LÂMINA: 4,5, MATERIAL CABO: POLIPROPILENO, MATERIAL LÂMINA: AÇO INOXIDÁVEL","UN",9.0,34.0,306.0,0.0,"2026-08-14"]
["UNIVERSIDADE FEDERAL DE GOIAS-UF/GO",153052.0,3049.0,"Material","153052-24/2026","MATERIAIS DE COPA E COZINHA","Catálogo do Compras.gov.br","Material",7340.0,"CUTELARIA E TALHERES",10595.0,"PEGADOR ALIMENTO",455553.0,"CARACTERÍSTICAS ADICIONAIS: COM 5 CM DE LARGURA, COMPRIMENTO: 21, MATERIAL: AÇO INOXIDÁVEL","UN",5.0,18.0,90.0,0.0,"2026-08-14"]
["UNIVERSIDADE FEDERAL DE GOIAS-UF/GO",153052.0,3050.0,"Material","153052-24/2026","MATERIAIS DE COPA E COZINHA","Catálogo do Compras.gov.br","Material",7340.0,"CUTELARIA E TALHERES",17712.0,"CUTELO",331212.0,"CARACTERÍSTICAS ADICIONAIS: CABO ATÓXICO, COM AÇÃO ANTIMICROBIANA, COMPRIMENTO LÂMINA: 6, MATERIAL CABO: POLIPROPILENO, MATERIAL LÂMINA: AÇO INOXIDÁVEL","UN",2.0,42.0,84.0,0.0,"2026-08-14"]
["UNIVERSIDADE FEDERAL DE GOIAS-UF/GO",153052.0,3051.0,"Material","153052-24/2026","MATERIAIS DE COPA E COZINHA","Catálogo do Compras.gov.br","Material",7350.0,"LOUÇA E ARTIGOS DE MESA",12722.0,"TIGELA",619729.0,"CAPACIDADE: 550, CARACTERÍSTICAS ADICIONAIS: REDONDA AZUL, DIÂMETRO: 8 X 14, MATERIAL: POLIPROPILENO, USO: MERENDA ESCOLAR","UN",100.0,4.5,450.0,0.0,"2026-08-14"]
["UNIVERSIDADE FEDERAL DE GOIAS-UF/GO",153052.0,3052.0,"Material","153052-24/2026","MATERIAIS DE COPA E COZINHA","Catálogo do Compras.gov.br","Material",7350.0,"LOUÇA E ARTIGOS DE MESA",18599.0,"FORMA PAPEL",450208.0,"APLICAÇÃO: ACONDICIONAMENTO DE DOCE, COR: BRANCA, TAMANHO: Nº 2, TIPO PAPEL: CORRUGADO","PCT",20.0,4.0,80.0,0.0,"2026-08-14"]
["UNIVERSIDADE FEDERAL DE GOIAS-UF/GO",153052.0,3053.0,"Material","153052-24/2026","MATERIAIS DE COPA E COZINHA","Catálogo do Compras.gov.br","Material",7360.0,"JOGOS, CONJUNTOS  E  EQUIPAMENTOS PARA PREPARAR E SERVIR ALIMENTOS",1133.0,"BANDEJA",363697.0,"ALTURA: 9,80, COMPRIMENTO: 60,80, COR: BRANCA, LARGURA: 40,70, MATERIAL: POLIETILENO ALTA DENSIDADE","UN",5.0,70.0,350.0,0.0,"2026-08-14"]
["UNIVERSIDADE FEDERAL DE GOIAS-UF/GO",153052.0,3040.0,"Material","153052-24/2026","MATERIAIS DE COPA E COZINHA","Catálogo do Compras.gov.br","Material",7330.0,"UTENSÍLIOS E FERRAMENTAS MANUAIS DE COZINHA",3193.0,"BACIA",236285.0,"DIÂMETRO: 40, MATERIAL: ALUMÍNIO","UN",10.0,50.76,507.6,0.0,"2026-08-14"]
["UNIVERSIDADE FEDERAL DE GOIAS-UF/GO",153052.0,3041.0,"Material","153052-24/2026","MATERIAIS DE COPA E COZINHA","Catálogo do Compras.gov.br","Material",7360.0,"JOGOS, CONJUNTOS  E  EQUIPAMENTOS PARA PREPARAR E SERVIR ALIMENTOS",1133.0,"BANDEJA",292812.0,"COMPRIMENTO: 45, LARGURA: 30, MATERIAL: AÇO INOXIDÁVEL, FORMATO: RETANGULAR","UN",31.0,69.46,2153.26,0.0,"2026-08-14"]
["UNIVERSIDADE FEDERAL DE GOIAS-UF/GO",153052.0,3042.0,"Material","153052-24/2026","MATERIAIS DE COPA E COZINHA","Catálogo do Compras.gov.br","Material",7340.0,"CUTELARIA E TALHERES",1132.0,"CONCHA",454990.0,"CAPACIDADE: 500, CARACTERÍSTICAS ADICIONAIS: TIPO PEGADOR DE CEREAIS EM EMPÓRIOS, MATERIAL CABO: AÇO INOXIDÁVEL, MATERIAL CORPO: AÇO INOXIDÁVEL","UN",10.0,178.65,1786.5,0.0,"2026-08-14"]
["UNIVERSIDADE FEDERAL DE GOIAS-UF/GO",153052.0,3054.0,"Material","153052-24/2026","MATERIAIS DE COPA E COZINHA","Catálogo do Compras.gov.br","Material",7330.0,"UTENSÍLIOS E FERRAMENTAS MANUAIS DE COZINHA",1075.0,"PANELA PRESSÃO",421716.0,"CAPACIDADE: 7, CARACTERÍSTICAS ADICIONAIS: TAMPA COM SISTEMA DE FECHAMENTO EXTERNO, MATERIAL: ALUMÍNIO POLIDO, SISTEMA SEGURANÇA: VÁLVULA SEGURANÇA","UN",1.0,130.0,130.0,0.0,"2026-08-14"]
["UNIVERSIDADE FEDERAL DE GOIAS-UF/GO",153052.0,3055.0,"Material","153052-24/2026","MATERIAIS DE COPA E COZINHA","Catálogo do Compras.gov.br","Material",7330.0,"UTENSÍLIOS E FERRAMENTAS MANUAIS DE COZINHA",3193.0,"BACIA",292588.0,"CAPACIDADE: 20, MATERIAL: PLÁSTICO","UN",4.0,18.0,72.0,0.0,"2026-08-14"]
["UNIVERSIDADE FEDERAL DE GOIAS-UF/GO",153052.0,3056.0,"Material","153052-24/2026","MATERIAIS DE COPA E COZINHA","Catálogo do Compras.gov.br","Material",7330.0,"UTENSÍLIOS E FERRAMENTAS MANUAIS DE COZINHA",11826.0,"ROLO MASSA",320821.0,"MATERIAL: POLIPROPILENO, TAMANHO: 40","UN",1.0,64.0,64.0,0.0,"2026-08-14"]
["UNIVERSIDADE FEDERAL DE GOIAS-UF/GO",153052.0,3057.0,"Material","153052-24/2026","MATERIAIS DE COPA E COZINHA","Catálogo do Compras.gov.br","Material",7330.0,"UTENSÍLIOS E FERRAMENTAS MANUAIS DE COZINHA",7843.0,"FRIGIDEIRA",313574.0,"CARACTERÍSTICAS ADICIONAIS: C/ TAMPA E REVESTIMENTO INTERNO E EXTERNO, DIÂMETRO: 28, MATERIAL: ALUMÍNIO, MATERIAL CABO: BAQUELITE ANTITÉRMICO, REVESTIMENTO: TEFLON","UN",2.0,70.0,140.0,0.0,"2026-08-14"]
["UNIVERSIDADE FEDERAL DE GOIAS-UF/GO",153052.0,3058.0,"Material","153052-24/2026","MATERIAIS DE COPA E COZINHA","Catálogo do Compras.gov.br","Material",7330.0,"UTENSÍLIOS E FERRAMENTAS MANUAIS DE COZINHA",10334.0,"PANELA",455536.0,"CAPACIDADE: 1,4, CARACTERÍSTICAS ADICIONAIS: TAMPA E CABO EM AÇO INOXIDÁVEL, MATERIAL: AÇO INOXIDÁVEL","UN",1.0,150.0,150.0,0.0,"2026-08-14"]
["UNIVERSIDADE FEDERAL DE GOIAS-UF/GO",153052.0,3059.0,"Material","153052-24/2026","MATERIAIS DE COPA E COZINHA","Catálogo do Compras.gov.br","Material",7330.0,"UTENSÍLIOS E FERRAMENTAS MANUAIS DE COZINHA",1075.0,"PANELA PRESSÃO",421715.0,"CAPACIDADE: 10, CARACTERÍSTICAS ADICIONAIS: TAMPA COM SISTEMA DE FECHAMENTO EXTERNO, MATERIAL: ALUMÍNIO POLIDO","UN",1.0,160.0,160.0,0.0,"2026-08-14"]
["UNIVERSIDADE FEDERAL DE GOIAS-UF/GO",153052.0,3060.0,"Material","153052-24/2026","MATERIAIS DE COPA E COZINHA","Catálogo do Compras.gov.br","Material",7330.0,"UTENSÍLIOS E FERRAMENTAS MANUAIS DE COZINHA",15550.0,"ESCORREDOR LOUÇA",396189.0,"CAPACIDADE: 36 PRATOS, CARACTERÍSTICAS ADICIONAIS: RETANGULAR/TIPO INDUSTRIAL, MATERIAL: AÇO INOXIDÁVEL","UN",1.0,250.0,250.0,0.0,"2026-08-14"]
["UNIVERSIDADE FEDERAL DE GOIAS-UF/GO",153052.0,3061.0,"Material","153052-24/2026","MATERIAIS DE COPA E COZINHA","Catálogo do Compras.gov.br","Material",7330.0,"UTENSÍLIOS E FERRAMENTAS MANUAIS DE COZINHA",1057.0,"ASSADEIRA COZINHA COMERCIAL",295918.0,"ALTURA: 8, CARACTERÍSTICAS ADICIONAIS: COM ALÇAS MESMO MATERIAL, COMPRIMENTO: 60, FORMATO: RETANGULAR, LARGURA: 40, MATERIAL: ALUMÍNIO REFORÇADO","UN",6.0,120.0,720.0,0.0,"2026-08-14"]
["UNIVERSIDADE FEDERAL DE GOIAS-UF/GO",153052.0,3062.0,"Material","153052-24/2026","MATERIAIS DE COPA E COZINHA","Catálogo do Compras.gov.br","Material",7330.0,"UTENSÍLIOS E FERRAMENTAS MANUAIS DE COZINHA",16080.0,"CORTADOR",339435.0,"APLICAÇÃO: LEGUMES, CARACTERÍSTICAS ADICIONAIS: FACAS AÇO INOX, PÉS E COLUNA TUBO AÇO 5/8\", MATERIAL: ALUMÍNIO FUNDIDO, TIPO: MANUAL","UN",1.0,50.0,50.0,0.0,"2026-08-14"]
["UNIVERSIDADE FEDERAL DE GOIAS-UF/GO",153052.0,3063.0,"Material","153052-24/2026","MATERIAIS DE COPA E COZINHA","Catálogo do Compras.gov.br","Material",7340.0,"CUTELARIA E TALHERES",5362.0,"COLHER",254936.0,"CARACTERÍSTICAS ADICIONAIS: LISA E POLIDA COM 1,50 MM DE ESPESSURA, COMPRIMENTO: 18, MATERIAL CABO: AÇO INOXIDÁVEL, MATERIAL CORPO: AÇO INOXIDÁVEL, TIPO: SOBREMESA","DZ",70.0,15.0,1050.0,0.0,"2026-08-14"]
["UNIVERSIDADE FEDERAL DE GOIAS-UF/GO",153052.0,3064.0,"Material","153052-24/2026","MATERIAIS DE COPA E COZINHA","Catálogo do Compras.gov.br","Material",9390.0,"PRODUTOS DIVERSOS NÃO METÁLICOS",10829.0,"PLACA CORTE",334889.0,"COMPRIMENTO: 50, COR: AMARELA, ESPESSURA: 1,50, LARGURA: 30, MATERIAL: POLIETILENO","UN",4.0,76.0,304.0,0.0,"2026-08-14"]
["UNIVERSIDADE FEDERAL DE GOIAS-UF/GO",153052.0,3065.0,"Material","153052-24/2026","MATERIAIS DE COPA E COZINHA","Catálogo do Compras.gov.br","Material",9390.0,"PRODUTOS DIVERSOS NÃO METÁLICOS",10829.0,"PLACA CORTE",334639.0,"COMPRIMENTO: 50, COR: VERMELHA, ESPESSURA: 1,50, LARGURA: 30, MATERIAL: POLIETILENO","UN",4.0,76.0,304.0,0.0,"2026-08-14"]
["UNIVERSIDADE FEDERAL DE GOIAS-UF/GO",153052.0,3066.0,"Material","153052-24/2026","MATERIAIS DE COPA E COZINHA","Catálogo do Compras.gov.br","Material",9390.0,"PRODUTOS DIVERSOS NÃO METÁLICOS",10829.0,"PLACA CORTE",334559.0,"COMPRIMENTO: 50, COR: VERDE, ESPESSURA: 1,50, LARGURA: 30, MATERIAL: POLIETILENO","UN",4.0,76.0,304.0,0.0,"2026-08-14"]
["UNIVERSIDADE FEDERAL DE GOIAS-UF/GO",153052.0,3067.0,"Material","153052-24/2026","MATERIAIS DE COPA E COZINHA","Catálogo do Compras.gov.br","Material",9390.0,"PRODUTOS DIVERSOS NÃO METÁLICOS",10829.0,"PLACA CORTE",334561.0,"COMPRIMENTO: 50, COR: BRANCA, ESPESSURA: 1,50, LARGURA: 30, MATERIAL: POLIETILENO","UN",4.0,76.0,304.0,0.0,"2026-08-14"]
["UNIVERSIDADE FEDERAL DE GOIAS-UF/GO",153052.0,3068.0,"Material","153052-24/2026","MATERIAIS DE COPA E COZINHA","Catálogo do Compras.gov.br","Material",9390.0,"PRODUTOS DIVERSOS NÃO METÁLICOS",4175.0,"CAIXA TÉRMICA",352594.0,"CAPACIDADE: 50, CARACTERÍSTICAS ADICIONAIS: DUPLA CAMADA PVC, RODAS, ALÇA, RODILHAS, TORNEIRA, MATERIAL: TERMOPLÁSTICO","UN",1.0,300.0,300.0,0.0,"2026-08-14"]
["UNIVERSIDADE FEDERAL DE GOIAS-UF/GO",153052.0,3069.0,"Serviço","153052-150/2026","PRAE - ANUIDADE FGDU","Catálogo do Compras.gov.br","Serviço",612.0,"SERVIÇOS DO COMÉRCIO POR ATACADO PRESTADO POR COMISSÃO OU   POR CONTRATO",null,null,4243.0,"ASSINATURA DE JORNAIS, REVISTAS E PERIÓDICOS","-",3.0,850.0,2550.0,0.0,"2026-01-02"]
["UNIVERSIDADE FEDERAL DE GOIAS-UF/GO",153052.0,3130.0,"Material","153052-25/2026","DLOG E OUTROS - MATERIAIS DE EXPEDIENTE, PAPELARIA, ARTESANATO E EMBALAGEM","Catálogo do Compras.gov.br","Material",6675.0,"INSTRUMENTOS DE DESENHO, TOPOGRAFIA E CARTOGRAFIA",16103.0,"RÉGUA DE ESCALA",363739.0,"APLICAÇÃO: CALIBRAÇÃO, CARACTERÍSTICAS ADICIONAIS: GRADUADA, CERTIFICADO PELA RBC, COMPRIMENTO NOMINAL: 30, MATERIAL: AÇO INOX ESCOVADO","UN",2.0,22.63,45.26,0.0,"2026-06-19"]
["UNIVERSIDADE FEDERAL DE GOIAS-UF/GO",153052.0,3131.0,"Material","153052-25/2026","DLOG E OUTROS - MATERIAIS DE EXPEDIENTE, PAPELARIA, ARTESANATO E EMBALAGEM","Catálogo do Compras.gov.br","Material",7510.0,"ARTIGOS PARA ESCRITÓRIO",24.0,"RÉGUA ESCRITÓRIO",368501.0,"COMPRIMENTO: 60, GRADUAÇÃO: CENTÍMETRO/POLEGADA, MATERIAL: AÇO, TIPO MATERIAL: RÍGIDO","UN",5.0,32.71,163.55,0.0,"2026-06-19"]
["UNIVERSIDADE FEDERAL DE GOIAS-UF/GO",153052.0,3132.0,"Material","153052-25/2026","DLOG E OUTROS - MATERIAIS DE EXPEDIENTE, PAPELARIA, ARTESANATO E EMBALAGEM","Catálogo do Compras.gov.br","Material",7510.0,"ARTIGOS PARA ESCRITÓRIO",18071.0,"FITA ADESIVA",444949.0,"APLICAÇÃO: SINALIZAÇÃO DE ADVERTÊNCIA, CARACTERÍSTICAS ADICIONAIS: FORMATO CORES EM DIAGONAL, COMPRIMENTO: 50, COR: PRETA E AMARELA, ESPESSURA: 0,15, LARGURA: 100, MATERIAL: PLÁSTICO, TIPO: ZEBRADA","UN",5.0,10.67,53.35,0.0,"2026-06-19"]
["UNIVERSIDADE FEDERAL DE GOIAS-UF/GO",153052.0,3133.0,"Material","153052-25/2026","DLOG E OUTROS - MATERIAIS DE EXPEDIENTE, PAPELARIA, ARTESANATO E EMBALAGEM","Catálogo do Compras.gov.br","Material",7510.0,"ARTIGOS PARA ESCRITÓRIO",11569.0,"RÉGUA COMUM",345747.0,"COMPRIMENTO: 30, GRADUAÇÃO: CENTÍMETRO/MILÍMETRO, MATERIAL: AÇO, TIPO MATERIAL: RÍGIDO","UN",8.0,17.0,136.0,0.0,"2026-06-19"]
["UNIVERSIDADE FEDERAL DE GOIAS-UF/GO",153052.0,3134.0,"Material","153052-25/2026","DLOG E OUTROS - MATERIAIS DE EXPEDIENTE, PAPELARIA, ARTESANATO E EMBALAGEM","Catálogo do Compras.gov.br","Material",7510.0,"ARTIGOS PARA ESCRITÓRIO",120.0,"GIZ CERA",239353.0,"COR: VARIADAS, ESPESSURA: FINA, MATERIAL: CERA PLÁSTICA COM CORANTE ATÓXICO, TAMANHO: PEQUENO","CX",10.0,8.25,82.5,0.0,"2026-06-19"]
["UNIVERSIDADE FEDERAL DE GOIAS-UF/GO",153052.0,3135.0,"Material","153052-25/2026","DLOG E OUTROS - MATERIAIS DE EXPEDIENTE, PAPELARIA, ARTESANATO E EMBALAGEM","Catálogo do Compras.gov.br","Material",9450.0,"RESÍDUOS NAO METÁLICOS, EXCETO OS TÊXTEIS",10893.0,"PLÁSTICO",292881.0,"APLICAÇÃO: CAPA DE LIVRO E PRANCHETA DE DESENHO, COMPRIMENTO: 50, COR: BRANCA, LARGURA: 138, TIPO USO: REVESTIMENTO, TIPO MATERIAL: MANTA PLÁSTICA","UN",4.0,200.0,800.0,0.0,"2026-06-19"]
["UNIVERSIDADE FEDERAL DE GOIAS-UF/GO",153052.0,3091.0,"Material","153052-25/2026","DLOG E OUTROS - MATERIAIS DE EXPEDIENTE, PAPELARIA, ARTESANATO E EMBALAGEM","Catálogo do Compras.gov.br","Material",8040.0,"ADESIVOS",13894.0,"COLA",439982.0,"APLICAÇÃO: PISTOLA QUENTE, CARACTERÍSTICAS ADICIONAIS: COM 8 MM DE DIÂMETRO E 100 MM DE COMPRIMENTO, COMPOSIÇÃO: SILICONE, COR: INCOLOR, TIPO: BASTÃO","UN",100.0,1.0,100.0,0.0,"2026-06-19"]
["UNIVERSIDADE FEDERAL DE GOIAS-UF/GO",153052.0,3092.0,"Material","153052-25/2026","DLOG E OUTROS - MATERIAIS DE EXPEDIENTE, PAPELARIA, ARTESANATO E EMBALAGEM","Catálogo do Compras.gov.br","Material",8040.0,"ADESIVOS",10792.0,"PISTOLA APLICADORA",614153.0,"APLICAÇÃO: REVESTIMENTO EMBALAGENS, POTÊNCIA: 147, TEMPERATURA TRABALHO: 205, TIPO: PISTOLA COLA QUENTE, VAZÃO: 10","UN",3.0,50.0,150.0,0.0,"2026-06-19"]
["UNIVERSIDADE FEDERAL DE GOIAS-UF/GO",153052.0,3093.0,"Material","153052-25/2026","DLOG E OUTROS - MATERIAIS DE EXPEDIENTE, PAPELARIA, ARTESANATO E EMBALAGEM","Catálogo do Compras.gov.br","Material",3610.0,"EQUIPAMENTO PARA IMPRESSÃO, DUPLICAÇÃO E ENCADERNAÇÃO",15447.0,"FILME PLASTIFICAÇÃO DOCUMENTO",342930.0,"CARACTERÍSTICAS ADICIONAIS: COM SOLDA, COMPRIMENTO: 307, COR: PRETA, ESPESSURA: 0,05, LARGURA: 220, MATERIAL: POLASEAL","PCT",5.0,70.0,350.0,0.0,"2026-06-19"]
["UNIVERSIDADE FEDERAL DE GOIAS-UF/GO",153052.0,3139.0,"Material","153052-25/2026","DLOG E OUTROS - MATERIAIS DE EXPEDIENTE, PAPELARIA, ARTESANATO E EMBALAGEM","Catálogo do Compras.gov.br","Material",7510.0,"ARTIGOS PARA ESCRITÓRIO",20.0,"PASTA ARQUIVO",340901.0,"ALTURA: 330, CARACTERÍSTICAS ADICIONAIS 2: ESPESSURA DE 0,18 MM, COR: INCOLOR, LARGURA: 220, MATERIAL: POLIPROPILENO, TIPO:  L","UN",3000.0,0.6095,1828.5,0.0,"2026-06-19"]
["UNIVERSIDADE FEDERAL DE GOIAS-UF/GO",153052.0,3140.0,"Material","153052-25/2026","DLOG E OUTROS - MATERIAIS DE EXPEDIENTE, PAPELARIA, ARTESANATO E EMBALAGEM","Catálogo do Compras.gov.br","Material",7510.0,"ARTIGOS PARA ESCRITÓRIO",153.0,"REFIL TINTA",332399.0,"APLICAÇÃO: PINCEL ATÔMICO, CAPACIDADE: 37, CARACTERÍSTICAS ADICIONAIS: MARCA E PROCEDÊNCIA NA EMBALAGEM, COR: PRETA, MATERIAL: TINTA","FR",100.0,4.3355,433.55,0.0,"2026-06-19"]
["UNIVERSIDADE FEDERAL DE GOIAS-UF/GO",153052.0,3141.0,"Material","153052-25/2026","DLOG E OUTROS - MATERIAIS DE EXPEDIENTE, PAPELARIA, ARTESANATO E EMBALAGEM","Catálogo do Compras.gov.br","Material",9310.0,"PAPÉIS E PAPELÕES",10364.0,"PAPEL CREPOM",417233.0,"COMPRIMENTO: 2, COR: VARIADA, GRAMATURA: 18, LARGURA: 48, MATERIAL: CELULOSE VEGETAL","UN",300.0,3.45,1035.0,0.0,"2026-06-19"]
["UNIVERSIDADE FEDERAL DE GOIAS-UF/GO",153052.0,3142.0,"Material","153052-25/2026","DLOG E OUTROS - MATERIAIS DE EXPEDIENTE, PAPELARIA, ARTESANATO E EMBALAGEM","Catálogo do Compras.gov.br","Material",7510.0,"ARTIGOS PARA ESCRITÓRIO",153.0,"REFIL TINTA",289592.0,"APLICAÇÃO: PINCEL ATÔMICO, CAPACIDADE: 37, CARACTERÍSTICAS ADICIONAIS: MARCA E PROCEDÊNCIA NA EMBALAGEM, COR: AZUL, MATERIAL: TINTA","FR",100.0,4.3355,433.55,0.0,"2026-06-19"]
["UNIVERSIDADE FEDERAL DE GOIAS-UF/GO",153052.0,3143.0,"Material","153052-25/2026","DLOG E OUTROS - MATERIAIS DE EXPEDIENTE, PAPELARIA, ARTESANATO E EMBALAGEM","Catálogo do Compras.gov.br","Material",7510.0,"ARTIGOS PARA ESCRITÓRIO",18258.0,"TINTA PARA CARIMBO",291372.0,"COMPONENTES: BASE D'ÁGUA, CORANTE, SOLVENTES E ADITIVOS, COR: PRETA, CAPACIDADE FRASCO: 42","FR",50.0,3.7375,186.875,0.0,"2026-06-19"]
["UNIVERSIDADE FEDERAL DE GOIAS-UF/GO",153052.0,3144.0,"Material","153052-25/2026","DLOG E OUTROS - MATERIAIS DE EXPEDIENTE, PAPELARIA, ARTESANATO E EMBALAGEM","Catálogo do Compras.gov.br","Material",7510.0,"ARTIGOS PARA ESCRITÓRIO",12.0,"LÁPIS PRETO",280065.0,"DIÂMETRO CARGA: 2, DUREZA CARGA: 2, MATERIAL CARGA: GRAFITE, MATERIAL CORPO: MADEIRA","CX",50.0,44.85,2242.5,0.0,"2026-06-19"]
["UNIVERSIDADE FEDERAL DE GOIAS-UF/GO",153052.0,3145.0,"Material","153052-25/2026","DLOG E OUTROS - MATERIAIS DE EXPEDIENTE, PAPELARIA, ARTESANATO E EMBALAGEM","Catálogo do Compras.gov.br","Material",7510.0,"ARTIGOS PARA ESCRITÓRIO",108.0,"PINCEL ATÔMICO",294705.0,"CARACTERÍSTICAS ADICIONAIS: TINTA À BASE DE ÁLCOOL E ESPESSURA ESCRITA 4,5MM, COR TINTA: VERMELHA, MATERIAL: PLÁSTICO, TIPO CARGA: RECARREGÁVEL, TIPO PONTA: FELTRO","UN",500.0,1.4605,730.25,0.0,"2026-06-19"]
["UNIVERSIDADE FEDERAL DE GOIAS-UF/GO",153052.0,3146.0,"Material","153052-25/2026","DLOG E OUTROS - MATERIAIS DE EXPEDIENTE, PAPELARIA, ARTESANATO E EMBALAGEM","Catálogo do Compras.gov.br","Material",7520.0,"ACESSÓRIOS E DISPOSITIVOS PARA ESCRITÓRIO",1499.0,"ESTILETE",326848.0,"CARACTERÍSTICAS ADICIONAIS: LÂMINA AÇO C/ TRATAMENTO SUPERFICIAL GALVANIZADO, ESPESSURA: 18, MATERIAL CORPO: PLÁSTICO, TIPO: LARGO, TIPO FIXAÇÃO LÂMINA: ENCAIXE POR PRESSÃO","UN",1200.0,1.472,1766.4,0.0,"2026-06-19"]
["UNIVERSIDADE FEDERAL DE GOIAS-UF/GO",153052.0,3147.0,"Material","153052-25/2026","DLOG E OUTROS - MATERIAIS DE EXPEDIENTE, PAPELARIA, ARTESANATO E EMBALAGEM","Catálogo do Compras.gov.br","Material",7510.0,"ARTIGOS PARA ESCRITÓRIO",205.0,"BORRACHA APAGADORA ESCRITA",244441.0,"APLICAÇÃO: PARA LÁPIS, CARACTERÍSTICAS ADICIONAIS: CAPA PLÁSTICA PROTETORA, COMPRIMENTO: 40, COR: BRANCA, LARGURA: 20, MATERIAL: BORRACHA, TIPO: MACIA, MATERIAL CAPA: PLÁSTICO DE VINIL, COR CAPA: AZUL","UN",2000.0,0.5405,1081.0,0.0,"2026-06-19"]
["UNIVERSIDADE FEDERAL DE GOIAS-UF/GO",153052.0,3148.0,"Material","153052-25/2026","DLOG E OUTROS - MATERIAIS DE EXPEDIENTE, PAPELARIA, ARTESANATO E EMBALAGEM","Catálogo do Compras.gov.br","Material",7510.0,"ARTIGOS PARA ESCRITÓRIO",99.0,"CANETA ESFEROGRÁFICA",300830.0,"CARACTERÍSTICAS ADICIONAIS: CORPO SEXTAVADO, TRANSPARENTE E ORIFÍCIO LATERAL, COR TINTA: VERMELHA, MATERIAL: PLÁSTICO, MATERIAL PONTA: AÇO INOXIDÁVEL COM ESFERA DE TUNGSTÊNIO, QUANTIDADE CARGAS: 1, TIPO ESCRITA: FINA","UN",3000.0,0.529,1587.0,0.0,"2026-06-19"]
["UNIVERSIDADE FEDERAL DE GOIAS-UF/GO",153052.0,3149.0,"Material","153052-25/2026","DLOG E OUTROS - MATERIAIS DE EXPEDIENTE, PAPELARIA, ARTESANATO E EMBALAGEM","Catálogo do Compras.gov.br","Material",7510.0,"ARTIGOS PARA ESCRITÓRIO",20.0,"PASTA ARQUIVO",262635.0,"APLICAÇÃO: ARQUIVO, LOMBADA: ESTREITA, MATERIAL: PAPELÃO, TIPO: AZ, TAMANHO: OFÍCIO","UN",200.0,12.0405,2408.1,0.0,"2026-06-19"]
["UNIVERSIDADE FEDERAL DE GOIAS-UF/GO",153052.0,3170.0,"Material","153052-25/2026","DLOG E OUTROS - MATERIAIS DE EXPEDIENTE, PAPELARIA, ARTESANATO E EMBALAGEM","Catálogo do Compras.gov.br","Material",9330.0,"ARTIGOS DE PLÁSTICO",10891.0,"FILME PLÁSTICO",377793.0,"APLICAÇÃO: EMPACOTAMENTO, ESPESSURA: 20 MICRAS, LARGURA: 60, MATERIAL: PVC, TIPO: POLIOLEFÍNICO","RO",20.0,100.0,2000.0,0.0,"2026-06-19"]
["UNIVERSIDADE FEDERAL DE GOIAS-UF/GO",153052.0,3079.0,"Material","153052-25/2026","DLOG E OUTROS - MATERIAIS DE EXPEDIENTE, PAPELARIA, ARTESANATO E EMBALAGEM","Catálogo do Compras.gov.br","Material",8105.0,"SACOS E BOLSAS",11903.0,"SACO PLÁSTICO LIXO",230570.0,"ALTURA: 62, APLICAÇÃO: COLETA DE RESÍDUOS DE SERVIÇOS DE SAÚDE, CAPACIDADE: 30, CARACTERÍSTICAS ADICIONAIS: LEITOSO SUPER RESISTENTE, COR: BRANCA, LARGURA: 59","PCT",1.0,52.0,52.0,0.0,"2026-06-19"]
["UNIVERSIDADE FEDERAL DE GOIAS-UF/GO",153052.0,3083.0,"Material","153052-25/2026","DLOG E OUTROS - MATERIAIS DE EXPEDIENTE, PAPELARIA, ARTESANATO E EMBALAGEM","Catálogo do Compras.gov.br","Material",7510.0,"ARTIGOS PARA ESCRITÓRIO",24.0,"RÉGUA ESCRITÓRIO",468297.0,"COMPRIMENTO: 30, GRADUAÇÃO: CENTÍMETRO/POLEGADA E MILÍMETRO/POLEGADA, MATERIAL: AÇO, TIPO MATERIAL: RÍGIDO","UN",20.0,12.0,240.0,0.0,"2026-06-19"]
["UNIVERSIDADE FEDERAL DE GOIAS-UF/GO",153052.0,3084.0,"Material","153052-25/2026","DLOG E OUTROS - MATERIAIS DE EXPEDIENTE, PAPELARIA, ARTESANATO E EMBALAGEM","Catálogo do Compras.gov.br","Material",7520.0,"ACESSÓRIOS E DISPOSITIVOS PARA ESCRITÓRIO",1499.0,"ESTILETE",606196.0,"CARACTERÍSTICAS ADICIONAIS: COM TRAVA GIRATÓRIA, COMPRIMENTO: 150, ESPESSURA: 10,5, MATERIAL CORPO: EMBORRACHADO, TIPO: PROFISSIONAL","UN",20.0,20.0,400.0,0.0,"2026-06-19"]
["UNIVERSIDADE FEDERAL DE GOIAS-UF/GO",153052.0,3085.0,"Material","153052-25/2026","DLOG E OUTROS - MATERIAIS DE EXPEDIENTE, PAPELARIA, ARTESANATO E EMBALAGEM","Catálogo do Compras.gov.br","Material",7520.0,"ACESSÓRIOS E DISPOSITIVOS PARA ESCRITÓRIO",249.0,"TESOURA",482941.0,"COMPRIMENTO: 24,50, MATERIAL: AÇO INOXIDÁVEL, MATERIAL CABO: RESINA TERMOPLÁSTICA","UN",10.0,20.0,200.0,0.0,"2026-06-19"]
["UNIVERSIDADE FEDERAL DE GOIAS-UF/GO",153052.0,3086.0,"Material","153052-25/2026","DLOG E OUTROS - MATERIAIS DE EXPEDIENTE, PAPELARIA, ARTESANATO E EMBALAGEM","Catálogo do Compras.gov.br","Material",7520.0,"ACESSÓRIOS E DISPOSITIVOS PARA ESCRITÓRIO",18065.0,"PRANCHETA PORTÁTIL",439975.0,"CARACTERÍSTICAS ADICIONAIS: COM PEGADOR METÁLICO, COMPRIMENTO: 345, COR: CRISTAL, LARGURA: 220, MATERIAL: ACRÍLICO TRANSPARENTE","UN",10.0,150.0,1500.0,0.0,"2026-06-19"]
["UNIVERSIDADE FEDERAL DE GOIAS-UF/GO",153052.0,3087.0,"Material","153052-25/2026","DLOG E OUTROS - MATERIAIS DE EXPEDIENTE, PAPELARIA, ARTESANATO E EMBALAGEM","Catálogo do Compras.gov.br","Material",7520.0,"ACESSÓRIOS E DISPOSITIVOS PARA ESCRITÓRIO",15543.0,"LÂMINA ESTILETE",462322.0,"COMPRIMENTO: 18, LARGURA: 25,4, MATERIAL: AÇO CARBONO","UN",20.0,20.0,400.0,0.0,"2026-06-19"]
["UNIVERSIDADE FEDERAL DE GOIAS-UF/GO",153052.0,3088.0,"Material","153052-25/2026","DLOG E OUTROS - MATERIAIS DE EXPEDIENTE, PAPELARIA, ARTESANATO E EMBALAGEM","Catálogo do Compras.gov.br","Material",8010.0,"TINTAS, VERNIZES E PRODUTOS CORRELATOS",185.0,"TINTA NANQUIM",228883.0,"COR: BRANCA, MATERIAL: ÁLCOOL","UN",20.0,20.0,400.0,0.0,"2026-06-19"]
["UNIVERSIDADE FEDERAL DE GOIAS-UF/GO",153052.0,3089.0,"Material","153052-25/2026","DLOG E OUTROS - MATERIAIS DE EXPEDIENTE, PAPELARIA, ARTESANATO E EMBALAGEM","Catálogo do Compras.gov.br","Material",8010.0,"TINTAS, VERNIZES E PRODUTOS CORRELATOS",185.0,"TINTA NANQUIM",200605.0,"COR: PRETA, MATERIAL: ÁLCOOL","UN",20.0,20.0,400.0,0.0,"2026-06-19"]
["UNIVERSIDADE FEDERAL DE GOIAS-UF/GO",153052.0,3090.0,"Material","153052-25/2026","DLOG E OUTROS - MATERIAIS DE EXPEDIENTE, PAPELARIA, ARTESANATO E EMBALAGEM","Catálogo do Compras.gov.br","Material",8135.0,"MATERIAIS A GRANEL PARA ACONDICIONAMENTO E EMBALAGEM",1344.0,"FILME EMBALAGEM",461686.0,"APLICAÇÃO: EMBALAGEM EM GERAL, COMPRIMENTO: 50, ESPESSURA: 100, LARGURA: 100, MATERIAL: POLIÉSTER, TIPO FILME: PELÍCULA","RO",1.0,500.0,500.0,0.0,"2026-06-19"]
["UNIVERSIDADE FEDERAL DE GOIAS-UF/GO",153052.0,3172.0,"Material","153052-25/2026","DLOG E OUTROS - MATERIAIS DE EXPEDIENTE, PAPELARIA, ARTESANATO E EMBALAGEM","Catálogo do Compras.gov.br","Material",7520.0,"ACESSÓRIOS E DISPOSITIVOS PARA ESCRITÓRIO",1499.0,"ESTILETE",485372.0,"CARACTERÍSTICAS ADICIONAIS: COM TRAVA DE SEGURANÇA, ESPESSURA: 18, MATERIAL CORPO: EMBORRACHADO, TIPO: LÂMINA RETRÁTIL","UN",10.0,13.46,134.6,0.0,"2026-06-19"]
["UNIVERSIDADE FEDERAL DE GOIAS-UF/GO",153052.0,3173.0,"Material","153052-25/2026","DLOG E OUTROS - MATERIAIS DE EXPEDIENTE, PAPELARIA, ARTESANATO E EMBALAGEM","Catálogo do Compras.gov.br","Material",7510.0,"ARTIGOS PARA ESCRITÓRIO",18071.0,"FITA ADESIVA",391988.0,"COMPRIMENTO: 50, COR: BEGE, LARGURA: 48, MATERIAL: CREPE, TIPO: MONOFACE","UN",50.0,17.5,875.0,0.0,"2026-06-19"]
["UNIVERSIDADE FEDERAL DE GOIAS-UF/GO",153052.0,3174.0,"Material","153052-25/2026","DLOG E OUTROS - MATERIAIS DE EXPEDIENTE, PAPELARIA, ARTESANATO E EMBALAGEM","Catálogo do Compras.gov.br","Material",7510.0,"ARTIGOS PARA ESCRITÓRIO",18071.0,"FITA ADESIVA",446961.0,"APLICAÇÃO: MULTIUSO, CARACTERÍSTICAS ADICIONAIS: CAPACIDADE DE FIXAÇÃO: 5KG A CADA 20CM, COMPRIMENTO: 2, LARGURA: 24, MATERIAL: ADESIVO ACRÍLICO  ALTA RESISTÊNCIA, TIPO: DUPLA FACE","UN",20.0,26.66,533.2,0.0,"2026-06-19"]
["UNIVERSIDADE FEDERAL DE GOIAS-UF/GO",153052.0,3175.0,"Material","153052-25/2026","DLOG E OUTROS - MATERIAIS DE EXPEDIENTE, PAPELARIA, ARTESANATO E EMBALAGEM","Catálogo do Compras.gov.br","Material",7510.0,"ARTIGOS PARA ESCRITÓRIO",18071.0,"FITA ADESIVA",382324.0,"APLICAÇÃO: ROTULADOR BROTHER M-231, COMPRIMENTO: 8, COR: BRANCA, LARGURA: 12, MATERIAL: PLÁSTICO, TIPO: ROTULADORA","UN",100.0,73.86,7386.0,0.0,"2026-06-19"]
["UNIVERSIDADE FEDERAL DE GOIAS-UF/GO",153052.0,3125.0,"Material","153052-25/2026","DLOG E OUTROS - MATERIAIS DE EXPEDIENTE, PAPELARIA, ARTESANATO E EMBALAGEM","Catálogo do Compras.gov.br","Material",7510.0,"ARTIGOS PARA ESCRITÓRIO",21.0,"ETIQUETA ADESIVA",388456.0,"APLICAÇÃO: IMPRESSORA LASER E JATO TINTA, COMPRIMENTO: 104,50, COR: BRANCA, LARGURA 1: 32,83, MATERIAL: PAPEL","CX",30.0,80.0,2400.0,0.0,"2026-06-19"]
["UNIVERSIDADE FEDERAL DE GOIAS-UF/GO",153052.0,3126.0,"Material","153052-25/2026","DLOG E OUTROS - MATERIAIS DE EXPEDIENTE, PAPELARIA, ARTESANATO E EMBALAGEM","Catálogo do Compras.gov.br","Material",7510.0,"ARTIGOS PARA ESCRITÓRIO",21.0,"ETIQUETA ADESIVA",358557.0,"ALTURA: 25,4, APLICAÇÃO: IMPRESSORA LASER E JATO TINTA, CARACTERÍSTICAS ADICIONAIS 1: 33 ETIQUETAS POR FOLHA, COR: BRANCA, FORMATO: RETANGULAR, MATERIAL: PAPEL, LARGURA I,: 63,5","CX",30.0,80.0,2400.0,0.0,"2026-06-19"]
["UNIVERSIDADE FEDERAL DE GOIAS-UF/GO",153052.0,3127.0,"Material","153052-25/2026","DLOG E OUTROS - MATERIAIS DE EXPEDIENTE, PAPELARIA, ARTESANATO E EMBALAGEM","Catálogo do Compras.gov.br","Material",7490.0,"MÁQUINAS DIVERSAS PARA ESCRITÓRIO",306.0,"CARIMBO DATADOR",418816.0,"CARACTERÍSTICAS ADICIONAIS: PERSONALIZADO, AUTO-ENTINTADO, FUNCIONAMENTO: SEMI AUTOMÁTICO, MATERIAL BASE: BORRACHA, NÚMERO DÍGITOS: 9, TIPO IMPRESSÃO: ALFANUMÉRICA","UN",52.0,50.0,2600.0,0.0,"2026-06-19"]
["UNIVERSIDADE FEDERAL DE GOIAS-UF/GO",153052.0,3128.0,"Material","153052-25/2026","DLOG E OUTROS - MATERIAIS DE EXPEDIENTE, PAPELARIA, ARTESANATO E EMBALAGEM","Catálogo do Compras.gov.br","Material",8040.0,"ADESIVOS",13894.0,"COLA",243393.0,"APLICAÇÃO: COLAGEM DE BLOCOS / GRÁFICA, COMPOSIÇÃO: POLÍMERO DE ACETATO DE POLIVINILA E ADITIVOS, COR: BRANCA","BD",50.0,130.0,6500.0,0.0,"2026-06-19"]
["UNIVERSIDADE FEDERAL DE GOIAS-UF/GO",153052.0,3176.0,"Material","153052-25/2026","DLOG E OUTROS - MATERIAIS DE EXPEDIENTE, PAPELARIA, ARTESANATO E EMBALAGEM","Catálogo do Compras.gov.br","Material",7510.0,"ARTIGOS PARA ESCRITÓRIO",99.0,"CANETA ESFEROGRÁFICA",300829.0,"CARACTERÍSTICAS ADICIONAIS: CORPO SEXTAVADO, TRANSPARENTE E ORIFÍCIO LATERAL, COR TINTA: PRETA, MATERIAL: PLÁSTICO, MATERIAL PONTA: AÇO INOXIDÁVEL COM ESFERA DE TUNGSTÊNIO, QUANTIDADE CARGAS: 1, TIPO ESCRITA: FINA","UN",5000.0,0.529,2645.0,0.0,"2026-06-19"]
["UNIVERSIDADE FEDERAL DE GOIAS-UF/GO",153052.0,3177.0,"Material","153052-25/2026","DLOG E OUTROS - MATERIAIS DE EXPEDIENTE, PAPELARIA, ARTESANATO E EMBALAGEM","Catálogo do Compras.gov.br","Material",7520.0,"ACESSÓRIOS E DISPOSITIVOS PARA ESCRITÓRIO",11034.0,"PORTA-CLIPE",444438.0,"ALTURA: 60, CARACTERÍSTICAS ADICIONAIS: TAMPA, IMÃ E ABERTURA CIRCULAR, COR: FUMÊ, DIÂMETRO: 50, MATERIAL: ACRÍLICO","UN",200.0,11.5,2300.0,0.0,"2026-06-19"]
["UNIVERSIDADE FEDERAL DE GOIAS-UF/GO",153052.0,3178.0,"Material","153052-25/2026","DLOG E OUTROS - MATERIAIS DE EXPEDIENTE, PAPELARIA, ARTESANATO E EMBALAGEM","Catálogo do Compras.gov.br","Material",8135.0,"MATERIAIS A GRANEL PARA ACONDICIONAMENTO E EMBALAGEM",1389.0,"PAPEL ALUMÍNIO",233708.0,"APRESENTAÇÃO: ROLO, COMPRIMENTO: 7,50, LARGURA: 45, MATERIAL: ALUMÍNIO","RO",200.0,7.8775,1575.5,0.0,"2026-06-19"]
["UNIVERSIDADE FEDERAL DE GOIAS-UF/GO",153052.0,3179.0,"Material","153052-25/2026","DLOG E OUTROS - MATERIAIS DE EXPEDIENTE, PAPELARIA, ARTESANATO E EMBALAGEM","Catálogo do Compras.gov.br","Material",7510.0,"ARTIGOS PARA ESCRITÓRIO",25.0,"PAPEL ALMAÇO",203523.0,"COMPRIMENTO: 310, GRAMATURA: 75, MATERIAL: CELULOSE VEGETAL, TIPO: SEM PAUTA E MARGEM","PCT",200.0,54.05,10810.0,0.0,"2026-06-19"]
["UNIVERSIDADE FEDERAL DE GOIAS-UF/GO",153052.0,3180.0,"Material","153052-25/2026","DLOG E OUTROS - MATERIAIS DE EXPEDIENTE, PAPELARIA, ARTESANATO E EMBALAGEM","Catálogo do Compras.gov.br","Material",9310.0,"PAPÉIS E PAPELÕES",172.0,"CARTOLINA",327605.0,"COMPRIMENTO: 660, COR: VARIADA, GRAMATURA: 150, LARGURA: 500, MATERIAL: CELULOSE VEGETAL","PCT",50.0,91.8735,4593.675,0.0,"2026-06-19"]
["UNIVERSIDADE FEDERAL DE GOIAS-UF/GO",153052.0,3181.0,"Material","153052-25/2026","DLOG E OUTROS - MATERIAIS DE EXPEDIENTE, PAPELARIA, ARTESANATO E EMBALAGEM","Catálogo do Compras.gov.br","Material",7510.0,"ARTIGOS PARA ESCRITÓRIO",18258.0,"TINTA PARA CARIMBO",291371.0,"COMPONENTES: BASE D'ÁGUA, CORANTE, SOLVENTES E ADITIVOS, COR: AZUL, CAPACIDADE FRASCO: 42","FR",100.0,3.7375,373.75,0.0,"2026-06-19"]
["UNIVERSIDADE FEDERAL DE GOIAS-UF/GO",153052.0,3182.0,"Material","153052-25/2026","DLOG E OUTROS - MATERIAIS DE EXPEDIENTE, PAPELARIA, ARTESANATO E EMBALAGEM","Catálogo do Compras.gov.br","Material",7540.0,"FORMULÁRIOS PADRONIZADOS",79.0,"PAPEL FLIP CHART",393049.0,"COR: BRANCA, DIMENSÕES: 640 X 880, GRAMATURA: 75, MATERIAL: CELULOSE VEGETAL","BL",50.0,34.5,1725.0,0.0,"2026-06-19"]
["UNIVERSIDADE FEDERAL DE GOIAS-UF/GO",153052.0,3183.0,"Material","153052-25/2026","DLOG E OUTROS - MATERIAIS DE EXPEDIENTE, PAPELARIA, ARTESANATO E EMBALAGEM","Catálogo do Compras.gov.br","Material",7510.0,"ARTIGOS PARA ESCRITÓRIO",18071.0,"FITA ADESIVA",356367.0,"APLICAÇÃO: MULTIUSO, COMPRIMENTO: 45, COR: INCOLOR, LARGURA: 45, MATERIAL: POLIPROPILENO TRANSPARENTE, TIPO: MONOFACE","UN",1200.0,2.6795,3215.4,0.0,"2026-06-19"]
["UNIVERSIDADE FEDERAL DE GOIAS-UF/GO",153052.0,3184.0,"Material","153052-25/2026","DLOG E OUTROS - MATERIAIS DE EXPEDIENTE, PAPELARIA, ARTESANATO E EMBALAGEM","Catálogo do Compras.gov.br","Material",7510.0,"ARTIGOS PARA ESCRITÓRIO",180.0,"MARCADOR HIDROGRÁFICO",200522.0,"COMPRIMENTO: 100, COR: PRETA, DIÂMETRO CORPO: 19, ESPESSURA TRAÇO: 5, MATERIAL: PLÁSTICO, MATERIAL PONTA: NÁILON","UN",3500.0,1.656,5796.0,0.0,"2026-06-19"]
["UNIVERSIDADE FEDERAL DE GOIAS-UF/GO",153052.0,3074.0,"Material","153052-25/2026","DLOG E OUTROS - MATERIAIS DE EXPEDIENTE, PAPELARIA, ARTESANATO E EMBALAGEM","Catálogo do Compras.gov.br","Material",8020.0,"PINCEL PARA ARTISTAS E PINTORES",1570.0,"PINCEL ARTE PLÁSTICA",362445.0,"FORMATO: REDONDO, MATERIAL CABO: ACRÍLICO TRANSPARENTE, MATERIAL CERDAS: PÊLO SINTÉTICO, TAMANHO: 2","UN",100.0,2.7,270.0,0.0,"2026-06-19"]
["UNIVERSIDADE FEDERAL DE GOIAS-UF/GO",153052.0,3071.0,"Material","153052-25/2026","DLOG E OUTROS - MATERIAIS DE EXPEDIENTE, PAPELARIA, ARTESANATO E EMBALAGEM","Catálogo do Compras.gov.br","Material",7510.0,"ARTIGOS PARA ESCRITÓRIO",18071.0,"FITA ADESIVA",278973.0,"APLICAÇÃO: MULTIUSO, COMPRIMENTO: 50, COR: BRANCA, LARGURA: 50, MATERIAL: CREPE, TIPO: MONOFACE","UN",600.0,15.0,9000.0,0.0,"2026-06-19"]
["UNIVERSIDADE FEDERAL DE GOIAS-UF/GO",153052.0,3072.0,"Material","153052-25/2026","DLOG E OUTROS - MATERIAIS DE EXPEDIENTE, PAPELARIA, ARTESANATO E EMBALAGEM","Catálogo do Compras.gov.br","Material",7510.0,"ARTIGOS PARA ESCRITÓRIO",18071.0,"FITA ADESIVA",278969.0,"APLICAÇÃO: MULTIUSO, COMPRIMENTO: 50, COR: BRANCA, LARGURA: 25, MATERIAL: CREPE, TIPO: MONOFACE","UN",500.0,6.5,3250.0,0.0,"2026-06-19"]
["UNIVERSIDADE FEDERAL DE GOIAS-UF/GO",153052.0,3073.0,"Material","153052-25/2026","DLOG E OUTROS - MATERIAIS DE EXPEDIENTE, PAPELARIA, ARTESANATO E EMBALAGEM","Catálogo do Compras.gov.br","Material",7510.0,"ARTIGOS PARA ESCRITÓRIO",18071.0,"FITA ADESIVA",438783.0,"APLICAÇÃO: MULTIUSO, COMPRIMENTO: 50, COR: BRANCA, LARGURA: 32, MATERIAL: CREPE, TIPO: MONOFACE","UN",400.0,9.5,3800.0,0.0,"2026-06-19"]
["UNIVERSIDADE FEDERAL DE GOIAS-UF/GO",153052.0,3075.0,"Material","153052-25/2026","DLOG E OUTROS - MATERIAIS DE EXPEDIENTE, PAPELARIA, ARTESANATO E EMBALAGEM","Catálogo do Compras.gov.br","Material",8135.0,"MATERIAIS A GRANEL PARA ACONDICIONAMENTO E EMBALAGEM",1344.0,"FILME EMBALAGEM",291049.0,"APLICAÇÃO: LABORATÓRIO, COMPRIMENTO: 125, LARGURA: 38, MATERIAL: PVC - CLORETO DE POLIVINILA, TIPO FILME: ESTICÁVEL, TRANSMITÂNCIA: TRANSPARENTE","RO",1.0,250.0,250.0,0.0,"2026-06-19"]
["UNIVERSIDADE FEDERAL DE GOIAS-UF/GO",153052.0,3076.0,"Material","153052-25/2026","DLOG E OUTROS - MATERIAIS DE EXPEDIENTE, PAPELARIA, ARTESANATO E EMBALAGEM","Catálogo do Compras.gov.br","Material",8135.0,"MATERIAIS A GRANEL PARA ACONDICIONAMENTO E EMBALAGEM",1389.0,"PAPEL ALUMÍNIO",317178.0,"APRESENTAÇÃO: ROLO, COMPRIMENTO: 50, LARGURA: 45","RO",1.0,90.0,90.0,0.0,"2026-06-19"]
["UNIVERSIDADE FEDERAL DE GOIAS-UF/GO",153052.0,3077.0,"Material","153052-25/2026","DLOG E OUTROS - MATERIAIS DE EXPEDIENTE, PAPELARIA, ARTESANATO E EMBALAGEM","Catálogo do Compras.gov.br","Material",7520.0,"ACESSÓRIOS E DISPOSITIVOS PARA ESCRITÓRIO",149.0,"FERRAGEM PASTA",201137.0,"COMPRIMENTO: 290, FORMATO: RETANGULAR, LARGURA: 30, LOMBADA: 40, MATERIAL: AÇO CARBONO","UN",6.0,60.0,360.0,0.0,"2026-06-19"]
["UNIVERSIDADE FEDERAL DE GOIAS-UF/GO",153052.0,3078.0,"Material","153052-25/2026","DLOG E OUTROS - MATERIAIS DE EXPEDIENTE, PAPELARIA, ARTESANATO E EMBALAGEM","Catálogo do Compras.gov.br","Material",7520.0,"ACESSÓRIOS E DISPOSITIVOS PARA ESCRITÓRIO",149.0,"FERRAGEM PASTA",201137.0,"COMPRIMENTO: 290, FORMATO: RETANGULAR, LARGURA: 30, LOMBADA: 40, MATERIAL: AÇO CARBONO","UN",6.0,60.0,360.0,0.0,"2026-06-19"]
["UNIVERSIDADE FEDERAL DE GOIAS-UF/GO",153052.0,3080.0,"Material","153052-25/2026","DLOG E OUTROS - MATERIAIS DE EXPEDIENTE, PAPELARIA, ARTESANATO E EMBALAGEM","Catálogo do Compras.gov.br","Material",7640.0,"MAPAS, CARTAS E GLOBOS GEOGRÁFICOS",9134.0,"MAPA",275391.0,"CARACTERÍSTICAS ADICIONAIS: COM DIVISÃO GEOPOLÍTICA DO TERRITÓRIO BRASILEIRO, COMPRIMENTO: 1,60, LARGURA: 1,30, TIPO: MAPA DO BRASIL","UN",2.0,33.0,66.0,0.0,"2026-06-19"]
["UNIVERSIDADE FEDERAL DE GOIAS-UF/GO",153052.0,3081.0,"Material","153052-25/2026","DLOG E OUTROS - MATERIAIS DE EXPEDIENTE, PAPELARIA, ARTESANATO E EMBALAGEM","Catálogo do Compras.gov.br","Material",7640.0,"MAPAS, CARTAS E GLOBOS GEOGRÁFICOS",9134.0,"MAPA",621899.0,"CARACTERÍSTICAS ADICIONAIS: RISCAVÉL COM CANETAS PARA QUADRO BRANCO E APAGUE, COMPRIMENTO: 1,20, LARGURA: 0,90, MATERIAL: PAPEL PLASTIFICADO, MATERIAL MOLDURA: MADEIRA, TIPO: MAPA-MÚNDI, TIPO MADEIRA: MDF","UN",2.0,30.0,60.0,0.0,"2026-06-19"]
["UNIVERSIDADE FEDERAL DE GOIAS-UF/GO",153052.0,3082.0,"Material","153052-25/2026","DLOG E OUTROS - MATERIAIS DE EXPEDIENTE, PAPELARIA, ARTESANATO E EMBALAGEM","Catálogo do Compras.gov.br","Material",9330.0,"ARTIGOS DE PLÁSTICO",13850.0,"PLÁSTICO ADESIVO",355339.0,"APLICAÇÃO: PLASTIFICAÇÃO DE DOCUMENTOS, CARACTERÍSTICAS ADICIONAIS: PARA PLASTIFICAÇÃO QUENTE, COR: INCOLOR, ESPESSURA: 0,05, LARGURA: 230","UN",10.0,107.0,1070.0,0.0,"2026-06-19"]
["UNIVERSIDADE FEDERAL DE GOIAS-UF/GO",153052.0,3159.0,"Material","153052-25/2026","DLOG E OUTROS - MATERIAIS DE EXPEDIENTE, PAPELARIA, ARTESANATO E EMBALAGEM","Catálogo do Compras.gov.br","Material",7520.0,"ACESSÓRIOS E DISPOSITIVOS PARA ESCRITÓRIO",18065.0,"PRANCHETA PORTÁTIL",622665.0,"COMPRIMENTO: 340, COR: VARIADA, ESPESSURA: 3, LARGURA: 450, MATERIAL: ACRÍLICO","UN",15.0,15.0,225.0,0.0,"2026-06-19"]
["UNIVERSIDADE FEDERAL DE GOIAS-UF/GO",153052.0,3094.0,"Material","153052-25/2026","DLOG E OUTROS - MATERIAIS DE EXPEDIENTE, PAPELARIA, ARTESANATO E EMBALAGEM","Catálogo do Compras.gov.br","Material",7510.0,"ARTIGOS PARA ESCRITÓRIO",153.0,"REFIL TINTA",392220.0,"APLICAÇÃO: PINCEL QUADRO BRANCO, CAPACIDADE: 5,50, COR: AZUL, MATERIAL: TINTA","UN",80.0,8.0,640.0,0.0,"2026-06-19"]
["UNIVERSIDADE FEDERAL DE GOIAS-UF/GO",153052.0,3095.0,"Material","153052-25/2026","DLOG E OUTROS - MATERIAIS DE EXPEDIENTE, PAPELARIA, ARTESANATO E EMBALAGEM","Catálogo do Compras.gov.br","Material",7510.0,"ARTIGOS PARA ESCRITÓRIO",10736.0,"PINCEL QUADRO BRANCO / MAGNÉTICO",392076.0,"CARACTERÍSTICAS ADICIONAIS: ESPESSURA ESCRITA 2,3MM, COR: PRETA, MATERIAL: PLÁSTICO, MATERIAL PONTA: ACRÍLICO, TIPO CARGA: RECARREGÁVEL","UN",36.0,20.0,720.0,0.0,"2026-06-19"]
["UNIVERSIDADE FEDERAL DE GOIAS-UF/GO",153052.0,3096.0,"Material","153052-25/2026","DLOG E OUTROS - MATERIAIS DE EXPEDIENTE, PAPELARIA, ARTESANATO E EMBALAGEM","Catálogo do Compras.gov.br","Material",7510.0,"ARTIGOS PARA ESCRITÓRIO",99.0,"CANETA ESFEROGRÁFICA",405279.0,"CARACTERÍSTICAS ADICIONAIS: ATÓXICA, CORPO CILÍNDRICO, COR TINTA: PRETA, MATERIAL: PLÁSTICO RECICLADO, MATERIAL PONTA: ESFERA DE TUNGSTÊNIO, TIPO ESCRITA: MÉDIA","CX",10.0,20.0,200.0,0.0,"2026-06-19"]
["UNIVERSIDADE FEDERAL DE GOIAS-UF/GO",153052.0,3097.0,"Material","153052-25/2026","DLOG E OUTROS - MATERIAIS DE EXPEDIENTE, PAPELARIA, ARTESANATO E EMBALAGEM","Catálogo do Compras.gov.br","Material",7510.0,"ARTIGOS PARA ESCRITÓRIO",18071.0,"FITA ADESIVA",626170.0,"APLICAÇÃO: ESTERILIZAÇÃO, CARACTERÍSTICAS ADICIONAIS: COM CAMADA IMPERMEABILIZANTE DE RESINA ACRÍLICA, COMPRIMENTO: 30, LARGURA: 19, MATERIAL: PAPEL CREPADO, TIPO: FITA ADESIVA AUTOCLAVE","UN",40.0,15.0,600.0,0.0,"2026-06-19"]
["UNIVERSIDADE FEDERAL DE GOIAS-UF/GO",153052.0,3098.0,"Material","153052-25/2026","DLOG E OUTROS - MATERIAIS DE EXPEDIENTE, PAPELARIA, ARTESANATO E EMBALAGEM","Catálogo do Compras.gov.br","Material",4020.0,"CABOS DE FIBRA, CORDOALHAS E BARBANTES",80.0,"BARBANTE ALGODÃO",435053.0,"ACABAMENTO SUPERFICIAL: CRÚ, COR: BRANCA, QUANTIDADE FIOS: 8","RO",5.0,50.0,250.0,0.0,"2026-06-19"]
["UNIVERSIDADE FEDERAL DE GOIAS-UF/GO",153052.0,3099.0,"Material","153052-25/2026","DLOG E OUTROS - MATERIAIS DE EXPEDIENTE, PAPELARIA, ARTESANATO E EMBALAGEM","Catálogo do Compras.gov.br","Material",7510.0,"ARTIGOS PARA ESCRITÓRIO",10736.0,"PINCEL QUADRO BRANCO / MAGNÉTICO",392075.0,"CARACTERÍSTICAS ADICIONAIS: ESPESSURA ESCRITA 2,3MM, COR: AZUL, MATERIAL: PLÁSTICO, MATERIAL PONTA: ACRÍLICO, TIPO CARGA: RECARREGÁVEL","UN",36.0,20.0,720.0,0.0,"2026-06-19"]
["UNIVERSIDADE FEDERAL DE GOIAS-UF/GO",153052.0,3100.0,"Material","153052-25/2026","DLOG E OUTROS - MATERIAIS DE EXPEDIENTE, PAPELARIA, ARTESANATO E EMBALAGEM","Catálogo do Compras.gov.br","Material",7510.0,"ARTIGOS PARA ESCRITÓRIO",99.0,"CANETA ESFEROGRÁFICA",407220.0,"CARACTERÍSTICAS ADICIONAIS: SEXTAVADO, TRANSPARENTE, CÁPSULA SUSTENTAÇÃO LATÃO, COR TINTA: VERMELHA, MATERIAL: PLÁSTICO, MATERIAL PONTA: LATÃO COM ESFERA DE TUNGSTÊNIO, QUANTIDADE CARGAS: 1, TIPO ESCRITA: FINA","CX",10.0,20.0,200.0,0.0,"2026-06-19"]
["UNIVERSIDADE FEDERAL DE GOIAS-UF/GO",153052.0,3101.0,"Material","153052-25/2026","DLOG E OUTROS - MATERIAIS DE EXPEDIENTE, PAPELARIA, ARTESANATO E EMBALAGEM","Catálogo do Compras.gov.br","Material",7510.0,"ARTIGOS PARA ESCRITÓRIO",18071.0,"FITA ADESIVA",481050.0,"COMPRIMENTO: 40, LARGURA: 45, MATERIAL: POLIPROPILENO","UN",40.0,15.0,600.0,0.0,"2026-06-19"]
["UNIVERSIDADE FEDERAL DE GOIAS-UF/GO",153052.0,3102.0,"Material","153052-25/2026","DLOG E OUTROS - MATERIAIS DE EXPEDIENTE, PAPELARIA, ARTESANATO E EMBALAGEM","Catálogo do Compras.gov.br","Material",7510.0,"ARTIGOS PARA ESCRITÓRIO",10736.0,"PINCEL QUADRO BRANCO / MAGNÉTICO",447945.0,"CARACTERÍSTICAS ADICIONAIS: PONTA DE 2,5MM DE DIÂMETRO/TAMPA ANTI-ASFIXIANTE, COR: VERMELHA, MATERIAL: PLÁSTICO, MATERIAL PONTA: FELTRO, TIPO CARGA: DESCARTÁVEL","CX",15.0,50.0,750.0,0.0,"2026-06-19"]
["UNIVERSIDADE FEDERAL DE GOIAS-UF/GO",153052.0,3103.0,"Material","153052-25/2026","DLOG E OUTROS - MATERIAIS DE EXPEDIENTE, PAPELARIA, ARTESANATO E EMBALAGEM","Catálogo do Compras.gov.br","Material",7510.0,"ARTIGOS PARA ESCRITÓRIO",25.0,"PAPEL ALMAÇO",609982.0,"COMPRIMENTO: 315, COR: BRANCA, LARGURA: 215, MATERIAL: CELULOSE VEGETAL, TIPO: COM PAUTA E MARGEM","PCT",15.0,60.0,900.0,0.0,"2026-06-19"]
["UNIVERSIDADE FEDERAL DE GOIAS-UF/GO",153052.0,3104.0,"Material","153052-25/2026","DLOG E OUTROS - MATERIAIS DE EXPEDIENTE, PAPELARIA, ARTESANATO E EMBALAGEM","Catálogo do Compras.gov.br","Material",7510.0,"ARTIGOS PARA ESCRITÓRIO",11.0,"CLIPE",628797.0,"APLICAÇÃO: FIXAR PAPÉIS E SIMILARES, FORMATO: TRANÇADO, MATERIAL: ARAME DE AÇO, TAMANHO: 2/0, TRATAMENTO SUPERFICIAL: GALVANIZADO","CX",3625.0,0.042,152.25,0.0,"2026-06-19"]
["UNIVERSIDADE FEDERAL DE GOIAS-UF/GO",153052.0,3105.0,"Material","153052-25/2026","DLOG E OUTROS - MATERIAIS DE EXPEDIENTE, PAPELARIA, ARTESANATO E EMBALAGEM","Catálogo do Compras.gov.br","Material",7510.0,"ARTIGOS PARA ESCRITÓRIO",10736.0,"PINCEL QUADRO BRANCO / MAGNÉTICO",447944.0,"CARACTERÍSTICAS ADICIONAIS: PONTA DE 2,5MM DE DIÂMETRO/TAMPA ANTI-ASFIXIANTE, COR: PRETA, MATERIAL: PLÁSTICO, MATERIAL PONTA: FELTRO, TIPO CARGA: DESCARTÁVEL","CX",15.0,50.0,750.0,0.0,"2026-06-19"]
["UNIVERSIDADE FEDERAL DE GOIAS-UF/GO",153052.0,3106.0,"Material","153052-25/2026","DLOG E OUTROS - MATERIAIS DE EXPEDIENTE, PAPELARIA, ARTESANATO E EMBALAGEM","Catálogo do Compras.gov.br","Material",7510.0,"ARTIGOS PARA ESCRITÓRIO",153.0,"REFIL TINTA",432575.0,"APLICAÇÃO: PINCEL QUADRO BRANCO, CAPACIDADE: 20, COR: PRETA, MATERIAL: TINTA","FR",20.0,45.0,900.0,0.0,"2026-06-19"]
["UNIVERSIDADE FEDERAL DE GOIAS-UF/GO",153052.0,3107.0,"Material","153052-25/2026","DLOG E OUTROS - MATERIAIS DE EXPEDIENTE, PAPELARIA, ARTESANATO E EMBALAGEM","Catálogo do Compras.gov.br","Material",7510.0,"ARTIGOS PARA ESCRITÓRIO",10736.0,"PINCEL QUADRO BRANCO / MAGNÉTICO",392077.0,"CARACTERÍSTICAS ADICIONAIS: ESPESSURA ESCRITA 2,3MM, COR: VERMELHA, MATERIAL: PLÁSTICO, MATERIAL PONTA: ACRÍLICO, TIPO CARGA: RECARREGÁVEL","UN",36.0,20.0,720.0,0.0,"2026-06-19"]
["UNIVERSIDADE FEDERAL DE GOIAS-UF/GO",153052.0,3108.0,"Material","153052-25/2026","DLOG E OUTROS - MATERIAIS DE EXPEDIENTE, PAPELARIA, ARTESANATO E EMBALAGEM","Catálogo do Compras.gov.br","Material",7510.0,"ARTIGOS PARA ESCRITÓRIO",99.0,"CANETA ESFEROGRÁFICA",462546.0,"COR TINTA: AZUL, MATERIAL: PLÁSTICO, MATERIAL PONTA: AÇO INOXIDÁVEL COM ESFERA DE TUNGSTÊNIO, QUANTIDADE CARGAS: 1, TIPO ESCRITA: MÉDIA","CX",10.0,20.0,200.0,0.0,"2026-06-19"]
["UNIVERSIDADE FEDERAL DE GOIAS-UF/GO",153052.0,3109.0,"Material","153052-25/2026","DLOG E OUTROS - MATERIAIS DE EXPEDIENTE, PAPELARIA, ARTESANATO E EMBALAGEM","Catálogo do Compras.gov.br","Material",7510.0,"ARTIGOS PARA ESCRITÓRIO",153.0,"REFIL TINTA",392222.0,"APLICAÇÃO: PINCEL QUADRO BRANCO, CAPACIDADE: 5,50, COR: VERMELHO, MATERIAL: TINTA","UN",80.0,8.0,640.0,0.0,"2026-06-19"]
["UNIVERSIDADE FEDERAL DE GOIAS-UF/GO",153052.0,3110.0,"Material","153052-25/2026","DLOG E OUTROS - MATERIAIS DE EXPEDIENTE, PAPELARIA, ARTESANATO E EMBALAGEM","Catálogo do Compras.gov.br","Material",7510.0,"ARTIGOS PARA ESCRITÓRIO",10736.0,"PINCEL QUADRO BRANCO / MAGNÉTICO",435077.0,"CARACTERÍSTICAS ADICIONAIS: CILÍNDRICO, COR: VERDE, MATERIAL: PLÁSTICO RECICLADO, MATERIAL PONTA: FELTRO, TIPO CARGA: DESCARTÁVEL","CX",3.0,50.0,150.0,0.0,"2026-06-19"]
["UNIVERSIDADE FEDERAL DE GOIAS-UF/GO",153052.0,3111.0,"Material","153052-25/2026","DLOG E OUTROS - MATERIAIS DE EXPEDIENTE, PAPELARIA, ARTESANATO E EMBALAGEM","Catálogo do Compras.gov.br","Material",7510.0,"ARTIGOS PARA ESCRITÓRIO",10736.0,"PINCEL QUADRO BRANCO / MAGNÉTICO",447943.0,"CARACTERÍSTICAS ADICIONAIS: PONTA DE 2,5MM DE DIÂMETRO/TAMPA ANTI-ASFIXIANTE, COR: AZUL, MATERIAL: PLÁSTICO, MATERIAL PONTA: FELTRO, TIPO CARGA: DESCARTÁVEL","CX",15.0,50.0,750.0,0.0,"2026-06-19"]
["UNIVERSIDADE FEDERAL DE GOIAS-UF/GO",153052.0,3112.0,"Material","153052-25/2026","DLOG E OUTROS - MATERIAIS DE EXPEDIENTE, PAPELARIA, ARTESANATO E EMBALAGEM","Catálogo do Compras.gov.br","Material",7510.0,"ARTIGOS PARA ESCRITÓRIO",16.0,"LÁPIS DE COR",609202.0,"CARACTERÍSTICAS ADICIONAIS: 24 CORES, COR: DIVERSAS, MATERIAL: MADEIRA","UN",5.0,30.0,150.0,0.0,"2026-06-19"]
["UNIVERSIDADE FEDERAL DE GOIAS-UF/GO",153052.0,3113.0,"Material","153052-25/2026","DLOG E OUTROS - MATERIAIS DE EXPEDIENTE, PAPELARIA, ARTESANATO E EMBALAGEM","Catálogo do Compras.gov.br","Material",7510.0,"ARTIGOS PARA ESCRITÓRIO",17.0,"MINA GRAFITE",203344.0,"COMPRIMENTO: 60, DIÂMETRO: 0,70, DUREZA: HB, MATERIAL: GRAFITA","UN",30.0,4.2,126.0,0.0,"2026-06-19"]
["UNIVERSIDADE FEDERAL DE GOIAS-UF/GO",153052.0,3114.0,"Material","153052-25/2026","DLOG E OUTROS - MATERIAIS DE EXPEDIENTE, PAPELARIA, ARTESANATO E EMBALAGEM","Catálogo do Compras.gov.br","Material",7510.0,"ARTIGOS PARA ESCRITÓRIO",18078.0,"CANETA HIDROGRÁFICA",471410.0,"CARACTERÍSTICAS ADICIONAIS: TINTA  ATÓXICA À BASE DE ÀGUA, COR CARGA: VARIADA, ESPESSURA ESCRITA: MÉDIA, MATERIAL: RESINA TERMOPLÁSTICA, MATERIAL PONTA: POLIÉSTER","CX",5.0,30.0,150.0,0.0,"2026-06-19"]
["UNIVERSIDADE FEDERAL DE GOIAS-UF/GO",153052.0,3115.0,"Material","153052-25/2026","DLOG E OUTROS - MATERIAIS DE EXPEDIENTE, PAPELARIA, ARTESANATO E EMBALAGEM","Catálogo do Compras.gov.br","Material",9310.0,"PAPÉIS E PAPELÕES",19746.0,"PAPEL PARA IMPRESSÃO FORMATADO",461889.0,"CARACTERÍSTICA ADICIONAL: ALVURA SUPERIOR, COR: BRANCO, GRAMATURA: 75, TAMANHO (C X L): 297 X 210, TIPO: SULFITE/APERGAMINHADO/OFÍCIO","FL",7.0,25.0,175.0,0.0,"2026-06-19"]
["UNIVERSIDADE FEDERAL DE GOIAS-UF/GO",153052.0,3116.0,"Material","153052-25/2026","DLOG E OUTROS - MATERIAIS DE EXPEDIENTE, PAPELARIA, ARTESANATO E EMBALAGEM","Catálogo do Compras.gov.br","Material",7520.0,"ACESSÓRIOS E DISPOSITIVOS PARA ESCRITÓRIO",279.0,"APAGADOR QUADRO BRANCO",289329.0,"COMPRIMENTO: 15, LARGURA: 6, MATERIAL BASE: FELTRO, MATERIAL CORPO: PLÁSTICO","UN",18.0,20.0,360.0,0.0,"2026-06-19"]
["UNIVERSIDADE FEDERAL DE GOIAS-UF/GO",153052.0,3117.0,"Material","153052-25/2026","DLOG E OUTROS - MATERIAIS DE EXPEDIENTE, PAPELARIA, ARTESANATO E EMBALAGEM","Catálogo do Compras.gov.br","Material",9310.0,"PAPÉIS E PAPELÕES",19746.0,"PAPEL PARA IMPRESSÃO FORMATADO",461889.0,"CARACTERÍSTICA ADICIONAL: ALVURA SUPERIOR, COR: BRANCO, GRAMATURA: 75, TAMANHO (C X L): 297 X 210, TIPO: SULFITE/APERGAMINHADO/OFÍCIO","EMB",40.0,50.0,2000.0,0.0,"2026-06-19"]
["UNIVERSIDADE FEDERAL DE GOIAS-UF/GO",153052.0,3118.0,"Material","153052-25/2026","DLOG E OUTROS - MATERIAIS DE EXPEDIENTE, PAPELARIA, ARTESANATO E EMBALAGEM","Catálogo do Compras.gov.br","Material",7540.0,"FORMULÁRIOS PADRONIZADOS",75.0,"PAPEL CARTOLINA",624250.0,"CARACTERÍSTICAS ADICIONAIS: PACOTE C/ 100 FOLHAS, COMPRIMENTO: 50, COR: VÁRIAS CORES, GRAMATURA: 140, LARGURA: 60, MATERIAL: CELULOSE VEGETAL","PCT",25.0,50.0,1250.0,0.0,"2026-06-19"]
["UNIVERSIDADE FEDERAL DE GOIAS-UF/GO",153052.0,3119.0,"Material","153052-25/2026","DLOG E OUTROS - MATERIAIS DE EXPEDIENTE, PAPELARIA, ARTESANATO E EMBALAGEM","Catálogo do Compras.gov.br","Material",7520.0,"ACESSÓRIOS E DISPOSITIVOS PARA ESCRITÓRIO",18065.0,"PRANCHETA PORTÁTIL",327226.0,"CARACTERÍSTICAS ADICIONAIS: PRENDEDOR DE PAPEL METÁLICO, SUPORTE PARA PENDURAR, COMPRIMENTO: 340, LARGURA: 235, MATERIAL: ACRÍLICO POLIDO","UN",40.0,15.0,600.0,0.0,"2026-06-19"]
["UNIVERSIDADE FEDERAL DE GOIAS-UF/GO",153052.0,3120.0,"Material","153052-25/2026","DLOG E OUTROS - MATERIAIS DE EXPEDIENTE, PAPELARIA, ARTESANATO E EMBALAGEM","Catálogo do Compras.gov.br","Material",8040.0,"ADESIVOS",13894.0,"COLA",439777.0,"CARACTERÍSTICAS ADICIONAIS: ATÓXICA, COMPOSIÇÃO: ADESIVO À BASE RESINA EPÓXI, TIPO: BI-COMPONENTE","FR",1.0,800.0,800.0,0.0,"2026-06-19"]
["UNIVERSIDADE FEDERAL DE GOIAS-UF/GO",153052.0,3121.0,"Material","153052-25/2026","DLOG E OUTROS - MATERIAIS DE EXPEDIENTE, PAPELARIA, ARTESANATO E EMBALAGEM","Catálogo do Compras.gov.br","Material",8040.0,"ADESIVOS",13894.0,"COLA",625374.0,"APRESENTAÇÃO: PACOTE CONTEM 1KG, 94 BASTOES., COMPOSIÇÃO: BASE DE RESINAS SINTETICAS E CERAS ESPECIAIS, TIPO: BASTAO DE COLA QUENTE SILICONE","POTE",1.0,90.0,90.0,0.0,"2026-06-19"]
["UNIVERSIDADE FEDERAL DE GOIAS-UF/GO",153052.0,3122.0,"Material","153052-25/2026","DLOG E OUTROS - MATERIAIS DE EXPEDIENTE, PAPELARIA, ARTESANATO E EMBALAGEM","Catálogo do Compras.gov.br","Material",8040.0,"ADESIVOS",10792.0,"PISTOLA APLICADORA",439981.0,"APLICAÇÃO: COLAGEM, CARACTERÍSTICAS ADICIONAIS: PROFISSIONAL, COMPATÍVEL BASTÃO SILICONE, POTÊNCIA: 10, TENSÃO ALIMENTAÇÃO: 110/220","UN",10.0,35.0,350.0,0.0,"2026-06-19"]
["UNIVERSIDADE FEDERAL DE GOIAS-UF/GO",153052.0,3123.0,"Material","153052-25/2026","DLOG E OUTROS - MATERIAIS DE EXPEDIENTE, PAPELARIA, ARTESANATO E EMBALAGEM","Catálogo do Compras.gov.br","Material",8105.0,"SACOS E BOLSAS",11902.0,"SACO",338295.0,"ALTURA: 70, CAPACIDADE: 50, ESPESSURA: 0,80, LARGURA: 50, MATERIAL: POLIETILENO TRANSPARENTE","KG",60.0,30.0,1800.0,0.0,"2026-06-19"]
["UNIVERSIDADE FEDERAL DE GOIAS-UF/GO",153052.0,3124.0,"Material","153052-25/2026","DLOG E OUTROS - MATERIAIS DE EXPEDIENTE, PAPELARIA, ARTESANATO E EMBALAGEM","Catálogo do Compras.gov.br","Material",8135.0,"MATERIAIS A GRANEL PARA ACONDICIONAMENTO E EMBALAGEM",1310.0,"PAPEL EMBRULHO",292993.0,"APLICAÇÃO: EMBALAGEM, APRESENTAÇÃO: BOBINA, COR: NATURAL, GRAMATURA: 80, LARGURA: 60, MODELO: LISO, PESO: 11, TIPO PAPEL: KRAFT","BOB",1.0,100.0,100.0,0.0,"2026-06-19"]
["UNIVERSIDADE FEDERAL DE GOIAS-UF/GO",153052.0,3129.0,"Material","153052-25/2026","DLOG E OUTROS - MATERIAIS DE EXPEDIENTE, PAPELARIA, ARTESANATO E EMBALAGEM","Catálogo do Compras.gov.br","Material",7510.0,"ARTIGOS PARA ESCRITÓRIO",4439.0,"CAPA ENCADERNAÇÃO",399691.0,"COR: CINZA, FORMATO: 210 X 297, MATERIAL: POLIPROPILENO","UN",20.0,1220.0,24400.0,0.0,"2026-06-19"]
["UNIVERSIDADE FEDERAL DE GOIAS-UF/GO",153052.0,3136.0,"Material","153052-25/2026","DLOG E OUTROS - MATERIAIS DE EXPEDIENTE, PAPELARIA, ARTESANATO E EMBALAGEM","Catálogo do Compras.gov.br","Material",7510.0,"ARTIGOS PARA ESCRITÓRIO",18071.0,"FITA ADESIVA",435166.0,"APLICAÇÃO: ETIQUETADORA, COMPRIMENTO: 35, ESPESSURA: 0,305, LARGURA: 1,27, MATERIAL: FOLHAS DE ALUMÍNIO, TIPO: IDENTIFICAÇÃO","UN",200.0,6.0,1200.0,0.0,"2026-06-19"]
["UNIVERSIDADE FEDERAL DE GOIAS-UF/GO",153052.0,3137.0,"Material","153052-25/2026","DLOG E OUTROS - MATERIAIS DE EXPEDIENTE, PAPELARIA, ARTESANATO E EMBALAGEM","Catálogo do Compras.gov.br","Material",7510.0,"ARTIGOS PARA ESCRITÓRIO",18071.0,"FITA ADESIVA",449828.0,"APLICAÇÃO: MULTIUSO, COMPRIMENTO: 50, COR: CINZA, LARGURA: 48, MATERIAL: POLIETILENO E TECIDO LAMINADO DE ALGODÃO, TIPO: SILVER TAPE","UN",100.0,36.0,3600.0,0.0,"2026-06-19"]
["UNIVERSIDADE FEDERAL DE GOIAS-UF/GO",153052.0,3138.0,"Material","153052-25/2026","DLOG E OUTROS - MATERIAIS DE EXPEDIENTE, PAPELARIA, ARTESANATO E EMBALAGEM","Catálogo do Compras.gov.br","Material",7510.0,"ARTIGOS PARA ESCRITÓRIO",18071.0,"FITA ADESIVA",446961.0,"APLICAÇÃO: MULTIUSO, CARACTERÍSTICAS ADICIONAIS: CAPACIDADE DE FIXAÇÃO: 5KG A CADA 20CM, COMPRIMENTO: 2, LARGURA: 24, MATERIAL: ADESIVO ACRÍLICO  ALTA RESISTÊNCIA, TIPO: DUPLA FACE","UN",20.0,46.0,920.0,0.0,"2026-06-19"]
["UNIVERSIDADE FEDERAL DE GOIAS-UF/GO",153052.0,3171.0,"Serviço","153052-149/2026","CIDARQ - SERVIÇOS DE INSTALAÇÃO DE PELÍCULA DE PROTEÇÃO","Catálogo do Compras.gov.br","Serviço",546.0,"SERVIÇOS DE INSTALAÇÃO",null,null,5584.0,"INSTALAÇÃO DE PELÍCULA DE PROTEÇÃO","-",5.0,2432.61,12163.05,0.0,"2026-08-31"]
["UNIVERSIDADE FEDERAL DE GOIAS-UF/GO",153052.0,3150.0,"Material","153052-25/2026","DLOG E OUTROS - MATERIAIS DE EXPEDIENTE, PAPELARIA, ARTESANATO E EMBALAGEM","Catálogo do Compras.gov.br","Material",7510.0,"ARTIGOS PARA ESCRITÓRIO",153.0,"REFIL TINTA",289594.0,"APLICAÇÃO: PINCEL ATÔMICO, CAPACIDADE: 37, CARACTERÍSTICAS ADICIONAIS: MARCA E PROCEDÊNCIA NA EMBALAGEM, COR: VERMELHO, MATERIAL: TINTA","FR",100.0,4.3355,433.55,0.0,"2026-06-19"]
["UNIVERSIDADE FEDERAL DE GOIAS-UF/GO",153052.0,3151.0,"Material","153052-25/2026","DLOG E OUTROS - MATERIAIS DE EXPEDIENTE, PAPELARIA, ARTESANATO E EMBALAGEM","Catálogo do Compras.gov.br","Material",7510.0,"ARTIGOS PARA ESCRITÓRIO",11569.0,"RÉGUA COMUM",229521.0,"COMPRIMENTO: 30, GRADUAÇÃO: CENTÍMETRO, MATERIAL: PLÁSTICO CRISTAL, TIPO MATERIAL: RÍGIDO","UN",400.0,0.7475,299.0,0.0,"2026-06-19"]
["UNIVERSIDADE FEDERAL DE GOIAS-UF/GO",153052.0,3152.0,"Material","153052-25/2026","DLOG E OUTROS - MATERIAIS DE EXPEDIENTE, PAPELARIA, ARTESANATO E EMBALAGEM","Catálogo do Compras.gov.br","Material",7510.0,"ARTIGOS PARA ESCRITÓRIO",20.0,"PASTA ARQUIVO",464324.0,"ALTURA: 335, CARACTERÍSTICAS ADICIONAIS 3: CONFORME MODELO DO ÓRGÃO, COR: PRETA, LARGURA: 245, LOMBADA: 20, MATERIAL: PLÁSTICO, TIPO: CATÁLOGO","UN",200.0,11.5,2300.0,0.0,"2026-06-19"]
["UNIVERSIDADE FEDERAL DE GOIAS-UF/GO",153052.0,3153.0,"Material","153052-25/2026","DLOG E OUTROS - MATERIAIS DE EXPEDIENTE, PAPELARIA, ARTESANATO E EMBALAGEM","Catálogo do Compras.gov.br","Material",7510.0,"ARTIGOS PARA ESCRITÓRIO",20.0,"PASTA ARQUIVO",287980.0,"ALTURA: 350, CARACTERÍSTICAS ADICIONAIS: PLASTIFICADO, VERTICAL, COR: PRETA, LARGURA: 280, LOMBADA: 90, MATERIAL: PAPELÃO, TIPO: CLASSIFICADORA, PRENDEDOR INTERNO: FERRAGEM ALTA, TAMANHO: OFÍCIO","UN",200.0,2.5185,503.7,0.0,"2026-06-19"]
["UNIVERSIDADE FEDERAL DE GOIAS-UF/GO",153052.0,3154.0,"Material","153052-25/2026","DLOG E OUTROS - MATERIAIS DE EXPEDIENTE, PAPELARIA, ARTESANATO E EMBALAGEM","Catálogo do Compras.gov.br","Material",7510.0,"ARTIGOS PARA ESCRITÓRIO",18071.0,"FITA ADESIVA",279000.0,"APLICAÇÃO: MULTIUSO, COMPRIMENTO: 50, COR: BEGE, LARGURA: 32, MATERIAL: CREPE, TIPO: MONOFACE","UN",800.0,8.165,6532.0,0.0,"2026-06-19"]
["UNIVERSIDADE FEDERAL DE GOIAS-UF/GO",153052.0,3155.0,"Material","153052-25/2026","DLOG E OUTROS - MATERIAIS DE EXPEDIENTE, PAPELARIA, ARTESANATO E EMBALAGEM","Catálogo do Compras.gov.br","Material",7510.0,"ARTIGOS PARA ESCRITÓRIO",31.0,"GIZ",202612.0,"COR: BRANCA, MATERIAL: SULFATO DE CÁLCIO, TIPO: BASTONETE","CX",1200.0,3.6915,4429.8,0.0,"2026-06-19"]
["UNIVERSIDADE FEDERAL DE GOIAS-UF/GO",153052.0,3156.0,"Material","153052-25/2026","DLOG E OUTROS - MATERIAIS DE EXPEDIENTE, PAPELARIA, ARTESANATO E EMBALAGEM","Catálogo do Compras.gov.br","Material",7510.0,"ARTIGOS PARA ESCRITÓRIO",108.0,"PINCEL ATÔMICO",294703.0,"CARACTERÍSTICAS ADICIONAIS: TINTA À BASE DE ÁLCOOL E ESPESSURA ESCRITA 4,5MM, COR TINTA: AZUL, MATERIAL: PLÁSTICO, TIPO CARGA: RECARREGÁVEL, TIPO PONTA: FELTRO","UN",800.0,1.4605,1168.4,0.0,"2026-06-19"]
["UNIVERSIDADE FEDERAL DE GOIAS-UF/GO",153052.0,3157.0,"Material","153052-25/2026","DLOG E OUTROS - MATERIAIS DE EXPEDIENTE, PAPELARIA, ARTESANATO E EMBALAGEM","Catálogo do Compras.gov.br","Material",7510.0,"ARTIGOS PARA ESCRITÓRIO",18075.0,"CANETA MARCA-TEXTO",332340.0,"CARACTERÍSTICAS ADICIONAIS: TRAÇO 1 A 4 MM E BASE D'ÁGUA, COR: FLUORESCENTE LARANJA, MATERIAL: PLÁSTICO, TIPO: NÃO RECARREGÁVEL, TIPO PONTA: FACETADA","CX",250.0,9.522,2380.5,0.0,"2026-06-19"]
["UNIVERSIDADE FEDERAL DE GOIAS-UF/GO",153052.0,3158.0,"Material","153052-25/2026","DLOG E OUTROS - MATERIAIS DE EXPEDIENTE, PAPELARIA, ARTESANATO E EMBALAGEM","Catálogo do Compras.gov.br","Material",7510.0,"ARTIGOS PARA ESCRITÓRIO",99.0,"CANETA ESFEROGRÁFICA",301077.0,"CARACTERÍSTICAS ADICIONAIS: SEXTAVADA, COR TINTA: AZUL, MATERIAL: PLÁSTICO, MATERIAL PONTA: ESFERA DE TUNGSTÊNIO, TIPO ESCRITA: GROSSA","UN",7000.0,0.552,3864.0,0.0,"2026-06-19"]
["UNIVERSIDADE FEDERAL DE GOIAS-UF/GO",153052.0,3160.0,"Material","153052-25/2026","DLOG E OUTROS - MATERIAIS DE EXPEDIENTE, PAPELARIA, ARTESANATO E EMBALAGEM","Catálogo do Compras.gov.br","Material",7520.0,"ACESSÓRIOS E DISPOSITIVOS PARA ESCRITÓRIO",27.0,"GRAMPEADOR",414810.0,"CAPACIDADE: 25, MATERIAL: POLIETILENO, TAMANHO GRAMPO: 26/6, TIPO: MESA","UN",30.0,30.0,900.0,0.0,"2026-06-19"]
["UNIVERSIDADE FEDERAL DE GOIAS-UF/GO",153052.0,3161.0,"Material","153052-25/2026","DLOG E OUTROS - MATERIAIS DE EXPEDIENTE, PAPELARIA, ARTESANATO E EMBALAGEM","Catálogo do Compras.gov.br","Material",8105.0,"SACOS E BOLSAS",11902.0,"SACO",395773.0,"ALTURA: 120, APLICAÇÃO: ACONDICIONAMENTO CACHORRO QUENTE, LARGURA: 200, MATERIAL: PLÁSTICO, TRANSMITÂNCIA: MONOLÚCIDO","PCT",17.0,14.0,238.0,0.0,"2026-06-19"]
["UNIVERSIDADE FEDERAL DE GOIAS-UF/GO",153052.0,3162.0,"Material","153052-25/2026","DLOG E OUTROS - MATERIAIS DE EXPEDIENTE, PAPELARIA, ARTESANATO E EMBALAGEM","Catálogo do Compras.gov.br","Material",8105.0,"SACOS E BOLSAS",11902.0,"SACO",460141.0,"ALTURA: 20, GRAMATURA: 0,20, LARGURA: 10, MATERIAL: PLÁSTICO, TRANSMITÂNCIA: TRANSPARENTE","PCT",6.0,50.0,300.0,0.0,"2026-06-19"]
["UNIVERSIDADE FEDERAL DE GOIAS-UF/GO",153052.0,3163.0,"Material","153052-25/2026","DLOG E OUTROS - MATERIAIS DE EXPEDIENTE, PAPELARIA, ARTESANATO E EMBALAGEM","Catálogo do Compras.gov.br","Material",8105.0,"SACOS E BOLSAS",11902.0,"SACO",460048.0,"ALTURA: 50, CAPACIDADE: 7, CARACTERÍSTICAS ADICIONAIS: BOBINA PICOTADA, LARGURA: 35, MATERIAL: PLÁSTICO","PCT",4.0,33.0,132.0,0.0,"2026-06-19"]
["UNIVERSIDADE FEDERAL DE GOIAS-UF/GO",153052.0,3164.0,"Material","153052-25/2026","DLOG E OUTROS - MATERIAIS DE EXPEDIENTE, PAPELARIA, ARTESANATO E EMBALAGEM","Catálogo do Compras.gov.br","Material",8105.0,"SACOS E BOLSAS",11903.0,"SACO PLÁSTICO LIXO",470833.0,"APLICAÇÃO: COLETA DE LIXO, CAPACIDADE: 100, COR: PRETA, MATERIAL: POLIETILENO","PCT",12.0,27.0,324.0,0.0,"2026-06-19"]
["UNIVERSIDADE FEDERAL DE GOIAS-UF/GO",153052.0,3165.0,"Material","153052-25/2026","DLOG E OUTROS - MATERIAIS DE EXPEDIENTE, PAPELARIA, ARTESANATO E EMBALAGEM","Catálogo do Compras.gov.br","Material",8105.0,"SACOS E BOLSAS",11902.0,"SACO",446812.0,"ALTURA: 150, COR: BRANCA, GRAMATURA: 30, LARGURA: 7, MATERIAL: PAPEL MONO","PCT",34.0,20.0,680.0,0.0,"2026-06-19"]
["UNIVERSIDADE FEDERAL DE GOIAS-UF/GO",153052.0,3166.0,"Material","153052-25/2026","DLOG E OUTROS - MATERIAIS DE EXPEDIENTE, PAPELARIA, ARTESANATO E EMBALAGEM","Catálogo do Compras.gov.br","Material",8105.0,"SACOS E BOLSAS",11902.0,"SACO",395470.0,"ALTURA: 5, APLICAÇÃO: ACONDICIONAMENTO TALHERES, LARGURA: 23, MATERIAL: PLÁSTICO","PCT",3.0,12.5,37.5,0.0,"2026-06-19"]
["UNIVERSIDADE FEDERAL DE GOIAS-UF/GO",153052.0,3167.0,"Material","153052-25/2026","DLOG E OUTROS - MATERIAIS DE EXPEDIENTE, PAPELARIA, ARTESANATO E EMBALAGEM","Catálogo do Compras.gov.br","Material",8105.0,"SACOS E BOLSAS",11902.0,"SACO",460144.0,"ALTURA: 60, GRAMATURA: 0,20, LARGURA: 40, MATERIAL: PLÁSTICO, TRANSMITÂNCIA: TRANSPARENTE","PCT",4.0,35.0,140.0,0.0,"2026-06-19"]
["UNIVERSIDADE FEDERAL DE GOIAS-UF/GO",153052.0,3168.0,"Material","153052-25/2026","DLOG E OUTROS - MATERIAIS DE EXPEDIENTE, PAPELARIA, ARTESANATO E EMBALAGEM","Catálogo do Compras.gov.br","Material",9390.0,"PRODUTOS DIVERSOS NÃO METÁLICOS",11352.0,"PVC - PELÍCULA / FILME",607582.0,"APRESENTAÇÃO: BOBINA, COR: CRISTAL, ESPESSURA: 0,10, LARGURA: 61","RO",4.0,26.0,104.0,0.0,"2026-06-19"]
["UNIVERSIDADE FEDERAL DE GOIAS-UF/GO",153052.0,3169.0,"Material","153052-25/2026","DLOG E OUTROS - MATERIAIS DE EXPEDIENTE, PAPELARIA, ARTESANATO E EMBALAGEM","Catálogo do Compras.gov.br","Material",7510.0,"ARTIGOS PARA ESCRITÓRIO",204.0,"ROTULADOR",447274.0,"CARACTERES: 12, CARACTERÍSTICAS ADICIONAIS: PORTÁTIL/ETIQUETAS DE PLÁSTICO, FONTE ALIMENTAÇÃO: PILHA, FUNCIONAMENTO: ELETRÔNICO, LARGURA FITA: 9 E 12","UN",2.0,283.8,567.6,0.0,"2026-06-19"]
["UNIVERSIDADE FEDERAL DE GOIAS-UF/GO",153052.0,3185.0,"Material","153052-25/2026","DLOG E OUTROS - MATERIAIS DE EXPEDIENTE, PAPELARIA, ARTESANATO E EMBALAGEM","Catálogo do Compras.gov.br","Material",7510.0,"ARTIGOS PARA ESCRITÓRIO",180.0,"MARCADOR HIDROGRÁFICO",200523.0,"COMPRIMENTO: 100, COR: VERMELHA, DIÂMETRO CORPO: 19, ESPESSURA TRAÇO: 5, MATERIAL: PLÁSTICO, MATERIAL PONTA: NÁILON","UN",2000.0,1.656,3312.0,0.0,"2026-06-19"]
["UNIVERSIDADE FEDERAL DE GOIAS-UF/GO",153052.0,3186.0,"Material","153052-25/2026","DLOG E OUTROS - MATERIAIS DE EXPEDIENTE, PAPELARIA, ARTESANATO E EMBALAGEM","Catálogo do Compras.gov.br","Material",7510.0,"ARTIGOS PARA ESCRITÓRIO",16.0,"LÁPIS DE COR",263333.0,"CARACTERÍSTICAS ADICIONAIS: TAMANHO GRANDE COM 12 CORES, COR: DIVERSAS, MATERIAL: MADEIRA","CX",150.0,4.669,700.35,0.0,"2026-06-19"]
["UNIVERSIDADE FEDERAL DE GOIAS-UF/GO",153052.0,3187.0,"Material","153052-25/2026","DLOG E OUTROS - MATERIAIS DE EXPEDIENTE, PAPELARIA, ARTESANATO E EMBALAGEM","Catálogo do Compras.gov.br","Material",7510.0,"ARTIGOS PARA ESCRITÓRIO",25.0,"PAPEL ALMAÇO",203525.0,"COMPRIMENTO: 310, GRAMATURA: 75, MATERIAL: CELULOSE VEGETAL, TIPO: COM PAUTA E MARGEM","PCT",450.0,54.05,24322.5,0.0,"2026-06-19"]
["UNIVERSIDADE FEDERAL DE GOIAS-UF/GO",153052.0,3188.0,"Material","153052-25/2026","DLOG E OUTROS - MATERIAIS DE EXPEDIENTE, PAPELARIA, ARTESANATO E EMBALAGEM","Catálogo do Compras.gov.br","Material",8135.0,"MATERIAIS A GRANEL PARA ACONDICIONAMENTO E EMBALAGEM",7556.0,"FITA ADESIVA EMBALAGEM",324290.0,"APLICAÇÃO: EMPACOTAMENTO EM GERAL, COMPRIMENTO: 50, COR: MARROM, LARGURA: 45, MATERIAL: POLIÉSTER","UN",1000.0,2.875,2875.0,0.0,"2026-06-19"]
["UNIVERSIDADE FEDERAL DE GOIAS-UF/GO",153052.0,3189.0,"Material","153052-25/2026","DLOG E OUTROS - MATERIAIS DE EXPEDIENTE, PAPELARIA, ARTESANATO E EMBALAGEM","Catálogo do Compras.gov.br","Material",9310.0,"PAPÉIS E PAPELÕES",50.0,"PAPEL VERGÊ",233578.0,"COR: BRANCA, GRAMATURA: 90, MATERIAL: CELULOSE VEGETAL, COMPRIMENTO: 297, LARGURA: 210, FORMATO: A4","CX",200.0,15.41,3082.0,0.0,"2026-06-19"]
["UNIVERSIDADE FEDERAL DE GOIAS-UF/GO",153052.0,3190.0,"Material","153052-25/2026","DLOG E OUTROS - MATERIAIS DE EXPEDIENTE, PAPELARIA, ARTESANATO E EMBALAGEM","Catálogo do Compras.gov.br","Material",7510.0,"ARTIGOS PARA ESCRITÓRIO",108.0,"PINCEL ATÔMICO",294704.0,"CARACTERÍSTICAS ADICIONAIS: TINTA À BASE DE ÁLCOOL E ESPESSURA ESCRITA 4,5MM, COR TINTA: PRETA, MATERIAL: PLÁSTICO, TIPO CARGA: RECARREGÁVEL, TIPO PONTA: FELTRO","UN",800.0,1.4605,1168.4,0.0,"2026-06-19"]
["UNIVERSIDADE FEDERAL DE GOIAS-UF/GO",153052.0,3191.0,"Material","153052-25/2026","DLOG E OUTROS - MATERIAIS DE EXPEDIENTE, PAPELARIA, ARTESANATO E EMBALAGEM","Catálogo do Compras.gov.br","Material",7510.0,"ARTIGOS PARA ESCRITÓRIO",18075.0,"CANETA MARCA-TEXTO",300527.0,"CARACTERÍSTICAS ADICIONAIS: TRAÇO 4 MM, FILTRO POLIESTER, BASE D'ÁGUA, COR: FLUORESCENTE AMARELA, MATERIAL: PLÁSTICO, TIPO: NÃO RECARREGÁVEL, TIPO PONTA: CHANFRADA/POLIETILENO","CX",250.0,9.522,2380.5,0.0,"2026-06-19"]
["UNIVERSIDADE FEDERAL DE GOIAS-UF/GO",153052.0,3192.0,"Material","153052-25/2026","DLOG E OUTROS - MATERIAIS DE EXPEDIENTE, PAPELARIA, ARTESANATO E EMBALAGEM","Catálogo do Compras.gov.br","Material",7510.0,"ARTIGOS PARA ESCRITÓRIO",18071.0,"FITA ADESIVA",278986.0,"APLICAÇÃO: MULTIUSO, COMPRIMENTO: 30, COR: BRANCA, LARGURA: 12, MATERIAL: PAPEL, TIPO: DUPLA FACE","RO",600.0,4.462,2677.2,0.0,"2026-06-19"]
["UNIVERSIDADE FEDERAL DE GOIAS-UF/GO",153052.0,3193.0,"Material","153052-25/2026","DLOG E OUTROS - MATERIAIS DE EXPEDIENTE, PAPELARIA, ARTESANATO E EMBALAGEM","Catálogo do Compras.gov.br","Material",8040.0,"ADESIVOS",13894.0,"COLA",394466.0,"CARACTERÍSTICAS ADICIONAIS: PESO 40G/SECAGEM RÁPIDA/ATÓXICA, COMPOSIÇÃO: POLIVINIL ACETATO - PVA, TIPO: LÍQUIDA","FR",1000.0,1.035,1035.0,0.0,"2026-06-19"]
["UNIVERSIDADE FEDERAL DE GOIAS-UF/GO",153052.0,3194.0,"Material","153052-25/2026","DLOG E OUTROS - MATERIAIS DE EXPEDIENTE, PAPELARIA, ARTESANATO E EMBALAGEM","Catálogo do Compras.gov.br","Material",7510.0,"ARTIGOS PARA ESCRITÓRIO",28.0,"GRAMPO GRAMPEADOR",290525.0,"MATERIAL: AÇO, TAMANHO: 26/6, TRATAMENTO SUPERFICIAL: NIQUELADO","CX",250.0,3.772,943.0,0.0,"2026-06-19"]
["UNIVERSIDADE FEDERAL DE GOIAS-UF/GO",153052.0,3195.0,"Material","153052-25/2026","DLOG E OUTROS - MATERIAIS DE EXPEDIENTE, PAPELARIA, ARTESANATO E EMBALAGEM","Catálogo do Compras.gov.br","Material",7510.0,"ARTIGOS PARA ESCRITÓRIO",20.0,"PASTA ARQUIVO",420279.0,"ALTURA: 340, CARACTERÍSTICAS ADICIONAIS: COM ELÁSTICO, COR: AZUL, LARGURA: 250, LOMBADA: 55, MATERIAL: POLIPROPILENO, TIPO: PORTA DOCUMENTO","UN",500.0,4.462,2231.0,0.0,"2026-06-19"]
["UNIVERSIDADE FEDERAL DE GOIAS-UF/GO",153052.0,3196.0,"Material","153052-25/2026","DLOG E OUTROS - MATERIAIS DE EXPEDIENTE, PAPELARIA, ARTESANATO E EMBALAGEM","Catálogo do Compras.gov.br","Material",7540.0,"FORMULÁRIOS PADRONIZADOS",201.0,"LIVRO PROTOCOLO",248739.0,"CARACTERÍSTICAS ADICIONAIS: COM FOLHAS PAUTADAS E NUMERADAS SEQÜENCIALMENTE, COMPRIMENTO: 216, GRAMATURA FOLHAS: 54, LARGURA: 153, MATERIAL CAPA: PAPELÃO, QUANTIDADE FOLHAS: 104, TIPO CAPA: DURA, MATERIAL: PAPEL OFF-SET","UN",150.0,11.4655,1719.825,0.0,"2026-06-19"]
["UNIVERSIDADE FEDERAL DE GOIAS-UF/GO",153052.0,3197.0,"Material","153052-25/2026","DLOG E OUTROS - MATERIAIS DE EXPEDIENTE, PAPELARIA, ARTESANATO E EMBALAGEM","Catálogo do Compras.gov.br","Material",7520.0,"ACESSÓRIOS E DISPOSITIVOS PARA ESCRITÓRIO",47.0,"PORTA-LÁPIS/CLIPE/LEMBRETE",202540.0,"COR: FUMÊ, MATERIAL: ACRÍLICO, TIPO: SIMPLES","UN",200.0,9.9475,1989.5,0.0,"2026-06-19"]
["UNIVERSIDADE FEDERAL DE GOIAS-UF/GO",153052.0,3198.0,"Material","153052-25/2026","DLOG E OUTROS - MATERIAIS DE EXPEDIENTE, PAPELARIA, ARTESANATO E EMBALAGEM","Catálogo do Compras.gov.br","Material",7510.0,"ARTIGOS PARA ESCRITÓRIO",11.0,"CLIPE",272503.0,"FORMATO: PARALELO, MATERIAL: METAL, TAMANHO: 1/0, TRATAMENTO SUPERFICIAL: NIQUELADO","CX",600.0,1.955,1173.0,0.0,"2026-06-19"]
["UNIVERSIDADE FEDERAL DE GOIAS-UF/GO",153052.0,3199.0,"Material","153052-25/2026","DLOG E OUTROS - MATERIAIS DE EXPEDIENTE, PAPELARIA, ARTESANATO E EMBALAGEM","Catálogo do Compras.gov.br","Material",7520.0,"ACESSÓRIOS E DISPOSITIVOS PARA ESCRITÓRIO",46.0,"APONTADOR LÁPIS",230828.0,"CARACTERÍSTICAS ADICIONAIS: COM DEPÓSITO, MATERIAL: METAL E PLÁSTICO, TIPO: ESCOLAR","UN",700.0,0.782,547.4,0.0,"2026-06-19"]
["UNIVERSIDADE FEDERAL DE GOIAS-UF/GO",153052.0,3200.0,"Material","153052-25/2026","DLOG E OUTROS - MATERIAIS DE EXPEDIENTE, PAPELARIA, ARTESANATO E EMBALAGEM","Catálogo do Compras.gov.br","Material",7510.0,"ARTIGOS PARA ESCRITÓRIO",11.0,"CLIPE",271776.0,"FORMATO: PARALELO, MATERIAL: METAL, TAMANHO: 2/0","CX",600.0,1.955,1173.0,0.0,"2026-06-19"]
["UNIVERSIDADE FEDERAL DE GOIAS-UF/GO",153052.0,3201.0,"Material","153052-25/2026","DLOG E OUTROS - MATERIAIS DE EXPEDIENTE, PAPELARIA, ARTESANATO E EMBALAGEM","Catálogo do Compras.gov.br","Material",7520.0,"ACESSÓRIOS E DISPOSITIVOS PARA ESCRITÓRIO",27.0,"GRAMPEADOR",485627.0,"CAPACIDADE: 20, CARACTERÍSTICAS ADICIONAIS: PINTURA EPÓXI, MATERIAL: METAL, TAMANHO GRAMPO: 24/6 E 26/6, TIPO: MESA, TRATAMENTO SUPERFICIAL: PINTURA ELETROSTÁTICA","UN",500.0,12.627,6313.5,0.0,"2026-06-19"]
["UNIVERSIDADE FEDERAL DE GOIAS-UF/GO",153052.0,3202.0,"Material","153052-25/2026","DLOG E OUTROS - MATERIAIS DE EXPEDIENTE, PAPELARIA, ARTESANATO E EMBALAGEM","Catálogo do Compras.gov.br","Material",7510.0,"ARTIGOS PARA ESCRITÓRIO",18078.0,"CANETA HIDROGRÁFICA",355337.0,"APLICAÇÃO: CD/DVD, CARACTERÍSTICAS ADICIONAIS: TINTA À BASE DE ÁLCOOL, RESISTENTE A ÁGUA, COR CARGA: PRETA, ESPESSURA ESCRITA: MÉDIA, MATERIAL: PLÁSTICO, MATERIAL PONTA: POROSA","UN",360.0,1.794,645.84,0.0,"2026-06-19"]
["UNIVERSIDADE FEDERAL DE GOIAS-UF/GO",153052.0,3203.0,"Material","153052-25/2026","DLOG E OUTROS - MATERIAIS DE EXPEDIENTE, PAPELARIA, ARTESANATO E EMBALAGEM","Catálogo do Compras.gov.br","Material",7510.0,"ARTIGOS PARA ESCRITÓRIO",1590.0,"CANETA PONTA POROSA",224282.0,"QUANTIDADE PONTAS: 2, FORMATO PONTA: NÃO APLICÁVEL, TIPO TINTA: NÃO APLICÁVEL, COR TINTA: PRETA, TAMANHO PONTA: 0,40 E 0,80, APLICAÇÃO: ESCRITA EM PLÁSTICO/TECIDO/MADEIRA E VIDRO","UN",400.0,5.75,2300.0,0.0,"2026-06-19"]
["UNIVERSIDADE FEDERAL DE GOIAS-UF/GO",153052.0,3204.0,"Material","153052-25/2026","DLOG E OUTROS - MATERIAIS DE EXPEDIENTE, PAPELARIA, ARTESANATO E EMBALAGEM","Catálogo do Compras.gov.br","Material",7510.0,"ARTIGOS PARA ESCRITÓRIO",18071.0,"FITA ADESIVA",279037.0,"APLICAÇÃO: MULTIUSO, COMPRIMENTO: 30, COR: INCOLOR, LARGURA: 12, MATERIAL: CELOFANE TRANSPARENTE, TIPO: MONOFACE","RO",900.0,0.8625,776.25,0.0,"2026-06-19"]
["UNIVERSIDADE FEDERAL DE GOIAS-UF/GO",153052.0,3205.0,"Material","153052-25/2026","DLOG E OUTROS - MATERIAIS DE EXPEDIENTE, PAPELARIA, ARTESANATO E EMBALAGEM","Catálogo do Compras.gov.br","Material",7510.0,"ARTIGOS PARA ESCRITÓRIO",20.0,"PASTA ARQUIVO",262646.0,"APLICAÇÃO: ARQUIVO, LOMBADA: LARGA, MATERIAL: PAPELÃO PRENSADO, TIPO: AZ, TAMANHO: OFÍCIO","UN",200.0,12.0405,2408.1,0.0,"2026-06-19"]
["UNIVERSIDADE FEDERAL DE GOIAS-UF/GO",153052.0,3206.0,"Material","153052-25/2026","DLOG E OUTROS - MATERIAIS DE EXPEDIENTE, PAPELARIA, ARTESANATO E EMBALAGEM","Catálogo do Compras.gov.br","Material",7510.0,"ARTIGOS PARA ESCRITÓRIO",196.0,"CADERNO",273197.0,"APRESENTAÇÃO: CAPA DURA, CARACTERÍSTICAS ADICIONAIS: LOMBADA COSTURADA, COMPRIMENTO: 195 A 215, GRAMATURA FOLHAS: MÍNIMO 48, LARGURA: 135 A 150, QUANTIDADE FOLHAS: 96 A 100, TIPO: FOLHAS MARGEADAS E PAUTADAS","UN",500.0,4.462,2231.0,0.0,"2026-06-19"]
["UNIVERSIDADE FEDERAL DE GOIAS-UF/GO",153052.0,3207.0,"Material","153052-25/2026","DLOG E OUTROS - MATERIAIS DE EXPEDIENTE, PAPELARIA, ARTESANATO E EMBALAGEM","Catálogo do Compras.gov.br","Material",9310.0,"PAPÉIS E PAPELÕES",50.0,"PAPEL VERGÊ",256620.0,"COR: DIVERSAS, DIMENSÕES: 210X297, GRAMATURA: 120, MATERIAL: CELULOSE VEGETAL, COMPRIMENTO: 297, LARGURA: 210, FORMATO: A4","CX",50.0,23.0,1150.0,0.0,"2026-06-19"]
["UNIVERSIDADE FEDERAL DE GOIAS-UF/GO",153052.0,3208.0,"Material","153052-25/2026","DLOG E OUTROS - MATERIAIS DE EXPEDIENTE, PAPELARIA, ARTESANATO E EMBALAGEM","Catálogo do Compras.gov.br","Material",6310.0,"SISTEMA DE SINALIZAÇÃO DE TRÁFEGO E TRÂNSITO",1477.0,"FITA SINALIZAÇÃO",399318.0,"COMPRIMENTO: 100, COR: PRETA E AMARELA, LARGURA: 7, MATERIAL: PLÁSTICO","RO",700.0,9.2,6440.0,0.0,"2026-06-19"]
["UNIVERSIDADE FEDERAL DE GOIAS-UF/GO",153052.0,3209.0,"Material","153052-25/2026","DLOG E OUTROS - MATERIAIS DE EXPEDIENTE, PAPELARIA, ARTESANATO E EMBALAGEM","Catálogo do Compras.gov.br","Material",7510.0,"ARTIGOS PARA ESCRITÓRIO",18078.0,"CANETA HIDROGRÁFICA",279533.0,"APLICAÇÃO: PAPEL, COR CARGA: VARIADA, ESPESSURA ESCRITA: GROSSA, MATERIAL: PLÁSTICO, FORMATO CORPO: CILÍNDRICO","CX",50.0,17.82,891.0,0.0,"2026-06-19"]
["UNIVERSIDADE FEDERAL DE GOIAS-UF/GO",153052.0,3210.0,"Material","153052-25/2026","DLOG E OUTROS - MATERIAIS DE EXPEDIENTE, PAPELARIA, ARTESANATO E EMBALAGEM","Catálogo do Compras.gov.br","Material",7520.0,"ACESSÓRIOS E DISPOSITIVOS PARA ESCRITÓRIO",114.0,"MOLHA-DEDOS",245461.0,"CARACTERÍSTICAS ADICIONAIS: NÃO CONTÉM GLICERINA E NÃO MANCHA, MATERIAL BASE: PLÁSTICO, MATERIAL CARGA: CREME ATÓXICO, MATERIAL TAMPA: PLÁSTICO, TAMANHO: 12","UN",300.0,1.794,538.2,0.0,"2026-06-19"]
["UNIVERSIDADE FEDERAL DE GOIAS-UF/GO",153052.0,3211.0,"Material","153052-25/2026","DLOG E OUTROS - MATERIAIS DE EXPEDIENTE, PAPELARIA, ARTESANATO E EMBALAGEM","Catálogo do Compras.gov.br","Material",7540.0,"FORMULÁRIOS PADRONIZADOS",346.0,"BLOCO RECADO",447926.0,"CARACTERÍSTICAS ADICIONAIS: AUTO-ADESIVO, REMOVÍVEL, POST-IT, COMPRIMENTO: 102, COR: AMARELA, LARGURA: 76, MATERIAL: PAPEL, QUANTIDADE FOLHAS: 100","CX",900.0,2.3,2070.0,0.0,"2026-06-19"]
["UNIVERSIDADE FEDERAL DE GOIAS-UF/GO",153052.0,3212.0,"Material","153052-25/2026","DLOG E OUTROS - MATERIAIS DE EXPEDIENTE, PAPELARIA, ARTESANATO E EMBALAGEM","Catálogo do Compras.gov.br","Material",7510.0,"ARTIGOS PARA ESCRITÓRIO",74.0,"PAPEL AUTO-ADESIVO",278461.0,"ACABAMENTO SUPERFICIAL: BRILHANTE, COR: INCOLOR, GRAMATURA: 60, LARGURA: 460, MATERIAL: PLÁSTICO, TIPO: CONTACT","RO",300.0,57.5,17250.0,0.0,"2026-06-19"]
["UNIVERSIDADE FEDERAL DE GOIAS-UF/GO",153052.0,3213.0,"Material","153052-25/2026","DLOG E OUTROS - MATERIAIS DE EXPEDIENTE, PAPELARIA, ARTESANATO E EMBALAGEM","Catálogo do Compras.gov.br","Material",7520.0,"ACESSÓRIOS E DISPOSITIVOS PARA ESCRITÓRIO",18066.0,"EXTRATOR GRAMPO",292448.0,"CARACTERÍSTICAS ADICIONAIS: 150X15 MM, MATERIAL: AÇO INOXIDÁVEL, TIPO: ESPÁTULA, TRATAMENTO SUPERFICIAL: CROMADO, TAMANHO: 26/6","UN",500.0,1.449,724.5,0.0,"2026-06-19"]
["UNIVERSIDADE FEDERAL DE GOIAS-UF/GO",153052.0,3214.0,"Material","153052-25/2026","DLOG E OUTROS - MATERIAIS DE EXPEDIENTE, PAPELARIA, ARTESANATO E EMBALAGEM","Catálogo do Compras.gov.br","Material",8040.0,"ADESIVOS",13894.0,"COLA",339517.0,"APLICAÇÃO: PAPEL, CARACTERÍSTICAS ADICIONAIS: LAVÁVEL E ATÓXICA, COMPOSIÇÃO: BASE ÁGUA E GLICERINA, TIPO: BASTÃO","TBO",300.0,1.955,586.5,0.0,"2026-06-19"]
["UNIVERSIDADE FEDERAL DE GOIAS-UF/GO",153052.0,3215.0,"Material","153052-25/2026","DLOG E OUTROS - MATERIAIS DE EXPEDIENTE, PAPELARIA, ARTESANATO E EMBALAGEM","Catálogo do Compras.gov.br","Material",7510.0,"ARTIGOS PARA ESCRITÓRIO",180.0,"MARCADOR HIDROGRÁFICO",200521.0,"COMPRIMENTO: 100, COR: AZUL, DIÂMETRO CORPO: 19, ESPESSURA TRAÇO: 5, MATERIAL: PLÁSTICO, MATERIAL PONTA: NÁILON","UN",3500.0,1.656,5796.0,0.0,"2026-06-19"]
["UNIVERSIDADE FEDERAL DE GOIAS-UF/GO",153052.0,3216.0,"Material","153052-25/2026","DLOG E OUTROS - MATERIAIS DE EXPEDIENTE, PAPELARIA, ARTESANATO E EMBALAGEM","Catálogo do Compras.gov.br","Material",7520.0,"ACESSÓRIOS E DISPOSITIVOS PARA ESCRITÓRIO",249.0,"TESOURA",317713.0,"CARACTERÍSTICAS ADICIONAIS: COR PRETA/EXTRA CORTE/USO ESCOLAR, COMPRIMENTO: 5, MATERIAL: AÇO INOXIDÁVEL, MATERIAL CABO: PROPILENO","UN",300.0,2.185,655.5,0.0,"2026-06-19"]
["UNIVERSIDADE FEDERAL DE GOIAS-UF/GO",153052.0,3217.0,"Material","153052-25/2026","DLOG E OUTROS - MATERIAIS DE EXPEDIENTE, PAPELARIA, ARTESANATO E EMBALAGEM","Catálogo do Compras.gov.br","Material",7520.0,"ACESSÓRIOS E DISPOSITIVOS PARA ESCRITÓRIO",111.0,"BASE FITA ADESIVA",202011.0,"COR: PRETA, MATERIAL: PLÁSTICO RESISTENTE, TAMANHO: PEQUENO","UN",200.0,12.65,2530.0,0.0,"2026-06-19"]
["UNIVERSIDADE FEDERAL DE GOIAS-UF/GO",153052.0,3218.0,"Material","153052-25/2026","DLOG E OUTROS - MATERIAIS DE EXPEDIENTE, PAPELARIA, ARTESANATO E EMBALAGEM","Catálogo do Compras.gov.br","Material",7540.0,"FORMULÁRIOS PADRONIZADOS",200.0,"LIVRO ATA",396405.0,"CARACTERÍSTICAS ADICIONAIS: CAPA DURA/FOLHAS NUMERADAS/COSTURA REFORÇADA, COMPRIMENTO: 300, GRAMATURA: 75, LARGURA: 210, MATERIAL: PAPEL SULFITE, QUANTIDADE FOLHAS: 50","UN",300.0,8.372,2511.6,0.0,"2026-06-19"]
["UNIVERSIDADE FEDERAL DE GOIAS-UF/GO",153052.0,3219.0,"Material","153052-25/2026","DLOG E OUTROS - MATERIAIS DE EXPEDIENTE, PAPELARIA, ARTESANATO E EMBALAGEM","Catálogo do Compras.gov.br","Material",7510.0,"ARTIGOS PARA ESCRITÓRIO",18071.0,"FITA ADESIVA",278973.0,"APLICAÇÃO: MULTIUSO, COMPRIMENTO: 50, COR: BRANCA, LARGURA: 50, MATERIAL: CREPE, TIPO: MONOFACE","UN",1000.0,8.165,8165.0,0.0,"2026-06-19"]
["UNIVERSIDADE FEDERAL DE GOIAS-UF/GO",153052.0,3220.0,"Material","153052-25/2026","DLOG E OUTROS - MATERIAIS DE EXPEDIENTE, PAPELARIA, ARTESANATO E EMBALAGEM","Catálogo do Compras.gov.br","Material",7510.0,"ARTIGOS PARA ESCRITÓRIO",18071.0,"FITA ADESIVA",350646.0,"APLICAÇÃO: MULTIUSO, COMPRIMENTO: 50, COR: BRANCA, LARGURA: 19, MATERIAL: CREPE, TIPO: MONOFACE","RO",1200.0,3.289,3946.8,0.0,"2026-06-19"]
["UNIVERSIDADE FEDERAL DE GOIAS-UF/GO",153052.0,3221.0,"Material","153052-25/2026","DLOG E OUTROS - MATERIAIS DE EXPEDIENTE, PAPELARIA, ARTESANATO E EMBALAGEM","Catálogo do Compras.gov.br","Material",7520.0,"ACESSÓRIOS E DISPOSITIVOS PARA ESCRITÓRIO",18065.0,"PRANCHETA PORTÁTIL",278851.0,"CARACTERÍSTICAS ADICIONAIS: COM PRENDEDOR NIQUELADO, COMPRIMENTO: 233, COR: FUMÊ, ESPESSURA: 3, LARGURA: 320, MATERIAL: ACRÍLICO","UN",500.0,12.88,6440.0,0.0,"2026-06-19"]
["UNIVERSIDADE FEDERAL DE GOIAS-UF/GO",153052.0,3222.0,"Material","153052-25/2026","DLOG E OUTROS - MATERIAIS DE EXPEDIENTE, PAPELARIA, ARTESANATO E EMBALAGEM","Catálogo do Compras.gov.br","Material",7510.0,"ARTIGOS PARA ESCRITÓRIO",120.0,"GIZ CERA",432310.0,"COR: VARIADAS, MATERIAL: CERA PLÁSTICA COM CORANTE ATÓXICO","CX",200.0,2.967,593.4,0.0,"2026-06-19"]
["UNIVERSIDADE FEDERAL DE GOIAS-UF/GO",153052.0,3223.0,"Material","153052-25/2026","DLOG E OUTROS - MATERIAIS DE EXPEDIENTE, PAPELARIA, ARTESANATO E EMBALAGEM","Catálogo do Compras.gov.br","Material",7520.0,"ACESSÓRIOS E DISPOSITIVOS PARA ESCRITÓRIO",249.0,"TESOURA",283560.0,"COMPRIMENTO: 21, MATERIAL: AÇO INOXIDÁVEL, MATERIAL CABO: PLÁSTICO","UN",400.0,6.417,2566.8,0.0,"2026-06-19"]
["UNIVERSIDADE FEDERAL DE GOIAS-UF/GO",153052.0,3224.0,"Material","153052-25/2026","DLOG E OUTROS - MATERIAIS DE EXPEDIENTE, PAPELARIA, ARTESANATO E EMBALAGEM","Catálogo do Compras.gov.br","Material",7520.0,"ACESSÓRIOS E DISPOSITIVOS PARA ESCRITÓRIO",43.0,"APAGADOR QUADRO NEGRO",203501.0,"ALTURA: 25, COMPRIMENTO: 150, LARGURA: 45, MATERIAL: PLÁSTICO","UN",440.0,4.6,2024.0,0.0,"2026-06-19"]
["UNIVERSIDADE FEDERAL DE GOIAS-UF/GO",153052.0,3225.0,"Material","153052-25/2026","DLOG E OUTROS - MATERIAIS DE EXPEDIENTE, PAPELARIA, ARTESANATO E EMBALAGEM","Catálogo do Compras.gov.br","Material",7510.0,"ARTIGOS PARA ESCRITÓRIO",24.0,"RÉGUA ESCRITÓRIO",414789.0,"COMPRIMENTO: 50, COR: INCOLOR, GRADUAÇÃO: CENTÍMETRO/MILÍMETRO, MATERIAL: POLIESTIRENO","UN",200.0,3.956,791.2,0.0,"2026-06-19"]
["UNIVERSIDADE FEDERAL DE GOIAS-UF/GO",153052.0,3226.0,"Material","153052-25/2026","DLOG E OUTROS - MATERIAIS DE EXPEDIENTE, PAPELARIA, ARTESANATO E EMBALAGEM","Catálogo do Compras.gov.br","Material",7520.0,"ACESSÓRIOS E DISPOSITIVOS PARA ESCRITÓRIO",279.0,"APAGADOR QUADRO BRANCO",289329.0,"COMPRIMENTO: 15, LARGURA: 6, MATERIAL BASE: FELTRO, MATERIAL CORPO: PLÁSTICO","UN",550.0,4.048,2226.4,0.0,"2026-06-19"]
["UNIVERSIDADE FEDERAL DE GOIAS-UF/GO",153052.0,3227.0,"Material","153052-25/2026","DLOG E OUTROS - MATERIAIS DE EXPEDIENTE, PAPELARIA, ARTESANATO E EMBALAGEM","Catálogo do Compras.gov.br","Material",7510.0,"ARTIGOS PARA ESCRITÓRIO",20.0,"PASTA ARQUIVO",414855.0,"ALTURA: 348, CARACTERÍSTICAS ADICIONAIS 3: PRENDEDOR INTERNO, GRAMPO PLÁSTICO, COR: AMARELA, LARGURA: 233, MATERIAL: PLÁSTICO TRANSPARENTE, TIPO: SIMPLES","UN",500.0,3.45,1725.0,0.0,"2026-06-19"]
["UNIVERSIDADE FEDERAL DE GOIAS-UF/GO",153052.0,3228.0,"Material","153052-25/2026","DLOG E OUTROS - MATERIAIS DE EXPEDIENTE, PAPELARIA, ARTESANATO E EMBALAGEM","Catálogo do Compras.gov.br","Material",7510.0,"ARTIGOS PARA ESCRITÓRIO",11569.0,"RÉGUA COMUM",228563.0,"CARACTERÍSTICAS ADICIONAIS: NÃO APLICÁVEL, COMPRIMENTO: 40, GRADUAÇÃO: CENTÍMETRO, MATERIAL: PLÁSTICO CRISTAL, TIPO MATERIAL: RÍGIDO","UN",300.0,3.105,931.5,0.0,"2026-06-19"]
["UNIVERSIDADE FEDERAL DE GOIAS-UF/GO",153052.0,3229.0,"Material","153052-25/2026","DLOG E OUTROS - MATERIAIS DE EXPEDIENTE, PAPELARIA, ARTESANATO E EMBALAGEM","Catálogo do Compras.gov.br","Material",7510.0,"ARTIGOS PARA ESCRITÓRIO",20.0,"PASTA ARQUIVO",417239.0,"ALTURA: 335, CARACTERÍSTICAS ADICIONAIS 1: 12 DIVISÓRIAS, FECHAMENTO COM ELÁSTICO, COR: VARIADA, LARGURA: 245, MATERIAL: PLÁSTICO, TIPO: SANFONADA","UN",300.0,11.5,3450.0,0.0,"2026-06-19"]
["UNIVERSIDADE FEDERAL DE GOIAS-UF/GO",153052.0,3230.0,"Material","153052-25/2026","DLOG E OUTROS - MATERIAIS DE EXPEDIENTE, PAPELARIA, ARTESANATO E EMBALAGEM","Catálogo do Compras.gov.br","Material",7510.0,"ARTIGOS PARA ESCRITÓRIO",20.0,"PASTA ARQUIVO",298492.0,"ALTURA: 330, CAPACIDADE: 50 SACOS PLÁSTICOS COM ESPESSURA DE 0,10 MM, CARACTERÍSTICAS ADICIONAIS 1: VISOR FRONTAL EM PVC 9 X 6 CM, TAMANHO OFÍCIO, CA-, COR: PRETA, LARGURA: 250, MATERIAL: PLÁSTICO, TIPO: CATÁLOGO","UN",250.0,12.627,3156.75,0.0,"2026-06-19"]
["UNIVERSIDADE FEDERAL DE GOIAS-UF/GO",153052.0,3231.0,"Material","153052-25/2026","DLOG E OUTROS - MATERIAIS DE EXPEDIENTE, PAPELARIA, ARTESANATO E EMBALAGEM","Catálogo do Compras.gov.br","Material",7510.0,"ARTIGOS PARA ESCRITÓRIO",20.0,"PASTA ARQUIVO",348071.0,"ALTURA: 335, CARACTERÍSTICAS ADICIONAIS: COM ELÁSTICO, LARGURA: 245, LOMBADA: 40, MATERIAL: PLÁSTICO, TIPO: COM ABAS","UN",200.0,11.5,2300.0,0.0,"2026-06-19"]
["UNIVERSIDADE FEDERAL DE GOIAS-UF/GO",153052.0,3232.0,"Material","153052-25/2026","DLOG E OUTROS - MATERIAIS DE EXPEDIENTE, PAPELARIA, ARTESANATO E EMBALAGEM","Catálogo do Compras.gov.br","Material",9310.0,"PAPÉIS E PAPELÕES",50.0,"PAPEL VERGÊ",297355.0,"COR: BRANCA, GRAMATURA: 180, MATERIAL: CELULOSE VEGETAL, COMPRIMENTO: 297, LARGURA: 210","CX",200.0,17.71,3542.0,0.0,"2026-06-19"]
["UNIVERSIDADE FEDERAL DE GOIAS-UF/GO",153052.0,3233.0,"Material","153052-25/2026","DLOG E OUTROS - MATERIAIS DE EXPEDIENTE, PAPELARIA, ARTESANATO E EMBALAGEM","Catálogo do Compras.gov.br","Material",7510.0,"ARTIGOS PARA ESCRITÓRIO",18071.0,"FITA ADESIVA",278969.0,"APLICAÇÃO: MULTIUSO, COMPRIMENTO: 50, COR: BRANCA, LARGURA: 25, MATERIAL: CREPE, TIPO: MONOFACE","RO",800.0,4.3125,3450.0,0.0,"2026-06-19"]
["UNIVERSIDADE FEDERAL DE GOIAS-UF/GO",153052.0,3234.0,"Material","153052-25/2026","DLOG E OUTROS - MATERIAIS DE EXPEDIENTE, PAPELARIA, ARTESANATO E EMBALAGEM","Catálogo do Compras.gov.br","Material",8135.0,"MATERIAIS A GRANEL PARA ACONDICIONAMENTO E EMBALAGEM",1310.0,"PAPEL EMBRULHO",357680.0,"APLICAÇÃO: EMBALAGEM, APRESENTAÇÃO: BOBINA, COMPRIMENTO: 96, COR: PARDA, GRAMATURA: 75, LARGURA: 66, PESO: 12, TIPO PAPEL: KRAFT","FL",2000.0,0.759,1518.0,0.0,"2026-06-19"]
["UNIVERSIDADE FEDERAL DE GOIAS-UF/GO",153052.0,3235.0,"Material","153052-25/2026","DLOG E OUTROS - MATERIAIS DE EXPEDIENTE, PAPELARIA, ARTESANATO E EMBALAGEM","Catálogo do Compras.gov.br","Material",7510.0,"ARTIGOS PARA ESCRITÓRIO",20.0,"PASTA ARQUIVO",455064.0,"ALTURA: 250, CARACTERÍSTICAS ADICIONAIS: COM ELÁSTICO, COR: VERDE, LARGURA: 350, LOMBADA: 35, MATERIAL: PLÁSTICO CORRUGADO FLEXÍVEL","UN",300.0,3.22,966.0,0.0,"2026-06-19"]
["UNIVERSIDADE FEDERAL DE GOIAS-UF/GO",153052.0,3236.0,"Material","153052-25/2026","DLOG E OUTROS - MATERIAIS DE EXPEDIENTE, PAPELARIA, ARTESANATO E EMBALAGEM","Catálogo do Compras.gov.br","Material",7510.0,"ARTIGOS PARA ESCRITÓRIO",31.0,"GIZ",232818.0,"CARACTERÍSTICAS ADICIONAIS: PLASTIFICADO/ANTIALÉRGICO E COLORIDO, COMPRIMENTO: 81, DIÂMETRO: 10, MATERIAL: SULFATO DE CÁLCIO, TIPO: BASTONETE","CX",1200.0,4.5885,5506.2,0.0,"2026-06-19"]
["UNIVERSIDADE FEDERAL DE GOIAS-UF/GO",153052.0,3289.0,"Material","153052-28/2026","MATERIAIS QUÍMICOS, SUBSTÂNCIAS PARA DIAGNÓSTICO, MEIOS DE CULTURA E TESTES - ICB, IPTSP, IQ","Catálogo do Compras.gov.br","Material",6505.0,"DROGAS E MEDICAMENTOS",17821.0,"IODOPOVIDONA (PVPI)",398705.0,"CONCENTRAÇÃO: A 10% ( TEOR DE IODO 1% ), FORMA FARMACEUTICA: SOLUÇÃO DEGERMANTE","FR",1.0,106.48,106.48,0.0,"2026-05-22"]
["UNIVERSIDADE FEDERAL DE GOIAS-UF/GO",153052.0,3290.0,"Material","153052-28/2026","MATERIAIS QUÍMICOS, SUBSTÂNCIAS PARA DIAGNÓSTICO, MEIOS DE CULTURA E TESTES - ICB, IPTSP, IQ","Catálogo do Compras.gov.br","Material",6505.0,"DROGAS E MEDICAMENTOS",460.0,"PERÓXIDO DE HIDROGÊNIO (ÁGUA OXIGENADA)",277319.0,"TIPO: 10 VOLUMES","FR",1.0,40.42,40.42,0.0,"2026-05-22"]
["UNIVERSIDADE FEDERAL DE GOIAS-UF/GO",153052.0,3291.0,"Material","153052-28/2026","MATERIAIS QUÍMICOS, SUBSTÂNCIAS PARA DIAGNÓSTICO, MEIOS DE CULTURA E TESTES - ICB, IPTSP, IQ","Catálogo do Compras.gov.br","Material",6505.0,"DROGAS E MEDICAMENTOS",2259.0,"ÁLCOOL ETÍLICO",269941.0,"TEOR ALCOÓLICO: 70%_(70°GL), TIPO: HIDRATADO, APRESENTAÇÃO: LÍQUIDO","L",29.0,6.79,196.91,0.0,"2026-05-22"]
["UNIVERSIDADE FEDERAL DE GOIAS-UF/GO",153052.0,3292.0,"Material","153052-28/2026","MATERIAIS QUÍMICOS, SUBSTÂNCIAS PARA DIAGNÓSTICO, MEIOS DE CULTURA E TESTES - ICB, IPTSP, IQ","Catálogo do Compras.gov.br","Material",6550.0,"SUBSTÂNCIAS PARA DIAGNÓSTICO \"IN VITRO\",  REAGENTES,  CONJUNTOS E JOGOS PARA TESTE",18913.0,"MEIO DE CULTURA",326882.0,"APRESENTAÇÃO: PÓ, TIPO: CALDO BHI","FR",1.0,594.42,594.42,0.0,"2026-05-22"]
["UNIVERSIDADE FEDERAL DE GOIAS-UF/GO",153052.0,3293.0,"Material","153052-28/2026","MATERIAIS QUÍMICOS, SUBSTÂNCIAS PARA DIAGNÓSTICO, MEIOS DE CULTURA E TESTES - ICB, IPTSP, IQ","Catálogo do Compras.gov.br","Material",6550.0,"SUBSTÂNCIAS PARA DIAGNÓSTICO \"IN VITRO\",  REAGENTES,  CONJUNTOS E JOGOS PARA TESTE",17880.0,"SORO",280350.0,"TIPO: ANTI-A, COMPOSIÇÃO: MONOCLONAL","FR",4.0,54.6,218.4,0.0,"2026-05-22"]
["UNIVERSIDADE FEDERAL DE GOIAS-UF/GO",153052.0,3294.0,"Material","153052-28/2026","MATERIAIS QUÍMICOS, SUBSTÂNCIAS PARA DIAGNÓSTICO, MEIOS DE CULTURA E TESTES - ICB, IPTSP, IQ","Catálogo do Compras.gov.br","Material",6550.0,"SUBSTÂNCIAS PARA DIAGNÓSTICO \"IN VITRO\",  REAGENTES,  CONJUNTOS E JOGOS PARA TESTE",13893.0,"CORANTE",397452.0,"ASPECTO FÍSICO*: LÍQUIDO, TIPO*: AZUL DE LACTOFENOL","FR",1.0,121.0,121.0,0.0,"2026-05-22"]
["UNIVERSIDADE FEDERAL DE GOIAS-UF/GO",153052.0,3295.0,"Material","153052-28/2026","MATERIAIS QUÍMICOS, SUBSTÂNCIAS PARA DIAGNÓSTICO, MEIOS DE CULTURA E TESTES - ICB, IPTSP, IQ","Catálogo do Compras.gov.br","Material",6550.0,"SUBSTÂNCIAS PARA DIAGNÓSTICO \"IN VITRO\",  REAGENTES,  CONJUNTOS E JOGOS PARA TESTE",2146.0,"ÁGAR",397085.0,"ASPECTO FÍSICO: PÓ, CARACTERÍSTICA ADICIONAL: PURO, TIPO: ÁGAR ÁGAR","FR",2.0,396.0,792.0,0.0,"2026-05-22"]
["UNIVERSIDADE FEDERAL DE GOIAS-UF/GO",153052.0,3296.0,"Material","153052-28/2026","MATERIAIS QUÍMICOS, SUBSTÂNCIAS PARA DIAGNÓSTICO, MEIOS DE CULTURA E TESTES - ICB, IPTSP, IQ","Catálogo do Compras.gov.br","Material",6550.0,"SUBSTÂNCIAS PARA DIAGNÓSTICO \"IN VITRO\",  REAGENTES,  CONJUNTOS E JOGOS PARA TESTE",10183.0,"ÓLEO DE IMERSÃO",357684.0,"ASPECTO FÍSICO: LÍQUIDO LÍMPIDO, TRANSPARENTE, DENSIDADE: 1,515, USO: PARA MICROSCOPIA","FR",2.0,31.68,63.36,0.0,"2026-05-22"]
["UNIVERSIDADE FEDERAL DE GOIAS-UF/GO",153052.0,3297.0,"Material","153052-28/2026","MATERIAIS QUÍMICOS, SUBSTÂNCIAS PARA DIAGNÓSTICO, MEIOS DE CULTURA E TESTES - ICB, IPTSP, IQ","Catálogo do Compras.gov.br","Material",6550.0,"SUBSTÂNCIAS PARA DIAGNÓSTICO \"IN VITRO\",  REAGENTES,  CONJUNTOS E JOGOS PARA TESTE",18913.0,"MEIO DE CULTURA",326288.0,"APRESENTAÇÃO: PÓ, TIPO: ÁGAR BATATA DEXTROSADO","FR",3.0,302.9,908.7,0.0,"2026-05-22"]
["UNIVERSIDADE FEDERAL DE GOIAS-UF/GO",153052.0,3298.0,"Material","153052-28/2026","MATERIAIS QUÍMICOS, SUBSTÂNCIAS PARA DIAGNÓSTICO, MEIOS DE CULTURA E TESTES - ICB, IPTSP, IQ","Catálogo do Compras.gov.br","Material",6550.0,"SUBSTÂNCIAS PARA DIAGNÓSTICO \"IN VITRO\",  REAGENTES,  CONJUNTOS E JOGOS PARA TESTE",18915.0,"MEIO DE CULTURA - CÉLULA E TECIDO",417208.0,"ADITIVOS: COM L-GLUTAMINA E FENOL VERMELHO, APRESENTAÇÃO: PÓ, CARACTERÍSTICAS ADICIONAIS: SEM NAHCO3 E SEM HEPES, TIPO: MEIO MEM EAGLE","G",100.0,3.79,379.0,0.0,"2026-05-22"]
["UNIVERSIDADE FEDERAL DE GOIAS-UF/GO",153052.0,3299.0,"Material","153052-28/2026","MATERIAIS QUÍMICOS, SUBSTÂNCIAS PARA DIAGNÓSTICO, MEIOS DE CULTURA E TESTES - ICB, IPTSP, IQ","Catálogo do Compras.gov.br","Material",6550.0,"SUBSTÂNCIAS PARA DIAGNÓSTICO \"IN VITRO\",  REAGENTES,  CONJUNTOS E JOGOS PARA TESTE",19027.0,"REAGENTE PARA DIAGNÓSTICO CLÍNICO 6",392396.0,"APRESENTAÇÃO: TESTE, CARACTERÍSTICAS ADICIONAIS: QUARTA GERAÇÃO, MÉTODO: ELISA, TIPO: CONJUNTO COMPLETO, TIPO DE ANÁLISE: QUALITATIVO DE HIV I E II","UN",4.0,448.0,1792.0,0.0,"2026-05-22"]
["UNIVERSIDADE FEDERAL DE GOIAS-UF/GO",153052.0,3300.0,"Material","153052-28/2026","MATERIAIS QUÍMICOS, SUBSTÂNCIAS PARA DIAGNÓSTICO, MEIOS DE CULTURA E TESTES - ICB, IPTSP, IQ","Catálogo do Compras.gov.br","Material",6550.0,"SUBSTÂNCIAS PARA DIAGNÓSTICO \"IN VITRO\",  REAGENTES,  CONJUNTOS E JOGOS PARA TESTE",17880.0,"SORO",280353.0,"TIPO: ANTI-D, COMPOSIÇÃO: MONOCLONAL","FR",4.0,139.65,558.6,0.0,"2026-05-22"]
["UNIVERSIDADE FEDERAL DE GOIAS-UF/GO",153052.0,3301.0,"Material","153052-28/2026","MATERIAIS QUÍMICOS, SUBSTÂNCIAS PARA DIAGNÓSTICO, MEIOS DE CULTURA E TESTES - ICB, IPTSP, IQ","Catálogo do Compras.gov.br","Material",6550.0,"SUBSTÂNCIAS PARA DIAGNÓSTICO \"IN VITRO\",  REAGENTES,  CONJUNTOS E JOGOS PARA TESTE",18913.0,"MEIO DE CULTURA",326866.0,"APRESENTAÇÃO: PÓ, TIPO: ÁGAR MICOSEL","FR",2.0,1475.63,2951.26,0.0,"2026-05-22"]
["UNIVERSIDADE FEDERAL DE GOIAS-UF/GO",153052.0,3302.0,"Material","153052-28/2026","MATERIAIS QUÍMICOS, SUBSTÂNCIAS PARA DIAGNÓSTICO, MEIOS DE CULTURA E TESTES - ICB, IPTSP, IQ","Catálogo do Compras.gov.br","Material",6550.0,"SUBSTÂNCIAS PARA DIAGNÓSTICO \"IN VITRO\",  REAGENTES,  CONJUNTOS E JOGOS PARA TESTE",18947.0,"SUPLEMENTO PARA MEIO DE CULTURA",329579.0,"ASPECTO FÍSICO: PÓ, TIPO: EXTRATO DE LEVEDURA","FR",1.0,583.63,583.63,0.0,"2026-05-22"]
["UNIVERSIDADE FEDERAL DE GOIAS-UF/GO",153052.0,3303.0,"Material","153052-28/2026","MATERIAIS QUÍMICOS, SUBSTÂNCIAS PARA DIAGNÓSTICO, MEIOS DE CULTURA E TESTES - ICB, IPTSP, IQ","Catálogo do Compras.gov.br","Material",6550.0,"SUBSTÂNCIAS PARA DIAGNÓSTICO \"IN VITRO\",  REAGENTES,  CONJUNTOS E JOGOS PARA TESTE",18913.0,"MEIO DE CULTURA",326278.0,"APRESENTAÇÃO: PÓ, TIPO: ÁGAR NUTRIENTE","FR",4.0,320.0,1280.0,0.0,"2026-05-22"]
["UNIVERSIDADE FEDERAL DE GOIAS-UF/GO",153052.0,3304.0,"Material","153052-28/2026","MATERIAIS QUÍMICOS, SUBSTÂNCIAS PARA DIAGNÓSTICO, MEIOS DE CULTURA E TESTES - ICB, IPTSP, IQ","Catálogo do Compras.gov.br","Material",6550.0,"SUBSTÂNCIAS PARA DIAGNÓSTICO \"IN VITRO\",  REAGENTES,  CONJUNTOS E JOGOS PARA TESTE",18913.0,"MEIO DE CULTURA",336524.0,"APRESENTAÇÃO: PÓ, TIPO: ÁGAR DNASE","FR",1.0,1261.13,1261.13,0.0,"2026-05-22"]
["UNIVERSIDADE FEDERAL DE GOIAS-UF/GO",153052.0,3305.0,"Material","153052-28/2026","MATERIAIS QUÍMICOS, SUBSTÂNCIAS PARA DIAGNÓSTICO, MEIOS DE CULTURA E TESTES - ICB, IPTSP, IQ","Catálogo do Compras.gov.br","Material",6550.0,"SUBSTÂNCIAS PARA DIAGNÓSTICO \"IN VITRO\",  REAGENTES,  CONJUNTOS E JOGOS PARA TESTE",18984.0,"REAGENTE PARA DIAGNÓSTICO CLÍNICO 5",382447.0,"CARACTERÍSTICAS ADICIONAIS: SOLUÇÃO A 22%, TIPO: ALBUMINA BOVINA","FR",1.0,120.0,120.0,0.0,"2026-05-22"]
["UNIVERSIDADE FEDERAL DE GOIAS-UF/GO",153052.0,3237.0,"Serviço","153052-148/2026","DINTER FE - SERVIÇO REFORMA CORREDOR","Catálogo do Compras.gov.br","Serviço",545.0,"TIPOS ESPECIAIS DE SERVIÇOS DE CONSTRUÇÃO",null,null,1627.0,"MANUTENÇÃO / REFORMA PREDIAL","-",1.0,6000.0,6000.0,0.0,"2026-06-01"]
["UNIVERSIDADE FEDERAL DE GOIAS-UF/GO",153052.0,3238.0,"Material","153052-28/2026","MATERIAIS QUÍMICOS, SUBSTÂNCIAS PARA DIAGNÓSTICO, MEIOS DE CULTURA E TESTES - ICB, IPTSP, IQ","Catálogo do Compras.gov.br","Material",6550.0,"SUBSTÂNCIAS PARA DIAGNÓSTICO \"IN VITRO\",  REAGENTES,  CONJUNTOS E JOGOS PARA TESTE",18984.0,"REAGENTE PARA DIAGNÓSTICO CLÍNICO 5",331752.0,"APRESENTAÇÃO: TESTE, MÉTODO: COLORIMÉTRICO DE PONTO FINAL, TIPO: CONJUNTO COMPLETO PARA AUTOMAÇÃO, TIPO DE ANÁLISE: QUANTITATIVO DE HEMOGLOBINA TOTAL","FR",1.0,30.0,30.0,0.0,"2026-05-22"]
["UNIVERSIDADE FEDERAL DE GOIAS-UF/GO",153052.0,3239.0,"Material","153052-28/2026","MATERIAIS QUÍMICOS, SUBSTÂNCIAS PARA DIAGNÓSTICO, MEIOS DE CULTURA E TESTES - ICB, IPTSP, IQ","Catálogo do Compras.gov.br","Material",6550.0,"SUBSTÂNCIAS PARA DIAGNÓSTICO \"IN VITRO\",  REAGENTES,  CONJUNTOS E JOGOS PARA TESTE",12240.0,"SOLUÇÃO PADRÃO",454041.0,"TIPO: TAMPÃO (PH 4)","FR",1.0,40.0,40.0,0.0,"2026-05-22"]
["UNIVERSIDADE FEDERAL DE GOIAS-UF/GO",153052.0,3240.0,"Material","153052-28/2026","MATERIAIS QUÍMICOS, SUBSTÂNCIAS PARA DIAGNÓSTICO, MEIOS DE CULTURA E TESTES - ICB, IPTSP, IQ","Catálogo do Compras.gov.br","Material",6550.0,"SUBSTÂNCIAS PARA DIAGNÓSTICO \"IN VITRO\",  REAGENTES,  CONJUNTOS E JOGOS PARA TESTE",12240.0,"SOLUÇÃO PADRÃO",454040.0,"TIPO: TAMPÃO (PH 7)","FR",1.0,40.0,40.0,0.0,"2026-05-22"]
["UNIVERSIDADE FEDERAL DE GOIAS-UF/GO",153052.0,3241.0,"Material","153052-28/2026","MATERIAIS QUÍMICOS, SUBSTÂNCIAS PARA DIAGNÓSTICO, MEIOS DE CULTURA E TESTES - ICB, IPTSP, IQ","Catálogo do Compras.gov.br","Material",6550.0,"SUBSTÂNCIAS PARA DIAGNÓSTICO \"IN VITRO\",  REAGENTES,  CONJUNTOS E JOGOS PARA TESTE",18984.0,"REAGENTE PARA DIAGNÓSTICO CLÍNICO 5",376048.0,"CARACTERÍSTICAS ADICIONAIS: CONFECÇÃO DE LÂMINAS HISTOLÓGICAS, COMPOSIÇÃO BÁSICA: RESINA DE HIDROXIMETILMETACRILATO, OUTROS COMPONENTES: REAGENTE ATIVADOR E ENDURECEDOR, TIPO: CONJUNTO COMPLETO","UN",2.0,2755.45,5510.9,0.0,"2026-05-22"]
["UNIVERSIDADE FEDERAL DE GOIAS-UF/GO",153052.0,3242.0,"Material","153052-28/2026","MATERIAIS QUÍMICOS, SUBSTÂNCIAS PARA DIAGNÓSTICO, MEIOS DE CULTURA E TESTES - ICB, IPTSP, IQ","Catálogo do Compras.gov.br","Material",6550.0,"SUBSTÂNCIAS PARA DIAGNÓSTICO \"IN VITRO\",  REAGENTES,  CONJUNTOS E JOGOS PARA TESTE",13893.0,"CORANTE",327377.0,"ASPECTO FÍSICO: PÓ, CARACTERÍSTICAS ADICIONAIS: CI 45380, TIPO: EOSINA AMARELADA Y","FR",1.0,35.0,35.0,0.0,"2026-05-22"]
["UNIVERSIDADE FEDERAL DE GOIAS-UF/GO",153052.0,3243.0,"Material","153052-28/2026","MATERIAIS QUÍMICOS, SUBSTÂNCIAS PARA DIAGNÓSTICO, MEIOS DE CULTURA E TESTES - ICB, IPTSP, IQ","Catálogo do Compras.gov.br","Material",6550.0,"SUBSTÂNCIAS PARA DIAGNÓSTICO \"IN VITRO\",  REAGENTES,  CONJUNTOS E JOGOS PARA TESTE",18984.0,"REAGENTE PARA DIAGNÓSTICO CLÍNICO 5",411173.0,"TIPO: SOLUÇÃO PADRÃO HEMOGLOBINA HUMANA","FR",1.0,31.0,31.0,0.0,"2026-05-22"]
["UNIVERSIDADE FEDERAL DE GOIAS-UF/GO",153052.0,3244.0,"Material","153052-28/2026","MATERIAIS QUÍMICOS, SUBSTÂNCIAS PARA DIAGNÓSTICO, MEIOS DE CULTURA E TESTES - ICB, IPTSP, IQ","Catálogo do Compras.gov.br","Material",6810.0,"PRODUTOS QUÍMICOS",15466.0,"CLOROFÓRMIO",380869.0,"ASPECTO FÍSICO: LÍQUIDO CLARO, INCOLOR, ODOR FORTE CARACTERÍSTICO, CARACTERÍSTICA ADICIONAL: REAGENTE P.A. ACS, FÓRMULA QUÍMICA: CHCL3, GRAU DE PUREZA: PUREZA MÍNIMA DE 99%, NÚMERO DE REFERÊNCIA QUÍMICA: CAS 67-66-3, PESO MOLECULAR: 119,38","L",3.0,70.57,211.71,0.0,"2026-05-22"]
["UNIVERSIDADE FEDERAL DE GOIAS-UF/GO",153052.0,3245.0,"Material","153052-28/2026","MATERIAIS QUÍMICOS, SUBSTÂNCIAS PARA DIAGNÓSTICO, MEIOS DE CULTURA E TESTES - ICB, IPTSP, IQ","Catálogo do Compras.gov.br","Material",6810.0,"PRODUTOS QUÍMICOS",13541.0,"CLORETO DE MANGANÊS",454847.0,"ASPECTO FÍSICO: PÓ, CARACTERÍSTICA ADICIONAL: REAGENTE P.A., FÓRMULA QUÍMICA: MNCL2.4H2O (TETRAHIDRATADO), GRAU DE PUREZA: PUREZA MÍNIMA DE 99%, NÚMERO DE REFERÊNCIA QUÍMICA: CAS 13446-34-9, PESO MOLECULAR: 197,91","G",250.0,0.4,100.0,0.0,"2026-05-22"]
["UNIVERSIDADE FEDERAL DE GOIAS-UF/GO",153052.0,3246.0,"Material","153052-28/2026","MATERIAIS QUÍMICOS, SUBSTÂNCIAS PARA DIAGNÓSTICO, MEIOS DE CULTURA E TESTES - ICB, IPTSP, IQ","Catálogo do Compras.gov.br","Material",6810.0,"PRODUTOS QUÍMICOS",85.0,"ACETATO DE ETILA",380787.0,"ASPECTO FÍSICO: LÍQUIDO INCOLOR, LÍMPIDO, INFLAMÁVEL, CARACTERÍSTICA ADICIONAL: REAGENTE P.A. ACS, COMPOSIÇÃO QUÍMICA: CH3CO2C2H5, NÚMERO DE REFERÊNCIA QUÍMICA: CAS 141-78-6, PESO MOLECULAR: 88,11, PUREZA MÍNIMA: PUREZA MÍNIMA DE 99,5%","L",1.0,120.0,120.0,0.0,"2026-05-22"]
["UNIVERSIDADE FEDERAL DE GOIAS-UF/GO",153052.0,3247.0,"Material","153052-28/2026","MATERIAIS QUÍMICOS, SUBSTÂNCIAS PARA DIAGNÓSTICO, MEIOS DE CULTURA E TESTES - ICB, IPTSP, IQ","Catálogo do Compras.gov.br","Material",6810.0,"PRODUTOS QUÍMICOS",12321.0,"SULFATO DE AMÔNIO",357056.0,"ASPECTO FÍSICO: FINOS CRISTAIS OU GRÂNULOS BRANCOS, ODOR DE AMÔNIA, CARACTERÍSTICA ADICIONAL: REAGENTE P.A., COMPOSIÇÃO: (NH4)2S04, GRAU DE PUREZA: PUREZA MÍNIMA DE 99%, NÚMERO DE REFERÊNCIA QUÍMICA: CAS 7783-20-2, PESO MOLECULAR: 132,14","G",500.0,0.08,40.0,0.0,"2026-05-22"]
["UNIVERSIDADE FEDERAL DE GOIAS-UF/GO",153052.0,3248.0,"Material","153052-28/2026","MATERIAIS QUÍMICOS, SUBSTÂNCIAS PARA DIAGNÓSTICO, MEIOS DE CULTURA E TESTES - ICB, IPTSP, IQ","Catálogo do Compras.gov.br","Material",6810.0,"PRODUTOS QUÍMICOS",2001.0,"ÁCIDO MOLÍBDICO",361165.0,"ASPECTO FÍSICO: PÓ FINO, BRANCO À LEVEMENTE AMARELADO, INODORO, CARACTERÍSTICA ADICIONAL: REAGENTE, FÓRMULA QUÍMICA: H2MOO4, GRAU DE PUREZA: TEOR MÍNIMO DE 85% EM (MOO3- MOLIBDATO), NÚMERO DE REFERÊNCIA QUÍMICA: CAS 7782-91-4, PESO MOLECULAR: 1163,9","G",100.0,1.5,150.0,0.0,"2026-05-22"]
["UNIVERSIDADE FEDERAL DE GOIAS-UF/GO",153052.0,3249.0,"Material","153052-28/2026","MATERIAIS QUÍMICOS, SUBSTÂNCIAS PARA DIAGNÓSTICO, MEIOS DE CULTURA E TESTES - ICB, IPTSP, IQ","Catálogo do Compras.gov.br","Material",6810.0,"PRODUTOS QUÍMICOS",8239.0,"HIDRÓXIDO DE SÓDIO",378590.0,"ASPECTO FÍSICO: EM LENTILHAS OU MICRO PÉROLAS ESBRANQUIÇADAS, CARACTERÍSTICA ADICIONAL: REAGENTE P.A. ACS, FÓRMULA QUÍMICA: NAOH, GRAU DE PUREZA: PUREZA MÍNIMA DE 99%, NÚMERO DE REFERÊNCIA QUÍMICA: CAS 1310-73-2, PESO MOLECULAR: 40","KG",1.0,75.0,75.0,0.0,"2026-05-22"]
["UNIVERSIDADE FEDERAL DE GOIAS-UF/GO",153052.0,3250.0,"Material","153052-28/2026","MATERIAIS QUÍMICOS, SUBSTÂNCIAS PARA DIAGNÓSTICO, MEIOS DE CULTURA E TESTES - ICB, IPTSP, IQ","Catálogo do Compras.gov.br","Material",6810.0,"PRODUTOS QUÍMICOS",18415.0,"FOSFATO DE POTÁSSIO",352749.0,"ASPECTO FÍSICO: PÓ BRANCO CRISTALINO, INODORO, CARACTERÍSTICA ADICIONAL: REAGENTE P.A., FÓRMULA QUÍMICA: KH2PO4 (MONOBÁSICO ANIDRO), NÚMERO DE REFERÊNCIA QUÍMICA: CAS 7778-77-0, PESO MOLECULAR: 136,09, TEOR DE PUREZA: PUREZA MÍNIMA DE 99%","G",500.0,0.16,80.0,0.0,"2026-05-22"]
["UNIVERSIDADE FEDERAL DE GOIAS-UF/GO",153052.0,3271.0,"Material","153052-28/2026","MATERIAIS QUÍMICOS, SUBSTÂNCIAS PARA DIAGNÓSTICO, MEIOS DE CULTURA E TESTES - ICB, IPTSP, IQ","Catálogo do Compras.gov.br","Material",6810.0,"PRODUTOS QUÍMICOS",18299.0,"NITRATO DE NÍQUEL",413221.0,"ASPECTO FÍSICO: CRISTAL VERDE HIGROSCÓPICO, CARACTERÍSTICA ADICIONAL: REAGENTE P.A., FÓRMULA QUÍMICA: NI(NO3)2.6H2O (HEXAHIDRATADO), GRAU DE PUREZA: MÍNIMO DE 98%, NÚMERO DE REFERÊNCIA QUÍMICA: CAS 13478-00-7, PESO MOLECULAR: 290,81","G",250.0,0.2,50.0,0.0,"2026-05-22"]
["UNIVERSIDADE FEDERAL DE GOIAS-UF/GO",153052.0,3272.0,"Material","153052-28/2026","MATERIAIS QUÍMICOS, SUBSTÂNCIAS PARA DIAGNÓSTICO, MEIOS DE CULTURA E TESTES - ICB, IPTSP, IQ","Catálogo do Compras.gov.br","Material",6810.0,"PRODUTOS QUÍMICOS",17936.0,"DIPIRONA SÓDICA",375486.0,"ASPECTO FÍSICO: PÓ CRISTALINO ESBRANQUIÇADO, FÓRMULA QUÍMICA: C13H16N3NASO4, GRAU DE PUREZA: PUREZA MÍNIMA DE 98%, NÚMERO DE REFERÊNCIA QUÍMICA: CAS 68-89-3, PESO MOLECULAR: 333,34","G",25.0,0.35,8.75,0.0,"2026-05-22"]
["UNIVERSIDADE FEDERAL DE GOIAS-UF/GO",153052.0,3273.0,"Material","153052-28/2026","MATERIAIS QUÍMICOS, SUBSTÂNCIAS PARA DIAGNÓSTICO, MEIOS DE CULTURA E TESTES - ICB, IPTSP, IQ","Catálogo do Compras.gov.br","Material",6810.0,"PRODUTOS QUÍMICOS",18843.0,"BENZOFENONA",355927.0,"ASPECTO FÍSICO: FLOCOS OU CRISTAIS BRANCOS, ODOR DE ROSAS, COMPOSIÇÃO QUÍMICA: C13H100, NÚMERO DE REFERÊNCIA QUÍMICA: CAS 119-61-9, PESO MOLECULAR: 182,22, PUREZA MÍNIMA: PUREZA MÍNIMA DE 99%","G",500.0,0.305,152.5,0.0,"2026-05-22"]
["UNIVERSIDADE FEDERAL DE GOIAS-UF/GO",153052.0,3274.0,"Material","153052-28/2026","MATERIAIS QUÍMICOS, SUBSTÂNCIAS PARA DIAGNÓSTICO, MEIOS DE CULTURA E TESTES - ICB, IPTSP, IQ","Catálogo do Compras.gov.br","Material",6810.0,"PRODUTOS QUÍMICOS",18299.0,"NITRATO DE NÍQUEL",413221.0,"ASPECTO FÍSICO: CRISTAL VERDE HIGROSCÓPICO, CARACTERÍSTICA ADICIONAL: REAGENTE P.A., FÓRMULA QUÍMICA: NI(NO3)2.6H2O (HEXAHIDRATADO), GRAU DE PUREZA: MÍNIMO DE 98%, NÚMERO DE REFERÊNCIA QUÍMICA: CAS 13478-00-7, PESO MOLECULAR: 290,81","G",250.0,0.21,52.5,0.0,"2026-05-22"]
["UNIVERSIDADE FEDERAL DE GOIAS-UF/GO",153052.0,3275.0,"Material","153052-28/2026","MATERIAIS QUÍMICOS, SUBSTÂNCIAS PARA DIAGNÓSTICO, MEIOS DE CULTURA E TESTES - ICB, IPTSP, IQ","Catálogo do Compras.gov.br","Material",6810.0,"PRODUTOS QUÍMICOS",6442.0,"CLORETO DE COBRE",437233.0,"ASPECTO FÍSICO: PÓ, CARACTERÍSTICAS ADICIONAIS: REAGENTE P.A., FÓRMULA QUÍMICA: CUCL (CLORETO DE COBRE I ANIDRO), NÚMERO DE REFERÊNCIA QUÍMICA: CAS 7758-89-6, PESO MOLECULAR: 99,01, PUREZA MÍNIMA: PUREZA MÍNIMA DE 97%","G",250.0,0.85,212.5,0.0,"2026-05-22"]
["UNIVERSIDADE FEDERAL DE GOIAS-UF/GO",153052.0,3276.0,"Material","153052-28/2026","MATERIAIS QUÍMICOS, SUBSTÂNCIAS PARA DIAGNÓSTICO, MEIOS DE CULTURA E TESTES - ICB, IPTSP, IQ","Catálogo do Compras.gov.br","Material",6810.0,"PRODUTOS QUÍMICOS",17568.0,"SILICATO DE SÓDIO",358604.0,"ASPECTO FÍSICO: GRÂNULOS BRANCOS, COMPOSIÇÃO QUÍMICA: NA2SIO3.9H2O, GRAU DE PUREZA: PUREZA MÍNIMA DE 98%, NÚMERO DE REFERÊNCIA QUÍMICA: CAS 13517-24-3, PESO MOLECULAR: 284,20","G",250.0,1.0,250.0,0.0,"2026-05-22"]
["UNIVERSIDADE FEDERAL DE GOIAS-UF/GO",153052.0,3277.0,"Material","153052-28/2026","MATERIAIS QUÍMICOS, SUBSTÂNCIAS PARA DIAGNÓSTICO, MEIOS DE CULTURA E TESTES - ICB, IPTSP, IQ","Catálogo do Compras.gov.br","Material",6810.0,"PRODUTOS QUÍMICOS",15830.0,"CLORETO DE LÍTIO",352960.0,"ASPECTO FÍSICO: PÓ BRANCO, INODORO, CARACTERÍSTICA ADICIONAL: REAGENTE P.A, COMPOSIÇÃO QUÍMICA: LICL, NÚMERO DE REFERÊNCIA QUÍMICA: CAS 7447-41-8, PESO MOLECULAR: 42,39, TEOR DE PUREZA: PUREZA MÍNIMA DE 99%","G",500.0,2.64,1320.0,0.0,"2026-05-22"]
["UNIVERSIDADE FEDERAL DE GOIAS-UF/GO",153052.0,3278.0,"Material","153052-28/2026","MATERIAIS QUÍMICOS, SUBSTÂNCIAS PARA DIAGNÓSTICO, MEIOS DE CULTURA E TESTES - ICB, IPTSP, IQ","Catálogo do Compras.gov.br","Material",6810.0,"PRODUTOS QUÍMICOS",17899.0,"SULFETO DE SÓDIO",382558.0,"ASPECTO FÍSICO: CRISTAL OU FLOCO,BRANCO À AMARELADO, ODOR PODRE, CARACTERÍSTICA ADICIONAL: REAGENTE P.A., FÓRMULA QUÍMICA: NA2S.9H2O (NONAHIDRATADO), GRAU DE PUREZA: PUREZA MÍNIMA DE 98%, NÚMERO DE REFERÊNCIA QUÍMICA: CAS 1313-84-4, PESO MOLECULAR: 240,18","G",250.0,3.9,975.0,0.0,"2026-05-22"]
["UNIVERSIDADE FEDERAL DE GOIAS-UF/GO",153052.0,3279.0,"Material","153052-28/2026","MATERIAIS QUÍMICOS, SUBSTÂNCIAS PARA DIAGNÓSTICO, MEIOS DE CULTURA E TESTES - ICB, IPTSP, IQ","Catálogo do Compras.gov.br","Material",6810.0,"PRODUTOS QUÍMICOS",10091.0,"NÍQUEL",438782.0,"ASPECTO FÍSICO: PÓ, FÓRMULA QUÍMICA: NI, GRAU DE PUREZA: PUREZA MÍNIMA DE 99,9%, NÚMERO DE REFERÊNCIA QUÍMICA*: CAS 7440-02-0, PESO MOLECULAR: 58,69","G",200.0,1.12,224.0,0.0,"2026-05-22"]
["UNIVERSIDADE FEDERAL DE GOIAS-UF/GO",153052.0,3280.0,"Material","153052-28/2026","MATERIAIS QUÍMICOS, SUBSTÂNCIAS PARA DIAGNÓSTICO, MEIOS DE CULTURA E TESTES - ICB, IPTSP, IQ","Catálogo do Compras.gov.br","Material",6810.0,"PRODUTOS QUÍMICOS",14814.0,"DICROMATO DE AMÔNIO",370012.0,"ASPECTO FÍSICO: PÓ CRISTALINO VERMELHO ALARANJADO, BRILHANTE, FÓRMULA QUÍMICA: (NH4)2 CR2O7, GRAU DE PUREZA: PUREZA MÍNIMA DE 99%, NÚMERO DE REFERÊNCIA QUÍMICA: CAS 7789-09-5, PESO MOLECULAR: 252,06","G",250.0,0.79,197.5,0.0,"2026-05-22"]
["UNIVERSIDADE FEDERAL DE GOIAS-UF/GO",153052.0,3281.0,"Material","153052-28/2026","MATERIAIS QUÍMICOS, SUBSTÂNCIAS PARA DIAGNÓSTICO, MEIOS DE CULTURA E TESTES - ICB, IPTSP, IQ","Catálogo do Compras.gov.br","Material",6810.0,"PRODUTOS QUÍMICOS",17568.0,"SILICATO DE SÓDIO",416261.0,"ASPECTO FÍSICO: PÓ, CRISTAIS OU GRÂNULOS BRANCOS, COMPOSIÇÃO QUÍMICA: NA2SIO3 (ANIDRO), GRAU DE PUREZA: TEOR MÍNIMO DE 45% DE SIO2 E DE 50% DE NA2O, NÚMERO DE REFERÊNCIA QUÍMICA: CAS 6834-92-0, PESO MOLECULAR: 122,06","G",250.0,1.0,250.0,0.0,"2026-05-22"]
["UNIVERSIDADE FEDERAL DE GOIAS-UF/GO",153052.0,3251.0,"Material","153052-28/2026","MATERIAIS QUÍMICOS, SUBSTÂNCIAS PARA DIAGNÓSTICO, MEIOS DE CULTURA E TESTES - ICB, IPTSP, IQ","Catálogo do Compras.gov.br","Material",6810.0,"PRODUTOS QUÍMICOS",7739.0,"FORMALDEÍDO (FORMOL)",357876.0,"ASPECTO FÍSICO: LÍQUIDO INCOLOR, LÍMPIDO, CARACTERISTICA ADICIONAL: REAGENTE P.A., FÓRMULA QUÍMICA: H2CO, GRAU DE PUREZA: CONCENTRAÇÃO MÍNIMA DE 35%, NÚMERO DE REFERÊNCIA QUÍMICA: CAS 50-00-0, PESO MOLECULAR: 30,03","L",6.0,30.0,180.0,0.0,"2026-05-22"]
["UNIVERSIDADE FEDERAL DE GOIAS-UF/GO",153052.0,3252.0,"Material","153052-28/2026","MATERIAIS QUÍMICOS, SUBSTÂNCIAS PARA DIAGNÓSTICO, MEIOS DE CULTURA E TESTES - ICB, IPTSP, IQ","Catálogo do Compras.gov.br","Material",6810.0,"PRODUTOS QUÍMICOS",13489.0,"XILENO",346185.0,"ASPECTO FÍSICO: LÍQUIDO LÍMPIDO, INCOLOR, INFLAMÁVEL, CARACTERÍSTICA ADICIONAL: REAGENTE P.A., FÓRMULA QUÍMICA: C6H4(CH3)2 - MISTURA DE ISÔMEROS ORTO, PARA E META, GRAU DE PUREZA: PUREZA MÍNIMA DE 98%, NÚMERO DE REFERÊNCIA QUÍMICA: CAS 1330-20-7, PESO MOLECULAR: 106,17","L",22.0,70.0,1540.0,0.0,"2026-05-22"]
["UNIVERSIDADE FEDERAL DE GOIAS-UF/GO",153052.0,3253.0,"Material","153052-28/2026","MATERIAIS QUÍMICOS, SUBSTÂNCIAS PARA DIAGNÓSTICO, MEIOS DE CULTURA E TESTES - ICB, IPTSP, IQ","Catálogo do Compras.gov.br","Material",6810.0,"PRODUTOS QUÍMICOS",794.0,"NITRATO DE POTÁSSIO",357897.0,"ASPECTO FÍSICO: CRISTAL BRANCO, INODORO, CARACTERÍSTICA ADICIONAL: REAGENTE P.A., FÓRMULA QUÍMICA: KNO3, GRAU DE PUREZA: PUREZA MÍNIMA DE 99%, NÚMERO DE REFERÊNCIA QUÍMICA: CAS 7757-79-1, PESO MOLECULAR: 101,10","KG",1.0,80.0,80.0,0.0,"2026-05-22"]
["UNIVERSIDADE FEDERAL DE GOIAS-UF/GO",153052.0,3254.0,"Material","153052-28/2026","MATERIAIS QUÍMICOS, SUBSTÂNCIAS PARA DIAGNÓSTICO, MEIOS DE CULTURA E TESTES - ICB, IPTSP, IQ","Catálogo do Compras.gov.br","Material",6810.0,"PRODUTOS QUÍMICOS",1952.0,"ÁCIDO INDOL-3-BUTÍRICO",352901.0,"ASPECTO FÍSICO: CRISTAL INCOLOR À LEVEMENTE ESBRANQUIÇADO, INODORO, CARACTERÍSTICA ADICIONAL: REAGENTE, FÓRMULA QUÍMICA: C12H13NO2, NÚMERO DE REFERÊNCIA QUÍMICA: CAS 133-32-4, PESO MOLECULAR: 203,24, TEOR DE PUREZA: PUREZA MÍNIMA DE 99%","G",5.0,8.0,40.0,0.0,"2026-05-22"]
["UNIVERSIDADE FEDERAL DE GOIAS-UF/GO",153052.0,3255.0,"Material","153052-28/2026","MATERIAIS QUÍMICOS, SUBSTÂNCIAS PARA DIAGNÓSTICO, MEIOS DE CULTURA E TESTES - ICB, IPTSP, IQ","Catálogo do Compras.gov.br","Material",6810.0,"PRODUTOS QUÍMICOS",18415.0,"FOSFATO DE POTÁSSIO",402641.0,"ASPECTO FÍSICO: PÓ BRANCO CRISTALINO, INODORO, CARACTERÍSTICA ADICIONAL: REAGENTE ACS, FÓRMULA QUÍMICA: K2HPO4 (DIBÁSICO ANIDRO), NÚMERO DE REFERÊNCIA QUÍMICA: CAS 7758-11-4, PESO MOLECULAR: 174,18, TEOR DE PUREZA: PUREZA MÍNIMA DE 98%","KG",4.0,130.0,520.0,0.0,"2026-05-22"]
["UNIVERSIDADE FEDERAL DE GOIAS-UF/GO",153052.0,3256.0,"Material","153052-28/2026","MATERIAIS QUÍMICOS, SUBSTÂNCIAS PARA DIAGNÓSTICO, MEIOS DE CULTURA E TESTES - ICB, IPTSP, IQ","Catálogo do Compras.gov.br","Material",6810.0,"PRODUTOS QUÍMICOS",18415.0,"FOSFATO DE POTÁSSIO",445252.0,"ASPECTO FÍSICO: PÓ BRANCO CRISTALINO, INODORO, CARACTERÍSTICAS ADICIONAIS: REAGENTE P.A., ACS E ISO, FÓRMULA QUÍMICA: KH2PO4 (MONOBÁSICO ANIDRO), NÚMERO DE REFERÊNCIA QUÍMICA: CAS 7778-77-0, PESO MOLECULAR: 136,09, TEOR DE PUREZA: PUREZA MÍNIMA DE 99,5%","KG",4.0,110.0,440.0,0.0,"2026-05-22"]
["UNIVERSIDADE FEDERAL DE GOIAS-UF/GO",153052.0,3257.0,"Material","153052-28/2026","MATERIAIS QUÍMICOS, SUBSTÂNCIAS PARA DIAGNÓSTICO, MEIOS DE CULTURA E TESTES - ICB, IPTSP, IQ","Catálogo do Compras.gov.br","Material",6810.0,"PRODUTOS QUÍMICOS",12256.0,"ACETATO DE BUTILA",391821.0,"ASPECTO FÍSICO: LÍQUIDO INCOLOR, CARACTERÍSTICA ADICIONAL: REAGENTE P/ HPLC, FÓRMULA QUÍMICA: C6H12O2, GRAU DE PUREZA: PUREZA MÍNIMA DE 99,7%, NÚMERO DE REFERÊNCIA QUÍMICA: CAS 123-86-4, PESO MOLECULAR: 116,16","L",30.0,67.02,2010.6,0.0,"2026-05-22"]
["UNIVERSIDADE FEDERAL DE GOIAS-UF/GO",153052.0,3258.0,"Material","153052-28/2026","MATERIAIS QUÍMICOS, SUBSTÂNCIAS PARA DIAGNÓSTICO, MEIOS DE CULTURA E TESTES - ICB, IPTSP, IQ","Catálogo do Compras.gov.br","Material",6810.0,"PRODUTOS QUÍMICOS",788.0,"ÁCIDO CLORÍDRICO",437099.0,"APRESENTAÇÃO: SOLUÇÃO AQUOSA, CONCENTRAÇÃO: 1 N","L",6.0,25.0,150.0,0.0,"2026-05-22"]
["UNIVERSIDADE FEDERAL DE GOIAS-UF/GO",153052.0,3259.0,"Material","153052-28/2026","MATERIAIS QUÍMICOS, SUBSTÂNCIAS PARA DIAGNÓSTICO, MEIOS DE CULTURA E TESTES - ICB, IPTSP, IQ","Catálogo do Compras.gov.br","Material",6810.0,"PRODUTOS QUÍMICOS",848.0,"ACETONA",380786.0,"ASPECTO FÍSICO: LÍQUIDO LÍMPIDO TRANSPARENTE, CARACTERÍSTICA ADICIONAL: REAGENTE P.A. ACS, FÓRMULA QUÍMICA: C3H6O, GRAU DE PUREZA: PUREZA MÍNIMA DE 99,5%, MASSA MOLECULAR: 58,08, NÚMERO DE REFERÊNCIA QUÍMICA: CAS 67-64-1","L",6.0,65.0,390.0,0.0,"2026-05-22"]
["UNIVERSIDADE FEDERAL DE GOIAS-UF/GO",153052.0,3260.0,"Material","153052-28/2026","MATERIAIS QUÍMICOS, SUBSTÂNCIAS PARA DIAGNÓSTICO, MEIOS DE CULTURA E TESTES - ICB, IPTSP, IQ","Catálogo do Compras.gov.br","Material",6810.0,"PRODUTOS QUÍMICOS",709.0,"ÁCIDO ACÉTICO",412648.0,"ASPECTO FÍSICO: LÍQUIDO LÍMPIDO TRANSPARENTE, CARACTERÍSTICA ADICIONAL: GLACIAL,REAGENTE P.A./ ACS, FÓRMULA QUÍMICA: C2H4O2, GRAU DE PUREZA: PUREZA MÍNIMA DE 99,5%, NÚMERO DE REFERÊNCIA QUÍMICA: CAS 64-19-7, PESO MOLECULAR: 60,05","L",3.0,50.0,150.0,0.0,"2026-05-22"]
["UNIVERSIDADE FEDERAL DE GOIAS-UF/GO",153052.0,3261.0,"Material","153052-28/2026","MATERIAIS QUÍMICOS, SUBSTÂNCIAS PARA DIAGNÓSTICO, MEIOS DE CULTURA E TESTES - ICB, IPTSP, IQ","Catálogo do Compras.gov.br","Material",6810.0,"PRODUTOS QUÍMICOS",709.0,"ÁCIDO ACÉTICO",345906.0,"ASPECTO FÍSICO: LÍQUIDO LÍMPIDO TRANSPARENTE, CARACTERÍSTICA ADICIONAL: GLACIAL,REAGENTE P.A.-ACS-ISO, FÓRMULA QUÍMICA: C2H4O2, GRAU DE PUREZA: PUREZA MÍNIMA DE 99,7%, NÚMERO DE REFERÊNCIA QUÍMICA: CAS 64-19-7, PESO MOLECULAR: 60,05","L",2.0,50.0,100.0,0.0,"2026-05-22"]
["UNIVERSIDADE FEDERAL DE GOIAS-UF/GO",153052.0,3262.0,"Material","153052-28/2026","MATERIAIS QUÍMICOS, SUBSTÂNCIAS PARA DIAGNÓSTICO, MEIOS DE CULTURA E TESTES - ICB, IPTSP, IQ","Catálogo do Compras.gov.br","Material",6810.0,"PRODUTOS QUÍMICOS",7739.0,"FORMALDEÍDO (FORMOL)",362990.0,"ASPECTO FÍSICO: LÍQUIDO INCOLOR, LÍMPIDO, FÓRMULA QUÍMICA: H2CO, GRAU DE PUREZA: CONCENTRAÇÃO ENTRE 37 E 40%, NÚMERO DE REFERÊNCIA QUÍMICA: CAS 50-00-0, PESO MOLECULAR: 30,03","L",77.0,37.0,2849.0,0.0,"2026-05-22"]
["UNIVERSIDADE FEDERAL DE GOIAS-UF/GO",153052.0,3263.0,"Material","153052-28/2026","MATERIAIS QUÍMICOS, SUBSTÂNCIAS PARA DIAGNÓSTICO, MEIOS DE CULTURA E TESTES - ICB, IPTSP, IQ","Catálogo do Compras.gov.br","Material",6810.0,"PRODUTOS QUÍMICOS",709.0,"ÁCIDO ACÉTICO",412648.0,"ASPECTO FÍSICO: LÍQUIDO LÍMPIDO TRANSPARENTE, CARACTERÍSTICA ADICIONAL: GLACIAL,REAGENTE P.A./ ACS, FÓRMULA QUÍMICA: C2H4O2, GRAU DE PUREZA: PUREZA MÍNIMA DE 99,5%, NÚMERO DE REFERÊNCIA QUÍMICA: CAS 64-19-7, PESO MOLECULAR: 60,05","L",72.0,56.11,4039.92,0.0,"2026-05-22"]
["UNIVERSIDADE FEDERAL DE GOIAS-UF/GO",153052.0,3264.0,"Material","153052-28/2026","MATERIAIS QUÍMICOS, SUBSTÂNCIAS PARA DIAGNÓSTICO, MEIOS DE CULTURA E TESTES - ICB, IPTSP, IQ","Catálogo do Compras.gov.br","Material",6810.0,"PRODUTOS QUÍMICOS",713.0,"ÁCIDO NÍTRICO",382564.0,"ASPECTO FÍSICO: LÍQUIDO LÍMPIDO,INCOLOR À AMARELADO,ODOR SUFOCANTE, FÓRMULA QUÍMICA: HNO3, NÚMERO DE REFERÊNCIA QUÍMICA: CAS 7697-37-2, PESO MOLECULAR: 63,01, TEOR: TEOR MÍNIMO NA FAIXA ENTRE 68 E 70%","L",6.0,80.0,480.0,0.0,"2026-05-22"]
["UNIVERSIDADE FEDERAL DE GOIAS-UF/GO",153052.0,3265.0,"Material","153052-28/2026","MATERIAIS QUÍMICOS, SUBSTÂNCIAS PARA DIAGNÓSTICO, MEIOS DE CULTURA E TESTES - ICB, IPTSP, IQ","Catálogo do Compras.gov.br","Material",6810.0,"PRODUTOS QUÍMICOS",10681.0,"PERÓXIDO DE HIDROGÊNIO",412697.0,"ASPECTO FÍSICO: LÍQUIDO INCOLOR, INSTÁVEL, CORROSIVO, CARACTERÍSTICA ADICIONAL: REAGENTE P.A., COMPOSIÇÃO BÁSICA: H202, NÚMERO DE REFERÊNCIA QUÍMICA: CAS 7722-84-1, PESO MOLECULAR: 34,01, PUREZA MÍNIMA: TEOR DE 35%","L",24.0,30.0,720.0,0.0,"2026-05-22"]
["UNIVERSIDADE FEDERAL DE GOIAS-UF/GO",153052.0,3266.0,"Material","153052-28/2026","MATERIAIS QUÍMICOS, SUBSTÂNCIAS PARA DIAGNÓSTICO, MEIOS DE CULTURA E TESTES - ICB, IPTSP, IQ","Catálogo do Compras.gov.br","Material",6810.0,"PRODUTOS QUÍMICOS",2018.0,"ÁCIDO PERCLÓRICO",366457.0,"ASPECTO FÍSICO: LÍQUIDO INCOLOR OU LEVEMENTE AMARELADO, CARACTERÍSTICA ADICIONAL: REAGENTE P.A., FÓRMULA QUÍMICA: HCLO4, GRAU DE PUREZA: CONCENTRAÇÃO MÍNIMA DE 70%, NÚMERO DE REFERÊNCIA QUÍMICA: CAS 7601-90-3, PESO MOLECULAR: 100,46","L",1.0,1038.0,1038.0,0.0,"2026-05-22"]
["UNIVERSIDADE FEDERAL DE GOIAS-UF/GO",153052.0,3267.0,"Material","153052-28/2026","MATERIAIS QUÍMICOS, SUBSTÂNCIAS PARA DIAGNÓSTICO, MEIOS DE CULTURA E TESTES - ICB, IPTSP, IQ","Catálogo do Compras.gov.br","Material",6810.0,"PRODUTOS QUÍMICOS",12256.0,"ACETATO DE BUTILA",391820.0,"ASPECTO FÍSICO: LÍQUIDO INCOLOR, CARACTERÍSTICA ADICIONAL: REAGENTE P.A., FÓRMULA QUÍMICA: C6H12O2, GRAU DE PUREZA: PUREZA MÍNIMA DE 99%, NÚMERO DE REFERÊNCIA QUÍMICA: CAS 123-86-4, PESO MOLECULAR: 116,16","L",5.0,90.0,450.0,0.0,"2026-05-22"]
["UNIVERSIDADE FEDERAL DE GOIAS-UF/GO",153052.0,3268.0,"Material","153052-28/2026","MATERIAIS QUÍMICOS, SUBSTÂNCIAS PARA DIAGNÓSTICO, MEIOS DE CULTURA E TESTES - ICB, IPTSP, IQ","Catálogo do Compras.gov.br","Material",6810.0,"PRODUTOS QUÍMICOS",13873.0,"ÉTER DE PETRÓLEO",352740.0,"ASPECTO FÍSICO: LÍQUIDO INCOLOR, LÍMPIDO, COM ODOR DE GASOLINA, CARACTERÍSTICA ADICIONAL: REAGENTE P.A., FAIXA DE DESTILAÇÃO: DESTILADOS ENTRE 30° E 60°C, FÓRMULA QUÍMICA: MISTURA DE HIDROCARBONETOS DERIVADOS DO PETRÓLEO, NÚMERO DE REFERÊNCIA QUÍMICA: CAS 8032-32-4, TEOR DE PUREZA: PUREZA MÍNIMA DE 99,5%","L",2.0,100.0,200.0,0.0,"2026-05-22"]
["UNIVERSIDADE FEDERAL DE GOIAS-UF/GO",153052.0,3269.0,"Material","153052-28/2026","MATERIAIS QUÍMICOS, SUBSTÂNCIAS PARA DIAGNÓSTICO, MEIOS DE CULTURA E TESTES - ICB, IPTSP, IQ","Catálogo do Compras.gov.br","Material",8030.0,"COMPOSTOS PRESERVATIVOS E VEDANTES",12061.0,"SÍLICA GEL",317830.0,"APLICAÇÃO: DESUMIDIFICAR E DESIDRATAR GASES, ASPECTO FÍSICO: GRANULADO, CARACTERÍSTICAS ADICIONAIS: INDICADOR DE UMIDADE, COMPOSIÇÃO: SIO2, COR: AZUL, TAMANHO GRÃO: 4 A 8","FR",10.0,65.0,650.0,0.0,"2026-05-22"]
["UNIVERSIDADE FEDERAL DE GOIAS-UF/GO",153052.0,3270.0,"Material","153052-28/2026","MATERIAIS QUÍMICOS, SUBSTÂNCIAS PARA DIAGNÓSTICO, MEIOS DE CULTURA E TESTES - ICB, IPTSP, IQ","Catálogo do Compras.gov.br","Material",6505.0,"DROGAS E MEDICAMENTOS",2259.0,"ÁLCOOL ETÍLICO",445578.0,"FORMA FARMACÊUTICA: SOLUÇÃO INJETÁVEL, TEOR ALCOÓLICO: ABSOLUTO, MÍNIMO DE 95%","GL",10.0,100.0,1000.0,0.0,"2026-05-22"]
["UNIVERSIDADE FEDERAL DE GOIAS-UF/GO",153052.0,3282.0,"Material","153052-28/2026","MATERIAIS QUÍMICOS, SUBSTÂNCIAS PARA DIAGNÓSTICO, MEIOS DE CULTURA E TESTES - ICB, IPTSP, IQ","Catálogo do Compras.gov.br","Material",6550.0,"SUBSTÂNCIAS PARA DIAGNÓSTICO \"IN VITRO\",  REAGENTES,  CONJUNTOS E JOGOS PARA TESTE",13893.0,"CORANTE",327615.0,"ASPECTO FÍSICO: PÓ, TIPO: PÚRPURA DE BROMOCRESOL","FR",1.0,150.0,150.0,0.0,"2026-05-22"]
["UNIVERSIDADE FEDERAL DE GOIAS-UF/GO",153052.0,3283.0,"Material","153052-28/2026","MATERIAIS QUÍMICOS, SUBSTÂNCIAS PARA DIAGNÓSTICO, MEIOS DE CULTURA E TESTES - ICB, IPTSP, IQ","Catálogo do Compras.gov.br","Material",6550.0,"SUBSTÂNCIAS PARA DIAGNÓSTICO \"IN VITRO\",  REAGENTES,  CONJUNTOS E JOGOS PARA TESTE",13893.0,"CORANTE",456314.0,"ASPECTO FÍSICO: PÓ, CARACTERÍSTICA ADICIONAL*: CI 45430:2, TIPO: VERMELHO ERITROSINA","FR",1.0,120.0,120.0,0.0,"2026-05-22"]
["UNIVERSIDADE FEDERAL DE GOIAS-UF/GO",153052.0,3284.0,"Material","153052-28/2026","MATERIAIS QUÍMICOS, SUBSTÂNCIAS PARA DIAGNÓSTICO, MEIOS DE CULTURA E TESTES - ICB, IPTSP, IQ","Catálogo do Compras.gov.br","Material",6550.0,"SUBSTÂNCIAS PARA DIAGNÓSTICO \"IN VITRO\",  REAGENTES,  CONJUNTOS E JOGOS PARA TESTE",10183.0,"ÓLEO DE IMERSÃO",334384.0,"ASPECTO FÍSICO: LÍQUIDO LÍMPIDO, TRANSPARENTE, DENSIDADE: DENSIDADE 1,02 G/CM³, USO: PARA MICROSCOPIA","FR",1.0,35.0,35.0,0.0,"2026-05-22"]
["UNIVERSIDADE FEDERAL DE GOIAS-UF/GO",153052.0,3285.0,"Material","153052-28/2026","MATERIAIS QUÍMICOS, SUBSTÂNCIAS PARA DIAGNÓSTICO, MEIOS DE CULTURA E TESTES - ICB, IPTSP, IQ","Catálogo do Compras.gov.br","Material",6550.0,"SUBSTÂNCIAS PARA DIAGNÓSTICO \"IN VITRO\",  REAGENTES,  CONJUNTOS E JOGOS PARA TESTE",13893.0,"CORANTE",331361.0,"ASPECTO FÍSICO: PÓ, CARACTERÍSTICAS ADICIONAIS: CI 52015, TIPO: AZUL DE METILENO","FR",1.0,40.0,40.0,0.0,"2026-05-22"]
["UNIVERSIDADE FEDERAL DE GOIAS-UF/GO",153052.0,3286.0,"Material","153052-28/2026","MATERIAIS QUÍMICOS, SUBSTÂNCIAS PARA DIAGNÓSTICO, MEIOS DE CULTURA E TESTES - ICB, IPTSP, IQ","Catálogo do Compras.gov.br","Material",6550.0,"SUBSTÂNCIAS PARA DIAGNÓSTICO \"IN VITRO\",  REAGENTES,  CONJUNTOS E JOGOS PARA TESTE",13893.0,"CORANTE",381056.0,"ASPECTO FÍSICO*: PÓ, CARACTERÍSTICA ADICIONAL*: CI 22120, TIPO*: VERMELHO DO CONGO","FR",1.0,40.0,40.0,0.0,"2026-05-22"]
["UNIVERSIDADE FEDERAL DE GOIAS-UF/GO",153052.0,3287.0,"Material","153052-28/2026","MATERIAIS QUÍMICOS, SUBSTÂNCIAS PARA DIAGNÓSTICO, MEIOS DE CULTURA E TESTES - ICB, IPTSP, IQ","Catálogo do Compras.gov.br","Material",6550.0,"SUBSTÂNCIAS PARA DIAGNÓSTICO \"IN VITRO\",  REAGENTES,  CONJUNTOS E JOGOS PARA TESTE",13893.0,"CORANTE",327370.0,"ASPECTO FÍSICO: PÓ, CARACTERÍSTICAS ADICIONAIS: CI 13025, TIPO: ALARANJADO DE METILA","FR",1.0,30.0,30.0,0.0,"2026-05-22"]
["UNIVERSIDADE FEDERAL DE GOIAS-UF/GO",153052.0,3288.0,"Material","153052-28/2026","MATERIAIS QUÍMICOS, SUBSTÂNCIAS PARA DIAGNÓSTICO, MEIOS DE CULTURA E TESTES - ICB, IPTSP, IQ","Catálogo do Compras.gov.br","Material",6550.0,"SUBSTÂNCIAS PARA DIAGNÓSTICO \"IN VITRO\",  REAGENTES,  CONJUNTOS E JOGOS PARA TESTE",13893.0,"CORANTE",327536.0,"ASPECTO FÍSICO: LÍQUIDO, CARACTERÍSTICAS ADICIONAIS: FRASCOS SEPARADOS CONTENDO, COMPONENTES ADICIONAIS: 0,1% DE FENOTIAZINAS, COMPOSIÇÃO: 0,1% DE CICLOHEXADIENOS,0,1% DE AZOBENZOSULFÔNICOS, TIPO: CONJUNTO CORANTE HEMATOLÓGICO PANÓTICO RÁPIDO","CJ",1.0,75.0,75.0,0.0,"2026-05-22"]
["UNIVERSIDADE FEDERAL DE GOIAS-UF/GO",153052.0,3860.0,"Material","153052-44/2026","CEPAE - GÊNEROS ALIMENTÍCIOS EM GERAL","Catálogo do Compras.gov.br","Material",8905.0,"CARNES, AVES E PEIXES",4548.0,"CARNE BOVINA IN NATURA",447497.0,"APRESENTAÇÃO: MOIDA, ESTADO DE CONSERVAÇÃO: RESFRIADO(A), TIPO CORTE: MÚSCULO TRASEIRO","KG",400.0,26.0,10400.0,0.0,"2026-08-21"]
["UNIVERSIDADE FEDERAL DE GOIAS-UF/GO",153052.0,3861.0,"Material","153052-44/2026","CEPAE - GÊNEROS ALIMENTÍCIOS EM GERAL","Catálogo do Compras.gov.br","Material",8905.0,"CARNES, AVES E PEIXES",4550.0,"CARNE DE AVE IN NATURA",451063.0,"APRESENTAÇÃO: INTEIRO, ESTADO DE CONSERVAÇÃO: CONGELADO(A), PROCESSAMENTO: SEM PELE, SEM OSSO, TIPO ANIMAL: FRANGO, TIPO CORTE: COXA E SOBRECOXA","KG",1200.0,10.0,12000.0,0.0,"2026-08-21"]
["UNIVERSIDADE FEDERAL DE GOIAS-UF/GO",153052.0,3862.0,"Material","153052-44/2026","CEPAE - GÊNEROS ALIMENTÍCIOS EM GERAL","Catálogo do Compras.gov.br","Material",8905.0,"CARNES, AVES E PEIXES",17294.0,"CARNE SUÍNA IN NATURA",447517.0,"APRESENTAÇÃO: PEÇA INTEIRA, ESTADO DE CONSERVAÇÃO: RESFRIADO(A), TIPO CORTE: LOMBO","KG",600.0,23.0,13800.0,0.0,"2026-08-21"]
["UNIVERSIDADE FEDERAL DE GOIAS-UF/GO",153052.0,3863.0,"Material","153052-44/2026","CEPAE - GÊNEROS ALIMENTÍCIOS EM GERAL","Catálogo do Compras.gov.br","Material",8905.0,"CARNES, AVES E PEIXES",4548.0,"CARNE BOVINA IN NATURA",465394.0,"APRESENTAÇÃO: PEÇA INTEIRA, ESTADO DE CONSERVAÇÃO: RESFRIADO(A), TIPO CORTE: COXÃO DURO","KG",225.0,30.0,6750.0,0.0,"2026-08-21"]
["UNIVERSIDADE FEDERAL DE GOIAS-UF/GO",153052.0,3864.0,"Material","153052-44/2026","CEPAE - GÊNEROS ALIMENTÍCIOS EM GERAL","Catálogo do Compras.gov.br","Material",8905.0,"CARNES, AVES E PEIXES",4548.0,"CARNE BOVINA IN NATURA",480370.0,"APRESENTAÇÃO: PEÇA INTEIRA, ESTADO DE CONSERVAÇÃO: RESFRIADO(A), TIPO CORTE: PATINHO","KG",225.0,30.0,6750.0,0.0,"2026-08-21"]
["UNIVERSIDADE FEDERAL DE GOIAS-UF/GO",153052.0,3865.0,"Material","153052-44/2026","CEPAE - GÊNEROS ALIMENTÍCIOS EM GERAL","Catálogo do Compras.gov.br","Material",8905.0,"CARNES, AVES E PEIXES",9382.0,"PEIXE IN NATURA",448953.0,"APRESENTAÇÃO: SEM PELE, ESTADO DE CONSERVAÇÃO: CONGELADO(A), TIPO CORTE: FILÉ, VARIEDADE: TILÁPIA","KG",132.0,39.0,5148.0,0.0,"2026-08-21"]
["UNIVERSIDADE FEDERAL DE GOIAS-UF/GO",153052.0,3866.0,"Material","153052-44/2026","CEPAE - GÊNEROS ALIMENTÍCIOS EM GERAL","Catálogo do Compras.gov.br","Material",8905.0,"CARNES, AVES E PEIXES",9806.0,"EMBUTIDO",447715.0,"ESTADO DE CONSERVAÇÃO: RESFRIADO(A), TAMANHO: FINA, TIPO: LINGUIÇA DE CARNE SUÍNA, TIPO PREPARAÇÃO: FRESCA","KG",160.0,19.0,3040.0,0.0,"2026-08-21"]
["UNIVERSIDADE FEDERAL DE GOIAS-UF/GO",153052.0,3615.0,"Material","153052-36/2026","MATERIAIS DE PROTEÇÃO COMUM","Catálogo do Compras.gov.br","Material",8415.0,"VESTUÁRIO PARA FINS ESPECIAIS",8974.0,"LUVA PROTEÇÃO",604413.0,"CARACTERÍSTICAS ADICIONAIS: PUNHO REFORÇADO COURO NAPA BOVINA, COR: CASTANHO CLARO, MATERIAL: COURO, TAMANHO: SOB MEDIDA, TAMANHO CANO: CURTO, USO: CAATINGA","PAR",10.0,19.89,198.9,0.0,"2026-07-17"]
["UNIVERSIDADE FEDERAL DE GOIAS-UF/GO",153052.0,3616.0,"Material","153052-36/2026","MATERIAIS DE PROTEÇÃO COMUM","Catálogo do Compras.gov.br","Material",8415.0,"VESTUÁRIO PARA FINS ESPECIAIS",8518.0,"JALECO",250134.0,"CARACTERÍSTICAS ADICIONAIS: COM GOLA, COR: AZUL-MARINHO, MATERIAL: BRIM, POSIÇÃO BOLSOS: 1 LADO ESQUERDO PEITO E 2 LATERAIS ABAIXO CINTURA, QUANTIDADE BOLSOS: 3, QUANTIDADE BOTÕES: 5, TAMANHO: M, TIPO: LONGO, TIPO MANGA: CURTA, TIPO TECIDO: BRIM (LEVE)","UN",10.0,61.0,610.0,0.0,"2026-07-17"]
["UNIVERSIDADE FEDERAL DE GOIAS-UF/GO",153052.0,3617.0,"Material","153052-36/2026","MATERIAIS DE PROTEÇÃO COMUM","Catálogo do Compras.gov.br","Material",8415.0,"VESTUÁRIO PARA FINS ESPECIAIS",8974.0,"LUVA PROTEÇÃO",440936.0,"CARACTERÍSTICAS ADICIONAIS: DORSO SEM EMENDAS, TIRA DE REFORÇO ENTRE POLEGAR E, MATERIAL: RASPA DE COURO, TAMANHO: ADULTO, TAMANHO CANO: LONGO","PAR",10.0,31.0,310.0,0.0,"2026-07-17"]
["UNIVERSIDADE FEDERAL DE GOIAS-UF/GO",153052.0,3618.0,"Material","153052-36/2026","MATERIAIS DE PROTEÇÃO COMUM","Catálogo do Compras.gov.br","Material",4240.0,"EQUIPAMENTO PARA SEGURANÇA E SALVAMENTO",1372.0,"CAPACETE SEGURANÇA",343207.0,"APLICAÇÃO: CONSTRUÇÃO CIVIL, CARACTERÍSTICAS ADICIONAIS: ABA FRONTAL,COPA ESTRIAS,DUPLA SUSPENSÃO E JUGULAR, COR: BRANCA, MATERIAL: PLÁSTICO","UN",5.0,157.41,787.05,0.0,"2026-07-17"]
["UNIVERSIDADE FEDERAL DE GOIAS-UF/GO",153052.0,3619.0,"Material","153052-36/2026","MATERIAIS DE PROTEÇÃO COMUM","Catálogo do Compras.gov.br","Material",4240.0,"EQUIPAMENTO PARA SEGURANÇA E SALVAMENTO",1306.0,"RESPIRADOR",486883.0,"APLICAÇÃO: CLASSE N95, PFF2 OU EQUIVALENTE, CARACTERÍSTICAS ADICIONAIS: EFICIÊNCIA FILTRAÇÃO MÍNIMA 94% - S, FORMATO: TIPO CONCHA, MATERIAL: CAMADAS FIBRAS SINTÉTICAS, QUANTIDADE PONTOS FIXAÇÃO: TIRAS VEDAÇÃO ANATÔMICA, CLIPE NASAL, QUANTIDADE VÁLVULAS: S/ VÁLVULAS, TAMANHO PEÇA FACIAL: ADULTO, TIPO: C/ COR, TIPO USO: DESCARTÁVEL","UN",100.0,1.3,130.0,0.0,"2026-07-17"]
["UNIVERSIDADE FEDERAL DE GOIAS-UF/GO",153052.0,3620.0,"Material","153052-36/2026","MATERIAIS DE PROTEÇÃO COMUM","Catálogo do Compras.gov.br","Material",4240.0,"EQUIPAMENTO PARA SEGURANÇA E SALVAMENTO",13722.0,"LUVA SEGURANÇA",486638.0,"APLICAÇÃO: SEGURANÇA E PROTEÇÃO INDIVIDUAL., CARACTERÍSTICAS ADICIONAIS: RESISTENTE À TEMPERATURA ATÉ 400 °C, MATERIAL: KEVLAR, MODELO: CANO LONGO, TAMANHO: ÚNICO","PAR",2.0,150.44,300.88,0.0,"2026-07-17"]
["UNIVERSIDADE FEDERAL DE GOIAS-UF/GO",153052.0,3867.0,"Material","153052-44/2026","CEPAE - GÊNEROS ALIMENTÍCIOS EM GERAL","Catálogo do Compras.gov.br","Material",8905.0,"CARNES, AVES E PEIXES",4550.0,"CARNE DE AVE IN NATURA",447581.0,"APRESENTAÇÃO: FATIADO, ESTADO DE CONSERVAÇÃO: CONGELADO(A), PROCESSAMENTO: SEM PELE, SEM OSSO, TIPO ANIMAL: FRANGO, TIPO CORTE: FILÉ DE PEITO","KG",1050.0,17.0,17850.0,0.0,"2026-08-21"]
["UNIVERSIDADE FEDERAL DE GOIAS-UF/GO",153052.0,3868.0,"Material","153052-44/2026","CEPAE - GÊNEROS ALIMENTÍCIOS EM GERAL","Catálogo do Compras.gov.br","Material",8905.0,"CARNES, AVES E PEIXES",17294.0,"CARNE SUÍNA IN NATURA",447524.0,"APRESENTAÇÃO: PEÇA INTEIRA, ESTADO DE CONSERVAÇÃO: RESFRIADO(A), PROCESSAMENTO: SEM OSSO, SEM PELE, TIPO CORTE: PERNIL","KG",360.0,19.0,6840.0,0.0,"2026-08-21"]
["UNIVERSIDADE FEDERAL DE GOIAS-UF/GO",153052.0,3869.0,"Material","153052-44/2026","CEPAE - GÊNEROS ALIMENTÍCIOS EM GERAL","Catálogo do Compras.gov.br","Material",8905.0,"CARNES, AVES E PEIXES",4560.0,"PROTEÍNA TEXTURIZADA SOJA",245598.0,"APRESENTAÇÃO: FARINHA, ASPECTO FÍSICO: SÓLIDO, COMPOSIÇÃO BÁSICA: PROTEÍNA DE SOJA 50% E CARBOIDRATO 30%","PCT",80.0,10.2,816.0,0.0,"2026-08-21"]
["UNIVERSIDADE FEDERAL DE GOIAS-UF/GO",153052.0,3870.0,"Material","153052-44/2026","CEPAE - GÊNEROS ALIMENTÍCIOS EM GERAL","Catálogo do Compras.gov.br","Material",8920.0,"PRODUTOS DE PANIFICAÇÃO E CEREAIS",19712.0,"FERMENTO",459586.0,"APRESENTAÇÃO: PÓ, TIPO: QUÍMICO","EMB",60.0,3.42,205.2,0.0,"2026-08-21"]
["UNIVERSIDADE FEDERAL DE GOIAS-UF/GO",153052.0,3871.0,"Material","153052-44/2026","CEPAE - GÊNEROS ALIMENTÍCIOS EM GERAL","Catálogo do Compras.gov.br","Material",8915.0,"FRUTAS, VERDURAS E LEGUMES",19772.0,"LEGUME IN NATURA",463760.0,"TIPO: BATATA BAROA / MANDIOQUINHA","KG",40.0,8.39,335.6,0.0,"2026-08-21"]
["UNIVERSIDADE FEDERAL DE GOIAS-UF/GO",153052.0,3872.0,"Material","153052-44/2026","CEPAE - GÊNEROS ALIMENTÍCIOS EM GERAL","Catálogo do Compras.gov.br","Material",8915.0,"FRUTAS, VERDURAS E LEGUMES",19772.0,"LEGUME IN NATURA",463805.0,"TIPO: TOMATE ITALIANO","KG",320.0,6.38,2041.6,0.0,"2026-08-21"]
["UNIVERSIDADE FEDERAL DE GOIAS-UF/GO",153052.0,3873.0,"Material","153052-44/2026","CEPAE - GÊNEROS ALIMENTÍCIOS EM GERAL","Catálogo do Compras.gov.br","Material",8915.0,"FRUTAS, VERDURAS E LEGUMES",19790.0,"POLPA DE FRUTA",464514.0,"APRESENTAÇÃO: CONGELADA, TIPO: GOIABA VERMELHA","KG",20.0,12.0,240.0,0.0,"2026-08-21"]
["UNIVERSIDADE FEDERAL DE GOIAS-UF/GO",153052.0,3874.0,"Material","153052-44/2026","CEPAE - GÊNEROS ALIMENTÍCIOS EM GERAL","Catálogo do Compras.gov.br","Material",8915.0,"FRUTAS, VERDURAS E LEGUMES",19772.0,"LEGUME IN NATURA",463767.0,"TIPO: BETERRABA","KG",160.0,5.14,822.4,0.0,"2026-08-21"]
["UNIVERSIDADE FEDERAL DE GOIAS-UF/GO",153052.0,3875.0,"Material","153052-44/2026","CEPAE - GÊNEROS ALIMENTÍCIOS EM GERAL","Catálogo do Compras.gov.br","Material",8915.0,"FRUTAS, VERDURAS E LEGUMES",19789.0,"FRUTA",464380.0,"APRESENTAÇÃO: NATURAL, TIPO: BANANA NANICA / BANANA D'ÁGUA","KG",510.0,4.5,2295.0,0.0,"2026-08-21"]
["UNIVERSIDADE FEDERAL DE GOIAS-UF/GO",153052.0,3876.0,"Material","153052-44/2026","CEPAE - GÊNEROS ALIMENTÍCIOS EM GERAL","Catálogo do Compras.gov.br","Material",8910.0,"OVOS E LATICÍNIOS",11534.0,"QUEIJO",446660.0,"APRESENTAÇÃO: PEÇA, ORIGEM: DE VACA, TIPO: FRESCO, VARIEDADE: MINAS","KG",40.0,30.0,1200.0,0.0,"2026-08-21"]
["UNIVERSIDADE FEDERAL DE GOIAS-UF/GO",153052.0,3877.0,"Material","153052-44/2026","CEPAE - GÊNEROS ALIMENTÍCIOS EM GERAL","Catálogo do Compras.gov.br","Material",8915.0,"FRUTAS, VERDURAS E LEGUMES",19789.0,"FRUTA",464333.0,"APRESENTAÇÃO: NATURAL, TIPO: PÊSSEGO","KG",50.0,15.0,750.0,0.0,"2026-08-21"]
["UNIVERSIDADE FEDERAL DE GOIAS-UF/GO",153052.0,3878.0,"Material","153052-44/2026","CEPAE - GÊNEROS ALIMENTÍCIOS EM GERAL","Catálogo do Compras.gov.br","Material",8925.0,"AÇÚCAR, CONFEITOS, CASTANHAS, NOZES E SIMILARES",5293.0,"CÔCO RALADO",225698.0,"APRESENTAÇÃO: DESIDRATADO E TRITURADO, CARACTERÍSTICAS ADICIONAIS: DESENGORDURADO, INGREDIENTES: AMÊNDOA DE CÔCO, PROCESSO CONSERVAÇÃO: INS 233-MS","PCT",4.0,24.59,98.36,0.0,"2026-08-21"]
["UNIVERSIDADE FEDERAL DE GOIAS-UF/GO",153052.0,3879.0,"Material","153052-44/2026","CEPAE - GÊNEROS ALIMENTÍCIOS EM GERAL","Catálogo do Compras.gov.br","Material",8920.0,"PRODUTOS DE PANIFICAÇÃO E CEREAIS",19691.0,"MACARRÃO",458963.0,"APRESENTAÇÃO: AVE MARIA/PAI NOSSO, BASE DA MASSA: DE FARINHA DE TRIGO, INGREDIENTES ADICIONAIS: COM OVOS, TEOR DE UMIDADE: MASSA SECA","EMB",150.0,6.5,975.0,0.0,"2026-08-21"]
["UNIVERSIDADE FEDERAL DE GOIAS-UF/GO",153052.0,3880.0,"Material","153052-44/2026","CEPAE - GÊNEROS ALIMENTÍCIOS EM GERAL","Catálogo do Compras.gov.br","Material",8915.0,"FRUTAS, VERDURAS E LEGUMES",19789.0,"FRUTA",464400.0,"APRESENTAÇÃO: NATURAL, TIPO: MAÇÃ GALA","KG",700.0,7.5,5250.0,0.0,"2026-08-21"]
["UNIVERSIDADE FEDERAL DE GOIAS-UF/GO",153052.0,3881.0,"Material","153052-44/2026","CEPAE - GÊNEROS ALIMENTÍCIOS EM GERAL","Catálogo do Compras.gov.br","Material",8915.0,"FRUTAS, VERDURAS E LEGUMES",19772.0,"LEGUME IN NATURA",463790.0,"TIPO: JILÓ","KG",10.0,6.5,65.0,0.0,"2026-08-21"]
["UNIVERSIDADE FEDERAL DE GOIAS-UF/GO",153052.0,3882.0,"Material","153052-44/2026","CEPAE - GÊNEROS ALIMENTÍCIOS EM GERAL","Catálogo do Compras.gov.br","Material",8910.0,"OVOS E LATICÍNIOS",8753.0,"LEITE FLUIDO",445998.0,"ORIGEM: DE VACA, PROCESSAMENTO: UHT, TEOR GORDURA: INTEGRAL, TIPO: A, TIPO RESTRIÇÃO: ZERO LACTOSE","CX",150.0,5.0,750.0,0.0,"2026-08-21"]
["UNIVERSIDADE FEDERAL DE GOIAS-UF/GO",153052.0,3883.0,"Material","153052-44/2026","CEPAE - GÊNEROS ALIMENTÍCIOS EM GERAL","Catálogo do Compras.gov.br","Material",8915.0,"FRUTAS, VERDURAS E LEGUMES",19773.0,"VERDURA IN NATURA",463829.0,"TIPO: REPOLHO ROXO","KG",80.0,6.15,492.0,0.0,"2026-08-21"]
["UNIVERSIDADE FEDERAL DE GOIAS-UF/GO",153052.0,3884.0,"Material","153052-44/2026","CEPAE - GÊNEROS ALIMENTÍCIOS EM GERAL","Catálogo do Compras.gov.br","Material",8920.0,"PRODUTOS DE PANIFICAÇÃO E CEREAIS",19748.0,"MILHO DE PIPOCA",462122.0,"CLASSE: AMARELA, FORMATO ESTOURADO: TIPO IRREGULAR/BUTTERFLY, GRUPO: DURO, QUALIDADE: TIPO 1","EMB",90.0,5.0,450.0,0.0,"2026-08-21"]
["UNIVERSIDADE FEDERAL DE GOIAS-UF/GO",153052.0,3885.0,"Material","153052-44/2026","CEPAE - GÊNEROS ALIMENTÍCIOS EM GERAL","Catálogo do Compras.gov.br","Material",8915.0,"FRUTAS, VERDURAS E LEGUMES",19772.0,"LEGUME IN NATURA",463754.0,"TIPO: BATATA INGLESA","KG",400.0,8.9,3560.0,0.0,"2026-08-21"]
["UNIVERSIDADE FEDERAL DE GOIAS-UF/GO",153052.0,3886.0,"Material","153052-44/2026","CEPAE - GÊNEROS ALIMENTÍCIOS EM GERAL","Catálogo do Compras.gov.br","Material",8910.0,"OVOS E LATICÍNIOS",8753.0,"LEITE FLUIDO",445995.0,"ORIGEM: DE VACA, PROCESSAMENTO: UHT, TEOR GORDURA: INTEGRAL, TIPO: A","CX",1800.0,5.0,9000.0,0.0,"2026-08-21"]
["UNIVERSIDADE FEDERAL DE GOIAS-UF/GO",153052.0,3887.0,"Material","153052-44/2026","CEPAE - GÊNEROS ALIMENTÍCIOS EM GERAL","Catálogo do Compras.gov.br","Material",8920.0,"PRODUTOS DE PANIFICAÇÃO E CEREAIS",19692.0,"FARINHA DE MANDIOCA",458920.0,"ACIDEZ: BAIXA ACIDEZ, ASPECTO FÍSICO: TIPO 1, CLASSE: FINA, GRUPO: SECA, SUBGRUPO: BRANCA TORRADA","EMB",160.0,8.0,1280.0,0.0,"2026-08-21"]
["UNIVERSIDADE FEDERAL DE GOIAS-UF/GO",153052.0,3888.0,"Material","153052-44/2026","CEPAE - GÊNEROS ALIMENTÍCIOS EM GERAL","Catálogo do Compras.gov.br","Material",8915.0,"FRUTAS, VERDURAS E LEGUMES",19772.0,"LEGUME IN NATURA",463778.0,"TIPO: CHUCHU VERDE","KG",300.0,5.7,1710.0,0.0,"2026-08-21"]
["UNIVERSIDADE FEDERAL DE GOIAS-UF/GO",153052.0,3889.0,"Material","153052-44/2026","CEPAE - GÊNEROS ALIMENTÍCIOS EM GERAL","Catálogo do Compras.gov.br","Material",8910.0,"OVOS E LATICÍNIOS",19586.0,"OVO",446619.0,"CLASSE: A, GRUPO: BRANCO, ORIGEM: GALINHA, TIPO: MÉDIO","BJ",500.0,8.0,4000.0,0.0,"2026-08-21"]
["UNIVERSIDADE FEDERAL DE GOIAS-UF/GO",153052.0,3890.0,"Material","153052-44/2026","CEPAE - GÊNEROS ALIMENTÍCIOS EM GERAL","Catálogo do Compras.gov.br","Material",8915.0,"FRUTAS, VERDURAS E LEGUMES",19792.0,"LEGUMINOSA",464569.0,"VARIEDADE: GRÃO DE BICO","EMB",40.0,7.0,280.0,0.0,"2026-08-21"]
["UNIVERSIDADE FEDERAL DE GOIAS-UF/GO",153052.0,3891.0,"Material","153052-44/2026","CEPAE - GÊNEROS ALIMENTÍCIOS EM GERAL","Catálogo do Compras.gov.br","Material",8915.0,"FRUTAS, VERDURAS E LEGUMES",19772.0,"LEGUME IN NATURA",463770.0,"TIPO: CENOURA","KG",350.0,5.91,2068.5,0.0,"2026-08-21"]
["UNIVERSIDADE FEDERAL DE GOIAS-UF/GO",153052.0,3892.0,"Material","153052-44/2026","CEPAE - GÊNEROS ALIMENTÍCIOS EM GERAL","Catálogo do Compras.gov.br","Material",8915.0,"FRUTAS, VERDURAS E LEGUMES",19789.0,"FRUTA",464392.0,"APRESENTAÇÃO: NATURAL, TIPO: GOIABA VERMELHA","KG",50.0,7.5,375.0,0.0,"2026-08-21"]
["UNIVERSIDADE FEDERAL DE GOIAS-UF/GO",153052.0,3893.0,"Material","153052-44/2026","CEPAE - GÊNEROS ALIMENTÍCIOS EM GERAL","Catálogo do Compras.gov.br","Material",8915.0,"FRUTAS, VERDURAS E LEGUMES",19789.0,"FRUTA",464377.0,"APRESENTAÇÃO: NATURAL, TIPO: BANANA DA TERRA / BANANA COMPRIDA","KG",140.0,6.5,910.0,0.0,"2026-08-21"]
["UNIVERSIDADE FEDERAL DE GOIAS-UF/GO",153052.0,3894.0,"Material","153052-44/2026","CEPAE - GÊNEROS ALIMENTÍCIOS EM GERAL","Catálogo do Compras.gov.br","Material",8920.0,"PRODUTOS DE PANIFICAÇÃO E CEREAIS",19712.0,"FERMENTO",481031.0,"APRESENTAÇÃO: PÓ, COMPOSIÇÃO: SACCHAROMYCES CEREVISIAE, TIPO: BIOLÓGICO SECO","EMB",100.0,1.65,165.0,0.0,"2026-08-21"]
["UNIVERSIDADE FEDERAL DE GOIAS-UF/GO",153052.0,3895.0,"Material","153052-44/2026","CEPAE - GÊNEROS ALIMENTÍCIOS EM GERAL","Catálogo do Compras.gov.br","Material",8915.0,"FRUTAS, VERDURAS E LEGUMES",19773.0,"VERDURA IN NATURA",463830.0,"TIPO: ALFACE AMERICANA","UN",300.0,3.5,1050.0,0.0,"2026-08-21"]
["UNIVERSIDADE FEDERAL DE GOIAS-UF/GO",153052.0,3896.0,"Material","153052-44/2026","CEPAE - GÊNEROS ALIMENTÍCIOS EM GERAL","Catálogo do Compras.gov.br","Material",8915.0,"FRUTAS, VERDURAS E LEGUMES",19789.0,"FRUTA",474374.0,"ADICIONAL: PRETA, APRESENTAÇÃO: DESIDRATADA / SECA, TIPO 1: AMEIXA","KG",20.0,38.0,760.0,0.0,"2026-08-21"]
["UNIVERSIDADE FEDERAL DE GOIAS-UF/GO",153052.0,3897.0,"Material","153052-44/2026","CEPAE - GÊNEROS ALIMENTÍCIOS EM GERAL","Catálogo do Compras.gov.br","Material",8915.0,"FRUTAS, VERDURAS E LEGUMES",19792.0,"LEGUMINOSA",464574.0,"VARIEDADE: LENTILHA VERDE","EMB",40.0,9.27,370.8,0.0,"2026-08-21"]
["UNIVERSIDADE FEDERAL DE GOIAS-UF/GO",153052.0,3898.0,"Material","153052-44/2026","CEPAE - GÊNEROS ALIMENTÍCIOS EM GERAL","Catálogo do Compras.gov.br","Material",8920.0,"PRODUTOS DE PANIFICAÇÃO E CEREAIS",13884.0,"FARINHA ARROZ",343597.0,"CARACTERÍSTICAS ADICIONAIS: NÃO CONTÉM GLÚTEN, INGREDIENTE: FARINHA ARROZ, AÇÚCAR, VITAMINAS, SAIS MINERAIS E","EMB",10.0,8.0,80.0,0.0,"2026-08-21"]
["UNIVERSIDADE FEDERAL DE GOIAS-UF/GO",153052.0,3899.0,"Material","153052-44/2026","CEPAE - GÊNEROS ALIMENTÍCIOS EM GERAL","Catálogo do Compras.gov.br","Material",8915.0,"FRUTAS, VERDURAS E LEGUMES",19772.0,"LEGUME IN NATURA",463811.0,"APRESENTAÇÃO: ORGÂNICO, TIPO: PIMENTÃO VERMELHO","KG",50.0,15.5,775.0,0.0,"2026-08-21"]
["UNIVERSIDADE FEDERAL DE GOIAS-UF/GO",153052.0,3900.0,"Material","153052-44/2026","CEPAE - GÊNEROS ALIMENTÍCIOS EM GERAL","Catálogo do Compras.gov.br","Material",8920.0,"PRODUTOS DE PANIFICAÇÃO E CEREAIS",19721.0,"PÃO",460403.0,"APRESENTAÇÃO: FATIADO, BASE: DE FARINHA DE TRIGO INTEGRAL, TIPO: DE FORMA, TIPO EMBALAGEM: EMBALAGEM INDIVIDUAL","EMB",320.0,8.0,2560.0,0.0,"2026-08-21"]
["UNIVERSIDADE FEDERAL DE GOIAS-UF/GO",153052.0,3901.0,"Material","153052-44/2026","CEPAE - GÊNEROS ALIMENTÍCIOS EM GERAL","Catálogo do Compras.gov.br","Material",8910.0,"OVOS E LATICÍNIOS",19588.0,"IOGURTE NATURAL",446704.0,"COMPONENTES: COM POLPA OU PEDAÇOS DE FRUTA, SABOR: COM SABOR, TEOR GORDURA: INTEGRAL","EMB",300.0,13.25,3975.0,0.0,"2026-08-21"]
["UNIVERSIDADE FEDERAL DE GOIAS-UF/GO",153052.0,3902.0,"Material","153052-44/2026","CEPAE - GÊNEROS ALIMENTÍCIOS EM GERAL","Catálogo do Compras.gov.br","Material",8915.0,"FRUTAS, VERDURAS E LEGUMES",19789.0,"FRUTA",464381.0,"APRESENTAÇÃO: NATURAL, TIPO: BANANA PRATA / BANANA BRANCA","KG",1050.0,5.4,5670.0,0.0,"2026-08-21"]
["UNIVERSIDADE FEDERAL DE GOIAS-UF/GO",153052.0,3903.0,"Material","153052-44/2026","CEPAE - GÊNEROS ALIMENTÍCIOS EM GERAL","Catálogo do Compras.gov.br","Material",8915.0,"FRUTAS, VERDURAS E LEGUMES",19789.0,"FRUTA",464374.0,"APRESENTAÇÃO: NATURAL, TIPO: ABACAXI PÉROLA","UN",700.0,12.0,8400.0,0.0,"2026-08-21"]
["UNIVERSIDADE FEDERAL DE GOIAS-UF/GO",153052.0,3904.0,"Material","153052-44/2026","CEPAE - GÊNEROS ALIMENTÍCIOS EM GERAL","Catálogo do Compras.gov.br","Material",8915.0,"FRUTAS, VERDURAS E LEGUMES",19792.0,"LEGUMINOSA",464552.0,"TIPO: TIPO 1, VARIEDADE: FEIJÃO PRETO","EMB",100.0,6.5,650.0,0.0,"2026-08-21"]
["UNIVERSIDADE FEDERAL DE GOIAS-UF/GO",153052.0,3905.0,"Material","153052-44/2026","CEPAE - GÊNEROS ALIMENTÍCIOS EM GERAL","Catálogo do Compras.gov.br","Material",8915.0,"FRUTAS, VERDURAS E LEGUMES",19772.0,"LEGUME IN NATURA",463795.0,"TIPO: MANDIOCA / AIPIM","KG",300.0,7.61,2283.0,0.0,"2026-08-21"]
["UNIVERSIDADE FEDERAL DE GOIAS-UF/GO",153052.0,3906.0,"Material","153052-44/2026","CEPAE - GÊNEROS ALIMENTÍCIOS EM GERAL","Catálogo do Compras.gov.br","Material",8915.0,"FRUTAS, VERDURAS E LEGUMES",19790.0,"POLPA DE FRUTA",464461.0,"APRESENTAÇÃO: CONGELADA, TIPO: MORANGO","KG",20.0,21.0,420.0,0.0,"2026-08-21"]
["UNIVERSIDADE FEDERAL DE GOIAS-UF/GO",153052.0,3907.0,"Material","153052-44/2026","CEPAE - GÊNEROS ALIMENTÍCIOS EM GERAL","Catálogo do Compras.gov.br","Material",8915.0,"FRUTAS, VERDURAS E LEGUMES",19772.0,"LEGUME IN NATURA",463753.0,"TIPO: BATATA DOCE","KG",100.0,4.85,485.0,0.0,"2026-08-21"]
["UNIVERSIDADE FEDERAL DE GOIAS-UF/GO",153052.0,3908.0,"Material","153052-44/2026","CEPAE - GÊNEROS ALIMENTÍCIOS EM GERAL","Catálogo do Compras.gov.br","Material",8915.0,"FRUTAS, VERDURAS E LEGUMES",19789.0,"FRUTA",464903.0,"ADICIONAL: SEM SEMENTE, APRESENTAÇÃO: NATURAL, TIPO 1: UVA CRIMSON","KG",50.0,26.0,1300.0,0.0,"2026-08-21"]
["UNIVERSIDADE FEDERAL DE GOIAS-UF/GO",153052.0,3909.0,"Material","153052-44/2026","CEPAE - GÊNEROS ALIMENTÍCIOS EM GERAL","Catálogo do Compras.gov.br","Material",8915.0,"FRUTAS, VERDURAS E LEGUMES",19773.0,"VERDURA IN NATURA",463838.0,"TIPO: BRÓCOLIS JAPONÊS","UN",120.0,6.26,751.2,0.0,"2026-08-21"]
["UNIVERSIDADE FEDERAL DE GOIAS-UF/GO",153052.0,3910.0,"Material","153052-44/2026","CEPAE - GÊNEROS ALIMENTÍCIOS EM GERAL","Catálogo do Compras.gov.br","Material",8915.0,"FRUTAS, VERDURAS E LEGUMES",19773.0,"VERDURA IN NATURA",463832.0,"TIPO: ALFACE CRESPA","UN",300.0,3.4,1020.0,0.0,"2026-08-21"]
["UNIVERSIDADE FEDERAL DE GOIAS-UF/GO",153052.0,3911.0,"Material","153052-44/2026","CEPAE - GÊNEROS ALIMENTÍCIOS EM GERAL","Catálogo do Compras.gov.br","Material",8910.0,"OVOS E LATICÍNIOS",11534.0,"QUEIJO",446638.0,"APRESENTAÇÃO: FATIADO, ORIGEM: DE VACA, TEOR GORDURA: BAIXO TEOR DE GORDURA, TIPO RESTRIÇÃO: ZERO LACTOSE, VARIEDADE: MUÇARELA","KG",50.0,39.0,1950.0,0.0,"2026-08-21"]
["UNIVERSIDADE FEDERAL DE GOIAS-UF/GO",153052.0,3912.0,"Material","153052-44/2026","CEPAE - GÊNEROS ALIMENTÍCIOS EM GERAL","Catálogo do Compras.gov.br","Material",8915.0,"FRUTAS, VERDURAS E LEGUMES",19789.0,"FRUTA",464415.0,"APRESENTAÇÃO: NATURAL, TIPO: MARACUJÁ AZEDO / MARACUJÁ AMARELO","KG",200.0,10.7,2140.0,0.0,"2026-08-21"]
["UNIVERSIDADE FEDERAL DE GOIAS-UF/GO",153052.0,3913.0,"Material","153052-44/2026","CEPAE - GÊNEROS ALIMENTÍCIOS EM GERAL","Catálogo do Compras.gov.br","Material",8915.0,"FRUTAS, VERDURAS E LEGUMES",19772.0,"LEGUME IN NATURA",463802.0,"TIPO: PIMENTÃO AMARELO","KG",50.0,15.5,775.0,0.0,"2026-08-21"]
["UNIVERSIDADE FEDERAL DE GOIAS-UF/GO",153052.0,3914.0,"Material","153052-44/2026","CEPAE - GÊNEROS ALIMENTÍCIOS EM GERAL","Catálogo do Compras.gov.br","Material",8910.0,"OVOS E LATICÍNIOS",15354.0,"LEITE SOJA",331954.0,"ASPECTO FÍSICO: LÍQUIDO, SABOR: NATURAL, USO: ORAL","EMB",20.0,8.5,170.0,0.0,"2026-08-21"]
["UNIVERSIDADE FEDERAL DE GOIAS-UF/GO",153052.0,3915.0,"Material","153052-44/2026","CEPAE - GÊNEROS ALIMENTÍCIOS EM GERAL","Catálogo do Compras.gov.br","Material",8915.0,"FRUTAS, VERDURAS E LEGUMES",19789.0,"FRUTA",464406.0,"APRESENTAÇÃO: NATURAL, TIPO: MANGA TOMMY","KG",430.0,6.9,2967.0,0.0,"2026-08-21"]
["UNIVERSIDADE FEDERAL DE GOIAS-UF/GO",153052.0,3916.0,"Material","153052-44/2026","CEPAE - GÊNEROS ALIMENTÍCIOS EM GERAL","Catálogo do Compras.gov.br","Material",8915.0,"FRUTAS, VERDURAS E LEGUMES",19772.0,"LEGUME IN NATURA",463792.0,"TIPO: QUIABO","KG",60.0,10.13,607.8,0.0,"2026-08-21"]
["UNIVERSIDADE FEDERAL DE GOIAS-UF/GO",153052.0,3917.0,"Material","153052-44/2026","CEPAE - GÊNEROS ALIMENTÍCIOS EM GERAL","Catálogo do Compras.gov.br","Material",8920.0,"PRODUTOS DE PANIFICAÇÃO E CEREAIS",19720.0,"FARINHA DE TRIGO",460263.0,"GRUPO: DOMÉSTICO, INGREDIENTE ADICIONAL: FORTIFICADA COM FERRO E ÁCIDO FÓLICO, TIPO: TIPO 1, ESPECIAL","EMB",200.0,5.9,1180.0,0.0,"2026-08-21"]
["UNIVERSIDADE FEDERAL DE GOIAS-UF/GO",153052.0,3918.0,"Material","153052-44/2026","CEPAE - GÊNEROS ALIMENTÍCIOS EM GERAL","Catálogo do Compras.gov.br","Material",8915.0,"FRUTAS, VERDURAS E LEGUMES",19772.0,"LEGUME IN NATURA",463748.0,"TIPO: ABÓBORA CABOTIÁ / JAPONESA","KG",300.0,6.5,1950.0,0.0,"2026-08-21"]
["UNIVERSIDADE FEDERAL DE GOIAS-UF/GO",153052.0,3919.0,"Material","153052-44/2026","CEPAE - GÊNEROS ALIMENTÍCIOS EM GERAL","Catálogo do Compras.gov.br","Material",8915.0,"FRUTAS, VERDURAS E LEGUMES",19773.0,"VERDURA IN NATURA",463824.0,"TIPO: ESPINAFRE","UN",80.0,3.5,280.0,0.0,"2026-08-21"]
["UNIVERSIDADE FEDERAL DE GOIAS-UF/GO",153052.0,3920.0,"Material","153052-44/2026","CEPAE - GÊNEROS ALIMENTÍCIOS EM GERAL","Catálogo do Compras.gov.br","Material",8915.0,"FRUTAS, VERDURAS E LEGUMES",19763.0,"CACAU",463532.0,"APRESENTAÇÃO: PÓ, PRAZO VALIDADE MÍNIMO: 12 MESES","PCT",100.0,9.8,980.0,0.0,"2026-08-21"]
["UNIVERSIDADE FEDERAL DE GOIAS-UF/GO",153052.0,3921.0,"Material","153052-44/2026","CEPAE - GÊNEROS ALIMENTÍCIOS EM GERAL","Catálogo do Compras.gov.br","Material",8915.0,"FRUTAS, VERDURAS E LEGUMES",19773.0,"VERDURA IN NATURA",463819.0,"TIPO: AGRIÃO","UN",250.0,4.5,1125.0,0.0,"2026-08-21"]
["UNIVERSIDADE FEDERAL DE GOIAS-UF/GO",153052.0,3922.0,"Material","153052-44/2026","CEPAE - GÊNEROS ALIMENTÍCIOS EM GERAL","Catálogo do Compras.gov.br","Material",8915.0,"FRUTAS, VERDURAS E LEGUMES",19789.0,"FRUTA",464376.0,"APRESENTAÇÃO: NATURAL, TIPO: BANANA MAÇÃ","KG",850.0,7.39,6281.5,0.0,"2026-08-21"]
["UNIVERSIDADE FEDERAL DE GOIAS-UF/GO",153052.0,3923.0,"Material","153052-44/2026","CEPAE - GÊNEROS ALIMENTÍCIOS EM GERAL","Catálogo do Compras.gov.br","Material",8910.0,"OVOS E LATICÍNIOS",8755.0,"LEITE EM PÓ",446019.0,"ORIGEM: DE VACA, SOLUBILIDADE: INSTANTÂNEO, TEOR GORDURA: INTEGRAL","EMB",300.0,16.0,4800.0,0.0,"2026-08-21"]
["UNIVERSIDADE FEDERAL DE GOIAS-UF/GO",153052.0,3924.0,"Material","153052-44/2026","CEPAE - GÊNEROS ALIMENTÍCIOS EM GERAL","Catálogo do Compras.gov.br","Material",8920.0,"PRODUTOS DE PANIFICAÇÃO E CEREAIS",19696.0,"AMIDO",459079.0,"ACIDEZ: POLVILHO DOCE, ASPECTO FÍSICO: TIPO 1, BASE: DE MANDIOCA, GRUPO: FÉCULA","EMB",150.0,10.0,1500.0,0.0,"2026-08-21"]
["UNIVERSIDADE FEDERAL DE GOIAS-UF/GO",153052.0,3925.0,"Material","153052-44/2026","CEPAE - GÊNEROS ALIMENTÍCIOS EM GERAL","Catálogo do Compras.gov.br","Material",8915.0,"FRUTAS, VERDURAS E LEGUMES",19772.0,"LEGUME IN NATURA",463806.0,"TIPO: TOMATE SALADA","KG",320.0,7.33,2345.6,0.0,"2026-08-21"]
["UNIVERSIDADE FEDERAL DE GOIAS-UF/GO",153052.0,3926.0,"Material","153052-44/2026","CEPAE - GÊNEROS ALIMENTÍCIOS EM GERAL","Catálogo do Compras.gov.br","Material",8915.0,"FRUTAS, VERDURAS E LEGUMES",19789.0,"FRUTA",464385.0,"APRESENTAÇÃO: NATURAL, TIPO: CAQUI RAMA FORTE","KG",50.0,5.97,298.5,0.0,"2026-08-21"]
["UNIVERSIDADE FEDERAL DE GOIAS-UF/GO",153052.0,3927.0,"Material","153052-44/2026","CEPAE - GÊNEROS ALIMENTÍCIOS EM GERAL","Catálogo do Compras.gov.br","Material",8920.0,"PRODUTOS DE PANIFICAÇÃO E CEREAIS",19690.0,"ARROZ BENEFICIADO",458906.0,"CLASSE: LONGO FINO, QUALIDADE: TIPO 1, SUBGRUPO: INTEGRAL, TIPO: AGULHINHA","EMB",100.0,20.8,2080.0,0.0,"2026-08-21"]
["UNIVERSIDADE FEDERAL DE GOIAS-UF/GO",153052.0,3928.0,"Material","153052-44/2026","CEPAE - GÊNEROS ALIMENTÍCIOS EM GERAL","Catálogo do Compras.gov.br","Material",8915.0,"FRUTAS, VERDURAS E LEGUMES",19789.0,"FRUTA",464393.0,"APRESENTAÇÃO: NATURAL, TIPO: LARANJA PERA","KG",3000.0,4.5,13500.0,0.0,"2026-08-21"]
["UNIVERSIDADE FEDERAL DE GOIAS-UF/GO",153052.0,3929.0,"Material","153052-44/2026","CEPAE - GÊNEROS ALIMENTÍCIOS EM GERAL","Catálogo do Compras.gov.br","Material",8915.0,"FRUTAS, VERDURAS E LEGUMES",19789.0,"FRUTA",464398.0,"APRESENTAÇÃO: NATURAL, TIPO: LIMÃO TAITI","KG",150.0,6.5,975.0,0.0,"2026-08-21"]
["UNIVERSIDADE FEDERAL DE GOIAS-UF/GO",153052.0,3930.0,"Material","153052-44/2026","CEPAE - GÊNEROS ALIMENTÍCIOS EM GERAL","Catálogo do Compras.gov.br","Material",8915.0,"FRUTAS, VERDURAS E LEGUMES",19773.0,"VERDURA IN NATURA",463831.0,"TIPO: COUVE-FLOR","UN",120.0,11.0,1320.0,0.0,"2026-08-21"]
["UNIVERSIDADE FEDERAL DE GOIAS-UF/GO",153052.0,3931.0,"Material","153052-44/2026","CEPAE - GÊNEROS ALIMENTÍCIOS EM GERAL","Catálogo do Compras.gov.br","Material",8920.0,"PRODUTOS DE PANIFICAÇÃO E CEREAIS",883.0,"BISCOITO",217129.0,"CARACTERÍSTICAS ADICIONAIS: SEM RECHEIO, SABOR: ÁGUA E SAL, CLASSIFICAÇÃO: SALGADO, APRESENTAÇÃO: QUADRADO","PCT",450.0,3.14,1413.0,0.0,"2026-08-21"]
["UNIVERSIDADE FEDERAL DE GOIAS-UF/GO",153052.0,3932.0,"Material","153052-44/2026","CEPAE - GÊNEROS ALIMENTÍCIOS EM GERAL","Catálogo do Compras.gov.br","Material",8920.0,"PRODUTOS DE PANIFICAÇÃO E CEREAIS",19694.0,"FARINHA DE MILHO",479080.0,"APRESENTAÇÃO: PRÉ-COZIDA, CARACTERÍSTICA ADICIONAL: NÃO TRANSGÊNICO, GRÃO: AMARELO, TIPO: FLOCADA","EMB",50.0,2.0,100.0,0.0,"2026-08-21"]
["UNIVERSIDADE FEDERAL DE GOIAS-UF/GO",153052.0,3933.0,"Material","153052-44/2026","CEPAE - GÊNEROS ALIMENTÍCIOS EM GERAL","Catálogo do Compras.gov.br","Material",8915.0,"FRUTAS, VERDURAS E LEGUMES",19792.0,"LEGUMINOSA",464559.0,"TIPO: TIPO 1, VARIEDADE: FEIJÃO BRANCO","EMB",40.0,7.69,307.6,0.0,"2026-08-21"]
["UNIVERSIDADE FEDERAL DE GOIAS-UF/GO",153052.0,3934.0,"Material","153052-44/2026","CEPAE - GÊNEROS ALIMENTÍCIOS EM GERAL","Catálogo do Compras.gov.br","Material",8920.0,"PRODUTOS DE PANIFICAÇÃO E CEREAIS",19691.0,"MACARRÃO",458974.0,"APRESENTAÇÃO: PARAFUSO, BASE DA MASSA: DE FARINHA DE TRIGO, TEOR DE UMIDADE: MASSA SECA","EMB",700.0,6.5,4550.0,0.0,"2026-08-21"]
["UNIVERSIDADE FEDERAL DE GOIAS-UF/GO",153052.0,3935.0,"Material","153052-44/2026","CEPAE - GÊNEROS ALIMENTÍCIOS EM GERAL","Catálogo do Compras.gov.br","Material",8915.0,"FRUTAS, VERDURAS E LEGUMES",19772.0,"LEGUME IN NATURA",463809.0,"TIPO: PIMENTÃO VERDE","KG",100.0,7.69,769.0,0.0,"2026-08-21"]
["UNIVERSIDADE FEDERAL DE GOIAS-UF/GO",153052.0,3936.0,"Material","153052-44/2026","CEPAE - GÊNEROS ALIMENTÍCIOS EM GERAL","Catálogo do Compras.gov.br","Material",8915.0,"FRUTAS, VERDURAS E LEGUMES",19789.0,"FRUTA",464418.0,"APRESENTAÇÃO: NATURAL, TIPO: MELANCIA VERMELHA","KG",2000.0,3.5,7000.0,0.0,"2026-08-21"]
["UNIVERSIDADE FEDERAL DE GOIAS-UF/GO",153052.0,3937.0,"Material","153052-44/2026","CEPAE - GÊNEROS ALIMENTÍCIOS EM GERAL","Catálogo do Compras.gov.br","Material",8915.0,"FRUTAS, VERDURAS E LEGUMES",19772.0,"LEGUME IN NATURA",463801.0,"TIPO: PEPINO JAPONÊS","KG",80.0,6.9,552.0,0.0,"2026-08-21"]
["UNIVERSIDADE FEDERAL DE GOIAS-UF/GO",153052.0,3938.0,"Material","153052-44/2026","CEPAE - GÊNEROS ALIMENTÍCIOS EM GERAL","Catálogo do Compras.gov.br","Material",8915.0,"FRUTAS, VERDURAS E LEGUMES",19772.0,"LEGUME IN NATURA",463751.0,"TIPO: ABOBRINHA DE PESCOÇO / MENINA","KG",200.0,5.0,1000.0,0.0,"2026-08-21"]
["UNIVERSIDADE FEDERAL DE GOIAS-UF/GO",153052.0,3939.0,"Material","153052-44/2026","CEPAE - GÊNEROS ALIMENTÍCIOS EM GERAL","Catálogo do Compras.gov.br","Material",8915.0,"FRUTAS, VERDURAS E LEGUMES",19714.0,"LEGUME EM CONSERVA",459639.0,"APRESENTAÇÃO: SEM CAROÇO, TAMANHO: GRANDE, TIPO: AZEITONA VERDE","EMB",20.0,6.0,120.0,0.0,"2026-08-21"]
["UNIVERSIDADE FEDERAL DE GOIAS-UF/GO",153052.0,3940.0,"Material","153052-44/2026","CEPAE - GÊNEROS ALIMENTÍCIOS EM GERAL","Catálogo do Compras.gov.br","Material",8915.0,"FRUTAS, VERDURAS E LEGUMES",19789.0,"FRUTA",464371.0,"APRESENTAÇÃO: NATURAL, TIPO: ABACATE MANTEIGA","KG",150.0,6.43,964.5,0.0,"2026-08-21"]
["UNIVERSIDADE FEDERAL DE GOIAS-UF/GO",153052.0,3941.0,"Material","153052-44/2026","CEPAE - GÊNEROS ALIMENTÍCIOS EM GERAL","Catálogo do Compras.gov.br","Material",8920.0,"PRODUTOS DE PANIFICAÇÃO E CEREAIS",19722.0,"AVEIA BENEFICIADA",460501.0,"APRESENTAÇÃO: EM FLOCOS FINOS, CLASSE: BRANCA, PRESENÇA DE GLÚTEN: CONTÉM GLÚTEN","EMB",25.0,3.95,98.75,0.0,"2026-08-21"]
["UNIVERSIDADE FEDERAL DE GOIAS-UF/GO",153052.0,3942.0,"Material","153052-44/2026","CEPAE - GÊNEROS ALIMENTÍCIOS EM GERAL","Catálogo do Compras.gov.br","Material",8920.0,"PRODUTOS DE PANIFICAÇÃO E CEREAIS",19691.0,"MACARRÃO",459004.0,"APRESENTAÇÃO: LASANHA, BASE DA MASSA: DE FARINHA DE TRIGO, INGREDIENTES ADICIONAIS: COM OVOS, TEOR DE UMIDADE: MASSA PRÉ-COZIDA, TIPO: FRESCA","EMB",20.0,7.49,149.8,0.0,"2026-08-21"]
["UNIVERSIDADE FEDERAL DE GOIAS-UF/GO",153052.0,3943.0,"Material","153052-44/2026","CEPAE - GÊNEROS ALIMENTÍCIOS EM GERAL","Catálogo do Compras.gov.br","Material",8915.0,"FRUTAS, VERDURAS E LEGUMES",19789.0,"FRUTA",464328.0,"APRESENTAÇÃO: NATURAL, TIPO: MORANGO","KG",35.0,28.5,997.5,0.0,"2026-08-21"]
["UNIVERSIDADE FEDERAL DE GOIAS-UF/GO",153052.0,3944.0,"Material","153052-44/2026","CEPAE - GÊNEROS ALIMENTÍCIOS EM GERAL","Catálogo do Compras.gov.br","Material",8915.0,"FRUTAS, VERDURAS E LEGUMES",19789.0,"FRUTA",464422.0,"APRESENTAÇÃO: NATURAL, TIPO: MELÃO AMARELO","KG",380.0,5.5,2090.0,0.0,"2026-08-21"]
["UNIVERSIDADE FEDERAL DE GOIAS-UF/GO",153052.0,3945.0,"Material","153052-44/2026","CEPAE - GÊNEROS ALIMENTÍCIOS EM GERAL","Catálogo do Compras.gov.br","Material",8920.0,"PRODUTOS DE PANIFICAÇÃO E CEREAIS",14047.0,"FARINHA QUIBE",326330.0,"COMPOSIÇÃO: GRÃOS DE TRIGO SELECIONADOS E MOÍDOS, TIPO: CRÚ","SC",80.0,6.0,480.0,0.0,"2026-08-21"]
["UNIVERSIDADE FEDERAL DE GOIAS-UF/GO",153052.0,3946.0,"Material","153052-44/2026","CEPAE - GÊNEROS ALIMENTÍCIOS EM GERAL","Catálogo do Compras.gov.br","Material",8925.0,"AÇÚCAR, CONFEITOS, CASTANHAS, NOZES E SIMILARES",5293.0,"CÔCO RALADO",225698.0,"APRESENTAÇÃO: DESIDRATADO E TRITURADO, CARACTERÍSTICAS ADICIONAIS: DESENGORDURADO, INGREDIENTES: AMÊNDOA DE CÔCO, PROCESSO CONSERVAÇÃO: INS 233-MS","PCT",20.0,3.68,73.6,0.0,"2026-08-21"]
["UNIVERSIDADE FEDERAL DE GOIAS-UF/GO",153052.0,3947.0,"Material","153052-44/2026","CEPAE - GÊNEROS ALIMENTÍCIOS EM GERAL","Catálogo do Compras.gov.br","Material",8915.0,"FRUTAS, VERDURAS E LEGUMES",19791.0,"OLEAGINOSA",464534.0,"ADICIONAL: SEM CASCA, APRESENTAÇÃO: NATURAL, TIPO: AMENDOIM","EMB",20.0,15.0,300.0,0.0,"2026-08-21"]
["UNIVERSIDADE FEDERAL DE GOIAS-UF/GO",153052.0,3948.0,"Material","153052-44/2026","CEPAE - GÊNEROS ALIMENTÍCIOS EM GERAL","Catálogo do Compras.gov.br","Material",8915.0,"FRUTAS, VERDURAS E LEGUMES",19772.0,"LEGUME IN NATURA",463796.0,"TIPO: PEPINO","KG",140.0,5.0,700.0,0.0,"2026-08-21"]
["UNIVERSIDADE FEDERAL DE GOIAS-UF/GO",153052.0,3949.0,"Material","153052-44/2026","CEPAE - GÊNEROS ALIMENTÍCIOS EM GERAL","Catálogo do Compras.gov.br","Material",8920.0,"PRODUTOS DE PANIFICAÇÃO E CEREAIS",19691.0,"MACARRÃO",458951.0,"APRESENTAÇÃO: ESPAGUETE, BASE DA MASSA: DE FARINHA DE TRIGO, TEOR DE UMIDADE: MASSA SECA","EMB",800.0,6.5,5200.0,0.0,"2026-08-21"]
["UNIVERSIDADE FEDERAL DE GOIAS-UF/GO",153052.0,3950.0,"Material","153052-44/2026","CEPAE - GÊNEROS ALIMENTÍCIOS EM GERAL","Catálogo do Compras.gov.br","Material",8915.0,"FRUTAS, VERDURAS E LEGUMES",19772.0,"LEGUME IN NATURA",463797.0,"TIPO: MILHO VERDE","KG",250.0,7.99,1997.5,0.0,"2026-08-21"]
["UNIVERSIDADE FEDERAL DE GOIAS-UF/GO",153052.0,3951.0,"Material","153052-44/2026","CEPAE - GÊNEROS ALIMENTÍCIOS EM GERAL","Catálogo do Compras.gov.br","Material",8920.0,"PRODUTOS DE PANIFICAÇÃO E CEREAIS",19696.0,"AMIDO",459077.0,"BASE: DE MILHO","EMB",65.0,4.0,260.0,0.0,"2026-08-21"]
["UNIVERSIDADE FEDERAL DE GOIAS-UF/GO",153052.0,3952.0,"Material","153052-44/2026","CEPAE - GÊNEROS ALIMENTÍCIOS EM GERAL","Catálogo do Compras.gov.br","Material",8915.0,"FRUTAS, VERDURAS E LEGUMES",19773.0,"VERDURA IN NATURA",615267.0,"ADICIONAL: CORTADA, HIGIENIZADA, APRESENTAÇÃO: NATURAL, TIPO: SALSINHA","UN",130.0,3.33,432.9,0.0,"2026-08-21"]
["UNIVERSIDADE FEDERAL DE GOIAS-UF/GO",153052.0,3953.0,"Material","153052-44/2026","CEPAE - GÊNEROS ALIMENTÍCIOS EM GERAL","Catálogo do Compras.gov.br","Material",8920.0,"PRODUTOS DE PANIFICAÇÃO E CEREAIS",19721.0,"PÃO",460385.0,"BASE: DE FARINHA DE TRIGO REFINADA, TIPO: SEMI-DOCE, TIPO ADICIONAL: BISNAGA, CARECA/SEDA","KG",168.0,20.0,3360.0,0.0,"2026-08-21"]
["UNIVERSIDADE FEDERAL DE GOIAS-UF/GO",153052.0,3954.0,"Material","153052-44/2026","CEPAE - GÊNEROS ALIMENTÍCIOS EM GERAL","Catálogo do Compras.gov.br","Material",8915.0,"FRUTAS, VERDURAS E LEGUMES",19789.0,"FRUTA",464405.0,"APRESENTAÇÃO: NATURAL, TIPO: MAMÃO FORMOSA","KG",700.0,7.8,5460.0,0.0,"2026-08-21"]
["UNIVERSIDADE FEDERAL DE GOIAS-UF/GO",153052.0,3955.0,"Material","153052-44/2026","CEPAE - GÊNEROS ALIMENTÍCIOS EM GERAL","Catálogo do Compras.gov.br","Material",8915.0,"FRUTAS, VERDURAS E LEGUMES",19772.0,"LEGUME IN NATURA",463781.0,"TIPO: CEBOLA BRANCA","KG",350.0,5.52,1932.0,0.0,"2026-08-21"]
["UNIVERSIDADE FEDERAL DE GOIAS-UF/GO",153052.0,3956.0,"Material","153052-44/2026","CEPAE - GÊNEROS ALIMENTÍCIOS EM GERAL","Catálogo do Compras.gov.br","Material",8910.0,"OVOS E LATICÍNIOS",8756.0,"MANTEIGA",446384.0,"COMPOSIÇÃO: COM SAL, TIPO: EXTRA","POTE",120.0,22.0,2640.0,0.0,"2026-08-21"]
["UNIVERSIDADE FEDERAL DE GOIAS-UF/GO",153052.0,3957.0,"Material","153052-44/2026","CEPAE - GÊNEROS ALIMENTÍCIOS EM GERAL","Catálogo do Compras.gov.br","Material",8915.0,"FRUTAS, VERDURAS E LEGUMES",19790.0,"POLPA DE FRUTA",464493.0,"APRESENTAÇÃO: CONGELADA, TIPO: AÇAÍ","KG",220.0,23.0,5060.0,0.0,"2026-08-21"]
["UNIVERSIDADE FEDERAL DE GOIAS-UF/GO",153052.0,3958.0,"Material","153052-44/2026","CEPAE - GÊNEROS ALIMENTÍCIOS EM GERAL","Catálogo do Compras.gov.br","Material",8910.0,"OVOS E LATICÍNIOS",19779.0,"LEITE CÔCO",464012.0,"CARACTERÍSTICA ADICIONAL: TEOR DE GORDURA REDUZIDA, TIPO: MAGRO","CX",30.0,6.0,180.0,0.0,"2026-08-21"]
["UNIVERSIDADE FEDERAL DE GOIAS-UF/GO",153052.0,3959.0,"Material","153052-44/2026","CEPAE - GÊNEROS ALIMENTÍCIOS EM GERAL","Catálogo do Compras.gov.br","Material",8915.0,"FRUTAS, VERDURAS E LEGUMES",19772.0,"LEGUME IN NATURA",463764.0,"TIPO: BERINJELA","KG",30.0,6.99,209.7,0.0,"2026-08-21"]
["UNIVERSIDADE FEDERAL DE GOIAS-UF/GO",153052.0,4008.0,"Material","153052-44/2026","CEPAE - GÊNEROS ALIMENTÍCIOS EM GERAL","Catálogo do Compras.gov.br","Material",8905.0,"CARNES, AVES E PEIXES",4548.0,"CARNE BOVINA IN NATURA",447391.0,"APRESENTAÇÃO: CORTADA EM CUBOS, ESTADO DE CONSERVAÇÃO: RESFRIADO(A), TIPO CORTE: PALETA (PÁ)","KG",360.0,32.44,11678.4,0.0,"2026-08-21"]
["UNIVERSIDADE FEDERAL DE GOIAS-UF/GO",153052.0,4009.0,"Material","153052-44/2026","CEPAE - GÊNEROS ALIMENTÍCIOS EM GERAL","Catálogo do Compras.gov.br","Material",8915.0,"FRUTAS, VERDURAS E LEGUMES",19772.0,"LEGUME IN NATURA",463789.0,"TIPO: INHAME","KG",120.0,6.16,739.2,0.0,"2026-08-21"]
["UNIVERSIDADE FEDERAL DE GOIAS-UF/GO",153052.0,4010.0,"Material","153052-44/2026","CEPAE - GÊNEROS ALIMENTÍCIOS EM GERAL","Catálogo do Compras.gov.br","Material",8915.0,"FRUTAS, VERDURAS E LEGUMES",19772.0,"LEGUME IN NATURA",463780.0,"TIPO: CEBOLA ROXA","KG",50.0,6.55,327.5,0.0,"2026-08-21"]
["UNIVERSIDADE FEDERAL DE GOIAS-UF/GO",153052.0,4011.0,"Material","153052-44/2026","CEPAE - GÊNEROS ALIMENTÍCIOS EM GERAL","Catálogo do Compras.gov.br","Material",8950.0,"CONDIMENTOS E PRODUTOS CORRELATOS",19774.0,"CONDIMENTO",463938.0,"ADICIONAL: CABEÇA, APRESENTAÇÃO: NATURAL, TIPO: ALHO","KG",70.0,22.75,1592.5,0.0,"2026-08-21"]
["UNIVERSIDADE FEDERAL DE GOIAS-UF/GO",153052.0,4012.0,"Material","153052-44/2026","CEPAE - GÊNEROS ALIMENTÍCIOS EM GERAL","Catálogo do Compras.gov.br","Material",8950.0,"CONDIMENTOS E PRODUTOS CORRELATOS",853.0,"VINAGRE",217091.0,"ACIDEZ: 4,20, ASPECTO FÍSICO: LÍQUIDO, ASPECTO VISUAL: LÍMPIDO E SEM DEPÓSITOS, MATÉRIA-PRIMA: LIMÃO, TIPO: AROMÁTICO","FR",15.0,7.8,117.0,0.0,"2026-08-21"]
["UNIVERSIDADE FEDERAL DE GOIAS-UF/GO",153052.0,4013.0,"Material","153052-44/2026","CEPAE - GÊNEROS ALIMENTÍCIOS EM GERAL","Catálogo do Compras.gov.br","Material",8950.0,"CONDIMENTOS E PRODUTOS CORRELATOS",19774.0,"CONDIMENTO",463853.0,"ADICIONAL: DESCASCADO, APRESENTAÇÃO: NATURAL, TIPO: ALHO","KG",140.0,25.5,3570.0,0.0,"2026-08-21"]
["UNIVERSIDADE FEDERAL DE GOIAS-UF/GO",153052.0,4031.0,"Material","153052-134/2026","MOBILIÁRIOS DE AÇO","Catálogo do Compras.gov.br","Material",7125.0,"ARMÁRIOS E ESTANTES",14006.0,"ARMÁRIO ARQUIVO",612386.0,"ALTURA: 1,23, CARACTERÍSTICAS ADICIONAIS: CADA GAVETA COM 02 CHAVE DE TRAVAMENTO COMPORTA, COMPONENTES ADICIONAIS: 130 SUPORTE DE LAMINAS, 3 APARADORES DE LAMINAS,, LARGURA: 0,71, MATERIAL: CHAPAS DE AÇO, MATERIAL BASE: METAL, PADRÃO ACABAMENTO: TEXTURIZADO, PROFUNDIDADE: 0,50, QUANTIDADE GAVETAS: 10, REVESTIMENTO: PINTURA EM ESMALTE SINTETICO","UN",2.0,3700.0,7400.0,0.0,"2026-07-02"]
["UNIVERSIDADE FEDERAL DE GOIAS-UF/GO",153052.0,4032.0,"Material","153052-134/2026","MOBILIÁRIOS DE AÇO","Catálogo do Compras.gov.br","Material",7125.0,"ARMÁRIOS E ESTANTES",319.0,"ARMÁRIO ESTANTE",307130.0,"ACABAMENTO SUPERFICIAL: PINTADO, ALTURA: 1,98, COR: CINZA, LARGURA: 0,92, MATERIAL: AÇO, PROFUNDIDADE: 0,30, QUANTIDADE PRATELEIRAS INTERNAS: 6","UN",4.0,255.7,1022.8,0.0,"2026-07-02"]
["UNIVERSIDADE FEDERAL DE GOIAS-UF/GO",153052.0,3621.0,"Material","153052-142/2026","FIRMINÓPOLIS - Gêneros alimentícios","Catálogo do Compras.gov.br","Material",8915.0,"FRUTAS, VERDURAS E LEGUMES",19772.0,"LEGUME IN NATURA",463753.0,"TIPO: BATATA DOCE","KG",132.0,4.0,528.0,0.0,"2026-06-02"]
["UNIVERSIDADE FEDERAL DE GOIAS-UF/GO",153052.0,3622.0,"Material","153052-142/2026","FIRMINÓPOLIS - Gêneros alimentícios","Catálogo do Compras.gov.br","Material",8915.0,"FRUTAS, VERDURAS E LEGUMES",19772.0,"LEGUME IN NATURA",463770.0,"TIPO: CENOURA","KG",132.0,5.0,660.0,0.0,"2026-06-02"]
["UNIVERSIDADE FEDERAL DE GOIAS-UF/GO",153052.0,3623.0,"Material","153052-142/2026","FIRMINÓPOLIS - Gêneros alimentícios","Catálogo do Compras.gov.br","Material",8920.0,"PRODUTOS DE PANIFICAÇÃO E CEREAIS",19696.0,"AMIDO",459077.0,"BASE: DE MILHO","EMB",22.0,8.0,176.0,0.0,"2026-06-02"]
["UNIVERSIDADE FEDERAL DE GOIAS-UF/GO",153052.0,3624.0,"Material","153052-142/2026","FIRMINÓPOLIS - Gêneros alimentícios","Catálogo do Compras.gov.br","Material",8915.0,"FRUTAS, VERDURAS E LEGUMES",19772.0,"LEGUME IN NATURA",463796.0,"TIPO: PEPINO","KG",66.0,5.0,330.0,0.0,"2026-06-02"]
["UNIVERSIDADE FEDERAL DE GOIAS-UF/GO",153052.0,3625.0,"Material","153052-142/2026","FIRMINÓPOLIS - Gêneros alimentícios","Catálogo do Compras.gov.br","Material",8950.0,"CONDIMENTOS E PRODUTOS CORRELATOS",19715.0,"MOLHO DE MESA",476902.0,"APRESENTAÇÃO: LÍQUIDO, COMPOSIÇÃO: COM SABOR, TIPO: MADEIRA","EMB",66.0,7.5,495.0,0.0,"2026-06-02"]
["UNIVERSIDADE FEDERAL DE GOIAS-UF/GO",153052.0,3626.0,"Material","153052-142/2026","FIRMINÓPOLIS - Gêneros alimentícios","Catálogo do Compras.gov.br","Material",8915.0,"FRUTAS, VERDURAS E LEGUMES",13388.0,"VERDURA IN NATURA*",481121.0,"APLICAÇÃO: CULINÁRIA EM GERAL, CARACTERÍSTICAS ADICIONAIS: 1ª QUALIDADE/FOLHA VERDE VIVO/SEM FUNGOS., ESPÉCIE: COMUM, TIPO: REPOLHO VERDE","KG",165.0,4.0,660.0,0.0,"2026-06-02"]
["UNIVERSIDADE FEDERAL DE GOIAS-UF/GO",153052.0,3627.0,"Material","153052-142/2026","FIRMINÓPOLIS - Gêneros alimentícios","Catálogo do Compras.gov.br","Material",8915.0,"FRUTAS, VERDURAS E LEGUMES",19792.0,"LEGUMINOSA",464553.0,"TIPO: TIPO 1, VARIEDADE: FEIJÃO CARIOCA","EMB",165.0,6.5,1072.5,0.0,"2026-06-02"]
["UNIVERSIDADE FEDERAL DE GOIAS-UF/GO",153052.0,3628.0,"Material","153052-142/2026","FIRMINÓPOLIS - Gêneros alimentícios","Catálogo do Compras.gov.br","Material",8945.0,"ÓLEOS E GORDURAS COMESTÍVEIS",19768.0,"AZEITE",463697.0,"ESPÉCIE VEGETAL: DE OLIVA, TEOR DA ACIDEZ: VIRGEM - ENTRE 0,8% E 2%, TIPO: PURO","EMB",33.0,28.0,924.0,0.0,"2026-06-02"]
["UNIVERSIDADE FEDERAL DE GOIAS-UF/GO",153052.0,3629.0,"Material","153052-142/2026","FIRMINÓPOLIS - Gêneros alimentícios","Catálogo do Compras.gov.br","Material",8920.0,"PRODUTOS DE PANIFICAÇÃO E CEREAIS",19721.0,"PÃO",460385.0,"BASE: DE FARINHA DE TRIGO REFINADA, TIPO: SEMI-DOCE, TIPO ADICIONAL: BISNAGA, CARECA/SEDA","EMB",660.0,8.0,5280.0,0.0,"2026-06-02"]
["UNIVERSIDADE FEDERAL DE GOIAS-UF/GO",153052.0,3630.0,"Material","153052-142/2026","FIRMINÓPOLIS - Gêneros alimentícios","Catálogo do Compras.gov.br","Material",8920.0,"PRODUTOS DE PANIFICAÇÃO E CEREAIS",19694.0,"FARINHA DE MILHO",470688.0,"CARACTERÍSTICA ADICIONAL: NÃO TRANSGÊNICO, GRÃO: AMARELO, TIPO: FUBÁ","EMB",22.0,6.0,132.0,0.0,"2026-06-02"]
["UNIVERSIDADE FEDERAL DE GOIAS-UF/GO",153052.0,3631.0,"Material","153052-142/2026","FIRMINÓPOLIS - Gêneros alimentícios","Catálogo do Compras.gov.br","Material",8915.0,"FRUTAS, VERDURAS E LEGUMES",19773.0,"VERDURA IN NATURA",463832.0,"TIPO: ALFACE CRESPA","KG",165.0,6.0,990.0,0.0,"2026-06-02"]
["UNIVERSIDADE FEDERAL DE GOIAS-UF/GO",153052.0,3632.0,"Material","153052-142/2026","FIRMINÓPOLIS - Gêneros alimentícios","Catálogo do Compras.gov.br","Material",8920.0,"PRODUTOS DE PANIFICAÇÃO E CEREAIS",19690.0,"ARROZ BENEFICIADO",458904.0,"CLASSE: LONGO FINO, QUALIDADE: TIPO 1, SUBGRUPO: POLIDO, TIPO: AGULHINHA/BRANCO","EMB",220.0,28.0,6160.0,0.0,"2026-06-02"]
["UNIVERSIDADE FEDERAL DE GOIAS-UF/GO",153052.0,3633.0,"Material","153052-142/2026","FIRMINÓPOLIS - Gêneros alimentícios","Catálogo do Compras.gov.br","Material",8955.0,"CAFÉ, CHÁ E CHOCOLATE",19765.0,"ACHOCOLATADO",463556.0,"APRESENTAÇÃO: PÓ, CARACTERÍSTICA ADICIONAL: ENRIQUECIDO COM VITAMINAS, SABOR: TRADICIONAL","EMB",44.0,10.0,440.0,0.0,"2026-06-02"]
["UNIVERSIDADE FEDERAL DE GOIAS-UF/GO",153052.0,3634.0,"Material","153052-142/2026","FIRMINÓPOLIS - Gêneros alimentícios","Catálogo do Compras.gov.br","Material",8915.0,"FRUTAS, VERDURAS E LEGUMES",19714.0,"LEGUME EM CONSERVA",462824.0,"TIPO: MILHO VERDE","KG",99.0,4.0,396.0,0.0,"2026-06-02"]
["UNIVERSIDADE FEDERAL DE GOIAS-UF/GO",153052.0,3635.0,"Material","153052-142/2026","FIRMINÓPOLIS - Gêneros alimentícios","Catálogo do Compras.gov.br","Material",8920.0,"PRODUTOS DE PANIFICAÇÃO E CEREAIS",19692.0,"FARINHA DE MANDIOCA",458920.0,"ACIDEZ: BAIXA ACIDEZ, ASPECTO FÍSICO: TIPO 1, CLASSE: FINA, GRUPO: SECA, SUBGRUPO: BRANCA TORRADA","EMB",33.0,7.0,231.0,0.0,"2026-06-02"]
["UNIVERSIDADE FEDERAL DE GOIAS-UF/GO",153052.0,3636.0,"Material","153052-142/2026","FIRMINÓPOLIS - Gêneros alimentícios","Catálogo do Compras.gov.br","Material",8915.0,"FRUTAS, VERDURAS E LEGUMES",19772.0,"LEGUME IN NATURA",463809.0,"TIPO: PIMENTÃO VERDE","KG",11.0,7.0,77.0,0.0,"2026-06-02"]
["UNIVERSIDADE FEDERAL DE GOIAS-UF/GO",153052.0,3637.0,"Material","153052-142/2026","FIRMINÓPOLIS - Gêneros alimentícios","Catálogo do Compras.gov.br","Material",8950.0,"CONDIMENTOS E PRODUTOS CORRELATOS",19774.0,"CONDIMENTO",463917.0,"APRESENTAÇÃO: PÓ, TIPO: PÁPRICA","EMB",11.0,14.0,154.0,0.0,"2026-06-02"]
["UNIVERSIDADE FEDERAL DE GOIAS-UF/GO",153052.0,3638.0,"Material","153052-142/2026","FIRMINÓPOLIS - Gêneros alimentícios","Catálogo do Compras.gov.br","Material",8920.0,"PRODUTOS DE PANIFICAÇÃO E CEREAIS",14047.0,"FARINHA QUIBE",326330.0,"COMPOSIÇÃO: GRÃOS DE TRIGO SELECIONADOS E MOÍDOS, TIPO: CRÚ","KG",11.0,9.0,99.0,0.0,"2026-06-02"]
["UNIVERSIDADE FEDERAL DE GOIAS-UF/GO",153052.0,3639.0,"Material","153052-142/2026","FIRMINÓPOLIS - Gêneros alimentícios","Catálogo do Compras.gov.br","Material",8915.0,"FRUTAS, VERDURAS E LEGUMES",19789.0,"FRUTA",464393.0,"APRESENTAÇÃO: NATURAL, TIPO: LARANJA PERA","KG",220.0,5.0,1100.0,0.0,"2026-06-02"]
["UNIVERSIDADE FEDERAL DE GOIAS-UF/GO",153052.0,3640.0,"Material","153052-142/2026","FIRMINÓPOLIS - Gêneros alimentícios","Catálogo do Compras.gov.br","Material",8950.0,"CONDIMENTOS E PRODUTOS CORRELATOS",12619.0,"TEMPERO",608265.0,"APLICAÇÃO: USO CULINÁRIO, APRESENTAÇÃO: PASTA, TIPO: COMPLETO COM PIMENTA","EMB",55.0,5.0,275.0,0.0,"2026-06-02"]
["UNIVERSIDADE FEDERAL DE GOIAS-UF/GO",153052.0,3641.0,"Material","153052-142/2026","FIRMINÓPOLIS - Gêneros alimentícios","Catálogo do Compras.gov.br","Material",8920.0,"PRODUTOS DE PANIFICAÇÃO E CEREAIS",19720.0,"FARINHA DE TRIGO",460263.0,"GRUPO: DOMÉSTICO, INGREDIENTE ADICIONAL: FORTIFICADA COM FERRO E ÁCIDO FÓLICO, TIPO: TIPO 1, ESPECIAL","EMB",33.0,6.0,198.0,0.0,"2026-06-02"]
["UNIVERSIDADE FEDERAL DE GOIAS-UF/GO",153052.0,3642.0,"Material","153052-142/2026","FIRMINÓPOLIS - Gêneros alimentícios","Catálogo do Compras.gov.br","Material",8950.0,"CONDIMENTOS E PRODUTOS CORRELATOS",19774.0,"CONDIMENTO",463923.0,"APRESENTAÇÃO: NATURAL, TIPO: PIMENTA DE CHEIRO","KG",22.0,29.0,638.0,0.0,"2026-06-02"]
["UNIVERSIDADE FEDERAL DE GOIAS-UF/GO",153052.0,3643.0,"Material","153052-142/2026","FIRMINÓPOLIS - Gêneros alimentícios","Catálogo do Compras.gov.br","Material",8955.0,"CAFÉ, CHÁ E CHOCOLATE",19766.0,"CAFÉ",463584.0,"APRESENTAÇÃO: TORRADO MOÍDO, EMPACOTAMENTO: ALMOFADA, INTENSIDADE: MÉDIA, TIPO: TRADICIONAL","PCT",66.0,25.0,1650.0,0.0,"2026-06-02"]
["UNIVERSIDADE FEDERAL DE GOIAS-UF/GO",153052.0,3644.0,"Material","153052-142/2026","FIRMINÓPOLIS - Gêneros alimentícios","Catálogo do Compras.gov.br","Material",8920.0,"PRODUTOS DE PANIFICAÇÃO E CEREAIS",19712.0,"FERMENTO",459586.0,"APRESENTAÇÃO: PÓ, TIPO: QUÍMICO","EMB",33.0,3.0,99.0,0.0,"2026-06-02"]
["UNIVERSIDADE FEDERAL DE GOIAS-UF/GO",153052.0,3645.0,"Material","153052-142/2026","FIRMINÓPOLIS - Gêneros alimentícios","Catálogo do Compras.gov.br","Material",8920.0,"PRODUTOS DE PANIFICAÇÃO E CEREAIS",19721.0,"PÃO",460401.0,"APRESENTAÇÃO: FATIADO, BASE: DE FARINHA DE TRIGO REFINADA, TIPO: DE FORMA, TIPO ADICIONAL: TRADICIONAL, TIPO EMBALAGEM: EMBALAGEM INDIVIDUAL","EMB",660.0,12.0,7920.0,0.0,"2026-06-02"]
["UNIVERSIDADE FEDERAL DE GOIAS-UF/GO",153052.0,3646.0,"Material","153052-142/2026","FIRMINÓPOLIS - Gêneros alimentícios","Catálogo do Compras.gov.br","Material",8915.0,"FRUTAS, VERDURAS E LEGUMES",19772.0,"LEGUME IN NATURA",463806.0,"TIPO: TOMATE SALADA","KG",660.0,6.0,3960.0,0.0,"2026-06-02"]
["UNIVERSIDADE FEDERAL DE GOIAS-UF/GO",153052.0,3647.0,"Material","153052-142/2026","FIRMINÓPOLIS - Gêneros alimentícios","Catálogo do Compras.gov.br","Material",8915.0,"FRUTAS, VERDURAS E LEGUMES",19789.0,"FRUTA",464381.0,"APRESENTAÇÃO: NATURAL, TIPO: BANANA PRATA / BANANA BRANCA","KG",165.0,6.0,990.0,0.0,"2026-06-02"]
["UNIVERSIDADE FEDERAL DE GOIAS-UF/GO",153052.0,3648.0,"Material","153052-142/2026","FIRMINÓPOLIS - Gêneros alimentícios","Catálogo do Compras.gov.br","Material",8915.0,"FRUTAS, VERDURAS E LEGUMES",19772.0,"LEGUME IN NATURA",463749.0,"TIPO: ABOBRINHA ITALIANA","KG",66.0,5.0,330.0,0.0,"2026-06-02"]
["UNIVERSIDADE FEDERAL DE GOIAS-UF/GO",153052.0,3649.0,"Material","153052-142/2026","FIRMINÓPOLIS - Gêneros alimentícios","Catálogo do Compras.gov.br","Material",8915.0,"FRUTAS, VERDURAS E LEGUMES",19772.0,"LEGUME IN NATURA",463754.0,"TIPO: BATATA INGLESA","KG",220.0,5.0,1100.0,0.0,"2026-06-02"]
["UNIVERSIDADE FEDERAL DE GOIAS-UF/GO",153052.0,3650.0,"Material","153052-142/2026","FIRMINÓPOLIS - Gêneros alimentícios","Catálogo do Compras.gov.br","Material",8950.0,"CONDIMENTOS E PRODUTOS CORRELATOS",19774.0,"CONDIMENTO",463916.0,"APRESENTAÇÃO: DESIDRATADO, TIPO: ORÉGANO","EMB",11.0,18.0,198.0,0.0,"2026-06-02"]
["UNIVERSIDADE FEDERAL DE GOIAS-UF/GO",153052.0,3651.0,"Material","153052-142/2026","FIRMINÓPOLIS - Gêneros alimentícios","Catálogo do Compras.gov.br","Material",8910.0,"OVOS E LATICÍNIOS",8753.0,"LEITE FLUIDO",445995.0,"ORIGEM: DE VACA, PROCESSAMENTO: UHT, TEOR GORDURA: INTEGRAL, TIPO: A","CX",330.0,5.0,1650.0,0.0,"2026-06-02"]
["UNIVERSIDADE FEDERAL DE GOIAS-UF/GO",153052.0,3652.0,"Material","153052-142/2026","FIRMINÓPOLIS - Gêneros alimentícios","Catálogo do Compras.gov.br","Material",8950.0,"CONDIMENTOS E PRODUTOS CORRELATOS",19774.0,"CONDIMENTO",463896.0,"APRESENTAÇÃO: FLOR, TIPO: ERVA DOCE","EMB",22.0,16.0,352.0,0.0,"2026-06-02"]
["UNIVERSIDADE FEDERAL DE GOIAS-UF/GO",153052.0,3653.0,"Material","153052-142/2026","FIRMINÓPOLIS - Gêneros alimentícios","Catálogo do Compras.gov.br","Material",8915.0,"FRUTAS, VERDURAS E LEGUMES",19773.0,"VERDURA IN NATURA",463818.0,"TIPO: ACELGA","KG",99.0,7.0,693.0,0.0,"2026-06-02"]
["UNIVERSIDADE FEDERAL DE GOIAS-UF/GO",153052.0,3654.0,"Material","153052-142/2026","FIRMINÓPOLIS - Gêneros alimentícios","Catálogo do Compras.gov.br","Material",8910.0,"OVOS E LATICÍNIOS",11534.0,"QUEIJO",446648.0,"APRESENTAÇÃO: RALADO, ORIGEM: DE VACA, VARIEDADE: PARMESÃO","KG",22.0,30.0,660.0,0.0,"2026-06-02"]
["UNIVERSIDADE FEDERAL DE GOIAS-UF/GO",153052.0,3655.0,"Material","153052-142/2026","FIRMINÓPOLIS - Gêneros alimentícios","Catálogo do Compras.gov.br","Material",8915.0,"FRUTAS, VERDURAS E LEGUMES",19773.0,"VERDURA IN NATURA",463822.0,"TIPO: COUVE","KG",88.0,5.0,440.0,0.0,"2026-06-02"]
["UNIVERSIDADE FEDERAL DE GOIAS-UF/GO",153052.0,3656.0,"Material","153052-142/2026","FIRMINÓPOLIS - Gêneros alimentícios","Catálogo do Compras.gov.br","Material",8950.0,"CONDIMENTOS E PRODUTOS CORRELATOS",852.0,"SAL",291893.0,"APLICAÇÃO: ALIMENTÍCIA, CARACTERÍSTICAS ADICIONAIS: TEOR MÍNIMO CLORETO DE SÓDIO 98,5%, TIPO: REFINADO","KG",33.0,4.0,132.0,0.0,"2026-06-02"]
["UNIVERSIDADE FEDERAL DE GOIAS-UF/GO",153052.0,3657.0,"Material","153052-142/2026","FIRMINÓPOLIS - Gêneros alimentícios","Catálogo do Compras.gov.br","Material",8950.0,"CONDIMENTOS E PRODUTOS CORRELATOS",19774.0,"CONDIMENTO",463937.0,"APRESENTAÇÃO: PÓ, TIPO: URUCUM","EMB",11.0,8.0,88.0,0.0,"2026-06-02"]
["UNIVERSIDADE FEDERAL DE GOIAS-UF/GO",153052.0,3658.0,"Material","153052-142/2026","FIRMINÓPOLIS - Gêneros alimentícios","Catálogo do Compras.gov.br","Material",8915.0,"FRUTAS, VERDURAS E LEGUMES",19772.0,"LEGUME IN NATURA",463781.0,"TIPO: CEBOLA BRANCA","KG",132.0,6.0,792.0,0.0,"2026-06-02"]
["UNIVERSIDADE FEDERAL DE GOIAS-UF/GO",153052.0,3659.0,"Material","153052-142/2026","FIRMINÓPOLIS - Gêneros alimentícios","Catálogo do Compras.gov.br","Material",8920.0,"PRODUTOS DE PANIFICAÇÃO E CEREAIS",9791.0,"MISTURA ALIMENTÍCIA",279242.0,"APLICAÇÃO: BOLO, INGREDIENTES: FARINHA DE TRIGO, AÇUCAR, FERMENTO EM PÓ, SABOR: NATURAL","EMB",66.0,10.0,660.0,0.0,"2026-06-02"]
["UNIVERSIDADE FEDERAL DE GOIAS-UF/GO",153052.0,3660.0,"Material","153052-142/2026","FIRMINÓPOLIS - Gêneros alimentícios","Catálogo do Compras.gov.br","Material",8950.0,"CONDIMENTOS E PRODUTOS CORRELATOS",19774.0,"CONDIMENTO",482951.0,"ADICIONAL: DESIDRATADO, APRESENTAÇÃO: CASCA, TIPO: CANELA","EMB",66.0,4.5,297.0,0.0,"2026-06-02"]
["UNIVERSIDADE FEDERAL DE GOIAS-UF/GO",153052.0,3661.0,"Material","153052-142/2026","FIRMINÓPOLIS - Gêneros alimentícios","Catálogo do Compras.gov.br","Material",8915.0,"FRUTAS, VERDURAS E LEGUMES",19789.0,"FRUTA",464374.0,"APRESENTAÇÃO: NATURAL, TIPO: ABACAXI PÉROLA","KG",330.0,5.0,1650.0,0.0,"2026-06-02"]
["UNIVERSIDADE FEDERAL DE GOIAS-UF/GO",153052.0,3662.0,"Material","153052-142/2026","FIRMINÓPOLIS - Gêneros alimentícios","Catálogo do Compras.gov.br","Material",8915.0,"FRUTAS, VERDURAS E LEGUMES",19772.0,"LEGUME IN NATURA",463778.0,"TIPO: CHUCHU VERDE","KG",66.0,5.0,330.0,0.0,"2026-06-02"]
["UNIVERSIDADE FEDERAL DE GOIAS-UF/GO",153052.0,3663.0,"Material","153052-142/2026","FIRMINÓPOLIS - Gêneros alimentícios","Catálogo do Compras.gov.br","Material",8910.0,"OVOS E LATICÍNIOS",19586.0,"OVO",446619.0,"CLASSE: A, GRUPO: BRANCO, ORIGEM: GALINHA, TIPO: MÉDIO","BJ",165.0,15.0,2475.0,0.0,"2026-06-02"]
["UNIVERSIDADE FEDERAL DE GOIAS-UF/GO",153052.0,3664.0,"Material","153052-142/2026","FIRMINÓPOLIS - Gêneros alimentícios","Catálogo do Compras.gov.br","Material",8910.0,"OVOS E LATICÍNIOS",17295.0,"CREME DE LEITE",446533.0,"PROCESSAMENTO: UHT, TEOR GORDURA: ATÉ 20% DE GORDURA, TRATAMENTO: HOMOGENEIZADO","EMB",330.0,4.0,1320.0,0.0,"2026-06-02"]
["UNIVERSIDADE FEDERAL DE GOIAS-UF/GO",153052.0,3665.0,"Material","153052-142/2026","FIRMINÓPOLIS - Gêneros alimentícios","Catálogo do Compras.gov.br","Material",8915.0,"FRUTAS, VERDURAS E LEGUMES",19789.0,"FRUTA",464418.0,"APRESENTAÇÃO: NATURAL, TIPO: MELANCIA VERMELHA","KG",330.0,2.5,825.0,0.0,"2026-06-02"]
["UNIVERSIDADE FEDERAL DE GOIAS-UF/GO",153052.0,3666.0,"Material","153052-142/2026","FIRMINÓPOLIS - Gêneros alimentícios","Catálogo do Compras.gov.br","Material",8915.0,"FRUTAS, VERDURAS E LEGUMES",19772.0,"LEGUME IN NATURA",463767.0,"TIPO: BETERRABA","KG",66.0,5.0,330.0,0.0,"2026-06-02"]
["UNIVERSIDADE FEDERAL DE GOIAS-UF/GO",153052.0,3667.0,"Material","153052-142/2026","FIRMINÓPOLIS - Gêneros alimentícios","Catálogo do Compras.gov.br","Material",8920.0,"PRODUTOS DE PANIFICAÇÃO E CEREAIS",19691.0,"MACARRÃO",459004.0,"APRESENTAÇÃO: LASANHA, BASE DA MASSA: DE FARINHA DE TRIGO, INGREDIENTES ADICIONAIS: COM OVOS, TEOR DE UMIDADE: MASSA PRÉ-COZIDA, TIPO: FRESCA","EMB",99.0,6.0,594.0,0.0,"2026-06-02"]
["UNIVERSIDADE FEDERAL DE GOIAS-UF/GO",153052.0,3668.0,"Material","153052-142/2026","FIRMINÓPOLIS - Gêneros alimentícios","Catálogo do Compras.gov.br","Material",8915.0,"FRUTAS, VERDURAS E LEGUMES",19772.0,"LEGUME IN NATURA",463748.0,"TIPO: ABÓBORA CABOTIÁ / JAPONESA","KG",66.0,4.0,264.0,0.0,"2026-06-02"]
["UNIVERSIDADE FEDERAL DE GOIAS-UF/GO",153052.0,3669.0,"Material","153052-142/2026","FIRMINÓPOLIS - Gêneros alimentícios","Catálogo do Compras.gov.br","Material",8950.0,"CONDIMENTOS E PRODUTOS CORRELATOS",19774.0,"CONDIMENTO",463925.0,"APRESENTAÇÃO: SEMENTE, TIPO: PIMENTA CALABRESA","EMB",11.0,16.0,176.0,0.0,"2026-06-02"]
["UNIVERSIDADE FEDERAL DE GOIAS-UF/GO",153052.0,3670.0,"Material","153052-142/2026","FIRMINÓPOLIS - Gêneros alimentícios","Catálogo do Compras.gov.br","Material",8950.0,"CONDIMENTOS E PRODUTOS CORRELATOS",19774.0,"CONDIMENTO",463938.0,"ADICIONAL: CABEÇA, APRESENTAÇÃO: NATURAL, TIPO: ALHO","KG",33.0,12.0,396.0,0.0,"2026-06-02"]
["UNIVERSIDADE FEDERAL DE GOIAS-UF/GO",153052.0,3671.0,"Material","153052-142/2026","FIRMINÓPOLIS - Gêneros alimentícios","Catálogo do Compras.gov.br","Material",8915.0,"FRUTAS, VERDURAS E LEGUMES",19789.0,"FRUTA",464377.0,"APRESENTAÇÃO: NATURAL, TIPO: BANANA DA TERRA / BANANA COMPRIDA","KG",165.0,8.0,1320.0,0.0,"2026-06-02"]
["UNIVERSIDADE FEDERAL DE GOIAS-UF/GO",153052.0,3672.0,"Material","153052-142/2026","FIRMINÓPOLIS - Gêneros alimentícios","Catálogo do Compras.gov.br","Material",8945.0,"ÓLEOS E GORDURAS COMESTÍVEIS",19769.0,"GORDURA VEGETAL - MARGARINA",463699.0,"COMPOSIÇÃO BÁSICA: MÍNIMO DE 80% DE GORDURA, SABOR: COM SAL, SUBTIPO: CREMOSA, TIPO: MARGARINA","EMB",66.0,8.0,528.0,0.0,"2026-06-02"]
["UNIVERSIDADE FEDERAL DE GOIAS-UF/GO",153052.0,3673.0,"Material","153052-142/2026","FIRMINÓPOLIS - Gêneros alimentícios","Catálogo do Compras.gov.br","Material",8950.0,"CONDIMENTOS E PRODUTOS CORRELATOS",19715.0,"MOLHO DE MESA",459658.0,"APRESENTAÇÃO: CREME, COMPOSIÇÃO: TRADICIONAL, TIPO: MAIONESE","EMB",33.0,5.0,165.0,0.0,"2026-06-02"]
["UNIVERSIDADE FEDERAL DE GOIAS-UF/GO",153052.0,3674.0,"Material","153052-142/2026","FIRMINÓPOLIS - Gêneros alimentícios","Catálogo do Compras.gov.br","Material",8915.0,"FRUTAS, VERDURAS E LEGUMES",19792.0,"LEGUMINOSA",464552.0,"TIPO: TIPO 1, VARIEDADE: FEIJÃO PRETO","EMB",165.0,7.0,1155.0,0.0,"2026-06-02"]
["UNIVERSIDADE FEDERAL DE GOIAS-UF/GO",153052.0,3675.0,"Material","153052-142/2026","FIRMINÓPOLIS - Gêneros alimentícios","Catálogo do Compras.gov.br","Material",8915.0,"FRUTAS, VERDURAS E LEGUMES",19773.0,"VERDURA IN NATURA",463826.0,"TIPO: RÚCULA","KG",88.0,4.5,396.0,0.0,"2026-06-02"]
["UNIVERSIDADE FEDERAL DE GOIAS-UF/GO",153052.0,3676.0,"Material","153052-142/2026","FIRMINÓPOLIS - Gêneros alimentícios","Catálogo do Compras.gov.br","Material",8950.0,"CONDIMENTOS E PRODUTOS CORRELATOS",853.0,"VINAGRE",249818.0,"ACIDEZ: 4, ASPECTO FÍSICO: LÍQUIDO, ASPECTO VISUAL: LÍMPIDO E SEM DEPÓSITOS, MATÉRIA-PRIMA: VINHO BRANCO, TIPO: NEUTRO","FR",66.0,3.5,231.0,0.0,"2026-06-02"]
["UNIVERSIDADE FEDERAL DE GOIAS-UF/GO",153052.0,3677.0,"Material","153052-142/2026","FIRMINÓPOLIS - Gêneros alimentícios","Catálogo do Compras.gov.br","Material",8950.0,"CONDIMENTOS E PRODUTOS CORRELATOS",19774.0,"CONDIMENTO",463920.0,"APRESENTAÇÃO: MOÍDO, TIPO: PIMENTA DO REINO","EMB",11.0,12.0,132.0,0.0,"2026-06-02"]
["UNIVERSIDADE FEDERAL DE GOIAS-UF/GO",153052.0,3678.0,"Material","153052-142/2026","FIRMINÓPOLIS - Gêneros alimentícios","Catálogo do Compras.gov.br","Material",8950.0,"CONDIMENTOS E PRODUTOS CORRELATOS",19716.0,"MASSA DE TOMATE",459670.0,"APRESENTAÇÃO: CREME, COMPOSIÇÃO: TRADICIONAL, TIPO: EXTRATO CONCENTRADO","EMB",132.0,3.0,396.0,0.0,"2026-06-02"]
["UNIVERSIDADE FEDERAL DE GOIAS-UF/GO",153052.0,3679.0,"Material","153052-142/2026","FIRMINÓPOLIS - Gêneros alimentícios","Catálogo do Compras.gov.br","Material",8950.0,"CONDIMENTOS E PRODUTOS CORRELATOS",19774.0,"CONDIMENTO",463857.0,"APRESENTAÇÃO: PÓ, TIPO: AÇAFRÃO","EMB",15.0,16.0,240.0,0.0,"2026-06-02"]
["UNIVERSIDADE FEDERAL DE GOIAS-UF/GO",153052.0,3680.0,"Material","153052-142/2026","FIRMINÓPOLIS - Gêneros alimentícios","Catálogo do Compras.gov.br","Material",8915.0,"FRUTAS, VERDURAS E LEGUMES",19714.0,"LEGUME EM CONSERVA",459636.0,"APRESENTAÇÃO: COM CAROÇO, TAMANHO: GRANDE, TIPO: AZEITONA VERDE","EMB",33.0,15.0,495.0,0.0,"2026-06-02"]
["UNIVERSIDADE FEDERAL DE GOIAS-UF/GO",153052.0,3681.0,"Material","153052-142/2026","FIRMINÓPOLIS - Gêneros alimentícios","Catálogo do Compras.gov.br","Material",8915.0,"FRUTAS, VERDURAS E LEGUMES",19714.0,"LEGUME EM CONSERVA",462823.0,"TIPO: ERVILHA","EMB",44.0,4.0,176.0,0.0,"2026-06-02"]
["UNIVERSIDADE FEDERAL DE GOIAS-UF/GO",153052.0,3682.0,"Material","153052-142/2026","FIRMINÓPOLIS - Gêneros alimentícios","Catálogo do Compras.gov.br","Material",8945.0,"ÓLEOS E GORDURAS COMESTÍVEIS",19767.0,"ÓLEO VEGETAL COMESTÍVEL",463692.0,"ESPÉCIE VEGETAL: SOJA, TIPO: PURO, TIPO QUALIDADE: TIPO 1","EMB",495.0,7.0,3465.0,0.0,"2026-06-02"]
["UNIVERSIDADE FEDERAL DE GOIAS-UF/GO",153052.0,3683.0,"Material","153052-142/2026","FIRMINÓPOLIS - Gêneros alimentícios","Catálogo do Compras.gov.br","Material",8920.0,"PRODUTOS DE PANIFICAÇÃO E CEREAIS",19691.0,"MACARRÃO",458953.0,"APRESENTAÇÃO: ESPAGUETE, BASE DA MASSA: DE FARINHA DE TRIGO, INGREDIENTES ADICIONAIS: COM OVOS, TEOR DE UMIDADE: MASSA SECA","EMB",132.0,6.0,792.0,0.0,"2026-06-02"]
["UNIVERSIDADE FEDERAL DE GOIAS-UF/GO",153052.0,3684.0,"Material","153052-142/2026","FIRMINÓPOLIS - Gêneros alimentícios","Catálogo do Compras.gov.br","Material",8910.0,"OVOS E LATICÍNIOS",11534.0,"QUEIJO",446633.0,"APRESENTAÇÃO: PEÇA, ORIGEM: DE VACA, VARIEDADE: MUÇARELA","KG",66.0,30.0,1980.0,0.0,"2026-06-02"]
["UNIVERSIDADE FEDERAL DE GOIAS-UF/GO",153052.0,3685.0,"Material","153052-142/2026","FIRMINÓPOLIS - Gêneros alimentícios","Catálogo do Compras.gov.br","Material",8915.0,"FRUTAS, VERDURAS E LEGUMES",19772.0,"LEGUME IN NATURA",463807.0,"TIPO: VAGEM MACARRÃO","KG",33.0,18.0,594.0,0.0,"2026-06-02"]
["UNIVERSIDADE FEDERAL DE GOIAS-UF/GO",153052.0,3686.0,"Material","153052-142/2026","FIRMINÓPOLIS - Gêneros alimentícios","Catálogo do Compras.gov.br","Material",8915.0,"FRUTAS, VERDURAS E LEGUMES",19789.0,"FRUTA",464405.0,"APRESENTAÇÃO: NATURAL, TIPO: MAMÃO FORMOSA","KG",330.0,7.5,2475.0,0.0,"2026-06-02"]
["UNIVERSIDADE FEDERAL DE GOIAS-UF/GO",153052.0,3687.0,"Material","153052-142/2026","FIRMINÓPOLIS - Gêneros alimentícios","Catálogo do Compras.gov.br","Material",8905.0,"CARNES, AVES E PEIXES",2156.0,"FRIOS",447764.0,"APRESENTAÇÃO: FATIADO, ESTADO DE CONSERVAÇÃO: RESFRIADO(A), TIPO PREPARAÇÃO: COZIDO, VARIEDADE: APRESUNTADO","KG",33.0,18.0,594.0,0.0,"2026-06-02"]
["UNIVERSIDADE FEDERAL DE GOIAS-UF/GO",153052.0,3688.0,"Material","153052-142/2026","FIRMINÓPOLIS - Gêneros alimentícios","Catálogo do Compras.gov.br","Material",8905.0,"CARNES, AVES E PEIXES",9806.0,"EMBUTIDO",449183.0,"ESTADO DE CONSERVAÇÃO: RESFRIADO(A), SABOR: TEMPERADA, TAMANHO: FINA, TIPO: LINGUIÇA DE CARNE SUÍNA, TIPO PREPARAÇÃO: FRESCA","KG",330.0,18.0,5940.0,0.0,"2026-06-02"]
["UNIVERSIDADE FEDERAL DE GOIAS-UF/GO",153052.0,3689.0,"Material","153052-142/2026","FIRMINÓPOLIS - Gêneros alimentícios","Catálogo do Compras.gov.br","Material",8905.0,"CARNES, AVES E PEIXES",17294.0,"CARNE SUÍNA IN NATURA",447517.0,"APRESENTAÇÃO: PEÇA INTEIRA, ESTADO DE CONSERVAÇÃO: RESFRIADO(A), TIPO CORTE: LOMBO","KG",66.0,22.0,1452.0,0.0,"2026-06-02"]
["UNIVERSIDADE FEDERAL DE GOIAS-UF/GO",153052.0,3690.0,"Material","153052-142/2026","FIRMINÓPOLIS - Gêneros alimentícios","Catálogo do Compras.gov.br","Material",8905.0,"CARNES, AVES E PEIXES",4552.0,"CARNE DEFUMADA",447666.0,"APRESENTAÇÃO: EM MANTAS, ESTADO DE CONSERVAÇÃO: RESFRIADO(A), TIPO ANIMAL: SUÍNA, TIPO CORTE: TOUCINHO (BACON)","KG",22.0,20.0,440.0,0.0,"2026-06-02"]
["UNIVERSIDADE FEDERAL DE GOIAS-UF/GO",153052.0,3691.0,"Material","153052-142/2026","FIRMINÓPOLIS - Gêneros alimentícios","Catálogo do Compras.gov.br","Material",8905.0,"CARNES, AVES E PEIXES",4550.0,"CARNE DE AVE IN NATURA",447596.0,"APRESENTAÇÃO: INTEIRO, ESTADO DE CONSERVAÇÃO: CONGELADO(A), PROCESSAMENTO: COM PELE, COM OSSO, TIPO ANIMAL: FRANGO, TIPO CORTE: PEITO","KG",264.0,19.0,5016.0,0.0,"2026-06-02"]
["UNIVERSIDADE FEDERAL DE GOIAS-UF/GO",153052.0,3692.0,"Material","153052-142/2026","FIRMINÓPOLIS - Gêneros alimentícios","Catálogo do Compras.gov.br","Material",8905.0,"CARNES, AVES E PEIXES",4550.0,"CARNE DE AVE IN NATURA",447641.0,"APRESENTAÇÃO: INTEIRO, ESTADO DE CONSERVAÇÃO: CONGELADO(A), TIPO ANIMAL: FRANGO, TIPO CORTE: CARCAÇA","KG",660.0,16.0,10560.0,0.0,"2026-06-02"]
["UNIVERSIDADE FEDERAL DE GOIAS-UF/GO",153052.0,3693.0,"Material","153052-142/2026","FIRMINÓPOLIS - Gêneros alimentícios","Catálogo do Compras.gov.br","Material",8905.0,"CARNES, AVES E PEIXES",4548.0,"CARNE BOVINA IN NATURA",447471.0,"APRESENTAÇÃO: PEÇA INTEIRA, ESTADO DE CONSERVAÇÃO: RESFRIADO(A), TIPO CORTE: MAMINHA DA ALCATRA","KG",495.0,35.0,17325.0,0.0,"2026-06-02"]
["UNIVERSIDADE FEDERAL DE GOIAS-UF/GO",153052.0,3694.0,"Material","153052-142/2026","FIRMINÓPOLIS - Gêneros alimentícios","Catálogo do Compras.gov.br","Material",8905.0,"CARNES, AVES E PEIXES",4548.0,"CARNE BOVINA IN NATURA",447442.0,"APRESENTAÇÃO: PEÇA INTEIRA, ESTADO DE CONSERVAÇÃO: RESFRIADO(A), TIPO CORTE: LAGARTO","KG",495.0,36.0,17820.0,0.0,"2026-06-02"]
["UNIVERSIDADE FEDERAL DE GOIAS-UF/GO",153052.0,3695.0,"Material","153052-142/2026","FIRMINÓPOLIS - Gêneros alimentícios","Catálogo do Compras.gov.br","Material",8905.0,"CARNES, AVES E PEIXES",4548.0,"CARNE BOVINA IN NATURA",447432.0,"APRESENTAÇÃO: PEÇA INTEIRA, ESTADO DE CONSERVAÇÃO: RESFRIADO(A), TIPO CORTE: COXÃO MOLE","KG",495.0,38.0,18810.0,0.0,"2026-06-02"]
["UNIVERSIDADE FEDERAL DE GOIAS-UF/GO",153052.0,3696.0,"Material","153052-142/2026","FIRMINÓPOLIS - Gêneros alimentícios","Catálogo do Compras.gov.br","Material",8905.0,"CARNES, AVES E PEIXES",4548.0,"CARNE BOVINA IN NATURA",465394.0,"APRESENTAÇÃO: PEÇA INTEIRA, ESTADO DE CONSERVAÇÃO: RESFRIADO(A), TIPO CORTE: COXÃO DURO","KG",495.0,33.0,16335.0,0.0,"2026-06-02"]
["UNIVERSIDADE FEDERAL DE GOIAS-UF/GO",153052.0,3697.0,"Material","153052-142/2026","FIRMINÓPOLIS - Gêneros alimentícios","Catálogo do Compras.gov.br","Material",8905.0,"CARNES, AVES E PEIXES",4548.0,"CARNE BOVINA IN NATURA",447386.0,"APRESENTAÇÃO: CORTADA, ESTADO DE CONSERVAÇÃO: RESFRIADO(A), TIPO CORTE: ACÉM","KG",495.0,30.0,14850.0,0.0,"2026-06-02"]
["UNIVERSIDADE FEDERAL DE GOIAS-UF/GO",153052.0,3960.0,"Material","153052-44/2026","CEPAE - GÊNEROS ALIMENTÍCIOS EM GERAL","Catálogo do Compras.gov.br","Material",8910.0,"OVOS E LATICÍNIOS",19779.0,"LEITE CÔCO",464012.0,"CARACTERÍSTICA ADICIONAL: TEOR DE GORDURA REDUZIDA, TIPO: MAGRO","EMB",30.0,21.0,630.0,0.0,"2026-08-21"]
["UNIVERSIDADE FEDERAL DE GOIAS-UF/GO",153052.0,3961.0,"Material","153052-44/2026","CEPAE - GÊNEROS ALIMENTÍCIOS EM GERAL","Catálogo do Compras.gov.br","Material",8910.0,"OVOS E LATICÍNIOS",17295.0,"CREME DE LEITE",446533.0,"PROCESSAMENTO: UHT, TEOR GORDURA: ATÉ 20% DE GORDURA, TRATAMENTO: HOMOGENEIZADO","EMB",30.0,18.0,540.0,0.0,"2026-08-21"]
["UNIVERSIDADE FEDERAL DE GOIAS-UF/GO",153052.0,3962.0,"Material","153052-44/2026","CEPAE - GÊNEROS ALIMENTÍCIOS EM GERAL","Catálogo do Compras.gov.br","Material",8915.0,"FRUTAS, VERDURAS E LEGUMES",19789.0,"FRUTA",464883.0,"ADICIONAL: PRETA, APRESENTAÇÃO: DESIDRATADA / SECA, TIPO 1: UVA PASSA","UN",100.0,8.0,800.0,0.0,"2026-08-21"]
["UNIVERSIDADE FEDERAL DE GOIAS-UF/GO",153052.0,3963.0,"Material","153052-44/2026","CEPAE - GÊNEROS ALIMENTÍCIOS EM GERAL","Catálogo do Compras.gov.br","Material",8915.0,"FRUTAS, VERDURAS E LEGUMES",19773.0,"VERDURA IN NATURA",463826.0,"TIPO: RÚCULA","UN",80.0,4.0,320.0,0.0,"2026-08-21"]
["UNIVERSIDADE FEDERAL DE GOIAS-UF/GO",153052.0,3964.0,"Material","153052-44/2026","CEPAE - GÊNEROS ALIMENTÍCIOS EM GERAL","Catálogo do Compras.gov.br","Material",8920.0,"PRODUTOS DE PANIFICAÇÃO E CEREAIS",19721.0,"PÃO",460380.0,"BASE: DE FARINHA DE TRIGO REFINADA, TIPO: TIPO FRANÇÊS/BRANCO/DE SAL","KG",560.0,20.0,11200.0,0.0,"2026-08-21"]
["UNIVERSIDADE FEDERAL DE GOIAS-UF/GO",153052.0,3965.0,"Material","153052-44/2026","CEPAE - GÊNEROS ALIMENTÍCIOS EM GERAL","Catálogo do Compras.gov.br","Material",8915.0,"FRUTAS, VERDURAS E LEGUMES",19773.0,"VERDURA IN NATURA",463839.0,"TIPO: REPOLHO BRANCO / VERDE","KG",350.0,5.63,1970.5,0.0,"2026-08-21"]
["UNIVERSIDADE FEDERAL DE GOIAS-UF/GO",153052.0,3966.0,"Material","153052-44/2026","CEPAE - GÊNEROS ALIMENTÍCIOS EM GERAL","Catálogo do Compras.gov.br","Material",8910.0,"OVOS E LATICÍNIOS",11534.0,"QUEIJO",446633.0,"APRESENTAÇÃO: PEÇA, ORIGEM: DE VACA, VARIEDADE: MUÇARELA","KG",240.0,34.0,8160.0,0.0,"2026-08-21"]
["UNIVERSIDADE FEDERAL DE GOIAS-UF/GO",153052.0,3967.0,"Material","153052-44/2026","CEPAE - GÊNEROS ALIMENTÍCIOS EM GERAL","Catálogo do Compras.gov.br","Material",8920.0,"PRODUTOS DE PANIFICAÇÃO E CEREAIS",883.0,"BISCOITO",478564.0,"CARACTERÍSTICAS ADICIONAIS: SEM RECHEIO, INGREDIENTES: ARROZ INTEGRAL, SAL, SABOR: SALGADO, TIPO: BOLACHA","PCT",20.0,7.53,150.6,0.0,"2026-08-21"]
["UNIVERSIDADE FEDERAL DE GOIAS-UF/GO",153052.0,3968.0,"Material","153052-44/2026","CEPAE - GÊNEROS ALIMENTÍCIOS EM GERAL","Catálogo do Compras.gov.br","Material",8920.0,"PRODUTOS DE PANIFICAÇÃO E CEREAIS",19690.0,"ARROZ BENEFICIADO",458904.0,"CLASSE: LONGO FINO, QUALIDADE: TIPO 1, SUBGRUPO: POLIDO, TIPO: AGULHINHA/BRANCO","EMB",480.0,21.0,10080.0,0.0,"2026-08-21"]
["UNIVERSIDADE FEDERAL DE GOIAS-UF/GO",153052.0,3969.0,"Material","153052-44/2026","CEPAE - GÊNEROS ALIMENTÍCIOS EM GERAL","Catálogo do Compras.gov.br","Material",8915.0,"FRUTAS, VERDURAS E LEGUMES",19789.0,"FRUTA",464426.0,"APRESENTAÇÃO: NATURAL, TIPO: PERA D'ÁGUA","KG",80.0,10.5,840.0,0.0,"2026-08-21"]
["UNIVERSIDADE FEDERAL DE GOIAS-UF/GO",153052.0,3970.0,"Material","153052-44/2026","CEPAE - GÊNEROS ALIMENTÍCIOS EM GERAL","Catálogo do Compras.gov.br","Material",8915.0,"FRUTAS, VERDURAS E LEGUMES",19789.0,"FRUTA",466549.0,"APRESENTAÇÃO: NATURAL, TIPO 1: AMEIXA","KG",40.0,15.0,600.0,0.0,"2026-08-21"]
["UNIVERSIDADE FEDERAL DE GOIAS-UF/GO",153052.0,3971.0,"Material","153052-44/2026","CEPAE - GÊNEROS ALIMENTÍCIOS EM GERAL","Catálogo do Compras.gov.br","Material",8915.0,"FRUTAS, VERDURAS E LEGUMES",19792.0,"LEGUMINOSA",464553.0,"TIPO: TIPO 1, VARIEDADE: FEIJÃO CARIOCA","EMB",700.0,5.75,4025.0,0.0,"2026-08-21"]
["UNIVERSIDADE FEDERAL DE GOIAS-UF/GO",153052.0,3972.0,"Material","153052-44/2026","CEPAE - GÊNEROS ALIMENTÍCIOS EM GERAL","Catálogo do Compras.gov.br","Material",8920.0,"PRODUTOS DE PANIFICAÇÃO E CEREAIS",883.0,"BISCOITO",245803.0,"CARACTERÍSTICAS ADICIONAIS: SEM RECHEIO, INGREDIENTES: AÇÚCAR, FARINHA DE TRIGO E GLÚTEN, SABOR: COCO, TIPO: ROSQUINHA, APLICAÇÃO: ALIMENTAÇÃO HUMANA, CLASSIFICAÇÃO: DOCE, APRESENTAÇÃO: REDONDO","PCT",400.0,5.38,2152.0,0.0,"2026-08-21"]
["UNIVERSIDADE FEDERAL DE GOIAS-UF/GO",153052.0,3973.0,"Material","153052-44/2026","CEPAE - GÊNEROS ALIMENTÍCIOS EM GERAL","Catálogo do Compras.gov.br","Material",8920.0,"PRODUTOS DE PANIFICAÇÃO E CEREAIS",14581.0,"MILHO",279262.0,"APLICAÇÃO: MUNGUNZÁ (CANJICA), TIPO: GRÃO","PCT",84.0,6.0,504.0,0.0,"2026-08-21"]
["UNIVERSIDADE FEDERAL DE GOIAS-UF/GO",153052.0,3974.0,"Material","153052-44/2026","CEPAE - GÊNEROS ALIMENTÍCIOS EM GERAL","Catálogo do Compras.gov.br","Material",8915.0,"FRUTAS, VERDURAS E LEGUMES",19772.0,"LEGUME IN NATURA",463807.0,"TIPO: VAGEM MACARRÃO","KG",120.0,12.25,1470.0,0.0,"2026-08-21"]
["UNIVERSIDADE FEDERAL DE GOIAS-UF/GO",153052.0,3975.0,"Material","153052-44/2026","CEPAE - GÊNEROS ALIMENTÍCIOS EM GERAL","Catálogo do Compras.gov.br","Material",8915.0,"FRUTAS, VERDURAS E LEGUMES",19773.0,"VERDURA IN NATURA",463818.0,"TIPO: ACELGA","UN",300.0,6.7,2010.0,0.0,"2026-08-21"]
["UNIVERSIDADE FEDERAL DE GOIAS-UF/GO",153052.0,3976.0,"Material","153052-44/2026","CEPAE - GÊNEROS ALIMENTÍCIOS EM GERAL","Catálogo do Compras.gov.br","Material",8915.0,"FRUTAS, VERDURAS E LEGUMES",19772.0,"LEGUME IN NATURA",463799.0,"TIPO: RABANETE","KG",40.0,9.1,364.0,0.0,"2026-08-21"]
["UNIVERSIDADE FEDERAL DE GOIAS-UF/GO",153052.0,3977.0,"Material","153052-44/2026","CEPAE - GÊNEROS ALIMENTÍCIOS EM GERAL","Catálogo do Compras.gov.br","Material",8915.0,"FRUTAS, VERDURAS E LEGUMES",19791.0,"OLEAGINOSA",464531.0,"APRESENTAÇÃO: NATURAL, TIPO: BARU","UN",20.0,40.0,800.0,0.0,"2026-08-21"]
["UNIVERSIDADE FEDERAL DE GOIAS-UF/GO",153052.0,3978.0,"Material","153052-44/2026","CEPAE - GÊNEROS ALIMENTÍCIOS EM GERAL","Catálogo do Compras.gov.br","Material",8920.0,"PRODUTOS DE PANIFICAÇÃO E CEREAIS",19694.0,"FARINHA DE MILHO",470687.0,"APRESENTAÇÃO: TORRADA, CARACTERÍSTICA ADICIONAL: NÃO TRANSGÊNICO, GRÃO: AMARELO","EMB",120.0,2.7,324.0,0.0,"2026-08-21"]
["UNIVERSIDADE FEDERAL DE GOIAS-UF/GO",153052.0,3979.0,"Material","153052-44/2026","CEPAE - GÊNEROS ALIMENTÍCIOS EM GERAL","Catálogo do Compras.gov.br","Material",8920.0,"PRODUTOS DE PANIFICAÇÃO E CEREAIS",19691.0,"MACARRÃO",480340.0,"APRESENTAÇÃO: PENNE, BASE DA MASSA: DE ARROZ, PRESENÇA DE GLÚTEN: NÃO CONTÉM GLÚTEN, TEOR DE UMIDADE: MASSA SECA","EMB",50.0,24.0,1200.0,0.0,"2026-08-21"]
["UNIVERSIDADE FEDERAL DE GOIAS-UF/GO",153052.0,3980.0,"Material","153052-44/2026","CEPAE - GÊNEROS ALIMENTÍCIOS EM GERAL","Catálogo do Compras.gov.br","Material",8915.0,"FRUTAS, VERDURAS E LEGUMES",19789.0,"FRUTA",464436.0,"APRESENTAÇÃO: NATURAL, TIPO: TANGERINA PONCAN","KG",800.0,7.5,6000.0,0.0,"2026-08-21"]
["UNIVERSIDADE FEDERAL DE GOIAS-UF/GO",153052.0,3981.0,"Material","153052-44/2026","CEPAE - GÊNEROS ALIMENTÍCIOS EM GERAL","Catálogo do Compras.gov.br","Material",8925.0,"AÇÚCAR, CONFEITOS, CASTANHAS, NOZES E SIMILARES",19777.0,"AÇÚCAR",603269.0,"COLORAÇÃO: BRANCA, TIPO: CRISTAL","EMB",30.0,18.0,540.0,0.0,"2026-08-21"]
["UNIVERSIDADE FEDERAL DE GOIAS-UF/GO",153052.0,3982.0,"Material","153052-44/2026","CEPAE - GÊNEROS ALIMENTÍCIOS EM GERAL","Catálogo do Compras.gov.br","Material",8920.0,"PRODUTOS DE PANIFICAÇÃO E CEREAIS",883.0,"BISCOITO",232141.0,"CARACTERÍSTICAS ADICIONAIS: INTEGRAL E SEM RECHEIO, SABOR: ÁGUA E SAL, CLASSIFICAÇÃO: SALGADO, APRESENTAÇÃO: QUADRADO","PCT",350.0,5.38,1883.0,0.0,"2026-08-21"]
["UNIVERSIDADE FEDERAL DE GOIAS-UF/GO",153052.0,3983.0,"Material","153052-44/2026","CEPAE - GÊNEROS ALIMENTÍCIOS EM GERAL","Catálogo do Compras.gov.br","Material",8915.0,"FRUTAS, VERDURAS E LEGUMES",19789.0,"FRUTA",464401.0,"APRESENTAÇÃO: NATURAL, TIPO: MAÇÃ FUJI","KG",700.0,8.5,5950.0,0.0,"2026-08-21"]
["UNIVERSIDADE FEDERAL DE GOIAS-UF/GO",153052.0,3984.0,"Material","153052-44/2026","CEPAE - GÊNEROS ALIMENTÍCIOS EM GERAL","Catálogo do Compras.gov.br","Material",8915.0,"FRUTAS, VERDURAS E LEGUMES",19773.0,"VERDURA IN NATURA",463822.0,"TIPO: COUVE","UN",330.0,3.5,1155.0,0.0,"2026-08-21"]
["UNIVERSIDADE FEDERAL DE GOIAS-UF/GO",153052.0,3985.0,"Material","153052-44/2026","CEPAE - GÊNEROS ALIMENTÍCIOS EM GERAL","Catálogo do Compras.gov.br","Material",8915.0,"FRUTAS, VERDURAS E LEGUMES",19789.0,"FRUTA",464353.0,"APRESENTAÇÃO: NATURAL, TIPO: PEQUI","KG",40.0,16.0,640.0,0.0,"2026-08-21"]
["UNIVERSIDADE FEDERAL DE GOIAS-UF/GO",153052.0,3986.0,"Material","153052-44/2026","CEPAE - GÊNEROS ALIMENTÍCIOS EM GERAL","Catálogo do Compras.gov.br","Material",8910.0,"OVOS E LATICÍNIOS",19588.0,"IOGURTE NATURAL",446701.0,"SABOR: SEM SABOR, TEOR GORDURA: INTEGRAL","EMB",20.0,3.5,70.0,0.0,"2026-08-21"]
["UNIVERSIDADE FEDERAL DE GOIAS-UF/GO",153052.0,3987.0,"Material","153052-44/2026","CEPAE - GÊNEROS ALIMENTÍCIOS EM GERAL","Catálogo do Compras.gov.br","Material",8950.0,"CONDIMENTOS E PRODUTOS CORRELATOS",19774.0,"CONDIMENTO",463913.0,"APRESENTAÇÃO: GRÃO, TIPO: NOZ MOSCADA","UN",4.0,4.0,16.0,0.0,"2026-08-21"]
["UNIVERSIDADE FEDERAL DE GOIAS-UF/GO",153052.0,3988.0,"Material","153052-44/2026","CEPAE - GÊNEROS ALIMENTÍCIOS EM GERAL","Catálogo do Compras.gov.br","Material",8950.0,"CONDIMENTOS E PRODUTOS CORRELATOS",19774.0,"CONDIMENTO",463904.0,"APRESENTAÇÃO: FOLHA, TIPO: LOURO","EMB",30.0,3.55,106.5,0.0,"2026-08-21"]
["UNIVERSIDADE FEDERAL DE GOIAS-UF/GO",153052.0,3989.0,"Material","153052-44/2026","CEPAE - GÊNEROS ALIMENTÍCIOS EM GERAL","Catálogo do Compras.gov.br","Material",8945.0,"ÓLEOS E GORDURAS COMESTÍVEIS",19767.0,"ÓLEO VEGETAL COMESTÍVEL",463692.0,"ESPÉCIE VEGETAL: SOJA, TIPO: PURO, TIPO QUALIDADE: TIPO 1","EMB",400.0,5.0,2000.0,0.0,"2026-08-21"]
["UNIVERSIDADE FEDERAL DE GOIAS-UF/GO",153052.0,3990.0,"Material","153052-44/2026","CEPAE - GÊNEROS ALIMENTÍCIOS EM GERAL","Catálogo do Compras.gov.br","Material",8950.0,"CONDIMENTOS E PRODUTOS CORRELATOS",19774.0,"CONDIMENTO",463916.0,"APRESENTAÇÃO: DESIDRATADO, TIPO: ORÉGANO","EMB",120.0,3.0,360.0,0.0,"2026-08-21"]
["UNIVERSIDADE FEDERAL DE GOIAS-UF/GO",153052.0,3991.0,"Material","153052-44/2026","CEPAE - GÊNEROS ALIMENTÍCIOS EM GERAL","Catálogo do Compras.gov.br","Material",8950.0,"CONDIMENTOS E PRODUTOS CORRELATOS",19716.0,"MASSA DE TOMATE",459670.0,"APRESENTAÇÃO: CREME, COMPOSIÇÃO: TRADICIONAL, TIPO: EXTRATO CONCENTRADO","EMB",40.0,3.19,127.6,0.0,"2026-08-21"]
["UNIVERSIDADE FEDERAL DE GOIAS-UF/GO",153052.0,3992.0,"Material","153052-44/2026","CEPAE - GÊNEROS ALIMENTÍCIOS EM GERAL","Catálogo do Compras.gov.br","Material",8945.0,"ÓLEOS E GORDURAS COMESTÍVEIS",19767.0,"ÓLEO VEGETAL COMESTÍVEL",463691.0,"ESPÉCIE VEGETAL: GIRASOL, TEOR DA ACIDEZ: ALTO OLÉICO - MENOR QUE 0,8%, TIPO: PURO, TIPO QUALIDADE: TIPO 1","EMB",200.0,15.0,3000.0,0.0,"2026-08-21"]
["UNIVERSIDADE FEDERAL DE GOIAS-UF/GO",153052.0,3993.0,"Material","153052-44/2026","CEPAE - GÊNEROS ALIMENTÍCIOS EM GERAL","Catálogo do Compras.gov.br","Material",8950.0,"CONDIMENTOS E PRODUTOS CORRELATOS",19774.0,"CONDIMENTO",463906.0,"APRESENTAÇÃO: NATURAL, TIPO: MANJERICÃO","UN",30.0,3.69,110.7,0.0,"2026-08-21"]
["UNIVERSIDADE FEDERAL DE GOIAS-UF/GO",153052.0,3994.0,"Material","153052-44/2026","CEPAE - GÊNEROS ALIMENTÍCIOS EM GERAL","Catálogo do Compras.gov.br","Material",8950.0,"CONDIMENTOS E PRODUTOS CORRELATOS",19774.0,"CONDIMENTO",463937.0,"APRESENTAÇÃO: PÓ, TIPO: URUCUM","EMB",10.0,2.0,20.0,0.0,"2026-08-21"]
["UNIVERSIDADE FEDERAL DE GOIAS-UF/GO",153052.0,3995.0,"Material","153052-44/2026","CEPAE - GÊNEROS ALIMENTÍCIOS EM GERAL","Catálogo do Compras.gov.br","Material",8950.0,"CONDIMENTOS E PRODUTOS CORRELATOS",19774.0,"CONDIMENTO",463872.0,"APRESENTAÇÃO: PÓ, TIPO: CANELA","EMB",30.0,3.78,113.4,0.0,"2026-08-21"]
["UNIVERSIDADE FEDERAL DE GOIAS-UF/GO",153052.0,3996.0,"Material","153052-44/2026","CEPAE - GÊNEROS ALIMENTÍCIOS EM GERAL","Catálogo do Compras.gov.br","Material",8950.0,"CONDIMENTOS E PRODUTOS CORRELATOS",19774.0,"CONDIMENTO",463892.0,"APRESENTAÇÃO: FLOR, TIPO: CRAVO DA ÍNDIA","UN",10.0,6.5,65.0,0.0,"2026-08-21"]
["UNIVERSIDADE FEDERAL DE GOIAS-UF/GO",153052.0,3997.0,"Material","153052-44/2026","CEPAE - GÊNEROS ALIMENTÍCIOS EM GERAL","Catálogo do Compras.gov.br","Material",8950.0,"CONDIMENTOS E PRODUTOS CORRELATOS",19774.0,"CONDIMENTO",479694.0,"APRESENTAÇÃO: FOLHA, TIPO: COENTRO","UN",130.0,3.55,461.5,0.0,"2026-08-21"]
["UNIVERSIDADE FEDERAL DE GOIAS-UF/GO",153052.0,3998.0,"Material","153052-44/2026","CEPAE - GÊNEROS ALIMENTÍCIOS EM GERAL","Catálogo do Compras.gov.br","Material",8950.0,"CONDIMENTOS E PRODUTOS CORRELATOS",19715.0,"MOLHO DE MESA",459653.0,"APRESENTAÇÃO: LÍQUIDO, COMPOSIÇÃO: TRADICIONAL, TIPO: SHOYU","EMB",30.0,15.0,450.0,0.0,"2026-08-21"]
["UNIVERSIDADE FEDERAL DE GOIAS-UF/GO",153052.0,3999.0,"Material","153052-44/2026","CEPAE - GÊNEROS ALIMENTÍCIOS EM GERAL","Catálogo do Compras.gov.br","Material",8950.0,"CONDIMENTOS E PRODUTOS CORRELATOS",19774.0,"CONDIMENTO",463898.0,"APRESENTAÇÃO: NATURAL, TIPO: HORTELÃ","UN",80.0,3.59,287.2,0.0,"2026-08-21"]
["UNIVERSIDADE FEDERAL DE GOIAS-UF/GO",153052.0,4000.0,"Material","153052-44/2026","CEPAE - GÊNEROS ALIMENTÍCIOS EM GERAL","Catálogo do Compras.gov.br","Material",8950.0,"CONDIMENTOS E PRODUTOS CORRELATOS",19774.0,"CONDIMENTO",463857.0,"APRESENTAÇÃO: PÓ, TIPO: AÇAFRÃO","EMB",180.0,3.0,540.0,0.0,"2026-08-21"]
["UNIVERSIDADE FEDERAL DE GOIAS-UF/GO",153052.0,4001.0,"Material","153052-44/2026","CEPAE - GÊNEROS ALIMENTÍCIOS EM GERAL","Catálogo do Compras.gov.br","Material",8950.0,"CONDIMENTOS E PRODUTOS CORRELATOS",852.0,"SAL",216911.0,"ACIDEZ: 7,50, ADITIVOS: IODO/PRUSSIATO AMARELO SODA/SÍLICO ALUMÍNIO SÓDIO, APLICAÇÃO: ALIMENTÍCIA, TEOR MÁXIMO SÓDIO: 196, TIPO: REFINADO","KG",180.0,2.0,360.0,0.0,"2026-08-21"]
["UNIVERSIDADE FEDERAL DE GOIAS-UF/GO",153052.0,4002.0,"Material","153052-44/2026","CEPAE - GÊNEROS ALIMENTÍCIOS EM GERAL","Catálogo do Compras.gov.br","Material",8950.0,"CONDIMENTOS E PRODUTOS CORRELATOS",19716.0,"MASSA DE TOMATE",459670.0,"APRESENTAÇÃO: CREME, COMPOSIÇÃO: TRADICIONAL, TIPO: EXTRATO CONCENTRADO","KG",160.0,9.29,1486.4,0.0,"2026-08-21"]
["UNIVERSIDADE FEDERAL DE GOIAS-UF/GO",153052.0,4003.0,"Material","153052-44/2026","CEPAE - GÊNEROS ALIMENTÍCIOS EM GERAL","Catálogo do Compras.gov.br","Material",8950.0,"CONDIMENTOS E PRODUTOS CORRELATOS",11369.0,"QUEIJO RALADO",225850.0,"APLICAÇÃO: CULINÁRIA INDUSTRIAL, INGREDIENTES: QUEIJO PARMEZON, MATERIAL EMBALAGEM: PAPEL METÁLICO, TIPO CONSERVANTE: ÁCIDO SÓRBICO","KG",100.0,44.0,4400.0,0.0,"2026-08-21"]
["UNIVERSIDADE FEDERAL DE GOIAS-UF/GO",153052.0,4004.0,"Material","153052-44/2026","CEPAE - GÊNEROS ALIMENTÍCIOS EM GERAL","Catálogo do Compras.gov.br","Material",8945.0,"ÓLEOS E GORDURAS COMESTÍVEIS",19768.0,"AZEITE",463697.0,"ESPÉCIE VEGETAL: DE OLIVA, TEOR DA ACIDEZ: VIRGEM - ENTRE 0,8% E 2%, TIPO: PURO","EMB",30.0,30.0,900.0,0.0,"2026-08-21"]
["UNIVERSIDADE FEDERAL DE GOIAS-UF/GO",153052.0,4005.0,"Material","153052-44/2026","CEPAE - GÊNEROS ALIMENTÍCIOS EM GERAL","Catálogo do Compras.gov.br","Material",8950.0,"CONDIMENTOS E PRODUTOS CORRELATOS",19774.0,"CONDIMENTO",463878.0,"APRESENTAÇÃO: NATURAL, TIPO: CEBOLINHA","UN",350.0,3.5,1225.0,0.0,"2026-08-21"]
["UNIVERSIDADE FEDERAL DE GOIAS-UF/GO",153052.0,4006.0,"Material","153052-44/2026","CEPAE - GÊNEROS ALIMENTÍCIOS EM GERAL","Catálogo do Compras.gov.br","Material",8950.0,"CONDIMENTOS E PRODUTOS CORRELATOS",19774.0,"CONDIMENTO",463873.0,"APRESENTAÇÃO: CASCA, TIPO: CANELA","EMB",50.0,3.35,167.5,0.0,"2026-08-21"]
["UNIVERSIDADE FEDERAL DE GOIAS-UF/GO",153052.0,4007.0,"Material","153052-44/2026","CEPAE - GÊNEROS ALIMENTÍCIOS EM GERAL","Catálogo do Compras.gov.br","Material",8950.0,"CONDIMENTOS E PRODUTOS CORRELATOS",853.0,"VINAGRE",340581.0,"ACIDEZ: 4,20, ASPECTO FÍSICO: LÍQUIDO, ASPECTO VISUAL: LÍMPIDO E SEM DEPÓSITOS, MATÉRIA-PRIMA: MAÇÃ, TIPO: AROMÁTICO","FR",15.0,5.0,75.0,0.0,"2026-08-21"]
["UNIVERSIDADE FEDERAL DE GOIAS-UF/GO",153052.0,3701.0,"Soluções de TIC","153052-38/2026","IMPRESSORAS E SCANNERS","Catálogo do Compras.gov.br","Material",7020.0,"IMPRESSORAS",224.0,"IMPRESSORA LASER",470800.0,"CAPACIDADE FOLHA: 200, CARACTERÍSTICAS ADICIONAIS: CICLO DE TRABALHO 50.000 PÁGINAS/MÊS, LINGUAGEM PC, COMPATIBILIDADE: WINDOWSXP/VISTA, LINUX, APPLE, MAC OS X, CONEXÃO: USB E ETHERNET 10/100/100 BASE TX  RJ45 INTEGRADO, RESOLUÇÃO IMPRESSÃO: 1.200 X 1.200, TENSÃO ALIMENTAÇÃO: 110/220, TIPO IMPRESSORA: MONOCROMÁTICA/IMPRESSÃO FRENTE/VERSO, TIPO PAPEL: A4/A5/OFÍCIO I E II/CARTA/ENVELOPES/TRANSPARÊNCIAS, VELOCIDADE IMPRESSÃO PRETO E BRANCO: 35","UN",5.0,4500.0,22500.0,0.0,"2026-08-21"]
["UNIVERSIDADE FEDERAL DE GOIAS-UF/GO",153052.0,3704.0,"Soluções de TIC","153052-38/2026","IMPRESSORAS E SCANNERS","Catálogo do Compras.gov.br","Material",7020.0,"IMPRESSORAS",226.0,"IMPRESSORA MULTIFUNCIONAL",630908.0,"CAPACIDADE MÍNIMA BANDEJA: 550, CAPACIDADE REDUÇÃO AMPLIAÇÃO: 25 A 400, FREQUÊNCIA: 60, RESOLUÇÃO COPIADORA: 600 X 600, RESOLUÇÃO IMPRESSÃO: 1200 X 1200, RESOLUÇÃO SCANNER: 600 X 600, TENSÃO ALIMENTAÇÃO: 127, TIPO IMPRESSÃO: LASER, VELOCIDADE COPIADORA COLORIDA: 8, VELOCIDADE COPIADORA PRETO E BRANCO: 42, VELOCIDADE IMPRESSÃO COLORIDA: 2, VELOCIDADE IMPRESSÃO PRETO E BRANCO: 45","UN",1.0,2500.0,2500.0,0.0,"2026-08-21"]
["UNIVERSIDADE FEDERAL DE GOIAS-UF/GO",153052.0,4014.0,"Material","153052-135/2026","RG E IIG- POLTRONAS PARA AUDITORIO CENTRO DE AULAS","Catálogo do Compras.gov.br","Material",7195.0,"MOBILIÁRIOS DIVERSOS E ACESSÓRIOS",18365.0,"POLTRONA AUDITÓRIO",613469.0,"ALTURA: 865, COR REVESTIMENTO: PRETA, LARGURA: 900, MATERIAL ASSENTO/ENCOSTO: ESPUMA DE POLIURETANO, MATERIAL ESTRUTURA: AÇO, PROFUNDIDADE: 710, QUANTIDADE ASSENTOS: 1, REVESTIMENTO ASSENTO E ENCOSTO: VINIL, TIPO ASSENTOS: REBATÍVEL, TIPO PRANCHETA: ESCAMOTEÁVEL","UN",70.0,1819.5,127365.0,0.0,"2026-06-02"]
["UNIVERSIDADE FEDERAL DE GOIAS-UF/GO",153052.0,4015.0,"Material","153052-135/2026","RG E IIG- POLTRONAS PARA AUDITORIO CENTRO DE AULAS","Catálogo do Compras.gov.br","Material",7195.0,"MOBILIÁRIOS DIVERSOS E ACESSÓRIOS",324.0,"BALCÃO ATENDIMENTO",604295.0,"ALTURA: 1750, CARACTERÍSTICAS ADICIONAIS: COM SAPATAS NIVELADORAS EM NYLON INJETADO., COR REVESTIMENTO: CEREZO LEON, LARGURA: 1750, MATERIAL CORPO: MADEIRA MDP, MATERIAL ESTRUTURA: MDP 25MM, PROFUNDIDADE: 1100","UN",1.0,1000.0,1000.0,0.0,"2026-06-02"]
["UNIVERSIDADE FEDERAL DE GOIAS-UF/GO",153052.0,3698.0,"Material","153052-37/2026","LIVROS DIVERSOS","Catálogo do Compras.gov.br","Material",7610.0,"LIVROS E FOLHETOS",19783.0,"LIVRO DIDÁTICO",486167.0,"CONTEÚDO: CIÊNCIAS HUMANAS, DEFINIÇÃO: COLEÇÃO DISCIPLINAR, FORMATO: IMPRESSO, GRAU: ENSINO SUPERIOR / UNIVERSITÁRIO","UN",1.0,1000000.0,1000000.0,0.0,"2026-08-07"]
["UNIVERSIDADE FEDERAL DE GOIAS-UF/GO",153052.0,3705.0,"Soluções de TIC","153052-38/2026","IMPRESSORAS E SCANNERS","Catálogo do Compras.gov.br","Material",7020.0,"IMPRESSORAS",8320.0,"IMPRESSORA 3D",625259.0,"ALIMENTAÇÃO: BIVOLT, CARACTERÍSTICAS ADICIONAIS: COM AQUECIMENTO, VELOCIDADE DE IMPRESSÃO 600 MM/S, CONEXÃO: USB E WIFI, MATERIAL GABINETE: VIDRO E PERFIL DE ALUMÍNIO, PADRÃO: FFF/FDM, PADRÃO FILAMENTOS: ABS, PLA, PETG, PET, TPU, PA, ABS, ASA, TIPO GABINETE: FECHADO, ÁREA MÍNIMA DE IMPRESSÃO: 300 MM X 300 MM X 300 MM","UN",1.0,5431.09,5431.09,0.0,"2026-08-21"]
["UNIVERSIDADE FEDERAL DE GOIAS-UF/GO",153052.0,4016.0,"Material","153052-135/2026","RG E IIG- POLTRONAS PARA AUDITORIO CENTRO DE AULAS","Catálogo do Compras.gov.br","Material",7195.0,"MOBILIÁRIOS DIVERSOS E ACESSÓRIOS",18365.0,"POLTRONA AUDITÓRIO",296891.0,"TIPO ASSENTOS: FIXO, MATERIAL ASSENTO: ESPUMA POLIURETANO INJETADO, PINTURA: ELETROSTÁTICA EPÓXI-PÓ NA COR PRETO FOSCO, REVESTIMENTO ASSENTO E ENCOSTO: TECIDO LÃ 100%, CARACTERÍSTICAS ADICIONAIS: FORMATO ANATÔMICO,  SUPERFÍCIE METÁLICA C/TRATAMEN, MATERIAL ESTRUTURA: RESINA POLIÉSTER REFORÇADA COM FIBRA DE VIDRO","UN",186.0,3048.92,567099.12,0.0,"2026-06-02"]
["UNIVERSIDADE FEDERAL DE GOIAS-UF/GO",153052.0,4017.0,"Material","153052-135/2026","RG E IIG- POLTRONAS PARA AUDITORIO CENTRO DE AULAS","Catálogo do Compras.gov.br","Material",7195.0,"MOBILIÁRIOS DIVERSOS E ACESSÓRIOS",18365.0,"POLTRONA AUDITÓRIO",603498.0,"ESTRUTURA: AÇO, QUANTIDADE ASSENTOS: 1, TIPO ASSENTOS: FIXO, REVESTIMENTO ASSENTO E ENCOSTO: COURVIN, MATERIAL ESTRUTURA: AÇO, COR REVESTIMENTO: PRETA, MATERIAL ASSENTO/ENCOSTO: ESPUMA LAMINADA, LARGURA: 830, PROFUNDIDADE: 670, ALTURA: 750","UN",4.0,5653.05,22612.2,0.0,"2026-06-02"]
["UNIVERSIDADE FEDERAL DE GOIAS-UF/GO",153052.0,3699.0,"Material","153052-37/2026","LIVROS DIVERSOS","Catálogo do Compras.gov.br","Material",7610.0,"LIVROS E FOLHETOS",{"$nulls":4},"-",0.0,0.0,4288.91,0.0,"2026-08-07"]
["UNIVERSIDADE FEDERAL DE GOIAS-UF/GO",153052.0,4024.0,"Material","153052-134/2026","MOBILIÁRIOS DE AÇO","Catálogo do Compras.gov.br","Material",7195.0,"MOBILIÁRIOS DIVERSOS E ACESSÓRIOS",16082.0,"MESA REFEITÓRIO",622994.0,"ALTURA: 64, CARACTERÍSTICAS ADICIONAIS: 2 BANCOS COM ASSENTOS EM TERMOPLÁSTICO, COMPRIMENTO: 3.200, LARGURA: 820, MATERIAL ESTRUTURA: AÇO CARBONO TUBULAR, MATERIAL TAMPO: PLÁSTICO INJETADO","UN",1.0,1300.0,1300.0,0.0,"2026-07-02"]
["UNIVERSIDADE FEDERAL DE GOIAS-UF/GO",153052.0,4025.0,"Material","153052-134/2026","MOBILIÁRIOS DE AÇO","Catálogo do Compras.gov.br","Material",7195.0,"MOBILIÁRIOS DIVERSOS E ACESSÓRIOS",9611.0,"MESA",327056.0,"COMPRIMENTO: 1,20, LARGURA: 0,90, MATERIAL: AÇO INOXIDÁVEL, PROFUNDIDADE: 0,70","UN",12.0,1000.0,12000.0,0.0,"2026-07-02"]
["UNIVERSIDADE FEDERAL DE GOIAS-UF/GO",153052.0,4026.0,"Material","153052-134/2026","MOBILIÁRIOS DE AÇO","Catálogo do Compras.gov.br","Material",7125.0,"ARMÁRIOS E ESTANTES",309.0,"ARMÁRIO AÇO",626474.0,"ACABAMENTO SUPERFICIAL: POLIDO, ALTURA: 55, LARGURA: 1,50, MATERIAL: AÇO INOX AISI 430, PROFUNDIDADE: 40, QUANTIDADE PORTAS: 4, QUANTIDADE PRATELEIRAS: 1, TIPO: PAREDE","UN",2.0,800.0,1600.0,0.0,"2026-07-02"]
["UNIVERSIDADE FEDERAL DE GOIAS-UF/GO",153052.0,4027.0,"Material","153052-134/2026","MOBILIÁRIOS DE AÇO","Catálogo do Compras.gov.br","Material",7125.0,"ARMÁRIOS E ESTANTES",319.0,"ARMÁRIO ESTANTE",252015.0,"ACABAMENTO SUPERFICIAL: PINTADO EM EPÓXI-PÓ, ALTURA: 1,98, CARACTERÍSTICAS ADICIONAIS: PRATELEIRAS REGULÁVEIS, COR: CINZA, LARGURA: 0,90, MATERIAL: AÇO, PROFUNDIDADE: 0,40, QUANTIDADE PRATELEIRAS INTERNAS: 4","UN",4.0,2700.0,10800.0,0.0,"2026-07-02"]
["UNIVERSIDADE FEDERAL DE GOIAS-UF/GO",153052.0,4028.0,"Material","153052-134/2026","MOBILIÁRIOS DE AÇO","Catálogo do Compras.gov.br","Material",7125.0,"ARMÁRIOS E ESTANTES",218.0,"ESTANTE",622174.0,"ACABAMENTO SUPERFICIAL: FOSFATIZADO, PINTURA EM ESMALTE SINTÉTICO, ALTURA: 200, LARGURA: 120, MATERIAL: AÇO, PROFUNDIDADE: 0,60, QUANTIDADE PRATELEIRAS: 6","UN",2.0,2500.0,5000.0,0.0,"2026-07-02"]
["UNIVERSIDADE FEDERAL DE GOIAS-UF/GO",153052.0,4029.0,"Material","153052-134/2026","MOBILIÁRIOS DE AÇO","Catálogo do Compras.gov.br","Material",7125.0,"ARMÁRIOS E ESTANTES",14421.0,"PRATELEIRA",342172.0,"APLICAÇÃO: ARMÁRIOS/ESTANTES, CARACTERÍSTICAS ADICIONAIS: CHAPA 22 COM 8 PARAFUSOS, COMPRIMENTO: 0,92, COR: CINZA, LARGURA: 0,30, MATERIAL: AÇO","UN",14.0,3000.0,42000.0,0.0,"2026-07-02"]
["UNIVERSIDADE FEDERAL DE GOIAS-UF/GO",153052.0,3700.0,"Material","153052-141/2026","PRPI - RAÇÃO","Catálogo do Compras.gov.br","Material",8710.0,"FORRAGENS E ALIMENTOS",1012.0,"RAÇÃO ANIMAL",440965.0,"CARACTERÍSTICAS ADICIONAIS: IRRADIADA ATRAVÉS DE RAIOS GAMA: 7,5 A 10 KGY, DOSAGEM  MÁXIMA UMIDADE: 12, DOSAGEM MÁXIMA CÁLCIO: 1,4, DOSAGEM MÁXIMA MATÉRIA FIBROSA: 8, DOSAGEM MÁXIMA MATÉRIA MINERAL: 10, DOSAGEM MÍNIMA EXTRATO ETÉREO: 5, DOSAGEM MÍNIMA FÓSFORO: 0,6, DOSAGEM MÍNIMA PROTEÍNA: 22, ESPÉCIE ANIMAL: RATO E HAMSTER, INGREDIENTES: PROTEÍNAS, TIPO: PELETIZADA","EMB",500.0,300.0,150000.0,0.0,"2026-06-01"]
["UNIVERSIDADE FEDERAL DE GOIAS-UF/GO",153052.0,4030.0,"Material","153052-134/2026","MOBILIÁRIOS DE AÇO","Catálogo do Compras.gov.br","Material",7125.0,"ARMÁRIOS E ESTANTES",15290.0,"ARMÁRIO",622156.0,"ACABAMENTO SUPERFICIAL: PINTURA EPÓXI, ALTURA: 2000, APLICAÇÃO: GUARDAR FERRAMENTAS MATERIAL, CARACTERÍSTICAS ADICIONAIS: CONFORME MODELO, COR: PRETA, ESPESSURA: 20, LARGURA: 2955, MATERIAL: CHAPA DE AÇO, MATERIAL BASE: CHAPA DE AÇO, MATERIAL PORTAS: CHAPA DE AÇO, MATERIAL PRATELEIRAS: CHAPA DE AÇO, MATERIAL PÉ: CHAPA DE AÇO ESPESSURA: 20 MM, PROFUNDIDADE: 495, QUANTIDADE GAVETAS: 7, QUANTIDADE PORTAS: 2, QUANTIDADE PRATELEIRAS: 04, REVESTIMENTO: INOX, TIPO: ALTO, MODULADO, TIPO BORDAS: RETA, TIPO PORTAS: COM FECHADURA","UN",1.0,800.0,800.0,0.0,"2026-07-02"]
["UNIVERSIDADE FEDERAL DE GOIAS-UF/GO",153052.0,4035.0,"Serviço","153052-47/2026","SERVIÇO DE CHAVEIRO - DIVERSAS UNIDADES","Catálogo do Compras.gov.br","Serviço",839.0,"OUTROS SERVIÇOS DE NEGÓCIOS, TÉCNICOS E PROFISSIONAIS",null,null,5436.0,"CHAVEIRO","-",10.0,15.0,150.0,0.0,"2026-10-23"]
["UNIVERSIDADE FEDERAL DE GOIAS-UF/GO",153052.0,3706.0,"Material","153052-140/2026","SIN - AQUISIÇÃO DE TENDA","Catálogo do Compras.gov.br","Material",8340.0,"BARRACAS E ENCERADOS",1529.0,"BARRACA / BARRACA ACAMPAMENTO",612240.0,"APLICAÇÃO: ABRIGO/COBERTURA DE EVENTOS, COMPRIMENTO: 6, LARGURA: 6, MATERIAL ARMAÇÃO: AÇO GALVANIZADO, MATERIAL COBERTURA: LONA PVC, TIPO: PIRÂMIDE, TRATAMENTO SUPERFICIAL: IMPERMEABILIZADO","UN",1.0,4160.82,4160.82,0.0,"2026-06-02"]
["UNIVERSIDADE FEDERAL DE GOIAS-UF/GO",153052.0,4033.0,"Serviço","153052-47/2026","SERVIÇO DE CHAVEIRO - DIVERSAS UNIDADES","Catálogo do Compras.gov.br","Serviço",839.0,"OUTROS SERVIÇOS DE NEGÓCIOS, TÉCNICOS E PROFISSIONAIS",null,null,5436.0,"CHAVEIRO","UN",20.0,100.0,2000.0,0.0,"2026-10-23"]
["UNIVERSIDADE FEDERAL DE GOIAS-UF/GO",153052.0,3702.0,"Soluções de TIC","153052-38/2026","IMPRESSORAS E SCANNERS","Catálogo do Compras.gov.br","Material",7020.0,"IMPRESSORAS",224.0,"IMPRESSORA LASER",470800.0,"CAPACIDADE FOLHA: 200, CARACTERÍSTICAS ADICIONAIS: CICLO DE TRABALHO 50.000 PÁGINAS/MÊS, LINGUAGEM PC, COMPATIBILIDADE: WINDOWSXP/VISTA, LINUX, APPLE, MAC OS X, CONEXÃO: USB E ETHERNET 10/100/100 BASE TX  RJ45 INTEGRADO, RESOLUÇÃO IMPRESSÃO: 1.200 X 1.200, TENSÃO ALIMENTAÇÃO: 110/220, TIPO IMPRESSORA: MONOCROMÁTICA/IMPRESSÃO FRENTE/VERSO, TIPO PAPEL: A4/A5/OFÍCIO I E II/CARTA/ENVELOPES/TRANSPARÊNCIAS, VELOCIDADE IMPRESSÃO PRETO E BRANCO: 35","UN",2.0,3600.0,7200.0,0.0,"2026-08-21"]
["UNIVERSIDADE FEDERAL DE GOIAS-UF/GO",153052.0,3703.0,"Soluções de TIC","153052-38/2026","IMPRESSORAS E SCANNERS","Catálogo do Compras.gov.br","Material",7020.0,"IMPRESSORAS",8320.0,"IMPRESSORA 3D",625259.0,"ALIMENTAÇÃO: BIVOLT, CARACTERÍSTICAS ADICIONAIS: COM AQUECIMENTO, VELOCIDADE DE IMPRESSÃO 600 MM/S, CONEXÃO: USB E WIFI, MATERIAL GABINETE: VIDRO E PERFIL DE ALUMÍNIO, PADRÃO: FFF/FDM, PADRÃO FILAMENTOS: ABS, PLA, PETG, PET, TPU, PA, ABS, ASA, TIPO GABINETE: FECHADO, ÁREA MÍNIMA DE IMPRESSÃO: 300 MM X 300 MM X 300 MM","UN",1.0,3500.0,3500.0,0.0,"2026-08-21"]
["UNIVERSIDADE FEDERAL DE GOIAS-UF/GO",153052.0,4034.0,"Serviço","153052-47/2026","SERVIÇO DE CHAVEIRO - DIVERSAS UNIDADES","Catálogo do Compras.gov.br","Serviço",839.0,"OUTROS SERVIÇOS DE NEGÓCIOS, TÉCNICOS E PROFISSIONAIS",null,null,5436.0,"CHAVEIRO","-",1.0,8910.14,8910.14,0.0,"2026-10-23"]
["UNIVERSIDADE FEDERAL DE GOIAS-UF/GO",153052.0,3722.0,"Soluções de TIC","153052-39/2026","EQUIPAMENTOS DE REDE E OUTROS DE TIC EM GERAL – TIC","Catálogo do Compras.gov.br","Material",5836.0,"EQUIPAMENTOS PARA GRAVAÇÃO E REPRODUÇÃO DE VÍDEO",14650.0,"CÂMERA VIDEOCONFERÊNCIA",626394.0,"CARACTERÍSTICAS ADICIONAIS: PTZ, COMPRESSÃO DE VÍDEO H.265/MJPEG, RESOLUÇÃO: 1080, TIPO LENTE: ZOOM DIGITAL 16X, VELOCIDADE TRANSMISSÃO VÍDEO: 32KBPS ~ 20480KBPS","UN",1.0,10000.0,10000.0,0.0,"2026-07-24"]
["UNIVERSIDADE FEDERAL DE GOIAS-UF/GO",153052.0,3708.0,"Soluções de TIC","153052-39/2026","EQUIPAMENTOS DE REDE E OUTROS DE TIC EM GERAL – TIC","Catálogo do Compras.gov.br","Material",7050.0,"EQUIPAMENTOS DE REDE DE TIC - LOCAL E REMOTA",5522.0,"SWITCH",609690.0,"ALIMENTAÇÃO: 100 A 240, APLICAÇÃO: CONECTAR SERVIDORES E EQUIPAMENTOS EM REDE, CARACTERÍSTICAS ADICIONAIS: COM PORTAS POE, ALIMENTAÇÃO ELÉTRICA COM CHAVEAMEN, QUANTIDADE PORTAS: 48, TIPO: SWITCH GERENCIÁVEL, TIPO PORTAS: 10/100/1000 BASE T, RJ45.4, ETHERNET MINI-GBIC, VELOCIDADE PORTA: 1000 MBPS, 1/10 GBPS","UN",1.0,12000.0,12000.0,0.0,"2026-07-24"]
["UNIVERSIDADE FEDERAL DE GOIAS-UF/GO",153052.0,3713.0,"Soluções de TIC","153052-39/2026","EQUIPAMENTOS DE REDE E OUTROS DE TIC EM GERAL – TIC","Catálogo do Compras.gov.br","Material",7050.0,"EQUIPAMENTOS DE REDE DE TIC - LOCAL E REMOTA",2079.0,"PONTO DE ACESSO",625350.0,"CARACTERÍSTICAS ADICIONAIS: MÚLTIPLOS SSIDS, AUTENTICAÇÃO EM WPA3, PORTA UPLIN, FREQUENCIA NOMINAL: 2.4 E 5.0, PADRÃO: IEEE 802.11 AX/AC/N/G/B/A, TIPO: WI-FI 6, DUAL BAND SIMULTÂNEO, VELOCIDADE WIRELESS: 5GHZ: 1000 MBPS E  2.4GHZ :500","UN",5.0,2000.0,10000.0,0.0,"2026-07-24"]
["UNIVERSIDADE FEDERAL DE GOIAS-UF/GO",153052.0,3710.0,"Soluções de TIC","153052-39/2026","EQUIPAMENTOS DE REDE E OUTROS DE TIC EM GERAL – TIC","Catálogo do Compras.gov.br","Material",5836.0,"EQUIPAMENTOS PARA GRAVAÇÃO E REPRODUÇÃO DE VÍDEO",14650.0,"CÂMERA VIDEOCONFERÊNCIA",619778.0,"CARACTERÍSTICAS ADICIONAIS: PTZ, MICROFONE E AUTOFALANTES EMBUTIDOS, RESOLUÇÃO: 3840 X 2160, TIPO LENTE: FOCO AUTOMÁTICO, VELOCIDADE TRANSMISSÃO VÍDEO: 30","UN",2.0,1800.0,3600.0,0.0,"2026-07-24"]
["UNIVERSIDADE FEDERAL DE GOIAS-UF/GO",153052.0,3712.0,"Soluções de TIC","153052-39/2026","EQUIPAMENTOS DE REDE E OUTROS DE TIC EM GERAL – TIC","Catálogo do Compras.gov.br","Material",7040.0,"EQUIPAMENTOS DE ENTRADA DE DADOS",19474.0,"LEITOR DE LIVRO DIGITAL",602923.0,"CAPACIDADE ARMAZENAMENTO: 8, FORMATO IMAGEM: JPG, BMP, GIF, PNG, FORMATO TEXTO: TXT, HTML, PDF, DPUB, DJVU, EPUB, TIFF, RTF, CBZ,, FORMATO ÁUDIO: MP3, WAV. E OUTROS FORMATOS, MATERIAL: ABS - ACRILONITRILA/BUTADIENO/ESTIRENO, RESOLUÇÃO: 1024 X 768, TAMANHO TELA: 6","UN",4.0,7000.0,28000.0,0.0,"2026-07-24"]
["UNIVERSIDADE FEDERAL DE GOIAS-UF/GO",153052.0,3719.0,"Soluções de TIC","153052-39/2026","EQUIPAMENTOS DE REDE E OUTROS DE TIC EM GERAL – TIC","Catálogo do Compras.gov.br","Material",7060.0,"PEÇAS E ACESSÓRIOS PARA COMPUTADORES",13510.0,"TECLADO MICROCOMPUTADOR",463605.0,"TIPO: LINHA BRAILLE, TIPO CONECTOR: USB/BLUETOOTH","UN",2.0,25294.5,50589.0,0.0,"2026-07-24"]
["UNIVERSIDADE FEDERAL DE GOIAS-UF/GO",153052.0,3724.0,"Material","153052-139/2026","FIRMINÓPOLIS - MATERIAL LIMPEZA","Catálogo do Compras.gov.br","Material",7930.0,"COMPOSTOS E PREPARADOS PARA LIMPEZA E POLIMENTO",2387.0,"AMACIANTE DE ROUPA",349194.0,"ASPECTO FÍSICO: LÍQUIDO VISCOSO, CARACTERÍSTICAS ADICIONAIS: EMBALAGEM PLÁSTICA TAMPA E ALÇA E BIODEGRADÁVEL, COMPOSIÇÃO: CLORETO DE DIALQUILDIMETILAMÔNIO","FR",60.0,11.82,709.2,0.0,"2026-06-02"]
["UNIVERSIDADE FEDERAL DE GOIAS-UF/GO",153052.0,3725.0,"Material","153052-139/2026","FIRMINÓPOLIS - MATERIAL LIMPEZA","Catálogo do Compras.gov.br","Material",8540.0,"ARTIGOS DE PAPEL PARA HIGIENE",12792.0,"TOALHA DE PAPEL",440603.0,"CARACTERÍSTICAS ADICIONAIS: GOFRADO, EM BOBINAS DE 60 FOLHAS, COMPRIMENTO: 22, COR: BRANCA, LARGURA: 20, MATERIAL: 100% FIBRAS CELULÓSICAS, TIPO FOLHA: DUPLA PICOTADA","PCT",50.0,6.31,315.5,0.0,"2026-06-02"]
["UNIVERSIDADE FEDERAL DE GOIAS-UF/GO",153052.0,3726.0,"Material","153052-139/2026","FIRMINÓPOLIS - MATERIAL LIMPEZA","Catálogo do Compras.gov.br","Material",8540.0,"ARTIGOS DE PAPEL PARA HIGIENE",8122.0,"GUARDANAPO DE PAPEL",243002.0,"CARACTERÍSTICAS ADICIONAIS: MACIO, COMPRIMENTO: 23, COR: BRANCA, LARGURA: 22, MATERIAL: CELULOSE, TIPO FOLHAS: DUPLA","PCT",100.0,2.5,250.0,0.0,"2026-06-02"]
["UNIVERSIDADE FEDERAL DE GOIAS-UF/GO",153052.0,3727.0,"Material","153052-139/2026","FIRMINÓPOLIS - MATERIAL LIMPEZA","Catálogo do Compras.gov.br","Material",8415.0,"VESTUÁRIO PARA FINS ESPECIAIS",419.0,"LUVA DE PROTEÇÃO",208988.0,"ACABAMENTO PALMA: ANTIDERRAPANTE, APLICAÇÃO: LIMPEZA, CARACTERÍSTICAS ADICIONAIS: COM FORRO, COR: AMARELA, ESTERILIDADE: NÃO ESTERILIZADA, MATERIAL: BORRACHA, TAMANHO: MÉDIO, TIPO PUNHO: CURTO","PAR",20.0,12.0,240.0,0.0,"2026-06-02"]
["UNIVERSIDADE FEDERAL DE GOIAS-UF/GO",153052.0,3728.0,"Material","153052-139/2026","FIRMINÓPOLIS - MATERIAL LIMPEZA","Catálogo do Compras.gov.br","Material",7920.0,"VASSOURAS, ESCOVAS, RODOS, ESPONJAS E ESFREGÕES",10344.0,"PANO LIMPEZA",425748.0,"CARACTERÍSTICAS ADICIONAIS: LAVADO, ALVEJADO, BAINHA, COMPRIMENTO: 70, LARGURA: 40, MATERIAL: 100% ALGODÃO","UN",24.0,7.5,180.0,0.0,"2026-06-02"]
["UNIVERSIDADE FEDERAL DE GOIAS-UF/GO",153052.0,3729.0,"Material","153052-139/2026","FIRMINÓPOLIS - MATERIAL LIMPEZA","Catálogo do Compras.gov.br","Material",7920.0,"VASSOURAS, ESCOVAS, RODOS, ESPONJAS E ESFREGÕES",10319.0,"PALHA AÇO",382312.0,"ABRASIVIDADE: MÉDIA, APLICAÇÃO: LIMPEZA EM GERAL, CARACTERÍSTICAS ADICIONAIS: Nº 2, MATERIAL: AÇO CARBONO","PCT",100.0,2.7,270.0,0.0,"2026-06-02"]
["UNIVERSIDADE FEDERAL DE GOIAS-UF/GO",153052.0,3709.0,"Soluções de TIC","153052-39/2026","EQUIPAMENTOS DE REDE E OUTROS DE TIC EM GERAL – TIC","Catálogo do Compras.gov.br","Material",7040.0,"EQUIPAMENTOS DE ENTRADA DE DADOS",238.0,"SCANNER",606300.0,"APLICAÇÃO: DIGITALIZAÇÃO DE LIVROS, FORMATO: A3, INTERFACE: USB, RESOLUÇÃO ÓTICA: 280, TENSÃO ALIMENTAÇÃO: BIVOLT, TIPO: PLANETÁRIO, TIPO ALIMENTADOR PAPEL: MANUAL, VOLTAGEM: BIVOLT","UN",1.0,6000.0,6000.0,0.0,"2026-07-24"]
["UNIVERSIDADE FEDERAL DE GOIAS-UF/GO",153052.0,3717.0,"Soluções de TIC","153052-39/2026","EQUIPAMENTOS DE REDE E OUTROS DE TIC EM GERAL – TIC","Catálogo do Compras.gov.br","Material",7040.0,"EQUIPAMENTOS DE ENTRADA DE DADOS",13836.0,"EQUIPAMENTO VIDEOCONFERÊNCIA",385176.0,"CAPACIDADE MEMÓRIA: 5 POSIÇÕES NA CÂMARA, CAPACIDADE ZOOM: 10, CARACTERÍSTICAS ADICIONAIS: COMPATÍVEL PADRÃO VÍDEO NTSC, COMPONENTES: PADRÕES ITU-TH.261/H.263/H.264, FREQÜÊNCIA: 60, FUNÇÃO: TRANSMISSÃO DE SOM E IMAGEM, RESOLUÇÃO IMAGEM: 30 E 60 QUADROS/SEGUNDO, RESOLUÇÃO VÍDEO: 352X288 PIXELS EM 4 CIF/704X576/SIF 352X240, TENSÃO OPERAÇÃO: 110/220, TIPO ÁUDIO: PADRÕES G.711, G.722, G.722.1 E G.728, VELOCIDADE MÍNIMA: 168 KBPS E 768 KPPS","UN",1.0,25800.0,25800.0,0.0,"2026-07-24"]
["UNIVERSIDADE FEDERAL DE GOIAS-UF/GO",153052.0,3720.0,"Soluções de TIC","153052-39/2026","EQUIPAMENTOS DE REDE E OUTROS DE TIC EM GERAL – TIC","Catálogo do Compras.gov.br","Material",3610.0,"EQUIPAMENTO PARA IMPRESSÃO, DUPLICAÇÃO E ENCADERNAÇÃO",10521.0,"PEÇA / ACESSÓRIO - IMPRESSORA / COPIADORA",473249.0,"APLICAÇÃO 1: IMPRESSORA KYOCERA FSC8650DN, REFERÊNCIA 2: WT-860, TIPO 2: RECIPIENTE DE RESÍDUO TONER","UN",25.0,100.0,2500.0,0.0,"2026-07-24"]
["UNIVERSIDADE FEDERAL DE GOIAS-UF/GO",153052.0,3723.0,"Soluções de TIC","153052-39/2026","EQUIPAMENTOS DE REDE E OUTROS DE TIC EM GERAL – TIC","Catálogo do Compras.gov.br","Material",7040.0,"EQUIPAMENTOS DE ENTRADA DE DADOS",297.0,"LEITORA MICROFILME",null,null,"-",0.0,0.0,2000.0,0.0,"2026-07-24"]
["UNIVERSIDADE FEDERAL DE GOIAS-UF/GO",153052.0,3714.0,"Soluções de TIC","153052-39/2026","EQUIPAMENTOS DE REDE E OUTROS DE TIC EM GERAL – TIC","Catálogo do Compras.gov.br","Material",5836.0,"EQUIPAMENTOS PARA GRAVAÇÃO E REPRODUÇÃO DE VÍDEO",14650.0,"CÂMERA VIDEOCONFERÊNCIA",626394.0,"CARACTERÍSTICAS ADICIONAIS: PTZ, COMPRESSÃO DE VÍDEO H.265/MJPEG, RESOLUÇÃO: 1080, TIPO LENTE: ZOOM DIGITAL 16X, VELOCIDADE TRANSMISSÃO VÍDEO: 32KBPS ~ 20480KBPS","UN",5.0,380.0,1900.0,0.0,"2026-07-24"]
["UNIVERSIDADE FEDERAL DE GOIAS-UF/GO",153052.0,3707.0,"Soluções de TIC","153052-39/2026","EQUIPAMENTOS DE REDE E OUTROS DE TIC EM GERAL – TIC","Catálogo do Compras.gov.br","Material",7080.0,"PEÇAS, ACESSÓRIOS E FERRAMENTAS PARA REDES DE TIC",237.0,"ROTEADOR",267353.0,"CARACTERÍSTICAS ADICIONAIS: COM DUAS PORTAS WAN, CONECTORES: RJ-45, MEMÓRIA CACHE: 32, MEMÓRIA RAM: 96, PROTOCOLO LAN: MULTIPROTOCOLO, PROTOCOLO WAN: PPP, HDLC, IP, SMDS, FRAME RELAY, RECURSO ADICIONAL: SOFTWARE DISPONÍVEL, TENSÃO ALIMENTAÇÃO: 110/220, TIPO LINHA: LP, TIPO USO: ESCRITÓRIO, VELOCIDADE: 2.048, VELOCIDADE ROTEAMENTO: 2.048","UN",2.0,6000.0,12000.0,0.0,"2026-07-24"]
["UNIVERSIDADE FEDERAL DE GOIAS-UF/GO",153052.0,4020.0,"Soluções de TIC","153052-46/2026","FCT - Aquisição e Atualização de Licenças de Software","Catálogo do Compras.gov.br","Serviço",182.0,"SERVIÇOS DE  LICENCIAMENTO E  CONTRATOS DE TRANSFERÊNCIA DE TECNOLOGIA",null,null,27472.0,"LICENCIAMENTO DE DIREITOS  PERMANENTES DE USO DE OUTROS SOFTWARES / PROGRAMAS DE COMPUTADOR","-",1.0,120.0,120.0,0.0,"2026-07-10"]
["UNIVERSIDADE FEDERAL DE GOIAS-UF/GO",153052.0,4021.0,"Soluções de TIC","153052-46/2026","FCT - Aquisição e Atualização de Licenças de Software","Catálogo do Compras.gov.br","Serviço",182.0,"SERVIÇOS DE  LICENCIAMENTO E  CONTRATOS DE TRANSFERÊNCIA DE TECNOLOGIA",null,null,27472.0,"LICENCIAMENTO DE DIREITOS  PERMANENTES DE USO DE OUTROS SOFTWARES / PROGRAMAS DE COMPUTADOR","-",10.0,460.0,4600.0,0.0,"2026-07-10"]
["UNIVERSIDADE FEDERAL DE GOIAS-UF/GO",153052.0,4022.0,"Soluções de TIC","153052-46/2026","FCT - Aquisição e Atualização de Licenças de Software","Catálogo do Compras.gov.br","Serviço",182.0,"SERVIÇOS DE  LICENCIAMENTO E  CONTRATOS DE TRANSFERÊNCIA DE TECNOLOGIA",null,null,27472.0,"LICENCIAMENTO DE DIREITOS  PERMANENTES DE USO DE OUTROS SOFTWARES / PROGRAMAS DE COMPUTADOR","-",5.0,2500.0,12500.0,0.0,"2026-07-10"]
["UNIVERSIDADE FEDERAL DE GOIAS-UF/GO",153052.0,4023.0,"Soluções de TIC","153052-46/2026","FCT - Aquisição e Atualização de Licenças de Software","Catálogo do Compras.gov.br","Serviço",182.0,"SERVIÇOS DE  LICENCIAMENTO E  CONTRATOS DE TRANSFERÊNCIA DE TECNOLOGIA",null,null,27472.0,"LICENCIAMENTO DE DIREITOS  PERMANENTES DE USO DE OUTROS SOFTWARES / PROGRAMAS DE COMPUTADOR","-",1.0,11500.0,11500.0,0.0,"2026-07-10"]
["UNIVERSIDADE FEDERAL DE GOIAS-UF/GO",153052.0,3711.0,"Soluções de TIC","153052-39/2026","EQUIPAMENTOS DE REDE E OUTROS DE TIC EM GERAL – TIC","Catálogo do Compras.gov.br","Material",7060.0,"PEÇAS E ACESSÓRIOS PARA COMPUTADORES",14360.0,"CÂMARA DE VÍDEO",478208.0,"CARACTERÍSTICAS ADICIONAIS: MICROFONES OMNIDIRECIONAIS INTEGRADOS, FORMATO: H.264 COM SVC E UVC 1.5, INTERFACE: USB, BLUETOOTH, NFC, RESOLUÇÃO: 1920 X 1080, TENSÃO ALIMENTAÇÃO: 110/220, TIPO: DIGITAL, TIPO ZOOM: DIGITAL 4X","UN",5.0,440.0,2200.0,0.0,"2026-07-24"]
["UNIVERSIDADE FEDERAL DE GOIAS-UF/GO",153052.0,3715.0,"Soluções de TIC","153052-39/2026","EQUIPAMENTOS DE REDE E OUTROS DE TIC EM GERAL – TIC","Catálogo do Compras.gov.br","Material",7050.0,"EQUIPAMENTOS DE REDE DE TIC - LOCAL E REMOTA",5522.0,"SWITCH",609690.0,"ALIMENTAÇÃO: 100 A 240, APLICAÇÃO: CONECTAR SERVIDORES E EQUIPAMENTOS EM REDE, CARACTERÍSTICAS ADICIONAIS: COM PORTAS POE, ALIMENTAÇÃO ELÉTRICA COM CHAVEAMEN, QUANTIDADE PORTAS: 48, TIPO: SWITCH GERENCIÁVEL, TIPO PORTAS: 10/100/1000 BASE T, RJ45.4, ETHERNET MINI-GBIC, VELOCIDADE PORTA: 1000 MBPS, 1/10 GBPS","UN",1.0,10260.0,10260.0,0.0,"2026-07-24"]
["UNIVERSIDADE FEDERAL DE GOIAS-UF/GO",153052.0,4018.0,"Soluções de TIC","153052-46/2026","FCT - Aquisição e Atualização de Licenças de Software","Catálogo do Compras.gov.br","Serviço",182.0,"SERVIÇOS DE  LICENCIAMENTO E  CONTRATOS DE TRANSFERÊNCIA DE TECNOLOGIA",null,null,27502.0,"CESSÃO TEMPORÁRIA DE DIREITOS SOBRE PROGRAMAS DE COMPUTADOR LOCAÇÃO DE SOFTWARE","-",1.0,420.0,420.0,0.0,"2026-07-10"]
["UNIVERSIDADE FEDERAL DE GOIAS-UF/GO",153052.0,4019.0,"Soluções de TIC","153052-46/2026","FCT - Aquisição e Atualização de Licenças de Software","Catálogo do Compras.gov.br","Serviço",182.0,"SERVIÇOS DE  LICENCIAMENTO E  CONTRATOS DE TRANSFERÊNCIA DE TECNOLOGIA",null,null,27502.0,"CESSÃO TEMPORÁRIA DE DIREITOS SOBRE PROGRAMAS DE COMPUTADOR LOCAÇÃO DE SOFTWARE","-",10.0,42.8,428.0,0.0,"2026-07-10"]
["UNIVERSIDADE FEDERAL DE GOIAS-UF/GO",153052.0,3716.0,"Soluções de TIC","153052-39/2026","EQUIPAMENTOS DE REDE E OUTROS DE TIC EM GERAL – TIC","Catálogo do Compras.gov.br","Material",7050.0,"EQUIPAMENTOS DE REDE DE TIC - LOCAL E REMOTA",15766.0,"EQUIPAMENTO WIRELESS",486317.0,"APLICAÇÃO: CONEXÃO SEM FIO DE EQUIPAMENTOS EM REDE, CARACTERÍSTICAS ADICIONAIS: RACK 19\", FIREWALL INTEGRADO, VELOCIDADE: 100/1000, PADRÃO: 802.11 A/B/G/N/AC, QUANTIDADE PORTAS: 8, TENSÃO ALIMENTAÇÃO: 110/220, TIPO: CONTROLADORA DE ACCESS POINT","UN",4.0,1700.0,6800.0,0.0,"2026-07-24"]
["UNIVERSIDADE FEDERAL DE GOIAS-UF/GO",153052.0,3718.0,"Soluções de TIC","153052-39/2026","EQUIPAMENTOS DE REDE E OUTROS DE TIC EM GERAL – TIC","Catálogo do Compras.gov.br","Material",7050.0,"EQUIPAMENTOS DE REDE DE TIC - LOCAL E REMOTA",5522.0,"SWITCH",618769.0,"ALIMENTAÇÃO: 110/220, CARACTERÍSTICAS ADICIONAIS: 50 CM DE CABO DE EMPILHAMENTO, QUANTIDADE PORTAS: 24, TIPO: SWITCH GERENCIÁVEL, TIPO PORTAS: SFP+, VELOCIDADE PORTA: 10 GB","UN",2.0,80000.0,160000.0,0.0,"2026-07-24"]
["UNIVERSIDADE FEDERAL DE GOIAS-UF/GO",153052.0,3721.0,"Soluções de TIC","153052-39/2026","EQUIPAMENTOS DE REDE E OUTROS DE TIC EM GERAL – TIC","Catálogo do Compras.gov.br","Material",7040.0,"EQUIPAMENTOS DE ENTRADA DE DADOS",238.0,"SCANNER",606300.0,"APLICAÇÃO: DIGITALIZAÇÃO DE LIVROS, FORMATO: A3, INTERFACE: USB, RESOLUÇÃO ÓTICA: 280, TENSÃO ALIMENTAÇÃO: BIVOLT, TIPO: PLANETÁRIO, TIPO ALIMENTADOR PAPEL: MANUAL, VOLTAGEM: BIVOLT","UN",3.0,3700.0,11100.0,0.0,"2026-07-24"]
["UNIVERSIDADE FEDERAL DE GOIAS-UF/GO",153052.0,3733.0,"Material","153052-138/2026","DLOG E OUTROS- MATERIAL DE LIMPEZA","Catálogo do Compras.gov.br","Material",7350.0,"LOUÇA E ARTIGOS DE MESA",5849.0,"COPO DESCARTÁVEL",481295.0,"CAPACIDADE: 200, COR: INCOLOR, MATERIAL: POLIESTIRENO","PCT",100.0,10.0,1000.0,0.0,"2026-06-02"]
["UNIVERSIDADE FEDERAL DE GOIAS-UF/GO",153052.0,3734.0,"Material","153052-138/2026","DLOG E OUTROS- MATERIAL DE LIMPEZA","Catálogo do Compras.gov.br","Material",7920.0,"VASSOURAS, ESCOVAS, RODOS, ESPONJAS E ESFREGÕES",14441.0,"VASSOURINHA",278323.0,"APLICAÇÃO: LIMPEZA SANITÁRIO, MATERIAL CABO: PLÁSTICO, MATERIAL CERDA: NÁILON","UN",15.0,15.0,225.0,0.0,"2026-06-02"]
["UNIVERSIDADE FEDERAL DE GOIAS-UF/GO",153052.0,3735.0,"Material","153052-138/2026","DLOG E OUTROS- MATERIAL DE LIMPEZA","Catálogo do Compras.gov.br","Material",7920.0,"VASSOURAS, ESCOVAS, RODOS, ESPONJAS E ESFREGÕES",7042.0,"ESPONJA LIMPEZA",620662.0,"APLICAÇÃO: LIMPEZA GERAL, CARACTERÍSTICAS ADICIONAIS: DUPLA FACE, COMPRIMENTO MÍNIMO: 102, ESPESSURA MÍNIMA: 28, FORMATO: RETANGULAR, LARGURA MÍNIMA: 69, MATERIAL: ESPUMA / FIBRA","UN",50.0,5.0,250.0,0.0,"2026-06-02"]
["UNIVERSIDADE FEDERAL DE GOIAS-UF/GO",153052.0,3736.0,"Material","153052-138/2026","DLOG E OUTROS- MATERIAL DE LIMPEZA","Catálogo do Compras.gov.br","Material",8540.0,"ARTIGOS DE PAPEL PARA HIGIENE",10383.0,"PAPEL HIGIÊNICO",292731.0,"CARACTERÍSTICAS ADICIONAIS: MACIO, COMPRIMENTO: 50, COR: BRANCA, LARGURA: 8, MATERIAL: CELULOSE VEGETAL, TIPO: FOLHA SIMPLES","PCT",30.0,15.0,450.0,0.0,"2026-06-02"]
["UNIVERSIDADE FEDERAL DE GOIAS-UF/GO",153052.0,3731.0,"Material","153052-41/2026","PERSIANAS","Catálogo do Compras.gov.br","Material",7230.0,"TAPEÇARIAS, CORTINAS E PERSIANAS",10682.0,"PERSIANA TIPO CORTINA",412483.0,"ALTURA: 1,05, LARGURA: 1,10, MATERIAL: TECIDO PROTEÇÃO SOLAR, TIPO: ROLÔ","UN",1.0,33566.4,33566.4,0.0,"2026-07-24"]
["UNIVERSIDADE FEDERAL DE GOIAS-UF/GO",153052.0,3730.0,"Material","153052-41/2026","PERSIANAS","Catálogo do Compras.gov.br","Material",7230.0,"TAPEÇARIAS, CORTINAS E PERSIANAS",760.0,"PERSIANA",482651.0,"ALTURA: 2,52, APLICAÇÃO: AMBIENTE PROFISSIONAL, CARACTERÍSTICAS ADICIONAIS: COM TRILHO EM ALUMÍNIO ANODIZADO, COR: BRANCA, ESPESSURA LÂMINA: 0,5, LARGURA LÂMINA: 89, MATERIAL: TECIDO RESINADO, TIPO: VERTICAL","M2",70.0,500.0,35000.0,0.0,"2026-07-24"]
["UNIVERSIDADE FEDERAL DE GOIAS-UF/GO",153052.0,3732.0,"Material","153052-138/2026","DLOG E OUTROS- MATERIAL DE LIMPEZA","Catálogo do Compras.gov.br","Material",7350.0,"LOUÇA E ARTIGOS DE MESA",5849.0,"COPO DESCARTÁVEL",341916.0,"APLICAÇÃO: LÍQUIDOS FRIOS E QUENTES, CAPACIDADE: 200, CARACTERÍSTICAS ADICIONAIS: NBR 14865/2002-ABNT, COR: INCOLOR, MATERIAL: RESINA TERMOPLÁSTICA","PCT",100.0,7.75,775.0,0.0,"2026-06-02"]
["UNIVERSIDADE FEDERAL DE GOIAS-UF/GO",153052.0,3737.0,"Material","153052-138/2026","DLOG E OUTROS- MATERIAL DE LIMPEZA","Catálogo do Compras.gov.br","Material",8540.0,"ARTIGOS DE PAPEL PARA HIGIENE",15570.0,"LENÇO DESCARTÁVEL",385383.0,"APLICAÇÃO: LIMPEZA INSTRUMENTOS, APRESENTAÇÃO: ENVELOPE 50 UNIDADES, CARACTERÍSTICAS ADICIONAIS: MACIO E DUPLO, COMPRIMENTO: 21,50, LARGURA: 14,80, MATERIAL: PAPEL","CX",30.0,9.9,297.0,0.0,"2026-06-02"]
["UNIVERSIDADE FEDERAL DE GOIAS-UF/GO",153052.0,3738.0,"Material","153052-138/2026","DLOG E OUTROS- MATERIAL DE LIMPEZA","Catálogo do Compras.gov.br","Material",4540.0,"EQUIPAMENTOS DIVERSOS DE INSTALAÇÕES HIDRÁULICAS, SANITÁRIASE DE CALEFAÇÃO",6090.0,"DESENTUPIDOR PIA",446101.0,"COMPRIMENTO CABO: 20, COR: PRETA, MATERIAL: BORRACHA FLEXÍVEL, MATERIAL CABO: PLÁSTICO RESISTENTE, TIPO: SANFONADO","UN",200.0,4.5425,908.5,0.0,"2026-06-02"]
["UNIVERSIDADE FEDERAL DE GOIAS-UF/GO",153052.0,3739.0,"Material","153052-138/2026","DLOG E OUTROS- MATERIAL DE LIMPEZA","Catálogo do Compras.gov.br","Material",6505.0,"DROGAS E MEDICAMENTOS",2259.0,"ÁLCOOL ETÍLICO",269941.0,"TEOR ALCOÓLICO: 70%_(70°GL), TIPO: HIDRATADO, APRESENTAÇÃO: LÍQUIDO","FR",7000.0,4.393,30751.0,0.0,"2026-06-02"]
["UNIVERSIDADE FEDERAL DE GOIAS-UF/GO",153052.0,3740.0,"Material","153052-138/2026","DLOG E OUTROS- MATERIAL DE LIMPEZA","Catálogo do Compras.gov.br","Material",4020.0,"CABOS DE FIBRA, CORDOALHAS E BARBANTES",3324.0,"BARBANTE",306725.0,"COR: NATURAL, MATERIAL: ALGODÃO","EMB",500.0,7.935,3967.5,0.0,"2026-06-02"]
["UNIVERSIDADE FEDERAL DE GOIAS-UF/GO",153052.0,3741.0,"Material","153052-138/2026","DLOG E OUTROS- MATERIAL DE LIMPEZA","Catálogo do Compras.gov.br","Material",4510.0,"DISPOSITIVOS E ACESSÓRIOS PARA INSTALAÇÕES HIDRÁULICAS",6092.0,"DESENTUPIDOR VASO SANITÁRIO",241711.0,"ALTURA: 10, COMPRIMENTO CABO: 50, COR: PRETA, DIÂMETRO: 16, MATERIAL: BORRACHA FLEXÍVEL, MATERIAL CABO: MADEIRA","UN",300.0,6.6815,2004.45,0.0,"2026-06-02"]
["UNIVERSIDADE FEDERAL DE GOIAS-UF/GO",153052.0,3742.0,"Material","153052-138/2026","DLOG E OUTROS- MATERIAL DE LIMPEZA","Catálogo do Compras.gov.br","Material",6505.0,"DROGAS E MEDICAMENTOS",2259.0,"ÁLCOOL ETÍLICO",269941.0,"TEOR ALCOÓLICO: 70%_(70°GL), TIPO: HIDRATADO, APRESENTAÇÃO: LÍQUIDO","GL",3000.0,27.669,83007.0,0.0,"2026-06-02"]
["UNIVERSIDADE FEDERAL DE GOIAS-UF/GO",153052.0,3743.0,"Material","153052-138/2026","DLOG E OUTROS- MATERIAL DE LIMPEZA","Catálogo do Compras.gov.br","Material",7920.0,"VASSOURAS, ESCOVAS, RODOS, ESPONJAS E ESFREGÕES",7630.0,"FLANELA",420506.0,"COMPRIMENTO: 60, COR: AMARELA, LARGURA: 30, MATERIAL: 100% ALGODÃO","UN",8000.0,2.0125,16100.0,0.0,"2026-06-02"]
["UNIVERSIDADE FEDERAL DE GOIAS-UF/GO",153052.0,3744.0,"Material","153052-138/2026","DLOG E OUTROS- MATERIAL DE LIMPEZA","Catálogo do Compras.gov.br","Material",8105.0,"SACOS E BOLSAS",11903.0,"SACO PLÁSTICO LIXO",332974.0,"ALTURA: 125, APLICAÇÃO: RESTAURANTE, CAPACIDADE: 240, COR: CINZA, LARGURA: 120, MATERIAL: POLIETILENO","PCT",300.0,68.9425,20682.75,0.0,"2026-06-02"]
["UNIVERSIDADE FEDERAL DE GOIAS-UF/GO",153052.0,3745.0,"Material","153052-138/2026","DLOG E OUTROS- MATERIAL DE LIMPEZA","Catálogo do Compras.gov.br","Material",8540.0,"ARTIGOS DE PAPEL PARA HIGIENE",12792.0,"TOALHA DE PAPEL",301404.0,"MATERIAL: PAPEL, TIPO FOLHA: 2 DOBRAS","CX",14000.0,27.9565,391391.0,0.0,"2026-06-02"]
["UNIVERSIDADE FEDERAL DE GOIAS-UF/GO",153052.0,3746.0,"Material","153052-138/2026","DLOG E OUTROS- MATERIAL DE LIMPEZA","Catálogo do Compras.gov.br","Material",7930.0,"COMPOSTOS E PREPARADOS PARA LIMPEZA E POLIMENTO",715.0,"ÁLCOOL ETÍLICO LIMPEZA DE AMBIENTES",300077.0,"APLICAÇÃO: LIMPEZA, CONCENTRAÇÃO: 48 INPM, TIPO: ETÍLICO, APARÊNCIA VISUAL: LÍQUIDO, LÍMPIDO, ISENTO DE PARTÍCULAS","FR",6000.0,5.75,34500.0,0.0,"2026-06-02"]
["UNIVERSIDADE FEDERAL DE GOIAS-UF/GO",153052.0,3747.0,"Material","153052-138/2026","DLOG E OUTROS- MATERIAL DE LIMPEZA","Catálogo do Compras.gov.br","Material",8105.0,"SACOS E BOLSAS",11903.0,"SACO PLÁSTICO LIXO",372844.0,"APLICAÇÃO: COLETA SELETIVA, CAPACIDADE: 100, CARACTERÍSTICAS ADICIONAIS: REFORÇADO, COR: VERDE","PCT",200.0,32.2,6440.0,0.0,"2026-06-02"]
["UNIVERSIDADE FEDERAL DE GOIAS-UF/GO",153052.0,3748.0,"Material","153052-138/2026","DLOG E OUTROS- MATERIAL DE LIMPEZA","Catálogo do Compras.gov.br","Material",7930.0,"COMPOSTOS E PREPARADOS PARA LIMPEZA E POLIMENTO",2166.0,"ÁGUA SANITÁRIA",292730.0,"COMPOSIÇÃO QUÍMICA: HIPOCLORITO DE SÓDIO, HIDRÓXIDO DE SÓDIO, CLORETO, COR: INCOLOR, DENSIDADE: DE 1,20 A 1, TEOR CLORO ATIVO: VARIA DE 2 A 2,50%, CLASSE CORROSIVO: CLASSE 8, NÚMERO RISCO: 85, RISCO SAÚDE: 3, CORROSIVIDADE: 1, PESO MOLECULAR CLORO: 74,50, APLICAÇÃO: LAVAGEM E ALVEJANTE DE ROUPAS, BANHEIRAS, PIAS,","GRF",8000.0,6.923,55384.0,0.0,"2026-06-02"]
["UNIVERSIDADE FEDERAL DE GOIAS-UF/GO",153052.0,3749.0,"Material","153052-138/2026","DLOG E OUTROS- MATERIAL DE LIMPEZA","Catálogo do Compras.gov.br","Material",8540.0,"ARTIGOS DE PAPEL PARA HIGIENE",10383.0,"PAPEL HIGIÊNICO",233648.0,"CARACTERÍSTICAS ADICIONAIS: NÃO APLICÁVEL, COMPRIMENTO: 300, COR: BRANCA, LARGURA: 10, MATERIAL: CELULOSE VIRGEM, QUANTIDADE FOLHAS: SIMPLES","FD",8000.0,61.99,495920.0,0.0,"2026-06-02"]
["UNIVERSIDADE FEDERAL DE GOIAS-UF/GO",153052.0,3750.0,"Material","153052-138/2026","DLOG E OUTROS- MATERIAL DE LIMPEZA","Catálogo do Compras.gov.br","Material",6810.0,"PRODUTOS QUÍMICOS",790.0,"HIPOCLORITO DE SÓDIO",343298.0,"ASPECTO FÍSICO: LÍQUIDO AMARELO ESVERDEADO, CARACTERÍSTICAS ADICIONAIS: PRODUTO CONCENTRADO, NÃO ESTABILIZADO, CONCENTRAÇÃO: TEOR MÍNIMO DE 10 % DE CLORO ATIVO","L",7000.0,6.9,48300.0,0.0,"2026-06-02"]
["UNIVERSIDADE FEDERAL DE GOIAS-UF/GO",153052.0,3751.0,"Material","153052-138/2026","DLOG E OUTROS- MATERIAL DE LIMPEZA","Catálogo do Compras.gov.br","Material",7920.0,"VASSOURAS, ESCOVAS, RODOS, ESPONJAS E ESFREGÕES",13327.0,"VASSOURA",234665.0,"CARACTERÍSTICAS ADICIONAIS: COM CABO, MATERIAL CERDAS: PALHA, MATERIAL CABO: MADEIRA, COMPRIMENTO CERDAS: 60, TIPO CABO: COMPRIDO, APLICAÇÃO: LIMPEZA EM GERAL","UN",4000.0,8.372,33488.0,0.0,"2026-06-02"]
["UNIVERSIDADE FEDERAL DE GOIAS-UF/GO",153052.0,3752.0,"Material","153052-138/2026","DLOG E OUTROS- MATERIAL DE LIMPEZA","Catálogo do Compras.gov.br","Material",7920.0,"VASSOURAS, ESCOVAS, RODOS, ESPONJAS E ESFREGÕES",13327.0,"VASSOURA",312607.0,"COMPRIMENTO CEPA: 15, MATERIAL CEPA: PLÁSTICO, MATERIAL CERDAS: NÁILON, COMPRIMENTO CERDAS: MÍNIMO 12, TIPO: LEQUE, TIPO CABO: REFORÇADO, APLICAÇÃO: LIMPEZA EM GERAL, COMPRIMENTO CABO: 150","UN",2500.0,21.85,54625.0,0.0,"2026-06-02"]
["UNIVERSIDADE FEDERAL DE GOIAS-UF/GO",153052.0,3753.0,"Material","153052-138/2026","DLOG E OUTROS- MATERIAL DE LIMPEZA","Catálogo do Compras.gov.br","Material",8540.0,"ARTIGOS DE PAPEL PARA HIGIENE",12792.0,"TOALHA DE PAPEL",627264.0,"CARACTERÍSTICAS ADICIONAIS: 100% FIBRAS CELULÓSICAS, COMPRIMENTO: 22,5, COR: BRANCA, LARGURA: 20,50, MATERIAL: PAPEL, TIPO FOLHA: SIMPLES","FD",4000.0,70.725,282900.0,0.0,"2026-06-02"]
["UNIVERSIDADE FEDERAL DE GOIAS-UF/GO",153052.0,3754.0,"Material","153052-138/2026","DLOG E OUTROS- MATERIAL DE LIMPEZA","Catálogo do Compras.gov.br","Material",8105.0,"SACOS E BOLSAS",11903.0,"SACO PLÁSTICO LIXO",372845.0,"APLICAÇÃO: COLETA SELETIVA, CAPACIDADE: 100, CARACTERÍSTICAS ADICIONAIS: REFORÇADO, COR: MARROM","PCT",300.0,26.3925,7917.75,0.0,"2026-06-02"]
["UNIVERSIDADE FEDERAL DE GOIAS-UF/GO",153052.0,3755.0,"Material","153052-138/2026","DLOG E OUTROS- MATERIAL DE LIMPEZA","Catálogo do Compras.gov.br","Material",8105.0,"SACOS E BOLSAS",11903.0,"SACO PLÁSTICO LIXO",375948.0,"CAPACIDADE: 200, CARACTERÍSTICAS ADICIONAIS: COM SIMBOLOGIA DE SUBSTÂNCIA INFECTANTE, COR: BRANCO LEITOSO, MATERIAL: POLIETILENO, NORMAS TÉCNICAS: NBR 7500, NBR 9191","PCT",200.0,36.3975,7279.5,0.0,"2026-06-02"]
["UNIVERSIDADE FEDERAL DE GOIAS-UF/GO",153052.0,3756.0,"Material","153052-138/2026","DLOG E OUTROS- MATERIAL DE LIMPEZA","Catálogo do Compras.gov.br","Material",7240.0,"RECEPIENTES PARA USO DOMÉSTICO E COMERCIAL",764.0,"BALDE",216079.0,"CAPACIDADE: 8, CARACTERÍSTICAS ADICIONAIS: NÃO APLICÁVEL, COR: NATURAL, MATERIAL: PLÁSTICO, MATERIAL ALÇA: ARAME GALVANIZADO, TAMANHO: PEQUENO","UN",1500.0,4.485,6727.5,0.0,"2026-06-02"]
["UNIVERSIDADE FEDERAL DE GOIAS-UF/GO",153052.0,3757.0,"Material","153052-138/2026","DLOG E OUTROS- MATERIAL DE LIMPEZA","Catálogo do Compras.gov.br","Material",7920.0,"VASSOURAS, ESCOVAS, RODOS, ESPONJAS E ESFREGÕES",14017.0,"PÁ COLETORA LIXO",416112.0,"COMPRIMENTO CABO: 90, MATERIAL CABO: PLÁSTICO, MATERIAL COLETOR: PLÁSTICO, MODELO: SEM TAMPA","UN",1000.0,6.7505,6750.5,0.0,"2026-06-02"]
["UNIVERSIDADE FEDERAL DE GOIAS-UF/GO",153052.0,3758.0,"Material","153052-138/2026","DLOG E OUTROS- MATERIAL DE LIMPEZA","Catálogo do Compras.gov.br","Material",8105.0,"SACOS E BOLSAS",11902.0,"SACO",313364.0,"APLICAÇÃO: COLETA DE LIXO, CAPACIDADE: 240, COR: PRETA, MATERIAL: PLÁSTICO","PCT",600.0,57.5,34500.0,0.0,"2026-06-02"]
["UNIVERSIDADE FEDERAL DE GOIAS-UF/GO",153052.0,3759.0,"Material","153052-138/2026","DLOG E OUTROS- MATERIAL DE LIMPEZA","Catálogo do Compras.gov.br","Material",7930.0,"COMPOSTOS E PREPARADOS PARA LIMPEZA E POLIMENTO",17562.0,"SOLUÇÃO LIMPADORA",314815.0,"ASPECTO FÍSICO: LÍQUIDO, CARACTERÍSTICAS ADICIONAIS: COMPOSTO DE ALCALINIZANTE E COADJUVANTE PERFUME  E, TIPO: TIRA LIMO","FR",5000.0,4.002,20010.0,0.0,"2026-06-02"]
["UNIVERSIDADE FEDERAL DE GOIAS-UF/GO",153052.0,3760.0,"Material","153052-138/2026","DLOG E OUTROS- MATERIAL DE LIMPEZA","Catálogo do Compras.gov.br","Material",7920.0,"VASSOURAS, ESCOVAS, RODOS, ESPONJAS E ESFREGÕES",7042.0,"ESPONJA LIMPEZA",454956.0,"APLICAÇÃO: PEÇAS DE VIDRO, INOX E SUPERFÍCIES ANTIADERENTES, CARACTERÍSTICAS ADICIONAIS: VERDE AMARELA, MANTA NÃO TECIDO, FIBRAS SINTÉTICAS, COMPRIMENTO MÍNIMO: 110, FORMATO: RETANGULAR, LARGURA MÍNIMA: 75, MATERIAL: POLIURETANO","PCT",2500.0,2.3,5750.0,0.0,"2026-06-02"]
["UNIVERSIDADE FEDERAL DE GOIAS-UF/GO",153052.0,3761.0,"Material","153052-138/2026","DLOG E OUTROS- MATERIAL DE LIMPEZA","Catálogo do Compras.gov.br","Material",7920.0,"VASSOURAS, ESCOVAS, RODOS, ESPONJAS E ESFREGÕES",6254.0,"DISCO DE FELTRO DE ENCERADEIRA",614590.0,"DIAMETRO: 380, USO: LIMPEZA","UN",400.0,30.4175,12167.0,0.0,"2026-06-02"]
["UNIVERSIDADE FEDERAL DE GOIAS-UF/GO",153052.0,3762.0,"Material","153052-138/2026","DLOG E OUTROS- MATERIAL DE LIMPEZA","Catálogo do Compras.gov.br","Material",8520.0,"SABONETES, ARTIGOS PARA BARBEAR E DENTIFRÍCIOS",11870.0,"SABONETE LÍQUIDO",428071.0,"APLICAÇÃO: ASSEPSIA DAS MÃOS, ASPECTO FÍSICO: LÍQUIDO CREMOSO PEROLADO, CARACTERÍSTICAS ADICIONAIS: PH NEUTRO, DENSIDADE 0,9 A 1,05 G/M3, COMPOSIÇÃO: AGENTES EMOLIENTES E HIDRATANTES,COMPOSTOS DE SAIS","FR",5000.0,4.3125,21562.5,0.0,"2026-06-02"]
["UNIVERSIDADE FEDERAL DE GOIAS-UF/GO",153052.0,3763.0,"Material","153052-138/2026","DLOG E OUTROS- MATERIAL DE LIMPEZA","Catálogo do Compras.gov.br","Material",7350.0,"LOUÇA E ARTIGOS DE MESA",5849.0,"COPO DESCARTÁVEL",316755.0,"APLICAÇÃO: LÍQUIDOS FRIOS E QUENTES, CAPACIDADE: 200, CARACTERÍSTICAS ADICIONAIS: NBR 14865/2002-ABNT, COR: BRANCO, MATERIAL: RESINA TERMOPLÁSTICA, PESO MÍNIMO: 2,20","PCT",8000.0,10.35,82800.0,0.0,"2026-06-02"]
["UNIVERSIDADE FEDERAL DE GOIAS-UF/GO",153052.0,3764.0,"Material","153052-138/2026","DLOG E OUTROS- MATERIAL DE LIMPEZA","Catálogo do Compras.gov.br","Material",7930.0,"COMPOSTOS E PREPARADOS PARA LIMPEZA E POLIMENTO",6136.0,"DETERGENTE",372748.0,"ASPECTO FÍSICO: LÍQUIDO, CARACTERÍSTICAS ADICIONAIS: BIODEGRADÁVEL, BICO DOSADOR, COMPOSIÇÃO: ALQUIL BENZENO SULFATO SÓDIO, LAURIL, ÉTER, NEUTRO","EMB",7500.0,9.7175,72881.25,0.0,"2026-06-02"]
["UNIVERSIDADE FEDERAL DE GOIAS-UF/GO",153052.0,3765.0,"Material","153052-138/2026","DLOG E OUTROS- MATERIAL DE LIMPEZA","Catálogo do Compras.gov.br","Material",7920.0,"VASSOURAS, ESCOVAS, RODOS, ESPONJAS E ESFREGÕES",11781.0,"RODO",243865.0,"COMPRIMENTO SUPORTE: 60, COR: SUPORTE E CABO NATURAL, MATERIAL CABO: ALUMÍNIO, MATERIAL SUPORTE: ALUMÍNIO, QUANTIDADE BORRACHAS: 1","UN",2000.0,21.4015,42803.0,0.0,"2026-06-02"]
["UNIVERSIDADE FEDERAL DE GOIAS-UF/GO",153052.0,3766.0,"Material","153052-138/2026","DLOG E OUTROS- MATERIAL DE LIMPEZA","Catálogo do Compras.gov.br","Material",7920.0,"VASSOURAS, ESCOVAS, RODOS, ESPONJAS E ESFREGÕES",13327.0,"VASSOURA",283655.0,"CARACTERÍSTICAS ADICIONAIS: SEM CABO, COMPRIMENTO CEPA: 30, MATERIAL CEPA: MADEIRA, MATERIAL CERDAS: PÊLO SINTÉTICO, MATERIAL CABO: MADEIRA, APLICAÇÃO: LIMPEZA EM GERAL","CX",600.0,28.75,17250.0,0.0,"2026-06-02"]
["UNIVERSIDADE FEDERAL DE GOIAS-UF/GO",153052.0,3767.0,"Material","153052-138/2026","DLOG E OUTROS- MATERIAL DE LIMPEZA","Catálogo do Compras.gov.br","Material",7920.0,"VASSOURAS, ESCOVAS, RODOS, ESPONJAS E ESFREGÕES",7042.0,"ESPONJA LIMPEZA",296307.0,"MATERIAL: LÃ AÇO","PCT",3500.0,2.3,8050.0,0.0,"2026-06-02"]
["UNIVERSIDADE FEDERAL DE GOIAS-UF/GO",153052.0,3768.0,"Material","153052-138/2026","DLOG E OUTROS- MATERIAL DE LIMPEZA","Catálogo do Compras.gov.br","Material",7920.0,"VASSOURAS, ESCOVAS, RODOS, ESPONJAS E ESFREGÕES",6950.0,"ESCOVA LIMPEZA GERAL",333358.0,"APLICAÇÃO: VASO SANITÁRIO, CARACTERÍSTICAS ADICIONAIS: FORMATO ARREDONDADO, MATERIAL CERDAS: NÁILON, MATERIAL CORPO: PLÁSTICO","UN",1000.0,2.875,2875.0,0.0,"2026-06-02"]
["UNIVERSIDADE FEDERAL DE GOIAS-UF/GO",153052.0,3769.0,"Material","153052-138/2026","DLOG E OUTROS- MATERIAL DE LIMPEZA","Catálogo do Compras.gov.br","Material",7930.0,"COMPOSTOS E PREPARADOS PARA LIMPEZA E POLIMENTO",11200.0,"SOLUÇÃO LIMPEZA MULTIUSO",289840.0,"ASPECTO FÍSICO: LÍQUIDO, TIPO USO: LIMPEZA E REMOÇÃO DE RESÍDUOS, COR: INCOLOR","FR",6000.0,3.45,20700.0,0.0,"2026-06-02"]
["UNIVERSIDADE FEDERAL DE GOIAS-UF/GO",153052.0,3770.0,"Material","153052-138/2026","DLOG E OUTROS- MATERIAL DE LIMPEZA","Catálogo do Compras.gov.br","Material",7930.0,"COMPOSTOS E PREPARADOS PARA LIMPEZA E POLIMENTO",715.0,"ÁLCOOL ETÍLICO LIMPEZA DE AMBIENTES",390766.0,"APLICAÇÃO: LIMPEZA, CONCENTRAÇÃO: 92,8°INPM, TIPO: ETÍLICO HIDRATADO","GL",3000.0,28.75,86250.0,0.0,"2026-06-02"]
["UNIVERSIDADE FEDERAL DE GOIAS-UF/GO",153052.0,3771.0,"Material","153052-138/2026","DLOG E OUTROS- MATERIAL DE LIMPEZA","Catálogo do Compras.gov.br","Material",7220.0,"REVESTIMENTOS PARA PISOS",745.0,"CAPACHO",215841.0,"ALTURA: 20, COMPRIMENTO: 800, COR: CINZA, LARGURA: 600, MATERIAL: FIBRA SINTÉTICA","UN",500.0,62.1,31050.0,0.0,"2026-06-02"]
["UNIVERSIDADE FEDERAL DE GOIAS-UF/GO",153052.0,3772.0,"Material","153052-138/2026","DLOG E OUTROS- MATERIAL DE LIMPEZA","Catálogo do Compras.gov.br","Material",7920.0,"VASSOURAS, ESCOVAS, RODOS, ESPONJAS E ESFREGÕES",13327.0,"VASSOURA",245629.0,"MATERIAL CERDAS: SISAL, MATERIAL CABO: MADEIRA, TIPO: VASCULHO, APLICAÇÃO: LIMPEZA TETO, COMPRIMENTO CABO: 170","UN",2000.0,19.412,38824.0,0.0,"2026-06-02"]
["UNIVERSIDADE FEDERAL DE GOIAS-UF/GO",153052.0,3773.0,"Material","153052-138/2026","DLOG E OUTROS- MATERIAL DE LIMPEZA","Catálogo do Compras.gov.br","Material",8520.0,"SABONETES, ARTIGOS PARA BARBEAR E DENTIFRÍCIOS",11870.0,"SABONETE LÍQUIDO",428071.0,"APLICAÇÃO: ASSEPSIA DAS MÃOS, ASPECTO FÍSICO: LÍQUIDO CREMOSO PEROLADO, CARACTERÍSTICAS ADICIONAIS: PH NEUTRO, DENSIDADE 0,9 A 1,05 G/M3, COMPOSIÇÃO: AGENTES EMOLIENTES E HIDRATANTES,COMPOSTOS DE SAIS","GL",5000.0,22.3675,111837.5,0.0,"2026-06-02"]
["UNIVERSIDADE FEDERAL DE GOIAS-UF/GO",153052.0,3774.0,"Material","153052-138/2026","DLOG E OUTROS- MATERIAL DE LIMPEZA","Catálogo do Compras.gov.br","Material",8105.0,"SACOS E BOLSAS",11903.0,"SACO PLÁSTICO LIXO",329395.0,"CAPACIDADE: 100, CARACTERÍSTICAS ADICIONAIS: Nº 14, REFORÇADO, COR: PRETA","PCT",2000.0,24.4375,48875.0,0.0,"2026-06-02"]
["UNIVERSIDADE FEDERAL DE GOIAS-UF/GO",153052.0,3775.0,"Material","153052-138/2026","DLOG E OUTROS- MATERIAL DE LIMPEZA","Catálogo do Compras.gov.br","Material",7240.0,"RECEPIENTES PARA USO DOMÉSTICO E COMERCIAL",3819.0,"BORRIFADOR",272254.0,"APLICAÇÃO: ACONDICIONAR SOLUÇÃO REVELADORA, CAPACIDADE: 500, MATERIAL: PLÁSTICO, TIPO: SPRAY, CONTENDO BICO BORRIFADOR","UN",2000.0,4.37,8740.0,0.0,"2026-06-02"]
["UNIVERSIDADE FEDERAL DE GOIAS-UF/GO",153052.0,3776.0,"Material","153052-138/2026","DLOG E OUTROS- MATERIAL DE LIMPEZA","Catálogo do Compras.gov.br","Material",7920.0,"VASSOURAS, ESCOVAS, RODOS, ESPONJAS E ESFREGÕES",14017.0,"PÁ COLETORA LIXO",327925.0,"APLICAÇÃO: LIMPEZA, CARACTERÍSTICAS ADICIONAIS: LARGURA DO COLETOR 26 CM, COMPRIMENTO CABO: 15, MATERIAL CABO: PLÁSTICO, MATERIAL COLETOR: PLÁSTICO RESISTENTE","UN",1500.0,3.45,5175.0,0.0,"2026-06-02"]
["UNIVERSIDADE FEDERAL DE GOIAS-UF/GO",153052.0,3777.0,"Material","153052-138/2026","DLOG E OUTROS- MATERIAL DE LIMPEZA","Catálogo do Compras.gov.br","Material",7930.0,"COMPOSTOS E PREPARADOS PARA LIMPEZA E POLIMENTO",8847.0,"LIMPA-VIDRO",242252.0,"ASPECTO FÍSICO: LÍQUIDO, COMPOSIÇÃO: TENSOATIVOS ANIÔNICOS / SEQUESTRANTES / HIDRÓXIDO","FR",4000.0,2.576,10304.0,0.0,"2026-06-02"]
["UNIVERSIDADE FEDERAL DE GOIAS-UF/GO",153052.0,3778.0,"Material","153052-138/2026","DLOG E OUTROS- MATERIAL DE LIMPEZA","Catálogo do Compras.gov.br","Material",8105.0,"SACOS E BOLSAS",11903.0,"SACO PLÁSTICO LIXO",353775.0,"ALTURA: 62, APLICAÇÃO: HOSPITALAR, CAPACIDADE: 30, COR: BRANCO LEITOSO, LARGURA: 59, MATERIAL: POLIETILENO ALTA DENSIDADE","PCT",400.0,12.9375,5175.0,0.0,"2026-06-02"]
["UNIVERSIDADE FEDERAL DE GOIAS-UF/GO",153052.0,3779.0,"Material","153052-138/2026","DLOG E OUTROS- MATERIAL DE LIMPEZA","Catálogo do Compras.gov.br","Material",8540.0,"ARTIGOS DE PAPEL PARA HIGIENE",12792.0,"TOALHA DE PAPEL",424890.0,"CARACTERÍSTICAS ADICIONAIS: GOFRADO, GRAMATURA: 23 G/M2, COMPRIMENTO: 22, COR: BRANCA, LARGURA: 21,50, MATERIAL: 100% FIBRA CELULOSE VIRGEM, TIPO FOLHA: INTERFOLHA, 2 DOBRAS","PCT",18000.0,8.28,149040.0,0.0,"2026-06-02"]
["UNIVERSIDADE FEDERAL DE GOIAS-UF/GO",153052.0,3780.0,"Material","153052-138/2026","DLOG E OUTROS- MATERIAL DE LIMPEZA","Catálogo do Compras.gov.br","Material",8105.0,"SACOS E BOLSAS",11890.0,"SACO DE ALGODÃO",240494.0,"APLICAÇÃO: LIMPEZA DE CHÃO, CARACTERÍSTICAS ADICIONAIS: DUPLO, COR: BRANCO, MATERIAL: 100% ALGODÃO, PESO: 120, TAMANHO: 74 X 45, TIPO: ALVEJADO","UN",12000.0,3.335,40020.0,0.0,"2026-06-02"]
["UNIVERSIDADE FEDERAL DE GOIAS-UF/GO",153052.0,3781.0,"Material","153052-138/2026","DLOG E OUTROS- MATERIAL DE LIMPEZA","Catálogo do Compras.gov.br","Material",7930.0,"COMPOSTOS E PREPARADOS PARA LIMPEZA E POLIMENTO",11863.0,"SABÃO BARRA",298406.0,"CARACTERÍSTICAS ADICIONAIS: 1ª QUALIDADE, COMPOSIÇÃO BÁSICA: SABÃO GLICERINADO, TIPO: NEUTRO","PCT",4800.0,5.198,24950.4,0.0,"2026-06-02"]
["UNIVERSIDADE FEDERAL DE GOIAS-UF/GO",153052.0,3782.0,"Material","153052-138/2026","DLOG E OUTROS- MATERIAL DE LIMPEZA","Catálogo do Compras.gov.br","Material",8105.0,"SACOS E BOLSAS",11903.0,"SACO PLÁSTICO LIXO",403320.0,"ALTURA: 58, APLICAÇÃO: COLETA DE LIXO, CAPACIDADE: 15, LARGURA: 39, MATERIAL: PLÁSTICO BIODEGRADÁVEL","PCT",300.0,9.43,2829.0,0.0,"2026-06-02"]
["UNIVERSIDADE FEDERAL DE GOIAS-UF/GO",153052.0,3783.0,"Material","153052-138/2026","DLOG E OUTROS- MATERIAL DE LIMPEZA","Catálogo do Compras.gov.br","Material",8105.0,"SACOS E BOLSAS",11903.0,"SACO PLÁSTICO LIXO",372616.0,"CAPACIDADE: 50, COR: PRETA","PCT",600.0,13.225,7935.0,0.0,"2026-06-02"]
["UNIVERSIDADE FEDERAL DE GOIAS-UF/GO",153052.0,3784.0,"Material","153052-138/2026","DLOG E OUTROS- MATERIAL DE LIMPEZA","Catálogo do Compras.gov.br","Material",7930.0,"COMPOSTOS E PREPARADOS PARA LIMPEZA E POLIMENTO",15022.0,"SAPONÁCEO",241703.0,"APLICAÇÃO: LIMPEZA PISOS, PAREDES E LOUÇAS, ASPECTO FÍSICO: PÓ, CARACTERÍSTICAS ADICIONAIS: BIODEGRADÁVEL, COMPOSIÇÃO: TENSOATIVOS ANIÔNICOS, ALCALINIZANTES, AGENTE","FR",4000.0,4.922,19688.0,0.0,"2026-06-02"]
["UNIVERSIDADE FEDERAL DE GOIAS-UF/GO",153052.0,3785.0,"Material","153052-138/2026","DLOG E OUTROS- MATERIAL DE LIMPEZA","Catálogo do Compras.gov.br","Material",7920.0,"VASSOURAS, ESCOVAS, RODOS, ESPONJAS E ESFREGÕES",6254.0,"DISCO DE FELTRO DE ENCERADEIRA",614590.0,"DIAMETRO: 380, USO: LIMPEZA","UN",750.0,23.46,17595.0,0.0,"2026-06-02"]
["UNIVERSIDADE FEDERAL DE GOIAS-UF/GO",153052.0,3786.0,"Material","153052-138/2026","DLOG E OUTROS- MATERIAL DE LIMPEZA","Catálogo do Compras.gov.br","Material",8105.0,"SACOS E BOLSAS",11903.0,"SACO PLÁSTICO LIXO",353776.0,"ALTURA: 105, APLICAÇÃO: HOSPITALAR, CAPACIDADE: 100, COR: BRANCO LEITOSO, LARGURA: 75, MATERIAL: POLIETILENO ALTA DENSIDADE","PCT",200.0,53.475,10695.0,0.0,"2026-06-02"]
["UNIVERSIDADE FEDERAL DE GOIAS-UF/GO",153052.0,3787.0,"Material","153052-138/2026","DLOG E OUTROS- MATERIAL DE LIMPEZA","Catálogo do Compras.gov.br","Material",7240.0,"RECEPIENTES PARA USO DOMÉSTICO E COMERCIAL",15025.0,"CESTO LIXO",239916.0,"CAPACIDADE: 10, CARACTERÍSTICAS ADICIONAIS: SEM TAMPA, MATERIAL: PLÁSTICO","UN",600.0,3.7375,2242.5,0.0,"2026-06-02"]
["UNIVERSIDADE FEDERAL DE GOIAS-UF/GO",153052.0,3788.0,"Material","153052-138/2026","DLOG E OUTROS- MATERIAL DE LIMPEZA","Catálogo do Compras.gov.br","Material",7920.0,"VASSOURAS, ESCOVAS, RODOS, ESPONJAS E ESFREGÕES",13327.0,"VASSOURA",285633.0,"COMPRIMENTO CEPA: 60, MATERIAL CERDAS: PÊLO SINTÉTICO, MATERIAL CABO: MADEIRA, TIPO CABO: REFORÇADO","UN",2600.0,16.399,42637.4,0.0,"2026-06-02"]
["UNIVERSIDADE FEDERAL DE GOIAS-UF/GO",153052.0,3789.0,"Material","153052-138/2026","DLOG E OUTROS- MATERIAL DE LIMPEZA","Catálogo do Compras.gov.br","Material",7240.0,"RECEPIENTES PARA USO DOMÉSTICO E COMERCIAL",764.0,"BALDE",216086.0,"CAPACIDADE: 20, CARACTERÍSTICAS ADICIONAIS: NÃO APLICÁVEL, COR: PRETA, MATERIAL: PLÁSTICO, MATERIAL ALÇA: ARAME GALVANIZADO, TAMANHO: EXTRA","UN",1600.0,12.4775,19964.0,0.0,"2026-06-02"]
["UNIVERSIDADE FEDERAL DE GOIAS-UF/GO",153052.0,3790.0,"Material","153052-138/2026","DLOG E OUTROS- MATERIAL DE LIMPEZA","Catálogo do Compras.gov.br","Material",7920.0,"VASSOURAS, ESCOVAS, RODOS, ESPONJAS E ESFREGÕES",13327.0,"VASSOURA",226152.0,"CARACTERÍSTICAS ADICIONAIS: COM CABO ROSQUEADO, COMPRIMENTO CEPA: 40, MATERIAL CEPA: PLÁSTICO, MATERIAL CERDAS: POLIPROPILENO, MATERIAL CABO: MADEIRA PLASTIFICADA, COMPRIMENTO CERDAS: MÍNIMO 5","UN",1500.0,13.3975,20096.25,0.0,"2026-06-02"]
["UNIVERSIDADE FEDERAL DE GOIAS-UF/GO",153052.0,3791.0,"Material","153052-138/2026","DLOG E OUTROS- MATERIAL DE LIMPEZA","Catálogo do Compras.gov.br","Material",8105.0,"SACOS E BOLSAS",11903.0,"SACO PLÁSTICO LIXO",353773.0,"ALTURA: 57, APLICAÇÃO: HOSPITALAR, CAPACIDADE: 50, COR: BRANCO LEITOSO, LARGURA: 70, MATERIAL: POLIETILENO ALTA DENSIDADE","PCT",500.0,20.125,10062.5,0.0,"2026-06-02"]
["UNIVERSIDADE FEDERAL DE GOIAS-UF/GO",153052.0,3792.0,"Material","153052-138/2026","DLOG E OUTROS- MATERIAL DE LIMPEZA","Catálogo do Compras.gov.br","Material",8540.0,"ARTIGOS DE PAPEL PARA HIGIENE",10383.0,"PAPEL HIGIÊNICO",224638.0,"CARACTERÍSTICAS ADICIONAIS: COM PERFUME, COMPRIMENTO: 30, COR: BRANCA, LARGURA: 10, MATERIAL: CELULOSE VIRGEM, QUANTIDADE FOLHAS: DUPLA, TIPO: PICOTADO","FD",9000.0,71.668,645012.0,0.0,"2026-06-02"]
["UNIVERSIDADE FEDERAL DE GOIAS-UF/GO",153052.0,3793.0,"Material","153052-138/2026","DLOG E OUTROS- MATERIAL DE LIMPEZA","Catálogo do Compras.gov.br","Material",7220.0,"REVESTIMENTOS PARA PISOS",745.0,"CAPACHO",300417.0,"CARACTERÍSTICAS ADICIONAIS: FUNDO ANTIDERRAPANTE, COMPRIMENTO: 60, COR: CINZA, LARGURA: 40, MATERIAL: FIBRA SINTÉTICA","UN",500.0,62.1,31050.0,0.0,"2026-06-02"]
["UNIVERSIDADE FEDERAL DE GOIAS-UF/GO",153052.0,3794.0,"Material","153052-138/2026","DLOG E OUTROS- MATERIAL DE LIMPEZA","Catálogo do Compras.gov.br","Material",7930.0,"COMPOSTOS E PREPARADOS PARA LIMPEZA E POLIMENTO",11865.0,"SABÃO PÓ",226792.0,"APLICAÇÃO: LIMPEZA GERAL, ADITIVOS: ALVEJANTE, ODOR: NÃO APLICÁVEL","CX",3500.0,5.405,18917.5,0.0,"2026-06-02"]
["UNIVERSIDADE FEDERAL DE GOIAS-UF/GO",153052.0,3795.0,"Material","153052-138/2026","DLOG E OUTROS- MATERIAL DE LIMPEZA","Catálogo do Compras.gov.br","Material",7920.0,"VASSOURAS, ESCOVAS, RODOS, ESPONJAS E ESFREGÕES",7174.0,"ESTOPA",300146.0,"CARACTERÍSTICAS ADICIONAIS: LAVADA, COR: BRANCA, MATERIAL: FIO ALGODÃO ALVEJADO, APLICAÇÃO: LIMPEZA PESADA","PCT",500.0,3.3695,1684.75,0.0,"2026-06-02"]
["UNIVERSIDADE FEDERAL DE GOIAS-UF/GO",153052.0,3796.0,"Material","153052-138/2026","DLOG E OUTROS- MATERIAL DE LIMPEZA","Catálogo do Compras.gov.br","Material",8105.0,"SACOS E BOLSAS",11903.0,"SACO PLÁSTICO LIXO",230572.0,"CAPACIDADE: 100, COR: AZUL, LARGURA: 74","PCT",600.0,28.75,17250.0,0.0,"2026-06-02"]
["UNIVERSIDADE FEDERAL DE GOIAS-UF/GO",153052.0,3797.0,"Material","153052-138/2026","DLOG E OUTROS- MATERIAL DE LIMPEZA","Catálogo do Compras.gov.br","Material",7920.0,"VASSOURAS, ESCOVAS, RODOS, ESPONJAS E ESFREGÕES",6950.0,"ESCOVA LIMPEZA GERAL",279310.0,"CARACTERÍSTICAS ADICIONAIS: COM SUPORTE, MATERIAL CERDAS: NYLON, MATERIAL CORPO: PLÁSTICO","UN",1000.0,4.6575,4657.5,0.0,"2026-06-02"]
["UNIVERSIDADE FEDERAL DE GOIAS-UF/GO",153052.0,3798.0,"Material","153052-138/2026","DLOG E OUTROS- MATERIAL DE LIMPEZA","Catálogo do Compras.gov.br","Material",7930.0,"COMPOSTOS E PREPARADOS PARA LIMPEZA E POLIMENTO",6136.0,"DETERGENTE",372748.0,"ASPECTO FÍSICO: LÍQUIDO, CARACTERÍSTICAS ADICIONAIS: BIODEGRADÁVEL, BICO DOSADOR, COMPOSIÇÃO: ALQUIL BENZENO SULFATO SÓDIO, LAURIL, ÉTER, NEUTRO","FR",6500.0,0.9545,6204.25,0.0,"2026-06-02"]
["UNIVERSIDADE FEDERAL DE GOIAS-UF/GO",153052.0,3799.0,"Material","153052-138/2026","DLOG E OUTROS- MATERIAL DE LIMPEZA","Catálogo do Compras.gov.br","Material",8540.0,"ARTIGOS DE PAPEL PARA HIGIENE",10383.0,"PAPEL HIGIÊNICO",314739.0,"COMPRIMENTO: 600, COR: BRANCA, LARGURA: 10, MATERIAL: CELULOSE VEGETAL, TIPO: FOLHA SIMPLES","FD",5000.0,52.0,260000.0,0.0,"2026-06-02"]
["UNIVERSIDADE FEDERAL DE GOIAS-UF/GO",153052.0,3800.0,"Material","153052-138/2026","DLOG E OUTROS- MATERIAL DE LIMPEZA","Catálogo do Compras.gov.br","Material",7350.0,"LOUÇA E ARTIGOS DE MESA",5849.0,"COPO DESCARTÁVEL",293185.0,"APLICAÇÃO: CAFÉ, CAPACIDADE: 50, CARACTERÍSTICAS ADICIONAIS: ATÓXICO, DE ACORDO C/ NORMA ABNT, NBR 14865, COR: BRANCO, MATERIAL: POLIESTIRENO, PESO MÍNIMO: 0,75","PCT",2000.0,6.9,13800.0,0.0,"2026-06-02"]
["UNIVERSIDADE FEDERAL DE GOIAS-UF/GO",153052.0,3801.0,"Material","153052-138/2026","DLOG E OUTROS- MATERIAL DE LIMPEZA","Catálogo do Compras.gov.br","Material",6850.0,"ESPECIALIDADES QUÍMICAS DIVERSAS",15405.0,"DESODORIZADOR",261168.0,"APLICAÇÃO: AROMATIZADOR AMBIENTAL, APRESENTAÇÃO: AEROSOL, ESSÊNCIA: LAVANDA","FR",2500.0,9.1885,22971.25,0.0,"2026-06-02"]
["UNIVERSIDADE FEDERAL DE GOIAS-UF/GO",153052.0,3802.0,"Material","153052-138/2026","DLOG E OUTROS- MATERIAL DE LIMPEZA","Catálogo do Compras.gov.br","Material",6840.0,"PESTICIDAS E DESINFETANTES",14487.0,"DESINFETANTE",420084.0,"CARACTERÍSTICA ADICIONAL: COM AROMA, COMPOSIÇÃO: À BASE DE QUATERNÁRIO DE AMÔNIO, FORMA FÍSICA: SOLUÇÃO AQUOSA CONCENTRADA","L",7000.0,5.9225,41457.5,0.0,"2026-06-02"]
["UNIVERSIDADE FEDERAL DE GOIAS-UF/GO",153052.0,3803.0,"Material","153052-138/2026","DLOG E OUTROS- MATERIAL DE LIMPEZA","Catálogo do Compras.gov.br","Material",7920.0,"VASSOURAS, ESCOVAS, RODOS, ESPONJAS E ESFREGÕES",11781.0,"RODO",232034.0,"COMPRIMENTO SUPORTE: 60, COR: SUPORTE E CABO PRATA, MATERIAL CABO: MADEIRA, MATERIAL SUPORTE: MADEIRA, QUANTIDADE BORRACHAS: 1","UN",2000.0,9.936,19872.0,0.0,"2026-06-02"]
["UNIVERSIDADE FEDERAL DE GOIAS-UF/GO",153052.0,3804.0,"Material","153052-138/2026","DLOG E OUTROS- MATERIAL DE LIMPEZA","Catálogo do Compras.gov.br","Material",7930.0,"COMPOSTOS E PREPARADOS PARA LIMPEZA E POLIMENTO",2166.0,"ÁGUA SANITÁRIA",299605.0,"COMPOSIÇÃO QUÍMICA: HIPOCLORITO DE SÓDIO, HIDRÓXIDO DE SÓDIO, CLORETO, COR: INCOLOR, TEOR CLORO ATIVO: VARIA DE 2 A 2,50%, APLICAÇÃO: LAVAGEM E ALVEJANTE DE ROUPAS, BANHEIRAS, PIAS,","FR",7000.0,2.1505,15053.5,0.0,"2026-06-02"]
["UNIVERSIDADE FEDERAL DE GOIAS-UF/GO",153052.0,3805.0,"Material","153052-138/2026","DLOG E OUTROS- MATERIAL DE LIMPEZA","Catálogo do Compras.gov.br","Material",7930.0,"COMPOSTOS E PREPARADOS PARA LIMPEZA E POLIMENTO",11200.0,"SOLUÇÃO LIMPEZA MULTIUSO",289840.0,"ASPECTO FÍSICO: LÍQUIDO, TIPO USO: LIMPEZA E REMOÇÃO DE RESÍDUOS, COR: INCOLOR","GL",2000.0,17.457,34914.0,0.0,"2026-06-02"]
["UNIVERSIDADE FEDERAL DE GOIAS-UF/GO",153052.0,3811.0,"Material","153052-42/2026","MATERIAL ESPORTIVO E BRINQUEDOS","Catálogo do Compras.gov.br","Material",7810.0,"EQUIPAMENTO PARA ATLETISMO E DESPORTO",6811.0,"EQUIPAMENTO / ACESSÓRIOS DESPORTO",603186.0,"CARACTERÍSTICAS ADICIONAIS: COM CATRACA DE 50 MILÍMETROS., DIMENSÕES: 10 M X 5, MATERIAL: POLIÉSTER, TIPO: SLACKLINE","UN",3.0,200.0,600.0,0.0,"2026-08-28"]
["UNIVERSIDADE FEDERAL DE GOIAS-UF/GO",153052.0,3806.0,"Material","153052-138/2026","DLOG E OUTROS- MATERIAL DE LIMPEZA","Catálogo do Compras.gov.br","Material",8540.0,"ARTIGOS DE PAPEL PARA HIGIENE",15570.0,"LENÇO DESCARTÁVEL",385383.0,"APLICAÇÃO: LIMPEZA INSTRUMENTOS, APRESENTAÇÃO: ENVELOPE 50 UNIDADES, CARACTERÍSTICAS ADICIONAIS: MACIO E DUPLO, COMPRIMENTO: 21,50, LARGURA: 14,80, MATERIAL: PAPEL","CX",4.0,5.0,20.0,0.0,"2026-06-02"]
["UNIVERSIDADE FEDERAL DE GOIAS-UF/GO",153052.0,3807.0,"Material","153052-138/2026","DLOG E OUTROS- MATERIAL DE LIMPEZA","Catálogo do Compras.gov.br","Material",8540.0,"ARTIGOS DE PAPEL PARA HIGIENE",12792.0,"TOALHA DE PAPEL",481231.0,"APLICAÇÃO: HIGIENE PESSOAL, CARACTERÍSTICAS ADICIONAIS: INTERFOLHADA, COMPRIMENTO: 21,50, COR: BRANCA, LARGURA: 24 A 25, MATERIAL: PAPEL, TIPO FOLHA: 2 DOBRAS","PCT",5.0,15.6,78.0,0.0,"2026-06-02"]
["UNIVERSIDADE FEDERAL DE GOIAS-UF/GO",153052.0,3812.0,"Material","153052-42/2026","MATERIAL ESPORTIVO E BRINQUEDOS","Catálogo do Compras.gov.br","Material",7820.0,"JOGOS, BRINQUEDOS E ARTIGOS CORRELATOS COM RODAS",3868.0,"BRINQUEDO EM GERAL",622166.0,"CARACTERÍSTICAS ADICIONAIS 1: 54 PEÇAS ,CERTIFICADO INMETRO, DIMENSÃO 1: 28 X 30 X 8, MATERIAL: MADEIRA/MDF, TIPO 2: JOGO DE EMPILHAR BLOCOS","UN",5.0,90.0,450.0,0.0,"2026-08-28"]
["UNIVERSIDADE FEDERAL DE GOIAS-UF/GO",153052.0,3813.0,"Material","153052-42/2026","MATERIAL ESPORTIVO E BRINQUEDOS","Catálogo do Compras.gov.br","Material",7820.0,"JOGOS, BRINQUEDOS E ARTIGOS CORRELATOS COM RODAS",3868.0,"BRINQUEDO EM GERAL",623552.0,"CARACTERÍSTICAS ADICIONAIS 1: 54 PEÇAS ,CERTIFICADO INMETRO, DIMENSÃO 1: 30 X 8, MATERIAL: MADEIRA/MDF, TIPO 2: JOGO DE EMPILHAR BLOCOS","UN",5.0,28.3,141.5,0.0,"2026-08-28"]
["UNIVERSIDADE FEDERAL DE GOIAS-UF/GO",153052.0,3814.0,"Material","153052-42/2026","MATERIAL ESPORTIVO E BRINQUEDOS","Catálogo do Compras.gov.br","Material",7820.0,"JOGOS, BRINQUEDOS E ARTIGOS CORRELATOS COM RODAS",3868.0,"BRINQUEDO EM GERAL",624639.0,"APLICAÇÃO: PEDAGÓGICA, CARACTERÍSTICAS ADICIONAIS: ATÓXICO, COMPONENTES 01: PANELAS, PRATOS, GARFOS, FACAS, FRIGIDEIRA E ALIME, COR: DIVERSAS, MATERIAL: PLÁSTICO, TIPO 1: JOGO DE COZINHA, USO: CRIANCAS EM IDADE PRE-ESCOLAR","UN",5.0,30.0,150.0,0.0,"2026-08-28"]
["UNIVERSIDADE FEDERAL DE GOIAS-UF/GO",153052.0,3815.0,"Material","153052-42/2026","MATERIAL ESPORTIVO E BRINQUEDOS","Catálogo do Compras.gov.br","Material",7820.0,"JOGOS, BRINQUEDOS E ARTIGOS CORRELATOS COM RODAS",3868.0,"BRINQUEDO EM GERAL",622759.0,"CARACTERÍSTICAS ADICIONAIS 1: TODO COSTURADO, OLHOS EM PLASTICO, COMPONENTES 01: CACHORRO, GATO, VACA, COELHO, CAVALO, PATO, DIMENSÃO 1: 35 A 40, MATERIAL: FELTRO/EVA, TIPO 2: KIT DE FANTOCHES ANIMAIS DOMESTICOS","UN",5.0,160.0,800.0,0.0,"2026-08-28"]
["UNIVERSIDADE FEDERAL DE GOIAS-UF/GO",153052.0,3816.0,"Material","153052-42/2026","MATERIAL ESPORTIVO E BRINQUEDOS","Catálogo do Compras.gov.br","Material",7820.0,"JOGOS, BRINQUEDOS E ARTIGOS CORRELATOS COM RODAS",3868.0,"BRINQUEDO EM GERAL",622400.0,"CARACTERÍSTICAS ADICIONAIS 1: LEAO, O JACARE, O ELEFANTE, A GIRAFA, A ZEBRA,, COMPONENTES: 6 PERSONAGENS, DIMENSÃO 1: 35 A 40, MATERIAL: FELTRO/EVA, TIPO 2: KIT DE FANTOCHES ANIMAIS SELVAGENS","UN",5.0,175.0,875.0,0.0,"2026-08-28"]
["UNIVERSIDADE FEDERAL DE GOIAS-UF/GO",153052.0,3817.0,"Material","153052-42/2026","MATERIAL ESPORTIVO E BRINQUEDOS","Catálogo do Compras.gov.br","Material",7820.0,"JOGOS, BRINQUEDOS E ARTIGOS CORRELATOS COM RODAS",3868.0,"BRINQUEDO EM GERAL",622431.0,"COMPONENTES 01: TUBO DE 1/2\", DIMENSÃO 1: 50 X 400, MATERIAL: ESPUMA/VINIL/BAGUN, TIPO 2: TUNEL LUDICO","UN",2.0,350.0,700.0,0.0,"2026-08-28"]
["UNIVERSIDADE FEDERAL DE GOIAS-UF/GO",153052.0,3818.0,"Material","153052-42/2026","MATERIAL ESPORTIVO E BRINQUEDOS","Catálogo do Compras.gov.br","Material",7820.0,"JOGOS, BRINQUEDOS E ARTIGOS CORRELATOS COM RODAS",3868.0,"BRINQUEDO EM GERAL",622320.0,"CARACTERÍSTICAS ADICIONAIS 1: SUPERFICIES ELEVADAS COM, PONTOS, RISCOS, ONDAS, COMPONENTES 01: 5 TAPETES, DIMENSÃO 1: 24,5 X 24,5, MATERIAL: BAGUM, TIPO 2: KIT COM TAPETE SENSORIAL, USO: CRIANCAS EM IDADE PRE-ESCOLAR","UN",5.0,210.0,1050.0,0.0,"2026-08-28"]
["UNIVERSIDADE FEDERAL DE GOIAS-UF/GO",153052.0,3819.0,"Material","153052-42/2026","MATERIAL ESPORTIVO E BRINQUEDOS","Catálogo do Compras.gov.br","Material",7820.0,"JOGOS, BRINQUEDOS E ARTIGOS CORRELATOS COM RODAS",3868.0,"BRINQUEDO EM GERAL",624605.0,"APLICAÇÃO: PEDAGÓGICA, COMPONENTES 01: VACA, PORCO, GALINHA, BURRO, CAVALO, CACHORRO, COR: MULTICOLOR, MATERIAL: PVC, TIPO: CONJUNTO ANIMAIS","UN",5.0,31.0,155.0,0.0,"2026-08-28"]
["UNIVERSIDADE FEDERAL DE GOIAS-UF/GO",153052.0,3820.0,"Material","153052-42/2026","MATERIAL ESPORTIVO E BRINQUEDOS","Catálogo do Compras.gov.br","Material",7820.0,"JOGOS, BRINQUEDOS E ARTIGOS CORRELATOS COM RODAS",3868.0,"BRINQUEDO EM GERAL",622762.0,"CARACTERÍSTICAS ADICIONAIS 1: TODO COSTURADO, OLHOS EM PLASTICO, COMPONENTES 01: INDIO, NEGRO, DEFICIENTE VISUAL, IDOSO,, DIMENSÃO 1: 35 A 40, MATERIAL: FELTRO/EVA, TIPO 2: KIT DE FANTOCHES INCLUSAO SOCIAL","UN",5.0,250.0,1250.0,0.0,"2026-08-28"]
["UNIVERSIDADE FEDERAL DE GOIAS-UF/GO",153052.0,3821.0,"Material","153052-42/2026","MATERIAL ESPORTIVO E BRINQUEDOS","Catálogo do Compras.gov.br","Material",7820.0,"JOGOS, BRINQUEDOS E ARTIGOS CORRELATOS COM RODAS",3868.0,"BRINQUEDO EM GERAL",622761.0,"CARACTERÍSTICAS ADICIONAIS 1: TODO COSTURADO, OLHOS EM PLASTICO, COMPONENTES 01: PAI, MAE, FILHO, FILHA, AVÓ E AVÔ, DIMENSÃO 1: 35 A 40, MATERIAL: FELTRO/EVA, TIPO 2: KIT FANTOCHES DA FAMILIA NEGRA","UN",5.0,280.0,1400.0,0.0,"2026-08-28"]
["UNIVERSIDADE FEDERAL DE GOIAS-UF/GO",153052.0,3823.0,"Material","153052-42/2026","MATERIAL ESPORTIVO E BRINQUEDOS","Catálogo do Compras.gov.br","Material",7830.0,"EQUIPAMENTO PARA GINÁSTICA E RECREAÇÃO",15172.0,"FITA GINÁSTICA RÍTMICA",237838.0,"COMPRIMENTO: 6, COR: AZUL, LARGURA: 7, MATERIAL: CETIM","UN",15.0,28.0,420.0,0.0,"2026-08-28"]
["UNIVERSIDADE FEDERAL DE GOIAS-UF/GO",153052.0,3824.0,"Material","153052-42/2026","MATERIAL ESPORTIVO E BRINQUEDOS","Catálogo do Compras.gov.br","Material",7810.0,"EQUIPAMENTO PARA ATLETISMO E DESPORTO",6811.0,"EQUIPAMENTO / ACESSÓRIOS DESPORTO",604845.0,"CARACTERÍSTICAS ADICIONAIS: NÃO DOBRÁVEL, DIMENSÕES: 25 X 22 X 05, MATERIAL: FERRO, TIPO: SUPORTE, USO: REDE DE TÊNIS DE MESA","UN",2.0,31.0,62.0,0.0,"2026-08-28"]
["UNIVERSIDADE FEDERAL DE GOIAS-UF/GO",153052.0,3825.0,"Material","153052-42/2026","MATERIAL ESPORTIVO E BRINQUEDOS","Catálogo do Compras.gov.br","Material",7810.0,"EQUIPAMENTO PARA ATLETISMO E DESPORTO",6811.0,"EQUIPAMENTO / ACESSÓRIOS DESPORTO",603186.0,"CARACTERÍSTICAS ADICIONAIS: COM CATRACA DE 50 MILÍMETROS., DIMENSÕES: 10 M X 5, MATERIAL: POLIÉSTER, TIPO: SLACKLINE","UN",2.0,300.0,600.0,0.0,"2026-08-28"]
["UNIVERSIDADE FEDERAL DE GOIAS-UF/GO",153052.0,3826.0,"Material","153052-42/2026","MATERIAL ESPORTIVO E BRINQUEDOS","Catálogo do Compras.gov.br","Material",7810.0,"EQUIPAMENTO PARA ATLETISMO E DESPORTO",6811.0,"EQUIPAMENTO / ACESSÓRIOS DESPORTO",602656.0,"CARACTERÍSTICAS ADICIONAIS: 3 CARTÕES: UM VERMELHO, UM AMARELO E UM AZUL, MATERIAL: PVC, TIPO: CARTÃO, USO: ÁRBITRO","UN",4.0,23.0,92.0,0.0,"2026-08-28"]
["UNIVERSIDADE FEDERAL DE GOIAS-UF/GO",153052.0,3827.0,"Material","153052-42/2026","MATERIAL ESPORTIVO E BRINQUEDOS","Catálogo do Compras.gov.br","Material",7810.0,"EQUIPAMENTO PARA ATLETISMO E DESPORTO",6811.0,"EQUIPAMENTO / ACESSÓRIOS DESPORTO",486832.0,"CARACTERÍSTICAS ADICIONAIS: LUVA DE FOCO COM MANOPLA CURVADA, MATERIAL: 100% POLIÉSTER, TIPO: MANOPLA APARADORA DE SOCO, USO: TREINAMENTO DE ARTES MARCIAIS","UN",5.0,90.0,450.0,0.0,"2026-08-28"]
["UNIVERSIDADE FEDERAL DE GOIAS-UF/GO",153052.0,3828.0,"Material","153052-42/2026","MATERIAL ESPORTIVO E BRINQUEDOS","Catálogo do Compras.gov.br","Material",7810.0,"EQUIPAMENTO PARA ATLETISMO E DESPORTO",6811.0,"EQUIPAMENTO / ACESSÓRIOS DESPORTO",486404.0,"DIMENSÕES: 167 X 46 X 71, MATERIAL: POLIÉSTER, TIPO: REDE APARADORA DE BOLAS, USO: TÊNIS DE MESA","UN",3.0,400.0,1200.0,0.0,"2026-08-28"]
["UNIVERSIDADE FEDERAL DE GOIAS-UF/GO",153052.0,3829.0,"Material","153052-42/2026","MATERIAL ESPORTIVO E BRINQUEDOS","Catálogo do Compras.gov.br","Material",7810.0,"EQUIPAMENTO PARA ATLETISMO E DESPORTO",6811.0,"EQUIPAMENTO / ACESSÓRIOS DESPORTO",486539.0,"CARACTERÍSTICAS ADICIONAIS: COM TRÊS ALÇAS, DIMENSÕES: 60 X 12 X 40, MATERIAL: POLICLORETO, TIPO: APARADOR DE CHUTE E SOCO, USO: TREINAMENTO DE ARTES MARCIAIS","UN",5.0,90.0,450.0,0.0,"2026-08-28"]
["UNIVERSIDADE FEDERAL DE GOIAS-UF/GO",153052.0,3830.0,"Material","153052-42/2026","MATERIAL ESPORTIVO E BRINQUEDOS","Catálogo do Compras.gov.br","Material",7810.0,"EQUIPAMENTO PARA ATLETISMO E DESPORTO",6811.0,"EQUIPAMENTO / ACESSÓRIOS DESPORTO",486243.0,"CARACTERÍSTICAS ADICIONAIS: REVESTIDO COM LONA VINÍLICA, DIMENSÕES: 200 X 100 X 20, MATERIAL: ESPUMA, TIPO: COLCHÃO, USO: PRÁTICAS ESPORTIVAS","UN",1.0,1100.0,1100.0,0.0,"2026-08-28"]
["UNIVERSIDADE FEDERAL DE GOIAS-UF/GO",153052.0,3831.0,"Material","153052-42/2026","MATERIAL ESPORTIVO E BRINQUEDOS","Catálogo do Compras.gov.br","Material",7810.0,"EQUIPAMENTO PARA ATLETISMO E DESPORTO",6811.0,"EQUIPAMENTO / ACESSÓRIOS DESPORTO",467597.0,"CARACTERÍSTICAS ADICIONAIS: FIO 8 ENCHIMENTO DE BORRACHA DUPLA FACE, COR PRETA, MATERIAL: TELA POLIESTER, TIPO: APARADOR DE SOCO RETA/LUVA DE FOCO, USO: TREINAMENTO DE ARTES MARCIAIS","UN",5.0,104.0,520.0,0.0,"2026-08-28"]
["UNIVERSIDADE FEDERAL DE GOIAS-UF/GO",153052.0,3832.0,"Material","153052-42/2026","MATERIAL ESPORTIVO E BRINQUEDOS","Catálogo do Compras.gov.br","Material",7810.0,"EQUIPAMENTO PARA ATLETISMO E DESPORTO",6811.0,"EQUIPAMENTO / ACESSÓRIOS DESPORTO",467301.0,"CARACTERÍSTICAS ADICIONAIS: FECHAMENTO EM VELCRO. TAMANHO 03, MATERIAL: COURO SINTÉTICO, TIPO: PROTETOR DE TÓRAX, USO: TREINAMENTO DE ARTES MARCIAIS","UN",5.0,100.0,500.0,0.0,"2026-08-28"]
["UNIVERSIDADE FEDERAL DE GOIAS-UF/GO",153052.0,3833.0,"Material","153052-42/2026","MATERIAL ESPORTIVO E BRINQUEDOS","Catálogo do Compras.gov.br","Material",7810.0,"EQUIPAMENTO PARA ATLETISMO E DESPORTO",6811.0,"EQUIPAMENTO / ACESSÓRIOS DESPORTO",466700.0,"CARACTERÍSTICAS ADICIONAIS: DIÂMETRO MÁXIMO: 1CM, DIMENSÕES: 40 A 60, MATERIAL: FIBRA DE VIDRO, TIPO: ESTILETE, USO: GINÁSTICA RÍTIMICA","UN",5.0,100.0,500.0,0.0,"2026-08-28"]
["UNIVERSIDADE FEDERAL DE GOIAS-UF/GO",153052.0,3834.0,"Material","153052-42/2026","MATERIAL ESPORTIVO E BRINQUEDOS","Catálogo do Compras.gov.br","Material",7810.0,"EQUIPAMENTO PARA ATLETISMO E DESPORTO",6811.0,"EQUIPAMENTO / ACESSÓRIOS DESPORTO",464879.0,"CARACTERÍSTICAS ADICIONAIS: DUPLA FACE, TAMANHO 02, MATERIAL: VINIL, TIPO: PROTETOR DE TÓRAX, USO: TREINAMENTO DE ARTES MARCIAIS","UN",5.0,100.0,500.0,0.0,"2026-08-28"]
["UNIVERSIDADE FEDERAL DE GOIAS-UF/GO",153052.0,3835.0,"Material","153052-42/2026","MATERIAL ESPORTIVO E BRINQUEDOS","Catálogo do Compras.gov.br","Material",7810.0,"EQUIPAMENTO PARA ATLETISMO E DESPORTO",6811.0,"EQUIPAMENTO / ACESSÓRIOS DESPORTO",464874.0,"CARACTERÍSTICAS ADICIONAIS: MODELO MANOPLA, ALCOCHOADO DE ESPUMA, UNISSEX, DIMENSÕES: 22 X 18, MATERIAL: SINTÉTICO, TIPO: ESCUDO, USO: TREINAMENTO DE ARTES MARCIAIS","UN",5.0,265.0,1325.0,0.0,"2026-08-28"]
["UNIVERSIDADE FEDERAL DE GOIAS-UF/GO",153052.0,3836.0,"Material","153052-42/2026","MATERIAL ESPORTIVO E BRINQUEDOS","Catálogo do Compras.gov.br","Material",7810.0,"EQUIPAMENTO PARA ATLETISMO E DESPORTO",6811.0,"EQUIPAMENTO / ACESSÓRIOS DESPORTO",464872.0,"CARACTERÍSTICAS ADICIONAIS: COM 6 METROS DE COMPRIMENTO, DIMENSÕES: 4 A 6, MATERIAL: CETIM, TIPO: FITA, USO: GINÁSTICA RÍTIMICA","UN",8.0,28.0,224.0,0.0,"2026-08-28"]
["UNIVERSIDADE FEDERAL DE GOIAS-UF/GO",153052.0,3837.0,"Material","153052-42/2026","MATERIAL ESPORTIVO E BRINQUEDOS","Catálogo do Compras.gov.br","Material",7810.0,"EQUIPAMENTO PARA ATLETISMO E DESPORTO",6811.0,"EQUIPAMENTO / ACESSÓRIOS DESPORTO",464870.0,"CARACTERÍSTICAS ADICIONAIS: INDEFORMÁVEL, TAMANHO OFICIAL ADULTO, MATERIAL: COURO SINTÉTICO/ESPUMA, TIPO: LUVA PARA KARATÊ, USO: TREINAMENTO DE ARTES MARCIAIS","UN",8.0,28.0,224.0,0.0,"2026-08-28"]
["UNIVERSIDADE FEDERAL DE GOIAS-UF/GO",153052.0,3838.0,"Material","153052-42/2026","MATERIAL ESPORTIVO E BRINQUEDOS","Catálogo do Compras.gov.br","Material",7810.0,"EQUIPAMENTO PARA ATLETISMO E DESPORTO",6811.0,"EQUIPAMENTO / ACESSÓRIOS DESPORTO",464870.0,"CARACTERÍSTICAS ADICIONAIS: INDEFORMÁVEL, TAMANHO OFICIAL ADULTO, MATERIAL: COURO SINTÉTICO/ESPUMA, TIPO: LUVA PARA KARATÊ, USO: TREINAMENTO DE ARTES MARCIAIS","UN",10.0,60.0,600.0,0.0,"2026-08-28"]
["UNIVERSIDADE FEDERAL DE GOIAS-UF/GO",153052.0,3808.0,"Material","153052-42/2026","MATERIAL ESPORTIVO E BRINQUEDOS","Catálogo do Compras.gov.br","Material",7810.0,"EQUIPAMENTO PARA ATLETISMO E DESPORTO",14836.0,"BOLA BASQUETEBOL",476378.0,"CIRCUNFERÊNCIA: 72, MATERIAL: PVC, PESO CHEIA: 300 A 310, PRESSÃO: 02 - 03","UN",8.0,50.0,400.0,0.0,"2026-08-28"]
["UNIVERSIDADE FEDERAL DE GOIAS-UF/GO",153052.0,3809.0,"Material","153052-42/2026","MATERIAL ESPORTIVO E BRINQUEDOS","Catálogo do Compras.gov.br","Material",8465.0,"EQUIPAMENTOS INDIVIDUAIS",1206.0,"BOLSA ESPORTIVA",240870.0,"MATERIAL: NAILON, TAMANHO: MÉDIO","UN",1.0,84.18,84.18,0.0,"2026-08-28"]
["UNIVERSIDADE FEDERAL DE GOIAS-UF/GO",153052.0,3810.0,"Material","153052-42/2026","MATERIAL ESPORTIVO E BRINQUEDOS","Catálogo do Compras.gov.br","Material",4240.0,"EQUIPAMENTO PARA SEGURANÇA E SALVAMENTO",14859.0,"REDE PROTEÇÃO",457626.0,"COMPRIMENTO: 20, COR: BRANCA, LARGURA: 7, MATERIAL: POLIETILENO, TAMANHO FIO: 25 MM, TAMANHO TRAMA: 50 X 50","M",2.0,2268.0,4536.0,0.0,"2026-08-28"]
["UNIVERSIDADE FEDERAL DE GOIAS-UF/GO",153052.0,3855.0,"Material","153052-137/2026","AQUISIÇÃO DE LIXEIRAS","Catálogo do Compras.gov.br","Material",7240.0,"RECEPIENTES PARA USO DOMÉSTICO E COMERCIAL",11495.0,"LIXEIRA",610861.0,"CAPACIDADE: 100, CARACTERÍSTICAS ADICIONAIS: CONFORME MODELO, COR: BRANCA, MATERIAL: POLIETILENO ALTA DENSIDADE, TIPO: COM TAMPA E PEDAL ACOPLADOS","UN",10.0,350.0,3500.0,0.0,"2026-06-02"]
["UNIVERSIDADE FEDERAL DE GOIAS-UF/GO",153052.0,3858.0,"Material","153052-43/2026","RAÇÃO PARA CAMUNDONGO","Catálogo do Compras.gov.br","Material",8710.0,"FORRAGENS E ALIMENTOS",10213.0,"ÓLEO VEGETAL",244580.0,"COR: AMARELA, MATÉRIA PRIMA: SOJA, TIPO: CRU, APLICAÇÃO: RAÇÃO ANIMAL","EMB",12.0,7.4,88.8,0.0,"2026-08-28"]
["UNIVERSIDADE FEDERAL DE GOIAS-UF/GO",153052.0,3822.0,"Material","153052-42/2026","MATERIAL ESPORTIVO E BRINQUEDOS","Catálogo do Compras.gov.br","Material",8415.0,"VESTUÁRIO PARA FINS ESPECIAIS",16516.0,"AGASALHO DESPORTIVO",626032.0,"CARACTERÍSTICAS ADICIONAIS: CONFORME MODELO, COR: PRETA, MATERIAL: 100% POLIÉSTER, TAMANHO: SOB MEDIDA","UN",300.0,200.0,60000.0,0.0,"2026-08-28"]
["UNIVERSIDADE FEDERAL DE GOIAS-UF/GO",153052.0,3839.0,"Material","153052-42/2026","MATERIAL ESPORTIVO E BRINQUEDOS","Catálogo do Compras.gov.br","Material",7810.0,"EQUIPAMENTO PARA ATLETISMO E DESPORTO",6811.0,"EQUIPAMENTO / ACESSÓRIOS DESPORTO",464867.0,"CARACTERÍSTICAS ADICIONAIS: FECHAMENTO COM VELCRO, DIMENSÕES: 19 X 68, MATERIAL: COURO SINTÉTICO, TIPO: PROTETOR DE CABEÇA COM GRADE, USO: TREINAMENTO DE ARTES MARCIAIS","UN",10.0,200.0,2000.0,0.0,"2026-08-28"]
["UNIVERSIDADE FEDERAL DE GOIAS-UF/GO",153052.0,3840.0,"Material","153052-42/2026","MATERIAL ESPORTIVO E BRINQUEDOS","Catálogo do Compras.gov.br","Material",7810.0,"EQUIPAMENTO PARA ATLETISMO E DESPORTO",6811.0,"EQUIPAMENTO / ACESSÓRIOS DESPORTO",464866.0,"CARACTERÍSTICAS ADICIONAIS: ENCAPADO COM FITA ADESIVA, DIMENSÕES: 78 A 80, MATERIAL: PVC, TIPO: ARO, USO: GINÁSTICA RÍTIMICA","UN",5.0,100.0,500.0,0.0,"2026-08-28"]
["UNIVERSIDADE FEDERAL DE GOIAS-UF/GO",153052.0,3841.0,"Material","153052-42/2026","MATERIAL ESPORTIVO E BRINQUEDOS","Catálogo do Compras.gov.br","Material",7810.0,"EQUIPAMENTO PARA ATLETISMO E DESPORTO",6811.0,"EQUIPAMENTO / ACESSÓRIOS DESPORTO",464865.0,"CARACTERÍSTICAS ADICIONAIS: PONTEIRAS DE BORRACHA, DIMENSÕES: 100, MATERIAL: PVC, TIPO: BASTÃO, USO: GINÁSTICA ARTÍSTICA","UN",5.0,60.0,300.0,0.0,"2026-08-28"]
["UNIVERSIDADE FEDERAL DE GOIAS-UF/GO",153052.0,3842.0,"Material","153052-42/2026","MATERIAL ESPORTIVO E BRINQUEDOS","Catálogo do Compras.gov.br","Material",7810.0,"EQUIPAMENTO PARA ATLETISMO E DESPORTO",6811.0,"EQUIPAMENTO / ACESSÓRIOS DESPORTO",464861.0,"CARACTERÍSTICAS ADICIONAIS: TIPO OFICIAL, DIMENSÕES: 300, MATERIAL: LINHO, TIPO: CORDA, USO: GINÁSTICA RÍTIMICA","UN",5.0,50.0,250.0,0.0,"2026-08-28"]
["UNIVERSIDADE FEDERAL DE GOIAS-UF/GO",153052.0,3843.0,"Material","153052-42/2026","MATERIAL ESPORTIVO E BRINQUEDOS","Catálogo do Compras.gov.br","Material",7810.0,"EQUIPAMENTO PARA ATLETISMO E DESPORTO",6811.0,"EQUIPAMENTO / ACESSÓRIOS DESPORTO",450347.0,"CARACTERÍSTICAS ADICIONAIS: FECHAMENTO EM VELCRO E CARDAÇO, MATERIAL: POLIURETANO COM REVESTIMENTO INTERNO EM ESPUMA, TIPO: PROTETOR DE CABEÇA COM GRADE, USO: PROTEÇÃO  CABEÇA, ORELHAS, MAXILAR E QUEIXO","UN",5.0,150.0,750.0,0.0,"2026-08-28"]
["UNIVERSIDADE FEDERAL DE GOIAS-UF/GO",153052.0,3844.0,"Material","153052-42/2026","MATERIAL ESPORTIVO E BRINQUEDOS","Catálogo do Compras.gov.br","Material",7810.0,"EQUIPAMENTO PARA ATLETISMO E DESPORTO",6811.0,"EQUIPAMENTO / ACESSÓRIOS DESPORTO",450342.0,"CARACTERÍSTICAS ADICIONAIS: DUPLO COM 4 ELÁSTICOS, MATERIAL: EVA COM FECHAMENTO EM VELCRO, TIPO: CINTO DE TRAÇÃO INDIVIDUAL, USO: TREINAMENTO DE ARRANQUE E EXPLOSÃO","UN",5.0,106.0,530.0,0.0,"2026-08-28"]
["UNIVERSIDADE FEDERAL DE GOIAS-UF/GO",153052.0,3845.0,"Material","153052-42/2026","MATERIAL ESPORTIVO E BRINQUEDOS","Catálogo do Compras.gov.br","Material",7810.0,"EQUIPAMENTO PARA ATLETISMO E DESPORTO",6811.0,"EQUIPAMENTO / ACESSÓRIOS DESPORTO",450328.0,"CARACTERÍSTICAS ADICIONAIS: SISTEMA DIGITAL COM DUAS AGULHAS, TIPO: CALIBRADOR DE BOLAS, USO: REGULAGEM DE PRESSÃO DE AR","UN",5.0,80.0,400.0,0.0,"2026-08-28"]
["UNIVERSIDADE FEDERAL DE GOIAS-UF/GO",153052.0,3846.0,"Material","153052-42/2026","MATERIAL ESPORTIVO E BRINQUEDOS","Catálogo do Compras.gov.br","Material",7810.0,"EQUIPAMENTO PARA ATLETISMO E DESPORTO",6811.0,"EQUIPAMENTO / ACESSÓRIOS DESPORTO",450236.0,"CARACTERÍSTICAS ADICIONAIS: COM SUPORTE E ALÇAS, DIMENSÕES: 40 X 60 X 13, MATERIAL: COURO SINTÉTICO, TIPO: APARADOR DE CHUTE E SOCO, USO: TREINAMENTO DE ARTES MARCIAIS","UN",5.0,90.0,450.0,0.0,"2026-08-28"]
["UNIVERSIDADE FEDERAL DE GOIAS-UF/GO",153052.0,3847.0,"Material","153052-42/2026","MATERIAL ESPORTIVO E BRINQUEDOS","Catálogo do Compras.gov.br","Material",7810.0,"EQUIPAMENTO PARA ATLETISMO E DESPORTO",14832.0,"BOLA VOLEIBOL",372134.0,"APLICAÇÃO: VOLEI DE QUADRA, CARACTERÍSTICAS ADICIONAIS: MATRIZADA, COM MIOLO SUBSTITUÍVEL, CIRCUNFERÊNCIA: 65 A 67, COR: VERDE E AZUL, MATERIAL: MICROFIBRA, PESO CHEIA: 325 A 400, PRESSÃO: 03 - 04","UN",10.0,280.0,2800.0,0.0,"2026-08-28"]
["UNIVERSIDADE FEDERAL DE GOIAS-UF/GO",153052.0,3848.0,"Material","153052-42/2026","MATERIAL ESPORTIVO E BRINQUEDOS","Catálogo do Compras.gov.br","Material",7810.0,"EQUIPAMENTO PARA ATLETISMO E DESPORTO",14833.0,"BOLA FUTSAL",410345.0,"CARACTERÍSTICAS ADICIONAIS: 32 GOMOS, VÁLVULA REMOVÍVEL, LUBRIFACADA, CHANCELA, CIRCUNFERÊNCIA: 55 A 59, MATERIAL: PU, PESO CHEIA: 350 A 380","UN",10.0,99.0,990.0,0.0,"2026-08-28"]
["UNIVERSIDADE FEDERAL DE GOIAS-UF/GO",153052.0,3849.0,"Material","153052-42/2026","MATERIAL ESPORTIVO E BRINQUEDOS","Catálogo do Compras.gov.br","Material",7810.0,"EQUIPAMENTO PARA ATLETISMO E DESPORTO",14833.0,"BOLA FUTSAL",410346.0,"CARACTERÍSTICAS ADICIONAIS: 32 GOMOS, VÁLVULA REMOVÍVEL, LUBRIFACADA, CHANCELA, CIRCUNFERÊNCIA: 61 A 64, MATERIAL: PU, PESO CHEIA: 410 A 440","UN",10.0,99.0,990.0,0.0,"2026-08-28"]
["UNIVERSIDADE FEDERAL DE GOIAS-UF/GO",153052.0,3852.0,"Material","153052-137/2026","AQUISIÇÃO DE LIXEIRAS","Catálogo do Compras.gov.br","Material",7240.0,"RECEPIENTES PARA USO DOMÉSTICO E COMERCIAL",11495.0,"LIXEIRA",611059.0,"CAPACIDADE: 60 LITROS, CARACTERÍSTICAS ADICIONAIS: CONFORME MODELO, COR: BRANCA, MATERIAL: POLIETILENO OU POLIPROPILENO, TIPO: COM TAMPA E PEDAL ACOPLADOS","UN",10.0,72.0,720.0,0.0,"2026-06-02"]
["UNIVERSIDADE FEDERAL DE GOIAS-UF/GO",153052.0,3853.0,"Material","153052-137/2026","AQUISIÇÃO DE LIXEIRAS","Catálogo do Compras.gov.br","Material",7240.0,"RECEPIENTES PARA USO DOMÉSTICO E COMERCIAL",11495.0,"LIXEIRA",610861.0,"CAPACIDADE: 100, CARACTERÍSTICAS ADICIONAIS: CONFORME MODELO, COR: BRANCA, MATERIAL: POLIETILENO ALTA DENSIDADE, TIPO: COM TAMPA E PEDAL ACOPLADOS","UN",3.0,205.0,615.0,0.0,"2026-06-02"]
["UNIVERSIDADE FEDERAL DE GOIAS-UF/GO",153052.0,3850.0,"Material","153052-137/2026","AQUISIÇÃO DE LIXEIRAS","Catálogo do Compras.gov.br","Material",7240.0,"RECEPIENTES PARA USO DOMÉSTICO E COMERCIAL",11495.0,"LIXEIRA",620233.0,"APLICAÇÃO: COLETA SELETIVA, CAPACIDADE: 50, CARACTERÍSTICAS ADICIONAIS\t2: DIMENSÕES: 77,5 X 41 X 32,5 CM, COR: AZUL, IMPRESSÃO: CONFORME MODELO, MATERIAL: POLIPROPILENO, REVESTIMENTO: TRATAMENTO EM UV, TIPO: COM TAMPA VAI-VEM","UN",10.0,70.0,700.0,0.0,"2026-06-02"]
["UNIVERSIDADE FEDERAL DE GOIAS-UF/GO",153052.0,3851.0,"Material","153052-137/2026","AQUISIÇÃO DE LIXEIRAS","Catálogo do Compras.gov.br","Material",7240.0,"RECEPIENTES PARA USO DOMÉSTICO E COMERCIAL",15740.0,"CONJUNTO LIXEIRA COLETA SELETIVA",618375.0,"CAPACIDADE: 40, CARACTERÍSTICAS ADICIONAIS: ALTURA 61,5CM, LARGURA 29 CM, PROFUNDIDADE 40,5CM,, COR: VERMELHA, MATERIAL: POLIPROPILENO","CJ",1.0,600.0,600.0,0.0,"2026-06-02"]
["UNIVERSIDADE FEDERAL DE GOIAS-UF/GO",153052.0,3857.0,"Material","153052-43/2026","RAÇÃO PARA CAMUNDONGO","Catálogo do Compras.gov.br","Material",8710.0,"FORRAGENS E ALIMENTOS",13840.0,"RAÇÃO CAMUNDONGO",311337.0,"APLICAÇÃO: RATOS E CAMUNDONGOS DE BIOTÉRIO, APRESENTAÇÃO: PELETIZADA DE FORMA CILÍNDRICA, CARACTERÍSTICAS ADICIONAIS: PAPEL MULTIFOLHEADO CONTENDO SACO PLÁSTICO PARA AU, COMPONENTES: MILHO INTEGRAL, FARELO DE SOJA, FARELO DE TRIGO,, COMPONENTES VITAMÍNICOS: VITAMINA A, D3, B1, B11, B12, B6 E E","SC",121.0,330.0,39930.0,0.0,"2026-08-28"]
["UNIVERSIDADE FEDERAL DE GOIAS-UF/GO",153052.0,3854.0,"Material","153052-137/2026","AQUISIÇÃO DE LIXEIRAS","Catálogo do Compras.gov.br","Material",7240.0,"RECEPIENTES PARA USO DOMÉSTICO E COMERCIAL",15114.0,"COLETOR LIXO",371903.0,"APLICAÇÃO: USO HOSPITALAR, CAPACIDADE: 20, COMPONENTES: TAMPA ACIONADA POR PEDAL, COR: BRANCA, DIMENSÃO: 33 X 60, MATERIAL: POLIPROPILENO","UN",2.0,67.0,134.0,0.0,"2026-06-02"]
["UNIVERSIDADE FEDERAL DE GOIAS-UF/GO",153052.0,3856.0,"Material","153052-137/2026","AQUISIÇÃO DE LIXEIRAS","Catálogo do Compras.gov.br","Material",7240.0,"RECEPIENTES PARA USO DOMÉSTICO E COMERCIAL",15740.0,"CONJUNTO LIXEIRA COLETA SELETIVA",337699.0,"APLICAÇÃO: SEPARAR MATERIAL RECICLÁVEL, CAPACIDADE: 50, COR: AZUL, VERMELHA, VERDE, AMARELA E MARROM, MATERIAL: AÇO GALVANIZADO, MATERIAL ESTRUTURA: AÇO GALVANIZADO, QUANTIDADE LIXEIRAS: 5","CJ",2.0,700.0,1400.0,0.0,"2026-06-02"]
["UNIVERSIDADE FEDERAL DE GOIAS-UF/GO",153052.0,3859.0,"Material","153052-136/2026","CIDARQ - MESA DE HIGIENIZAÇÃO","Catálogo do Compras.gov.br","Material",7195.0,"MOBILIÁRIOS DIVERSOS E ACESSÓRIOS",1334.0,"MESA HIGIENIZAÇÃO",273037.0,"ALTURA: 155, APLICAÇÃO: COLETAR SUJIDADES ESTRUTURA PAPEL, CAPACIDADE SUCÇÃO: 25, CARACTERÍSTICAS ADICIONAIS: PRÉ-FILTROS COM 1 GRELHA DE ALUMÍNIO, ALTURA REGU-, COMPRIMENTO: 110, ESPESSURA TAMPAS BASCULANTES: 6, LARGURA: 72, MATERIAL: MADEIRA LAMINADA REVESTIDA EM MATERIAL MELAMÍNICO, MATERIAL DOBRADIÇA: LATÃO CROMADO, MATERIAL FILTRO: POLIESTIRENO, MATERIAL ROTOR: NYLON, MATERIAL TAMPAS BASCULANTES: ACRÍLICO TRANSPARENTE, MATERIAL TAMPO: MADEIRA DE LEI COMPENSADA, POTÊNCIA LÂMPADA: 20, POTÊNCIA MOTOR: 50, QUANTIDADE FILTROS: 1, QUANTIDADE LUMINÁRIAS: 1, REVESTIMENTO: LAMINADO MELAMÍNICO HD TEXTURIZADO, TENSÃO MOTOR: 110","UN",2.0,12000.0,24000.0,0.0,"2026-08-03"]
["UNIVERSIDADE FEDERAL DE GOIAS-UF/GO",153052.0,4040.0,"Serviço","153052-52/2026","OBRAS E REFORMAS","Catálogo do Compras.gov.br","Serviço",545.0,"TIPOS ESPECIAIS DE SERVIÇOS DE CONSTRUÇÃO",null,null,1627.0,"MANUTENÇÃO / REFORMA PREDIAL","-",1.0,67301.98,67301.98,0.0,"2026-09-18"]
["UNIVERSIDADE FEDERAL DE GOIAS-UF/GO",153052.0,4083.0,"Material","153052-69/2026","SEINFRA E OUTROS - EQUIPAMENTOS PARA REFRIGERAÇÃO","Catálogo do Compras.gov.br","Material",4130.0,"COMPONENTES DE EQUIPAMENTOS PARA REFRIGERAÇÃO E AR  CONDICIONADO",5501.0,"COMPRESSOR REFRIGERAÇÃO",474314.0,"APLICAÇÃO: CÂMARA DE RESFRIAMENTO, POTÊNCIA: 2, TENSÃO: 220","UN",1.0,1300.0,1300.0,0.0,"2026-07-31"]
["UNIVERSIDADE FEDERAL DE GOIAS-UF/GO",153052.0,4036.0,"Serviço","153052-133/2026","CIDARQ - PRATELEIRAS ARQUIVO DESLIZANTE + INSTALAÇÃO","Catálogo do Compras.gov.br","Material",9515.0,"PLACAS, CHAPAS, FITAS E LAMINADOS FINOS DE FERRO E DE AÇO",4817.0,"CHAPA AÇO",346545.0,"ACABAMENTO: GALVANIZADA, COMPRIMENTO: 2, ESPESSURA: 0,95, LARGURA: 1, MATERIAL: AÇO, NORMAS TÉCNICAS: SAE 1010/1020","UN",10.0,190.0,1900.0,0.0,"2026-07-02"]
["UNIVERSIDADE FEDERAL DE GOIAS-UF/GO",153052.0,4037.0,"Serviço","153052-133/2026","CIDARQ - PRATELEIRAS ARQUIVO DESLIZANTE + INSTALAÇÃO","Catálogo do Compras.gov.br","Serviço",873.0,"SERVIÇOS DE INSTALAÇÃO(À EXCEÇÃO DA CONSTRUÇÃO)",null,null,13102.0,"INSTALAÇÃO / MONTAGEM / ASSISTÊNCIA TÉCNICA DE SISTEMA   DE ARQUIVAMENTO DESLIZANTE","-",1.0,20000.0,20000.0,0.0,"2026-07-02"]
["UNIVERSIDADE FEDERAL DE GOIAS-UF/GO",153052.0,4038.0,"Serviço","153052-133/2026","CIDARQ - PRATELEIRAS ARQUIVO DESLIZANTE + INSTALAÇÃO","Catálogo do Compras.gov.br","Material",7125.0,"ARMÁRIOS E ESTANTES",14421.0,"PRATELEIRA",329021.0,"ACABAMENTO: AÇO, APLICAÇÃO: ARQUIVAMENTO DE DOCUMENTOS, CARACTERÍSTICAS ADICIONAIS: PINTURA ANTIFERRUGEM, COMPRIMENTO: 0,92, COR: CINZA, LARGURA: 0,45, MATERIAL: AÇO, USO: ARQUIVO","UN",50.0,190.0,9500.0,0.0,"2026-07-02"]
["UNIVERSIDADE FEDERAL DE GOIAS-UF/GO",153052.0,4041.0,"Serviço","153052-52/2026","OBRAS E REFORMAS","Catálogo do Compras.gov.br","Serviço",545.0,"TIPOS ESPECIAIS DE SERVIÇOS DE CONSTRUÇÃO",null,null,1627.0,"MANUTENÇÃO / REFORMA PREDIAL","-",1.0,35000.0,35000.0,0.0,"2026-09-18"]
["UNIVERSIDADE FEDERAL DE GOIAS-UF/GO",153052.0,4044.0,"Serviço","153052-52/2026","OBRAS E REFORMAS","Catálogo do Compras.gov.br","Serviço",545.0,"TIPOS ESPECIAIS DE SERVIÇOS DE CONSTRUÇÃO",null,null,1627.0,"MANUTENÇÃO / REFORMA PREDIAL","-",1.0,62445.12,62445.12,0.0,"2026-09-18"]
["UNIVERSIDADE FEDERAL DE GOIAS-UF/GO",153052.0,4042.0,"Serviço","153052-52/2026","OBRAS E REFORMAS","Catálogo do Compras.gov.br","Serviço",545.0,"TIPOS ESPECIAIS DE SERVIÇOS DE CONSTRUÇÃO",null,null,1627.0,"MANUTENÇÃO / REFORMA PREDIAL","-",1.0,100000.0,100000.0,0.0,"2026-09-18"]
["UNIVERSIDADE FEDERAL DE GOIAS-UF/GO",153052.0,4039.0,"Serviço","153052-52/2026","OBRAS E REFORMAS","Catálogo do Compras.gov.br","Serviço",545.0,"TIPOS ESPECIAIS DE SERVIÇOS DE CONSTRUÇÃO",null,null,1627.0,"MANUTENÇÃO / REFORMA PREDIAL","-",6.0,15000.0,90000.0,0.0,"2026-09-18"]
["UNIVERSIDADE FEDERAL DE GOIAS-UF/GO",153052.0,4043.0,"Serviço","153052-52/2026","OBRAS E REFORMAS","Catálogo do Compras.gov.br","Serviço",542.0,"SERVIÇOS GERAIS DE CONSTRUÇÃO PARA OBRAS DE ENGENHARIA CIVIL",null,null,13455.0,"OBRAS CIVIS - PEQUENAS OBRAS / PINTURA EM GERAL","-",1.0,157628.02,157628.02,0.0,"2026-09-18"]
["UNIVERSIDADE FEDERAL DE GOIAS-UF/GO",153052.0,4059.0,"Material","153052-132/2026","AQUISIÇÃO DE MOBILIÁRIOS DOMÉSTICOS","Catálogo do Compras.gov.br","Material",7125.0,"ARMÁRIOS E ESTANTES",218.0,"ESTANTE",622155.0,"ACABAMENTO SUPERFICIAL: ESMALTE SINTETICO, ALTURA: 200, LARGURA: 120, MATERIAL: AÇO, PROFUNDIDADE: 40, QUANTIDADE PRATELEIRAS: 6","UN",4.0,1000.0,4000.0,0.0,"2026-07-02"]
["UNIVERSIDADE FEDERAL DE GOIAS-UF/GO",153052.0,4058.0,"Material","153052-132/2026","AQUISIÇÃO DE MOBILIÁRIOS DOMÉSTICOS","Catálogo do Compras.gov.br","Material",7125.0,"ARMÁRIOS E ESTANTES",{"$nulls":4},"-",0.0,0.0,7500.0,0.0,"2026-07-02"]
["UNIVERSIDADE FEDERAL DE GOIAS-UF/GO",153052.0,4056.0,"Material","153052-132/2026","AQUISIÇÃO DE MOBILIÁRIOS DOMÉSTICOS","Catálogo do Compras.gov.br","Material",7105.0,"MOBILIÁRIO DOMÉSTICO",315.0,"CAMA",207053.0,"COMPRIMENTO: 1,98, LARGURA: 0,88, MATERIAL: METAL, MODELO: COM CABECEIRA, TIPO: SOLTEIRO, TRATAMENTO SUPERFICIAL: LAQUEADO","UN",11.0,500.0,5500.0,0.0,"2026-07-02"]
["UNIVERSIDADE FEDERAL DE GOIAS-UF/GO",153052.0,4057.0,"Material","153052-132/2026","AQUISIÇÃO DE MOBILIÁRIOS DOMÉSTICOS","Catálogo do Compras.gov.br","Material",7105.0,"MOBILIÁRIO DOMÉSTICO",316.0,"CAMA CONJUGADA",620621.0,"ALTURA: 160, CARACTERÍSTICAS ADICIONAIS: COM ESCADA MÓVEL, DESMONTÁVEL, TIPO ENCAIXE, 3 DEG, COMPRIMENTO: 2,00, COR: CARVALHO BERLIM, LARGURA: 87, MATERIAL: AÇO, QUANTIDADE LEITOS: 2, TIPO: BELICHE","UN",11.0,900.0,9900.0,0.0,"2026-07-02"]
["UNIVERSIDADE FEDERAL DE GOIAS-UF/GO",153052.0,4048.0,"Material","153052-132/2026","AQUISIÇÃO DE MOBILIÁRIOS DOMÉSTICOS","Catálogo do Compras.gov.br","Material",7195.0,"MOBILIÁRIOS DIVERSOS E ACESSÓRIOS",{"$nulls":4},"-",0.0,0.0,3000.0,0.0,"2026-07-02"]
["UNIVERSIDADE FEDERAL DE GOIAS-UF/GO",153052.0,4069.0,"Material","153052-64/2026","BC E OUTROS - MATERIAIS PARA CONSERVAÇÃO DE LIVROS","Catálogo do Compras.gov.br","Material",9310.0,"PAPÉIS E PAPELÕES",17521.0,"PAPEL INGRES",468943.0,"APLICAÇÃO: RESTAURAÇÃO DOCUMENTO, COMPRIMENTO: 14, COR: AMARELO OURO, LARGURA: 14","FL",500.0,7.0,3500.0,0.0,"2026-07-01"]
["UNIVERSIDADE FEDERAL DE GOIAS-UF/GO",153052.0,4070.0,"Material","153052-64/2026","BC E OUTROS - MATERIAIS PARA CONSERVAÇÃO DE LIVROS","Catálogo do Compras.gov.br","Material",9310.0,"PAPÉIS E PAPELÕES",19830.0,"PAPEL RESINADO",619090.0,"COMPRIMENTO: 150, COR: OFF WHITE, GRAMATURA: 40, LARGURA: 90, TIPO: GLASSINE","UN",5.0,60.0,300.0,0.0,"2026-07-01"]
["UNIVERSIDADE FEDERAL DE GOIAS-UF/GO",153052.0,4071.0,"Material","153052-64/2026","BC E OUTROS - MATERIAIS PARA CONSERVAÇÃO DE LIVROS","Catálogo do Compras.gov.br","Material",9310.0,"PAPÉIS E PAPELÕES",10386.0,"PAPEL JAPONÊS",474462.0,"APLICAÇÃO: RESTAURAÇÃO  LIVROS, COMPRIMENTO: 60, COR: TRANSPARENTE, GRAMATURA: 10, LARGURA: 45, MATERIAL: 95% DE FIBRAS GAMPI, TIPO: GAMPI SILK TISSUE","UN",5.0,200.0,1000.0,0.0,"2026-07-01"]
["UNIVERSIDADE FEDERAL DE GOIAS-UF/GO",153052.0,4076.0,"Material","153052-67/2026","LABROROCHA - Aquisição de fita reativa","Catálogo do Compras.gov.br","Material",6550.0,"SUBSTÂNCIAS PARA DIAGNÓSTICO \"IN VITRO\",  REAGENTES,  CONJUNTOS E JOGOS PARA TESTE",18984.0,"REAGENTE PARA DIAGNÓSTICO CLÍNICO 5",339560.0,"TIPO: UROANÁLISE, CARACTERÍSTICAS ADICIONAIS: 10 PARÂMETROS, APRESENTAÇÃO: TIRA","UN",100.0,127.0,12700.0,0.0,"2026-05-11"]
["UNIVERSIDADE FEDERAL DE GOIAS-UF/GO",153052.0,4077.0,"Material","153052-67/2026","LABROROCHA - Aquisição de fita reativa","Catálogo do Compras.gov.br","Material",6550.0,"SUBSTÂNCIAS PARA DIAGNÓSTICO \"IN VITRO\",  REAGENTES,  CONJUNTOS E JOGOS PARA TESTE",18984.0,"REAGENTE PARA DIAGNÓSTICO CLÍNICO 5",442739.0,"TIPO: UROANÁLISE, CARACTERÍSTICAS ADICIONAIS: CALIBRADOR, APRESENTAÇÃO: TIRA","UN",1.0,300.0,300.0,0.0,"2026-05-11"]
["UNIVERSIDADE FEDERAL DE GOIAS-UF/GO",153052.0,4055.0,"Material","153052-132/2026","AQUISIÇÃO DE MOBILIÁRIOS DOMÉSTICOS","Catálogo do Compras.gov.br","Material",7125.0,"ARMÁRIOS E ESTANTES",14006.0,"ARMÁRIO ARQUIVO",612595.0,"ALTURA: 2,51, LARGURA: 1,86, MATERIAL: MADEIRA MDF, MATERIAL BASE: MADEIRA MDF, PRATELEIRAS INTERNAS: 5, PROFUNDIDADE: 0,45, QUANTIDADE PORTAS: 2, TIPO PORTA: CORRER","UN",2.0,1099.0,2198.0,0.0,"2026-07-02"]
["UNIVERSIDADE FEDERAL DE GOIAS-UF/GO",153052.0,4078.0,"Serviço","153052-130/2026","PRAE - Pagamento de arbitragem esportiva em competições oficiais","Catálogo do Compras.gov.br","Serviço",839.0,"OUTROS SERVIÇOS DE NEGÓCIOS, TÉCNICOS E PROFISSIONAIS",null,null,18449.0,"PLANEJAMENTO / ORGANIZAÇÃO / EXECUÇÃO / ARBITRAGEM / ATIVIDADES LÚDICAS / DESPORTIVAS / RECREATIVAS / COLÔNIA DE FÉRIAS","UN",1.0,25000.0,25000.0,0.0,"2026-11-30"]
["UNIVERSIDADE FEDERAL DE GOIAS-UF/GO",153052.0,4045.0,"Material","153052-132/2026","AQUISIÇÃO DE MOBILIÁRIOS DOMÉSTICOS","Catálogo do Compras.gov.br","Material",7105.0,"MOBILIÁRIO DOMÉSTICO",331.0,"CADEIRA",305422.0,"CARACTERÍSTICAS ADICIONAIS: ASSENTO/ENCOSTO CONTÍNUOS, ALTURA REGULÁVEL E RODÍ, COR: VINHO, MATERIAL: FERRO, REVESTIMENTO: COURVIM, TIPO: COM BRAÇO, TIPO ESPALDAR: ALTO","UN",12.0,500.0,6000.0,0.0,"2026-07-02"]
["UNIVERSIDADE FEDERAL DE GOIAS-UF/GO",153052.0,4046.0,"Material","153052-132/2026","AQUISIÇÃO DE MOBILIÁRIOS DOMÉSTICOS","Catálogo do Compras.gov.br","Material",7105.0,"MOBILIÁRIO DOMÉSTICO",12177.0,"SOFÁ",607722.0,"ALTURA: 0,88, COR: PALHA, LARGURA: 300, MATERIAL ESTOFAMENTO: ESPUMA D33, FIBRA SILICONADA, MATERIAL ESTRUTURA: MADEIRA MDF, PROFUNDIDADE: 0,97, QUANTIDADE ASSENTOS: 2, QUANTIDADE MÓDULOS: 2, REVESTIMENTO: TECIDO 93% ALGODÃO, 7% LINHO","UN",1.0,1500.0,1500.0,0.0,"2026-07-02"]
["UNIVERSIDADE FEDERAL DE GOIAS-UF/GO",153052.0,4053.0,"Material","153052-132/2026","AQUISIÇÃO DE MOBILIÁRIOS DOMÉSTICOS","Catálogo do Compras.gov.br","Material",7110.0,"MOBILIÁRIO PARA ESCRITÓRIO",6073.0,"DESCANSO PÉS",611424.0,"ACABAMENTO ESTRUTURA: MADEIRA MDF, CARACTERÍSTICAS ADICIONAIS: BASE ANTIDERRAPANTE, COMPRIMENTO: 26, LARGURA: 39, MATERIAL BANDEJA: MADEIRA, MATERIAL ESTRUTURA: MADEIRA, PROFUNDIDADE: 26, TIPO: AJUSTÁVEL, TRATAMENTO SUPERFICIAL: PINTADO","UN",1.0,90.0,90.0,0.0,"2026-07-02"]
["UNIVERSIDADE FEDERAL DE GOIAS-UF/GO",153052.0,4054.0,"Material","153052-132/2026","AQUISIÇÃO DE MOBILIÁRIOS DOMÉSTICOS","Catálogo do Compras.gov.br","Material",7110.0,"MOBILIÁRIO PARA ESCRITÓRIO",9611.0,"MESA",487700.0,"ALTURA: 0,85, COMPRIMENTO: 1,00, LARGURA: 0,70, MATERIAL: AÇO INOXIDÁVEL","UN",1.0,1350.0,1350.0,0.0,"2026-07-02"]
["UNIVERSIDADE FEDERAL DE GOIAS-UF/GO",153052.0,4060.0,"Material","153052-132/2026","AQUISIÇÃO DE MOBILIÁRIOS DOMÉSTICOS","Catálogo do Compras.gov.br","Material",7105.0,"MOBILIÁRIO DOMÉSTICO",312.0,"BANQUETA",612562.0,"ALTURA: 109, COMPRIMENTO: 45, LARGURA: 46, MATERIAL BASE ASSENTO: POLIPROPILENO, MATERIAL BASE ENCOSTO: POLIPROPILENO, MATERIAL ESTRUTURA: AÇO, TIPO ASSENTO: FIXO","UN",4.0,280.0,1120.0,0.0,"2026-07-02"]
["UNIVERSIDADE FEDERAL DE GOIAS-UF/GO",153052.0,4061.0,"Material","153052-132/2026","AQUISIÇÃO DE MOBILIÁRIOS DOMÉSTICOS","Catálogo do Compras.gov.br","Material",7105.0,"MOBILIÁRIO DOMÉSTICO",18637.0,"PUFE",621485.0,"ALTURA: 45, COR: PRETA, FORMATO: QUADRADO, LARGURA: 41, MATERIAL ESTRUTURA: MADEIRA, PROFUNDIDADE: 41, REVESTIMENTO EXTERNO: COURO SINTÉTICO, REVESTIMENTO INTERNO: ESPUMA DE POLIURETANO","UN",15.0,220.0,3300.0,0.0,"2026-07-02"]
["UNIVERSIDADE FEDERAL DE GOIAS-UF/GO",153052.0,4047.0,"Material","153052-132/2026","AQUISIÇÃO DE MOBILIÁRIOS DOMÉSTICOS","Catálogo do Compras.gov.br","Material",7110.0,"MOBILIÁRIO PARA ESCRITÓRIO",{"$nulls":4},"-",0.0,0.0,30000.0,0.0,"2026-07-02"]
["UNIVERSIDADE FEDERAL DE GOIAS-UF/GO",153052.0,4049.0,"Material","153052-132/2026","AQUISIÇÃO DE MOBILIÁRIOS DOMÉSTICOS","Catálogo do Compras.gov.br","Material",7110.0,"MOBILIÁRIO PARA ESCRITÓRIO",313.0,"CADEIRA ESCRITÓRIO",373525.0,"APOIO BRAÇO: COM BRAÇOS FIXOS, COR: PRETA, MATERIAL ASSENTO: POLIPROPILENO / ESPUMA POLIURETANO INJETADA, MATERIAL ENCOSTO: POLIPROPILENO / ESPUMA POLIURETANO INJETADA, MATERIAL ESTRUTURA: ALUMÍNIO, MATERIAL REVESTIMENTO ASSENTO E ENCOSTO: COURVIN, TIPO BASE: GIRATÓRIA COM 5 RODÍZIOS DUPLOS, TIPO ENCOSTO: MÉDIO, TIPO SISTEMA REGULAGEM VERTICAL: A GÁS","UN",37.0,350.0,12950.0,0.0,"2026-07-02"]
["UNIVERSIDADE FEDERAL DE GOIAS-UF/GO",153052.0,4050.0,"Material","153052-132/2026","AQUISIÇÃO DE MOBILIÁRIOS DOMÉSTICOS","Catálogo do Compras.gov.br","Material",7110.0,"MOBILIÁRIO PARA ESCRITÓRIO",321.0,"MESA ESCRITÓRIO",207257.0,"ALTURA: 0,74, COR ESTRUTURA: PRETA, COR TAMPO: PRETA, LARGURA: 1,50, MATERIAL ESTRUTURA: TUBO METÁLICO, MATERIAL TAMPO: AGLOMERADO, PROFUNDIDADE: 0,75, QUANTIDADE GAVETAS: 3, REVESTIMENTO TAMPO: LAMINADO FENÓLICO MELAMÍNICO, ACABAMENTO ESCRUTURA: PINTADO, TIPO GAVETAS: COM CHAVE","UN",2.0,471.9,943.8,0.0,"2026-07-02"]
["UNIVERSIDADE FEDERAL DE GOIAS-UF/GO",153052.0,4051.0,"Material","153052-132/2026","AQUISIÇÃO DE MOBILIÁRIOS DOMÉSTICOS","Catálogo do Compras.gov.br","Material",7195.0,"MOBILIÁRIOS DIVERSOS E ACESSÓRIOS",13678.0,"CADEIRA FIXA",336644.0,"ACABAMENTO ESTRUTURA: PINTURA ELETROSTÁTICA, CARACTERÍSTICAS ADICIONAIS: SEM BRAÇO, COR: PRETA, MATERIAL ASSENTO: ESPUMA ALTA DENSIDADE, MATERIAL ENCOSTO: ESPUMA ALTA DENSIDADE, MATERIAL ESTRUTURA: AÇO TUBULAR, MATERIAL REVESTIMENTO ASSENTO E ENCOSTO: TECIDO","UN",42.0,140.0,5880.0,0.0,"2026-07-02"]
["UNIVERSIDADE FEDERAL DE GOIAS-UF/GO",153052.0,4052.0,"Material","153052-132/2026","AQUISIÇÃO DE MOBILIÁRIOS DOMÉSTICOS","Catálogo do Compras.gov.br","Material",7105.0,"MOBILIÁRIO DOMÉSTICO",12177.0,"SOFÁ",627153.0,"ALTURA: 87, CARACTERÍSTICAS ADICIONAIS: CONFFORME MODELO, COR: PRETA, LARGURA: 180, MATERIAL ESTRUTURA: MADEIRA DE REFLORESTAMENTO, PROFUNDIDADE: 77, QUANTIDADE ASSENTOS: 3, REVESTIMENTO: CORINO","UN",1.0,4000.0,4000.0,0.0,"2026-07-02"]
["UNIVERSIDADE FEDERAL DE GOIAS-UF/GO",153052.0,4062.0,"Material","153052-132/2026","AQUISIÇÃO DE MOBILIÁRIOS DOMÉSTICOS","Catálogo do Compras.gov.br","Material",7105.0,"MOBILIÁRIO DOMÉSTICO",18637.0,"PUFE",462069.0,"ALTURA: 100, COR: AMARELO, FORMATO: REDONDO, LARGURA: 90, MATERIAL ESTRUTURA: COURO SINTÉTICO, PROFUNDIDADE: 90, REVESTIMENTO EXTERNO: COURO SINTÉTICO, REVESTIMENTO INTERNO: FLOCOS DE ISOPOR","UN",30.0,300.0,9000.0,0.0,"2026-07-02"]
["UNIVERSIDADE FEDERAL DE GOIAS-UF/GO",153052.0,4063.0,"Material","153052-132/2026","AQUISIÇÃO DE MOBILIÁRIOS DOMÉSTICOS","Catálogo do Compras.gov.br","Material",7105.0,"MOBILIÁRIO DOMÉSTICO",18637.0,"PUFE",430464.0,"ALTURA: 42, CARACTERÍSTICAS ADICIONAIS: COM PÉS, FORMATO: QUADRADO, LARGURA: 32, MATERIAL ESTRUTURA: COURO SINTÉTICO, PROFUNDIDADE: 32, REVESTIMENTO EXTERNO: COURINO, REVESTIMENTO INTERNO: FLOCOS DE ISOPOR","UN",15.0,55.0,825.0,0.0,"2026-07-02"]
["UNIVERSIDADE FEDERAL DE GOIAS-UF/GO",153052.0,4068.0,"Material","153052-64/2026","BC E OUTROS - MATERIAIS PARA CONSERVAÇÃO DE LIVROS","Catálogo do Compras.gov.br","Material",3455.0,"FERRAMENTAS DE CORTAR PARA MÁQUINAS FERRAMENTA",17945.0,"LÂMINA",466020.0,"APLICAÇÃO: MÁQUINA CORTE DE TECIDO, DIÂMETRO: 12, MATERIAL: AÇO","UN",10.0,20.0,200.0,0.0,"2026-07-01"]
["UNIVERSIDADE FEDERAL DE GOIAS-UF/GO",153052.0,4084.0,"Material","153052-128/2026","AQUISIÇÃO DE RELÓGIO DE PAREDE","Catálogo do Compras.gov.br","Material",6645.0,"INSTRUMENTOS PARA MEDIÇÃO DE TEMPO",482.0,"RELÓGIO",330252.0,"CARACTERÍSTICAS ADICIONAIS: 4 DÍGITOS LED, 100MMX60MM, REDE RS-485, 110/220 V, FUNCIONAMENTO: ELÉTRICO, MATERIAL: POLIURETANO RÍGIDO, MOSTRADOR: DIGITAL, TIPO: PAREDE","UN",10.0,160.0,1600.0,0.0,"2026-09-02"]
["UNIVERSIDADE FEDERAL DE GOIAS-UF/GO",153052.0,4064.0,"Material","153052-64/2026","BC E OUTROS - MATERIAIS PARA CONSERVAÇÃO DE LIVROS","Catálogo do Compras.gov.br","Material",7610.0,"LIVROS E FOLHETOS",13926.0,"FITA RECUPERAÇÃO OBRA ARTE",363081.0,"ACIDEZ: NEUTRA, APLICAÇÃO: TRATAMENTO EMERGENCIAL EM OBRAS RARAS, COMPRIMENTO: 15,24, LARGURA: 1,27, MATERIAL: PAPEL SEM POLPA DE MADEIRA, MATERIAL REVESTIMENTO: ADESIVO SOLÚVEL EM ÁGUA, TIPO: ADESIVA, TRANSMITÂNCIA: OPACA","UN",2.0,300.0,600.0,0.0,"2026-07-01"]
["UNIVERSIDADE FEDERAL DE GOIAS-UF/GO",153052.0,4065.0,"Material","153052-64/2026","BC E OUTROS - MATERIAIS PARA CONSERVAÇÃO DE LIVROS","Catálogo do Compras.gov.br","Material",7610.0,"LIVROS E FOLHETOS",13926.0,"FITA RECUPERAÇÃO OBRA ARTE",414794.0,"APLICAÇÃO: TRATAMENTO EMERGENCIAL EM OBRAS RARAS, COMPRIMENTO: 25, LARGURA: 2, MATERIAL: FIBRA ALGODÃO, TIPO: ADESIVA","UN",2.0,380.0,760.0,0.0,"2026-07-01"]
["UNIVERSIDADE FEDERAL DE GOIAS-UF/GO",153052.0,4066.0,"Material","153052-64/2026","BC E OUTROS - MATERIAIS PARA CONSERVAÇÃO DE LIVROS","Catálogo do Compras.gov.br","Material",8040.0,"ADESIVOS",13894.0,"COLA",620758.0,"APLICAÇÃO: CONSERVAÇÃO, APRESENTAÇÃO: POTE 226 G, COMPOSIÇÃO: ADESIVO COM PH NEUTRO FEITO DE AMIDO DE TRIGO ALTA, TIPO: PÓ","FR",1.0,713.0,713.0,0.0,"2026-07-01"]
["UNIVERSIDADE FEDERAL DE GOIAS-UF/GO",153052.0,4067.0,"Material","153052-64/2026","BC E OUTROS - MATERIAIS PARA CONSERVAÇÃO DE LIVROS","Catálogo do Compras.gov.br","Material",8040.0,"ADESIVOS",13894.0,"COLA",315126.0,"APLICAÇÃO: ACRÍLICO, COMPOSIÇÃO: 95% MONÔMERO DE METACRILATO DE METILA XAROPOSO CAS, COR: INCOLOR, TIPO: LÍQUIDO VISCOSO","FR",1.0,116.8,116.8,0.0,"2026-07-01"]
["UNIVERSIDADE FEDERAL DE GOIAS-UF/GO",153052.0,4079.0,"Material","153052-68/2026","LABROROCHA - Reagentes dosagens bioquímicas","Catálogo do Compras.gov.br","Material",6810.0,"PRODUTOS QUÍMICOS",2146.0,"ÁGAR",null,null,"-",0.0,0.0,120000.0,0.0,"2026-12-01"]
["UNIVERSIDADE FEDERAL DE GOIAS-UF/GO",153052.0,4080.0,"Material","153052-68/2026","LABROROCHA - Reagentes dosagens bioquímicas","Catálogo do Compras.gov.br","Material",6550.0,"SUBSTÂNCIAS PARA DIAGNÓSTICO \"IN VITRO\",  REAGENTES,  CONJUNTOS E JOGOS PARA TESTE",13627.0,"REAGENTE",null,null,"-",0.0,0.0,150000.0,0.0,"2026-12-01"]
["UNIVERSIDADE FEDERAL DE GOIAS-UF/GO",153052.0,4081.0,"Material","153052-68/2026","LABROROCHA - Reagentes dosagens bioquímicas","Catálogo do Compras.gov.br","Material",6515.0,"INSTRUMENTOS, EQUIPAMENTOS E SUPRIMENTOS MÉDICOS  E  CIRÚRGICOS",5649.0,"CONJUNTO COLETA COMPONENTES SANGUE",null,null,"-",0.0,0.0,150000.0,0.0,"2026-12-01"]
["UNIVERSIDADE FEDERAL DE GOIAS-UF/GO",153052.0,4073.0,"Material","153052-66/2026","EQUIPAMENTO PARA IMPRESSÃO, DUPLICAÇÃO E ENCADERNAÇÃO","Catálogo do Compras.gov.br","Material",3610.0,"EQUIPAMENTO PARA IMPRESSÃO, DUPLICAÇÃO E ENCADERNAÇÃO",15048.0,"PRENSA FOTOLITROGRÁFICA",479384.0,"APLICAÇÃO: GRAVAÇÃO DE MATERIAIS CILÍNDRICOS E CÔNICOS, CARACTERÍSTICAS ADICIONAIS: DUPLA, DISPLAY DIGITAL COM TIMER E TEMPERATURA, AV, DIMENSÕES: 36 X 22 X 44 CM, MATERIAL: METAL, TENSÃO: 220 V","UN",1.0,1500.0,1500.0,0.0,"2026-08-10"]
["UNIVERSIDADE FEDERAL DE GOIAS-UF/GO",153052.0,4074.0,"Material","153052-66/2026","EQUIPAMENTO PARA IMPRESSÃO, DUPLICAÇÃO E ENCADERNAÇÃO","Catálogo do Compras.gov.br","Material",3610.0,"EQUIPAMENTO PARA IMPRESSÃO, DUPLICAÇÃO E ENCADERNAÇÃO",9314.0,"MAQUINA MANUAL DE ENCADERNAR",415278.0,"ALTURA: 26, CAPACIDADE FOLHAS: 270, CARACTERÍSTICAS ADICIONAIS: COM MARGEADOR E LIXEIRA/GARRAS DUPLO ANEL(WIRE-0), COMPRIMENTO: 39, LARGURA: 39, MATERIAL: FERRO, TIPO: MESA, TRATAMENTO SUPERFICIAL: PINTURA EM EPÓXI","UN",1.0,650.0,650.0,0.0,"2026-08-10"]
["UNIVERSIDADE FEDERAL DE GOIAS-UF/GO",153052.0,4082.0,"Material","153052-129/2026","AQUISIÇÃO DE EXTINTORES","Catálogo do Compras.gov.br","Material",4210.0,"EQUIPAMENTOS PARA COMBATE A INCÊNDIO",1301.0,"EXTINTOR INCÊNDIO",623903.0,"ACABAMENTO SUPERFICIAL CILINDRO: PINTURA EPÓXI-PÓ ELETROSTÁTICO, APLICAÇÃO: INCÊNDIO CLASSE \"A\", \"B\" E \"C\", CAPACIDADE: 6, MATERIAL CARGA: PÓ QUÍMICO SECO - PQS, MATERIAL CILINDRO: AÇO CARBÔNICO, MATERIAL MANGUEIRA: BORRACHA, MATERIAL TRAMA: NYLON, MATERIAL VÁLVULA SAÍDA: LATÃO FORJADO, NORMAS TÉCNICAS: NBR 15808, PRESSÃO SERVIÇO: 10,5","CIL",1.0,500.0,500.0,0.0,"2026-07-02"]
["UNIVERSIDADE FEDERAL DE GOIAS-UF/GO",153052.0,4075.0,"Serviço","153052-131/2026","PRAE - Manutenção preventiva dos equipamentos da Academia do Centro de Lazer e Esportes","Catálogo do Compras.gov.br","Serviço",871.0,"SERVIÇOS DE MANUTENÇÃO E REPARO DE PRODUTOS FABRICADOS DE METAL,MAQUINARIA E EQUIPAMENTOS",null,null,16284.0,"MANUTENÇÃO E REPARO EM EQUIPAMENTO DE CONDICIONAMENTO FÍSICO/ ERGOMÉTRICO","UN",1.0,30000.0,30000.0,0.0,"2026-12-07"]
["UNIVERSIDADE FEDERAL DE GOIAS-UF/GO",153052.0,4072.0,"Material","153052-66/2026","EQUIPAMENTO PARA IMPRESSÃO, DUPLICAÇÃO E ENCADERNAÇÃO","Catálogo do Compras.gov.br","Material",3610.0,"EQUIPAMENTO PARA IMPRESSÃO, DUPLICAÇÃO E ENCADERNAÇÃO",10521.0,"PEÇA / ACESSÓRIO - IMPRESSORA / COPIADORA",473615.0,"APLICAÇÃO 1: IMPRESSORA BROTHER MFC-8712DW, REFERÊNCIA 2: DR-3302, TIPO 2: CILINDRO FOTOCONDUTOR","UN",1.0,650.0,650.0,0.0,"2026-08-10"]
["UNIVERSIDADE FEDERAL DE GOIAS-UF/GO",153052.0,4248.0,"Material","153052-86/2026","SEINFRA E OUTROS - MATERIAIS PARA JARDIM (ACESSÓRIOS PARA MANGUEIRAS, CANOS E TUBOS)","Catálogo do Compras.gov.br","Material",9150.0,"ÓLEOS E GRAXAS PARA CORTE, LUBRIFICAÇÃO E SISTEMAS  HIDRÁULICOS",19742.0,"ÓLEO LUBRIFICANTE",461662.0,"CLASSIFICAÇÃO: DIN 51524, TIPO: SINTÉTICO, USO: PARA EQUIPAMENTOS AGRÍCOLAS, VISCOSIDADE: ISO 68","GL",10.0,1800.0,18000.0,0.0,"2026-10-30"]
["UNIVERSIDADE FEDERAL DE GOIAS-UF/GO",153052.0,4249.0,"Material","153052-86/2026","SEINFRA E OUTROS - MATERIAIS PARA JARDIM (ACESSÓRIOS PARA MANGUEIRAS, CANOS E TUBOS)","Catálogo do Compras.gov.br","Material",3230.0,"FERRAMENTAS E ACESSÓRIOS DE MÁQUINAS PARA TRABALHO EM  MADEIRA",17560.0,"PEÇA / ACESSÓRIO - MOTOSERRA",486067.0,"APLICAÇÃO: MOTOSSERRA STIHL MS 170, CARACTERÍSTICAS ADICIONAIS: 22 DENTES RANHURA DE 1,1MM, PASSO 3/8\",SABRE 30 CM, TIPO: CORRENTE","UN",24.0,380.0,9120.0,0.0,"2026-10-30"]
["UNIVERSIDADE FEDERAL DE GOIAS-UF/GO",153052.0,4250.0,"Material","153052-86/2026","SEINFRA E OUTROS - MATERIAIS PARA JARDIM (ACESSÓRIOS PARA MANGUEIRAS, CANOS E TUBOS)","Catálogo do Compras.gov.br","Material",3230.0,"FERRAMENTAS E ACESSÓRIOS DE MÁQUINAS PARA TRABALHO EM  MADEIRA",17560.0,"PEÇA / ACESSÓRIO - MOTOSERRA",263701.0,"APLICAÇÃO: MOTOSSERRA STIHL MODELO 038 MAGNUM, REFERÊNCIA: 11191201605, TIPO: FILTRO DE AR TELA DE ARAME","UN",6.0,30.0,180.0,0.0,"2026-10-30"]
["UNIVERSIDADE FEDERAL DE GOIAS-UF/GO",153052.0,4251.0,"Material","153052-86/2026","SEINFRA E OUTROS - MATERIAIS PARA JARDIM (ACESSÓRIOS PARA MANGUEIRAS, CANOS E TUBOS)","Catálogo do Compras.gov.br","Material",3230.0,"FERRAMENTAS E ACESSÓRIOS DE MÁQUINAS PARA TRABALHO EM  MADEIRA",17560.0,"PEÇA / ACESSÓRIO - MOTOSERRA",397824.0,"APLICAÇÃO: MOTOSSERRA STIHL 08S, REFERÊNCIA: 11081200610, TIPO: CARBURADOR","UN",6.0,250.0,1500.0,0.0,"2026-10-30"]
["UNIVERSIDADE FEDERAL DE GOIAS-UF/GO",153052.0,4252.0,"Material","153052-86/2026","SEINFRA E OUTROS - MATERIAIS PARA JARDIM (ACESSÓRIOS PARA MANGUEIRAS, CANOS E TUBOS)","Catálogo do Compras.gov.br","Material",3230.0,"FERRAMENTAS E ACESSÓRIOS DE MÁQUINAS PARA TRABALHO EM  MADEIRA",17560.0,"PEÇA / ACESSÓRIO - MOTOSERRA",402257.0,"APLICAÇÃO: MOTOSSERRA STIHL, REFERÊNCIA 2: 00004007000, TIPO: VELA DE IGNIÇÃO","UN",6.0,80.0,480.0,0.0,"2026-10-30"]
["UNIVERSIDADE FEDERAL DE GOIAS-UF/GO",153052.0,4253.0,"Material","153052-86/2026","SEINFRA E OUTROS - MATERIAIS PARA JARDIM (ACESSÓRIOS PARA MANGUEIRAS, CANOS E TUBOS)","Catálogo do Compras.gov.br","Material",3230.0,"FERRAMENTAS E ACESSÓRIOS DE MÁQUINAS PARA TRABALHO EM  MADEIRA",17560.0,"PEÇA / ACESSÓRIO - MOTOSERRA",401517.0,"APLICAÇÃO: MOTOSSERRA STIHL, REFERÊNCIA 2: 30030019213, TIPO: CORRENTE","UN",24.0,450.0,10800.0,0.0,"2026-10-30"]
["UNIVERSIDADE FEDERAL DE GOIAS-UF/GO",153052.0,4254.0,"Material","153052-86/2026","SEINFRA E OUTROS - MATERIAIS PARA JARDIM (ACESSÓRIOS PARA MANGUEIRAS, CANOS E TUBOS)","Catálogo do Compras.gov.br","Material",3230.0,"FERRAMENTAS E ACESSÓRIOS DE MÁQUINAS PARA TRABALHO EM  MADEIRA",17560.0,"PEÇA / ACESSÓRIO - MOTOSERRA",263701.0,"APLICAÇÃO: MOTOSSERRA STIHL MODELO 038 MAGNUM, REFERÊNCIA: 11191201605, TIPO: FILTRO DE AR TELA DE ARAME","UN",6.0,25.0,150.0,0.0,"2026-10-30"]
["UNIVERSIDADE FEDERAL DE GOIAS-UF/GO",153052.0,4255.0,"Material","153052-86/2026","SEINFRA E OUTROS - MATERIAIS PARA JARDIM (ACESSÓRIOS PARA MANGUEIRAS, CANOS E TUBOS)","Catálogo do Compras.gov.br","Material",3230.0,"FERRAMENTAS E ACESSÓRIOS DE MÁQUINAS PARA TRABALHO EM  MADEIRA",17560.0,"PEÇA / ACESSÓRIO - MOTOSERRA",397824.0,"APLICAÇÃO: MOTOSSERRA STIHL 08S, REFERÊNCIA: 11081200610, TIPO: CARBURADOR","UN",6.0,180.0,1080.0,0.0,"2026-10-30"]
["UNIVERSIDADE FEDERAL DE GOIAS-UF/GO",153052.0,4256.0,"Material","153052-86/2026","SEINFRA E OUTROS - MATERIAIS PARA JARDIM (ACESSÓRIOS PARA MANGUEIRAS, CANOS E TUBOS)","Catálogo do Compras.gov.br","Material",3230.0,"FERRAMENTAS E ACESSÓRIOS DE MÁQUINAS PARA TRABALHO EM  MADEIRA",17560.0,"PEÇA / ACESSÓRIO - MOTOSERRA",402257.0,"APLICAÇÃO: MOTOSSERRA STIHL, REFERÊNCIA 2: 00004007000, TIPO: VELA DE IGNIÇÃO","UN",6.0,100.0,600.0,0.0,"2026-10-30"]
["UNIVERSIDADE FEDERAL DE GOIAS-UF/GO",153052.0,4257.0,"Material","153052-86/2026","SEINFRA E OUTROS - MATERIAIS PARA JARDIM (ACESSÓRIOS PARA MANGUEIRAS, CANOS E TUBOS)","Catálogo do Compras.gov.br","Material",3230.0,"FERRAMENTAS E ACESSÓRIOS DE MÁQUINAS PARA TRABALHO EM  MADEIRA",17560.0,"PEÇA / ACESSÓRIO - MOTOSERRA",401517.0,"APLICAÇÃO: MOTOSSERRA STIHL, REFERÊNCIA 2: 30030019213, TIPO: CORRENTE","UN",24.0,600.0,14400.0,0.0,"2026-10-30"]
["UNIVERSIDADE FEDERAL DE GOIAS-UF/GO",153052.0,4258.0,"Material","153052-86/2026","SEINFRA E OUTROS - MATERIAIS PARA JARDIM (ACESSÓRIOS PARA MANGUEIRAS, CANOS E TUBOS)","Catálogo do Compras.gov.br","Material",3230.0,"FERRAMENTAS E ACESSÓRIOS DE MÁQUINAS PARA TRABALHO EM  MADEIRA",17560.0,"PEÇA / ACESSÓRIO - MOTOSERRA",263701.0,"APLICAÇÃO: MOTOSSERRA STIHL MODELO 038 MAGNUM, REFERÊNCIA: 11191201605, TIPO: FILTRO DE AR TELA DE ARAME","UN",6.0,130.0,780.0,0.0,"2026-10-30"]
["UNIVERSIDADE FEDERAL DE GOIAS-UF/GO",153052.0,4085.0,"Material","153052-71/2026","LABROROCHA - REAGENTES PARA REALIZAÇÃO DE HEMOGRAMA, COM COMODATO","Catálogo do Compras.gov.br","Material",6550.0,"SUBSTÂNCIAS PARA DIAGNÓSTICO \"IN VITRO\",  REAGENTES,  CONJUNTOS E JOGOS PARA TESTE",19105.0,"REAGENTE PARA DIAGNÓSTICO CLÍNICO 7",399552.0,"CARACTERÍSTICAS ADICIONAIS: PARA EQUIPAMENTO HEMATOLOGIA - HEMOGRAMA, COMPONENTES ADICIONAIS: HEMOLISANTES, DILUENTES, CALIBRADORES, CONTROLES, OUTROS COMPONENTES: SOLUÇÕES DE LIMPEZA, TIPO: CONJUNTO COMPLETO","TESTE",20000.0,3.35,67000.0,0.0,"2026-10-01"]
["UNIVERSIDADE FEDERAL DE GOIAS-UF/GO",153052.0,4087.0,"Material","153052-72/2026","LABROROCHA - Reagentes para dosagens bioquímicas com comodato","Catálogo do Compras.gov.br","Material",6550.0,"SUBSTÂNCIAS PARA DIAGNÓSTICO \"IN VITRO\",  REAGENTES,  CONJUNTOS E JOGOS PARA TESTE",{"$nulls":4},"-",0.0,0.0,390000.0,0.0,"2026-06-01"]
["UNIVERSIDADE FEDERAL DE GOIAS-UF/GO",153052.0,4086.0,"Material","153052-126/2026","PRPI - MARAVALHA","Catálogo do Compras.gov.br","Material",5510.0,"TÁBUAS E ARTIGOS CORRELATOS À BASE DE MADEIRA",4709.0,"CAVACO MADEIRA",440966.0,"APRESENTAÇÃO: MARAVALHAS COM 25 X 37 X 19 CM, CARACTERÍSTICAS ADICIONAIS: IRRADIADA ATRAVÉS DE RAIOS GAMA: 7,5 A 10 KGY, TIPO: PINUS","UN",1000.0,144.0,144000.0,0.0,"2026-06-02"]
["UNIVERSIDADE FEDERAL DE GOIAS-UF/GO",153052.0,4088.0,"Material","153052-73/2026","LABROROCHA - Reagentes para dosagens hormonais com comodato","Catálogo do Compras.gov.br","Material",6550.0,"SUBSTÂNCIAS PARA DIAGNÓSTICO \"IN VITRO\",  REAGENTES,  CONJUNTOS E JOGOS PARA TESTE",{"$nulls":4},"-",0.0,0.0,860000.0,0.0,"2026-05-01"]
["UNIVERSIDADE FEDERAL DE GOIAS-UF/GO",153052.0,4247.0,"Material","153052-86/2026","SEINFRA E OUTROS - MATERIAIS PARA JARDIM (ACESSÓRIOS PARA MANGUEIRAS, CANOS E TUBOS)","Catálogo do Compras.gov.br","Material",5610.0,"MATERIAIS DE ORIGEM MINERAL PARA CONSTRUÇÃO, A GRANEL",4184.0,"CAL HIDRATADA",329857.0,"APLICAÇÃO: CONSTRUÇÃO CIVIL, COR: CREME, MATERIAL: HIDRÓXIDO DE CÁLCIO, ASPECTO FÍSICO: PÓ","SC",3.0,19.62,58.86,0.0,"2026-10-30"]
["UNIVERSIDADE FEDERAL DE GOIAS-UF/GO",153052.0,4259.0,"Material","153052-86/2026","SEINFRA E OUTROS - MATERIAIS PARA JARDIM (ACESSÓRIOS PARA MANGUEIRAS, CANOS E TUBOS)","Catálogo do Compras.gov.br","Material",3230.0,"FERRAMENTAS E ACESSÓRIOS DE MÁQUINAS PARA TRABALHO EM  MADEIRA",17560.0,"PEÇA / ACESSÓRIO - MOTOSERRA",397824.0,"APLICAÇÃO: MOTOSSERRA STIHL 08S, REFERÊNCIA: 11081200610, TIPO: CARBURADOR","UN",6.0,195.0,1170.0,0.0,"2026-10-30"]
["UNIVERSIDADE FEDERAL DE GOIAS-UF/GO",153052.0,4260.0,"Material","153052-86/2026","SEINFRA E OUTROS - MATERIAIS PARA JARDIM (ACESSÓRIOS PARA MANGUEIRAS, CANOS E TUBOS)","Catálogo do Compras.gov.br","Material",3230.0,"FERRAMENTAS E ACESSÓRIOS DE MÁQUINAS PARA TRABALHO EM  MADEIRA",17560.0,"PEÇA / ACESSÓRIO - MOTOSERRA",402257.0,"APLICAÇÃO: MOTOSSERRA STIHL, REFERÊNCIA 2: 00004007000, TIPO: VELA DE IGNIÇÃO","UN",6.0,70.0,420.0,0.0,"2026-10-30"]
["UNIVERSIDADE FEDERAL DE GOIAS-UF/GO",153052.0,4261.0,"Material","153052-86/2026","SEINFRA E OUTROS - MATERIAIS PARA JARDIM (ACESSÓRIOS PARA MANGUEIRAS, CANOS E TUBOS)","Catálogo do Compras.gov.br","Material",3230.0,"FERRAMENTAS E ACESSÓRIOS DE MÁQUINAS PARA TRABALHO EM  MADEIRA",17560.0,"PEÇA / ACESSÓRIO - MOTOSERRA",401517.0,"APLICAÇÃO: MOTOSSERRA STIHL, REFERÊNCIA 2: 30030019213, TIPO: CORRENTE","UN",24.0,620.0,14880.0,0.0,"2026-10-30"]
["UNIVERSIDADE FEDERAL DE GOIAS-UF/GO",153052.0,4262.0,"Material","153052-86/2026","SEINFRA E OUTROS - MATERIAIS PARA JARDIM (ACESSÓRIOS PARA MANGUEIRAS, CANOS E TUBOS)","Catálogo do Compras.gov.br","Material",3230.0,"FERRAMENTAS E ACESSÓRIOS DE MÁQUINAS PARA TRABALHO EM  MADEIRA",17560.0,"PEÇA / ACESSÓRIO - MOTOSERRA",263701.0,"APLICAÇÃO: MOTOSSERRA STIHL MODELO 038 MAGNUM, REFERÊNCIA: 11191201605, TIPO: FILTRO DE AR TELA DE ARAME","UN",6.0,55.0,330.0,0.0,"2026-10-30"]
["UNIVERSIDADE FEDERAL DE GOIAS-UF/GO",153052.0,4263.0,"Material","153052-86/2026","SEINFRA E OUTROS - MATERIAIS PARA JARDIM (ACESSÓRIOS PARA MANGUEIRAS, CANOS E TUBOS)","Catálogo do Compras.gov.br","Material",3230.0,"FERRAMENTAS E ACESSÓRIOS DE MÁQUINAS PARA TRABALHO EM  MADEIRA",17560.0,"PEÇA / ACESSÓRIO - MOTOSERRA",397824.0,"APLICAÇÃO: MOTOSSERRA STIHL 08S, REFERÊNCIA: 11081200610, TIPO: CARBURADOR","UN",6.0,140.0,840.0,0.0,"2026-10-30"]
["UNIVERSIDADE FEDERAL DE GOIAS-UF/GO",153052.0,4264.0,"Material","153052-86/2026","SEINFRA E OUTROS - MATERIAIS PARA JARDIM (ACESSÓRIOS PARA MANGUEIRAS, CANOS E TUBOS)","Catálogo do Compras.gov.br","Material",3230.0,"FERRAMENTAS E ACESSÓRIOS DE MÁQUINAS PARA TRABALHO EM  MADEIRA",17560.0,"PEÇA / ACESSÓRIO - MOTOSERRA",402257.0,"APLICAÇÃO: MOTOSSERRA STIHL, REFERÊNCIA 2: 00004007000, TIPO: VELA DE IGNIÇÃO","UN",6.0,140.0,840.0,0.0,"2026-10-30"]
["UNIVERSIDADE FEDERAL DE GOIAS-UF/GO",153052.0,4265.0,"Material","153052-86/2026","SEINFRA E OUTROS - MATERIAIS PARA JARDIM (ACESSÓRIOS PARA MANGUEIRAS, CANOS E TUBOS)","Catálogo do Compras.gov.br","Material",3230.0,"FERRAMENTAS E ACESSÓRIOS DE MÁQUINAS PARA TRABALHO EM  MADEIRA",17560.0,"PEÇA / ACESSÓRIO - MOTOSERRA",626121.0,"APLICAÇÃO: MOTOSERRA MODELO STHIL MS 361, CARACTERÍSTICAS ADICIONAIS: 30 DENTES SERRAR MADEIRA, TIPO: CORRENTE","UN",24.0,420.0,10080.0,0.0,"2026-10-30"]
["UNIVERSIDADE FEDERAL DE GOIAS-UF/GO",153052.0,4266.0,"Material","153052-86/2026","SEINFRA E OUTROS - MATERIAIS PARA JARDIM (ACESSÓRIOS PARA MANGUEIRAS, CANOS E TUBOS)","Catálogo do Compras.gov.br","Material",3230.0,"FERRAMENTAS E ACESSÓRIOS DE MÁQUINAS PARA TRABALHO EM  MADEIRA",17560.0,"PEÇA / ACESSÓRIO - MOTOSERRA",263701.0,"APLICAÇÃO: MOTOSSERRA STIHL MODELO 038 MAGNUM, REFERÊNCIA: 11191201605, TIPO: FILTRO DE AR TELA DE ARAME","UN",6.0,56.0,336.0,0.0,"2026-10-30"]
["UNIVERSIDADE FEDERAL DE GOIAS-UF/GO",153052.0,4267.0,"Material","153052-86/2026","SEINFRA E OUTROS - MATERIAIS PARA JARDIM (ACESSÓRIOS PARA MANGUEIRAS, CANOS E TUBOS)","Catálogo do Compras.gov.br","Material",3230.0,"FERRAMENTAS E ACESSÓRIOS DE MÁQUINAS PARA TRABALHO EM  MADEIRA",17560.0,"PEÇA / ACESSÓRIO - MOTOSERRA",397824.0,"APLICAÇÃO: MOTOSSERRA STIHL 08S, REFERÊNCIA: 11081200610, TIPO: CARBURADOR","UN",6.0,600.0,3600.0,0.0,"2026-10-30"]
["UNIVERSIDADE FEDERAL DE GOIAS-UF/GO",153052.0,4268.0,"Material","153052-86/2026","SEINFRA E OUTROS - MATERIAIS PARA JARDIM (ACESSÓRIOS PARA MANGUEIRAS, CANOS E TUBOS)","Catálogo do Compras.gov.br","Material",3230.0,"FERRAMENTAS E ACESSÓRIOS DE MÁQUINAS PARA TRABALHO EM  MADEIRA",17560.0,"PEÇA / ACESSÓRIO - MOTOSERRA",397809.0,"APLICAÇÃO: MOTOSSERRA STIHL 08S, REFERÊNCIA: CJ8Y, TIPO: VELA IGNIÇÃO","UN",6.0,70.0,420.0,0.0,"2026-10-30"]
["UNIVERSIDADE FEDERAL DE GOIAS-UF/GO",153052.0,4269.0,"Material","153052-86/2026","SEINFRA E OUTROS - MATERIAIS PARA JARDIM (ACESSÓRIOS PARA MANGUEIRAS, CANOS E TUBOS)","Catálogo do Compras.gov.br","Material",3230.0,"FERRAMENTAS E ACESSÓRIOS DE MÁQUINAS PARA TRABALHO EM  MADEIRA",17560.0,"PEÇA / ACESSÓRIO - MOTOSERRA",401517.0,"APLICAÇÃO: MOTOSSERRA STIHL, REFERÊNCIA 2: 30030019213, TIPO: CORRENTE","UN",24.0,650.0,15600.0,0.0,"2026-10-30"]
["UNIVERSIDADE FEDERAL DE GOIAS-UF/GO",153052.0,4270.0,"Material","153052-86/2026","SEINFRA E OUTROS - MATERIAIS PARA JARDIM (ACESSÓRIOS PARA MANGUEIRAS, CANOS E TUBOS)","Catálogo do Compras.gov.br","Material",3230.0,"FERRAMENTAS E ACESSÓRIOS DE MÁQUINAS PARA TRABALHO EM  MADEIRA",17560.0,"PEÇA / ACESSÓRIO - MOTOSERRA",400621.0,"APLICAÇÃO: MOTOPODA SHINDAIWA MODELO M-230, REFERÊNCIA 1: 9226622, TIPO 1: CORRENTE P 3/8 0,043 GA 19 DENTES","UN",24.0,65.0,1560.0,0.0,"2026-10-30"]
["UNIVERSIDADE FEDERAL DE GOIAS-UF/GO",153052.0,4271.0,"Material","153052-86/2026","SEINFRA E OUTROS - MATERIAIS PARA JARDIM (ACESSÓRIOS PARA MANGUEIRAS, CANOS E TUBOS)","Catálogo do Compras.gov.br","Material",3230.0,"FERRAMENTAS E ACESSÓRIOS DE MÁQUINAS PARA TRABALHO EM  MADEIRA",17560.0,"PEÇA / ACESSÓRIO - MOTOSERRA",397824.0,"APLICAÇÃO: MOTOSSERRA STIHL 08S, REFERÊNCIA: 11081200610, TIPO: CARBURADOR","UN",24.0,400.0,9600.0,0.0,"2026-10-30"]
["UNIVERSIDADE FEDERAL DE GOIAS-UF/GO",153052.0,4272.0,"Material","153052-86/2026","SEINFRA E OUTROS - MATERIAIS PARA JARDIM (ACESSÓRIOS PARA MANGUEIRAS, CANOS E TUBOS)","Catálogo do Compras.gov.br","Material",3230.0,"FERRAMENTAS E ACESSÓRIOS DE MÁQUINAS PARA TRABALHO EM  MADEIRA",17560.0,"PEÇA / ACESSÓRIO - MOTOSERRA",402257.0,"APLICAÇÃO: MOTOSSERRA STIHL, REFERÊNCIA 2: 00004007000, TIPO: VELA DE IGNIÇÃO","UN",24.0,70.0,1680.0,0.0,"2026-10-30"]
["UNIVERSIDADE FEDERAL DE GOIAS-UF/GO",153052.0,4273.0,"Material","153052-86/2026","SEINFRA E OUTROS - MATERIAIS PARA JARDIM (ACESSÓRIOS PARA MANGUEIRAS, CANOS E TUBOS)","Catálogo do Compras.gov.br","Material",3230.0,"FERRAMENTAS E ACESSÓRIOS DE MÁQUINAS PARA TRABALHO EM  MADEIRA",17560.0,"PEÇA / ACESSÓRIO - MOTOSERRA",263701.0,"APLICAÇÃO: MOTOSSERRA STIHL MODELO 038 MAGNUM, REFERÊNCIA: 11191201605, TIPO: FILTRO DE AR TELA DE ARAME","UN",96.0,272.0,26112.0,0.0,"2026-10-30"]
["UNIVERSIDADE FEDERAL DE GOIAS-UF/GO",153052.0,4274.0,"Material","153052-86/2026","SEINFRA E OUTROS - MATERIAIS PARA JARDIM (ACESSÓRIOS PARA MANGUEIRAS, CANOS E TUBOS)","Catálogo do Compras.gov.br","Material",2940.0,"FILTROS DE AR E DE ÓLEO, ELEMENTOS FILTRANTES E PURIFICADO- RES DE MOTORES, EXCETO DE AERONAVES",7466.0,"FILTRO COMBUSTÍVEL",612437.0,"APLICAÇÃO 1: VEÍCULO VAN KOMBI VW TORK 1.6, 2004/2005, REFERÊNCIA FABRICANTE: 5X0201511, TIPO: FILTRO TANQUE DE COMBUSTÍVEL, TIPO COMBUSTÍVEL: GASOLINA","UN",96.0,204.0,19584.0,0.0,"2026-10-30"]
["UNIVERSIDADE FEDERAL DE GOIAS-UF/GO",153052.0,4275.0,"Material","153052-86/2026","SEINFRA E OUTROS - MATERIAIS PARA JARDIM (ACESSÓRIOS PARA MANGUEIRAS, CANOS E TUBOS)","Catálogo do Compras.gov.br","Material",2940.0,"FILTROS DE AR E DE ÓLEO, ELEMENTOS FILTRANTES E PURIFICADO- RES DE MOTORES, EXCETO DE AERONAVES",7471.0,"FILTRO ÓLEO HIDRÁULICO",247743.0,"APLICAÇÃO: TRATOR VALMET,ANO 88,SÉRIE PRATA, REFERÊNCIA: 306060.00, USO: SISTEMA HIDRÁULICO","UN",96.0,242.0,23232.0,0.0,"2026-10-30"]
["UNIVERSIDADE FEDERAL DE GOIAS-UF/GO",153052.0,4276.0,"Material","153052-86/2026","SEINFRA E OUTROS - MATERIAIS PARA JARDIM (ACESSÓRIOS PARA MANGUEIRAS, CANOS E TUBOS)","Catálogo do Compras.gov.br","Material",2940.0,"FILTROS DE AR E DE ÓLEO, ELEMENTOS FILTRANTES E PURIFICADO- RES DE MOTORES, EXCETO DE AERONAVES",7471.0,"FILTRO ÓLEO HIDRÁULICO",247743.0,"APLICAÇÃO: TRATOR VALMET,ANO 88,SÉRIE PRATA, REFERÊNCIA: 306060.00, USO: SISTEMA HIDRÁULICO","UN",48.0,215.0,10320.0,0.0,"2026-10-30"]
["UNIVERSIDADE FEDERAL DE GOIAS-UF/GO",153052.0,4277.0,"Material","153052-86/2026","SEINFRA E OUTROS - MATERIAIS PARA JARDIM (ACESSÓRIOS PARA MANGUEIRAS, CANOS E TUBOS)","Catálogo do Compras.gov.br","Material",9150.0,"ÓLEOS E GRAXAS PARA CORTE, LUBRIFICAÇÃO E SISTEMAS  HIDRÁULICOS",19742.0,"ÓLEO LUBRIFICANTE",616955.0,"CLASSIFICAÇÃO: API-SM, ACEA C2, C3, TIPO: SINTÉTICO, USO: MOTORES 4 TEMPOS, VISCOSIDADE: SAE 5W30","L",580.0,150.0,87000.0,0.0,"2026-10-30"]
["UNIVERSIDADE FEDERAL DE GOIAS-UF/GO",153052.0,4278.0,"Material","153052-86/2026","SEINFRA E OUTROS - MATERIAIS PARA JARDIM (ACESSÓRIOS PARA MANGUEIRAS, CANOS E TUBOS)","Catálogo do Compras.gov.br","Material",9150.0,"ÓLEOS E GRAXAS PARA CORTE, LUBRIFICAÇÃO E SISTEMAS  HIDRÁULICOS",19742.0,"ÓLEO LUBRIFICANTE",616955.0,"CLASSIFICAÇÃO: API-SM, ACEA C2, C3, TIPO: SINTÉTICO, USO: MOTORES 4 TEMPOS, VISCOSIDADE: SAE 5W30","L",720.0,150.0,108000.0,0.0,"2026-10-30"]
["UNIVERSIDADE FEDERAL DE GOIAS-UF/GO",153052.0,4279.0,"Material","153052-86/2026","SEINFRA E OUTROS - MATERIAIS PARA JARDIM (ACESSÓRIOS PARA MANGUEIRAS, CANOS E TUBOS)","Catálogo do Compras.gov.br","Material",9150.0,"ÓLEOS E GRAXAS PARA CORTE, LUBRIFICAÇÃO E SISTEMAS  HIDRÁULICOS",609.0,"GRAXA",214600.0,"CARACTERÍSTICAS ADICIONAIS: NÃO APLICÁVEL, CONSISTÊNCIA NLGI: 2, PONTO GOTA: 180, TIPO ADITIVOS: ANTICORROSIVO, TIPO BASE: ÓLEO MINERAL, TIPO ESPESSANTE: BÁRIO, APLICAÇÃO: MÚLTIPLA","BD",8.0,1400.0,11200.0,0.0,"2026-10-30"]
["UNIVERSIDADE FEDERAL DE GOIAS-UF/GO",153052.0,4280.0,"Material","153052-86/2026","SEINFRA E OUTROS - MATERIAIS PARA JARDIM (ACESSÓRIOS PARA MANGUEIRAS, CANOS E TUBOS)","Catálogo do Compras.gov.br","Material",6850.0,"ESPECIALIDADES QUÍMICAS DIVERSAS",2117.0,"ADITIVO RADIADOR",404776.0,"APLICAÇÃO: RADIADOR AUTOMOTIVO, CARACTERÍSTICAS ADICIONAIS: COM ANTICORROSIVO E PASSIVADOR, COMPONENTES: ETILENO GLICOL","GL",10.0,1400.0,14000.0,0.0,"2026-10-30"]
["UNIVERSIDADE FEDERAL DE GOIAS-UF/GO",153052.0,4281.0,"Material","153052-86/2026","SEINFRA E OUTROS - MATERIAIS PARA JARDIM (ACESSÓRIOS PARA MANGUEIRAS, CANOS E TUBOS)","Catálogo do Compras.gov.br","Material",9150.0,"ÓLEOS E GRAXAS PARA CORTE, LUBRIFICAÇÃO E SISTEMAS  HIDRÁULICOS",19742.0,"ÓLEO LUBRIFICANTE",467490.0,"CLASSIFICAÇÃO: API GL-4, TIPO: SINTÉTICO, USO: PARA EQUIPAMENTOS AGRÍCOLAS, VISCOSIDADE: SAE 10W-30","GL",30.0,1300.0,39000.0,0.0,"2026-10-30"]
["UNIVERSIDADE FEDERAL DE GOIAS-UF/GO",153052.0,4282.0,"Material","153052-86/2026","SEINFRA E OUTROS - MATERIAIS PARA JARDIM (ACESSÓRIOS PARA MANGUEIRAS, CANOS E TUBOS)","Catálogo do Compras.gov.br","Material",9150.0,"ÓLEOS E GRAXAS PARA CORTE, LUBRIFICAÇÃO E SISTEMAS  HIDRÁULICOS",10198.0,"ÓLEO LUBRIFICANTE.",618380.0,"APRESENTAÇÃO: LÍQUIDO VISCOSO, CARACTERÍSTICAS ADICIONAIS: ANTIOXIDANTE, ANTIESPUMANTE E ANTI-DESGASTE, ORIGEM: MINERAL, USO: BOMBA DE VÁCUO, VISCOSIDADE: ISO VG 68","BD",25.0,1550.0,38750.0,0.0,"2026-10-30"]
["UNIVERSIDADE FEDERAL DE GOIAS-UF/GO",153052.0,4283.0,"Material","153052-86/2026","SEINFRA E OUTROS - MATERIAIS PARA JARDIM (ACESSÓRIOS PARA MANGUEIRAS, CANOS E TUBOS)","Catálogo do Compras.gov.br","Material",2940.0,"FILTROS DE AR E DE ÓLEO, ELEMENTOS FILTRANTES E PURIFICADO- RES DE MOTORES, EXCETO DE AERONAVES",7466.0,"FILTRO COMBUSTÍVEL",245596.0,"APLICAÇÃO: TRATOR MASSEY FERGUSON 292, REFERÊNCIA FABRICANTE: 423651","UN",8.0,140.0,1120.0,0.0,"2026-10-30"]
["UNIVERSIDADE FEDERAL DE GOIAS-UF/GO",153052.0,4284.0,"Material","153052-86/2026","SEINFRA E OUTROS - MATERIAIS PARA JARDIM (ACESSÓRIOS PARA MANGUEIRAS, CANOS E TUBOS)","Catálogo do Compras.gov.br","Material",2940.0,"FILTROS DE AR E DE ÓLEO, ELEMENTOS FILTRANTES E PURIFICADO- RES DE MOTORES, EXCETO DE AERONAVES",7466.0,"FILTRO COMBUSTÍVEL",245596.0,"APLICAÇÃO: TRATOR MASSEY FERGUSON 292, REFERÊNCIA FABRICANTE: 423651","UN",8.0,120.0,960.0,0.0,"2026-10-30"]
["UNIVERSIDADE FEDERAL DE GOIAS-UF/GO",153052.0,4285.0,"Material","153052-86/2026","SEINFRA E OUTROS - MATERIAIS PARA JARDIM (ACESSÓRIOS PARA MANGUEIRAS, CANOS E TUBOS)","Catálogo do Compras.gov.br","Material",2940.0,"FILTROS DE AR E DE ÓLEO, ELEMENTOS FILTRANTES E PURIFICADO- RES DE MOTORES, EXCETO DE AERONAVES",7466.0,"FILTRO COMBUSTÍVEL",245596.0,"APLICAÇÃO: TRATOR MASSEY FERGUSON 292, REFERÊNCIA FABRICANTE: 423651","UN",8.0,120.0,960.0,0.0,"2026-10-30"]
["UNIVERSIDADE FEDERAL DE GOIAS-UF/GO",153052.0,4286.0,"Material","153052-86/2026","SEINFRA E OUTROS - MATERIAIS PARA JARDIM (ACESSÓRIOS PARA MANGUEIRAS, CANOS E TUBOS)","Catálogo do Compras.gov.br","Material",2640.0,"MATERIAL PARA REFORMA E REPARO DE PNEUS E CÂMARAS DE AR",11628.0,"REMENDO PARA PNEU",610044.0,"APLICAÇÃO: REPARAÇÃO INTERNA DE PNEUS RADIAIS, CARACTERISTICAS ADICIONAIS: A FRIO, ATÉ 3 LONAS, DIMENSÕES: 125 X 115, TIPO: MANCHÃO RADIAL RAC 25","UN",1.0,90.0,90.0,0.0,"2026-10-30"]
["UNIVERSIDADE FEDERAL DE GOIAS-UF/GO",153052.0,4089.0,"Material","153052-74/2026","APARELHOS TELEFÔNICOS (INCLUSIVE CELULARES)","Catálogo do Compras.gov.br","Material",5805.0,"EQUIPAMENTO TELEFÔNICO E TELEGRÁFICO",2875.0,"APARELHO TELEFÔNICO",465497.0,"CARACTERÍSTICAS ADICIONAIS: COM 3 NÍVEIS DE CAMPAINHA., COR: PRETA, FUNÇÕES BÁSICAS: FLASH/REDIAL/REDISCAR/MUTE/MUDO, TIPO: MESA","UN",10.0,60.0,600.0,0.0,"2026-03-02"]
["UNIVERSIDADE FEDERAL DE GOIAS-UF/GO",153052.0,4093.0,"Material","153052-74/2026","APARELHOS TELEFÔNICOS (INCLUSIVE CELULARES)","Catálogo do Compras.gov.br","Material",5805.0,"EQUIPAMENTO TELEFÔNICO E TELEGRÁFICO",2875.0,"APARELHO TELEFÔNICO",449093.0,"ALIMENTAÇÃO: BIVOLT, CARACTERÍSTICAS ADICIONAIS: COM FIO, COMPATIBILIDADE: POWER OVER ETHERNET, COR: PRETA, FUNÇÕES BÁSICAS: REDISCAGEM/TONE/PULSE/VIVA VOZ/VOLUME/FLASH/MUTE, TIPO: MESA","UN",6.0,600.0,3600.0,0.0,"2026-03-02"]
["UNIVERSIDADE FEDERAL DE GOIAS-UF/GO",153052.0,4092.0,"Material","153052-74/2026","APARELHOS TELEFÔNICOS (INCLUSIVE CELULARES)","Catálogo do Compras.gov.br","Material",5805.0,"EQUIPAMENTO TELEFÔNICO E TELEGRÁFICO",1243.0,"APARELHO TELEFÔNICO CELULAR",620957.0,"ACESSÓRIOS: CABO DE DADOS, CARACTERÍSTICAS ADICIONAIS: 128 GB DE MEMÓRIA, CÂMERA DUPLA, DISPLAY: 6.1, MODELO: IPHONE 15","UN",1.0,6499.0,6499.0,0.0,"2026-03-02"]
["UNIVERSIDADE FEDERAL DE GOIAS-UF/GO",153052.0,4090.0,"Material","153052-74/2026","APARELHOS TELEFÔNICOS (INCLUSIVE CELULARES)","Catálogo do Compras.gov.br","Material",5805.0,"EQUIPAMENTO TELEFÔNICO E TELEGRÁFICO",1174.0,"APARELHO TELEFÔNICO SEM FIO",360028.0,"ALIMENTAÇÃO: 110/220, CARACTERÍSTICAS ADICIONAIS: CARGA BATERIA DE 6 HORAS/2 VOLUMES CAMPAINHA, COR: PRETA, FUNÇÃO: FLASH, REDIAL, MUTE E VIVA-VOZ, POTÊNCIA TRANSMISSÃO: 100","UN",3.0,200.0,600.0,0.0,"2026-03-02"]
["UNIVERSIDADE FEDERAL DE GOIAS-UF/GO",153052.0,4091.0,"Material","153052-74/2026","APARELHOS TELEFÔNICOS (INCLUSIVE CELULARES)","Catálogo do Compras.gov.br","Material",5805.0,"EQUIPAMENTO TELEFÔNICO E TELEGRÁFICO",5691.0,"CONJUNTO TELEFONE MÓVEL",486798.0,"ALIMENTAÇÃO: 110/220, APLICAÇÃO: PERMITE QUE UMA CHAMADA EXTERNA SEJA COMPARTILHADA, CARACTERÍSTICAS ADICIONAIS: DISPLAY LUMINOSO, COMPONENTES: 2 FONE/2 BASE/2 BATERIA/2 CABO DE LINHA, FUNÇÕES: IDENTIFICADOR DE CHAMADAS, AGENDA PARA 20 NÚMEROS, PADRÃO: EXPANSIVEL ATÉ 05 RAMAIS, TIPO: TELEFONE MÓVEL, DIGITAL, COM 01 RAMAL","UN",6.0,186.7,1120.2,0.0,"2026-03-02"]
["UNIVERSIDADE FEDERAL DE GOIAS-UF/GO",153052.0,4094.0,"Material","153052-74/2026","APARELHOS TELEFÔNICOS (INCLUSIVE CELULARES)","Catálogo do Compras.gov.br","Material",5805.0,"EQUIPAMENTO TELEFÔNICO E TELEGRÁFICO",1244.0,"APARELHO TELEFÔNICO CONVENCIONAL",601363.0,"CARACTERÍSTICAS ADICIONAIS: MESA/PAREDE/REDISCAGEM/DECÁTICO/MULTIFREQUENCIAL, COR: PRETA, DURAÇÃO FLASH: 300, FUNÇÃO: TECLAS FLASH, REDIAL, MUTE, PAUSE, TONE, NÍVEL CAMPAINHA: 2 NÍVEIS","UN",2.0,60.0,120.0,0.0,"2026-03-02"]
["UNIVERSIDADE FEDERAL DE GOIAS-UF/GO",153052.0,4095.0,"Serviço","153052-75/2026","DCOM - CONGRESSO DE PREGOEIROS","Catálogo do Compras.gov.br","Serviço",929.0,"OUTROS SERVIÇOS DE EDUCAÇÃO E TREINAMENTO",null,null,25232.0,"PAGAMENTO INSCRIÇÃO EVENTOS","-",10.0,6180.0,61800.0,0.0,"2026-03-10"]
["UNIVERSIDADE FEDERAL DE GOIAS-UF/GO",153052.0,4287.0,"Material","153052-87/2026","REDE DE DESCANSO E SUPORTE","Catálogo do Compras.gov.br","Material",8305.0,"TECIDOS",11502.0,"REDE DE DORMIR",326199.0,"MATERIAL: 100% ALGODÃO, TIPO: SOLTEIRO","UN",3.0,150.0,450.0,0.0,"2026-08-31"]
["UNIVERSIDADE FEDERAL DE GOIAS-UF/GO",153052.0,4288.0,"Material","153052-87/2026","REDE DE DESCANSO E SUPORTE","Catálogo do Compras.gov.br","Material",5325.0,"DISPOSITIVOS PARA FIXAÇÃO",18356.0,"SUPORTE",null,null,"-",0.0,0.0,1050.0,0.0,"2026-08-31"]
["UNIVERSIDADE FEDERAL DE GOIAS-UF/GO",153052.0,4096.0,"Serviço","153052-76/2026","DASS - INSCRIÇÃO EM EVENTOS","Catálogo do Compras.gov.br","Serviço",929.0,"OUTROS SERVIÇOS DE EDUCAÇÃO E TREINAMENTO",null,null,25232.0,"PAGAMENTO INSCRIÇÃO EVENTOS","-",10.0,900.0,9000.0,0.0,"2026-11-30"]
["UNIVERSIDADE FEDERAL DE GOIAS-UF/GO",153052.0,4097.0,"Serviço","153052-77/2026","BC - INSCRIÇÃO EM EVENTOS","Catálogo do Compras.gov.br","Serviço",929.0,"OUTROS SERVIÇOS DE EDUCAÇÃO E TREINAMENTO",null,null,25232.0,"PAGAMENTO INSCRIÇÃO EVENTOS","-",5.0,1000.0,5000.0,0.0,"2026-03-31"]
["UNIVERSIDADE FEDERAL DE GOIAS-UF/GO",153052.0,4099.0,"Serviço","153052-79/2026","PRAE - INSCRIÇÃO EM EVENTOS","Catálogo do Compras.gov.br","Serviço",929.0,"OUTROS SERVIÇOS DE EDUCAÇÃO E TREINAMENTO",{"$nulls":4},"-",0.0,0.0,108000.0,0.0,"2026-01-02"]
["UNIVERSIDADE FEDERAL DE GOIAS-UF/GO",153052.0,4098.0,"Serviço","153052-78/2026","FIC - INSCRIÇÃO EM EVENTOS","Catálogo do Compras.gov.br","Serviço",929.0,"OUTROS SERVIÇOS DE EDUCAÇÃO E TREINAMENTO",{"$nulls":4},"-",0.0,0.0,5000.0,0.0,"2026-06-30"]
["UNIVERSIDADE FEDERAL DE GOIAS-UF/GO",153052.0,4100.0,"Serviço","153052-79/2026","PRAE - INSCRIÇÃO EM EVENTOS","Catálogo do Compras.gov.br","Serviço",929.0,"OUTROS SERVIÇOS DE EDUCAÇÃO E TREINAMENTO",null,null,25232.0,"PAGAMENTO INSCRIÇÃO EVENTOS","UN",1.0,108000.0,108000.0,0.0,"2026-01-02"]
["UNIVERSIDADE FEDERAL DE GOIAS-UF/GO",153052.0,4133.0,"Material","153052-80/2026","DTEL + OUTRAS UNIDADES - MATERIAIS E EQUIPAMENTOS PARA MANUTENÇÃO TELEFONIA E OUTROS","Catálogo do Compras.gov.br","Material",5805.0,"EQUIPAMENTO TELEFÔNICO E TELEGRÁFICO",5863.0,"CORDÃO TELEFÔNICO",444870.0,"APLICAÇÃO: CABEAMENTO ESTRUTURADO TRÁFEGO VOZ,DADOS E IMAGENS, CARACTERÍSTICAS ADICIONAIS: CONECTORES SMF - LC/LC, DIÂMETRO: 9, TIPO: ÓPTICO MONOMODO","UN",4.0,79.9,319.6,0.0,"2026-10-01"]
["UNIVERSIDADE FEDERAL DE GOIAS-UF/GO",153052.0,4134.0,"Material","153052-80/2026","DTEL + OUTRAS UNIDADES - MATERIAIS E EQUIPAMENTOS PARA MANUTENÇÃO TELEFONIA E OUTROS","Catálogo do Compras.gov.br","Material",5805.0,"EQUIPAMENTO TELEFÔNICO E TELEGRÁFICO",5863.0,"CORDÃO TELEFÔNICO",444871.0,"APLICAÇÃO: CABEAMENTO ESTRUTURADO TRÁFEGO VOZ,DADOS E IMAGENS, CARACTERÍSTICAS ADICIONAIS: CONECTORES SMF - LC/SC, DIÂMETRO: 9, TIPO: ÓPTICO MONOMODO","UN",4.0,79.7,318.8,0.0,"2026-10-01"]
["UNIVERSIDADE FEDERAL DE GOIAS-UF/GO",153052.0,4103.0,"Material","153052-80/2026","DTEL + OUTRAS UNIDADES - MATERIAIS E EQUIPAMENTOS PARA MANUTENÇÃO TELEFONIA E OUTROS","Catálogo do Compras.gov.br","Material",5945.0,"RELÉS E SOLENÓIDES",2042.0,"ACIONADOR ELETROMAGNÉTICO",483925.0,"ALIMENTAÇÃO: 220, ALTURA: 81, APLICAÇÃO: FECHADURA ELETROMAGNÉTICA, COR: CINZA, LARGURA: 32, TIPO: FECHADURA","UN",40.0,387.85,15514.0,0.0,"2026-10-01"]
["UNIVERSIDADE FEDERAL DE GOIAS-UF/GO",153052.0,4104.0,"Material","153052-80/2026","DTEL + OUTRAS UNIDADES - MATERIAIS E EQUIPAMENTOS PARA MANUTENÇÃO TELEFONIA E OUTROS","Catálogo do Compras.gov.br","Material",5945.0,"RELÉS E SOLENÓIDES",2042.0,"ACIONADOR ELETROMAGNÉTICO",483925.0,"ALIMENTAÇÃO: 220, ALTURA: 81, APLICAÇÃO: FECHADURA ELETROMAGNÉTICA, COR: CINZA, LARGURA: 32, TIPO: FECHADURA","UN",20.0,160.21,3204.2,0.0,"2026-10-01"]
["UNIVERSIDADE FEDERAL DE GOIAS-UF/GO",153052.0,4124.0,"Material","153052-80/2026","DTEL + OUTRAS UNIDADES - MATERIAIS E EQUIPAMENTOS PARA MANUTENÇÃO TELEFONIA E OUTROS","Catálogo do Compras.gov.br","Material",3694.0,"EQUIPAMENTOS E INSTALAÇÕES PARA SANEAMENTO AMBIENTAL",14932.0,"SOPRADOR",391294.0,"ACIONAMENTO: ELÉTRICO, CARACTERÍSTICAS ADICIONAIS: MALETA TRANSPORTE/BOCAIS/PROTETOR/ESPÁTULAS/ACESSÓ, POTÊNCIA: 1800, TIPO: TÉRMICO, VOLTAGEM: 110/230, VOLUME AR: 300 A 500, COMPRIMENTO: 350, LARGURA: 100, ALTURA: 195","UN",2.0,229.64,459.28,0.0,"2026-10-01"]
["UNIVERSIDADE FEDERAL DE GOIAS-UF/GO",153052.0,4125.0,"Material","153052-80/2026","DTEL + OUTRAS UNIDADES - MATERIAIS E EQUIPAMENTOS PARA MANUTENÇÃO TELEFONIA E OUTROS","Catálogo do Compras.gov.br","Material",5805.0,"EQUIPAMENTO TELEFÔNICO E TELEGRÁFICO",16545.0,"BADISCO",256578.0,"APLICAÇÃO: TESTE DE LINHAS TELEFÔNICAS, CARACTERÍSTICAS ADICIONAIS: ERGOMÉTRICO, CIRCUITO PROTEÇÃO ACÚSTICA, CHAMADA A, SINALIZAÇÃO: MF/DC, TIPO: TECLA, TIPO ALIMENTAÇÃO: BATERIA","UN",10.0,121.33,1213.3,0.0,"2026-10-01"]
["UNIVERSIDADE FEDERAL DE GOIAS-UF/GO",153052.0,4126.0,"Material","153052-80/2026","DTEL + OUTRAS UNIDADES - MATERIAIS E EQUIPAMENTOS PARA MANUTENÇÃO TELEFONIA E OUTROS","Catálogo do Compras.gov.br","Material",5210.0,"INSTRUMENTOS DE MEDIÇÃO PARA ARTÍFICES",16988.0,"NÍVEL DE PRECISÃO",600320.0,"ANGULAÇÃO: 0 A 90, PROJEÇÃO: 2 LINHAS, RAIO DE ALCANCE: 15, TIPO: LASER, TIPO DE NIVELAMENTO: AUTOMÁTICO","UN",2.0,750.9,1501.8,0.0,"2026-10-01"]
["UNIVERSIDADE FEDERAL DE GOIAS-UF/GO",153052.0,4127.0,"Material","153052-80/2026","DTEL + OUTRAS UNIDADES - MATERIAIS E EQUIPAMENTOS PARA MANUTENÇÃO TELEFONIA E OUTROS","Catálogo do Compras.gov.br","Material",4240.0,"EQUIPAMENTO PARA SEGURANÇA E SALVAMENTO",6883.0,"ESCADA EXTENSÍVEL",366447.0,"ALTURA ABERTA: 3,82, ALTURA FECHADA: 1, CAPACIDADE CARGA: 150, CARACTERÍSTICAS ADICIONAIS: DOBRAVEL EM 4 PARTES/TRAVA E SAPATAS DE SEGURANÇA, MATERIAL: ALUMÍNIO, MATERIAL DEGRAU: ALUMÍNIO, QUANTIDADE DEGRAUS: 12","UN",2.0,759.9,1519.8,0.0,"2026-10-01"]
["UNIVERSIDADE FEDERAL DE GOIAS-UF/GO",153052.0,4128.0,"Material","153052-80/2026","DTEL + OUTRAS UNIDADES - MATERIAIS E EQUIPAMENTOS PARA MANUTENÇÃO TELEFONIA E OUTROS","Catálogo do Compras.gov.br","Material",5130.0,"FERRAMENTAS MANUAIS ACIONADAS POR FORÇA MOTRIZ",16083.0,"ESMERILHADEIRA",601425.0,"CARACTERÍSTICAS ADICIONAIS: DISCO ABRASIVO, GATILHO DE VEDAÇÃO CONTRA POEIRA., DIÂMETRO DISCO: 4 1/2, POTÊNCIA: 850, ROTAÇÃO: 11.000, TIPO: ANGULAR, VOLTAGEM: 220","UN",1.0,498.94,498.94,0.0,"2026-10-01"]
["UNIVERSIDADE FEDERAL DE GOIAS-UF/GO",153052.0,4129.0,"Material","153052-80/2026","DTEL + OUTRAS UNIDADES - MATERIAIS E EQUIPAMENTOS PARA MANUTENÇÃO TELEFONIA E OUTROS","Catálogo do Compras.gov.br","Material",4240.0,"EQUIPAMENTO PARA SEGURANÇA E SALVAMENTO",6878.0,"ESCADA FIBRA VIDRO",370529.0,"ALTURA: 2,60, CAPACIDADE: 110, CARACTERÍSTICAS ADICIONAIS: TIPO TESOURA, DUPLO ACESSO, PÉS ANTIDERRAPANTES, QUANTIDADE DEGRAUS: 8","UN",3.0,1224.21,3672.63,0.0,"2026-10-01"]
["UNIVERSIDADE FEDERAL DE GOIAS-UF/GO",153052.0,4130.0,"Material","153052-80/2026","DTEL + OUTRAS UNIDADES - MATERIAIS E EQUIPAMENTOS PARA MANUTENÇÃO TELEFONIA E OUTROS","Catálogo do Compras.gov.br","Material",5130.0,"FERRAMENTAS MANUAIS ACIONADAS POR FORÇA MOTRIZ",7868.0,"FURADEIRA",601881.0,"ACESSÓRIOS: 2 BATERIAS, CARREGADOR E MALETA, CAPACIDADE PERFURAÇÃO AÇO: 13, CAPACIDADE PERFURAÇÃO MADEIRA: 38, CARACTERÍSTICAS ADICIONAIS: MANDRIL SEM CHAVE, GATILHO ELETRÔNICO, LUZ DE LED, TAMANHO MANDRIL: 1/2, TENSÃO ALIMENTAÇÃO: 20, TIPO: IMPACTO E PARAFUSADEIRA","UN",2.0,1081.64,2163.28,0.0,"2026-10-01"]
["UNIVERSIDADE FEDERAL DE GOIAS-UF/GO",153052.0,4131.0,"Material","153052-80/2026","DTEL + OUTRAS UNIDADES - MATERIAIS E EQUIPAMENTOS PARA MANUTENÇÃO TELEFONIA E OUTROS","Catálogo do Compras.gov.br","Material",5440.0,"EQUIPAMENTOS PARA MONTAGEM DE ANDAIME E FORMAS DE CONCRETO",6882.0,"ESCADA EXTENSÍVEL DE ALUMÍNIO",311521.0,"ALTURA ABERTA: 9, ALTURA FECHADA: 4,50, CAPACIDADE: 150, CARACTERÍSTICAS ADICIONAIS: C/ TRAVA DE SEGURANÇA NOS DEGRÁUS, PESO MÁX. 20KG, MATERIAL: LIGA ALUMÍNIO ESTRUTURAL, TIPO DEGRAUS: (2 X 15) ACOPLADOS LADO A LADO, TIPO SAPATA: ANTIDERRAPANTE","UN",1.0,1383.53,1383.53,0.0,"2026-10-01"]
["UNIVERSIDADE FEDERAL DE GOIAS-UF/GO",153052.0,4132.0,"Material","153052-80/2026","DTEL + OUTRAS UNIDADES - MATERIAIS E EQUIPAMENTOS PARA MANUTENÇÃO TELEFONIA E OUTROS","Catálogo do Compras.gov.br","Material",3450.0,"MÁQUINAS-FERRAMENTA PORTÁTEIS",1122.0,"MARTELETE",220154.0,"CAPACIDADE ASPIRAÇÃO: NÃO APLICÁVEL, CAPACIDADE IMPACTOS: 0 A 4.900, CAPACIDADE PERFURAÇÃO AÇO: 13, CAPACIDADE PERFURAÇÃO CONCRETO: 24, CAPACIDADE PERFURAÇÃO MADEIRA: 32, PESO: 2,40, POTÊNCIA: 680, ROTAÇÃO: 0 A 1.050, TENSÃO ALIMENTAÇÃO: 220/230, TIPO: ROTATIVO","UN",2.0,984.71,1969.42,0.0,"2026-10-01"]
["UNIVERSIDADE FEDERAL DE GOIAS-UF/GO",153052.0,4137.0,"Material","153052-80/2026","DTEL + OUTRAS UNIDADES - MATERIAIS E EQUIPAMENTOS PARA MANUTENÇÃO TELEFONIA E OUTROS","Catálogo do Compras.gov.br","Material",3920.0,"EQUIPAMENTOS NÃO AUTOPROPULSIONADO PARA MOVIMENTAÇÃO  DE  MATERIAIS",4584.0,"CARRINHO TRANSPORTE",486437.0,"ALTURA: 110, APLICAÇÃO: TRANSPORTE DE LIVROS, CARACTERÍSTICAS ADICIONAIS: ALÇA DE EMPURRAR JUNTO A BANDEJA SUPERIOR, COR: AZUL, LARGURA: 70, MATERIAL: AÇO, PROFUNDIDADE: 50, QUANTIDADE RODAS: 4 RODIZIOS, TIPO: 3 BANDEJAS, TRATAMENTO SUPERFICIAL: PINTURA ELESTROSTÁTICA EPÓXI","UN",3.0,2500.0,7500.0,0.0,"2026-10-01"]
["UNIVERSIDADE FEDERAL DE GOIAS-UF/GO",153052.0,4138.0,"Material","153052-80/2026","DTEL + OUTRAS UNIDADES - MATERIAIS E EQUIPAMENTOS PARA MANUTENÇÃO TELEFONIA E OUTROS","Catálogo do Compras.gov.br","Material",5440.0,"EQUIPAMENTOS PARA MONTAGEM DE ANDAIME E FORMAS DE CONCRETO",765.0,"ESCADA DOMÉSTICA",399576.0,"ALTURA: 1,90, CAPACIDADE: 150, CARACTERÍSTICAS ADICIONAIS: PÉS ANTIDERRAPANTES, TRAVA DE SEGURANÇA, MATERIAL: ALUMÍNIO, NÚMERO DEGRAUS: 6, PESO: 6, TIPO: DOBRÁVEL","UN",4.0,260.0,1040.0,0.0,"2026-10-01"]
["UNIVERSIDADE FEDERAL DE GOIAS-UF/GO",153052.0,4139.0,"Material","153052-80/2026","DTEL + OUTRAS UNIDADES - MATERIAIS E EQUIPAMENTOS PARA MANUTENÇÃO TELEFONIA E OUTROS","Catálogo do Compras.gov.br","Material",4240.0,"EQUIPAMENTO PARA SEGURANÇA E SALVAMENTO",6883.0,"ESCADA EXTENSÍVEL",305221.0,"ALTURA ABERTA: 9,60, ALTURA FECHADA: 5,43, COR: LARANJA, MATERIAL: FIBRA VIDRO, MATERIAL DEGRAU: ALUMÍNIO, QUANTIDADE DEGRAUS: 32","UN",1.0,1549.9,1549.9,0.0,"2026-10-01"]
["UNIVERSIDADE FEDERAL DE GOIAS-UF/GO",153052.0,4135.0,"Material","153052-80/2026","DTEL + OUTRAS UNIDADES - MATERIAIS E EQUIPAMENTOS PARA MANUTENÇÃO TELEFONIA E OUTROS","Catálogo do Compras.gov.br","Material",5325.0,"DISPOSITIVOS PARA FIXAÇÃO",578.0,"ABRAÇADEIRA",614249.0,"APLICAÇÃO: AMARRAÇÃO DE CABOS E FIOS, CARACTERÍSTICAS ADICIONAIS: PCT 100 UN, COMPRIMENTO TOTAL: 100, COR: BRANCA, LARGURA: 2,5, MATERIAL: NÁILON, TIPO: COM RANHURAS","PCT",2.0,120.0,240.0,0.0,"2026-10-01"]
["UNIVERSIDADE FEDERAL DE GOIAS-UF/GO",153052.0,4136.0,"Material","153052-80/2026","DTEL + OUTRAS UNIDADES - MATERIAIS E EQUIPAMENTOS PARA MANUTENÇÃO TELEFONIA E OUTROS","Catálogo do Compras.gov.br","Material",5325.0,"DISPOSITIVOS PARA FIXAÇÃO",578.0,"ABRAÇADEIRA",625050.0,"COMPRIMENTO TOTAL: 200, LARGURA: 4,5, MATERIAL: NÁILON 6.6","PCT",2.0,120.0,240.0,0.0,"2026-10-01"]
["UNIVERSIDADE FEDERAL DE GOIAS-UF/GO",153052.0,4102.0,"Material","153052-80/2026","DTEL + OUTRAS UNIDADES - MATERIAIS E EQUIPAMENTOS PARA MANUTENÇÃO TELEFONIA E OUTROS","Catálogo do Compras.gov.br","Material",8145.0,"RECIPIENTES ESPECIALIZADOS PARA TRANSPORTE E ARMAZENAGEM",7092.0,"ESTANTE RACK",607742.0,"APLICAÇÃO: REDE DE INFORMÁTICA, ESTRUTURA: AÇO, PADRÃO: 19\" X 9U X 570 MM, PORTA FRONTAL: COM CHAVE E VISOR EM ACRILICO, PORTAS: LATERAIS E TRASEIRAS EM AÇO, TIPO: GABINETE","UN",2.0,581.0,1162.0,0.0,"2026-10-01"]
["UNIVERSIDADE FEDERAL DE GOIAS-UF/GO",153052.0,4298.0,"Material","153052-88/2026","MÓBILIÁRIOS EM GERAL","Catálogo do Compras.gov.br","Material",7110.0,"MOBILIÁRIO PARA ESCRITÓRIO",1454.0,"QUADRO BRANCO",613732.0,"ACABAMENTO SUPERFICIAL MOLDURA: ALUMÍNIO, ALTURA: 120, CARACTERÍSTICAS ADICIONAIS: SUPORTE PARA APAGADOR E PINCEL, COR MOLDURA: NATURAL, FINALIDADE: SALA DE AULA, LARGURA: 150, MATERIAL: LAMINADO MELAMÍNICO BRILHANTE, MATERIAL MOLDURA: ALUMÍNIO ANODIZADO","UN",2.0,390.0,780.0,0.0,"2026-07-02"]
["UNIVERSIDADE FEDERAL DE GOIAS-UF/GO",153052.0,4105.0,"Material","153052-80/2026","DTEL + OUTRAS UNIDADES - MATERIAIS E EQUIPAMENTOS PARA MANUTENÇÃO TELEFONIA E OUTROS","Catálogo do Compras.gov.br","Material",8315.0,"MIUDEZAS E AVIAMENTOS PARA COSTURA",13366.0,"VELCRO",465494.0,"APLICAÇÃO: FIXAÇÃO DE CABOS, APRESENTAÇÃO: FITA, COMPRIMENTO: 3, COR: AZUL, LARGURA: 20, USO: CABEAMENTO REDE","RO",40.0,19.14,765.6,0.0,"2026-10-01"]
["UNIVERSIDADE FEDERAL DE GOIAS-UF/GO",153052.0,4106.0,"Material","153052-80/2026","DTEL + OUTRAS UNIDADES - MATERIAIS E EQUIPAMENTOS PARA MANUTENÇÃO TELEFONIA E OUTROS","Catálogo do Compras.gov.br","Material",5920.0,"FUSÍVEIS INTERRUPTORES, ISOLANTES E PROTETORES",19146.0,"PROTETOR CONTRA SURTO DE TENSÃO",620773.0,"APLICAÇÃO: PROTEÇÃO CONTRA  SURTO ELÉTRICO, CARACTERÍSTICAS ADICIONAIS: LED INDICATIVO DE  FUNCIONAMENTO, CORRENTE MÁXIMA SURTO: 10, NÚMERO DE PÓLOS: MONOPOLAR, TENSÃO NOMINAL: 100 A 240, TIPO: VARISTOR DE ÓXIDO DE ZINCO","UN",300.0,37.67,11301.0,0.0,"2026-10-01"]
["UNIVERSIDADE FEDERAL DE GOIAS-UF/GO",153052.0,4107.0,"Material","153052-80/2026","DTEL + OUTRAS UNIDADES - MATERIAIS E EQUIPAMENTOS PARA MANUTENÇÃO TELEFONIA E OUTROS","Catálogo do Compras.gov.br","Material",5920.0,"FUSÍVEIS INTERRUPTORES, ISOLANTES E PROTETORES",19146.0,"PROTETOR CONTRA SURTO DE TENSÃO",413294.0,"APLICAÇÃO: PROTEÇÃO ELÉTRICA EQUIP. REDE TELECOMUNICAÇÃO, CARACTERÍSTICAS ADICIONAIS: ANTICHAMA,AUTO-REGENERÁVEL S/REMOÇÃO MÓDULO PARA T, COR: PRETA, CORRENTE NOMINAL: 120, ESTRUTURA: CAPA APL, BLOCOS DE CONTATOS CI, FIXAÇÃO: BLOCO DE ENGATE RÁPIDO, FORMATO CORPO: REDUZIDO PARA PROTEÇÃO EM SÉRIE/PARALELO, REFERÊNCIA FABRICANTE: MPDG SLIM RS (BARGOA), TECNOLOGIA: ESTADO SÓLIDO P/SOBRETENSÃO-PTC P/SOBRECORRENTE, TENSÃO DISPARO: 195 - 300, TENSÃO NOMINAL: 200 - 300","UN",200.0,24.48,4896.0,0.0,"2026-10-01"]
["UNIVERSIDADE FEDERAL DE GOIAS-UF/GO",153052.0,4108.0,"Material","153052-80/2026","DTEL + OUTRAS UNIDADES - MATERIAIS E EQUIPAMENTOS PARA MANUTENÇÃO TELEFONIA E OUTROS","Catálogo do Compras.gov.br","Material",5950.0,"BOBINAS E TRANSFORMADORES",19140.0,"TRANSFORMADOR BAIXA POTÊNCIA",379872.0,"APLICAÇÃO: CENTRAL DE ALARME, CORRENTE NOMINAL: 1,5, TENSÃO PRIMÁRIA: 110/220, TENSÃO SECUNDÁRIA: 16","UN",10.0,50.0,500.0,0.0,"2026-10-01"]
["UNIVERSIDADE FEDERAL DE GOIAS-UF/GO",153052.0,4109.0,"Material","153052-80/2026","DTEL + OUTRAS UNIDADES - MATERIAIS E EQUIPAMENTOS PARA MANUTENÇÃO TELEFONIA E OUTROS","Catálogo do Compras.gov.br","Material",5995.0,"CONJUNTOS DE CABOS, CORDÕES E FIOS ELÉTRICOS PARA  EQUIPAMENTOS DE COMUNICAÇÕES",4047.0,"CABO EXTENSOR",607930.0,"APLICAÇÃO: TRANSMISSÃO DE VÍDEO À DISTÂNCIA, COMPRIMENTO: 60, TIPO: EXTENSOR HDMI, TIPO SAÍDA: HDMI FÊMEA X RJ45 FÊMEA","UN",100.0,184.38,18438.0,0.0,"2026-10-01"]
["UNIVERSIDADE FEDERAL DE GOIAS-UF/GO",153052.0,4110.0,"Material","153052-80/2026","DTEL + OUTRAS UNIDADES - MATERIAIS E EQUIPAMENTOS PARA MANUTENÇÃO TELEFONIA E OUTROS","Catálogo do Compras.gov.br","Material",6110.0,"EQUIPAMENTOS DE CONTROLE ELÉTRICO",15666.0,"QUADRO ELÉTRICO",481353.0,"COMPONENTES: PLACA DE MONTAGEM, FLANGE SUPERIOR E INFERIOR, DIMENSÕES: 500 X 400 X 200, GRAU PROTEÇÃO: IP65, MATERIAL: CHAPA DE AÇO SAE 1008","UN",20.0,507.42,10148.4,0.0,"2026-10-01"]
["UNIVERSIDADE FEDERAL DE GOIAS-UF/GO",153052.0,4111.0,"Material","153052-80/2026","DTEL + OUTRAS UNIDADES - MATERIAIS E EQUIPAMENTOS PARA MANUTENÇÃO TELEFONIA E OUTROS","Catálogo do Compras.gov.br","Material",6110.0,"EQUIPAMENTOS DE CONTROLE ELÉTRICO",15666.0,"QUADRO ELÉTRICO",352284.0,"APLICAÇÃO: COMANDO, GRAU PROTEÇÃO: IP 64, ALTURA: 800, LARGURA: 600, PROFUNDIDADE: 250","UN",20.0,1295.09,25901.8,0.0,"2026-10-01"]
["UNIVERSIDADE FEDERAL DE GOIAS-UF/GO",153052.0,4112.0,"Material","153052-80/2026","DTEL + OUTRAS UNIDADES - MATERIAIS E EQUIPAMENTOS PARA MANUTENÇÃO TELEFONIA E OUTROS","Catálogo do Compras.gov.br","Material",6350.0,"SISTEMAS DIVERSOS DE SINALIZAÇÃO, ALARME E DETECÇÃO PARA  SEGURANÇA",1531.0,"SENSOR INFRAVERMELHO",298408.0,"APLICAÇÃO: SISTEMA ALARME RESIDENCIAL/COMERCIAL OU INDUSTRIAL, CARACTERÍSTICAS ADICIONAIS: SENSOR BLINDADO E INTERRUPTOR TAMPER, COR LENTE: BRANCA, NÍVEL SENSIBILIDADE: ALTA E BAIXA, PESO: 75, TEMPO ACIONAMENTO: 2, TENSÃO ALIMENTAÇÃO: 10 A 18, ÁREA COBERTURA: 13/120","UN",100.0,50.0,5000.0,0.0,"2026-10-01"]
["UNIVERSIDADE FEDERAL DE GOIAS-UF/GO",153052.0,4113.0,"Material","153052-80/2026","DTEL + OUTRAS UNIDADES - MATERIAIS E EQUIPAMENTOS PARA MANUTENÇÃO TELEFONIA E OUTROS","Catálogo do Compras.gov.br","Material",6350.0,"SISTEMAS DIVERSOS DE SINALIZAÇÃO, ALARME E DETECÇÃO PARA  SEGURANÇA",1531.0,"SENSOR INFRAVERMELHO",445150.0,"APLICAÇÃO: SISTEMA ALARME RESIDENCIAL/COMERCIAL OU INDUSTRIAL, CARACTERÍSTICAS ADICIONAIS: DETECTOR DUPLO E TAMPER, COR LENTE: BRANCA, NÍVEL SENSIBILIDADE: ALTA E BAIXA, TEMPO ACIONAMENTO: 2, TENSÃO ALIMENTAÇÃO: 9 A 18, ÁREA COBERTURA: 12/108","UN",20.0,150.0,3000.0,0.0,"2026-10-01"]
["UNIVERSIDADE FEDERAL DE GOIAS-UF/GO",153052.0,4114.0,"Material","153052-80/2026","DTEL + OUTRAS UNIDADES - MATERIAIS E EQUIPAMENTOS PARA MANUTENÇÃO TELEFONIA E OUTROS","Catálogo do Compras.gov.br","Material",5325.0,"DISPOSITIVOS PARA FIXAÇÃO",578.0,"ABRAÇADEIRA",604135.0,"COMPRIMENTO TOTAL: 280, COR: PRETA, LARGURA: 3,6, MATERIAL: NÁILON, TIPO: COM RANHURAS","UN",1000.0,0.42,420.0,0.0,"2026-10-01"]
["UNIVERSIDADE FEDERAL DE GOIAS-UF/GO",153052.0,4115.0,"Material","153052-80/2026","DTEL + OUTRAS UNIDADES - MATERIAIS E EQUIPAMENTOS PARA MANUTENÇÃO TELEFONIA E OUTROS","Catálogo do Compras.gov.br","Material",5325.0,"DISPOSITIVOS PARA FIXAÇÃO",578.0,"ABRAÇADEIRA",378389.0,"APLICAÇÃO: FIXAÇÃO TUBOS E CANOS, CARACTERÍSTICAS ADICIONAIS: C/ PARAFUSO, BUCHA E PORCA P/ AJUSTE, ESPESSURA: 1, MATERIAL: METAL GALVANIZADO, TIPO: COPO","UN",250.0,2.22,555.0,0.0,"2026-10-01"]
["UNIVERSIDADE FEDERAL DE GOIAS-UF/GO",153052.0,4116.0,"Material","153052-80/2026","DTEL + OUTRAS UNIDADES - MATERIAIS E EQUIPAMENTOS PARA MANUTENÇÃO TELEFONIA E OUTROS","Catálogo do Compras.gov.br","Material",5325.0,"DISPOSITIVOS PARA FIXAÇÃO",578.0,"ABRAÇADEIRA",343315.0,"APLICAÇÃO: AMARRAÇÃO, COMPRIMENTO TOTAL: 205, LARGURA: 3, MATERIAL: NÁILON, TIPO: AUTOTRAVANTE","UN",1000.0,1.09,1090.0,0.0,"2026-10-01"]
["UNIVERSIDADE FEDERAL DE GOIAS-UF/GO",153052.0,4117.0,"Material","153052-80/2026","DTEL + OUTRAS UNIDADES - MATERIAIS E EQUIPAMENTOS PARA MANUTENÇÃO TELEFONIA E OUTROS","Catálogo do Compras.gov.br","Material",5325.0,"DISPOSITIVOS PARA FIXAÇÃO",578.0,"ABRAÇADEIRA",447038.0,"APLICAÇÃO: FIXAÇÃO TUBOS E CANOS, COR: CINZA, DIÂMETRO AMARRAÇÃO: 1, MATERIAL: PVC - CLORETO DE POLIVINILA","UN",4000.0,2.3,9200.0,0.0,"2026-10-01"]
["UNIVERSIDADE FEDERAL DE GOIAS-UF/GO",153052.0,4101.0,"Material","153052-80/2026","DTEL + OUTRAS UNIDADES - MATERIAIS E EQUIPAMENTOS PARA MANUTENÇÃO TELEFONIA E OUTROS","Catálogo do Compras.gov.br","Material",6015.0,"CABOS DE FIBRA ÓTICA",16117.0,"EXTENSÃO ÓPTICA",465026.0,"CARACTERISTICAS ADICIONAIS: TAXA DE DADOS: 10,5GB/S, COMPRIMENTO DE ONDA:850NM, COMPRIMENTO: 10, TIPO CABO ÓPTICO: SFP-10G-AOC, TIPO CONECTOR: SFP+/SFP+, TIPO EXTENSÃO: MULTIMODO","UN",8.0,400.0,3200.0,0.0,"2026-10-01"]
["UNIVERSIDADE FEDERAL DE GOIAS-UF/GO",153052.0,4181.0,"Material","153052-80/2026","DTEL + OUTRAS UNIDADES - MATERIAIS E EQUIPAMENTOS PARA MANUTENÇÃO TELEFONIA E OUTROS","Catálogo do Compras.gov.br","Material",4240.0,"EQUIPAMENTO PARA SEGURANÇA E SALVAMENTO",6883.0,"ESCADA EXTENSÍVEL",366447.0,"ALTURA ABERTA: 3,82, ALTURA FECHADA: 1, CAPACIDADE CARGA: 150, CARACTERÍSTICAS ADICIONAIS: DOBRAVEL EM 4 PARTES/TRAVA E SAPATAS DE SEGURANÇA, MATERIAL: ALUMÍNIO, MATERIAL DEGRAU: ALUMÍNIO, QUANTIDADE DEGRAUS: 12","UN",1.0,519.0,519.0,0.0,"2026-10-01"]
["UNIVERSIDADE FEDERAL DE GOIAS-UF/GO",153052.0,4140.0,"Material","153052-80/2026","DTEL + OUTRAS UNIDADES - MATERIAIS E EQUIPAMENTOS PARA MANUTENÇÃO TELEFONIA E OUTROS","Catálogo do Compras.gov.br","Material",9999.0,"ITENS DIVERSOS",11017.0,"PONTEIRA",602861.0,"APLICAÇÃO: PARAFUSADEIRA, CARACTERÍSTICAS ADICIONAIS: 5 PEÇAS PH2 ACOMPANHA ESTOJO, MATERIAL: AÇO, TIPO PONTA: PHILIPS","UN",5.0,46.53,232.65,0.0,"2026-10-01"]
["UNIVERSIDADE FEDERAL DE GOIAS-UF/GO",153052.0,4141.0,"Material","153052-80/2026","DTEL + OUTRAS UNIDADES - MATERIAIS E EQUIPAMENTOS PARA MANUTENÇÃO TELEFONIA E OUTROS","Catálogo do Compras.gov.br","Material",5999.0,"COMPONENTES ELÉTRICOS E ELETRÔNICOS DIVERSOS",14754.0,"FERRAMENTA DE INSERÇÃO",235074.0,"APLICAÇÃO: INSERÇÃO CABO UTP EM TOMADAS RJ-45 / PATCH-PANEL, CARACTERÍSTICAS ADICIONAIS: COM SELEÇÃO ALTO/BAIXO IMPACTO, TIPO USO: EQUIPAMENTO DISTRIBUIÇÃO CABOS, COMPONENTES: LÂMINA REMOVÍVEL E ALOJAMENTO GUARDAR LÂMINAS, MATERIAL CABO: PVC RÍGIDO","UN",10.0,133.66,1336.6,0.0,"2026-10-01"]
["UNIVERSIDADE FEDERAL DE GOIAS-UF/GO",153052.0,4142.0,"Material","153052-80/2026","DTEL + OUTRAS UNIDADES - MATERIAIS E EQUIPAMENTOS PARA MANUTENÇÃO TELEFONIA E OUTROS","Catálogo do Compras.gov.br","Material",5999.0,"COMPONENTES ELÉTRICOS E ELETRÔNICOS DIVERSOS",14754.0,"FERRAMENTA DE INSERÇÃO",435519.0,"APLICAÇÃO: CABEAMENTO ESTRUTURADO E TELEFONIA, TIPO USO: INSERÇÃO DE FIOS EM BLOCO M10-B","UN",10.0,35.48,354.8,0.0,"2026-10-01"]
["UNIVERSIDADE FEDERAL DE GOIAS-UF/GO",153052.0,4143.0,"Material","153052-80/2026","DTEL + OUTRAS UNIDADES - MATERIAIS E EQUIPAMENTOS PARA MANUTENÇÃO TELEFONIA E OUTROS","Catálogo do Compras.gov.br","Material",5310.0,"PORCAS E ARRUELAS",642.0,"ARRUELA",486495.0,"CARACTERÍSTICAS ADICIONAIS: FORMA \"A\", DIÂMETRO INTERNO: 3/8, MATERIAL: AÇO CARBONO, TIPO: LISA, TRATAMENTO SUPERFICIAL: GALVANIZADO","UN",1000.0,0.2,200.0,0.0,"2026-10-01"]
["UNIVERSIDADE FEDERAL DE GOIAS-UF/GO",153052.0,4144.0,"Material","153052-80/2026","DTEL + OUTRAS UNIDADES - MATERIAIS E EQUIPAMENTOS PARA MANUTENÇÃO TELEFONIA E OUTROS","Catálogo do Compras.gov.br","Material",5310.0,"PORCAS E ARRUELAS",642.0,"ARRUELA",390866.0,"CARACTERÍSTICAS ADICIONAIS: PADRÃO 994 COMUM, DIÂMETRO EXTERNO: 20, DIÂMETRO INTERNO: 5/16, ESPESSURA: 1,20, MATERIAL: AÇO INOXIDÁVEL, TIPO: LISA, TRATAMENTO SUPERFICIAL: GALVANIZADO","UN",1000.0,0.25,250.0,0.0,"2026-10-01"]
["UNIVERSIDADE FEDERAL DE GOIAS-UF/GO",153052.0,4145.0,"Material","153052-80/2026","DTEL + OUTRAS UNIDADES - MATERIAIS E EQUIPAMENTOS PARA MANUTENÇÃO TELEFONIA E OUTROS","Catálogo do Compras.gov.br","Material",5133.0,"BROCAS, ALARGADORES, ESCARIADORES, MANUAIS E PARA USO EM  MÁQUINAS",3879.0,"BROCA",451692.0,"APLICAÇÃO: BROCA PILOTO PARA SUPORTE SERRA COPO, DIÂMETRO 1: 85, MATERIAL: BI METAL","UN",5.0,14.44,72.2,0.0,"2026-10-01"]
["UNIVERSIDADE FEDERAL DE GOIAS-UF/GO",153052.0,4146.0,"Material","153052-80/2026","DTEL + OUTRAS UNIDADES - MATERIAIS E EQUIPAMENTOS PARA MANUTENÇÃO TELEFONIA E OUTROS","Catálogo do Compras.gov.br","Material",5133.0,"BROCAS, ALARGADORES, ESCARIADORES, MANUAIS E PARA USO EM  MÁQUINAS",3879.0,"BROCA",284259.0,"APLICAÇÃO: MARTELETE/CONCRETO, CARACTERÍSTICAS ADICIONAIS: TIPO ENCAIXE SDS, COMPRIMENTO: 200, MATERIAL: AÇO RÁPIDO, COMPONENTES: 7 BROCAS COM DIÂMETRO DE 0,6MM, 0,8MM, 10MM, 12MM,","UN",5.0,171.87,859.35,0.0,"2026-10-01"]
["UNIVERSIDADE FEDERAL DE GOIAS-UF/GO",153052.0,4147.0,"Material","153052-80/2026","DTEL + OUTRAS UNIDADES - MATERIAIS E EQUIPAMENTOS PARA MANUTENÇÃO TELEFONIA E OUTROS","Catálogo do Compras.gov.br","Material",5133.0,"BROCAS, ALARGADORES, ESCARIADORES, MANUAIS E PARA USO EM  MÁQUINAS",3908.0,"BROCA WÍDIA",479279.0,"APLICAÇÃO: DOBRADIÇA/MADEIRA, COMPRIMENTO: 57, DIÂMETRO: 35, MATERIAL CORPO: AÇO","UN",2.0,105.81,211.62,0.0,"2026-10-01"]
["UNIVERSIDADE FEDERAL DE GOIAS-UF/GO",153052.0,4148.0,"Material","153052-80/2026","DTEL + OUTRAS UNIDADES - MATERIAIS E EQUIPAMENTOS PARA MANUTENÇÃO TELEFONIA E OUTROS","Catálogo do Compras.gov.br","Material",5133.0,"BROCAS, ALARGADORES, ESCARIADORES, MANUAIS E PARA USO EM  MÁQUINAS",3908.0,"BROCA WÍDIA",440444.0,"CARACTERÍSTICAS ADICIONAIS: ENCAIXE TIPO SDS PLUS, COMPRIMENTO: 300, DIÂMETRO: 16, MATERIAL CORPO: AÇO","UN",2.0,50.29,100.58,0.0,"2026-10-01"]
["UNIVERSIDADE FEDERAL DE GOIAS-UF/GO",153052.0,4149.0,"Material","153052-80/2026","DTEL + OUTRAS UNIDADES - MATERIAIS E EQUIPAMENTOS PARA MANUTENÇÃO TELEFONIA E OUTROS","Catálogo do Compras.gov.br","Material",5133.0,"BROCAS, ALARGADORES, ESCARIADORES, MANUAIS E PARA USO EM  MÁQUINAS",3908.0,"BROCA WÍDIA",342487.0,"APLICAÇÃO: PERFURAÇÃO DE CONCRETO, CARACTERÍSTICAS ADICIONAIS: ENCAIXE TIPO SDS PLUS, COMPRIMENTO: 450, DIÂMETRO: 25, MATERIAL CORPO: AÇO","UN",2.0,141.01,282.02,0.0,"2026-10-01"]
["UNIVERSIDADE FEDERAL DE GOIAS-UF/GO",153052.0,4150.0,"Material","153052-80/2026","DTEL + OUTRAS UNIDADES - MATERIAIS E EQUIPAMENTOS PARA MANUTENÇÃO TELEFONIA E OUTROS","Catálogo do Compras.gov.br","Material",5365.0,"ANÉIS, BUCHAS E ESPAÇADORES",634.0,"BUCHA PARAFUSO",601982.0,"MATERIAL: PLÁSTICO, TAMANHO: 42 MM, TIPO: PARA DRYWALL E GESSO BUCHA FLY 4.","UN",1000.0,0.58,580.0,0.0,"2026-10-01"]
["UNIVERSIDADE FEDERAL DE GOIAS-UF/GO",153052.0,4151.0,"Material","153052-80/2026","DTEL + OUTRAS UNIDADES - MATERIAIS E EQUIPAMENTOS PARA MANUTENÇÃO TELEFONIA E OUTROS","Catálogo do Compras.gov.br","Material",5365.0,"ANÉIS, BUCHAS E ESPAÇADORES",634.0,"BUCHA PARAFUSO",359440.0,"MATERIAL: PLÁSTICO, TAMANHO: S-8","UN",1000.0,0.24,240.0,0.0,"2026-10-01"]
["UNIVERSIDADE FEDERAL DE GOIAS-UF/GO",153052.0,4152.0,"Material","153052-80/2026","DTEL + OUTRAS UNIDADES - MATERIAIS E EQUIPAMENTOS PARA MANUTENÇÃO TELEFONIA E OUTROS","Catálogo do Compras.gov.br","Material",5365.0,"ANÉIS, BUCHAS E ESPAÇADORES",634.0,"BUCHA PARAFUSO",318018.0,"MATERIAL: PLÁSTICO, TAMANHO: S-6","UN",10000.0,0.68,6800.0,0.0,"2026-10-01"]
["UNIVERSIDADE FEDERAL DE GOIAS-UF/GO",153052.0,4118.0,"Material","153052-80/2026","DTEL + OUTRAS UNIDADES - MATERIAIS E EQUIPAMENTOS PARA MANUTENÇÃO TELEFONIA E OUTROS","Catálogo do Compras.gov.br","Material",5805.0,"EQUIPAMENTO TELEFÔNICO E TELEGRÁFICO",14718.0,"BASTIDOR TELEFÔNICO",388245.0,"APLICAÇÃO: DISTRIBUIÇÃO DE RAMAIS EM CENTRAL TELEFÔNICA, CARACTERÍSTICAS ADICIONAIS: 10 PARES CONTATO, TAMPA E SELANTE, MATERIAL: AÇO INOX, QUANTIDADE BLOCOS: 10, REFERÊNCIA: M10 B, TIPO: ENGATE RÁPIDO","UN",10.0,36.0,360.0,0.0,"2026-10-01"]
["UNIVERSIDADE FEDERAL DE GOIAS-UF/GO",153052.0,4119.0,"Material","153052-80/2026","DTEL + OUTRAS UNIDADES - MATERIAIS E EQUIPAMENTOS PARA MANUTENÇÃO TELEFONIA E OUTROS","Catálogo do Compras.gov.br","Material",5805.0,"EQUIPAMENTO TELEFÔNICO E TELEGRÁFICO",3602.0,"BLOCO CONECTOR",316061.0,"CAPACIDADE CONEXÃO: 10 PARES, CARACTERÍSTICAS ADICIONAIS: ENGATE RÁPIDO, MATERIAL CONECTOR: AÇO ESTANHADO, MATERIAL CORPO: PVC, TIPO: M-10","UN",10.0,21.67,216.7,0.0,"2026-10-01"]
["UNIVERSIDADE FEDERAL DE GOIAS-UF/GO",153052.0,4120.0,"Material","153052-80/2026","DTEL + OUTRAS UNIDADES - MATERIAIS E EQUIPAMENTOS PARA MANUTENÇÃO TELEFONIA E OUTROS","Catálogo do Compras.gov.br","Material",5325.0,"DISPOSITIVOS PARA FIXAÇÃO",4966.0,"CHUMBADOR ESPECIAL",460774.0,"APLICAÇÃO: FIXAÇÃO EM CONCRETO, DIÂMETRO ROSCA: 5/16, MATERIAL: AÇO GALVANIZADO, TIPO: PARABOLT","UN",250.0,5.49,1372.5,0.0,"2026-10-01"]
["UNIVERSIDADE FEDERAL DE GOIAS-UF/GO",153052.0,4121.0,"Material","153052-80/2026","DTEL + OUTRAS UNIDADES - MATERIAIS E EQUIPAMENTOS PARA MANUTENÇÃO TELEFONIA E OUTROS","Catálogo do Compras.gov.br","Material",5325.0,"DISPOSITIVOS PARA FIXAÇÃO",4966.0,"CHUMBADOR ESPECIAL",480158.0,"APLICAÇÃO: FIXAÇÃO EM CONCRETO, CARACTERÍSTICAS ADICIONAIS: COM PORCA/ARRUELA, COMPRIMENTO PINO: 2 1/2, DIÂMETRO ROSCA: 3/8, MATERIAL: AÇO GALVANIZADO, TIPO: PARABOLT","UN",250.0,6.54,1635.0,0.0,"2026-10-01"]
["UNIVERSIDADE FEDERAL DE GOIAS-UF/GO",153052.0,4122.0,"Material","153052-80/2026","DTEL + OUTRAS UNIDADES - MATERIAIS E EQUIPAMENTOS PARA MANUTENÇÃO TELEFONIA E OUTROS","Catálogo do Compras.gov.br","Material",5805.0,"EQUIPAMENTO TELEFÔNICO E TELEGRÁFICO",14750.0,"CONECTOR TELEFÔNICO",278836.0,"MODELO: RJ9, TIPO: MACHO 4VIAS X 4CONTATOS","UN",100.0,0.45,45.0,0.0,"2026-10-01"]
["UNIVERSIDADE FEDERAL DE GOIAS-UF/GO",153052.0,4123.0,"Material","153052-80/2026","DTEL + OUTRAS UNIDADES - MATERIAIS E EQUIPAMENTOS PARA MANUTENÇÃO TELEFONIA E OUTROS","Catálogo do Compras.gov.br","Material",5805.0,"EQUIPAMENTO TELEFÔNICO E TELEGRÁFICO",14750.0,"CONECTOR TELEFÔNICO",234770.0,"MODELO: RJ11, PADRÃO: AMERICANO(JACK), TIPO: MACHO 4VIAS X 4CONTATOS","UN",1000.0,0.64,640.0,0.0,"2026-10-01"]
["UNIVERSIDADE FEDERAL DE GOIAS-UF/GO",153052.0,4153.0,"Material","153052-80/2026","DTEL + OUTRAS UNIDADES - MATERIAIS E EQUIPAMENTOS PARA MANUTENÇÃO TELEFONIA E OUTROS","Catálogo do Compras.gov.br","Material",5365.0,"ANÉIS, BUCHAS E ESPAÇADORES",634.0,"BUCHA PARAFUSO",249217.0,"MATERIAL: NÁILON, TAMANHO: S-6","UN",1000.0,1.96,1960.0,0.0,"2026-10-01"]
["UNIVERSIDADE FEDERAL DE GOIAS-UF/GO",153052.0,4154.0,"Material","153052-80/2026","DTEL + OUTRAS UNIDADES - MATERIAIS E EQUIPAMENTOS PARA MANUTENÇÃO TELEFONIA E OUTROS","Catálogo do Compras.gov.br","Material",5365.0,"ANÉIS, BUCHAS E ESPAÇADORES",634.0,"BUCHA PARAFUSO",249218.0,"MATERIAL: NÁILON, TAMANHO: S-8","UN",1000.0,0.24,240.0,0.0,"2026-10-01"]
["UNIVERSIDADE FEDERAL DE GOIAS-UF/GO",153052.0,4155.0,"Material","153052-80/2026","DTEL + OUTRAS UNIDADES - MATERIAIS E EQUIPAMENTOS PARA MANUTENÇÃO TELEFONIA E OUTROS","Catálogo do Compras.gov.br","Material",5133.0,"BROCAS, ALARGADORES, ESCARIADORES, MANUAIS E PARA USO EM  MÁQUINAS",18615.0,"CONJUNTO BROCA",424697.0,"APLICAÇÃO: CONCRETO, CARACTERÍSTICAS ADICIONAIS: PONTA DE VÍDEA, COMPONENTES: 5 PEÇAS DE 5, 6, 7, 8  E 10MM, MATERIAL: AÇO","UN",6.0,44.75,268.5,0.0,"2026-10-01"]
["UNIVERSIDADE FEDERAL DE GOIAS-UF/GO",153052.0,4156.0,"Material","153052-80/2026","DTEL + OUTRAS UNIDADES - MATERIAIS E EQUIPAMENTOS PARA MANUTENÇÃO TELEFONIA E OUTROS","Catálogo do Compras.gov.br","Material",5133.0,"BROCAS, ALARGADORES, ESCARIADORES, MANUAIS E PARA USO EM  MÁQUINAS",18615.0,"CONJUNTO BROCA",600873.0,"APLICAÇÃO: METAL, COMPONENTES: 1,5/2/2,5/3/3,20/3,5/4/4,5/4,8/5/5,5/6/6,5MM TI, MATERIAL: AÇO RÁPIDO, NORMAS TÉCNICAS: DIN 338","UN",6.0,52.08,312.48,0.0,"2026-10-01"]
["UNIVERSIDADE FEDERAL DE GOIAS-UF/GO",153052.0,4157.0,"Material","153052-80/2026","DTEL + OUTRAS UNIDADES - MATERIAIS E EQUIPAMENTOS PARA MANUTENÇÃO TELEFONIA E OUTROS","Catálogo do Compras.gov.br","Material",5345.0,"DISCOS E PEDRAS ABRASIVOS",567.0,"DISCO CORTE",456292.0,"CARACTERÍSTICAS ADICIONAIS: REFORÇADO TELA FIBRA DE VIDRO, DIÂMETRO: 115, DIÂMETRO FURO: 22,22, ESPESSURA: 1, MATERIAL: ÓXIDO ALUMÍNIO","UN",30.0,7.37,221.1,0.0,"2026-10-01"]
["UNIVERSIDADE FEDERAL DE GOIAS-UF/GO",153052.0,4158.0,"Material","153052-80/2026","DTEL + OUTRAS UNIDADES - MATERIAIS E EQUIPAMENTOS PARA MANUTENÇÃO TELEFONIA E OUTROS","Catálogo do Compras.gov.br","Material",5345.0,"DISCOS E PEDRAS ABRASIVOS",567.0,"DISCO CORTE",456292.0,"CARACTERÍSTICAS ADICIONAIS: REFORÇADO TELA FIBRA DE VIDRO, DIÂMETRO: 115, DIÂMETRO FURO: 22,22, ESPESSURA: 1, MATERIAL: ÓXIDO ALUMÍNIO","UN",30.0,7.96,238.8,0.0,"2026-10-01"]
["UNIVERSIDADE FEDERAL DE GOIAS-UF/GO",153052.0,4159.0,"Material","153052-80/2026","DTEL + OUTRAS UNIDADES - MATERIAIS E EQUIPAMENTOS PARA MANUTENÇÃO TELEFONIA E OUTROS","Catálogo do Compras.gov.br","Material",3439.0,"SUPRIMENTOS E ACESSÓRIOS PARA SOLDAS DIVERSAS, FRACAS E  FORTES",7401.0,"FERRO DE SOLDAR",372138.0,"APLICAÇÃO: INDUSTRIAL, CARACTERÍSTICAS ADICIONAIS: RESISTÊNCIA CONVENCIONAL, FORMATO PONTA: METALIZADA, MATERIAL PONTA: ESTANHO, POTÊNCIA: 60, TENSÃO: 220","UN",6.0,42.97,257.82,0.0,"2026-10-01"]
["UNIVERSIDADE FEDERAL DE GOIAS-UF/GO",153052.0,4160.0,"Material","153052-80/2026","DTEL + OUTRAS UNIDADES - MATERIAIS E EQUIPAMENTOS PARA MANUTENÇÃO TELEFONIA E OUTROS","Catálogo do Compras.gov.br","Material",3439.0,"SUPRIMENTOS E ACESSÓRIOS PARA SOLDAS DIVERSAS, FRACAS E  FORTES",1136.0,"FIO SOLDA",219166.0,"DIÂMETRO: 1, MATERIAL NÚCLEO: RESINA, NORMAS TÉCNICAS: ASTM B 32/94, PERCENTUAL MATERIAL NÚCLEO: 2,20 A 2,60, PRAZO VALIDADE: 24 MESES, TEOR CHUMBO: 60, TEOR ESTANHO: 40","UN",5.0,82.15,410.75,0.0,"2026-10-01"]
["UNIVERSIDADE FEDERAL DE GOIAS-UF/GO",153052.0,4161.0,"Material","153052-80/2026","DTEL + OUTRAS UNIDADES - MATERIAIS E EQUIPAMENTOS PARA MANUTENÇÃO TELEFONIA E OUTROS","Catálogo do Compras.gov.br","Material",3439.0,"SUPRIMENTOS E ACESSÓRIOS PARA SOLDAS DIVERSAS, FRACAS E  FORTES",1137.0,"FLUXO SOLDA",467332.0,"APLICAÇÃO: PLACAS CIRCUITO IMPRESSO, ASPECTO FÍSICO: PASTOSO, PRAZO VALIDADE: INDETERMINADO","UN",5.0,27.84,139.2,0.0,"2026-10-01"]
["UNIVERSIDADE FEDERAL DE GOIAS-UF/GO",153052.0,4162.0,"Material","153052-80/2026","DTEL + OUTRAS UNIDADES - MATERIAIS E EQUIPAMENTOS PARA MANUTENÇÃO TELEFONIA E OUTROS","Catálogo do Compras.gov.br","Material",5920.0,"FUSÍVEIS INTERRUPTORES, ISOLANTES E PROTETORES",7886.0,"FUSÍVEL VIDRO",460439.0,"APLICAÇÃO: REGISTRADOR, CORRENTE NOMINAL: 2","UN",250.0,0.21,52.5,0.0,"2026-10-01"]
["UNIVERSIDADE FEDERAL DE GOIAS-UF/GO",153052.0,4163.0,"Material","153052-80/2026","DTEL + OUTRAS UNIDADES - MATERIAIS E EQUIPAMENTOS PARA MANUTENÇÃO TELEFONIA E OUTROS","Catálogo do Compras.gov.br","Material",5920.0,"FUSÍVEIS INTERRUPTORES, ISOLANTES E PROTETORES",7886.0,"FUSÍVEL VIDRO",448504.0,"APLICAÇÃO: ELETRÔNICA, CORRENTE NOMINAL: 1, TENSÃO NOMINAL: 250, TIPO: 3 AG","UN",250.0,1.46,365.0,0.0,"2026-10-01"]
["UNIVERSIDADE FEDERAL DE GOIAS-UF/GO",153052.0,4164.0,"Material","153052-80/2026","DTEL + OUTRAS UNIDADES - MATERIAIS E EQUIPAMENTOS PARA MANUTENÇÃO TELEFONIA E OUTROS","Catálogo do Compras.gov.br","Material",5305.0,"PARAFUSOS SEM PORCA",10453.0,"PARAFUSO CABEÇA CHATA",356392.0,"CARACTERÍSTICAS ADICIONAIS: CEMENTADO,BICROMATIZADO ZINCADO,FENDA TIPO PHILIPS, COMPRIMENTO NOMINAL: 20, DIÂMETRO NOMINAL: 4, MATERIAL: FERRO","UN",2000.0,0.9,1800.0,0.0,"2026-10-01"]
["UNIVERSIDADE FEDERAL DE GOIAS-UF/GO",153052.0,4165.0,"Material","153052-80/2026","DTEL + OUTRAS UNIDADES - MATERIAIS E EQUIPAMENTOS PARA MANUTENÇÃO TELEFONIA E OUTROS","Catálogo do Compras.gov.br","Material",5305.0,"PARAFUSOS SEM PORCA",550.0,"PARAFUSO AUTO-ATARRAXANTE",328727.0,"COMPRIMENTO: 25, DIÂMETRO CORPO: 4,20, MATERIAL: AÇO CARBONO, TIPO CABEÇA: CHATA, TIPO FENDA: PHILLIPS, TRATAMENTO SUPERFICIAL: BICROMATIZADO","UN",1000.0,0.2,200.0,0.0,"2026-10-01"]
["UNIVERSIDADE FEDERAL DE GOIAS-UF/GO",153052.0,4166.0,"Material","153052-80/2026","DTEL + OUTRAS UNIDADES - MATERIAIS E EQUIPAMENTOS PARA MANUTENÇÃO TELEFONIA E OUTROS","Catálogo do Compras.gov.br","Material",5305.0,"PARAFUSOS SEM PORCA",14522.0,"PARAFUSO",277898.0,"CARACTERÍSTICAS ADICIONAIS: ROSCA WHITWORTH 20 FIOS/POL, COMPRIMENTO: 3/4, DIÂMETRO: 1/4, MATERIAL: AÇO GALVANIZADO, TIPO: CABEÇA LENTILHA","UN",500.0,0.55,275.0,0.0,"2026-10-01"]
["UNIVERSIDADE FEDERAL DE GOIAS-UF/GO",153052.0,4167.0,"Material","153052-80/2026","DTEL + OUTRAS UNIDADES - MATERIAIS E EQUIPAMENTOS PARA MANUTENÇÃO TELEFONIA E OUTROS","Catálogo do Compras.gov.br","Material",5306.0,"PARAFUSOS COM PORCA",10429.0,"PARAFUSO COM PORCA",356116.0,"CARACTERÍSTICAS ADICIONAIS: ARRUELA LISA E DE PRESSÃO, COMPRIMENTO: 3/4, DIÂMETRO: 3/8, MATERIAL: AÇO CARBONO, TIPO CABEÇA: LENTILHA, TRATAMENTO SUPERFICIAL: GALVANIZAÇÃO POR IMERSÃO A QUENTE","UN",500.0,0.7,350.0,0.0,"2026-10-01"]
["UNIVERSIDADE FEDERAL DE GOIAS-UF/GO",153052.0,4168.0,"Material","153052-80/2026","DTEL + OUTRAS UNIDADES - MATERIAIS E EQUIPAMENTOS PARA MANUTENÇÃO TELEFONIA E OUTROS","Catálogo do Compras.gov.br","Material",5305.0,"PARAFUSOS SEM PORCA",10453.0,"PARAFUSO CABEÇA CHATA",251786.0,"CARACTERÍSTICAS ADICIONAIS: SEM BUCHA, COMPRIMENTO NOMINAL: 12, DIÂMETRO NOMINAL: 2,5, MATERIAL: AÇO ZINCADO, TIPO ROSCA: SOBERBA, TIPO: AUTO-ATARRAXANTE","UN",2000.0,0.2,400.0,0.0,"2026-10-01"]
["UNIVERSIDADE FEDERAL DE GOIAS-UF/GO",153052.0,4169.0,"Material","153052-80/2026","DTEL + OUTRAS UNIDADES - MATERIAIS E EQUIPAMENTOS PARA MANUTENÇÃO TELEFONIA E OUTROS","Catálogo do Compras.gov.br","Material",5305.0,"PARAFUSOS SEM PORCA",550.0,"PARAFUSO AUTO-ATARRAXANTE",326153.0,"APLICAÇÃO: MADEIRA, COMPRIMENTO: 70, DIÂMETRO CORPO: 4,20, MATERIAL: AÇO CARBONO, TIPO CABEÇA: CHATA, TIPO FENDA: RETA, TRATAMENTO SUPERFICIAL: ZINCADO FOSCO","UN",500.0,0.94,470.0,0.0,"2026-10-01"]
["UNIVERSIDADE FEDERAL DE GOIAS-UF/GO",153052.0,4170.0,"Material","153052-80/2026","DTEL + OUTRAS UNIDADES - MATERIAIS E EQUIPAMENTOS PARA MANUTENÇÃO TELEFONIA E OUTROS","Catálogo do Compras.gov.br","Material",5305.0,"PARAFUSOS SEM PORCA",550.0,"PARAFUSO AUTO-ATARRAXANTE",364775.0,"COMPRIMENTO: 32, DIÂMETRO CORPO: 4,20, MATERIAL: AÇO CARBONO, TIPO CABEÇA: PANELA, TIPO FENDA: RETA, TRATAMENTO SUPERFICIAL: ZINCADO","UN",1000.0,0.54,540.0,0.0,"2026-10-01"]
["UNIVERSIDADE FEDERAL DE GOIAS-UF/GO",153052.0,4171.0,"Material","153052-80/2026","DTEL + OUTRAS UNIDADES - MATERIAIS E EQUIPAMENTOS PARA MANUTENÇÃO TELEFONIA E OUTROS","Catálogo do Compras.gov.br","Material",5306.0,"PARAFUSOS COM PORCA",15217.0,"PARAFUSO COM BUCHA E PORCA",368684.0,"APLICAÇÃO: FIXAÇÃO DE ACESSÓRIOS E ATIVOS DO RACK, APRESENTAÇÃO: KIT (01 PORCA 01 PARAFUSO), MATERIAL: AÇO SAE 1070, REFERÊNCIA BUCHA: 19 POLEGADAS, TIPO PORCA: GAIOLA","UN",500.0,1.15,575.0,0.0,"2026-10-01"]
["UNIVERSIDADE FEDERAL DE GOIAS-UF/GO",153052.0,4172.0,"Material","153052-80/2026","DTEL + OUTRAS UNIDADES - MATERIAIS E EQUIPAMENTOS PARA MANUTENÇÃO TELEFONIA E OUTROS","Catálogo do Compras.gov.br","Material",5305.0,"PARAFUSOS SEM PORCA",14522.0,"PARAFUSO",454318.0,"CARACTERÍSTICAS ADICIONAIS: COM BUCHA, COMPRIMENTO: 85, DIÂMETRO: 12, MATERIAL: METAL CROMADO, TIPO: CABEÇA SEXTAVADA","UN",500.0,1.65,825.0,0.0,"2026-10-01"]
["UNIVERSIDADE FEDERAL DE GOIAS-UF/GO",153052.0,4173.0,"Material","153052-80/2026","DTEL + OUTRAS UNIDADES - MATERIAIS E EQUIPAMENTOS PARA MANUTENÇÃO TELEFONIA E OUTROS","Catálogo do Compras.gov.br","Material",5305.0,"PARAFUSOS SEM PORCA",550.0,"PARAFUSO AUTO-ATARRAXANTE",328722.0,"COMPRIMENTO: 50, DIÂMETRO CORPO: 4,80, MATERIAL: AÇO CARBONO, TIPO CABEÇA: CHATA, TIPO FENDA: PHILLIPS, TRATAMENTO SUPERFICIAL: BICROMATIZADO","UN",2000.0,0.48,960.0,0.0,"2026-10-01"]
["UNIVERSIDADE FEDERAL DE GOIAS-UF/GO",153052.0,4174.0,"Material","153052-80/2026","DTEL + OUTRAS UNIDADES - MATERIAIS E EQUIPAMENTOS PARA MANUTENÇÃO TELEFONIA E OUTROS","Catálogo do Compras.gov.br","Material",5305.0,"PARAFUSOS SEM PORCA",550.0,"PARAFUSO AUTO-ATARRAXANTE",364775.0,"COMPRIMENTO: 32, DIÂMETRO CORPO: 4,20, MATERIAL: AÇO CARBONO, TIPO CABEÇA: PANELA, TIPO FENDA: RETA, TRATAMENTO SUPERFICIAL: ZINCADO","UN",10000.0,0.16,1600.0,0.0,"2026-10-01"]
["UNIVERSIDADE FEDERAL DE GOIAS-UF/GO",153052.0,4175.0,"Material","153052-80/2026","DTEL + OUTRAS UNIDADES - MATERIAIS E EQUIPAMENTOS PARA MANUTENÇÃO TELEFONIA E OUTROS","Catálogo do Compras.gov.br","Material",5310.0,"PORCAS E ARRUELAS",982.0,"PORCA PLANA",264598.0,"DIÂMETRO NOMINAL: 3/8, FORMATO: SEXTAVADO, MATERIAL: LATÃO, TIPO ROSCA: CURTA SAE","UN",500.0,0.75,375.0,0.0,"2026-10-01"]
["UNIVERSIDADE FEDERAL DE GOIAS-UF/GO",153052.0,4176.0,"Material","153052-80/2026","DTEL + OUTRAS UNIDADES - MATERIAIS E EQUIPAMENTOS PARA MANUTENÇÃO TELEFONIA E OUTROS","Catálogo do Compras.gov.br","Material",5310.0,"PORCAS E ARRUELAS",982.0,"PORCA PLANA",264600.0,"DIÂMETRO NOMINAL: 5/16, FORMATO: SEXTAVADO, MATERIAL: LATÃO, TIPO ROSCA: CURTA SAE","UN",500.0,0.79,395.0,0.0,"2026-10-01"]
["UNIVERSIDADE FEDERAL DE GOIAS-UF/GO",153052.0,4177.0,"Material","153052-80/2026","DTEL + OUTRAS UNIDADES - MATERIAIS E EQUIPAMENTOS PARA MANUTENÇÃO TELEFONIA E OUTROS","Catálogo do Compras.gov.br","Material",5320.0,"REBITES",610.0,"REBITE POP",271419.0,"COMPRIMENTO: 16, DIÂMETRO CORPO: 4, MATERIAL: ALUMÍNIO, TIPO: COMUM, TIPO ABA: ABAULADO","UN",250.0,0.37,92.5,0.0,"2026-10-01"]
["UNIVERSIDADE FEDERAL DE GOIAS-UF/GO",153052.0,4178.0,"Material","153052-80/2026","DTEL + OUTRAS UNIDADES - MATERIAIS E EQUIPAMENTOS PARA MANUTENÇÃO TELEFONIA E OUTROS","Catálogo do Compras.gov.br","Material",5340.0,"FERRAGENS DIVERSAS",16474.0,"SUPORTE FIXAÇÃO SERRA COPO",270167.0,"CARACTERÍSTICAS ADICIONAIS: COM BROCA PILOTO, COMPRIMENTO: 59, DIÂMETRO: 19, DIÂMETRO ROSCA: 1/2, FORMATO: HASTE HEXAGONAL, MATERIAL: AÇO, TIPO: A10, USO: SERRA COPO DE 14 A 300 MM","UN",3.0,63.92,191.76,0.0,"2026-10-01"]
["UNIVERSIDADE FEDERAL DE GOIAS-UF/GO",153052.0,4179.0,"Material","153052-80/2026","DTEL + OUTRAS UNIDADES - MATERIAIS E EQUIPAMENTOS PARA MANUTENÇÃO TELEFONIA E OUTROS","Catálogo do Compras.gov.br","Material",5340.0,"FERRAGENS DIVERSAS",16474.0,"SUPORTE FIXAÇÃO SERRA COPO",261992.0,"CARACTERÍSTICAS ADICIONAIS: COM BROCA PILOTO, COMPRIMENTO: 67, DIÂMETRO: 30, DIÂMETRO ROSCA: 5/8, FORMATO: HASTE HEXAGONAL, MATERIAL: AÇO, TIPO: A2, USO: SERRA COPO DE 32 A 152 MM","UN",3.0,62.92,188.76,0.0,"2026-10-01"]
["UNIVERSIDADE FEDERAL DE GOIAS-UF/GO",153052.0,4180.0,"Material","153052-80/2026","DTEL + OUTRAS UNIDADES - MATERIAIS E EQUIPAMENTOS PARA MANUTENÇÃO TELEFONIA E OUTROS","Catálogo do Compras.gov.br","Material",5210.0,"INSTRUMENTOS DE MEDIÇÃO PARA ARTÍFICES",968.0,"TRENA",279114.0,"CARACTERÍSTICAS ADICIONAIS: CAIXA PLÁSTICA RESISTENTE, COM TRAVA E PRESILHA, G, COMPRIMENTO: 5, LARGURA LÂMINA: 25, MATERIAL: AÇO","UN",10.0,16.85,168.5,0.0,"2026-10-01"]
["UNIVERSIDADE FEDERAL DE GOIAS-UF/GO",153052.0,4182.0,"Material","153052-80/2026","DTEL + OUTRAS UNIDADES - MATERIAIS E EQUIPAMENTOS PARA MANUTENÇÃO TELEFONIA E OUTROS","Catálogo do Compras.gov.br","Material",5440.0,"EQUIPAMENTOS PARA MONTAGEM DE ANDAIME E FORMAS DE CONCRETO",6882.0,"ESCADA EXTENSÍVEL DE ALUMÍNIO",260049.0,"ALTURA ABERTA: 3,40, ALTURA ESTENDIDA: 6,30, ALTURA FECHADA: 3,60, CAPACIDADE: 120, MATERIAL: DURALUMÍNIO, QUANTIDADE DEGRAUS: 11, TIPO DEGRAUS: 2X11, TIPO SAPATA: ANTIDERRAPANTE","UN",2.0,710.0,1420.0,0.0,"2026-10-01"]
["UNIVERSIDADE FEDERAL DE GOIAS-UF/GO",153052.0,4290.0,"Material","153052-88/2026","MÓBILIÁRIOS EM GERAL","Catálogo do Compras.gov.br","Material",7110.0,"MOBILIÁRIO PARA ESCRITÓRIO",1454.0,"QUADRO BRANCO",466525.0,"ACABAMENTO SUPERFICIAL MOLDURA: ANODIZADO NATURAL, COMPRIMENTO: 300, LARGURA: 120, MATERIAL: MDF, MATERIAL MOLDURA: ALUMÍNIO","UN",3.0,1248.0,3744.0,0.0,"2026-07-02"]
["UNIVERSIDADE FEDERAL DE GOIAS-UF/GO",153052.0,4183.0,"Material","153052-82/2026","FCT - EQUIPAMENTOS PARA RU","Catálogo do Compras.gov.br","Material",3510.0,"EQUIPAMENTOS DE LAVANDERIA E LAVAGEM A SECO",16409.0,"MÁQUINA LAVAR LOUÇAS",254479.0,"ALTURA: 890, CAPACIDADE: 13, CARACTERÍSTICAS ADICIONAIS: 01 PORTA FRONTAL, CICLO DE 120 SEGUNDOS, LARGURA: 600, MATERIAL: AÇO INOXIDÁVEL, MODELO: PROFISSIONAL, POTÊNCIA MOTOR: 0,75, PROFUNDIDADE: 592, VOLTAGEM: 220","UN",1.0,15775.0,15775.0,0.0,"2026-06-15"]
["UNIVERSIDADE FEDERAL DE GOIAS-UF/GO",153052.0,4184.0,"Material","153052-82/2026","FCT - EQUIPAMENTOS PARA RU","Catálogo do Compras.gov.br","Material",3920.0,"EQUIPAMENTOS NÃO AUTOPROPULSIONADO PARA MOVIMENTAÇÃO  DE  MATERIAIS",4584.0,"CARRINHO TRANSPORTE",609142.0,"ALTURA: 1.310, APLICAÇÃO: MOVIMENTAÇÃO MATERIAL, CAPACIDADE: 350, COMPRIMENTO: 460, LARGURA: 500, MATERIAL: ALUMÍNIO, MATERIAL RODAS: ARO METÁLICO, PNEU E CÂMARA, QUANTIDADE RODAS: 4, TIPO: 2 EM 1: PLATAFORMA/ARMAZÉM","UN",1.0,394.25,394.25,0.0,"2026-06-15"]
["UNIVERSIDADE FEDERAL DE GOIAS-UF/GO",153052.0,4185.0,"Material","153052-82/2026","FCT - EQUIPAMENTOS PARA RU","Catálogo do Compras.gov.br","Material",3920.0,"EQUIPAMENTOS NÃO AUTOPROPULSIONADO PARA MOVIMENTAÇÃO  DE  MATERIAIS",4584.0,"CARRINHO TRANSPORTE",613994.0,"ALTURA: 100, COMPRIMENTO: 70, LARGURA: 50, MATERIAL: AÇO INOXIDÁVEL AISI 304, QUANTIDADE RODAS: 2 RODÍZIOS FIXOS E 2 GIRATÓRIOS, TIPO: PLATAFORMA","UN",1.0,1320.0,1320.0,0.0,"2026-06-15"]
["UNIVERSIDADE FEDERAL DE GOIAS-UF/GO",153052.0,4186.0,"Material","153052-82/2026","FCT - EQUIPAMENTOS PARA RU","Catálogo do Compras.gov.br","Material",3920.0,"EQUIPAMENTOS NÃO AUTOPROPULSIONADO PARA MOVIMENTAÇÃO  DE  MATERIAIS",4584.0,"CARRINHO TRANSPORTE",620947.0,"ALTURA: 80, APLICAÇÃO: TRANSPORTE DE MATERIAIS, CAPACIDADE: 80, CARACTERÍSTICAS ADICIONAIS: PUXADOR DUPLO, COMPRIMENTO: 80, LARGURA: 70, MATERIAL: AÇO INOX AISI 201, QUANTIDADE RODAS: 04 RODIZIOS DE 2 POL COM TRAVA, TIPO: 2 PRATELEIRAS","UN",1.0,1099.1,1099.1,0.0,"2026-06-15"]
["UNIVERSIDADE FEDERAL DE GOIAS-UF/GO",153052.0,4187.0,"Material","153052-82/2026","FCT - EQUIPAMENTOS PARA RU","Catálogo do Compras.gov.br","Material",7110.0,"MOBILIÁRIO PARA ESCRITÓRIO",13726.0,"MESA APOIO",474140.0,"ACABAMENTO ESTRUTURA:  LISA (POLIDA), ALTURA: 0,75, CARACTERÍSTICAS ADICIONAIS: RODÍZIOS COM FREIO EM AÇO INOX, COMPRIMENTO: 1,50, LARGURA: 0,50, MATERIAL ESTRUTURA: AÇO INOXIDÁVEL, MATERIAL TAMPO: SUPERFÍCIE SÓLIDA MINERAL","UN",1.0,1365.0,1365.0,0.0,"2026-06-15"]
["UNIVERSIDADE FEDERAL DE GOIAS-UF/GO",153052.0,4188.0,"Material","153052-82/2026","FCT - EQUIPAMENTOS PARA RU","Catálogo do Compras.gov.br","Material",7105.0,"MOBILIÁRIO DOMÉSTICO",312.0,"BANQUETA",622658.0,"ACABAMENTO ESTRUTURA: ESCOVADO, ALTURA: 80, CARACTERÍSTICAS ADICIONAIS: ENCOSTO QUADRADO, 30CM X 15CM, MATERIAL BASE ASSENTO: AÇO INOXIDÁVEL, MATERIAL ESTRUTURA: AÇO INOXIDÁVEL, TIPO ASSENTO: FIXO","UN",6.0,345.0,2070.0,0.0,"2026-06-15"]
["UNIVERSIDADE FEDERAL DE GOIAS-UF/GO",153052.0,4189.0,"Material","153052-82/2026","FCT - EQUIPAMENTOS PARA RU","Catálogo do Compras.gov.br","Material",7110.0,"MOBILIÁRIO PARA ESCRITÓRIO",13726.0,"MESA APOIO",611654.0,"ACABAMENTO ESTRUTURA: CHAPA DE AÇO, ALTURA: 0,76, CARACTERÍSTICAS ADICIONAIS: PÉS METÁLICOS, LARGURA: 1,40, MATERIAL ESTRUTURA: AÇO, MATERIAL TAMPO: MDF, PROFUNDIDADE: 0,70, REVESTIMENTO TAMPO: LAMINADO MELAMÍNICO","UN",1.0,1320.0,1320.0,0.0,"2026-06-15"]
["UNIVERSIDADE FEDERAL DE GOIAS-UF/GO",153052.0,4190.0,"Material","153052-82/2026","FCT - EQUIPAMENTOS PARA RU","Catálogo do Compras.gov.br","Material",4110.0,"EQUIPAMENTO PARA REFRIGERAÇÃO",3492.0,"BEBEDOURO ÁGUA GARRAFÃO",389150.0,"CAPACIDADE: 1,4, CARACTERÍSTICAS ADICIONAIS: APARADOR DE EXCESSO DE ÁGUA REMOVÍVEL, MATERIAL: PLÁSTICO E AÇO CARBONO, TIPO: ELETRÔNICO DE COLUNA, VOLTAGEM: 110/220","UN",2.0,682.73,1365.46,0.0,"2026-06-15"]
["UNIVERSIDADE FEDERAL DE GOIAS-UF/GO",153052.0,4191.0,"Material","153052-82/2026","FCT - EQUIPAMENTOS PARA RU","Catálogo do Compras.gov.br","Material",4110.0,"EQUIPAMENTO PARA REFRIGERAÇÃO",783.0,"FREEZER",439305.0,"CAPACIDADE: 500, CARACTERÍSTICAS ADICIONAIS: DUPLA AÇÃO (CONGELAMENTO E REFRIG.) PINTURA EPOXI, COR: BRANCA, QUANTIDADE PORTAS: 2, SISTEMA DEGELO: FROST FREE, TENSÃO ALIMENTAÇÃO: 110/220, TIPO: HORIZONTAL, TIPO PORTAS: SÓLIDA","UN",2.0,3150.75,6301.5,0.0,"2026-06-15"]
["UNIVERSIDADE FEDERAL DE GOIAS-UF/GO",153052.0,4192.0,"Material","153052-82/2026","FCT - EQUIPAMENTOS PARA RU","Catálogo do Compras.gov.br","Material",4110.0,"EQUIPAMENTO PARA REFRIGERAÇÃO",14437.0,"REFRIGERADOR EXPOSITOR",232283.0,"APLICAÇÃO: REFRIGERAÇÃO ENLATADOS E CONGELADOS, CAPACIDADE: 405, CARACTERÍSTICAS ADICIONAIS: PORTA DE VIDRO TRANSPARENTE, TIPO: VERTICAL","UN",1.0,4321.37,4321.37,0.0,"2026-06-15"]
["UNIVERSIDADE FEDERAL DE GOIAS-UF/GO",153052.0,4193.0,"Material","153052-82/2026","FCT - EQUIPAMENTOS PARA RU","Catálogo do Compras.gov.br","Material",4110.0,"EQUIPAMENTO PARA REFRIGERAÇÃO",12405.0,"CÂMARA FRIGORÍFICA",442518.0,"CARACTERÍSTICAS ADICIONAIS: 17 PARES DE SUPORTES REGULÁVEIS/CONTROLADOR DE TEM, MATERIAL: AÇO INOXIDÁVEL AISI 304, MATERIAL ISOLAMENTO TÉRMICO: POLIURETANO INJETADO, QUANTIDADE DE PORTAS: 02, SISTEMA REFRIGERAÇÃO: CIRCULAÇÃO DE AR FORÇADO, TIPO: PASS-THRU VERTICAL","UN",1.0,7780.0,7780.0,0.0,"2026-06-15"]
["UNIVERSIDADE FEDERAL DE GOIAS-UF/GO",153052.0,4194.0,"Material","153052-82/2026","FCT - EQUIPAMENTOS PARA RU","Catálogo do Compras.gov.br","Material",4110.0,"EQUIPAMENTO PARA REFRIGERAÇÃO",14072.0,"FREEZER VERTICAL",621816.0,"ALTURA: 170, APLICAÇÃO: LABORATÓRIO, CAPACIDADE: 300, CARACTERÍSTICAS ADICIONAIS: PAINEL DE CONTROLE DIGITAL, ALARME VISUAL E SONORO, LARGURA: 60, PROFUNDIDADE: 60, QUANTIDADE DE PORTAS: 1, TEMPERATURA OPERAÇÃO: -30 A -86, VOLTAGEM: 127 / 220","UN",1.0,3803.0,3803.0,0.0,"2026-06-15"]
["UNIVERSIDADE FEDERAL DE GOIAS-UF/GO",153052.0,4195.0,"Material","153052-82/2026","FCT - EQUIPAMENTOS PARA RU","Catálogo do Compras.gov.br","Material",4110.0,"EQUIPAMENTO PARA REFRIGERAÇÃO",3489.0,"BEBEDOURO ÁGUA",608519.0,"CARACTERÍSTICAS ADICIONAIS: COM DUAS TORNEIRAS ACIONAMENTO ELÉTRICO ATRAVÉS DE, MATERIAL GABINETE: AÇO INOXIDÁVEL, TIPO: PRESSÃO, VOLTAGEM: 220","UN",2.0,1374.44,2748.88,0.0,"2026-06-15"]
["UNIVERSIDADE FEDERAL DE GOIAS-UF/GO",153052.0,4196.0,"Material","153052-82/2026","FCT - EQUIPAMENTOS PARA RU","Catálogo do Compras.gov.br","Material",4110.0,"EQUIPAMENTO PARA REFRIGERAÇÃO",14072.0,"FREEZER VERTICAL",623599.0,"ALTURA: 209,9, APLICAÇÃO: COZINHA INDUSTRIAL, CAPACIDADE: 1.045, CARACTERÍSTICAS ADICIONAIS: REFRIGERAÇÃO POR AR FORÇADO, COR: INOX, FUNÇÕES: DEGELO AUTOMÁTICO, COM INDICADOR DE TEMPERATURA, LARGURA: 122,6, PROFUNDIDADE: 84,2, QUANTIDADE DE PORTAS: 4, TEMPERATURA OPERAÇÃO: -20º A -12º, TIPO PORTA: CEGAS COM RESISTÊNCIA, VOLTAGEM: 220","UN",1.0,16618.2,16618.2,0.0,"2026-06-15"]
["UNIVERSIDADE FEDERAL DE GOIAS-UF/GO",153052.0,4197.0,"Material","153052-82/2026","FCT - EQUIPAMENTOS PARA RU","Catálogo do Compras.gov.br","Material",4110.0,"EQUIPAMENTO PARA REFRIGERAÇÃO",270.0,"REFRIGERADOR ALIMENTOS",630711.0,"CAPACIDADE: 810, CARACTERÍSTICAS ADICIONAIS: REVESTIMENTO EXTERNO AÇO INOXIDÁVEL ESCOVADO, COR: INOX, QUANTIDADE PORTAS: 4, TENSÃO ALIMENTAÇÃO: 220","UN",1.0,6974.85,6974.85,0.0,"2026-06-15"]
["UNIVERSIDADE FEDERAL DE GOIAS-UF/GO",153052.0,4198.0,"Material","153052-82/2026","FCT - EQUIPAMENTOS PARA RU","Catálogo do Compras.gov.br","Material",4110.0,"EQUIPAMENTO PARA REFRIGERAÇÃO",12405.0,"CÂMARA FRIGORÍFICA",474507.0,"CARACTERÍSTICAS ADICIONAIS: DIMENSÕES APROXIMADAS: 3275X1275X2170MM, MATERIAL: AÇO INOXIDÁVEL AISI 304, MATERIAL ISOLAMENTO TÉRMICO: POLIURETANO INJETADO, QUANTIDADE DE PORTAS: 02, SISTEMA REFRIGERAÇÃO: CIRCULAÇÃO DE AR FORÇADO, TIPO: PASS-THRU VERTICAL","UN",1.0,13986.0,13986.0,0.0,"2026-06-15"]
["UNIVERSIDADE FEDERAL DE GOIAS-UF/GO",153052.0,4199.0,"Material","153052-82/2026","FCT - EQUIPAMENTOS PARA RU","Catálogo do Compras.gov.br","Material",6670.0,"ESCALAS E BALANÇAS",14489.0,"BALANÇA ELETRÔNICA",444157.0,"CAPACIDADE PESAGEM: 15, CARACTERÍSTICAS ADICIONAIS: PLATAFORMA AÇO INOXIDÁVEL, PÉS REGULÁVEIS E ANTIAD, DIMENSÕES: 375 X 425, MATERIAL: AÇO CARBONO, NÚMERO DÍGITOS: 5, TIPO: DIGITAL, TIPO PAINEL: LCD, VOLTAGEM: BIVOLT","UN",2.0,592.0,1184.0,0.0,"2026-06-15"]
["UNIVERSIDADE FEDERAL DE GOIAS-UF/GO",153052.0,4200.0,"Material","153052-82/2026","FCT - EQUIPAMENTOS PARA RU","Catálogo do Compras.gov.br","Material",4430.0,"FORNALHAS, FORNOS E ESTUFAS INDUSTRIAIS",7765.0,"FORNO INDUSTRIAL",615725.0,"ALTURA: 1872, CAPACIDADE: 90, CAPACIDADE PRODUÇÃO: 20 GNS 1/1 TROLLEY -  20 GNS INSERÇÃO LONGITUDINAL, CARACTERÍSTICAS ADICIONAIS: ESPAÇAMENTO ENTRE TRILHOS: 62 MM, COMPRIMENTO: 877, LARGURA: 913, MATERIAL: CHAPA AÇO INOXIDÁVEL, POTÊNCIA MOTOR: 34,1, TENSÃO ALIMENTAÇÃO: 220/380, TIPO: ELÉTRICO COMBINADO, TIPO CÂMERA: INSERÇÃO LONGITUDINAL 1/1, 1/2, 2/3, 1/3, 2/8 GN","UN",1.0,20003.5,20003.5,0.0,"2026-06-15"]
["UNIVERSIDADE FEDERAL DE GOIAS-UF/GO",153052.0,4201.0,"Material","153052-82/2026","FCT - EQUIPAMENTOS PARA RU","Catálogo do Compras.gov.br","Material",6670.0,"ESCALAS E BALANÇAS",14489.0,"BALANÇA ELETRÔNICA",446942.0,"CAPACIDADE PESAGEM: 60, CARACTERÍSTICAS ADICIONAIS: DE BANCADA E DIVISÕES DE 10 GRAMAS, FREQÜÊNCIA: 50/60, MATERIAL: AÇO CARBONO, NÚMERO DÍGITOS: 6, SENSIBILIDADE: CLASSE DE EXATIDÃO III, TIPO: COLUNA ARTICULADA, TIPO PAINEL: DISPLAY LCD, TECLADO MEMBRANA SELADA, VOLTAGEM: BATERIA INTERNA RECARREGÁVEL, ADAPTADOR 12 VAC-220","UN",1.0,1619.5,1619.5,0.0,"2026-06-15"]
["UNIVERSIDADE FEDERAL DE GOIAS-UF/GO",153052.0,4202.0,"Material","153052-82/2026","FCT - EQUIPAMENTOS PARA RU","Catálogo do Compras.gov.br","Material",7360.0,"JOGOS, CONJUNTOS  E  EQUIPAMENTOS PARA PREPARAR E SERVIR ALIMENTOS",3300.0,"BANDEJA DE AÇO",473187.0,"APLICAÇÃO: SERVIR REFEIÇÕES, CARACTERÍSTICAS ADICIONAIS: PADRÃO GN 1/1, TELA EXPANDIDA 45MM, COMPRIMENTO: 530, LARGURA: 325, MATERIAL: AÇO INOXIDÁVEL","UN",200.0,72.05,14410.0,0.0,"2026-06-15"]
["UNIVERSIDADE FEDERAL DE GOIAS-UF/GO",153052.0,4203.0,"Material","153052-82/2026","FCT - EQUIPAMENTOS PARA RU","Catálogo do Compras.gov.br","Material",7310.0,"EQUIPAMENTOS PARA COZINHAR, ASSAR E SERVIR ALIMENTOS",11535.0,"REFRESQUEIRA",294226.0,"CAPACIDADE: 50, MATERIAL DEPÓSITO: AÇO INOXIDÁVEL, MATERIAL ESTRUTURA: AÇO INOXIDÁVEL, TENSÃO: 220, TIPO: 2 TORNEIRAS","UN",1.0,4250.0,4250.0,0.0,"2026-06-15"]
["UNIVERSIDADE FEDERAL DE GOIAS-UF/GO",153052.0,4204.0,"Material","153052-82/2026","FCT - EQUIPAMENTOS PARA RU","Catálogo do Compras.gov.br","Material",7240.0,"RECEPIENTES PARA USO DOMÉSTICO E COMERCIAL",15740.0,"CONJUNTO LIXEIRA COLETA SELETIVA",612129.0,"APLICAÇÃO: COLETA DE LIXO, CAPACIDADE: 60, COR: AZUL, VERMELHA, AMARELA E CINZA, MATERIAL: POLIETILENO, QUANTIDADE LIXEIRAS: 4","CJ",2.0,614.5,1229.0,0.0,"2026-06-15"]
["UNIVERSIDADE FEDERAL DE GOIAS-UF/GO",153052.0,4205.0,"Material","153052-82/2026","FCT - EQUIPAMENTOS PARA RU","Catálogo do Compras.gov.br","Material",7125.0,"ARMÁRIOS E ESTANTES",334.0,"ESTANTE METÁLICA",448683.0,"ALTURA: 1,80, CARACTERÍSTICAS ADICIONAIS: PRATELEIRAS GRADEADAS, LARGURA: 1,00, MATERIAL: AÇO INOX AISI 304, PROFUNDIDADE: 0,60, QUANTIDADE PRATELEIRAS: 4","UN",1.0,1489.0,1489.0,0.0,"2026-06-15"]
["UNIVERSIDADE FEDERAL DE GOIAS-UF/GO",153052.0,4206.0,"Material","153052-82/2026","FCT - EQUIPAMENTOS PARA RU","Catálogo do Compras.gov.br","Material",7125.0,"ARMÁRIOS E ESTANTES",334.0,"ESTANTE METÁLICA",445085.0,"ALTURA: 1,75, CAPACIDADE: 200, CARACTERÍSTICAS ADICIONAIS: PRATELEIRAS GRADEADAS, LARGURA: 1,50, MATERIAL: AÇO INOXIDÁVEL AISI 304 18.8, PROFUNDIDADE: 55, QUANTIDADE PRATELEIRAS: 4, TIPO PRATELEIRAS: REGULÁVEIS E REMOVÍVEIS","UN",1.0,2080.0,2080.0,0.0,"2026-06-15"]
["UNIVERSIDADE FEDERAL DE GOIAS-UF/GO",153052.0,4207.0,"Material","153052-82/2026","FCT - EQUIPAMENTOS PARA RU","Catálogo do Compras.gov.br","Material",7195.0,"MOBILIÁRIOS DIVERSOS E ACESSÓRIOS",3249.0,"BALCÃO TÉRMICO",615669.0,"ALTURA: 90, CARACTERÍSTICAS ADICIONAIS: PROTETOR SALIVAR, AQUECIMENTO RESISTÊNCIA ELÉTRICA, COMPONENTES: TAMPO EM  GRANITO, CORRE BANDEJA, COMPRIMENTO: 220, LARGURA: 77, MATERIAL: AÇO INOXIDÁVEL, QUANTIDADE RECIPIENTE: 6, TIPO RECIPIENTES: GN'S 1/1","UN",1.0,6899.99,6899.99,0.0,"2026-06-15"]
["UNIVERSIDADE FEDERAL DE GOIAS-UF/GO",153052.0,4208.0,"Material","153052-82/2026","FCT - EQUIPAMENTOS PARA RU","Catálogo do Compras.gov.br","Material",7195.0,"MOBILIÁRIOS DIVERSOS E ACESSÓRIOS",3249.0,"BALCÃO TÉRMICO",254460.0,"ALTURA: 85, CARACTERÍSTICAS ADICIONAIS: VITRINE SUPERIOR VIDRO RETO DE 10MM DE ESPESSURA, COMPONENTES: COM TANQUE BANHO MARIA, COMPRIMENTO: 215, LARGURA: 120, MATERIAL: AÇO INOXIDÁVEL, QUANTIDADE RECIPIENTE: 6, TIPO RECIPIENTES: GN 1/1-200 COM ALÇAS MÓVEIS E TAMPA, TIPO RODÍZIO: DOIS LATERAIS DE CORRE BANDEJA","UN",1.0,2711.5,2711.5,0.0,"2026-06-15"]
["UNIVERSIDADE FEDERAL DE GOIAS-UF/GO",153052.0,4209.0,"Material","153052-82/2026","FCT - EQUIPAMENTOS PARA RU","Catálogo do Compras.gov.br","Material",7310.0,"EQUIPAMENTOS PARA COZINHAR, ASSAR E SERVIR ALIMENTOS",1056.0,"CHAPA ASSADEIRA/FRITADEIRA",442496.0,"ALTURA: 90, CARACTERÍSTICAS ADICIONAIS: PÉS COM SAPATAS/GAVETA DE RESIDUOS/CHAMINÉ E GABIN, COMPRIMENTO: 90, FUNCIONAMENTO: GÁS, LARGURA: 96, MATERIAL: AÇO INOXIDÁVEL AISI 304, MATERIAL QUEIMADOR: AÇO INOXIDÁVEL","UN",1.0,4760.18,4760.18,0.0,"2026-06-15"]
["UNIVERSIDADE FEDERAL DE GOIAS-UF/GO",153052.0,4210.0,"Material","153052-82/2026","FCT - EQUIPAMENTOS PARA RU","Catálogo do Compras.gov.br","Material",7195.0,"MOBILIÁRIOS DIVERSOS E ACESSÓRIOS",3249.0,"BALCÃO TÉRMICO",451566.0,"ALTURA: 91, CARACTERÍSTICAS ADICIONAIS: BANHO MARIA, COMPONENTES: CUBAS, COMPRIMENTO: 175, LARGURA: 76, MATERIAL: AÇO INOXIDÁVEL, QUANTIDADE RECIPIENTE: 4","UN",1.0,3763.11,3763.11,0.0,"2026-06-15"]
["UNIVERSIDADE FEDERAL DE GOIAS-UF/GO",153052.0,4211.0,"Material","153052-82/2026","FCT - EQUIPAMENTOS PARA RU","Catálogo do Compras.gov.br","Material",7125.0,"ARMÁRIOS E ESTANTES",218.0,"ESTANTE",422754.0,"ALTURA: 160, LARGURA: 120, MATERIAL: AÇO INOX 304, PROFUNDIDADE: 50, QUANTIDADE PRATELEIRAS: 4, TIPO PRATELEIRAS: FIXAS","UN",3.0,1499.0,4497.0,0.0,"2026-06-15"]
["UNIVERSIDADE FEDERAL DE GOIAS-UF/GO",153052.0,4212.0,"Material","153052-82/2026","FCT - EQUIPAMENTOS PARA RU","Catálogo do Compras.gov.br","Material",7220.0,"REVESTIMENTOS PARA PISOS",14647.0,"ESTRADO MODULAR",316739.0,"ALTURA: 10, CAPACIDADE CARGA: ATÉ 4 TON/M², CARACTERÍSTICAS ADICIONAIS: ANTIDERRAPANTE /COM ABERTURAS /COM ENCAIXE MODULAR, COMPRIMENTO: 100, COR: BRANCA, LARGURA: 80, MATERIAL: POLIPROPILENO","UN",8.0,126.0,1008.0,0.0,"2026-06-15"]
["UNIVERSIDADE FEDERAL DE GOIAS-UF/GO",153052.0,4213.0,"Material","153052-82/2026","FCT - EQUIPAMENTOS PARA RU","Catálogo do Compras.gov.br","Material",7125.0,"ARMÁRIOS E ESTANTES",14421.0,"PRATELEIRA",445204.0,"CAPACIDADE: 150, CARACTERÍSTICAS ADICIONAIS: FIXADA POR MÃO FRANCESA EM AÇO INOX, COMPRIMENTO: 1,40, ESPESSURA: 1,00, LARGURA: 0,40, MATERIAL: AÇO INOXIDÁVEL AISI 304, TIPO: SUSPENSA","UN",4.0,617.5,2470.0,0.0,"2026-06-15"]
["UNIVERSIDADE FEDERAL DE GOIAS-UF/GO",153052.0,4214.0,"Material","153052-82/2026","FCT - EQUIPAMENTOS PARA RU","Catálogo do Compras.gov.br","Material",7125.0,"ARMÁRIOS E ESTANTES",14421.0,"PRATELEIRA",484164.0,"ALTURA: 160, CAPACIDADE: 250, CARACTERÍSTICAS ADICIONAIS: 4 RODÍZIOS (02 FIXOS E 02 GIRATÓRIOS COM TRAVA), LARGURA: 240, MATERIAL: AÇO INOX AISI 304, PROFUNDIDADE: 40, TIPO: 3 PRATELEIRAS COM PROTEÇÃO NAS LATERAIS E FUNDOS, USO: ARMAZENAGEM EM CÂMARA FRIA","UN",8.0,446.0,3568.0,0.0,"2026-06-15"]
["UNIVERSIDADE FEDERAL DE GOIAS-UF/GO",153052.0,4215.0,"Material","153052-82/2026","FCT - EQUIPAMENTOS PARA RU","Catálogo do Compras.gov.br","Material",7330.0,"UTENSÍLIOS E FERRAMENTAS MANUAIS DE COZINHA",1058.0,"CALDEIRÃO",304601.0,"CAPACIDADE: 100, CARACTERÍSTICAS ADICIONAIS: A GÁS, VAPOR AUTOGERADO, MATERIAL: AÇO INOX AISI 304, TAMANHO: GRANDE","UN",1.0,10389.0,10389.0,0.0,"2026-06-15"]
["UNIVERSIDADE FEDERAL DE GOIAS-UF/GO",153052.0,4216.0,"Material","153052-82/2026","FCT - EQUIPAMENTOS PARA RU","Catálogo do Compras.gov.br","Material",7310.0,"EQUIPAMENTOS PARA COZINHAR, ASSAR E SERVIR ALIMENTOS",1070.0,"FOGÃO INDUSTRIAL",451453.0,"APLICAÇÃO: COZINHAR E ASSAR ALIMENTOS, CARACTERÍSTICAS ADICIONAIS: 1 QUEIMADOR DUPLA CHAMA, GRELHAS EM FERRO FUNDIDO, FUNCIONAMENTO: GÁS, MATERIAL: AÇO INOXIDÁVEL, QUANTIDADE BOCAS: 2, TIPO ACENDIMENTO: MANUAL","UN",3.0,641.33,1923.99,0.0,"2026-06-15"]
["UNIVERSIDADE FEDERAL DE GOIAS-UF/GO",153052.0,4217.0,"Material","153052-82/2026","FCT - EQUIPAMENTOS PARA RU","Catálogo do Compras.gov.br","Material",7310.0,"EQUIPAMENTOS PARA COZINHAR, ASSAR E SERVIR ALIMENTOS",1070.0,"FOGÃO INDUSTRIAL",451453.0,"APLICAÇÃO: COZINHAR E ASSAR ALIMENTOS, CARACTERÍSTICAS ADICIONAIS: 1 QUEIMADOR DUPLA CHAMA, GRELHAS EM FERRO FUNDIDO, FUNCIONAMENTO: GÁS, MATERIAL: AÇO INOXIDÁVEL, QUANTIDADE BOCAS: 2, TIPO ACENDIMENTO: MANUAL","UN",1.0,641.33,641.33,0.0,"2026-06-15"]
["UNIVERSIDADE FEDERAL DE GOIAS-UF/GO",153052.0,4218.0,"Material","153052-82/2026","FCT - EQUIPAMENTOS PARA RU","Catálogo do Compras.gov.br","Material",7195.0,"MOBILIÁRIOS DIVERSOS E ACESSÓRIOS",9611.0,"MESA",487700.0,"ALTURA: 0,85, COMPRIMENTO: 1,00, LARGURA: 0,70, MATERIAL: AÇO INOXIDÁVEL","UN",3.0,538.45,1615.35,0.0,"2026-06-15"]
["UNIVERSIDADE FEDERAL DE GOIAS-UF/GO",153052.0,4219.0,"Material","153052-82/2026","FCT - EQUIPAMENTOS PARA RU","Catálogo do Compras.gov.br","Material",7195.0,"MOBILIÁRIOS DIVERSOS E ACESSÓRIOS",345.0,"MESA METÁLICA APOIO",207677.0,"ACABAMENTO SUPERFICIAL: PINTURA ELETROSTÁTICA A PÓ, ALTURA: 745, COR: AMARELA, DIÂMETRO: 695, DIÂMETRO TUBO BASE: 7/8, ESPESSURA CHAPA TAMPO: 0,90, ESPESSURA CHAPA TUBO BASE: 0,90, FORMATO: QUADRADO, LADO: 590, MATERIAL: TUBOS E CHAPAS DE AÇO, PESO: 5,35, TRATAMENTO SUPERFICIAL: ANTICORROSIVO","UN",1.0,1516.0,1516.0,0.0,"2026-06-15"]
["UNIVERSIDADE FEDERAL DE GOIAS-UF/GO",153052.0,4220.0,"Material","153052-82/2026","FCT - EQUIPAMENTOS PARA RU","Catálogo do Compras.gov.br","Material",7330.0,"UTENSÍLIOS E FERRAMENTAS MANUAIS DE COZINHA",1130.0,"DESCASCADOR LEGUMES",404473.0,"CAPACIDADE: 8, CARACTERÍSTICAS ADICIONAIS: TAMPA COM ABERTURA, PÉS ANTIDERRAPANTES, MATERIAL: AÇO INOXIDÁVEL, POTÊNCIA MOTOR: 0,50","UN",1.0,3285.71,3285.71,0.0,"2026-06-15"]
["UNIVERSIDADE FEDERAL DE GOIAS-UF/GO",153052.0,4221.0,"Material","153052-82/2026","FCT - EQUIPAMENTOS PARA RU","Catálogo do Compras.gov.br","Material",7320.0,"EQUIPAMENTOS E APARELHOS DE COZINHA",1125.0,"PROCESSADOR ALIMENTOS",219088.0,"ALTURA: 450, COMPRIMENTO: 520, COR: BRANCA, FUNÇÃO DISCO: RALADOR/FATIADOR E DESFIADOR, LARGURA: 300, MATERIAL CORPO: ALUMÍNIO FUNDIDO, MATERIAL EXTERNO: AÇO INOXIDÁVEL, MATERIAL TAMPA: FIBRA VIDRO, PESO: 27, POTÊNCIA: 1/2, QUANTIDADE DISCO: 5, TENSÃO: 110/220","UN",1.0,3784.95,3784.95,0.0,"2026-06-15"]
["UNIVERSIDADE FEDERAL DE GOIAS-UF/GO",153052.0,4222.0,"Material","153052-82/2026","FCT - EQUIPAMENTOS PARA RU","Catálogo do Compras.gov.br","Material",7320.0,"EQUIPAMENTOS E APARELHOS DE COZINHA",9844.0,"MOEDOR DE CARNE INDUSTRIAL",445211.0,"CAPACIDADE MOAGEM: 700, MATERIAL BANDEJA: AÇO INOXIDÁVEL, MATERIAL CORPO: AÇO INOXIDÁVEL, POTÊNCIA MOTOR: 3","UN",1.0,3553.25,3553.25,0.0,"2026-06-15"]
["UNIVERSIDADE FEDERAL DE GOIAS-UF/GO",153052.0,4223.0,"Material","153052-82/2026","FCT - EQUIPAMENTOS PARA RU","Catálogo do Compras.gov.br","Material",7310.0,"EQUIPAMENTOS PARA COZINHAR, ASSAR E SERVIR ALIMENTOS",1070.0,"FOGÃO INDUSTRIAL",465552.0,"ALTURA: 80, APLICAÇÃO: COZINHAR E ASSAR ALIMENTOS, CARACTERÍSTICAS ADICIONAIS: CHAPA BIFETEIRA, 3 BOCAS SIMPLES, 3 BOCAS DUPLAS,, COMPRIMENTO: 200, FUNCIONAMENTO: GÁS, LARGURA: 116, MATERIAL: FERRO FUNDIDO, QUANTIDADE BOCAS: 6, TIPO ACENDIMENTO: AUTOMÁTICO","UN",2.0,2127.0,4254.0,0.0,"2026-06-15"]
["UNIVERSIDADE FEDERAL DE GOIAS-UF/GO",153052.0,4314.0,"Material","153052-88/2026","MÓBILIÁRIOS EM GERAL","Catálogo do Compras.gov.br","Material",7110.0,"MOBILIÁRIO PARA ESCRITÓRIO",4661.0,"CARTEIRA ESCOLAR",232339.0,"ACABAMENTO ESTRUTURA: PINTADO, CARACTERÍSTICAS ADICIONAIS: FIXA/ESTOFAMENTO COM D-38/REVESTIMENTO TECIDO/, MATERIAL ESTRUTURA: FERRO","UN",20.0,250.0,5000.0,0.0,"2026-07-02"]
["UNIVERSIDADE FEDERAL DE GOIAS-UF/GO",153052.0,4308.0,"Material","153052-88/2026","MÓBILIÁRIOS EM GERAL","Catálogo do Compras.gov.br","Material",7125.0,"ARMÁRIOS E ESTANTES",15290.0,"ARMÁRIO",603764.0,"ALTURA: 1,60, CARACTERÍSTICAS ADICIONAIS: FECHADURA FRONTAL, ESPESSURA: 25, LARGURA: 0,80, MATERIAL: MDP, PROFUNDIDADE: 0,50, QUANTIDADE PORTAS: 2, QUANTIDADE PRATELEIRAS: 3 INTERNAS REGULÁVEIS, REVESTIMENTO: LAMINADO MELAMÍNICO BAIXA PRESSÃO, TIPO: ALTO, TIPO PORTAS: COM FECHADURA","UN",3.0,920.0,2760.0,0.0,"2026-07-02"]
["UNIVERSIDADE FEDERAL DE GOIAS-UF/GO",153052.0,4226.0,"Material","153052-83/2026","DTEL - MATERIAL E EQUIPAMENTOS PARA CONFECÇÃO DE CRACHÁS","Catálogo do Compras.gov.br","Material",8455.0,"DISTINTIVOS E INSÍGNIAS",11167.0,"PRENDEDOR DE CRACHÁ",474051.0,"CARACTERÍSTICAS ADICIONAIS: CONFORME MODELO DO ÓRGÃO, COMPRIMENTO: 85, LARGURA: 20, MATERIAL: 100% POLIÉSTER, TIPO: CORDÃO","UN",500.0,18.0,9000.0,0.0,"2026-04-01"]
["UNIVERSIDADE FEDERAL DE GOIAS-UF/GO",153052.0,4227.0,"Material","153052-83/2026","DTEL - MATERIAL E EQUIPAMENTOS PARA CONFECÇÃO DE CRACHÁS","Catálogo do Compras.gov.br","Material",8455.0,"DISTINTIVOS E INSÍGNIAS",3691.0,"PROTETOR CRACHÁ",419177.0,"ALTURA: 86, LARGURA: 54, MATERIAL: PLÁSTICO RÍGIDO TRANSPARENTE, TIPO: VERTICAL","UN",15000.0,2.73,40950.0,0.0,"2026-04-01"]
["UNIVERSIDADE FEDERAL DE GOIAS-UF/GO",153052.0,4228.0,"Material","153052-83/2026","DTEL - MATERIAL E EQUIPAMENTOS PARA CONFECÇÃO DE CRACHÁS","Catálogo do Compras.gov.br","Material",8455.0,"DISTINTIVOS E INSÍGNIAS",11167.0,"PRENDEDOR DE CRACHÁ",309257.0,"CARACTERÍSTICAS ADICIONAIS: COM PRENDEDOR METÁLICO TIPO JACARÉ E MECANISMO  RE, COMPRIMENTO: 80, COR: AZUL MARINHO, COR LETRAS: BRANCA, LADO IMPRESSÃO: DOS DOIS LADOS, LARGURA: 1,00, MATERIAL: POLIÉSTER ANTIALÉRGICO, TIPO: FITA, TIPO IMPRESSÃO: COM GRAVAÇÃO DO LOGOTIPO E NOME DO ÓRGÃO","UN",15000.0,5.1,76500.0,0.0,"2026-04-01"]
["UNIVERSIDADE FEDERAL DE GOIAS-UF/GO",153052.0,4229.0,"Material","153052-83/2026","DTEL - MATERIAL E EQUIPAMENTOS PARA CONFECÇÃO DE CRACHÁS","Catálogo do Compras.gov.br","Material",8455.0,"DISTINTIVOS E INSÍGNIAS",11167.0,"PRENDEDOR DE CRACHÁ",474051.0,"CARACTERÍSTICAS ADICIONAIS: CONFORME MODELO DO ÓRGÃO, COMPRIMENTO: 85, LARGURA: 20, MATERIAL: 100% POLIÉSTER, TIPO: CORDÃO","UN",200.0,18.0,3600.0,0.0,"2026-04-01"]
["UNIVERSIDADE FEDERAL DE GOIAS-UF/GO",153052.0,4230.0,"Material","153052-83/2026","DTEL - MATERIAL E EQUIPAMENTOS PARA CONFECÇÃO DE CRACHÁS","Catálogo do Compras.gov.br","Material",8455.0,"DISTINTIVOS E INSÍGNIAS",10833.0,"CARTÃO IDENTIFICAÇÃO",244928.0,"COMPRIMENTO: 86, COR: BRANCA, ESPESSURA: 0,75, LARGURA: 54, MATERIAL: PVC","UN",15000.0,4.02,60300.0,0.0,"2026-04-01"]
["UNIVERSIDADE FEDERAL DE GOIAS-UF/GO",153052.0,4231.0,"Material","153052-83/2026","DTEL - MATERIAL E EQUIPAMENTOS PARA CONFECÇÃO DE CRACHÁS","Catálogo do Compras.gov.br","Material",7510.0,"ARTIGOS PARA ESCRITÓRIO",18462.0,"CANTEADOR",391498.0,"APLICAÇÃO: ACABAMENTO CRACHÁ, CARACTERÍSTICAS ADICIONAIS: CORTE DE 5MM/90°, COMPRIMENTO: 120, LARGURA: 200, MATERIAL: METAL","UN",4.0,350.0,1400.0,0.0,"2026-04-01"]
["UNIVERSIDADE FEDERAL DE GOIAS-UF/GO",153052.0,4224.0,"Material","153052-83/2026","DTEL - MATERIAL E EQUIPAMENTOS PARA CONFECÇÃO DE CRACHÁS","Catálogo do Compras.gov.br","Material",7020.0,"IMPRESSORAS",8309.0,"IMPRESSORA - CARTÃO / CRACHÁ",392350.0,"CAPACIDADE: MÍNIMA DE 125 CARTÕES/HORA COLORIDO FRENTE E VERSO, CAPACIDADE MEMÓRIA: 16, CARACTERÍSTICAS ADICIONAIS: SOFTWARE P/CRIAÇÃO DE BANCO DE DADOS E MODELOS PAD, FREQUÊNCIA: 50/60, INTERFACE: WINDOWS XP/2000/2003/XP/7, MAC E LINUX, MATERIAL CARTÃO: PVC E PVC COMPOSTO, RESOLUÇÃO MÍNIMA: 300, TAMANHO: ISO CR-80 E ISO - 7810, VOLTAGEM: 110/220","UN",3.0,13800.0,41400.0,0.0,"2026-04-01"]
["UNIVERSIDADE FEDERAL DE GOIAS-UF/GO",153052.0,4225.0,"Material","153052-83/2026","DTEL - MATERIAL E EQUIPAMENTOS PARA CONFECÇÃO DE CRACHÁS","Catálogo do Compras.gov.br","Material",3590.0,"EQUIPAMENTOS DIVERSOS PARA SERVIÇOS PROFISSIONAIS E  COMERCIAIS",16887.0,"EQUIPAMENTOS DIVERSOS PARA SERVIÇOS PROFISSIONAIS",483593.0,"CARACTERÍSTICAS ADICIONAIS 2: CONEXÃO ATRAVÉS DE CABO DE REDE PADRÃO TCP/IP, PADRÃO: RFID USB MIFARE DESFIRE EV1 MIFARE PLUS, TIPO 1: LEITOR E GRAVADOR DE CARTÕES, USO 1: FUNÇÃO CRIPTOGRAFAR / DESCRIPTOGRAFAR","UN",2.0,494.02,988.04,0.0,"2026-04-01"]
["UNIVERSIDADE FEDERAL DE GOIAS-UF/GO",153052.0,4237.0,"Material","153052-85/2026","EQUIPAMENTOS REFRIGERAÇÃO AMBIENTE (EXCETO AR CONDICIONADO)","Catálogo do Compras.gov.br","Material",4140.0,"VENTILADORES, CIRCULADORES DE AR E VENTOINHAS",710.0,"VENTILADOR",453487.0,"CARACTERÍSTICAS ADICIONAIS: HÉLICE COM 3 PÁS, DIÂMETRO: 60, MATERIAL: AÇO, POTÊNCIA MOTOR: 180, TENSÃO ALIMENTAÇÃO: 110, TIPO: PAREDE","UN",5.0,350.0,1750.0,0.0,"2026-07-10"]
["UNIVERSIDADE FEDERAL DE GOIAS-UF/GO",153052.0,4234.0,"Material","153052-85/2026","EQUIPAMENTOS REFRIGERAÇÃO AMBIENTE (EXCETO AR CONDICIONADO)","Catálogo do Compras.gov.br","Material",4140.0,"VENTILADORES, CIRCULADORES DE AR E VENTOINHAS",710.0,"VENTILADOR",467523.0,"CARACTERÍSTICAS ADICIONAIS: HÉLICE COM 3 PÁS VELOCIDADE MÍNIMA: 1.500 RPM, MATERIAL: AÇO, POTÊNCIA MOTOR: 200, TENSÃO ALIMENTAÇÃO: 220, TIPO: PAREDE","UN",11.0,250.0,2750.0,0.0,"2026-07-10"]
["UNIVERSIDADE FEDERAL DE GOIAS-UF/GO",153052.0,4236.0,"Material","153052-85/2026","EQUIPAMENTOS REFRIGERAÇÃO AMBIENTE (EXCETO AR CONDICIONADO)","Catálogo do Compras.gov.br","Material",4140.0,"VENTILADORES, CIRCULADORES DE AR E VENTOINHAS",710.0,"VENTILADOR",462426.0,"CARACTERÍSTICAS ADICIONAIS: 03 VELOCIDADES/GRADE DE PROTEÇÃO REMOVÍVEL, COR: PRETA, DIÂMETRO: 60, MATERIAL: AÇO, POTÊNCIA MOTOR: 170, TENSÃO ALIMENTAÇÃO: 127/220, TIPO: PAREDE","UN",2.0,300.0,600.0,0.0,"2026-07-10"]
["UNIVERSIDADE FEDERAL DE GOIAS-UF/GO",153052.0,4242.0,"Material","153052-85/2026","EQUIPAMENTOS REFRIGERAÇÃO AMBIENTE (EXCETO AR CONDICIONADO)","Catálogo do Compras.gov.br","Material",4140.0,"VENTILADORES, CIRCULADORES DE AR E VENTOINHAS",704.0,"EXAUSTOR",474422.0,"ALTURA: 275, APLICAÇÃO: DISSIPAR FUMAÇA E IMPUREZA NO PROCESSO DE SOLDAGEM, CARACTERÍSTICAS ADICIONAIS: ESTRUTURA METÁLICA DIRECIONAVEL, BASE DE BORRACHA, COMPRIMENTO: 217, LARGURA: 217, POTÊNCIA MOTOR: 30, TIPO: DE BANCADA","UN",3.0,395.0,1185.0,0.0,"2026-07-10"]
["UNIVERSIDADE FEDERAL DE GOIAS-UF/GO",153052.0,4239.0,"Material","153052-85/2026","EQUIPAMENTOS REFRIGERAÇÃO AMBIENTE (EXCETO AR CONDICIONADO)","Catálogo do Compras.gov.br","Material",4140.0,"VENTILADORES, CIRCULADORES DE AR E VENTOINHAS",710.0,"VENTILADOR",607073.0,"CARACTERÍSTICAS ADICIONAIS: GRADE METÁLICA, DIÂMETRO: 100, MATERIAL: AÇO, POTÊNCIA MOTOR: 1/2, TENSÃO ALIMENTAÇÃO: 127/220, TIPO: PAREDE","UN",4.0,198.0,792.0,0.0,"2026-07-10"]
["UNIVERSIDADE FEDERAL DE GOIAS-UF/GO",153052.0,4240.0,"Material","153052-85/2026","EQUIPAMENTOS REFRIGERAÇÃO AMBIENTE (EXCETO AR CONDICIONADO)","Catálogo do Compras.gov.br","Material",4140.0,"VENTILADORES, CIRCULADORES DE AR E VENTOINHAS",710.0,"VENTILADOR",447029.0,"DIÂMETRO: 65, MATERIAL: POLIPROPILENO, POTÊNCIA MOTOR: 180, QUANTIDADE VELOCIDADE: MÍNIMO 3, TENSÃO ALIMENTAÇÃO: 110/220, TIPO: COLUNA","UN",7.0,290.0,2030.0,0.0,"2026-07-10"]
["UNIVERSIDADE FEDERAL DE GOIAS-UF/GO",153052.0,4241.0,"Material","153052-85/2026","EQUIPAMENTOS REFRIGERAÇÃO AMBIENTE (EXCETO AR CONDICIONADO)","Catálogo do Compras.gov.br","Material",4130.0,"COMPONENTES DE EQUIPAMENTOS PARA REFRIGERAÇÃO E AR  CONDICIONADO",18545.0,"CLIMATIZADOR",626948.0,"CAPACIDADE ÁGUA: 75, CONSUMO ÁGUA: 5, POTÊNCIA: 0,51, TENSÃO ALIMENTAÇÃO: 220, TIPO: PORTÁTIL, TIPO MOTOR: BIFÁSICO, VAZÃO AR: 14.000","UN",5.0,9500.0,47500.0,0.0,"2026-07-10"]
["UNIVERSIDADE FEDERAL DE GOIAS-UF/GO",153052.0,4238.0,"Material","153052-85/2026","EQUIPAMENTOS REFRIGERAÇÃO AMBIENTE (EXCETO AR CONDICIONADO)","Catálogo do Compras.gov.br","Material",4140.0,"VENTILADORES, CIRCULADORES DE AR E VENTOINHAS",710.0,"VENTILADOR",607073.0,"CARACTERÍSTICAS ADICIONAIS: GRADE METÁLICA, DIÂMETRO: 100, MATERIAL: AÇO, POTÊNCIA MOTOR: 1/2, TENSÃO ALIMENTAÇÃO: 127/220, TIPO: PAREDE","UN",1.0,300.0,300.0,0.0,"2026-07-10"]
["UNIVERSIDADE FEDERAL DE GOIAS-UF/GO",153052.0,4232.0,"Material","153052-85/2026","EQUIPAMENTOS REFRIGERAÇÃO AMBIENTE (EXCETO AR CONDICIONADO)","Catálogo do Compras.gov.br","Material",4130.0,"COMPONENTES DE EQUIPAMENTOS PARA REFRIGERAÇÃO E AR  CONDICIONADO",13144.0,"UMIDIFICADOR E PURIFICADOR AMBIENTE",609273.0,"CAPACIDADE: 15, CARACTERÍSTICAS ADICIONAIS: SENSOR CONTROLADOR DE UMIDADE E TEMPERATURA, FREQÜÊNCIA: 60, MATERIAL: METÁLICO, TIPO: PAREDE, VOLTAGEM: 220/380","UN",1.0,2000.0,2000.0,0.0,"2026-07-10"]
["UNIVERSIDADE FEDERAL DE GOIAS-UF/GO",153052.0,4233.0,"Material","153052-85/2026","EQUIPAMENTOS REFRIGERAÇÃO AMBIENTE (EXCETO AR CONDICIONADO)","Catálogo do Compras.gov.br","Material",4140.0,"VENTILADORES, CIRCULADORES DE AR E VENTOINHAS",710.0,"VENTILADOR",453490.0,"CARACTERÍSTICAS ADICIONAIS: HÉLICE COM 3 PÁS, DIÂMETRO: 60, MATERIAL: AÇO, POTÊNCIA MOTOR: 200, TENSÃO ALIMENTAÇÃO: 220, TIPO: PAREDE","UN",9.0,350.0,3150.0,0.0,"2026-07-10"]
["UNIVERSIDADE FEDERAL DE GOIAS-UF/GO",153052.0,4235.0,"Material","153052-85/2026","EQUIPAMENTOS REFRIGERAÇÃO AMBIENTE (EXCETO AR CONDICIONADO)","Catálogo do Compras.gov.br","Material",4140.0,"VENTILADORES, CIRCULADORES DE AR E VENTOINHAS",18545.0,"CLIMATIZADOR",625431.0,"CAPACIDADE ÁGUA: 5,7, POTÊNCIA: 65, TENSÃO ALIMENTAÇÃO: 127, TIPO: PORTÁTIL, TIPO MOTOR: MONOFÁSICO","UN",3.0,1500.0,4500.0,0.0,"2026-07-10"]
["UNIVERSIDADE FEDERAL DE GOIAS-UF/GO",153052.0,4243.0,"Material","153052-86/2026","SEINFRA E OUTROS - MATERIAIS PARA JARDIM (ACESSÓRIOS PARA MANGUEIRAS, CANOS E TUBOS)","Catálogo do Compras.gov.br","Material",4730.0,"ACESSÓRIOS E FERRAGENS ESPECIAIS PARA  MANGUEIRAS, CANOS  E TUBOS",13546.0,"CONEXÃO HIDRÁULICA",334003.0,"APLICAÇÃO: INSTALAÇÃO HIDRÁULICA, BITOLA LADO SOLDÁVEL: 3/4, MATERIAL: PVC - CLORETO DE POLIVINILA, TIPO: CURVA 90° CURTA, TIPO FIXAÇÃO: SOLDÁVEL","UN",20.0,3.83,76.6,0.0,"2026-10-30"]
["UNIVERSIDADE FEDERAL DE GOIAS-UF/GO",153052.0,4244.0,"Material","153052-86/2026","SEINFRA E OUTROS - MATERIAIS PARA JARDIM (ACESSÓRIOS PARA MANGUEIRAS, CANOS E TUBOS)","Catálogo do Compras.gov.br","Material",4730.0,"ACESSÓRIOS E FERRAGENS ESPECIAIS PARA  MANGUEIRAS, CANOS  E TUBOS",623.0,"TÊ - CONEXÃO PARA TUBOS CANOS - ROSCÁVEL",452028.0,"APLICAÇÃO: INSTALAÇÕES PREDIAIS ÁGUA FRIA, DIÂMETRO ENTRADA: 3/4, MATERIAL: PVC - CLORETO DE POLIVINILA","UN",20.0,0.4,8.0,0.0,"2026-10-30"]
["UNIVERSIDADE FEDERAL DE GOIAS-UF/GO",153052.0,4245.0,"Material","153052-86/2026","SEINFRA E OUTROS - MATERIAIS PARA JARDIM (ACESSÓRIOS PARA MANGUEIRAS, CANOS E TUBOS)","Catálogo do Compras.gov.br","Material",4730.0,"ACESSÓRIOS E FERRAGENS ESPECIAIS PARA  MANGUEIRAS, CANOS  E TUBOS",13546.0,"CONEXÃO HIDRÁULICA",296005.0,"BITOLA: 3/4\", MATERIAL: PVC - CLORETO DE POLIVINILA, TIPO: LUVA DE CORRER, TIPO FIXAÇÃO: ROSCÁVEL","UN",30.0,1.0,30.0,0.0,"2026-10-30"]
["UNIVERSIDADE FEDERAL DE GOIAS-UF/GO",153052.0,4246.0,"Material","153052-86/2026","SEINFRA E OUTROS - MATERIAIS PARA JARDIM (ACESSÓRIOS PARA MANGUEIRAS, CANOS E TUBOS)","Catálogo do Compras.gov.br","Material",4730.0,"ACESSÓRIOS E FERRAGENS ESPECIAIS PARA  MANGUEIRAS, CANOS  E TUBOS",13546.0,"CONEXÃO HIDRÁULICA",370193.0,"APLICAÇÃO: INSTALAÇÕES PREDIAIS ÁGUA FRIA, BITOLA I: 3/4, CARACTERÍSTICAS ADICIONAIS: COM ANEL DE BORRACHA FLEXÍVEL PARA VEDAÇÃO, MATERIAL: PVC, TIPO: LUVA DE CORRER, TIPO FIXAÇÃO: SOLDÁVEL","UN",10.0,3.09,30.9,0.0,"2026-10-30"]
["UNIVERSIDADE FEDERAL DE GOIAS-UF/GO",153052.0,4333.0,"Material","153052-88/2026","MÓBILIÁRIOS EM GERAL","Catálogo do Compras.gov.br","Material",7110.0,"MOBILIÁRIO PARA ESCRITÓRIO",313.0,"CADEIRA ESCRITÓRIO",384572.0,"ACABAMENTO SUPERFICIAL ESTRUTURA: PINTURA A PÓ, APOIO BRAÇO: SEM BRAÇOS, COR: AZUL, COR ESTRUTURA: PRETA, MATERIAL ASSENTO: COMPENSADO/ESPUMA LAMINADA, MATERIAL ENCOSTO: COMPENSADO/ESPUMA LAMINADA, MATERIAL ESTRUTURA: TUBO AÇO, MATERIAL REVESTIMENTO ASSENTO E ENCOSTO: TECIDO, QUANTIDADE PÉS: 5, TIPO BASE: GIRATÓRIA, TIPO ENCOSTO: ESPALDAR BAIXO REGULÁVEL","UN",8.0,360.0,2880.0,0.0,"2026-07-02"]
["UNIVERSIDADE FEDERAL DE GOIAS-UF/GO",153052.0,4358.0,"Material","153052-88/2026","MÓBILIÁRIOS EM GERAL","Catálogo do Compras.gov.br","Material",7110.0,"MOBILIÁRIO PARA ESCRITÓRIO",4661.0,"CARTEIRA ESCOLAR",232339.0,"ACABAMENTO ESTRUTURA: PINTADO, CARACTERÍSTICAS ADICIONAIS: FIXA/ESTOFAMENTO COM D-38/REVESTIMENTO TECIDO/, MATERIAL ESTRUTURA: FERRO","UN",20.0,250.0,5000.0,0.0,"2026-07-02"]
["UNIVERSIDADE FEDERAL DE GOIAS-UF/GO",153052.0,4361.0,"Material","153052-88/2026","MÓBILIÁRIOS EM GERAL","Catálogo do Compras.gov.br","Material",7110.0,"MOBILIÁRIO PARA ESCRITÓRIO",1454.0,"QUADRO BRANCO",466525.0,"ACABAMENTO SUPERFICIAL MOLDURA: ANODIZADO NATURAL, COMPRIMENTO: 300, LARGURA: 120, MATERIAL: MDF, MATERIAL MOLDURA: ALUMÍNIO","UN",3.0,1248.0,3744.0,0.0,"2026-07-02"]
["UNIVERSIDADE FEDERAL DE GOIAS-UF/GO",153052.0,4301.0,"Material","153052-88/2026","MÓBILIÁRIOS EM GERAL","Catálogo do Compras.gov.br","Material",7110.0,"MOBILIÁRIO PARA ESCRITÓRIO",342.0,"MESA REUNIÃO REDONDA",611831.0,"ACABAMENTO SUPERFICIAL: LAMINADO MELAMÍNICO, ALTURA: 0,784, CARACTERÍSTICAS ADICIONAIS: TIPO PÉS PAINEL EM X, SAPATAS REGULADORAS DE NÍVEL, COR ESTRUTURA: PRETA, DIÂMETRO: 1,20, MATERIAL: MADEIRA MDF, TIPO MADEIRA: MDF, TIPO REVESTIMENTO: LAMINADO MELAMÍNICO BAIXA PRESSÃO","UN",2.0,644.25,1288.5,0.0,"2026-07-02"]
["UNIVERSIDADE FEDERAL DE GOIAS-UF/GO",153052.0,4297.0,"Material","153052-88/2026","MÓBILIÁRIOS EM GERAL","Catálogo do Compras.gov.br","Material",7110.0,"MOBILIÁRIO PARA ESCRITÓRIO",11363.0,"QUADRO MAGNÉTICO",486289.0,"APLICAÇÃO: TREINAMENTO, CARACTERÍSTICAS ADICIONAIS: SUPORTE PARA APAGADOR E PINCEL, COMPRIMENTO: 120, COR: BRANCA, LARGURA: 150, MATERIAL: LAMINADO MELAMÍNICO, MATERIAL MOLDURA: ALUMÍNIO","UN",1.0,500.0,500.0,0.0,"2026-07-02"]
["UNIVERSIDADE FEDERAL DE GOIAS-UF/GO",153052.0,4305.0,"Material","153052-88/2026","MÓBILIÁRIOS EM GERAL","Catálogo do Compras.gov.br","Material",7110.0,"MOBILIÁRIO PARA ESCRITÓRIO",313.0,"CADEIRA ESCRITÓRIO",384572.0,"ACABAMENTO SUPERFICIAL ESTRUTURA: PINTURA A PÓ, APOIO BRAÇO: SEM BRAÇOS, COR: AZUL, COR ESTRUTURA: PRETA, MATERIAL ASSENTO: COMPENSADO/ESPUMA LAMINADA, MATERIAL ENCOSTO: COMPENSADO/ESPUMA LAMINADA, MATERIAL ESTRUTURA: TUBO AÇO, MATERIAL REVESTIMENTO ASSENTO E ENCOSTO: TECIDO, QUANTIDADE PÉS: 5, TIPO BASE: GIRATÓRIA, TIPO ENCOSTO: ESPALDAR BAIXO REGULÁVEL","UN",8.0,360.0,2880.0,0.0,"2026-07-02"]
["UNIVERSIDADE FEDERAL DE GOIAS-UF/GO",153052.0,4306.0,"Material","153052-88/2026","MÓBILIÁRIOS EM GERAL","Catálogo do Compras.gov.br","Material",7125.0,"ARMÁRIOS E ESTANTES",15290.0,"ARMÁRIO",356459.0,"ACABAMENTO SUPERFICIAL: LÂMINA DE BAMBU COMBUSTADO / BAMBU VERTICAL, ALTURA: 1,60, CARACTERÍSTICAS ADICIONAIS: PUXADORES EM ZAMAC E CHAVES COM CÓPIAS, ESPESSURA: 28, LARGURA: 0,90, MATERIAL: MADEIRA MDF, PROFUNDIDADE: 0,50, QUANTIDADE PORTAS: 2, QUANTIDADE PRATELEIRAS: 3, TIPO: ALTO","UN",5.0,500.0,2500.0,0.0,"2026-07-02"]
["UNIVERSIDADE FEDERAL DE GOIAS-UF/GO",153052.0,4307.0,"Material","153052-88/2026","MÓBILIÁRIOS EM GERAL","Catálogo do Compras.gov.br","Material",7195.0,"MOBILIÁRIOS DIVERSOS E ACESSÓRIOS",14785.0,"ESTAÇÃO TRABALHO",613255.0,"ACABAMENTO ESTRUTURA: PINTURA ELETROSTÁTICA, ALTURA: 1,10, CARACTERÍSTICAS ADICIONAIS: PASSAGEM FIAÇÃO/SUPORTE TOMADAS, COMPONENTES: 01 MESA EM \"L\", COMPRIMENTO: 1,40, ESPESSURA TAMPO: 25, ESTRUTURA: ALUMÍNIO ANODIZADO NATURAL, LARGURA: 1,40, REVESTIMENTO: LAMINADO MELAMÍNICO, TIPO: MODULAR C/PAINEL DIVISOR, TIPO TAMPO: MDF/CURVO","UN",4.0,600.0,2400.0,0.0,"2026-07-02"]
["UNIVERSIDADE FEDERAL DE GOIAS-UF/GO",153052.0,4289.0,"Material","153052-88/2026","MÓBILIÁRIOS EM GERAL","Catálogo do Compras.gov.br","Material",7110.0,"MOBILIÁRIO PARA ESCRITÓRIO",10984.0,"POLTRONA",611356.0,"ALTURA: 1.100, CARACTERÍSTICAS ADICIONAIS: COM BRAÇOS/RODÍZIOS DUPLOS, COR: PRETA, LARGURA: 500, MATERIAL ASSENTO E ENCOSTO: ESPUMA EXPANDIDA D33, MATERIAL ESTRUTURA: ALUMINIO INJETADO, MATERIAL REVESTIMENTO ASSENTO E ENCOSTO: COURVIN, TIPO: GIRATÓRIA, TIPO ESPALDAR: ALTO","UN",6.0,3362.0,20172.0,0.0,"2026-07-02"]
["UNIVERSIDADE FEDERAL DE GOIAS-UF/GO",153052.0,4291.0,"Material","153052-88/2026","MÓBILIÁRIOS EM GERAL","Catálogo do Compras.gov.br","Material",7110.0,"MOBILIÁRIO PARA ESCRITÓRIO",313.0,"CADEIRA ESCRITÓRIO",485893.0,"APOIO BRAÇO: COM BRAÇOS REGULÁVEIS, COR: PRETA, MATERIAL ASSENTO: POLIPROPILENO INJETADO, MATERIAL ENCOSTO: TELA 100% POLIÉSTER, MATERIAL ESTRUTURA: AÇO, MATERIAL REVESTIMENTO ASSENTO E ENCOSTO: COURO SINTÉTICO, QUANTIDADE PÉS: 5, TIPO BASE: GIRATÓRIA, TIPO ENCOSTO: MÉDIO, TIPO SISTEMA REGULAGEM VERTICAL: A GÁS, TRATAMENTO SUPERFICIAL ESTRUTURA: PINTURA EM EPÓXI","UN",10.0,650.0,6500.0,0.0,"2026-07-02"]
["UNIVERSIDADE FEDERAL DE GOIAS-UF/GO",153052.0,4292.0,"Material","153052-88/2026","MÓBILIÁRIOS EM GERAL","Catálogo do Compras.gov.br","Material",7110.0,"MOBILIÁRIO PARA ESCRITÓRIO",10984.0,"POLTRONA",307039.0,"ACABAMENTO SUPERFICIAL ESTRUTURA: POLIDO, COR ESTRUTURA: PRATA, COR TECIDO: TERRACOTA, MATERIAL ASSENTO E ENCOSTO: ESPUMA, MATERIAL ESTRUTURA: AÇO INOX, MATERIAL REVESTIMENTO ASSENTO E ENCOSTO: COURO, TIPO: BARCELONA, TIPO ESTRUTURA: BARRAS TIPO MOLA","UN",6.0,1000.0,6000.0,0.0,"2026-07-02"]
["UNIVERSIDADE FEDERAL DE GOIAS-UF/GO",153052.0,4347.0,"Material","153052-88/2026","MÓBILIÁRIOS EM GERAL","Catálogo do Compras.gov.br","Material",7125.0,"ARMÁRIOS E ESTANTES",15290.0,"ARMÁRIO",603764.0,"ALTURA: 1,60, CARACTERÍSTICAS ADICIONAIS: FECHADURA FRONTAL, ESPESSURA: 25, LARGURA: 0,80, MATERIAL: MDP, PROFUNDIDADE: 0,50, QUANTIDADE PORTAS: 2, QUANTIDADE PRATELEIRAS: 3 INTERNAS REGULÁVEIS, REVESTIMENTO: LAMINADO MELAMÍNICO BAIXA PRESSÃO, TIPO: ALTO, TIPO PORTAS: COM FECHADURA","UN",3.0,920.0,2760.0,0.0,"2026-07-02"]
["UNIVERSIDADE FEDERAL DE GOIAS-UF/GO",153052.0,4293.0,"Material","153052-88/2026","MÓBILIÁRIOS EM GERAL","Catálogo do Compras.gov.br","Material",7110.0,"MOBILIÁRIO PARA ESCRITÓRIO",9660.0,"MESA REUNIÃO RETANGULAR",603343.0,"ALTURA: 0,75, CARACTERÍSTICAS ADICIONAIS: CALHA METÁLICA PARA FIAÇÃO. SAPATAS NIVELADORAS, COMPRIMENTO: 2, ESPESSURA TAMPO: 25, LARGURA: 1,00, MATERIAL: MADEIRA MDF, MATERIAL BORDA LATERAL: PVC, MATERIAL FACE SUPERIOR: LAMINADO MELAMÍNICO, MATERIAL TAMPO: MDF, REVESTIMENTO: LAMINADO MELAMÍNICO BAIXA PRESSÃO, TIPO BORDAS: ARREDONDADAS, TIPO ESTRUTURA: MADEIRA","UN",1.0,2000.0,2000.0,0.0,"2026-07-02"]
["UNIVERSIDADE FEDERAL DE GOIAS-UF/GO",153052.0,4294.0,"Material","153052-88/2026","MÓBILIÁRIOS EM GERAL","Catálogo do Compras.gov.br","Material",7110.0,"MOBILIÁRIO PARA ESCRITÓRIO",14334.0,"MESA",632178.0,"ALTURA: 75, CARACTERÍSTICAS ADICIONAIS: CONFORME MODELO, COMPRIMENTO: 270 CM (150 + 120 CM), COR: NOGAL COM PRETO, ESPESSURA TAMPO: 25, FORMATO: EM \"L\", FORMATO BASE: PÉS COM SEÇÃO RETANGULAR, FORMATO TAMPO: RETANGULAR, LARGURA: 60, MATERIAL BORDA: FITA DE BORDA, MATERIAL ESTRUTURA: MDP, MATERIAL TAMPO: MDP, REVESTIMENTO: LAMINADO MELAMÍNICO","UN",9.0,713.8,6424.2,0.0,"2026-07-02"]
["UNIVERSIDADE FEDERAL DE GOIAS-UF/GO",153052.0,4295.0,"Material","153052-88/2026","MÓBILIÁRIOS EM GERAL","Catálogo do Compras.gov.br","Material",7110.0,"MOBILIÁRIO PARA ESCRITÓRIO",14334.0,"MESA",619400.0,"ALTURA: 0,75, COMPRIMENTO: 1,20, ESPESSURA TAMPO: 25,8, FORMATO: RETANGULAR, LARGURA: 0,60, MATERIAL ESTRUTURA: AÇO CARBONO, MATERIAL TAMPO: MADEIRA MDF, REVESTIMENTO: LAMINADO DE MADEIRA NATURAL","UN",7.0,431.5,3020.5,0.0,"2026-07-02"]
["UNIVERSIDADE FEDERAL DE GOIAS-UF/GO",153052.0,4296.0,"Material","153052-88/2026","MÓBILIÁRIOS EM GERAL","Catálogo do Compras.gov.br","Material",7110.0,"MOBILIÁRIO PARA ESCRITÓRIO",14334.0,"MESA",628202.0,"ACABAMENTO ESTRUTURA: PINTURA ELETROSTÁTICA A PÓ, ALTURA: 760, CARACTERÍSTICAS ADICIONAIS: COM CAIXA DE TOMADAS, COMPRIMENTO: 3300, COR: MADEIRADO, ESPESSURA TAMPO: 25, FORMATO: RETANGULAR, FORMATO BASE: PÉS COM SEÇÃO RETANGULAR, FORMATO TAMPO: RETANGULAR, LARGURA: 800, MATERIAL BORDA: PVC, MATERIAL ESTRUTURA: AÇO, MATERIAL TAMPO: MDP","UN",1.0,2804.55,2804.55,0.0,"2026-07-02"]
["UNIVERSIDADE FEDERAL DE GOIAS-UF/GO",153052.0,4302.0,"Material","153052-88/2026","MÓBILIÁRIOS EM GERAL","Catálogo do Compras.gov.br","Material",7110.0,"MOBILIÁRIO PARA ESCRITÓRIO",14250.0,"MÓDULO DE TRABALHO",617304.0,"ALTURA: 750, APLICAÇÃO: MESA DE TRABALHO., CARACTERÍSTICAS ADICIONAIS: TAMPO EM \"L\", COR: NOGAL, DIMENSÕES MESA ESCRITÓRIO: 1900 X 800 X 1700 X 700, MATERIAL: MADEIRA MDP, NÚMERO GAVETAS MESA ESCRITÓRIO: 3","UN",5.0,1850.0,9250.0,0.0,"2026-07-02"]
["UNIVERSIDADE FEDERAL DE GOIAS-UF/GO",153052.0,4303.0,"Material","153052-88/2026","MÓBILIÁRIOS EM GERAL","Catálogo do Compras.gov.br","Material",7125.0,"ARMÁRIOS E ESTANTES",15290.0,"ARMÁRIO",351313.0,"ACABAMENTO SUPERFICIAL: LAMINADO MELAMÍNICO, ALTURA: 160, CARACTERÍSTICAS ADICIONAIS: TAMPO EM MDF, REVESTIDO EM LAMINADO DE PVC TERMO, COR: BEGE, ESPESSURA: 25, LARGURA: 90, MATERIAL: MADEIRA MDF, MATERIAL PORTAS: MDF 18MM, REVESTIDO NA FACE EXTERNA EM LAMINADO DE, MATERIAL PRATELEIRAS: MDF, PROFUNDIDADE: 45, QUANTIDADE PORTAS: 2, QUANTIDADE PRATELEIRAS: 04, TIPO: ALTO, TIPO BORDAS: ARREDONDADAS A 90°","UN",2.0,556.9,1113.8,0.0,"2026-07-02"]
["UNIVERSIDADE FEDERAL DE GOIAS-UF/GO",153052.0,4304.0,"Material","153052-88/2026","MÓBILIÁRIOS EM GERAL","Catálogo do Compras.gov.br","Material",7110.0,"MOBILIÁRIO PARA ESCRITÓRIO",313.0,"CADEIRA ESCRITÓRIO",623641.0,"APOIO BRAÇO: COM BRAÇOS REGULÁVEIS EM FORMA DE \"T\", CARACTERÍSTICAS ADICIONAIS: COM RODÍZIOS DUPLOS DE NÁILON E 5 PÉS, COR: PRETA, MATERIAL ASSENTO: POLIPROPILENO / ESPUMA POLIURETANO INJETADA, MATERIAL ENCOSTO: POLIPROPILENO / ESPUMA POLIURETANO INJETADA, MATERIAL ESTRUTURA: AÇO SAE 1020, MATERIAL REVESTIMENTO ASSENTO E ENCOSTO: TECIDO SINTÉTICO, TIPO BASE: GIRATÓRIA COM 5 RODÍZIOS DUPLOS, TIPO ENCOSTO: ESPALDAR ALTO, TIPO SISTEMA REGULAGEM VERTICAL: PNEUMÁTICO, TRATAMENTO SUPERFICIAL ESTRUTURA: PINTURA ELETROSTÁTICA","UN",5.0,800.0,4000.0,0.0,"2026-07-02"]
["UNIVERSIDADE FEDERAL DE GOIAS-UF/GO",153052.0,4299.0,"Material","153052-88/2026","MÓBILIÁRIOS EM GERAL","Catálogo do Compras.gov.br","Material",7110.0,"MOBILIÁRIO PARA ESCRITÓRIO",313.0,"CADEIRA ESCRITÓRIO",478072.0,"CARACTERÍSTICAS ADICIONAIS: ENCOSTO EM TELA, COR: PRETA, DIMENSÕES ASSENTO: 475 X 455, DIMENSÕES ENCOSTO: 475 X 485, MATERIAL ASSENTO: ESPUMA INJETADA, MATERIAL ENCOSTO: POLIAMIDA, MATERIAL ESTRUTURA: AÇO CARBONO, MATERIAL REVESTIMENTO ASSENTO E ENCOSTO: POLIAMIDA, QUANTIDADE PÉS: 5, TIPO BASE: GIRATÓRIA COM 5 RODÍZIOS DUPLOS, TIPO ENCOSTO: BAIXO","UN",20.0,934.11,18682.2,0.0,"2026-07-02"]
["UNIVERSIDADE FEDERAL DE GOIAS-UF/GO",153052.0,4300.0,"Material","153052-88/2026","MÓBILIÁRIOS EM GERAL","Catálogo do Compras.gov.br","Material",9999.0,"ITENS DIVERSOS",17368.0,"CONJUNTO ESCOLAR",482926.0,"COMPONENTES: 1 MESA E 4 CADEIRAS, ESPESSURA TAMPO: 18, FORMATO MESA: REDONDA, MATERIAL TAMPO: MDF, REVESTIMENTO TAMPO: LAMINADO MELAMÍNICO","UN",3.0,1000.0,3000.0,0.0,"2026-07-02"]
["UNIVERSIDADE FEDERAL DE GOIAS-UF/GO",153052.0,4311.0,"Material","153052-88/2026","MÓBILIÁRIOS EM GERAL","Catálogo do Compras.gov.br","Material",7110.0,"MOBILIÁRIO PARA ESCRITÓRIO",313.0,"CADEIRA ESCRITÓRIO",602025.0,"ACABAMENTO SUPERFICIAL ESTRUTURA: PINTURA EPÓXI, APOIO BRAÇO: COM BRAÇOS REGULÁVEIS, CARACTERÍSTICAS ADICIONAIS: APOIO DE CABEÇA, REGULAGEM DE ALTURA E INCLINAÇÃO, COR: PRETA, MATERIAL ASSENTO: COMPENSADO MULTILAMINADO E ESPUMA INJETADA, MATERIAL ENCOSTO: TELA 100% POLIÉSTER, MATERIAL ESTRUTURA: AÇO, MATERIAL REVESTIMENTO ASSENTO E ENCOSTO: POLIÉSTER, QUANTIDADE PÉS: 5, TIPO BASE: GIRATÓRIA, TIPO ENCOSTO: REGULÁVEL","UN",3.0,600.0,1800.0,0.0,"2026-07-02"]
["UNIVERSIDADE FEDERAL DE GOIAS-UF/GO",153052.0,4312.0,"Material","153052-88/2026","MÓBILIÁRIOS EM GERAL","Catálogo do Compras.gov.br","Material",7110.0,"MOBILIÁRIO PARA ESCRITÓRIO",313.0,"CADEIRA ESCRITÓRIO",602025.0,"ACABAMENTO SUPERFICIAL ESTRUTURA: PINTURA EPÓXI, APOIO BRAÇO: COM BRAÇOS REGULÁVEIS, CARACTERÍSTICAS ADICIONAIS: APOIO DE CABEÇA, REGULAGEM DE ALTURA E INCLINAÇÃO, COR: PRETA, MATERIAL ASSENTO: COMPENSADO MULTILAMINADO E ESPUMA INJETADA, MATERIAL ENCOSTO: TELA 100% POLIÉSTER, MATERIAL ESTRUTURA: AÇO, MATERIAL REVESTIMENTO ASSENTO E ENCOSTO: POLIÉSTER, QUANTIDADE PÉS: 5, TIPO BASE: GIRATÓRIA, TIPO ENCOSTO: REGULÁVEL","UN",2.0,600.0,1200.0,0.0,"2026-07-02"]
["UNIVERSIDADE FEDERAL DE GOIAS-UF/GO",153052.0,4315.0,"Material","153052-88/2026","MÓBILIÁRIOS EM GERAL","Catálogo do Compras.gov.br","Material",7110.0,"MOBILIÁRIO PARA ESCRITÓRIO",321.0,"MESA ESCRITÓRIO",630988.0,"ALTURA: 77, CARACTERÍSTICAS ADICIONAIS 1: CONFORME MODELO, COMPRIMENTO: 120, LARGURA: 75, MATERIAL ESTRUTURA: AÇO, MATERIAL TAMPO: GRANITO","UN",28.0,1500.0,42000.0,0.0,"2026-07-02"]
["UNIVERSIDADE FEDERAL DE GOIAS-UF/GO",153052.0,4316.0,"Material","153052-88/2026","MÓBILIÁRIOS EM GERAL","Catálogo do Compras.gov.br","Material",7110.0,"MOBILIÁRIO PARA ESCRITÓRIO",313.0,"CADEIRA ESCRITÓRIO",613325.0,"CARACTERÍSTICAS ADICIONAIS: ENCOSTO EM TELA, COR ESTRUTURA: PRETA, DIMENSÕES ASSENTO: 480 X 490, DIMENSÕES ENCOSTO: 380 X 450, MATERIAL ASSENTO: POLIPROPILENO / ESPUMA POLIURETANO INJETADA, MATERIAL ENCOSTO: POLIPROPILENO TELADO, MATERIAL ESTRUTURA: TUBO AÇO, MATERIAL REVESTIMENTO ASSENTO E ENCOSTO: POLIPROPILENO, QUANTIDADE PÉS: 4, TIPO BASE: GIRATÓRIA, TRATAMENTO SUPERFICIAL ESTRUTURA: PINTURA EM EPÓXI","UN",28.0,1600.0,44800.0,0.0,"2026-07-02"]
["UNIVERSIDADE FEDERAL DE GOIAS-UF/GO",153052.0,4309.0,"Material","153052-88/2026","MÓBILIÁRIOS EM GERAL","Catálogo do Compras.gov.br","Material",7110.0,"MOBILIÁRIO PARA ESCRITÓRIO",9660.0,"MESA REUNIÃO RETANGULAR",264583.0,"ALTURA: 0,74, CARACTERÍSTICAS ADICIONAIS: TRATAMENTO ANTIFERRUGINOSO, COMPRIMENTO: 2,50, COR: MARFIM, ESPESSURA TAMPO: 25, LARGURA: 1,20, MATERIAL: MADEIRA, MATERIAL BORDA LATERAL: PVC, MATERIAL FACE SUPERIOR: LAMINADO MELAMÍNICO, REVESTIMENTO: POST FORMING, TIPO BORDAS: ARREDONDADAS EM (POST-FORMING), TIPO ESTRUTURA: TUBO AÇO, COR EXTRUTURA: PRETO","UN",1.0,6000.0,6000.0,0.0,"2026-07-02"]
["UNIVERSIDADE FEDERAL DE GOIAS-UF/GO",153052.0,4310.0,"Material","153052-88/2026","MÓBILIÁRIOS EM GERAL","Catálogo do Compras.gov.br","Material",7110.0,"MOBILIÁRIO PARA ESCRITÓRIO",313.0,"CADEIRA ESCRITÓRIO",395750.0,"APOIO BRAÇO: COM BRAÇOS, COR: PRETA, MATERIAL ASSENTO: ESPUMA INJETADA, MATERIAL ENCOSTO: ESPUMA INJETADA, MATERIAL ESTRUTURA: AÇO, MATERIAL REVESTIMENTO ASSENTO E ENCOSTO: COURO ECOLÓGICO VINIL, TIPO BASE: GIRATÓRIA, TIPO ENCOSTO: MÉDIO, TRATAMENTO SUPERFICIAL ESTRUTURA: PINTURA EM EPOXI PRETO","UN",6.0,1000.0,6000.0,0.0,"2026-07-02"]
["UNIVERSIDADE FEDERAL DE GOIAS-UF/GO",153052.0,4313.0,"Material","153052-88/2026","MÓBILIÁRIOS EM GERAL","Catálogo do Compras.gov.br","Material",7195.0,"MOBILIÁRIOS DIVERSOS E ACESSÓRIOS",4083.0,"CADEIRA COM BRAÇO",613651.0,"CARACTERÍSTICAS ADICIONAIS: PESO MAXIMO RECOMENDADO: 150 KG, DIMENSÕES ASSENTO: 485 X 540, DIMENSÕES ENCOSTO: 485 X 540, MATERIAL ASSENTO/ENCOSTO: MADEIRA DE NO MÍNIMO 20 MM, MATERIAL REVESTIMENTO ASSENTO E ENCOSTO: ESPUMA INJETADA DE ALTA DENSIDADE, QUANTIDADE DE PÉS: 05, TIPO ASSENTO / ENCOSTO: GIRATÓRIOS E CONTÍNUOS, TIPO SISTEMA REGULAGEM VERTICAL: A GÁS","UN",10.0,703.91,7039.1,0.0,"2026-07-02"]
["UNIVERSIDADE FEDERAL DE GOIAS-UF/GO",153052.0,4359.0,"Material","153052-88/2026","MÓBILIÁRIOS EM GERAL","Catálogo do Compras.gov.br","Material",7195.0,"MOBILIÁRIOS DIVERSOS E ACESSÓRIOS",14785.0,"ESTAÇÃO TRABALHO",629390.0,"CARACTERÍSTICAS ADICIONAIS: PAINEL COM ELEVAÇÃO: 30 CM, TAMPO  75 CM DO SOLO, COMPONENTES: 1 TAMPO, 1 PAINEL FRONTAL, 2 PAINEIS LATERIAIS, DIMENSÕES DO TAMPO: 700 X 600 MM, DIMENSÕES PAINEL FRONTAL: 1260 X 700 MM, DIMENSÕES PAINEL LATERAL: 1560 X 700 MM, ESTRUTURA: CHAPA MDP 25MM, TIPO: CABINE DE ESTUDO INDIVIDUAL, TIPO TAMPO: MADEIRA MDP","UN",4.0,1000.0,4000.0,0.0,"2026-07-02"]
["UNIVERSIDADE FEDERAL DE GOIAS-UF/GO",153052.0,4356.0,"Material","153052-88/2026","MÓBILIÁRIOS EM GERAL","Catálogo do Compras.gov.br","Material",7110.0,"MOBILIÁRIO PARA ESCRITÓRIO",9660.0,"MESA REUNIÃO RETANGULAR",603343.0,"ALTURA: 0,75, CARACTERÍSTICAS ADICIONAIS: CALHA METÁLICA PARA FIAÇÃO. SAPATAS NIVELADORAS, COMPRIMENTO: 2, ESPESSURA TAMPO: 25, LARGURA: 1,00, MATERIAL: MADEIRA MDF, MATERIAL BORDA LATERAL: PVC, MATERIAL FACE SUPERIOR: LAMINADO MELAMÍNICO, MATERIAL TAMPO: MDF, REVESTIMENTO: LAMINADO MELAMÍNICO BAIXA PRESSÃO, TIPO BORDAS: ARREDONDADAS, TIPO ESTRUTURA: MADEIRA","UN",1.0,2000.0,2000.0,0.0,"2026-07-02"]
["UNIVERSIDADE FEDERAL DE GOIAS-UF/GO",153052.0,4317.0,"Material","153052-88/2026","MÓBILIÁRIOS EM GERAL","Catálogo do Compras.gov.br","Material",7110.0,"MOBILIÁRIO PARA ESCRITÓRIO",313.0,"CADEIRA ESCRITÓRIO",485893.0,"APOIO BRAÇO: COM BRAÇOS REGULÁVEIS, COR: PRETA, MATERIAL ASSENTO: POLIPROPILENO INJETADO, MATERIAL ENCOSTO: TELA 100% POLIÉSTER, MATERIAL ESTRUTURA: AÇO, MATERIAL REVESTIMENTO ASSENTO E ENCOSTO: COURO SINTÉTICO, QUANTIDADE PÉS: 5, TIPO BASE: GIRATÓRIA, TIPO ENCOSTO: MÉDIO, TIPO SISTEMA REGULAGEM VERTICAL: A GÁS, TRATAMENTO SUPERFICIAL ESTRUTURA: PINTURA EM EPÓXI","UN",10.0,650.0,6500.0,0.0,"2026-07-02"]
["UNIVERSIDADE FEDERAL DE GOIAS-UF/GO",153052.0,4341.0,"Material","153052-88/2026","MÓBILIÁRIOS EM GERAL","Catálogo do Compras.gov.br","Material",7105.0,"MOBILIÁRIO DOMÉSTICO",12395.0,"SUPORTE DE VIDEOCASSETE / TELEVISAO",628028.0,"ACABAMENTO SUPERFICIAL: PINTURA ELETROSTÁTICA, CARACTERÍSTICAS ADICIONAIS: PARAFUSOS, BUCHAS DE FIXAÇÃO, COR: PRETA, MATERIAL: AÇO, TAMANHO: PARA TV DE 32\" ATÉ 75\", TIPO: PAREDE ARTICULADO","UN",1.0,385.0,385.0,0.0,"2026-07-02"]
["UNIVERSIDADE FEDERAL DE GOIAS-UF/GO",153052.0,4318.0,"Material","153052-88/2026","MÓBILIÁRIOS EM GERAL","Catálogo do Compras.gov.br","Material",6530.0,"MOBILIÁRIO, EQUIPAMENTOS, UTENSÍLIOS E  SUPRIMENTOS  HOSPITALARES",9615.0,"MESA REFEIÇÃO",334778.0,"ALTURA: ALTURA MÍNIMA DE 1,19, CARACTERÍSTICAS ADICIONAIS: 2 PÉS FIXOS, 2 C/RODÍZIOS DE 2\", REGULAGEM ALTURA, COMPRIMENTO TAMPO: 0,75 A 0,80, LARGURA TAMPO: 0,40 A 0,45, MATERIAL ESTRUTURA: AÇO INOXIDÁVEL COM PINTURA ANTI CORROSIVA, REVESTIMENTO TAMPO: TAMPO EM MDF","UN",30.0,230.0,6900.0,0.0,"2026-07-02"]
["UNIVERSIDADE FEDERAL DE GOIAS-UF/GO",153052.0,4319.0,"Material","153052-88/2026","MÓBILIÁRIOS EM GERAL","Catálogo do Compras.gov.br","Material",7105.0,"MOBILIÁRIO DOMÉSTICO",15327.0,"BANCO",630961.0,"ACABAMENTO: LAMINADO MELAMÍNICO, ALTURA: 45, CARACTERÍSTICAS ADICIONAIS: 1 PORTA COM DOBRADIÇAS EMBUTIDAS COM AMORTECEDORES, COR: CONFORME ORIENTAÇÃO DA CONTRATANTE, LARGURA: 1,20, MATERIAL: MADEIRA MDF, PROFUNDIDADE: 52, TIPO ASSENTO: 120KG/ASSENTO E 15KG/BAÚ","UN",4.0,2129.8,8519.2,0.0,"2026-07-02"]
["UNIVERSIDADE FEDERAL DE GOIAS-UF/GO",153052.0,4320.0,"Material","153052-88/2026","MÓBILIÁRIOS EM GERAL","Catálogo do Compras.gov.br","Material",7105.0,"MOBILIÁRIO DOMÉSTICO",12177.0,"SOFÁ",607704.0,"ALTURA: 0,85, CARACTERÍSTICAS ADICIONAIS: PÉS MADEIRA MACIÇA COR CASTANHO, COR: CARAMELO, LARGURA: 300, MATERIAL ESTOFAMENTO: ESPUMA D28, MATERIAL ESTRUTURA: MADEIRA, PROFUNDIDADE: 100, QUANTIDADE ASSENTOS: 2, QUANTIDADE MÓDULOS: 2, REVESTIMENTO: COURO","UN",1.0,2335.0,2335.0,0.0,"2026-07-02"]
["UNIVERSIDADE FEDERAL DE GOIAS-UF/GO",153052.0,4321.0,"Material","153052-88/2026","MÓBILIÁRIOS EM GERAL","Catálogo do Compras.gov.br","Material",7110.0,"MOBILIÁRIO PARA ESCRITÓRIO",313.0,"CADEIRA ESCRITÓRIO",629990.0,"APOIO BRAÇO: SEM BRAÇOS, COR: PRETA, MATERIAL ENCOSTO: 100 % POLIÉSTER, MATERIAL ESTRUTURA: AÇO, MATERIAL REVESTIMENTO ASSENTO E ENCOSTO: TECIDO, TIPO BASE: FIXA COM PÉS TORNEADOS, TIPO ENCOSTO: BAIXO","UN",4.0,264.51,1058.04,0.0,"2026-07-02"]
["UNIVERSIDADE FEDERAL DE GOIAS-UF/GO",153052.0,4322.0,"Material","153052-88/2026","MÓBILIÁRIOS EM GERAL","Catálogo do Compras.gov.br","Material",7110.0,"MOBILIÁRIO PARA ESCRITÓRIO",321.0,"MESA ESCRITÓRIO",471815.0,"ALTURA: 750, CARACTERÍSTICAS ADICIONAIS: RETANGULAR E SEM GAVETAS, LARGURA: 1300, MATERIAL ESTRUTURA: MADEIRA, MATERIAL TAMPO: TAMPO EM MADEIRA MDP/MDF, PROFUNDIDADE: 600","UN",3.0,890.0,2670.0,0.0,"2026-07-02"]
["UNIVERSIDADE FEDERAL DE GOIAS-UF/GO",153052.0,4323.0,"Material","153052-88/2026","MÓBILIÁRIOS EM GERAL","Catálogo do Compras.gov.br","Material",7110.0,"MOBILIÁRIO PARA ESCRITÓRIO",14334.0,"MESA",461561.0,"ALTURA: 102, COMPRIMENTO: 60, COR: VARIADA, FORMATO: QUADRADA, LARGURA: 60, MATERIAL ESTRUTURA: AÇO CARBONO, MATERIAL TAMPO: AÇO CARBONO","UN",2.0,687.5,1375.0,0.0,"2026-07-02"]
["UNIVERSIDADE FEDERAL DE GOIAS-UF/GO",153052.0,4324.0,"Material","153052-88/2026","MÓBILIÁRIOS EM GERAL","Catálogo do Compras.gov.br","Material",7110.0,"MOBILIÁRIO PARA ESCRITÓRIO",14334.0,"MESA",630282.0,"ALTURA: 70,5, CARACTERÍSTICAS ADICIONAIS: EMPILHÁVEL, PROTEÇÃO CONTRA RAIOS UV, COMPRIMENTO: 70, COR: BRANCA, FORMATO: QUADRADA, FORMATO TAMPO: 70 X 70 CM, LARGURA: 70, MATERIAL ESTRUTURA: POLIPROPILENO, MATERIAL TAMPO: POLIPROPILENO, QUANTIDADE PÉS: 4","UN",10.0,368.16,3681.6,0.0,"2026-07-02"]
["UNIVERSIDADE FEDERAL DE GOIAS-UF/GO",153052.0,4325.0,"Material","153052-88/2026","MÓBILIÁRIOS EM GERAL","Catálogo do Compras.gov.br","Material",7110.0,"MOBILIÁRIO PARA ESCRITÓRIO",321.0,"MESA ESCRITÓRIO",601721.0,"ACABAMENTO ESTRUTURA: PINTURA ELETROSTÁTICA, ALTURA: 0,75, CARACTERÍSTICAS ADICIONAIS: CONFORME MODELO, COMPRIMENTO: 1800, COR ESTRUTURA: ARGILA, COR TAMPO: ARGILA, ESPESSURA TAMPO: 25, LARGURA: 600, MATERIAL ESTRUTURA: AÇO, MATERIAL TAMPO: MDF, REVESTIMENTO TAMPO: LAMINADO MELAMÍNICO","UN",1.0,730.0,730.0,0.0,"2026-07-02"]
["UNIVERSIDADE FEDERAL DE GOIAS-UF/GO",153052.0,4326.0,"Material","153052-88/2026","MÓBILIÁRIOS EM GERAL","Catálogo do Compras.gov.br","Material",7110.0,"MOBILIÁRIO PARA ESCRITÓRIO",4079.0,"CADEIRA EMPILHÁVEL",461919.0,"ACABAMENTO SUPERFICIAL: PINTURA EPÓXI, ALTURA: 83, CARACTERÍSTICAS ADICIONAIS: COM BRAÇO, COR: PRETA, LARGURA: 53, MATERIAL ASSENTO/ENCOSTO: POLIPROPILENO, MATERIAL ESTRUTURA: POLIPROPILENO, PROFUNDIDADE: 40","UN",160.0,268.0,42880.0,0.0,"2026-07-02"]
["UNIVERSIDADE FEDERAL DE GOIAS-UF/GO",153052.0,4327.0,"Material","153052-88/2026","MÓBILIÁRIOS EM GERAL","Catálogo do Compras.gov.br","Material",7110.0,"MOBILIÁRIO PARA ESCRITÓRIO",10984.0,"POLTRONA",461908.0,"ALTURA: 81, CARACTERÍSTICAS ADICIONAIS: COM BRAÇOS, COR TECIDO: ESTAMPADO, LARGURA: 76, MATERIAL ASSENTO E ENCOSTO: MADEIRA E ESPUMA D26, MATERIAL BASE: MADEIRA, MATERIAL ESTRUTURA: MADEIRA, MATERIAL REVESTIMENTO ASSENTO E ENCOSTO: TECIDO, PROFUNDIDADE: 56, TIPO: FIXA, TIPO ESPALDAR: MÉDIO","UN",2.0,690.0,1380.0,0.0,"2026-07-02"]
["UNIVERSIDADE FEDERAL DE GOIAS-UF/GO",153052.0,4328.0,"Material","153052-88/2026","MÓBILIÁRIOS EM GERAL","Catálogo do Compras.gov.br","Material",7110.0,"MOBILIÁRIO PARA ESCRITÓRIO",336.0,"GAVETEIRO MÓVEL",629858.0,"ACABAMENTO BORDAS: PERFIL DE PVC, ALTURA: 690, COR: BRANCO, LARGURA: 400, MATERIAL: MADEIRA MDF, MATERIAL PUXADOR: 4 METÁLICOS TIPO ALÇA, PROFUNDIDADE: 470, QUANTIDADE GAVETAS: 4, TIPO PUXADORES: ALÇA, METALICO, TIPO PÉS: COM RODÍZIO","UN",4.0,515.0,2060.0,0.0,"2026-07-02"]
["UNIVERSIDADE FEDERAL DE GOIAS-UF/GO",153052.0,4329.0,"Material","153052-88/2026","MÓBILIÁRIOS EM GERAL","Catálogo do Compras.gov.br","Material",7125.0,"ARMÁRIOS E ESTANTES",309.0,"ARMÁRIO AÇO",632321.0,"ACABAMENTO SUPERFICIAL: PINTURA COM ESMALTE SINTÉTICO, ALTURA: 1,98, CARACTERÍSTICAS ADICIONAIS: PÉS REGULÁVEIS, COR: CINZA, LARGURA: 1,21, MATERIAL: CHAPA AÇO 24/14, PROFUNDIDADE: 0,42, QUANTIDADE PORTAS: 16, TIPO: VERTICAL, TIPO FIXAÇÃO PORTAS: FECHADURA","UN",2.0,1137.55,2275.1,0.0,"2026-07-02"]
["UNIVERSIDADE FEDERAL DE GOIAS-UF/GO",153052.0,4330.0,"Material","153052-88/2026","MÓBILIÁRIOS EM GERAL","Catálogo do Compras.gov.br","Material",7125.0,"ARMÁRIOS E ESTANTES",15290.0,"ARMÁRIO",480995.0,"ALTURA: 2,10, LARGURA: 0,74, MATERIAL: MADEIRA MDP E MDF, PROFUNDIDADE: 45 A 50, TIPO: ALTO COM DUAS PORTAS","UN",2.0,784.35,1568.7,0.0,"2026-07-02"]
["UNIVERSIDADE FEDERAL DE GOIAS-UF/GO",153052.0,4331.0,"Material","153052-88/2026","MÓBILIÁRIOS EM GERAL","Catálogo do Compras.gov.br","Material",7125.0,"ARMÁRIOS E ESTANTES",15290.0,"ARMÁRIO",486182.0,"ACABAMENTO SUPERFICIAL: PLASTICO ABS, ALTURA: 1890, APLICAÇÃO: GUARDAR ROUPAS E OBJETOS PESSOAIS, CARACTERÍSTICAS ADICIONAIS: ANTIMOFO E LAVÁVEL, LARGURA: 350, MATERIAL: PLASTICO ABS, MATERIAL BASE: PLASTICO ABS, MATERIAL PORTAS: PLASTICO ABS, MATERIAL PÉ: PLÁSTICO, PROFUNDIDADE: 450, QUANTIDADE PORTAS: 2, TIPO: ALTO, TIPO PORTAS: FECHAMENTO COM PITAO E CADEADO","UN",1.0,6500.0,6500.0,0.0,"2026-07-02"]
["UNIVERSIDADE FEDERAL DE GOIAS-UF/GO",153052.0,4332.0,"Material","153052-88/2026","MÓBILIÁRIOS EM GERAL","Catálogo do Compras.gov.br","Material",7125.0,"ARMÁRIOS E ESTANTES",15290.0,"ARMÁRIO",629770.0,"ALTURA: 740, APLICAÇÃO: GUARDAR ROUPAS E OBJETOS PESSOAIS, COR: CINZA, ESPESSURA: 18, LARGURA: 810, MATERIAL: MADEIRA MDP E MDF, MATERIAL BASE: AÇO TUBULAR DE SEÇÃO RETANGULAR, MATERIAL PORTAS: MDP 18MM, MATERIAL PRATELEIRAS: MADEIRA COMPENSADA OU MDF LAMINADO MELAMÍNICO, MATERIAL PÉ: AÇO TUBULAR, PROFUNDIDADE: 500, QUANTIDADE PORTAS: 2, QUANTIDADE PRATELEIRAS: 2, REVESTIMENTO: LAMINADO MELAMÍNICO BAIXA PRESSÃO, TIPO: BAIXO COM 02 PORTAS, TIPO BORDAS: BORDAS ARREDONDADAS A 180°, TIPO PORTAS: COM PUXADORES","UN",2.0,588.495,1176.99,0.0,"2026-07-02"]
["UNIVERSIDADE FEDERAL DE GOIAS-UF/GO",153052.0,4363.0,"Material","153052-88/2026","MÓBILIÁRIOS EM GERAL","Catálogo do Compras.gov.br","Material",7110.0,"MOBILIÁRIO PARA ESCRITÓRIO",313.0,"CADEIRA ESCRITÓRIO",445779.0,"ACABAMENTO SUPERFICIAL ESTRUTURA: PINTURA EPÓXI, APOIO BRAÇO: COM BRAÇOS REGULÁVEIS, CARACTERÍSTICAS ADICIONAIS: COM RODÍZIOS, COR: PRETA, COR ESTRUTURA: PRETA, DIMENSÕES ASSENTO: 490  X  460, DIMENSÕES ENCOSTO: 430  X  390, MATERIAL ASSENTO: ESPUMA INJETADA, MATERIAL ENCOSTO: ESPUMA INJETADA, MATERIAL ESTRUTURA: AÇO, MATERIAL REVESTIMENTO ASSENTO E ENCOSTO: COURO ECOLÓGICO, QUANTIDADE PÉS: 5, TIPO BASE: GIRATÓRIA, TIPO ENCOSTO: ESPALDAR BAIXO, TIPO SISTEMA REGULAGEM VERTICAL: A GÁS, TRATAMENTO SUPERFICIAL ESTRUTURA: PINTURA EM EPÓXI","UN",11.0,1000.0,11000.0,0.0,"2026-07-02"]
["UNIVERSIDADE FEDERAL DE GOIAS-UF/GO",153052.0,4334.0,"Material","153052-88/2026","MÓBILIÁRIOS EM GERAL","Catálogo do Compras.gov.br","Material",7125.0,"ARMÁRIOS E ESTANTES",15290.0,"ARMÁRIO",356459.0,"ACABAMENTO SUPERFICIAL: LÂMINA DE BAMBU COMBUSTADO / BAMBU VERTICAL, ALTURA: 1,60, CARACTERÍSTICAS ADICIONAIS: PUXADORES EM ZAMAC E CHAVES COM CÓPIAS, ESPESSURA: 28, LARGURA: 0,90, MATERIAL: MADEIRA MDF, PROFUNDIDADE: 0,50, QUANTIDADE PORTAS: 2, QUANTIDADE PRATELEIRAS: 3, TIPO: ALTO","UN",5.0,500.0,2500.0,0.0,"2026-07-02"]
["UNIVERSIDADE FEDERAL DE GOIAS-UF/GO",153052.0,4335.0,"Material","153052-88/2026","MÓBILIÁRIOS EM GERAL","Catálogo do Compras.gov.br","Material",7195.0,"MOBILIÁRIOS DIVERSOS E ACESSÓRIOS",14785.0,"ESTAÇÃO TRABALHO",613255.0,"ACABAMENTO ESTRUTURA: PINTURA ELETROSTÁTICA, ALTURA: 1,10, CARACTERÍSTICAS ADICIONAIS: PASSAGEM FIAÇÃO/SUPORTE TOMADAS, COMPONENTES: 01 MESA EM \"L\", COMPRIMENTO: 1,40, ESPESSURA TAMPO: 25, ESTRUTURA: ALUMÍNIO ANODIZADO NATURAL, LARGURA: 1,40, REVESTIMENTO: LAMINADO MELAMÍNICO, TIPO: MODULAR C/PAINEL DIVISOR, TIPO TAMPO: MDF/CURVO","UN",4.0,600.0,2400.0,0.0,"2026-07-02"]
["UNIVERSIDADE FEDERAL DE GOIAS-UF/GO",153052.0,4336.0,"Material","153052-88/2026","MÓBILIÁRIOS EM GERAL","Catálogo do Compras.gov.br","Material",7110.0,"MOBILIÁRIO PARA ESCRITÓRIO",1454.0,"QUADRO BRANCO",613732.0,"ACABAMENTO SUPERFICIAL MOLDURA: ALUMÍNIO, ALTURA: 120, CARACTERÍSTICAS ADICIONAIS: SUPORTE PARA APAGADOR E PINCEL, COR MOLDURA: NATURAL, FINALIDADE: SALA DE AULA, LARGURA: 150, MATERIAL: LAMINADO MELAMÍNICO BRILHANTE, MATERIAL MOLDURA: ALUMÍNIO ANODIZADO","UN",2.0,390.0,780.0,0.0,"2026-07-02"]
["UNIVERSIDADE FEDERAL DE GOIAS-UF/GO",153052.0,4337.0,"Material","153052-88/2026","MÓBILIÁRIOS EM GERAL","Catálogo do Compras.gov.br","Material",7110.0,"MOBILIÁRIO PARA ESCRITÓRIO",313.0,"CADEIRA ESCRITÓRIO",478072.0,"CARACTERÍSTICAS ADICIONAIS: ENCOSTO EM TELA, COR: PRETA, DIMENSÕES ASSENTO: 475 X 455, DIMENSÕES ENCOSTO: 475 X 485, MATERIAL ASSENTO: ESPUMA INJETADA, MATERIAL ENCOSTO: POLIAMIDA, MATERIAL ESTRUTURA: AÇO CARBONO, MATERIAL REVESTIMENTO ASSENTO E ENCOSTO: POLIAMIDA, QUANTIDADE PÉS: 5, TIPO BASE: GIRATÓRIA COM 5 RODÍZIOS DUPLOS, TIPO ENCOSTO: BAIXO","UN",20.0,934.11,18682.2,0.0,"2026-07-02"]
["UNIVERSIDADE FEDERAL DE GOIAS-UF/GO",153052.0,4338.0,"Material","153052-88/2026","MÓBILIÁRIOS EM GERAL","Catálogo do Compras.gov.br","Material",7110.0,"MOBILIÁRIO PARA ESCRITÓRIO",342.0,"MESA REUNIÃO REDONDA",619734.0,"ACABAMENTO SUPERFICIAL: LAMINADO MELAMÍNICO, ALTURA: 750, COR TAMPO: CINZA, DIÂMETRO: 1000, ESPESSURA TAMPO: 25, MATERIAL: MADEIRA, MATERIAL ESTRUTURA: TUBO DE AÇO, QUANTIDADE PÉS: 4, TIPO MADEIRA: MDF","UN",1.0,1163.69,1163.69,0.0,"2026-07-02"]
["UNIVERSIDADE FEDERAL DE GOIAS-UF/GO",153052.0,4339.0,"Material","153052-88/2026","MÓBILIÁRIOS EM GERAL","Catálogo do Compras.gov.br","Material",7110.0,"MOBILIÁRIO PARA ESCRITÓRIO",14334.0,"MESA",632178.0,"ALTURA: 75, CARACTERÍSTICAS ADICIONAIS: CONFORME MODELO, COMPRIMENTO: 270 CM (150 + 120 CM), COR: NOGAL COM PRETO, ESPESSURA TAMPO: 25, FORMATO: EM \"L\", FORMATO BASE: PÉS COM SEÇÃO RETANGULAR, FORMATO TAMPO: RETANGULAR, LARGURA: 60, MATERIAL BORDA: FITA DE BORDA, MATERIAL ESTRUTURA: MDP, MATERIAL TAMPO: MDP, REVESTIMENTO: LAMINADO MELAMÍNICO","UN",9.0,713.8,6424.2,0.0,"2026-07-02"]
["UNIVERSIDADE FEDERAL DE GOIAS-UF/GO",153052.0,4340.0,"Material","153052-88/2026","MÓBILIÁRIOS EM GERAL","Catálogo do Compras.gov.br","Material",7110.0,"MOBILIÁRIO PARA ESCRITÓRIO",14334.0,"MESA",619400.0,"ALTURA: 0,75, COMPRIMENTO: 1,20, ESPESSURA TAMPO: 25,8, FORMATO: RETANGULAR, LARGURA: 0,60, MATERIAL ESTRUTURA: AÇO CARBONO, MATERIAL TAMPO: MADEIRA MDF, REVESTIMENTO: LAMINADO DE MADEIRA NATURAL","UN",7.0,431.5,3020.5,0.0,"2026-07-02"]
["UNIVERSIDADE FEDERAL DE GOIAS-UF/GO",153052.0,4342.0,"Material","153052-88/2026","MÓBILIÁRIOS EM GERAL","Catálogo do Compras.gov.br","Material",5410.0,"EDIFICAÇÕES PRÉ-FABRICADAS E PORTÁTEIS",11336.0,"PULPITO PORTATIL",613032.0,"ALTURA: 120, CARACTERÍSTICAS ADICIONAIS: CONFORME MODELO DO ÓRGÃO, ESPESSURA DO TAMPO: 10, LARGURA: 45, MATERIAL: ACRÍLICO, PROFUNDIDADE: 45","UN",1.0,1097.52,1097.52,0.0,"2026-07-02"]
["UNIVERSIDADE FEDERAL DE GOIAS-UF/GO",153052.0,4349.0,"Material","153052-88/2026","MÓBILIÁRIOS EM GERAL","Catálogo do Compras.gov.br","Material",7110.0,"MOBILIÁRIO PARA ESCRITÓRIO",10984.0,"POLTRONA",307039.0,"ACABAMENTO SUPERFICIAL ESTRUTURA: POLIDO, COR ESTRUTURA: PRATA, COR TECIDO: TERRACOTA, MATERIAL ASSENTO E ENCOSTO: ESPUMA, MATERIAL ESTRUTURA: AÇO INOX, MATERIAL REVESTIMENTO ASSENTO E ENCOSTO: COURO, TIPO: BARCELONA, TIPO ESTRUTURA: BARRAS TIPO MOLA","UN",6.0,1000.0,6000.0,0.0,"2026-07-02"]
["UNIVERSIDADE FEDERAL DE GOIAS-UF/GO",153052.0,4343.0,"Material","153052-88/2026","MÓBILIÁRIOS EM GERAL","Catálogo do Compras.gov.br","Material",7110.0,"MOBILIÁRIO PARA ESCRITÓRIO",313.0,"CADEIRA ESCRITÓRIO",602025.0,"ACABAMENTO SUPERFICIAL ESTRUTURA: PINTURA EPÓXI, APOIO BRAÇO: COM BRAÇOS REGULÁVEIS, CARACTERÍSTICAS ADICIONAIS: APOIO DE CABEÇA, REGULAGEM DE ALTURA E INCLINAÇÃO, COR: PRETA, MATERIAL ASSENTO: COMPENSADO MULTILAMINADO E ESPUMA INJETADA, MATERIAL ENCOSTO: TELA 100% POLIÉSTER, MATERIAL ESTRUTURA: AÇO, MATERIAL REVESTIMENTO ASSENTO E ENCOSTO: POLIÉSTER, QUANTIDADE PÉS: 5, TIPO BASE: GIRATÓRIA, TIPO ENCOSTO: REGULÁVEL","UN",3.0,600.0,1800.0,0.0,"2026-07-02"]
["UNIVERSIDADE FEDERAL DE GOIAS-UF/GO",153052.0,4344.0,"Material","153052-88/2026","MÓBILIÁRIOS EM GERAL","Catálogo do Compras.gov.br","Material",7110.0,"MOBILIÁRIO PARA ESCRITÓRIO",313.0,"CADEIRA ESCRITÓRIO",602025.0,"ACABAMENTO SUPERFICIAL ESTRUTURA: PINTURA EPÓXI, APOIO BRAÇO: COM BRAÇOS REGULÁVEIS, CARACTERÍSTICAS ADICIONAIS: APOIO DE CABEÇA, REGULAGEM DE ALTURA E INCLINAÇÃO, COR: PRETA, MATERIAL ASSENTO: COMPENSADO MULTILAMINADO E ESPUMA INJETADA, MATERIAL ENCOSTO: TELA 100% POLIÉSTER, MATERIAL ESTRUTURA: AÇO, MATERIAL REVESTIMENTO ASSENTO E ENCOSTO: POLIÉSTER, QUANTIDADE PÉS: 5, TIPO BASE: GIRATÓRIA, TIPO ENCOSTO: REGULÁVEL","UN",2.0,600.0,1200.0,0.0,"2026-07-02"]
["UNIVERSIDADE FEDERAL DE GOIAS-UF/GO",153052.0,4345.0,"Material","153052-88/2026","MÓBILIÁRIOS EM GERAL","Catálogo do Compras.gov.br","Material",7110.0,"MOBILIÁRIO PARA ESCRITÓRIO",321.0,"MESA ESCRITÓRIO",630988.0,"ALTURA: 77, CARACTERÍSTICAS ADICIONAIS 1: CONFORME MODELO, COMPRIMENTO: 120, LARGURA: 75, MATERIAL ESTRUTURA: AÇO, MATERIAL TAMPO: GRANITO","UN",28.0,1500.0,42000.0,0.0,"2026-07-02"]
["UNIVERSIDADE FEDERAL DE GOIAS-UF/GO",153052.0,4346.0,"Material","153052-88/2026","MÓBILIÁRIOS EM GERAL","Catálogo do Compras.gov.br","Material",7110.0,"MOBILIÁRIO PARA ESCRITÓRIO",313.0,"CADEIRA ESCRITÓRIO",613325.0,"CARACTERÍSTICAS ADICIONAIS: ENCOSTO EM TELA, COR ESTRUTURA: PRETA, DIMENSÕES ASSENTO: 480 X 490, DIMENSÕES ENCOSTO: 380 X 450, MATERIAL ASSENTO: POLIPROPILENO / ESPUMA POLIURETANO INJETADA, MATERIAL ENCOSTO: POLIPROPILENO TELADO, MATERIAL ESTRUTURA: TUBO AÇO, MATERIAL REVESTIMENTO ASSENTO E ENCOSTO: POLIPROPILENO, QUANTIDADE PÉS: 4, TIPO BASE: GIRATÓRIA, TRATAMENTO SUPERFICIAL ESTRUTURA: PINTURA EM EPÓXI","UN",28.0,1600.0,44800.0,0.0,"2026-07-02"]
["UNIVERSIDADE FEDERAL DE GOIAS-UF/GO",153052.0,4348.0,"Material","153052-88/2026","MÓBILIÁRIOS EM GERAL","Catálogo do Compras.gov.br","Material",7110.0,"MOBILIÁRIO PARA ESCRITÓRIO",10984.0,"POLTRONA",486589.0,"ACABAMENTO SUPERFICIAL ESTRUTURA: PINTURA ELETROSTÁTICA EM EPÓXI-PÓ, CARACTERÍSTICAS ADICIONAIS: BASE EM \"S\" OU TRAPEZOIDAL COM BRAÇOS, COR ESTRUTURA: PRETA, MATERIAL ASSENTO E ENCOSTO: ESPUMA POLIURETANO INJETADO, MATERIAL ESTRUTURA: TUBO AÇO, MATERIAL REVESTIMENTO ASSENTO E ENCOSTO: COURO ECOLÓGICO, TIPO: FIXA, TIPO ESPALDAR: BAIXO","UN",8.0,1089.0,8712.0,0.0,"2026-07-02"]
["UNIVERSIDADE FEDERAL DE GOIAS-UF/GO",153052.0,4350.0,"Material","153052-88/2026","MÓBILIÁRIOS EM GERAL","Catálogo do Compras.gov.br","Material",7110.0,"MOBILIÁRIO PARA ESCRITÓRIO",11363.0,"QUADRO MAGNÉTICO",486289.0,"APLICAÇÃO: TREINAMENTO, CARACTERÍSTICAS ADICIONAIS: SUPORTE PARA APAGADOR E PINCEL, COMPRIMENTO: 120, COR: BRANCA, LARGURA: 150, MATERIAL: LAMINADO MELAMÍNICO, MATERIAL MOLDURA: ALUMÍNIO","UN",1.0,500.0,500.0,0.0,"2026-07-02"]
["UNIVERSIDADE FEDERAL DE GOIAS-UF/GO",153052.0,4351.0,"Material","153052-88/2026","MÓBILIÁRIOS EM GERAL","Catálogo do Compras.gov.br","Material",7110.0,"MOBILIÁRIO PARA ESCRITÓRIO",14250.0,"MÓDULO DE TRABALHO",617304.0,"ALTURA: 750, APLICAÇÃO: MESA DE TRABALHO., CARACTERÍSTICAS ADICIONAIS: TAMPO EM \"L\", COR: NOGAL, DIMENSÕES MESA ESCRITÓRIO: 1900 X 800 X 1700 X 700, MATERIAL: MADEIRA MDP, NÚMERO GAVETAS MESA ESCRITÓRIO: 3","UN",5.0,1850.0,9250.0,0.0,"2026-07-02"]
["UNIVERSIDADE FEDERAL DE GOIAS-UF/GO",153052.0,4352.0,"Material","153052-88/2026","MÓBILIÁRIOS EM GERAL","Catálogo do Compras.gov.br","Material",7125.0,"ARMÁRIOS E ESTANTES",15290.0,"ARMÁRIO",351313.0,"ACABAMENTO SUPERFICIAL: LAMINADO MELAMÍNICO, ALTURA: 160, CARACTERÍSTICAS ADICIONAIS: TAMPO EM MDF, REVESTIDO EM LAMINADO DE PVC TERMO, COR: BEGE, ESPESSURA: 25, LARGURA: 90, MATERIAL: MADEIRA MDF, MATERIAL PORTAS: MDF 18MM, REVESTIDO NA FACE EXTERNA EM LAMINADO DE, MATERIAL PRATELEIRAS: MDF, PROFUNDIDADE: 45, QUANTIDADE PORTAS: 2, QUANTIDADE PRATELEIRAS: 04, TIPO: ALTO, TIPO BORDAS: ARREDONDADAS A 90°","UN",2.0,556.9,1113.8,0.0,"2026-07-02"]
["UNIVERSIDADE FEDERAL DE GOIAS-UF/GO",153052.0,4353.0,"Material","153052-88/2026","MÓBILIÁRIOS EM GERAL","Catálogo do Compras.gov.br","Material",7110.0,"MOBILIÁRIO PARA ESCRITÓRIO",313.0,"CADEIRA ESCRITÓRIO",623641.0,"APOIO BRAÇO: COM BRAÇOS REGULÁVEIS EM FORMA DE \"T\", CARACTERÍSTICAS ADICIONAIS: COM RODÍZIOS DUPLOS DE NÁILON E 5 PÉS, COR: PRETA, MATERIAL ASSENTO: POLIPROPILENO / ESPUMA POLIURETANO INJETADA, MATERIAL ENCOSTO: POLIPROPILENO / ESPUMA POLIURETANO INJETADA, MATERIAL ESTRUTURA: AÇO SAE 1020, MATERIAL REVESTIMENTO ASSENTO E ENCOSTO: TECIDO SINTÉTICO, TIPO BASE: GIRATÓRIA COM 5 RODÍZIOS DUPLOS, TIPO ENCOSTO: ESPALDAR ALTO, TIPO SISTEMA REGULAGEM VERTICAL: PNEUMÁTICO, TRATAMENTO SUPERFICIAL ESTRUTURA: PINTURA ELETROSTÁTICA","UN",5.0,800.0,4000.0,0.0,"2026-07-02"]
["UNIVERSIDADE FEDERAL DE GOIAS-UF/GO",153052.0,4354.0,"Material","153052-88/2026","MÓBILIÁRIOS EM GERAL","Catálogo do Compras.gov.br","Material",7110.0,"MOBILIÁRIO PARA ESCRITÓRIO",9660.0,"MESA REUNIÃO RETANGULAR",264583.0,"ALTURA: 0,74, CARACTERÍSTICAS ADICIONAIS: TRATAMENTO ANTIFERRUGINOSO, COMPRIMENTO: 2,50, COR: MARFIM, ESPESSURA TAMPO: 25, LARGURA: 1,20, MATERIAL: MADEIRA, MATERIAL BORDA LATERAL: PVC, MATERIAL FACE SUPERIOR: LAMINADO MELAMÍNICO, REVESTIMENTO: POST FORMING, TIPO BORDAS: ARREDONDADAS EM (POST-FORMING), TIPO ESTRUTURA: TUBO AÇO, COR EXTRUTURA: PRETO","UN",1.0,6000.0,6000.0,0.0,"2026-07-02"]
["UNIVERSIDADE FEDERAL DE GOIAS-UF/GO",153052.0,4355.0,"Material","153052-88/2026","MÓBILIÁRIOS EM GERAL","Catálogo do Compras.gov.br","Material",7110.0,"MOBILIÁRIO PARA ESCRITÓRIO",313.0,"CADEIRA ESCRITÓRIO",395750.0,"APOIO BRAÇO: COM BRAÇOS, COR: PRETA, MATERIAL ASSENTO: ESPUMA INJETADA, MATERIAL ENCOSTO: ESPUMA INJETADA, MATERIAL ESTRUTURA: AÇO, MATERIAL REVESTIMENTO ASSENTO E ENCOSTO: COURO ECOLÓGICO VINIL, TIPO BASE: GIRATÓRIA, TIPO ENCOSTO: MÉDIO, TRATAMENTO SUPERFICIAL ESTRUTURA: PINTURA EM EPOXI PRETO","UN",6.0,1000.0,6000.0,0.0,"2026-07-02"]
["UNIVERSIDADE FEDERAL DE GOIAS-UF/GO",153052.0,4357.0,"Material","153052-88/2026","MÓBILIÁRIOS EM GERAL","Catálogo do Compras.gov.br","Material",7110.0,"MOBILIÁRIO PARA ESCRITÓRIO",14334.0,"MESA",628202.0,"ACABAMENTO ESTRUTURA: PINTURA ELETROSTÁTICA A PÓ, ALTURA: 760, CARACTERÍSTICAS ADICIONAIS: COM CAIXA DE TOMADAS, COMPRIMENTO: 3300, COR: MADEIRADO, ESPESSURA TAMPO: 25, FORMATO: RETANGULAR, FORMATO BASE: PÉS COM SEÇÃO RETANGULAR, FORMATO TAMPO: RETANGULAR, LARGURA: 800, MATERIAL BORDA: PVC, MATERIAL ESTRUTURA: AÇO, MATERIAL TAMPO: MDP","UN",1.0,2804.55,2804.55,0.0,"2026-07-02"]
["UNIVERSIDADE FEDERAL DE GOIAS-UF/GO",153052.0,4360.0,"Material","153052-88/2026","MÓBILIÁRIOS EM GERAL","Catálogo do Compras.gov.br","Material",7110.0,"MOBILIÁRIO PARA ESCRITÓRIO",342.0,"MESA REUNIÃO REDONDA",611831.0,"ACABAMENTO SUPERFICIAL: LAMINADO MELAMÍNICO, ALTURA: 0,784, CARACTERÍSTICAS ADICIONAIS: TIPO PÉS PAINEL EM X, SAPATAS REGULADORAS DE NÍVEL, COR ESTRUTURA: PRETA, DIÂMETRO: 1,20, MATERIAL: MADEIRA MDF, TIPO MADEIRA: MDF, TIPO REVESTIMENTO: LAMINADO MELAMÍNICO BAIXA PRESSÃO","UN",2.0,644.25,1288.5,0.0,"2026-07-02"]
["UNIVERSIDADE FEDERAL DE GOIAS-UF/GO",153052.0,4364.0,"Material","153052-88/2026","MÓBILIÁRIOS EM GERAL","Catálogo do Compras.gov.br","Material",9999.0,"ITENS DIVERSOS",17368.0,"CONJUNTO ESCOLAR",482926.0,"COMPONENTES: 1 MESA E 4 CADEIRAS, ESPESSURA TAMPO: 18, FORMATO MESA: REDONDA, MATERIAL TAMPO: MDF, REVESTIMENTO TAMPO: LAMINADO MELAMÍNICO","UN",3.0,1000.0,3000.0,0.0,"2026-07-02"]
["UNIVERSIDADE FEDERAL DE GOIAS-UF/GO",153052.0,4362.0,"Material","153052-88/2026","MÓBILIÁRIOS EM GERAL","Catálogo do Compras.gov.br","Material",7110.0,"MOBILIÁRIO PARA ESCRITÓRIO",10984.0,"POLTRONA",611356.0,"ALTURA: 1.100, CARACTERÍSTICAS ADICIONAIS: COM BRAÇOS/RODÍZIOS DUPLOS, COR: PRETA, LARGURA: 500, MATERIAL ASSENTO E ENCOSTO: ESPUMA EXPANDIDA D33, MATERIAL ESTRUTURA: ALUMINIO INJETADO, MATERIAL REVESTIMENTO ASSENTO E ENCOSTO: COURVIN, TIPO: GIRATÓRIA, TIPO ESPALDAR: ALTO","UN",6.0,3362.0,20172.0,0.0,"2026-07-02"]
["UNIVERSIDADE FEDERAL DE GOIAS-UF/GO",153052.0,4365.0,"Material","153052-88/2026","MÓBILIÁRIOS EM GERAL","Catálogo do Compras.gov.br","Material",7195.0,"MOBILIÁRIOS DIVERSOS E ACESSÓRIOS",4083.0,"CADEIRA COM BRAÇO",613651.0,"CARACTERÍSTICAS ADICIONAIS: PESO MAXIMO RECOMENDADO: 150 KG, DIMENSÕES ASSENTO: 485 X 540, DIMENSÕES ENCOSTO: 485 X 540, MATERIAL ASSENTO/ENCOSTO: MADEIRA DE NO MÍNIMO 20 MM, MATERIAL REVESTIMENTO ASSENTO E ENCOSTO: ESPUMA INJETADA DE ALTA DENSIDADE, QUANTIDADE DE PÉS: 05, TIPO ASSENTO / ENCOSTO: GIRATÓRIOS E CONTÍNUOS, TIPO SISTEMA REGULAGEM VERTICAL: A GÁS","UN",10.0,703.91,7039.1,0.0,"2026-07-02"]
["UNIVERSIDADE FEDERAL DE GOIAS-UF/GO",153052.0,4366.0,"Material","153052-89/2026","AQUISIÇÃO DE ESQUADRIAS, PORTAS","Catálogo do Compras.gov.br","Material",5520.0,"ESQUADRIAS",11071.0,"PORTA",397645.0,"ALTURA: 2,10, CARACTERÍSTICAS ADICIONAIS: QUATRO FOLHAS, FECHADURA BLINDEX, COR: INCOLOR, ESPESSURA: 10, LARGURA: 3,20, MATERIAL: VIDRO TEMPERADO, TIPO: DE CORRER","UN",1.0,4000.0,4000.0,0.0,"2026-08-31"]
["UNIVERSIDADE FEDERAL DE GOIAS-UF/GO",153052.0,4425.0,"Serviço","153052-93/2026","DLOG - CONTRATAÇÃO SERVIÇO GERENCIAMENTO DE FROTA","Catálogo do Compras.gov.br","Material",2590.0,"COMPONENTES DIVERSOS PARA VEÍCULOS",{"$nulls":4},"-",0.0,0.0,2041501.58,0.0,"2026-04-30"]
["UNIVERSIDADE FEDERAL DE GOIAS-UF/GO",153052.0,4387.0,"Material","153052-90/2026","DTEL, SDH + OUTRAS UNIDADES - SISTEMA DE CONTROLE DE ACESSO E MONITORAMENTO","Catálogo do Compras.gov.br","Material",7050.0,"EQUIPAMENTOS DE REDE DE TIC - LOCAL E REMOTA",{"$nulls":4},"-",0.0,0.0,32000.0,0.0,"2026-08-03"]
["UNIVERSIDADE FEDERAL DE GOIAS-UF/GO",153052.0,4371.0,"Material","153052-90/2026","DTEL, SDH + OUTRAS UNIDADES - SISTEMA DE CONTROLE DE ACESSO E MONITORAMENTO","Catálogo do Compras.gov.br","Material",6350.0,"SISTEMAS DIVERSOS DE SINALIZAÇÃO, ALARME E DETECÇÃO PARA  SEGURANÇA",16388.0,"CENTRAL MONITORAMENTO",445125.0,"ACESSÓRIOS: TECLADO VISOR LCD, COMPATIBILIDADE SISTEMAS: COMUNICAÇÃO ETHERNET, DIMENSÕES: 273 X 290 X 84, TENSÃO: 110 / 220","UN",10.0,1500.0,15000.0,0.0,"2026-08-03"]
["UNIVERSIDADE FEDERAL DE GOIAS-UF/GO",153052.0,4372.0,"Material","153052-90/2026","DTEL, SDH + OUTRAS UNIDADES - SISTEMA DE CONTROLE DE ACESSO E MONITORAMENTO","Catálogo do Compras.gov.br","Material",6350.0,"SISTEMAS DIVERSOS DE SINALIZAÇÃO, ALARME E DETECÇÃO PARA  SEGURANÇA",6655.0,"CONJUNTO CONTROLE ACESSO ÁREA RESTRITA",600326.0,"APLICAÇÃO: SISTEMA DE SEGURANÇA E CONTROLE DE ACESSO, CARACTERÍSTICAS ADICIONAIS: SISTEMA ELETRO-MAGNÉTICO, COMPONENTES: CATRACA BIDIRECIONAL COM LEITOR DE CARTÃO, COFRE C, MATERIAL: AÇO INOX, QUANTIDADE BRAÇOS: 3, TIPO CATRACA: ROTATIVA","UN",30.0,7001.96,210058.8,0.0,"2026-08-03"]
["UNIVERSIDADE FEDERAL DE GOIAS-UF/GO",153052.0,4373.0,"Material","153052-90/2026","DTEL, SDH + OUTRAS UNIDADES - SISTEMA DE CONTROLE DE ACESSO E MONITORAMENTO","Catálogo do Compras.gov.br","Material",6350.0,"SISTEMAS DIVERSOS DE SINALIZAÇÃO, ALARME E DETECÇÃO PARA  SEGURANÇA",1559.0,"CANCELA AUTOMÁTICA",257489.0,"COMPRIMENTO: 6, COR GABINETE: VERMELHA, MATERIAL BRAÇO: ALUMÍNIO, MATERIAL GABINETE: CHAPA AÇO, POTÊNCIA MOTOR ACIONAMENTO: 1/3, TEMPO ABERTURA: 2, TENSÃO MOTOR ACIONAMENTO: 220, TIPO: SIMPLES, TIPO ACIONAMENTO: CONTROLE REMOTO","UN",10.0,4394.8,43948.0,0.0,"2026-08-03"]
["UNIVERSIDADE FEDERAL DE GOIAS-UF/GO",153052.0,4374.0,"Material","153052-90/2026","DTEL, SDH + OUTRAS UNIDADES - SISTEMA DE CONTROLE DE ACESSO E MONITORAMENTO","Catálogo do Compras.gov.br","Material",6350.0,"SISTEMAS DIVERSOS DE SINALIZAÇÃO, ALARME E DETECÇÃO PARA  SEGURANÇA",11099.0,"PORTEIRO ELETRÔNICO",338418.0,"APLICAÇÃO: SISTEMA DE SEGURANÇA, CARACTERÍSTICAS ADICIONAIS: FIXAÇÃO SOBREPOR/PROTEÇÃO CONTRA INTERPÉRIES/CAM-, COMPONENTES: PAINEL ABS COR ALUMÍNIO NATURAL E BRANCA/INTERFONE, CONSUMO ENERGIA: 3, FONTE ALIMENTAÇÃO: 127/220, TIPO SISTEMA: ELETRÔNICO","UN",5.0,436.9,2184.5,0.0,"2026-08-03"]
["UNIVERSIDADE FEDERAL DE GOIAS-UF/GO",153052.0,4375.0,"Material","153052-90/2026","DTEL, SDH + OUTRAS UNIDADES - SISTEMA DE CONTROLE DE ACESSO E MONITORAMENTO","Catálogo do Compras.gov.br","Material",6350.0,"SISTEMAS DIVERSOS DE SINALIZAÇÃO, ALARME E DETECÇÃO PARA  SEGURANÇA",17740.0,"IDENTIFICADOR BIOMÉTRICO DIGITAL",609081.0,"ALIMENTAÇÃO: 12VDC/1A, APLICAÇÃO: CONTROLE DO ACESSO DE PESSOAS MEDIANTE CADASTRAMEN, CAPACIDADE: 3.000 FACES/9.500 DIGITAIS/MEMO MIN 100.000 REGIST, CARACTERÍSTICAS ADICIONAIS: CONTROL RECONHEC FACIAL/IMPRESS DIG/CARTAO PROXIM, COMPATIBILIDADE: WINDOWS (32-BIT), COMPONENTES: LEITOR RECONHEC FACIAL/LEITOR BIOMETR/LEITOR CARTA, TIPO: CONTROLE DE ACESSO","UN",60.0,1347.32,80839.2,0.0,"2026-08-03"]
["UNIVERSIDADE FEDERAL DE GOIAS-UF/GO",153052.0,4376.0,"Material","153052-90/2026","DTEL, SDH + OUTRAS UNIDADES - SISTEMA DE CONTROLE DE ACESSO E MONITORAMENTO","Catálogo do Compras.gov.br","Material",6350.0,"SISTEMAS DIVERSOS DE SINALIZAÇÃO, ALARME E DETECÇÃO PARA  SEGURANÇA",16123.0,"LEITORA CARTÃO PROXIMIDADE",362831.0,"APLICAÇÃO: IDENTIFICAÇÃO DE APROXIMAÇÃO DE PESSOA COM PORTE D, CARACTERÍSTICAS ADICIONAIS: SAÍDAS USB, CRIPTOGRAFIA 128 BITS","UN",60.0,331.46,19887.6,0.0,"2026-08-03"]
["UNIVERSIDADE FEDERAL DE GOIAS-UF/GO",153052.0,4377.0,"Material","153052-90/2026","DTEL, SDH + OUTRAS UNIDADES - SISTEMA DE CONTROLE DE ACESSO E MONITORAMENTO","Catálogo do Compras.gov.br","Material",6350.0,"SISTEMAS DIVERSOS DE SINALIZAÇÃO, ALARME E DETECÇÃO PARA  SEGURANÇA",11099.0,"PORTEIRO ELETRÔNICO",338418.0,"APLICAÇÃO: SISTEMA DE SEGURANÇA, CARACTERÍSTICAS ADICIONAIS: FIXAÇÃO SOBREPOR/PROTEÇÃO CONTRA INTERPÉRIES/CAM-, COMPONENTES: PAINEL ABS COR ALUMÍNIO NATURAL E BRANCA/INTERFONE, CONSUMO ENERGIA: 3, FONTE ALIMENTAÇÃO: 127/220, TIPO SISTEMA: ELETRÔNICO","UN",10.0,491.12,4911.2,0.0,"2026-08-03"]
["UNIVERSIDADE FEDERAL DE GOIAS-UF/GO",153052.0,4378.0,"Material","153052-90/2026","DTEL, SDH + OUTRAS UNIDADES - SISTEMA DE CONTROLE DE ACESSO E MONITORAMENTO","Catálogo do Compras.gov.br","Material",7050.0,"EQUIPAMENTOS DE REDE DE TIC - LOCAL E REMOTA",5522.0,"SWITCH",448264.0,"APLICAÇÃO: REDE METRO COMO VLAN, QOS, EAPS, XSTP E OAM, CARACTERÍSTICAS ADICIONAIS: COMPATÍVEL COM: PADRÕES 802.3U,802.3Z E/OU 802.3AB, QUANTIDADE PORTAS: 8, SUPORTE VLAN: AUTO MDI/MDI-X,AUTO-NEGOCIAÇÃO(SPEED,DUPLEX,FLOW C, TIPO: DEMARCADOR LAN/WAN REDES DE ACESSO, TIPO PORTAS: 4(10/100/1000BASE-TX)2(1000BASE-X)2(100BASE-FX/100","UN",10.0,390.05,3900.5,0.0,"2026-08-03"]
["UNIVERSIDADE FEDERAL DE GOIAS-UF/GO",153052.0,4379.0,"Material","153052-90/2026","DTEL, SDH + OUTRAS UNIDADES - SISTEMA DE CONTROLE DE ACESSO E MONITORAMENTO","Catálogo do Compras.gov.br","Material",5945.0,"RELÉS E SOLENÓIDES",2042.0,"ACIONADOR ELETROMAGNÉTICO",483925.0,"ALIMENTAÇÃO: 220, ALTURA: 81, APLICAÇÃO: FECHADURA ELETROMAGNÉTICA, COR: CINZA, LARGURA: 32, TIPO: FECHADURA","UN",100.0,284.96,28496.0,0.0,"2026-08-03"]
["UNIVERSIDADE FEDERAL DE GOIAS-UF/GO",153052.0,4380.0,"Material","153052-90/2026","DTEL, SDH + OUTRAS UNIDADES - SISTEMA DE CONTROLE DE ACESSO E MONITORAMENTO","Catálogo do Compras.gov.br","Material",7060.0,"PEÇAS E ACESSÓRIOS PARA COMPUTADORES",10307.0,"PAINEL ELETRONICO - SISTEMA AUTO-ATENDIMENTO",612326.0,"CARACTERÍSTICAS ADICIONAIS: CONECTIVIDADE WI-FI/ETHERNET, MATERIAL ESTRUTURA: AÇO INOX, TAMANHO TELA: 50, TIPO: TOTEM, USO: ATENDIMENTO DIVERSOS","UN",20.0,10736.2,214724.0,0.0,"2026-08-03"]
["UNIVERSIDADE FEDERAL DE GOIAS-UF/GO",153052.0,4368.0,"Material","153052-90/2026","DTEL, SDH + OUTRAS UNIDADES - SISTEMA DE CONTROLE DE ACESSO E MONITORAMENTO","Catálogo do Compras.gov.br","Material",5945.0,"RELÉS E SOLENÓIDES",2042.0,"ACIONADOR ELETROMAGNÉTICO",483925.0,"ALIMENTAÇÃO: 220, ALTURA: 81, APLICAÇÃO: FECHADURA ELETROMAGNÉTICA, COR: CINZA, LARGURA: 32, TIPO: FECHADURA","UN",1.0,800.0,800.0,0.0,"2026-08-03"]
["UNIVERSIDADE FEDERAL DE GOIAS-UF/GO",153052.0,4369.0,"Material","153052-90/2026","DTEL, SDH + OUTRAS UNIDADES - SISTEMA DE CONTROLE DE ACESSO E MONITORAMENTO","Catálogo do Compras.gov.br","Material",5830.0,"SISTEMAS DE INTERCOMUNICAÇÃO E AMPLIFICAÇÃO DE  VOZ,  EXCETOOS DE AERONAVES",8439.0,"INTERFONE",null,null,"-",0.0,0.0,80.0,0.0,"2026-08-03"]
["UNIVERSIDADE FEDERAL DE GOIAS-UF/GO",153052.0,4388.0,"Material","153052-90/2026","DTEL, SDH + OUTRAS UNIDADES - SISTEMA DE CONTROLE DE ACESSO E MONITORAMENTO","Catálogo do Compras.gov.br","Material",7050.0,"EQUIPAMENTOS DE REDE DE TIC - LOCAL E REMOTA",15766.0,"EQUIPAMENTO WIRELESS",484745.0,"APLICAÇÃO: CONEXÃO SEM FIO DE EQUIPAMENTOS EM REDE, FREQUÊNCIA: 5  - 2,4, PADRÃO: 802.11 A/B/G/N/AC","UN",20.0,29.0,580.0,0.0,"2026-08-03"]
["UNIVERSIDADE FEDERAL DE GOIAS-UF/GO",153052.0,4386.0,"Material","153052-90/2026","DTEL, SDH + OUTRAS UNIDADES - SISTEMA DE CONTROLE DE ACESSO E MONITORAMENTO","Catálogo do Compras.gov.br","Material",7050.0,"EQUIPAMENTOS DE REDE DE TIC - LOCAL E REMOTA",15766.0,"EQUIPAMENTO WIRELESS",608239.0,"APLICAÇÃO: SISTEMA DE MONITORAMENTO ELETRÔNICO, CARACTERÍSTICAS ADICIONAIS: ANTENA INTEGRADA DE 8.5 DBI, ALCANCE 5+ KM, FREQUÊNCIA: 2.4, SUPORTE VLAN: 32, TAXA TRANSMISSÃO: 23","UN",2.0,899.0,1798.0,0.0,"2026-08-03"]
["UNIVERSIDADE FEDERAL DE GOIAS-UF/GO",153052.0,4367.0,"Material","153052-90/2026","DTEL, SDH + OUTRAS UNIDADES - SISTEMA DE CONTROLE DE ACESSO E MONITORAMENTO","Catálogo do Compras.gov.br","Material",7050.0,"EQUIPAMENTOS DE REDE DE TIC - LOCAL E REMOTA",237.0,"ROTEADOR",614914.0,"CARACTERÍSTICAS ADICIONAIS: 4 ANTENAS COBERTURA ATÉ 200M, PROTOCOLO LAN: 4 PORTAS LAN 10, PROTOCOLO WAN: 1 PORTA 10/100/1000MBPS, RECURSO SEGURANÇA: WPA - WPA2 - WPS, TENSÃO ALIMENTAÇÃO: 110/220, TIPO ARQUITETURA: DUAL BAND: PADRÃO WIFI 2,4GHZ (ATÉ 400MBPS) E 5GHZ, TIPO LINHA: IP SEM FIO, VELOCIDADE: 1.266","UN",6.0,400.0,2400.0,0.0,"2026-08-03"]
["UNIVERSIDADE FEDERAL DE GOIAS-UF/GO",153052.0,4370.0,"Material","153052-90/2026","DTEL, SDH + OUTRAS UNIDADES - SISTEMA DE CONTROLE DE ACESSO E MONITORAMENTO","Catálogo do Compras.gov.br","Material",6350.0,"SISTEMAS DIVERSOS DE SINALIZAÇÃO, ALARME E DETECÇÃO PARA  SEGURANÇA",11099.0,"PORTEIRO ELETRÔNICO",480668.0,"APLICAÇÃO: SISTEMA DE SEGURANÇA, CARACTERÍSTICAS ADICIONAIS: FECHADURA ELETRÔNICA, COMPONENTES: PAINEL EXTERNO ABS DE ALTA RESISTÊNCIA E PROTETOR, TIPO SISTEMA: ELETRÔNICO","UN",3.0,300.0,900.0,0.0,"2026-08-03"]
["UNIVERSIDADE FEDERAL DE GOIAS-UF/GO",153052.0,4381.0,"Material","153052-90/2026","DTEL, SDH + OUTRAS UNIDADES - SISTEMA DE CONTROLE DE ACESSO E MONITORAMENTO","Catálogo do Compras.gov.br","Material",5963.0,"MÓDULOS ELETRÔNICOS",14501.0,"CONTROLADOR ACESSO",443453.0,"TIPO: DISPLAY TIPO TOUCH-SCREEN, PADRÃO: STAND-ALONE, TIPO CONEXÃO: REDE LOCAL, CARACTERÍSTICAS ADICIONAIS: IDENTIFICAÇAO ATRAVÉS DE BIOMETRIA/SMART CARD, APLICAÇÃO: MONITORAMENTO E CONTROLE DE PORTAS DE ACESSO, TIPO USO: FECHADURA DO TIPO ELETROIMA OU ELETROMAGNÉTICA","UN",20.0,993.15,19863.0,0.0,"2026-08-03"]
["UNIVERSIDADE FEDERAL DE GOIAS-UF/GO",153052.0,4382.0,"Material","153052-90/2026","DTEL, SDH + OUTRAS UNIDADES - SISTEMA DE CONTROLE DE ACESSO E MONITORAMENTO","Catálogo do Compras.gov.br","Material",6330.0,"SISTEMAS DE SINALIZAÇÃO E ALARME PARA FERROVIAS",13690.0,"CONTROLADOR PASSAGEM NÍVEL",225348.0,"ALTURA: 120, APLICAÇÃO: CALCULA A VELOCIDADE DA COMPOSIÇÃO DO ITEM, ACIO -, CARACTERÍSTICAS ADICIONAIS: ARMAZENA AS ÚLTIMAS 1.000 OCORRÊNCIAS/EVENTOS,CÁL-, FONTE ALIMENTAÇÃO: BATERIA, LARGURA: 65, PROFUNDIDADE: 59, QUANTIDADE BATERIA: 2, TEMPERATURA OPERAÇÃO: - 10 A + 80, TENSÃO ALIMENTAÇÃO: 110/127/220/240, TIPO SINALIZAÇÃO SONORA: COM CONTROLE DE VOLUME DIURNO E NOTURNO, TIPO COMUNICAÇÃO: VIA MODEM, OPERAÇÃO: ISOLADO/CENTRALIZADO, PESO: 83, TIPO DETECTOR: LAÇO INDUTIVO PARA DETECÇÃO PRESENÇA, SENTIDO DES-, TIPO SAÍDA: APOIADA EM BATERIA OU EM ENERGIA AC, TIPO SINALIZAÇÃO VISUAL: SISTEMA LED, TIPO EQUIPAMENTO PROGRAMAÇÃO: COLETOR DE DADOS PORTÁTIL OU LAP-TOP","UN",50.0,933.33,46666.5,0.0,"2026-08-03"]
["UNIVERSIDADE FEDERAL DE GOIAS-UF/GO",153052.0,4383.0,"Material","153052-90/2026","DTEL, SDH + OUTRAS UNIDADES - SISTEMA DE CONTROLE DE ACESSO E MONITORAMENTO","Catálogo do Compras.gov.br","Material",5963.0,"MÓDULOS ELETRÔNICOS",14501.0,"CONTROLADOR ACESSO",443453.0,"TIPO: DISPLAY TIPO TOUCH-SCREEN, PADRÃO: STAND-ALONE, TIPO CONEXÃO: REDE LOCAL, CARACTERÍSTICAS ADICIONAIS: IDENTIFICAÇAO ATRAVÉS DE BIOMETRIA/SMART CARD, APLICAÇÃO: MONITORAMENTO E CONTROLE DE PORTAS DE ACESSO, TIPO USO: FECHADURA DO TIPO ELETROIMA OU ELETROMAGNÉTICA","UN",10.0,1736.3,17363.0,0.0,"2026-08-03"]
["UNIVERSIDADE FEDERAL DE GOIAS-UF/GO",153052.0,4384.0,"Material","153052-90/2026","DTEL, SDH + OUTRAS UNIDADES - SISTEMA DE CONTROLE DE ACESSO E MONITORAMENTO","Catálogo do Compras.gov.br","Material",5830.0,"SISTEMAS DE INTERCOMUNICAÇÃO E AMPLIFICAÇÃO DE  VOZ,  EXCETOOS DE AERONAVES",8434.0,"INTERCOMUNICADOR SEM FIO",612333.0,"ALIMENTAÇÃO: BATERIA DE LÍTIO, CONECÇÃO SIMULTÂNEA: 6, CONEXÃO: WIRELESS, USO: INTERCOMUNICAÇÃO DE DUAS VIAS","UN",40.0,1136.33,45453.2,0.0,"2026-08-03"]
["UNIVERSIDADE FEDERAL DE GOIAS-UF/GO",153052.0,4385.0,"Material","153052-90/2026","DTEL, SDH + OUTRAS UNIDADES - SISTEMA DE CONTROLE DE ACESSO E MONITORAMENTO","Catálogo do Compras.gov.br","Material",7050.0,"EQUIPAMENTOS DE REDE DE TIC - LOCAL E REMOTA",16158.0,"PATCH PANEL",474171.0,"ALTURA: 1U, APLICAÇÃO: REDE DE INFORMÁTICA, CATEGORIA: 6A, INSTALAÇÃO: RACK 19 POLEGADAS, NORMA PADRÃO: EIA/TIA 568 A/B, PADRÃO: 19, PORTAS: 24, TIPO PORTAS: RJ-45 FEMEA NA PARTE FRONTAL","UN",8.0,500.0,4000.0,0.0,"2026-08-03"]
["UNIVERSIDADE FEDERAL DE GOIAS-UF/GO",153052.0,4389.0,"Material","153052-90/2026","DTEL, SDH + OUTRAS UNIDADES - SISTEMA DE CONTROLE DE ACESSO E MONITORAMENTO","Catálogo do Compras.gov.br","Material",5930.0,"CHAVES ELÉTRICAS",3829.0,"BOTÃO COMANDO",364921.0,"APLICAÇÃO: CONTROLE DE ACESSO, TIPO: INDUSTRIAL","UN",40.0,122.24,4889.6,0.0,"2026-08-03"]
["UNIVERSIDADE FEDERAL DE GOIAS-UF/GO",153052.0,4390.0,"Material","153052-90/2026","DTEL, SDH + OUTRAS UNIDADES - SISTEMA DE CONTROLE DE ACESSO E MONITORAMENTO","Catálogo do Compras.gov.br","Material",5930.0,"CHAVES ELÉTRICAS",3829.0,"BOTÃO COMANDO",393926.0,"APLICAÇÃO: ELETRÔNICA, COR: VERMELHA, DIÂMETRO FUROS FIXAÇÃO: 22, NÚMERO CONTATO: 1 NA + 1 NF, TIPO: EMERGÊNCIA, TRAVAMENTO: TRAVA COGUMELO 40","UN",100.0,130.26,13026.0,0.0,"2026-08-03"]
["UNIVERSIDADE FEDERAL DE GOIAS-UF/GO",153052.0,4391.0,"Material","153052-90/2026","DTEL, SDH + OUTRAS UNIDADES - SISTEMA DE CONTROLE DE ACESSO E MONITORAMENTO","Catálogo do Compras.gov.br","Material",5930.0,"CHAVES ELÉTRICAS",3829.0,"BOTÃO COMANDO",364921.0,"APLICAÇÃO: CONTROLE DE ACESSO, TIPO: INDUSTRIAL","UN",40.0,102.19,4087.6,0.0,"2026-08-03"]
["UNIVERSIDADE FEDERAL DE GOIAS-UF/GO",153052.0,4392.0,"Material","153052-90/2026","DTEL, SDH + OUTRAS UNIDADES - SISTEMA DE CONTROLE DE ACESSO E MONITORAMENTO","Catálogo do Compras.gov.br","Material",5930.0,"CHAVES ELÉTRICAS",3829.0,"BOTÃO COMANDO",308556.0,"COR: VERDE, CORRENTE NOMINAL: 4, DIÂMETRO FUROS FIXAÇÃO: 22,5, FIXAÇÃO: POR PORCA DE PLÁSTICO, INVÓLUCRO: TERMOPLÁSTICO, MATERIAL ACIONADOR: TERMOPLÁSTICO OPACO, MATERIAL ARO: PLÁSTICO CROMADO, NÚMERO CONTATO: 2NA+2NF, TENSÃO ISOLAMENTO: 600, TENSÃO NOMINAL: 500","UN",100.0,193.54,19354.0,0.0,"2026-08-03"]
["UNIVERSIDADE FEDERAL DE GOIAS-UF/GO",153052.0,4393.0,"Material","153052-91/2026","LABROROCHA - MATERIAIS DIVERSOS DE COLETA E MICROBIOLOGIA","Catálogo do Compras.gov.br","Material",6640.0,"EQUIPAMENTOS E ARTIGOS DE LABORATÓRIO",30273.0,"COLETOR DE RESÍDUOS DE SERVIÇO DE SAÚDE",null,null,"-",0.0,0.0,30000.0,0.0,"2026-03-02"]
["UNIVERSIDADE FEDERAL DE GOIAS-UF/GO",153052.0,4394.0,"Material","153052-91/2026","LABROROCHA - MATERIAIS DIVERSOS DE COLETA E MICROBIOLOGIA","Catálogo do Compras.gov.br","Material",6640.0,"EQUIPAMENTOS E ARTIGOS DE LABORATÓRIO",13114.0,"TUBO LABORATÓRIO",null,null,"-",0.0,0.0,20000.0,0.0,"2026-03-02"]
["UNIVERSIDADE FEDERAL DE GOIAS-UF/GO",153052.0,4395.0,"Material","153052-91/2026","LABROROCHA - MATERIAIS DIVERSOS DE COLETA E MICROBIOLOGIA","Catálogo do Compras.gov.br","Material",8415.0,"VESTUÁRIO PARA FINS ESPECIAIS",8518.0,"JALECO",null,null,"-",0.0,0.0,30000.0,0.0,"2026-03-02"]
["UNIVERSIDADE FEDERAL DE GOIAS-UF/GO",153052.0,4396.0,"Material","153052-91/2026","LABROROCHA - MATERIAIS DIVERSOS DE COLETA E MICROBIOLOGIA","Catálogo do Compras.gov.br","Material",4240.0,"EQUIPAMENTO PARA SEGURANÇA E SALVAMENTO",30247.0,"LUVA P/ PROCEDIMENTO DE SAÚDE NÃO CIRÚRGICO C/ ANVISA",null,null,"-",0.0,0.0,30000.0,0.0,"2026-03-02"]
["UNIVERSIDADE FEDERAL DE GOIAS-UF/GO",153052.0,4397.0,"Material","153052-91/2026","LABROROCHA - MATERIAIS DIVERSOS DE COLETA E MICROBIOLOGIA","Catálogo do Compras.gov.br","Material",6840.0,"PESTICIDAS E DESINFETANTES",14487.0,"DESINFETANTE",458768.0,"COMPOSIÇÃO: À BASE DE PHMB, DIDECILDIMETILAMÔNIO, FORMA FÍSICA: EM LENÇO UMIDECIDO, PRINCÍPIO ATIVO: CLORETO ALQUIL DIMETIL BENZIL AMÔNIO","L",60.0,100.0,6000.0,0.0,"2026-03-02"]
["UNIVERSIDADE FEDERAL DE GOIAS-UF/GO",153052.0,4398.0,"Material","153052-91/2026","LABROROCHA - MATERIAIS DIVERSOS DE COLETA E MICROBIOLOGIA","Catálogo do Compras.gov.br","Material",3590.0,"EQUIPAMENTOS DIVERSOS PARA SERVIÇOS PROFISSIONAIS E  COMERCIAIS",18189.0,"ÁLCOOL ETÍLICO",null,null,"-",0.0,0.0,24000.0,0.0,"2026-03-02"]
["UNIVERSIDADE FEDERAL DE GOIAS-UF/GO",153052.0,4399.0,"Material","153052-91/2026","LABROROCHA - MATERIAIS DIVERSOS DE COLETA E MICROBIOLOGIA","Catálogo do Compras.gov.br","Material",6820.0,"CORANTES",{"$nulls":4},"-",0.0,0.0,30000.0,0.0,"2026-03-02"]
["UNIVERSIDADE FEDERAL DE GOIAS-UF/GO",153052.0,4400.0,"Material","153052-91/2026","LABROROCHA - MATERIAIS DIVERSOS DE COLETA E MICROBIOLOGIA","Catálogo do Compras.gov.br","Material",6550.0,"SUBSTÂNCIAS PARA DIAGNÓSTICO \"IN VITRO\",  REAGENTES,  CONJUNTOS E JOGOS PARA TESTE",11521.0,"REAGENTE PARA DIAGNÓSTICO CLÍNICO 4",null,null,"-",0.0,0.0,60000.0,0.0,"2026-03-02"]
["UNIVERSIDADE FEDERAL DE GOIAS-UF/GO",153052.0,4401.0,"Material","153052-91/2026","LABROROCHA - MATERIAIS DIVERSOS DE COLETA E MICROBIOLOGIA","Catálogo do Compras.gov.br","Material",6640.0,"EQUIPAMENTOS E ARTIGOS DE LABORATÓRIO",18913.0,"MEIO DE CULTURA",null,null,"-",0.0,0.0,20000.0,0.0,"2026-03-02"]
["UNIVERSIDADE FEDERAL DE GOIAS-UF/GO",153052.0,4402.0,"Soluções de TIC","153052-92/2026","DTEL, SDH + OUTRAS UNIDADES - EQUIPAMENTOS DE CFTV","Catálogo do Compras.gov.br","Material",5963.0,"MÓDULOS ELETRÔNICOS",19124.0,"CONVERSOR IMPEDÂNCIA",345002.0,"CARACTERÍSTICAS ADICIONAIS: POSSUIR INTERFACE DESBALANCEADA C/ IMPEDANCIA DE 7, TENSÃO ISOLAMENTO: 1000, TIPO: BALUN G.703 RJ45/BNC, TIPO OPERAÇÃO: SEM FONTE DE ALIMENTAÇÃO, VELOCIDADE TRANSFERÊNCIA: 2048 MBPS","UN",400.0,29.0,11600.0,0.0,"2026-06-01"]
["UNIVERSIDADE FEDERAL DE GOIAS-UF/GO",153052.0,4403.0,"Soluções de TIC","153052-92/2026","DTEL, SDH + OUTRAS UNIDADES - EQUIPAMENTOS DE CFTV","Catálogo do Compras.gov.br","Material",5963.0,"MÓDULOS ELETRÔNICOS",19124.0,"CONVERSOR IMPEDÂNCIA",394507.0,"APLICAÇÃO: TELEFONIA, CARACTERÍSTICAS ADICIONAIS: ADAPTADOR PARA CONEXÃO, PADRÃO TX/RX, IMPEDÂNCIA D, COMPONENTES: 1 PAR DE CABOS COAXIAL DE 75 OHMS, UM CABO DE PAR, TIPO: BALUN BNC/BNC","UN",700.0,20.08,14056.0,0.0,"2026-06-01"]
["UNIVERSIDADE FEDERAL DE GOIAS-UF/GO",153052.0,4404.0,"Soluções de TIC","153052-92/2026","DTEL, SDH + OUTRAS UNIDADES - EQUIPAMENTOS DE CFTV","Catálogo do Compras.gov.br","Material",7290.0,"UTENSÍLIOS COMERCIAIS E DOMÉSTICOS DIVERSOS",15747.0,"BANDEJA SUPORTE EQUIPAMENTOS",383256.0,"ALTURA: 19, APLICAÇÃO: SUPORTE PARA EQUIPAMENTOS, CARACTERÍSTICAS ADICIONAIS: VENTILADA, PADRÃO RACK 19\", COR: CINZA, LARGURA: 19, PROFUNDIDADE: 70","UN",30.0,276.04,8281.2,0.0,"2026-06-01"]
["UNIVERSIDADE FEDERAL DE GOIAS-UF/GO",153052.0,4405.0,"Soluções de TIC","153052-92/2026","DTEL, SDH + OUTRAS UNIDADES - EQUIPAMENTOS DE CFTV","Catálogo do Compras.gov.br","Material",5963.0,"MÓDULOS ELETRÔNICOS",18663.0,"MÓDULO ELETRÔNICO",476376.0,"APLICAÇÃO: SISTEMAS DE AUTOMAÇÃO E COMUNICAÇÃO, MODELO: PORTA ETHERNET: 1000BASE-LX, REFERÊNCIA FABRICANTE: TCSEAAF1LFS00, SCHNEIDER ELECTRIC, TIPO: MÓDULO ADAPTADOR DE REDE ETHERNET/IP","UN",15.0,900.0,13500.0,0.0,"2026-06-01"]
["UNIVERSIDADE FEDERAL DE GOIAS-UF/GO",153052.0,4406.0,"Soluções de TIC","153052-92/2026","DTEL, SDH + OUTRAS UNIDADES - EQUIPAMENTOS DE CFTV","Catálogo do Compras.gov.br","Material",5836.0,"EQUIPAMENTOS PARA GRAVAÇÃO E REPRODUÇÃO DE VÍDEO",15041.0,"CÂMERA VÍDEO DE SEGURANÇA",465997.0,"CARACTERÍSTICAS ADICIONAIS: RESOLUÇÃO FULL HD, INFRAVERMELHO, COMPONENTES ADICIONAIS: LENTE 3,6MM, SISTEMA NTSC, LUMINOSIDADE MÍNIMA: COLORIDO 0,1 LUX E PRETO E BRANCO 0,1, RESOLUÇÃO HORIZONTAL: 2 MEGAPIXEL, TIPO SENSOR: CMOS 1/3\", VOLTAGEM: 12","UN",4.0,300.0,1200.0,0.0,"2026-06-01"]
["UNIVERSIDADE FEDERAL DE GOIAS-UF/GO",153052.0,4407.0,"Soluções de TIC","153052-92/2026","DTEL, SDH + OUTRAS UNIDADES - EQUIPAMENTOS DE CFTV","Catálogo do Compras.gov.br","Material",8145.0,"RECIPIENTES ESPECIALIZADOS PARA TRANSPORTE E ARMAZENAGEM",7092.0,"ESTANTE RACK",413546.0,"ACABAMENTO SUPERFICIAL: PINTURA EPÓXI TEXTURIZADA, CARACTERÍSTICAS ADICIONAIS: KIT RODAS COM TRAVAS/2 VENTILADORES 19\"/1 RÉGUA 8, COR: BEGE, ESTRUTURA: AÇO, PADRÃO: 19\" X 44U X 570 MM, PORTA FRONTAL: COM CHAVE E VISOR EM ACRILICO, TIPO: DE PISO","UN",2.0,2052.09,4104.18,0.0,"2026-06-01"]
["UNIVERSIDADE FEDERAL DE GOIAS-UF/GO",153052.0,4408.0,"Soluções de TIC","153052-92/2026","DTEL, SDH + OUTRAS UNIDADES - EQUIPAMENTOS DE CFTV","Catálogo do Compras.gov.br","Material",5836.0,"EQUIPAMENTOS PARA GRAVAÇÃO E REPRODUÇÃO DE VÍDEO",15692.0,"CÂMERA VÍDEO",604559.0,"CARACTERÍSTICAS ADICIONAIS: COMANDOS VIA IP, RS-422 OU RS-232, DIMENSÕES APROXIMADAS: 162.9 X 204.6 X 170.6, RESOLUÇÃO: 3840 X 2160 PIXELS, RESOLUÇÃO HORIZONTAL: 74,10, TENSÃO NOMINAL: BIVOLT, TIPO: PTZ, ZOOM DIGITAL: 10, ZOOM ÓPTICO: 24","UN",5.0,5036.66,25183.3,0.0,"2026-06-01"]
["UNIVERSIDADE FEDERAL DE GOIAS-UF/GO",153052.0,4409.0,"Soluções de TIC","153052-92/2026","DTEL, SDH + OUTRAS UNIDADES - EQUIPAMENTOS DE CFTV","Catálogo do Compras.gov.br","Material",6350.0,"SISTEMAS DIVERSOS DE SINALIZAÇÃO, ALARME E DETECÇÃO PARA  SEGURANÇA",16121.0,"SISTEMA CIRCUITO FECHADO TV",480124.0,"APLICAÇÃO: SISTEMA DE SEGURANÇA, COMPONENTES: DVR 32 CANAIS, TIPO SISTEMA: GRAVAÇÃO DIGITAL","CJ",5.0,2733.93,13669.65,0.0,"2026-06-01"]
["UNIVERSIDADE FEDERAL DE GOIAS-UF/GO",153052.0,4410.0,"Soluções de TIC","153052-92/2026","DTEL, SDH + OUTRAS UNIDADES - EQUIPAMENTOS DE CFTV","Catálogo do Compras.gov.br","Material",8145.0,"RECIPIENTES ESPECIALIZADOS PARA TRANSPORTE E ARMAZENAGEM",7092.0,"ESTANTE RACK",482643.0,"ACABAMENTO SUPERFICIAL: PINTURA ELETROSTÁTICA EPÓXI PÓ MICROTEXTURIZADO, ALTURA EXTERNA: 600, CARACTERÍSTICAS ADICIONAIS: TAMANHO 12U, ESTRUTURA: AÇO, PADRÃO: 19\", PORTA FRONTAL: ACRÍLICO COM CHAVE, TIPO: PAREDE","UN",5.0,604.14,3020.7,0.0,"2026-06-01"]
["UNIVERSIDADE FEDERAL DE GOIAS-UF/GO",153052.0,4411.0,"Soluções de TIC","153052-92/2026","DTEL, SDH + OUTRAS UNIDADES - EQUIPAMENTOS DE CFTV","Catálogo do Compras.gov.br","Material",6350.0,"SISTEMAS DIVERSOS DE SINALIZAÇÃO, ALARME E DETECÇÃO PARA  SEGURANÇA",16121.0,"SISTEMA CIRCUITO FECHADO TV",461472.0,"APLICAÇÃO: SISTEMA DE SEGURANÇA, CARACTERÍSTICAS ADICIONAIS: GRAVAÇÃO COM RESOLUÇÃO DE ATÉ 6 MEGAPIXELS, SUPOR-, COMPONENTES: GRAVADOR NVR 16 CANAIS, TIPO SISTEMA: TECNOLOGIA HD/ANALOGICA","CJ",6.0,3194.9,19169.4,0.0,"2026-06-01"]
["UNIVERSIDADE FEDERAL DE GOIAS-UF/GO",153052.0,4412.0,"Soluções de TIC","153052-92/2026","DTEL, SDH + OUTRAS UNIDADES - EQUIPAMENTOS DE CFTV","Catálogo do Compras.gov.br","Material",7050.0,"EQUIPAMENTOS DE REDE DE TIC - LOCAL E REMOTA",5522.0,"SWITCH",484074.0,"APLICAÇÃO: CONECTAR MICROCOMPUTADOR À REDE, CARACTERÍSTICAS ADICIONAIS: MÍNIMO DE 04 PORTAS 10 GIGABIT ETHERNET COMPATÍVEL, QUANTIDADE PORTAS: 24, SUPORTE VLAN: 1000BASE-SX, 1000    BASE-LX, 1000BASE-ZX, 10GBASE, TIPO PORTAS: 10/100/1000B BASE-T \"AUTO-SENSING\"","UN",10.0,3194.19,31941.9,0.0,"2026-06-01"]
["UNIVERSIDADE FEDERAL DE GOIAS-UF/GO",153052.0,4413.0,"Soluções de TIC","153052-92/2026","DTEL, SDH + OUTRAS UNIDADES - EQUIPAMENTOS DE CFTV","Catálogo do Compras.gov.br","Material",6350.0,"SISTEMAS DIVERSOS DE SINALIZAÇÃO, ALARME E DETECÇÃO PARA  SEGURANÇA",16121.0,"SISTEMA CIRCUITO FECHADO TV",461529.0,"APLICAÇÃO: SISTEMA DE SEGURANÇA, CARACTERÍSTICAS ADICIONAIS: RESOLUÇÃO DE ATÉ 4MP LITE PARA GRAVAÇÃO, COMPONENTES: DVR 8 CANAIS, TIPO SISTEMA: GRAVAÇÃO DIGITAL","CJ",10.0,568.58,5685.8,0.0,"2026-06-01"]
["UNIVERSIDADE FEDERAL DE GOIAS-UF/GO",153052.0,4414.0,"Soluções de TIC","153052-92/2026","DTEL, SDH + OUTRAS UNIDADES - EQUIPAMENTOS DE CFTV","Catálogo do Compras.gov.br","Material",6350.0,"SISTEMAS DIVERSOS DE SINALIZAÇÃO, ALARME E DETECÇÃO PARA  SEGURANÇA",16121.0,"SISTEMA CIRCUITO FECHADO TV",461472.0,"APLICAÇÃO: SISTEMA DE SEGURANÇA, CARACTERÍSTICAS ADICIONAIS: GRAVAÇÃO COM RESOLUÇÃO DE ATÉ 6 MEGAPIXELS, SUPOR-, COMPONENTES: GRAVADOR NVR 16 CANAIS, TIPO SISTEMA: TECNOLOGIA HD/ANALOGICA","CJ",15.0,1402.96,21044.4,0.0,"2026-06-01"]
["UNIVERSIDADE FEDERAL DE GOIAS-UF/GO",153052.0,4415.0,"Soluções de TIC","153052-92/2026","DTEL, SDH + OUTRAS UNIDADES - EQUIPAMENTOS DE CFTV","Catálogo do Compras.gov.br","Material",6350.0,"SISTEMAS DIVERSOS DE SINALIZAÇÃO, ALARME E DETECÇÃO PARA  SEGURANÇA",16121.0,"SISTEMA CIRCUITO FECHADO TV",461530.0,"APLICAÇÃO: SISTEMA DE SEGURANÇA, CARACTERÍSTICAS ADICIONAIS: GRAVAÇÃO COM RESOLUÇÃO DE ATÉ 5 MEGAPIXELS, COMPONENTES: DVR 16 CANAIS, TIPO SISTEMA: GRAVAÇÃO DIGITAL","CJ",15.0,730.88,10963.2,0.0,"2026-06-01"]
["UNIVERSIDADE FEDERAL DE GOIAS-UF/GO",153052.0,4416.0,"Soluções de TIC","153052-92/2026","DTEL, SDH + OUTRAS UNIDADES - EQUIPAMENTOS DE CFTV","Catálogo do Compras.gov.br","Material",5836.0,"EQUIPAMENTOS PARA GRAVAÇÃO E REPRODUÇÃO DE VÍDEO",15041.0,"CÂMERA VÍDEO DE SEGURANÇA",465997.0,"CARACTERÍSTICAS ADICIONAIS: RESOLUÇÃO FULL HD, INFRAVERMELHO, COMPONENTES ADICIONAIS: LENTE 3,6MM, SISTEMA NTSC, LUMINOSIDADE MÍNIMA: COLORIDO 0,1 LUX E PRETO E BRANCO 0,1, RESOLUÇÃO HORIZONTAL: 2 MEGAPIXEL, TIPO SENSOR: CMOS 1/3\", VOLTAGEM: 12","UN",20.0,382.09,7641.8,0.0,"2026-06-01"]
["UNIVERSIDADE FEDERAL DE GOIAS-UF/GO",153052.0,4417.0,"Soluções de TIC","153052-92/2026","DTEL, SDH + OUTRAS UNIDADES - EQUIPAMENTOS DE CFTV","Catálogo do Compras.gov.br","Material",5836.0,"EQUIPAMENTOS PARA GRAVAÇÃO E REPRODUÇÃO DE VÍDEO",15041.0,"CÂMERA VÍDEO DE SEGURANÇA",465997.0,"CARACTERÍSTICAS ADICIONAIS: RESOLUÇÃO FULL HD, INFRAVERMELHO, COMPONENTES ADICIONAIS: LENTE 3,6MM, SISTEMA NTSC, LUMINOSIDADE MÍNIMA: COLORIDO 0,1 LUX E PRETO E BRANCO 0,1, RESOLUÇÃO HORIZONTAL: 2 MEGAPIXEL, TIPO SENSOR: CMOS 1/3\", VOLTAGEM: 12","UN",70.0,267.9,18753.0,0.0,"2026-06-01"]
["UNIVERSIDADE FEDERAL DE GOIAS-UF/GO",153052.0,4418.0,"Soluções de TIC","153052-92/2026","DTEL, SDH + OUTRAS UNIDADES - EQUIPAMENTOS DE CFTV","Catálogo do Compras.gov.br","Material",5836.0,"EQUIPAMENTOS PARA GRAVAÇÃO E REPRODUÇÃO DE VÍDEO",15041.0,"CÂMERA VÍDEO DE SEGURANÇA",465997.0,"CARACTERÍSTICAS ADICIONAIS: RESOLUÇÃO FULL HD, INFRAVERMELHO, COMPONENTES ADICIONAIS: LENTE 3,6MM, SISTEMA NTSC, LUMINOSIDADE MÍNIMA: COLORIDO 0,1 LUX E PRETO E BRANCO 0,1, RESOLUÇÃO HORIZONTAL: 2 MEGAPIXEL, TIPO SENSOR: CMOS 1/3\", VOLTAGEM: 12","UN",100.0,897.34,89734.0,0.0,"2026-06-01"]
["UNIVERSIDADE FEDERAL DE GOIAS-UF/GO",153052.0,4419.0,"Soluções de TIC","153052-92/2026","DTEL, SDH + OUTRAS UNIDADES - EQUIPAMENTOS DE CFTV","Catálogo do Compras.gov.br","Material",5836.0,"EQUIPAMENTOS PARA GRAVAÇÃO E REPRODUÇÃO DE VÍDEO",15692.0,"CÂMERA VÍDEO",485593.0,"CAPACIDADE MEMÓRIA: 1024, MATERIAL: PLÁSTICO, RESOLUÇÃO: 2592 X 1944 PIXELS, TENSÃO NOMINAL: 12, TIPO: CFTV DIGITAL COLORIDA","UN",100.0,769.99,76999.0,0.0,"2026-06-01"]
["UNIVERSIDADE FEDERAL DE GOIAS-UF/GO",153052.0,4420.0,"Soluções de TIC","153052-92/2026","DTEL, SDH + OUTRAS UNIDADES - EQUIPAMENTOS DE CFTV","Catálogo do Compras.gov.br","Material",5836.0,"EQUIPAMENTOS PARA GRAVAÇÃO E REPRODUÇÃO DE VÍDEO",15692.0,"CÂMERA VÍDEO",485593.0,"CAPACIDADE MEMÓRIA: 1024, MATERIAL: PLÁSTICO, RESOLUÇÃO: 2592 X 1944 PIXELS, TENSÃO NOMINAL: 12, TIPO: CFTV DIGITAL COLORIDA","UN",150.0,785.44,117816.0,0.0,"2026-06-01"]
["UNIVERSIDADE FEDERAL DE GOIAS-UF/GO",153052.0,4421.0,"Soluções de TIC","153052-92/2026","DTEL, SDH + OUTRAS UNIDADES - EQUIPAMENTOS DE CFTV","Catálogo do Compras.gov.br","Material",5836.0,"EQUIPAMENTOS PARA GRAVAÇÃO E REPRODUÇÃO DE VÍDEO",15041.0,"CÂMERA VÍDEO DE SEGURANÇA",465997.0,"CARACTERÍSTICAS ADICIONAIS: RESOLUÇÃO FULL HD, INFRAVERMELHO, COMPONENTES ADICIONAIS: LENTE 3,6MM, SISTEMA NTSC, LUMINOSIDADE MÍNIMA: COLORIDO 0,1 LUX E PRETO E BRANCO 0,1, RESOLUÇÃO HORIZONTAL: 2 MEGAPIXEL, TIPO SENSOR: CMOS 1/3\", VOLTAGEM: 12","UN",150.0,315.86,47379.0,0.0,"2026-06-01"]
["UNIVERSIDADE FEDERAL DE GOIAS-UF/GO",153052.0,4422.0,"Soluções de TIC","153052-92/2026","DTEL, SDH + OUTRAS UNIDADES - EQUIPAMENTOS DE CFTV","Catálogo do Compras.gov.br","Material",7050.0,"EQUIPAMENTOS DE REDE DE TIC - LOCAL E REMOTA",5522.0,"SWITCH",480917.0,"ALIMENTAÇÃO: 110/220, APLICAÇÃO: CONECTAR GRAVADOR DE VIDEO, CARACTERÍSTICAS ADICIONAIS: 8 CAMERAS IP, RJ-45 SAIDA, QUANTIDADE PORTAS: 1, TIPO: POE ATIVO CFTV-D","UN",40.0,318.68,12747.2,0.0,"2026-06-01"]
["UNIVERSIDADE FEDERAL DE GOIAS-UF/GO",153052.0,4423.0,"Soluções de TIC","153052-92/2026","DTEL, SDH + OUTRAS UNIDADES - EQUIPAMENTOS DE CFTV","Catálogo do Compras.gov.br","Material",7050.0,"EQUIPAMENTOS DE REDE DE TIC - LOCAL E REMOTA",15766.0,"EQUIPAMENTO WIRELESS",605537.0,"APLICAÇÃO: ALIMENTAÇÃO DE PONTOS DE ACESSO, CONEXÃO: RJ-45, FREQUÊNCIA: 60, PADRÃO: IEEE802.3AF/AT, QUANTIDADE PORTAS: 4, TAXA TRANSMISSÃO: 10/100, TENSÃO ALIMENTAÇÃO: 9 A 48, TIPO: ADPTADOR INJETOR POE","UN",50.0,542.53,27126.5,0.0,"2026-06-01"]
["UNIVERSIDADE FEDERAL DE GOIAS-UF/GO",153052.0,4424.0,"Soluções de TIC","153052-92/2026","DTEL, SDH + OUTRAS UNIDADES - EQUIPAMENTOS DE CFTV","Catálogo do Compras.gov.br","Material",5895.0,"EQUIPAMENTOS DIVERSOS PARA COMUNICAÇÕES",9886.0,"MONITOR IMAGEM",604256.0,"ALTURA: 682,2, CARACTERÍSTICAS ADICIONAIS: CONTROLE EXTERNO RS2323C, RJ45, RECEPTOR IR,, CONSUMO: 150, LARGURA: 1,211,4, PROFUNDIDADE: 86,5, RESOLUÇÃO IMAGEM: 1920 X 1080, TAMANHO TELA: 55, TENSÃO OPERAÇÃO: 100 A 240, TIPO ENTRADA: HDMI/DP/DVI-D/OPS/AUDIO/USB 2.0/USB 3.0/RGB, TIPO IMAGEM: WINDE SCREEN, TIPO TELA: LED","UN",4.0,6113.33,24453.32,0.0,"2026-06-01"]
["UNIVERSIDADE FEDERAL DE GOIAS-UF/GO",153052.0,4430.0,"Material","153052-95/2026","SEINFRA E OUTROS - Equipamentos para manutenção em geral","Catálogo do Compras.gov.br","Material",3405.0,"MÁQUINAS DE SERRAR E LIMAR",17424.0,"SERRA MÁRMORE",481427.0,"POTÊNCIA: 1.450, VOLTAGEM: 220","UN",5.0,560.0,2800.0,0.0,"2026-08-03"]
["UNIVERSIDADE FEDERAL DE GOIAS-UF/GO",153052.0,4437.0,"Material","153052-95/2026","SEINFRA E OUTROS - Equipamentos para manutenção em geral","Catálogo do Compras.gov.br","Material",3960.0,"ELEVADORES E ESCADAS ROLANTES",6475.0,"ELEVADOR DE CARGA",620456.0,"ALTURA ELEVAÇÃO: 4.140, APLICAÇÃO: ELEVAÇÃO DE CARGA EM GERAL, CAPACIDADE DE CARGA: 100, CARACTERÍSTICAS ADICIONAIS: ESTRUTURADO PARA MONTAGEM EM CAIXA DE ALVENARIA, TIPO: ELÉTRICO, TIPO ACIONAMENTO: TRIFÁSICO, 220V, 60 HZ, VELOCIDADE: 0,25","UN",2.0,499.0,998.0,0.0,"2026-08-03"]
["UNIVERSIDADE FEDERAL DE GOIAS-UF/GO",153052.0,4426.0,"Material","153052-95/2026","SEINFRA E OUTROS - Equipamentos para manutenção em geral","Catálogo do Compras.gov.br","Material",5130.0,"FERRAMENTAS MANUAIS ACIONADAS POR FORÇA MOTRIZ",16083.0,"ESMERILHADEIRA",449077.0,"DIÂMETRO DISCO: 7, POTÊNCIA: 2.600, ROTAÇÃO: 8.500, TIPO: ANGULAR, VOLTAGEM: 220","UN",2.0,2400.0,4800.0,0.0,"2026-08-03"]
["UNIVERSIDADE FEDERAL DE GOIAS-UF/GO",153052.0,4431.0,"Material","153052-95/2026","SEINFRA E OUTROS - Equipamentos para manutenção em geral","Catálogo do Compras.gov.br","Material",5210.0,"INSTRUMENTOS DE MEDIÇÃO PARA ARTÍFICES",2304.0,"ALICATE AMPERÍMETRO",623915.0,"ABERTURA DA GARRA: 30, ALIMENTAÇÃO: 3 PILHAS AAA DE 1,5V, CARACTERÍSTICAS ADICIONAIS: DISPLAY LCD, TESTE DE CONTINUIDADE, NCV, TRUE RMS, CATEGORIA: CAT IV 600V / CAT III 1000V, COMPONENTES ADICIONAIS: BOLSA DE TRANSPORTE/  PONTOS DE PROVA, CORRENTE: DC: 200U/60/600A/1000A - AC: 60/600/1000A, MATERIAL: PLÁSTICO, RESISTÊNCIA: 400 OHM/ 4000 OHM/ 40, TEMPERATURA: -20~1000, TIPO: DIGITAL, VOLTAGEM BATERIA: 1,5","UN",10.0,468.24,4682.4,0.0,"2026-08-03"]
["UNIVERSIDADE FEDERAL DE GOIAS-UF/GO",153052.0,4432.0,"Material","153052-95/2026","SEINFRA E OUTROS - Equipamentos para manutenção em geral","Catálogo do Compras.gov.br","Material",5210.0,"INSTRUMENTOS DE MEDIÇÃO PARA ARTÍFICES",2304.0,"ALICATE AMPERÍMETRO",623915.0,"ABERTURA DA GARRA: 30, ALIMENTAÇÃO: 3 PILHAS AAA DE 1,5V, CARACTERÍSTICAS ADICIONAIS: DISPLAY LCD, TESTE DE CONTINUIDADE, NCV, TRUE RMS, CATEGORIA: CAT IV 600V / CAT III 1000V, COMPONENTES ADICIONAIS: BOLSA DE TRANSPORTE/  PONTOS DE PROVA, CORRENTE: DC: 200U/60/600A/1000A - AC: 60/600/1000A, MATERIAL: PLÁSTICO, RESISTÊNCIA: 400 OHM/ 4000 OHM/ 40, TEMPERATURA: -20~1000, TIPO: DIGITAL, VOLTAGEM BATERIA: 1,5","UN",2.0,6899.9,13799.8,0.0,"2026-08-03"]
["UNIVERSIDADE FEDERAL DE GOIAS-UF/GO",153052.0,4454.0,"Material","153052-95/2026","SEINFRA E OUTROS - Equipamentos para manutenção em geral","Catálogo do Compras.gov.br","Material",5130.0,"FERRAMENTAS MANUAIS ACIONADAS POR FORÇA MOTRIZ",16084.0,"MARTELO PERFURADOR",447118.0,"APLICAÇÃO: DEMOLIÇÃO DE PISOS E CONCRETOS, POTÊNCIA: 850, TIPO: ROMPEDOR, VOLTAGEM: 220","UN",3.0,1300.0,3900.0,0.0,"2026-08-03"]
["UNIVERSIDADE FEDERAL DE GOIAS-UF/GO",153052.0,4427.0,"Material","153052-95/2026","SEINFRA E OUTROS - Equipamentos para manutenção em geral","Catálogo do Compras.gov.br","Material",5210.0,"INSTRUMENTOS DE MEDIÇÃO PARA ARTÍFICES",13304.0,"PONTA PROVA MULTÍMETRO",282404.0,"CARACTERÍSTICAS ADICIONAIS: SEGURANÇA IEC-1010-1 CATEGORIA II 1000 V, COMPRIMENTO CABO: 920, CONEXÃO: BANANA 4 MM MEIA ISOLAÇÃO, CORRENTE MÁXIMA: 16 A / 30 SEGUNDOS, RESISTÊNCIA ÔHMICA: 0,06, REVESTIMENTO CABO: PVC - CLORETO DE POLIVINILA MEIA FLEXIBILIDADE, TENSÃO ISOLAMENTO: 1000","UN",50.0,19.5,975.0,0.0,"2026-08-03"]
["UNIVERSIDADE FEDERAL DE GOIAS-UF/GO",153052.0,4428.0,"Material","153052-95/2026","SEINFRA E OUTROS - Equipamentos para manutenção em geral","Catálogo do Compras.gov.br","Material",4310.0,"BOMBAS E COMPRESSORES A VÁCUO",17923.0,"COMPRESSOR HERMÉTICO SCROLL",363501.0,"APLICAÇÃO: CENTRAL AR CONDICIONADO, CAPACIDADE: 60.000, FREQUÊNCIA: 60, MODELO: HERMÉTICO SCROLL, POTÊNCIA: 5.120, TENSÃO: 380","UN",10.0,2370.0,23700.0,0.0,"2026-08-03"]
["UNIVERSIDADE FEDERAL DE GOIAS-UF/GO",153052.0,4445.0,"Material","153052-95/2026","SEINFRA E OUTROS - Equipamentos para manutenção em geral","Catálogo do Compras.gov.br","Material",5130.0,"FERRAMENTAS MANUAIS ACIONADAS POR FORÇA MOTRIZ",7868.0,"FURADEIRA",610469.0,"ACESSÓRIOS: 2 BATERIAS, CARREGADOR E MALETA, CAPACIDADE PERFURAÇÃO AÇO: 20, CARACTERÍSTICAS ADICIONAIS: SEM FIO, VELOCIDADE VARIAVEL, TAMANHO MANDRIL: 1/2, TENSÃO ALIMENTAÇÃO: 220, TIPO: FURADEIRA E PARAFUSADEIRA","UN",2.0,1980.0,3960.0,0.0,"2026-08-03"]
["UNIVERSIDADE FEDERAL DE GOIAS-UF/GO",153052.0,4429.0,"Material","153052-95/2026","SEINFRA E OUTROS - Equipamentos para manutenção em geral","Catálogo do Compras.gov.br","Material",4240.0,"EQUIPAMENTO PARA SEGURANÇA E SALVAMENTO",9409.0,"MÁSCARA SOLDADOR",615841.0,"ALIMENTAÇÃO: CÉLULA SOLAR, MATERIAL: NYLON, TEMPERATURA OPERAÇÃO: -10 A 65, TEMPO CLAREAMENTO: 0,1 A 0,9 S, TEMPO ESCURECIMENTO: 0,7 MILISSEGUNDOS, TIPO: CAPACETE, ÁREA DE VISÃO: 100 X 50","UN",2.0,370.0,740.0,0.0,"2026-08-03"]
["UNIVERSIDADE FEDERAL DE GOIAS-UF/GO",153052.0,4518.0,"Material","153052-95/2026","SEINFRA E OUTROS - Equipamentos para manutenção em geral","Catálogo do Compras.gov.br","Material",3590.0,"EQUIPAMENTOS DIVERSOS PARA SERVIÇOS PROFISSIONAIS E  COMERCIAIS",16887.0,"EQUIPAMENTOS DIVERSOS PARA SERVIÇOS PROFISSIONAIS",444508.0,"CARACTERÍSTICAS ADICIONAIS: DETECÇÃO ATÉ 120 MM, TIPO: DETECTOR, USO: ÁGUA, ELÉTRICO E CONCRETO","UN",4.0,1649.0,6596.0,0.0,"2026-08-03"]
["UNIVERSIDADE FEDERAL DE GOIAS-UF/GO",153052.0,4433.0,"Material","153052-95/2026","SEINFRA E OUTROS - Equipamentos para manutenção em geral","Catálogo do Compras.gov.br","Material",5920.0,"FUSÍVEIS INTERRUPTORES, ISOLANTES E PROTETORES",100.0,"ELO FUSÍVEL",337021.0,"APLICAÇÃO: PARA PROTEÇÃO DE REDE, CARACTERÍSTICAS ADICIONAIS: COM ARRUELA DE LATÃO, CLASSE: DISTRIBUIÇÃO, CORRENTE NOMINAL: 15, MATERIAL: ESTANHO, TIPO: 15K","UN",30.0,21.65,649.5,0.0,"2026-08-03"]
["UNIVERSIDADE FEDERAL DE GOIAS-UF/GO",153052.0,4435.0,"Material","153052-95/2026","SEINFRA E OUTROS - Equipamentos para manutenção em geral","Catálogo do Compras.gov.br","Material",3230.0,"FERRAMENTAS E ACESSÓRIOS DE MÁQUINAS PARA TRABALHO EM  MADEIRA",17560.0,"PEÇA / ACESSÓRIO - MOTOSERRA",600864.0,"APLICAÇÃO: MOTOSSERRA HUSQVARNA 390 XP, CARACTERÍSTICAS ADICIONAIS: SABRE 42 DENTES","UN",2.0,6500.0,13000.0,0.0,"2026-08-03"]
["UNIVERSIDADE FEDERAL DE GOIAS-UF/GO",153052.0,4485.0,"Material","153052-95/2026","SEINFRA E OUTROS - Equipamentos para manutenção em geral","Catálogo do Compras.gov.br","Material",3710.0,"EQUIPAMENTO PARA PREPARAÇÃO DO SOLO",1461.0,"ROÇADEIRA MANUAL",604311.0,"CARACTERÍSTICAS ADICIONAIS: MOTOR 2 TEMPOS Á GASOLINA, DEPOSITO DE COMBUSTÍVEL, POTÊNCIA MOTOR: 3HP 63CC, TIPO CORTADOR: FIO NÁILON E/OU LÂMINA AÇO, TIPO EMPUNHADEIRA: GUIDÕES AJUSTÁVEIS, TIPO MOTOR: GASOLINA","UN",1.0,1300.0,1300.0,0.0,"2026-08-03"]
["UNIVERSIDADE FEDERAL DE GOIAS-UF/GO",153052.0,4486.0,"Material","153052-95/2026","SEINFRA E OUTROS - Equipamentos para manutenção em geral","Catálogo do Compras.gov.br","Material",3710.0,"EQUIPAMENTO PARA PREPARAÇÃO DO SOLO",1461.0,"ROÇADEIRA MANUAL",604311.0,"CARACTERÍSTICAS ADICIONAIS: MOTOR 2 TEMPOS Á GASOLINA, DEPOSITO DE COMBUSTÍVEL, POTÊNCIA MOTOR: 3HP 63CC, TIPO CORTADOR: FIO NÁILON E/OU LÂMINA AÇO, TIPO EMPUNHADEIRA: GUIDÕES AJUSTÁVEIS, TIPO MOTOR: GASOLINA","UN",1.0,2200.0,2200.0,0.0,"2026-08-03"]
["UNIVERSIDADE FEDERAL DE GOIAS-UF/GO",153052.0,4487.0,"Material","153052-95/2026","SEINFRA E OUTROS - Equipamentos para manutenção em geral","Catálogo do Compras.gov.br","Material",3710.0,"EQUIPAMENTO PARA PREPARAÇÃO DO SOLO",1461.0,"ROÇADEIRA MANUAL",604311.0,"CARACTERÍSTICAS ADICIONAIS: MOTOR 2 TEMPOS Á GASOLINA, DEPOSITO DE COMBUSTÍVEL, POTÊNCIA MOTOR: 3HP 63CC, TIPO CORTADOR: FIO NÁILON E/OU LÂMINA AÇO, TIPO EMPUNHADEIRA: GUIDÕES AJUSTÁVEIS, TIPO MOTOR: GASOLINA","UN",1.0,4200.0,4200.0,0.0,"2026-08-03"]
["UNIVERSIDADE FEDERAL DE GOIAS-UF/GO",153052.0,4488.0,"Material","153052-95/2026","SEINFRA E OUTROS - Equipamentos para manutenção em geral","Catálogo do Compras.gov.br","Material",3710.0,"EQUIPAMENTO PARA PREPARAÇÃO DO SOLO",1461.0,"ROÇADEIRA MANUAL",604311.0,"CARACTERÍSTICAS ADICIONAIS: MOTOR 2 TEMPOS Á GASOLINA, DEPOSITO DE COMBUSTÍVEL, POTÊNCIA MOTOR: 3HP 63CC, TIPO CORTADOR: FIO NÁILON E/OU LÂMINA AÇO, TIPO EMPUNHADEIRA: GUIDÕES AJUSTÁVEIS, TIPO MOTOR: GASOLINA","UN",1.0,5500.0,5500.0,0.0,"2026-08-03"]
["UNIVERSIDADE FEDERAL DE GOIAS-UF/GO",153052.0,4489.0,"Material","153052-95/2026","SEINFRA E OUTROS - Equipamentos para manutenção em geral","Catálogo do Compras.gov.br","Material",3750.0,"IMPLEMENTOS E FERRAMENTAS DE JARDINAGEM",16912.0,"PEÇAS / COMPONENTES - JARDINAGEM",608085.0,"ALTURA: 10, COMPRIMENTO: 30, COR: VERDE, MATERIAL DO CORPO: POLIETILENO RECICLADO, TIPO: SEPARADOR/LIMITADOR DE GRAMA","UN",6.0,1800.0,10800.0,0.0,"2026-08-03"]
["UNIVERSIDADE FEDERAL DE GOIAS-UF/GO",153052.0,4434.0,"Material","153052-95/2026","SEINFRA E OUTROS - Equipamentos para manutenção em geral","Catálogo do Compras.gov.br","Material",5220.0,"CALIBRES DE INSPEÇÃO E FERRAMENTAS DE PRECISÃO",4286.0,"MEDIDOR DISTÂNCIA",485900.0,"CAPACIDADE: 50, CARACTERÍSTICAS ADICIONAIS: CONECTIVIDADE BLUETOOTH, PRECISÃO: 1,5, PROTEÇÃO: CLASSE IP54, TIPO: A LASER","UN",2.0,500.0,1000.0,0.0,"2026-08-03"]
["UNIVERSIDADE FEDERAL DE GOIAS-UF/GO",153052.0,4447.0,"Material","153052-95/2026","SEINFRA E OUTROS - Equipamentos para manutenção em geral","Catálogo do Compras.gov.br","Material",3438.0,"EQUIPAMENTOS DIVERSOS DE SOLDA",1177.0,"ESTAÇÃO SOLDA",605940.0,"APLICAÇÃO: SOLDAR/DESOLDAR COMPONENTES ELETRÔNICOS, CARACTERÍSTICAS ADICIONAIS: ESTAÇÃO CONJUGADA, TEMPERATURA AJUSTÁVEL, INDICA-, COMPRIMENTO: 260, FAIXA TEMPERATURA: 200 A 480, LARGURA: 245, POTÊNCIA NOMINAL: 250, PROFUNDIDADE: 190, TEMPERATURA MÁXIMA: 200 A 480, TENSÃO ALIMENTAÇÃO: 220, TIPO CORRENTE: ALTERNADA E DIRETA","UN",2.0,420.0,840.0,0.0,"2026-08-03"]
["UNIVERSIDADE FEDERAL DE GOIAS-UF/GO",153052.0,4448.0,"Material","153052-95/2026","SEINFRA E OUTROS - Equipamentos para manutenção em geral","Catálogo do Compras.gov.br","Material",3920.0,"EQUIPAMENTOS NÃO AUTOPROPULSIONADO PARA MOVIMENTAÇÃO  DE  MATERIAIS",4585.0,"CARRINHO MÃO",268235.0,"ESPESSURA CAÇAMBA: 5, MATERIAL CAÇAMBA: CHAPA AÇO GALVANIZADO, MATERIAL CHASSI: FERRO, MATERIAL PÉS: FERRO, QUANTIDADE RODA: 1, TIPO RODA: PNEU MACIÇO, COM 3,2 POL DE DIÂMETRO, TIPO TRAVESSA: SUPORTE DIANTEIRO CAÇAMBA, COMPRIMENTO EIXO: 25, COMPRIMENTO: 80, LARGURA: 62, ALTURA: 20","UN",12.0,260.0,3120.0,0.0,"2026-08-03"]
["UNIVERSIDADE FEDERAL DE GOIAS-UF/GO",153052.0,4510.0,"Material","153052-95/2026","SEINFRA E OUTROS - Equipamentos para manutenção em geral","Catálogo do Compras.gov.br","Material",3710.0,"EQUIPAMENTO PARA PREPARAÇÃO DO SOLO",1461.0,"ROÇADEIRA MANUAL",604311.0,"CARACTERÍSTICAS ADICIONAIS: MOTOR 2 TEMPOS Á GASOLINA, DEPOSITO DE COMBUSTÍVEL, POTÊNCIA MOTOR: 3HP 63CC, TIPO CORTADOR: FIO NÁILON E/OU LÂMINA AÇO, TIPO EMPUNHADEIRA: GUIDÕES AJUSTÁVEIS, TIPO MOTOR: GASOLINA","UN",1.0,1300.0,1300.0,0.0,"2026-08-03"]
["UNIVERSIDADE FEDERAL DE GOIAS-UF/GO",153052.0,4511.0,"Material","153052-95/2026","SEINFRA E OUTROS - Equipamentos para manutenção em geral","Catálogo do Compras.gov.br","Material",3710.0,"EQUIPAMENTO PARA PREPARAÇÃO DO SOLO",1461.0,"ROÇADEIRA MANUAL",604311.0,"CARACTERÍSTICAS ADICIONAIS: MOTOR 2 TEMPOS Á GASOLINA, DEPOSITO DE COMBUSTÍVEL, POTÊNCIA MOTOR: 3HP 63CC, TIPO CORTADOR: FIO NÁILON E/OU LÂMINA AÇO, TIPO EMPUNHADEIRA: GUIDÕES AJUSTÁVEIS, TIPO MOTOR: GASOLINA","UN",1.0,4200.0,4200.0,0.0,"2026-08-03"]
["UNIVERSIDADE FEDERAL DE GOIAS-UF/GO",153052.0,4512.0,"Material","153052-95/2026","SEINFRA E OUTROS - Equipamentos para manutenção em geral","Catálogo do Compras.gov.br","Material",3710.0,"EQUIPAMENTO PARA PREPARAÇÃO DO SOLO",1461.0,"ROÇADEIRA MANUAL",604311.0,"CARACTERÍSTICAS ADICIONAIS: MOTOR 2 TEMPOS Á GASOLINA, DEPOSITO DE COMBUSTÍVEL, POTÊNCIA MOTOR: 3HP 63CC, TIPO CORTADOR: FIO NÁILON E/OU LÂMINA AÇO, TIPO EMPUNHADEIRA: GUIDÕES AJUSTÁVEIS, TIPO MOTOR: GASOLINA","UN",1.0,5500.0,5500.0,0.0,"2026-08-03"]
["UNIVERSIDADE FEDERAL DE GOIAS-UF/GO",153052.0,4513.0,"Material","153052-95/2026","SEINFRA E OUTROS - Equipamentos para manutenção em geral","Catálogo do Compras.gov.br","Material",3710.0,"EQUIPAMENTO PARA PREPARAÇÃO DO SOLO",1461.0,"ROÇADEIRA MANUAL",604311.0,"CARACTERÍSTICAS ADICIONAIS: MOTOR 2 TEMPOS Á GASOLINA, DEPOSITO DE COMBUSTÍVEL, POTÊNCIA MOTOR: 3HP 63CC, TIPO CORTADOR: FIO NÁILON E/OU LÂMINA AÇO, TIPO EMPUNHADEIRA: GUIDÕES AJUSTÁVEIS, TIPO MOTOR: GASOLINA","UN",1.0,2200.0,2200.0,0.0,"2026-08-03"]
["UNIVERSIDADE FEDERAL DE GOIAS-UF/GO",153052.0,4436.0,"Material","153052-95/2026","SEINFRA E OUTROS - Equipamentos para manutenção em geral","Catálogo do Compras.gov.br","Material",3590.0,"EQUIPAMENTOS DIVERSOS PARA SERVIÇOS PROFISSIONAIS E  COMERCIAIS",16887.0,"EQUIPAMENTOS DIVERSOS PARA SERVIÇOS PROFISSIONAIS",621638.0,"CAPACIDADE: 20, CARACTERISTICAS ADICIONAIS 3: DETECTAR METAIS FERROSOS, DETECTAR METAIS NÃO-FERR, COMPONENTES ADICIONAIS: DETECTAR MADEIRAMENTOS A ATÉ 8 CM DE PROFUNDIDADE, REFERÊNCIA FABRICAÇÃO: BOSCH-06010816G0-000, TIPO 2: DETECTOR E SCANNER DE MATERIAIS, USO 2: DETECÇÃO: CABO ENERGIZADO, METAL MAGNÉTICO, METAL, VOLTAGEM: 220/240","UN",2.0,2530.0,5060.0,0.0,"2026-08-03"]
["UNIVERSIDADE FEDERAL DE GOIAS-UF/GO",153052.0,4449.0,"Material","153052-95/2026","SEINFRA E OUTROS - Equipamentos para manutenção em geral","Catálogo do Compras.gov.br","Material",3920.0,"EQUIPAMENTOS NÃO AUTOPROPULSIONADO PARA MOVIMENTAÇÃO  DE  MATERIAIS",16077.0,"RODÍZIO GIRATÓRIO",601271.0,"CAPACIDADE CARGA: 30, CARACTERÍSTICAS ADICIONAIS: SEM TRAVA, COR: PRETA, DIÂMETRO EXTERNO: 2, MATERIAL BANDA RODAGEM: BORRACHA, MATERIAL ESTRUTURA: AÇO, QUANTIDADE FUROS FIXAÇÃO: 4","UN",10.0,100.0,1000.0,0.0,"2026-08-03"]
["UNIVERSIDADE FEDERAL DE GOIAS-UF/GO",153052.0,4491.0,"Material","153052-95/2026","SEINFRA E OUTROS - Equipamentos para manutenção em geral","Catálogo do Compras.gov.br","Material",7310.0,"EQUIPAMENTOS PARA COZINHAR, ASSAR E SERVIR ALIMENTOS",1045.0,"FORNO MICROONDAS",285728.0,"CAPACIDADE: 21, CARACTERÍSTICAS ADICIONAIS: TIMER, TRAVA DE SEGURANÇA, COR: BRANCA, MATERIAL: AÇO INOXIDÁVEL, POTÊNCIA: 800, VOLTAGEM: 220, COMPRIMENTO: 488, LARGURA: 288, ALTURA: 390, PESO: 12,5","UN",1.0,531.05,531.05,0.0,"2026-08-03"]
["UNIVERSIDADE FEDERAL DE GOIAS-UF/GO",153052.0,4438.0,"Material","153052-95/2026","SEINFRA E OUTROS - Equipamentos para manutenção em geral","Catálogo do Compras.gov.br","Material",5210.0,"INSTRUMENTOS DE MEDIÇÃO PARA ARTÍFICES",968.0,"TRENA",626385.0,"CARACTERÍSTICAS ADICIONAIS: COR METÁLICA, GRADUAÇÃO DE 1 MM, COMPRIMENTO: 5, MATERIAL: AÇO","UN",30.0,23.9,717.0,0.0,"2026-08-03"]
["UNIVERSIDADE FEDERAL DE GOIAS-UF/GO",153052.0,4439.0,"Material","153052-95/2026","SEINFRA E OUTROS - Equipamentos para manutenção em geral","Catálogo do Compras.gov.br","Material",5210.0,"INSTRUMENTOS DE MEDIÇÃO PARA ARTÍFICES",2304.0,"ALICATE AMPERÍMETRO",341329.0,"ALIMENTAÇÃO: 3 PILHAS AAA DE 1,5V, APLICAÇÃO: ELETRICIDADE, CARACTERÍSTICAS ADICIONAIS: TRUE RMS, MEMÓRIA, FREQÜÊNCIA 100 KHZ, FREQÜÊNCIA, CORRENTE: 1000A AC/ 1000A DC, MATERIAL: PLÁSTICO, RESISTÊNCIA: 40, TIPO: DIGITAL, VOLTAGEM: 1000V DC/700V AC, VOLTAGEM BATERIA: 4,5","UN",15.0,398.0,5970.0,0.0,"2026-08-03"]
["UNIVERSIDADE FEDERAL DE GOIAS-UF/GO",153052.0,4440.0,"Material","153052-95/2026","SEINFRA E OUTROS - Equipamentos para manutenção em geral","Catálogo do Compras.gov.br","Material",5920.0,"FUSÍVEIS INTERRUPTORES, ISOLANTES E PROTETORES",19217.0,"DETECTOR AUSENCIA TENSÃO",615270.0,"APLICAÇÃO: REDE DE ALTA TENSÃO, CARACTERÍSTICAS ADICIONAIS: EMITE SINAIS SONOROS E LUMINOSOS INTERMITENTES, FAIXA TENSÃO: 1 A 138, TIPO: SEM CONTATO, USO: DETECÇÃO DE SEQUÊNCIA DE FASE","UN",30.0,53.85,1615.5,0.0,"2026-08-03"]
["UNIVERSIDADE FEDERAL DE GOIAS-UF/GO",153052.0,4441.0,"Material","153052-95/2026","SEINFRA E OUTROS - Equipamentos para manutenção em geral","Catálogo do Compras.gov.br","Material",5920.0,"FUSÍVEIS INTERRUPTORES, ISOLANTES E PROTETORES",18112.0,"PULSEIRA ANTI-ESTÁTICA",440494.0,"APLICAÇÃO: PROTEÇÃO CONTRA ELETRICIDADE ESTÁTICA, CARACTERÍSTICAS ADICIONAIS: LIMITADOR DE CORRENTE:RESISTOR DE 1M OHM, COMPONENTES: PULSEIRA SEM FIO, MATERIAL: PLÁSTICO","UN",40.0,15.0,600.0,0.0,"2026-08-03"]
["UNIVERSIDADE FEDERAL DE GOIAS-UF/GO",153052.0,4442.0,"Material","153052-95/2026","SEINFRA E OUTROS - Equipamentos para manutenção em geral","Catálogo do Compras.gov.br","Material",5220.0,"CALIBRES DE INSPEÇÃO E FERRAMENTAS DE PRECISÃO",878.0,"MICRÔMETRO EXTERNO",602045.0,"CAPACIDADE: 0 A 25, CARACTERÍSTICAS ADICIONAIS: PONTAS DE CONTATO EM METAL DURO, COMPONENTES: CATRACA, LEITURA: 0,01, MATERIAL: ARCO AÇO FORJADO","UN",2.0,362.0,724.0,0.0,"2026-08-03"]
["UNIVERSIDADE FEDERAL DE GOIAS-UF/GO",153052.0,4443.0,"Material","153052-95/2026","SEINFRA E OUTROS - Equipamentos para manutenção em geral","Catálogo do Compras.gov.br","Material",4310.0,"BOMBAS E COMPRESSORES A VÁCUO",528.0,"BOMBA VÁCUO",233292.0,"ACABAMENTO SUPERFICIAL: PINTURA ELETROSTÁTICA EM EPOXI, CARACTERÍSTICAS ADICIONAIS: DESLIGAMENTO AUTOMÁTICO A 63°C/TUBOS/CONEXÕES PVC, MATERIAL: AÇO INOXIDÁVEL, POTÊNCIA: 0,507, TENSÃO: 220, TRATAMENTO SUPERFICIAL: ANTI-CORROSIVO, VAZÃO LIVRE: 0,50, VÁCUO MÁXIMO: 0 A 760","UN",4.0,1400.0,5600.0,0.0,"2026-08-03"]
["UNIVERSIDADE FEDERAL DE GOIAS-UF/GO",153052.0,4444.0,"Material","153052-95/2026","SEINFRA E OUTROS - Equipamentos para manutenção em geral","Catálogo do Compras.gov.br","Material",3960.0,"ELEVADORES E ESCADAS ROLANTES",6475.0,"ELEVADOR DE CARGA",620456.0,"ALTURA ELEVAÇÃO: 4.140, APLICAÇÃO: ELEVAÇÃO DE CARGA EM GERAL, CAPACIDADE DE CARGA: 100, CARACTERÍSTICAS ADICIONAIS: ESTRUTURADO PARA MONTAGEM EM CAIXA DE ALVENARIA, TIPO: ELÉTRICO, TIPO ACIONAMENTO: TRIFÁSICO, 220V, 60 HZ, VELOCIDADE: 0,25","UN",4.0,499.0,1996.0,0.0,"2026-08-03"]
["UNIVERSIDADE FEDERAL DE GOIAS-UF/GO",153052.0,4446.0,"Material","153052-95/2026","SEINFRA E OUTROS - Equipamentos para manutenção em geral","Catálogo do Compras.gov.br","Material",3895.0,"EQUIPAMENTOS DIVERSOS PARA CONSTRUÇÃO",9795.0,"MISTURADOR / AMASSADEIRA",274880.0,"APLICAÇÃO: ARGAMASSA, CAPACIDADE: 5, CARACTERÍSTICAS ADICIONAIS: PÁ E RECIPIENTE EM AÇO INOX, 2 VELOCIDADES, ROTA-, FUNCIONAMENTO: ELÉTRICO, MATERIAL: ALUMÍNIO FUNDIDO, NORMAS TÉCNICAS: NBR-7215, TIPO ACIONAMENTO: ELETROMECÂNICO, TIPO MOTOR: TRIFÁSICO","UN",2.0,890.0,1780.0,0.0,"2026-08-03"]
["UNIVERSIDADE FEDERAL DE GOIAS-UF/GO",153052.0,4450.0,"Material","153052-95/2026","SEINFRA E OUTROS - Equipamentos para manutenção em geral","Catálogo do Compras.gov.br","Material",5130.0,"FERRAMENTAS MANUAIS ACIONADAS POR FORÇA MOTRIZ",16083.0,"ESMERILHADEIRA",601425.0,"CARACTERÍSTICAS ADICIONAIS: DISCO ABRASIVO, GATILHO DE VEDAÇÃO CONTRA POEIRA., DIÂMETRO DISCO: 4 1/2, POTÊNCIA: 850, ROTAÇÃO: 11.000, TIPO: ANGULAR, VOLTAGEM: 220","UN",3.0,2600.0,7800.0,0.0,"2026-08-03"]
["UNIVERSIDADE FEDERAL DE GOIAS-UF/GO",153052.0,4451.0,"Material","153052-95/2026","SEINFRA E OUTROS - Equipamentos para manutenção em geral","Catálogo do Compras.gov.br","Material",5130.0,"FERRAMENTAS MANUAIS ACIONADAS POR FORÇA MOTRIZ",16083.0,"ESMERILHADEIRA",449077.0,"DIÂMETRO DISCO: 7, POTÊNCIA: 2.600, ROTAÇÃO: 8.500, TIPO: ANGULAR, VOLTAGEM: 220","UN",2.0,2400.0,4800.0,0.0,"2026-08-03"]
["UNIVERSIDADE FEDERAL DE GOIAS-UF/GO",153052.0,4483.0,"Material","153052-95/2026","SEINFRA E OUTROS - Equipamentos para manutenção em geral","Catálogo do Compras.gov.br","Material",3710.0,"EQUIPAMENTO PARA PREPARAÇÃO DO SOLO",1409.0,"PERFURADOR SOLO",612629.0,"CAPACIDADE TANQUE: 0,75, COMBUSTÍVEL: GASOLINA, DIMENSÕES DA BROCA: 800 X 200, POTÊNCIA: 2,5, TIPO ESTRUTURA: SOLO, TIPO MOTOR: 2 TEMPOS, REFRIGERADO A AR, MONOCILÍNDRICO","UN",1.0,2200.0,2200.0,0.0,"2026-08-03"]
["UNIVERSIDADE FEDERAL DE GOIAS-UF/GO",153052.0,4500.0,"Material","153052-95/2026","SEINFRA E OUTROS - Equipamentos para manutenção em geral","Catálogo do Compras.gov.br","Material",4630.0,"EQUIPAMENTOS PARA TRATAMENTO DE ESGOTOS",6091.0,"DESENTUPIDOR TUBO / ACESSÓRIOS - COMPONENTES",600256.0,"ACESSÓRIOS: 15 MTS CABO 1¼\", 15 MTS CABO 5/8,  PONTA RETA DE, PADRÃO: PARA TUBOS DE 1 ½? ATÉ 10?, POTÊNCIA: 1, TIPO: DESENTUPIDOR ELETRICO, TIPO MOTOR: MONOFÁSICO, VOLTAGEM: BIVOLT","UN",2.0,2750.0,5500.0,0.0,"2026-08-03"]
["UNIVERSIDADE FEDERAL DE GOIAS-UF/GO",153052.0,4482.0,"Material","153052-95/2026","SEINFRA E OUTROS - Equipamentos para manutenção em geral","Catálogo do Compras.gov.br","Material",4940.0,"EQUIPAMENTO ESPECIALIZADO DIVERSOS PARA OFICINA  DE  MANUTENÇÃO E REPARO",10793.0,"PISTOLA DE PINTURA",476746.0,"CAPACIDADE: 1.000, CARACTERÍSTICAS ADICIONAIS: BICO FLUIDO 1,8 MM, PRESSÃO ENTRADA: 50-60, TIPO: ALTA PRESSÃO, USO: PINTURA","UN",5.0,299.0,1495.0,0.0,"2026-08-03"]
["UNIVERSIDADE FEDERAL DE GOIAS-UF/GO",153052.0,4501.0,"Material","153052-95/2026","SEINFRA E OUTROS - Equipamentos para manutenção em geral","Catálogo do Compras.gov.br","Material",3920.0,"EQUIPAMENTOS NÃO AUTOPROPULSIONADO PARA MOVIMENTAÇÃO  DE  MATERIAIS",16077.0,"RODÍZIO GIRATÓRIO",624385.0,"CAPACIDADE CARGA: 40, CARACTERÍSTICAS ADICIONAIS: COM TRAVA, DIÂMETRO EXTERNO: 3, MATERIAL BANDA RODAGEM: POLIURETANO, MATERIAL ESTRUTURA: AÇO","UN",90.0,100.0,9000.0,0.0,"2026-08-03"]
["UNIVERSIDADE FEDERAL DE GOIAS-UF/GO",153052.0,4502.0,"Material","153052-95/2026","SEINFRA E OUTROS - Equipamentos para manutenção em geral","Catálogo do Compras.gov.br","Material",3920.0,"EQUIPAMENTOS NÃO AUTOPROPULSIONADO PARA MOVIMENTAÇÃO  DE  MATERIAIS",16077.0,"RODÍZIO GIRATÓRIO",624385.0,"CAPACIDADE CARGA: 40, CARACTERÍSTICAS ADICIONAIS: COM TRAVA, DIÂMETRO EXTERNO: 3, MATERIAL BANDA RODAGEM: POLIURETANO, MATERIAL ESTRUTURA: AÇO","UN",40.0,150.0,6000.0,0.0,"2026-08-03"]
["UNIVERSIDADE FEDERAL DE GOIAS-UF/GO",153052.0,4503.0,"Material","153052-95/2026","SEINFRA E OUTROS - Equipamentos para manutenção em geral","Catálogo do Compras.gov.br","Material",3920.0,"EQUIPAMENTOS NÃO AUTOPROPULSIONADO PARA MOVIMENTAÇÃO  DE  MATERIAIS",16077.0,"RODÍZIO GIRATÓRIO",297099.0,"APLICAÇÃO: MOVIMENTAÇÃO DE MÓVEIS, CAPACIDADE CARGA: 40, CARACTERÍSTICAS ADICIONAIS: COM TRAVA, COR: PRETA, DIÂMETRO EXTERNO: 2, LARGURA: 55, MATERIAL: PLÁSTICO, TIPO ROLAMENTO: SEM ROLAMENTO","UN",70.0,87.0,6090.0,0.0,"2026-08-03"]
["UNIVERSIDADE FEDERAL DE GOIAS-UF/GO",153052.0,4504.0,"Material","153052-95/2026","SEINFRA E OUTROS - Equipamentos para manutenção em geral","Catálogo do Compras.gov.br","Material",4240.0,"EQUIPAMENTO PARA SEGURANÇA E SALVAMENTO",1304.0,"LENTE INDUSTRIAL / SEGURANÇA",240674.0,"APLICAÇÃO: PROTEÇÃO CONTRA ARCO VOLTAICO, COR: PRETA, FORMA: RETANGULAR Nº 12, MATERIAL: POLICARBONATO, NORMAS TÉCNICAS: ANSI Z 87.1/89, CSA Z 94.3/92 E EN 166","UN",30.0,3.6,108.0,0.0,"2026-08-03"]
["UNIVERSIDADE FEDERAL DE GOIAS-UF/GO",153052.0,4505.0,"Material","153052-95/2026","SEINFRA E OUTROS - Equipamentos para manutenção em geral","Catálogo do Compras.gov.br","Material",4240.0,"EQUIPAMENTO PARA SEGURANÇA E SALVAMENTO",1304.0,"LENTE INDUSTRIAL / SEGURANÇA",288542.0,"APLICAÇÃO: PROTEÇÃO CONTRA ARCO VOLTAICO, COMPRIMENTO: 110, COR: PRETA, ESPESSURA: MÍNIMA DE 3, FORMA: RETANGULAR, LARGURA: 50, MATERIAL: VIDRO, NORMAS TÉCNICAS: DIN 10","UN",40.0,3.0,120.0,0.0,"2026-08-03"]
["UNIVERSIDADE FEDERAL DE GOIAS-UF/GO",153052.0,4484.0,"Material","153052-95/2026","SEINFRA E OUTROS - Equipamentos para manutenção em geral","Catálogo do Compras.gov.br","Material",3590.0,"EQUIPAMENTOS DIVERSOS PARA SERVIÇOS PROFISSIONAIS E  COMERCIAIS",14029.0,"LAVADORA ALTA PRESSÃO",601914.0,"POTÊNCIA CONSUMIDA: 1500W, PRESSÃO: 1800, VAZÃO: 360","UN",3.0,1200.0,3600.0,0.0,"2026-08-03"]
["UNIVERSIDADE FEDERAL DE GOIAS-UF/GO",153052.0,4490.0,"Material","153052-95/2026","SEINFRA E OUTROS - Equipamentos para manutenção em geral","Catálogo do Compras.gov.br","Material",3405.0,"MÁQUINAS DE SERRAR E LIMAR",1107.0,"SERRA CIRCULAR",220437.0,"APLICAÇÃO: MÁRMORE, CAPACIDADE CORTE A 45°: NÃO APLICÁVEL, CAPACIDADE CORTE A 90°: 60, DIÂMETRO DISCO: 180, DIÂMETRO FURO DISCO: 25, PESO: 6,90, POTÊNCIA: 1.400, ROTAÇÃO: 5.000","UN",30.0,30.0,900.0,0.0,"2026-08-03"]
["UNIVERSIDADE FEDERAL DE GOIAS-UF/GO",153052.0,4452.0,"Material","153052-95/2026","SEINFRA E OUTROS - Equipamentos para manutenção em geral","Catálogo do Compras.gov.br","Material",5920.0,"FUSÍVEIS INTERRUPTORES, ISOLANTES E PROTETORES",19217.0,"DETECTOR AUSENCIA TENSÃO",615306.0,"ALIMENTAÇÃO: BATERIA 9V, APLICAÇÃO: REDE DE BAIXA E ALTA TENSÃO, CARACTERÍSTICAS ADICIONAIS: COM INDICADOR SONORO E COM INDICADOR VISUAL, FAIXA DE OPERAÇÃO: BAIXA: 50V A 1500V AC,  ALTA: 1,5KV A 138KV AC, FAIXA TENSÃO: 1 A 138, TIPO: SEM CONTATO, USO: AUTOTESTE","UN",2.0,1719.99,3439.98,0.0,"2026-08-03"]
["UNIVERSIDADE FEDERAL DE GOIAS-UF/GO",153052.0,4453.0,"Material","153052-95/2026","SEINFRA E OUTROS - Equipamentos para manutenção em geral","Catálogo do Compras.gov.br","Material",5920.0,"FUSÍVEIS INTERRUPTORES, ISOLANTES E PROTETORES",19217.0,"DETECTOR AUSENCIA TENSÃO",474815.0,"APLICAÇÃO: MEDIÇÃO REDE DE MÉDIA TENSÃO, FAIXA TENSÃO: 90 A 1.000, NORMAS TÉCNICAS: CATEGORIA DE SEGURANÇA: CAT IV 1000V, TIPO: POR CONTATO, USO: DETECÇÃO DE SEQUÊNCIA DE FASE","UN",2.0,449.99,899.98,0.0,"2026-08-03"]
["UNIVERSIDADE FEDERAL DE GOIAS-UF/GO",153052.0,4455.0,"Material","153052-95/2026","SEINFRA E OUTROS - Equipamentos para manutenção em geral","Catálogo do Compras.gov.br","Material",5210.0,"INSTRUMENTOS DE MEDIÇÃO PARA ARTÍFICES",14964.0,"ALICATE WATTIMETRO",332002.0,"CARACTERÍSTICAS ADICIONAIS: DISPLAY DUPLO, KW+PF, KVA+KVAR, V+HZ, TRIFÁSICO, POTÊNCIA ATIVA: ATÉ 2.000, CORRENTE AC: ATÉ 2.000","UN",1.0,2500.0,2500.0,0.0,"2026-08-03"]
["UNIVERSIDADE FEDERAL DE GOIAS-UF/GO",153052.0,4456.0,"Material","153052-95/2026","SEINFRA E OUTROS - Equipamentos para manutenção em geral","Catálogo do Compras.gov.br","Material",5210.0,"INSTRUMENTOS DE MEDIÇÃO PARA ARTÍFICES",2304.0,"ALICATE AMPERÍMETRO",621682.0,"ALIMENTAÇÃO: BATERIA, APLICAÇÃO: ELETRICIDADE, COMPONENTES ADICIONAIS: BOLSA DE TRANSPORTE/  PONTOS DE PROVA, CORRENTE: CC: 400 A 2000 / DC:400 A 2000, MATERIAL: PVC, TIPO: DIGITAL, VOLTAGEM: CC: 4, 40, 400 E 1000 / DC: 4, 40, 400 E 750, VOLTAGEM BATERIA: 9","UN",1.0,160.0,160.0,0.0,"2026-08-03"]
["UNIVERSIDADE FEDERAL DE GOIAS-UF/GO",153052.0,4519.0,"Material","153052-95/2026","SEINFRA E OUTROS - Equipamentos para manutenção em geral","Catálogo do Compras.gov.br","Material",5130.0,"FERRAMENTAS MANUAIS ACIONADAS POR FORÇA MOTRIZ",7868.0,"FURADEIRA",600950.0,"ACESSÓRIOS: 2 BATERIAS, CARREGADOR E MALETA, CARACTERÍSTICAS ADICIONAIS: ILUMINAÇÃO FRONTAL POR LED, VELOCIDADE VARIÁVEL E, TAMANHO MANDRIL: 1/2, TENSÃO ALIMENTAÇÃO: 18, TIPO: FURADEIRA E PARAFUSADEIRA, VELOCIDADE: BAIXA: 0/600 RPM. ALTA 0/1900","UN",2.0,900.0,1800.0,0.0,"2026-08-03"]
["UNIVERSIDADE FEDERAL DE GOIAS-UF/GO",153052.0,4520.0,"Material","153052-95/2026","SEINFRA E OUTROS - Equipamentos para manutenção em geral","Catálogo do Compras.gov.br","Material",5130.0,"FERRAMENTAS MANUAIS ACIONADAS POR FORÇA MOTRIZ",7868.0,"FURADEIRA",610469.0,"ACESSÓRIOS: 2 BATERIAS, CARREGADOR E MALETA, CAPACIDADE PERFURAÇÃO AÇO: 20, CARACTERÍSTICAS ADICIONAIS: SEM FIO, VELOCIDADE VARIAVEL, TAMANHO MANDRIL: 1/2, TENSÃO ALIMENTAÇÃO: 220, TIPO: FURADEIRA E PARAFUSADEIRA","UN",2.0,1980.0,3960.0,0.0,"2026-08-03"]
["UNIVERSIDADE FEDERAL DE GOIAS-UF/GO",153052.0,4457.0,"Material","153052-95/2026","SEINFRA E OUTROS - Equipamentos para manutenção em geral","Catálogo do Compras.gov.br","Material",3710.0,"EQUIPAMENTO PARA PREPARAÇÃO DO SOLO",13634.0,"PEÇA / COMPONENTE ROÇADEIRA",356080.0,"APLICAÇÃO: ROÇADEIRA COSTAL STIHL FS 220, CARACTERÍSTICAS ADICIONAIS: CONJUNTO DE CORTE TRIMCUT 40-2, TIPO: CABEÇOTE DE CORTE","UN",28.0,250.0,7000.0,0.0,"2026-08-03"]
["UNIVERSIDADE FEDERAL DE GOIAS-UF/GO",153052.0,4458.0,"Material","153052-95/2026","SEINFRA E OUTROS - Equipamentos para manutenção em geral","Catálogo do Compras.gov.br","Material",3710.0,"EQUIPAMENTO PARA PREPARAÇÃO DO SOLO",13634.0,"PEÇA / COMPONENTE ROÇADEIRA",484077.0,"APLICAÇÃO: ROÇADEIRA FS380, CARACTERÍSTICAS ADICIONAIS: ROÇADEIRA MOTORIZADA STHIL, COMPRIMENTO: 0,30, FORMATO PONTA: QUADRADO, MATERIAL: NYLON, TIPO: FIO DE CORTE","UN",100.0,380.0,38000.0,0.0,"2026-08-03"]
["UNIVERSIDADE FEDERAL DE GOIAS-UF/GO",153052.0,4459.0,"Material","153052-95/2026","SEINFRA E OUTROS - Equipamentos para manutenção em geral","Catálogo do Compras.gov.br","Material",3710.0,"EQUIPAMENTO PARA PREPARAÇÃO DO SOLO",1463.0,"LÂMINA CORTE ROÇADEIRA MANUAL",366140.0,"DIÂMETRO EXTERNO: 330, DIÂMETRO FURO ENCAIXE FIXAÇÃO: 20, ESPESSURA: 2,25, FORMATO: 2 PONTAS, MATERIAL: AÇO CROMO MANGANÊS, TIPO: COSTAL","UN",180.0,180.0,32400.0,0.0,"2026-08-03"]
["UNIVERSIDADE FEDERAL DE GOIAS-UF/GO",153052.0,4460.0,"Material","153052-95/2026","SEINFRA E OUTROS - Equipamentos para manutenção em geral","Catálogo do Compras.gov.br","Material",3405.0,"MÁQUINAS DE SERRAR E LIMAR",1107.0,"SERRA CIRCULAR",284256.0,"APLICAÇÃO: CORTE DE MADEIRA, CAPACIDADE CORTE A 45°: 43, CAPACIDADE CORTE A 90°: 66, DIÂMETRO DISCO: 185, DIÂMETRO FURO DISCO: 20, PESO: 3,90, POTÊNCIA: 1.200, ROTAÇÃO: 5.000, VOLTAGEM: 220","UN",180.0,165.0,29700.0,0.0,"2026-08-03"]
["UNIVERSIDADE FEDERAL DE GOIAS-UF/GO",153052.0,4461.0,"Material","153052-95/2026","SEINFRA E OUTROS - Equipamentos para manutenção em geral","Catálogo do Compras.gov.br","Material",3710.0,"EQUIPAMENTO PARA PREPARAÇÃO DO SOLO",13634.0,"PEÇA / COMPONENTE ROÇADEIRA",353732.0,"APLICAÇÃO: ROÇADEIRA COSTAL STIHL FS 220, CARACTERÍSTICAS ADICIONAIS: BOMBA DE COMBUSTÍVEL INCORPORADA, DIAFRAGMA MULTI-, TIPO: CARBURADOR","UN",56.0,450.0,25200.0,0.0,"2026-08-03"]
["UNIVERSIDADE FEDERAL DE GOIAS-UF/GO",153052.0,4462.0,"Material","153052-95/2026","SEINFRA E OUTROS - Equipamentos para manutenção em geral","Catálogo do Compras.gov.br","Material",3710.0,"EQUIPAMENTO PARA PREPARAÇÃO DO SOLO",13634.0,"PEÇA / COMPONENTE ROÇADEIRA",353814.0,"APLICAÇÃO: ROÇADEIRA COSTAL STIHL FS 220, TIPO: FILTRO DE AR","UN",56.0,80.0,4480.0,0.0,"2026-08-03"]
["UNIVERSIDADE FEDERAL DE GOIAS-UF/GO",153052.0,4463.0,"Material","153052-95/2026","SEINFRA E OUTROS - Equipamentos para manutenção em geral","Catálogo do Compras.gov.br","Material",3710.0,"EQUIPAMENTO PARA PREPARAÇÃO DO SOLO",13634.0,"PEÇA / COMPONENTE ROÇADEIRA",618313.0,"APLICAÇÃO: ROCADEIRA STIHL FS 291 L, CARACTERÍSTICAS ADICIONAIS: IGNICAO CMR6H NGK, TIPO: VELA","UN",56.0,140.0,7840.0,0.0,"2026-08-03"]
["UNIVERSIDADE FEDERAL DE GOIAS-UF/GO",153052.0,4464.0,"Material","153052-95/2026","SEINFRA E OUTROS - Equipamentos para manutenção em geral","Catálogo do Compras.gov.br","Material",3710.0,"EQUIPAMENTO PARA PREPARAÇÃO DO SOLO",13634.0,"PEÇA / COMPONENTE ROÇADEIRA",608444.0,"APLICAÇÃO: LATERAL TEKNA MODELOS RL520AC-G2 E RL520XS, CARACTERÍSTICAS ADICIONAIS: PARA USO EM TANQUE DE COMBUSTÍVEL DE ROÇADEIRA À G, DIÂMETRO: 4,5, MATERIAL: PLÁSTICO INJETADO, TIPO: FILTRO COMBUSTÍVEL","UN",56.0,30.0,1680.0,0.0,"2026-08-03"]
["UNIVERSIDADE FEDERAL DE GOIAS-UF/GO",153052.0,4465.0,"Material","153052-95/2026","SEINFRA E OUTROS - Equipamentos para manutenção em geral","Catálogo do Compras.gov.br","Material",3710.0,"EQUIPAMENTO PARA PREPARAÇÃO DO SOLO",13634.0,"PEÇA / COMPONENTE ROÇADEIRA",608444.0,"APLICAÇÃO: LATERAL TEKNA MODELOS RL520AC-G2 E RL520XS, CARACTERÍSTICAS ADICIONAIS: PARA USO EM TANQUE DE COMBUSTÍVEL DE ROÇADEIRA À G, DIÂMETRO: 4,5, MATERIAL: PLÁSTICO INJETADO, TIPO: FILTRO COMBUSTÍVEL","UN",6.0,50.0,300.0,0.0,"2026-08-03"]
["UNIVERSIDADE FEDERAL DE GOIAS-UF/GO",153052.0,4466.0,"Material","153052-95/2026","SEINFRA E OUTROS - Equipamentos para manutenção em geral","Catálogo do Compras.gov.br","Material",3710.0,"EQUIPAMENTO PARA PREPARAÇÃO DO SOLO",13634.0,"PEÇA / COMPONENTE ROÇADEIRA",608444.0,"APLICAÇÃO: LATERAL TEKNA MODELOS RL520AC-G2 E RL520XS, CARACTERÍSTICAS ADICIONAIS: PARA USO EM TANQUE DE COMBUSTÍVEL DE ROÇADEIRA À G, DIÂMETRO: 4,5, MATERIAL: PLÁSTICO INJETADO, TIPO: FILTRO COMBUSTÍVEL","UN",6.0,45.0,270.0,0.0,"2026-08-03"]
["UNIVERSIDADE FEDERAL DE GOIAS-UF/GO",153052.0,4467.0,"Material","153052-95/2026","SEINFRA E OUTROS - Equipamentos para manutenção em geral","Catálogo do Compras.gov.br","Material",3710.0,"EQUIPAMENTO PARA PREPARAÇÃO DO SOLO",13634.0,"PEÇA / COMPONENTE ROÇADEIRA",608444.0,"APLICAÇÃO: LATERAL TEKNA MODELOS RL520AC-G2 E RL520XS, CARACTERÍSTICAS ADICIONAIS: PARA USO EM TANQUE DE COMBUSTÍVEL DE ROÇADEIRA À G, DIÂMETRO: 4,5, MATERIAL: PLÁSTICO INJETADO, TIPO: FILTRO COMBUSTÍVEL","UN",6.0,60.0,360.0,0.0,"2026-08-03"]
["UNIVERSIDADE FEDERAL DE GOIAS-UF/GO",153052.0,4468.0,"Material","153052-95/2026","SEINFRA E OUTROS - Equipamentos para manutenção em geral","Catálogo do Compras.gov.br","Material",3710.0,"EQUIPAMENTO PARA PREPARAÇÃO DO SOLO",13634.0,"PEÇA / COMPONENTE ROÇADEIRA",608444.0,"APLICAÇÃO: LATERAL TEKNA MODELOS RL520AC-G2 E RL520XS, CARACTERÍSTICAS ADICIONAIS: PARA USO EM TANQUE DE COMBUSTÍVEL DE ROÇADEIRA À G, DIÂMETRO: 4,5, MATERIAL: PLÁSTICO INJETADO, TIPO: FILTRO COMBUSTÍVEL","UN",6.0,75.0,450.0,0.0,"2026-08-03"]
["UNIVERSIDADE FEDERAL DE GOIAS-UF/GO",153052.0,4469.0,"Material","153052-95/2026","SEINFRA E OUTROS - Equipamentos para manutenção em geral","Catálogo do Compras.gov.br","Material",3710.0,"EQUIPAMENTO PARA PREPARAÇÃO DO SOLO",13634.0,"PEÇA / COMPONENTE ROÇADEIRA",608444.0,"APLICAÇÃO: LATERAL TEKNA MODELOS RL520AC-G2 E RL520XS, CARACTERÍSTICAS ADICIONAIS: PARA USO EM TANQUE DE COMBUSTÍVEL DE ROÇADEIRA À G, DIÂMETRO: 4,5, MATERIAL: PLÁSTICO INJETADO, TIPO: FILTRO COMBUSTÍVEL","UN",6.0,45.0,270.0,0.0,"2026-08-03"]
["UNIVERSIDADE FEDERAL DE GOIAS-UF/GO",153052.0,4470.0,"Material","153052-95/2026","SEINFRA E OUTROS - Equipamentos para manutenção em geral","Catálogo do Compras.gov.br","Material",3710.0,"EQUIPAMENTO PARA PREPARAÇÃO DO SOLO",13634.0,"PEÇA / COMPONENTE ROÇADEIRA",608444.0,"APLICAÇÃO: LATERAL TEKNA MODELOS RL520AC-G2 E RL520XS, CARACTERÍSTICAS ADICIONAIS: PARA USO EM TANQUE DE COMBUSTÍVEL DE ROÇADEIRA À G, DIÂMETRO: 4,5, MATERIAL: PLÁSTICO INJETADO, TIPO: FILTRO COMBUSTÍVEL","UN",24.0,60.0,1440.0,0.0,"2026-08-03"]
["UNIVERSIDADE FEDERAL DE GOIAS-UF/GO",153052.0,4471.0,"Material","153052-95/2026","SEINFRA E OUTROS - Equipamentos para manutenção em geral","Catálogo do Compras.gov.br","Material",3710.0,"EQUIPAMENTO PARA PREPARAÇÃO DO SOLO",11757.0,"PEÇA / COMPONENTE EQUIPAMENTO AGRÍCOLA",601365.0,"APLICAÇÃO: TRATOR HUSQVARNA, CARACTERÍSTICAS ADICIONAIS: CÓDIGO: YTH 1942, TIPO: CORREIA DA LÂMINA DE CORTE","UN",72.0,80.0,5760.0,0.0,"2026-08-03"]
["UNIVERSIDADE FEDERAL DE GOIAS-UF/GO",153052.0,4472.0,"Material","153052-95/2026","SEINFRA E OUTROS - Equipamentos para manutenção em geral","Catálogo do Compras.gov.br","Material",3710.0,"EQUIPAMENTO PARA PREPARAÇÃO DO SOLO",11757.0,"PEÇA / COMPONENTE EQUIPAMENTO AGRÍCOLA",333055.0,"APLICAÇÃO: ROÇADEIRA ARRASTE 60HP-SP1, CARACTERÍSTICAS ADICIONAIS: 14 GARRAS, TIPO: FACA","UN",36.0,520.0,18720.0,0.0,"2026-08-03"]
["UNIVERSIDADE FEDERAL DE GOIAS-UF/GO",153052.0,4473.0,"Material","153052-95/2026","SEINFRA E OUTROS - Equipamentos para manutenção em geral","Catálogo do Compras.gov.br","Material",3710.0,"EQUIPAMENTO PARA PREPARAÇÃO DO SOLO",11757.0,"PEÇA / COMPONENTE EQUIPAMENTO AGRÍCOLA",333055.0,"APLICAÇÃO: ROÇADEIRA ARRASTE 60HP-SP1, CARACTERÍSTICAS ADICIONAIS: 14 GARRAS, TIPO: FACA","UN",36.0,520.0,18720.0,0.0,"2026-08-03"]
["UNIVERSIDADE FEDERAL DE GOIAS-UF/GO",153052.0,4474.0,"Material","153052-95/2026","SEINFRA E OUTROS - Equipamentos para manutenção em geral","Catálogo do Compras.gov.br","Material",3710.0,"EQUIPAMENTO PARA PREPARAÇÃO DO SOLO",11757.0,"PEÇA / COMPONENTE EQUIPAMENTO AGRÍCOLA",601365.0,"APLICAÇÃO: TRATOR HUSQVARNA, CARACTERÍSTICAS ADICIONAIS: CÓDIGO: YTH 1942, TIPO: CORREIA DA LÂMINA DE CORTE","UN",48.0,500.0,24000.0,0.0,"2026-08-03"]
["UNIVERSIDADE FEDERAL DE GOIAS-UF/GO",153052.0,4475.0,"Material","153052-95/2026","SEINFRA E OUTROS - Equipamentos para manutenção em geral","Catálogo do Compras.gov.br","Material",3710.0,"EQUIPAMENTO PARA PREPARAÇÃO DO SOLO",11757.0,"PEÇA / COMPONENTE EQUIPAMENTO AGRÍCOLA",616806.0,"APLICAÇÃO: PARA MICROTRATOR GIRO ZERO HUSQVARNA Z 242F 2019, CARACTERÍSTICAS ADICIONAIS: REF 586918102, TIPO: LÂMINA DE CORTE","UN",72.0,180.0,12960.0,0.0,"2026-08-03"]
["UNIVERSIDADE FEDERAL DE GOIAS-UF/GO",153052.0,4476.0,"Material","153052-95/2026","SEINFRA E OUTROS - Equipamentos para manutenção em geral","Catálogo do Compras.gov.br","Material",3710.0,"EQUIPAMENTO PARA PREPARAÇÃO DO SOLO",11757.0,"PEÇA / COMPONENTE EQUIPAMENTO AGRÍCOLA",468848.0,"APLICAÇÃO: PÁ CARREGADEIRA FIAT ALLIS FR12B ANO 2006, CARACTERÍSTICAS ADICIONAIS: CÓDIGO: 249711, TIPO: FILTRO AR EXTERNO","UN",8.0,220.0,1760.0,0.0,"2026-08-03"]
["UNIVERSIDADE FEDERAL DE GOIAS-UF/GO",153052.0,4477.0,"Material","153052-95/2026","SEINFRA E OUTROS - Equipamentos para manutenção em geral","Catálogo do Compras.gov.br","Material",3710.0,"EQUIPAMENTO PARA PREPARAÇÃO DO SOLO",11757.0,"PEÇA / COMPONENTE EQUIPAMENTO AGRÍCOLA",468848.0,"APLICAÇÃO: PÁ CARREGADEIRA FIAT ALLIS FR12B ANO 2006, CARACTERÍSTICAS ADICIONAIS: CÓDIGO: 249711, TIPO: FILTRO AR EXTERNO","UN",8.0,180.0,1440.0,0.0,"2026-08-03"]
["UNIVERSIDADE FEDERAL DE GOIAS-UF/GO",153052.0,4478.0,"Material","153052-95/2026","SEINFRA E OUTROS - Equipamentos para manutenção em geral","Catálogo do Compras.gov.br","Material",3710.0,"EQUIPAMENTO PARA PREPARAÇÃO DO SOLO",11757.0,"PEÇA / COMPONENTE EQUIPAMENTO AGRÍCOLA",468848.0,"APLICAÇÃO: PÁ CARREGADEIRA FIAT ALLIS FR12B ANO 2006, CARACTERÍSTICAS ADICIONAIS: CÓDIGO: 249711, TIPO: FILTRO AR EXTERNO","UN",8.0,180.0,1440.0,0.0,"2026-08-03"]
["UNIVERSIDADE FEDERAL DE GOIAS-UF/GO",153052.0,4479.0,"Material","153052-95/2026","SEINFRA E OUTROS - Equipamentos para manutenção em geral","Catálogo do Compras.gov.br","Material",3710.0,"EQUIPAMENTO PARA PREPARAÇÃO DO SOLO",11757.0,"PEÇA / COMPONENTE EQUIPAMENTO AGRÍCOLA",468850.0,"APLICAÇÃO: PÁ CARREGADEIRA FIAT ALLIS FR12B ANO 2006, CARACTERÍSTICAS ADICIONAIS: CÓDIGO: 213131, TIPO: FILTRO DO ÓLEO HIDRÁULICO","UN",8.0,120.0,960.0,0.0,"2026-08-03"]
["UNIVERSIDADE FEDERAL DE GOIAS-UF/GO",153052.0,4480.0,"Material","153052-95/2026","SEINFRA E OUTROS - Equipamentos para manutenção em geral","Catálogo do Compras.gov.br","Material",3710.0,"EQUIPAMENTO PARA PREPARAÇÃO DO SOLO",11757.0,"PEÇA / COMPONENTE EQUIPAMENTO AGRÍCOLA",468850.0,"APLICAÇÃO: PÁ CARREGADEIRA FIAT ALLIS FR12B ANO 2006, CARACTERÍSTICAS ADICIONAIS: CÓDIGO: 213131, TIPO: FILTRO DO ÓLEO HIDRÁULICO","UN",8.0,210.0,1680.0,0.0,"2026-08-03"]
["UNIVERSIDADE FEDERAL DE GOIAS-UF/GO",153052.0,4481.0,"Material","153052-95/2026","SEINFRA E OUTROS - Equipamentos para manutenção em geral","Catálogo do Compras.gov.br","Material",3710.0,"EQUIPAMENTO PARA PREPARAÇÃO DO SOLO",11757.0,"PEÇA / COMPONENTE EQUIPAMENTO AGRÍCOLA",468850.0,"APLICAÇÃO: PÁ CARREGADEIRA FIAT ALLIS FR12B ANO 2006, CARACTERÍSTICAS ADICIONAIS: CÓDIGO: 213131, TIPO: FILTRO DO ÓLEO HIDRÁULICO","UN",8.0,210.0,1680.0,0.0,"2026-08-03"]
["UNIVERSIDADE FEDERAL DE GOIAS-UF/GO",153052.0,4507.0,"Material","153052-95/2026","SEINFRA E OUTROS - Equipamentos para manutenção em geral","Catálogo do Compras.gov.br","Material",3694.0,"EQUIPAMENTOS E INSTALAÇÕES PARA SANEAMENTO AMBIENTAL",14932.0,"SOPRADOR",627515.0,"ACIONAMENTO: GASOLINA, APLICAÇÃO: REMOÇÃO DE FOLHAS DE ÁRVORES, CARACTERÍSTICAS ADICIONAIS: COM CINTOS DE FIXAÇÃO E TUBO DE SOPRO., CILINDRADA MOTOR: 56,5, POTÊNCIA: 2600, TIPO: COSTAL","UN",2.0,5800.0,11600.0,0.0,"2026-08-03"]
["UNIVERSIDADE FEDERAL DE GOIAS-UF/GO",153052.0,4492.0,"Material","153052-95/2026","SEINFRA E OUTROS - Equipamentos para manutenção em geral","Catálogo do Compras.gov.br","Material",5805.0,"EQUIPAMENTO TELEFÔNICO E TELEGRÁFICO",1174.0,"APARELHO TELEFÔNICO SEM FIO",360028.0,"ALIMENTAÇÃO: 110/220, CARACTERÍSTICAS ADICIONAIS: CARGA BATERIA DE 6 HORAS/2 VOLUMES CAMPAINHA, COR: PRETA, FUNÇÃO: FLASH, REDIAL, MUTE E VIVA-VOZ, POTÊNCIA TRANSMISSÃO: 100","UN",2.0,120.0,240.0,0.0,"2026-08-03"]
["UNIVERSIDADE FEDERAL DE GOIAS-UF/GO",153052.0,4517.0,"Material","153052-95/2026","SEINFRA E OUTROS - Equipamentos para manutenção em geral","Catálogo do Compras.gov.br","Material",7310.0,"EQUIPAMENTOS PARA COZINHAR, ASSAR E SERVIR ALIMENTOS",1041.0,"FOGÃO GÁS",425200.0,"CARACTERÍSTICAS ADICIONAIS: ACENDIMENTO AUTOMÁTICO / FORNO AUTOLIMPANTE / TAM-, COR: BRANCA, NORMAS TÉCNICAS: SELO INMETRO GATEGORIA \"A\", QUANTIDADE BOCAS: 4, TIPO FOGÃO: CONVENCIONAL, VOLTAGEM: 110/220","UN",1.0,616.0,616.0,0.0,"2026-08-03"]
["UNIVERSIDADE FEDERAL DE GOIAS-UF/GO",153052.0,4493.0,"Material","153052-95/2026","SEINFRA E OUTROS - Equipamentos para manutenção em geral","Catálogo do Compras.gov.br","Material",3895.0,"EQUIPAMENTOS DIVERSOS PARA CONSTRUÇÃO",19092.0,"MISTURADOR",436308.0,"APLICAÇÃO: MISTURURADOR DE TINTA, CARACTERÍSTICAS ADICIONAIS: COMPATÍVEL COM MANDRIL MANDRIL DE 3/8\"(10MM), MATERIAL: AÇO CARBONO, TIPO: HASTE METÁLICA COM HÉLICE","UN",10.0,170.0,1700.0,0.0,"2026-08-03"]
["UNIVERSIDADE FEDERAL DE GOIAS-UF/GO",153052.0,4494.0,"Material","153052-95/2026","SEINFRA E OUTROS - Equipamentos para manutenção em geral","Catálogo do Compras.gov.br","Material",5210.0,"INSTRUMENTOS DE MEDIÇÃO PARA ARTÍFICES",968.0,"TRENA",393217.0,"COMPRIMENTO: 10, LARGURA LÂMINA: 25, MATERIAL: AÇO, REVESTIMENTO: BORRACHA","UN",20.0,25.0,500.0,0.0,"2026-08-03"]
["UNIVERSIDADE FEDERAL DE GOIAS-UF/GO",153052.0,4495.0,"Material","153052-95/2026","SEINFRA E OUTROS - Equipamentos para manutenção em geral","Catálogo do Compras.gov.br","Material",5210.0,"INSTRUMENTOS DE MEDIÇÃO PARA ARTÍFICES",920.0,"NÍVEL BOLHA",601642.0,"COMPRIMENTO: 300, MATERIAL CORPO: LIGA DE ALUMINIO E PLÁSTICO PP, TIPO BOLHA: 3 BOLHAS (DIAGONAL, HORINZONTAL  E  VERTICAL).","UN",15.0,19.0,285.0,0.0,"2026-08-03"]
["UNIVERSIDADE FEDERAL DE GOIAS-UF/GO",153052.0,4496.0,"Material","153052-95/2026","SEINFRA E OUTROS - Equipamentos para manutenção em geral","Catálogo do Compras.gov.br","Material",5210.0,"INSTRUMENTOS DE MEDIÇÃO PARA ARTÍFICES",17516.0,"LINHA PEDREIRO",262706.0,"TAMANHO: 100, TIPO: TRANÇADA","UN",40.0,5.0,200.0,0.0,"2026-08-03"]
["UNIVERSIDADE FEDERAL DE GOIAS-UF/GO",153052.0,4497.0,"Material","153052-95/2026","SEINFRA E OUTROS - Equipamentos para manutenção em geral","Catálogo do Compras.gov.br","Material",5210.0,"INSTRUMENTOS DE MEDIÇÃO PARA ARTÍFICES",11328.0,"PRUMO",265470.0,"APLICAÇÃO: VERIFICAÇÃO PRUMO DE PAREDE, CARACTERÍSTICAS ADICIONAIS: CORDA DE ALGODÃO, MATERIAL: LATÃO, PESO: 400","UN",12.0,25.0,300.0,0.0,"2026-08-03"]
["UNIVERSIDADE FEDERAL DE GOIAS-UF/GO",153052.0,4498.0,"Material","153052-95/2026","SEINFRA E OUTROS - Equipamentos para manutenção em geral","Catálogo do Compras.gov.br","Material",5210.0,"INSTRUMENTOS DE MEDIÇÃO PARA ARTÍFICES",968.0,"TRENA",393216.0,"CARACTERÍSTICAS ADICIONAIS: ENROLAMENTO AUTOMÁTICO COM TRAVA, COMPRIMENTO: 5, LARGURA LÂMINA: 19, MATERIAL: AÇO, REVESTIMENTO: BORRACHA","UN",20.0,26.0,520.0,0.0,"2026-08-03"]
["UNIVERSIDADE FEDERAL DE GOIAS-UF/GO",153052.0,4499.0,"Material","153052-95/2026","SEINFRA E OUTROS - Equipamentos para manutenção em geral","Catálogo do Compras.gov.br","Material",4240.0,"EQUIPAMENTO PARA SEGURANÇA E SALVAMENTO",7557.0,"FITA ANTIDERRAPANTE",443742.0,"COMPRIMENTO: 30, COR: PRETA, ESPESSURA: 1, LARGURA: 5, MATERIAL: FILME DE POLIÉSTER","M",300.0,74.68,22404.0,0.0,"2026-08-03"]
["UNIVERSIDADE FEDERAL DE GOIAS-UF/GO",153052.0,4521.0,"Material","153052-95/2026","SEINFRA E OUTROS - Equipamentos para manutenção em geral","Catálogo do Compras.gov.br","Material",4310.0,"BOMBAS E COMPRESSORES A VÁCUO",528.0,"BOMBA VÁCUO",233292.0,"ACABAMENTO SUPERFICIAL: PINTURA ELETROSTÁTICA EM EPOXI, CARACTERÍSTICAS ADICIONAIS: DESLIGAMENTO AUTOMÁTICO A 63°C/TUBOS/CONEXÕES PVC, MATERIAL: AÇO INOXIDÁVEL, POTÊNCIA: 0,507, TENSÃO: 220, TRATAMENTO SUPERFICIAL: ANTI-CORROSIVO, VAZÃO LIVRE: 0,50, VÁCUO MÁXIMO: 0 A 760","UN",3.0,1400.0,4200.0,0.0,"2026-08-03"]
["UNIVERSIDADE FEDERAL DE GOIAS-UF/GO",153052.0,4506.0,"Material","153052-95/2026","SEINFRA E OUTROS - Equipamentos para manutenção em geral","Catálogo do Compras.gov.br","Material",3450.0,"MÁQUINAS-FERRAMENTA PORTÁTEIS",1122.0,"MARTELETE",617958.0,"CARACTERÍSTICAS ADICIONAIS: ENCAIXE SDS-PLUS, COM MALETA, POTÊNCIA: 820, TENSÃO ALIMENTAÇÃO: 220, TIPO: ROMPEDOR","UN",1.0,800.0,800.0,0.0,"2026-08-03"]
["UNIVERSIDADE FEDERAL DE GOIAS-UF/GO",153052.0,4508.0,"Material","153052-95/2026","SEINFRA E OUTROS - Equipamentos para manutenção em geral","Catálogo do Compras.gov.br","Material",5920.0,"FUSÍVEIS INTERRUPTORES, ISOLANTES E PROTETORES",19146.0,"PROTETOR CONTRA SURTO DE TENSÃO",612496.0,"APLICAÇÃO: SISTEMAS DE ENERGIA SOLAR, CARACTERÍSTICAS ADICIONAIS: ANTI-CHAMA, CORRENTE MÁXIMA SURTO: 20/40, ESTRUTURA: PLASTICA, MODELO: DPS 1P, TENSÃO NOMINAL: 275","UN",200.0,167.57,33514.0,0.0,"2026-08-03"]
["UNIVERSIDADE FEDERAL DE GOIAS-UF/GO",153052.0,4509.0,"Material","153052-95/2026","SEINFRA E OUTROS - Equipamentos para manutenção em geral","Catálogo do Compras.gov.br","Material",5920.0,"FUSÍVEIS INTERRUPTORES, ISOLANTES E PROTETORES",19146.0,"PROTETOR CONTRA SURTO DE TENSÃO",612496.0,"APLICAÇÃO: SISTEMAS DE ENERGIA SOLAR, CARACTERÍSTICAS ADICIONAIS: ANTI-CHAMA, CORRENTE MÁXIMA SURTO: 20/40, ESTRUTURA: PLASTICA, MODELO: DPS 1P, TENSÃO NOMINAL: 275","UN",200.0,96.44,19288.0,0.0,"2026-08-03"]
["UNIVERSIDADE FEDERAL DE GOIAS-UF/GO",153052.0,4516.0,"Material","153052-95/2026","SEINFRA E OUTROS - Equipamentos para manutenção em geral","Catálogo do Compras.gov.br","Material",5999.0,"COMPONENTES ELÉTRICOS E ELETRÔNICOS DIVERSOS",1708.0,"LOCALIZADOR CABO",422318.0,"APLICAÇÃO: CABO UTP 4 PARES E DE TELEFONIA, COMPONENTES: GERADOR DE TOM E PONTEIRA INDUTIVA, DURAÇÃO BATERIA: 80, TENSÃO BATERIA: 9","UN",1.0,3067.22,3067.22,0.0,"2026-08-03"]
["UNIVERSIDADE FEDERAL DE GOIAS-UF/GO",153052.0,4514.0,"Material","153052-95/2026","SEINFRA E OUTROS - Equipamentos para manutenção em geral","Catálogo do Compras.gov.br","Material",3740.0,"EQUIPAMENTO PARA CONTROLE DE PRAGAS, DOENÇAS E GEADAS",3764.0,"PULVERIZADOR COSTAL MANUAL",625950.0,"APLICAÇÃO: APLICAÇÃO DE DEFENSIVOS NA AGRICULTURA, CAPACIDADE TANQUE: 20, CARACTERÍSTICAS ADICIONAIS: ACOMPANHADO COM A CINTA DO OPERADOR E SISTEMA BOMB, MATERIAL TANQUE: POLIETILENO, PESO BRUTO MÁXIMO: 5,0, PRESSÃO TRABALHO: 6,8","UN",3.0,850.0,2550.0,0.0,"2026-08-03"]
["UNIVERSIDADE FEDERAL DE GOIAS-UF/GO",153052.0,4515.0,"Material","153052-95/2026","SEINFRA E OUTROS - Equipamentos para manutenção em geral","Catálogo do Compras.gov.br","Material",3710.0,"EQUIPAMENTO PARA PREPARAÇÃO DO SOLO",1461.0,"ROÇADEIRA MANUAL",449873.0,"APLICAÇÃO: CORTE GRAMA, CAPIM, PASTO, ARBUSTO, CAPOEIRAS E PE, CARACTERÍSTICAS ADICIONAIS: LATERAL, PESO APROXIMADO: 7,30, POTÊNCIA MOTOR: 1,7, ROTAÇÃO: 12.300, TIPO: COSTAL, TIPO CORTADOR: FIO NÁILON E/OU LÂMINA AÇO, TIPO MOTOR: GASOLINA","UN",1.0,3400.0,3400.0,0.0,"2026-08-03"]
["UNIVERSIDADE FEDERAL DE GOIAS-UF/GO",153052.0,4522.0,"Serviço","153052-96/2026","SEINFRA - Contratação de serviços de coleta de entulhos classe A e B","Catálogo do Compras.gov.br","Serviço",853.0,"SERVIÇOS DE LIMPEZA",null,null,14265.0,"COLETA DE LIXO - RESIDENCIAL / COMERCIAL / INDUSTRIAL","-",1.0,136000.0,136000.0,0.0,"2026-06-01"]
["UNIVERSIDADE FEDERAL DE GOIAS-UF/GO",153052.0,4523.0,"Serviço","153052-97/2026","SEINFRA - Contratação de serviços de coleta de lâmpadas queimadas","Catálogo do Compras.gov.br","Serviço",853.0,"SERVIÇOS DE LIMPEZA",null,null,14265.0,"COLETA DE LIXO - RESIDENCIAL / COMERCIAL / INDUSTRIAL","-",17000.0,2.5,42500.0,0.0,"2026-08-03"]
["UNIVERSIDADE FEDERAL DE GOIAS-UF/GO",153052.0,4524.0,"Serviço","153052-125/2026","CENTRO DE EVENTOS - SERVIÇOS ESSENCIAIS DE APOIO A EVENTOS","Catálogo do Compras.gov.br","Serviço",859.0,"OUTROS SERVIÇOS DE SUPORTE",{"$nulls":4},"-",0.0,0.0,1200000.0,0.0,"2026-07-02"]
["UNIVERSIDADE FEDERAL DE GOIAS-UF/GO",153052.0,4525.0,"Material","153052-98/2026","PNEUS, CARRINHOS E CÂMARAS","Catálogo do Compras.gov.br","Material",2610.0,"PNEUS E CÂMARAS DE AR, EXCETO OS DE AERONAVES",16145.0,"PNEU CARRINHO MÃO",335134.0,"CARACTERÍSTICAS ADICIONAIS: COM CÂMARA AR, ARO REFORÇADO, MATERIAL: BORRACHA, TAMANHO: 3,50 X 8","UN",12.0,89.9,1078.8,0.0,"2026-08-03"]
["UNIVERSIDADE FEDERAL DE GOIAS-UF/GO",153052.0,4526.0,"Serviço","153052-124/2026","CENTRO DE EVENTOS - LOCAÇÃO DE COBERTURA DESMONTÁVEL E GERADOR ELÉTRICO","Catálogo do Compras.gov.br","Serviço",732.0,"SERVIÇOS DE LEASING OU ALUGUEL RELACIONADOS A OUTROS BENS",null,null,21164.0,"LOCAÇÃO COBERTURA DESMONTÁVEL","-",100.0,1000.0,100000.0,0.0,"2026-07-02"]
["UNIVERSIDADE FEDERAL DE GOIAS-UF/GO",153052.0,4527.0,"Serviço","153052-124/2026","CENTRO DE EVENTOS - LOCAÇÃO DE COBERTURA DESMONTÁVEL E GERADOR ELÉTRICO","Catálogo do Compras.gov.br","Serviço",731.0,"SERVIÇOS DE LEASING OU ALUGUEL VEÍCULOS A MOTOR, FERROVIÁRIOEMBARCAÇÕES, AERONAVES, DE EQUIPAMENTO DE TRANSPORTE, S/OPER",null,null,21679.0,"LOCAÇÃO GERADOR ELÉTRICO /GRUPOS GERADORES","-",150.0,4500.0,675000.0,0.0,"2026-07-02"]
["UNIVERSIDADE FEDERAL DE GOIAS-UF/GO",153052.0,4688.0,"Serviço","153052-102/2026","SEINFRA - Obra construção de abrigo para resíduos comuns e recicláveis","Catálogo do Compras.gov.br","Serviço",545.0,"TIPOS ESPECIAIS DE SERVIÇOS DE CONSTRUÇÃO",null,null,1627.0,"MANUTENÇÃO / REFORMA PREDIAL","-",1.0,100000.0,100000.0,0.0,"2026-06-02"]
["UNIVERSIDADE FEDERAL DE GOIAS-UF/GO",153052.0,4886.0,"Material","153052-104/2026","SEINFRA - Materiais básicos de alvenaria para manutenção","Catálogo do Compras.gov.br","Material",8040.0,"ADESIVOS",10792.0,"PISTOLA APLICADORA",350286.0,"APLICAÇÃO: COLAGEM, CARACTERÍSTICAS ADICIONAIS: INDUSTRIAL E COMPATÍVEL BASTÃO SILICONE 7089Q, POTÊNCIA: 150, TEMPERATURA TRABALHO: 195, TENSÃO ALIMENTAÇÃO: 220, VAZÃO: 1,60","UN",3.0,130.0,390.0,0.0,"2026-07-02"]
["UNIVERSIDADE FEDERAL DE GOIAS-UF/GO",153052.0,4787.0,"Material","153052-104/2026","SEINFRA - Materiais básicos de alvenaria para manutenção","Catálogo do Compras.gov.br","Material",8040.0,"ADESIVOS",2107.0,"ADESIVO USO GERAL",252370.0,"APLICAÇÃO: COURO/MADEIRA/BORRACHA/FIBRAS/PLÁSTICOS, APRESENTAÇÃO: LÍQUIDO, CARACTERÍSTICAS ADICIONAIS: APLICAÇÃO MANUAL, COMPOSIÇÃO: À BASE DE BORRACHA, RESINAS SINTÉTICAS/SOLVENTES, MATERIAL: A BASE DE POLICLOROPRENE, APARÊNCIA VISUAL: LÍQUIDO AMARELADO, VISCOSIDADE: 25C, MPA.S APROXIMADAMENTE 4.800","UN",100.0,42.9,4290.0,0.0,"2026-07-02"]
["UNIVERSIDADE FEDERAL DE GOIAS-UF/GO",153052.0,4788.0,"Material","153052-104/2026","SEINFRA - Materiais básicos de alvenaria para manutenção","Catálogo do Compras.gov.br","Material",8040.0,"ADESIVOS",13894.0,"COLA",307419.0,"APLICAÇÃO: ESPUMA/CARPETE/FORRAÇÃO/LAMINAD/FÓRMICA, CARACTERÍSTICAS ADICIONAIS: TIPO ADESIVO AMAZONAS AM 01/ESPECIAL, COMPOSIÇÃO: RESINA SINTÉTICA E NATURAL/ADITIVO/ACETATO ETILA/, COR: INCOLOR, TIPO: PASTOSA","UN",70.0,130.0,9100.0,0.0,"2026-07-02"]
["UNIVERSIDADE FEDERAL DE GOIAS-UF/GO",153052.0,4572.0,"Material","153052-99/2026","PRAE - MATERIAL E EQUIPAMENTOS ODONTOLÓGICO E HOSPITALAR","Catálogo do Compras.gov.br","Material",4510.0,"DISPOSITIVOS E ACESSÓRIOS PARA INSTALAÇÕES HIDRÁULICAS",3319.0,"BANHEIRA",268746.0,"ALTURA: 0,90, APLICAÇÃO: TOSA EM CANIL, CARACTERÍSTICAS ADICIONAIS: ALTO PADRÃO DE ACABAMENTO,SABONETEIRA EM AÇO INOX,, COMPRIMENTO: 1,20, LARGURA: 0,70, MATERIAL: AÇO INOXIDÁVEL","UN",1.0,1000.0,1000.0,0.0,"2026-07-02"]
["UNIVERSIDADE FEDERAL DE GOIAS-UF/GO",153052.0,4575.0,"Material","153052-123/2026","SEINFRA E DTEL- BATERIAIS","Catálogo do Compras.gov.br","Material",6140.0,"BATERIAS RECARREGÁVEIS",3475.0,"BATERIA RECARREGÁVEL",362984.0,"CAPACIDADE NOMINAL: 7, SISTEMA ELETROQUÍMICO: CHUMBO-ÁCIDO, TENSÃO NOMINAL: 12, TIPO: SELADA","UN",140.0,100.24,14033.6,0.0,"2026-07-02"]
["UNIVERSIDADE FEDERAL DE GOIAS-UF/GO",153052.0,4576.0,"Material","153052-123/2026","SEINFRA E DTEL- BATERIAIS","Catálogo do Compras.gov.br","Material",6140.0,"BATERIAS RECARREGÁVEIS",3475.0,"BATERIA RECARREGÁVEL",362984.0,"CAPACIDADE NOMINAL: 7, SISTEMA ELETROQUÍMICO: CHUMBO-ÁCIDO, TENSÃO NOMINAL: 12, TIPO: SELADA","UN",60.0,93.12,5587.2,0.0,"2026-07-02"]
["UNIVERSIDADE FEDERAL DE GOIAS-UF/GO",153052.0,4528.0,"Material","153052-99/2026","PRAE - MATERIAL E EQUIPAMENTOS ODONTOLÓGICO E HOSPITALAR","Catálogo do Compras.gov.br","Material",6520.0,"INSTRUMENTOS, EQUIPAMENTOS E SUPRIMENTOS DENTÁRIOS",1233.0,"ACESSÓRIOS MOLDAGEM USO ODONTOLÓGICO",414474.0,"APRESENTAÇÃO: EMBALAGEM C/ MÍNIMO DE 10 UNIDADES, INDICAÇÃO: P/ CARTUCHO DE MATERIAIS DE IMPRESSÃO, TIPO: PONTEIRA P/ SILICONE","UN",20.0,45.0,900.0,0.0,"2026-07-02"]
["UNIVERSIDADE FEDERAL DE GOIAS-UF/GO",153052.0,4529.0,"Material","153052-99/2026","PRAE - MATERIAL E EQUIPAMENTOS ODONTOLÓGICO E HOSPITALAR","Catálogo do Compras.gov.br","Material",6520.0,"INSTRUMENTOS, EQUIPAMENTOS E SUPRIMENTOS DENTÁRIOS",19231.0,"ADESIVO DENTAL",391133.0,"COMPONENTES: ADESIVO + PRIMER, TIPO: FOTOPOLIMERIZÁVEL","UN",20.0,150.0,3000.0,0.0,"2026-07-02"]
["UNIVERSIDADE FEDERAL DE GOIAS-UF/GO",153052.0,4530.0,"Material","153052-99/2026","PRAE - MATERIAL E EQUIPAMENTOS ODONTOLÓGICO E HOSPITALAR","Catálogo do Compras.gov.br","Material",6505.0,"DROGAS E MEDICAMENTOS",17787.0,"ARTICAÍNA",297697.0,"COMPOSIÇÃO: ASSOCIADA COM EPINEFRINA, CONCENTRAÇÃO: 4% + 1/100.000, FORMA FARMACÊUTICA: SOLUÇÃO INJETÁVEL","TBTE",750.0,4.0,3000.0,0.0,"2026-07-02"]
["UNIVERSIDADE FEDERAL DE GOIAS-UF/GO",153052.0,4531.0,"Material","153052-99/2026","PRAE - MATERIAL E EQUIPAMENTOS ODONTOLÓGICO E HOSPITALAR","Catálogo do Compras.gov.br","Material",6520.0,"INSTRUMENTOS, EQUIPAMENTOS E SUPRIMENTOS DENTÁRIOS",3905.0,"BROCA ALTA ROTAÇÃO",403387.0,"CARACTERÍSTICA ADICIONAL: PICOTADA, FORMATO: TRONCO CÔNICA, MATERIAL: CARBIDE, NUMERAÇÃO AMERICANA 1: REF. 701, TIPO CORTE: CIRÚRGICA, TIPO HASTE: HASTE LONGA","UN",30.0,31.0,930.0,0.0,"2026-07-02"]
["UNIVERSIDADE FEDERAL DE GOIAS-UF/GO",153052.0,4532.0,"Material","153052-99/2026","PRAE - MATERIAL E EQUIPAMENTOS ODONTOLÓGICO E HOSPITALAR","Catálogo do Compras.gov.br","Material",6520.0,"INSTRUMENTOS, EQUIPAMENTOS E SUPRIMENTOS DENTÁRIOS",3905.0,"BROCA ALTA ROTAÇÃO",403171.0,"FORMATO: ESFÉRICA, MATERIAL: CARBIDE, NUMERAÇÃO AMERICANA 1: REF. 1, TIPO CORTE: CORTE MÉDIO, TIPO HASTE: HASTE REGULAR","UN",20.0,18.0,360.0,0.0,"2026-07-02"]
["UNIVERSIDADE FEDERAL DE GOIAS-UF/GO",153052.0,4533.0,"Material","153052-99/2026","PRAE - MATERIAL E EQUIPAMENTOS ODONTOLÓGICO E HOSPITALAR","Catálogo do Compras.gov.br","Material",6520.0,"INSTRUMENTOS, EQUIPAMENTOS E SUPRIMENTOS DENTÁRIOS",3905.0,"BROCA ALTA ROTAÇÃO",403389.0,"CARACTERÍSTICA ADICIONAL: PICOTADA, FORMATO: TRONCO CÔNICA, MATERIAL: CARBIDE, NUMERAÇÃO AMERICANA 1: REF. 702, TIPO CORTE: CIRÚRGICA, TIPO HASTE: HASTE LONGA","UN",10.0,31.0,310.0,0.0,"2026-07-02"]
["UNIVERSIDADE FEDERAL DE GOIAS-UF/GO",153052.0,4534.0,"Material","153052-99/2026","PRAE - MATERIAL E EQUIPAMENTOS ODONTOLÓGICO E HOSPITALAR","Catálogo do Compras.gov.br","Material",6520.0,"INSTRUMENTOS, EQUIPAMENTOS E SUPRIMENTOS DENTÁRIOS",3905.0,"BROCA ALTA ROTAÇÃO",403391.0,"CARACTERÍSTICA ADICIONAL: PICOTADA, FORMATO: TRONCO CÔNICA, MATERIAL: CARBIDE, NUMERAÇÃO AMERICANA 1: REF. 703, TIPO CORTE: CIRÚRGICA, TIPO HASTE: HASTE LONGA","UN",30.0,31.0,930.0,0.0,"2026-07-02"]
["UNIVERSIDADE FEDERAL DE GOIAS-UF/GO",153052.0,4535.0,"Material","153052-99/2026","PRAE - MATERIAL E EQUIPAMENTOS ODONTOLÓGICO E HOSPITALAR","Catálogo do Compras.gov.br","Material",6520.0,"INSTRUMENTOS, EQUIPAMENTOS E SUPRIMENTOS DENTÁRIOS",3888.0,"BROCA BAIXA ROTAÇÃO",403859.0,"FORMATO: ESFÉRICA, MATERIAL: AÇO COMUM, REFERÊNCIA: REF. 2, TIPO: CONTRA ÂNGULO, TIPO CORTE: CORTE MÉDIO, TIPO HASTE: HASTE REGULAR","UN",20.0,20.0,400.0,0.0,"2026-07-02"]
["UNIVERSIDADE FEDERAL DE GOIAS-UF/GO",153052.0,4536.0,"Material","153052-99/2026","PRAE - MATERIAL E EQUIPAMENTOS ODONTOLÓGICO E HOSPITALAR","Catálogo do Compras.gov.br","Material",6520.0,"INSTRUMENTOS, EQUIPAMENTOS E SUPRIMENTOS DENTÁRIOS",3888.0,"BROCA BAIXA ROTAÇÃO",403862.0,"FORMATO: ESFÉRICA, MATERIAL: AÇO COMUM, REFERÊNCIA: REF. 4, TIPO: CONTRA ÂNGULO, TIPO CORTE: CORTE MÉDIO, TIPO HASTE: HASTE REGULAR","UN",20.0,20.58,411.6,0.0,"2026-07-02"]
["UNIVERSIDADE FEDERAL DE GOIAS-UF/GO",153052.0,4537.0,"Material","153052-99/2026","PRAE - MATERIAL E EQUIPAMENTOS ODONTOLÓGICO E HOSPITALAR","Catálogo do Compras.gov.br","Material",6520.0,"INSTRUMENTOS, EQUIPAMENTOS E SUPRIMENTOS DENTÁRIOS",3888.0,"BROCA BAIXA ROTAÇÃO",403864.0,"FORMATO: ESFÉRICA, MATERIAL: AÇO COMUM, REFERÊNCIA: REF. 6, TIPO: CONTRA ÂNGULO, TIPO CORTE: CORTE MÉDIO, TIPO HASTE: HASTE REGULAR","UN",20.0,20.58,411.6,0.0,"2026-07-02"]
["UNIVERSIDADE FEDERAL DE GOIAS-UF/GO",153052.0,4538.0,"Material","153052-99/2026","PRAE - MATERIAL E EQUIPAMENTOS ODONTOLÓGICO E HOSPITALAR","Catálogo do Compras.gov.br","Material",6520.0,"INSTRUMENTOS, EQUIPAMENTOS E SUPRIMENTOS DENTÁRIOS",5007.0,"CIMENTO ODONTOLÓGICO",436890.0,"ASPECTO FÍSICO: PÓ, COMPOSIÇÃO: ÓXIDO DE ZINCO, TIPO: ENDODÔNTICO","UN",10.0,70.0,700.0,0.0,"2026-07-02"]
["UNIVERSIDADE FEDERAL DE GOIAS-UF/GO",153052.0,4539.0,"Material","153052-99/2026","PRAE - MATERIAL E EQUIPAMENTOS ODONTOLÓGICO E HOSPITALAR","Catálogo do Compras.gov.br","Material",6520.0,"INSTRUMENTOS, EQUIPAMENTOS E SUPRIMENTOS DENTÁRIOS",8879.0,"CONE ENDODÔNTICO",441916.0,"APRESENTAÇÃO: ESTOJO COM DIFERENTES CALIBRES, CALIBRE: ESPECÍFICO P/ TÉCNICA INSTRUMENTAÇÃO ROTÁTORIA, COMPRIMENTO: CERCA DE 28, MATERIAL: PAPEL, TIPO: ABSORVENTE","EMB",20.0,38.0,760.0,0.0,"2026-07-02"]
["UNIVERSIDADE FEDERAL DE GOIAS-UF/GO",153052.0,4540.0,"Material","153052-99/2026","PRAE - MATERIAL E EQUIPAMENTOS ODONTOLÓGICO E HOSPITALAR","Catálogo do Compras.gov.br","Material",6520.0,"INSTRUMENTOS, EQUIPAMENTOS E SUPRIMENTOS DENTÁRIOS",8879.0,"CONE ENDODÔNTICO",419439.0,"APRESENTAÇÃO: ESTOJO C/ 60 PONTAS, CALIBRE: ESPECÍFICO P/ TÉCNICA INSTRUMENTAÇÃO ROTÁTORIA, CARACTERÍSTICA ADICIONAL: SORTIDA, COMPRIMENTO: 28, MATERIAL: GUTA-PERCHA, TIPO: PRINCIPAL","EMB",10.0,79.0,790.0,0.0,"2026-07-02"]
["UNIVERSIDADE FEDERAL DE GOIAS-UF/GO",153052.0,4541.0,"Material","153052-99/2026","PRAE - MATERIAL E EQUIPAMENTOS ODONTOLÓGICO E HOSPITALAR","Catálogo do Compras.gov.br","Material",6520.0,"INSTRUMENTOS, EQUIPAMENTOS E SUPRIMENTOS DENTÁRIOS",5692.0,"CONJUNTO ACADÊMICO USO ODONTOLÓGICO",422198.0,"ACESSÓRIOS: ÓLEO LUBRIFICANTE, APRESENTAÇÃO: ESTOJO, CONJUNTO COMPLETO, CARACTERÍSTICA PEÇAS DE BAIXA ROTAÇÃO: TRANSMISSÃO 1:1, C/ REFRIGERAÇÃO EXTERNA, CARACTERÍSTICAS ADICIONAIS: 3 FUROS, BOTÃO DE PRESSÃO(PB), CABEÇA PADRÃO, COMPONENTE: ALTA ROTAÇÃO, ROLAMENTO CERÂMICA, 400.000 RPM, COMPONENTES 1: MICROMOTOR, CONTRA ÂNGULO, PEÇA RETA, TIPO ENCAIXE: CONEXÃO BORDEN (2 FUROS)","UN",4.0,2426.06,9704.24,0.0,"2026-07-02"]
["UNIVERSIDADE FEDERAL DE GOIAS-UF/GO",153052.0,4542.0,"Material","153052-99/2026","PRAE - MATERIAL E EQUIPAMENTOS ODONTOLÓGICO E HOSPITALAR","Catálogo do Compras.gov.br","Material",6840.0,"PESTICIDAS E DESINFETANTES",14235.0,"DETERGENTE ENZIMÁTICO",374477.0,"COMPOSIÇÃO: A BASE DE AMILASE, PROTEASE E CARBOIDRASE","L",30.0,78.0,2340.0,0.0,"2026-07-02"]
["UNIVERSIDADE FEDERAL DE GOIAS-UF/GO",153052.0,4543.0,"Material","153052-99/2026","PRAE - MATERIAL E EQUIPAMENTOS ODONTOLÓGICO E HOSPITALAR","Catálogo do Compras.gov.br","Material",6520.0,"INSTRUMENTOS, EQUIPAMENTOS E SUPRIMENTOS DENTÁRIOS",3211.0,"DISCO - USO ODONTOLOGIA",438118.0,"DIÂMETRO: CERCA DE 1/2, MATERIAL: POLIÉSTER + ÓXIDO DE  ALUMÍNIO, TIPO: LIXA, TIPO DO ENCAIXE: ENCAIXE DE ILHÓS P/ MANDRIL DE  PRESSÃO, TIPO FACE: MONOFACE, TIPO USO: DESCARTÁVEL","UN",20.0,164.0,3280.0,0.0,"2026-07-02"]
["UNIVERSIDADE FEDERAL DE GOIAS-UF/GO",153052.0,4544.0,"Material","153052-99/2026","PRAE - MATERIAL E EQUIPAMENTOS ODONTOLÓGICO E HOSPITALAR","Catálogo do Compras.gov.br","Material",6520.0,"INSTRUMENTOS, EQUIPAMENTOS E SUPRIMENTOS DENTÁRIOS",3211.0,"DISCO - USO ODONTOLOGIA",439767.0,"APRESENTAÇÃO: COM MANDRIL, DIÂMETRO: CERCA DE 3/8, GRANULAÇÃO: GRANULAÇÃO MÉDIA, MATERIAL: POLISILOXANO IMPREGNADO C/ DIAMANTE, TIPO: P/ ACABAMENTO E POLIMENTO DE CERÂMICA, TIPO DO ENCAIXE: ENCAIXE P/ MANDRIL C/ PARAFUSO","UN",7.0,174.0,1218.0,0.0,"2026-07-02"]
["UNIVERSIDADE FEDERAL DE GOIAS-UF/GO",153052.0,4545.0,"Material","153052-99/2026","PRAE - MATERIAL E EQUIPAMENTOS ODONTOLÓGICO E HOSPITALAR","Catálogo do Compras.gov.br","Material",6515.0,"INSTRUMENTOS, EQUIPAMENTOS E SUPRIMENTOS MÉDICOS  E  CIRÚRGICOS",18351.0,"EMBALAGEM P/ ESTERILIZAÇÃO",442386.0,"APRESENTAÇÃO: ROLO, COMPONENTES: C/ INDICADOR QUÍMICO, COMPONENTES ADICIONAIS: TERMOSSELANTE, COMPOSIÇÃO: C/ FILME POLÍMERO MULTILAMINADO, GRAMATURA / ESPESSURA: CERCA DE 60, MATERIAL: PAPEL GRAU CIRÚRGICO, TAMANHO: CERCA DE 30, TIPO USO: USO ÚNICO","UN",50.0,120.0,6000.0,0.0,"2026-07-02"]
["UNIVERSIDADE FEDERAL DE GOIAS-UF/GO",153052.0,4546.0,"Material","153052-99/2026","PRAE - MATERIAL E EQUIPAMENTOS ODONTOLÓGICO E HOSPITALAR","Catálogo do Compras.gov.br","Material",6515.0,"INSTRUMENTOS, EQUIPAMENTOS E SUPRIMENTOS MÉDICOS  E  CIRÚRGICOS",18351.0,"EMBALAGEM P/ ESTERILIZAÇÃO",443439.0,"APRESENTAÇÃO: ROLO, COMPONENTES: C/ INDICADOR QUÍMICO, COMPONENTES ADICIONAIS: TERMOSSELANTE, COMPOSIÇÃO: C/ FILME POLÍMERO MULTILAMINADO, GRAMATURA / ESPESSURA: CERCA DE 60, MATERIAL: PAPEL GRAU CIRÚRGICO, TAMANHO: CERCA DE 5, TIPO USO: USO ÚNICO","UN",50.0,500.0,25000.0,0.0,"2026-07-02"]
["UNIVERSIDADE FEDERAL DE GOIAS-UF/GO",153052.0,4547.0,"Material","153052-99/2026","PRAE - MATERIAL E EQUIPAMENTOS ODONTOLÓGICO E HOSPITALAR","Catálogo do Compras.gov.br","Material",6520.0,"INSTRUMENTOS, EQUIPAMENTOS E SUPRIMENTOS DENTÁRIOS",6951.0,"ESCOVA DE ROBSON USO ODONTOLÓGICO",404892.0,"COR: BRANCA, TIPO PONTA: CÔNICA, USO: CONTRA-ÂNGULO","UN",200.0,3.5,700.0,0.0,"2026-07-02"]
["UNIVERSIDADE FEDERAL DE GOIAS-UF/GO",153052.0,4548.0,"Material","153052-99/2026","PRAE - MATERIAL E EQUIPAMENTOS ODONTOLÓGICO E HOSPITALAR","Catálogo do Compras.gov.br","Material",6520.0,"INSTRUMENTOS, EQUIPAMENTOS E SUPRIMENTOS DENTÁRIOS",6951.0,"ESCOVA DE ROBSON USO ODONTOLÓGICO",404894.0,"COR: BRANCA, TIPO PONTA: TAÇA, USO: CONTRA-ÂNGULO","UN",200.0,5.5,1100.0,0.0,"2026-07-02"]
["UNIVERSIDADE FEDERAL DE GOIAS-UF/GO",153052.0,4549.0,"Material","153052-99/2026","PRAE - MATERIAL E EQUIPAMENTOS ODONTOLÓGICO E HOSPITALAR","Catálogo do Compras.gov.br","Material",6525.0,"EQUIPAMENTOS E SUPRIMENTOS DE RAIOS-X DE USO  MÉDICO,  DENTÁRIO E VETERINÁRIO",9665.0,"FILME RADIOLÓGICO",427192.0,"DIMENSÕES: 27 X 54, TIPO: ODONTOLÓGICO","CX",20.0,185.0,3700.0,0.0,"2026-07-02"]
["UNIVERSIDADE FEDERAL DE GOIAS-UF/GO",153052.0,4550.0,"Material","153052-99/2026","PRAE - MATERIAL E EQUIPAMENTOS ODONTOLÓGICO E HOSPITALAR","Catálogo do Compras.gov.br","Material",6515.0,"INSTRUMENTOS, EQUIPAMENTOS E SUPRIMENTOS MÉDICOS  E  CIRÚRGICOS",30040.0,"FIO DE SUTURA AGULHADO",487429.0,"APRESENTAÇÃO: EMBALAGEM INDIVIDUAL, COMPRIMENTO AGULHA: CERCA DE 30, COMPRIMENTO FIO: CERCA DE 45, DIÂMETRO FIO: 4-0, ESTERILIDADE: ESTÉRIL, MATERIAL FIO: NYLON / POLIAMIDA PRETO, MODELO AGULHA: CORTANTE REVERSA / INVERTIDA, MODELO FIO: MONOFILAMENTAR, TIPO AGULHA: AGULHA 3/8 CÍRCULO","UN",20.0,54.0,1080.0,0.0,"2026-07-02"]
["UNIVERSIDADE FEDERAL DE GOIAS-UF/GO",153052.0,4551.0,"Material","153052-99/2026","PRAE - MATERIAL E EQUIPAMENTOS ODONTOLÓGICO E HOSPITALAR","Catálogo do Compras.gov.br","Material",8520.0,"SABONETES, ARTIGOS PARA BARBEAR E DENTIFRÍCIOS",7511.0,"FIO DENTAL",342052.0,"CARACTERÍSTICAS ADICIONAIS: COM CERA MINERAL, AROMATIZADO, COMPRIMENTO: 500, MATERIAL: POLIAMIDA","UN",50.0,19.0,950.0,0.0,"2026-07-02"]
["UNIVERSIDADE FEDERAL DE GOIAS-UF/GO",153052.0,4552.0,"Material","153052-99/2026","PRAE - MATERIAL E EQUIPAMENTOS ODONTOLÓGICO E HOSPITALAR","Catálogo do Compras.gov.br","Material",6550.0,"SUBSTÂNCIAS PARA DIAGNÓSTICO \"IN VITRO\",  REAGENTES,  CONJUNTOS E JOGOS PARA TESTE",18997.0,"INDICADOR BIOLÓGICO",436058.0,"APLICAÇÃO: PARA ESTERILIZAÇÃO A VAPOR, APRESENTAÇÃO: AUTOCONTIDO, AMPOLA COM MEIO DE CULTURA, CARACTERÍSTICAS ADICIONAIS: RESPOSTA EM 24 HORAS, ESPÉCIE: BACILLUS STEAROTHERMOPHILLUS, TIPO: SEGUNDA GERAÇÃO","UN",50.0,65.0,3250.0,0.0,"2026-07-02"]
["UNIVERSIDADE FEDERAL DE GOIAS-UF/GO",153052.0,4553.0,"Material","153052-99/2026","PRAE - MATERIAL E EQUIPAMENTOS ODONTOLÓGICO E HOSPITALAR","Catálogo do Compras.gov.br","Material",6550.0,"SUBSTÂNCIAS PARA DIAGNÓSTICO \"IN VITRO\",  REAGENTES,  CONJUNTOS E JOGOS PARA TESTE",18996.0,"INDICADOR QUÍMICO",376428.0,"APRESENTAÇÃO: PACOTE PRONTO PARA TESTE, USO ÚNICO, CARACTERÍSTICAS ADICIONAIS: PARA ESTERILIZAÇÃO A VAPOR, CLASSE: CLASSE V, COMPONENTES ADICIONAIS: INDICADOR QUÍMICO EXTERNO PARA CONTROLE EXPOSIÇÃO, TIPO: INTEGRADOR","UN",20.0,23.0,460.0,0.0,"2026-07-02"]
["UNIVERSIDADE FEDERAL DE GOIAS-UF/GO",153052.0,4554.0,"Material","153052-99/2026","PRAE - MATERIAL E EQUIPAMENTOS ODONTOLÓGICO E HOSPITALAR","Catálogo do Compras.gov.br","Material",6520.0,"INSTRUMENTOS, EQUIPAMENTOS E SUPRIMENTOS DENTÁRIOS",8833.0,"LIMA USO ODONTOLÓGICO",419496.0,"APLICAÇÃO: DIGITAL, APRESENTAÇÃO: CONJUNTO COMPLETO, COMPONENTES: C/ CURSOR, COMPRIMENTO: 31, MATERIAL: AÇO INOXIDÁVEL, MODELO: TIPO KERR FLEXÍVEL, TAMANHO: 1ª SÉRIE/15 A 40","CX",20.0,30.0,600.0,0.0,"2026-07-02"]
["UNIVERSIDADE FEDERAL DE GOIAS-UF/GO",153052.0,4555.0,"Material","153052-99/2026","PRAE - MATERIAL E EQUIPAMENTOS ODONTOLÓGICO E HOSPITALAR","Catálogo do Compras.gov.br","Material",6520.0,"INSTRUMENTOS, EQUIPAMENTOS E SUPRIMENTOS DENTÁRIOS",8833.0,"LIMA USO ODONTOLÓGICO",430418.0,"APLICAÇÃO: DIGITAL, APRESENTAÇÃO: CONJUNTO COMPLETO, COMPONENTES: C/ CURSOR, COMPRIMENTO: 21, MATERIAL: AÇO INOXIDÁVEL, MODELO: TIPO KERR, TAMANHO: 1ª SÉRIE/15 A 40","CX",20.0,30.0,600.0,0.0,"2026-07-02"]
["UNIVERSIDADE FEDERAL DE GOIAS-UF/GO",153052.0,4556.0,"Material","153052-99/2026","PRAE - MATERIAL E EQUIPAMENTOS ODONTOLÓGICO E HOSPITALAR","Catálogo do Compras.gov.br","Material",6505.0,"DROGAS E MEDICAMENTOS",17807.0,"LIDOCAÍNA CLORIDRATO",269851.0,"COMPOSIÇÃO: ASSOCIADA COM EPINEFRINA, DOSAGEM: 2% + 1:100.000, APRESENTAÇÃO: INJETÁVEL","TBTE",2000.0,5.0,10000.0,0.0,"2026-07-02"]
["UNIVERSIDADE FEDERAL DE GOIAS-UF/GO",153052.0,4557.0,"Material","153052-99/2026","PRAE - MATERIAL E EQUIPAMENTOS ODONTOLÓGICO E HOSPITALAR","Catálogo do Compras.gov.br","Material",6520.0,"INSTRUMENTOS, EQUIPAMENTOS E SUPRIMENTOS DENTÁRIOS",8833.0,"LIMA USO ODONTOLÓGICO",418523.0,"APLICAÇÃO: DIGITAL, APRESENTAÇÃO: CONJUNTO COMPLETO, COMPONENTES: C/ CURSOR, COMPRIMENTO: 25, MATERIAL: AÇO INOXIDÁVEL, MODELO: TIPO KERR, TAMANHO: 1ª SÉRIE/15 A 40","CX",30.0,30.0,900.0,0.0,"2026-07-02"]
["UNIVERSIDADE FEDERAL DE GOIAS-UF/GO",153052.0,4558.0,"Material","153052-99/2026","PRAE - MATERIAL E EQUIPAMENTOS ODONTOLÓGICO E HOSPITALAR","Catálogo do Compras.gov.br","Material",6520.0,"INSTRUMENTOS, EQUIPAMENTOS E SUPRIMENTOS DENTÁRIOS",8833.0,"LIMA USO ODONTOLÓGICO",438252.0,"APLICAÇÃO: USO EM MOTOR DE BAIXA ROTAÇÃO, COMPONENTES: C/ CURSOR, MATERIAL: NÍQUEL / TITÂNIO, MODELO: ENDODÔNTICA, SISTEMA ROTATÓRIO","CX",20.0,365.9,7318.0,0.0,"2026-07-02"]
["UNIVERSIDADE FEDERAL DE GOIAS-UF/GO",153052.0,4559.0,"Material","153052-99/2026","PRAE - MATERIAL E EQUIPAMENTOS ODONTOLÓGICO E HOSPITALAR","Catálogo do Compras.gov.br","Material",6532.0,"VESTUÁRIO HOSPITALAR E CIRÚRGICO E ITENS CORRELATOS DE  FINALIDADES ESPECIAIS",30248.0,"LUVA CIRÚRGICA",620091.0,"APRESENTAÇÃO: EM PAR, COR: C/ COR, EMBALAGEM: EMBALAGEM INDIVIDUAL, ESTERILIDADE: ESTÉRIL, USO ÚNICO, FORMATO: ANATÔMICO, MATERIAL: BORRACHA NATURAL - LÁTEX, PÓ: SEM PÓ, SUPERFÍCIE: SUPERFÍCIE TEXTURIZADA, TAMANHO: Nº 8,0","UN",100.0,30.0,3000.0,0.0,"2026-07-02"]
["UNIVERSIDADE FEDERAL DE GOIAS-UF/GO",153052.0,4560.0,"Material","153052-99/2026","PRAE - MATERIAL E EQUIPAMENTOS ODONTOLÓGICO E HOSPITALAR","Catálogo do Compras.gov.br","Material",6532.0,"VESTUÁRIO HOSPITALAR E CIRÚRGICO E ITENS CORRELATOS DE  FINALIDADES ESPECIAIS",30247.0,"LUVA P/ PROCEDIMENTO DE SAÚDE NÃO CIRÚRGICO C/ ANVISA",619857.0,"COR: C/ COR, EMBALAGEM: PAR EM EMBALAGEM INDIVIDUAL, ESTERILIDADE: ESTÉRIL, USO ÚNICO, FORMATO: AMBIDESTRA, MATERIAL: BORRACHA NATURAL - LÁTEX, PÓ: COM PÓ BIOABSORVÍVEL, SUPERFÍCIE: SUPERFÍCIE LISA, TAMANHO: PEQUENO - P","EMB",100.0,30.0,3000.0,0.0,"2026-07-02"]
["UNIVERSIDADE FEDERAL DE GOIAS-UF/GO",153052.0,4561.0,"Material","153052-99/2026","PRAE - MATERIAL E EQUIPAMENTOS ODONTOLÓGICO E HOSPITALAR","Catálogo do Compras.gov.br","Material",6532.0,"VESTUÁRIO HOSPITALAR E CIRÚRGICO E ITENS CORRELATOS DE  FINALIDADES ESPECIAIS",30247.0,"LUVA P/ PROCEDIMENTO DE SAÚDE NÃO CIRÚRGICO C/ ANVISA",619854.0,"COR: C/ COR, ESTERILIDADE: NÃO ESTÉRIL, USO ÚNICO, FORMATO: AMBIDESTRA, MATERIAL: BORRACHA NATURAL - LÁTEX, PÓ: SEM PÓ, SUPERFÍCIE: SUPERFÍCIE TEXTURIZADA, TAMANHO: MÉDIO - M","EMB",50.0,30.0,1500.0,0.0,"2026-07-02"]
["UNIVERSIDADE FEDERAL DE GOIAS-UF/GO",153052.0,4562.0,"Material","153052-99/2026","PRAE - MATERIAL E EQUIPAMENTOS ODONTOLÓGICO E HOSPITALAR","Catálogo do Compras.gov.br","Material",6532.0,"VESTUÁRIO HOSPITALAR E CIRÚRGICO E ITENS CORRELATOS DE  FINALIDADES ESPECIAIS",30247.0,"LUVA P/ PROCEDIMENTO DE SAÚDE NÃO CIRÚRGICO C/ ANVISA",619861.0,"COR: TRANSPARENTE, EMBALAGEM: UNIDADE EM EMBALAGEM INDIVIDUAL, ESTERILIDADE: ESTÉRIL, USO ÚNICO, FORMATO: AMBIDESTRA, MATERIAL: PLÁSTICO, PÓ: SEM PÓ, SUPERFÍCIE: SUPERFÍCIE LISA, TAMANHO: TAMANHO ÚNICO","EMB",10.0,9.0,90.0,0.0,"2026-07-02"]
["UNIVERSIDADE FEDERAL DE GOIAS-UF/GO",153052.0,4563.0,"Material","153052-99/2026","PRAE - MATERIAL E EQUIPAMENTOS ODONTOLÓGICO E HOSPITALAR","Catálogo do Compras.gov.br","Material",6520.0,"INSTRUMENTOS, EQUIPAMENTOS E SUPRIMENTOS DENTÁRIOS",6205.0,"MANDRIL ODONTOLÓGICO",453406.0,"COMPATIBILIDADE: PARA PEÇA RETA, MATERIAL: AÇO INOXIDÁVEL, MODELO: ADAPTADOR DE PONTAS DE ALTA ROTAÇÃO","UN",30.0,40.0,1200.0,0.0,"2026-07-02"]
["UNIVERSIDADE FEDERAL DE GOIAS-UF/GO",153052.0,4564.0,"Material","153052-99/2026","PRAE - MATERIAL E EQUIPAMENTOS ODONTOLÓGICO E HOSPITALAR","Catálogo do Compras.gov.br","Material",6532.0,"VESTUÁRIO HOSPITALAR E CIRÚRGICO E ITENS CORRELATOS DE  FINALIDADES ESPECIAIS",30029.0,"MÁSCARA CIRÚRGICA",485315.0,"COMPONENTE ADICIONAL: VISOR P/ PROTEÇÃO OCULAR, COR: C/ COR, EFICIÊNCIA: EFP MAIOR QUE 98% E BFE MAIOR QUE 95%, ESTERILIDADE: DESCARTÁVEL, FILTRO: ELEMENTO FILTRANTE INTERNO, FORMATO: RETANGULAR, C/ PREGAS HORIZONTAIS, MATERIAL: NÃO TECIDO 100% POLIPROPILENO, MODELO: AJUSTÁVEL, CLIPE NASAL, QUANTIDADE CAMADAS: MÍNIMO 3 CAMADAS, TAMANHO: ADULTO","UN",5000.0,0.15,750.0,0.0,"2026-07-02"]
["UNIVERSIDADE FEDERAL DE GOIAS-UF/GO",153052.0,4565.0,"Material","153052-99/2026","PRAE - MATERIAL E EQUIPAMENTOS ODONTOLÓGICO E HOSPITALAR","Catálogo do Compras.gov.br","Material",6505.0,"DROGAS E MEDICAMENTOS",16486.0,"MEPIVACAÍNA CLORIDRATO",269888.0,"APRESENTAÇÃO: ASSOCIADA COM EPINEFRINA, DOSAGEM: 2% + 1:100.000","TBTE",750.0,4.0,3000.0,0.0,"2026-07-02"]
["UNIVERSIDADE FEDERAL DE GOIAS-UF/GO",153052.0,4566.0,"Material","153052-99/2026","PRAE - MATERIAL E EQUIPAMENTOS ODONTOLÓGICO E HOSPITALAR","Catálogo do Compras.gov.br","Material",6520.0,"INSTRUMENTOS, EQUIPAMENTOS E SUPRIMENTOS DENTÁRIOS",10491.0,"PASTA MOLDAGEM",454436.0,"APRESENTAÇÃO *: CONJUNTO COMPLETO, CARACTERÍSTICAS ADICIONAIS: LABORATORIAL, DURA, CERCA DE 85 SHORE \"A\", MATERIAL BÁSICO: SILICONE DE CONDENSAÇÃO, TIPO: BASE + CATALISADOR","POTE",10.0,540.0,5400.0,0.0,"2026-07-02"]
["UNIVERSIDADE FEDERAL DE GOIAS-UF/GO",153052.0,4567.0,"Material","153052-99/2026","PRAE - MATERIAL E EQUIPAMENTOS ODONTOLÓGICO E HOSPITALAR","Catálogo do Compras.gov.br","Material",6520.0,"INSTRUMENTOS, EQUIPAMENTOS E SUPRIMENTOS DENTÁRIOS",10491.0,"PASTA MOLDAGEM",428720.0,"APRESENTAÇÃO *: CONJUNTO COMPLETO, MATERIAL BÁSICO: SILICONE DE CONDENSAÇÃO, TIPO: DENSO + FLUIDO + CATALISADOR","UN",20.0,540.0,10800.0,0.0,"2026-07-02"]
["UNIVERSIDADE FEDERAL DE GOIAS-UF/GO",153052.0,4568.0,"Material","153052-99/2026","PRAE - MATERIAL E EQUIPAMENTOS ODONTOLÓGICO E HOSPITALAR","Catálogo do Compras.gov.br","Material",6520.0,"INSTRUMENTOS, EQUIPAMENTOS E SUPRIMENTOS DENTÁRIOS",11676.0,"RESINA COMPOSTA",407163.0,"ASPECTO FÍSICO: PASTOSA, TAMANHO PARTÍCULAS: NANOPARTICULADAS, TIPO: FOTOPOLIMERIZÁVEL","UN",60.0,250.0,15000.0,0.0,"2026-07-02"]
["UNIVERSIDADE FEDERAL DE GOIAS-UF/GO",153052.0,4569.0,"Material","153052-99/2026","PRAE - MATERIAL E EQUIPAMENTOS ODONTOLÓGICO E HOSPITALAR","Catálogo do Compras.gov.br","Material",6520.0,"INSTRUMENTOS, EQUIPAMENTOS E SUPRIMENTOS DENTÁRIOS",12307.0,"SUGADOR",406292.0,"APRESENTAÇÃO: PACOTE C/ 40 UNIDADES, CARACTERÍSTICAS ADICIONAIS: C/ ARAME, MATERIAL: PVC, TIPO: SALIVA, TIPO USO: ESTÉRIL, DESCARTÁVEL","UN",20.0,47.6,952.0,0.0,"2026-07-02"]
["UNIVERSIDADE FEDERAL DE GOIAS-UF/GO",153052.0,4570.0,"Material","153052-99/2026","PRAE - MATERIAL E EQUIPAMENTOS ODONTOLÓGICO E HOSPITALAR","Catálogo do Compras.gov.br","Material",6532.0,"VESTUÁRIO HOSPITALAR E CIRÚRGICO E ITENS CORRELATOS DE  FINALIDADES ESPECIAIS",437.0,"TOUCA HOSPITALAR",428622.0,"CARACTERÍSTICA ADICIONAL 01: HIPOALERGÊNICA, ATÓXICA, INODORA, UNISSEX, COR*: SEM COR, GRAMATURA*: CERCA DE 60, MATERIAL*: NÃO TECIDO 100% POLIPROPILENO, MODELO: COM ELÁSTICO EM TODA VOLTA, TAMANHO*: ÚNICO, TIPO USO*: DESCARTÁVEL","EMB",50.0,16.0,800.0,0.0,"2026-07-02"]
["UNIVERSIDADE FEDERAL DE GOIAS-UF/GO",153052.0,4571.0,"Material","153052-99/2026","PRAE - MATERIAL E EQUIPAMENTOS ODONTOLÓGICO E HOSPITALAR","Catálogo do Compras.gov.br","Material",6520.0,"INSTRUMENTOS, EQUIPAMENTOS E SUPRIMENTOS DENTÁRIOS",10740.0,"PINO - USO ODONTOLÓGICO",385429.0,"APLICAÇÃO: NÚCLEO INTRA-RADICULAR, CARACTERÍSTICAS ADICIONAIS: DUPLA CONICIDADE E RADIOPACO, COMPONENTES: 5 PINOS DC 5,0 E BROCA DC, DIÂMETRO: 0,5, MATERIAL: FIBRA DE VIDRO, TIPO: INTRA-RADICULAR","CJ",20.0,45.0,900.0,0.0,"2026-07-02"]
["UNIVERSIDADE FEDERAL DE GOIAS-UF/GO",153052.0,4789.0,"Material","153052-104/2026","SEINFRA - Materiais básicos de alvenaria para manutenção","Catálogo do Compras.gov.br","Material",5650.0,"MATERIAIS PARA TELHADOS E REVESTIMENTO DE PAREDES",813.0,"TELHA",271894.0,"COMPRIMENTO: 670, ESPESSURA: 8, LARGURA: 90, MATERIAL: FIBROCIMENTO, TIPO: CANALETA","UN",40.0,1180.0,47200.0,0.0,"2026-07-02"]
["UNIVERSIDADE FEDERAL DE GOIAS-UF/GO",153052.0,4790.0,"Material","153052-104/2026","SEINFRA - Materiais básicos de alvenaria para manutenção","Catálogo do Compras.gov.br","Material",5305.0,"PARAFUSOS SEM PORCA",550.0,"PARAFUSO AUTO-ATARRAXANTE",397112.0,"APLICAÇÃO: CARPINTARIA, CARACTERÍSTICAS ADICIONAIS: FIXER/ROSCA AUTO CORTANTE TIPO CHIPBOARD, COMPRIMENTO: 45, DIÂMETRO CORPO: 4, MATERIAL: AÇO CARBONO, TIPO CABEÇA: CHATA, TIPO FENDA: PHILLIPS, TRATAMENTO SUPERFICIAL: BICROMATIZADO","C",30.0,45.0,1350.0,0.0,"2026-07-02"]
["UNIVERSIDADE FEDERAL DE GOIAS-UF/GO",153052.0,4791.0,"Material","153052-104/2026","SEINFRA - Materiais básicos de alvenaria para manutenção","Catálogo do Compras.gov.br","Material",3455.0,"FERRAMENTAS DE CORTAR PARA MÁQUINAS FERRAMENTA",9243.0,"LÂMINA SERRA",304602.0,"APLICAÇÃO: SERRA CORTA GESSO, MATERIAL: AÇO CARBONO, REFERÊNCIA: 940-23","UN",210.0,7.8,1638.0,0.0,"2026-07-02"]
["UNIVERSIDADE FEDERAL DE GOIAS-UF/GO",153052.0,4792.0,"Material","153052-104/2026","SEINFRA - Materiais básicos de alvenaria para manutenção","Catálogo do Compras.gov.br","Material",5305.0,"PARAFUSOS SEM PORCA",550.0,"PARAFUSO AUTO-ATARRAXANTE",442789.0,"CARACTERÍSTICAS ADICIONAIS: FIXER/ROSCA AUTO CORTANTE TIPO CHIPBOARD, COMPRIMENTO: 50, DIÂMETRO CORPO: 4,5, MATERIAL: AÇO CARBONO, TIPO CABEÇA: CHATA, TIPO FENDA: PHILLIPS, TRATAMENTO SUPERFICIAL: BICROMATIZADO","C",20.0,37.0,740.0,0.0,"2026-07-02"]
["UNIVERSIDADE FEDERAL DE GOIAS-UF/GO",153052.0,4793.0,"Material","153052-104/2026","SEINFRA - Materiais básicos de alvenaria para manutenção","Catálogo do Compras.gov.br","Material",5610.0,"MATERIAIS DE ORIGEM MINERAL PARA CONSTRUÇÃO, A GRANEL",867.0,"CIMENTO PORTLAND",237928.0,"MATERIAL: CLINKER, TIPO: CP II","SC",1300.0,42.0,54600.0,0.0,"2026-07-02"]
["UNIVERSIDADE FEDERAL DE GOIAS-UF/GO",153052.0,4794.0,"Material","153052-104/2026","SEINFRA - Materiais básicos de alvenaria para manutenção","Catálogo do Compras.gov.br","Material",5610.0,"MATERIAIS DE ORIGEM MINERAL PARA CONSTRUÇÃO, A GRANEL",863.0,"BRITA",216957.0,"MATERIAL: ROCHA TRITURADA, TAMANHO: BRITA 1","M3",40.0,190.0,7600.0,0.0,"2026-07-02"]
["UNIVERSIDADE FEDERAL DE GOIAS-UF/GO",153052.0,4795.0,"Material","153052-104/2026","SEINFRA - Materiais básicos de alvenaria para manutenção","Catálogo do Compras.gov.br","Material",5305.0,"PARAFUSOS SEM PORCA",14522.0,"PARAFUSO",340989.0,"APLICAÇÃO: CONCRETO, CARACTERÍSTICAS ADICIONAIS: COM BUCHA S8, MATERIAL: LATÃO","C",80.0,50.0,4000.0,0.0,"2026-07-02"]
["UNIVERSIDADE FEDERAL DE GOIAS-UF/GO",153052.0,4796.0,"Material","153052-104/2026","SEINFRA - Materiais básicos de alvenaria para manutenção","Catálogo do Compras.gov.br","Material",5345.0,"DISCOS E PEDRAS ABRASIVOS",567.0,"DISCO CORTE",240508.0,"APLICAÇÃO: CONSTRUÇÃO CIVIL, DIÂMETRO: 110, DIÂMETRO FURO: 19,10, MATERIAL: AÇO, ALTURA: (3/8\") 9,52, ACABAMENTO: DIAMANTADO, TIPO: TURBO","UN",60.0,13.32,799.2,0.0,"2026-07-02"]
["UNIVERSIDADE FEDERAL DE GOIAS-UF/GO",153052.0,4797.0,"Material","153052-104/2026","SEINFRA - Materiais básicos de alvenaria para manutenção","Catálogo do Compras.gov.br","Material",5305.0,"PARAFUSOS SEM PORCA",550.0,"PARAFUSO AUTO-ATARRAXANTE",397112.0,"APLICAÇÃO: CARPINTARIA, CARACTERÍSTICAS ADICIONAIS: FIXER/ROSCA AUTO CORTANTE TIPO CHIPBOARD, COMPRIMENTO: 45, DIÂMETRO CORPO: 4, MATERIAL: AÇO CARBONO, TIPO CABEÇA: CHATA, TIPO FENDA: PHILLIPS, TRATAMENTO SUPERFICIAL: BICROMATIZADO","UN",500.0,0.55,275.0,0.0,"2026-07-02"]
["UNIVERSIDADE FEDERAL DE GOIAS-UF/GO",153052.0,4798.0,"Material","153052-104/2026","SEINFRA - Materiais básicos de alvenaria para manutenção","Catálogo do Compras.gov.br","Material",5305.0,"PARAFUSOS SEM PORCA",550.0,"PARAFUSO AUTO-ATARRAXANTE",397112.0,"APLICAÇÃO: CARPINTARIA, CARACTERÍSTICAS ADICIONAIS: FIXER/ROSCA AUTO CORTANTE TIPO CHIPBOARD, COMPRIMENTO: 45, DIÂMETRO CORPO: 4, MATERIAL: AÇO CARBONO, TIPO CABEÇA: CHATA, TIPO FENDA: PHILLIPS, TRATAMENTO SUPERFICIAL: BICROMATIZADO","UN",500.0,0.55,275.0,0.0,"2026-07-02"]
["UNIVERSIDADE FEDERAL DE GOIAS-UF/GO",153052.0,4799.0,"Material","153052-104/2026","SEINFRA - Materiais básicos de alvenaria para manutenção","Catálogo do Compras.gov.br","Material",5345.0,"DISCOS E PEDRAS ABRASIVOS",568.0,"DISCO DIAMANTADO",213522.0,"APLICAÇÃO: MÁRMORE, DIÂMETRO: 105, DIÂMETRO FURO: 20, MATERIAL: DIAMANTE, TIPO: SEGMENTADO","UN",150.0,8.19,1228.5,0.0,"2026-07-02"]
["UNIVERSIDADE FEDERAL DE GOIAS-UF/GO",153052.0,4800.0,"Material","153052-104/2026","SEINFRA - Materiais básicos de alvenaria para manutenção","Catálogo do Compras.gov.br","Material",5335.0,"TELAS METÁLICAS",580.0,"TELA METÁLICA",337945.0,"BITOLA FIO: 12, DIÂMETRO FIO: 2, LARGURA: 2,10, MATERIAL: ARAME GALVANIZADO, TIPO ABERTURA MALHA: LOSANGULAR","KG",300.0,20.0,6000.0,0.0,"2026-07-02"]
["UNIVERSIDADE FEDERAL DE GOIAS-UF/GO",153052.0,4801.0,"Material","153052-104/2026","SEINFRA - Materiais básicos de alvenaria para manutenção","Catálogo do Compras.gov.br","Material",5650.0,"MATERIAIS PARA TELHADOS E REVESTIMENTO DE PAREDES",813.0,"TELHA",603798.0,"ACABAMENTO SUPERFICIAL: SEM AMIANTO, COM TECNOLOGIA CRFS (CIMENTO REFORÇAD, COMPRIMENTO: 4,60, ESPESSURA: 8, LARGURA: 1, MATERIAL: FIBROCIMENTO, TIPO: CALHETÃO 90","UN",30.0,1680.0,50400.0,0.0,"2026-07-02"]
["UNIVERSIDADE FEDERAL DE GOIAS-UF/GO",153052.0,4802.0,"Material","153052-104/2026","SEINFRA - Materiais básicos de alvenaria para manutenção","Catálogo do Compras.gov.br","Material",5610.0,"MATERIAIS DE ORIGEM MINERAL PARA CONSTRUÇÃO, A GRANEL",868.0,"PEDRISCO",601214.0,"APLICAÇÃO: PAVIMENTAÇÃO, MATERIAL: ROCHA FRAGMENTADA","UN",30.0,20.0,600.0,0.0,"2026-07-02"]
["UNIVERSIDADE FEDERAL DE GOIAS-UF/GO",153052.0,4803.0,"Material","153052-104/2026","SEINFRA - Materiais básicos de alvenaria para manutenção","Catálogo do Compras.gov.br","Material",5650.0,"MATERIAIS PARA TELHADOS E REVESTIMENTO DE PAREDES",813.0,"TELHA",603798.0,"ACABAMENTO SUPERFICIAL: SEM AMIANTO, COM TECNOLOGIA CRFS (CIMENTO REFORÇAD, COMPRIMENTO: 4,60, ESPESSURA: 8, LARGURA: 1, MATERIAL: FIBROCIMENTO, TIPO: CALHETÃO 90","UN",50.0,1380.0,69000.0,0.0,"2026-07-02"]
["UNIVERSIDADE FEDERAL DE GOIAS-UF/GO",153052.0,4804.0,"Material","153052-104/2026","SEINFRA - Materiais básicos de alvenaria para manutenção","Catálogo do Compras.gov.br","Material",5345.0,"DISCOS E PEDRAS ABRASIVOS",569.0,"DISCO DESBASTE",610037.0,"APLICAÇÃO: RETIFICAR CORPOS DE PROVA DE CONCRETO, CARACTERÍSTICA ADICIONAIS: COMPATIVEL COM A RETIFICA DE MARCA SECMIX, DIÂMETRO: 175, DIÂMETRO FURO: 20, MATERIAL: DIAMANTADO","UN",100.0,115.0,11500.0,0.0,"2026-07-02"]
["UNIVERSIDADE FEDERAL DE GOIAS-UF/GO",153052.0,4805.0,"Material","153052-104/2026","SEINFRA - Materiais básicos de alvenaria para manutenção","Catálogo do Compras.gov.br","Material",5610.0,"MATERIAIS DE ORIGEM MINERAL PARA CONSTRUÇÃO, A GRANEL",862.0,"AREIA",216953.0,"GRANULOMETRIA: FINA, TIPO: LAVADA","M3",50.0,130.0,6500.0,0.0,"2026-07-02"]
["UNIVERSIDADE FEDERAL DE GOIAS-UF/GO",153052.0,4806.0,"Material","153052-104/2026","SEINFRA - Materiais básicos de alvenaria para manutenção","Catálogo do Compras.gov.br","Material",5610.0,"MATERIAIS DE ORIGEM MINERAL PARA CONSTRUÇÃO, A GRANEL",862.0,"AREIA",216954.0,"GRANULOMETRIA: MÉDIA, TIPO: LAVADA","M3",50.0,127.0,6350.0,0.0,"2026-07-02"]
["UNIVERSIDADE FEDERAL DE GOIAS-UF/GO",153052.0,4807.0,"Material","153052-104/2026","SEINFRA - Materiais básicos de alvenaria para manutenção","Catálogo do Compras.gov.br","Material",5305.0,"PARAFUSOS SEM PORCA",14522.0,"PARAFUSO",483504.0,"APLICAÇÃO: FIXAR CHAPA DE GESSO EM PERFIL DRYWALL, CARACTERÍSTICAS ADICIONAIS: PONTA AGULHA (GN55)., COMPRIMENTO: 55, MATERIAL: AÇO FOSFATIZADO, TIPO: CABEÇA TROMBETA","CX",8.0,80.0,640.0,0.0,"2026-07-02"]
["UNIVERSIDADE FEDERAL DE GOIAS-UF/GO",153052.0,4808.0,"Material","153052-104/2026","SEINFRA - Materiais básicos de alvenaria para manutenção","Catálogo do Compras.gov.br","Material",5610.0,"MATERIAIS DE ORIGEM MINERAL PARA CONSTRUÇÃO, A GRANEL",862.0,"AREIA",216955.0,"GRANULOMETRIA: GROSSA, TIPO: LAVADA","M3",100.0,195.0,19500.0,0.0,"2026-07-02"]
["UNIVERSIDADE FEDERAL DE GOIAS-UF/GO",153052.0,4809.0,"Material","153052-104/2026","SEINFRA - Materiais básicos de alvenaria para manutenção","Catálogo do Compras.gov.br","Material",5335.0,"TELAS METÁLICAS",580.0,"TELA METÁLICA",340180.0,"ALTURA: 1,80, COMPRIMENTO: 25, MATERIAL: ARAME GALVANIZADO, TAMANHO ABERTURA MALHA: 21/2, TIPO ABERTURA MALHA: LOSANGULAR","RO",100.0,800.0,80000.0,0.0,"2026-07-02"]
["UNIVERSIDADE FEDERAL DE GOIAS-UF/GO",153052.0,4810.0,"Material","153052-104/2026","SEINFRA - Materiais básicos de alvenaria para manutenção","Catálogo do Compras.gov.br","Material",5305.0,"PARAFUSOS SEM PORCA",550.0,"PARAFUSO AUTO-ATARRAXANTE",397112.0,"APLICAÇÃO: CARPINTARIA, CARACTERÍSTICAS ADICIONAIS: FIXER/ROSCA AUTO CORTANTE TIPO CHIPBOARD, COMPRIMENTO: 45, DIÂMETRO CORPO: 4, MATERIAL: AÇO CARBONO, TIPO CABEÇA: CHATA, TIPO FENDA: PHILLIPS, TRATAMENTO SUPERFICIAL: BICROMATIZADO","C",25.0,34.0,850.0,0.0,"2026-07-02"]
["UNIVERSIDADE FEDERAL DE GOIAS-UF/GO",153052.0,4811.0,"Material","153052-104/2026","SEINFRA - Materiais básicos de alvenaria para manutenção","Catálogo do Compras.gov.br","Material",5305.0,"PARAFUSOS SEM PORCA",550.0,"PARAFUSO AUTO-ATARRAXANTE",397112.0,"APLICAÇÃO: CARPINTARIA, CARACTERÍSTICAS ADICIONAIS: FIXER/ROSCA AUTO CORTANTE TIPO CHIPBOARD, COMPRIMENTO: 45, DIÂMETRO CORPO: 4, MATERIAL: AÇO CARBONO, TIPO CABEÇA: CHATA, TIPO FENDA: PHILLIPS, TRATAMENTO SUPERFICIAL: BICROMATIZADO","C",60.0,28.0,1680.0,0.0,"2026-07-02"]
["UNIVERSIDADE FEDERAL DE GOIAS-UF/GO",153052.0,4812.0,"Material","153052-104/2026","SEINFRA - Materiais básicos de alvenaria para manutenção","Catálogo do Compras.gov.br","Material",5345.0,"DISCOS E PEDRAS ABRASIVOS",567.0,"DISCO CORTE",610036.0,"APLICAÇÃO: CONCRETOS E ASFALTO, DIÂMETRO: 450, DIÂMETRO FURO: 25,40, MATERIAL: DIAMANTADO, VELOCIDADE MÁXIMA: 4250","UN",100.0,30.0,3000.0,0.0,"2026-07-02"]
["UNIVERSIDADE FEDERAL DE GOIAS-UF/GO",153052.0,4577.0,"Material","153052-123/2026","SEINFRA E DTEL- BATERIAIS","Catálogo do Compras.gov.br","Material",6140.0,"BATERIAS RECARREGÁVEIS",3475.0,"BATERIA RECARREGÁVEL",484238.0,"CAPACIDADE NOMINAL: 5, SISTEMA ELETROQUÍMICO: CHUMBO-ÁCIDO, TENSÃO NOMINAL: 12, TIPO: SELADA","UN",70.0,80.0,5600.0,0.0,"2026-07-02"]
["UNIVERSIDADE FEDERAL DE GOIAS-UF/GO",153052.0,4578.0,"Material","153052-123/2026","SEINFRA E DTEL- BATERIAIS","Catálogo do Compras.gov.br","Material",6140.0,"BATERIAS RECARREGÁVEIS",3475.0,"BATERIA RECARREGÁVEL",365164.0,"APLICAÇÃO: NO BREAK, CAPACIDADE NOMINAL: 7, DIMENSÕES: 150 X 65 X 100, SISTEMA ELETROQUÍMICO: CHUMBO-ÁCIDO, TENSÃO NOMINAL: 12, TIPO: SELADA","UN",500.0,130.0,65000.0,0.0,"2026-07-02"]
["UNIVERSIDADE FEDERAL DE GOIAS-UF/GO",153052.0,4579.0,"Material","153052-123/2026","SEINFRA E DTEL- BATERIAIS","Catálogo do Compras.gov.br","Material",6140.0,"BATERIAS RECARREGÁVEIS",3475.0,"BATERIA RECARREGÁVEL",380861.0,"APLICAÇÃO: NO BREAK, CAPACIDADE NOMINAL: 12, CARACTERÍSTICAS ADICIONAIS: INSTALAÇÃO EM QUALQUER POSIÇÃO, COMPONENTES ADICIONAIS: VÁLVULAS DE SEGURANÇA, FAIXA TEMPERATURA DE TRABALHO: -15°C A 45, SISTEMA ELETROQUÍMICO: CHUMBO-ÁCIDO, TENSÃO NOMINAL: 12, TIPO: SELADA","UN",5.0,68.5,342.5,0.0,"2026-07-02"]
["UNIVERSIDADE FEDERAL DE GOIAS-UF/GO",153052.0,4580.0,"Material","153052-123/2026","SEINFRA E DTEL- BATERIAIS","Catálogo do Compras.gov.br","Material",6140.0,"BATERIAS RECARREGÁVEIS",3475.0,"BATERIA RECARREGÁVEL",406815.0,"APLICAÇÃO: NO BREAK, CAPACIDADE NOMINAL: 17, MODELO: GP12170 (CSB), SISTEMA ELETROQUÍMICO: CHUMBO-ÁCIDO, TENSÃO NOMINAL: 12, TIPO: SELADA","UN",200.0,249.0,49800.0,0.0,"2026-07-02"]
["UNIVERSIDADE FEDERAL DE GOIAS-UF/GO",153052.0,4581.0,"Material","153052-123/2026","SEINFRA E DTEL- BATERIAIS","Catálogo do Compras.gov.br","Material",6140.0,"BATERIAS RECARREGÁVEIS",3475.0,"BATERIA RECARREGÁVEL",625301.0,"CAPACIDADE NOMINAL: 26, CARACTERÍSTICAS ADICIONAIS: VASO EM ABS, CORRENTE MÁXIMA DE DESCARGA: 390A, DIMENSÕES: (AXLXC) 125 X 175 X 166, DURAÇÃO CARGA: 20, FAIXA TEMPERATURA DE TRABALHO: -15 A 50, MODELO: TERMINAL T12, PESO: 8, RESISTÊNCIA NOMINAL: 14, TENSÃO NOMINAL: 12, TIPO: SELADA","UN",64.0,484.0,30976.0,0.0,"2026-07-02"]
["UNIVERSIDADE FEDERAL DE GOIAS-UF/GO",153052.0,4573.0,"Material","153052-123/2026","SEINFRA E DTEL- BATERIAIS","Catálogo do Compras.gov.br","Material",6140.0,"BATERIAS RECARREGÁVEIS",3467.0,"BATERIA AUTOMOTIVA",348675.0,"ALTURA: 200, APLICAÇÃO: TRATOR CBT 2105, CAPACIDADE NOMINAL: 100, COMPRIMENTO: 330, LARGURA: 160, SISTEMA ELETROQUÍMICO: CHUMBO-ÁCIDO, TENSÃO NOMINAL: 12","UN",6.0,1700.0,10200.0,0.0,"2026-07-02"]
["UNIVERSIDADE FEDERAL DE GOIAS-UF/GO",153052.0,4574.0,"Material","153052-123/2026","SEINFRA E DTEL- BATERIAIS","Catálogo do Compras.gov.br","Material",6140.0,"BATERIAS RECARREGÁVEIS",3467.0,"BATERIA AUTOMOTIVA",372360.0,"CAPACIDADE NOMINAL: 30, SISTEMA ELETROQUÍMICO: CHUMBO-ÁCIDO, TENSÃO NOMINAL: 12, TIPO: SELADA","UN",2.0,950.0,1900.0,0.0,"2026-07-02"]
["UNIVERSIDADE FEDERAL DE GOIAS-UF/GO",153052.0,4813.0,"Material","153052-104/2026","SEINFRA - Materiais básicos de alvenaria para manutenção","Catálogo do Compras.gov.br","Material",5650.0,"MATERIAIS PARA TELHADOS E REVESTIMENTO DE PAREDES",813.0,"TELHA",603798.0,"ACABAMENTO SUPERFICIAL: SEM AMIANTO, COM TECNOLOGIA CRFS (CIMENTO REFORÇAD, COMPRIMENTO: 4,60, ESPESSURA: 8, LARGURA: 1, MATERIAL: FIBROCIMENTO, TIPO: CALHETÃO 90","UN",40.0,1450.0,58000.0,0.0,"2026-07-02"]
["UNIVERSIDADE FEDERAL DE GOIAS-UF/GO",153052.0,4814.0,"Material","153052-104/2026","SEINFRA - Materiais básicos de alvenaria para manutenção","Catálogo do Compras.gov.br","Material",5610.0,"MATERIAIS DE ORIGEM MINERAL PARA CONSTRUÇÃO, A GRANEL",863.0,"BRITA",216956.0,"MATERIAL: ROCHA TRITURADA, TAMANHO: BRITA 0","M3",100.0,150.0,15000.0,0.0,"2026-07-02"]
["UNIVERSIDADE FEDERAL DE GOIAS-UF/GO",153052.0,4815.0,"Material","153052-104/2026","SEINFRA - Materiais básicos de alvenaria para manutenção","Catálogo do Compras.gov.br","Material",5610.0,"MATERIAIS DE ORIGEM MINERAL PARA CONSTRUÇÃO, A GRANEL",14331.0,"ARGAMASSA",616923.0,"CARACTERÍSTICAS ADICIONAIS: RESISTENCIA A COMPRESSAO MINIMA DE 10 MPA, COMPOSIÇÃO: CIMENTO, AGREGADOS MINERAIS, PIGMENTOS INORGÂNICOS, COR: BRANCA, TIPO: COLANTE FLEXÍVEL","UN",300.0,27.9,8370.0,0.0,"2026-07-02"]
["UNIVERSIDADE FEDERAL DE GOIAS-UF/GO",153052.0,4582.0,"Material","153052-123/2026","SEINFRA E DTEL- BATERIAIS","Catálogo do Compras.gov.br","Material",6135.0,"BATERIAS NAO RECARREGÁVEIS",10708.0,"PILHA",403984.0,"CARACTERÍSTICAS ADICIONAIS: NÃO CONTÉM MERCÚRIO E CÁDMIO, MODELO: AAA, SISTEMA ELETROQUÍMICO: ALCALINA, TAMANHO: PALITO, TENSÃO NOMINAL: 1,5","UN",200.0,5.71,1142.0,0.0,"2026-07-02"]
["UNIVERSIDADE FEDERAL DE GOIAS-UF/GO",153052.0,4583.0,"Material","153052-123/2026","SEINFRA E DTEL- BATERIAIS","Catálogo do Compras.gov.br","Material",6135.0,"BATERIAS NAO RECARREGÁVEIS",10708.0,"PILHA",415869.0,"MODELO: 6F22, SISTEMA ELETROQUÍMICO: NIMH, TAMANHO: GRANDE, TENSÃO NOMINAL: 9","UN",100.0,14.78,1478.0,0.0,"2026-07-02"]
["UNIVERSIDADE FEDERAL DE GOIAS-UF/GO",153052.0,4584.0,"Material","153052-123/2026","SEINFRA E DTEL- BATERIAIS","Catálogo do Compras.gov.br","Material",6135.0,"BATERIAS NAO RECARREGÁVEIS",10708.0,"PILHA",419859.0,"CARACTERÍSTICAS ADICIONAIS: NÃO RECARREGÁVEL, MODELO: AA, SISTEMA ELETROQUÍMICO: ALCALINA, TAMANHO: PEQUENA, TENSÃO NOMINAL: 1,5","UN",100.0,5.06,506.0,0.0,"2026-07-02"]
["UNIVERSIDADE FEDERAL DE GOIAS-UF/GO",153052.0,4585.0,"Material","153052-123/2026","SEINFRA E DTEL- BATERIAIS","Catálogo do Compras.gov.br","Material",6140.0,"BATERIAS RECARREGÁVEIS",3475.0,"BATERIA RECARREGÁVEL",362984.0,"CAPACIDADE NOMINAL: 7, SISTEMA ELETROQUÍMICO: CHUMBO-ÁCIDO, TENSÃO NOMINAL: 12, TIPO: SELADA","UN",10.0,100.0,1000.0,0.0,"2026-07-02"]
["UNIVERSIDADE FEDERAL DE GOIAS-UF/GO",153052.0,4816.0,"Material","153052-104/2026","SEINFRA - Materiais básicos de alvenaria para manutenção","Catálogo do Compras.gov.br","Material",5610.0,"MATERIAIS DE ORIGEM MINERAL PARA CONSTRUÇÃO, A GRANEL",14331.0,"ARGAMASSA",347373.0,"CARACTERÍSTICAS ADICIONAIS: DENSIDADE APARENTE 1,1 A 1,5G/CM³ E CERT. INMETRO, COMPOSIÇÃO: CIMENTO, AGREGADOS MINERAIS, PIGMENTOS INORGÂNICOS, COR: CINZA, NORMAS TÉCNICAS: NBR 14.992, TIPO: REJUNTE FLEXÍVEL","PCT",80.0,6.4,512.0,0.0,"2026-07-02"]
["UNIVERSIDADE FEDERAL DE GOIAS-UF/GO",153052.0,4817.0,"Material","153052-104/2026","SEINFRA - Materiais básicos de alvenaria para manutenção","Catálogo do Compras.gov.br","Material",5610.0,"MATERIAIS DE ORIGEM MINERAL PARA CONSTRUÇÃO, A GRANEL",14331.0,"ARGAMASSA",616923.0,"CARACTERÍSTICAS ADICIONAIS: RESISTENCIA A COMPRESSAO MINIMA DE 10 MPA, COMPOSIÇÃO: CIMENTO, AGREGADOS MINERAIS, PIGMENTOS INORGÂNICOS, COR: BRANCA, TIPO: COLANTE FLEXÍVEL","UN",200.0,18.5,3700.0,0.0,"2026-07-02"]
["UNIVERSIDADE FEDERAL DE GOIAS-UF/GO",153052.0,4818.0,"Material","153052-104/2026","SEINFRA - Materiais básicos de alvenaria para manutenção","Catálogo do Compras.gov.br","Material",5620.0,"VIDROS, TELHAS, TIJOLOS E BLOCOS PARA CONSTRUÇÃO",3601.0,"BLOCO DE CONCRETO",451499.0,"ALTURA: 8, APLICAÇÃO: CALÇAMENTO, CARACTERÍSTICAS ADICIONAIS: TRAÇO 1:3:1, COMPRIMENTO: 25, LARGURA: 25, TIPO: SEXTAVADO","UN",5000.0,9.0,45000.0,0.0,"2026-07-02"]
["UNIVERSIDADE FEDERAL DE GOIAS-UF/GO",153052.0,4819.0,"Material","153052-104/2026","SEINFRA - Materiais básicos de alvenaria para manutenção","Catálogo do Compras.gov.br","Material",5345.0,"DISCOS E PEDRAS ABRASIVOS",567.0,"DISCO CORTE",624356.0,"APLICAÇÃO: CORTE DE MADEIRA, DIÂMETRO: 250, DIÂMETRO FURO: 30, ESPESSURA: 3,2, MATERIAL: ÓXIDO ALUMÍNIO, QUANTIDADE DENTES: 80","UN",10.0,48.0,480.0,0.0,"2026-07-02"]
["UNIVERSIDADE FEDERAL DE GOIAS-UF/GO",153052.0,4820.0,"Material","153052-104/2026","SEINFRA - Materiais básicos de alvenaria para manutenção","Catálogo do Compras.gov.br","Material",5620.0,"VIDROS, TELHAS, TIJOLOS E BLOCOS PARA CONSTRUÇÃO",3601.0,"BLOCO DE CONCRETO",478106.0,"ALTURA: 6, APLICAÇÃO: PAVIMENTAÇÃO, COMPRIMENTO: 25, LARGURA: 25, TIPO: SEXTAVADO","UN",200.0,0.29,58.0,0.0,"2026-07-02"]
["UNIVERSIDADE FEDERAL DE GOIAS-UF/GO",153052.0,4821.0,"Material","153052-104/2026","SEINFRA - Materiais básicos de alvenaria para manutenção","Catálogo do Compras.gov.br","Material",5335.0,"TELAS METÁLICAS",580.0,"TELA METÁLICA",337945.0,"BITOLA FIO: 12, DIÂMETRO FIO: 2, LARGURA: 2,10, MATERIAL: ARAME GALVANIZADO, TIPO ABERTURA MALHA: LOSANGULAR","KG",50.0,18.0,900.0,0.0,"2026-07-02"]
["UNIVERSIDADE FEDERAL DE GOIAS-UF/GO",153052.0,4822.0,"Material","153052-104/2026","SEINFRA - Materiais básicos de alvenaria para manutenção","Catálogo do Compras.gov.br","Material",5620.0,"VIDROS, TELHAS, TIJOLOS E BLOCOS PARA CONSTRUÇÃO",811.0,"TIJOLO",450663.0,"APLICAÇÃO: CONSTRUÇÃO CIVIL, COMPRIMENTO: 19, ESPESSURA: 9, LARGURA: 9, MATERIAL: CERÂMICA, QUANTIDADE FUROS: 4, TIPO: FURADO","UN",14000.0,1.8,25200.0,0.0,"2026-07-02"]
["UNIVERSIDADE FEDERAL DE GOIAS-UF/GO",153052.0,4823.0,"Material","153052-104/2026","SEINFRA - Materiais básicos de alvenaria para manutenção","Catálogo do Compras.gov.br","Material",5620.0,"VIDROS, TELHAS, TIJOLOS E BLOCOS PARA CONSTRUÇÃO",811.0,"TIJOLO",246732.0,"APLICAÇÃO: CONSTRUÇÃO CIVIL, COMPRIMENTO: 19, COR: VERMELHA, ESPESSURA: 5, LARGURA: 9, MATERIAL: BARRO COZIDO, TIPO: MACIÇO","UN",20000.0,1.0,20000.0,0.0,"2026-07-02"]
["UNIVERSIDADE FEDERAL DE GOIAS-UF/GO",153052.0,4824.0,"Material","153052-104/2026","SEINFRA - Materiais básicos de alvenaria para manutenção","Catálogo do Compras.gov.br","Material",5620.0,"VIDROS, TELHAS, TIJOLOS E BLOCOS PARA CONSTRUÇÃO",3601.0,"BLOCO DE CONCRETO",478106.0,"ALTURA: 6, APLICAÇÃO: PAVIMENTAÇÃO, COMPRIMENTO: 25, LARGURA: 25, TIPO: SEXTAVADO","UN",5000.0,8.05,40250.0,0.0,"2026-07-02"]
["UNIVERSIDADE FEDERAL DE GOIAS-UF/GO",153052.0,4825.0,"Material","153052-104/2026","SEINFRA - Materiais básicos de alvenaria para manutenção","Catálogo do Compras.gov.br","Material",5305.0,"PARAFUSOS SEM PORCA",550.0,"PARAFUSO AUTO-ATARRAXANTE",442781.0,"CARACTERÍSTICAS ADICIONAIS: FIXER/ROSCA AUTO CORTANTE TIPO CHIPBOARD, COMPRIMENTO: 50, DIÂMETRO CORPO: 4, MATERIAL: AÇO CARBONO, TIPO CABEÇA: FLANGEADA, TIPO FENDA: PHILLIPS, TRATAMENTO SUPERFICIAL: BICROMATIZADO","C",40.0,32.0,1280.0,0.0,"2026-07-02"]
["UNIVERSIDADE FEDERAL DE GOIAS-UF/GO",153052.0,4826.0,"Material","153052-104/2026","SEINFRA - Materiais básicos de alvenaria para manutenção","Catálogo do Compras.gov.br","Material",5305.0,"PARAFUSOS SEM PORCA",14522.0,"PARAFUSO",483504.0,"APLICAÇÃO: FIXAR CHAPA DE GESSO EM PERFIL DRYWALL, CARACTERÍSTICAS ADICIONAIS: PONTA AGULHA (GN55)., COMPRIMENTO: 55, MATERIAL: AÇO FOSFATIZADO, TIPO: CABEÇA TROMBETA","CX",8.0,90.0,720.0,0.0,"2026-07-02"]
["UNIVERSIDADE FEDERAL DE GOIAS-UF/GO",153052.0,4827.0,"Material","153052-104/2026","SEINFRA - Materiais básicos de alvenaria para manutenção","Catálogo do Compras.gov.br","Material",5305.0,"PARAFUSOS SEM PORCA",550.0,"PARAFUSO AUTO-ATARRAXANTE",397112.0,"APLICAÇÃO: CARPINTARIA, CARACTERÍSTICAS ADICIONAIS: FIXER/ROSCA AUTO CORTANTE TIPO CHIPBOARD, COMPRIMENTO: 45, DIÂMETRO CORPO: 4, MATERIAL: AÇO CARBONO, TIPO CABEÇA: CHATA, TIPO FENDA: PHILLIPS, TRATAMENTO SUPERFICIAL: BICROMATIZADO","C",50.0,35.0,1750.0,0.0,"2026-07-02"]
["UNIVERSIDADE FEDERAL DE GOIAS-UF/GO",153052.0,4828.0,"Material","153052-104/2026","SEINFRA - Materiais básicos de alvenaria para manutenção","Catálogo do Compras.gov.br","Material",5305.0,"PARAFUSOS SEM PORCA",550.0,"PARAFUSO AUTO-ATARRAXANTE",397112.0,"APLICAÇÃO: CARPINTARIA, CARACTERÍSTICAS ADICIONAIS: FIXER/ROSCA AUTO CORTANTE TIPO CHIPBOARD, COMPRIMENTO: 45, DIÂMETRO CORPO: 4, MATERIAL: AÇO CARBONO, TIPO CABEÇA: CHATA, TIPO FENDA: PHILLIPS, TRATAMENTO SUPERFICIAL: BICROMATIZADO","C",15.0,60.0,900.0,0.0,"2026-07-02"]
["UNIVERSIDADE FEDERAL DE GOIAS-UF/GO",153052.0,4829.0,"Material","153052-104/2026","SEINFRA - Materiais básicos de alvenaria para manutenção","Catálogo do Compras.gov.br","Material",5640.0,"PAINEL DE PAPELÃO,PAPEL EMPREGADO EM CONSTRUÇÃO E MATERIAIS DE ISOLAMENTO TÉRMICO",7778.0,"FORRO TETO",251354.0,"COMPRIMENTO: 6.000, COR: BRANCO GELO, LARGURA: 100, MATERIAL: PVC, TIPO: FRISADO","UN",200.0,15.0,3000.0,0.0,"2026-07-02"]
["UNIVERSIDADE FEDERAL DE GOIAS-UF/GO",153052.0,4830.0,"Material","153052-104/2026","SEINFRA - Materiais básicos de alvenaria para manutenção","Catálogo do Compras.gov.br","Material",5640.0,"PAINEL DE PAPELÃO,PAPEL EMPREGADO EM CONSTRUÇÃO E MATERIAIS DE ISOLAMENTO TÉRMICO",18888.0,"ACABAMENTO",617705.0,"ALTURA: 8, CARACTERÍSTICAS ADICIONAIS: FORMATO EM \"U\", COMPRIMENTO: 6, COR: BRANCO, LARGURA: 30, MATERIAL: PVC","UN",100.0,50.0,5000.0,0.0,"2026-07-02"]
["UNIVERSIDADE FEDERAL DE GOIAS-UF/GO",153052.0,4831.0,"Material","153052-104/2026","SEINFRA - Materiais básicos de alvenaria para manutenção","Catálogo do Compras.gov.br","Material",5640.0,"PAINEL DE PAPELÃO,PAPEL EMPREGADO EM CONSTRUÇÃO E MATERIAIS DE ISOLAMENTO TÉRMICO",7778.0,"FORRO TETO",611483.0,"APLICAÇÃO: FORRO TETO, CARACTERÍSTICAS ADICIONAIS: EMENDA PARA FORRO PVC, COMPRIMENTO: 6 M, MATERIAL: PVC, TIPO: H","UN",50.0,35.0,1750.0,0.0,"2026-07-02"]
["UNIVERSIDADE FEDERAL DE GOIAS-UF/GO",153052.0,4832.0,"Material","153052-104/2026","SEINFRA - Materiais básicos de alvenaria para manutenção","Catálogo do Compras.gov.br","Material",5340.0,"FERRAGENS DIVERSAS",16474.0,"SUPORTE FIXAÇÃO SERRA COPO",269840.0,"CARACTERÍSTICAS ADICIONAIS: COM BROCA PILOTO, COMPRIMENTO: 59, DIÂMETRO: 19, DIÂMETRO ROSCA: 1/2, FORMATO: HASTE HEXAGONAL, MATERIAL: AÇO, TIPO: A2, USO: SERRA COPO DE 14 A 300 MM","UN",15.0,70.0,1050.0,0.0,"2026-07-02"]
["UNIVERSIDADE FEDERAL DE GOIAS-UF/GO",153052.0,4833.0,"Material","153052-104/2026","SEINFRA - Materiais básicos de alvenaria para manutenção","Catálogo do Compras.gov.br","Material",5340.0,"FERRAGENS DIVERSAS",16474.0,"SUPORTE FIXAÇÃO SERRA COPO",255531.0,"CARACTERÍSTICAS ADICIONAIS: COM BROCA PILOTO, COMPRIMENTO: 67, DIÂMETRO: 36, DIÂMETRO ROSCA: 5/8, FORMATO: HASTE HEXAGONAL, MATERIAL: AÇO, TIPO: A2, USO: SERRA COPO DE 32 A 152 MM","UN",15.0,60.0,900.0,0.0,"2026-07-02"]
["UNIVERSIDADE FEDERAL DE GOIAS-UF/GO",153052.0,4834.0,"Material","153052-104/2026","SEINFRA - Materiais básicos de alvenaria para manutenção","Catálogo do Compras.gov.br","Material",5340.0,"FERRAGENS DIVERSAS",16474.0,"SUPORTE FIXAÇÃO SERRA COPO",269840.0,"CARACTERÍSTICAS ADICIONAIS: COM BROCA PILOTO, COMPRIMENTO: 59, DIÂMETRO: 19, DIÂMETRO ROSCA: 1/2, FORMATO: HASTE HEXAGONAL, MATERIAL: AÇO, TIPO: A2, USO: SERRA COPO DE 14 A 300 MM","UN",15.0,80.0,1200.0,0.0,"2026-07-02"]
["UNIVERSIDADE FEDERAL DE GOIAS-UF/GO",153052.0,4835.0,"Material","153052-104/2026","SEINFRA - Materiais básicos de alvenaria para manutenção","Catálogo do Compras.gov.br","Material",5660.0,"CERCAS, GRADES E PORTÕES",901.0,"ARAME FARPADO",217669.0,"CARGA RUPTURA: 350, DIÂMETRO: 1,60, MATERIAL: AÇO, TORÇÃO: CONTÍNUA, TRATAMENTO SUPERFICIAL: GALVANIZADO, BITOLA: 16, COMPRIMENTO: 250, PESO: 10,60, DISTÂNCIA ENTRE FARPAS: 125","M",1500.0,1.2,1800.0,0.0,"2026-07-02"]
["UNIVERSIDADE FEDERAL DE GOIAS-UF/GO",153052.0,4836.0,"Material","153052-104/2026","SEINFRA - Materiais básicos de alvenaria para manutenção","Catálogo do Compras.gov.br","Material",5680.0,"MATERIAIS DIVERSOS PARA CONSTRUÇÃO",16397.0,"ADESIVO ESTRUTURAL",254278.0,"APRESENTAÇÃO: BICOMPONENTE, ASPECTO FÍSICO: PASTOSO, COMPOSIÇÃO: RESINA EPÓXI, COR: CINZA-CLARO","KG",30.0,109.0,3270.0,0.0,"2026-07-02"]
["UNIVERSIDADE FEDERAL DE GOIAS-UF/GO",153052.0,4837.0,"Material","153052-104/2026","SEINFRA - Materiais básicos de alvenaria para manutenção","Catálogo do Compras.gov.br","Material",7230.0,"TAPEÇARIAS, CORTINAS E PERSIANAS",11739.0,"REVESTIMENTO DE PAREDE",238673.0,"MATERIAL: FIBRA DE POLIPROPILENO, TIPO: ACÚSTICO","UN",50.0,55.0,2750.0,0.0,"2026-07-02"]
["UNIVERSIDADE FEDERAL DE GOIAS-UF/GO",153052.0,4838.0,"Material","153052-104/2026","SEINFRA - Materiais básicos de alvenaria para manutenção","Catálogo do Compras.gov.br","Material",5680.0,"MATERIAIS DIVERSOS PARA CONSTRUÇÃO",816.0,"BETUME",377921.0,"APLICAÇÃO: PAVIMENTAÇÃO, COMPOSIÇÃO: MATERIAL BETUMINOSO, TIPO: ASFALTO, VISCOSIDADE CINEMÁTICA: CM-30","EMB",800.0,46.9,37520.0,0.0,"2026-07-02"]
["UNIVERSIDADE FEDERAL DE GOIAS-UF/GO",153052.0,4839.0,"Material","153052-104/2026","SEINFRA - Materiais básicos de alvenaria para manutenção","Catálogo do Compras.gov.br","Material",8020.0,"PINCEL PARA ARTISTAS E PINTORES",1567.0,"BROXA PINTURA",328973.0,"APLICAÇÃO: CAIAÇÃO E PISOS, BITOLA: 185 X 80, COR CABO: PRETA, FORMATO: RETANGULAR, MATERIAL BASE: PLÁSTICO, MATERIAL CABO: PLÁSTICO, MATERIAL CERDAS: SINTÉTICO E FIBRAS NATURAIS, TAMANHO: GRANDE","UN",110.0,12.0,1320.0,0.0,"2026-07-02"]
["UNIVERSIDADE FEDERAL DE GOIAS-UF/GO",153052.0,4840.0,"Material","153052-104/2026","SEINFRA - Materiais básicos de alvenaria para manutenção","Catálogo do Compras.gov.br","Material",5680.0,"MATERIAIS DIVERSOS PARA CONSTRUÇÃO",855.0,"MOURÃO CONCRETO",296274.0,"APLICAÇÃO: CERCA ARAME, CARACTERÍSTICAS ADICIONAIS: ARMADO, REFORÇADO, C/ GRAVATA, 24 FUROS, BASE 15 X, COMPRIMENTO TOTAL: 2,80, TIPO SEÇÃO: QUADRADA","UN",300.0,110.0,33000.0,0.0,"2026-07-02"]
["UNIVERSIDADE FEDERAL DE GOIAS-UF/GO",153052.0,4841.0,"Material","153052-104/2026","SEINFRA - Materiais básicos de alvenaria para manutenção","Catálogo do Compras.gov.br","Material",7510.0,"ARTIGOS PARA ESCRITÓRIO",18768.0,"LÁPIS",316333.0,"COR: PRETA, TIPO: CARPINTEIRO","UN",20.0,2.5,50.0,0.0,"2026-07-02"]
["UNIVERSIDADE FEDERAL DE GOIAS-UF/GO",153052.0,4842.0,"Material","153052-104/2026","SEINFRA - Materiais básicos de alvenaria para manutenção","Catálogo do Compras.gov.br","Material",7930.0,"COMPOSTOS E PREPARADOS PARA LIMPEZA E POLIMENTO",17562.0,"SOLUÇÃO LIMPADORA",392302.0,"APLICAÇÃO: LIMPEZA, ASPECTO FÍSICO: LÍQUIDO, CARACTERÍSTICAS ADICIONAIS: ÁLCOOL ISOPROPÍLICO","L",20.0,20.0,400.0,0.0,"2026-07-02"]
["UNIVERSIDADE FEDERAL DE GOIAS-UF/GO",153052.0,4843.0,"Material","153052-104/2026","SEINFRA - Materiais básicos de alvenaria para manutenção","Catálogo do Compras.gov.br","Material",8010.0,"TINTAS, VERNIZES E PRODUTOS CORRELATOS",11211.0,"SOLUÇÃO ASFÁLTICA",238555.0,"APLICAÇÃO: PINTURA DE IMPRIMAÇÃO EM IMPERMEABILIZAÇÃO, PROTE-, COMPOSIÇÃO: A BASE DE ASFALTO MODIFICADO, OXIDADO E SOLVENTE","UN",300.0,250.0,75000.0,0.0,"2026-07-02"]
["UNIVERSIDADE FEDERAL DE GOIAS-UF/GO",153052.0,4844.0,"Material","153052-104/2026","SEINFRA - Materiais básicos de alvenaria para manutenção","Catálogo do Compras.gov.br","Material",8020.0,"PINCEL PARA ARTISTAS E PINTORES",1567.0,"BROXA PINTURA",342279.0,"APLICAÇÃO: PINTURA E CAIAÇÃO, CARACTERÍSTICAS ADICIONAIS: CABO ANATÔMICO, COMPRIMENTO: 180, FORMATO: RETANGULAR, LARGURA: 80, MATERIAL BASE: POLIPROPILENO RECICLADO, MATERIAL CERDAS: PET BICOLOR","UN",70.0,12.0,840.0,0.0,"2026-07-02"]
["UNIVERSIDADE FEDERAL DE GOIAS-UF/GO",153052.0,4845.0,"Material","153052-104/2026","SEINFRA - Materiais básicos de alvenaria para manutenção","Catálogo do Compras.gov.br","Material",4720.0,"MANGUEIRAS E TUBULAÇÕES FLEXÍVEIS",615.0,"MANGUEIRA HIDRÁULICA",375372.0,"APLICAÇÃO: MEDIDA DE NÍVEL, CARACTERÍSTICAS ADICIONAIS: RESISTENTE A RISCOS, FLEXIVEL, TRANSPARENTE, DIÂMETRO INTERNO: 9,50, ESPESSURA PAREDE: 2, MATERIAL: PVC, TIPO: CRISTAL","RO",7.0,95.0,665.0,0.0,"2026-07-02"]
["UNIVERSIDADE FEDERAL DE GOIAS-UF/GO",153052.0,4846.0,"Material","153052-104/2026","SEINFRA - Materiais básicos de alvenaria para manutenção","Catálogo do Compras.gov.br","Material",5365.0,"ANÉIS, BUCHAS E ESPAÇADORES",634.0,"BUCHA PARAFUSO",249217.0,"MATERIAL: NÁILON, TAMANHO: S-6","C",90.0,40.0,3600.0,0.0,"2026-07-02"]
["UNIVERSIDADE FEDERAL DE GOIAS-UF/GO",153052.0,4847.0,"Material","153052-104/2026","SEINFRA - Materiais básicos de alvenaria para manutenção","Catálogo do Compras.gov.br","Material",5365.0,"ANÉIS, BUCHAS E ESPAÇADORES",634.0,"BUCHA PARAFUSO",254871.0,"MATERIAL: NÁILON, TAMANHO: S-12","C",20.0,68.0,1360.0,0.0,"2026-07-02"]
["UNIVERSIDADE FEDERAL DE GOIAS-UF/GO",153052.0,4848.0,"Material","153052-104/2026","SEINFRA - Materiais básicos de alvenaria para manutenção","Catálogo do Compras.gov.br","Material",5330.0,"GAXETAS E OUTROS MATERIAIS PARA VEDAÇÃO",9424.0,"MASSA CALAFETAR",225732.0,"APLICAÇÃO: CALAFETAÇÃO DE JUNTAS OU FENDAS DE GRANDES DIMEN-, CARACTERÍSTICAS ADICIONAIS: BOA ADERÊNCIA, NÃO SECA/ NÃO SE TORNA QUEBRADIÇO,, COMPRIMENTO: 770, CONSISTÊNCIA: MASSA, COR: CINZA, LARGURA: 6, PESO ESPECÍFICO: 1,50, QUANTIDADE FILETE: 320, TEMPERATURA CONSERVAÇÃO: 15 E 25, TIPO BASE: RESINAS E BORRACHAS SINTÉTICAS, TIPO RESISTÊNCIA: ÁGUA, USO: INDÚSTRIA GELADEIRA/REFRIGERADOR/AUTOMOBILÍSTICA","EMB",50.0,10.5,525.0,0.0,"2026-07-02"]
["UNIVERSIDADE FEDERAL DE GOIAS-UF/GO",153052.0,4849.0,"Material","153052-104/2026","SEINFRA - Materiais básicos de alvenaria para manutenção","Catálogo do Compras.gov.br","Material",5365.0,"ANÉIS, BUCHAS E ESPAÇADORES",634.0,"BUCHA PARAFUSO",245014.0,"MATERIAL: NÁILON, COMPRIMENTO: 6, ESPESSURA: 10","C",80.0,60.0,4800.0,0.0,"2026-07-02"]
["UNIVERSIDADE FEDERAL DE GOIAS-UF/GO",153052.0,4850.0,"Material","153052-104/2026","SEINFRA - Materiais básicos de alvenaria para manutenção","Catálogo do Compras.gov.br","Material",8040.0,"ADESIVOS",13894.0,"COLA",282967.0,"APLICAÇÃO: PAPEL, COMPOSIÇÃO: POLIVINIL ACETATO - PVA, COR: BRANCA, TIPO: PASTOSA","FR",75.0,28.0,2100.0,0.0,"2026-07-02"]
["UNIVERSIDADE FEDERAL DE GOIAS-UF/GO",153052.0,4851.0,"Material","153052-104/2026","SEINFRA - Materiais básicos de alvenaria para manutenção","Catálogo do Compras.gov.br","Material",9150.0,"ÓLEOS E GRAXAS PARA CORTE, LUBRIFICAÇÃO E SISTEMAS  HIDRÁULICOS",14780.0,"DESENGRIPANTE",602645.0,"APLICAÇÃO: USO GERAL, APRESENTAÇÃO: SPRAY, COMPOSIÇÃO: BASE SINTÉTICA BIODEGRADÁVEL","FR",200.0,12.0,2400.0,0.0,"2026-07-02"]
["UNIVERSIDADE FEDERAL DE GOIAS-UF/GO",153052.0,4852.0,"Material","153052-104/2026","SEINFRA - Materiais básicos de alvenaria para manutenção","Catálogo do Compras.gov.br","Material",8030.0,"COMPOSTOS PRESERVATIVOS E VEDANTES",9425.0,"MASSA PLÁSTICA",605486.0,"APLICAÇÃO: COLAGEM DE CUBAS, GRANITOS, MÁRMORE, CARACTERÍSTICAS ADICIONAIS: COM CATALISADOR, COMPOSIÇÃO BÁSICA: RESINA POLIÉSTER, MINERAIS E ADITIVOS","LT",250.0,20.0,5000.0,0.0,"2026-07-02"]
["UNIVERSIDADE FEDERAL DE GOIAS-UF/GO",153052.0,4853.0,"Material","153052-104/2026","SEINFRA - Materiais básicos de alvenaria para manutenção","Catálogo do Compras.gov.br","Material",8040.0,"ADESIVOS",17252.0,"ADESIVO VEDA-CALHA",454850.0,"APLICAÇÃO: CALHAS, TELHAS, RUFOS, PINGADEIRA, ASPECTO FÍSICO: FITA, CARACTERÍSTICAS ADICIONAIS: MANTA IMPERMEABILIZAÇÃO ALUMINIZADA, LARGURA: 90","BIS",500.0,19.0,9500.0,0.0,"2026-07-02"]
["UNIVERSIDADE FEDERAL DE GOIAS-UF/GO",153052.0,4854.0,"Material","153052-104/2026","SEINFRA - Materiais básicos de alvenaria para manutenção","Catálogo do Compras.gov.br","Material",8040.0,"ADESIVOS",2107.0,"ADESIVO USO GERAL",485295.0,"APLICAÇÃO: LIGANTE, APRESENTAÇÃO: LÍQUIDO PASTOSO, CARACTERÍSTICAS ADICIONAIS: SOLÚVEL EM ÁGUA, COMPOSIÇÃO: POLÍMEROS ACRÍLICOS, CARGAS MINERAIS, AGENTES ANTI","BIS",500.0,21.0,10500.0,0.0,"2026-07-02"]
["UNIVERSIDADE FEDERAL DE GOIAS-UF/GO",153052.0,4855.0,"Material","153052-104/2026","SEINFRA - Materiais básicos de alvenaria para manutenção","Catálogo do Compras.gov.br","Material",9999.0,"ITENS DIVERSOS",7049.0,"ESPUMA",389890.0,"APLICAÇÃO: VEDAÇÃO SUPERFÍCIES LISAS E POROSAS, ASPECTO FÍSICO: SPRAY, CARACTERÍSTICAS ADICIONAIS: EXPANSIVA, MATERIAL: POLIURETANO","UN",300.0,25.0,7500.0,0.0,"2026-07-02"]
["UNIVERSIDADE FEDERAL DE GOIAS-UF/GO",153052.0,4856.0,"Material","153052-104/2026","SEINFRA - Materiais básicos de alvenaria para manutenção","Catálogo do Compras.gov.br","Material",8030.0,"COMPOSTOS PRESERVATIVOS E VEDANTES",8295.0,"IMPERMEABILIZANTE",447134.0,"APLICAÇÃO: CONSTRUÇÃO CIVIL, CONCRETO E LAJES, ASPECTO FÍSICO: LÍQUIDO, COMPOSIÇÃO BÁSICA: EMULSÃO ACRÍLICA/CARGA MINERAL, COR: INCOLOR, DENSIDADE: 0,0 A 0,94, TIPO: RESINA ACRILICA","UN",100.0,1400.0,140000.0,0.0,"2026-07-02"]
["UNIVERSIDADE FEDERAL DE GOIAS-UF/GO",153052.0,4857.0,"Material","153052-104/2026","SEINFRA - Materiais básicos de alvenaria para manutenção","Catálogo do Compras.gov.br","Material",9505.0,"ARAMES DE FERRO E DE AÇO, NÃO UTILIZÁVEIS EM ELETRICIDADE",2969.0,"ARAME GALVANIZADO",265078.0,"MATERIAL: METAL, TIPO: Nº 14","UN",50.0,19.0,950.0,0.0,"2026-07-02"]
["UNIVERSIDADE FEDERAL DE GOIAS-UF/GO",153052.0,4858.0,"Material","153052-104/2026","SEINFRA - Materiais básicos de alvenaria para manutenção","Catálogo do Compras.gov.br","Material",9505.0,"ARAMES DE FERRO E DE AÇO, NÃO UTILIZÁVEIS EM ELETRICIDADE",2969.0,"ARAME GALVANIZADO",265080.0,"MATERIAL: METAL, TIPO: Nº 20","KG",60.0,26.0,1560.0,0.0,"2026-07-02"]
["UNIVERSIDADE FEDERAL DE GOIAS-UF/GO",153052.0,4859.0,"Material","153052-104/2026","SEINFRA - Materiais básicos de alvenaria para manutenção","Catálogo do Compras.gov.br","Material",9505.0,"ARAMES DE FERRO E DE AÇO, NÃO UTILIZÁVEIS EM ELETRICIDADE",2956.0,"ARAME",233211.0,"BITOLA: 18, CARACTERÍSTICAS ADICIONAIS: RECOZIDO, MATERIAL: FERRO, APLICAÇÃO: CONSTRUÇÃO CIVIL","KG",80.0,17.0,1360.0,0.0,"2026-07-02"]
["UNIVERSIDADE FEDERAL DE GOIAS-UF/GO",153052.0,4860.0,"Material","153052-104/2026","SEINFRA - Materiais básicos de alvenaria para manutenção","Catálogo do Compras.gov.br","Material",9510.0,"BARRAS E VERGALHÕES DE FERRO E DE AÇO",13390.0,"VERGALHÃO",372603.0,"BITOLA: 10, COMPRIMENTO: 12, MATERIAL: AÇO, TIPO: CA-50","UN",50.0,60.0,3000.0,0.0,"2026-07-02"]
["UNIVERSIDADE FEDERAL DE GOIAS-UF/GO",153052.0,4861.0,"Material","153052-104/2026","SEINFRA - Materiais básicos de alvenaria para manutenção","Catálogo do Compras.gov.br","Material",9510.0,"BARRAS E VERGALHÕES DE FERRO E DE AÇO",13391.0,"VERGALHÃO ARMAÇÃO CONCRETO",286717.0,"COMPRIMENTO: 12, MATERIAL: FERRO, TIPO: CA-50, APLICAÇÃO: CONSTRUÇÃO CIVIL, DIÂMETRO: 5","UN",200.0,60.0,12000.0,0.0,"2026-07-02"]
["UNIVERSIDADE FEDERAL DE GOIAS-UF/GO",153052.0,4862.0,"Material","153052-104/2026","SEINFRA - Materiais básicos de alvenaria para manutenção","Catálogo do Compras.gov.br","Material",9510.0,"BARRAS E VERGALHÕES DE FERRO E DE AÇO",13391.0,"VERGALHÃO ARMAÇÃO CONCRETO",255769.0,"COMPRIMENTO: 12, MATERIAL: FERRO, TIPO: CA-50, APLICAÇÃO: ARMAÇÃO VIGAS/PILARES E LAJES, DIÂMETRO: 6,30","UN",200.0,60.0,12000.0,0.0,"2026-07-02"]
["UNIVERSIDADE FEDERAL DE GOIAS-UF/GO",153052.0,4863.0,"Material","153052-104/2026","SEINFRA - Materiais básicos de alvenaria para manutenção","Catálogo do Compras.gov.br","Material",9510.0,"BARRAS E VERGALHÕES DE FERRO E DE AÇO",13391.0,"VERGALHÃO ARMAÇÃO CONCRETO",255769.0,"COMPRIMENTO: 12, MATERIAL: FERRO, TIPO: CA-50, APLICAÇÃO: ARMAÇÃO VIGAS/PILARES E LAJES, DIÂMETRO: 6,30","UN",130.0,60.0,7800.0,0.0,"2026-07-02"]
["UNIVERSIDADE FEDERAL DE GOIAS-UF/GO",153052.0,4864.0,"Material","153052-104/2026","SEINFRA - Materiais básicos de alvenaria para manutenção","Catálogo do Compras.gov.br","Material",9510.0,"BARRAS E VERGALHÕES DE FERRO E DE AÇO",13391.0,"VERGALHÃO ARMAÇÃO CONCRETO",255769.0,"COMPRIMENTO: 12, MATERIAL: FERRO, TIPO: CA-50, APLICAÇÃO: ARMAÇÃO VIGAS/PILARES E LAJES, DIÂMETRO: 6,30","UN",20.0,110.0,2200.0,0.0,"2026-07-02"]
["UNIVERSIDADE FEDERAL DE GOIAS-UF/GO",153052.0,4865.0,"Material","153052-104/2026","SEINFRA - Materiais básicos de alvenaria para manutenção","Catálogo do Compras.gov.br","Material",9510.0,"BARRAS E VERGALHÕES DE FERRO E DE AÇO",13391.0,"VERGALHÃO ARMAÇÃO CONCRETO",300465.0,"COMPRIMENTO: 12, MATERIAL: FERRO, TIPO: CA-50, APLICAÇÃO: CONSTRUÇÃO CIVIL, DIÂMETRO: 16","UN",10.0,140.0,1400.0,0.0,"2026-07-02"]
["UNIVERSIDADE FEDERAL DE GOIAS-UF/GO",153052.0,4866.0,"Material","153052-104/2026","SEINFRA - Materiais básicos de alvenaria para manutenção","Catálogo do Compras.gov.br","Material",8305.0,"TECIDOS",14236.0,"LONA PLÁSTICA",607702.0,"APLICAÇÃO: COBERTURA E PROTEÇÃO, CARACTERÍSTICAS ADICIONAIS: DUPLA FACE, COMPRIMENTO: 50, COR: PRETA E BRANCA, ESPESSURA: 200, LARGURA: 8, MATERIAL: POLIETILENO","RO",10.0,210.0,2100.0,0.0,"2026-07-02"]
["UNIVERSIDADE FEDERAL DE GOIAS-UF/GO",153052.0,4867.0,"Material","153052-104/2026","SEINFRA - Materiais básicos de alvenaria para manutenção","Catálogo do Compras.gov.br","Material",8040.0,"ADESIVOS",10792.0,"PISTOLA APLICADORA",351023.0,"APLICAÇÃO: SILICONE, CARACTERÍSTICAS ADICIONAIS: FERRO/ACIONADA POR ALAVANCA MANUAL","UN",60.0,20.0,1200.0,0.0,"2026-07-02"]
["UNIVERSIDADE FEDERAL DE GOIAS-UF/GO",153052.0,4868.0,"Material","153052-104/2026","SEINFRA - Materiais básicos de alvenaria para manutenção","Catálogo do Compras.gov.br","Material",9515.0,"PLACAS, CHAPAS, FITAS E LAMINADOS FINOS DE FERRO E DE AÇO",4842.0,"CHAPA METAL FERROSO",304433.0,"APLICAÇÃO: RUFO, LARGURA: 25, MATERIAL: CHAPA 26, TIPO: LISA, TRATAMENTO SUPERFICIAL: GALVANIZADO","UN",100.0,60.0,6000.0,0.0,"2026-07-02"]
["UNIVERSIDADE FEDERAL DE GOIAS-UF/GO",153052.0,4869.0,"Material","153052-104/2026","SEINFRA - Materiais básicos de alvenaria para manutenção","Catálogo do Compras.gov.br","Material",9515.0,"PLACAS, CHAPAS, FITAS E LAMINADOS FINOS DE FERRO E DE AÇO",4842.0,"CHAPA METAL FERROSO",283836.0,"APLICAÇÃO: SERRALHERIA, COMPRIMENTO: 2,20, ESPESSURA: CHAPA 26, LARGURA: 1,00, MATERIAL: FERRO, TIPO: LISA, TRATAMENTO SUPERFICIAL: GALVANIZADO","UN",100.0,60.0,6000.0,0.0,"2026-07-02"]
["UNIVERSIDADE FEDERAL DE GOIAS-UF/GO",153052.0,4870.0,"Material","153052-104/2026","SEINFRA - Materiais básicos de alvenaria para manutenção","Catálogo do Compras.gov.br","Material",9515.0,"PLACAS, CHAPAS, FITAS E LAMINADOS FINOS DE FERRO E DE AÇO",4842.0,"CHAPA METAL FERROSO",283836.0,"APLICAÇÃO: SERRALHERIA, COMPRIMENTO: 2,20, ESPESSURA: CHAPA 26, LARGURA: 1,00, MATERIAL: FERRO, TIPO: LISA, TRATAMENTO SUPERFICIAL: GALVANIZADO","UN",100.0,60.0,6000.0,0.0,"2026-07-02"]
["UNIVERSIDADE FEDERAL DE GOIAS-UF/GO",153052.0,4871.0,"Material","153052-104/2026","SEINFRA - Materiais básicos de alvenaria para manutenção","Catálogo do Compras.gov.br","Material",9515.0,"PLACAS, CHAPAS, FITAS E LAMINADOS FINOS DE FERRO E DE AÇO",4842.0,"CHAPA METAL FERROSO",283836.0,"APLICAÇÃO: SERRALHERIA, COMPRIMENTO: 2,20, ESPESSURA: CHAPA 26, LARGURA: 1,00, MATERIAL: FERRO, TIPO: LISA, TRATAMENTO SUPERFICIAL: GALVANIZADO","UN",100.0,60.0,6000.0,0.0,"2026-07-02"]
["UNIVERSIDADE FEDERAL DE GOIAS-UF/GO",153052.0,4872.0,"Material","153052-104/2026","SEINFRA - Materiais básicos de alvenaria para manutenção","Catálogo do Compras.gov.br","Material",9515.0,"PLACAS, CHAPAS, FITAS E LAMINADOS FINOS DE FERRO E DE AÇO",4842.0,"CHAPA METAL FERROSO",283836.0,"APLICAÇÃO: SERRALHERIA, COMPRIMENTO: 2,20, ESPESSURA: CHAPA 26, LARGURA: 1,00, MATERIAL: FERRO, TIPO: LISA, TRATAMENTO SUPERFICIAL: GALVANIZADO","UN",100.0,60.0,6000.0,0.0,"2026-07-02"]
["UNIVERSIDADE FEDERAL DE GOIAS-UF/GO",153052.0,4873.0,"Material","153052-104/2026","SEINFRA - Materiais básicos de alvenaria para manutenção","Catálogo do Compras.gov.br","Material",8030.0,"COMPOSTOS PRESERVATIVOS E VEDANTES",8295.0,"IMPERMEABILIZANTE",329703.0,"APLICAÇÃO: JUNTA DE DILATAÇÃO, COMPOSIÇÃO BÁSICA: BASE POLIURETANO, COR: CINZA","UN",30.0,20.0,600.0,0.0,"2026-07-02"]
["UNIVERSIDADE FEDERAL DE GOIAS-UF/GO",153052.0,4874.0,"Material","153052-104/2026","SEINFRA - Materiais básicos de alvenaria para manutenção","Catálogo do Compras.gov.br","Material",8030.0,"COMPOSTOS PRESERVATIVOS E VEDANTES",8295.0,"IMPERMEABILIZANTE",329703.0,"APLICAÇÃO: JUNTA DE DILATAÇÃO, COMPOSIÇÃO BÁSICA: BASE POLIURETANO, COR: CINZA","UN",30.0,20.0,600.0,0.0,"2026-07-02"]
["UNIVERSIDADE FEDERAL DE GOIAS-UF/GO",153052.0,4875.0,"Material","153052-104/2026","SEINFRA - Materiais básicos de alvenaria para manutenção","Catálogo do Compras.gov.br","Material",8030.0,"COMPOSTOS PRESERVATIVOS E VEDANTES",8295.0,"IMPERMEABILIZANTE",224655.0,"APLICAÇÃO: CONCRETO E ARGAMASSA, COMPOSIÇÃO BÁSICA: SAIS METÁLICOS E SILICATOS, DENSIDADE: 1, FUNÇÃO: PROTEÇÃO CONTRA UMIDADE","UN",30.0,40.0,1200.0,0.0,"2026-07-02"]
["UNIVERSIDADE FEDERAL DE GOIAS-UF/GO",153052.0,4876.0,"Material","153052-104/2026","SEINFRA - Materiais básicos de alvenaria para manutenção","Catálogo do Compras.gov.br","Material",8030.0,"COMPOSTOS PRESERVATIVOS E VEDANTES",9119.0,"MANTA ASFÁLTICA",273508.0,"ACABAMENTO: LÂMINA DE ALUMÍNIO, APLICAÇÃO: IMPERMEABILIZAÇÃO E REVESTIMENTO, APRESENTAÇÃO: ROLO, COMPOSIÇÃO: ASFALTO MODIFICADO COM POLÍMEROS ELASTOMÉRICOS, ESPESSURA: 3, LARGURA: 20","UN",100.0,65.0,6500.0,0.0,"2026-07-02"]
["UNIVERSIDADE FEDERAL DE GOIAS-UF/GO",153052.0,4877.0,"Material","153052-104/2026","SEINFRA - Materiais básicos de alvenaria para manutenção","Catálogo do Compras.gov.br","Material",8030.0,"COMPOSTOS PRESERVATIVOS E VEDANTES",9119.0,"MANTA ASFÁLTICA",273508.0,"ACABAMENTO: LÂMINA DE ALUMÍNIO, APLICAÇÃO: IMPERMEABILIZAÇÃO E REVESTIMENTO, APRESENTAÇÃO: ROLO, COMPOSIÇÃO: ASFALTO MODIFICADO COM POLÍMEROS ELASTOMÉRICOS, ESPESSURA: 3, LARGURA: 20","UN",150.0,70.0,10500.0,0.0,"2026-07-02"]
["UNIVERSIDADE FEDERAL DE GOIAS-UF/GO",153052.0,4878.0,"Material","153052-104/2026","SEINFRA - Materiais básicos de alvenaria para manutenção","Catálogo do Compras.gov.br","Material",8030.0,"COMPOSTOS PRESERVATIVOS E VEDANTES",11212.0,"PRIMER",394533.0,"APLICAÇÃO: MANTA ASFÁLTICA, COMPONENTE BÁSICO: ASFALTO MODIFICADO, PLASTIFICANTES, SOLVENTES ORGÂ, FINALIDADE: ADERÊNCIA ENTRE SUPERFÍCIE DE CONCRETO E A  MANTA","UN",100.0,200.0,20000.0,0.0,"2026-07-02"]
["UNIVERSIDADE FEDERAL DE GOIAS-UF/GO",153052.0,4879.0,"Material","153052-104/2026","SEINFRA - Materiais básicos de alvenaria para manutenção","Catálogo do Compras.gov.br","Material",9390.0,"PRODUTOS DIVERSOS NÃO METÁLICOS",670.0,"TELA",357138.0,"APLICAÇÃO: TRINCA DE LAJES/PAREDES E JUNTA DE DILATAÇÃO, CARACTERÍSTICAS ADICIONAIS: AUTO-ADESIVA, ANTIMOFO E COM BANDAGEM CENTRAL, MATERIAL: POLIÉSTER","UN",150.0,20.0,3000.0,0.0,"2026-07-02"]
["UNIVERSIDADE FEDERAL DE GOIAS-UF/GO",153052.0,4880.0,"Material","153052-104/2026","SEINFRA - Materiais básicos de alvenaria para manutenção","Catálogo do Compras.gov.br","Material",9330.0,"ARTIGOS DE PLÁSTICO",17317.0,"ESPAÇADOR",479115.0,"APLICAÇÃO: CONSTRUÇÃO CIVIL, DIÂMETRO: 25, MATERIAL: PLÁSTICO, TIPO: CIRCULAR","UN",300.0,0.24,72.0,0.0,"2026-07-02"]
["UNIVERSIDADE FEDERAL DE GOIAS-UF/GO",153052.0,4881.0,"Material","153052-104/2026","SEINFRA - Materiais básicos de alvenaria para manutenção","Catálogo do Compras.gov.br","Material",9330.0,"ARTIGOS DE PLÁSTICO",17317.0,"ESPAÇADOR",617062.0,"APLICAÇÃO: NIVELAMENTO DE PISO, CARACTERÍSTICAS ADICIONAIS: RETANGULAR, COM ESPESSURA DE 2MM, MATERIAL: POLIPROPILENO, TIPO: CUNHA COM ESPAÇADOR","UN",4.0,100.0,400.0,0.0,"2026-07-02"]
["UNIVERSIDADE FEDERAL DE GOIAS-UF/GO",153052.0,4882.0,"Material","153052-104/2026","SEINFRA - Materiais básicos de alvenaria para manutenção","Catálogo do Compras.gov.br","Material",9330.0,"ARTIGOS DE PLÁSTICO",17317.0,"ESPAÇADOR",617062.0,"APLICAÇÃO: NIVELAMENTO DE PISO, CARACTERÍSTICAS ADICIONAIS: RETANGULAR, COM ESPESSURA DE 2MM, MATERIAL: POLIPROPILENO, TIPO: CUNHA COM ESPAÇADOR","UN",4.0,100.0,400.0,0.0,"2026-07-02"]
["UNIVERSIDADE FEDERAL DE GOIAS-UF/GO",153052.0,4883.0,"Material","153052-104/2026","SEINFRA - Materiais básicos de alvenaria para manutenção","Catálogo do Compras.gov.br","Material",9999.0,"ITENS DIVERSOS",8634.0,"CUNHA",447131.0,"APLICAÇÃO: REVESTIMENTO PORCELANATO, DIMENSÕES: 23, MATERIAL: PLÁSTICO","UN",10.0,25.0,250.0,0.0,"2026-07-02"]
["UNIVERSIDADE FEDERAL DE GOIAS-UF/GO",153052.0,4884.0,"Material","153052-104/2026","SEINFRA - Materiais básicos de alvenaria para manutenção","Catálogo do Compras.gov.br","Material",8040.0,"ADESIVOS",12066.0,"SELANTE ADESIVO",380751.0,"APLICAÇÃO: VEDAÇÃO SUPERFÍCIES LISAS E POROSAS, ASPECTO FÍSICO: PASTOSO, CARACTERÍSTICAS ADICIONAIS: VULCANIZA A TEMPERATURA AMBIENTE, COMPONENTE: MONOCOMPONENTE DE CURA NEUTRA, COR: PRETO, MATERIAL: À BASE DE BORRACHA DE SILICONE","UN",100.0,9.97,997.0,0.0,"2026-07-02"]
["UNIVERSIDADE FEDERAL DE GOIAS-UF/GO",153052.0,4885.0,"Material","153052-104/2026","SEINFRA - Materiais básicos de alvenaria para manutenção","Catálogo do Compras.gov.br","Material",8040.0,"ADESIVOS",13894.0,"COLA",284808.0,"APLICAÇÃO: PISTOLA QUENTE, CARACTERÍSTICAS ADICIONAIS: COM 11 MM DE DIÂMETRO E 30 CM DE COMPRIMENTO, COMPOSIÇÃO: SILICONE, TIPO: BASTÃO","UN",100.0,6.0,600.0,0.0,"2026-07-02"]
["UNIVERSIDADE FEDERAL DE GOIAS-UF/GO",153052.0,4689.0,"Serviço","153052-120/2026","SEINFRA - Serviço de execução da reforma elétrica e lógica da SEINFRA","Catálogo do Compras.gov.br","Serviço",546.0,"SERVIÇOS DE INSTALAÇÃO",null,null,5606.0,"INSTALAÇÃO / MANUTENÇÃO ELÉTRICA - PREDIAL, INDUSTRIAL","-",1.0,600000.0,600000.0,0.0,"2026-07-02"]
["UNIVERSIDADE FEDERAL DE GOIAS-UF/GO",153052.0,4887.0,"Material","153052-104/2026","SEINFRA - Materiais básicos de alvenaria para manutenção","Catálogo do Compras.gov.br","Material",8040.0,"ADESIVOS",2104.0,"ADESIVO COLAGEM",460844.0,"APLICAÇÃO: PLÁSTICOS, VIDROS E CERÂMICAS, COMPONENTES: BASE DE ACRÍLICO, CURA UV, TIPO: ALTO DESEMPENHO","UN",50.0,15.0,750.0,0.0,"2026-07-02"]
["UNIVERSIDADE FEDERAL DE GOIAS-UF/GO",153052.0,4889.0,"Serviço","153052-105/2026","SEINFRA - Contratação de coleta de resíduos recicláveis","Catálogo do Compras.gov.br","Serviço",942.0,"SERVIÇOS DE ELIMINAÇÃO DE REJEITOS",null,null,24708.0,"TRATAMENTO DE RESÍDUOS","-",20000.0,7.5,150000.0,0.0,"2026-07-02"]
["UNIVERSIDADE FEDERAL DE GOIAS-UF/GO",153052.0,4586.0,"Serviço","153052-100/2026","SEINFRA - Pagamento de taxas - Crea","Catálogo do Compras.gov.br","Serviço",979.0,"OUTROS SERVIÇOS DIVERSOS/MISCELÂNEA",null,null,16195.0,"RECOLHIMENTO DE TAXA / IMPOSTO / MULTA","-",1.0,6956.64,6956.64,0.0,"2026-06-02"]
["UNIVERSIDADE FEDERAL DE GOIAS-UF/GO",153052.0,4888.0,"Serviço","153052-118/2026","SEINFRA- Serviço de fornecimento de água/esgoto","Catálogo do Compras.gov.br","Serviço",692.0,"SERVIÇOS DE DISTRIBUIÇÃO DE ÁGUA ATRAVÉS DE TUBULAÇÃO",null,null,22845.0,"FORNECIMENTO DE ÁGUA E COLETA DE ESGOTO SANITÁRIO","-",1.0,3500000.0,3500000.0,0.0,"2026-01-02"]
["UNIVERSIDADE FEDERAL DE GOIAS-UF/GO",153052.0,4587.0,"Material","153052-122/2026","SEINFRA - MATERIAIS ELÉTRICOS","Catálogo do Compras.gov.br","Material",5920.0,"FUSÍVEIS INTERRUPTORES, ISOLANTES E PROTETORES",19217.0,"DETECTOR AUSENCIA TENSÃO",474815.0,"APLICAÇÃO: MEDIÇÃO REDE DE MÉDIA TENSÃO, FAIXA TENSÃO: 90 A 1.000, NORMAS TÉCNICAS: CATEGORIA DE SEGURANÇA: CAT IV 1000V, TIPO: POR CONTATO, USO: DETECÇÃO DE SEQUÊNCIA DE FASE","UN",2.0,449.99,899.98,0.0,"2026-07-02"]
["UNIVERSIDADE FEDERAL DE GOIAS-UF/GO",153052.0,4588.0,"Material","153052-122/2026","SEINFRA - MATERIAIS ELÉTRICOS","Catálogo do Compras.gov.br","Material",6110.0,"EQUIPAMENTOS DE CONTROLE ELÉTRICO",18723.0,"MÓDULO COMANDO",345108.0,"APLICAÇÃO: CENTRAL AR CONDICIONADO, REFERÊNCIA FABRICANTE: BRD 01768, TIPO: CONTROLE RCM","UN",100.0,27.76,2776.0,0.0,"2026-07-02"]
["UNIVERSIDADE FEDERAL DE GOIAS-UF/GO",153052.0,4589.0,"Material","153052-122/2026","SEINFRA - MATERIAIS ELÉTRICOS","Catálogo do Compras.gov.br","Material",8010.0,"TINTAS, VERNIZES E PRODUTOS CORRELATOS",12735.0,"TINTA ARTÍSTICA",423287.0,"APLICAÇÃO: ARTESANATOS, ROUPAS/TECIDOS, ARRANJOS FLORES SECAS, COMPOSIÇÃO: A BASE DE RESINA ACRÍLICA, COR: BRANCA, TIPO ACABAMENTO: FOSCO","UN",30.0,35.0,1050.0,0.0,"2026-07-02"]
["UNIVERSIDADE FEDERAL DE GOIAS-UF/GO",153052.0,4590.0,"Material","153052-122/2026","SEINFRA - MATERIAIS ELÉTRICOS","Catálogo do Compras.gov.br","Material",8010.0,"TINTAS, VERNIZES E PRODUTOS CORRELATOS",12735.0,"TINTA ARTÍSTICA",326449.0,"APLICAÇÃO: METAL, APRESENTAÇÃO: SPRAY, CARACTERÍSTICAS ADICIONAIS: ACETONA COM PIGMENTOS METÁLICOS, JATO DIRETO, COMPOSIÇÃO: A BASE DE RESINA ACRÍLICA, COR: PRETO FOSCO, TIPO: SECAGEM RÁPIDA","UN",15.0,35.0,525.0,0.0,"2026-07-02"]
["UNIVERSIDADE FEDERAL DE GOIAS-UF/GO",153052.0,4591.0,"Material","153052-122/2026","SEINFRA - MATERIAIS ELÉTRICOS","Catálogo do Compras.gov.br","Material",5325.0,"DISPOSITIVOS PARA FIXAÇÃO",578.0,"ABRAÇADEIRA",625050.0,"COMPRIMENTO TOTAL: 200, LARGURA: 4,5, MATERIAL: NÁILON 6.6","UN",50.0,42.19,2109.5,0.0,"2026-07-02"]
["UNIVERSIDADE FEDERAL DE GOIAS-UF/GO",153052.0,4592.0,"Material","153052-122/2026","SEINFRA - MATERIAIS ELÉTRICOS","Catálogo do Compras.gov.br","Material",5325.0,"DISPOSITIVOS PARA FIXAÇÃO",578.0,"ABRAÇADEIRA",447038.0,"APLICAÇÃO: FIXAÇÃO TUBOS E CANOS, COR: CINZA, DIÂMETRO AMARRAÇÃO: 1, MATERIAL: PVC - CLORETO DE POLIVINILA","UN",1000.0,8.19,8190.0,0.0,"2026-07-02"]
["UNIVERSIDADE FEDERAL DE GOIAS-UF/GO",153052.0,4593.0,"Material","153052-122/2026","SEINFRA - MATERIAIS ELÉTRICOS","Catálogo do Compras.gov.br","Material",6150.0,"EQUIPAMENTOS DIVERSOS PARA GERAÇÃO E DISTRIBUIÇÃO DE ENERGIA",3395.0,"BARRAMENTO",612495.0,"APLICAÇÃO: SISTEMAS DE ENERGIA SOLAR, CARACTERÍSTICAS ADICIONAIS: FORMATO TIPO PENTE, CORRENTE NOMINAL: 80, MATERIAL: COBRE, TIPO: MONOFÁSICO","UN",200.0,45.0,9000.0,0.0,"2026-07-02"]
["UNIVERSIDADE FEDERAL DE GOIAS-UF/GO",153052.0,4594.0,"Material","153052-122/2026","SEINFRA - MATERIAIS ELÉTRICOS","Catálogo do Compras.gov.br","Material",6150.0,"EQUIPAMENTOS DIVERSOS PARA GERAÇÃO E DISTRIBUIÇÃO DE ENERGIA",3395.0,"BARRAMENTO",600646.0,"APLICAÇÃO: INSTALAÇÃO ELÉTRICA, CARACTERÍSTICAS ADICIONAIS: BARRA COM 10 BORNES, CORRENTE NOMINAL: 450, TIPO: TERRA/NEUTRO","UN",100.0,29.89,2989.0,0.0,"2026-07-02"]
["UNIVERSIDADE FEDERAL DE GOIAS-UF/GO",153052.0,4595.0,"Material","153052-122/2026","SEINFRA - MATERIAIS ELÉTRICOS","Catálogo do Compras.gov.br","Material",6150.0,"EQUIPAMENTOS DIVERSOS PARA GERAÇÃO E DISTRIBUIÇÃO DE ENERGIA",3395.0,"BARRAMENTO",600646.0,"APLICAÇÃO: INSTALAÇÃO ELÉTRICA, CARACTERÍSTICAS ADICIONAIS: BARRA COM 10 BORNES, CORRENTE NOMINAL: 450, TIPO: TERRA/NEUTRO","UN",100.0,29.89,2989.0,0.0,"2026-07-02"]
["UNIVERSIDADE FEDERAL DE GOIAS-UF/GO",153052.0,4596.0,"Material","153052-122/2026","SEINFRA - MATERIAIS ELÉTRICOS","Catálogo do Compras.gov.br","Material",6150.0,"EQUIPAMENTOS DIVERSOS PARA GERAÇÃO E DISTRIBUIÇÃO DE ENERGIA",3395.0,"BARRAMENTO",300050.0,"APLICAÇÃO: INSTALAÇÃO ELÉTRICA, BITOLA: 3/16(ESPESSURA) X 3/8(LARGURA), MODELO: TN16SDIN, TIPO: TRIFÁSICO, USO: DISJUNTOR DIN 100A","UN",3.0,333.57,1000.71,0.0,"2026-07-02"]
["UNIVERSIDADE FEDERAL DE GOIAS-UF/GO",153052.0,4597.0,"Material","153052-122/2026","SEINFRA - MATERIAIS ELÉTRICOS","Catálogo do Compras.gov.br","Material",6150.0,"EQUIPAMENTOS DIVERSOS PARA GERAÇÃO E DISTRIBUIÇÃO DE ENERGIA",3395.0,"BARRAMENTO",300050.0,"APLICAÇÃO: INSTALAÇÃO ELÉTRICA, BITOLA: 3/16(ESPESSURA) X 3/8(LARGURA), MODELO: TN16SDIN, TIPO: TRIFÁSICO, USO: DISJUNTOR DIN 100A","UN",40.0,54.29,2171.6,0.0,"2026-07-02"]
["UNIVERSIDADE FEDERAL DE GOIAS-UF/GO",153052.0,4598.0,"Material","153052-122/2026","SEINFRA - MATERIAIS ELÉTRICOS","Catálogo do Compras.gov.br","Material",6150.0,"EQUIPAMENTOS DIVERSOS PARA GERAÇÃO E DISTRIBUIÇÃO DE ENERGIA",3395.0,"BARRAMENTO",292392.0,"APLICAÇÃO: PROTEÇÃO CIRCUITO ELÉTRICO, CARACTERÍSTICAS ADICIONAIS: 12 MÓDULOS, MODELO: 5ST2-903-OT, TIPO: TRIFÁSICO, USO: DISJUNTOR","UN",60.0,78.33,4699.8,0.0,"2026-07-02"]
["UNIVERSIDADE FEDERAL DE GOIAS-UF/GO",153052.0,4599.0,"Material","153052-122/2026","SEINFRA - MATERIAIS ELÉTRICOS","Catálogo do Compras.gov.br","Material",6150.0,"EQUIPAMENTOS DIVERSOS PARA GERAÇÃO E DISTRIBUIÇÃO DE ENERGIA",3395.0,"BARRAMENTO",610453.0,"APLICAÇÃO: PROTEÇÃO CIRCUITO ELÉTRICO, CARACTERÍSTICAS ADICIONAIS: 8 LIGAÇÕES, 500 V, CORRENTE NOMINAL: 80, MODELO: PINO BRF 3 X 4, TIPO: TRIFÁSICO, USO: DISJUNTOR","UN",60.0,68.82,4129.2,0.0,"2026-07-02"]
["UNIVERSIDADE FEDERAL DE GOIAS-UF/GO",153052.0,4600.0,"Material","153052-122/2026","SEINFRA - MATERIAIS ELÉTRICOS","Catálogo do Compras.gov.br","Material",6150.0,"EQUIPAMENTOS DIVERSOS PARA GERAÇÃO E DISTRIBUIÇÃO DE ENERGIA",3395.0,"BARRAMENTO",260829.0,"APLICAÇÃO: PROTEÇÃO CIRCUITO ELÉTRICO, BITOLA: 3/4 X 1/8, COMPRIMENTO: 2,5, USO: DISJUNTOR DIN 146A","UN",3.0,306.84,920.52,0.0,"2026-07-02"]
["UNIVERSIDADE FEDERAL DE GOIAS-UF/GO",153052.0,4601.0,"Material","153052-122/2026","SEINFRA - MATERIAIS ELÉTRICOS","Catálogo do Compras.gov.br","Material",5935.0,"CONECTORES ELÉTRICOS",14963.0,"CONEXÃO ELETRODUTO",236178.0,"ACABAMENTO SUPERFICIAL: PINTURA EPÓXI-POLIESTER, APLICAÇÃO: BOX ELETRODUTO, BITOLA: 1, CARACTERÍSTICAS ADICIONAIS: COM ROSCA, MATERIAL: ALUMÍNIO SILÍCIO, TIPO: RETO","UN",8700.0,1.53,13311.0,0.0,"2026-07-02"]
["UNIVERSIDADE FEDERAL DE GOIAS-UF/GO",153052.0,4602.0,"Material","153052-122/2026","SEINFRA - MATERIAIS ELÉTRICOS","Catálogo do Compras.gov.br","Material",5935.0,"CONECTORES ELÉTRICOS",14963.0,"CONEXÃO ELETRODUTO",236178.0,"ACABAMENTO SUPERFICIAL: PINTURA EPÓXI-POLIESTER, APLICAÇÃO: BOX ELETRODUTO, BITOLA: 1, CARACTERÍSTICAS ADICIONAIS: COM ROSCA, MATERIAL: ALUMÍNIO SILÍCIO, TIPO: RETO","UN",50.0,3.35,167.5,0.0,"2026-07-02"]
["UNIVERSIDADE FEDERAL DE GOIAS-UF/GO",153052.0,4603.0,"Material","153052-122/2026","SEINFRA - MATERIAIS ELÉTRICOS","Catálogo do Compras.gov.br","Material",5930.0,"CHAVES ELÉTRICAS",14517.0,"CONTATOR",434156.0,"APLICAÇÃO: AR CONDICIONADO, CORRENTE TÉRMICA NOMINAL: 32, FREQUÊNCIA: 60, MODELO: CWM32 (WEG), NÚMERO E TIPO DE CONTATOS PRINCIPAIS: 4NA, NÚMERO PÓLOS: 4, SISTEMA FIXAÇÃO: EM TRILHO DIN, TENSÃO NOMINAL BOBINA: 220","UN",100.0,345.4,34540.0,0.0,"2026-07-02"]
["UNIVERSIDADE FEDERAL DE GOIAS-UF/GO",153052.0,4604.0,"Material","153052-122/2026","SEINFRA - MATERIAIS ELÉTRICOS","Catálogo do Compras.gov.br","Material",5930.0,"CHAVES ELÉTRICAS",14517.0,"CONTATOR",248140.0,"CORRENTE TRABALHO: 32, FREQUÊNCIA: 60, TENSÃO NOMINAL BOBINA: 220, TIPO: 2NA + 2NF / TRIPOLAR","UN",150.0,188.76,28314.0,0.0,"2026-07-02"]
["UNIVERSIDADE FEDERAL DE GOIAS-UF/GO",153052.0,4605.0,"Material","153052-122/2026","SEINFRA - MATERIAIS ELÉTRICOS","Catálogo do Compras.gov.br","Material",5925.0,"DISJUNTORES",4.0,"DISJUNTOR BAIXA TENSÃO",337817.0,"CORRENTE NOMINAL: 16, CURVA DE DISPARO: C, NÚMERO DE FASES: MONOFÁSICO, REFERÊNCIA: SISTEMA N","UN",300.0,8.37,2511.0,0.0,"2026-07-02"]
["UNIVERSIDADE FEDERAL DE GOIAS-UF/GO",153052.0,4606.0,"Material","153052-122/2026","SEINFRA - MATERIAIS ELÉTRICOS","Catálogo do Compras.gov.br","Material",5925.0,"DISJUNTORES",4.0,"DISJUNTOR BAIXA TENSÃO",337818.0,"CORRENTE NOMINAL: 20, CURVA DE DISPARO: C, NÚMERO DE FASES: MONOFÁSICO, REFERÊNCIA: SISTEMA N","UN",300.0,8.37,2511.0,0.0,"2026-07-02"]
["UNIVERSIDADE FEDERAL DE GOIAS-UF/GO",153052.0,4607.0,"Material","153052-122/2026","SEINFRA - MATERIAIS ELÉTRICOS","Catálogo do Compras.gov.br","Material",5925.0,"DISJUNTORES",4.0,"DISJUNTOR BAIXA TENSÃO",337895.0,"CORRENTE NOMINAL: 20, CURVA DE DISPARO: C, NÚMERO DE FASES: TRIFÁSICO, REFERÊNCIA: SISTEMA N","UN",20.0,58.83,1176.6,0.0,"2026-07-02"]
["UNIVERSIDADE FEDERAL DE GOIAS-UF/GO",153052.0,4608.0,"Material","153052-122/2026","SEINFRA - MATERIAIS ELÉTRICOS","Catálogo do Compras.gov.br","Material",5925.0,"DISJUNTORES",4.0,"DISJUNTOR BAIXA TENSÃO",337819.0,"CORRENTE NOMINAL: 25, CURVA DE DISPARO: C, NÚMERO DE FASES: MONOFÁSICO, REFERÊNCIA: SISTEMA N","UN",300.0,8.37,2511.0,0.0,"2026-07-02"]
["UNIVERSIDADE FEDERAL DE GOIAS-UF/GO",153052.0,4609.0,"Material","153052-122/2026","SEINFRA - MATERIAIS ELÉTRICOS","Catálogo do Compras.gov.br","Material",5925.0,"DISJUNTORES",4.0,"DISJUNTOR BAIXA TENSÃO",337899.0,"CORRENTE NOMINAL: 25, CURVA DE DISPARO: C, NÚMERO DE FASES: TRIFÁSICO, REFERÊNCIA: SISTEMA N","UN",20.0,58.83,1176.6,0.0,"2026-07-02"]
["UNIVERSIDADE FEDERAL DE GOIAS-UF/GO",153052.0,4610.0,"Material","153052-122/2026","SEINFRA - MATERIAIS ELÉTRICOS","Catálogo do Compras.gov.br","Material",5925.0,"DISJUNTORES",4.0,"DISJUNTOR BAIXA TENSÃO",337857.0,"CORRENTE NOMINAL: 32, CURVA DE DISPARO: C, NÚMERO DE FASES: MONOFÁSICO, REFERÊNCIA: SISTEMA N","UN",200.0,8.37,1674.0,0.0,"2026-07-02"]
["UNIVERSIDADE FEDERAL DE GOIAS-UF/GO",153052.0,4611.0,"Material","153052-122/2026","SEINFRA - MATERIAIS ELÉTRICOS","Catálogo do Compras.gov.br","Material",5925.0,"DISJUNTORES",4.0,"DISJUNTOR BAIXA TENSÃO",337902.0,"CORRENTE NOMINAL: 32, CURVA DE DISPARO: C, NÚMERO DE FASES: TRIFÁSICO, REFERÊNCIA: SISTEMA N","UN",40.0,58.83,2353.2,0.0,"2026-07-02"]
["UNIVERSIDADE FEDERAL DE GOIAS-UF/GO",153052.0,4612.0,"Material","153052-122/2026","SEINFRA - MATERIAIS ELÉTRICOS","Catálogo do Compras.gov.br","Material",5925.0,"DISJUNTORES",4.0,"DISJUNTOR BAIXA TENSÃO",337858.0,"CORRENTE NOMINAL: 40, CURVA DE DISPARO: C, NÚMERO DE FASES: MONOFÁSICO, REFERÊNCIA: SISTEMA N","UN",100.0,12.42,1242.0,0.0,"2026-07-02"]
["UNIVERSIDADE FEDERAL DE GOIAS-UF/GO",153052.0,4613.0,"Material","153052-122/2026","SEINFRA - MATERIAIS ELÉTRICOS","Catálogo do Compras.gov.br","Material",5925.0,"DISJUNTORES",4.0,"DISJUNTOR BAIXA TENSÃO",337907.0,"CORRENTE NOMINAL: 40, CURVA DE DISPARO: C, NÚMERO DE FASES: TRIFÁSICO, REFERÊNCIA: SISTEMA N","UN",50.0,58.83,2941.5,0.0,"2026-07-02"]
["UNIVERSIDADE FEDERAL DE GOIAS-UF/GO",153052.0,4614.0,"Material","153052-122/2026","SEINFRA - MATERIAIS ELÉTRICOS","Catálogo do Compras.gov.br","Material",5925.0,"DISJUNTORES",4.0,"DISJUNTOR BAIXA TENSÃO",337859.0,"CORRENTE NOMINAL: 50, CURVA DE DISPARO: C, NÚMERO DE FASES: MONOFÁSICO, REFERÊNCIA: SISTEMA N","UN",100.0,12.42,1242.0,0.0,"2026-07-02"]
["UNIVERSIDADE FEDERAL DE GOIAS-UF/GO",153052.0,4615.0,"Material","153052-122/2026","SEINFRA - MATERIAIS ELÉTRICOS","Catálogo do Compras.gov.br","Material",5925.0,"DISJUNTORES",4.0,"DISJUNTOR BAIXA TENSÃO",368385.0,"APLICAÇÃO: PROTEÇÃO QUADRO ELÉTRICO, CORRENTE NOMINAL: 50, CURVA DE DISPARO: C, NÚMERO DE FASES: TRIFÁSICO, REFERÊNCIA: SISTEMA W","UN",50.0,58.83,2941.5,0.0,"2026-07-02"]
["UNIVERSIDADE FEDERAL DE GOIAS-UF/GO",153052.0,4616.0,"Material","153052-122/2026","SEINFRA - MATERIAIS ELÉTRICOS","Catálogo do Compras.gov.br","Material",5925.0,"DISJUNTORES",4.0,"DISJUNTOR BAIXA TENSÃO",337910.0,"CORRENTE NOMINAL: 63, CURVA DE DISPARO: C, NÚMERO DE FASES: TRIFÁSICO, REFERÊNCIA: SISTEMA N","UN",20.0,70.27,1405.4,0.0,"2026-07-02"]
["UNIVERSIDADE FEDERAL DE GOIAS-UF/GO",153052.0,4617.0,"Material","153052-122/2026","SEINFRA - MATERIAIS ELÉTRICOS","Catálogo do Compras.gov.br","Material",5925.0,"DISJUNTORES",4.0,"DISJUNTOR BAIXA TENSÃO",458533.0,"APLICAÇÃO: INSTALAÇÕES ELÉTRICAS, CARACTERÍSTICAS ADICIONAIS: TRIPOLAR, CAIXA MOLDADA, TENSÃO DE ISOLAMENTO 800V, CORRENTE NOMINAL: 150, CURVA DE DISPARO: C, FREQÜÊNCIA NOMINAL: 50/60, FUNCIONAMENTO: TERMOMAGNÉTICO, PADRÃO: DIN, TENSÃO NOMINAL: 690, TIPO: STECK, SDLS150","UN",10.0,320.92,3209.2,0.0,"2026-07-02"]
["UNIVERSIDADE FEDERAL DE GOIAS-UF/GO",153052.0,4618.0,"Material","153052-122/2026","SEINFRA - MATERIAIS ELÉTRICOS","Catálogo do Compras.gov.br","Material",5925.0,"DISJUNTORES",4.0,"DISJUNTOR BAIXA TENSÃO",262311.0,"CARACTERÍSTICAS ADICIONAIS: CONSTRUÇÃO MONOBLOCO, CORRENTE NOMINAL: 80, FREQÜÊNCIA NOMINAL: 60, FUNCIONAMENTO: TERMOMAGNÉTICO, TENSÃO MÁXIMA OPERAÇÃO: 380, MODELO: CAIXA MOLDADA, NÚMERO PÓLOS: 3, CAPACIDADE INTERRUPÇÃO SIMÉTRICA: 10/380, NORMAS TÉCNICAS: NBR 5361 E 8176","UN",10.0,285.3,2853.0,0.0,"2026-07-02"]
["UNIVERSIDADE FEDERAL DE GOIAS-UF/GO",153052.0,4619.0,"Material","153052-122/2026","SEINFRA - MATERIAIS ELÉTRICOS","Catálogo do Compras.gov.br","Material",5925.0,"DISJUNTORES",4.0,"DISJUNTOR BAIXA TENSÃO",484202.0,"APLICAÇÃO: INSTALAÇÕES ELÉTRICAS, CORRENTE NOMINAL: 100, CURVA DE DISPARO: C, FUNCIONAMENTO: TERMOMAGNÉTICO, NÚMERO DE FASES: TRIPOLAR, PADRÃO: DIN, TENSÃO MÁXIMA OPERAÇÃO: 127/220","UN",40.0,285.3,11412.0,0.0,"2026-07-02"]
["UNIVERSIDADE FEDERAL DE GOIAS-UF/GO",153052.0,4620.0,"Material","153052-122/2026","SEINFRA - MATERIAIS ELÉTRICOS","Catálogo do Compras.gov.br","Material",5930.0,"CHAVES ELÉTRICAS",472.0,"INTERRUPTOR",452719.0,"ACABAMENTO: COM PLACA E PARAFUSO, APLICAÇÃO: CAIXA 4 X 2 POL, CORRENTE NOMINAL: 10, FORMATO: RETANGULAR, MATERIAL: TERMOPLÁSTICO AUTO-EXTINGUÍVEL, POSIÇÃO RELATIVA: EMBUTIR, QUANTIDADE SEÇÕES: 1, TENSÃO NOMINAL: 250, TIPO: PARALELO_(THREE-WAY), TIPO ACIONAMENTO: TECLA SIMPLES VERTICAL","UN",100.0,8.92,892.0,0.0,"2026-07-02"]
["UNIVERSIDADE FEDERAL DE GOIAS-UF/GO",153052.0,4621.0,"Material","153052-122/2026","SEINFRA - MATERIAIS ELÉTRICOS","Catálogo do Compras.gov.br","Material",5930.0,"CHAVES ELÉTRICAS",472.0,"INTERRUPTOR",617244.0,"ACABAMENTO: COM PLACA E PARAFUSO, APLICAÇÃO: CAIXA 4 X 2 POL, CORRENTE NOMINAL: 10, FORMATO: RETANGULAR, MATERIAL: TERMOPLÁSTICO AUTO-EXTINGUÍVEL, POSIÇÃO RELATIVA: EMBUTIR, QUANTIDADE SEÇÕES: 2, TENSÃO NOMINAL: 250, TIPO: PARALELO_(THREE-WAY), TIPO ACIONAMENTO: TECLA SIMPLES VERTICAL","UN",100.0,22.56,2256.0,0.0,"2026-07-02"]
["UNIVERSIDADE FEDERAL DE GOIAS-UF/GO",153052.0,4622.0,"Material","153052-122/2026","SEINFRA - MATERIAIS ELÉTRICOS","Catálogo do Compras.gov.br","Material",5945.0,"RELÉS E SOLENÓIDES",18829.0,"RELÉ FALTA DE FASE E TERRA",485344.0,"APLICAÇÃO: QUADRO ELÉTRICO, CARACTERÍSTICAS ADICIONAIS: SENSIBILIDADE: 3 A 15%, TENSAO DE ISOLACAO: 600V, FREQUÊNCIA NOMINAL: 60, NÚMERO DE FASES: TRIFÁSICO, TENSÃO ALIMENTAÇÃO: 208/480, TIPO CONSTRUTIVO: ELETRÔNICO","UN",150.0,111.31,16696.5,0.0,"2026-07-02"]
["UNIVERSIDADE FEDERAL DE GOIAS-UF/GO",153052.0,4623.0,"Material","153052-122/2026","SEINFRA - MATERIAIS ELÉTRICOS","Catálogo do Compras.gov.br","Material",6250.0,"LUSTRES, SUPORTES PARA LÂMPADAS E ELEMENTOS DE PARTIDA",833.0,"SOQUETE LÂMPADA",402151.0,"CARACTERÍSTICAS ADICIONAIS: SEM RABICHO, CORRENTE NOMINAL: 2, MATERIAL: POLIPROPILENO, TENSÃO MÁXIMA OPERAÇÃO: 250, TIPO: PUSH-IN ANTIVIBRATÓRIO, TIPO BASE: G13 DE ENGATE RÁPIDO, TIPO BULBO: T8, TIPO LÂMPADA: FLUORESCENTE TUBULAR","UN",1000.0,3.77,3770.0,0.0,"2026-07-02"]
["UNIVERSIDADE FEDERAL DE GOIAS-UF/GO",153052.0,4624.0,"Material","153052-122/2026","SEINFRA - MATERIAIS ELÉTRICOS","Catálogo do Compras.gov.br","Material",6250.0,"LUSTRES, SUPORTES PARA LÂMPADAS E ELEMENTOS DE PARTIDA",833.0,"SOQUETE LÂMPADA",307381.0,"APLICAÇÃO: LÂMPADA INCANDESCENTE, CARACTERÍSTICAS ADICIONAIS: BOCAL, BASE E-27, MATERIAL: PORCELANA","UN",200.0,2.23,446.0,0.0,"2026-07-02"]
["UNIVERSIDADE FEDERAL DE GOIAS-UF/GO",153052.0,4625.0,"Material","153052-122/2026","SEINFRA - MATERIAIS ELÉTRICOS","Catálogo do Compras.gov.br","Material",6250.0,"LUSTRES, SUPORTES PARA LÂMPADAS E ELEMENTOS DE PARTIDA",833.0,"SOQUETE LÂMPADA",307381.0,"APLICAÇÃO: LÂMPADA INCANDESCENTE, CARACTERÍSTICAS ADICIONAIS: BOCAL, BASE E-27, MATERIAL: PORCELANA","UN",50.0,10.04,502.0,0.0,"2026-07-02"]
["UNIVERSIDADE FEDERAL DE GOIAS-UF/GO",153052.0,4626.0,"Material","153052-122/2026","SEINFRA - MATERIAIS ELÉTRICOS","Catálogo do Compras.gov.br","Material",5940.0,"BORNES, TERMINAIS E LÂMINAS TERMINAIS",14958.0,"TERMINAL ELÉTRICO",368617.0,"APLICAÇÃO: CABO ELÉTRICO FLEXÍVEL, FIXAÇÃO: POR COMPRESSÃO, MATERIAL: COBRE ELETROLÍTICO, SEÇÃO NOMINAL CONDUTOR: 70","UN",100.0,5.62,562.0,0.0,"2026-07-02"]
["UNIVERSIDADE FEDERAL DE GOIAS-UF/GO",153052.0,4627.0,"Material","153052-122/2026","SEINFRA - MATERIAIS ELÉTRICOS","Catálogo do Compras.gov.br","Material",5940.0,"BORNES, TERMINAIS E LÂMINAS TERMINAIS",14958.0,"TERMINAL ELÉTRICO",368617.0,"APLICAÇÃO: CABO ELÉTRICO FLEXÍVEL, FIXAÇÃO: POR COMPRESSÃO, MATERIAL: COBRE ELETROLÍTICO, SEÇÃO NOMINAL CONDUTOR: 70","UN",100.0,6.92,692.0,0.0,"2026-07-02"]
["UNIVERSIDADE FEDERAL DE GOIAS-UF/GO",153052.0,4628.0,"Material","153052-122/2026","SEINFRA - MATERIAIS ELÉTRICOS","Catálogo do Compras.gov.br","Material",5940.0,"BORNES, TERMINAIS E LÂMINAS TERMINAIS",14958.0,"TERMINAL ELÉTRICO",334469.0,"APLICAÇÃO: CONDUTOR DE 120 MM², DIAMETRO FURO: 10,5, FIXAÇÃO: POR COMPRESSÃO, FORMATO CORPO: FECHADO, MATERIAL: COBRE ELETROLÍTICO, REVESTIMENTO: ESTANHADO","UN",100.0,25.07,2507.0,0.0,"2026-07-02"]
["UNIVERSIDADE FEDERAL DE GOIAS-UF/GO",153052.0,4629.0,"Material","153052-122/2026","SEINFRA - MATERIAIS ELÉTRICOS","Catálogo do Compras.gov.br","Material",5940.0,"BORNES, TERMINAIS E LÂMINAS TERMINAIS",14958.0,"TERMINAL ELÉTRICO",344104.0,"DIAMETRO FURO: 6,5, FIXAÇÃO: APERTO MECÂNICO, MATERIAL: COBRE, SEÇÃO NOMINAL CONDUTOR: 35","UN",300.0,1.4,420.0,0.0,"2026-07-02"]
["UNIVERSIDADE FEDERAL DE GOIAS-UF/GO",153052.0,4630.0,"Material","153052-122/2026","SEINFRA - MATERIAIS ELÉTRICOS","Catálogo do Compras.gov.br","Material",5940.0,"BORNES, TERMINAIS E LÂMINAS TERMINAIS",14958.0,"TERMINAL ELÉTRICO",618586.0,"APLICAÇÃO: LIGAÇÃO ELÉTRICA, CARACTERÍSTICAS ADICIONAIS: 1 FURO PARA FIXAÇÃO PARA PARAFUSO M12, FIXAÇÃO: POR COMPRESSÃO, MATERIAL: COBRE, REVESTIMENTO: ESTANHADO, SEÇÃO NOMINAL CONDUTOR: 240","UN",50.0,25.07,1253.5,0.0,"2026-07-02"]
["UNIVERSIDADE FEDERAL DE GOIAS-UF/GO",153052.0,4631.0,"Material","153052-122/2026","SEINFRA - MATERIAIS ELÉTRICOS","Catálogo do Compras.gov.br","Material",5940.0,"BORNES, TERMINAIS E LÂMINAS TERMINAIS",14958.0,"TERMINAL ELÉTRICO",443559.0,"APLICAÇÃO: TERMINAÇÃO DE CONDUTORES DE COBRE A BARRAMENTOS, DIÂMETRO NOMINAL DO PARAFUSO: 10, FORMATO CORPO: FECHADO COM ENCAIXE, MATERIAL: COBRE, TERMINAL: CONTRÁTIL, TIPO: MECÂNICO","UN",200.0,2.3,460.0,0.0,"2026-07-02"]
["UNIVERSIDADE FEDERAL DE GOIAS-UF/GO",153052.0,4632.0,"Material","153052-122/2026","SEINFRA - MATERIAIS ELÉTRICOS","Catálogo do Compras.gov.br","Material",5940.0,"BORNES, TERMINAIS E LÂMINAS TERMINAIS",14958.0,"TERMINAL ELÉTRICO",443559.0,"APLICAÇÃO: TERMINAÇÃO DE CONDUTORES DE COBRE A BARRAMENTOS, DIÂMETRO NOMINAL DO PARAFUSO: 10, FORMATO CORPO: FECHADO COM ENCAIXE, MATERIAL: COBRE, TERMINAL: CONTRÁTIL, TIPO: MECÂNICO","UN",200.0,2.6,520.0,0.0,"2026-07-02"]
["UNIVERSIDADE FEDERAL DE GOIAS-UF/GO",153052.0,4633.0,"Material","153052-122/2026","SEINFRA - MATERIAIS ELÉTRICOS","Catálogo do Compras.gov.br","Material",5940.0,"BORNES, TERMINAIS E LÂMINAS TERMINAIS",14958.0,"TERMINAL ELÉTRICO",443559.0,"APLICAÇÃO: TERMINAÇÃO DE CONDUTORES DE COBRE A BARRAMENTOS, DIÂMETRO NOMINAL DO PARAFUSO: 10, FORMATO CORPO: FECHADO COM ENCAIXE, MATERIAL: COBRE, TERMINAL: CONTRÁTIL, TIPO: MECÂNICO","UN",100.0,9.74,974.0,0.0,"2026-07-02"]
["UNIVERSIDADE FEDERAL DE GOIAS-UF/GO",153052.0,4634.0,"Material","153052-122/2026","SEINFRA - MATERIAIS ELÉTRICOS","Catálogo do Compras.gov.br","Material",5940.0,"BORNES, TERMINAIS E LÂMINAS TERMINAIS",14958.0,"TERMINAL ELÉTRICO",443559.0,"APLICAÇÃO: TERMINAÇÃO DE CONDUTORES DE COBRE A BARRAMENTOS, DIÂMETRO NOMINAL DO PARAFUSO: 10, FORMATO CORPO: FECHADO COM ENCAIXE, MATERIAL: COBRE, TERMINAL: CONTRÁTIL, TIPO: MECÂNICO","UN",100.0,4.51,451.0,0.0,"2026-07-02"]
["UNIVERSIDADE FEDERAL DE GOIAS-UF/GO",153052.0,4635.0,"Material","153052-122/2026","SEINFRA - MATERIAIS ELÉTRICOS","Catálogo do Compras.gov.br","Material",5935.0,"CONECTORES ELÉTRICOS",484.0,"TOMADA",403135.0,"APLICAÇÃO: CAIXA 4 X 2 POL, CARACTERÍSTICAS ADICIONAIS: COM ESPELHO, CORRENTE NOMINAL: 20, FORMATO CONTATO: PINO CILÍNDRICO, MODELO: DUPLA, NORMAS TÉCNICAS: NBR14136 E IEC60.884, TENSÃO NOMINAL: 250, NÚMERO PÓLOS: 2 P + T","UN",1500.0,26.89,40335.0,0.0,"2026-07-02"]
["UNIVERSIDADE FEDERAL DE GOIAS-UF/GO",153052.0,4636.0,"Material","153052-122/2026","SEINFRA - MATERIAIS ELÉTRICOS","Catálogo do Compras.gov.br","Material",5935.0,"CONECTORES ELÉTRICOS",484.0,"TOMADA",460969.0,"APLICAÇÃO: INSTALAÇÃO ELÉTRICA, CARACTERÍSTICAS ADICIONAIS: SISTEMA X, 2 PINOS + TERRA, COR CORPO: BRANCA, CORRENTE NOMINAL: 10, MATERIAL: TERMOPLÁSTICO, MODELO: DUPLA, NORMAS TÉCNICAS: NBR 14136, TENSÃO NOMINAL: 250, TIPO: EXTERNA","UN",2000.0,16.56,33120.0,0.0,"2026-07-02"]
["UNIVERSIDADE FEDERAL DE GOIAS-UF/GO",153052.0,4637.0,"Material","153052-122/2026","SEINFRA - MATERIAIS ELÉTRICOS","Catálogo do Compras.gov.br","Material",5935.0,"CONECTORES ELÉTRICOS",484.0,"TOMADA",403136.0,"APLICAÇÃO: CAIXA 4 X 2 POL, CARACTERÍSTICAS ADICIONAIS: COM ESPELHO, CORRENTE NOMINAL: 20, FORMATO CONTATO: PINO CILÍNDRICO, MODELO: SIMPLES, NORMAS TÉCNICAS: NBR14136 E IEC60.884, TENSÃO NOMINAL: 250, NÚMERO PÓLOS: 2 P + T","UN",800.0,14.79,11832.0,0.0,"2026-07-02"]
["UNIVERSIDADE FEDERAL DE GOIAS-UF/GO",153052.0,4638.0,"Material","153052-122/2026","SEINFRA - MATERIAIS ELÉTRICOS","Catálogo do Compras.gov.br","Material",5935.0,"CONECTORES ELÉTRICOS",484.0,"TOMADA",243708.0,"CARACTERÍSTICAS ADICIONAIS: COM ESPELHO 4\" X 2\", COR CORPO: PRETA, CORRENTE NOMINAL: 10, FORMATO CONTATO: UNIVERSAL, MODELO: SIMPLES, NORMAS TÉCNICAS: NBR 6.147/80, TENSÃO NOMINAL: 250, TIPO: EMBUTIR, FORMATO CORPO: REDONDO, POSIÇÃO CONTATO: + 1 CONTATO T, NÚMERO PÓLOS: 2 P + T, NÚMERO CONTATO: 2","UN",800.0,8.54,6832.0,0.0,"2026-07-02"]
["UNIVERSIDADE FEDERAL DE GOIAS-UF/GO",153052.0,4639.0,"Material","153052-122/2026","SEINFRA - MATERIAIS ELÉTRICOS","Catálogo do Compras.gov.br","Material",5805.0,"EQUIPAMENTO TELEFÔNICO E TELEGRÁFICO",17485.0,"CHAVE CONECTORA/DESCONECTORA",261749.0,"COMPRIMENTO: 18, MATERIAL CORPO: PLÁSTICO, MATERIAL PONTA: AÇO","UN",10.0,21.7,217.0,0.0,"2026-07-02"]
["UNIVERSIDADE FEDERAL DE GOIAS-UF/GO",153052.0,4640.0,"Material","153052-122/2026","SEINFRA - MATERIAIS ELÉTRICOS","Catálogo do Compras.gov.br","Material",5935.0,"CONECTORES ELÉTRICOS",18833.0,"CONECTOR DERIVAÇÃO",336376.0,"CARACTERÍSTICAS ADICIONAIS: COM SEPARADOR, BIMETÁLICO, CORPO E PORCA FABRICADO, CÓDIGO: KSU25, SEÇÃO NOMINAL CONDUTOR: 25, TIPO CONSTRUTIVO: PARAFUSO FENDIDO","UN",100.0,3.9,390.0,0.0,"2026-07-02"]
["UNIVERSIDADE FEDERAL DE GOIAS-UF/GO",153052.0,4641.0,"Material","153052-122/2026","SEINFRA - MATERIAIS ELÉTRICOS","Catálogo do Compras.gov.br","Material",5935.0,"CONECTORES ELÉTRICOS",18833.0,"CONECTOR DERIVAÇÃO",336376.0,"CARACTERÍSTICAS ADICIONAIS: COM SEPARADOR, BIMETÁLICO, CORPO E PORCA FABRICADO, CÓDIGO: KSU25, SEÇÃO NOMINAL CONDUTOR: 25, TIPO CONSTRUTIVO: PARAFUSO FENDIDO","UN",100.0,19.07,1907.0,0.0,"2026-07-02"]
["UNIVERSIDADE FEDERAL DE GOIAS-UF/GO",153052.0,4642.0,"Material","153052-122/2026","SEINFRA - MATERIAIS ELÉTRICOS","Catálogo do Compras.gov.br","Material",5935.0,"CONECTORES ELÉTRICOS",18833.0,"CONECTOR DERIVAÇÃO",375062.0,"FIXAÇÃO DOS CONDUTORES: POR PORCA, MATERIAL: LIGA COBRE ESTANHADO, SEÇÃO NOMINAL CONDUTOR: 16, TIPO CONSTRUTIVO: PARAFUSO FENDIDO","UN",100.0,6.46,646.0,0.0,"2026-07-02"]
["UNIVERSIDADE FEDERAL DE GOIAS-UF/GO",153052.0,4643.0,"Material","153052-122/2026","SEINFRA - MATERIAIS ELÉTRICOS","Catálogo do Compras.gov.br","Material",5935.0,"CONECTORES ELÉTRICOS",18833.0,"CONECTOR DERIVAÇÃO",375062.0,"FIXAÇÃO DOS CONDUTORES: POR PORCA, MATERIAL: LIGA COBRE ESTANHADO, SEÇÃO NOMINAL CONDUTOR: 16, TIPO CONSTRUTIVO: PARAFUSO FENDIDO","UN",100.0,8.52,852.0,0.0,"2026-07-02"]
["UNIVERSIDADE FEDERAL DE GOIAS-UF/GO",153052.0,4644.0,"Material","153052-122/2026","SEINFRA - MATERIAIS ELÉTRICOS","Catálogo do Compras.gov.br","Material",5930.0,"CHAVES ELÉTRICAS",14517.0,"CONTATOR",426985.0,"CORRENTE TRABALHO: 80, FREQUÊNCIA: 60, MODELO: 3RT1045 (SIEMENS), NÚMERO E TIPO DE CONTATOS AUXILIARES: 2NA + 2NF, NÚMERO PÓLOS: 3, TAMANHO: S3, TENSÃO NOMINAL BOBINA: 220, TENSÃO TRABALHO: 380","UN",50.0,568.5,28425.0,0.0,"2026-07-02"]
["UNIVERSIDADE FEDERAL DE GOIAS-UF/GO",153052.0,4645.0,"Material","153052-122/2026","SEINFRA - MATERIAIS ELÉTRICOS","Catálogo do Compras.gov.br","Material",6110.0,"EQUIPAMENTOS DE CONTROLE ELÉTRICO",11360.0,"QUADRO DISTRIBUIÇÃO",394320.0,"BARRAMENTO: NEUTRO E TERRA, MATERIAL: CHAPA DE AÇO, POSIÇÃO RELATIVA: SOBREPOR, QUANTIDADE DE DISJUNTORES: 12","UN",100.0,134.6,13460.0,0.0,"2026-07-02"]
["UNIVERSIDADE FEDERAL DE GOIAS-UF/GO",153052.0,4646.0,"Material","153052-122/2026","SEINFRA - MATERIAIS ELÉTRICOS","Catálogo do Compras.gov.br","Material",6110.0,"EQUIPAMENTOS DE CONTROLE ELÉTRICO",11360.0,"QUADRO DISTRIBUIÇÃO",403123.0,"ACESSÓRIOS: DISPOSITIVO DR, BARRAMENTO: NEUTRO E TERRA, CARACTERÍSTICAS ADICIONAIS: USO INTERNO, COR: CINZA, GRAU PROTEÇÃO: IP 54, MATERIAL: AÇO COM TRATAMENTO ANTI-CORROSIVO, NORMAS TÉCNICAS: NBRIEC 60439-3, POSIÇÃO RELATIVA: SOBREPOR, QUANTIDADE DE DISJUNTORES: 24 DIN, QUANTIDADE FASES: 3, REVESTIMENTO: PINTURA A PÓ,POLYESTER E EPOXI","UN",100.0,249.38,24938.0,0.0,"2026-07-02"]
["UNIVERSIDADE FEDERAL DE GOIAS-UF/GO",153052.0,4647.0,"Material","153052-122/2026","SEINFRA - MATERIAIS ELÉTRICOS","Catálogo do Compras.gov.br","Material",6110.0,"EQUIPAMENTOS DE CONTROLE ELÉTRICO",11360.0,"QUADRO DISTRIBUIÇÃO",446477.0,"BARRAMENTO: BARRAMENTO EM COBRE, CARACTERÍSTICAS ADICIONAIS: PARA DISJUNTORES DIN, DE SOBREPOR, COR: BRANCA, MATERIAL: PVC, QUANTIDADE DE DISJUNTORES: 36","UN",100.0,540.47,54047.0,0.0,"2026-07-02"]
["UNIVERSIDADE FEDERAL DE GOIAS-UF/GO",153052.0,4648.0,"Material","153052-122/2026","SEINFRA - MATERIAIS ELÉTRICOS","Catálogo do Compras.gov.br","Material",5940.0,"BORNES, TERMINAIS E LÂMINAS TERMINAIS",14958.0,"TERMINAL ELÉTRICO",379931.0,"APLICAÇÃO: CABO ELÉTRICO, COMPONENTES: LUVA, FIXAÇÃO: POR COMPRESSÃO, MATERIAL: COBRE, REVESTIMENTO: ESTANHADO, SEÇÃO NOMINAL CONDUTOR: 16, TIPO: OLHAL","UN",300.0,1.66,498.0,0.0,"2026-07-02"]
["UNIVERSIDADE FEDERAL DE GOIAS-UF/GO",153052.0,4690.0,"Material","153052-103/2026","SEINFRA- Materias de refrigeração para manutenção","Catálogo do Compras.gov.br","Material",6830.0,"GASES COMPRIMIDOS E LIQUEFEITOS",14435.0,"GÁS REFRIGERANTE",232267.0,"APLICAÇÃO: SISTEMA DE AR CONDICIONADO CENTRAL, APRESENTAÇÃO: BOTIJÃO, TIPO: R-22","UN",50.0,1100.0,55000.0,0.0,"2026-06-02"]
["UNIVERSIDADE FEDERAL DE GOIAS-UF/GO",153052.0,4691.0,"Material","153052-103/2026","SEINFRA- Materias de refrigeração para manutenção","Catálogo do Compras.gov.br","Material",6830.0,"GASES COMPRIMIDOS E LIQUEFEITOS",14435.0,"GÁS REFRIGERANTE",613141.0,"APLICAÇÃO: SISTEMAS DE REFRIGERAÇÃO, APRESENTAÇÃO: CILINDRO, TIPO: R32","UN",50.0,589.0,29450.0,0.0,"2026-06-02"]
["UNIVERSIDADE FEDERAL DE GOIAS-UF/GO",153052.0,4692.0,"Material","153052-103/2026","SEINFRA- Materias de refrigeração para manutenção","Catálogo do Compras.gov.br","Material",6830.0,"GASES COMPRIMIDOS E LIQUEFEITOS",14435.0,"GÁS REFRIGERANTE",400047.0,"APLICAÇÃO: SISTEMA DE AR CONDICIONADO CENTRAL, ELEMENTO BÁSICO: DICLOROTRIFLUORETANO, TIPO: R410A","UN",100.0,940.0,94000.0,0.0,"2026-06-02"]
["UNIVERSIDADE FEDERAL DE GOIAS-UF/GO",153052.0,4693.0,"Material","153052-103/2026","SEINFRA- Materias de refrigeração para manutenção","Catálogo do Compras.gov.br","Material",6830.0,"GASES COMPRIMIDOS E LIQUEFEITOS",14435.0,"GÁS REFRIGERANTE",289396.0,"APLICAÇÃO: SISTEMA DE AR CONDICIONADO CENTRAL, TIPO: 134A","UN",5.0,876.0,4380.0,0.0,"2026-06-02"]
["UNIVERSIDADE FEDERAL DE GOIAS-UF/GO",153052.0,4694.0,"Material","153052-103/2026","SEINFRA- Materias de refrigeração para manutenção","Catálogo do Compras.gov.br","Material",6830.0,"GASES COMPRIMIDOS E LIQUEFEITOS",14435.0,"GÁS REFRIGERANTE",474272.0,"APLICAÇÃO: SISTEMAS DE REFRIGERAÇÃO, APRESENTAÇÃO: LATA, TIPO: R-600A","UN",10.0,77.9,779.0,0.0,"2026-06-02"]
["UNIVERSIDADE FEDERAL DE GOIAS-UF/GO",153052.0,4695.0,"Material","153052-103/2026","SEINFRA- Materias de refrigeração para manutenção","Catálogo do Compras.gov.br","Material",6830.0,"GASES COMPRIMIDOS E LIQUEFEITOS",14435.0,"GÁS REFRIGERANTE",393671.0,"APLICAÇÃO: SISTEMA DE AR CONDICIONADO, APRESENTAÇÃO: CILINDRO, TIPO: HCFC-141B","UN",10.0,4899.0,48990.0,0.0,"2026-06-02"]
["UNIVERSIDADE FEDERAL DE GOIAS-UF/GO",153052.0,4696.0,"Material","153052-103/2026","SEINFRA- Materias de refrigeração para manutenção","Catálogo do Compras.gov.br","Material",8120.0,"CILINDROS COMERCIAIS E INDUSTRIAIS PARA GASES",1178.0,"CILINDRO GÁS",441073.0,"CARACTERÍSTICAS ADICIONAIS: CILINDRO DESCARTÁVEL PARA MAÇARICO PORTÁTIL, MATERIAL: DESCARTÁVEL, TIPO GÁS: METIL ACETILENO PROPADIENO, VOLUME: 400","UN",50.0,59.0,2950.0,0.0,"2026-06-02"]
["UNIVERSIDADE FEDERAL DE GOIAS-UF/GO",153052.0,4697.0,"Material","153052-103/2026","SEINFRA- Materias de refrigeração para manutenção","Catálogo do Compras.gov.br","Material",6830.0,"GASES COMPRIMIDOS E LIQUEFEITOS",14435.0,"GÁS REFRIGERANTE",295474.0,"APLICAÇÃO: SISTEMA DE REFRIGERAÇÃO INDUSTRIAL, APRESENTAÇÃO: CILINDRO DESCARTÁVEL, ELEMENTO BÁSICO: SUVA, TIPO: R HP62 (404 A), PESO: 10,89","UN",5.0,589.0,2945.0,0.0,"2026-06-02"]
["UNIVERSIDADE FEDERAL DE GOIAS-UF/GO",153052.0,4698.0,"Material","153052-103/2026","SEINFRA- Materias de refrigeração para manutenção","Catálogo do Compras.gov.br","Material",6850.0,"ESPECIALIDADES QUÍMICAS DIVERSAS",12234.0,"LUBRIFICANTE MINERAL",482855.0,"APLICAÇÃO: LUBRIFICAÇÃO DE PEÇAS, CARACTERÍSTICAS ADICIONAIS: ANTICORROSIVO, COMPOSIÇÃO: ÓLEO MINERAL","UN",30.0,47.0,1410.0,0.0,"2026-06-02"]
["UNIVERSIDADE FEDERAL DE GOIAS-UF/GO",153052.0,4699.0,"Material","153052-103/2026","SEINFRA- Materias de refrigeração para manutenção","Catálogo do Compras.gov.br","Material",4710.0,"CANOS E TUBOS",808.0,"TUBO COBRE",289275.0,"APLICAÇÃO: REFRIGERAÇÃO, DIÂMETRO EXTERNO: 1/4, DIÂMETRO NOMINAL: 1/4, TIPO: FLEXÍVEL SEM COSTURA","UN",30.0,156.0,4680.0,0.0,"2026-06-02"]
["UNIVERSIDADE FEDERAL DE GOIAS-UF/GO",153052.0,4700.0,"Material","153052-103/2026","SEINFRA- Materias de refrigeração para manutenção","Catálogo do Compras.gov.br","Material",4710.0,"CANOS E TUBOS",808.0,"TUBO COBRE",338624.0,"APLICAÇÃO: AR CONDICIONADO, DIÂMETRO NOMINAL: 3/8, TIPO: FLEXÍVEL SEM COSTURA","UN",30.0,272.0,8160.0,0.0,"2026-06-02"]
["UNIVERSIDADE FEDERAL DE GOIAS-UF/GO",153052.0,4701.0,"Material","153052-103/2026","SEINFRA- Materias de refrigeração para manutenção","Catálogo do Compras.gov.br","Material",4710.0,"CANOS E TUBOS",808.0,"TUBO COBRE",338625.0,"APLICAÇÃO: AR CONDICIONADO, DIÂMETRO NOMINAL: 5/8, TIPO: FLEXÍVEL SEM COSTURA","UN",20.0,420.0,8400.0,0.0,"2026-06-02"]
["UNIVERSIDADE FEDERAL DE GOIAS-UF/GO",153052.0,4702.0,"Material","153052-103/2026","SEINFRA- Materias de refrigeração para manutenção","Catálogo do Compras.gov.br","Material",4710.0,"CANOS E TUBOS",808.0,"TUBO COBRE",344031.0,"APLICAÇÃO: AR CONDICIONADO, DIÂMETRO NOMINAL: 1/2, TIPO: FLEXÍVEL SEM COSTURA","UN",20.0,329.0,6580.0,0.0,"2026-06-02"]
["UNIVERSIDADE FEDERAL DE GOIAS-UF/GO",153052.0,4703.0,"Material","153052-103/2026","SEINFRA- Materias de refrigeração para manutenção","Catálogo do Compras.gov.br","Material",6145.0,"FIOS E CABOS ELÉTRICOS",4009.0,"CABO ELÉTRICO FLEXÍVEL",343152.0,"FORMAÇÃO CONDUTOR: 3 X 1,5, MATERIAL DO CONDUTOR: COBRE, MATERIAL ISOLAMENTO: PVC ANTI-CHAMA, TENSÃO ISOLAMENTO: 750, TIPO: PP MULTIPOLAR","UN",10.0,564.0,5640.0,0.0,"2026-06-02"]
["UNIVERSIDADE FEDERAL DE GOIAS-UF/GO",153052.0,4704.0,"Material","153052-103/2026","SEINFRA- Materias de refrigeração para manutenção","Catálogo do Compras.gov.br","Material",6145.0,"FIOS E CABOS ELÉTRICOS",4009.0,"CABO ELÉTRICO FLEXÍVEL",328986.0,"FORMAÇÃO DO CABO: 3 X 2,5, MATERIAL DO CONDUTOR: COBRE ELETROLÍTICO, TENSÃO ISOLAMENTO: 750, TIPO: PP MULTIPOLAR","UN",10.0,879.0,8790.0,0.0,"2026-06-02"]
["UNIVERSIDADE FEDERAL DE GOIAS-UF/GO",153052.0,4705.0,"Material","153052-103/2026","SEINFRA- Materias de refrigeração para manutenção","Catálogo do Compras.gov.br","Material",6145.0,"FIOS E CABOS ELÉTRICOS",4009.0,"CABO ELÉTRICO FLEXÍVEL",324953.0,"FORMAÇÃO DO CABO: 4 X 2,5, MATERIAL DO CONDUTOR: COBRE, TENSÃO ISOLAMENTO: 750, TIPO: PP, TÊMPERA CONDUTOR: MOLE","UN",30.0,749.0,22470.0,0.0,"2026-06-02"]
["UNIVERSIDADE FEDERAL DE GOIAS-UF/GO",153052.0,4706.0,"Material","153052-103/2026","SEINFRA- Materias de refrigeração para manutenção","Catálogo do Compras.gov.br","Material",6145.0,"FIOS E CABOS ELÉTRICOS",4009.0,"CABO ELÉTRICO FLEXÍVEL",458319.0,"FORMAÇÃO CONDUTOR: 5 X 2,5, MATERIAL DO CONDUTOR: COBRE, TIPO: PP","UN",5.0,665.0,3325.0,0.0,"2026-06-02"]
["UNIVERSIDADE FEDERAL DE GOIAS-UF/GO",153052.0,4707.0,"Material","153052-103/2026","SEINFRA- Materias de refrigeração para manutenção","Catálogo do Compras.gov.br","Material",6145.0,"FIOS E CABOS ELÉTRICOS",18604.0,"CABO ELÉTRICO ISOLADO",616155.0,"CLASSE DE ENCORDOAMENTO: 2, COR DO ISOLAMENTO: PRETA, MATERIAL CONDUTOR: COBRE ELETROLÍTICO, MATERIAL ISOLAMENTO: PVC BWF ANTICHAMA, NORMAS TÉCNICAS: NBR NM 247-3, NM 280, SEÇÃO NOMINAL: 1,5, TENSÃO ISOLAMENTO: 450/750, TÊMPERA CONDUTOR: MOLE","RO",5.0,149.0,745.0,0.0,"2026-06-02"]
["UNIVERSIDADE FEDERAL DE GOIAS-UF/GO",153052.0,4708.0,"Material","153052-103/2026","SEINFRA- Materias de refrigeração para manutenção","Catálogo do Compras.gov.br","Material",4130.0,"COMPONENTES DE EQUIPAMENTOS PARA REFRIGERAÇÃO E AR  CONDICIONADO",5501.0,"COMPRESSOR REFRIGERAÇÃO",467569.0,"APLICAÇÃO: AR CONDICIONADO, CAPACIDADE REFRIGERAÇÃO: 9.000, FREQÜÊNCIA: 60, TENSÃO: 220, TIPO: ROTATIVO","UN",10.0,544.0,5440.0,0.0,"2026-06-02"]
["UNIVERSIDADE FEDERAL DE GOIAS-UF/GO",153052.0,4709.0,"Material","153052-103/2026","SEINFRA- Materias de refrigeração para manutenção","Catálogo do Compras.gov.br","Material",4130.0,"COMPONENTES DE EQUIPAMENTOS PARA REFRIGERAÇÃO E AR  CONDICIONADO",5501.0,"COMPRESSOR REFRIGERAÇÃO",467569.0,"APLICAÇÃO: AR CONDICIONADO, CAPACIDADE REFRIGERAÇÃO: 9.000, FREQÜÊNCIA: 60, TENSÃO: 220, TIPO: ROTATIVO","UN",5.0,663.0,3315.0,0.0,"2026-06-02"]
["UNIVERSIDADE FEDERAL DE GOIAS-UF/GO",153052.0,4710.0,"Material","153052-103/2026","SEINFRA- Materias de refrigeração para manutenção","Catálogo do Compras.gov.br","Material",4130.0,"COMPONENTES DE EQUIPAMENTOS PARA REFRIGERAÇÃO E AR  CONDICIONADO",5501.0,"COMPRESSOR REFRIGERAÇÃO",264708.0,"APLICAÇÃO: AR CONDICIONADO, CAPACIDADE REFRIGERAÇÃO: 12000 BTU, FREQÜÊNCIA: 60, TENSÃO: 220, TIPO: HERMÉTICO ROTATIVO, MODELO: AK5512ES","UN",20.0,642.0,12840.0,0.0,"2026-06-02"]
["UNIVERSIDADE FEDERAL DE GOIAS-UF/GO",153052.0,4711.0,"Material","153052-103/2026","SEINFRA- Materias de refrigeração para manutenção","Catálogo do Compras.gov.br","Material",4130.0,"COMPONENTES DE EQUIPAMENTOS PARA REFRIGERAÇÃO E AR  CONDICIONADO",5501.0,"COMPRESSOR REFRIGERAÇÃO",364826.0,"APLICAÇÃO: AR CONDICIONADO, CAPACIDADE REFRIGERAÇÃO: 12.000, TENSÃO: 220, TIPO: HERMÉTICO ROTATIVO","UN",10.0,429.0,4290.0,0.0,"2026-06-02"]
["UNIVERSIDADE FEDERAL DE GOIAS-UF/GO",153052.0,4712.0,"Material","153052-103/2026","SEINFRA- Materias de refrigeração para manutenção","Catálogo do Compras.gov.br","Material",4130.0,"COMPONENTES DE EQUIPAMENTOS PARA REFRIGERAÇÃO E AR  CONDICIONADO",5501.0,"COMPRESSOR REFRIGERAÇÃO",478344.0,"APLICAÇÃO: AR CONDICIONADO, CAPACIDADE REFRIGERAÇÃO: 18.000, FREQÜÊNCIA: 50/60, TENSÃO: 208/230, TIPO: ROTATIVO","UN",30.0,846.0,25380.0,0.0,"2026-06-02"]
["UNIVERSIDADE FEDERAL DE GOIAS-UF/GO",153052.0,4713.0,"Material","153052-103/2026","SEINFRA- Materias de refrigeração para manutenção","Catálogo do Compras.gov.br","Material",4130.0,"COMPONENTES DE EQUIPAMENTOS PARA REFRIGERAÇÃO E AR  CONDICIONADO",5501.0,"COMPRESSOR REFRIGERAÇÃO",310245.0,"APLICAÇÃO: AR CONDICIONADO, CAPACIDADE REFRIGERAÇÃO: 18.000, TENSÃO: 220, TIPO: HERMÉTICO ROTATIVO","UN",5.0,861.0,4305.0,0.0,"2026-06-02"]
["UNIVERSIDADE FEDERAL DE GOIAS-UF/GO",153052.0,4714.0,"Material","153052-103/2026","SEINFRA- Materias de refrigeração para manutenção","Catálogo do Compras.gov.br","Material",4130.0,"COMPONENTES DE EQUIPAMENTOS PARA REFRIGERAÇÃO E AR  CONDICIONADO",5501.0,"COMPRESSOR REFRIGERAÇÃO",310245.0,"APLICAÇÃO: AR CONDICIONADO, CAPACIDADE REFRIGERAÇÃO: 18.000, TENSÃO: 220, TIPO: HERMÉTICO ROTATIVO","UN",20.0,1017.0,20340.0,0.0,"2026-06-02"]
["UNIVERSIDADE FEDERAL DE GOIAS-UF/GO",153052.0,4715.0,"Material","153052-103/2026","SEINFRA- Materias de refrigeração para manutenção","Catálogo do Compras.gov.br","Material",4130.0,"COMPONENTES DE EQUIPAMENTOS PARA REFRIGERAÇÃO E AR  CONDICIONADO",5501.0,"COMPRESSOR REFRIGERAÇÃO",376455.0,"CAPACIDADE REFRIGERAÇÃO: 24.000, TENSÃO: 220, TIPO: ROTATIVO","UN",5.0,949.0,4745.0,0.0,"2026-06-02"]
["UNIVERSIDADE FEDERAL DE GOIAS-UF/GO",153052.0,4716.0,"Material","153052-103/2026","SEINFRA- Materias de refrigeração para manutenção","Catálogo do Compras.gov.br","Material",4130.0,"COMPONENTES DE EQUIPAMENTOS PARA REFRIGERAÇÃO E AR  CONDICIONADO",5501.0,"COMPRESSOR REFRIGERAÇÃO",240693.0,"APLICAÇÃO: AR CONDICIONADO, CAPACIDADE REFRIGERAÇÃO: 30000 BTU, TENSÃO: 220/240, TIPO: HERMÉTICO ROTATIVO","UN",10.0,1470.0,14700.0,0.0,"2026-06-02"]
["UNIVERSIDADE FEDERAL DE GOIAS-UF/GO",153052.0,4717.0,"Material","153052-103/2026","SEINFRA- Materias de refrigeração para manutenção","Catálogo do Compras.gov.br","Material",4130.0,"COMPONENTES DE EQUIPAMENTOS PARA REFRIGERAÇÃO E AR  CONDICIONADO",5501.0,"COMPRESSOR REFRIGERAÇÃO",240693.0,"APLICAÇÃO: AR CONDICIONADO, CAPACIDADE REFRIGERAÇÃO: 30000 BTU, TENSÃO: 220/240, TIPO: HERMÉTICO ROTATIVO","UN",5.0,1470.0,7350.0,0.0,"2026-06-02"]
["UNIVERSIDADE FEDERAL DE GOIAS-UF/GO",153052.0,4718.0,"Material","153052-103/2026","SEINFRA- Materias de refrigeração para manutenção","Catálogo do Compras.gov.br","Material",4130.0,"COMPONENTES DE EQUIPAMENTOS PARA REFRIGERAÇÃO E AR  CONDICIONADO",5501.0,"COMPRESSOR REFRIGERAÇÃO",243684.0,"APLICAÇÃO: AR CONDICIONADO, CAPACIDADE REFRIGERAÇÃO: 60.000, POTÊNCIA: 5, TENSÃO: 380, TIPO: HERMÉTICO ALTERNATIVO","UN",10.0,2370.0,23700.0,0.0,"2026-06-02"]
["UNIVERSIDADE FEDERAL DE GOIAS-UF/GO",153052.0,4719.0,"Material","153052-103/2026","SEINFRA- Materias de refrigeração para manutenção","Catálogo do Compras.gov.br","Material",4130.0,"COMPONENTES DE EQUIPAMENTOS PARA REFRIGERAÇÃO E AR  CONDICIONADO",5501.0,"COMPRESSOR REFRIGERAÇÃO",386391.0,"APLICAÇÃO: AR CONDICIONADO, CAPACIDADE REFRIGERAÇÃO: 15, CARACTERÍSTICAS ADICIONAIS: GÁS R-22, TENSÃO: 220/380, TIPO: SCROLL","UN",4.0,21616.0,86464.0,0.0,"2026-06-02"]
["UNIVERSIDADE FEDERAL DE GOIAS-UF/GO",153052.0,4720.0,"Material","153052-103/2026","SEINFRA- Materias de refrigeração para manutenção","Catálogo do Compras.gov.br","Material",4130.0,"COMPONENTES DE EQUIPAMENTOS PARA REFRIGERAÇÃO E AR  CONDICIONADO",5501.0,"COMPRESSOR REFRIGERAÇÃO",386390.0,"APLICAÇÃO: AR CONDICIONADO, CAPACIDADE REFRIGERAÇÃO: 10, CARACTERÍSTICAS ADICIONAIS: GÁS R-22, TENSÃO: 220/380, TIPO: SCROLL","UN",2.0,16631.0,33262.0,0.0,"2026-06-02"]
["UNIVERSIDADE FEDERAL DE GOIAS-UF/GO",153052.0,4721.0,"Material","153052-103/2026","SEINFRA- Materias de refrigeração para manutenção","Catálogo do Compras.gov.br","Material",4130.0,"COMPONENTES DE EQUIPAMENTOS PARA REFRIGERAÇÃO E AR  CONDICIONADO",5501.0,"COMPRESSOR REFRIGERAÇÃO",484686.0,"APLICAÇÃO: REFRIGERADOR, CAPACIDADE REFRIGERAÇÃO: 20, CARACTERÍSTICAS ADICIONAIS: SCROLL, REFERÊNCIA: 3F-R22/R134A/R407C, MODELO SY240A3CBM, TENSÃO: 220","UN",1.0,40486.0,40486.0,0.0,"2026-06-02"]
["UNIVERSIDADE FEDERAL DE GOIAS-UF/GO",153052.0,4722.0,"Material","153052-103/2026","SEINFRA- Materias de refrigeração para manutenção","Catálogo do Compras.gov.br","Material",4130.0,"COMPONENTES DE EQUIPAMENTOS PARA REFRIGERAÇÃO E AR  CONDICIONADO",16936.0,"PEÇAS E ACESSÓRIOS APARELHO AR CONDICIONADO",459876.0,"APLICAÇÃO: AR CONDICIONADO SPLIT, CARACTERÍSTICAS ADICIONAIS: EVAPORADORA DO CONDICIONADOR DE AR, TIPO: PLACA DE COMANDO","UN",30.0,160.0,4800.0,0.0,"2026-06-02"]
["UNIVERSIDADE FEDERAL DE GOIAS-UF/GO",153052.0,4723.0,"Material","153052-103/2026","SEINFRA- Materias de refrigeração para manutenção","Catálogo do Compras.gov.br","Material",5910.0,"CAPACITORES",14774.0,"CAPACITOR",483533.0,"CAPACITÂNCIA: 1,5, MATERIAL: MICA METALIZADA, TENSÃO: 450 V, TIPO: DUPLO(FASE E PARTIDA)","UN",30.0,10.0,300.0,0.0,"2026-06-02"]
["UNIVERSIDADE FEDERAL DE GOIAS-UF/GO",153052.0,4724.0,"Material","153052-103/2026","SEINFRA- Materias de refrigeração para manutenção","Catálogo do Compras.gov.br","Material",5910.0,"CAPACITORES",14774.0,"CAPACITOR",296556.0,"APLICAÇÃO: EQUIPAMENTOS ELETRÔNICOS EM GERAL, CAPACITÂNCIA: 2, TENSÃO: 250, TIPO: ELETROLÍTICO","UN",50.0,8.0,400.0,0.0,"2026-06-02"]
["UNIVERSIDADE FEDERAL DE GOIAS-UF/GO",153052.0,4725.0,"Material","153052-103/2026","SEINFRA- Materias de refrigeração para manutenção","Catálogo do Compras.gov.br","Material",5910.0,"CAPACITORES",4462.0,"CAPACITOR DE POTENCIA - TENSAO NOMINAL ATE 440 V",615944.0,"CAPACITÂNCIA: 2,5, FREQUENCIA NOMINAL: 50 / 60, PROTEÇÃO: 10.000 AFC, TIPO: PERMANENTE, TOLERÂNCIA DE CAPACITÂNCIA: +/- 5 %, VOLTAGEM: 440","UN",100.0,9.0,900.0,0.0,"2026-06-02"]
["UNIVERSIDADE FEDERAL DE GOIAS-UF/GO",153052.0,4726.0,"Material","153052-103/2026","SEINFRA- Materias de refrigeração para manutenção","Catálogo do Compras.gov.br","Material",5910.0,"CAPACITORES",19176.0,"CAPACITOR FIXO ELETROLÍTICO ALUMINÍO",481808.0,"APLICAÇÃO: ELETRÔNICOS, CAPACITÂNCIA NOMINAL: 4, TEMPERATURA TRABALHO: 85, TENSÃO NOMINAL: 250, TOLERÂNCIA: +- 5","UN",30.0,15.0,450.0,0.0,"2026-06-02"]
["UNIVERSIDADE FEDERAL DE GOIAS-UF/GO",153052.0,4727.0,"Material","153052-103/2026","SEINFRA- Materias de refrigeração para manutenção","Catálogo do Compras.gov.br","Material",5910.0,"CAPACITORES",14774.0,"CAPACITOR",326401.0,"APLICAÇÃO: REFRIGERAÇÃO, CAPACITÂNCIA: 5, TIPO: FASE, TENSÃO NOMINAL: 380","UN",100.0,16.0,1600.0,0.0,"2026-06-02"]
["UNIVERSIDADE FEDERAL DE GOIAS-UF/GO",153052.0,4728.0,"Material","153052-103/2026","SEINFRA- Materias de refrigeração para manutenção","Catálogo do Compras.gov.br","Material",5910.0,"CAPACITORES",14774.0,"CAPACITOR",483534.0,"CAPACITÂNCIA: 6, MATERIAL: ALUMÍNIO ELETROLÍTICO, TENSÃO: 450 V, TIPO: DUPLO(FASE E PARTIDA)","UN",20.0,16.0,320.0,0.0,"2026-06-02"]
["UNIVERSIDADE FEDERAL DE GOIAS-UF/GO",153052.0,4729.0,"Material","153052-103/2026","SEINFRA- Materias de refrigeração para manutenção","Catálogo do Compras.gov.br","Material",5910.0,"CAPACITORES",14774.0,"CAPACITOR",325378.0,"CAPACITÂNCIA: 10, CARACTERÍSTICAS ADICIONAIS: PRECISÃO = +/-10% MICROFARAD, FREQUÊNCIA NOMINAL: 50/60, TENSÃO NOMINAL: 250","UN",20.0,13.0,260.0,0.0,"2026-06-02"]
["UNIVERSIDADE FEDERAL DE GOIAS-UF/GO",153052.0,4730.0,"Material","153052-103/2026","SEINFRA- Materias de refrigeração para manutenção","Catálogo do Compras.gov.br","Material",5910.0,"CAPACITORES",14774.0,"CAPACITOR",392407.0,"APLICAÇÃO: MANUTENÇÃO DE APARELHO DE AR CONDICIONADO, CAPACITÂNCIA: 15 UF, TENSÃO NOMINAL: 220","UN",20.0,14.0,280.0,0.0,"2026-06-02"]
["UNIVERSIDADE FEDERAL DE GOIAS-UF/GO",153052.0,4731.0,"Material","153052-103/2026","SEINFRA- Materias de refrigeração para manutenção","Catálogo do Compras.gov.br","Material",5910.0,"CAPACITORES",14774.0,"CAPACITOR",275090.0,"APLICAÇÃO: AR CONDICIONADO, CAPACITÂNCIA: 20, TENSÃO: 380 VAC, TIPO: FASE, CARACTERÍSTICAS ADICIONAIS: 12.000 A 15.000 BTU, FREQUÊNCIA: 50/60","UN",20.0,15.0,300.0,0.0,"2026-06-02"]
["UNIVERSIDADE FEDERAL DE GOIAS-UF/GO",153052.0,4732.0,"Material","153052-103/2026","SEINFRA- Materias de refrigeração para manutenção","Catálogo do Compras.gov.br","Material",5910.0,"CAPACITORES",14774.0,"CAPACITOR",275093.0,"APLICAÇÃO: AR CONDICIONADO, CAPACITÂNCIA: 25, TENSÃO: 380 VAC, TIPO: FASE, CARACTERÍSTICAS ADICIONAIS: 18.000 A 30.000 BTU, FREQUÊNCIA: 50/60","UN",30.0,20.0,600.0,0.0,"2026-06-02"]
["UNIVERSIDADE FEDERAL DE GOIAS-UF/GO",153052.0,4733.0,"Material","153052-103/2026","SEINFRA- Materias de refrigeração para manutenção","Catálogo do Compras.gov.br","Material",5910.0,"CAPACITORES",14774.0,"CAPACITOR",484462.0,"CAPACITÂNCIA: 25+2,5, MATERIAL: ALUMÍNIO ELETROLÍTICO, TENSÃO: 450 V, TIPO: DUPLO(FASE E PARTIDA)","UN",50.0,25.0,1250.0,0.0,"2026-06-02"]
["UNIVERSIDADE FEDERAL DE GOIAS-UF/GO",153052.0,4734.0,"Material","153052-103/2026","SEINFRA- Materias de refrigeração para manutenção","Catálogo do Compras.gov.br","Material",5910.0,"CAPACITORES",14774.0,"CAPACITOR",343200.0,"APLICAÇÃO: AR CONDICIONADO, CAPACITÂNCIA: 30, TENSÃO NOMINAL: 220","UN",100.0,25.0,2500.0,0.0,"2026-06-02"]
["UNIVERSIDADE FEDERAL DE GOIAS-UF/GO",153052.0,4735.0,"Material","153052-103/2026","SEINFRA- Materias de refrigeração para manutenção","Catálogo do Compras.gov.br","Material",5910.0,"CAPACITORES",19176.0,"CAPACITOR FIXO ELETROLÍTICO ALUMINÍO",422287.0,"APLICAÇÃO: AR CONDICIONADO, CAPACITÂNCIA NOMINAL: 30 + 5, TENSÃO NOMINAL: 380, TIPO: DUPLO (FASE E PARTIDA)","UN",30.0,15.0,450.0,0.0,"2026-06-02"]
["UNIVERSIDADE FEDERAL DE GOIAS-UF/GO",153052.0,4736.0,"Material","153052-103/2026","SEINFRA- Materias de refrigeração para manutenção","Catálogo do Compras.gov.br","Material",5910.0,"CAPACITORES",19176.0,"CAPACITOR FIXO ELETROLÍTICO ALUMINÍO",422287.0,"APLICAÇÃO: AR CONDICIONADO, CAPACITÂNCIA NOMINAL: 30 + 5, TENSÃO NOMINAL: 380, TIPO: DUPLO (FASE E PARTIDA)","UN",50.0,33.0,1650.0,0.0,"2026-06-02"]
["UNIVERSIDADE FEDERAL DE GOIAS-UF/GO",153052.0,4737.0,"Material","153052-103/2026","SEINFRA- Materias de refrigeração para manutenção","Catálogo do Compras.gov.br","Material",5910.0,"CAPACITORES",14774.0,"CAPACITOR",357573.0,"CAPACITÂNCIA: 35, TENSÃO NOMINAL: 440","UN",100.0,35.0,3500.0,0.0,"2026-06-02"]
["UNIVERSIDADE FEDERAL DE GOIAS-UF/GO",153052.0,4738.0,"Material","153052-103/2026","SEINFRA- Materias de refrigeração para manutenção","Catálogo do Compras.gov.br","Material",5910.0,"CAPACITORES",14774.0,"CAPACITOR",350467.0,"APLICAÇÃO: AR CONDICIONADO, CAPACITÂNCIA: 40, TIPO: FASE, TENSÃO NOMINAL: 220","UN",100.0,35.0,3500.0,0.0,"2026-06-02"]
["UNIVERSIDADE FEDERAL DE GOIAS-UF/GO",153052.0,4739.0,"Material","153052-103/2026","SEINFRA- Materias de refrigeração para manutenção","Catálogo do Compras.gov.br","Material",5910.0,"CAPACITORES",14774.0,"CAPACITOR",357571.0,"CAPACITÂNCIA: 45, TENSÃO NOMINAL: 440","UN",100.0,23.0,2300.0,0.0,"2026-06-02"]
["UNIVERSIDADE FEDERAL DE GOIAS-UF/GO",153052.0,4740.0,"Material","153052-103/2026","SEINFRA- Materias de refrigeração para manutenção","Catálogo do Compras.gov.br","Material",5910.0,"CAPACITORES",14774.0,"CAPACITOR",334342.0,"APLICAÇÃO: AR CONDICIONADO, CAPACITÂNCIA: 45 + 5, MATERIAL: ALUMÍNIO, TIPO: DUPLO(FASE E PARTIDA), CARACTERÍSTICAS ADICIONAIS: 18.000 A 30.000 BTU, NÚMERO DE FASES: TRIFÁSICO, FREQUÊNCIA NOMINAL: 50/60, TENSÃO NOMINAL: 380, REFERÊNCIA: RU 05706035","UN",50.0,30.0,1500.0,0.0,"2026-06-02"]
["UNIVERSIDADE FEDERAL DE GOIAS-UF/GO",153052.0,4741.0,"Material","153052-103/2026","SEINFRA- Materias de refrigeração para manutenção","Catálogo do Compras.gov.br","Material",5910.0,"CAPACITORES",19201.0,"CAPACITOR FIXO POLIPROPILENO METALIZADO",383433.0,"APLICAÇÃO: MOTORES DE CAPACITOR PERMANENTE, CAPACITÂNCIA NOMINAL: 50, FREQUÊNCIA NOMINAL: 50/60, TENSÃO NOMINAL: 380","UN",100.0,27.0,2700.0,0.0,"2026-06-02"]
["UNIVERSIDADE FEDERAL DE GOIAS-UF/GO",153052.0,4742.0,"Material","153052-103/2026","SEINFRA- Materias de refrigeração para manutenção","Catálogo do Compras.gov.br","Material",5910.0,"CAPACITORES",14774.0,"CAPACITOR",483532.0,"CAPACITÂNCIA: 55, MATERIAL: ALUMÍNIO ELETROLÍTICO, TENSÃO: 450 V, TIPO: DUPLO(FASE E PARTIDA)","UN",50.0,26.0,1300.0,0.0,"2026-06-02"]
["UNIVERSIDADE FEDERAL DE GOIAS-UF/GO",153052.0,4743.0,"Material","153052-103/2026","SEINFRA- Materias de refrigeração para manutenção","Catálogo do Compras.gov.br","Material",5910.0,"CAPACITORES",14774.0,"CAPACITOR",483532.0,"CAPACITÂNCIA: 55, MATERIAL: ALUMÍNIO ELETROLÍTICO, TENSÃO: 450 V, TIPO: DUPLO(FASE E PARTIDA)","UN",50.0,25.0,1250.0,0.0,"2026-06-02"]
["UNIVERSIDADE FEDERAL DE GOIAS-UF/GO",153052.0,4744.0,"Material","153052-103/2026","SEINFRA- Materias de refrigeração para manutenção","Catálogo do Compras.gov.br","Material",5930.0,"CHAVES ELÉTRICAS",14517.0,"CONTATOR",478408.0,"APLICAÇÃO: INSTALAÇÕES ELÉTRICAS, CARACTERÍSTICAS ADICIONAIS: COM PARAFUSO, CORRENTE TRABALHO: 9, FREQUÊNCIA: 50/60, REFERÊNCIA: CWM9-10-30 D23, TENSÃO TRABALHO: 220, TIPO: TRIFÁSICO","UN",100.0,105.0,10500.0,0.0,"2026-06-02"]
["UNIVERSIDADE FEDERAL DE GOIAS-UF/GO",153052.0,4745.0,"Material","153052-103/2026","SEINFRA- Materias de refrigeração para manutenção","Catálogo do Compras.gov.br","Material",5930.0,"CHAVES ELÉTRICAS",14517.0,"CONTATOR",354798.0,"APLICAÇÃO: COMPRESSOR TIPO SCROLL, CORRENTE TRABALHO: 18, FREQUÊNCIA: 60, MODELO: CWM18.10 (WEG), NÚMERO E TIPO DE CONTATOS PRINCIPAIS: 1NA, TENSÃO NOMINAL BOBINA: 220, TIPO: TRIFÁSICO","UN",100.0,100.0,10000.0,0.0,"2026-06-02"]
["UNIVERSIDADE FEDERAL DE GOIAS-UF/GO",153052.0,4746.0,"Material","153052-103/2026","SEINFRA- Materias de refrigeração para manutenção","Catálogo do Compras.gov.br","Material",5930.0,"CHAVES ELÉTRICAS",14517.0,"CONTATOR",441011.0,"CARACTERÍSTICAS ADICIONAIS: AFUNDAMENTO DE TENSÃO DE 0,5P.U, DURAÇÃO ATE 1MIN, CORRENTE TRABALHO: 32, MODELO1: 3TF4422-0A (SIEMENS), NÚMERO E TIPO DE CONTATOS PRINCIPAIS: 2NA + 2NF, TENSÃO TRABALHO: 220, TIPO: TRIFÁSICO","UN",150.0,200.0,30000.0,0.0,"2026-06-02"]
["UNIVERSIDADE FEDERAL DE GOIAS-UF/GO",153052.0,4747.0,"Material","153052-103/2026","SEINFRA- Materias de refrigeração para manutenção","Catálogo do Compras.gov.br","Material",5930.0,"CHAVES ELÉTRICAS",14517.0,"CONTATOR",426363.0,"CORRENTE TRABALHO: 40, FREQUÊNCIA: 60, MODELO: 3RT1035-1AN10, NÚMERO E TIPO DE CONTATOS AUXILIARES: 2NA + 2NF, NÚMERO PÓLOS: 3, TAMANHO: S2, TENSÃO NOMINAL BOBINA: 220, TENSÃO TRABALHO: 380","UN",30.0,138.0,4140.0,0.0,"2026-06-02"]
["UNIVERSIDADE FEDERAL DE GOIAS-UF/GO",153052.0,4748.0,"Material","153052-103/2026","SEINFRA- Materias de refrigeração para manutenção","Catálogo do Compras.gov.br","Material",5945.0,"RELÉS E SOLENÓIDES",19127.0,"RELÉ PROTEÇÃO DE POTÊNCIA",345203.0,"CARACTERÍSTICAS ADICIONAIS: MONTAGEM TRILHO DIN, CORRENTE NOMINAL: 30, NÚMERO CONTATO: 2 REVERSÍVEIS, POTÊNCIA NOMINAL: 1,7, REFERÊNCIA: 66.82.024.0007 (FINDER), TENSÃO ALIMENTAÇÃO: 24, TIPO CONEXÃO: TERMINAIS FASTON 250","UN",100.0,68.89,6889.0,0.0,"2026-06-02"]
["UNIVERSIDADE FEDERAL DE GOIAS-UF/GO",153052.0,4749.0,"Material","153052-103/2026","SEINFRA- Materias de refrigeração para manutenção","Catálogo do Compras.gov.br","Material",4820.0,"VÁLVULAS NÃO ACIONADAS POR FORÇA MOTRIZ",13245.0,"VÁLVULA",265512.0,"BITOLA: 1/4, MATERIAL: LATÃO, TIPO: SCHRADER, TIPO FIXAÇÃO: ROSCÁVEL (2 LADOS), TIPO ROSCA: NPT","UN",100.0,12.0,1200.0,0.0,"2026-06-02"]
["UNIVERSIDADE FEDERAL DE GOIAS-UF/GO",153052.0,4750.0,"Material","153052-103/2026","SEINFRA- Materias de refrigeração para manutenção","Catálogo do Compras.gov.br","Material",4130.0,"COMPONENTES DE EQUIPAMENTOS PARA REFRIGERAÇÃO E AR  CONDICIONADO",16936.0,"PEÇAS E ACESSÓRIOS APARELHO AR CONDICIONADO",607642.0,"APLICAÇÃO: AR CONDICIONADO SPLIT, DIÂMETRO: 1/4, TIPO: VÁLVULA SERVIÇOS","UN",50.0,4.67,233.5,0.0,"2026-06-02"]
["UNIVERSIDADE FEDERAL DE GOIAS-UF/GO",153052.0,4751.0,"Material","153052-103/2026","SEINFRA- Materias de refrigeração para manutenção","Catálogo do Compras.gov.br","Material",5310.0,"PORCAS E ARRUELAS",11026.0,"PORCA",346276.0,"CARACTERÍSTICAS ADICIONAIS: PARA TUBO DE COBRE, DIÂMETRO FURO: 1/2, ESPESSURA: 1/32, MATERIAL: LATÃO, TIPO: FLANGE","UN",50.0,5.3,265.0,0.0,"2026-06-02"]
["UNIVERSIDADE FEDERAL DE GOIAS-UF/GO",153052.0,4752.0,"Material","153052-103/2026","SEINFRA- Materias de refrigeração para manutenção","Catálogo do Compras.gov.br","Material",5310.0,"PORCAS E ARRUELAS",11026.0,"PORCA",346278.0,"CARACTERÍSTICAS ADICIONAIS: PARA TUBO DE COBRE, DIÂMETRO FURO: 5/8, ESPESSURA: 1/32, MATERIAL: LATÃO, TIPO: FLANGE","UN",20.0,6.3,126.0,0.0,"2026-06-02"]
["UNIVERSIDADE FEDERAL DE GOIAS-UF/GO",153052.0,4753.0,"Material","153052-103/2026","SEINFRA- Materias de refrigeração para manutenção","Catálogo do Compras.gov.br","Material",4130.0,"COMPONENTES DE EQUIPAMENTOS PARA REFRIGERAÇÃO E AR  CONDICIONADO",17582.0,"FILTRO SECADOR",275064.0,"APLICAÇÃO: AR CONDICIONADO, CARACTERÍSTICAS ADICIONAIS: 1 CAPILAR, GÁS REFRIGERANTE R 22, TIPO: R22 COM CORREÇÃO DE ACIDEZ DO GÁS","UN",50.0,8.91,445.5,0.0,"2026-06-02"]
["UNIVERSIDADE FEDERAL DE GOIAS-UF/GO",153052.0,4754.0,"Material","153052-103/2026","SEINFRA- Materias de refrigeração para manutenção","Catálogo do Compras.gov.br","Material",4130.0,"COMPONENTES DE EQUIPAMENTOS PARA REFRIGERAÇÃO E AR  CONDICIONADO",5501.0,"COMPRESSOR REFRIGERAÇÃO",236679.0,"APLICAÇÃO: BEBEDOURO, POTÊNCIA: 1/10 HP, TENSÃO: 110/127","UN",5.0,440.0,2200.0,0.0,"2026-06-02"]
["UNIVERSIDADE FEDERAL DE GOIAS-UF/GO",153052.0,4755.0,"Material","153052-103/2026","SEINFRA- Materias de refrigeração para manutenção","Catálogo do Compras.gov.br","Material",4130.0,"COMPONENTES DE EQUIPAMENTOS PARA REFRIGERAÇÃO E AR  CONDICIONADO",5501.0,"COMPRESSOR REFRIGERAÇÃO",483795.0,"APLICAÇÃO: REFRIGERADOR, POTÊNCIA: 1/12, TENSÃO: 127, TIPO: ALTERNATIVO","UN",5.0,374.97,1874.85,0.0,"2026-06-02"]
["UNIVERSIDADE FEDERAL DE GOIAS-UF/GO",153052.0,4756.0,"Material","153052-103/2026","SEINFRA- Materias de refrigeração para manutenção","Catálogo do Compras.gov.br","Material",5930.0,"CHAVES ELÉTRICAS",14517.0,"CONTATOR",376263.0,"APLICAÇÃO: MOTOR ELÉTRICO, CORRENTE TRABALHO: 18, MODELO1: 3RT10 15-1BB41 (SIEMENS), NÚMERO E TIPO DE CONTATOS PRINCIPAIS: 1NA, TENSÃO TRABALHO: 24","UN",50.0,120.0,6000.0,0.0,"2026-06-02"]
["UNIVERSIDADE FEDERAL DE GOIAS-UF/GO",153052.0,4757.0,"Material","153052-103/2026","SEINFRA- Materias de refrigeração para manutenção","Catálogo do Compras.gov.br","Material",5930.0,"CHAVES ELÉTRICAS",14517.0,"CONTATOR",623606.0,"APLICAÇÃO: SISTEMA ELÉTRICO, CATEGORIA: AC-3, CORRENTE TRABALHO: 25, DIMENSÕES MÁXIMAS: (A X L X P)    72,5 X 35 X 84,5, FREQUÊNCIA: 60, GRAU PROTEÇÃO: IP20, MODELO1: CWM25, NORMAS TÉCNICAS: IEC 60947, NÚMERO E TIPO DE CONTATOS PRINCIPAIS: 3NA, NÚMERO PÓLOS: 3, POTÊNCIA NOMINAL: 11, REFERÊNCIA: CWM25 - 11 - 30, SISTEMA FIXAÇÃO: EM TRILHO DIN, TEMPERATURA TRABALHO: < 55, TENSÃO ISOLAMENTO: 1000, TENSÃO NOMINAL BOBINA: 220, TENSÃO TRABALHO: 440","UN",200.0,150.0,30000.0,0.0,"2026-06-02"]
["UNIVERSIDADE FEDERAL DE GOIAS-UF/GO",153052.0,4758.0,"Material","153052-103/2026","SEINFRA- Materias de refrigeração para manutenção","Catálogo do Compras.gov.br","Material",6685.0,"INSTRUMENTOS PARA MEDIÇÃO E CONTROLE DE PRESSÃO,TEMPERATURA E UMIDADE",5815.0,"CONTROLADOR ELETRÔNICO DE TEMPERATURA",621409.0,"APLICAÇÃO: ACIONAMENTO ELÉTRICO, FAIXA TEMPERATURA: -50 A 105, MODELO: DIGITAL, TENSÃO: 115/230","UN",10.0,177.0,1770.0,0.0,"2026-06-02"]
["UNIVERSIDADE FEDERAL DE GOIAS-UF/GO",153052.0,4759.0,"Material","153052-103/2026","SEINFRA- Materias de refrigeração para manutenção","Catálogo do Compras.gov.br","Material",5930.0,"CHAVES ELÉTRICAS",14517.0,"CONTATOR",614587.0,"APLICAÇÃO: PARTIDA E PROTEÇÃO DE MOTORES, CARACTERÍSTICAS ADICIONAIS: TIPO DE TERMINAL: PARAFUSO, CORRENTE TRABALHO: 50, GRAU PROTEÇÃO: IP10, IP20, NÚMERO E TIPO DE CONTATOS PRINCIPAIS: 1NA + 1NF, TENSÃO TRABALHO: 220, TIPO: TRIFÁSICO","UN",10.0,495.0,4950.0,0.0,"2026-06-02"]
["UNIVERSIDADE FEDERAL DE GOIAS-UF/GO",153052.0,4760.0,"Material","153052-103/2026","SEINFRA- Materias de refrigeração para manutenção","Catálogo do Compras.gov.br","Material",4130.0,"COMPONENTES DE EQUIPAMENTOS PARA REFRIGERAÇÃO E AR  CONDICIONADO",15179.0,"MOTOR VENTILADOR APARELHO REFRIGERAÇÃO",454862.0,"CARACTERÍSTICAS ADICIONAIS: COOLER DO EVAPORADOR, MODELO: 412-DE-1200, SÉRIE: 16098109, TENSÃO: 220, TIPO APARELHO: GELADEIRA NOVA ÉTICA","UN",20.0,89.28,1785.6,0.0,"2026-06-02"]
["UNIVERSIDADE FEDERAL DE GOIAS-UF/GO",153052.0,4761.0,"Material","153052-103/2026","SEINFRA- Materias de refrigeração para manutenção","Catálogo do Compras.gov.br","Material",4710.0,"CANOS E TUBOS",659.0,"TUBO PVC SOLDÁVEL",396865.0,"APLICAÇÃO: HIDRÁULICA, COMPRIMENTO: 6, COR: MARROM, DIÂMETRO NOMINAL: 25, MATERIAL: PVC RÍGIDO","UN",30.0,19.9,597.0,0.0,"2026-06-02"]
["UNIVERSIDADE FEDERAL DE GOIAS-UF/GO",153052.0,4762.0,"Material","153052-103/2026","SEINFRA- Materias de refrigeração para manutenção","Catálogo do Compras.gov.br","Material",4730.0,"ACESSÓRIOS E FERRAGENS ESPECIAIS PARA  MANGUEIRAS, CANOS  E TUBOS",13546.0,"CONEXÃO HIDRÁULICA",626048.0,"BITOLA I: 25 MM X 3/4, CARACTERÍSTICAS ADICIONAIS 1: ROSCA LR, MATERIAL: PVC, NORMAS TÉCNICAS: NBR 5648 CL. 15, TIPO: JOELHO 90°","UN",60.0,1.38,82.8,0.0,"2026-06-02"]
["UNIVERSIDADE FEDERAL DE GOIAS-UF/GO",153052.0,4763.0,"Material","153052-103/2026","SEINFRA- Materias de refrigeração para manutenção","Catálogo do Compras.gov.br","Material",4730.0,"ACESSÓRIOS E FERRAGENS ESPECIAIS PARA  MANGUEIRAS, CANOS  E TUBOS",13546.0,"CONEXÃO HIDRÁULICA",452724.0,"BITOLA: 25, MATERIAL: PPR, TIPO: JOELHO 45°, TIPO FIXAÇÃO: SOLDÁVEL","UN",50.0,1.58,79.0,0.0,"2026-06-02"]
["UNIVERSIDADE FEDERAL DE GOIAS-UF/GO",153052.0,4764.0,"Material","153052-103/2026","SEINFRA- Materias de refrigeração para manutenção","Catálogo do Compras.gov.br","Material",4730.0,"ACESSÓRIOS E FERRAGENS ESPECIAIS PARA  MANGUEIRAS, CANOS  E TUBOS",13546.0,"CONEXÃO HIDRÁULICA",374260.0,"APLICAÇÃO: INSTALAÇÕES PREDIAIS ÁGUA FRIA, BITOLA: 25, MATERIAL: PVC, TIPO: CURVA 90°, TIPO FIXAÇÃO: SOLDÁVEL","UN",30.0,2.96,88.8,0.0,"2026-06-02"]
["UNIVERSIDADE FEDERAL DE GOIAS-UF/GO",153052.0,4765.0,"Material","153052-103/2026","SEINFRA- Materias de refrigeração para manutenção","Catálogo do Compras.gov.br","Material",4130.0,"COMPONENTES DE EQUIPAMENTOS PARA REFRIGERAÇÃO E AR  CONDICIONADO",16936.0,"PEÇAS E ACESSÓRIOS APARELHO AR CONDICIONADO",484501.0,"APLICAÇÃO: AR CONDICIONADO, CARACTERÍSTICAS ADICIONAIS: APARELHO DE AR DE 24000 BTUS E 30000 BTUS, TIPO: BOMBA DRENO","UN",10.0,229.0,2290.0,0.0,"2026-06-02"]
["UNIVERSIDADE FEDERAL DE GOIAS-UF/GO",153052.0,4766.0,"Material","153052-103/2026","SEINFRA- Materias de refrigeração para manutenção","Catálogo do Compras.gov.br","Material",5330.0,"GAXETAS E OUTROS MATERIAIS PARA VEDAÇÃO",7612.0,"FITA VEDA ROSCA",319589.0,"COMPRIMENTO: 50, LARGURA: 18, MATERIAL: TEFLON","UN",100.0,14.0,1400.0,0.0,"2026-06-02"]
["UNIVERSIDADE FEDERAL DE GOIAS-UF/GO",153052.0,4767.0,"Material","153052-103/2026","SEINFRA- Materias de refrigeração para manutenção","Catálogo do Compras.gov.br","Material",5310.0,"PORCAS E ARRUELAS",11026.0,"PORCA",627619.0,"CARACTERÍSTICAS ADICIONAIS: PARA TUBO DE COBRE, DIÂMETRO FURO: 1/4, MATERIAL: LATÃO, TIPO: FLANGE","UN",50.0,3.35,167.5,0.0,"2026-06-02"]
["UNIVERSIDADE FEDERAL DE GOIAS-UF/GO",153052.0,4768.0,"Material","153052-103/2026","SEINFRA- Materias de refrigeração para manutenção","Catálogo do Compras.gov.br","Material",4130.0,"COMPONENTES DE EQUIPAMENTOS PARA REFRIGERAÇÃO E AR  CONDICIONADO",5501.0,"COMPRESSOR REFRIGERAÇÃO",273987.0,"APLICAÇÃO: REFRIGERADOR, CARACTERÍSTICAS ADICIONAIS: PARA REFRIGERANTE R404A, POTÊNCIA: 1/4, TENSÃO: 220, TIPO: HERMÉTICO, MODELO: AKL19JS","UN",70.0,420.0,29400.0,0.0,"2026-06-02"]
["UNIVERSIDADE FEDERAL DE GOIAS-UF/GO",153052.0,4769.0,"Material","153052-103/2026","SEINFRA- Materias de refrigeração para manutenção","Catálogo do Compras.gov.br","Material",4130.0,"COMPONENTES DE EQUIPAMENTOS PARA REFRIGERAÇÃO E AR  CONDICIONADO",5501.0,"COMPRESSOR REFRIGERAÇÃO",240682.0,"APLICAÇÃO: REFRIGERADOR, POTÊNCIA: 1/3 HP, TENSÃO: 220/240, TIPO: HERMÉTICO ALTERNATIVO","UN",50.0,420.0,21000.0,0.0,"2026-06-02"]
["UNIVERSIDADE FEDERAL DE GOIAS-UF/GO",153052.0,4770.0,"Material","153052-103/2026","SEINFRA- Materias de refrigeração para manutenção","Catálogo do Compras.gov.br","Material",4130.0,"COMPONENTES DE EQUIPAMENTOS PARA REFRIGERAÇÃO E AR  CONDICIONADO",5501.0,"COMPRESSOR REFRIGERAÇÃO",246814.0,"APLICAÇÃO: REFRIGERADOR, CARACTERÍSTICAS ADICIONAIS: 60 HZ, MONOFÁSICO, POTÊNCIA: 1/8 HP, TENSÃO: 220","UN",5.0,440.0,2200.0,0.0,"2026-06-02"]
["UNIVERSIDADE FEDERAL DE GOIAS-UF/GO",153052.0,4771.0,"Material","153052-103/2026","SEINFRA- Materias de refrigeração para manutenção","Catálogo do Compras.gov.br","Material",4130.0,"COMPONENTES DE EQUIPAMENTOS PARA REFRIGERAÇÃO E AR  CONDICIONADO",5501.0,"COMPRESSOR REFRIGERAÇÃO",290134.0,"APLICAÇÃO: BEBEDOURO R 134 A, POTÊNCIA: 1/5, TENSÃO: 220, TIPO: HERMÉTICO, MODELO: AZ","UN",50.0,330.0,16500.0,0.0,"2026-06-02"]
["UNIVERSIDADE FEDERAL DE GOIAS-UF/GO",153052.0,4772.0,"Material","153052-103/2026","SEINFRA- Materias de refrigeração para manutenção","Catálogo do Compras.gov.br","Material",4130.0,"COMPONENTES DE EQUIPAMENTOS PARA REFRIGERAÇÃO E AR  CONDICIONADO",5501.0,"COMPRESSOR REFRIGERAÇÃO",290132.0,"APLICAÇÃO: BEBEDOURO R 134 A, CAPACIDADE REFRIGERAÇÃO: 3,5, CARACTERÍSTICAS ADICIONAIS: TIPO TP, POTÊNCIA: 1/6, TENSÃO: 220, TIPO: HERMÉTICO","UN",30.0,461.0,13830.0,0.0,"2026-06-02"]
["UNIVERSIDADE FEDERAL DE GOIAS-UF/GO",153052.0,4773.0,"Material","153052-103/2026","SEINFRA- Materias de refrigeração para manutenção","Catálogo do Compras.gov.br","Material",4510.0,"DISPOSITIVOS E ACESSÓRIOS PARA INSTALAÇÕES HIDRÁULICAS",11383.0,"ENGATE HIDRÁULICO",247042.0,"APLICAÇÃO: INSTALAÇÕES PREDIAIS ÁGUA FRIA, BITOLA: 1/2, COMPRIMENTO: 60, MATERIAL: PVC FLEXÍVEL","UN",150.0,15.0,2250.0,0.0,"2026-06-02"]
["UNIVERSIDADE FEDERAL DE GOIAS-UF/GO",153052.0,4774.0,"Material","153052-103/2026","SEINFRA- Materias de refrigeração para manutenção","Catálogo do Compras.gov.br","Material",4720.0,"MANGUEIRAS E TUBULAÇÕES FLEXÍVEIS",13821.0,"MANGUEIRA",339263.0,"APARÊNCIA VISUAL: INCOLOR, DIÂMETRO EXTERNO: 8 MM, DIÂMETRO INTERNO: 4, MATERIAL: SILICONE","M",100.0,19.9,1990.0,0.0,"2026-06-02"]
["UNIVERSIDADE FEDERAL DE GOIAS-UF/GO",153052.0,4775.0,"Material","153052-103/2026","SEINFRA- Materias de refrigeração para manutenção","Catálogo do Compras.gov.br","Material",4720.0,"MANGUEIRAS E TUBULAÇÕES FLEXÍVEIS",13821.0,"MANGUEIRA",419622.0,"APARÊNCIA VISUAL: INCOLOR, DIÂMETRO EXTERNO: 10, DIÂMETRO INTERNO: 6, MATERIAL: SILICONE","M",100.0,18.79,1879.0,0.0,"2026-06-02"]
["UNIVERSIDADE FEDERAL DE GOIAS-UF/GO",153052.0,4776.0,"Material","153052-103/2026","SEINFRA- Materias de refrigeração para manutenção","Catálogo do Compras.gov.br","Material",4720.0,"MANGUEIRAS E TUBULAÇÕES FLEXÍVEIS",13821.0,"MANGUEIRA",297581.0,"APARÊNCIA VISUAL: TRANSPARENTE, DIÂMETRO EXTERNO: 12,80, DIÂMETRO INTERNO: 8, MATERIAL: SILICONE","M",100.0,23.45,2345.0,0.0,"2026-06-02"]
["UNIVERSIDADE FEDERAL DE GOIAS-UF/GO",153052.0,4777.0,"Material","153052-103/2026","SEINFRA- Materias de refrigeração para manutenção","Catálogo do Compras.gov.br","Material",4720.0,"MANGUEIRAS E TUBULAÇÕES FLEXÍVEIS",615.0,"MANGUEIRA HIDRÁULICA",368816.0,"APLICAÇÃO: BEBEDOURO DE GARRAFÃO, CARACTERÍSTICAS ADICIONAIS: FLEXIVEL, INODORA, ATÓXICA, DIÂMETRO INTERNO: 3/8, MATERIAL: SILICONE","M",100.0,3.5,350.0,0.0,"2026-06-02"]
["UNIVERSIDADE FEDERAL DE GOIAS-UF/GO",153052.0,4778.0,"Material","153052-103/2026","SEINFRA- Materias de refrigeração para manutenção","Catálogo do Compras.gov.br","Material",4610.0,"EQUIPAMENTOS PARA PURIFICAÇÃO DE ÁGUA",7451.0,"FILTRO PURIFICAÇÃO ÁGUA",625289.0,"CARACTERÍSTICAS ADICIONAIS: CONFORME MODELO, MATERIAL: POLIPROPILENO E CARVÃO ATIVADO COM PRATA COLOIDAL, PRESSÃO MÁXIMA: 29 A 392, REFERÊNCIA: REFIL PA200 – CÓDIGO 1090A, TAMANHO: 168 X 76 X 76, VAZÃO: 60","UN",20.0,78.0,1560.0,0.0,"2026-06-02"]
["UNIVERSIDADE FEDERAL DE GOIAS-UF/GO",153052.0,4779.0,"Material","153052-103/2026","SEINFRA- Materias de refrigeração para manutenção","Catálogo do Compras.gov.br","Material",4610.0,"EQUIPAMENTOS PARA PURIFICAÇÃO DE ÁGUA",7464.0,"FILTRO DE ÁGUA",384570.0,"CARACTERÍSTICAS ADICIONAIS: ELEMENTO FILTRANTE COM PRATA, CARVÃO ATIVADO, CELU, DIÂMETRO CONEXÃO ENTRADA: 1/2, DIÂMETRO CONEXÃO SAÍDA: 1/2, MATERIAL: POLIPROPILENO, VAZÃO: 360","UN",20.0,37.52,750.4,0.0,"2026-06-02"]
["UNIVERSIDADE FEDERAL DE GOIAS-UF/GO",153052.0,4780.0,"Material","153052-103/2026","SEINFRA- Materias de refrigeração para manutenção","Catálogo do Compras.gov.br","Material",8020.0,"PINCEL PARA ARTISTAS E PINTORES",1573.0,"TRINCHA",466026.0,"CARACTERÍSTICAS ADICIONAIS: BASE CERDAS EM METAL, MATERIAL CABO: PLÁSTICO, MATERIAL CERDAS: PÊLO CRINA DE CAVALO, TAMANHO: 3, TIPO CABO: CURTO","UN",50.0,14.99,749.5,0.0,"2026-06-02"]
["UNIVERSIDADE FEDERAL DE GOIAS-UF/GO",153052.0,4781.0,"Material","153052-103/2026","SEINFRA- Materias de refrigeração para manutenção","Catálogo do Compras.gov.br","Material",5940.0,"BORNES, TERMINAIS E LÂMINAS TERMINAIS",14958.0,"TERMINAL ELÉTRICO",397719.0,"COR DA ISOLAÇÃO: AMARELA, MATERIAL: LATÃO ESTANHADO, MATERIAL ISOLAMENTO: PVC, REFERÊNCIA FABRICANTE: F-1039-1 (AXT), SEÇÃO NOMINAL CONDUTOR: 4 A 6, TIPO: FÊMEA E PRÉ-ISOLADO","UN",30.0,20.97,629.1,0.0,"2026-06-02"]
["UNIVERSIDADE FEDERAL DE GOIAS-UF/GO",153052.0,4782.0,"Material","153052-103/2026","SEINFRA- Materias de refrigeração para manutenção","Catálogo do Compras.gov.br","Material",5940.0,"BORNES, TERMINAIS E LÂMINAS TERMINAIS",14958.0,"TERMINAL ELÉTRICO",397718.0,"COR DA ISOLAÇÃO: AZUL, MATERIAL: LATÃO ESTANHADO, MATERIAL ISOLAMENTO: PVC, REFERÊNCIA FABRICANTE: F-1038-1 (AXT), SEÇÃO NOMINAL CONDUTOR: 1 A 2,5, TIPO: FÊMEA E PRÉ-ISOLADO","UN",30.0,33.0,990.0,0.0,"2026-06-02"]
["UNIVERSIDADE FEDERAL DE GOIAS-UF/GO",153052.0,4783.0,"Material","153052-103/2026","SEINFRA- Materias de refrigeração para manutenção","Catálogo do Compras.gov.br","Material",4510.0,"DISPOSITIVOS E ACESSÓRIOS PARA INSTALAÇÕES HIDRÁULICAS",12820.0,"TORNEIRA",473496.0,"ACABAMENTO SUPERFICIAL: CROMADO, APLICAÇÃO: BEBEDOURO INDUSTRIAL MODELO PRE200E, CARACTERISTICAS ADICIONAIS: COM PROTETOR DE BOCA,COMPRIMENTO MÍNIMO 10CM,, DIÂMETRO: 1/2, MATERIAL CORPO: METAL CROMADO, TIPO: PRESSÃO","UN",50.0,37.96,1898.0,0.0,"2026-06-02"]
["UNIVERSIDADE FEDERAL DE GOIAS-UF/GO",153052.0,4784.0,"Material","153052-103/2026","SEINFRA- Materias de refrigeração para manutenção","Catálogo do Compras.gov.br","Material",4130.0,"COMPONENTES DE EQUIPAMENTOS PARA REFRIGERAÇÃO E AR  CONDICIONADO",13939.0,"CONJUNTO MANIFOLD",458708.0,"APLICAÇÃO: AMOSTRADORES DE AR, CARACTERÍSTICAS ADICIONAIS: BOMBA A VÁCUO E MANIFOLD, COMPONENTES: MANGUEIRA, CONEXÕES","CJ",20.0,134.0,2680.0,0.0,"2026-06-02"]
["UNIVERSIDADE FEDERAL DE GOIAS-UF/GO",153052.0,4785.0,"Material","153052-103/2026","SEINFRA- Materias de refrigeração para manutenção","Catálogo do Compras.gov.br","Material",4130.0,"COMPONENTES DE EQUIPAMENTOS PARA REFRIGERAÇÃO E AR  CONDICIONADO",13939.0,"CONJUNTO MANIFOLD",325850.0,"APLICAÇÃO: MANUTENÇÃO CENTRAL DE AR CONDICIONADO, CARACTERÍSTICAS ADICIONAIS: ESCALA BAIXA 0 A 30 MMHG, 0 A 250 PSIG (MANOVACUÔ, COMPONENTES: 2 VIAS, 3 MANGUEIRAS 900MM PARA R12/R22/R502 E COR","CJ",20.0,76.5,1530.0,0.0,"2026-06-02"]
["UNIVERSIDADE FEDERAL DE GOIAS-UF/GO",153052.0,4890.0,"Serviço","153052-117/2026","SEINFRA- Contratação de serviços de projeto e execução da rede de média tensão da EA/UFG","Catálogo do Compras.gov.br","Serviço",871.0,"SERVIÇOS DE MANUTENÇÃO E REPARO DE PRODUTOS FABRICADOS DE METAL,MAQUINARIA E EQUIPAMENTOS",null,null,2879.0,"MANUTENÇÃO DE LINHAS DE DISTRIBUIÇÃO DE ENERGIA ELÉTRICA","-",1.0,350000.0,350000.0,0.0,"2026-07-02"]
["UNIVERSIDADE FEDERAL DE GOIAS-UF/GO",153052.0,4891.0,"Serviço","153052-106/2026","SEINFRA - SERVIÇOS DE ENERGIA ELETRICA","Catálogo do Compras.gov.br","Serviço",691.0,"SERVIÇOS DE DISTRIBUIÇÃO DE ELETRICIDADE E DISTRIBUIÇÃO DE  GÁS ATRAVÉS DE TUBULAÇÃO",null,null,4120.0,"ENERGIA ELÉTRICA - FORNECIMENTO MERCADO REGULADO","-",1.0,1.2E7,1.2E7,0.0,"2026-02-02"]
["UNIVERSIDADE FEDERAL DE GOIAS-UF/GO",153052.0,4649.0,"Serviço","153052-101/2026","SEINFRA - Pagamento de taxas - CAU","Catálogo do Compras.gov.br","Serviço",979.0,"OUTROS SERVIÇOS DIVERSOS/MISCELÂNEA",null,null,16195.0,"RECOLHIMENTO DE TAXA / IMPOSTO / MULTA","-",1.0,5575.5,5575.5,0.0,"2026-06-02"]
["UNIVERSIDADE FEDERAL DE GOIAS-UF/GO",153052.0,4658.0,"Material","153052-121/2026","SEINFRA E OUTROS - EQUIPAMENTOS ILUMINAÇÃO E LÂMPADAS ELÉTRICAS","Catálogo do Compras.gov.br","Material",6240.0,"LÂMPADAS ELÉTRICAS",413.0,"LÂMPADA HALÓGENA",604855.0,"APLICAÇÃO: ILUMINAÇÃO DE AMBIENTES, COR: BRANCA, POTÊNCIA NOMINAL: 120, TENSÃO NOMINAL: 220, TIPO BULBO: PAR 38","UN",50.0,50.0,2500.0,0.0,"2026-07-02"]
["UNIVERSIDADE FEDERAL DE GOIAS-UF/GO",153052.0,4675.0,"Material","153052-121/2026","SEINFRA E OUTROS - EQUIPAMENTOS ILUMINAÇÃO E LÂMPADAS ELÉTRICAS","Catálogo do Compras.gov.br","Material",6240.0,"LÂMPADAS ELÉTRICAS",{"$nulls":4},"-",0.0,0.0,1300.0,0.0,"2026-07-02"]
["UNIVERSIDADE FEDERAL DE GOIAS-UF/GO",153052.0,4676.0,"Material","153052-121/2026","SEINFRA E OUTROS - EQUIPAMENTOS ILUMINAÇÃO E LÂMPADAS ELÉTRICAS","Catálogo do Compras.gov.br","Material",6210.0,"APARELHOS DE ILUMINAÇÃO ELÉTRICA DE USO INTERNO E EXTERNO",{"$nulls":4},"-",0.0,0.0,2400.0,0.0,"2026-07-02"]
["UNIVERSIDADE FEDERAL DE GOIAS-UF/GO",153052.0,4677.0,"Material","153052-121/2026","SEINFRA E OUTROS - EQUIPAMENTOS ILUMINAÇÃO E LÂMPADAS ELÉTRICAS","Catálogo do Compras.gov.br","Material",6210.0,"APARELHOS DE ILUMINAÇÃO ELÉTRICA DE USO INTERNO E EXTERNO",{"$nulls":4},"-",0.0,0.0,5000.0,0.0,"2026-07-02"]
["UNIVERSIDADE FEDERAL DE GOIAS-UF/GO",153052.0,4678.0,"Material","153052-121/2026","SEINFRA E OUTROS - EQUIPAMENTOS ILUMINAÇÃO E LÂMPADAS ELÉTRICAS","Catálogo do Compras.gov.br","Material",6210.0,"APARELHOS DE ILUMINAÇÃO ELÉTRICA DE USO INTERNO E EXTERNO",{"$nulls":4},"-",0.0,0.0,14500.0,0.0,"2026-07-02"]
["UNIVERSIDADE FEDERAL DE GOIAS-UF/GO",153052.0,4679.0,"Material","153052-121/2026","SEINFRA E OUTROS - EQUIPAMENTOS ILUMINAÇÃO E LÂMPADAS ELÉTRICAS","Catálogo do Compras.gov.br","Material",6210.0,"APARELHOS DE ILUMINAÇÃO ELÉTRICA DE USO INTERNO E EXTERNO",{"$nulls":4},"-",0.0,0.0,2500.0,0.0,"2026-07-02"]
["UNIVERSIDADE FEDERAL DE GOIAS-UF/GO",153052.0,4680.0,"Material","153052-121/2026","SEINFRA E OUTROS - EQUIPAMENTOS ILUMINAÇÃO E LÂMPADAS ELÉTRICAS","Catálogo do Compras.gov.br","Material",6250.0,"LUSTRES, SUPORTES PARA LÂMPADAS E ELEMENTOS DE PARTIDA",{"$nulls":4},"-",0.0,0.0,500.0,0.0,"2026-07-02"]
["UNIVERSIDADE FEDERAL DE GOIAS-UF/GO",153052.0,4681.0,"Material","153052-121/2026","SEINFRA E OUTROS - EQUIPAMENTOS ILUMINAÇÃO E LÂMPADAS ELÉTRICAS","Catálogo do Compras.gov.br","Material",6250.0,"LUSTRES, SUPORTES PARA LÂMPADAS E ELEMENTOS DE PARTIDA",{"$nulls":4},"-",0.0,0.0,1500.0,0.0,"2026-07-02"]
["UNIVERSIDADE FEDERAL DE GOIAS-UF/GO",153052.0,4682.0,"Material","153052-121/2026","SEINFRA E OUTROS - EQUIPAMENTOS ILUMINAÇÃO E LÂMPADAS ELÉTRICAS","Catálogo do Compras.gov.br","Serviço",873.0,"SERVIÇOS DE INSTALAÇÃO(À EXCEÇÃO DA CONSTRUÇÃO)",null,null,13757.0,"INSTALAÇÃO / MANUTENÇÃO / OPERAÇÃO / LOCAÇÃO  -  EQUIPAMENTODE LUZ / IMAGEM / SOM","-",1.0,5000.0,5000.0,0.0,"2026-07-02"]
["UNIVERSIDADE FEDERAL DE GOIAS-UF/GO",153052.0,4683.0,"Material","153052-121/2026","SEINFRA E OUTROS - EQUIPAMENTOS ILUMINAÇÃO E LÂMPADAS ELÉTRICAS","Catálogo do Compras.gov.br","Material",6250.0,"LUSTRES, SUPORTES PARA LÂMPADAS E ELEMENTOS DE PARTIDA",{"$nulls":4},"-",0.0,0.0,3000.0,0.0,"2026-07-02"]
["UNIVERSIDADE FEDERAL DE GOIAS-UF/GO",153052.0,4786.0,"Serviço","153052-119/2026","SEINFRA- Serviço de Coleta massa verde","Catálogo do Compras.gov.br","Serviço",861.0,"SERVIÇOS RELATIVOS À AGRICULTURA, CAÇA, REFLORESTAMENTO E PESCA",null,null,15130.0,"PODA, CORTE, ARRANCAMENTO DE ÁRVORES - ÁREAS PÚBLICA / PARTICULAR","-",20000.0,5.0,100000.0,0.0,"2026-07-02"]
["UNIVERSIDADE FEDERAL DE GOIAS-UF/GO",153052.0,4659.0,"Material","153052-121/2026","SEINFRA E OUTROS - EQUIPAMENTOS ILUMINAÇÃO E LÂMPADAS ELÉTRICAS","Catálogo do Compras.gov.br","Material",6240.0,"LÂMPADAS ELÉTRICAS",19095.0,"LÂMPADA LED",600036.0,"APLICAÇÃO: ILUMINAÇÃO, COR: BRANCA, FLUXO LUMINOSO: MÍN. 1850, FORMATO: TUBULAR T8, MODELO: LED, POTÊNCIA NOMINAL: 18, TENSÃO NOMINAL: BIVOLT, TIPO BASE: G13, VIDA MÉDIA: 25.000","UN",10000.0,9.58,95800.0,0.0,"2026-07-02"]
["UNIVERSIDADE FEDERAL DE GOIAS-UF/GO",153052.0,4660.0,"Material","153052-121/2026","SEINFRA E OUTROS - EQUIPAMENTOS ILUMINAÇÃO E LÂMPADAS ELÉTRICAS","Catálogo do Compras.gov.br","Material",6240.0,"LÂMPADAS ELÉTRICAS",19095.0,"LÂMPADA LED",468578.0,"MODELO: LED, POTÊNCIA NOMINAL: 40, TEMPERATURA DE COR: 3500 A 6500, TENSÃO NOMINAL: BIVOLT, TIPO BASE: E-27","UN",700.0,8.0,5600.0,0.0,"2026-07-02"]
["UNIVERSIDADE FEDERAL DE GOIAS-UF/GO",153052.0,4650.0,"Material","153052-121/2026","SEINFRA E OUTROS - EQUIPAMENTOS ILUMINAÇÃO E LÂMPADAS ELÉTRICAS","Catálogo do Compras.gov.br","Material",6240.0,"LÂMPADAS ELÉTRICAS",538.0,"LÂMPADA INCANDESCENTE",302173.0,"ACABAMENTO BULBO: CLARO, APLICAÇÃO: LUMINÁRIA/GELADEIRA/FOGÃO, CARACTERÍSTICAS ADICIONAIS: VIDA MÉDIA 750 HORAS, COMPRIMENTO NOMINAL: 72, DIÂMETRO MÁXIMO: 45, POTÊNCIA NOMINAL: 40, TENSÃO NOMINAL: 220, TIPO BASE: E-27, TIPO BULBO: BOLINHA","UN",20.0,15.4,308.0,0.0,"2026-07-02"]
["UNIVERSIDADE FEDERAL DE GOIAS-UF/GO",153052.0,4651.0,"Material","153052-121/2026","SEINFRA E OUTROS - EQUIPAMENTOS ILUMINAÇÃO E LÂMPADAS ELÉTRICAS","Catálogo do Compras.gov.br","Material",6240.0,"LÂMPADAS ELÉTRICAS",14423.0,"LÂMPADA PROJETOR MULTIMÍDIA",428352.0,"APLICAÇÃO 1: PROJETOR EPSON POWERLITE W12, CARACTERÍSTICAS ADICIONAIS: COM BULBO E SUPORTE PLÁSTICO, FLUXO LUMINOSO: 2800, MODELO DA LÂMPADA: ELPLP67, POTÊNCIA NOMINAL: 200, TIPO: UHE","UN",70.0,397.0,27790.0,0.0,"2026-07-02"]
["UNIVERSIDADE FEDERAL DE GOIAS-UF/GO",153052.0,4652.0,"Material","153052-121/2026","SEINFRA E OUTROS - EQUIPAMENTOS ILUMINAÇÃO E LÂMPADAS ELÉTRICAS","Catálogo do Compras.gov.br","Material",6240.0,"LÂMPADAS ELÉTRICAS",413.0,"LÂMPADA HALÓGENA",272289.0,"APLICAÇÃO: MICROSCÓPIO NIKON, POTÊNCIA NOMINAL: 20, TENSÃO NOMINAL: 6, REFERÊNCIA FABRICANTE: OSRAM 64250","UN",50.0,129.0,6450.0,0.0,"2026-07-02"]
["UNIVERSIDADE FEDERAL DE GOIAS-UF/GO",153052.0,4653.0,"Material","153052-121/2026","SEINFRA E OUTROS - EQUIPAMENTOS ILUMINAÇÃO E LÂMPADAS ELÉTRICAS","Catálogo do Compras.gov.br","Material",6240.0,"LÂMPADAS ELÉTRICAS",14423.0,"LÂMPADA PROJETOR MULTIMÍDIA",458434.0,"APLICAÇÃO 1: PROJETOR EPSON POWERLITE S27, MODELO DA LÂMPADA: ELPLP88, POTÊNCIA NOMINAL: 200","UN",10.0,365.0,3650.0,0.0,"2026-07-02"]
["UNIVERSIDADE FEDERAL DE GOIAS-UF/GO",153052.0,4654.0,"Material","153052-121/2026","SEINFRA E OUTROS - EQUIPAMENTOS ILUMINAÇÃO E LÂMPADAS ELÉTRICAS","Catálogo do Compras.gov.br","Material",6240.0,"LÂMPADAS ELÉTRICAS",538.0,"LÂMPADA INCANDESCENTE",302173.0,"ACABAMENTO BULBO: CLARO, APLICAÇÃO: LUMINÁRIA/GELADEIRA/FOGÃO, CARACTERÍSTICAS ADICIONAIS: VIDA MÉDIA 750 HORAS, COMPRIMENTO NOMINAL: 72, DIÂMETRO MÁXIMO: 45, POTÊNCIA NOMINAL: 40, TENSÃO NOMINAL: 220, TIPO BASE: E-27, TIPO BULBO: BOLINHA","UN",30.0,15.2,456.0,0.0,"2026-07-02"]
["UNIVERSIDADE FEDERAL DE GOIAS-UF/GO",153052.0,4655.0,"Material","153052-121/2026","SEINFRA E OUTROS - EQUIPAMENTOS ILUMINAÇÃO E LÂMPADAS ELÉTRICAS","Catálogo do Compras.gov.br","Material",6240.0,"LÂMPADAS ELÉTRICAS",14423.0,"LÂMPADA PROJETOR MULTIMÍDIA",415447.0,"APLICAÇÃO 1: PROJETOR SANYO PLC-SW10, MODELO DA LÂMPADA: POA-LMP31, POTÊNCIA NOMINAL: 130, TIPO: UHP, VIDA MÉDIA: 1.000","UN",70.0,289.0,20230.0,0.0,"2026-07-02"]
["UNIVERSIDADE FEDERAL DE GOIAS-UF/GO",153052.0,4656.0,"Material","153052-121/2026","SEINFRA E OUTROS - EQUIPAMENTOS ILUMINAÇÃO E LÂMPADAS ELÉTRICAS","Catálogo do Compras.gov.br","Material",6240.0,"LÂMPADAS ELÉTRICAS",413.0,"LÂMPADA HALÓGENA",372300.0,"APLICAÇÃO: MICROSCÓPIO, POTÊNCIA NOMINAL: 30, TENSÃO NOMINAL: 6","UN",100.0,99.0,9900.0,0.0,"2026-07-02"]
["UNIVERSIDADE FEDERAL DE GOIAS-UF/GO",153052.0,4657.0,"Material","153052-121/2026","SEINFRA E OUTROS - EQUIPAMENTOS ILUMINAÇÃO E LÂMPADAS ELÉTRICAS","Catálogo do Compras.gov.br","Material",6240.0,"LÂMPADAS ELÉTRICAS",14423.0,"LÂMPADA PROJETOR MULTIMÍDIA",605800.0,"APLICAÇÃO 2: PROJETOR EPSON POWERLITE X39, MODELO DA LÂMPADA: ELPLP96, POTÊNCIA NOMINAL: 210, REFERÊNCIA FABRICANTE: V13H010L96, VIDA MÉDIA: 6.000","UN",10.0,469.0,4690.0,0.0,"2026-07-02"]
["UNIVERSIDADE FEDERAL DE GOIAS-UF/GO",153052.0,4661.0,"Material","153052-121/2026","SEINFRA E OUTROS - EQUIPAMENTOS ILUMINAÇÃO E LÂMPADAS ELÉTRICAS","Catálogo do Compras.gov.br","Material",6240.0,"LÂMPADAS ELÉTRICAS",19095.0,"LÂMPADA LED",469643.0,"APLICAÇÃO: ILUMINAÇÃO, COR: BRANCA, FLUXO LUMINOSO: 900, FORMATO: TUBULAR T8, MODELO: LED, POTÊNCIA NOMINAL: 9, TENSÃO NOMINAL: BIVOLT, TIPO BASE: G13, VIDA MÉDIA: 25.000","UN",3000.0,6.68,20040.0,0.0,"2026-07-02"]
["UNIVERSIDADE FEDERAL DE GOIAS-UF/GO",153052.0,4662.0,"Material","153052-121/2026","SEINFRA E OUTROS - EQUIPAMENTOS ILUMINAÇÃO E LÂMPADAS ELÉTRICAS","Catálogo do Compras.gov.br","Material",6240.0,"LÂMPADAS ELÉTRICAS",19095.0,"LÂMPADA LED",424921.0,"ABERTURA FACHO: 30°, APLICAÇÃO: LUMINÁRIA, POTÊNCIA NOMINAL: 11, TEMPERATURA DE COR: 6400, TENSÃO NOMINAL: BIVOLT, TIPO: SUPER LED (ALTA POTÊNCIA), TIPO BASE: E-27, TIPO BULBO: PAR-30","UN",700.0,18.15,12705.0,0.0,"2026-07-02"]
["UNIVERSIDADE FEDERAL DE GOIAS-UF/GO",153052.0,4663.0,"Material","153052-121/2026","SEINFRA E OUTROS - EQUIPAMENTOS ILUMINAÇÃO E LÂMPADAS ELÉTRICAS","Catálogo do Compras.gov.br","Material",6240.0,"LÂMPADAS ELÉTRICAS",19095.0,"LÂMPADA LED",435130.0,"FREQUÊNCIA NOMINAL: 60, POTÊNCIA NOMINAL: 12, TENSÃO NOMINAL: BIVOLT, TIPO BASE: E-27, TIPO BULBO: A60 GLOBAL LEITOSO","UN",1000.0,5.0,5000.0,0.0,"2026-07-02"]
["UNIVERSIDADE FEDERAL DE GOIAS-UF/GO",153052.0,4664.0,"Material","153052-121/2026","SEINFRA E OUTROS - EQUIPAMENTOS ILUMINAÇÃO E LÂMPADAS ELÉTRICAS","Catálogo do Compras.gov.br","Material",6240.0,"LÂMPADAS ELÉTRICAS",19095.0,"LÂMPADA LED",435089.0,"FREQUÊNCIA NOMINAL: 60, POTÊNCIA NOMINAL: 9, TENSÃO NOMINAL: BIVOLT, TIPO BASE: E-27, TIPO BULBO: A60 GLOBAL LEITOSO","UN",1000.0,5.0,5000.0,0.0,"2026-07-02"]
["UNIVERSIDADE FEDERAL DE GOIAS-UF/GO",153052.0,4665.0,"Material","153052-121/2026","SEINFRA E OUTROS - EQUIPAMENTOS ILUMINAÇÃO E LÂMPADAS ELÉTRICAS","Catálogo do Compras.gov.br","Material",6210.0,"APARELHOS DE ILUMINAÇÃO ELÉTRICA DE USO INTERNO E EXTERNO",6792.0,"LUMINÁRIA",426453.0,"APLICAÇÃO: EDIFICAÇÕES, COMPONENTES: CHAVE TESTE, COR: BRANCA, FORMATO: RETANGULAR, MATERIAL CORPO: PLÁSTICO ABS ALTO IMPACTO, POTÊNCIA NOMINAL LÂMPADA: 2, QUANTIDADE LÂMPADAS: 30, TENSÃO NOMINAL: BIVOLT AUTOMÁTICO 127/220, TIPO: EMERGÊNCIA, TIPO LÂMPADA: LED","UN",200.0,12.56,2512.0,0.0,"2026-07-02"]
["UNIVERSIDADE FEDERAL DE GOIAS-UF/GO",153052.0,4666.0,"Material","153052-121/2026","SEINFRA E OUTROS - EQUIPAMENTOS ILUMINAÇÃO E LÂMPADAS ELÉTRICAS","Catálogo do Compras.gov.br","Material",6210.0,"APARELHOS DE ILUMINAÇÃO ELÉTRICA DE USO INTERNO E EXTERNO",6792.0,"LUMINÁRIA",469186.0,"APLICAÇÃO: SISTEMA DE ILUMINAÇÃO DE EMERGÊNCIA PREDIAL, COR: BRANCA, FORMATO: RETANGULAR, GRAU PROTEÇÃO: IP20, MATERIAL CORPO: PLÁSTICO ABS, MODELO: BATERIA RECARREGAVEL, POSIÇÃO RELATIVA: SOBREPOR, QUANTIDADE LÂMPADAS: 60, TENSÃO NOMINAL: BIVOLT, TIPO: EMERGÊNCIA, TIPO LÂMPADA: LED","UN",200.0,76.0,15200.0,0.0,"2026-07-02"]
["UNIVERSIDADE FEDERAL DE GOIAS-UF/GO",153052.0,4667.0,"Material","153052-121/2026","SEINFRA E OUTROS - EQUIPAMENTOS ILUMINAÇÃO E LÂMPADAS ELÉTRICAS","Catálogo do Compras.gov.br","Material",6210.0,"APARELHOS DE ILUMINAÇÃO ELÉTRICA DE USO INTERNO E EXTERNO",6792.0,"LUMINÁRIA",452683.0,"COMPONENTES: LUMINÁRIA COM 2 LÂMPADAS, DIMENSÕES: 1545 X 115 X 60, FORMATO: RETANGULAR, POTÊNCIA NOMINAL LÂMPADA: 18, QUANTIDADE LÂMPADAS: 2, TENSÃO NOMINAL: BIVOLT, TIPO: SOBREPOR, TIPO LÂMPADA: LED","UN",100.0,175.87,17587.0,0.0,"2026-07-02"]
["UNIVERSIDADE FEDERAL DE GOIAS-UF/GO",153052.0,4668.0,"Material","153052-121/2026","SEINFRA E OUTROS - EQUIPAMENTOS ILUMINAÇÃO E LÂMPADAS ELÉTRICAS","Catálogo do Compras.gov.br","Material",6210.0,"APARELHOS DE ILUMINAÇÃO ELÉTRICA DE USO INTERNO E EXTERNO",6792.0,"LUMINÁRIA",452684.0,"COMPONENTES: LUMINÁRIA COM 2 LÂMPADAS, DIMENSÕES: 840 X 115 X 60, FORMATO: RETANGULAR, POTÊNCIA NOMINAL LÂMPADA: 9, QUANTIDADE LÂMPADAS: 2, TENSÃO NOMINAL: BIVOLT, TIPO: SOBREPOR, TIPO LÂMPADA: LED","UN",50.0,158.51,7925.5,0.0,"2026-07-02"]
["UNIVERSIDADE FEDERAL DE GOIAS-UF/GO",153052.0,4669.0,"Material","153052-121/2026","SEINFRA E OUTROS - EQUIPAMENTOS ILUMINAÇÃO E LÂMPADAS ELÉTRICAS","Catálogo do Compras.gov.br","Material",6210.0,"APARELHOS DE ILUMINAÇÃO ELÉTRICA DE USO INTERNO E EXTERNO",9465.0,"PEÇA / ACESSÓRIO ILUMINAÇÃO",446583.0,"APLICAÇÃO: CALHA, MATERIAL: FERRO, TIPO: SUPORTE, TRATAMENTO SUPERFICIAL: GALVANIZADO A FOGO","UN",60.0,4.51,270.6,0.0,"2026-07-02"]
["UNIVERSIDADE FEDERAL DE GOIAS-UF/GO",153052.0,4670.0,"Material","153052-121/2026","SEINFRA E OUTROS - EQUIPAMENTOS ILUMINAÇÃO E LÂMPADAS ELÉTRICAS","Catálogo do Compras.gov.br","Material",6210.0,"APARELHOS DE ILUMINAÇÃO ELÉTRICA DE USO INTERNO E EXTERNO",6792.0,"LUMINÁRIA",454085.0,"CARACTERÍSTICAS ADICIONAIS: CABEÇA MOVEL COM 180º DE INCLINAÇAO, FORMATO: TUBULAR, MATERIAL CORPO: PLÁSTICO ABS ALTO IMPACTO, MODELO: BATERIA RECARREGAVEL, TIPO: EMERGÊNCIA, TIPO LÂMPADA: LÂMPADA LED 300 LUMES","UN",200.0,71.86,14372.0,0.0,"2026-07-02"]
["UNIVERSIDADE FEDERAL DE GOIAS-UF/GO",153052.0,4671.0,"Material","153052-121/2026","SEINFRA E OUTROS - EQUIPAMENTOS ILUMINAÇÃO E LÂMPADAS ELÉTRICAS","Catálogo do Compras.gov.br","Material",6210.0,"APARELHOS DE ILUMINAÇÃO ELÉTRICA DE USO INTERNO E EXTERNO",15806.0,"REFLETOR",458576.0,"MATERIAL CORPO: ALUMÍNIO, POTÊNCIA LÂMPADA: 100, TENSÃO ALIMENTAÇÃO: BIVOLT, TIPO LÂMPADA: LED","UN",1000.0,379.03,379030.0,0.0,"2026-07-02"]
["UNIVERSIDADE FEDERAL DE GOIAS-UF/GO",153052.0,4672.0,"Material","153052-121/2026","SEINFRA E OUTROS - EQUIPAMENTOS ILUMINAÇÃO E LÂMPADAS ELÉTRICAS","Catálogo do Compras.gov.br","Material",6210.0,"APARELHOS DE ILUMINAÇÃO ELÉTRICA DE USO INTERNO E EXTERNO",15806.0,"REFLETOR",453345.0,"MATERIAL CORPO: ALUMÍNIO, POTÊNCIA LÂMPADA: 200, TEMPERATURA DE COR: 64.000, TENSÃO ALIMENTAÇÃO: BIVOLT, TIPO LÂMPADA: LED, ÂNGULO DE ABERTURA DA LENTE: 120°","UN",500.0,379.03,189515.0,0.0,"2026-07-02"]
["UNIVERSIDADE FEDERAL DE GOIAS-UF/GO",153052.0,4673.0,"Material","153052-121/2026","SEINFRA E OUTROS - EQUIPAMENTOS ILUMINAÇÃO E LÂMPADAS ELÉTRICAS","Catálogo do Compras.gov.br","Material",6210.0,"APARELHOS DE ILUMINAÇÃO ELÉTRICA DE USO INTERNO E EXTERNO",15806.0,"REFLETOR",458575.0,"MATERIAL CORPO: ALUMÍNIO, POTÊNCIA LÂMPADA: 50, TENSÃO ALIMENTAÇÃO: BIVOLT, TIPO LÂMPADA: LED","UN",1000.0,29.33,29330.0,0.0,"2026-07-02"]
["UNIVERSIDADE FEDERAL DE GOIAS-UF/GO",153052.0,4674.0,"Material","153052-121/2026","SEINFRA E OUTROS - EQUIPAMENTOS ILUMINAÇÃO E LÂMPADAS ELÉTRICAS","Catálogo do Compras.gov.br","Material",6210.0,"APARELHOS DE ILUMINAÇÃO ELÉTRICA DE USO INTERNO E EXTERNO",12983.0,"TRILHO ELETRIFICADO",602034.0,"APLICAÇÃO: INSTALAÇÕES ELÉTRICAS, COMPRIMENTO BARRA: 2, MATERIAL: ALUMÍNIO, TIPO: DIN","UN",20.0,35.15,703.0,0.0,"2026-07-02"]
["UNIVERSIDADE FEDERAL DE GOIAS-UF/GO",153052.0,4684.0,"Material","153052-121/2026","SEINFRA E OUTROS - EQUIPAMENTOS ILUMINAÇÃO E LÂMPADAS ELÉTRICAS","Catálogo do Compras.gov.br","Material",6240.0,"LÂMPADAS ELÉTRICAS",413.0,"LÂMPADA HALÓGENA",335209.0,"APLICAÇÃO: EQUIPAMENTO PROJEÇÃO, POTÊNCIA NOMINAL: 750, REFERÊNCIA: HPL, TENSÃO NOMINAL: 230, TIPO BULBO: PALITO","UN",20.0,280.0,5600.0,0.0,"2026-07-02"]
["UNIVERSIDADE FEDERAL DE GOIAS-UF/GO",153052.0,4685.0,"Material","153052-121/2026","SEINFRA E OUTROS - EQUIPAMENTOS ILUMINAÇÃO E LÂMPADAS ELÉTRICAS","Catálogo do Compras.gov.br","Material",6240.0,"LÂMPADAS ELÉTRICAS",413.0,"LÂMPADA HALÓGENA",312017.0,"ABERTURA FACHO: 24, POTÊNCIA NOMINAL: 50, REFERÊNCIA: AR 70, TENSÃO NOMINAL: 12","UN",30.0,58.0,1740.0,0.0,"2026-07-02"]
["UNIVERSIDADE FEDERAL DE GOIAS-UF/GO",153052.0,4686.0,"Material","153052-121/2026","SEINFRA E OUTROS - EQUIPAMENTOS ILUMINAÇÃO E LÂMPADAS ELÉTRICAS","Catálogo do Compras.gov.br","Material",6240.0,"LÂMPADAS ELÉTRICAS",413.0,"LÂMPADA HALÓGENA",290594.0,"POTÊNCIA NOMINAL: 1.000, TENSÃO NOMINAL: 240, TIPO BASE: SOQUETE BIPINO GX 9,5, TIPO BULBO: T19","UN",20.0,260.0,5200.0,0.0,"2026-07-02"]
["UNIVERSIDADE FEDERAL DE GOIAS-UF/GO",153052.0,4687.0,"Material","153052-121/2026","SEINFRA E OUTROS - EQUIPAMENTOS ILUMINAÇÃO E LÂMPADAS ELÉTRICAS","Catálogo do Compras.gov.br","Material",6240.0,"LÂMPADAS ELÉTRICAS",19095.0,"LÂMPADA LED",441460.0,"MODELO: AR111, POTÊNCIA NOMINAL: 10, TEMPERATURA DE COR: 2700, TENSÃO NOMINAL: BIVOLT, TIPO BASE: GU10","UN",100.0,46.0,4600.0,0.0,"2026-07-02"]
["UNIVERSIDADE FEDERAL DE GOIAS-UF/GO",153052.0,4895.0,"Serviço","153052-116/2026","SEINFRA, PRPI E CC- DESINSETIZAÇÃO / DESRATIZAÇÃO / DEDETIZAÇÃO E OUTROS SERVIÇOS SEMELHANTES","Catálogo do Compras.gov.br","Serviço",943.0,"SERVIÇOS DE SANEAMENTO E SERVIÇOS SIMILARES",null,null,3417.0,"DESINSETIZAÇÃO / DESRATIZAÇÃO / DEDETIZAÇÃO","-",1.0,375606.11,375606.11,0.0,"2026-07-02"]
["UNIVERSIDADE FEDERAL DE GOIAS-UF/GO",153052.0,4894.0,"Serviço","153052-116/2026","SEINFRA, PRPI E CC- DESINSETIZAÇÃO / DESRATIZAÇÃO / DEDETIZAÇÃO E OUTROS SERVIÇOS SEMELHANTES","Catálogo do Compras.gov.br","Serviço",839.0,"OUTROS SERVIÇOS DE NEGÓCIOS, TÉCNICOS E PROFISSIONAIS",null,null,25399.0,"SERVIÇO DE TRATAMENTO FITOSSANITÁRIO / FUMIGAÇÃO / IMPREGNAÇÃO QUÍMICA","-",1.0,10000.0,10000.0,0.0,"2026-07-02"]
["UNIVERSIDADE FEDERAL DE GOIAS-UF/GO",153052.0,4893.0,"Serviço","153052-116/2026","SEINFRA, PRPI E CC- DESINSETIZAÇÃO / DESRATIZAÇÃO / DEDETIZAÇÃO E OUTROS SERVIÇOS SEMELHANTES","Catálogo do Compras.gov.br","Serviço",943.0,"SERVIÇOS DE SANEAMENTO E SERVIÇOS SIMILARES",null,null,3417.0,"DESINSETIZAÇÃO / DESRATIZAÇÃO / DEDETIZAÇÃO","-",2.0,10000.0,20000.0,0.0,"2026-07-02"]
["UNIVERSIDADE FEDERAL DE GOIAS-UF/GO",153052.0,4892.0,"Serviço","153052-116/2026","SEINFRA, PRPI E CC- DESINSETIZAÇÃO / DESRATIZAÇÃO / DEDETIZAÇÃO E OUTROS SERVIÇOS SEMELHANTES","Catálogo do Compras.gov.br","Serviço",949.0,"OUTROS SERVIÇOS DE PROTEÇÃO AMBIENTAL N.C.P",null,null,21741.0,"DESINFESTAÇÃO POR ATMOSFERA ANÓXIA","-",1.0,150000.0,150000.0,0.0,"2026-07-02"]
["UNIVERSIDADE FEDERAL DE GOIAS-UF/GO",153052.0,4896.0,"Serviço","153052-107/2026","SEINFRA - Serviços de bobcat e caminhão para transporte de entulhos","Catálogo do Compras.gov.br","Serviço",732.0,"SERVIÇOS DE LEASING OU ALUGUEL RELACIONADOS A OUTROS BENS",null,null,25089.0,"LOCAÇÃO DE VEÍCULOS - LEVES / PESADOS / COM MOTORISTA","-",1350.0,1037.4,1400490.0,0.0,"2026-06-02"]
["UNIVERSIDADE FEDERAL DE GOIAS-UF/GO",153052.0,4935.0,"Material","153052-115/2026","SEINFRA E OUTROS - Acessórios de TIC para manutenção de equipamentos","Catálogo do Compras.gov.br","Material",7060.0,"PEÇAS E ACESSÓRIOS PARA COMPUTADORES",14256.0,"PENTE DE MEMÓRIA",625148.0,"CAPACIDADE MEMÓRIA: 32, TIPO: DDR5, VELOCIDADE BARRAMENTO: 4.800","UN",6.0,2000.0,12000.0,0.0,"2026-07-02"]
["UNIVERSIDADE FEDERAL DE GOIAS-UF/GO",153052.0,4936.0,"Material","153052-115/2026","SEINFRA E OUTROS - Acessórios de TIC para manutenção de equipamentos","Catálogo do Compras.gov.br","Material",7070.0,"PEÇAS E ACESSÓRIOS PARA IMPRESSORAS",219.0,"FITA IMPRESSORA",479977.0,"CARACTERÍSTICAS ADICIONAIS: PART NUMBER 45000, MATERIAL: RESINA, REFERÊNCIA: YMCKO DTC 1000/1250E, TIPO IMPRESSORA: FARGO","UN",80.0,420.0,33600.0,0.0,"2026-07-02"]
["UNIVERSIDADE FEDERAL DE GOIAS-UF/GO",153052.0,4937.0,"Material","153052-115/2026","SEINFRA E OUTROS - Acessórios de TIC para manutenção de equipamentos","Catálogo do Compras.gov.br","Material",7070.0,"PEÇAS E ACESSÓRIOS PARA IMPRESSORAS",8578.0,"CONJUNTO LIMPEZA IMPRESSORA / COPIADORA",448424.0,"CARACTERÍSTICAS ADICIONAIS: COMPATÍVEL COM IMPRESSORA DE CARTAO PVC DUPLA FACE, REFERÊNCIA IMPRESSORA: FARGO, TIPO: ROLETES/COTONETES E CARTÕES DE LIMPEZA","UN",10.0,509.33,5093.3,0.0,"2026-07-02"]
["UNIVERSIDADE FEDERAL DE GOIAS-UF/GO",153052.0,4938.0,"Material","153052-115/2026","SEINFRA E OUTROS - Acessórios de TIC para manutenção de equipamentos","Catálogo do Compras.gov.br","Material",7070.0,"PEÇAS E ACESSÓRIOS PARA IMPRESSORAS",219.0,"FITA IMPRESSORA",246101.0,"CARACTERÍSTICAS ADICIONAIS: IMPRESSÃO POR TERMOTRANSFERÊNCIA DE RESINA PREMIUM, COMPRIMENTO: 92, COR: PRETA, LARGURA: 60, MATERIAL: RESINA, REFERÊNCIA: 81734, TIPO IMPRESSORA: FARGO, PADRÃO IMPRESSORA: 4250, RENDIMENTO: 1.000 IMPRESSÕES","UN",5.0,160.0,800.0,0.0,"2026-07-02"]
["UNIVERSIDADE FEDERAL DE GOIAS-UF/GO",153052.0,4897.0,"Material","153052-115/2026","SEINFRA E OUTROS - Acessórios de TIC para manutenção de equipamentos","Catálogo do Compras.gov.br","Material",7060.0,"PEÇAS E ACESSÓRIOS PARA COMPUTADORES",9594.0,"MEMÓRIA EM CARTÃO MAGNÉTICO",453635.0,"APLICAÇÃO: ARMAZENAR FOTOS, IMAGENS E DADOS, CAPACIDADE MEMÓRIA: 128, CARACTERÍSTICAS ADICIONAIS: COM ADAPTADOR, TIPO CARTAO: MICRO SD, USO: INFORMÁTICA","UN",3.0,170.0,510.0,0.0,"2026-07-02"]
["UNIVERSIDADE FEDERAL DE GOIAS-UF/GO",153052.0,4898.0,"Material","153052-115/2026","SEINFRA E OUTROS - Acessórios de TIC para manutenção de equipamentos","Catálogo do Compras.gov.br","Material",7060.0,"PEÇAS E ACESSÓRIOS PARA COMPUTADORES",9594.0,"MEMÓRIA EM CARTÃO MAGNÉTICO",375563.0,"APLICAÇÃO: ARMAZENAR FOTOS, IMAGENS E DADOS, CAPACIDADE MEMÓRIA: 1, TIPO CARTAO: MICRO SD","UN",3.0,600.0,1800.0,0.0,"2026-07-02"]
["UNIVERSIDADE FEDERAL DE GOIAS-UF/GO",153052.0,4932.0,"Material","153052-115/2026","SEINFRA E OUTROS - Acessórios de TIC para manutenção de equipamentos","Catálogo do Compras.gov.br","Material",7070.0,"PEÇAS E ACESSÓRIOS PARA IMPRESSORAS",5732.0,"CONJUNTO MANUTENÇÃO IMPRESSORA / COPIADORA",440049.0,"CARACTERÍSTICAS ADICIONAIS: ESPESSURA: 1,75 MM, COMPONENTES: FILAMENTO PLA, TIPO: ORIGINAL, TIPO IMPRESSORA: 3D","UN",5.0,120.0,600.0,0.0,"2026-07-02"]
["UNIVERSIDADE FEDERAL DE GOIAS-UF/GO",153052.0,4933.0,"Material","153052-115/2026","SEINFRA E OUTROS - Acessórios de TIC para manutenção de equipamentos","Catálogo do Compras.gov.br","Material",7070.0,"PEÇAS E ACESSÓRIOS PARA IMPRESSORAS",5732.0,"CONJUNTO MANUTENÇÃO IMPRESSORA / COPIADORA",440048.0,"CARACTERÍSTICAS ADICIONAIS: ESPESSURA: 1,75 MM, COMPONENTES: FILAMENTO ABS, TIPO: ORIGINAL, TIPO IMPRESSORA: 3D","UN",5.0,95.0,475.0,0.0,"2026-07-02"]
["UNIVERSIDADE FEDERAL DE GOIAS-UF/GO",153052.0,4899.0,"Material","153052-115/2026","SEINFRA E OUTROS - Acessórios de TIC para manutenção de equipamentos","Catálogo do Compras.gov.br","Material",5640.0,"PAINEL DE PAPELÃO,PAPEL EMPREGADO EM CONSTRUÇÃO E MATERIAIS DE ISOLAMENTO TÉRMICO",8497.0,"ISOLANTE TÉRMICO",320490.0,"APLICAÇÃO: PROCESSADOR, ASPECTO FÍSICO: PASTA, CARACTERÍSTICAS ADICIONAIS: CONDUTIVIDADE TÉRMICA 9.24W/M.ºC/TEMPERATURA 0-200, FORMATO: SERINGA DE 5 GRAMAS, MATERIAL: PRATA","UN",50.0,47.9,2395.0,0.0,"2026-07-02"]
["UNIVERSIDADE FEDERAL DE GOIAS-UF/GO",153052.0,4900.0,"Material","153052-115/2026","SEINFRA E OUTROS - Acessórios de TIC para manutenção de equipamentos","Catálogo do Compras.gov.br","Material",3439.0,"SUPRIMENTOS E ACESSÓRIOS PARA SOLDAS DIVERSAS, FRACAS E  FORTES",1137.0,"FLUXO SOLDA",467332.0,"APLICAÇÃO: PLACAS CIRCUITO IMPRESSO, ASPECTO FÍSICO: PASTOSO, PRAZO VALIDADE: INDETERMINADO","UN",10.0,75.9,759.0,0.0,"2026-07-02"]
["UNIVERSIDADE FEDERAL DE GOIAS-UF/GO",153052.0,4901.0,"Material","153052-115/2026","SEINFRA E OUTROS - Acessórios de TIC para manutenção de equipamentos","Catálogo do Compras.gov.br","Material",4140.0,"VENTILADORES, CIRCULADORES DE AR E VENTOINHAS",704.0,"EXAUSTOR",474422.0,"ALTURA: 275, APLICAÇÃO: DISSIPAR FUMAÇA E IMPUREZA NO PROCESSO DE SOLDAGEM, CARACTERÍSTICAS ADICIONAIS: ESTRUTURA METÁLICA DIRECIONAVEL, BASE DE BORRACHA, COMPRIMENTO: 217, LARGURA: 217, POTÊNCIA MOTOR: 30, TIPO: DE BANCADA","UN",6.0,395.0,2370.0,0.0,"2026-07-02"]
["UNIVERSIDADE FEDERAL DE GOIAS-UF/GO",153052.0,4902.0,"Material","153052-115/2026","SEINFRA E OUTROS - Acessórios de TIC para manutenção de equipamentos","Catálogo do Compras.gov.br","Material",3439.0,"SUPRIMENTOS E ACESSÓRIOS PARA SOLDAS DIVERSAS, FRACAS E  FORTES",7401.0,"FERRO DE SOLDAR",601269.0,"APLICAÇÃO: SERVIÇOS DE MANUTENÇÃO, CARACTERÍSTICAS ADICIONAIS: COM SUPORTE PARA DESCANSO, FORMATO PONTA: CÔNICA, MATERIAL CABO: PLÁSTICO, POTÊNCIA: 34, TEMPERATURA MÁXIMA: 450, TENSÃO: 127, TIPO PONTA: REMOVÍVEL","UN",25.0,50.97,1274.25,0.0,"2026-07-02"]
["UNIVERSIDADE FEDERAL DE GOIAS-UF/GO",153052.0,4903.0,"Material","153052-115/2026","SEINFRA E OUTROS - Acessórios de TIC para manutenção de equipamentos","Catálogo do Compras.gov.br","Material",7030.0,"EQUIPAMENTOS DE ARMAZENAMENTO DE DADOS",17653.0,"DISCO RÍGIDO REMOVÍVEL",602375.0,"CAPACIDADE MEMÓRIA: 2, CARACTERÍSTICAS ADICIONAIS: BUFFER/CACHE: 128MB, DIMENSÕES: 3,5, INTERFACE: SATA 6,0GB/S, VELOCIDADE: 7.200","UN",10.0,380.0,3800.0,0.0,"2026-07-02"]
["UNIVERSIDADE FEDERAL DE GOIAS-UF/GO",153052.0,4904.0,"Material","153052-115/2026","SEINFRA E OUTROS - Acessórios de TIC para manutenção de equipamentos","Catálogo do Compras.gov.br","Material",7060.0,"PEÇAS E ACESSÓRIOS PARA COMPUTADORES",14300.0,"GABINETE PARA COMPUTADOR",486616.0,"CARACTERÍSTICAS ADICIONAIS: COM FONTE DE ALIMENTAÇÃO DE 200W, MATERIAL: AÇO, PADRÃO: ATX, TIPO: TORRE COM NO MÍNIMO 2 BAIAS","UN",20.0,129.0,2580.0,0.0,"2026-07-02"]
["UNIVERSIDADE FEDERAL DE GOIAS-UF/GO",153052.0,4905.0,"Material","153052-115/2026","SEINFRA E OUTROS - Acessórios de TIC para manutenção de equipamentos","Catálogo do Compras.gov.br","Material",7060.0,"PEÇAS E ACESSÓRIOS PARA COMPUTADORES",9597.0,"MEMÓRIA RAM",448628.0,"APLICAÇÃO: MICROCOMPUTADORES, CAPACIDADE MEMÓRIA: 4, PADRÃO: DDR4, FREQUÊNCIA 2400 MHZ 240-PIN","UN",30.0,66.0,1980.0,0.0,"2026-07-02"]
["UNIVERSIDADE FEDERAL DE GOIAS-UF/GO",153052.0,4906.0,"Material","153052-115/2026","SEINFRA E OUTROS - Acessórios de TIC para manutenção de equipamentos","Catálogo do Compras.gov.br","Material",7060.0,"PEÇAS E ACESSÓRIOS PARA COMPUTADORES",14256.0,"PENTE DE MEMÓRIA",461343.0,"APLICAÇÃO: NOTEBOOK, CAPACIDADE MEMÓRIA: 4, PADRÃO: SO-DIMM, TIPO: DDR3 204 PINOS, VELOCIDADE BARRAMENTO: 1.333","UN",30.0,94.0,2820.0,0.0,"2026-07-02"]
["UNIVERSIDADE FEDERAL DE GOIAS-UF/GO",153052.0,4907.0,"Material","153052-115/2026","SEINFRA E OUTROS - Acessórios de TIC para manutenção de equipamentos","Catálogo do Compras.gov.br","Material",7060.0,"PEÇAS E ACESSÓRIOS PARA COMPUTADORES",9597.0,"MEMÓRIA RAM",473420.0,"APLICAÇÃO: MICROCOMPUTADORES, CAPACIDADE MEMÓRIA: 8, PADRÃO: DDR3, FREQUÊNCIA 1333 MHZ 240-PIN","UN",30.0,53.99,1619.7,0.0,"2026-07-02"]
["UNIVERSIDADE FEDERAL DE GOIAS-UF/GO",153052.0,4908.0,"Material","153052-115/2026","SEINFRA E OUTROS - Acessórios de TIC para manutenção de equipamentos","Catálogo do Compras.gov.br","Material",7060.0,"PEÇAS E ACESSÓRIOS PARA COMPUTADORES",14256.0,"PENTE DE MEMÓRIA",434678.0,"CAPACIDADE MEMÓRIA: 8, PADRÃO: SDRAM, TIPO: DDR3, VELOCIDADE BARRAMENTO: 1.600","UN",30.0,50.9,1527.0,0.0,"2026-07-02"]
["UNIVERSIDADE FEDERAL DE GOIAS-UF/GO",153052.0,4909.0,"Material","153052-115/2026","SEINFRA E OUTROS - Acessórios de TIC para manutenção de equipamentos","Catálogo do Compras.gov.br","Material",7060.0,"PEÇAS E ACESSÓRIOS PARA COMPUTADORES",14256.0,"PENTE DE MEMÓRIA",449555.0,"CAPACIDADE MEMÓRIA: 8, FREQUÊNCIA CLOCK: 2.400, TIPO: DDR4","UN",100.0,185.0,18500.0,0.0,"2026-07-02"]
["UNIVERSIDADE FEDERAL DE GOIAS-UF/GO",153052.0,4910.0,"Material","153052-115/2026","SEINFRA E OUTROS - Acessórios de TIC para manutenção de equipamentos","Catálogo do Compras.gov.br","Material",7060.0,"PEÇAS E ACESSÓRIOS PARA COMPUTADORES",9597.0,"MEMÓRIA RAM",604331.0,"APLICAÇÃO: MICROCOMPUTADORES, CAPACIDADE MEMÓRIA: 8, PADRÃO: DDR4, FREQUÊNCIA 2400 MHZ 240-PIN","UN",100.0,99.99,9999.0,0.0,"2026-07-02"]
["UNIVERSIDADE FEDERAL DE GOIAS-UF/GO",153052.0,4911.0,"Material","153052-115/2026","SEINFRA E OUTROS - Acessórios de TIC para manutenção de equipamentos","Catálogo do Compras.gov.br","Material",7080.0,"PEÇAS, ACESSÓRIOS E FERRAMENTAS PARA REDES DE TIC",231.0,"PLACA REDE",462602.0,"ALIMENTAÇÃO: DA INTERFACE, APLICAÇÃO: CONEXÃO DE SERVIDORES À REDE, CARACTERÍSTICAS ADICIONAIS: WAKE-ON-LAN, INTERFACE: PCI DE 32 BITS, PADRÃO: PCI-EXPRESS, VELOCIDADE TRANSFERÊNCIA: 10/100/1000","UN",20.0,63.99,1279.8,0.0,"2026-07-02"]
["UNIVERSIDADE FEDERAL DE GOIAS-UF/GO",153052.0,4912.0,"Material","153052-115/2026","SEINFRA E OUTROS - Acessórios de TIC para manutenção de equipamentos","Catálogo do Compras.gov.br","Material",7080.0,"PEÇAS, ACESSÓRIOS E FERRAMENTAS PARA REDES DE TIC",231.0,"PLACA REDE",460432.0,"APLICAÇÃO: CONEXÃO SEM FIO DE EQUIPAMENTO EM REDE, CARACTERÍSTICAS ADICIONAIS: 02 ANTENAS TP-LINK - TL-WN881ND, MODO TRANSFERÊNCIA: WIRELESS, PADRÃO: PCI-EXPRESS, VELOCIDADE TRANSFERÊNCIA: 300","UN",20.0,89.9,1798.0,0.0,"2026-07-02"]
["UNIVERSIDADE FEDERAL DE GOIAS-UF/GO",153052.0,4913.0,"Material","153052-115/2026","SEINFRA E OUTROS - Acessórios de TIC para manutenção de equipamentos","Catálogo do Compras.gov.br","Material",7060.0,"PEÇAS E ACESSÓRIOS PARA COMPUTADORES",14148.0,"PLACA MÃE",464975.0,"APLICAÇÃO: CPU UP TO 91W  CHIPSET:INTEL H110, CARACTERÍSTICAS ADICIONAIS: AUDIO HD 7.1 CANAIS,REDE PCIE 1 GB 10/100/1000MB/S, COMPONENTES: SUPORTE PROCESSADORES INTEL CORE (SOCKET 1151), MEMÓRIA EXPANSÃO: 32, SLOTS:  1 PCI EXPRESS 3.0 X16, 2 PCI EXPRESS 2.0, TIPO CONECTORES: 4 CONECTORES SATA 3 6.0GB, TIPO PORTAS: 4 PORTAS USB 2.0, 2 PORTAS USB 3.0, 1 PORTA RJ45","UN",30.0,438.0,13140.0,0.0,"2026-07-02"]
["UNIVERSIDADE FEDERAL DE GOIAS-UF/GO",153052.0,4914.0,"Material","153052-115/2026","SEINFRA E OUTROS - Acessórios de TIC para manutenção de equipamentos","Catálogo do Compras.gov.br","Material",7060.0,"PEÇAS E ACESSÓRIOS PARA COMPUTADORES",15145.0,"PLACA CONTROLADORA",437480.0,"COMPONENTES: FONTE ALIMENTAÇÃO EXTERNA E CONEXÃO USB, CONECTORES: 54 PINOS DE ENTRADAS E SAÍDAS DIGITAIS, PADRÃO INTERFACE: ARDUINO MEGA 2560, PROCESSADOR: ATMEGA2560","UN",50.0,469.0,23450.0,0.0,"2026-07-02"]
["UNIVERSIDADE FEDERAL DE GOIAS-UF/GO",153052.0,4915.0,"Material","153052-115/2026","SEINFRA E OUTROS - Acessórios de TIC para manutenção de equipamentos","Catálogo do Compras.gov.br","Material",7060.0,"PEÇAS E ACESSÓRIOS PARA COMPUTADORES",14431.0,"PROCESSADOR",465030.0,"BARRAMENTO: 8 GT/S, CARACTERÍSTICAS ADICIONAIS: 6 NÚCLEOS DE PROCESSAMENTO, SOCKET 1151, MODELO: CORE I5-8400, TIPO: INTEL, VELOCIDADE PROCESSAMENTO: 4","UN",30.0,543.0,16290.0,0.0,"2026-07-02"]
["UNIVERSIDADE FEDERAL DE GOIAS-UF/GO",153052.0,4916.0,"Material","153052-115/2026","SEINFRA E OUTROS - Acessórios de TIC para manutenção de equipamentos","Catálogo do Compras.gov.br","Material",7060.0,"PEÇAS E ACESSÓRIOS PARA COMPUTADORES",14431.0,"PROCESSADOR",485389.0,"APLICAÇÃO: MICROCOMPUTADOR, BARRAMENTO: 4.40 GHZ TURBO BOOST, CARACTERÍSTICAS ADICIONAIS: LGA 1200, 65W, 14 NM, MODELO: CORE I5-11400, TIPO: INTEL UHD GRAPH, VELOCIDADE PROCESSAMENTO: 2.6","UN",50.0,1097.0,54850.0,0.0,"2026-07-02"]
["UNIVERSIDADE FEDERAL DE GOIAS-UF/GO",153052.0,4917.0,"Material","153052-115/2026","SEINFRA E OUTROS - Acessórios de TIC para manutenção de equipamentos","Catálogo do Compras.gov.br","Material",7030.0,"EQUIPAMENTOS DE ARMAZENAMENTO DE DADOS",216.0,"DISCO MAGNÉTICO",449232.0,"APLICAÇÃO: INFORMÁTICA, INTERFACE: SATA III, MEMÓRIA: 480, MODELO: SSD, TAMANHO: 2.5, VELOCIDADE TRANSFERÊNCIA: 6.0","UN",200.0,270.0,54000.0,0.0,"2026-07-02"]
["UNIVERSIDADE FEDERAL DE GOIAS-UF/GO",153052.0,4918.0,"Material","153052-115/2026","SEINFRA E OUTROS - Acessórios de TIC para manutenção de equipamentos","Catálogo do Compras.gov.br","Material",7030.0,"EQUIPAMENTOS DE ARMAZENAMENTO DE DADOS",216.0,"DISCO MAGNÉTICO",612467.0,"APLICAÇÃO: MICROCOMPUTADOR, CARACTERÍSTICAS ADICIONAIS: LEITURA: 500 MB/S E GRAVAÇÃO 450MB/S,, INTERFACE: SATA 3.0, MEMÓRIA: 960, MODELO: KINGSTON A400, TAMANHO: 2.5, TIPO: SSD","UN",200.0,430.0,86000.0,0.0,"2026-07-02"]
["UNIVERSIDADE FEDERAL DE GOIAS-UF/GO",153052.0,4919.0,"Material","153052-115/2026","SEINFRA E OUTROS - Acessórios de TIC para manutenção de equipamentos","Catálogo do Compras.gov.br","Material",7030.0,"EQUIPAMENTOS DE ARMAZENAMENTO DE DADOS",17653.0,"DISCO RÍGIDO REMOVÍVEL",394802.0,"CAPACIDADE MEMÓRIA: 1, INTERFACE: SERIAL ATA (SATA), VELOCIDADE: 7.200","UN",30.0,429.99,12899.7,0.0,"2026-07-02"]
["UNIVERSIDADE FEDERAL DE GOIAS-UF/GO",153052.0,4920.0,"Material","153052-115/2026","SEINFRA E OUTROS - Acessórios de TIC para manutenção de equipamentos","Catálogo do Compras.gov.br","Material",7060.0,"PEÇAS E ACESSÓRIOS PARA COMPUTADORES",14360.0,"CÂMARA DE VÍDEO",478208.0,"CARACTERÍSTICAS ADICIONAIS: MICROFONES OMNIDIRECIONAIS INTEGRADOS, FORMATO: H.264 COM SVC E UVC 1.5, INTERFACE: USB, BLUETOOTH, NFC, RESOLUÇÃO: 1920 X 1080, TENSÃO ALIMENTAÇÃO: 110/220, TIPO: DIGITAL, TIPO ZOOM: DIGITAL 4X","UN",20.0,440.0,8800.0,0.0,"2026-07-02"]
["UNIVERSIDADE FEDERAL DE GOIAS-UF/GO",153052.0,4921.0,"Material","153052-115/2026","SEINFRA E OUTROS - Acessórios de TIC para manutenção de equipamentos","Catálogo do Compras.gov.br","Material",7060.0,"PEÇAS E ACESSÓRIOS PARA COMPUTADORES",15410.0,"ADAPTADOR CONECTOR",428910.0,"APLICAÇÃO: NOTEBOOK E PENDRIVE, TIPO CONECTORES: INTERFACE USB 3.0","UN",30.0,61.99,1859.7,0.0,"2026-07-02"]
["UNIVERSIDADE FEDERAL DE GOIAS-UF/GO",153052.0,4922.0,"Material","153052-115/2026","SEINFRA E OUTROS - Acessórios de TIC para manutenção de equipamentos","Catálogo do Compras.gov.br","Material",7060.0,"PEÇAS E ACESSÓRIOS PARA COMPUTADORES",235.0,"PLACA CONTROLADORA VÍDEO",478024.0,"BARRAMENTO: PCI EXPRES 4.0 - HDMI 2.1, MODELO: NVIDIA GEFORCE RTX 3070, PADRÃO: DDR6, PADRÃO IMAGEM: VGA-DVI-HDMI, RESOLUÇÃO IMAGEM: 7680 X 4320, TAMANHO MEMÓRIA: 8","UN",20.0,2599.99,51999.8,0.0,"2026-07-02"]
["UNIVERSIDADE FEDERAL DE GOIAS-UF/GO",153052.0,4923.0,"Material","153052-115/2026","SEINFRA E OUTROS - Acessórios de TIC para manutenção de equipamentos","Catálogo do Compras.gov.br","Material",7060.0,"PEÇAS E ACESSÓRIOS PARA COMPUTADORES",14148.0,"PLACA MÃE",607894.0,"APLICAÇÃO: SOCKET LGA1700, COMPONENTES: CHIPSET INTEL H610, MEMÓRIA EXPANSÃO: 64, SLOTS: 1 X SLOT PCIE 4.0 X16 1 X SLOT PCIE 3.0 X, TIPO: DDR4, TIPO PORTAS: 1X PORTA D-SUB, 1X PORTA HDMI, 4 X SATA PORT,","UN",50.0,559.9,27995.0,0.0,"2026-07-02"]
["UNIVERSIDADE FEDERAL DE GOIAS-UF/GO",153052.0,4924.0,"Material","153052-115/2026","SEINFRA E OUTROS - Acessórios de TIC para manutenção de equipamentos","Catálogo do Compras.gov.br","Material",7060.0,"PEÇAS E ACESSÓRIOS PARA COMPUTADORES",14431.0,"PROCESSADOR",607891.0,"BARRAMENTO: TURBO BOOST 4.3 GHZ, CARACTERÍSTICAS ADICIONAIS: GRÁFICO UHD INTEGRADO, MEMÓRIA CACHE: 18, MODELO: INTEL CORE I5-12400, TIPO: LGA 1700, VELOCIDADE PROCESSAMENTO: 2.5","UN",50.0,899.99,44999.5,0.0,"2026-07-02"]
["UNIVERSIDADE FEDERAL DE GOIAS-UF/GO",153052.0,4925.0,"Material","153052-115/2026","SEINFRA E OUTROS - Acessórios de TIC para manutenção de equipamentos","Catálogo do Compras.gov.br","Material",6640.0,"EQUIPAMENTOS E ARTIGOS DE LABORATÓRIO",7059.0,"MICROSCÓPIO",627732.0,"ADICIONAL: C/ SAÍDA USB, AUMENTO: ZOOM ATÉ 1500X, COMPONENTES: C/ CÂMERA DE VÍDEO INTEGRADA E TELA DE LCD, TIPO: PORTÁTIL, TIPO DE ANÁLISE: DIGITAL","UN",3.0,1048.0,3144.0,0.0,"2026-07-02"]
["UNIVERSIDADE FEDERAL DE GOIAS-UF/GO",153052.0,4926.0,"Material","153052-115/2026","SEINFRA E OUTROS - Acessórios de TIC para manutenção de equipamentos","Catálogo do Compras.gov.br","Material",7060.0,"PEÇAS E ACESSÓRIOS PARA COMPUTADORES",214.0,"CONVERSOR VÍDEO",431538.0,"CONECTOR ENTRADA: FÊMEA, CONECTOR SAÍDA: JACK TRS, ENTRADA VÍDEO: HDMI, RESOLUÇÃO: 1080I, SAÍDA VÍDEO: VGA, TENSÃO ALIMENTAÇÃO: 220","UN",20.0,30.8,616.0,0.0,"2026-07-02"]
["UNIVERSIDADE FEDERAL DE GOIAS-UF/GO",153052.0,4927.0,"Material","153052-115/2026","SEINFRA E OUTROS - Acessórios de TIC para manutenção de equipamentos","Catálogo do Compras.gov.br","Material",7920.0,"VASSOURAS, ESCOVAS, RODOS, ESPONJAS E ESFREGÕES",7042.0,"ESPONJA LIMPEZA",369937.0,"ABRASIVIDADE: MÉDIA, APLICAÇÃO: FERRO DE SOLDA, FORMATO: RETANGULAR, MATERIAL: FIBRA SINTÉTICA","UN",20.0,28.98,579.6,0.0,"2026-07-02"]
["UNIVERSIDADE FEDERAL DE GOIAS-UF/GO",153052.0,4928.0,"Material","153052-115/2026","SEINFRA E OUTROS - Acessórios de TIC para manutenção de equipamentos","Catálogo do Compras.gov.br","Material",7060.0,"PEÇAS E ACESSÓRIOS PARA COMPUTADORES",13510.0,"TECLADO MICROCOMPUTADOR",460248.0,"CONECTIVIDADE: COM FIO, TIPO: AMPLIADO, TIPO CONECTOR: USB","UN",30.0,62.9,1887.0,0.0,"2026-07-02"]
["UNIVERSIDADE FEDERAL DE GOIAS-UF/GO",153052.0,4929.0,"Material","153052-115/2026","SEINFRA E OUTROS - Acessórios de TIC para manutenção de equipamentos","Catálogo do Compras.gov.br","Material",7060.0,"PEÇAS E ACESSÓRIOS PARA COMPUTADORES",5409.0,"MOUSE COMPUTADOR",603262.0,"CONECTIVIDADE: SEM FIO, SENSOR: LED, TAMANHO: PADRÃO, TIPO CONECTOR: BLUETOOTH, CONECTOR USB-C LIGHTIHING","UN",30.0,106.0,3180.0,0.0,"2026-07-02"]
["UNIVERSIDADE FEDERAL DE GOIAS-UF/GO",153052.0,4930.0,"Material","153052-115/2026","SEINFRA E OUTROS - Acessórios de TIC para manutenção de equipamentos","Catálogo do Compras.gov.br","Material",7060.0,"PEÇAS E ACESSÓRIOS PARA COMPUTADORES",15410.0,"ADAPTADOR CONECTOR",270104.0,"APLICAÇÃO: ADAPTAÇÃO DE TECLADO/ MOUSE PORTA PS/2 P/ USB, CARACTERÍSTICAS ADICIONAIS: ADAPTAR P/ CONECÇÃO TECLADO E MOUSE PS2 PARA USB, TIPO CONECTORES: PS/2 / USB/ PS/2, PADRÃO: COMPATÍVEL COM USB 1.1 E 2.0, SUPORTANDO INTERFACE","UN",50.0,78.8,3940.0,0.0,"2026-07-02"]
["UNIVERSIDADE FEDERAL DE GOIAS-UF/GO",153052.0,4931.0,"Material","153052-115/2026","SEINFRA E OUTROS - Acessórios de TIC para manutenção de equipamentos","Catálogo do Compras.gov.br","Material",7060.0,"PEÇAS E ACESSÓRIOS PARA COMPUTADORES",15879.0,"MEMÓRIA FLASH",256587.0,"APLICAÇÃO: TRANFERÊNCIA E BACKUP DE ARQUIVOS, CAPACIDADE: 128, CARACTERÍSTICAS ADICIONAIS: SEM NECESSIDADE DE BATERIA,FONTE INTERNA COM LED,, INTERFACE: USB PLUG & PLAY, TIPO: USB FLASH, VELOCIDADE GRAVAÇÃO: 4, VELOCIDADE LEITURA: 7,2","UN",30.0,78.35,2350.5,0.0,"2026-07-02"]
["UNIVERSIDADE FEDERAL DE GOIAS-UF/GO",153052.0,4934.0,"Material","153052-115/2026","SEINFRA E OUTROS - Acessórios de TIC para manutenção de equipamentos","Catálogo do Compras.gov.br","Material",7070.0,"PEÇAS E ACESSÓRIOS PARA IMPRESSORAS",5732.0,"CONJUNTO MANUTENÇÃO IMPRESSORA / COPIADORA",440049.0,"CARACTERÍSTICAS ADICIONAIS: ESPESSURA: 1,75 MM, COMPONENTES: FILAMENTO PLA, TIPO: ORIGINAL, TIPO IMPRESSORA: 3D","UN",6.0,2189.99,13139.94,0.0,"2026-07-02"]
["UNIVERSIDADE FEDERAL DE GOIAS-UF/GO",153052.0,4939.0,"Material","153052-108/2026","SEINFRA - Materiais para serviços de serralheria","Catálogo do Compras.gov.br","Material",5120.0,"FERRAMENTAS MANUAIS SEM CORTE, NÃO ACIONADAS  POR  FORÇA  MOTRIZ",14637.0,"JOGO CHAVE",379270.0,"CARACTERÍSTICAS ADICIONAIS: PONTAS ABAULADAS, COMPONENTES: 1.5, 2, 2.5, 3, 4, 5, 6 MM, MATERIAL: AÇO CROMO VANÁDIO, QUANTIDADE PEÇAS: 7, TIPO: ALLEN","UN",20.0,110.0,2200.0,0.0,"2026-07-02"]
["UNIVERSIDADE FEDERAL DE GOIAS-UF/GO",153052.0,4940.0,"Material","153052-108/2026","SEINFRA - Materiais para serviços de serralheria","Catálogo do Compras.gov.br","Material",5120.0,"FERRAMENTAS MANUAIS SEM CORTE, NÃO ACIONADAS  POR  FORÇA  MOTRIZ",15387.0,"ESCOVA",325332.0,"DIÂMETRO: 3/4, DIÂMETRO HASTE: 6,0, MATERIAL: AÇO LATONADO, TIPO: ROTATIVA / PINCEL","UN",35.0,12.0,420.0,0.0,"2026-07-02"]
["UNIVERSIDADE FEDERAL DE GOIAS-UF/GO",153052.0,4941.0,"Material","153052-108/2026","SEINFRA - Materiais para serviços de serralheria","Catálogo do Compras.gov.br","Material",5120.0,"FERRAMENTAS MANUAIS SEM CORTE, NÃO ACIONADAS  POR  FORÇA  MOTRIZ",14429.0,"CHAVE AJUSTÁVEL",602158.0,"MATERIAL: AÇO CROMO VANÁDIO, TAMANHO: 8, TIPO: INGLESA","UN",12.0,70.0,840.0,0.0,"2026-07-02"]
["UNIVERSIDADE FEDERAL DE GOIAS-UF/GO",153052.0,4942.0,"Material","153052-108/2026","SEINFRA - Materiais para serviços de serralheria","Catálogo do Compras.gov.br","Material",3460.0,"ACESSÓRIOS PARA MÁQUINAS-FERRAMENTAS",15163.0,"BICO AR COMPRIMIDO",600815.0,"APLICAÇÃO: CALIBRADOR DE PNEUS, MATERIAL: AÇO, TIPO ACIONAMENTO: MANUAL","UN",10.0,15.0,150.0,0.0,"2026-07-02"]
["UNIVERSIDADE FEDERAL DE GOIAS-UF/GO",153052.0,4943.0,"Material","153052-108/2026","SEINFRA - Materiais para serviços de serralheria","Catálogo do Compras.gov.br","Material",5120.0,"FERRAMENTAS MANUAIS SEM CORTE, NÃO ACIONADAS  POR  FORÇA  MOTRIZ",10518.0,"PE - DE - CABRA ( FERRAMENTA )",442124.0,"ACABAMENTO: PINTURA ELETROSTÁTICA, MATERIAL: AÇO, TAMANHO: 600 X 110 X 34, TIPO: SIMPLES","UN",10.0,22.0,220.0,0.0,"2026-07-02"]
["UNIVERSIDADE FEDERAL DE GOIAS-UF/GO",153052.0,4944.0,"Material","153052-108/2026","SEINFRA - Materiais para serviços de serralheria","Catálogo do Compras.gov.br","Material",5120.0,"FERRAMENTAS MANUAIS SEM CORTE, NÃO ACIONADAS  POR  FORÇA  MOTRIZ",14429.0,"CHAVE AJUSTÁVEL",602158.0,"MATERIAL: AÇO CROMO VANÁDIO, TAMANHO: 8, TIPO: INGLESA","UN",12.0,38.0,456.0,0.0,"2026-07-02"]
["UNIVERSIDADE FEDERAL DE GOIAS-UF/GO",153052.0,4945.0,"Material","153052-108/2026","SEINFRA - Materiais para serviços de serralheria","Catálogo do Compras.gov.br","Material",4910.0,"EQUIPAMENTO ESPECIALIZADO PARA OFICINA DE MANUTENÇÃO E  REPARO DE VEÍCULOS MOTORIZADOS",4261.0,"CALIBRADOR",482910.0,"ALIMENTAÇÃO: 90 - 240 VAC 50/60 HZ, APLICAÇÃO: PNEUS AUTOMOTIVO, CAPACIDADE: PRESSSÃO:145 PSI (10,0 BAR) BP 58 PSI (4,0 BAR), FAIXA MEDIÇÃO: PRESSÃO: 03~145 PSI (0,2~10,0 BAR), MATERIAL: PLÁSTICO RÍGIDO, TIPO: DIGITAL","UN",6.0,38.0,228.0,0.0,"2026-07-02"]
["UNIVERSIDADE FEDERAL DE GOIAS-UF/GO",153052.0,4946.0,"Material","153052-108/2026","SEINFRA - Materiais para serviços de serralheria","Catálogo do Compras.gov.br","Material",5120.0,"FERRAMENTAS MANUAIS SEM CORTE, NÃO ACIONADAS  POR  FORÇA  MOTRIZ",14429.0,"CHAVE AJUSTÁVEL",602157.0,"MATERIAL: AÇO CROMO VANÁDIO, TAMANHO: 12, TIPO: INGLESA","UN",12.0,110.0,1320.0,0.0,"2026-07-02"]
["UNIVERSIDADE FEDERAL DE GOIAS-UF/GO",153052.0,4947.0,"Material","153052-108/2026","SEINFRA - Materiais para serviços de serralheria","Catálogo do Compras.gov.br","Material",5345.0,"DISCOS E PEDRAS ABRASIVOS",567.0,"DISCO CORTE",608431.0,"APLICAÇÃO: CORTE DE MDF, DIÂMETRO: 250, DIÂMETRO FURO: 30, ESPESSURA: 3,2, MATERIAL: AÇO CARBONO, QUANTIDADE DENTES: 80","UN",1000.0,8.0,8000.0,0.0,"2026-07-02"]
["UNIVERSIDADE FEDERAL DE GOIAS-UF/GO",153052.0,4948.0,"Material","153052-108/2026","SEINFRA - Materiais para serviços de serralheria","Catálogo do Compras.gov.br","Material",9330.0,"ARTIGOS DE PLÁSTICO",3066.0,"TAMPA PLÁSTICA",240300.0,"ALTURA: 18, APLICAÇÃO: TUBO METALON, COR: PRETA, DIMENSÕES EXTERNAS: 40 X 40, DIMENSÕES INTERNAS: 35 X 35, FORMATO: QUADRADO","UN",500.0,0.2,100.0,0.0,"2026-07-02"]
["UNIVERSIDADE FEDERAL DE GOIAS-UF/GO",153052.0,4949.0,"Material","153052-108/2026","SEINFRA - Materiais para serviços de serralheria","Catálogo do Compras.gov.br","Material",9510.0,"BARRAS E VERGALHÕES DE FERRO E DE AÇO",3350.0,"BARRA AÇO",240046.0,"BITOLA: 7/8\" X 1/8\", COMPRIMENTO: 6 M, FORMATO SEÇÃO: CHATO","BR",60.0,25.0,1500.0,0.0,"2026-07-02"]
["UNIVERSIDADE FEDERAL DE GOIAS-UF/GO",153052.0,4950.0,"Material","153052-108/2026","SEINFRA - Materiais para serviços de serralheria","Catálogo do Compras.gov.br","Material",5180.0,"JOGOS E CONJUNTOS DE FERRAMENTAS MANUAIS",14636.0,"CONJUNTO FERRAMENTAS",453210.0,"APLICAÇÃO: MANUTENÇÃO EM GERAL, CARACTERÍSTICAS ADICIONAIS: 17 COSSINETES, 1 PORTA COSSINETE, 2 VIRA MACHO, 17, COMPONENTES: KIT DE MACHO E TARRACHAS COM 40 PEÇAS","UN",10.0,50.0,500.0,0.0,"2026-07-02"]
["UNIVERSIDADE FEDERAL DE GOIAS-UF/GO",153052.0,4951.0,"Material","153052-108/2026","SEINFRA - Materiais para serviços de serralheria","Catálogo do Compras.gov.br","Material",5340.0,"FERRAGENS DIVERSAS",566.0,"FECHADURA",354740.0,"ACABAMENTO SUPERFICIAL: CROMADO, APLICAÇÃO: PORTA, CARACTERÍSTICAS ADICIONAIS: MAÇANETA TIPO ALAVANCA, COMPONENTES: 2 CHAVES EM LATÃO NIQUELADO, MATERIAL CAIXA: AÇO, TIPO: INTERNA/EXTERNA","UN",30.0,51.0,1530.0,0.0,"2026-07-02"]
["UNIVERSIDADE FEDERAL DE GOIAS-UF/GO",153052.0,4952.0,"Material","153052-108/2026","SEINFRA - Materiais para serviços de serralheria","Catálogo do Compras.gov.br","Material",5340.0,"FERRAGENS DIVERSAS",563.0,"PORTA-CADEADO",621839.0,"CARACTERÍSTICAS ADICIONAIS: ACOMPANHA 5 PARAFUSOS PARA FIXAÇÃO, COMPRIMENTO: 3, MATERIAL: AÇO, TRATAMENTO SUPERFICIAL: ZINCADO","UN",100.0,8.9,890.0,0.0,"2026-07-02"]
["UNIVERSIDADE FEDERAL DE GOIAS-UF/GO",153052.0,4953.0,"Material","153052-108/2026","SEINFRA - Materiais para serviços de serralheria","Catálogo do Compras.gov.br","Material",5340.0,"FERRAGENS DIVERSAS",13880.0,"DOBRADIÇA",307208.0,"APLICAÇÃO: PORTA, MATERIAL: FERRO, TAMANHO: 1/2, TIPO: CACHIMBO, TIPO PINO: FIXO, TIPO TAMBOR: CURTO","UN",100.0,11.66,1166.0,0.0,"2026-07-02"]
["UNIVERSIDADE FEDERAL DE GOIAS-UF/GO",153052.0,4954.0,"Material","153052-108/2026","SEINFRA - Materiais para serviços de serralheria","Catálogo do Compras.gov.br","Material",9510.0,"BARRAS E VERGALHÕES DE FERRO E DE AÇO",3350.0,"BARRA AÇO",240044.0,"BITOLA: 1/2\" X 1/8\", COMPRIMENTO: 6 M, FORMATO SEÇÃO: CHATO","BR",150.0,44.0,6600.0,0.0,"2026-07-02"]
["UNIVERSIDADE FEDERAL DE GOIAS-UF/GO",153052.0,4955.0,"Material","153052-108/2026","SEINFRA - Materiais para serviços de serralheria","Catálogo do Compras.gov.br","Material",5345.0,"DISCOS E PEDRAS ABRASIVOS",17002.0,"DISCOS E PEDRAS ABRASIVOS",453499.0,"APLICAÇÃO: REMOÇÃO DE PINTURA, JUNTA, ADESIVOS, FERRUGEM, COR: PRETA, DIÂMETRO: 12,70, MATERIAL: FIBRAS SINTÉTICAS, TAMANHO: 115 X 22, USO: ESMERILHADEIRA","UN",1000.0,6.0,6000.0,0.0,"2026-07-02"]
["UNIVERSIDADE FEDERAL DE GOIAS-UF/GO",153052.0,4956.0,"Material","153052-108/2026","SEINFRA - Materiais para serviços de serralheria","Catálogo do Compras.gov.br","Material",9510.0,"BARRAS E VERGALHÕES DE FERRO E DE AÇO",3350.0,"BARRA AÇO",240046.0,"BITOLA: 7/8\" X 1/8\", COMPRIMENTO: 6 M, FORMATO SEÇÃO: CHATO","BR",50.0,13.0,650.0,0.0,"2026-07-02"]
["UNIVERSIDADE FEDERAL DE GOIAS-UF/GO",153052.0,4957.0,"Material","153052-108/2026","SEINFRA - Materiais para serviços de serralheria","Catálogo do Compras.gov.br","Material",9330.0,"ARTIGOS DE PLÁSTICO",3066.0,"TAMPA PLÁSTICA",240300.0,"ALTURA: 18, APLICAÇÃO: TUBO METALON, COR: PRETA, DIMENSÕES EXTERNAS: 40 X 40, DIMENSÕES INTERNAS: 35 X 35, FORMATO: QUADRADO","UN",700.0,0.55,385.0,0.0,"2026-07-02"]
["UNIVERSIDADE FEDERAL DE GOIAS-UF/GO",153052.0,4958.0,"Material","153052-108/2026","SEINFRA - Materiais para serviços de serralheria","Catálogo do Compras.gov.br","Material",5340.0,"FERRAGENS DIVERSAS",11805.0,"ROLDANA",318202.0,"COMPRIMENTO: 2, MATERIAL: FERRO, MODELO: CANAL V, PROFUNDIDADE: 2, USO: PORTA DE CORRER","UN",50.0,30.0,1500.0,0.0,"2026-07-02"]
["UNIVERSIDADE FEDERAL DE GOIAS-UF/GO",153052.0,4959.0,"Material","153052-108/2026","SEINFRA - Materiais para serviços de serralheria","Catálogo do Compras.gov.br","Material",9510.0,"BARRAS E VERGALHÕES DE FERRO E DE AÇO",3349.0,"BARRA METAL FERROSO",372657.0,"CARACTERÍSTICAS ADICIONAIS: LISO, COMPRIMENTO: 6, DIÂMETRO: 5/16, FORMATO SEÇÃO: REDONDO, MATERIAL: FERRO","UN",100.0,25.0,2500.0,0.0,"2026-07-02"]
["UNIVERSIDADE FEDERAL DE GOIAS-UF/GO",153052.0,4960.0,"Material","153052-108/2026","SEINFRA - Materiais para serviços de serralheria","Catálogo do Compras.gov.br","Material",9520.0,"PERFIS ESTRUTURAIS DE FERRO E AÇO",4432.0,"CANTONEIRA METAL FERROSO",358789.0,"COMPRIMENTO: 6, ESPESSURA: 3/16, LARGURA ABAS IGUAIS: 1, MATERIAL: FERRO, TIPO: ABAS IGUAIS","BR",40.0,54.0,2160.0,0.0,"2026-07-02"]
["UNIVERSIDADE FEDERAL DE GOIAS-UF/GO",153052.0,4961.0,"Material","153052-108/2026","SEINFRA - Materiais para serviços de serralheria","Catálogo do Compras.gov.br","Material",9520.0,"PERFIS ESTRUTURAIS DE FERRO E AÇO",10656.0,"PERFILADO AÇO",263469.0,"ALTURA: 15, APLICAÇÃO: PAREDE DIVISÓRIA, COMPRIMENTO BARRA: 3, ESPESSURA CHAPA: 0,5, FORMATO: U, LARGURA: 36, TRATAMENTO SUPERFICIAL: PINTURA ELETROSTÁTICA EM EPÓXI","UN",40.0,140.0,5600.0,0.0,"2026-07-02"]
["UNIVERSIDADE FEDERAL DE GOIAS-UF/GO",153052.0,4962.0,"Material","153052-108/2026","SEINFRA - Materiais para serviços de serralheria","Catálogo do Compras.gov.br","Material",9330.0,"ARTIGOS DE PLÁSTICO",3066.0,"TAMPA PLÁSTICA",240300.0,"ALTURA: 18, APLICAÇÃO: TUBO METALON, COR: PRETA, DIMENSÕES EXTERNAS: 40 X 40, DIMENSÕES INTERNAS: 35 X 35, FORMATO: QUADRADO","UN",800.0,0.25,200.0,0.0,"2026-07-02"]
["UNIVERSIDADE FEDERAL DE GOIAS-UF/GO",153052.0,4963.0,"Material","153052-108/2026","SEINFRA - Materiais para serviços de serralheria","Catálogo do Compras.gov.br","Material",5340.0,"FERRAGENS DIVERSAS",563.0,"PORTA-CADEADO",621839.0,"CARACTERÍSTICAS ADICIONAIS: ACOMPANHA 5 PARAFUSOS PARA FIXAÇÃO, COMPRIMENTO: 3, MATERIAL: AÇO, TRATAMENTO SUPERFICIAL: ZINCADO","UN",100.0,15.0,1500.0,0.0,"2026-07-02"]
["UNIVERSIDADE FEDERAL DE GOIAS-UF/GO",153052.0,4964.0,"Material","153052-108/2026","SEINFRA - Materiais para serviços de serralheria","Catálogo do Compras.gov.br","Material",9520.0,"PERFIS ESTRUTURAIS DE FERRO E AÇO",4432.0,"CANTONEIRA METAL FERROSO",375361.0,"ESPESSURA: 1/8, LARGURA ABAS IGUAIS: 3/4, MATERIAL: FERRO, TIPO: ABAS IGUAIS","BR",150.0,43.0,6450.0,0.0,"2026-07-02"]
["UNIVERSIDADE FEDERAL DE GOIAS-UF/GO",153052.0,4965.0,"Material","153052-108/2026","SEINFRA - Materiais para serviços de serralheria","Catálogo do Compras.gov.br","Material",9520.0,"PERFIS ESTRUTURAIS DE FERRO E AÇO",4432.0,"CANTONEIRA METAL FERROSO",380428.0,"COMPRIMENTO: 6, ESPESSURA: 1/8, LARGURA ABAS IGUAIS: 7/8, MATERIAL: AÇO CARBONO SAE 1020, TIPO: ABAS IGUAIS","BR",300.0,31.0,9300.0,0.0,"2026-07-02"]
["UNIVERSIDADE FEDERAL DE GOIAS-UF/GO",153052.0,4966.0,"Material","153052-108/2026","SEINFRA - Materiais para serviços de serralheria","Catálogo do Compras.gov.br","Material",9330.0,"ARTIGOS DE PLÁSTICO",3066.0,"TAMPA PLÁSTICA",240300.0,"ALTURA: 18, APLICAÇÃO: TUBO METALON, COR: PRETA, DIMENSÕES EXTERNAS: 40 X 40, DIMENSÕES INTERNAS: 35 X 35, FORMATO: QUADRADO","UN",700.0,0.3,210.0,0.0,"2026-07-02"]
["UNIVERSIDADE FEDERAL DE GOIAS-UF/GO",153052.0,4967.0,"Material","153052-108/2026","SEINFRA - Materiais para serviços de serralheria","Catálogo do Compras.gov.br","Material",5340.0,"FERRAGENS DIVERSAS",11805.0,"ROLDANA",371182.0,"DIÂMETRO: 85, MATERIAL: FERRO, MODELO: CANAL V, USO: PORTÃO CORREDIÇO","UN",60.0,29.0,1740.0,0.0,"2026-07-02"]
["UNIVERSIDADE FEDERAL DE GOIAS-UF/GO",153052.0,4968.0,"Material","153052-108/2026","SEINFRA - Materiais para serviços de serralheria","Catálogo do Compras.gov.br","Material",5340.0,"FERRAGENS DIVERSAS",554.0,"CADEADO",256537.0,"ALTURA: 40, LARGURA: 20, MATERIAL: LATÃO MACIÇO, MATERIAL HASTE: AÇO CEMENTADO, ALTURA HASTE: 11, DIÂMETRO HASTE: 11","UN",40.0,25.0,1000.0,0.0,"2026-07-02"]
["UNIVERSIDADE FEDERAL DE GOIAS-UF/GO",153052.0,4969.0,"Material","153052-108/2026","SEINFRA - Materiais para serviços de serralheria","Catálogo do Compras.gov.br","Material",5310.0,"PORCAS E ARRUELAS",11026.0,"PORCA",358977.0,"DIÂMETRO FURO: 5/16, MATERIAL: AÇO CARBONO, TIPO: SEXTAVADA","UN",1500.0,0.15,225.0,0.0,"2026-07-02"]
["UNIVERSIDADE FEDERAL DE GOIAS-UF/GO",153052.0,4970.0,"Material","153052-108/2026","SEINFRA - Materiais para serviços de serralheria","Catálogo do Compras.gov.br","Material",9330.0,"ARTIGOS DE PLÁSTICO",3066.0,"TAMPA PLÁSTICA",240300.0,"ALTURA: 18, APLICAÇÃO: TUBO METALON, COR: PRETA, DIMENSÕES EXTERNAS: 40 X 40, DIMENSÕES INTERNAS: 35 X 35, FORMATO: QUADRADO","UN",700.0,0.45,315.0,0.0,"2026-07-02"]
["UNIVERSIDADE FEDERAL DE GOIAS-UF/GO",153052.0,4971.0,"Material","153052-108/2026","SEINFRA - Materiais para serviços de serralheria","Catálogo do Compras.gov.br","Material",5340.0,"FERRAGENS DIVERSAS",557.0,"DOBRADIÇA PORTA",326495.0,"MATERIAL: LATÃO, TRATAMENTO SUPERFICIAL: CROMADO, ALTURA: 2.1/2, LARGURA: 4, QUANTIDADE PARAFUSOS: 6","UN",200.0,78.0,15600.0,0.0,"2026-07-02"]
["UNIVERSIDADE FEDERAL DE GOIAS-UF/GO",153052.0,4972.0,"Material","153052-108/2026","SEINFRA - Materiais para serviços de serralheria","Catálogo do Compras.gov.br","Material",9520.0,"PERFIS ESTRUTURAIS DE FERRO E AÇO",4432.0,"CANTONEIRA METAL FERROSO",375360.0,"ESPESSURA: 1/8, LARGURA ABAS IGUAIS: 1, MATERIAL: FERRO, TIPO: ABAS IGUAIS","BR",300.0,36.0,10800.0,0.0,"2026-07-02"]
["UNIVERSIDADE FEDERAL DE GOIAS-UF/GO",153052.0,4973.0,"Material","153052-108/2026","SEINFRA - Materiais para serviços de serralheria","Catálogo do Compras.gov.br","Material",9510.0,"BARRAS E VERGALHÕES DE FERRO E DE AÇO",3350.0,"BARRA AÇO",264773.0,"BITOLA: 1 1/4 X 1/8, CARACTERÍSTICAS ADICIONAIS: LAMINADO, COMPRIMENTO: 6, FORMATO SEÇÃO: CHATO, MATERIAL: AÇO 1020","BR",70.0,35.1,2457.0,0.0,"2026-07-02"]
["UNIVERSIDADE FEDERAL DE GOIAS-UF/GO",153052.0,4974.0,"Material","153052-108/2026","SEINFRA - Materiais para serviços de serralheria","Catálogo do Compras.gov.br","Material",9510.0,"BARRAS E VERGALHÕES DE FERRO E DE AÇO",3349.0,"BARRA METAL FERROSO",360608.0,"COMPRIMENTO: 6, DIÂMETRO: 3/8, FORMATO SEÇÃO: REDONDO, MATERIAL: FERRO","UN",200.0,53.0,10600.0,0.0,"2026-07-02"]
["UNIVERSIDADE FEDERAL DE GOIAS-UF/GO",153052.0,4975.0,"Material","153052-108/2026","SEINFRA - Materiais para serviços de serralheria","Catálogo do Compras.gov.br","Material",9330.0,"ARTIGOS DE PLÁSTICO",3066.0,"TAMPA PLÁSTICA",240300.0,"ALTURA: 18, APLICAÇÃO: TUBO METALON, COR: PRETA, DIMENSÕES EXTERNAS: 40 X 40, DIMENSÕES INTERNAS: 35 X 35, FORMATO: QUADRADO","UN",300.0,1.7,510.0,0.0,"2026-07-02"]
["UNIVERSIDADE FEDERAL DE GOIAS-UF/GO",153052.0,4976.0,"Material","153052-108/2026","SEINFRA - Materiais para serviços de serralheria","Catálogo do Compras.gov.br","Material",9520.0,"PERFIS ESTRUTURAIS DE FERRO E AÇO",4432.0,"CANTONEIRA METAL FERROSO",368341.0,"COMPRIMENTO: 6, ESPESSURA: 1/8, LARGURA ABAS IGUAIS: 5/8, MATERIAL: AÇO CARBONO SAE 1008/1010, TIPO: ABAS IGUAIS","BR",50.0,25.0,1250.0,0.0,"2026-07-02"]
["UNIVERSIDADE FEDERAL DE GOIAS-UF/GO",153052.0,4977.0,"Material","153052-108/2026","SEINFRA - Materiais para serviços de serralheria","Catálogo do Compras.gov.br","Material",9510.0,"BARRAS E VERGALHÕES DE FERRO E DE AÇO",3349.0,"BARRA METAL FERROSO",342800.0,"DIÂMETRO: 1/4, FORMATO SEÇÃO: REDONDO, MATERIAL: FERRO","UN",20.0,9.0,180.0,0.0,"2026-07-02"]
["UNIVERSIDADE FEDERAL DE GOIAS-UF/GO",153052.0,4978.0,"Material","153052-108/2026","SEINFRA - Materiais para serviços de serralheria","Catálogo do Compras.gov.br","Material",9510.0,"BARRAS E VERGALHÕES DE FERRO E DE AÇO",3349.0,"BARRA METAL FERROSO",327042.0,"CARACTERÍSTICAS ADICIONAIS: BITOLA 3/8, COMPRIMENTO: 6, FORMATO SEÇÃO: QUADRADO, MATERIAL: FERRO","UN",300.0,45.0,13500.0,0.0,"2026-07-02"]
["UNIVERSIDADE FEDERAL DE GOIAS-UF/GO",153052.0,4979.0,"Material","153052-108/2026","SEINFRA - Materiais para serviços de serralheria","Catálogo do Compras.gov.br","Material",5340.0,"FERRAGENS DIVERSAS",563.0,"PORTA-CADEADO",621839.0,"CARACTERÍSTICAS ADICIONAIS: ACOMPANHA 5 PARAFUSOS PARA FIXAÇÃO, COMPRIMENTO: 3, MATERIAL: AÇO, TRATAMENTO SUPERFICIAL: ZINCADO","UN",100.0,17.0,1700.0,0.0,"2026-07-02"]
["UNIVERSIDADE FEDERAL DE GOIAS-UF/GO",153052.0,4980.0,"Material","153052-108/2026","SEINFRA - Materiais para serviços de serralheria","Catálogo do Compras.gov.br","Material",9330.0,"ARTIGOS DE PLÁSTICO",3066.0,"TAMPA PLÁSTICA",240300.0,"ALTURA: 18, APLICAÇÃO: TUBO METALON, COR: PRETA, DIMENSÕES EXTERNAS: 40 X 40, DIMENSÕES INTERNAS: 35 X 35, FORMATO: QUADRADO","UN",1000.0,0.3,300.0,0.0,"2026-07-02"]
["UNIVERSIDADE FEDERAL DE GOIAS-UF/GO",153052.0,4981.0,"Material","153052-108/2026","SEINFRA - Materiais para serviços de serralheria","Catálogo do Compras.gov.br","Material",5305.0,"PARAFUSOS SEM PORCA",16194.0,"PROLONGADOR PARAFUSO",348507.0,"APLICAÇÃO: FINCAPINO/TIRANTES, BARRA ROSCADA, COMPRIMENTO: LONGO, DIÂMETRO: 1/2, MATERIAL: AÇO GALVANIZADO","UN",30.0,30.0,900.0,0.0,"2026-07-02"]
["UNIVERSIDADE FEDERAL DE GOIAS-UF/GO",153052.0,4982.0,"Material","153052-108/2026","SEINFRA - Materiais para serviços de serralheria","Catálogo do Compras.gov.br","Material",5325.0,"DISPOSITIVOS PARA FIXAÇÃO",4966.0,"CHUMBADOR ESPECIAL",610833.0,"APLICAÇÃO: FIXAÇÃO DE MÁQUINAS, EQUIPAMENTOS, ESTRUTURAS, DIÂMETRO ROSCA: 1/4, MATERIAL: AÇO GALVANIZADO, TIPO: PARABOLT","UN",300.0,1.6,480.0,0.0,"2026-07-02"]
["UNIVERSIDADE FEDERAL DE GOIAS-UF/GO",153052.0,4983.0,"Material","153052-108/2026","SEINFRA - Materiais para serviços de serralheria","Catálogo do Compras.gov.br","Material",5340.0,"FERRAGENS DIVERSAS",554.0,"CADEADO",266217.0,"COR: AMARELA, MATERIAL: LATÃO MACIÇO, MATERIAL HASTE: AÇO TEMPERADO, ALTURA HASTE: 20, QUANTIDADE CHAVES: 02","UN",60.0,15.0,900.0,0.0,"2026-07-02"]
["UNIVERSIDADE FEDERAL DE GOIAS-UF/GO",153052.0,4984.0,"Material","153052-108/2026","SEINFRA - Materiais para serviços de serralheria","Catálogo do Compras.gov.br","Material",5340.0,"FERRAGENS DIVERSAS",557.0,"DOBRADIÇA PORTA",473176.0,"MATERIAL: LATÃO, ALTURA: 3, LARGURA: 2 1/2","UN",100.0,0.78,78.0,0.0,"2026-07-02"]
["UNIVERSIDADE FEDERAL DE GOIAS-UF/GO",153052.0,4985.0,"Material","153052-108/2026","SEINFRA - Materiais para serviços de serralheria","Catálogo do Compras.gov.br","Material",5345.0,"DISCOS E PEDRAS ABRASIVOS",567.0,"DISCO CORTE",608431.0,"APLICAÇÃO: CORTE DE MDF, DIÂMETRO: 250, DIÂMETRO FURO: 30, ESPESSURA: 3,2, MATERIAL: AÇO CARBONO, QUANTIDADE DENTES: 80","UN",50.0,7.0,350.0,0.0,"2026-07-02"]
["UNIVERSIDADE FEDERAL DE GOIAS-UF/GO",153052.0,4986.0,"Material","153052-108/2026","SEINFRA - Materiais para serviços de serralheria","Catálogo do Compras.gov.br","Material",5340.0,"FERRAGENS DIVERSAS",554.0,"CADEADO",265620.0,"ALTURA: 50, COR: AMARELA, LARGURA: 30, MATERIAL: LATÃO MACIÇO, MATERIAL HASTE: AÇO INOXIDÁVEL","UN",50.0,18.0,900.0,0.0,"2026-07-02"]
["UNIVERSIDADE FEDERAL DE GOIAS-UF/GO",153052.0,4987.0,"Material","153052-108/2026","SEINFRA - Materiais para serviços de serralheria","Catálogo do Compras.gov.br","Material",9510.0,"BARRAS E VERGALHÕES DE FERRO E DE AÇO",3350.0,"BARRA AÇO",240044.0,"BITOLA: 1/2\" X 1/8\", COMPRIMENTO: 6 M, FORMATO SEÇÃO: CHATO","BR",250.0,10.0,2500.0,0.0,"2026-07-02"]
["UNIVERSIDADE FEDERAL DE GOIAS-UF/GO",153052.0,4988.0,"Material","153052-108/2026","SEINFRA - Materiais para serviços de serralheria","Catálogo do Compras.gov.br","Material",5340.0,"FERRAGENS DIVERSAS",557.0,"DOBRADIÇA PORTA",336860.0,"MATERIAL: METAL, TRATAMENTO SUPERFICIAL: CROMADO, ALTURA: 3 1/2, LARGURA: 3","UN",200.0,320.0,64000.0,0.0,"2026-07-02"]
["UNIVERSIDADE FEDERAL DE GOIAS-UF/GO",153052.0,4989.0,"Material","153052-108/2026","SEINFRA - Materiais para serviços de serralheria","Catálogo do Compras.gov.br","Material",5340.0,"FERRAGENS DIVERSAS",11805.0,"ROLDANA",318202.0,"COMPRIMENTO: 2, MATERIAL: FERRO, MODELO: CANAL V, PROFUNDIDADE: 2, USO: PORTA DE CORRER","UN",50.0,22.0,1100.0,0.0,"2026-07-02"]
["UNIVERSIDADE FEDERAL DE GOIAS-UF/GO",153052.0,4990.0,"Material","153052-108/2026","SEINFRA - Materiais para serviços de serralheria","Catálogo do Compras.gov.br","Material",5345.0,"DISCOS E PEDRAS ABRASIVOS",567.0,"DISCO CORTE",608431.0,"APLICAÇÃO: CORTE DE MDF, DIÂMETRO: 250, DIÂMETRO FURO: 30, ESPESSURA: 3,2, MATERIAL: AÇO CARBONO, QUANTIDADE DENTES: 80","UN",70.0,6.0,420.0,0.0,"2026-07-02"]
["UNIVERSIDADE FEDERAL DE GOIAS-UF/GO",153052.0,4991.0,"Material","153052-108/2026","SEINFRA - Materiais para serviços de serralheria","Catálogo do Compras.gov.br","Material",5335.0,"TELAS METÁLICAS",580.0,"TELA METÁLICA",327590.0,"ALTURA: 3, COR: VERDE, DIÂMETRO FIO: Nº 12, MATERIAL: AÇO GALVANIZADO, REVESTIMENTO: PVC, TAMANHO ABERTURA MALHA: 2 1/2, TIPO TELA: ALAMBRADO","UN",50.0,60.0,3000.0,0.0,"2026-07-02"]
["UNIVERSIDADE FEDERAL DE GOIAS-UF/GO",153052.0,4992.0,"Material","153052-108/2026","SEINFRA - Materiais para serviços de serralheria","Catálogo do Compras.gov.br","Material",5315.0,"PREGOS, CHAVETAS E PINOS",15324.0,"GRAMPO",606032.0,"ABERTURA ÚTIL: 1.200, APLICAÇÃO: CARPINTARIA, MARCENARIA E MECÂNICA EM COLAGEM, UNI, CARACTERÍSTICAS ADICIONAIS: TIPO SARGENTO, MATERIAL: FERRO NODULAR, TAMANHO: 1.330, TIPO: \"T\"","UN",3.0,30.0,90.0,0.0,"2026-07-02"]
["UNIVERSIDADE FEDERAL DE GOIAS-UF/GO",153052.0,4993.0,"Material","153052-108/2026","SEINFRA - Materiais para serviços de serralheria","Catálogo do Compras.gov.br","Material",5310.0,"PORCAS E ARRUELAS",11026.0,"PORCA",390733.0,"CARACTERÍSTICAS ADICIONAIS: 16 FIOS POR POLEGADA, DIÂMETRO FURO: 3/8, MATERIAL: AÇO INOXIDÁVEL, TIPO: SEXTAVADA, TIPO ROSCA: UNC","UN",2500.0,0.2,500.0,0.0,"2026-07-02"]
["UNIVERSIDADE FEDERAL DE GOIAS-UF/GO",153052.0,4994.0,"Material","153052-108/2026","SEINFRA - Materiais para serviços de serralheria","Catálogo do Compras.gov.br","Material",5310.0,"PORCAS E ARRUELAS",11026.0,"PORCA",390738.0,"CARACTERÍSTICAS ADICIONAIS: 20 FIOS POR POLEGADA, DIÂMETRO FURO: 1/4, MATERIAL: AÇO INOXIDÁVEL, TIPO: SEXTAVADA, TIPO ROSCA: UNC","UN",2500.0,0.1,250.0,0.0,"2026-07-02"]
["UNIVERSIDADE FEDERAL DE GOIAS-UF/GO",153052.0,4995.0,"Material","153052-108/2026","SEINFRA - Materiais para serviços de serralheria","Catálogo do Compras.gov.br","Material",9520.0,"PERFIS ESTRUTURAIS DE FERRO E AÇO",4432.0,"CANTONEIRA METAL FERROSO",375359.0,"ESPESSURA: 3/16, LARGURA ABAS IGUAIS: 1 1/2, MATERIAL: FERRO, TIPO: ABAS IGUAIS","BR",50.0,80.0,4000.0,0.0,"2026-07-02"]
["UNIVERSIDADE FEDERAL DE GOIAS-UF/GO",153052.0,4996.0,"Material","153052-108/2026","SEINFRA - Materiais para serviços de serralheria","Catálogo do Compras.gov.br","Material",5340.0,"FERRAGENS DIVERSAS",13880.0,"DOBRADIÇA",318040.0,"APLICAÇÃO: PORTÃO, CARACTERÍSTICAS ADICIONAIS: TORNEADO, FORMATO SEÇÃO: REDONDO, MATERIAL: FERRO, TAMANHO: 5/8, TIPO: CACHIMBO","UN",100.0,11.66,1166.0,0.0,"2026-07-02"]
["UNIVERSIDADE FEDERAL DE GOIAS-UF/GO",153052.0,4997.0,"Material","153052-108/2026","SEINFRA - Materiais para serviços de serralheria","Catálogo do Compras.gov.br","Material",5305.0,"PARAFUSOS SEM PORCA",16194.0,"PROLONGADOR PARAFUSO",348507.0,"APLICAÇÃO: FINCAPINO/TIRANTES, BARRA ROSCADA, COMPRIMENTO: LONGO, DIÂMETRO: 1/2, MATERIAL: AÇO GALVANIZADO","UN",20.0,25.9,518.0,0.0,"2026-07-02"]
["UNIVERSIDADE FEDERAL DE GOIAS-UF/GO",153052.0,4998.0,"Material","153052-108/2026","SEINFRA - Materiais para serviços de serralheria","Catálogo do Compras.gov.br","Material",5340.0,"FERRAGENS DIVERSAS",566.0,"FECHADURA",629034.0,"APLICAÇÃO: PORTA, COMPONENTES: KIT PARAFUSO PARA FIXAÇÃO, 2 PARAFUSOS LATERAIS, MATERIAL CAIXA: AÇO, MATERIAL LINGUETA: ZAMAC, TIPO: SOBREPOR","UN",40.0,60.0,2400.0,0.0,"2026-07-02"]
["UNIVERSIDADE FEDERAL DE GOIAS-UF/GO",153052.0,4999.0,"Material","153052-108/2026","SEINFRA - Materiais para serviços de serralheria","Catálogo do Compras.gov.br","Material",6230.0,"EQUIPAMENTOS DE ILUMINAÇÃO ELÉTRICA MANUAL E PORTÁTIL",8712.0,"LANTERNA ELÉTRICA",482718.0,"ACESSÓRIOS: CARREGADOR BIVOLT, CABO USB, APLICAÇÃO: DETECÇÃO DE VAZAMENTOS EM SISTEMAS DE AR CONDICION, LUMINOSIDADE: 150, MATERIAL: PLÁSTICO/BORRACHA, TIPO: PORTÁTIL, RECARREGÁVEL, TIPO LÂMPADA: LED COB ULTRAVIOLETA","UN",5.0,90.0,450.0,0.0,"2026-07-02"]
["UNIVERSIDADE FEDERAL DE GOIAS-UF/GO",153052.0,5000.0,"Material","153052-108/2026","SEINFRA - Materiais para serviços de serralheria","Catálogo do Compras.gov.br","Material",5340.0,"FERRAGENS DIVERSAS",13880.0,"DOBRADIÇA",324113.0,"APLICAÇÃO: PORTA, MATERIAL: AÇO, TAMANHO: 3/4, TIPO: CACHIMBO, TIPO PINO: SOLTO","UN",50.0,11.66,583.0,0.0,"2026-07-02"]
["UNIVERSIDADE FEDERAL DE GOIAS-UF/GO",153052.0,5001.0,"Material","153052-108/2026","SEINFRA - Materiais para serviços de serralheria","Catálogo do Compras.gov.br","Material",9520.0,"PERFIS ESTRUTURAIS DE FERRO E AÇO",10656.0,"PERFILADO AÇO",462365.0,"APLICAÇÃO: PAREDE DIVISÓRIA TIPO DRYWALL, COMPRIMENTO BARRA: 3, ESPESSURA CHAPA: 0,50, FORMATO: U, LARGURA:  20, TIPO: PERFIL GUIA","UN",30.0,110.0,3300.0,0.0,"2026-07-02"]
["UNIVERSIDADE FEDERAL DE GOIAS-UF/GO",153052.0,5002.0,"Material","153052-108/2026","SEINFRA - Materiais para serviços de serralheria","Catálogo do Compras.gov.br","Material",9510.0,"BARRAS E VERGALHÕES DE FERRO E DE AÇO",3350.0,"BARRA AÇO",264773.0,"BITOLA: 1 1/4 X 1/8, CARACTERÍSTICAS ADICIONAIS: LAMINADO, COMPRIMENTO: 6, FORMATO SEÇÃO: CHATO, MATERIAL: AÇO 1020","BR",120.0,26.8,3216.0,0.0,"2026-07-02"]
["UNIVERSIDADE FEDERAL DE GOIAS-UF/GO",153052.0,5003.0,"Material","153052-108/2026","SEINFRA - Materiais para serviços de serralheria","Catálogo do Compras.gov.br","Material",9330.0,"ARTIGOS DE PLÁSTICO",3066.0,"TAMPA PLÁSTICA",240300.0,"ALTURA: 18, APLICAÇÃO: TUBO METALON, COR: PRETA, DIMENSÕES EXTERNAS: 40 X 40, DIMENSÕES INTERNAS: 35 X 35, FORMATO: QUADRADO","UN",700.0,0.4,280.0,0.0,"2026-07-02"]
["UNIVERSIDADE FEDERAL DE GOIAS-UF/GO",153052.0,5004.0,"Material","153052-108/2026","SEINFRA - Materiais para serviços de serralheria","Catálogo do Compras.gov.br","Material",9510.0,"BARRAS E VERGALHÕES DE FERRO E DE AÇO",3350.0,"BARRA AÇO",240052.0,"BITOLA: 1 1/2\" X 3/16\", COMPRIMENTO: 6 M, FORMATO SEÇÃO: CHATO","BR",60.0,65.0,3900.0,0.0,"2026-07-02"]
["UNIVERSIDADE FEDERAL DE GOIAS-UF/GO",153052.0,5005.0,"Material","153052-108/2026","SEINFRA - Materiais para serviços de serralheria","Catálogo do Compras.gov.br","Material",9510.0,"BARRAS E VERGALHÕES DE FERRO E DE AÇO",3350.0,"BARRA AÇO",240047.0,"BITOLA: 1\" X 1/8\", COMPRIMENTO: 6 M, FORMATO SEÇÃO: CHATO","BR",250.0,34.0,8500.0,0.0,"2026-07-02"]
["UNIVERSIDADE FEDERAL DE GOIAS-UF/GO",153052.0,5006.0,"Material","153052-108/2026","SEINFRA - Materiais para serviços de serralheria","Catálogo do Compras.gov.br","Material",5340.0,"FERRAGENS DIVERSAS",11805.0,"ROLDANA",318202.0,"COMPRIMENTO: 2, MATERIAL: FERRO, MODELO: CANAL V, PROFUNDIDADE: 2, USO: PORTA DE CORRER","UN",50.0,27.5,1375.0,0.0,"2026-07-02"]
["UNIVERSIDADE FEDERAL DE GOIAS-UF/GO",153052.0,5007.0,"Material","153052-108/2026","SEINFRA - Materiais para serviços de serralheria","Catálogo do Compras.gov.br","Material",9510.0,"BARRAS E VERGALHÕES DE FERRO E DE AÇO",3349.0,"BARRA METAL FERROSO",344606.0,"CARACTERÍSTICAS ADICIONAIS: LISO, COMPRIMENTO: 6, DIÂMETRO: 1/2, FORMATO SEÇÃO: REDONDO, MATERIAL: FERRO","UN",200.0,53.0,10600.0,0.0,"2026-07-02"]
["UNIVERSIDADE FEDERAL DE GOIAS-UF/GO",153052.0,5008.0,"Material","153052-108/2026","SEINFRA - Materiais para serviços de serralheria","Catálogo do Compras.gov.br","Material",9520.0,"PERFIS ESTRUTURAIS DE FERRO E AÇO",4432.0,"CANTONEIRA METAL FERROSO",380427.0,"COMPRIMENTO: 6, ESPESSURA: 1/8, LARGURA ABAS IGUAIS: 1 1/2, MATERIAL: AÇO CARBONO SAE 1020, TIPO: ABAS IGUAIS","BR",100.0,62.0,6200.0,0.0,"2026-07-02"]
["UNIVERSIDADE FEDERAL DE GOIAS-UF/GO",153052.0,5009.0,"Material","153052-108/2026","SEINFRA - Materiais para serviços de serralheria","Catálogo do Compras.gov.br","Material",5325.0,"DISPOSITIVOS PARA FIXAÇÃO",4966.0,"CHUMBADOR ESPECIAL",622771.0,"APLICAÇÃO: FIXAÇÃO EM CONCRETO, DIÂMETRO ROSCA: 3/8, MATERIAL: AÇO GALVANIZADO, TIPO: CBA","UN",300.0,1.8,540.0,0.0,"2026-07-02"]
["UNIVERSIDADE FEDERAL DE GOIAS-UF/GO",153052.0,5010.0,"Material","153052-108/2026","SEINFRA - Materiais para serviços de serralheria","Catálogo do Compras.gov.br","Material",4710.0,"CANOS E TUBOS",14495.0,"TUBO METALON",273435.0,"APLICAÇÃO: MATERIAL HIDRÁULICO, COMPRIMENTO: 6, ESPESSURA CHAPA: 18, FORMATO: RETANGULAR, SEÇÃO: 30 X 50","BR",50.0,64.0,3200.0,0.0,"2026-07-02"]
["UNIVERSIDADE FEDERAL DE GOIAS-UF/GO",153052.0,5011.0,"Material","153052-108/2026","SEINFRA - Materiais para serviços de serralheria","Catálogo do Compras.gov.br","Material",3439.0,"SUPRIMENTOS E ACESSÓRIOS PARA SOLDAS DIVERSAS, FRACAS E  FORTES",11039.0,"PORTA-ELETRODO",255833.0,"APLICAÇÃO: SOLDAGEM ELÉTRICA, CORRENTE: 500, MATERIAL: LIGA ESPECIAL DE BRONZE","UN",8.0,60.0,480.0,0.0,"2026-07-02"]
["UNIVERSIDADE FEDERAL DE GOIAS-UF/GO",153052.0,5012.0,"Material","153052-108/2026","SEINFRA - Materiais para serviços de serralheria","Catálogo do Compras.gov.br","Material",5110.0,"FERRAMENTAS MANUAIS DE CORTE, NÃO ACIONADAS POR FORÇA MOTRIZ",8620.0,"LÂMINA SERRA MANUAL",287975.0,"COMPRIMENTO: 300, ESPESSURA: 1,25, LARGURA: 25, MATERIAL: AÇO RÁPIDO, PASSO: 2,10, QUANTIDADE DENTES: 12 DENTES POR POLEGADA","UN",500.0,9.0,4500.0,0.0,"2026-07-02"]
["UNIVERSIDADE FEDERAL DE GOIAS-UF/GO",153052.0,5013.0,"Material","153052-108/2026","SEINFRA - Materiais para serviços de serralheria","Catálogo do Compras.gov.br","Material",3439.0,"SUPRIMENTOS E ACESSÓRIOS PARA SOLDAS DIVERSAS, FRACAS E  FORTES",1157.0,"ELETRODO SOLDA",613700.0,"CARACTERÍSTICAS ADICIONAIS: REDONDO, DIÂMETRO: 2,50, FORMA: VARETA, MATERIAL INDICADO: LATÃO, NORMAS TÉCNICAS: AWS A5.15/82, CLASSE E-CUSN-C","UN",150.0,95.9,14385.0,0.0,"2026-07-02"]
["UNIVERSIDADE FEDERAL DE GOIAS-UF/GO",153052.0,5014.0,"Material","153052-108/2026","SEINFRA - Materiais para serviços de serralheria","Catálogo do Compras.gov.br","Material",4710.0,"CANOS E TUBOS",14495.0,"TUBO METALON",360616.0,"APLICAÇÃO: ESTRUTURAS METÁLICAS EM GERAL/PORTAS E PORTÕES, COMPRIMENTO: 6, ESPESSURA CHAPA: 18, FORMATO: QUADRANGULAR, SEÇÃO: 30 X 30","BR",300.0,43.0,12900.0,0.0,"2026-07-02"]
["UNIVERSIDADE FEDERAL DE GOIAS-UF/GO",153052.0,5015.0,"Material","153052-108/2026","SEINFRA - Materiais para serviços de serralheria","Catálogo do Compras.gov.br","Material",4710.0,"CANOS E TUBOS",656.0,"TUBO AÇO CARBONO COM COSTURA",613697.0,"CARACTERÍSTICAS ADICIONAIS: TIPO PRETO, COMPRIMENTO: 6, DIÂMETRO NOMINAL: 2 1/2, ESPESSURA PAREDES: 2,25","UN",30.0,68.0,2040.0,0.0,"2026-07-02"]
["UNIVERSIDADE FEDERAL DE GOIAS-UF/GO",153052.0,5016.0,"Material","153052-108/2026","SEINFRA - Materiais para serviços de serralheria","Catálogo do Compras.gov.br","Material",4710.0,"CANOS E TUBOS",14495.0,"TUBO METALON",360619.0,"APLICAÇÃO: ESTRUTURAS METÁLICAS EM GERAL/PORTAS E PORTÕES, COMPRIMENTO: 6, ESPESSURA CHAPA: 18, FORMATO: RETANGULAR, SEÇÃO: 20 X 30","BR",250.0,35.0,8750.0,0.0,"2026-07-02"]
["UNIVERSIDADE FEDERAL DE GOIAS-UF/GO",153052.0,5017.0,"Material","153052-108/2026","SEINFRA - Materiais para serviços de serralheria","Catálogo do Compras.gov.br","Material",5110.0,"FERRAMENTAS MANUAIS DE CORTE, NÃO ACIONADAS POR FORÇA MOTRIZ",8831.0,"LIMA MANUAL",620282.0,"CARACTERÍSTICAS ADICIONAIS: DIAMANTADA, COMPRIMENTO: 8, FORMATO: CHATA, TIPO: MURÇA","UN",30.0,19.0,570.0,0.0,"2026-07-02"]
["UNIVERSIDADE FEDERAL DE GOIAS-UF/GO",153052.0,5018.0,"Material","153052-108/2026","SEINFRA - Materiais para serviços de serralheria","Catálogo do Compras.gov.br","Material",4710.0,"CANOS E TUBOS",14495.0,"TUBO METALON",273435.0,"APLICAÇÃO: MATERIAL HIDRÁULICO, COMPRIMENTO: 6, ESPESSURA CHAPA: 18, FORMATO: RETANGULAR, SEÇÃO: 30 X 50","BR",300.0,52.0,15600.0,0.0,"2026-07-02"]
["UNIVERSIDADE FEDERAL DE GOIAS-UF/GO",153052.0,5019.0,"Material","153052-108/2026","SEINFRA - Materiais para serviços de serralheria","Catálogo do Compras.gov.br","Material",4710.0,"CANOS E TUBOS",14495.0,"TUBO METALON",265208.0,"APLICAÇÃO: MATERIAL HIDRÁULICO, COMPRIMENTO: 6, ESPESSURA CHAPA: 18, SEÇÃO: 25 X 25","BR",150.0,32.0,4800.0,0.0,"2026-07-02"]
["UNIVERSIDADE FEDERAL DE GOIAS-UF/GO",153052.0,5020.0,"Material","153052-108/2026","SEINFRA - Materiais para serviços de serralheria","Catálogo do Compras.gov.br","Material",5110.0,"FERRAMENTAS MANUAIS DE CORTE, NÃO ACIONADAS POR FORÇA MOTRIZ",8831.0,"LIMA MANUAL",606038.0,"CARACTERÍSTICAS ADICIONAIS: CABO PLÁSTICO EMBORRACHADO, AÇO CARBONO, PICADO DU, COMPRIMENTO: 200, FORMATO: REDONDA, TIPO: GROSA","UN",15.0,18.0,270.0,0.0,"2026-07-02"]
["UNIVERSIDADE FEDERAL DE GOIAS-UF/GO",153052.0,5021.0,"Material","153052-108/2026","SEINFRA - Materiais para serviços de serralheria","Catálogo do Compras.gov.br","Material",4710.0,"CANOS E TUBOS",14495.0,"TUBO METALON",265205.0,"APLICAÇÃO: MATERIAL HIDRÁULICO, COMPRIMENTO: 6, ESPESSURA CHAPA: 18, SEÇÃO: 30 X 40","BR",300.0,47.0,14100.0,0.0,"2026-07-02"]
["UNIVERSIDADE FEDERAL DE GOIAS-UF/GO",153052.0,5022.0,"Material","153052-108/2026","SEINFRA - Materiais para serviços de serralheria","Catálogo do Compras.gov.br","Material",4710.0,"CANOS E TUBOS",656.0,"TUBO AÇO CARBONO COM COSTURA",613696.0,"CARACTERÍSTICAS ADICIONAIS: TIPO PRETO, COMPRIMENTO: 6, DIÂMETRO NOMINAL: 3, ESPESSURA PAREDES: 2,25","UN",10.0,150.0,1500.0,0.0,"2026-07-02"]
["UNIVERSIDADE FEDERAL DE GOIAS-UF/GO",153052.0,5023.0,"Material","153052-108/2026","SEINFRA - Materiais para serviços de serralheria","Catálogo do Compras.gov.br","Material",4010.0,"CORRENTES E CABOS DE AÇO",5903.0,"CORRENTE DE AÇO",616569.0,"APLICAÇÃO: SUPORTE DE PLACAS INDICATIVAS, CAPACIDADE DE CARGA: 150, COMPRIMENTO: 100, DIMENSÃO RELATIVA DOS ELOS: 10 X 33","UN",60.0,18.9,1134.0,0.0,"2026-07-02"]
["UNIVERSIDADE FEDERAL DE GOIAS-UF/GO",153052.0,5024.0,"Material","153052-108/2026","SEINFRA - Materiais para serviços de serralheria","Catálogo do Compras.gov.br","Material",4710.0,"CANOS E TUBOS",14495.0,"TUBO METALON",360617.0,"APLICAÇÃO: ESTRUTURAS METÁLICAS EM GERAL/PORTAS E PORTÕES, COMPRIMENTO: 6, ESPESSURA CHAPA: 18, FORMATO: QUADRANGULAR, SEÇÃO: 20 X 20","BR",300.0,18.6,5580.0,0.0,"2026-07-02"]
["UNIVERSIDADE FEDERAL DE GOIAS-UF/GO",153052.0,5025.0,"Material","153052-108/2026","SEINFRA - Materiais para serviços de serralheria","Catálogo do Compras.gov.br","Material",4020.0,"CABOS DE FIBRA, CORDOALHAS E BARBANTES",5854.0,"CORDA",229632.0,"APLICAÇÃO: AMARRAÇÕES E IÇAMENTOS DE CARGAS EM GERAL, COR: BRANCA, DIÂMETRO: 8, MATERIAL: POLIPROPILENO, PONTO RUPTURA: 515, TIPO: TRANÇADA (16 PERNAS)","RO",2.0,150.0,300.0,0.0,"2026-07-02"]
["UNIVERSIDADE FEDERAL DE GOIAS-UF/GO",153052.0,5026.0,"Material","153052-108/2026","SEINFRA - Materiais para serviços de serralheria","Catálogo do Compras.gov.br","Material",4710.0,"CANOS E TUBOS",14495.0,"TUBO METALON",255730.0,"APLICAÇÃO: ESTRUTURAS METÁLICAS EM GERAL/PORTAS E PORTÕES, ESPESSURA CHAPA: 18, FORMATO: QUADRANGULAR, SEÇÃO: 15 X 15","BR",100.0,15.5,1550.0,0.0,"2026-07-02"]
["UNIVERSIDADE FEDERAL DE GOIAS-UF/GO",153052.0,5027.0,"Material","153052-108/2026","SEINFRA - Materiais para serviços de serralheria","Catálogo do Compras.gov.br","Material",4710.0,"CANOS E TUBOS",656.0,"TUBO AÇO CARBONO COM COSTURA",375879.0,"CARACTERÍSTICAS ADICIONAIS: TIPO PRETO, EXTREMIDADE LISA BISELADA PARA SOLDA, COMPRIMENTO: 6, DIÂMETRO EXTERNO: 48,30, DIÂMETRO NOMINAL: 1 1/2, ESPESSURA PAREDES: 3,75, PESO: 24,72","UN",50.0,75.0,3750.0,0.0,"2026-07-02"]
["UNIVERSIDADE FEDERAL DE GOIAS-UF/GO",153052.0,5028.0,"Material","153052-108/2026","SEINFRA - Materiais para serviços de serralheria","Catálogo do Compras.gov.br","Material",4710.0,"CANOS E TUBOS",656.0,"TUBO AÇO CARBONO COM COSTURA",480734.0,"CARACTERÍSTICAS ADICIONAIS: TIPO PRETO, COMPRIMENTO: 6, DIÂMETRO NOMINAL: 2, ESPESSURA PAREDES: 3","UN",70.0,90.0,6300.0,0.0,"2026-07-02"]
["UNIVERSIDADE FEDERAL DE GOIAS-UF/GO",153052.0,5029.0,"Material","153052-108/2026","SEINFRA - Materiais para serviços de serralheria","Catálogo do Compras.gov.br","Material",4710.0,"CANOS E TUBOS",656.0,"TUBO AÇO CARBONO COM COSTURA",340349.0,"CARACTERÍSTICAS ADICIONAIS: ASTM A-53 E EXTREMIDADE SOLDÁVEL, COMPRIMENTO: 6, DIÂMETRO NOMINAL: 1, ESPESSURA PAREDES: 3,38","UN",50.0,59.0,2950.0,0.0,"2026-07-02"]
["UNIVERSIDADE FEDERAL DE GOIAS-UF/GO",153052.0,5030.0,"Material","153052-108/2026","SEINFRA - Materiais para serviços de serralheria","Catálogo do Compras.gov.br","Material",4710.0,"CANOS E TUBOS",656.0,"TUBO AÇO CARBONO COM COSTURA",366143.0,"COMPRIMENTO: 6, DIÂMETRO NOMINAL: 6, TRATAMENTO SUPERFICIAL: GALVANIZADO","UN",50.0,55.0,2750.0,0.0,"2026-07-02"]
["UNIVERSIDADE FEDERAL DE GOIAS-UF/GO",153052.0,5031.0,"Material","153052-108/2026","SEINFRA - Materiais para serviços de serralheria","Catálogo do Compras.gov.br","Material",4710.0,"CANOS E TUBOS",656.0,"TUBO AÇO CARBONO COM COSTURA",613698.0,"CARACTERÍSTICAS ADICIONAIS: TIPO PRETO, COMPRIMENTO: 6, DIÂMETRO NOMINAL: 1 1/4, ESPESSURA PAREDES: 2","UN",40.0,65.0,2600.0,0.0,"2026-07-02"]
["UNIVERSIDADE FEDERAL DE GOIAS-UF/GO",153052.0,5032.0,"Material","153052-108/2026","SEINFRA - Materiais para serviços de serralheria","Catálogo do Compras.gov.br","Material",4710.0,"CANOS E TUBOS",14495.0,"TUBO METALON",364633.0,"APLICAÇÃO: ESTRUTURAS METÁLICAS EM GERAL/PORTAS E PORTÕES, COMPRIMENTO: 6, ESPESSURA CHAPA: 18, FORMATO: QUADRANGULAR, SEÇÃO: 40 X 40","BR",60.0,60.0,3600.0,0.0,"2026-07-02"]
["UNIVERSIDADE FEDERAL DE GOIAS-UF/GO",153052.0,5033.0,"Material","153052-108/2026","SEINFRA - Materiais para serviços de serralheria","Catálogo do Compras.gov.br","Material",2995.0,"ACESSÓRIOS DIVERSOS DE MOTORES DE AERONAVES",15473.0,"ARRUELA LISA",292071.0,"APLICAÇÃO: FIXAR PARAFUSO, REFERÊNCIA FABRIL: 3/16","UN",2500.0,0.05,125.0,0.0,"2026-07-02"]
["UNIVERSIDADE FEDERAL DE GOIAS-UF/GO",153052.0,5034.0,"Material","153052-108/2026","SEINFRA - Materiais para serviços de serralheria","Catálogo do Compras.gov.br","Material",2995.0,"ACESSÓRIOS DIVERSOS DE MOTORES DE AERONAVES",15473.0,"ARRUELA LISA",392394.0,"APLICAÇÃO: FIXAR PARAFUSO, REFERÊNCIA FABRIL: 1/4","UN",2500.0,0.09,225.0,0.0,"2026-07-02"]
["UNIVERSIDADE FEDERAL DE GOIAS-UF/GO",153052.0,5035.0,"Material","153052-108/2026","SEINFRA - Materiais para serviços de serralheria","Catálogo do Compras.gov.br","Material",2995.0,"ACESSÓRIOS DIVERSOS DE MOTORES DE AERONAVES",15473.0,"ARRUELA LISA",392394.0,"APLICAÇÃO: FIXAR PARAFUSO, REFERÊNCIA FABRIL: 1/4","UN",1500.0,0.11,165.0,0.0,"2026-07-02"]
["UNIVERSIDADE FEDERAL DE GOIAS-UF/GO",153052.0,5036.0,"Material","153052-108/2026","SEINFRA - Materiais para serviços de serralheria","Catálogo do Compras.gov.br","Material",2995.0,"ACESSÓRIOS DIVERSOS DE MOTORES DE AERONAVES",15473.0,"ARRUELA LISA",392394.0,"APLICAÇÃO: FIXAR PARAFUSO, REFERÊNCIA FABRIL: 1/4","UN",2500.0,0.15,375.0,0.0,"2026-07-02"]
["UNIVERSIDADE FEDERAL DE GOIAS-UF/GO",153052.0,5037.0,"Serviço","153052-114/2026","FM - ANUIDADE ABEM","Catálogo do Compras.gov.br","Serviço",711.0,"SERVIÇOS DE INTERMEDIAÇÃO FINANCEIRA,EXCETO SERVIÇO BANCÁRIODE INVESTIMENTO,SERVIÇOS DE SEGUROS E DE PENSÕES",{"$nulls":4},"-",0.0,0.0,7000.0,0.0,"2026-01-30"]
["UNIVERSIDADE FEDERAL DE GOIAS-UF/GO",153052.0,5039.0,"Material","153052-109/2026","SEINFRA - Materiais para serviços de marcenaria","Catálogo do Compras.gov.br","Material",5530.0,"COMPENSADOS E FOLHEADOS",5396.0,"COMPENSADO MADEIRA",234242.0,"APLICAÇÃO: FABRICAÇÃO DE PEÇAS EM MADEIRA, COMPRIMENTO: 2,20, ESPESSURA: 4, LARGURA: 1,60, MATERIAL: CURUPIXÁ","UN",30.0,90.0,2700.0,0.0,"2026-06-02"]
["UNIVERSIDADE FEDERAL DE GOIAS-UF/GO",153052.0,5040.0,"Material","153052-109/2026","SEINFRA - Materiais para serviços de marcenaria","Catálogo do Compras.gov.br","Material",5530.0,"COMPENSADOS E FOLHEADOS",5396.0,"COMPENSADO MADEIRA",272863.0,"APLICAÇÃO: FABRICAÇÃO DE PEÇAS E CONSTRUÇÃO CIVIL, COMPRIMENTO: 2,20, ESPESSURA: 6, LARGURA: 1,60, MATERIAL: SUMAÚMA","UN",30.0,105.0,3150.0,0.0,"2026-06-02"]
["UNIVERSIDADE FEDERAL DE GOIAS-UF/GO",153052.0,5041.0,"Material","153052-109/2026","SEINFRA - Materiais para serviços de marcenaria","Catálogo do Compras.gov.br","Material",7290.0,"UTENSÍLIOS COMERCIAIS E DOMÉSTICOS DIVERSOS",14332.0,"TRILHO GAVETA",369331.0,"APLICAÇÃO: GAVETA/ARQUIVO/FICHÁRIO, CARACTERÍSTICAS ADICIONAIS: TOTAL ABERTURA, MATERIAL: AÇO ZINCADO, TAMANHO: 45, TIPO: CORREDIÇA TELESCÓPICA","UN",60.0,50.0,3000.0,0.0,"2026-06-02"]
["UNIVERSIDADE FEDERAL DE GOIAS-UF/GO",153052.0,5042.0,"Material","153052-109/2026","SEINFRA - Materiais para serviços de marcenaria","Catálogo do Compras.gov.br","Material",5670.0,"COMPONENTES PRÉ-FABRICADOS PARA CONSTRUÇÃO",15475.0,"PORTA PARA DIVISÓRIA",627156.0,"ALTURA: 2,10, CARACTERÍSTICAS ADICIONAIS: ACÚSTICA,PADRÃO ESPECIAL,COM FECHADURA E DOBRADIÇA, LARGURA: 0,80, MATERIAL: GESSO ACARTONADO DRY WALL","UN",100.0,195.0,19500.0,0.0,"2026-06-02"]
["UNIVERSIDADE FEDERAL DE GOIAS-UF/GO",153052.0,5043.0,"Material","153052-109/2026","SEINFRA - Materiais para serviços de marcenaria","Catálogo do Compras.gov.br","Material",7290.0,"UTENSÍLIOS COMERCIAIS E DOMÉSTICOS DIVERSOS",14332.0,"TRILHO GAVETA",369332.0,"APLICAÇÃO: GAVETA/ARQUIVO/FICHÁRIO, CARACTERÍSTICAS ADICIONAIS: TOTAL ABERTURA, MATERIAL: AÇO ZINCADO, TAMANHO: 50, TIPO: CORREDIÇA TELESCÓPICA","UN",80.0,52.0,4160.0,0.0,"2026-06-02"]
["UNIVERSIDADE FEDERAL DE GOIAS-UF/GO",153052.0,5038.0,"Material","153052-109/2026","SEINFRA - Materiais para serviços de marcenaria","Catálogo do Compras.gov.br","Material",5340.0,"FERRAGENS DIVERSAS",13916.0,"PRESILHA",483590.0,"APLICAÇÃO: FIXAR ESTRUTURA EM FORROS (DRYWALL), FORMATO: PERFIL TIPO CANALETA, MATERIAL: AÇO GALVANIZADO, TIPO: PRESILHA REGULADORA","UN",300.0,1.96,588.0,0.0,"2026-06-02"]
["UNIVERSIDADE FEDERAL DE GOIAS-UF/GO",153052.0,5044.0,"Material","153052-109/2026","SEINFRA - Materiais para serviços de marcenaria","Catálogo do Compras.gov.br","Material",5520.0,"ESQUADRIAS",11071.0,"PORTA",382687.0,"ACABAMENTO SUPERFICIAL: BASE PINTURA, ALTURA: 2,10, CARACTERÍSTICAS ADICIONAIS: SEMI-OCA, EMCABEÇADA, ESPESSURA: 3,5, LARGURA: 90, MATERIAL: MADEIRA, PADRÃO MADEIRA: CEDRO, TIPO: LISA","UN",30.0,118.0,3540.0,0.0,"2026-06-02"]
["UNIVERSIDADE FEDERAL DE GOIAS-UF/GO",153052.0,5045.0,"Material","153052-109/2026","SEINFRA - Materiais para serviços de marcenaria","Catálogo do Compras.gov.br","Material",5530.0,"COMPENSADOS E FOLHEADOS",5396.0,"COMPENSADO MADEIRA",235314.0,"APLICAÇÃO: FABRICAÇÃO DE PEÇAS EM MADEIRA, COMPRIMENTO: 2,20, ESPESSURA: 20, LARGURA: 1,60, MATERIAL: SUMAÚMA","UN",30.0,195.0,5850.0,0.0,"2026-06-02"]
["UNIVERSIDADE FEDERAL DE GOIAS-UF/GO",153052.0,5046.0,"Material","153052-109/2026","SEINFRA - Materiais para serviços de marcenaria","Catálogo do Compras.gov.br","Material",5530.0,"COMPENSADOS E FOLHEADOS",14744.0,"PLACA MADEIRA",372526.0,"ACABAMENTO SUPERFICIAL: TEXTURIZADO, COMPRIMENTO: 2,75, COR: BRANCA, ESPESSURA: 15, LARGURA: 1,85, TIPO: MDF","UN",100.0,215.0,21500.0,0.0,"2026-06-02"]
["UNIVERSIDADE FEDERAL DE GOIAS-UF/GO",153052.0,5047.0,"Material","153052-109/2026","SEINFRA - Materiais para serviços de marcenaria","Catálogo do Compras.gov.br","Material",5520.0,"ESQUADRIAS",7055.0,"FITA BORDA",617493.0,"APLICAÇÃO: ACABAMENTO MÓVEIS, COR: BRANCA, ESPESSURA: 0,6, LARGURA: 60, MATERIAL: PVC - CLORETO DE POLIVINILA","UN",32.0,46.0,1472.0,0.0,"2026-06-02"]
["UNIVERSIDADE FEDERAL DE GOIAS-UF/GO",153052.0,5048.0,"Material","153052-109/2026","SEINFRA - Materiais para serviços de marcenaria","Catálogo do Compras.gov.br","Material",9520.0,"PERFIS ESTRUTURAIS DE FERRO E AÇO",10656.0,"PERFILADO AÇO",462353.0,"APLICAÇÃO: PAREDE DIVISÓRIA TIPO DRYWALL, COMPRIMENTO BARRA: 3, ESPESSURA CHAPA: 0,50, FORMATO: H, LARGURA: 47, TIPO: PERFIL","UN",300.0,5.0,1500.0,0.0,"2026-06-02"]
["UNIVERSIDADE FEDERAL DE GOIAS-UF/GO",153052.0,5049.0,"Material","153052-109/2026","SEINFRA - Materiais para serviços de marcenaria","Catálogo do Compras.gov.br","Material",5520.0,"ESQUADRIAS",7055.0,"FITA BORDA",346872.0,"APLICAÇÃO: ACABAMENTO MÓVEIS/PORTAS, CARACTERÍSTICAS ADICIONAIS: TEXTURIZADO, ALTA RESISTÊNCIA, COR: BRANCA, ESPESSURA: 0,6, LARGURA: 33, MATERIAL: PVC - CLORETO DE POLIVINILA","UN",20.0,19.5,390.0,0.0,"2026-06-02"]
["UNIVERSIDADE FEDERAL DE GOIAS-UF/GO",153052.0,5050.0,"Material","153052-109/2026","SEINFRA - Materiais para serviços de marcenaria","Catálogo do Compras.gov.br","Material",5520.0,"ESQUADRIAS",11071.0,"PORTA",382685.0,"ACABAMENTO SUPERFICIAL: BASE PINTURA, ALTURA: 2,10, CARACTERÍSTICAS ADICIONAIS: SEMI-OCA, EMCABEÇADA, ESPESSURA: 3,5, LARGURA: 80, MATERIAL: MADEIRA, PADRÃO MADEIRA: CEDRO, TIPO: LISA","UN",50.0,100.0,5000.0,0.0,"2026-06-02"]
["UNIVERSIDADE FEDERAL DE GOIAS-UF/GO",153052.0,5051.0,"Material","153052-109/2026","SEINFRA - Materiais para serviços de marcenaria","Catálogo do Compras.gov.br","Material",5530.0,"COMPENSADOS E FOLHEADOS",14744.0,"PLACA MADEIRA",332048.0,"ACABAMENTO SUPERFICIAL: LAMINADO MELAMÍNICO, COMPRIMENTO: 2,75, COR: BRANCA, ESPESSURA: 9, LARGURA: 1,83, TIPO: MDF","UN",50.0,190.0,9500.0,0.0,"2026-06-02"]
["UNIVERSIDADE FEDERAL DE GOIAS-UF/GO",153052.0,5052.0,"Material","153052-109/2026","SEINFRA - Materiais para serviços de marcenaria","Catálogo do Compras.gov.br","Material",9390.0,"PRODUTOS DIVERSOS NÃO METÁLICOS",670.0,"TELA",476884.0,"APLICAÇÃO: ESTUDOS GRANULOMÉTRICOS, CARACTERÍSTICAS ADICIONAIS: ABERTURA 80Μ, COR: BRANCA, LARGURA: 1,20, MATERIAL: NYLON","RO",50.0,12.5,625.0,0.0,"2026-06-02"]
["UNIVERSIDADE FEDERAL DE GOIAS-UF/GO",153052.0,5053.0,"Material","153052-109/2026","SEINFRA - Materiais para serviços de marcenaria","Catálogo do Compras.gov.br","Material",5520.0,"ESQUADRIAS",7055.0,"FITA BORDA",617493.0,"APLICAÇÃO: ACABAMENTO MÓVEIS, COR: BRANCA, ESPESSURA: 0,6, LARGURA: 60, MATERIAL: PVC - CLORETO DE POLIVINILA","UN",10.0,34.0,340.0,0.0,"2026-06-02"]
["UNIVERSIDADE FEDERAL DE GOIAS-UF/GO",153052.0,5054.0,"Material","153052-109/2026","SEINFRA - Materiais para serviços de marcenaria","Catálogo do Compras.gov.br","Material",5670.0,"COMPONENTES PRÉ-FABRICADOS PARA CONSTRUÇÃO",815.0,"DIVISÓRIA",610050.0,"ACABAMENTO SUPERFICIAL: LAMINADO MELAMÍNICO, ALTURA: 260, ESPESSURA: 80, LARGURA: 1240, MATERIAL: MDF, MATERIAL PERFIL: LAMINA DE MADEIRA","UN",300.0,120.0,36000.0,0.0,"2026-06-02"]
["UNIVERSIDADE FEDERAL DE GOIAS-UF/GO",153052.0,5055.0,"Material","153052-109/2026","SEINFRA - Materiais para serviços de marcenaria","Catálogo do Compras.gov.br","Material",9520.0,"PERFIS ESTRUTURAIS DE FERRO E AÇO",10656.0,"PERFILADO AÇO",356680.0,"ALTURA: 20, APLICAÇÃO: PAREDE DIVISÓRIA, COMPRIMENTO BARRA: 3, ESPESSURA CHAPA: 3, FORMATO: U, LARGURA: 36, TRATAMENTO SUPERFICIAL: PINTURA ELETROSTÁTICA EM EPÓXI PRETO","UN",300.0,14.0,4200.0,0.0,"2026-06-02"]
["UNIVERSIDADE FEDERAL DE GOIAS-UF/GO",153052.0,5056.0,"Material","153052-109/2026","SEINFRA - Materiais para serviços de marcenaria","Catálogo do Compras.gov.br","Material",5510.0,"TÁBUAS E ARTIGOS CORRELATOS À BASE DE MADEIRA",12463.0,"TÁBUA MADEIRA",625169.0,"COMPRIMENTO: 6, ESPESSURA: 2,50, ESPÉCIE: ROXINHO, LARGURA: 30","DM3",500.0,23.72,11860.0,0.0,"2026-06-02"]
["UNIVERSIDADE FEDERAL DE GOIAS-UF/GO",153052.0,5057.0,"Material","153052-109/2026","SEINFRA - Materiais para serviços de marcenaria","Catálogo do Compras.gov.br","Material",5530.0,"COMPENSADOS E FOLHEADOS",14744.0,"PLACA MADEIRA",391668.0,"COMPRIMENTO: 2,75, COR: BRANCA, ESPESSURA: 18, LARGURA: 1,85, TIPO: MDF","UN",40.0,240.0,9600.0,0.0,"2026-06-02"]
["UNIVERSIDADE FEDERAL DE GOIAS-UF/GO",153052.0,5058.0,"Material","153052-109/2026","SEINFRA - Materiais para serviços de marcenaria","Catálogo do Compras.gov.br","Material",5620.0,"VIDROS, TELHAS, TIJOLOS E BLOCOS PARA CONSTRUÇÃO",4839.0,"CHAPA DE VIDRO",611616.0,"CARACTERÍSTICAS ADICIONAIS: VIDRO FANTASIA / CANELADO, COMPRIMENTO: 2,20, ESPESSURA: 3, LARGURA: 1,70","UN",30.0,295.0,8850.0,0.0,"2026-06-02"]
["UNIVERSIDADE FEDERAL DE GOIAS-UF/GO",153052.0,5059.0,"Material","153052-109/2026","SEINFRA - Materiais para serviços de marcenaria","Catálogo do Compras.gov.br","Material",7290.0,"UTENSÍLIOS COMERCIAIS E DOMÉSTICOS DIVERSOS",14332.0,"TRILHO GAVETA",454499.0,"APLICAÇÃO: MARCENARIA, MATERIAL: AÇO INOX, TAMANHO: 40, TIPO: CORREDIÇA TELESCÓPICA","UN",60.0,40.0,2400.0,0.0,"2026-06-02"]
["UNIVERSIDADE FEDERAL DE GOIAS-UF/GO",153052.0,5060.0,"Material","153052-109/2026","SEINFRA - Materiais para serviços de marcenaria","Catálogo do Compras.gov.br","Material",5530.0,"COMPENSADOS E FOLHEADOS",14744.0,"PLACA MADEIRA",409939.0,"ACABAMENTO SUPERFICIAL: REVESTIMENTO EM LAMINADO MELAMÍNICO, CARACTERÍSTICAS ADICIONAIS: REVESTIDO EM UMA FACE, COMPRIMENTO: 2,75, COR: BRANCA, ESPESSURA: 6, LARGURA: 1,85, TIPO: MDF","UN",40.0,142.0,5680.0,0.0,"2026-06-02"]
["UNIVERSIDADE FEDERAL DE GOIAS-UF/GO",153052.0,5061.0,"Material","153052-109/2026","SEINFRA - Materiais para serviços de marcenaria","Catálogo do Compras.gov.br","Material",5530.0,"COMPENSADOS E FOLHEADOS",5396.0,"COMPENSADO MADEIRA",256711.0,"APLICAÇÃO: FABRICAÇÃO DE PEÇAS EM MADEIRA, COMPRIMENTO: 2,20, ESPESSURA: 18, LARGURA: 1,60, MATERIAL: SUMAÚMA","UN",30.0,185.0,5550.0,0.0,"2026-06-02"]
["UNIVERSIDADE FEDERAL DE GOIAS-UF/GO",153052.0,5062.0,"Material","153052-109/2026","SEINFRA - Materiais para serviços de marcenaria","Catálogo do Compras.gov.br","Material",7195.0,"MOBILIÁRIOS DIVERSOS E ACESSÓRIOS",17203.0,"TRILHO",629079.0,"APLICAÇÃO: P/ SUPORTE DE EQUIPAMENTOS MÉDICO HOSPITALAR, CARACTERÍSTICAS ADICIONAIS: LARGURA CERCA 35 CM, COMPRIMENTO: CERCA 2,5, MATERIAL: METÁLICO, TIPO: DE TETO, C/ DOIS TRILHOS","UN",30.0,56.0,1680.0,0.0,"2026-06-02"]
["UNIVERSIDADE FEDERAL DE GOIAS-UF/GO",153052.0,5063.0,"Material","153052-109/2026","SEINFRA - Materiais para serviços de marcenaria","Catálogo do Compras.gov.br","Material",7290.0,"UTENSÍLIOS COMERCIAIS E DOMÉSTICOS DIVERSOS",14332.0,"TRILHO GAVETA",628646.0,"ACABAMENTO SUPERFICIAL: ZINCADO, APLICAÇÃO: GAVETA/ARQUIVO/FICHÁRIO, COR: PRATA, MATERIAL: AÇO, TAMANHO: 35, TIPO: CORREDIÇA TELESCÓPICA","UN",60.0,25.0,1500.0,0.0,"2026-06-02"]
["UNIVERSIDADE FEDERAL DE GOIAS-UF/GO",153052.0,5064.0,"Material","153052-109/2026","SEINFRA - Materiais para serviços de marcenaria","Catálogo do Compras.gov.br","Material",7195.0,"MOBILIÁRIOS DIVERSOS E ACESSÓRIOS",17203.0,"TRILHO",629079.0,"APLICAÇÃO: P/ SUPORTE DE EQUIPAMENTOS MÉDICO HOSPITALAR, CARACTERÍSTICAS ADICIONAIS: LARGURA CERCA 35 CM, COMPRIMENTO: CERCA 2,5, MATERIAL: METÁLICO, TIPO: DE TETO, C/ DOIS TRILHOS","UN",30.0,56.0,1680.0,0.0,"2026-06-02"]
["UNIVERSIDADE FEDERAL DE GOIAS-UF/GO",153052.0,5065.0,"Material","153052-109/2026","SEINFRA - Materiais para serviços de marcenaria","Catálogo do Compras.gov.br","Material",5520.0,"ESQUADRIAS",7055.0,"FITA BORDA",406322.0,"APLICAÇÃO: ACABAMENTO MÓVEIS, COR: BRANCA, ESPESSURA: 1, LARGURA: 22, MATERIAL: PVC - CLORETO DE POLIVINILA, COMPRIMENTO: 50","UN",30.0,33.0,990.0,0.0,"2026-06-02"]
["UNIVERSIDADE FEDERAL DE GOIAS-UF/GO",153052.0,5066.0,"Material","153052-109/2026","SEINFRA - Materiais para serviços de marcenaria","Catálogo do Compras.gov.br","Material",5530.0,"COMPENSADOS E FOLHEADOS",5396.0,"COMPENSADO MADEIRA",270670.0,"APLICAÇÃO: CONFECÇÃO DE MÓVEIS, COMPRIMENTO: 2,20, ESPESSURA: 15, LARGURA: 1,60, MATERIAL: SUMAÚMA","UN",30.0,180.0,5400.0,0.0,"2026-06-02"]
["UNIVERSIDADE FEDERAL DE GOIAS-UF/GO",153052.0,5067.0,"Material","153052-109/2026","SEINFRA - Materiais para serviços de marcenaria","Catálogo do Compras.gov.br","Material",5520.0,"ESQUADRIAS",11071.0,"PORTA",382687.0,"ACABAMENTO SUPERFICIAL: BASE PINTURA, ALTURA: 2,10, CARACTERÍSTICAS ADICIONAIS: SEMI-OCA, EMCABEÇADA, ESPESSURA: 3,5, LARGURA: 90, MATERIAL: MADEIRA, PADRÃO MADEIRA: CEDRO, TIPO: LISA","UN",30.0,150.0,4500.0,0.0,"2026-06-02"]
["UNIVERSIDADE FEDERAL DE GOIAS-UF/GO",153052.0,5068.0,"Material","153052-109/2026","SEINFRA - Materiais para serviços de marcenaria","Catálogo do Compras.gov.br","Material",5620.0,"VIDROS, TELHAS, TIJOLOS E BLOCOS PARA CONSTRUÇÃO",4839.0,"CHAPA DE VIDRO",610895.0,"CARACTERÍSTICAS ADICIONAIS: TRANSPARENTE ARAMADO, COMPRIMENTO: 220, ESPESSURA: 4, LARGURA: 170, MATERIAL: VIDRO","UN",30.0,330.0,9900.0,0.0,"2026-06-02"]
["UNIVERSIDADE FEDERAL DE GOIAS-UF/GO",153052.0,5069.0,"Material","153052-109/2026","SEINFRA - Materiais para serviços de marcenaria","Catálogo do Compras.gov.br","Material",5530.0,"COMPENSADOS E FOLHEADOS",5396.0,"COMPENSADO MADEIRA",270669.0,"APLICAÇÃO: CONFECÇÃO DE MÓVEIS, COMPRIMENTO: 2,20, ESPESSURA: 10, LARGURA: 1,60, MATERIAL: SUMAÚMA","UN",30.0,140.0,4200.0,0.0,"2026-06-02"]
["UNIVERSIDADE FEDERAL DE GOIAS-UF/GO",153052.0,5070.0,"Material","153052-109/2026","SEINFRA - Materiais para serviços de marcenaria","Catálogo do Compras.gov.br","Material",9520.0,"PERFIS ESTRUTURAIS DE FERRO E AÇO",10656.0,"PERFILADO AÇO",462353.0,"APLICAÇÃO: PAREDE DIVISÓRIA TIPO DRYWALL, COMPRIMENTO BARRA: 3, ESPESSURA CHAPA: 0,50, FORMATO: H, LARGURA: 47, TIPO: PERFIL","UN",300.0,13.0,3900.0,0.0,"2026-06-02"]
["UNIVERSIDADE FEDERAL DE GOIAS-UF/GO",153052.0,5071.0,"Material","153052-109/2026","SEINFRA - Materiais para serviços de marcenaria","Catálogo do Compras.gov.br","Material",5180.0,"JOGOS E CONJUNTOS DE FERRAMENTAS MANUAIS",14636.0,"CONJUNTO FERRAMENTAS",625256.0,"APLICAÇÃO: USO EM FURADEIRA / PARAFUSADEIRA, CARACTERÍSTICAS ADICIONAIS: ESTOJO, COMPONENTES: 34 PONTAS PHILLIPS, FENDA, QUADRADA E TORX, COMPONENTES ADICIONAIS: 2 SOQUESTES, 1 EXTENSOR E 1 ESTOJO, TIPO: KIT DE ACESSÓRIOS COM 37 PEÇAS","UN",10.0,72.0,720.0,0.0,"2026-06-02"]
["UNIVERSIDADE FEDERAL DE GOIAS-UF/GO",153052.0,5072.0,"Material","153052-109/2026","SEINFRA - Materiais para serviços de marcenaria","Catálogo do Compras.gov.br","Material",5180.0,"JOGOS E CONJUNTOS DE FERRAMENTAS MANUAIS",14798.0,"JOGO BITS COM MARTELETE IMPACTO",445381.0,"CARACTERÍSTICAS ADICIONAIS: ESTOJO COM 10 UNIDADES, COMPOSIÇÃO: JOGO BITS PHILIPS, MATERIAL BITS: TITÂNIO, TAMANHO FENDAS: 2X25","UN",10.0,9.5,95.0,0.0,"2026-06-02"]
["UNIVERSIDADE FEDERAL DE GOIAS-UF/GO",153052.0,5073.0,"Material","153052-109/2026","SEINFRA - Materiais para serviços de marcenaria","Catálogo do Compras.gov.br","Material",5305.0,"PARAFUSOS SEM PORCA",550.0,"PARAFUSO AUTO-ATARRAXANTE",260888.0,"COMPRIMENTO: 45, DIÂMETRO CORPO: 4,80, MATERIAL: AÇO INOXIDÁVEL, TIPO CABEÇA: PANELA, TIPO FENDA: RETA","C",60.0,28.0,1680.0,0.0,"2026-06-02"]
["UNIVERSIDADE FEDERAL DE GOIAS-UF/GO",153052.0,5074.0,"Material","153052-109/2026","SEINFRA - Materiais para serviços de marcenaria","Catálogo do Compras.gov.br","Material",5305.0,"PARAFUSOS SEM PORCA",550.0,"PARAFUSO AUTO-ATARRAXANTE",456440.0,"COMPRIMENTO: 35, DIÂMETRO CORPO: 3,50, MATERIAL: AÇO CARBONO, TIPO CABEÇA: TROMBETA, TIPO FENDA: PHILLIPS, TRATAMENTO SUPERFICIAL: GALVANIZADO","C",50.0,15.0,750.0,0.0,"2026-06-02"]
["UNIVERSIDADE FEDERAL DE GOIAS-UF/GO",153052.0,5075.0,"Material","153052-109/2026","SEINFRA - Materiais para serviços de marcenaria","Catálogo do Compras.gov.br","Material",5340.0,"FERRAGENS DIVERSAS",557.0,"DOBRADIÇA PORTA",615238.0,"APLICAÇÃO: PORTA DE MADEIRA, CARACTERÍSTICAS ADICIONAIS: PINO SOLTO, MATERIAL: AÇO, TRATAMENTO SUPERFICIAL: CROMADO","UN",300.0,12.0,3600.0,0.0,"2026-06-02"]
["UNIVERSIDADE FEDERAL DE GOIAS-UF/GO",153052.0,5076.0,"Material","153052-109/2026","SEINFRA - Materiais para serviços de marcenaria","Catálogo do Compras.gov.br","Material",5305.0,"PARAFUSOS SEM PORCA",550.0,"PARAFUSO AUTO-ATARRAXANTE",456440.0,"COMPRIMENTO: 35, DIÂMETRO CORPO: 3,50, MATERIAL: AÇO CARBONO, TIPO CABEÇA: TROMBETA, TIPO FENDA: PHILLIPS, TRATAMENTO SUPERFICIAL: GALVANIZADO","C",30.0,19.0,570.0,0.0,"2026-06-02"]
["UNIVERSIDADE FEDERAL DE GOIAS-UF/GO",153052.0,5077.0,"Material","153052-109/2026","SEINFRA - Materiais para serviços de marcenaria","Catálogo do Compras.gov.br","Material",5340.0,"FERRAGENS DIVERSAS",7374.0,"FERRAGEM ARMÁRIO / GAVETA",604199.0,"APLICAÇÃO: GAVETA, CARACTERÍSTICAS ADICIONAIS: BARRA 600 MM, CHAVES METÁLICAS, FORMATO: RETANGULAR, MATERIAL: METAL CROMADO, TIPO: FECHADURA","UN",50.0,12.0,600.0,0.0,"2026-06-02"]
["UNIVERSIDADE FEDERAL DE GOIAS-UF/GO",153052.0,5078.0,"Material","153052-109/2026","SEINFRA - Materiais para serviços de marcenaria","Catálogo do Compras.gov.br","Material",5305.0,"PARAFUSOS SEM PORCA",550.0,"PARAFUSO AUTO-ATARRAXANTE",442782.0,"CARACTERÍSTICAS ADICIONAIS: FIXER/ROSCA AUTO CORTANTE TIPO CHIPBOARD, COMPRIMENTO: 35, DIÂMETRO CORPO: 4, MATERIAL: AÇO CARBONO, TIPO CABEÇA: FLANGEADA, TIPO FENDA: PHILLIPS, TRATAMENTO SUPERFICIAL: BICROMATIZADO","C",50.0,10.0,500.0,0.0,"2026-06-02"]
["UNIVERSIDADE FEDERAL DE GOIAS-UF/GO",153052.0,5079.0,"Material","153052-109/2026","SEINFRA - Materiais para serviços de marcenaria","Catálogo do Compras.gov.br","Material",5340.0,"FERRAGENS DIVERSAS",13880.0,"DOBRADIÇA",442977.0,"ACABAMENTO: NIQUELADO, APLICAÇÃO: PORTA, MATERIAL: FERRO, TAMANHO: 4, TIPO: VAI-VEM","UN",40.0,17.0,680.0,0.0,"2026-06-02"]
["UNIVERSIDADE FEDERAL DE GOIAS-UF/GO",153052.0,5080.0,"Material","153052-109/2026","SEINFRA - Materiais para serviços de marcenaria","Catálogo do Compras.gov.br","Material",5340.0,"FERRAGENS DIVERSAS",557.0,"DOBRADIÇA PORTA",456562.0,"CARACTERÍSTICAS ADICIONAIS: CÔR CINZA, PARA DIVISÓRIA, MATERIAL: FERRO POLIDO, TRATAMENTO SUPERFICIAL: PINTURA, ALTURA: 3 1/2, LARGURA: 2 1/4","UN",150.0,4.0,600.0,0.0,"2026-06-02"]
["UNIVERSIDADE FEDERAL DE GOIAS-UF/GO",153052.0,5081.0,"Material","153052-109/2026","SEINFRA - Materiais para serviços de marcenaria","Catálogo do Compras.gov.br","Material",5340.0,"FERRAGENS DIVERSAS",566.0,"FECHADURA",622699.0,"ACABAMENTO SUPERFICIAL: CROMADO, APLICAÇÃO: GAVETA, CARACTERÍSTICAS ADICIONAIS: CILINDRO 31 MM, MATERIAL CAIXA: AÇO, TIPO: EXTERNA","UN",120.0,40.0,4800.0,0.0,"2026-06-02"]
["UNIVERSIDADE FEDERAL DE GOIAS-UF/GO",153052.0,5082.0,"Material","153052-109/2026","SEINFRA - Materiais para serviços de marcenaria","Catálogo do Compras.gov.br","Material",5340.0,"FERRAGENS DIVERSAS",566.0,"FECHADURA",340588.0,"ACABAMENTO SUPERFICIAL: CROMADO, APLICAÇÃO: PORTA DE DIVISÓRIA, MATERIAL CAIXA: METAL, TIPO: TUBULAR","UN",100.0,65.0,6500.0,0.0,"2026-06-02"]
["UNIVERSIDADE FEDERAL DE GOIAS-UF/GO",153052.0,5083.0,"Material","153052-109/2026","SEINFRA - Materiais para serviços de marcenaria","Catálogo do Compras.gov.br","Material",5340.0,"FERRAGENS DIVERSAS",13880.0,"DOBRADIÇA",442976.0,"ACABAMENTO: NIQUELADO, APLICAÇÃO: PORTA, MATERIAL: FERRO, TAMANHO: 3, TIPO: VAI-VEM","UN",60.0,18.0,1080.0,0.0,"2026-06-02"]
["UNIVERSIDADE FEDERAL DE GOIAS-UF/GO",153052.0,5084.0,"Material","153052-109/2026","SEINFRA - Materiais para serviços de marcenaria","Catálogo do Compras.gov.br","Material",5340.0,"FERRAGENS DIVERSAS",7369.0,"FERRAGEM - PORTA / JANELA / TRANCA",612622.0,"APLICAÇÃO: GUIA PARA PORTAS E JANELAS CORREREM NO TRILHO, MATERIAL: AÇO/PLÁSTICO, TIPO: ROLDANA","UN",300.0,18.0,5400.0,0.0,"2026-06-02"]
["UNIVERSIDADE FEDERAL DE GOIAS-UF/GO",153052.0,5085.0,"Material","153052-109/2026","SEINFRA - Materiais para serviços de marcenaria","Catálogo do Compras.gov.br","Material",5340.0,"FERRAGENS DIVERSAS",7374.0,"FERRAGEM ARMÁRIO / GAVETA",604199.0,"APLICAÇÃO: GAVETA, CARACTERÍSTICAS ADICIONAIS: BARRA 600 MM, CHAVES METÁLICAS, FORMATO: RETANGULAR, MATERIAL: METAL CROMADO, TIPO: FECHADURA","UN",50.0,9.0,450.0,0.0,"2026-06-02"]
["UNIVERSIDADE FEDERAL DE GOIAS-UF/GO",153052.0,5086.0,"Material","153052-109/2026","SEINFRA - Materiais para serviços de marcenaria","Catálogo do Compras.gov.br","Material",3820.0,"EQUIPAMENTOS PARA MINERAÇÃO, PERFURAÇÃO DE ROCHAS, TERRA  E CORRELATOS",14629.0,"BITS DE PERFURAÇÃO",446609.0,"DIMENSÕES: 1/4 X 6, MATERIAL: AÇO RÁPIDO, TIPO: QUADRADO","UN",50.0,7.15,357.5,0.0,"2026-06-02"]
["UNIVERSIDADE FEDERAL DE GOIAS-UF/GO",153052.0,5087.0,"Material","153052-109/2026","SEINFRA - Materiais para serviços de marcenaria","Catálogo do Compras.gov.br","Material",3820.0,"EQUIPAMENTOS PARA MINERAÇÃO, PERFURAÇÃO DE ROCHAS, TERRA  E CORRELATOS",14629.0,"BITS DE PERFURAÇÃO",446609.0,"DIMENSÕES: 1/4 X 6, MATERIAL: AÇO RÁPIDO, TIPO: QUADRADO","UN",50.0,7.15,357.5,0.0,"2026-06-02"]
["UNIVERSIDADE FEDERAL DE GOIAS-UF/GO",153052.0,5090.0,"Material","153052-113/2026","MATERIAIS E EQUIPAMENTOS ERGONÔMICOS E FISIOTERAPÊUTICOS, MODELOS ANATÔMICOS","Catálogo do Compras.gov.br","Material",6530.0,"MOBILIÁRIO, EQUIPAMENTOS, UTENSÍLIOS E  SUPRIMENTOS  HOSPITALARES",6789.0,"MATERIAL FISIOTERAPIA",615614.0,"APLICAÇÃO: EXERCÍCIO FORTALECIMENTO MUSCULAR E MASSAGEM, CARACTERÍSTICAS ADICIONAIS: TEXTURIZADO, DIMENSÃO: CERCA DE 15 X 60, ESTERILIDADE: REUTILIZÁVEL, MATERIAL: EVA, TIPO: ROLO CILÍNDRICO","UN",3.0,200.0,600.0,0.0,"2026-08-03"]
["UNIVERSIDADE FEDERAL DE GOIAS-UF/GO",153052.0,5091.0,"Material","153052-113/2026","MATERIAIS E EQUIPAMENTOS ERGONÔMICOS E FISIOTERAPÊUTICOS, MODELOS ANATÔMICOS","Catálogo do Compras.gov.br","Material",4510.0,"DISPOSITIVOS E ACESSÓRIOS PARA INSTALAÇÕES HIDRÁULICAS",3319.0,"BANHEIRA",268746.0,"ALTURA: 0,90, APLICAÇÃO: TOSA EM CANIL, CARACTERÍSTICAS ADICIONAIS: ALTO PADRÃO DE ACABAMENTO,SABONETEIRA EM AÇO INOX,, COMPRIMENTO: 1,20, LARGURA: 0,70, MATERIAL: AÇO INOXIDÁVEL","UN",1.0,1000.0,1000.0,0.0,"2026-08-03"]
["UNIVERSIDADE FEDERAL DE GOIAS-UF/GO",153052.0,5088.0,"Material","153052-113/2026","MATERIAIS E EQUIPAMENTOS ERGONÔMICOS E FISIOTERAPÊUTICOS, MODELOS ANATÔMICOS","Catálogo do Compras.gov.br","Material",6910.0,"ACESSÓRIOS PARA TREINAMENTO",9837.0,"MODELO ANATÔMICO PARA FINS DIDÁTICOS",null,null,"-",0.0,0.0,18000.0,0.0,"2026-08-03"]
["UNIVERSIDADE FEDERAL DE GOIAS-UF/GO",153052.0,5089.0,"Material","153052-113/2026","MATERIAIS E EQUIPAMENTOS ERGONÔMICOS E FISIOTERAPÊUTICOS, MODELOS ANATÔMICOS","Catálogo do Compras.gov.br","Material",7195.0,"MOBILIÁRIOS DIVERSOS E ACESSÓRIOS",6073.0,"DESCANSO PÉS",459718.0,"CARACTERÍSTICAS ADICIONAIS: BASE ANTIDERRAPANTE, COMPRIMENTO: 31,5, LARGURA: 48, MATERIAL BANDEJA: PLÁSTICO, MATERIAL ESTRUTURA: PLÁSTICO, TIPO: AJUSTÁVEL","UN",50.0,100.0,5000.0,0.0,"2026-08-03"]
["UNIVERSIDADE FEDERAL DE GOIAS-UF/GO",153052.0,5118.0,"Material","153052-110/2026","SEINFRA E OUTROS - Materiais e ferramentas para manutenção de equipamentos","Catálogo do Compras.gov.br","Material",5180.0,"JOGOS E CONJUNTOS DE FERRAMENTAS MANUAIS",10273.0,"PÁ",449366.0,"APLICAÇÃO: JARDINAGEM, CARACTERÍSTICAS ADICIONAIS: PÁ MANUAL PRA JARDINAGEM, MATERIAL: AÇO, MATERIAL CABO: MADEIRA","UN",10.0,10.0,100.0,0.0,"2026-07-02"]
["UNIVERSIDADE FEDERAL DE GOIAS-UF/GO",153052.0,5092.0,"Material","153052-110/2026","SEINFRA E OUTROS - Materiais e ferramentas para manutenção de equipamentos","Catálogo do Compras.gov.br","Material",6850.0,"ESPECIALIDADES QUÍMICAS DIVERSAS",8849.0,"LIMPADOR CONTATO ELÉTRICO/ELETRÔNICO",369251.0,"APLICAÇÃO: LIMPEZA COMPONENTES ELÉTRICOS, APRESENTAÇÃO: AEROSOL, CARACTERÍSTICAS ADICIONAIS: FÁCIL EVAPORAÇÃO, NÃO CONDUTOR/INFLAMÁVEL, SEM CFC","UN",100.0,8.5,850.0,0.0,"2026-07-02"]
["UNIVERSIDADE FEDERAL DE GOIAS-UF/GO",153052.0,5093.0,"Material","153052-110/2026","SEINFRA E OUTROS - Materiais e ferramentas para manutenção de equipamentos","Catálogo do Compras.gov.br","Material",3110.0,"ROLAMENTOS ANTIFRICÇÃO NÃO MONTADOS",11797.0,"ROLAMENTO DE ESFERA",396857.0,"CARACTERÍSTICAS ADICIONAIS: RÍGIDO DE UMA CARREIRA DE ESFERAS, UMA BLINDAGEM, REFERÊNCIA FABRICANTE: 608 ZZ, TIPO USO: MÁQUINAS EM GERAL","UN",100.0,7.9,790.0,0.0,"2026-07-02"]
["UNIVERSIDADE FEDERAL DE GOIAS-UF/GO",153052.0,5094.0,"Material","153052-110/2026","SEINFRA E OUTROS - Materiais e ferramentas para manutenção de equipamentos","Catálogo do Compras.gov.br","Material",6850.0,"ESPECIALIDADES QUÍMICAS DIVERSAS",12234.0,"LUBRIFICANTE MINERAL",482855.0,"APLICAÇÃO: LUBRIFICAÇÃO DE PEÇAS, CARACTERÍSTICAS ADICIONAIS: ANTICORROSIVO, COMPOSIÇÃO: ÓLEO MINERAL","UN",50.0,32.9,1645.0,0.0,"2026-07-02"]
["UNIVERSIDADE FEDERAL DE GOIAS-UF/GO",153052.0,5095.0,"Material","153052-110/2026","SEINFRA E OUTROS - Materiais e ferramentas para manutenção de equipamentos","Catálogo do Compras.gov.br","Material",8010.0,"TINTAS, VERNIZES E PRODUTOS CORRELATOS",1502.0,"ZARCÃO",389532.0,"COR: LARANJA, TEMPO SECAGEM: RÁPIDA","UN",20.0,100.0,2000.0,0.0,"2026-07-02"]
["UNIVERSIDADE FEDERAL DE GOIAS-UF/GO",153052.0,5096.0,"Material","153052-110/2026","SEINFRA E OUTROS - Materiais e ferramentas para manutenção de equipamentos","Catálogo do Compras.gov.br","Material",9535.0,"PLACAS, CHAPAS, FITAS E LAMINADOS FINOS DE METAIS NÃO  FERROSOS",3359.0,"BARRA CHATA",624074.0,"COMPRIMENTO: 6, ESPESSURA: 3/8, FORMATO SEÇÃO: CHATO, LARGURA: 1, MATERIAL: AÇO","UN",20.0,30.0,600.0,0.0,"2026-07-02"]
["UNIVERSIDADE FEDERAL DE GOIAS-UF/GO",153052.0,5097.0,"Material","153052-110/2026","SEINFRA E OUTROS - Materiais e ferramentas para manutenção de equipamentos","Catálogo do Compras.gov.br","Material",8010.0,"TINTAS, VERNIZES E PRODUTOS CORRELATOS",12735.0,"TINTA ARTÍSTICA",360218.0,"APLICAÇÃO: ARTESANATOS, ROUPAS/TECIDOS, ARRANJOS FLORES SECAS, APRESENTAÇÃO: CONJUNTO 6 FRASCOS 15 ML, BICO APLICADOR, COMPOSIÇÃO: A BASE DE RESINA ACRÍLICA, COR: VERMELHO, VERDE, AZUL, PEROLADO, OURO E PRATA, TIPO: GLITTER, TIPO ACABAMENTO: TRANSLÚCIDO","UN",200.0,27.0,5400.0,0.0,"2026-07-02"]
["UNIVERSIDADE FEDERAL DE GOIAS-UF/GO",153052.0,5098.0,"Material","153052-110/2026","SEINFRA E OUTROS - Materiais e ferramentas para manutenção de equipamentos","Catálogo do Compras.gov.br","Material",3439.0,"SUPRIMENTOS E ACESSÓRIOS PARA SOLDAS DIVERSAS, FRACAS E  FORTES",1137.0,"FLUXO SOLDA",219142.0,"APLICAÇÃO: CABOS TERMINAIS, ASPECTO FÍSICO: LÍQUIDO, COMPOSTO BÁSICO: MATERIAL INORGÂNICO, DENSIDADE: 0,810, PRAZO VALIDADE: 12 MESES (FECHADO) E 6 MESES (ABERTO)","UN",20.0,20.0,400.0,0.0,"2026-07-02"]
["UNIVERSIDADE FEDERAL DE GOIAS-UF/GO",153052.0,5099.0,"Material","153052-110/2026","SEINFRA E OUTROS - Materiais e ferramentas para manutenção de equipamentos","Catálogo do Compras.gov.br","Material",3439.0,"SUPRIMENTOS E ACESSÓRIOS PARA SOLDAS DIVERSAS, FRACAS E  FORTES",1157.0,"ELETRODO SOLDA",431110.0,"DIÂMETRO: 2,50, MATERIAL INDICADO: AÇO BAIXO E MÉDIO TEOR CARBONO, NORMAS TÉCNICAS: AWS A5.1/81, CLASSE E-6013","UN",100.0,95.9,9590.0,0.0,"2026-07-02"]
["UNIVERSIDADE FEDERAL DE GOIAS-UF/GO",153052.0,5100.0,"Material","153052-110/2026","SEINFRA E OUTROS - Materiais e ferramentas para manutenção de equipamentos","Catálogo do Compras.gov.br","Material",5325.0,"DISPOSITIVOS PARA FIXAÇÃO",4966.0,"CHUMBADOR ESPECIAL",622771.0,"APLICAÇÃO: FIXAÇÃO EM CONCRETO, DIÂMETRO ROSCA: 3/8, MATERIAL: AÇO GALVANIZADO, TIPO: CBA","UN",500.0,1.8,900.0,0.0,"2026-07-02"]
["UNIVERSIDADE FEDERAL DE GOIAS-UF/GO",153052.0,5101.0,"Material","153052-110/2026","SEINFRA E OUTROS - Materiais e ferramentas para manutenção de equipamentos","Catálogo do Compras.gov.br","Material",8010.0,"TINTAS, VERNIZES E PRODUTOS CORRELATOS",12735.0,"TINTA ARTÍSTICA",326449.0,"APLICAÇÃO: METAL, APRESENTAÇÃO: SPRAY, CARACTERÍSTICAS ADICIONAIS: ACETONA COM PIGMENTOS METÁLICOS, JATO DIRETO, COMPOSIÇÃO: A BASE DE RESINA ACRÍLICA, COR: PRETO FOSCO, TIPO: SECAGEM RÁPIDA","UN",200.0,27.0,5400.0,0.0,"2026-07-02"]
["UNIVERSIDADE FEDERAL DE GOIAS-UF/GO",153052.0,5102.0,"Material","153052-110/2026","SEINFRA E OUTROS - Materiais e ferramentas para manutenção de equipamentos","Catálogo do Compras.gov.br","Material",9150.0,"ÓLEOS E GRAXAS PARA CORTE, LUBRIFICAÇÃO E SISTEMAS  HIDRÁULICOS",14780.0,"DESENGRIPANTE",602645.0,"APLICAÇÃO: USO GERAL, APRESENTAÇÃO: SPRAY, COMPOSIÇÃO: BASE SINTÉTICA BIODEGRADÁVEL","UN",50.0,15.0,750.0,0.0,"2026-07-02"]
["UNIVERSIDADE FEDERAL DE GOIAS-UF/GO",153052.0,5103.0,"Material","153052-110/2026","SEINFRA E OUTROS - Materiais e ferramentas para manutenção de equipamentos","Catálogo do Compras.gov.br","Material",9999.0,"ITENS DIVERSOS",7049.0,"ESPUMA",389890.0,"APLICAÇÃO: VEDAÇÃO SUPERFÍCIES LISAS E POROSAS, ASPECTO FÍSICO: SPRAY, CARACTERÍSTICAS ADICIONAIS: EXPANSIVA, MATERIAL: POLIURETANO","UN",40.0,25.0,1000.0,0.0,"2026-07-02"]
["UNIVERSIDADE FEDERAL DE GOIAS-UF/GO",153052.0,5121.0,"Material","153052-110/2026","SEINFRA E OUTROS - Materiais e ferramentas para manutenção de equipamentos","Catálogo do Compras.gov.br","Material",5180.0,"JOGOS E CONJUNTOS DE FERRAMENTAS MANUAIS",14636.0,"CONJUNTO FERRAMENTAS",608436.0,"APLICAÇÃO: MANUTENÇÃO EM GERAL, COMPONENTES: 1 ALICATE UNIVERSAL 8\", 1 ALICATE DE CORTE 6\", 1 A, COMPONENTES ADICIONAIS: MALETA  METÁLICA COM 5 BANDEJAS, TIPO: KIT FERRAMENTAS COM 39 PEÇAS","UN",1.0,91.0,91.0,0.0,"2026-07-02"]
["UNIVERSIDADE FEDERAL DE GOIAS-UF/GO",153052.0,5104.0,"Material","153052-110/2026","SEINFRA E OUTROS - Materiais e ferramentas para manutenção de equipamentos","Catálogo do Compras.gov.br","Material",9535.0,"PLACAS, CHAPAS, FITAS E LAMINADOS FINOS DE METAIS NÃO  FERROSOS",3359.0,"BARRA CHATA",477156.0,"COMPRIMENTO: 6, ESPESSURA: 1/2, FORMATO SEÇÃO: CHATO, LARGURA: 2, MATERIAL: AÇO INOX AISI 304","UN",20.0,25.0,500.0,0.0,"2026-07-02"]
["UNIVERSIDADE FEDERAL DE GOIAS-UF/GO",153052.0,5105.0,"Material","153052-110/2026","SEINFRA E OUTROS - Materiais e ferramentas para manutenção de equipamentos","Catálogo do Compras.gov.br","Material",7920.0,"VASSOURAS, ESCOVAS, RODOS, ESPONJAS E ESFREGÕES",7174.0,"ESTOPA",227348.0,"MATERIAL: FIO ALGODÃO CRÚ/FIO ALDOGÃO ALVEJADO/, APLICAÇÃO: LIMPEZA DETRITOS E RESTOS DE ÓLEO","UN",20.0,4.5,90.0,0.0,"2026-07-02"]
["UNIVERSIDADE FEDERAL DE GOIAS-UF/GO",153052.0,5106.0,"Material","153052-110/2026","SEINFRA E OUTROS - Materiais e ferramentas para manutenção de equipamentos","Catálogo do Compras.gov.br","Material",8020.0,"PINCEL PARA ARTISTAS E PINTORES",1573.0,"TRINCHA",602368.0,"MATERIAL CABO: ANATOMICO, MATERIAL CERDAS: CERDAS DE PORCO., TAMANHO: 1/2\" - 1\" - 2\".","UN",100.0,15.0,1500.0,0.0,"2026-07-02"]
["UNIVERSIDADE FEDERAL DE GOIAS-UF/GO",153052.0,5107.0,"Material","153052-110/2026","SEINFRA E OUTROS - Materiais e ferramentas para manutenção de equipamentos","Catálogo do Compras.gov.br","Material",5330.0,"GAXETAS E OUTROS MATERIAIS PARA VEDAÇÃO",3817.0,"BORRACHA VEDAÇÃO",295251.0,"ALTURA: 13, APLICAÇÃO: AUTOCLAVE BAUMER, MODELO 365-P, LARGURA: 13, MATERIAL: SILICONE, USO: PORTA DE AUTOCLAVE","UN",20.0,167.9,3358.0,0.0,"2026-07-02"]
["UNIVERSIDADE FEDERAL DE GOIAS-UF/GO",153052.0,5108.0,"Material","153052-110/2026","SEINFRA E OUTROS - Materiais e ferramentas para manutenção de equipamentos","Catálogo do Compras.gov.br","Material",5345.0,"DISCOS E PEDRAS ABRASIVOS",581.0,"DISCO ABRASIVO",481666.0,"DIÂMETRO: 4.1/2, DIÂMETRO FURO: 7/8, ESPESSURA GRÃO: GRANA 80, MATERIAL: METAL","UN",200.0,7.0,1400.0,0.0,"2026-07-02"]
["UNIVERSIDADE FEDERAL DE GOIAS-UF/GO",153052.0,5109.0,"Material","153052-110/2026","SEINFRA E OUTROS - Materiais e ferramentas para manutenção de equipamentos","Catálogo do Compras.gov.br","Material",3439.0,"SUPRIMENTOS E ACESSÓRIOS PARA SOLDAS DIVERSAS, FRACAS E  FORTES",1137.0,"FLUXO SOLDA",219162.0,"APLICAÇÃO: METAIS FERROSOS, ASPECTO FÍSICO: PASTOSO, COMPOSTO BÁSICO: CLORETO ZINCO E CLORETO AMÔNIA, DENSIDADE: NÃO CONHECIDO, PRAZO VALIDADE: 12 MESES","UN",30.0,10.0,300.0,0.0,"2026-07-02"]
["UNIVERSIDADE FEDERAL DE GOIAS-UF/GO",153052.0,5110.0,"Material","153052-110/2026","SEINFRA E OUTROS - Materiais e ferramentas para manutenção de equipamentos","Catálogo do Compras.gov.br","Material",5345.0,"DISCOS E PEDRAS ABRASIVOS",567.0,"DISCO CORTE",482967.0,"APLICAÇÃO: AÇO E LIGAS MATERIAIS FERROSOS EM GERAL, DIÂMETRO: 4 1/2, DIÂMETRO FURO: 7/8, ESPESSURA: 1/8, MATERIAL: ÓXIDO ALUMÍNIO","UN",500.0,6.0,3000.0,0.0,"2026-07-02"]
["UNIVERSIDADE FEDERAL DE GOIAS-UF/GO",153052.0,5111.0,"Material","153052-110/2026","SEINFRA E OUTROS - Materiais e ferramentas para manutenção de equipamentos","Catálogo do Compras.gov.br","Material",8010.0,"TINTAS, VERNIZES E PRODUTOS CORRELATOS",6210.0,"DILUENTE TINTA",619549.0,"ASPECTO FÍSICO: LÍQUIDO, COMPOSIÇÃO: ETANOL, ACETONA, COR: INCOLOR","LT",20.0,100.0,2000.0,0.0,"2026-07-02"]
["UNIVERSIDADE FEDERAL DE GOIAS-UF/GO",153052.0,5112.0,"Material","153052-110/2026","SEINFRA E OUTROS - Materiais e ferramentas para manutenção de equipamentos","Catálogo do Compras.gov.br","Material",3030.0,"CORREAME, CORREIAS DE TRANSMISSÃO, CORREIAS DOS VENTILADORESE ACESSÓRIOS",5892.0,"CORREIA TRANSMISSÃO",250903.0,"APLICAÇÃO: EQUIPAMENTO AR CONDICIONADO CENTRAL, MATERIAL: BORRACHA, TIPO: B 40","UN",20.0,16.9,338.0,0.0,"2026-07-02"]
["UNIVERSIDADE FEDERAL DE GOIAS-UF/GO",153052.0,5113.0,"Material","153052-110/2026","SEINFRA E OUTROS - Materiais e ferramentas para manutenção de equipamentos","Catálogo do Compras.gov.br","Material",5180.0,"JOGOS E CONJUNTOS DE FERRAMENTAS MANUAIS",14636.0,"CONJUNTO FERRAMENTAS",612600.0,"APLICAÇÃO: DIVERSAS DA CONTRUÇÃO CIVIL, MARCENARIA E METAL ME, CARACTERÍSTICAS ADICIONAIS: VELOCIDADE VARIÁVEL, ROTAÇÃO REVERSÍVEL E, COMPONENTES: FURADEIRA, PARAFUSADEIRA, 2 BATERIAS, CARREGADOR E","UN",1.0,810.0,810.0,0.0,"2026-07-02"]
["UNIVERSIDADE FEDERAL DE GOIAS-UF/GO",153052.0,5114.0,"Material","153052-110/2026","SEINFRA E OUTROS - Materiais e ferramentas para manutenção de equipamentos","Catálogo do Compras.gov.br","Material",3590.0,"EQUIPAMENTOS DIVERSOS PARA SERVIÇOS PROFISSIONAIS E  COMERCIAIS",16887.0,"EQUIPAMENTOS DIVERSOS PARA SERVIÇOS PROFISSIONAIS",446371.0,"CARACTERÍSTICAS ADICIONAIS: CONTROLE DE VELOCIDADE E ACESSÓRIOS, MATERIAL: AÇO E POLIPROPILENO, TIPO: MICRO RETÍFICA, USO: RESTAURAÇÃO, CONFECÇÃO DE PEÇAS E ACABAMENTO, VOLTAGEM: 220","UN",5.0,750.0,3750.0,0.0,"2026-07-02"]
["UNIVERSIDADE FEDERAL DE GOIAS-UF/GO",153052.0,5115.0,"Material","153052-110/2026","SEINFRA E OUTROS - Materiais e ferramentas para manutenção de equipamentos","Catálogo do Compras.gov.br","Material",5180.0,"JOGOS E CONJUNTOS DE FERRAMENTAS MANUAIS",14636.0,"CONJUNTO FERRAMENTAS",602596.0,"APLICAÇÃO: FERRAMENTAS PARA COMPUTADOR, CARACTERÍSTICAS ADICIONAIS: MALETA TERMOPLÁSTICA, COMPONENTES: 38 PECAS","UN",3.0,90.0,270.0,0.0,"2026-07-02"]
["UNIVERSIDADE FEDERAL DE GOIAS-UF/GO",153052.0,5116.0,"Material","153052-110/2026","SEINFRA E OUTROS - Materiais e ferramentas para manutenção de equipamentos","Catálogo do Compras.gov.br","Material",5180.0,"JOGOS E CONJUNTOS DE FERRAMENTAS MANUAIS",14636.0,"CONJUNTO FERRAMENTAS",604418.0,"APLICAÇÃO: MANUTENÇÃO EM GERAL, COMPONENTES: 186 PEÇAS DE CROMO VANADIUM E AÇO CARBONO, COMPONENTES ADICIONAIS: MALETA DOBRAVEL COM 4 BANDEJAS, TIPO: KIT DE FERRAMENTAS USO GERAL COM 186 PEÇAS","UN",2.0,900.0,1800.0,0.0,"2026-07-02"]
["UNIVERSIDADE FEDERAL DE GOIAS-UF/GO",153052.0,5117.0,"Material","153052-110/2026","SEINFRA E OUTROS - Materiais e ferramentas para manutenção de equipamentos","Catálogo do Compras.gov.br","Material",7060.0,"PEÇAS E ACESSÓRIOS PARA COMPUTADORES",14829.0,"MEMÓRIA PORTÁTIL MICROCOMPUTADOR",443472.0,"CAPACIDADE MEMÓRIA: 64, CARACTERÍSTICAS ADICIONAIS: CAPA/CORPO PLÁSTICO CUSTOMIZADO/CONF. MODELO ÓRGÃO, INTERFACE: USB 3.0, TIPO: PEN DRIVE, VELOCIDADE LEITURA: 150","UN",10.0,30.0,300.0,0.0,"2026-07-02"]
["UNIVERSIDADE FEDERAL DE GOIAS-UF/GO",153052.0,5119.0,"Material","153052-110/2026","SEINFRA E OUTROS - Materiais e ferramentas para manutenção de equipamentos","Catálogo do Compras.gov.br","Material",5180.0,"JOGOS E CONJUNTOS DE FERRAMENTAS MANUAIS",14636.0,"CONJUNTO FERRAMENTAS",625256.0,"APLICAÇÃO: USO EM FURADEIRA / PARAFUSADEIRA, CARACTERÍSTICAS ADICIONAIS: ESTOJO, COMPONENTES: 34 PONTAS PHILLIPS, FENDA, QUADRADA E TORX, COMPONENTES ADICIONAIS: 2 SOQUESTES, 1 EXTENSOR E 1 ESTOJO, TIPO: KIT DE ACESSÓRIOS COM 37 PEÇAS","UN",1.0,300.0,300.0,0.0,"2026-07-02"]
["UNIVERSIDADE FEDERAL DE GOIAS-UF/GO",153052.0,5120.0,"Material","153052-110/2026","SEINFRA E OUTROS - Materiais e ferramentas para manutenção de equipamentos","Catálogo do Compras.gov.br","Material",3590.0,"EQUIPAMENTOS DIVERSOS PARA SERVIÇOS PROFISSIONAIS E  COMERCIAIS",14727.0,"JOGO CHAVES FENDA",607971.0,"APLICAÇÃO: MANUTENÇÃO EQUIPAMENTOS ELETRÔNICOS, BITOLA PONTA FENDA: 02 = (1/8X3, 3/16X4), BITOLA PONTA PHILIPS: 03 = (3/16X4, 1/4X6, 1/8X6), CARACTERÍSTICAS ADICIONAIS: ISOLAÇÃO DE 1000V CA, MATERIAL CABO: PLÁSTICO RESISTENTE, MATERIAL HASTE: AÇO CROMO VANÁDIO, QUANTIDADE PEÇAS: 5, TIPO CABO: ISOLADO, TIPO PONTA: FENDA E PHILIPS","JG",1.0,200.0,200.0,0.0,"2026-07-02"]
["UNIVERSIDADE FEDERAL DE GOIAS-UF/GO",153052.0,5122.0,"Material","153052-110/2026","SEINFRA E OUTROS - Materiais e ferramentas para manutenção de equipamentos","Catálogo do Compras.gov.br","Material",4130.0,"COMPONENTES DE EQUIPAMENTOS PARA REFRIGERAÇÃO E AR  CONDICIONADO",16936.0,"PEÇAS E ACESSÓRIOS APARELHO AR CONDICIONADO",484501.0,"APLICAÇÃO: AR CONDICIONADO, CARACTERÍSTICAS ADICIONAIS: APARELHO DE AR DE 24000 BTUS E 30000 BTUS, TIPO: BOMBA DRENO","UN",10.0,207.0,2070.0,0.0,"2026-07-02"]
["UNIVERSIDADE FEDERAL DE GOIAS-UF/GO",153052.0,5123.0,"Material","153052-110/2026","SEINFRA E OUTROS - Materiais e ferramentas para manutenção de equipamentos","Catálogo do Compras.gov.br","Material",3433.0,"EQUIPAMENTO PARA SOLDA A GÁS, CORTE POR AQUECIMENTO E DE  METALIZAÇÃO",1022.0,"MAÇARICO SOLDA",218130.0,"APLICAÇÃO: SOLDA EM LATÃO, CAPACIDADE CILINDRO: 1, CARACTERÍSTICAS ADICIONAIS: BICO SOLDA, TEMPERATURA CHAMA: ATÉ 3.100, TIPO CHAMA: NEUTRA, TIPO GÁS: ACETILENO","UN",5.0,254.79,1273.95,0.0,"2026-07-02"]
["UNIVERSIDADE FEDERAL DE GOIAS-UF/GO",153052.0,5124.0,"Material","153052-110/2026","SEINFRA E OUTROS - Materiais e ferramentas para manutenção de equipamentos","Catálogo do Compras.gov.br","Material",4320.0,"BOMBAS MANUAIS E MECÂNICAS",13770.0,"REGULADOR PRESSÃO",362251.0,"APLICAÇÃO: CILINDRO GÁS ACETILENO, MATERIAL CORPO: LATÃO FORJADO, PRESSÃO MÁXIMA ENTRADA: 25, PRESSÃO MÁXIMA SAÍDA: 1,5, TIPO EQUIPAMENTO: MANÔMETRO, VAZÃO: 5","UN",5.0,310.0,1550.0,0.0,"2026-07-02"]
["UNIVERSIDADE FEDERAL DE GOIAS-UF/GO",153052.0,5125.0,"Material","153052-110/2026","SEINFRA E OUTROS - Materiais e ferramentas para manutenção de equipamentos","Catálogo do Compras.gov.br","Material",4720.0,"MANGUEIRAS E TUBULAÇÕES FLEXÍVEIS",13821.0,"MANGUEIRA",463980.0,"APARÊNCIA VISUAL: VERDE/VERMELHA, APLICAÇÃO: SERRALHERIA, CARACTERÍSTICAS ADICIONAIS: SOLDA DUPLA GRADE R, COMPRIMENTO: 5, DIÂMETRO INTERNO: 5/16, MATERIAL: BORRACHA","UN",7.0,119.0,833.0,0.0,"2026-07-02"]
["UNIVERSIDADE FEDERAL DE GOIAS-UF/GO",153052.0,5126.0,"Material","153052-110/2026","SEINFRA E OUTROS - Materiais e ferramentas para manutenção de equipamentos","Catálogo do Compras.gov.br","Material",4110.0,"EQUIPAMENTO PARA REFRIGERAÇÃO",12668.0,"TERMÔMETRO",300759.0,"CARACTERÍSTICAS ADICIONAIS: COM 5 SENSORES, FAIXA MEDIÇÃO TEMPERATURA: -50°C A +105, MATERIAL: PLÁSTICO, TIPO: DIGITAL, RESOLUÇÃO: 0,1","UN",2.0,619.62,1239.24,0.0,"2026-07-02"]
["UNIVERSIDADE FEDERAL DE GOIAS-UF/GO",153052.0,5127.0,"Material","153052-110/2026","SEINFRA E OUTROS - Materiais e ferramentas para manutenção de equipamentos","Catálogo do Compras.gov.br","Material",4320.0,"BOMBAS MANUAIS E MECÂNICAS",13770.0,"REGULADOR PRESSÃO",414356.0,"APLICAÇÃO: CILINDRO DE NITROGÊNIO, CARACTERÍSTICAS ADICIONAIS: DUPLO ESTÁGIO/ROSQUEAMENTO UNIVERSAL/VÁLVULA SEGUR, MATERIAL CORPO: LATÃO FORJADO, MODELO: DE PONTEIRO, PRESSÃO MÁXIMA ENTRADA: 3.000, PRESSÃO MÁXIMA SAÍDA: 400, TIPO CONEXÃO SAÍDA: ROSCA 1/4\" NPTF, TIPO EQUIPAMENTO: 2 MANÔMETROS","UN",4.0,349.0,1396.0,0.0,"2026-07-02"]
["UNIVERSIDADE FEDERAL DE GOIAS-UF/GO",153052.0,5128.0,"Material","153052-110/2026","SEINFRA E OUTROS - Materiais e ferramentas para manutenção de equipamentos","Catálogo do Compras.gov.br","Material",4130.0,"COMPONENTES DE EQUIPAMENTOS PARA REFRIGERAÇÃO E AR  CONDICIONADO",13939.0,"CONJUNTO MANIFOLD",450770.0,"APLICAÇÃO: GASES R22 - R134A - R404A - R407C, COMPONENTES: CONJUNTO DE VÁLVULAS E 2 MANÔMETROS","UN",10.0,250.0,2500.0,0.0,"2026-07-02"]
["UNIVERSIDADE FEDERAL DE GOIAS-UF/GO",153052.0,5129.0,"Material","153052-110/2026","SEINFRA E OUTROS - Materiais e ferramentas para manutenção de equipamentos","Catálogo do Compras.gov.br","Material",4130.0,"COMPONENTES DE EQUIPAMENTOS PARA REFRIGERAÇÃO E AR  CONDICIONADO",13939.0,"CONJUNTO MANIFOLD",618285.0,"APLICAÇÃO: SISTEMAS DE AR CONDICIONADO E REFRIGERACAO, CARACTERÍSTICAS ADICIONAIS: RESOLUCAO DE PRESSAO: 1KPA/CMHG, COMPONENTES: MANIFOLD DIGITAL, CONEXAO MACHO EXPANDIDO, 1/4\"","UN",10.0,250.0,2500.0,0.0,"2026-07-02"]
["UNIVERSIDADE FEDERAL DE GOIAS-UF/GO",153052.0,5130.0,"Material","153052-110/2026","SEINFRA E OUTROS - Materiais e ferramentas para manutenção de equipamentos","Catálogo do Compras.gov.br","Material",3433.0,"EQUIPAMENTO PARA SOLDA A GÁS, CORTE POR AQUECIMENTO E DE  METALIZAÇÃO",1022.0,"MAÇARICO SOLDA",218124.0,"APLICAÇÃO: SOLDA EM AÇO, CAPACIDADE CILINDRO: 1, CARACTERÍSTICAS ADICIONAIS: MANGUEIRA, TEMPERATURA CHAMA: ATÉ 3.100, TIPO CHAMA: NEUTRA, TIPO GÁS: ACETILENO","UN",2.0,251.0,502.0,0.0,"2026-07-02"]
["UNIVERSIDADE FEDERAL DE GOIAS-UF/GO",153052.0,5131.0,"Material","153052-110/2026","SEINFRA E OUTROS - Materiais e ferramentas para manutenção de equipamentos","Catálogo do Compras.gov.br","Material",3650.0,"MÁQUINAS PARA INDÚSTRIAS DE PRODUTOS QUÍMICOS  E  FARMACÊUTICOS",14901.0,"DISCO CORTE",235714.0,"APLICAÇÃO: MÁQUINA DE ENCHER AMPOLA, MARZOCCHI, MODELO L/14, REFERÊNCIA: L/021-145","UN",20.0,37.91,758.2,0.0,"2026-07-02"]
["UNIVERSIDADE FEDERAL DE GOIAS-UF/GO",153052.0,5132.0,"Material","153052-112/2026","SEINFRA E OUTROS - Materiais hidráulicos para instalações prediais","Catálogo do Compras.gov.br","Material",5120.0,"FERRAMENTAS MANUAIS SEM CORTE, NÃO ACIONADAS  POR  FORÇA  MOTRIZ",9390.0,"MARRETA",363623.0,"MATERIAL: BORRACHA, MATERIAL CABO: MADEIRA, PESO: 1.000","UN",1.0,18.85,18.85,0.0,"2026-07-02"]
["UNIVERSIDADE FEDERAL DE GOIAS-UF/GO",153052.0,5133.0,"Material","153052-112/2026","SEINFRA E OUTROS - Materiais hidráulicos para instalações prediais","Catálogo do Compras.gov.br","Material",5120.0,"FERRAMENTAS MANUAIS SEM CORTE, NÃO ACIONADAS  POR  FORÇA  MOTRIZ",2311.0,"ALICATE DE PRESSÃO",606035.0,"APLICAÇÃO: USO GERAL, COMPRIMENTO: 250, MATERIAL: AÇO CROMO VANÁDIO, MORDENTE INFERIOR: RETO","UN",7.0,35.61,249.27,0.0,"2026-07-02"]
["UNIVERSIDADE FEDERAL DE GOIAS-UF/GO",153052.0,5134.0,"Material","153052-112/2026","SEINFRA E OUTROS - Materiais hidráulicos para instalações prediais","Catálogo do Compras.gov.br","Material",5120.0,"FERRAMENTAS MANUAIS SEM CORTE, NÃO ACIONADAS  POR  FORÇA  MOTRIZ",13589.0,"MARTELO",442123.0,"ACABAMENTO CORPO: FORJADO, CARACTERÍSTICAS ADICIONAIS: CABO 90 CM/OLHO OVAL DE 70 X 45 MM/ PESO 3,08 KG, MATERIAL: AÇO CARBONO, MATERIAL CABO: MADEIRA, TAMANHO LÂMINA: 5, TIPO: UNHA","UN",2.0,23.06,46.12,0.0,"2026-07-02"]
["UNIVERSIDADE FEDERAL DE GOIAS-UF/GO",153052.0,5135.0,"Material","153052-112/2026","SEINFRA E OUTROS - Materiais hidráulicos para instalações prediais","Catálogo do Compras.gov.br","Material",5120.0,"FERRAMENTAS MANUAIS SEM CORTE, NÃO ACIONADAS  POR  FORÇA  MOTRIZ",9390.0,"MARRETA",610143.0,"CARACTERÍSTICAS ADICIONAIS: FORJADO EM PEÇA INTEIRIÇA, MATERIAL: AÇO, MATERIAL CABO: NYLON E VINIL, TIPO: OITAVADO","UN",2.0,65.0,130.0,0.0,"2026-07-02"]
["UNIVERSIDADE FEDERAL DE GOIAS-UF/GO",153052.0,5136.0,"Material","153052-112/2026","SEINFRA E OUTROS - Materiais hidráulicos para instalações prediais","Catálogo do Compras.gov.br","Material",5120.0,"FERRAMENTAS MANUAIS SEM CORTE, NÃO ACIONADAS  POR  FORÇA  MOTRIZ",13589.0,"MARTELO",606034.0,"CARACTERÍSTICAS ADICIONAIS: PESO: 450 GRAMAS, MATERIAL: BORRACHA, MATERIAL CABO: FIBRA DE VIDRO, TAMANHO: 60, TIPO: BORRACHA","UN",2.0,27.0,54.0,0.0,"2026-07-02"]
["UNIVERSIDADE FEDERAL DE GOIAS-UF/GO",153052.0,5137.0,"Material","153052-112/2026","SEINFRA E OUTROS - Materiais hidráulicos para instalações prediais","Catálogo do Compras.gov.br","Material",5110.0,"FERRAMENTAS MANUAIS DE CORTE, NÃO ACIONADAS POR FORÇA MOTRIZ",702.0,"ALICATE UNIVERSAL",445372.0,"COMPRIMENTO: 8, MATERIAL: AÇO CROMO VANÁDIO, MATERIAL CABO: PLÁSTICO, TIPO CABO: ISOLADO 1.OOO VOLTS, TIPO CORTE: LATERAL","UN",7.0,57.35,401.45,0.0,"2026-07-02"]
["UNIVERSIDADE FEDERAL DE GOIAS-UF/GO",153052.0,5138.0,"Material","153052-112/2026","SEINFRA E OUTROS - Materiais hidráulicos para instalações prediais","Catálogo do Compras.gov.br","Material",5120.0,"FERRAMENTAS MANUAIS SEM CORTE, NÃO ACIONADAS  POR  FORÇA  MOTRIZ",599.0,"COLHER PEDREIRO",441609.0,"CARACTERÍSTICAS ADICIONAIS: RETA - INTEIRIÇA, MATERIAL: AÇO CARBONO, MATERIAL CABO: MADEIRA ENVERNIZADA, TAMANHO: 8","UN",13.0,13.6,176.8,0.0,"2026-07-02"]
["UNIVERSIDADE FEDERAL DE GOIAS-UF/GO",153052.0,5146.0,"Material","153052-112/2026","SEINFRA E OUTROS - Materiais hidráulicos para instalações prediais","Catálogo do Compras.gov.br","Material",5120.0,"FERRAMENTAS MANUAIS SEM CORTE, NÃO ACIONADAS  POR  FORÇA  MOTRIZ",2313.0,"ALICATE PARA CLIMPAR",624151.0,"COMPRIMENTO: 150, MATERIAL: AÇO CROMO VANÁDIO, MATERIAL CABO: PLÁSTICO, TIPO CORTE: PUNCH DOWN INSERÇÃO FEMEA, USO: CONECTAR E CORTAR OS FIOS NOS MÓDULOS RJ11 E RJ45.","UN",2.0,70.0,140.0,0.0,"2026-07-02"]
["UNIVERSIDADE FEDERAL DE GOIAS-UF/GO",153052.0,5147.0,"Material","153052-112/2026","SEINFRA E OUTROS - Materiais hidráulicos para instalações prediais","Catálogo do Compras.gov.br","Material",5130.0,"FERRAMENTAS MANUAIS ACIONADAS POR FORÇA MOTRIZ",7868.0,"FURADEIRA",607094.0,"ACESSÓRIOS: 1 BATERIA, CARREGADOR E MALETA, CARACTERÍSTICAS ADICIONAIS: COM VELOCIDADE VARIÁVEL, TAMANHO MANDRIL: 1/2, TENSÃO ALIMENTAÇÃO: BIVOLT, TIPO: FURADEIRA E PARAFUSADEIRA, VELOCIDADE: BAIXA: 0/460 RPM. ALTA 0/1800","UN",1.0,600.0,600.0,0.0,"2026-07-02"]
["UNIVERSIDADE FEDERAL DE GOIAS-UF/GO",153052.0,5148.0,"Material","153052-112/2026","SEINFRA E OUTROS - Materiais hidráulicos para instalações prediais","Catálogo do Compras.gov.br","Material",5110.0,"FERRAMENTAS MANUAIS DE CORTE, NÃO ACIONADAS POR FORÇA MOTRIZ",691.0,"ALICATE BICO MEIA CANA RETO COM CORTE",470167.0,"COMPRIMENTO: 152, MATERIAL: FORJADO EM AÇO CROMO VANÁDIO, MATERIAL CABO: PLÁSTICO, TIPO CORTE: CORTE TEMPERADO POR INDUÇÃO, TIPO LONGO POLIDO","UN",2.0,60.0,120.0,0.0,"2026-07-02"]
["UNIVERSIDADE FEDERAL DE GOIAS-UF/GO",153052.0,5149.0,"Material","153052-112/2026","SEINFRA E OUTROS - Materiais hidráulicos para instalações prediais","Catálogo do Compras.gov.br","Material",5140.0,"CAIXAS PARA FERRAMENTAS E FERRAGENS",601.0,"MALETA FERRAMENTAS",607834.0,"ALTURA: 18, CARACTERÍSTICAS ADICIONAIS: COM BANDEJA INTERNA, COMPRIMENTO: 44, LARGURA: 23, MATERIAL: PLÁSTICO RÍGIDO, TIPO CAIXA: MALETA","UN",1.0,300.0,300.0,0.0,"2026-07-02"]
["UNIVERSIDADE FEDERAL DE GOIAS-UF/GO",153052.0,5139.0,"Material","153052-112/2026","SEINFRA E OUTROS - Materiais hidráulicos para instalações prediais","Catálogo do Compras.gov.br","Material",5120.0,"FERRAMENTAS MANUAIS SEM CORTE, NÃO ACIONADAS  POR  FORÇA  MOTRIZ",10273.0,"PÁ",483247.0,"APLICAÇÃO: CONSTRUÇÃO CIVIL, COMPRIMENTO CABO: 1,30, FORMATO: DE BICO, MATERIAL: AÇO, MATERIAL CABO: MADEIRA, TAMANHO: 270","UN",6.0,34.24,205.44,0.0,"2026-07-02"]
["UNIVERSIDADE FEDERAL DE GOIAS-UF/GO",153052.0,5140.0,"Material","153052-112/2026","SEINFRA E OUTROS - Materiais hidráulicos para instalações prediais","Catálogo do Compras.gov.br","Material",5110.0,"FERRAMENTAS MANUAIS DE CORTE, NÃO ACIONADAS POR FORÇA MOTRIZ",6595.0,"ENXADA",438645.0,"COMPRIMENTO CABO: 150, LARGURA: 296, MATERIAL: AÇO CARBONO, MATERIAL CABO: MADEIRA","UN",4.0,39.45,157.8,0.0,"2026-07-02"]
["UNIVERSIDADE FEDERAL DE GOIAS-UF/GO",153052.0,5141.0,"Material","153052-112/2026","SEINFRA E OUTROS - Materiais hidráulicos para instalações prediais","Catálogo do Compras.gov.br","Material",5110.0,"FERRAMENTAS MANUAIS DE CORTE, NÃO ACIONADAS POR FORÇA MOTRIZ",628.0,"TALHADEIRA",342577.0,"ACABAMENTO SUPERFICIAL: PINTADO, APLICAÇÃO: PEDREIRO, CARACTERÍSTICAS ADICIONAIS: COM APUNHADURA, COMPRIMENTO TOTAL: 8, MATERIAL: AÇO, PESO: 0,90, TIPO: CHATO","UN",4.0,49.84,199.36,0.0,"2026-07-02"]
["UNIVERSIDADE FEDERAL DE GOIAS-UF/GO",153052.0,5142.0,"Material","153052-112/2026","SEINFRA E OUTROS - Materiais hidráulicos para instalações prediais","Catálogo do Compras.gov.br","Material",5120.0,"FERRAMENTAS MANUAIS SEM CORTE, NÃO ACIONADAS  POR  FORÇA  MOTRIZ",1569.0,"ESPÁTULA",441431.0,"CARACTERÍSTICAS ADICIONAIS: PINTURA, MATERIAL CABO: MADEIRA, MATERIAL LÂMINA: AÇO INOXIDÁVEL, TAMANHO: 10","UN",5.0,9.16,45.8,0.0,"2026-07-02"]
["UNIVERSIDADE FEDERAL DE GOIAS-UF/GO",153052.0,5143.0,"Material","153052-112/2026","SEINFRA E OUTROS - Materiais hidráulicos para instalações prediais","Catálogo do Compras.gov.br","Material",5120.0,"FERRAMENTAS MANUAIS SEM CORTE, NÃO ACIONADAS  POR  FORÇA  MOTRIZ",14637.0,"JOGO CHAVE",602204.0,"ACABAMENTO SUPERFICIAL: CROMADO, APLICAÇÃO: SERVIÇOS GERAIS - OFICINA, COMPONENTES: 1.5 A 24 MM., MATERIAL: AÇO CROMO VANÁDIO, TIPO: ALLEN","JG",2.0,172.0,344.0,0.0,"2026-07-02"]
["UNIVERSIDADE FEDERAL DE GOIAS-UF/GO",153052.0,5144.0,"Material","153052-112/2026","SEINFRA E OUTROS - Materiais hidráulicos para instalações prediais","Catálogo do Compras.gov.br","Material",5120.0,"FERRAMENTAS MANUAIS SEM CORTE, NÃO ACIONADAS  POR  FORÇA  MOTRIZ",14637.0,"JOGO CHAVE",601810.0,"ACABAMENTO SUPERFICIAL: NIQUELADO, CARACTERÍSTICAS ADICIONAIS: CADA UNIDADE SE REFERE A UM KIT., COMPONENTES: 6 / 8 / 10 / 11 / 12 / 13/ 14/17 / 19 / 22 MM., MATERIAL: AÇO CROMO VANÁDIO, QUANTIDADE PEÇAS: 10, TIPO: CHAVE COMBINADA.","JG",4.0,125.0,500.0,0.0,"2026-07-02"]
["UNIVERSIDADE FEDERAL DE GOIAS-UF/GO",153052.0,5145.0,"Material","153052-112/2026","SEINFRA E OUTROS - Materiais hidráulicos para instalações prediais","Catálogo do Compras.gov.br","Material",5120.0,"FERRAMENTAS MANUAIS SEM CORTE, NÃO ACIONADAS  POR  FORÇA  MOTRIZ",13589.0,"MARTELO",466175.0,"CARACTERÍSTICAS ADICIONAIS: CABO MADEIRA, INVERNIZADO FIXAÇÃO RESINA EPÓXI., MATERIAL: AÇO CARBONO, MATERIAL CABO: MADEIRA, TAMANHO: 34, TIPO: UNHA","UN",2.0,30.0,60.0,0.0,"2026-07-02"]
["UNIVERSIDADE FEDERAL DE GOIAS-UF/GO",153052.0,5150.0,"Material","153052-112/2026","SEINFRA E OUTROS - Materiais hidráulicos para instalações prediais","Catálogo do Compras.gov.br","Material",5120.0,"FERRAMENTAS MANUAIS SEM CORTE, NÃO ACIONADAS  POR  FORÇA  MOTRIZ",4881.0,"CHAVE FENDA",297808.0,"BITOLA: 4,5, COMPRIMENTO HASTE: 80, MATERIAL CABO: POLIPROPILENO, MATERIAL HASTE: AÇO CROMO VANÁDIO, TIPO PONTA: PHILIPS","UN",5.0,48.2,241.0,0.0,"2026-07-02"]
["UNIVERSIDADE FEDERAL DE GOIAS-UF/GO",153052.0,5151.0,"Material","153052-112/2026","SEINFRA E OUTROS - Materiais hidráulicos para instalações prediais","Catálogo do Compras.gov.br","Material",5110.0,"FERRAMENTAS MANUAIS DE CORTE, NÃO ACIONADAS POR FORÇA MOTRIZ",2305.0,"ALICATE BICO",405093.0,"ACABAMENTO SUPERFICIAL: FOSFATIZADO, APLICAÇÃO: REDE TELEFÔNICA, CARACTERÍSTICAS ADICIONAIS: TRATAMENTO TÉRMICO POR INDUÇÃO NO CORTE, COMPRIMENTO: 56, MATERIAL: AÇO CROMO VANÁDIO, TIPO: RETO, TIPO CABO: ISOLADO 1.000 VOLTS","UN",5.0,233.5,1167.5,0.0,"2026-07-02"]
["UNIVERSIDADE FEDERAL DE GOIAS-UF/GO",153052.0,5152.0,"Material","153052-112/2026","SEINFRA E OUTROS - Materiais hidráulicos para instalações prediais","Catálogo do Compras.gov.br","Material",5110.0,"FERRAMENTAS MANUAIS DE CORTE, NÃO ACIONADAS POR FORÇA MOTRIZ",702.0,"ALICATE UNIVERSAL",445372.0,"COMPRIMENTO: 8, MATERIAL: AÇO CROMO VANÁDIO, MATERIAL CABO: PLÁSTICO, TIPO CABO: ISOLADO 1.OOO VOLTS, TIPO CORTE: LATERAL","UN",5.0,202.0,1010.0,0.0,"2026-07-02"]
["UNIVERSIDADE FEDERAL DE GOIAS-UF/GO",153052.0,5153.0,"Material","153052-112/2026","SEINFRA E OUTROS - Materiais hidráulicos para instalações prediais","Catálogo do Compras.gov.br","Material",5120.0,"FERRAMENTAS MANUAIS SEM CORTE, NÃO ACIONADAS  POR  FORÇA  MOTRIZ",4881.0,"CHAVE FENDA",228266.0,"BITOLA: 5, CARACTERÍSTICAS ADICIONAIS: PONTA IMANTADA COM SUPORTE \"Y\", COMPRIMENTO HASTE: 100, MATERIAL CABO: POLIPROPILENO, MATERIAL HASTE: CROMO VANÁDIO TEMPERADO, TIPO PONTA: PHILIPS","UN",5.0,64.99,324.95,0.0,"2026-07-02"]
["UNIVERSIDADE FEDERAL DE GOIAS-UF/GO",153052.0,5154.0,"Material","153052-112/2026","SEINFRA E OUTROS - Materiais hidráulicos para instalações prediais","Catálogo do Compras.gov.br","Material",5120.0,"FERRAMENTAS MANUAIS SEM CORTE, NÃO ACIONADAS  POR  FORÇA  MOTRIZ",4881.0,"CHAVE FENDA",377227.0,"BITOLA: 3/16 X 10, CARACTERÍSTICAS ADICIONAIS: ISOLAÇÃO 1000V, COMPRIMENTO HASTE: 100, MATERIAL CABO: ELASTÔMERO, MATERIAL HASTE: CROMO VANÁDIO TEMPERADO, TIPO PONTA: PHILIPS","UN",5.0,37.7,188.5,0.0,"2026-07-02"]
["UNIVERSIDADE FEDERAL DE GOIAS-UF/GO",153052.0,5155.0,"Material","153052-112/2026","SEINFRA E OUTROS - Materiais hidráulicos para instalações prediais","Catálogo do Compras.gov.br","Material",5120.0,"FERRAMENTAS MANUAIS SEM CORTE, NÃO ACIONADAS  POR  FORÇA  MOTRIZ",4881.0,"CHAVE FENDA",297808.0,"BITOLA: 4,5, COMPRIMENTO HASTE: 80, MATERIAL CABO: POLIPROPILENO, MATERIAL HASTE: AÇO CROMO VANÁDIO, TIPO PONTA: PHILIPS","UN",5.0,37.7,188.5,0.0,"2026-07-02"]
["UNIVERSIDADE FEDERAL DE GOIAS-UF/GO",153052.0,5156.0,"Material","153052-112/2026","SEINFRA E OUTROS - Materiais hidráulicos para instalações prediais","Catálogo do Compras.gov.br","Material",5120.0,"FERRAMENTAS MANUAIS SEM CORTE, NÃO ACIONADAS  POR  FORÇA  MOTRIZ",4881.0,"CHAVE FENDA",228262.0,"BITOLA: 5, CARACTERÍSTICAS ADICIONAIS: PONTA IMANTADA, COMPRIMENTO HASTE: 125, MATERIAL CABO: POLIPROPILENO, MATERIAL HASTE: CROMO VANÁDIO TEMPERADO, TIPO PONTA: CHATA","UN",5.0,66.0,330.0,0.0,"2026-07-02"]
["UNIVERSIDADE FEDERAL DE GOIAS-UF/GO",153052.0,5157.0,"Material","153052-112/2026","SEINFRA E OUTROS - Materiais hidráulicos para instalações prediais","Catálogo do Compras.gov.br","Material",5110.0,"FERRAMENTAS MANUAIS DE CORTE, NÃO ACIONADAS POR FORÇA MOTRIZ",2308.0,"ALICATE DE CORTE",384228.0,"COMPRIMENTO: 8, MATERIAL: AÇO CROMO VANÁDIO, TIPO CABO: ISOLADO 1.OOO VOLTS, TIPO CORTE: LATERAL","UN",5.0,191.51,957.55,0.0,"2026-07-02"]
["UNIVERSIDADE FEDERAL DE GOIAS-UF/GO",153052.0,5158.0,"Material","153052-112/2026","SEINFRA E OUTROS - Materiais hidráulicos para instalações prediais","Catálogo do Compras.gov.br","Material",5120.0,"FERRAMENTAS MANUAIS SEM CORTE, NÃO ACIONADAS  POR  FORÇA  MOTRIZ",4881.0,"CHAVE FENDA",377218.0,"BITOLA: 1/8 X 10, CARACTERÍSTICAS ADICIONAIS: ISOLAÇÃO 1000V, COMPRIMENTO HASTE: 100, MATERIAL CABO: ELASTÔMERO, MATERIAL HASTE: CROMO VANÁDIO TEMPERADO, TIPO PONTA: CHATA","UN",5.0,30.9,154.5,0.0,"2026-07-02"]
["UNIVERSIDADE FEDERAL DE GOIAS-UF/GO",153052.0,5159.0,"Material","153052-112/2026","SEINFRA E OUTROS - Materiais hidráulicos para instalações prediais","Catálogo do Compras.gov.br","Material",5120.0,"FERRAMENTAS MANUAIS SEM CORTE, NÃO ACIONADAS  POR  FORÇA  MOTRIZ",4881.0,"CHAVE FENDA",228263.0,"BITOLA: 6, CARACTERÍSTICAS ADICIONAIS: PONTA IMANTADA, COMPRIMENTO HASTE: 150, MATERIAL CABO: POLIPROPILENO, MATERIAL HASTE: CROMO VANÁDIO TEMPERADO, TIPO PONTA: CHATA","UN",5.0,43.5,217.5,0.0,"2026-07-02"]
["UNIVERSIDADE FEDERAL DE GOIAS-UF/GO",153052.0,5160.0,"Material","153052-112/2026","SEINFRA E OUTROS - Materiais hidráulicos para instalações prediais","Catálogo do Compras.gov.br","Material",5120.0,"FERRAMENTAS MANUAIS SEM CORTE, NÃO ACIONADAS  POR  FORÇA  MOTRIZ",2313.0,"ALICATE PARA CLIMPAR",458478.0,"CARACTERÍSTICAS ADICIONAIS: CRIMPAR TERMINAIS E LUVAS ATÉ 16MM2, MATERIAL: AÇO CROMO VANÁDIO, MATERIAL CABO: PLÁSTICO, TIPO CORTE: RETO","UN",10.0,23.77,237.7,0.0,"2026-07-02"]
["UNIVERSIDADE FEDERAL DE GOIAS-UF/GO",153052.0,5161.0,"Material","153052-112/2026","SEINFRA E OUTROS - Materiais hidráulicos para instalações prediais","Catálogo do Compras.gov.br","Material",5120.0,"FERRAMENTAS MANUAIS SEM CORTE, NÃO ACIONADAS  POR  FORÇA  MOTRIZ",4881.0,"CHAVE FENDA",342878.0,"ACABAMENTO SUPERFICIAL HASTE: NIQUELADO E CROMADO, BITOLA: 8, CARACTERÍSTICAS ADICIONAIS: PONTA FOSFATIZADA, COMPRIMENTO HASTE: 150, MATERIAL CABO: POLIPROPILENO, MATERIAL HASTE: AÇO CROMO VANÁDIO, TIPO: MANUAL, TIPO PONTA: CHATA","UN",14.0,31.5,441.0,0.0,"2026-07-02"]
["UNIVERSIDADE FEDERAL DE GOIAS-UF/GO",153052.0,5162.0,"Material","153052-112/2026","SEINFRA E OUTROS - Materiais hidráulicos para instalações prediais","Catálogo do Compras.gov.br","Material",5120.0,"FERRAMENTAS MANUAIS SEM CORTE, NÃO ACIONADAS  POR  FORÇA  MOTRIZ",4881.0,"CHAVE FENDA",228263.0,"BITOLA: 6, CARACTERÍSTICAS ADICIONAIS: PONTA IMANTADA, COMPRIMENTO HASTE: 150, MATERIAL CABO: POLIPROPILENO, MATERIAL HASTE: CROMO VANÁDIO TEMPERADO, TIPO PONTA: CHATA","UN",14.0,22.6,316.4,0.0,"2026-07-02"]
["UNIVERSIDADE FEDERAL DE GOIAS-UF/GO",153052.0,5163.0,"Material","153052-112/2026","SEINFRA E OUTROS - Materiais hidráulicos para instalações prediais","Catálogo do Compras.gov.br","Material",5120.0,"FERRAMENTAS MANUAIS SEM CORTE, NÃO ACIONADAS  POR  FORÇA  MOTRIZ",4881.0,"CHAVE FENDA",360123.0,"ACABAMENTO SUPERFICIAL HASTE: NIQUELADO E CROMADO, BITOLA: 3/16\" X 4\", CARACTERÍSTICAS ADICIONAIS: PONTA FOSFATIZADA, COMPRIMENTO HASTE: 190, MATERIAL CABO: POLIPROPILENO, MATERIAL HASTE: AÇO VANÁDIO 50CRV4 / 73MOV52, TIPO PONTA: CRUZADA","UN",14.0,13.21,184.94,0.0,"2026-07-02"]
["UNIVERSIDADE FEDERAL DE GOIAS-UF/GO",153052.0,5164.0,"Material","153052-112/2026","SEINFRA E OUTROS - Materiais hidráulicos para instalações prediais","Catálogo do Compras.gov.br","Material",5110.0,"FERRAMENTAS MANUAIS DE CORTE, NÃO ACIONADAS POR FORÇA MOTRIZ",702.0,"ALICATE UNIVERSAL",402035.0,"CARACTERÍSTICAS ADICIONAIS: CABEÇA E ARTICULAÇÕES LIXADAS, CORPO FOSFOTIZADO, COMPRIMENTO: 8, MATERIAL: AÇO CARBONO FORJADO E TEMPERADO, MATERIAL CABO: PLÁSTICO, TIPO CABO: ISOLADO 1.OOO VOLTS, TIPO CORTE: RETO","UN",2.0,129.9,259.8,0.0,"2026-07-02"]
["UNIVERSIDADE FEDERAL DE GOIAS-UF/GO",153052.0,5165.0,"Material","153052-112/2026","SEINFRA E OUTROS - Materiais hidráulicos para instalações prediais","Catálogo do Compras.gov.br","Material",5120.0,"FERRAMENTAS MANUAIS SEM CORTE, NÃO ACIONADAS  POR  FORÇA  MOTRIZ",4890.0,"CHAVE ALLEN",602103.0,"CARACTERÍSTICAS ADICIONAIS: LONGA, FORMATO: HEXAGONAL, MATERIAL: AÇO DIN 17200-50CRV4, MEDIDA REFERÊNCIA: 10, TRATAMENTO SUPERFICIAL: FOSFATIZADO","UN",6.0,249.36,1496.16,0.0,"2026-07-02"]
["UNIVERSIDADE FEDERAL DE GOIAS-UF/GO",153052.0,5166.0,"Material","153052-112/2026","SEINFRA E OUTROS - Materiais hidráulicos para instalações prediais","Catálogo do Compras.gov.br","Material",5120.0,"FERRAMENTAS MANUAIS SEM CORTE, NÃO ACIONADAS  POR  FORÇA  MOTRIZ",4881.0,"CHAVE FENDA",337128.0,"ACABAMENTO SUPERFICIAL HASTE: NIQUELADO E CROMADO, BITOLA: 1/8\", CARACTERÍSTICAS ADICIONAIS: PONTA FOSFATIZADA, COMPRIMENTO HASTE: 4, MATERIAL CABO: POLIPROPILENO, MATERIAL HASTE: AÇO CROMO VANÁDIO, TIPO PONTA: PHILIPS","UN",14.0,15.02,210.28,0.0,"2026-07-02"]
["UNIVERSIDADE FEDERAL DE GOIAS-UF/GO",153052.0,5167.0,"Material","153052-112/2026","SEINFRA E OUTROS - Materiais hidráulicos para instalações prediais","Catálogo do Compras.gov.br","Material",5120.0,"FERRAMENTAS MANUAIS SEM CORTE, NÃO ACIONADAS  POR  FORÇA  MOTRIZ",4890.0,"CHAVE ALLEN",602105.0,"CARACTERÍSTICAS ADICIONAIS: LONGA, FORMATO: HEXAGONAL, MATERIAL: AÇO DIN 17200-50CRV4, MEDIDA REFERÊNCIA: 12, TRATAMENTO SUPERFICIAL: FOSFATIZADO","UN",6.0,321.62,1929.72,0.0,"2026-07-02"]
["UNIVERSIDADE FEDERAL DE GOIAS-UF/GO",153052.0,5168.0,"Material","153052-112/2026","SEINFRA E OUTROS - Materiais hidráulicos para instalações prediais","Catálogo do Compras.gov.br","Material",5110.0,"FERRAMENTAS MANUAIS DE CORTE, NÃO ACIONADAS POR FORÇA MOTRIZ",702.0,"ALICATE UNIVERSAL",445372.0,"COMPRIMENTO: 8, MATERIAL: AÇO CROMO VANÁDIO, MATERIAL CABO: PLÁSTICO, TIPO CABO: ISOLADO 1.OOO VOLTS, TIPO CORTE: LATERAL","UN",14.0,14.08,197.12,0.0,"2026-07-02"]
["UNIVERSIDADE FEDERAL DE GOIAS-UF/GO",153052.0,5169.0,"Material","153052-112/2026","SEINFRA E OUTROS - Materiais hidráulicos para instalações prediais","Catálogo do Compras.gov.br","Material",5120.0,"FERRAMENTAS MANUAIS SEM CORTE, NÃO ACIONADAS  POR  FORÇA  MOTRIZ",2313.0,"ALICATE PARA CLIMPAR",458478.0,"CARACTERÍSTICAS ADICIONAIS: CRIMPAR TERMINAIS E LUVAS ATÉ 16MM2, MATERIAL: AÇO CROMO VANÁDIO, MATERIAL CABO: PLÁSTICO, TIPO CORTE: RETO","UN",2.0,206.02,412.04,0.0,"2026-07-02"]
["UNIVERSIDADE FEDERAL DE GOIAS-UF/GO",153052.0,5170.0,"Material","153052-112/2026","SEINFRA E OUTROS - Materiais hidráulicos para instalações prediais","Catálogo do Compras.gov.br","Material",5120.0,"FERRAMENTAS MANUAIS SEM CORTE, NÃO ACIONADAS  POR  FORÇA  MOTRIZ",4881.0,"CHAVE FENDA",360123.0,"ACABAMENTO SUPERFICIAL HASTE: NIQUELADO E CROMADO, BITOLA: 3/16\" X 4\", CARACTERÍSTICAS ADICIONAIS: PONTA FOSFATIZADA, COMPRIMENTO HASTE: 190, MATERIAL CABO: POLIPROPILENO, MATERIAL HASTE: AÇO VANÁDIO 50CRV4 / 73MOV52, TIPO PONTA: CRUZADA","UN",14.0,17.93,251.02,0.0,"2026-07-02"]
["UNIVERSIDADE FEDERAL DE GOIAS-UF/GO",153052.0,5171.0,"Material","153052-112/2026","SEINFRA E OUTROS - Materiais hidráulicos para instalações prediais","Catálogo do Compras.gov.br","Material",5120.0,"FERRAMENTAS MANUAIS SEM CORTE, NÃO ACIONADAS  POR  FORÇA  MOTRIZ",4890.0,"CHAVE ALLEN",602101.0,"CARACTERÍSTICAS ADICIONAIS: LONGA, COMPRIMENTO: 200, FORMATO: HEXAGONAL, MATERIAL: AÇO DIN 17200-50CRV4, MEDIDA REFERÊNCIA: 8, TRATAMENTO SUPERFICIAL: FOSFATIZADO","UN",6.0,226.89,1361.34,0.0,"2026-07-02"]
["UNIVERSIDADE FEDERAL DE GOIAS-UF/GO",153052.0,5172.0,"Material","153052-112/2026","SEINFRA E OUTROS - Materiais hidráulicos para instalações prediais","Catálogo do Compras.gov.br","Material",5120.0,"FERRAMENTAS MANUAIS SEM CORTE, NÃO ACIONADAS  POR  FORÇA  MOTRIZ",4881.0,"CHAVE FENDA",307763.0,"ACABAMENTO SUPERFICIAL HASTE: CROMADO, BITOLA: 5/16\" X 8\", COMPRIMENTO HASTE: 120, MATERIAL CABO: POLIPROPILENO, MATERIAL HASTE: AÇO CROMO VANÁDIO, TIPO PONTA: CHATA","UN",14.0,10.0,140.0,0.0,"2026-07-02"]
["UNIVERSIDADE FEDERAL DE GOIAS-UF/GO",153052.0,5173.0,"Material","153052-112/2026","SEINFRA E OUTROS - Materiais hidráulicos para instalações prediais","Catálogo do Compras.gov.br","Material",5120.0,"FERRAMENTAS MANUAIS SEM CORTE, NÃO ACIONADAS  POR  FORÇA  MOTRIZ",4890.0,"CHAVE ALLEN",602095.0,"CARACTERÍSTICAS ADICIONAIS: LONGA, COMPRIMENTO: 138, FORMATO: HEXAGONAL, MATERIAL: AÇO DIN 17200-50CRV4, MEDIDA REFERÊNCIA: 4","UN",6.0,200.11,1200.66,0.0,"2026-07-02"]
["UNIVERSIDADE FEDERAL DE GOIAS-UF/GO",153052.0,5174.0,"Material","153052-112/2026","SEINFRA E OUTROS - Materiais hidráulicos para instalações prediais","Catálogo do Compras.gov.br","Material",5120.0,"FERRAMENTAS MANUAIS SEM CORTE, NÃO ACIONADAS  POR  FORÇA  MOTRIZ",4881.0,"CHAVE FENDA",228262.0,"BITOLA: 5, CARACTERÍSTICAS ADICIONAIS: PONTA IMANTADA, COMPRIMENTO HASTE: 125, MATERIAL CABO: POLIPROPILENO, MATERIAL HASTE: CROMO VANÁDIO TEMPERADO, TIPO PONTA: CHATA","UN",14.0,21.71,303.94,0.0,"2026-07-02"]
["UNIVERSIDADE FEDERAL DE GOIAS-UF/GO",153052.0,5175.0,"Material","153052-112/2026","SEINFRA E OUTROS - Materiais hidráulicos para instalações prediais","Catálogo do Compras.gov.br","Material",5120.0,"FERRAMENTAS MANUAIS SEM CORTE, NÃO ACIONADAS  POR  FORÇA  MOTRIZ",4881.0,"CHAVE FENDA",360123.0,"ACABAMENTO SUPERFICIAL HASTE: NIQUELADO E CROMADO, BITOLA: 3/16\" X 4\", CARACTERÍSTICAS ADICIONAIS: PONTA FOSFATIZADA, COMPRIMENTO HASTE: 190, MATERIAL CABO: POLIPROPILENO, MATERIAL HASTE: AÇO VANÁDIO 50CRV4 / 73MOV52, TIPO PONTA: CRUZADA","UN",14.0,17.65,247.1,0.0,"2026-07-02"]
["UNIVERSIDADE FEDERAL DE GOIAS-UF/GO",153052.0,5176.0,"Material","153052-112/2026","SEINFRA E OUTROS - Materiais hidráulicos para instalações prediais","Catálogo do Compras.gov.br","Material",5120.0,"FERRAMENTAS MANUAIS SEM CORTE, NÃO ACIONADAS  POR  FORÇA  MOTRIZ",4881.0,"CHAVE FENDA",483508.0,"BITOLA: 1/4\" X 8\", CARACTERÍSTICAS ADICIONAIS: HASTE NIQUELADA E CROMADA, MATERIAL CABO: POLIPROPILENO, MATERIAL HASTE: AÇO CROMO VANÁDIO, TIPO PONTA: PHILIPS","UN",14.0,10.19,142.66,0.0,"2026-07-02"]
["UNIVERSIDADE FEDERAL DE GOIAS-UF/GO",153052.0,5177.0,"Material","153052-112/2026","SEINFRA E OUTROS - Materiais hidráulicos para instalações prediais","Catálogo do Compras.gov.br","Material",5110.0,"FERRAMENTAS MANUAIS DE CORTE, NÃO ACIONADAS POR FORÇA MOTRIZ",2308.0,"ALICATE DE CORTE",601900.0,"CARACTERÍSTICAS ADICIONAIS: CORTE DE CABOS DE COBRE E ALUMINIO ATÉ 240MM², COMPRIMENTO: 275, MATERIAL: AÇO, TIPO CORTE: TESOURA CATRACA","UN",4.0,200.0,800.0,0.0,"2026-07-02"]
["UNIVERSIDADE FEDERAL DE GOIAS-UF/GO",153052.0,5178.0,"Material","153052-112/2026","SEINFRA E OUTROS - Materiais hidráulicos para instalações prediais","Catálogo do Compras.gov.br","Material",5120.0,"FERRAMENTAS MANUAIS SEM CORTE, NÃO ACIONADAS  POR  FORÇA  MOTRIZ",1269.0,"SOQUETE COM ENCAIXE PARA FERRAMENTA",451289.0,"CARACTERÍSTICAS ADICIONAIS: ESPIGA QUADRADA DE ¾\", MATERIAL: AÇO CROMO VANÁDIO, TAMANHO: 1 1/4, TIPO: SEXTAVADO, TRATAMENTO SUPERFICIAL: NIQUELADO E CROMADO","UN",15.0,11.0,165.0,0.0,"2026-07-02"]
["UNIVERSIDADE FEDERAL DE GOIAS-UF/GO",153052.0,5179.0,"Material","153052-112/2026","SEINFRA E OUTROS - Materiais hidráulicos para instalações prediais","Catálogo do Compras.gov.br","Material",5120.0,"FERRAMENTAS MANUAIS SEM CORTE, NÃO ACIONADAS  POR  FORÇA  MOTRIZ",1269.0,"SOQUETE COM ENCAIXE PARA FERRAMENTA",451289.0,"CARACTERÍSTICAS ADICIONAIS: ESPIGA QUADRADA DE ¾\", MATERIAL: AÇO CROMO VANÁDIO, TAMANHO: 1 1/4, TIPO: SEXTAVADO, TRATAMENTO SUPERFICIAL: NIQUELADO E CROMADO","UN",15.0,8.9,133.5,0.0,"2026-07-02"]
["UNIVERSIDADE FEDERAL DE GOIAS-UF/GO",153052.0,5180.0,"Material","153052-112/2026","SEINFRA E OUTROS - Materiais hidráulicos para instalações prediais","Catálogo do Compras.gov.br","Material",5110.0,"FERRAMENTAS MANUAIS DE CORTE, NÃO ACIONADAS POR FORÇA MOTRIZ",5923.0,"CORTADOR DE VIDRO",293631.0,"COMPONENTES: RESERVATÓRIO PARA QUEROSENE, COMPRIMENTO: 19, DIÂMETRO: 3/8, FORMATO BASE: TRAPÉZIO, MATERIAL PONTA: DIAMANTE, TIPO: CANETA","UN",5.0,44.9,224.5,0.0,"2026-07-02"]
["UNIVERSIDADE FEDERAL DE GOIAS-UF/GO",153052.0,5181.0,"Material","153052-112/2026","SEINFRA E OUTROS - Materiais hidráulicos para instalações prediais","Catálogo do Compras.gov.br","Material",5120.0,"FERRAMENTAS MANUAIS SEM CORTE, NÃO ACIONADAS  POR  FORÇA  MOTRIZ",1269.0,"SOQUETE COM ENCAIXE PARA FERRAMENTA",451289.0,"CARACTERÍSTICAS ADICIONAIS: ESPIGA QUADRADA DE ¾\", MATERIAL: AÇO CROMO VANÁDIO, TAMANHO: 1 1/4, TIPO: SEXTAVADO, TRATAMENTO SUPERFICIAL: NIQUELADO E CROMADO","UN",15.0,14.0,210.0,0.0,"2026-07-02"]
["UNIVERSIDADE FEDERAL DE GOIAS-UF/GO",153052.0,5182.0,"Material","153052-112/2026","SEINFRA E OUTROS - Materiais hidráulicos para instalações prediais","Catálogo do Compras.gov.br","Material",5110.0,"FERRAMENTAS MANUAIS DE CORTE, NÃO ACIONADAS POR FORÇA MOTRIZ",12044.0,"SERRA TICO-TICO MANUAL",258260.0,"CAPACIDADE CORTE ALUMÍNIO: 20, CAPACIDADE CORTE AÇO: 10, CAPACIDADE CORTE MADEIRA: 100, CARACTERÍSTICAS ADICIONAIS: COM SISTEMA PENDULAR, POTÊNCIA: 650, ROTAÇÃO: 3.000, TENSÃO: 220/230","UN",5.0,17.0,85.0,0.0,"2026-07-02"]
["UNIVERSIDADE FEDERAL DE GOIAS-UF/GO",153052.0,5183.0,"Material","153052-112/2026","SEINFRA E OUTROS - Materiais hidráulicos para instalações prediais","Catálogo do Compras.gov.br","Material",5120.0,"FERRAMENTAS MANUAIS SEM CORTE, NÃO ACIONADAS  POR  FORÇA  MOTRIZ",1269.0,"SOQUETE COM ENCAIXE PARA FERRAMENTA",451289.0,"CARACTERÍSTICAS ADICIONAIS: ESPIGA QUADRADA DE ¾\", MATERIAL: AÇO CROMO VANÁDIO, TAMANHO: 1 1/4, TIPO: SEXTAVADO, TRATAMENTO SUPERFICIAL: NIQUELADO E CROMADO","UN",15.0,16.0,240.0,0.0,"2026-07-02"]
["UNIVERSIDADE FEDERAL DE GOIAS-UF/GO",153052.0,5184.0,"Material","153052-112/2026","SEINFRA E OUTROS - Materiais hidráulicos para instalações prediais","Catálogo do Compras.gov.br","Material",5120.0,"FERRAMENTAS MANUAIS SEM CORTE, NÃO ACIONADAS  POR  FORÇA  MOTRIZ",1269.0,"SOQUETE COM ENCAIXE PARA FERRAMENTA",451289.0,"CARACTERÍSTICAS ADICIONAIS: ESPIGA QUADRADA DE ¾\", MATERIAL: AÇO CROMO VANÁDIO, TAMANHO: 1 1/4, TIPO: SEXTAVADO, TRATAMENTO SUPERFICIAL: NIQUELADO E CROMADO","UN",15.0,8.0,120.0,0.0,"2026-07-02"]
["UNIVERSIDADE FEDERAL DE GOIAS-UF/GO",153052.0,5185.0,"Material","153052-112/2026","SEINFRA E OUTROS - Materiais hidráulicos para instalações prediais","Catálogo do Compras.gov.br","Material",5110.0,"FERRAMENTAS MANUAIS DE CORTE, NÃO ACIONADAS POR FORÇA MOTRIZ",12044.0,"SERRA TICO-TICO MANUAL",258260.0,"CAPACIDADE CORTE ALUMÍNIO: 20, CAPACIDADE CORTE AÇO: 10, CAPACIDADE CORTE MADEIRA: 100, CARACTERÍSTICAS ADICIONAIS: COM SISTEMA PENDULAR, POTÊNCIA: 650, ROTAÇÃO: 3.000, TENSÃO: 220/230","UN",5.0,20.0,100.0,0.0,"2026-07-02"]
["UNIVERSIDADE FEDERAL DE GOIAS-UF/GO",153052.0,5186.0,"Material","153052-112/2026","SEINFRA E OUTROS - Materiais hidráulicos para instalações prediais","Catálogo do Compras.gov.br","Material",5110.0,"FERRAMENTAS MANUAIS DE CORTE, NÃO ACIONADAS POR FORÇA MOTRIZ",12044.0,"SERRA TICO-TICO MANUAL",258260.0,"CAPACIDADE CORTE ALUMÍNIO: 20, CAPACIDADE CORTE AÇO: 10, CAPACIDADE CORTE MADEIRA: 100, CARACTERÍSTICAS ADICIONAIS: COM SISTEMA PENDULAR, POTÊNCIA: 650, ROTAÇÃO: 3.000, TENSÃO: 220/230","UN",5.0,15.5,77.5,0.0,"2026-07-02"]
["UNIVERSIDADE FEDERAL DE GOIAS-UF/GO",153052.0,5187.0,"Material","153052-112/2026","SEINFRA E OUTROS - Materiais hidráulicos para instalações prediais","Catálogo do Compras.gov.br","Material",4730.0,"ACESSÓRIOS E FERRAGENS ESPECIAIS PARA  MANGUEIRAS, CANOS  E TUBOS",13546.0,"CONEXÃO HIDRÁULICA",270389.0,"APLICAÇÃO: REDE HIDRÁULICA E ESGOTO, BITOLA LADO SOLDÁVEL: 50, COR: MARROM, MATERIAL: PVC - CLORETO DE POLIVINILA, TIPO: LUVA, TIPO FIXAÇÃO: SOLDÁVEL","UN",150.0,19.45,2917.5,0.0,"2026-07-02"]
["UNIVERSIDADE FEDERAL DE GOIAS-UF/GO",153052.0,5188.0,"Material","153052-112/2026","SEINFRA E OUTROS - Materiais hidráulicos para instalações prediais","Catálogo do Compras.gov.br","Material",4730.0,"ACESSÓRIOS E FERRAGENS ESPECIAIS PARA  MANGUEIRAS, CANOS  E TUBOS",13546.0,"CONEXÃO HIDRÁULICA",239035.0,"APLICAÇÃO: INSTALAÇÕES PREDIAIS ÁGUA FRIA, BITOLA: 1/2\", MATERIAL: PVC - CLORETO DE POLIVINILA, TIPO: PLUG, TIPO FIXAÇÃO: ROSCÁVEL","UN",300.0,0.85,255.0,0.0,"2026-07-02"]
["UNIVERSIDADE FEDERAL DE GOIAS-UF/GO",153052.0,5189.0,"Material","153052-112/2026","SEINFRA E OUTROS - Materiais hidráulicos para instalações prediais","Catálogo do Compras.gov.br","Material",4730.0,"ACESSÓRIOS E FERRAGENS ESPECIAIS PARA  MANGUEIRAS, CANOS  E TUBOS",13546.0,"CONEXÃO HIDRÁULICA",373366.0,"APLICAÇÃO: INSTALAÇÕES PREDIAIS ÁGUA FRIA, BITOLA: 50, MATERIAL: PVC - CLORETO DE POLIVINILA, TIPO: LUVA DE CORRER, TIPO FIXAÇÃO: ANEL BORRACHA","UN",100.0,10.88,1088.0,0.0,"2026-07-02"]
["UNIVERSIDADE FEDERAL DE GOIAS-UF/GO",153052.0,5190.0,"Material","153052-112/2026","SEINFRA E OUTROS - Materiais hidráulicos para instalações prediais","Catálogo do Compras.gov.br","Material",4730.0,"ACESSÓRIOS E FERRAGENS ESPECIAIS PARA  MANGUEIRAS, CANOS  E TUBOS",13546.0,"CONEXÃO HIDRÁULICA",389639.0,"APLICAÇÃO: INSTALAÇÕES ESGOTO, CARACTERÍSTICAS ADICIONAIS 1: DIÂMETRO NOMINAL 50MM / ANEL DE VEDAÇÃO, MATERIAL: PVC - CLORETO DE POLIVINILA, TIPO: CAP, TIPO FIXAÇÃO: ENCAIXE","UN",150.0,8.6,1290.0,0.0,"2026-07-02"]
["UNIVERSIDADE FEDERAL DE GOIAS-UF/GO",153052.0,5191.0,"Material","153052-112/2026","SEINFRA E OUTROS - Materiais hidráulicos para instalações prediais","Catálogo do Compras.gov.br","Material",4730.0,"ACESSÓRIOS E FERRAGENS ESPECIAIS PARA  MANGUEIRAS, CANOS  E TUBOS",665.0,"BUCHA INSTALAÇÃO PREDIAL ÁGUA FRIA",242397.0,"DIÂMETRO NOMINAL: 75 X 50, MATERIAL: PVC - CLORETO DE POLIVINILA, TIPO: REDUÇÃO LONGA, TIPO EXTREMIDADES: BOLSA SOLDÁVEL","UN",70.0,20.95,1466.5,0.0,"2026-07-02"]
["UNIVERSIDADE FEDERAL DE GOIAS-UF/GO",153052.0,5192.0,"Material","153052-112/2026","SEINFRA E OUTROS - Materiais hidráulicos para instalações prediais","Catálogo do Compras.gov.br","Material",4730.0,"ACESSÓRIOS E FERRAGENS ESPECIAIS PARA  MANGUEIRAS, CANOS  E TUBOS",13546.0,"CONEXÃO HIDRÁULICA",231222.0,"APLICAÇÃO: REDE HIDRÁULICA E ESGOTO, BITOLA LADO SOLDÁVEL: 25, CARACTERÍSTICAS ADICIONAIS: NÃO APLICÁVEL, COR: MARROM, MATERIAL: PVC - CLORETO DE POLIVINILA, TIPO: JOELHO 90°, TIPO FIXAÇÃO: SOLDÁVEL, BITOLA LADO ROSCÁVEL: NÃO APLICÁVEL","UN",1000.0,0.75,750.0,0.0,"2026-07-02"]
["UNIVERSIDADE FEDERAL DE GOIAS-UF/GO",153052.0,5193.0,"Material","153052-112/2026","SEINFRA E OUTROS - Materiais hidráulicos para instalações prediais","Catálogo do Compras.gov.br","Material",5110.0,"FERRAMENTAS MANUAIS DE CORTE, NÃO ACIONADAS POR FORÇA MOTRIZ",12036.0,"SERRA COPO",438809.0,"CARACTERÍSTICAS ADICIONAIS: SUPORTE FIXAÇÃO COMPLETO, BROCAS PILOTO E EXTENSÃO, DIÂMETRO: 55, MATERIAL: DIAMANTADA","UN",15.0,38.0,570.0,0.0,"2026-07-02"]
["UNIVERSIDADE FEDERAL DE GOIAS-UF/GO",153052.0,5194.0,"Material","153052-112/2026","SEINFRA E OUTROS - Materiais hidráulicos para instalações prediais","Catálogo do Compras.gov.br","Material",5110.0,"FERRAMENTAS MANUAIS DE CORTE, NÃO ACIONADAS POR FORÇA MOTRIZ",12036.0,"SERRA COPO",438813.0,"CARACTERÍSTICAS ADICIONAIS: SUPORTE FIXAÇÃO COMPLETO, BROCAS PILOTO E EXTENSÃO, DIÂMETRO: 50, MATERIAL: DIAMANTADA","UN",25.0,120.0,3000.0,0.0,"2026-07-02"]
["UNIVERSIDADE FEDERAL DE GOIAS-UF/GO",153052.0,5195.0,"Material","153052-112/2026","SEINFRA E OUTROS - Materiais hidráulicos para instalações prediais","Catálogo do Compras.gov.br","Material",5120.0,"FERRAMENTAS MANUAIS SEM CORTE, NÃO ACIONADAS  POR  FORÇA  MOTRIZ",9390.0,"MARRETA",239334.0,"MATERIAL: FERRO, MATERIAL CABO: MADEIRA, PESO: 1.000","UN",20.0,38.0,760.0,0.0,"2026-07-02"]
["UNIVERSIDADE FEDERAL DE GOIAS-UF/GO",153052.0,5196.0,"Material","153052-112/2026","SEINFRA E OUTROS - Materiais hidráulicos para instalações prediais","Catálogo do Compras.gov.br","Material",5120.0,"FERRAMENTAS MANUAIS SEM CORTE, NÃO ACIONADAS  POR  FORÇA  MOTRIZ",9390.0,"MARRETA",237421.0,"MATERIAL: FERRO, MATERIAL CABO: MADEIRA, PESO: 500","UN",20.0,34.0,680.0,0.0,"2026-07-02"]
["UNIVERSIDADE FEDERAL DE GOIAS-UF/GO",153052.0,5197.0,"Material","153052-112/2026","SEINFRA E OUTROS - Materiais hidráulicos para instalações prediais","Catálogo do Compras.gov.br","Material",5120.0,"FERRAMENTAS MANUAIS SEM CORTE, NÃO ACIONADAS  POR  FORÇA  MOTRIZ",599.0,"COLHER PEDREIRO",483242.0,"CARACTERÍSTICAS ADICIONAIS: HASTE E LÂMINA INTEIRIÇA, MATERIAL: AÇO TEMPERADO E REVENIDO, MATERIAL CABO: MADEIRA NOBRE, TAMANHO: 9","UN",30.0,48.0,1440.0,0.0,"2026-07-02"]
["UNIVERSIDADE FEDERAL DE GOIAS-UF/GO",153052.0,5198.0,"Material","153052-112/2026","SEINFRA E OUTROS - Materiais hidráulicos para instalações prediais","Catálogo do Compras.gov.br","Material",5110.0,"FERRAMENTAS MANUAIS DE CORTE, NÃO ACIONADAS POR FORÇA MOTRIZ",12036.0,"SERRA COPO",265440.0,"DIÂMETRO: 32, MATERIAL: AÇO RÁPIDO","UN",15.0,27.0,405.0,0.0,"2026-07-02"]
["UNIVERSIDADE FEDERAL DE GOIAS-UF/GO",153052.0,5199.0,"Material","153052-112/2026","SEINFRA E OUTROS - Materiais hidráulicos para instalações prediais","Catálogo do Compras.gov.br","Material",5120.0,"FERRAMENTAS MANUAIS SEM CORTE, NÃO ACIONADAS  POR  FORÇA  MOTRIZ",11571.0,"RÉGUA PEDREIRO",313933.0,"COMPRIMENTO: 2, MATERIAL: ALUMÍNIO","UN",30.0,75.0,2250.0,0.0,"2026-07-02"]
["UNIVERSIDADE FEDERAL DE GOIAS-UF/GO",153052.0,5200.0,"Material","153052-112/2026","SEINFRA E OUTROS - Materiais hidráulicos para instalações prediais","Catálogo do Compras.gov.br","Material",5110.0,"FERRAMENTAS MANUAIS DE CORTE, NÃO ACIONADAS POR FORÇA MOTRIZ",12036.0,"SERRA COPO",438815.0,"CARACTERÍSTICAS ADICIONAIS: SUPORTE FIXAÇÃO COMPLETO, BROCAS PILOTO E EXTENSÃO, DIÂMETRO: 35, MATERIAL: DIAMANTADA","UN",35.0,68.0,2380.0,0.0,"2026-07-02"]
["UNIVERSIDADE FEDERAL DE GOIAS-UF/GO",153052.0,5201.0,"Material","153052-112/2026","SEINFRA E OUTROS - Materiais hidráulicos para instalações prediais","Catálogo do Compras.gov.br","Material",5110.0,"FERRAMENTAS MANUAIS DE CORTE, NÃO ACIONADAS POR FORÇA MOTRIZ",12036.0,"SERRA COPO",615187.0,"CARACTERÍSTICAS ADICIONAIS: KIT, DIÂMETRO: 19 A 35, MATERIAL: AÇO RÁPIDO BIMETAL","UN",10.0,290.0,2900.0,0.0,"2026-07-02"]
["UNIVERSIDADE FEDERAL DE GOIAS-UF/GO",153052.0,5202.0,"Material","153052-112/2026","SEINFRA E OUTROS - Materiais hidráulicos para instalações prediais","Catálogo do Compras.gov.br","Material",5110.0,"FERRAMENTAS MANUAIS DE CORTE, NÃO ACIONADAS POR FORÇA MOTRIZ",6595.0,"ENXADA",436575.0,"COMPRIMENTO CABO: 180, LARGURA: 30, MATERIAL: AÇO ALTO CARBONO 1070, MATERIAL CABO: MADEIRA","UN",30.0,13.0,390.0,0.0,"2026-07-02"]
["UNIVERSIDADE FEDERAL DE GOIAS-UF/GO",153052.0,5203.0,"Material","153052-112/2026","SEINFRA E OUTROS - Materiais hidráulicos para instalações prediais","Catálogo do Compras.gov.br","Material",5110.0,"FERRAMENTAS MANUAIS DE CORTE, NÃO ACIONADAS POR FORÇA MOTRIZ",12036.0,"SERRA COPO",446792.0,"CARACTERÍSTICAS ADICIONAIS: HASTE 3/8 POL COM 150MM/GUIA PARA CENTRALIZAR FURO, DIÂMETRO: 75, MATERIAL: DIAMANTADA","UN",14.0,190.0,2660.0,0.0,"2026-07-02"]
["UNIVERSIDADE FEDERAL DE GOIAS-UF/GO",153052.0,5204.0,"Material","153052-112/2026","SEINFRA E OUTROS - Materiais hidráulicos para instalações prediais","Catálogo do Compras.gov.br","Material",5110.0,"FERRAMENTAS MANUAIS DE CORTE, NÃO ACIONADAS POR FORÇA MOTRIZ",12036.0,"SERRA COPO",249308.0,"DIÂMETRO: 35, MATERIAL: AÇO RÁPIDO","UN",25.0,29.0,725.0,0.0,"2026-07-02"]
["UNIVERSIDADE FEDERAL DE GOIAS-UF/GO",153052.0,5205.0,"Material","153052-112/2026","SEINFRA E OUTROS - Materiais hidráulicos para instalações prediais","Catálogo do Compras.gov.br","Material",5110.0,"FERRAMENTAS MANUAIS DE CORTE, NÃO ACIONADAS POR FORÇA MOTRIZ",2308.0,"ALICATE DE CORTE",624133.0,"CARACTERÍSTICAS ADICIONAIS: ISOLAMENTO ATÉ 1000V, CORTE DE CABOS DIVERSOS, COMPRIMENTO: 280, MATERIAL: AÇO, MATERIAL CABO: POLÍMERO, TIPO CABO: ISOLADO, TIPO CORTE: PROGRESSIVO","UN",1.0,260.0,260.0,0.0,"2026-07-02"]
["UNIVERSIDADE FEDERAL DE GOIAS-UF/GO",153052.0,5206.0,"Material","153052-112/2026","SEINFRA E OUTROS - Materiais hidráulicos para instalações prediais","Catálogo do Compras.gov.br","Material",5120.0,"FERRAMENTAS MANUAIS SEM CORTE, NÃO ACIONADAS  POR  FORÇA  MOTRIZ",6084.0,"DESEMPENADEIRA MANUAL",448856.0,"APLICAÇÃO: SERVIÇOS DE OBRAS, CARACTERÍSTICAS ADICIONAIS: LISA, COMPRIMENTO: 29, LARGURA: 12, MATERIAL: AÇO","UN",20.0,42.5,850.0,0.0,"2026-07-02"]
["UNIVERSIDADE FEDERAL DE GOIAS-UF/GO",153052.0,5207.0,"Material","153052-112/2026","SEINFRA E OUTROS - Materiais hidráulicos para instalações prediais","Catálogo do Compras.gov.br","Material",5120.0,"FERRAMENTAS MANUAIS SEM CORTE, NÃO ACIONADAS  POR  FORÇA  MOTRIZ",4711.0,"CAVADEIRA TIPO ALAVANCA",483249.0,"ALTURA: 250, LARGURA: 105, MATERIAL: AÇO CARBONO, MATERIAL CABO: MADEIRA","UN",20.0,48.0,960.0,0.0,"2026-07-02"]
["UNIVERSIDADE FEDERAL DE GOIAS-UF/GO",153052.0,5208.0,"Material","153052-112/2026","SEINFRA E OUTROS - Materiais hidráulicos para instalações prediais","Catálogo do Compras.gov.br","Material",5110.0,"FERRAMENTAS MANUAIS DE CORTE, NÃO ACIONADAS POR FORÇA MOTRIZ",12036.0,"SERRA COPO",438806.0,"CARACTERÍSTICAS ADICIONAIS: SUPORTE FIXAÇÃO COMPLETO, BROCAS PILOTO E EXTENSÃO, DIÂMETRO: 19, MATERIAL: DIAMANTADA","UN",15.0,23.0,345.0,0.0,"2026-07-02"]
["UNIVERSIDADE FEDERAL DE GOIAS-UF/GO",153052.0,5209.0,"Material","153052-112/2026","SEINFRA E OUTROS - Materiais hidráulicos para instalações prediais","Catálogo do Compras.gov.br","Material",5110.0,"FERRAMENTAS MANUAIS DE CORTE, NÃO ACIONADAS POR FORÇA MOTRIZ",12036.0,"SERRA COPO",268312.0,"DIÂMETRO: 25, MATERIAL: AÇO RÁPIDO","UN",25.0,25.0,625.0,0.0,"2026-07-02"]
["UNIVERSIDADE FEDERAL DE GOIAS-UF/GO",153052.0,5210.0,"Material","153052-112/2026","SEINFRA E OUTROS - Materiais hidráulicos para instalações prediais","Catálogo do Compras.gov.br","Material",5120.0,"FERRAMENTAS MANUAIS SEM CORTE, NÃO ACIONADAS  POR  FORÇA  MOTRIZ",4026.0,"CABO FERRAMENTA",265484.0,"COMPRIMENTO CABO: 1,50, MATERIAL CABO: MADEIRA","UN",90.0,15.0,1350.0,0.0,"2026-07-02"]
["UNIVERSIDADE FEDERAL DE GOIAS-UF/GO",153052.0,5211.0,"Material","153052-112/2026","SEINFRA E OUTROS - Materiais hidráulicos para instalações prediais","Catálogo do Compras.gov.br","Material",5110.0,"FERRAMENTAS MANUAIS DE CORTE, NÃO ACIONADAS POR FORÇA MOTRIZ",12036.0,"SERRA COPO",440437.0,"DIÂMETRO: 50, MATERIAL: AÇO RÁPIDO BIMETAL","UN",10.0,38.0,380.0,0.0,"2026-07-02"]
["UNIVERSIDADE FEDERAL DE GOIAS-UF/GO",153052.0,5212.0,"Material","153052-112/2026","SEINFRA E OUTROS - Materiais hidráulicos para instalações prediais","Catálogo do Compras.gov.br","Material",5110.0,"FERRAMENTAS MANUAIS DE CORTE, NÃO ACIONADAS POR FORÇA MOTRIZ",12036.0,"SERRA COPO",446792.0,"CARACTERÍSTICAS ADICIONAIS: HASTE 3/8 POL COM 150MM/GUIA PARA CENTRALIZAR FURO, DIÂMETRO: 75, MATERIAL: DIAMANTADA","UN",20.0,48.0,960.0,0.0,"2026-07-02"]
["UNIVERSIDADE FEDERAL DE GOIAS-UF/GO",153052.0,5213.0,"Material","153052-112/2026","SEINFRA E OUTROS - Materiais hidráulicos para instalações prediais","Catálogo do Compras.gov.br","Material",5110.0,"FERRAMENTAS MANUAIS DE CORTE, NÃO ACIONADAS POR FORÇA MOTRIZ",12036.0,"SERRA COPO",293367.0,"CARACTERÍSTICAS ADICIONAIS: COM SUPORTE FIXAÇÃO, DIÂMETRO: 59, MATERIAL: AÇO RÁPIDO","UN",15.0,39.0,585.0,0.0,"2026-07-02"]
["UNIVERSIDADE FEDERAL DE GOIAS-UF/GO",153052.0,5214.0,"Material","153052-112/2026","SEINFRA E OUTROS - Materiais hidráulicos para instalações prediais","Catálogo do Compras.gov.br","Material",5110.0,"FERRAMENTAS MANUAIS DE CORTE, NÃO ACIONADAS POR FORÇA MOTRIZ",12036.0,"SERRA COPO",438811.0,"CARACTERÍSTICAS ADICIONAIS: SUPORTE FIXAÇÃO COMPLETO, BROCAS PILOTO E EXTENSÃO, DIÂMETRO: 20, MATERIAL: DIAMANTADA","UN",20.0,48.0,960.0,0.0,"2026-07-02"]
["UNIVERSIDADE FEDERAL DE GOIAS-UF/GO",153052.0,5215.0,"Material","153052-112/2026","SEINFRA E OUTROS - Materiais hidráulicos para instalações prediais","Catálogo do Compras.gov.br","Material",5120.0,"FERRAMENTAS MANUAIS SEM CORTE, NÃO ACIONADAS  POR  FORÇA  MOTRIZ",13589.0,"MARTELO",237399.0,"MATERIAL: FERRO, MATERIAL CABO: MADEIRA, TAMANHO: 25, TIPO: UNHA","UN",15.0,38.0,570.0,0.0,"2026-07-02"]
["UNIVERSIDADE FEDERAL DE GOIAS-UF/GO",153052.0,5216.0,"Material","153052-112/2026","SEINFRA E OUTROS - Materiais hidráulicos para instalações prediais","Catálogo do Compras.gov.br","Material",5120.0,"FERRAMENTAS MANUAIS SEM CORTE, NÃO ACIONADAS  POR  FORÇA  MOTRIZ",2234.0,"ALAVANCA",466612.0,"CARACTERÍSTICAS ADICIONAIS: PONTA CHATA E AGUDA, COMPRIMENTO: 1,50, DIÂMETRO: 25, MATERIAL: AÇO FORJADO","UN",10.0,120.0,1200.0,0.0,"2026-07-02"]
["UNIVERSIDADE FEDERAL DE GOIAS-UF/GO",153052.0,5217.0,"Material","153052-112/2026","SEINFRA E OUTROS - Materiais hidráulicos para instalações prediais","Catálogo do Compras.gov.br","Material",5110.0,"FERRAMENTAS MANUAIS DE CORTE, NÃO ACIONADAS POR FORÇA MOTRIZ",12036.0,"SERRA COPO",438812.0,"CARACTERÍSTICAS ADICIONAIS: SUPORTE FIXAÇÃO COMPLETO, BROCAS PILOTO E EXTENSÃO, DIÂMETRO: 40, MATERIAL: DIAMANTADA","UN",25.0,85.0,2125.0,0.0,"2026-07-02"]
["UNIVERSIDADE FEDERAL DE GOIAS-UF/GO",153052.0,5218.0,"Material","153052-112/2026","SEINFRA E OUTROS - Materiais hidráulicos para instalações prediais","Catálogo do Compras.gov.br","Material",5110.0,"FERRAMENTAS MANUAIS DE CORTE, NÃO ACIONADAS POR FORÇA MOTRIZ",12036.0,"SERRA COPO",438814.0,"CARACTERÍSTICAS ADICIONAIS: SUPORTE FIXAÇÃO COMPLETO, BROCAS PILOTO E EXTENSÃO, DIÂMETRO: 30, MATERIAL: DIAMANTADA","UN",15.0,26.0,390.0,0.0,"2026-07-02"]
["UNIVERSIDADE FEDERAL DE GOIAS-UF/GO",153052.0,5219.0,"Material","153052-112/2026","SEINFRA E OUTROS - Materiais hidráulicos para instalações prediais","Catálogo do Compras.gov.br","Material",5120.0,"FERRAMENTAS MANUAIS SEM CORTE, NÃO ACIONADAS  POR  FORÇA  MOTRIZ",4711.0,"CAVADEIRA TIPO ALAVANCA",483249.0,"ALTURA: 250, LARGURA: 105, MATERIAL: AÇO CARBONO, MATERIAL CABO: MADEIRA","UN",10.0,130.0,1300.0,0.0,"2026-07-02"]
["UNIVERSIDADE FEDERAL DE GOIAS-UF/GO",153052.0,5220.0,"Material","153052-112/2026","SEINFRA E OUTROS - Materiais hidráulicos para instalações prediais","Catálogo do Compras.gov.br","Material",5120.0,"FERRAMENTAS MANUAIS SEM CORTE, NÃO ACIONADAS  POR  FORÇA  MOTRIZ",6084.0,"DESEMPENADEIRA MANUAL",448856.0,"APLICAÇÃO: SERVIÇOS DE OBRAS, CARACTERÍSTICAS ADICIONAIS: LISA, COMPRIMENTO: 29, LARGURA: 12, MATERIAL: AÇO","UN",70.0,22.0,1540.0,0.0,"2026-07-02"]
["UNIVERSIDADE FEDERAL DE GOIAS-UF/GO",153052.0,5221.0,"Material","153052-112/2026","SEINFRA E OUTROS - Materiais hidráulicos para instalações prediais","Catálogo do Compras.gov.br","Material",5110.0,"FERRAMENTAS MANUAIS DE CORTE, NÃO ACIONADAS POR FORÇA MOTRIZ",12036.0,"SERRA COPO",440436.0,"DIÂMETRO: 40, MATERIAL: AÇO RÁPIDO BIMETAL","UN",15.0,32.0,480.0,0.0,"2026-07-02"]
["UNIVERSIDADE FEDERAL DE GOIAS-UF/GO",153052.0,5222.0,"Material","153052-112/2026","SEINFRA E OUTROS - Materiais hidráulicos para instalações prediais","Catálogo do Compras.gov.br","Material",5110.0,"FERRAMENTAS MANUAIS DE CORTE, NÃO ACIONADAS POR FORÇA MOTRIZ",12036.0,"SERRA COPO",438809.0,"CARACTERÍSTICAS ADICIONAIS: SUPORTE FIXAÇÃO COMPLETO, BROCAS PILOTO E EXTENSÃO, DIÂMETRO: 55, MATERIAL: DIAMANTADA","UN",24.0,120.0,2880.0,0.0,"2026-07-02"]
["UNIVERSIDADE FEDERAL DE GOIAS-UF/GO",153052.0,5223.0,"Material","153052-112/2026","SEINFRA E OUTROS - Materiais hidráulicos para instalações prediais","Catálogo do Compras.gov.br","Material",5110.0,"FERRAMENTAS MANUAIS DE CORTE, NÃO ACIONADAS POR FORÇA MOTRIZ",12036.0,"SERRA COPO",446792.0,"CARACTERÍSTICAS ADICIONAIS: HASTE 3/8 POL COM 150MM/GUIA PARA CENTRALIZAR FURO, DIÂMETRO: 75, MATERIAL: DIAMANTADA","UN",20.0,290.0,5800.0,0.0,"2026-07-02"]
["UNIVERSIDADE FEDERAL DE GOIAS-UF/GO",153052.0,5224.0,"Material","153052-112/2026","SEINFRA E OUTROS - Materiais hidráulicos para instalações prediais","Catálogo do Compras.gov.br","Material",5110.0,"FERRAMENTAS MANUAIS DE CORTE, NÃO ACIONADAS POR FORÇA MOTRIZ",12036.0,"SERRA COPO",438811.0,"CARACTERÍSTICAS ADICIONAIS: SUPORTE FIXAÇÃO COMPLETO, BROCAS PILOTO E EXTENSÃO, DIÂMETRO: 20, MATERIAL: DIAMANTADA","UN",15.0,24.0,360.0,0.0,"2026-07-02"]
["UNIVERSIDADE FEDERAL DE GOIAS-UF/GO",153052.0,5225.0,"Material","153052-112/2026","SEINFRA E OUTROS - Materiais hidráulicos para instalações prediais","Catálogo do Compras.gov.br","Material",5120.0,"FERRAMENTAS MANUAIS SEM CORTE, NÃO ACIONADAS  POR  FORÇA  MOTRIZ",4711.0,"CAVADEIRA TIPO ALAVANCA",483249.0,"ALTURA: 250, LARGURA: 105, MATERIAL: AÇO CARBONO, MATERIAL CABO: MADEIRA","UN",10.0,100.0,1000.0,0.0,"2026-07-02"]
["UNIVERSIDADE FEDERAL DE GOIAS-UF/GO",153052.0,5226.0,"Material","153052-112/2026","SEINFRA E OUTROS - Materiais hidráulicos para instalações prediais","Catálogo do Compras.gov.br","Material",5110.0,"FERRAMENTAS MANUAIS DE CORTE, NÃO ACIONADAS POR FORÇA MOTRIZ",12036.0,"SERRA COPO",441628.0,"CARACTERÍSTICAS ADICIONAIS: HASTE 3/8 POL COM 150MM/GUIA PARA CENTRALIZAR FURO, DIÂMETRO: 65, MATERIAL: DIAMANTADA","UN",15.0,53.0,795.0,0.0,"2026-07-02"]
["UNIVERSIDADE FEDERAL DE GOIAS-UF/GO",153052.0,5227.0,"Material","153052-112/2026","SEINFRA E OUTROS - Materiais hidráulicos para instalações prediais","Catálogo do Compras.gov.br","Material",5110.0,"FERRAMENTAS MANUAIS DE CORTE, NÃO ACIONADAS POR FORÇA MOTRIZ",16073.0,"TORQUÊS",391934.0,"CARACTERÍSTICAS ADICIONAIS: CABO PINTADO, LARGURA CORTE 30 MM, COMPRIMENTO: 330, MATERIAL CORPO: AÇO FORJADO E CROMO VANÁDIO, TIPO: CORTA CASCO, TIPO ACABAMENTO: MANDÍBULAS POLIDAS","UN",15.0,32.0,480.0,0.0,"2026-07-02"]
["UNIVERSIDADE FEDERAL DE GOIAS-UF/GO",153052.0,5228.0,"Material","153052-112/2026","SEINFRA E OUTROS - Materiais hidráulicos para instalações prediais","Catálogo do Compras.gov.br","Material",5110.0,"FERRAMENTAS MANUAIS DE CORTE, NÃO ACIONADAS POR FORÇA MOTRIZ",12036.0,"SERRA COPO",249304.0,"DIÂMETRO: 54, MATERIAL: AÇO RÁPIDO","UN",10.0,38.0,380.0,0.0,"2026-07-02"]
["UNIVERSIDADE FEDERAL DE GOIAS-UF/GO",153052.0,5229.0,"Material","153052-112/2026","SEINFRA E OUTROS - Materiais hidráulicos para instalações prediais","Catálogo do Compras.gov.br","Material",5110.0,"FERRAMENTAS MANUAIS DE CORTE, NÃO ACIONADAS POR FORÇA MOTRIZ",12036.0,"SERRA COPO",446792.0,"CARACTERÍSTICAS ADICIONAIS: HASTE 3/8 POL COM 150MM/GUIA PARA CENTRALIZAR FURO, DIÂMETRO: 75, MATERIAL: DIAMANTADA","UN",20.0,25.0,500.0,0.0,"2026-07-02"]
["UNIVERSIDADE FEDERAL DE GOIAS-UF/GO",153052.0,5230.0,"Material","153052-112/2026","SEINFRA E OUTROS - Materiais hidráulicos para instalações prediais","Catálogo do Compras.gov.br","Material",5110.0,"FERRAMENTAS MANUAIS DE CORTE, NÃO ACIONADAS POR FORÇA MOTRIZ",12036.0,"SERRA COPO",441628.0,"CARACTERÍSTICAS ADICIONAIS: HASTE 3/8 POL COM 150MM/GUIA PARA CENTRALIZAR FURO, DIÂMETRO: 65, MATERIAL: DIAMANTADA","UN",24.0,123.0,2952.0,0.0,"2026-07-02"]
["UNIVERSIDADE FEDERAL DE GOIAS-UF/GO",153052.0,5231.0,"Material","153052-112/2026","SEINFRA E OUTROS - Materiais hidráulicos para instalações prediais","Catálogo do Compras.gov.br","Material",5110.0,"FERRAMENTAS MANUAIS DE CORTE, NÃO ACIONADAS POR FORÇA MOTRIZ",12036.0,"SERRA COPO",438808.0,"CARACTERÍSTICAS ADICIONAIS: SUPORTE FIXAÇÃO COMPLETO, BROCAS PILOTO E EXTENSÃO, DIÂMETRO: 45, MATERIAL: DIAMANTADA","UN",15.0,90.0,1350.0,0.0,"2026-07-02"]
["UNIVERSIDADE FEDERAL DE GOIAS-UF/GO",153052.0,5362.0,"Material","153052-112/2026","SEINFRA E OUTROS - Materiais hidráulicos para instalações prediais","Catálogo do Compras.gov.br","Material",4730.0,"ACESSÓRIOS E FERRAGENS ESPECIAIS PARA  MANGUEIRAS, CANOS  E TUBOS",13546.0,"CONEXÃO HIDRÁULICA",242876.0,"APLICAÇÃO: INSTALAÇÕES PREDIAIS ÁGUA FRIA, BITOLA: 32 MM, MATERIAL: PVC - CLORETO DE POLIVINILA, TIPO: LUVA, TIPO FIXAÇÃO: SOLDÁVEL","UN",300.0,1.84,552.0,0.0,"2026-07-02"]
["UNIVERSIDADE FEDERAL DE GOIAS-UF/GO",153052.0,5363.0,"Material","153052-112/2026","SEINFRA E OUTROS - Materiais hidráulicos para instalações prediais","Catálogo do Compras.gov.br","Material",4730.0,"ACESSÓRIOS E FERRAGENS ESPECIAIS PARA  MANGUEIRAS, CANOS  E TUBOS",13546.0,"CONEXÃO HIDRÁULICA",377772.0,"APLICAÇÃO: INSTALAÇÕES PREDIAIS ÁGUA FRIA, BITOLA: 40, MATERIAL: PVC - CLORETO DE POLIVINILA, TIPO: LUVA DE CORRER, TIPO FIXAÇÃO: ANEL BORRACHA","UN",100.0,5.25,525.0,0.0,"2026-07-02"]
["UNIVERSIDADE FEDERAL DE GOIAS-UF/GO",153052.0,5364.0,"Material","153052-112/2026","SEINFRA E OUTROS - Materiais hidráulicos para instalações prediais","Catálogo do Compras.gov.br","Material",4730.0,"ACESSÓRIOS E FERRAGENS ESPECIAIS PARA  MANGUEIRAS, CANOS  E TUBOS",13546.0,"CONEXÃO HIDRÁULICA",265135.0,"APLICAÇÃO: INSTALAÇÕES PREDIAIS ÁGUA FRIA, BITOLA LADO SOLDÁVEL: 25, CARACTERÍSTICAS ADICIONAIS: COM BUCHA DE LATÃO, MATERIAL: PVC - CLORETO DE POLIVINILA, TIPO: JOELHO DE REDUÇÃO 90°, TIPO FIXAÇÃO: SOLDÁVEL E ROSCÁVEL, BITOLA LADO ROSCÁVEL: 1/2","UN",400.0,3.75,1500.0,0.0,"2026-07-02"]
["UNIVERSIDADE FEDERAL DE GOIAS-UF/GO",153052.0,5365.0,"Material","153052-112/2026","SEINFRA E OUTROS - Materiais hidráulicos para instalações prediais","Catálogo do Compras.gov.br","Material",4730.0,"ACESSÓRIOS E FERRAGENS ESPECIAIS PARA  MANGUEIRAS, CANOS  E TUBOS",13546.0,"CONEXÃO HIDRÁULICA",236706.0,"APLICAÇÃO: REDE HIDRÁULICA E ESGOTO, BITOLA: 50 MM, MATERIAL: PVC - CLORETO DE POLIVINILA, TIPO: JOELHO 45°, TIPO FIXAÇÃO: SOLDÁVEL","UN",100.0,6.5,650.0,0.0,"2026-07-02"]
["UNIVERSIDADE FEDERAL DE GOIAS-UF/GO",153052.0,5366.0,"Material","153052-112/2026","SEINFRA E OUTROS - Materiais hidráulicos para instalações prediais","Catálogo do Compras.gov.br","Material",4730.0,"ACESSÓRIOS E FERRAGENS ESPECIAIS PARA  MANGUEIRAS, CANOS  E TUBOS",12519.0,"GRELHA RALO",335075.0,"APLICAÇÃO: INSTALAÇÕES HIDRÁULICAS, BITOLA: 100, CARACTERÍSTICAS ADICIONAIS: COM CAIXILHO E FECHO, MATERIAL: AÇO INOXIDÁVEL, TIPO: QUADRADO","UN",50.0,8.9,445.0,0.0,"2026-07-02"]
["UNIVERSIDADE FEDERAL DE GOIAS-UF/GO",153052.0,5367.0,"Material","153052-112/2026","SEINFRA E OUTROS - Materiais hidráulicos para instalações prediais","Catálogo do Compras.gov.br","Material",4730.0,"ACESSÓRIOS E FERRAGENS ESPECIAIS PARA  MANGUEIRAS, CANOS  E TUBOS",13546.0,"CONEXÃO HIDRÁULICA",246608.0,"APLICAÇÃO: INSTALAÇÕES PREDIAIS ÁGUA FRIA, BITOLA: 60 X 50 MM, MATERIAL: PVC - CLORETO DE POLIVINILA, TIPO: BUCHA REDUÇÃO CURTA, TIPO FIXAÇÃO: SOLDÁVEL","UN",100.0,5.4,540.0,0.0,"2026-07-02"]
["UNIVERSIDADE FEDERAL DE GOIAS-UF/GO",153052.0,5368.0,"Material","153052-112/2026","SEINFRA E OUTROS - Materiais hidráulicos para instalações prediais","Catálogo do Compras.gov.br","Material",4510.0,"DISPOSITIVOS E ACESSÓRIOS PARA INSTALAÇÕES HIDRÁULICAS",12820.0,"TORNEIRA",617293.0,"ACABAMENTO SUPERFICIAL: CROMADO, APLICAÇÃO: PAREDE, CARACTERISTICAS ADICIONAIS: ACIONAMENTO MANUAL/FECHAMENTO AUTOMÁTICO E AREJADO, DIÂMETRO: 1/2, MATERIAL CORPO: LATÃO, TIPO: AUTOMÁTICA, TRATAMENTO SUPERFICIAL: CROMADO","UN",800.0,104.34,83472.0,0.0,"2026-07-02"]
["UNIVERSIDADE FEDERAL DE GOIAS-UF/GO",153052.0,5369.0,"Material","153052-112/2026","SEINFRA E OUTROS - Materiais hidráulicos para instalações prediais","Catálogo do Compras.gov.br","Material",4510.0,"DISPOSITIVOS E ACESSÓRIOS PARA INSTALAÇÕES HIDRÁULICAS",12056.0,"SIFÃO",330196.0,"BITOLA: 1 1/4 X 1 1/2, COR: BRANCA, MATERIAL: PVC - CLORETO DE POLIVINILA, TIPO CORPO: FLEXÍVEL, TIPO: HORIZONTAL, TIPO HASTE: ARTICULADA, DIÂMETRO SAÍDA: 40","UN",800.0,32.89,26312.0,0.0,"2026-07-02"]
["UNIVERSIDADE FEDERAL DE GOIAS-UF/GO",153052.0,5370.0,"Material","153052-112/2026","SEINFRA E OUTROS - Materiais hidráulicos para instalações prediais","Catálogo do Compras.gov.br","Material",4510.0,"DISPOSITIVOS E ACESSÓRIOS PARA INSTALAÇÕES HIDRÁULICAS",12820.0,"TORNEIRA",401652.0,"APLICAÇÃO: COZINHA, CARACTERISTICAS ADICIONAIS: COM BICA MÓVEL LONGA E BICO AREJADOR, DIÂMETRO: 3/4, MATERIAL CORPO: METAL CROMADO, TIPO: PAREDE","UN",100.0,38.01,3801.0,0.0,"2026-07-02"]
["UNIVERSIDADE FEDERAL DE GOIAS-UF/GO",153052.0,5371.0,"Material","153052-112/2026","SEINFRA E OUTROS - Materiais hidráulicos para instalações prediais","Catálogo do Compras.gov.br","Material",4730.0,"ACESSÓRIOS E FERRAGENS ESPECIAIS PARA  MANGUEIRAS, CANOS  E TUBOS",13546.0,"CONEXÃO HIDRÁULICA",231227.0,"APLICAÇÃO: REDE HIDRÁULICA E ESGOTO, BITOLA LADO SOLDÁVEL: 25, CARACTERÍSTICAS ADICIONAIS: NÃO APLICÁVEL, COR: MARROM, MATERIAL: PVC - CLORETO DE POLIVINILA, TIPO: ADAPTADOR, TIPO FIXAÇÃO: SOLDÁVEL E ROSCÁVEL, BITOLA LADO ROSCÁVEL: 3/4","UN",150.0,0.54,81.0,0.0,"2026-07-02"]
["UNIVERSIDADE FEDERAL DE GOIAS-UF/GO",153052.0,5372.0,"Material","153052-112/2026","SEINFRA E OUTROS - Materiais hidráulicos para instalações prediais","Catálogo do Compras.gov.br","Material",4710.0,"CANOS E TUBOS",13115.0,"TUBO HIDRÁULICO",627256.0,"APLICAÇÃO: ESGOTO, DIÂMETRO: 75, MATERIAL: PVC","UN",100.0,75.0,7500.0,0.0,"2026-07-02"]
["UNIVERSIDADE FEDERAL DE GOIAS-UF/GO",153052.0,5373.0,"Material","153052-112/2026","SEINFRA E OUTROS - Materiais hidráulicos para instalações prediais","Catálogo do Compras.gov.br","Material",4730.0,"ACESSÓRIOS E FERRAGENS ESPECIAIS PARA  MANGUEIRAS, CANOS  E TUBOS",13546.0,"CONEXÃO HIDRÁULICA",369392.0,"APLICAÇÃO: INSTALAÇÃO HIDRÁULICA, BITOLA LADO SOLDÁVEL: 32, CARACTERÍSTICAS ADICIONAIS: COM BUCHA DE LATÃO, MATERIAL: PVC - CLORETO DE POLIVINILA, TIPO: TÊ, TIPO FIXAÇÃO: SOLDÁVEL E ROSCÁVEL, BITOLA LADO ROSCÁVEL: 3/4","UN",100.0,13.52,1352.0,0.0,"2026-07-02"]
["UNIVERSIDADE FEDERAL DE GOIAS-UF/GO",153052.0,5232.0,"Material","153052-112/2026","SEINFRA E OUTROS - Materiais hidráulicos para instalações prediais","Catálogo do Compras.gov.br","Material",4730.0,"ACESSÓRIOS E FERRAGENS ESPECIAIS PARA  MANGUEIRAS, CANOS  E TUBOS",13546.0,"CONEXÃO HIDRÁULICA",293931.0,"APLICAÇÃO: REDE HIDRÁULICA E ESGOTO, BITOLA LADO SOLDÁVEL: 40, MATERIAL: PVC - CLORETO DE POLIVINILA, TIPO: LUVA, TIPO FIXAÇÃO: SOLDÁVEL","UN",200.0,1.75,350.0,0.0,"2026-07-02"]
["UNIVERSIDADE FEDERAL DE GOIAS-UF/GO",153052.0,5233.0,"Material","153052-112/2026","SEINFRA E OUTROS - Materiais hidráulicos para instalações prediais","Catálogo do Compras.gov.br","Material",4730.0,"ACESSÓRIOS E FERRAGENS ESPECIAIS PARA  MANGUEIRAS, CANOS  E TUBOS",13546.0,"CONEXÃO HIDRÁULICA",298456.0,"APLICAÇÃO: INSTALAÇÃO SANITÁRIA, BITOLA: 40, CARACTERÍSTICAS ADICIONAIS: COM ANEL PLÁSTICO, MATERIAL: PVC - CLORETO DE POLIVINILA, TIPO: JOELHO 45°, TIPO FIXAÇÃO: SOLDÁVEL","UN",100.0,5.95,595.0,0.0,"2026-07-02"]
["UNIVERSIDADE FEDERAL DE GOIAS-UF/GO",153052.0,5234.0,"Material","153052-112/2026","SEINFRA E OUTROS - Materiais hidráulicos para instalações prediais","Catálogo do Compras.gov.br","Material",4710.0,"CANOS E TUBOS",13115.0,"TUBO HIDRÁULICO",628534.0,"APLICAÇÃO: ESGOTO, DIÂMETRO: 50, MATERIAL: PVC","UN",100.0,68.0,6800.0,0.0,"2026-07-02"]
["UNIVERSIDADE FEDERAL DE GOIAS-UF/GO",153052.0,5235.0,"Material","153052-112/2026","SEINFRA E OUTROS - Materiais hidráulicos para instalações prediais","Catálogo do Compras.gov.br","Material",4510.0,"DISPOSITIVOS E ACESSÓRIOS PARA INSTALAÇÕES HIDRÁULICAS",16403.0,"VÁLVULA DESCARGA",264981.0,"APLICAÇÃO: MICTÓRIO, BITOLA: 1/2, MATERIAL: METAL, TIPO: ROSCÁVEL, TRATAMENTO SUPERFICIAL: CROMADO","UN",500.0,75.0,37500.0,0.0,"2026-07-02"]
["UNIVERSIDADE FEDERAL DE GOIAS-UF/GO",153052.0,5236.0,"Material","153052-112/2026","SEINFRA E OUTROS - Materiais hidráulicos para instalações prediais","Catálogo do Compras.gov.br","Material",4510.0,"DISPOSITIVOS E ACESSÓRIOS PARA INSTALAÇÕES HIDRÁULICAS",12820.0,"TORNEIRA",396905.0,"APLICAÇÃO: CAIXA DÁGUA, CARACTERISTICAS ADICIONAIS: BALÃO PVC, DIÂMETRO: 1, MATERIAL CORPO: METAL, TIPO: BÓIA CAIXA-D'ÁGUA","UN",100.0,83.6,8360.0,0.0,"2026-07-02"]
["UNIVERSIDADE FEDERAL DE GOIAS-UF/GO",153052.0,5237.0,"Material","153052-112/2026","SEINFRA E OUTROS - Materiais hidráulicos para instalações prediais","Catálogo do Compras.gov.br","Material",4730.0,"ACESSÓRIOS E FERRAGENS ESPECIAIS PARA  MANGUEIRAS, CANOS  E TUBOS",13546.0,"CONEXÃO HIDRÁULICA",263722.0,"APLICAÇÃO: INSTALAÇÕES PREDIAIS ÁGUA FRIA, BITOLA: 75 MM, MATERIAL: PVC - CLORETO DE POLIVINILA, TIPO: TÊ, TIPO FIXAÇÃO: SOLDÁVEL","UN",100.0,47.42,4742.0,0.0,"2026-07-02"]
["UNIVERSIDADE FEDERAL DE GOIAS-UF/GO",153052.0,5238.0,"Material","153052-112/2026","SEINFRA E OUTROS - Materiais hidráulicos para instalações prediais","Catálogo do Compras.gov.br","Material",4710.0,"CANOS E TUBOS",659.0,"TUBO PVC SOLDÁVEL",396867.0,"APLICAÇÃO: HIDRÁULICA, COMPRIMENTO: 6, COR: MARROM, DIÂMETRO NOMINAL: 20, MATERIAL: PVC RÍGIDO","UN",50.0,18.0,900.0,0.0,"2026-07-02"]
["UNIVERSIDADE FEDERAL DE GOIAS-UF/GO",153052.0,5239.0,"Material","153052-112/2026","SEINFRA E OUTROS - Materiais hidráulicos para instalações prediais","Catálogo do Compras.gov.br","Material",4730.0,"ACESSÓRIOS E FERRAGENS ESPECIAIS PARA  MANGUEIRAS, CANOS  E TUBOS",13546.0,"CONEXÃO HIDRÁULICA",373367.0,"APLICAÇÃO: INSTALAÇÕES PREDIAIS ÁGUA FRIA, BITOLA: 32, MATERIAL: PVC - CLORETO DE POLIVINILA, TIPO: LUVA DE CORRER, TIPO FIXAÇÃO: ANEL BORRACHA","UN",200.0,10.05,2010.0,0.0,"2026-07-02"]
["UNIVERSIDADE FEDERAL DE GOIAS-UF/GO",153052.0,5240.0,"Material","153052-112/2026","SEINFRA E OUTROS - Materiais hidráulicos para instalações prediais","Catálogo do Compras.gov.br","Material",4820.0,"VÁLVULAS NÃO ACIONADAS POR FORÇA MOTRIZ",14461.0,"REGISTRO ESFERA",257680.0,"APLICAÇÃO: INSTALAÇÃO HIDRÁULICA, BITOLA: 40, MATERIAL: PVC, TIPO: MANUAL, TIPO FIXAÇÃO: SOLDÁVEL","UN",300.0,30.0,9000.0,0.0,"2026-07-02"]
["UNIVERSIDADE FEDERAL DE GOIAS-UF/GO",153052.0,5241.0,"Material","153052-112/2026","SEINFRA E OUTROS - Materiais hidráulicos para instalações prediais","Catálogo do Compras.gov.br","Material",4510.0,"DISPOSITIVOS E ACESSÓRIOS PARA INSTALAÇÕES HIDRÁULICAS",6092.0,"DESENTUPIDOR VASO SANITÁRIO",241711.0,"ALTURA: 10, COMPRIMENTO CABO: 50, COR: PRETA, DIÂMETRO: 16, MATERIAL: BORRACHA FLEXÍVEL, MATERIAL CABO: MADEIRA","UN",20.0,46.0,920.0,0.0,"2026-07-02"]
["UNIVERSIDADE FEDERAL DE GOIAS-UF/GO",153052.0,5242.0,"Material","153052-112/2026","SEINFRA E OUTROS - Materiais hidráulicos para instalações prediais","Catálogo do Compras.gov.br","Material",4730.0,"ACESSÓRIOS E FERRAGENS ESPECIAIS PARA  MANGUEIRAS, CANOS  E TUBOS",665.0,"BUCHA INSTALAÇÃO PREDIAL ÁGUA FRIA",242398.0,"DIÂMETRO NOMINAL: 50 X 25, MATERIAL: PVC - CLORETO DE POLIVINILA, TIPO: REDUÇÃO LONGA, TIPO EXTREMIDADES: BOLSA SOLDÁVEL","UN",300.0,3.5,1050.0,0.0,"2026-07-02"]
["UNIVERSIDADE FEDERAL DE GOIAS-UF/GO",153052.0,5243.0,"Material","153052-112/2026","SEINFRA E OUTROS - Materiais hidráulicos para instalações prediais","Catálogo do Compras.gov.br","Material",4730.0,"ACESSÓRIOS E FERRAGENS ESPECIAIS PARA  MANGUEIRAS, CANOS  E TUBOS",665.0,"BUCHA INSTALAÇÃO PREDIAL ÁGUA FRIA",242398.0,"DIÂMETRO NOMINAL: 50 X 25, MATERIAL: PVC - CLORETO DE POLIVINILA, TIPO: REDUÇÃO LONGA, TIPO EXTREMIDADES: BOLSA SOLDÁVEL","UN",300.0,6.0,1800.0,0.0,"2026-07-02"]
["UNIVERSIDADE FEDERAL DE GOIAS-UF/GO",153052.0,5244.0,"Material","153052-112/2026","SEINFRA E OUTROS - Materiais hidráulicos para instalações prediais","Catálogo do Compras.gov.br","Material",4730.0,"ACESSÓRIOS E FERRAGENS ESPECIAIS PARA  MANGUEIRAS, CANOS  E TUBOS",13546.0,"CONEXÃO HIDRÁULICA",351410.0,"APLICAÇÃO: INSTALAÇÕES PREDIAIS ÁGUA FRIA, BITOLA LADO SOLDÁVEL: 40, MATERIAL: PVC - CLORETO DE POLIVINILA, NORMAS TÉCNICAS: NBR 5648, TIPO: TÊ, TIPO FIXAÇÃO: SOLDÁVEL","UN",100.0,7.59,759.0,0.0,"2026-07-02"]
["UNIVERSIDADE FEDERAL DE GOIAS-UF/GO",153052.0,5245.0,"Material","153052-112/2026","SEINFRA E OUTROS - Materiais hidráulicos para instalações prediais","Catálogo do Compras.gov.br","Material",4510.0,"DISPOSITIVOS E ACESSÓRIOS PARA INSTALAÇÕES HIDRÁULICAS",16221.0,"ACABAMENTO PARA VÁLVULA HIDRÁULICA",396511.0,"APLICAÇÃO: VÁLVULA DESCARGA DOCOL, CARACTERÍSTICAS ADICIONAIS: SISTEMA DE ANTIVANDALISMO, MATERIAL: METAL CROMADO, REFERÊNCIA: 01505006","UN",300.0,82.39,24717.0,0.0,"2026-07-02"]
["UNIVERSIDADE FEDERAL DE GOIAS-UF/GO",153052.0,5246.0,"Material","153052-112/2026","SEINFRA E OUTROS - Materiais hidráulicos para instalações prediais","Catálogo do Compras.gov.br","Material",4730.0,"ACESSÓRIOS E FERRAGENS ESPECIAIS PARA  MANGUEIRAS, CANOS  E TUBOS",13546.0,"CONEXÃO HIDRÁULICA",304351.0,"APLICAÇÃO: REDE HIDRÁULICA E ESGOTO, BITOLA: 100 MM, CARACTERÍSTICAS ADICIONAIS: SEM ANEL, MATERIAL: PVC - CLORETO DE POLIVINILA, TIPO: JOELHO 90°, TIPO FIXAÇÃO: SOLDÁVEL","UN",100.0,8.9,890.0,0.0,"2026-07-02"]
["UNIVERSIDADE FEDERAL DE GOIAS-UF/GO",153052.0,5247.0,"Material","153052-112/2026","SEINFRA E OUTROS - Materiais hidráulicos para instalações prediais","Catálogo do Compras.gov.br","Material",4730.0,"ACESSÓRIOS E FERRAGENS ESPECIAIS PARA  MANGUEIRAS, CANOS  E TUBOS",665.0,"BUCHA INSTALAÇÃO PREDIAL ÁGUA FRIA",240446.0,"DIÂMETRO NOMINAL: 40 X 25, MATERIAL: PVC - CLORETO DE POLIVINILA, TIPO: REDUÇÃO LONGA, TIPO EXTREMIDADES: BOLSA SOLDÁVEL","UN",60.0,3.9,234.0,0.0,"2026-07-02"]
["UNIVERSIDADE FEDERAL DE GOIAS-UF/GO",153052.0,5248.0,"Material","153052-112/2026","SEINFRA E OUTROS - Materiais hidráulicos para instalações prediais","Catálogo do Compras.gov.br","Material",4730.0,"ACESSÓRIOS E FERRAGENS ESPECIAIS PARA  MANGUEIRAS, CANOS  E TUBOS",13546.0,"CONEXÃO HIDRÁULICA",244919.0,"APLICAÇÃO: INSTALAÇÕES PREDIAIS ÁGUA FRIA, BITOLA: 40 X 32 MM, MATERIAL: PVC - CLORETO DE POLIVINILA, TIPO: BUCHA REDUÇÃO CURTA, TIPO FIXAÇÃO: SOLDÁVEL","UN",100.0,1.95,195.0,0.0,"2026-07-02"]
["UNIVERSIDADE FEDERAL DE GOIAS-UF/GO",153052.0,5249.0,"Material","153052-112/2026","SEINFRA E OUTROS - Materiais hidráulicos para instalações prediais","Catálogo do Compras.gov.br","Material",4510.0,"DISPOSITIVOS E ACESSÓRIOS PARA INSTALAÇÕES HIDRÁULICAS",16221.0,"ACABAMENTO PARA VÁLVULA HIDRÁULICA",464599.0,"APLICAÇÃO: VÁLVULA DESCARGA PNE, CARACTERÍSTICAS ADICIONAIS: LIMITADOR DE FLUXO/VOLUME, MATERIAL: AÇO INOXIDÁVEL","UN",10.0,519.9,5199.0,0.0,"2026-07-02"]
["UNIVERSIDADE FEDERAL DE GOIAS-UF/GO",153052.0,5250.0,"Material","153052-112/2026","SEINFRA E OUTROS - Materiais hidráulicos para instalações prediais","Catálogo do Compras.gov.br","Material",4730.0,"ACESSÓRIOS E FERRAGENS ESPECIAIS PARA  MANGUEIRAS, CANOS  E TUBOS",13546.0,"CONEXÃO HIDRÁULICA",236708.0,"APLICAÇÃO: REDE HIDRÁULICA E ESGOTO, BITOLA: 75 MM, MATERIAL: PVC - CLORETO DE POLIVINILA, TIPO: JOELHO 45°, TIPO FIXAÇÃO: SOLDÁVEL","UN",100.0,6.46,646.0,0.0,"2026-07-02"]
["UNIVERSIDADE FEDERAL DE GOIAS-UF/GO",153052.0,5251.0,"Material","153052-112/2026","SEINFRA E OUTROS - Materiais hidráulicos para instalações prediais","Catálogo do Compras.gov.br","Material",4730.0,"ACESSÓRIOS E FERRAGENS ESPECIAIS PARA  MANGUEIRAS, CANOS  E TUBOS",13546.0,"CONEXÃO HIDRÁULICA",351416.0,"APLICAÇÃO: INSTALAÇÕES PREDIAIS ÁGUA FRIA, BITOLA LADO SOLDÁVEL: 32, MATERIAL: PVC - CLORETO DE POLIVINILA, NORMAS TÉCNICAS: NBR 5648, TIPO: TÊ, TIPO FIXAÇÃO: SOLDÁVEL","UN",100.0,4.28,428.0,0.0,"2026-07-02"]
["UNIVERSIDADE FEDERAL DE GOIAS-UF/GO",153052.0,5252.0,"Material","153052-112/2026","SEINFRA E OUTROS - Materiais hidráulicos para instalações prediais","Catálogo do Compras.gov.br","Material",4510.0,"DISPOSITIVOS E ACESSÓRIOS PARA INSTALAÇÕES HIDRÁULICAS",12820.0,"TORNEIRA",240514.0,"DIÂMETRO: 1/2, MATERIAL CORPO: PVC, TIPO: JARDIM","UN",400.0,3.96,1584.0,0.0,"2026-07-02"]
["UNIVERSIDADE FEDERAL DE GOIAS-UF/GO",153052.0,5253.0,"Material","153052-112/2026","SEINFRA E OUTROS - Materiais hidráulicos para instalações prediais","Catálogo do Compras.gov.br","Material",4710.0,"CANOS E TUBOS",13115.0,"TUBO HIDRÁULICO",265266.0,"APLICAÇÃO: ESGOTO, DIÂMETRO: 40, MATERIAL: PVC RÍGIDO, TIPO: CLASSE A","UN",200.0,46.09,9218.0,0.0,"2026-07-02"]
["UNIVERSIDADE FEDERAL DE GOIAS-UF/GO",153052.0,5254.0,"Material","153052-112/2026","SEINFRA E OUTROS - Materiais hidráulicos para instalações prediais","Catálogo do Compras.gov.br","Material",4730.0,"ACESSÓRIOS E FERRAGENS ESPECIAIS PARA  MANGUEIRAS, CANOS  E TUBOS",13546.0,"CONEXÃO HIDRÁULICA",233983.0,"APLICAÇÃO: REDE HIDRÁULICA E ESGOTO, BITOLA: 50, MATERIAL: PVC - CLORETO DE POLIVINILA, TIPO: JOELHO 90°, TIPO FIXAÇÃO: SOLDÁVEL","UN",200.0,2.3,460.0,0.0,"2026-07-02"]
["UNIVERSIDADE FEDERAL DE GOIAS-UF/GO",153052.0,5255.0,"Material","153052-112/2026","SEINFRA E OUTROS - Materiais hidráulicos para instalações prediais","Catálogo do Compras.gov.br","Material",4730.0,"ACESSÓRIOS E FERRAGENS ESPECIAIS PARA  MANGUEIRAS, CANOS  E TUBOS",13546.0,"CONEXÃO HIDRÁULICA",253289.0,"BITOLA: 40 X 40MM, MATERIAL: PVC - CLORETO DE POLIVINILA, TIPO: TÊ, TIPO FIXAÇÃO: SOLDÁVEL","UN",100.0,6.81,681.0,0.0,"2026-07-02"]
["UNIVERSIDADE FEDERAL DE GOIAS-UF/GO",153052.0,5256.0,"Material","153052-112/2026","SEINFRA E OUTROS - Materiais hidráulicos para instalações prediais","Catálogo do Compras.gov.br","Material",4510.0,"DISPOSITIVOS E ACESSÓRIOS PARA INSTALAÇÕES HIDRÁULICAS",12820.0,"TORNEIRA",305809.0,"ACABAMENTO SUPERFICIAL: CROMADO, CARACTERISTICAS ADICIONAIS: ADAPTADOR PARA MANGUEIRA E FECHAMENTO RÁPIDO, DIÂMETRO: 1/2, MATERIAL CORPO: METAL, TIPO: JARDIM","UN",200.0,25.0,5000.0,0.0,"2026-07-02"]
["UNIVERSIDADE FEDERAL DE GOIAS-UF/GO",153052.0,5257.0,"Material","153052-112/2026","SEINFRA E OUTROS - Materiais hidráulicos para instalações prediais","Catálogo do Compras.gov.br","Material",4730.0,"ACESSÓRIOS E FERRAGENS ESPECIAIS PARA  MANGUEIRAS, CANOS  E TUBOS",13546.0,"CONEXÃO HIDRÁULICA",242983.0,"APLICAÇÃO: INSTALAÇÕES PREDIAIS ÁGUA FRIA, BITOLA: 60 MM, MATERIAL: PVC - CLORETO DE POLIVINILA, TIPO: JOELHO 90°, TIPO FIXAÇÃO: SOLDÁVEL","UN",100.0,25.0,2500.0,0.0,"2026-07-02"]
["UNIVERSIDADE FEDERAL DE GOIAS-UF/GO",153052.0,5258.0,"Material","153052-112/2026","SEINFRA E OUTROS - Materiais hidráulicos para instalações prediais","Catálogo do Compras.gov.br","Material",4730.0,"ACESSÓRIOS E FERRAGENS ESPECIAIS PARA  MANGUEIRAS, CANOS  E TUBOS",13546.0,"CONEXÃO HIDRÁULICA",266141.0,"APLICAÇÃO: INSTALAÇÃO HIDRÁULICA, BITOLA LADO SOLDÁVEL: 20, CARACTERÍSTICAS ADICIONAIS: COM BUCHA DE LATÃO, COR: AZUL, MATERIAL: PVC RÍGIDO, NORMAS TÉCNICAS: NBR 5.648, TIPO: TÊ, TIPO FIXAÇÃO: SOLDÁVEL E ROSCÁVEL, BITOLA LADO ROSCÁVEL: 1/2","UN",50.0,9.67,483.5,0.0,"2026-07-02"]
["UNIVERSIDADE FEDERAL DE GOIAS-UF/GO",153052.0,5259.0,"Material","153052-112/2026","SEINFRA E OUTROS - Materiais hidráulicos para instalações prediais","Catálogo do Compras.gov.br","Material",4730.0,"ACESSÓRIOS E FERRAGENS ESPECIAIS PARA  MANGUEIRAS, CANOS  E TUBOS",13546.0,"CONEXÃO HIDRÁULICA",242793.0,"APLICAÇÃO: INSTALAÇÕES PREDIAIS ÁGUA FRIA, BITOLA: 20 MM, MATERIAL: PVC - CLORETO DE POLIVINILA, TIPO: JOELHO 45°, TIPO FIXAÇÃO: SOLDÁVEL","UN",100.0,1.0,100.0,0.0,"2026-07-02"]
["UNIVERSIDADE FEDERAL DE GOIAS-UF/GO",153052.0,5260.0,"Material","153052-112/2026","SEINFRA E OUTROS - Materiais hidráulicos para instalações prediais","Catálogo do Compras.gov.br","Material",4820.0,"VÁLVULAS NÃO ACIONADAS POR FORÇA MOTRIZ",14461.0,"REGISTRO ESFERA",257683.0,"APLICAÇÃO: INSTALAÇÃO HIDRÁULICA, BITOLA: 60, MATERIAL: PVC, TIPO: MANUAL, TIPO FIXAÇÃO: SOLDÁVEL","UN",100.0,29.0,2900.0,0.0,"2026-07-02"]
["UNIVERSIDADE FEDERAL DE GOIAS-UF/GO",153052.0,5261.0,"Material","153052-112/2026","SEINFRA E OUTROS - Materiais hidráulicos para instalações prediais","Catálogo do Compras.gov.br","Material",4730.0,"ACESSÓRIOS E FERRAGENS ESPECIAIS PARA  MANGUEIRAS, CANOS  E TUBOS",13546.0,"CONEXÃO HIDRÁULICA",239035.0,"APLICAÇÃO: INSTALAÇÕES PREDIAIS ÁGUA FRIA, BITOLA: 1/2\", MATERIAL: PVC - CLORETO DE POLIVINILA, TIPO: PLUG, TIPO FIXAÇÃO: ROSCÁVEL","UN",60.0,1.43,85.8,0.0,"2026-07-02"]
["UNIVERSIDADE FEDERAL DE GOIAS-UF/GO",153052.0,5262.0,"Material","153052-112/2026","SEINFRA E OUTROS - Materiais hidráulicos para instalações prediais","Catálogo do Compras.gov.br","Material",4730.0,"ACESSÓRIOS E FERRAGENS ESPECIAIS PARA  MANGUEIRAS, CANOS  E TUBOS",13546.0,"CONEXÃO HIDRÁULICA",390469.0,"APLICAÇÃO: INSTALAÇÕES PREDIAIS ÁGUA FRIA, BITOLA I: 60, MATERIAL: PVC - CLORETO DE POLIVINILA, TIPO: TÊ, TIPO FIXAÇÃO: SOLDÁVEL","UN",50.0,35.3,1765.0,0.0,"2026-07-02"]
["UNIVERSIDADE FEDERAL DE GOIAS-UF/GO",153052.0,5263.0,"Material","153052-112/2026","SEINFRA E OUTROS - Materiais hidráulicos para instalações prediais","Catálogo do Compras.gov.br","Material",4510.0,"DISPOSITIVOS E ACESSÓRIOS PARA INSTALAÇÕES HIDRÁULICAS",11649.0,"REPARO VÁLVULA HIDRÁULICA",474992.0,"APLICAÇÃO: VÁLVULA HYDRA, MODELO 4336.021, BITOLA: 1 1/2 X 1 1/4, COMPONENTES: HASTE ACIONADORA, MATERIAL: LATÃO E ELASTOMERO","UN",500.0,39.6,19800.0,0.0,"2026-07-02"]
["UNIVERSIDADE FEDERAL DE GOIAS-UF/GO",153052.0,5264.0,"Material","153052-112/2026","SEINFRA E OUTROS - Materiais hidráulicos para instalações prediais","Catálogo do Compras.gov.br","Material",4730.0,"ACESSÓRIOS E FERRAGENS ESPECIAIS PARA  MANGUEIRAS, CANOS  E TUBOS",13546.0,"CONEXÃO HIDRÁULICA",266254.0,"APLICAÇÃO: INSTALAÇÕES PREDIAIS ÁGUA FRIA, BITOLA: 20 MM, CARACTERÍSTICAS ADICIONAIS: COM ANEL DE BORRACHA PARA VEDAÇÃO NAS EXTREMIDADES, MATERIAL: PVC RÍGIDO, TIPO: LUVA DE CORRER, TIPO FIXAÇÃO: SOLDÁVEL","UN",100.0,10.05,1005.0,0.0,"2026-07-02"]
["UNIVERSIDADE FEDERAL DE GOIAS-UF/GO",153052.0,5265.0,"Material","153052-112/2026","SEINFRA E OUTROS - Materiais hidráulicos para instalações prediais","Catálogo do Compras.gov.br","Material",4730.0,"ACESSÓRIOS E FERRAGENS ESPECIAIS PARA  MANGUEIRAS, CANOS  E TUBOS",13546.0,"CONEXÃO HIDRÁULICA",380960.0,"APLICAÇÃO: INSTALAÇÕES ESGOTO, BITOLA: 100, COR: BRANCA, MATERIAL: PVC RÍGIDO, TIPO: CAP, TIPO FIXAÇÃO: SOLDÁVEL","UN",100.0,10.55,1055.0,0.0,"2026-07-02"]
["UNIVERSIDADE FEDERAL DE GOIAS-UF/GO",153052.0,5266.0,"Material","153052-112/2026","SEINFRA E OUTROS - Materiais hidráulicos para instalações prediais","Catálogo do Compras.gov.br","Material",4730.0,"ACESSÓRIOS E FERRAGENS ESPECIAIS PARA  MANGUEIRAS, CANOS  E TUBOS",13546.0,"CONEXÃO HIDRÁULICA",483194.0,"APLICAÇÃO: INSTALAÇÃO SANITÁRIA, BITOLA: 32, COR: MARROM, MATERIAL: PVC - CLORETO DE POLIVINILA, TIPO: CAP, TIPO FIXAÇÃO: SOLDÁVEL","UN",100.0,1.8,180.0,0.0,"2026-07-02"]
["UNIVERSIDADE FEDERAL DE GOIAS-UF/GO",153052.0,5267.0,"Material","153052-112/2026","SEINFRA E OUTROS - Materiais hidráulicos para instalações prediais","Catálogo do Compras.gov.br","Material",4730.0,"ACESSÓRIOS E FERRAGENS ESPECIAIS PARA  MANGUEIRAS, CANOS  E TUBOS",13546.0,"CONEXÃO HIDRÁULICA",245060.0,"APLICAÇÃO: INSTALAÇÕES PREDIAIS ÁGUA FRIA, BITOLA LADO SOLDÁVEL: 32, CARACTERÍSTICAS ADICIONAIS: COM BUCHA DE LATÃO, MATERIAL: PVC - CLORETO DE POLIVINILA, TIPO: JOELHO DE REDUÇÃO 90°, TIPO FIXAÇÃO: SOLDÁVEL E ROSCÁVEL, BITOLA LADO ROSCÁVEL: 3/4","UN",100.0,7.75,775.0,0.0,"2026-07-02"]
["UNIVERSIDADE FEDERAL DE GOIAS-UF/GO",153052.0,5268.0,"Material","153052-112/2026","SEINFRA E OUTROS - Materiais hidráulicos para instalações prediais","Catálogo do Compras.gov.br","Material",4730.0,"ACESSÓRIOS E FERRAGENS ESPECIAIS PARA  MANGUEIRAS, CANOS  E TUBOS",13546.0,"CONEXÃO HIDRÁULICA",367665.0,"APLICAÇÃO: INSTALAÇÕES PREDIAIS ÁGUA FRIA, BITOLA: 75 X 60, MATERIAL: PVC - CLORETO DE POLIVINILA, TIPO: LUVA DE REDUÇÃO, TIPO FIXAÇÃO: SOLDÁVEL","UN",50.0,13.76,688.0,0.0,"2026-07-02"]
["UNIVERSIDADE FEDERAL DE GOIAS-UF/GO",153052.0,5269.0,"Material","153052-112/2026","SEINFRA E OUTROS - Materiais hidráulicos para instalações prediais","Catálogo do Compras.gov.br","Material",4730.0,"ACESSÓRIOS E FERRAGENS ESPECIAIS PARA  MANGUEIRAS, CANOS  E TUBOS",13546.0,"CONEXÃO HIDRÁULICA",265055.0,"APLICAÇÃO: INSTALAÇÕES PREDIAIS ÁGUA FRIA, BITOLA: 60 MM, MATERIAL: PVC - CLORETO DE POLIVINILA, TIPO: JOELHO 45°, TIPO FIXAÇÃO: SOLDÁVEL","UN",100.0,26.8,2680.0,0.0,"2026-07-02"]
["UNIVERSIDADE FEDERAL DE GOIAS-UF/GO",153052.0,5270.0,"Material","153052-112/2026","SEINFRA E OUTROS - Materiais hidráulicos para instalações prediais","Catálogo do Compras.gov.br","Material",4730.0,"ACESSÓRIOS E FERRAGENS ESPECIAIS PARA  MANGUEIRAS, CANOS  E TUBOS",13546.0,"CONEXÃO HIDRÁULICA",351411.0,"APLICAÇÃO: INSTALAÇÕES PREDIAIS ÁGUA FRIA, BITOLA LADO SOLDÁVEL: 50, MATERIAL: PVC - CLORETO DE POLIVINILA, NORMAS TÉCNICAS: NBR 5648, TIPO: TÊ, TIPO FIXAÇÃO: SOLDÁVEL","UN",50.0,6.6,330.0,0.0,"2026-07-02"]
["UNIVERSIDADE FEDERAL DE GOIAS-UF/GO",153052.0,5271.0,"Material","153052-112/2026","SEINFRA E OUTROS - Materiais hidráulicos para instalações prediais","Catálogo do Compras.gov.br","Material",4730.0,"ACESSÓRIOS E FERRAGENS ESPECIAIS PARA  MANGUEIRAS, CANOS  E TUBOS",13546.0,"CONEXÃO HIDRÁULICA",389650.0,"APLICAÇÃO: INSTALAÇÕES ESGOTO, BITOLA: 75, CARACTERÍSTICAS ADICIONAIS: ANEL DE BORRACHA PARA VEDAÇÃO NAS EXTREMIDADES, MATERIAL: PVC - CLORETO DE POLIVINILA, TIPO: LUVA DE CORRER, TIPO FIXAÇÃO: ENCAIXE","UN",50.0,3.9,195.0,0.0,"2026-07-02"]
["UNIVERSIDADE FEDERAL DE GOIAS-UF/GO",153052.0,5272.0,"Material","153052-112/2026","SEINFRA E OUTROS - Materiais hidráulicos para instalações prediais","Catálogo do Compras.gov.br","Material",4730.0,"ACESSÓRIOS E FERRAGENS ESPECIAIS PARA  MANGUEIRAS, CANOS  E TUBOS",13546.0,"CONEXÃO HIDRÁULICA",248819.0,"APLICAÇÃO: INSTALAÇÕES PREDIAIS ÁGUA FRIA, BITOLA LADO SOLDÁVEL: 25, CARACTERÍSTICAS ADICIONAIS: COM BUCHA DE LATÃO, MATERIAL: PVC - CLORETO DE POLIVINILA, TIPO: JOELHO 90°, TIPO FIXAÇÃO: SOLDÁVEL E ROSCÁVEL, BITOLA LADO ROSCÁVEL: 3/4","UN",100.0,8.0,800.0,0.0,"2026-07-02"]
["UNIVERSIDADE FEDERAL DE GOIAS-UF/GO",153052.0,5273.0,"Material","153052-112/2026","SEINFRA E OUTROS - Materiais hidráulicos para instalações prediais","Catálogo do Compras.gov.br","Material",4710.0,"CANOS E TUBOS",659.0,"TUBO PVC SOLDÁVEL",214737.0,"APLICAÇÃO: HIDRÁULICA, COMPRIMENTO: 6, COMPRIMENTO BOLSA: 79, COR: MARROM, DIÂMETRO NOMINAL: 85, ESPESSURA PAREDES: 4,70, PRESSÃO: 7,50 KGF/CM2 A 20°C","UN",50.0,350.0,17500.0,0.0,"2026-07-02"]
["UNIVERSIDADE FEDERAL DE GOIAS-UF/GO",153052.0,5274.0,"Material","153052-112/2026","SEINFRA E OUTROS - Materiais hidráulicos para instalações prediais","Catálogo do Compras.gov.br","Material",4730.0,"ACESSÓRIOS E FERRAGENS ESPECIAIS PARA  MANGUEIRAS, CANOS  E TUBOS",13546.0,"CONEXÃO HIDRÁULICA",389649.0,"APLICAÇÃO: INSTALAÇÕES PREDIAIS ÁGUA FRIA, BITOLA: 50, CARACTERÍSTICAS ADICIONAIS: ANEL DE BORRACHA PARA VEDAÇÃO NAS EXTREMIDADES, MATERIAL: PVC - CLORETO DE POLIVINILA, TIPO: LUVA DE CORRER, TIPO FIXAÇÃO: ENCAIXE","UN",160.0,8.25,1320.0,0.0,"2026-07-02"]
["UNIVERSIDADE FEDERAL DE GOIAS-UF/GO",153052.0,5275.0,"Material","153052-112/2026","SEINFRA E OUTROS - Materiais hidráulicos para instalações prediais","Catálogo do Compras.gov.br","Material",4820.0,"VÁLVULAS NÃO ACIONADAS POR FORÇA MOTRIZ",14461.0,"REGISTRO ESFERA",257681.0,"APLICAÇÃO: INSTALAÇÃO HIDRÁULICA, BITOLA: 50, MATERIAL: PVC, TIPO: MANUAL, TIPO FIXAÇÃO: SOLDÁVEL","UN",300.0,35.0,10500.0,0.0,"2026-07-02"]
["UNIVERSIDADE FEDERAL DE GOIAS-UF/GO",153052.0,5276.0,"Material","153052-112/2026","SEINFRA E OUTROS - Materiais hidráulicos para instalações prediais","Catálogo do Compras.gov.br","Material",4730.0,"ACESSÓRIOS E FERRAGENS ESPECIAIS PARA  MANGUEIRAS, CANOS  E TUBOS",13546.0,"CONEXÃO HIDRÁULICA",483195.0,"APLICAÇÃO: INSTALAÇÃO SANITÁRIA, BITOLA I: 60, COR: MARROM, MATERIAL: PVC - CLORETO DE POLIVINILA, TIPO: CAP, TIPO FIXAÇÃO: SOLDÁVEL","UN",30.0,19.0,570.0,0.0,"2026-07-02"]
["UNIVERSIDADE FEDERAL DE GOIAS-UF/GO",153052.0,5277.0,"Material","153052-112/2026","SEINFRA E OUTROS - Materiais hidráulicos para instalações prediais","Catálogo do Compras.gov.br","Material",4820.0,"VÁLVULAS NÃO ACIONADAS POR FORÇA MOTRIZ",11563.0,"REGISTRO PRESSÃO",233458.0,"CARACTERÍSTICAS ADICIONAIS: CASTELO COM ROSCA PARA FIXAÇÃO DE ACABAMENTO, DIÂMETRO: 3/4, MATERIAL: BRONZE FUNDIDO, TIPO: MANUAL","UN",30.0,24.0,720.0,0.0,"2026-07-02"]
["UNIVERSIDADE FEDERAL DE GOIAS-UF/GO",153052.0,5278.0,"Material","153052-112/2026","SEINFRA E OUTROS - Materiais hidráulicos para instalações prediais","Catálogo do Compras.gov.br","Material",4510.0,"DISPOSITIVOS E ACESSÓRIOS PARA INSTALAÇÕES HIDRÁULICAS",6002.0,"CUBA",328439.0,"APLICAÇÃO: BANHEIRO, COR: BRANCO GELO, DIMENSÕES: 490 X 365, FORMATO: OVAL, MATERIAL: LOUÇA, PROFUNDIDADE: 160, TIPO: EMBUTIR","UN",50.0,110.0,5500.0,0.0,"2026-07-02"]
["UNIVERSIDADE FEDERAL DE GOIAS-UF/GO",153052.0,5279.0,"Material","153052-112/2026","SEINFRA E OUTROS - Materiais hidráulicos para instalações prediais","Catálogo do Compras.gov.br","Material",4510.0,"DISPOSITIVOS E ACESSÓRIOS PARA INSTALAÇÕES HIDRÁULICAS",16403.0,"VÁLVULA DESCARGA",429944.0,"APLICAÇÃO: VASO SANITÁRIO, BITOLA: 1 1/2, MATERIAL: LATÃO, TIPO: DUPLO ACIONAMENTO, TIPO USO: ACIONAMENTO MANUAL, TRATAMENTO SUPERFICIAL: CROMADO","UN",100.0,80.0,8000.0,0.0,"2026-07-02"]
["UNIVERSIDADE FEDERAL DE GOIAS-UF/GO",153052.0,5280.0,"Material","153052-112/2026","SEINFRA E OUTROS - Materiais hidráulicos para instalações prediais","Catálogo do Compras.gov.br","Material",4730.0,"ACESSÓRIOS E FERRAGENS ESPECIAIS PARA  MANGUEIRAS, CANOS  E TUBOS",13546.0,"CONEXÃO HIDRÁULICA",233999.0,"APLICAÇÃO: REDE HIDRÁULICA E ESGOTO, BITOLA: 25, MATERIAL: PVC - CLORETO DE POLIVINILA, TIPO: LUVA, TIPO FIXAÇÃO: SOLDÁVEL","UN",800.0,0.75,600.0,0.0,"2026-07-02"]
["UNIVERSIDADE FEDERAL DE GOIAS-UF/GO",153052.0,5281.0,"Material","153052-112/2026","SEINFRA E OUTROS - Materiais hidráulicos para instalações prediais","Catálogo do Compras.gov.br","Material",4510.0,"DISPOSITIVOS E ACESSÓRIOS PARA INSTALAÇÕES HIDRÁULICAS",16403.0,"VÁLVULA DESCARGA",429944.0,"APLICAÇÃO: VASO SANITÁRIO, BITOLA: 1 1/2, MATERIAL: LATÃO, TIPO: DUPLO ACIONAMENTO, TIPO USO: ACIONAMENTO MANUAL, TRATAMENTO SUPERFICIAL: CROMADO","UN",100.0,142.0,14200.0,0.0,"2026-07-02"]
["UNIVERSIDADE FEDERAL DE GOIAS-UF/GO",153052.0,5282.0,"Material","153052-112/2026","SEINFRA E OUTROS - Materiais hidráulicos para instalações prediais","Catálogo do Compras.gov.br","Material",4730.0,"ACESSÓRIOS E FERRAGENS ESPECIAIS PARA  MANGUEIRAS, CANOS  E TUBOS",12519.0,"GRELHA RALO",350605.0,"APLICAÇÃO: INSTALAÇÕES HIDRÁULICAS, BITOLA: 15, MATERIAL: AÇO INOXIDÁVEL, TIPO: REDONDO","UN",70.0,22.1,1547.0,0.0,"2026-07-02"]
["UNIVERSIDADE FEDERAL DE GOIAS-UF/GO",153052.0,5283.0,"Material","153052-112/2026","SEINFRA E OUTROS - Materiais hidráulicos para instalações prediais","Catálogo do Compras.gov.br","Material",4730.0,"ACESSÓRIOS E FERRAGENS ESPECIAIS PARA  MANGUEIRAS, CANOS  E TUBOS",13546.0,"CONEXÃO HIDRÁULICA",389650.0,"APLICAÇÃO: INSTALAÇÕES ESGOTO, BITOLA: 75, CARACTERÍSTICAS ADICIONAIS: ANEL DE BORRACHA PARA VEDAÇÃO NAS EXTREMIDADES, MATERIAL: PVC - CLORETO DE POLIVINILA, TIPO: LUVA DE CORRER, TIPO FIXAÇÃO: ENCAIXE","UN",100.0,12.75,1275.0,0.0,"2026-07-02"]
["UNIVERSIDADE FEDERAL DE GOIAS-UF/GO",153052.0,5284.0,"Material","153052-112/2026","SEINFRA E OUTROS - Materiais hidráulicos para instalações prediais","Catálogo do Compras.gov.br","Material",4730.0,"ACESSÓRIOS E FERRAGENS ESPECIAIS PARA  MANGUEIRAS, CANOS  E TUBOS",12519.0,"GRELHA RALO",335074.0,"APLICAÇÃO: INSTALAÇÕES HIDRÁULICAS, BITOLA: 100, CARACTERÍSTICAS ADICIONAIS: COM CAIXILHO E FECHO, MATERIAL: AÇO INOXIDÁVEL, TIPO: REDONDO","UN",20.0,8.75,175.0,0.0,"2026-07-02"]
["UNIVERSIDADE FEDERAL DE GOIAS-UF/GO",153052.0,5285.0,"Material","153052-112/2026","SEINFRA E OUTROS - Materiais hidráulicos para instalações prediais","Catálogo do Compras.gov.br","Material",4730.0,"ACESSÓRIOS E FERRAGENS ESPECIAIS PARA  MANGUEIRAS, CANOS  E TUBOS",4147.0,"CAIXA SIFONADA",404299.0,"CARACTERÍSTICAS ADICIONAIS: GRELHA CROMADA, DIÂMETRO: 150, DIÂMETRO SAÍDA TUBO: 75, FORMATO GRELHA: QUADRADO, MATERIAL: PVC - CLORETO DE POLIVINILA","UN",30.0,70.0,2100.0,0.0,"2026-07-02"]
["UNIVERSIDADE FEDERAL DE GOIAS-UF/GO",153052.0,5286.0,"Material","153052-112/2026","SEINFRA E OUTROS - Materiais hidráulicos para instalações prediais","Catálogo do Compras.gov.br","Material",4510.0,"DISPOSITIVOS E ACESSÓRIOS PARA INSTALAÇÕES HIDRÁULICAS",3714.0,"ESPUDE VASO SANITÁRIO",395408.0,"BITOLA: 40, CARACTERÍSTICAS ADICIONAIS: SEM PARAFUSO, MATERIAL: BORRACHA","UN",300.0,10.42,3126.0,0.0,"2026-07-02"]
["UNIVERSIDADE FEDERAL DE GOIAS-UF/GO",153052.0,5287.0,"Material","153052-112/2026","SEINFRA E OUTROS - Materiais hidráulicos para instalações prediais","Catálogo do Compras.gov.br","Material",4510.0,"DISPOSITIVOS E ACESSÓRIOS PARA INSTALAÇÕES HIDRÁULICAS",17358.0,"ASSENTO VASO SANITÁRIO",258317.0,"COR: BRANCA, MATERIAL: PLÁSTICO","UN",800.0,45.0,36000.0,0.0,"2026-07-02"]
["UNIVERSIDADE FEDERAL DE GOIAS-UF/GO",153052.0,5288.0,"Material","153052-112/2026","SEINFRA E OUTROS - Materiais hidráulicos para instalações prediais","Catálogo do Compras.gov.br","Material",4820.0,"VÁLVULAS NÃO ACIONADAS POR FORÇA MOTRIZ",14461.0,"REGISTRO ESFERA",257682.0,"APLICAÇÃO: INSTALAÇÃO HIDRÁULICA, BITOLA: 32, MATERIAL: PVC, TIPO: MANUAL, TIPO FIXAÇÃO: SOLDÁVEL","UN",300.0,24.09,7227.0,0.0,"2026-07-02"]
["UNIVERSIDADE FEDERAL DE GOIAS-UF/GO",153052.0,5289.0,"Material","153052-112/2026","SEINFRA E OUTROS - Materiais hidráulicos para instalações prediais","Catálogo do Compras.gov.br","Material",4730.0,"ACESSÓRIOS E FERRAGENS ESPECIAIS PARA  MANGUEIRAS, CANOS  E TUBOS",13546.0,"CONEXÃO HIDRÁULICA",253695.0,"APLICAÇÃO: REDE HIDRÁULICA E ESGÔTO, BITOLA: 75 MM, MATERIAL: PVC - CLORETO DE POLIVINILA, TIPO: JOELHO 90°, TIPO FIXAÇÃO: SOLDÁVEL","UN",100.0,8.75,875.0,0.0,"2026-07-02"]
["UNIVERSIDADE FEDERAL DE GOIAS-UF/GO",153052.0,5290.0,"Material","153052-112/2026","SEINFRA E OUTROS - Materiais hidráulicos para instalações prediais","Catálogo do Compras.gov.br","Material",4710.0,"CANOS E TUBOS",659.0,"TUBO PVC SOLDÁVEL",330323.0,"APLICAÇÃO: HIDRÁULICA, COMPRIMENTO: 3, COR: MARROM, DIÂMETRO NOMINAL: 1, ESPESSURA PAREDES: 32","UN",300.0,36.0,10800.0,0.0,"2026-07-02"]
["UNIVERSIDADE FEDERAL DE GOIAS-UF/GO",153052.0,5291.0,"Material","153052-112/2026","SEINFRA E OUTROS - Materiais hidráulicos para instalações prediais","Catálogo do Compras.gov.br","Material",4730.0,"ACESSÓRIOS E FERRAGENS ESPECIAIS PARA  MANGUEIRAS, CANOS  E TUBOS",13546.0,"CONEXÃO HIDRÁULICA",260148.0,"APLICAÇÃO: INSTALAÇÕES PREDIAIS ÁGUA FRIA, BITOLA: 25 MM X 3/4\", CARACTERÍSTICAS ADICIONAIS: COM BUCHA DE LATÃO, MATERIAL: PVC - CLORETO DE POLIVINILA, TIPO: LUVA, TIPO FIXAÇÃO: SOLDÁVEL","UN",200.0,9.0,1800.0,0.0,"2026-07-02"]
["UNIVERSIDADE FEDERAL DE GOIAS-UF/GO",153052.0,5292.0,"Material","153052-112/2026","SEINFRA E OUTROS - Materiais hidráulicos para instalações prediais","Catálogo do Compras.gov.br","Material",4730.0,"ACESSÓRIOS E FERRAGENS ESPECIAIS PARA  MANGUEIRAS, CANOS  E TUBOS",13546.0,"CONEXÃO HIDRÁULICA",353518.0,"APLICAÇÃO: INSTALAÇÕES ESGOTO, BITOLA: 75, MATERIAL: PVC, TIPO: LUVA SIMPLES, TIPO FIXAÇÃO: SOLDÁVEL","UN",100.0,6.85,685.0,0.0,"2026-07-02"]
["UNIVERSIDADE FEDERAL DE GOIAS-UF/GO",153052.0,5293.0,"Material","153052-112/2026","SEINFRA E OUTROS - Materiais hidráulicos para instalações prediais","Catálogo do Compras.gov.br","Material",4730.0,"ACESSÓRIOS E FERRAGENS ESPECIAIS PARA  MANGUEIRAS, CANOS  E TUBOS",13546.0,"CONEXÃO HIDRÁULICA",265031.0,"BITOLA LADO SOLDÁVEL: 50, MATERIAL: PVC RÍGIDO, TIPO: LUVA, TIPO FIXAÇÃO: SOLDÁVEL","UN",200.0,6.05,1210.0,0.0,"2026-07-02"]
["UNIVERSIDADE FEDERAL DE GOIAS-UF/GO",153052.0,5294.0,"Material","153052-112/2026","SEINFRA E OUTROS - Materiais hidráulicos para instalações prediais","Catálogo do Compras.gov.br","Material",4730.0,"ACESSÓRIOS E FERRAGENS ESPECIAIS PARA  MANGUEIRAS, CANOS  E TUBOS",13546.0,"CONEXÃO HIDRÁULICA",239036.0,"APLICAÇÃO: INSTALAÇÕES PREDIAIS ÁGUA FRIA, BITOLA: 3/4\", MATERIAL: PVC - CLORETO DE POLIVINILA, TIPO: PLUG, TIPO FIXAÇÃO: ROSCÁVEL","UN",300.0,1.07,321.0,0.0,"2026-07-02"]
["UNIVERSIDADE FEDERAL DE GOIAS-UF/GO",153052.0,5295.0,"Material","153052-112/2026","SEINFRA E OUTROS - Materiais hidráulicos para instalações prediais","Catálogo do Compras.gov.br","Material",4730.0,"ACESSÓRIOS E FERRAGENS ESPECIAIS PARA  MANGUEIRAS, CANOS  E TUBOS",13546.0,"CONEXÃO HIDRÁULICA",242470.0,"APLICAÇÃO: INSTALAÇÕES PREDIAIS ÁGUA FRIA, BITOLA LADO SOLDÁVEL: 25, CARACTERÍSTICAS ADICIONAIS: COM BUCHA DE LATÃO, MATERIAL: PVC - CLORETO DE POLIVINILA, TIPO: LUVA DE REDUÇÃO, TIPO FIXAÇÃO: SOLDÁVEL E ROSCÁVEL, BITOLA LADO ROSCÁVEL: 1/2","UN",200.0,5.6,1120.0,0.0,"2026-07-02"]
["UNIVERSIDADE FEDERAL DE GOIAS-UF/GO",153052.0,5296.0,"Material","153052-112/2026","SEINFRA E OUTROS - Materiais hidráulicos para instalações prediais","Catálogo do Compras.gov.br","Material",4510.0,"DISPOSITIVOS E ACESSÓRIOS PARA INSTALAÇÕES HIDRÁULICAS",12820.0,"TORNEIRA",613637.0,"ACABAMENTO SUPERFICIAL: CROMADO, APLICAÇÃO: COZINHA, CARACTERISTICAS ADICIONAIS: MISTURADOR, DIÂMETRO: 1/2, MATERIAL CORPO: LIGA DE COBRE, TIPO: BANCADA","UN",400.0,37.37,14948.0,0.0,"2026-07-02"]
["UNIVERSIDADE FEDERAL DE GOIAS-UF/GO",153052.0,5297.0,"Material","153052-112/2026","SEINFRA E OUTROS - Materiais hidráulicos para instalações prediais","Catálogo do Compras.gov.br","Material",4710.0,"CANOS E TUBOS",15330.0,"TUBO DESCARGA",480511.0,"CARACTERÍSTICAS ADICIONAIS: C/ CURVA E BOLSA DE LIGAÇÃO ENTRE DESCARGA E VASO, COMPRIMENTO: 80, DIÂMETRO: 38, MATERIAL: PVC, PRESSÃO: 7,50, TIPO: SOLDÁVEL, USO: VÁLVULA DE DESCARGA DE EMBUTIR","UN",500.0,11.0,5500.0,0.0,"2026-07-02"]
["UNIVERSIDADE FEDERAL DE GOIAS-UF/GO",153052.0,5298.0,"Material","153052-112/2026","SEINFRA E OUTROS - Materiais hidráulicos para instalações prediais","Catálogo do Compras.gov.br","Material",4730.0,"ACESSÓRIOS E FERRAGENS ESPECIAIS PARA  MANGUEIRAS, CANOS  E TUBOS",13546.0,"CONEXÃO HIDRÁULICA",265027.0,"BITOLA LADO SOLDÁVEL: 32, MATERIAL: PVC - CLORETO DE POLIVINILA, TIPO: LUVA, TIPO FIXAÇÃO: SOLDÁVEL","UN",150.0,24.2,3630.0,0.0,"2026-07-02"]
["UNIVERSIDADE FEDERAL DE GOIAS-UF/GO",153052.0,5299.0,"Material","153052-112/2026","SEINFRA E OUTROS - Materiais hidráulicos para instalações prediais","Catálogo do Compras.gov.br","Material",4730.0,"ACESSÓRIOS E FERRAGENS ESPECIAIS PARA  MANGUEIRAS, CANOS  E TUBOS",13546.0,"CONEXÃO HIDRÁULICA",483193.0,"APLICAÇÃO: INSTALAÇÃO SANITÁRIA, BITOLA: 50, COR: MARROM, MATERIAL: PVC - CLORETO DE POLIVINILA, TIPO: CAP, TIPO FIXAÇÃO: SOLDÁVEL","UN",100.0,9.0,900.0,0.0,"2026-07-02"]
["UNIVERSIDADE FEDERAL DE GOIAS-UF/GO",153052.0,5300.0,"Material","153052-112/2026","SEINFRA E OUTROS - Materiais hidráulicos para instalações prediais","Catálogo do Compras.gov.br","Material",4730.0,"ACESSÓRIOS E FERRAGENS ESPECIAIS PARA  MANGUEIRAS, CANOS  E TUBOS",13546.0,"CONEXÃO HIDRÁULICA",252545.0,"APLICAÇÃO: INSTALAÇÃO SANITÁRIA, BITOLA: 150 MM, MATERIAL: PVC - CLORETO DE POLIVINILA, TIPO: CAP, TIPO FIXAÇÃO: SOLDÁVEL","UN",50.0,23.2,1160.0,0.0,"2026-07-02"]
["UNIVERSIDADE FEDERAL DE GOIAS-UF/GO",153052.0,5301.0,"Material","153052-112/2026","SEINFRA E OUTROS - Materiais hidráulicos para instalações prediais","Catálogo do Compras.gov.br","Material",4730.0,"ACESSÓRIOS E FERRAGENS ESPECIAIS PARA  MANGUEIRAS, CANOS  E TUBOS",13546.0,"CONEXÃO HIDRÁULICA",389653.0,"APLICAÇÃO: INSTALAÇÕES ESGOTO, BITOLA: 50 X 40, MATERIAL: PVC - CLORETO DE POLIVINILA, TIPO: BUCHA REDUÇÃO LONGA, TIPO FIXAÇÃO: ENCAIXE","UN",100.0,3.85,385.0,0.0,"2026-07-02"]
["UNIVERSIDADE FEDERAL DE GOIAS-UF/GO",153052.0,5302.0,"Material","153052-112/2026","SEINFRA E OUTROS - Materiais hidráulicos para instalações prediais","Catálogo do Compras.gov.br","Material",4730.0,"ACESSÓRIOS E FERRAGENS ESPECIAIS PARA  MANGUEIRAS, CANOS  E TUBOS",13546.0,"CONEXÃO HIDRÁULICA",244918.0,"APLICAÇÃO: INSTALAÇÕES PREDIAIS ÁGUA FRIA, BITOLA: 50 X 40 MM, MATERIAL: PVC - CLORETO DE POLIVINILA, TIPO: BUCHA REDUÇÃO CURTA, TIPO FIXAÇÃO: SOLDÁVEL","UN",50.0,3.1,155.0,0.0,"2026-07-02"]
["UNIVERSIDADE FEDERAL DE GOIAS-UF/GO",153052.0,5303.0,"Material","153052-112/2026","SEINFRA E OUTROS - Materiais hidráulicos para instalações prediais","Catálogo do Compras.gov.br","Material",4510.0,"DISPOSITIVOS E ACESSÓRIOS PARA INSTALAÇÕES HIDRÁULICAS",17358.0,"ASSENTO VASO SANITÁRIO",463371.0,"CARACTERÍSTICAS ADICIONAIS: ALMOFADADO/OVALADO/INFANTIL, COR: COLORIDO, MATERIAL: POLIPROPILENO","UN",100.0,38.0,3800.0,0.0,"2026-07-02"]
["UNIVERSIDADE FEDERAL DE GOIAS-UF/GO",153052.0,5304.0,"Material","153052-112/2026","SEINFRA E OUTROS - Materiais hidráulicos para instalações prediais","Catálogo do Compras.gov.br","Material",4730.0,"ACESSÓRIOS E FERRAGENS ESPECIAIS PARA  MANGUEIRAS, CANOS  E TUBOS",13546.0,"CONEXÃO HIDRÁULICA",265182.0,"APLICAÇÃO: INSTALAÇÃO HIDRÁULICA, BITOLA LADO SOLDÁVEL: 20, COR: MARROM, MATERIAL: PVC - CLORETO DE POLIVINILA, NORMAS TÉCNICAS: NBR 5.648, TIPO: ADAPTADOR COM FLANGES, TIPO FIXAÇÃO: SOLDÁVEL E ROSCÁVEL, BITOLA LADO ROSCÁVEL: 1/2","UN",50.0,0.99,49.5,0.0,"2026-07-02"]
["UNIVERSIDADE FEDERAL DE GOIAS-UF/GO",153052.0,5305.0,"Material","153052-112/2026","SEINFRA E OUTROS - Materiais hidráulicos para instalações prediais","Catálogo do Compras.gov.br","Material",4820.0,"VÁLVULAS NÃO ACIONADAS POR FORÇA MOTRIZ",14461.0,"REGISTRO ESFERA",432658.0,"APLICAÇÃO: INSTALAÇÃO HIDRÁULICA, BITOLA: 25 MM, MATERIAL: PVC, TIPO: BORBOLETA, TIPO FIXAÇÃO: ROSCÁVEL","UN",700.0,17.48,12236.0,0.0,"2026-07-02"]
["UNIVERSIDADE FEDERAL DE GOIAS-UF/GO",153052.0,5306.0,"Material","153052-112/2026","SEINFRA E OUTROS - Materiais hidráulicos para instalações prediais","Catálogo do Compras.gov.br","Material",4510.0,"DISPOSITIVOS E ACESSÓRIOS PARA INSTALAÇÕES HIDRÁULICAS",12820.0,"TORNEIRA",337550.0,"COR: BRANCA, DIÂMETRO: 3/4, MATERIAL CORPO: PVC RÍGIDO, TIPO: LONGA","UN",200.0,24.74,4948.0,0.0,"2026-07-02"]
["UNIVERSIDADE FEDERAL DE GOIAS-UF/GO",153052.0,5307.0,"Material","153052-112/2026","SEINFRA E OUTROS - Materiais hidráulicos para instalações prediais","Catálogo do Compras.gov.br","Material",4730.0,"ACESSÓRIOS E FERRAGENS ESPECIAIS PARA  MANGUEIRAS, CANOS  E TUBOS",13546.0,"CONEXÃO HIDRÁULICA",240483.0,"APLICAÇÃO: REDE HIDRÁULICA E ESGOTO, BITOLA: 40 X 40MM, BITOLA LADO SOLDÁVEL: 40 MM, MATERIAL: PVC - CLORETO DE POLIVINILA, TIPO: JOELHO 90°, TIPO FIXAÇÃO: SOLDÁVEL","UN",200.0,1.9,380.0,0.0,"2026-07-02"]
["UNIVERSIDADE FEDERAL DE GOIAS-UF/GO",153052.0,5308.0,"Material","153052-112/2026","SEINFRA E OUTROS - Materiais hidráulicos para instalações prediais","Catálogo do Compras.gov.br","Material",4730.0,"ACESSÓRIOS E FERRAGENS ESPECIAIS PARA  MANGUEIRAS, CANOS  E TUBOS",13546.0,"CONEXÃO HIDRÁULICA",233979.0,"APLICAÇÃO: REDE HIDRÁULICA E ESGOTO, BITOLA: 40, MATERIAL: PVC - CLORETO DE POLIVINILA, TIPO: JOELHO 45°, TIPO FIXAÇÃO: SOLDÁVEL","UN",150.0,1.9,285.0,0.0,"2026-07-02"]
["UNIVERSIDADE FEDERAL DE GOIAS-UF/GO",153052.0,5309.0,"Material","153052-112/2026","SEINFRA E OUTROS - Materiais hidráulicos para instalações prediais","Catálogo do Compras.gov.br","Material",4730.0,"ACESSÓRIOS E FERRAGENS ESPECIAIS PARA  MANGUEIRAS, CANOS  E TUBOS",13546.0,"CONEXÃO HIDRÁULICA",251461.0,"APLICAÇÃO: INSTALAÇÃO SANITÁRIA, BITOLA: 150 MM, MATERIAL: PVC - CLORETO DE POLIVINILA, TIPO: JOELHO 90°, TIPO FIXAÇÃO: SOLDÁVEL","UN",50.0,24.45,1222.5,0.0,"2026-07-02"]
["UNIVERSIDADE FEDERAL DE GOIAS-UF/GO",153052.0,5310.0,"Material","153052-112/2026","SEINFRA E OUTROS - Materiais hidráulicos para instalações prediais","Catálogo do Compras.gov.br","Material",4820.0,"VÁLVULAS NÃO ACIONADAS POR FORÇA MOTRIZ",11563.0,"REGISTRO PRESSÃO",233457.0,"CARACTERÍSTICAS ADICIONAIS: CASTELO COM ROSCA PARA FIXAÇÃO DE ACABAMENTO, DIÂMETRO: 1/2, MATERIAL: BRONZE FUNDIDO, TIPO: MANUAL","UN",10.0,32.0,320.0,0.0,"2026-07-02"]
["UNIVERSIDADE FEDERAL DE GOIAS-UF/GO",153052.0,5311.0,"Material","153052-112/2026","SEINFRA E OUTROS - Materiais hidráulicos para instalações prediais","Catálogo do Compras.gov.br","Material",4510.0,"DISPOSITIVOS E ACESSÓRIOS PARA INSTALAÇÕES HIDRÁULICAS",14144.0,"VÁLVULA ESCOAMENTO",395444.0,"APLICAÇÃO: PIA, CARACTERÍSTICAS ADICIONAIS: ACOMPANHA CESTA DE LIMPEZA COM ACABAMENTO CROMADO, COMPONENTES: ANEL VEDAÇÃO DE BORRACHA/FLANGE FIXAÇÃO DE METAL, DIÂMETRO: 3 1/2 X 1 1/2, MATERIAL: METAL CROMADO","UN",600.0,19.0,11400.0,0.0,"2026-07-02"]
["UNIVERSIDADE FEDERAL DE GOIAS-UF/GO",153052.0,5312.0,"Material","153052-112/2026","SEINFRA E OUTROS - Materiais hidráulicos para instalações prediais","Catálogo do Compras.gov.br","Material",4710.0,"CANOS E TUBOS",659.0,"TUBO PVC SOLDÁVEL",396865.0,"APLICAÇÃO: HIDRÁULICA, COMPRIMENTO: 6, COR: MARROM, DIÂMETRO NOMINAL: 25, MATERIAL: PVC RÍGIDO","UN",800.0,28.0,22400.0,0.0,"2026-07-02"]
["UNIVERSIDADE FEDERAL DE GOIAS-UF/GO",153052.0,5313.0,"Material","153052-112/2026","SEINFRA E OUTROS - Materiais hidráulicos para instalações prediais","Catálogo do Compras.gov.br","Material",4730.0,"ACESSÓRIOS E FERRAGENS ESPECIAIS PARA  MANGUEIRAS, CANOS  E TUBOS",13546.0,"CONEXÃO HIDRÁULICA",231224.0,"APLICAÇÃO: REDE HIDRÁULICA E ESGOTO, BITOLA LADO SOLDÁVEL: 32, CARACTERÍSTICAS ADICIONAIS: NÃO APLICÁVEL, COR: MARROM, MATERIAL: PVC - CLORETO DE POLIVINILA, TIPO: JOELHO 90°, TIPO FIXAÇÃO: SOLDÁVEL, BITOLA LADO ROSCÁVEL: NÃO APLICÁVEL","UN",400.0,1.95,780.0,0.0,"2026-07-02"]
["UNIVERSIDADE FEDERAL DE GOIAS-UF/GO",153052.0,5314.0,"Material","153052-112/2026","SEINFRA E OUTROS - Materiais hidráulicos para instalações prediais","Catálogo do Compras.gov.br","Material",4510.0,"DISPOSITIVOS E ACESSÓRIOS PARA INSTALAÇÕES HIDRÁULICAS",11649.0,"REPARO VÁLVULA HIDRÁULICA",406079.0,"APLICAÇÃO: VÁLVULA DESCARGA HYDRA LUXO, BITOLA: 1 1/2, MATERIAL: PLÁSTICO, REFERÊNCIA: 4686 924, TIPO REPARO: SUBCONJUNTO COMPLETO","UN",500.0,43.89,21945.0,0.0,"2026-07-02"]
["UNIVERSIDADE FEDERAL DE GOIAS-UF/GO",153052.0,5315.0,"Material","153052-112/2026","SEINFRA E OUTROS - Materiais hidráulicos para instalações prediais","Catálogo do Compras.gov.br","Material",4730.0,"ACESSÓRIOS E FERRAGENS ESPECIAIS PARA  MANGUEIRAS, CANOS  E TUBOS",13546.0,"CONEXÃO HIDRÁULICA",265179.0,"APLICAÇÃO: INSTALAÇÃO HIDRÁULICA, BITOLA LADO SOLDÁVEL: 50, COR: MARROM, MATERIAL: PVC - CLORETO DE POLIVINILA, NORMAS TÉCNICAS: NBR 5.648, TIPO: ADAPTADOR CURTO, TIPO FIXAÇÃO: SOLDÁVEL E ROSCÁVEL, BITOLA LADO ROSCÁVEL: 1 1/2","UN",100.0,6.0,600.0,0.0,"2026-07-02"]
["UNIVERSIDADE FEDERAL DE GOIAS-UF/GO",153052.0,5316.0,"Material","153052-112/2026","SEINFRA E OUTROS - Materiais hidráulicos para instalações prediais","Catálogo do Compras.gov.br","Material",4730.0,"ACESSÓRIOS E FERRAGENS ESPECIAIS PARA  MANGUEIRAS, CANOS  E TUBOS",13546.0,"CONEXÃO HIDRÁULICA",265274.0,"APLICAÇÃO: INSTALAÇÃO HIDRÁULICA, BITOLA: 25 MM X 1/2\", CARACTERÍSTICAS ADICIONAIS: COM BUCHA DE LATÃO, COR: AZUL, MATERIAL: PVC RÍGIDO, NORMAS TÉCNICAS: NBR 5.648, TIPO: TÊ, TIPO FIXAÇÃO: SOLDÁVEL E ROSCÁVEL","UN",100.0,11.54,1154.0,0.0,"2026-07-02"]
["UNIVERSIDADE FEDERAL DE GOIAS-UF/GO",153052.0,5317.0,"Material","153052-112/2026","SEINFRA E OUTROS - Materiais hidráulicos para instalações prediais","Catálogo do Compras.gov.br","Material",4730.0,"ACESSÓRIOS E FERRAGENS ESPECIAIS PARA  MANGUEIRAS, CANOS  E TUBOS",13546.0,"CONEXÃO HIDRÁULICA",242808.0,"APLICAÇÃO: INSTALAÇÕES PREDIAIS ÁGUA FRIA, BITOLA: 25 X 20 MM, MATERIAL: PVC - CLORETO DE POLIVINILA, TIPO: BUCHA REDUÇÃO CURTA, TIPO FIXAÇÃO: SOLDÁVEL","UN",40.0,0.45,18.0,0.0,"2026-07-02"]
["UNIVERSIDADE FEDERAL DE GOIAS-UF/GO",153052.0,5318.0,"Material","153052-112/2026","SEINFRA E OUTROS - Materiais hidráulicos para instalações prediais","Catálogo do Compras.gov.br","Material",4730.0,"ACESSÓRIOS E FERRAGENS ESPECIAIS PARA  MANGUEIRAS, CANOS  E TUBOS",13546.0,"CONEXÃO HIDRÁULICA",374300.0,"APLICAÇÃO: INSTALAÇÕES PREDIAIS ÁGUA FRIA, BITOLA II: 60, MATERIAL: PVC - CLORETO DE POLIVINILA, TIPO: LUVA DE CORRER, TIPO FIXAÇÃO: ANEL BORRACHA","UN",100.0,12.7,1270.0,0.0,"2026-07-02"]
["UNIVERSIDADE FEDERAL DE GOIAS-UF/GO",153052.0,5319.0,"Material","153052-112/2026","SEINFRA E OUTROS - Materiais hidráulicos para instalações prediais","Catálogo do Compras.gov.br","Material",4710.0,"CANOS E TUBOS",13115.0,"TUBO HIDRÁULICO",323203.0,"APLICAÇÃO: ESGOTO, COR: BRANCA, DIÂMETRO: 150, MATERIAL: PVC RÍGIDO, NORMAS TÉCNICAS: ABNT EB-608, TIPO: PONTA E BOLSA COM VIROLA","UN",100.0,105.0,10500.0,0.0,"2026-07-02"]
["UNIVERSIDADE FEDERAL DE GOIAS-UF/GO",153052.0,5320.0,"Material","153052-112/2026","SEINFRA E OUTROS - Materiais hidráulicos para instalações prediais","Catálogo do Compras.gov.br","Material",4730.0,"ACESSÓRIOS E FERRAGENS ESPECIAIS PARA  MANGUEIRAS, CANOS  E TUBOS",13546.0,"CONEXÃO HIDRÁULICA",262457.0,"APLICAÇÃO: INSTALAÇÕES PREDIAIS ÁGUA FRIA, BITOLA: 1/2\", MATERIAL: PVC - CLORETO DE POLIVINILA, TIPO: NÍPEL, TIPO FIXAÇÃO: ROSCÁVEL","UN",100.0,0.99,99.0,0.0,"2026-07-02"]
["UNIVERSIDADE FEDERAL DE GOIAS-UF/GO",153052.0,5321.0,"Material","153052-112/2026","SEINFRA E OUTROS - Materiais hidráulicos para instalações prediais","Catálogo do Compras.gov.br","Material",4730.0,"ACESSÓRIOS E FERRAGENS ESPECIAIS PARA  MANGUEIRAS, CANOS  E TUBOS",13546.0,"CONEXÃO HIDRÁULICA",242984.0,"APLICAÇÃO: INSTALAÇÕES PREDIAIS ÁGUA FRIA, BITOLA: 25 MM, MATERIAL: PVC - CLORETO DE POLIVINILA, TIPO: JOELHO 45°, TIPO FIXAÇÃO: SOLDÁVEL","UN",100.0,1.55,155.0,0.0,"2026-07-02"]
["UNIVERSIDADE FEDERAL DE GOIAS-UF/GO",153052.0,5322.0,"Material","153052-112/2026","SEINFRA E OUTROS - Materiais hidráulicos para instalações prediais","Catálogo do Compras.gov.br","Material",4730.0,"ACESSÓRIOS E FERRAGENS ESPECIAIS PARA  MANGUEIRAS, CANOS  E TUBOS",13546.0,"CONEXÃO HIDRÁULICA",389645.0,"APLICAÇÃO: INSTALAÇÕES ESGOTO, CARACTERÍSTICAS ADICIONAIS 1: DIÂMETRO NOMINAL 75MM / ANEL DE VEDAÇÃO, MATERIAL: PVC - CLORETO DE POLIVINILA, TIPO: CAP, TIPO FIXAÇÃO: ENCAIXE","UN",100.0,7.5,750.0,0.0,"2026-07-02"]
["UNIVERSIDADE FEDERAL DE GOIAS-UF/GO",153052.0,5323.0,"Material","153052-112/2026","SEINFRA E OUTROS - Materiais hidráulicos para instalações prediais","Catálogo do Compras.gov.br","Material",4710.0,"CANOS E TUBOS",659.0,"TUBO PVC SOLDÁVEL",301811.0,"APLICAÇÃO: IRRIGAÇÃO, CARACTERÍSTICAS ADICIONAIS: PONTA E BOLSA SOLDÁVEL, COMPRIMENTO: 6, COR: AZUL, DIÂMETRO NOMINAL: 50, MATERIAL: PVC RÍGIDO, PRESSÃO: 80 MCA","UN",300.0,97.0,29100.0,0.0,"2026-07-02"]
["UNIVERSIDADE FEDERAL DE GOIAS-UF/GO",153052.0,5324.0,"Material","153052-112/2026","SEINFRA E OUTROS - Materiais hidráulicos para instalações prediais","Catálogo do Compras.gov.br","Material",4730.0,"ACESSÓRIOS E FERRAGENS ESPECIAIS PARA  MANGUEIRAS, CANOS  E TUBOS",13546.0,"CONEXÃO HIDRÁULICA",244917.0,"APLICAÇÃO: INSTALAÇÕES PREDIAIS ÁGUA FRIA, BITOLA: 32 X 25 MM, MATERIAL: PVC - CLORETO DE POLIVINILA, TIPO: BUCHA REDUÇÃO CURTA, TIPO FIXAÇÃO: SOLDÁVEL","UN",300.0,1.0,300.0,0.0,"2026-07-02"]
["UNIVERSIDADE FEDERAL DE GOIAS-UF/GO",153052.0,5325.0,"Material","153052-112/2026","SEINFRA E OUTROS - Materiais hidráulicos para instalações prediais","Catálogo do Compras.gov.br","Material",4730.0,"ACESSÓRIOS E FERRAGENS ESPECIAIS PARA  MANGUEIRAS, CANOS  E TUBOS",13546.0,"CONEXÃO HIDRÁULICA",271557.0,"APLICAÇÃO: INSTALAÇÕES PREDIAIS ÁGUA FRIA, BITOLA: 100, MATERIAL: PVC - CLORETO DE POLIVINILA, TIPO: TÊ, TIPO FIXAÇÃO: SOLDÁVEL","UN",50.0,60.5,3025.0,0.0,"2026-07-02"]
["UNIVERSIDADE FEDERAL DE GOIAS-UF/GO",153052.0,5326.0,"Material","153052-112/2026","SEINFRA E OUTROS - Materiais hidráulicos para instalações prediais","Catálogo do Compras.gov.br","Material",4730.0,"ACESSÓRIOS E FERRAGENS ESPECIAIS PARA  MANGUEIRAS, CANOS  E TUBOS",13546.0,"CONEXÃO HIDRÁULICA",483191.0,"APLICAÇÃO: INSTALAÇÃO SANITÁRIA, BITOLA: 20, COR: MARROM, MATERIAL: PVC - CLORETO DE POLIVINILA, TIPO: CAP, TIPO FIXAÇÃO: SOLDÁVEL","UN",200.0,1.4,280.0,0.0,"2026-07-02"]
["UNIVERSIDADE FEDERAL DE GOIAS-UF/GO",153052.0,5327.0,"Material","153052-112/2026","SEINFRA E OUTROS - Materiais hidráulicos para instalações prediais","Catálogo do Compras.gov.br","Material",4730.0,"ACESSÓRIOS E FERRAGENS ESPECIAIS PARA  MANGUEIRAS, CANOS  E TUBOS",13546.0,"CONEXÃO HIDRÁULICA",319881.0,"APLICAÇÃO: INSTALAÇÕES PREDIAIS ÁGUA FRIA, BITOLA: 3/4\", MATERIAL: PVC - CLORETO DE POLIVINILA, TIPO: NÍPEL, TIPO FIXAÇÃO: ROSCÁVEL","UN",100.0,2.0,200.0,0.0,"2026-07-02"]
["UNIVERSIDADE FEDERAL DE GOIAS-UF/GO",153052.0,5328.0,"Material","153052-112/2026","SEINFRA E OUTROS - Materiais hidráulicos para instalações prediais","Catálogo do Compras.gov.br","Material",4730.0,"ACESSÓRIOS E FERRAGENS ESPECIAIS PARA  MANGUEIRAS, CANOS  E TUBOS",13546.0,"CONEXÃO HIDRÁULICA",265032.0,"BITOLA LADO SOLDÁVEL: 60, MATERIAL: PVC RÍGIDO, TIPO: LUVA, TIPO FIXAÇÃO: SOLDÁVEL","UN",100.0,12.28,1228.0,0.0,"2026-07-02"]
["UNIVERSIDADE FEDERAL DE GOIAS-UF/GO",153052.0,5329.0,"Material","153052-112/2026","SEINFRA E OUTROS - Materiais hidráulicos para instalações prediais","Catálogo do Compras.gov.br","Material",4730.0,"ACESSÓRIOS E FERRAGENS ESPECIAIS PARA  MANGUEIRAS, CANOS  E TUBOS",13546.0,"CONEXÃO HIDRÁULICA",342479.0,"APLICAÇÃO: INSTALAÇÃO SANITÁRIA, BITOLA: 100, MATERIAL: PVC - CLORETO DE POLIVINILA, TIPO: LUVA DE CORRER","UN",100.0,22.99,2299.0,0.0,"2026-07-02"]
["UNIVERSIDADE FEDERAL DE GOIAS-UF/GO",153052.0,5330.0,"Material","153052-112/2026","SEINFRA E OUTROS - Materiais hidráulicos para instalações prediais","Catálogo do Compras.gov.br","Material",4730.0,"ACESSÓRIOS E FERRAGENS ESPECIAIS PARA  MANGUEIRAS, CANOS  E TUBOS",13546.0,"CONEXÃO HIDRÁULICA",353504.0,"APLICAÇÃO: INSTALAÇÕES ESGOTO, BITOLA: 100, MATERIAL: PVC, TIPO: LUVA SIMPLES, TIPO FIXAÇÃO: SOLDÁVEL","UN",100.0,6.59,659.0,0.0,"2026-07-02"]
["UNIVERSIDADE FEDERAL DE GOIAS-UF/GO",153052.0,5331.0,"Material","153052-112/2026","SEINFRA E OUTROS - Materiais hidráulicos para instalações prediais","Catálogo do Compras.gov.br","Material",4730.0,"ACESSÓRIOS E FERRAGENS ESPECIAIS PARA  MANGUEIRAS, CANOS  E TUBOS",13546.0,"CONEXÃO HIDRÁULICA",245133.0,"APLICAÇÃO: INSTALAÇÕES PREDIAIS ÁGUA FRIA, BITOLA: 20 MM, MATERIAL: PVC - CLORETO DE POLIVINILA, TIPO: LUVA, TIPO FIXAÇÃO: SOLDÁVEL","UN",100.0,0.66,66.0,0.0,"2026-07-02"]
["UNIVERSIDADE FEDERAL DE GOIAS-UF/GO",153052.0,5342.0,"Material","153052-112/2026","SEINFRA E OUTROS - Materiais hidráulicos para instalações prediais","Catálogo do Compras.gov.br","Material",5120.0,"FERRAMENTAS MANUAIS SEM CORTE, NÃO ACIONADAS  POR  FORÇA  MOTRIZ",4881.0,"CHAVE FENDA",322783.0,"BITOLA: 3/16 X 3, MATERIAL HASTE: AÇO CROMO VANÁDIO TREFILADO","UN",10.0,25.94,259.4,0.0,"2026-07-02"]
["UNIVERSIDADE FEDERAL DE GOIAS-UF/GO",153052.0,5343.0,"Material","153052-112/2026","SEINFRA E OUTROS - Materiais hidráulicos para instalações prediais","Catálogo do Compras.gov.br","Material",5120.0,"FERRAMENTAS MANUAIS SEM CORTE, NÃO ACIONADAS  POR  FORÇA  MOTRIZ",4881.0,"CHAVE FENDA",263673.0,"ACABAMENTO SUPERFICIAL HASTE: CROMADO, BITOLA: 5/16\" X 6\", COMPRIMENTO HASTE: 120, MATERIAL CABO: POLIPROPILENO, MATERIAL HASTE: AÇO CROMO VANÁDIO, TIPO: MANUAL, TIPO PONTA: CHATA","UN",10.0,12.42,124.2,0.0,"2026-07-02"]
["UNIVERSIDADE FEDERAL DE GOIAS-UF/GO",153052.0,5344.0,"Material","153052-112/2026","SEINFRA E OUTROS - Materiais hidráulicos para instalações prediais","Catálogo do Compras.gov.br","Material",5110.0,"FERRAMENTAS MANUAIS DE CORTE, NÃO ACIONADAS POR FORÇA MOTRIZ",821.0,"SERROTE PROFISSIONAL",483220.0,"MATERIAL CABO: PLÁSTICO, MATERIAL LÂMINA: AÇO ALTO CARBONO, QUANTIDADE DENTES: 9 POR POLEGADA, TAMANHO: 6, TIPO: TRAVADO, TRATAMENTO SUPERFICIAL: TEMPERADO E LIXADO","UN",3.0,79.19,237.57,0.0,"2026-07-02"]
["UNIVERSIDADE FEDERAL DE GOIAS-UF/GO",153052.0,5345.0,"Material","153052-112/2026","SEINFRA E OUTROS - Materiais hidráulicos para instalações prediais","Catálogo do Compras.gov.br","Material",5110.0,"FERRAMENTAS MANUAIS DE CORTE, NÃO ACIONADAS POR FORÇA MOTRIZ",5930.0,"CORTADOR MANUAL TUBO",607560.0,"CAPACIDADE DO CORTE MÍNIMO: 64, CARACTERISTICAS ADICIONAIS: SISTEMA DE DESTRAVAMENTO LATERAL, MATERIAL: ALUMÍNIO/AÇO, MATERIAL DA LÂMINA: AÇO, MATERIAL DO CABO: PLÁSTICO INJETADO, TIPO: ALICATE","UN",5.0,97.5,487.5,0.0,"2026-07-02"]
["UNIVERSIDADE FEDERAL DE GOIAS-UF/GO",153052.0,5346.0,"Material","153052-112/2026","SEINFRA E OUTROS - Materiais hidráulicos para instalações prediais","Catálogo do Compras.gov.br","Material",5120.0,"FERRAMENTAS MANUAIS SEM CORTE, NÃO ACIONADAS  POR  FORÇA  MOTRIZ",14637.0,"JOGO CHAVE",472291.0,"ACESSÓRIOS: ESTOJO, APLICAÇÃO: CONSERTOS EM GERAL, COMPONENTES: 6,0-7,0, 8,0-9,0, 10,0-11,0, 12,0-13,0, 14,0-15,, MATERIAL: AÇO CROMO VANÁDIO, MODELO: CHAVE DE BOCA, QUANTIDADE PEÇAS: 10, TIPO: FIXA","UN",2.0,137.94,275.88,0.0,"2026-07-02"]
["UNIVERSIDADE FEDERAL DE GOIAS-UF/GO",153052.0,5347.0,"Material","153052-112/2026","SEINFRA E OUTROS - Materiais hidráulicos para instalações prediais","Catálogo do Compras.gov.br","Material",5120.0,"FERRAMENTAS MANUAIS SEM CORTE, NÃO ACIONADAS  POR  FORÇA  MOTRIZ",14637.0,"JOGO CHAVE",264066.0,"APLICAÇÃO: MANUTENÇÃO EQUIPAMENTO MECÂNICO, CARACTERÍSTICAS ADICIONAIS: MODELO \"L\", COMPONENTES: CHAVES MEDIDAS 5, 6, 8, 10, 12, 14, 16, E 18MM, MATERIAL: AÇO CROMO VANÁDIO, QUANTIDADE PEÇAS: 8, TAMANHO: CURTO, TIPO: MULTIDENTADA","UN",2.0,348.51,697.02,0.0,"2026-07-02"]
["UNIVERSIDADE FEDERAL DE GOIAS-UF/GO",153052.0,5332.0,"Material","153052-112/2026","SEINFRA E OUTROS - Materiais hidráulicos para instalações prediais","Catálogo do Compras.gov.br","Material",5120.0,"FERRAMENTAS MANUAIS SEM CORTE, NÃO ACIONADAS  POR  FORÇA  MOTRIZ",1053.0,"TORNO BANCADA",220497.0,"ABERTURA ÚTIL: 2 3/4, ALTURA MORSA COM GIRATÓRIO: 105, ALTURA MORSA FIXA: 90, CARACTERÍSTICAS ADICIONAIS: MORDENTES INTERCAMBIÁVEIS/BASE GIRATÓRIA OPCIONAL, COMPRIMENTO MORSA COM GIRATÓRIO: 220, COMPRIMENTO MORSA FIXA: 220, LARGURA MORDENTE: 2 3/4, LARGURA MORSA COM GIRATÓRIO: 155, LARGURA MORSA FIXA: 100, PESO MORSA COM GIRATÓRIO: 3,20, PESO MORSA FIXA: 2,60, TAMANHO: 2, TIPO: MORSA COM GIRATÓRIA","UN",1.0,1333.29,1333.29,0.0,"2026-07-02"]
["UNIVERSIDADE FEDERAL DE GOIAS-UF/GO",153052.0,5333.0,"Material","153052-112/2026","SEINFRA E OUTROS - Materiais hidráulicos para instalações prediais","Catálogo do Compras.gov.br","Material",5120.0,"FERRAMENTAS MANUAIS SEM CORTE, NÃO ACIONADAS  POR  FORÇA  MOTRIZ",14429.0,"CHAVE AJUSTÁVEL",377430.0,"MATERIAL: AÇO CROMO VANÁDIO, TAMANHO: 6","UN",30.0,30.0,900.0,0.0,"2026-07-02"]
["UNIVERSIDADE FEDERAL DE GOIAS-UF/GO",153052.0,5334.0,"Material","153052-112/2026","SEINFRA E OUTROS - Materiais hidráulicos para instalações prediais","Catálogo do Compras.gov.br","Material",5120.0,"FERRAMENTAS MANUAIS SEM CORTE, NÃO ACIONADAS  POR  FORÇA  MOTRIZ",4870.0,"CHAVE CANHÃO TUBULAR",298335.0,"DIMENSÕES: 11MM X 1/2, MATERIAL: AÇO DIN 17350 - 31CRV3, TRATAMENTO SUPERFICIAL: NIQUELADO","UN",20.0,25.0,500.0,0.0,"2026-07-02"]
["UNIVERSIDADE FEDERAL DE GOIAS-UF/GO",153052.0,5335.0,"Material","153052-112/2026","SEINFRA E OUTROS - Materiais hidráulicos para instalações prediais","Catálogo do Compras.gov.br","Material",5120.0,"FERRAMENTAS MANUAIS SEM CORTE, NÃO ACIONADAS  POR  FORÇA  MOTRIZ",14637.0,"JOGO CHAVE",379274.0,"COMPONENTES: 6, 7, 8, 10, 11, 12, 13, 14, 17, 19 MM, MATERIAL: AÇO CROMO VANÁDIO, QUANTIDADE PEÇAS: 10, TIPO: COMBINADA","JG",20.0,78.78,1575.6,0.0,"2026-07-02"]
["UNIVERSIDADE FEDERAL DE GOIAS-UF/GO",153052.0,5336.0,"Material","153052-112/2026","SEINFRA E OUTROS - Materiais hidráulicos para instalações prediais","Catálogo do Compras.gov.br","Material",5120.0,"FERRAMENTAS MANUAIS SEM CORTE, NÃO ACIONADAS  POR  FORÇA  MOTRIZ",14637.0,"JOGO CHAVE",433267.0,"COMPONENTES: 4 CHAVES FENDA SIMPLES E 4 CHAVE FENDA PHILIPS, MATERIAL: AÇO FORJADO, QUANTIDADE PEÇAS: 8, TAMANHO: VARIADO (MINI E EXTRA-LONGO)","UN",20.0,60.9,1218.0,0.0,"2026-07-02"]
["UNIVERSIDADE FEDERAL DE GOIAS-UF/GO",153052.0,5337.0,"Material","153052-112/2026","SEINFRA E OUTROS - Materiais hidráulicos para instalações prediais","Catálogo do Compras.gov.br","Material",5120.0,"FERRAMENTAS MANUAIS SEM CORTE, NÃO ACIONADAS  POR  FORÇA  MOTRIZ",14429.0,"CHAVE AJUSTÁVEL",602157.0,"MATERIAL: AÇO CROMO VANÁDIO, TAMANHO: 12, TIPO: INGLESA","UN",30.0,40.0,1200.0,0.0,"2026-07-02"]
["UNIVERSIDADE FEDERAL DE GOIAS-UF/GO",153052.0,5338.0,"Material","153052-112/2026","SEINFRA E OUTROS - Materiais hidráulicos para instalações prediais","Catálogo do Compras.gov.br","Material",5120.0,"FERRAMENTAS MANUAIS SEM CORTE, NÃO ACIONADAS  POR  FORÇA  MOTRIZ",14429.0,"CHAVE AJUSTÁVEL",602156.0,"MATERIAL: AÇO CROMO VANÁDIO, TAMANHO: 10, TIPO: INGLESA","UN",30.0,40.0,1200.0,0.0,"2026-07-02"]
["UNIVERSIDADE FEDERAL DE GOIAS-UF/GO",153052.0,5339.0,"Material","153052-112/2026","SEINFRA E OUTROS - Materiais hidráulicos para instalações prediais","Catálogo do Compras.gov.br","Material",5110.0,"FERRAMENTAS MANUAIS DE CORTE, NÃO ACIONADAS POR FORÇA MOTRIZ",5930.0,"CORTADOR MANUAL TUBO",607560.0,"CAPACIDADE DO CORTE MÍNIMO: 64, CARACTERISTICAS ADICIONAIS: SISTEMA DE DESTRAVAMENTO LATERAL, MATERIAL: ALUMÍNIO/AÇO, MATERIAL DA LÂMINA: AÇO, MATERIAL DO CABO: PLÁSTICO INJETADO, TIPO: ALICATE","UN",20.0,15.0,300.0,0.0,"2026-07-02"]
["UNIVERSIDADE FEDERAL DE GOIAS-UF/GO",153052.0,5340.0,"Material","153052-112/2026","SEINFRA E OUTROS - Materiais hidráulicos para instalações prediais","Catálogo do Compras.gov.br","Material",5120.0,"FERRAMENTAS MANUAIS SEM CORTE, NÃO ACIONADAS  POR  FORÇA  MOTRIZ",14429.0,"CHAVE AJUSTÁVEL",375979.0,"MATERIAL: AÇO, TAMANHO: 8","UN",30.0,30.0,900.0,0.0,"2026-07-02"]
["UNIVERSIDADE FEDERAL DE GOIAS-UF/GO",153052.0,5341.0,"Material","153052-112/2026","SEINFRA E OUTROS - Materiais hidráulicos para instalações prediais","Catálogo do Compras.gov.br","Material",5140.0,"CAIXAS PARA FERRAMENTAS E FERRAGENS",601.0,"MALETA FERRAMENTAS",439942.0,"ALTURA: 210, CARACTERÍSTICAS ADICIONAIS: COM A ALÇA, FECHO DE FIVELAS, PÉS DE APOIO, COMPRIMENTO: 400, LARGURA: 140, MATERIAL: COURO","UN",30.0,204.0,6120.0,0.0,"2026-07-02"]
["UNIVERSIDADE FEDERAL DE GOIAS-UF/GO",153052.0,5348.0,"Material","153052-112/2026","SEINFRA E OUTROS - Materiais hidráulicos para instalações prediais","Catálogo do Compras.gov.br","Material",5120.0,"FERRAMENTAS MANUAIS SEM CORTE, NÃO ACIONADAS  POR  FORÇA  MOTRIZ",2313.0,"ALICATE PARA CLIMPAR",291168.0,"CARACTERÍSTICAS ADICIONAIS: LÂMINA DE CORTE DE FIO E DECAPAGEM, MATERIAL: METAL, TIPO CABO: ISOLADO, APLICAÇÃO: CONECTORES RJ11, RJ12 E RJ45","UN",10.0,106.52,1065.2,0.0,"2026-07-02"]
["UNIVERSIDADE FEDERAL DE GOIAS-UF/GO",153052.0,5349.0,"Material","153052-112/2026","SEINFRA E OUTROS - Materiais hidráulicos para instalações prediais","Catálogo do Compras.gov.br","Material",5120.0,"FERRAMENTAS MANUAIS SEM CORTE, NÃO ACIONADAS  POR  FORÇA  MOTRIZ",4881.0,"CHAVE FENDA",483509.0,"BITOLA: 5/16\" X 6\", CARACTERÍSTICAS ADICIONAIS: HASTE NIQUELADA E CROMADA, MATERIAL CABO: POLIPROPILENO, MATERIAL HASTE: AÇO CROMO VANÁDIO, TIPO PONTA: PHILIPS","UN",10.0,18.54,185.4,0.0,"2026-07-02"]
["UNIVERSIDADE FEDERAL DE GOIAS-UF/GO",153052.0,5350.0,"Material","153052-112/2026","SEINFRA E OUTROS - Materiais hidráulicos para instalações prediais","Catálogo do Compras.gov.br","Material",5120.0,"FERRAMENTAS MANUAIS SEM CORTE, NÃO ACIONADAS  POR  FORÇA  MOTRIZ",4881.0,"CHAVE FENDA",279027.0,"ACABAMENTO SUPERFICIAL HASTE: NIQUELADO E CROMADO, BITOLA: 1/4\" X 6\", MATERIAL CABO: POLIPROPILENO, MATERIAL HASTE: AÇO CROMO VANÁDIO, TIPO PONTA: CHATA","UN",10.0,15.13,151.3,0.0,"2026-07-02"]
["UNIVERSIDADE FEDERAL DE GOIAS-UF/GO",153052.0,5351.0,"Material","153052-112/2026","SEINFRA E OUTROS - Materiais hidráulicos para instalações prediais","Catálogo do Compras.gov.br","Material",5110.0,"FERRAMENTAS MANUAIS DE CORTE, NÃO ACIONADAS POR FORÇA MOTRIZ",8620.0,"LÂMINA SERRA MANUAL",358275.0,"APLICAÇÃO: ARCO DE SERRA, CARACTERÍSTICAS ADICIONAIS: FLEXÍVEL, RESISTENTE, COMPRIMENTO: 300, ESPESSURA: 0,65, LARGURA: 13, MATERIAL: AÇO RÁPIDO, QUANTIDADE DENTES: 24 DENTES POR POLEGADA","UN",30.0,9.2,276.0,0.0,"2026-07-02"]
["UNIVERSIDADE FEDERAL DE GOIAS-UF/GO",153052.0,5352.0,"Material","153052-112/2026","SEINFRA E OUTROS - Materiais hidráulicos para instalações prediais","Catálogo do Compras.gov.br","Material",5110.0,"FERRAMENTAS MANUAIS DE CORTE, NÃO ACIONADAS POR FORÇA MOTRIZ",12036.0,"SERRA COPO",380446.0,"CARACTERÍSTICAS ADICIONAIS: COM HASTE DIAMANTADA, DIÂMETRO: 1, MATERIAL: AÇO RÁPIDO BIMETAL","UN",3.0,49.71,149.13,0.0,"2026-07-02"]
["UNIVERSIDADE FEDERAL DE GOIAS-UF/GO",153052.0,5353.0,"Material","153052-112/2026","SEINFRA E OUTROS - Materiais hidráulicos para instalações prediais","Catálogo do Compras.gov.br","Material",5120.0,"FERRAMENTAS MANUAIS SEM CORTE, NÃO ACIONADAS  POR  FORÇA  MOTRIZ",4881.0,"CHAVE FENDA",307763.0,"ACABAMENTO SUPERFICIAL HASTE: CROMADO, BITOLA: 5/16\" X 8\", COMPRIMENTO HASTE: 120, MATERIAL CABO: POLIPROPILENO, MATERIAL HASTE: AÇO CROMO VANÁDIO, TIPO PONTA: CHATA","UN",10.0,18.52,185.2,0.0,"2026-07-02"]
["UNIVERSIDADE FEDERAL DE GOIAS-UF/GO",153052.0,5354.0,"Material","153052-112/2026","SEINFRA E OUTROS - Materiais hidráulicos para instalações prediais","Catálogo do Compras.gov.br","Material",5120.0,"FERRAMENTAS MANUAIS SEM CORTE, NÃO ACIONADAS  POR  FORÇA  MOTRIZ",4881.0,"CHAVE FENDA",299419.0,"BITOLA: 1/8 X 3, MATERIAL CABO: POLIPROPILENO, MATERIAL HASTE: CARBONO TEMPERADO, TIPO PONTA: PHILIPS","UN",10.0,8.11,81.1,0.0,"2026-07-02"]
["UNIVERSIDADE FEDERAL DE GOIAS-UF/GO",153052.0,5355.0,"Material","153052-112/2026","SEINFRA E OUTROS - Materiais hidráulicos para instalações prediais","Catálogo do Compras.gov.br","Material",5120.0,"FERRAMENTAS MANUAIS SEM CORTE, NÃO ACIONADAS  POR  FORÇA  MOTRIZ",6089.0,"DESENROLADOR FIO",395050.0,"CARACTERÍSTICAS ADICIONAIS: PARA BLOCO BLI, COMPRIMENTO: 13, DIAMETRO CABO: 1, MATERIAL CABO: ALUMÍNIO, MATERIAL PONTA: ALUMÍNIO, REVESTIMENTO CABO: TERMO-CONTRÁTIL","UN",10.0,29.58,295.8,0.0,"2026-07-02"]
["UNIVERSIDADE FEDERAL DE GOIAS-UF/GO",153052.0,5356.0,"Material","153052-112/2026","SEINFRA E OUTROS - Materiais hidráulicos para instalações prediais","Catálogo do Compras.gov.br","Material",5110.0,"FERRAMENTAS MANUAIS DE CORTE, NÃO ACIONADAS POR FORÇA MOTRIZ",12036.0,"SERRA COPO",380443.0,"CARACTERÍSTICAS ADICIONAIS: COM HASTE DIAMANTADA, DIÂMETRO: 3/4, MATERIAL: AÇO RÁPIDO BIMETAL","UN",3.0,18.7,56.1,0.0,"2026-07-02"]
["UNIVERSIDADE FEDERAL DE GOIAS-UF/GO",153052.0,5357.0,"Material","153052-112/2026","SEINFRA E OUTROS - Materiais hidráulicos para instalações prediais","Catálogo do Compras.gov.br","Material",5120.0,"FERRAMENTAS MANUAIS SEM CORTE, NÃO ACIONADAS  POR  FORÇA  MOTRIZ",4881.0,"CHAVE FENDA",331035.0,"ACABAMENTO SUPERFICIAL HASTE: NIQUELADA E CROMADA, BITOLA: 1/8 X 3, CARACTERÍSTICAS ADICIONAIS: PONTA FOSFATIZADA, COMPRIMENTO HASTE: MÁXIMO DE 130, MATERIAL CABO: POLIPROPILENO, MATERIAL HASTE: AÇO CROMO VANÁDIO, TIPO PONTA: CRUZADA PHILLIPS","UN",10.0,18.27,182.7,0.0,"2026-07-02"]
["UNIVERSIDADE FEDERAL DE GOIAS-UF/GO",153052.0,5358.0,"Material","153052-112/2026","SEINFRA E OUTROS - Materiais hidráulicos para instalações prediais","Catálogo do Compras.gov.br","Material",5120.0,"FERRAMENTAS MANUAIS SEM CORTE, NÃO ACIONADAS  POR  FORÇA  MOTRIZ",4881.0,"CHAVE FENDA",418619.0,"BITOLA: 3/16 X 3, CARACTERÍSTICAS ADICIONAIS: HASTE NIQUELADA E CROMADA, PONTA FOSFATIZADA, COMPRIMENTO HASTE: 160, MATERIAL CABO: POLIPROPILENO, MATERIAL HASTE: AÇO VANÁDIO, TIPO PONTA: PHILIPS","UN",10.0,11.97,119.7,0.0,"2026-07-02"]
["UNIVERSIDADE FEDERAL DE GOIAS-UF/GO",153052.0,5359.0,"Material","153052-112/2026","SEINFRA E OUTROS - Materiais hidráulicos para instalações prediais","Catálogo do Compras.gov.br","Material",5120.0,"FERRAMENTAS MANUAIS SEM CORTE, NÃO ACIONADAS  POR  FORÇA  MOTRIZ",4881.0,"CHAVE FENDA",246214.0,"BITOLA: 5/16\" X 8\", COMPRIMENTO HASTE: 200, MATERIAL CABO: POLIPROPILENO, MATERIAL HASTE: AÇO CROMO VANÁDIO, TIPO PONTA: PHILIPS","UN",10.0,19.69,196.9,0.0,"2026-07-02"]
["UNIVERSIDADE FEDERAL DE GOIAS-UF/GO",153052.0,5360.0,"Material","153052-112/2026","SEINFRA E OUTROS - Materiais hidráulicos para instalações prediais","Catálogo do Compras.gov.br","Material",5110.0,"FERRAMENTAS MANUAIS DE CORTE, NÃO ACIONADAS POR FORÇA MOTRIZ",2308.0,"ALICATE DE CORTE",468615.0,"COMPRIMENTO: 8, MATERIAL: AÇO CROMO VANÁDIO, MATERIAL CABO: AÇO CROMO VANÁDIO PLASTIFICADO, TIPO CABO: ISOLADO, TIPO CORTE: DIAGONAL","UN",10.0,330.2,3302.0,0.0,"2026-07-02"]
["UNIVERSIDADE FEDERAL DE GOIAS-UF/GO",153052.0,5361.0,"Material","153052-112/2026","SEINFRA E OUTROS - Materiais hidráulicos para instalações prediais","Catálogo do Compras.gov.br","Material",5110.0,"FERRAMENTAS MANUAIS DE CORTE, NÃO ACIONADAS POR FORÇA MOTRIZ",702.0,"ALICATE UNIVERSAL",320769.0,"CARACTERÍSTICAS ADICIONAIS: CONFORME NBR 9699, COMPRIMENTO: 200, MATERIAL: AÇO VANÁDIO - 31CRV3, TIPO CABO: ISOLADO 1.OOO VOLTS, TIPO CORTE: CORTE TEMPERADO POR INDUÇÃO, PESO: 410, APLICAÇÃO: CORTE ARAMES DUROS E CORDA DE PIANO","UN",10.0,47.88,478.8,0.0,"2026-07-02"]
["UNIVERSIDADE FEDERAL DE GOIAS-UF/GO",153052.0,5374.0,"Material","153052-112/2026","SEINFRA E OUTROS - Materiais hidráulicos para instalações prediais","Catálogo do Compras.gov.br","Material",4510.0,"DISPOSITIVOS E ACESSÓRIOS PARA INSTALAÇÕES HIDRÁULICAS",12820.0,"TORNEIRA",320220.0,"COR: BRANCA, DIÂMETRO: 1/2, MATERIAL CORPO: PVC, TIPO: COZINHA, COMPRIMENTO: 18","UN",200.0,25.7,5140.0,0.0,"2026-07-02"]
["UNIVERSIDADE FEDERAL DE GOIAS-UF/GO",153052.0,5375.0,"Material","153052-112/2026","SEINFRA E OUTROS - Materiais hidráulicos para instalações prediais","Catálogo do Compras.gov.br","Material",4730.0,"ACESSÓRIOS E FERRAGENS ESPECIAIS PARA  MANGUEIRAS, CANOS  E TUBOS",13546.0,"CONEXÃO HIDRÁULICA",266261.0,"APLICAÇÃO: INSTALAÇÕES PREDIAIS ÁGUA FRIA, BITOLA: 25 MM X 3/4\", CARACTERÍSTICAS ADICIONAIS: COM BUCHA DE LATÃO, COR: AZUL, MATERIAL: PVC RÍGIDO, NORMAS TÉCNICAS: NBR 5.648, TIPO: TÊ, TIPO FIXAÇÃO: SOLDÁVEL E ROSCÁVEL","UN",100.0,11.46,1146.0,0.0,"2026-07-02"]
["UNIVERSIDADE FEDERAL DE GOIAS-UF/GO",153052.0,5376.0,"Material","153052-112/2026","SEINFRA E OUTROS - Materiais hidráulicos para instalações prediais","Catálogo do Compras.gov.br","Material",4730.0,"ACESSÓRIOS E FERRAGENS ESPECIAIS PARA  MANGUEIRAS, CANOS  E TUBOS",13546.0,"CONEXÃO HIDRÁULICA",243109.0,"APLICAÇÃO: INSTALAÇÕES PREDIAIS ÁGUA FRIA, BITOLA: 32 MM, MATERIAL: PVC - CLORETO DE POLIVINILA, TIPO: JOELHO 45°, TIPO FIXAÇÃO: SOLDÁVEL","UN",100.0,1.95,195.0,0.0,"2026-07-02"]
["UNIVERSIDADE FEDERAL DE GOIAS-UF/GO",153052.0,5377.0,"Material","153052-112/2026","SEINFRA E OUTROS - Materiais hidráulicos para instalações prediais","Catálogo do Compras.gov.br","Material",4730.0,"ACESSÓRIOS E FERRAGENS ESPECIAIS PARA  MANGUEIRAS, CANOS  E TUBOS",13546.0,"CONEXÃO HIDRÁULICA",374822.0,"APLICAÇÃO: INSTALAÇÕES PREDIAIS ÁGUA FRIA, BITOLA LADO SOLDÁVEL: 20, MATERIAL: PVC - CLORETO DE POLIVINILA, NORMAS TÉCNICAS: NBR 5648, TIPO: TÊ, TIPO FIXAÇÃO: SOLDÁVEL","UN",50.0,3.29,164.5,0.0,"2026-07-02"]
["UNIVERSIDADE FEDERAL DE GOIAS-UF/GO",153052.0,5378.0,"Material","153052-112/2026","SEINFRA E OUTROS - Materiais hidráulicos para instalações prediais","Catálogo do Compras.gov.br","Material",4730.0,"ACESSÓRIOS E FERRAGENS ESPECIAIS PARA  MANGUEIRAS, CANOS  E TUBOS",13546.0,"CONEXÃO HIDRÁULICA",260149.0,"APLICAÇÃO: INSTALAÇÕES PREDIAIS ÁGUA FRIA, BITOLA: 20 MM X 1/2\", CARACTERÍSTICAS ADICIONAIS: COM BUCHA DE LATÃO, MATERIAL: PVC - CLORETO DE POLIVINILA, TIPO: LUVA, TIPO FIXAÇÃO: SOLDÁVEL","UN",100.0,3.16,316.0,0.0,"2026-07-02"]
["UNIVERSIDADE FEDERAL DE GOIAS-UF/GO",153052.0,5379.0,"Material","153052-112/2026","SEINFRA E OUTROS - Materiais hidráulicos para instalações prediais","Catálogo do Compras.gov.br","Material",4510.0,"DISPOSITIVOS E ACESSÓRIOS PARA INSTALAÇÕES HIDRÁULICAS",13322.0,"VASO SANITÁRIO",233166.0,"CARACTERÍSTICAS ADICIONAIS: ACOPLADO COM DESCARGA, COR: BRANCA, MATERIAL: CERÂMICA","UN",40.0,289.0,11560.0,0.0,"2026-07-02"]
["UNIVERSIDADE FEDERAL DE GOIAS-UF/GO",153052.0,5380.0,"Material","153052-112/2026","SEINFRA E OUTROS - Materiais hidráulicos para instalações prediais","Catálogo do Compras.gov.br","Material",4510.0,"DISPOSITIVOS E ACESSÓRIOS PARA INSTALAÇÕES HIDRÁULICAS",3714.0,"ESPUDE VASO SANITÁRIO",395408.0,"BITOLA: 40, CARACTERÍSTICAS ADICIONAIS: SEM PARAFUSO, MATERIAL: BORRACHA","UN",300.0,11.0,3300.0,0.0,"2026-07-02"]
["UNIVERSIDADE FEDERAL DE GOIAS-UF/GO",153052.0,5381.0,"Material","153052-112/2026","SEINFRA E OUTROS - Materiais hidráulicos para instalações prediais","Catálogo do Compras.gov.br","Material",4730.0,"ACESSÓRIOS E FERRAGENS ESPECIAIS PARA  MANGUEIRAS, CANOS  E TUBOS",13546.0,"CONEXÃO HIDRÁULICA",253695.0,"APLICAÇÃO: REDE HIDRÁULICA E ESGÔTO, BITOLA: 75 MM, MATERIAL: PVC - CLORETO DE POLIVINILA, TIPO: JOELHO 90°, TIPO FIXAÇÃO: SOLDÁVEL","UN",30.0,37.6,1128.0,0.0,"2026-07-02"]
["UNIVERSIDADE FEDERAL DE GOIAS-UF/GO",153052.0,5382.0,"Material","153052-112/2026","SEINFRA E OUTROS - Materiais hidráulicos para instalações prediais","Catálogo do Compras.gov.br","Material",4730.0,"ACESSÓRIOS E FERRAGENS ESPECIAIS PARA  MANGUEIRAS, CANOS  E TUBOS",13546.0,"CONEXÃO HIDRÁULICA",298457.0,"APLICAÇÃO: INSTALAÇÃO SANITÁRIA, BITOLA: 50, CARACTERÍSTICAS ADICIONAIS: COM ANEL PLÁSTICO, MATERIAL: PVC - CLORETO DE POLIVINILA, TIPO: JOELHO 45°, TIPO FIXAÇÃO: SOLDÁVEL","UN",100.0,9.9,990.0,0.0,"2026-07-02"]
["UNIVERSIDADE FEDERAL DE GOIAS-UF/GO",153052.0,5383.0,"Material","153052-112/2026","SEINFRA E OUTROS - Materiais hidráulicos para instalações prediais","Catálogo do Compras.gov.br","Material",4730.0,"ACESSÓRIOS E FERRAGENS ESPECIAIS PARA  MANGUEIRAS, CANOS  E TUBOS",665.0,"BUCHA INSTALAÇÃO PREDIAL ÁGUA FRIA",374478.0,"CARACTERÍSTICAS ADICIONAIS: REDUÇÃO LONGA/BOLSA SOLDÁVEL, DIÂMETRO NOMINAL: 50 X 32, MATERIAL: PVC - CLORETO DE POLIVINILA","UN",50.0,5.0,250.0,0.0,"2026-07-02"]
["UNIVERSIDADE FEDERAL DE GOIAS-UF/GO",153052.0,5384.0,"Material","153052-112/2026","SEINFRA E OUTROS - Materiais hidráulicos para instalações prediais","Catálogo do Compras.gov.br","Material",4730.0,"ACESSÓRIOS E FERRAGENS ESPECIAIS PARA  MANGUEIRAS, CANOS  E TUBOS",13546.0,"CONEXÃO HIDRÁULICA",389648.0,"APLICAÇÃO: INSTALAÇÕES ESGOTO, BITOLA: 40, CARACTERÍSTICAS ADICIONAIS: ANEL DE BORRACHA PARA VEDAÇÃO NAS EXTREMIDADES, MATERIAL: PVC - CLORETO DE POLIVINILA, TIPO: LUVA DE CORRER, TIPO FIXAÇÃO: ENCAIXE","UN",200.0,9.12,1824.0,0.0,"2026-07-02"]
["UNIVERSIDADE FEDERAL DE GOIAS-UF/GO",153052.0,5385.0,"Material","153052-112/2026","SEINFRA E OUTROS - Materiais hidráulicos para instalações prediais","Catálogo do Compras.gov.br","Material",4730.0,"ACESSÓRIOS E FERRAGENS ESPECIAIS PARA  MANGUEIRAS, CANOS  E TUBOS",13546.0,"CONEXÃO HIDRÁULICA",286230.0,"APLICAÇÃO: INSTALAÇÕES PREDIAIS ÁGUA FRIA, BITOLA LADO SOLDÁVEL: 20, CARACTERÍSTICAS ADICIONAIS: COM BUCHA DE LATÃO, MATERIAL: PVC - CLORETO DE POLIVINILA, TIPO: JOELHO DE REDUÇÃO 90°, TIPO FIXAÇÃO: SOLDÁVEL E ROSCÁVEL, BITOLA LADO ROSCÁVEL: 1/2","UN",100.0,3.7,370.0,0.0,"2026-07-02"]
["UNIVERSIDADE FEDERAL DE GOIAS-UF/GO",153052.0,5386.0,"Material","153052-112/2026","SEINFRA E OUTROS - Materiais hidráulicos para instalações prediais","Catálogo do Compras.gov.br","Material",4730.0,"ACESSÓRIOS E FERRAGENS ESPECIAIS PARA  MANGUEIRAS, CANOS  E TUBOS",13546.0,"CONEXÃO HIDRÁULICA",258341.0,"APLICAÇÃO: ENGENHARIA, BITOLA LADO SOLDÁVEL: 20, MATERIAL: PVC - CLORETO DE POLIVINILA, TIPO: JOELHO 90°, TIPO FIXAÇÃO: SOLDÁVEL","UN",50.0,1.0,50.0,0.0,"2026-07-02"]
["UNIVERSIDADE FEDERAL DE GOIAS-UF/GO",153052.0,5387.0,"Material","153052-112/2026","SEINFRA E OUTROS - Materiais hidráulicos para instalações prediais","Catálogo do Compras.gov.br","Material",4730.0,"ACESSÓRIOS E FERRAGENS ESPECIAIS PARA  MANGUEIRAS, CANOS  E TUBOS",13546.0,"CONEXÃO HIDRÁULICA",398761.0,"APLICAÇÃO: INSTALAÇÃO HIDRÁULICA, BITOLA LADO SOLDÁVEL: 50, COR: MARROM, MATERIAL: PVC - CLORETO DE POLIVINILA, NORMAS TÉCNICAS: NBR 5648, TIPO: JOELHO 90°, TIPO FIXAÇÃO: SOLDÁVEL","UN",200.0,7.15,1430.0,0.0,"2026-07-02"]
["UNIVERSIDADE FEDERAL DE GOIAS-UF/GO",153052.0,5388.0,"Material","153052-112/2026","SEINFRA E OUTROS - Materiais hidráulicos para instalações prediais","Catálogo do Compras.gov.br","Material",4710.0,"CANOS E TUBOS",13115.0,"TUBO HIDRÁULICO",323203.0,"APLICAÇÃO: ESGOTO, COR: BRANCA, DIÂMETRO: 150, MATERIAL: PVC RÍGIDO, NORMAS TÉCNICAS: ABNT EB-608, TIPO: PONTA E BOLSA COM VIROLA","UN",20.0,111.61,2232.2,0.0,"2026-07-02"]
["UNIVERSIDADE FEDERAL DE GOIAS-UF/GO",153052.0,5389.0,"Material","153052-112/2026","SEINFRA E OUTROS - Materiais hidráulicos para instalações prediais","Catálogo do Compras.gov.br","Material",4710.0,"CANOS E TUBOS",659.0,"TUBO PVC SOLDÁVEL",366642.0,"APLICAÇÃO: REDE HIDRÁULICA E ESGOTO, CARACTERÍSTICAS ADICIONAIS: PONTA E BOLSA SOLDÁVEL, COMPRIMENTO: 3, COR: BRANCA, DIÂMETRO NOMINAL: 40, MATERIAL: PVC RÍGIDO, TIPO: REFORÇADO","UN",150.0,70.0,10500.0,0.0,"2026-07-02"]
["UNIVERSIDADE FEDERAL DE GOIAS-UF/GO",153052.0,5390.0,"Material","153052-112/2026","SEINFRA E OUTROS - Materiais hidráulicos para instalações prediais","Catálogo do Compras.gov.br","Material",4730.0,"ACESSÓRIOS E FERRAGENS ESPECIAIS PARA  MANGUEIRAS, CANOS  E TUBOS",13546.0,"CONEXÃO HIDRÁULICA",351411.0,"APLICAÇÃO: INSTALAÇÕES PREDIAIS ÁGUA FRIA, BITOLA LADO SOLDÁVEL: 50, MATERIAL: PVC - CLORETO DE POLIVINILA, NORMAS TÉCNICAS: NBR 5648, TIPO: TÊ, TIPO FIXAÇÃO: SOLDÁVEL","UN",100.0,6.44,644.0,0.0,"2026-07-02"]
["UNIVERSIDADE FEDERAL DE GOIAS-UF/GO",153052.0,5391.0,"Material","153052-112/2026","SEINFRA E OUTROS - Materiais hidráulicos para instalações prediais","Catálogo do Compras.gov.br","Material",4510.0,"DISPOSITIVOS E ACESSÓRIOS PARA INSTALAÇÕES HIDRÁULICAS",6002.0,"CUBA",360100.0,"APLICAÇÃO: INSTALAÇÕES HIDRÁULICAS, DIMENSÕES: 560 X 340 X 170, FORMATO: RETANGULAR, MATERIAL: AÇO INOXIDÁVEL, TIPO: EMBUTIR","UN",50.0,150.0,7500.0,0.0,"2026-07-02"]
["UNIVERSIDADE FEDERAL DE GOIAS-UF/GO",153052.0,5392.0,"Material","153052-112/2026","SEINFRA E OUTROS - Materiais hidráulicos para instalações prediais","Catálogo do Compras.gov.br","Material",4710.0,"CANOS E TUBOS",659.0,"TUBO PVC SOLDÁVEL",214736.0,"APLICAÇÃO: HIDRÁULICA, COMPRIMENTO: 6, COMPRIMENTO BOLSA: 70, COR: MARROM, DIÂMETRO NOMINAL: 75, ESPESSURA PAREDES: 4,20, PRESSÃO: 7,50 KGF/CM2 A 20°C","UN",50.0,185.0,9250.0,0.0,"2026-07-02"]
["UNIVERSIDADE FEDERAL DE GOIAS-UF/GO",153052.0,5393.0,"Material","153052-112/2026","SEINFRA E OUTROS - Materiais hidráulicos para instalações prediais","Catálogo do Compras.gov.br","Material",4510.0,"DISPOSITIVOS E ACESSÓRIOS PARA INSTALAÇÕES HIDRÁULICAS",3714.0,"ESPUDE VASO SANITÁRIO",395408.0,"BITOLA: 40, CARACTERÍSTICAS ADICIONAIS: SEM PARAFUSO, MATERIAL: BORRACHA","UN",400.0,2.45,980.0,0.0,"2026-07-02"]
["UNIVERSIDADE FEDERAL DE GOIAS-UF/GO",153052.0,5394.0,"Material","153052-112/2026","SEINFRA E OUTROS - Materiais hidráulicos para instalações prediais","Catálogo do Compras.gov.br","Material",4730.0,"ACESSÓRIOS E FERRAGENS ESPECIAIS PARA  MANGUEIRAS, CANOS  E TUBOS",13546.0,"CONEXÃO HIDRÁULICA",373365.0,"APLICAÇÃO: INSTALAÇÕES PREDIAIS ÁGUA FRIA, BITOLA: 25, MATERIAL: PVC - CLORETO DE POLIVINILA, TIPO: LUVA DE CORRER, TIPO FIXAÇÃO: ANEL BORRACHA","UN",700.0,15.0,10500.0,0.0,"2026-07-02"]
["UNIVERSIDADE FEDERAL DE GOIAS-UF/GO",153052.0,5395.0,"Material","153052-112/2026","SEINFRA E OUTROS - Materiais hidráulicos para instalações prediais","Catálogo do Compras.gov.br","Material",4730.0,"ACESSÓRIOS E FERRAGENS ESPECIAIS PARA  MANGUEIRAS, CANOS  E TUBOS",13546.0,"CONEXÃO HIDRÁULICA",270388.0,"APLICAÇÃO: REDE HIDRÁULICA E ESGOTO, BITOLA LADO SOLDÁVEL: 40, COR: MARROM, MATERIAL: PVC - CLORETO DE POLIVINILA, TIPO: LUVA, TIPO FIXAÇÃO: SOLDÁVEL","UN",100.0,4.93,493.0,0.0,"2026-07-02"]
["UNIVERSIDADE FEDERAL DE GOIAS-UF/GO",153052.0,5396.0,"Material","153052-112/2026","SEINFRA E OUTROS - Materiais hidráulicos para instalações prediais","Catálogo do Compras.gov.br","Material",4820.0,"VÁLVULAS NÃO ACIONADAS POR FORÇA MOTRIZ",14461.0,"REGISTRO ESFERA",615143.0,"APLICAÇÃO: INSTALAÇÃO HIDRÁULICA, BITOLA: 20 MM, CARACTERÍSTICAS ADICIONAIS: TIPO: PASSEIO, FIXAÇÃO: PEAD, MATERIAL: PVC, TIPO: BORBOLETA, TIPO FIXAÇÃO: ENGATE RÁPIDO","UN",100.0,10.19,1019.0,0.0,"2026-07-02"]
["UNIVERSIDADE FEDERAL DE GOIAS-UF/GO",153052.0,5397.0,"Material","153052-112/2026","SEINFRA E OUTROS - Materiais hidráulicos para instalações prediais","Catálogo do Compras.gov.br","Material",4730.0,"ACESSÓRIOS E FERRAGENS ESPECIAIS PARA  MANGUEIRAS, CANOS  E TUBOS",13546.0,"CONEXÃO HIDRÁULICA",304344.0,"APLICAÇÃO: REDE HIDRÁULICA E ESGOTO, BITOLA: 100 MM, MATERIAL: PVC - CLORETO DE POLIVINILA, TIPO: JOELHO 45°, TIPO FIXAÇÃO: SOLDÁVEL","UN",150.0,7.85,1177.5,0.0,"2026-07-02"]
["UNIVERSIDADE FEDERAL DE GOIAS-UF/GO",153052.0,5398.0,"Material","153052-112/2026","SEINFRA E OUTROS - Materiais hidráulicos para instalações prediais","Catálogo do Compras.gov.br","Material",4730.0,"ACESSÓRIOS E FERRAGENS ESPECIAIS PARA  MANGUEIRAS, CANOS  E TUBOS",13546.0,"CONEXÃO HIDRÁULICA",252545.0,"APLICAÇÃO: INSTALAÇÃO SANITÁRIA, BITOLA: 150 MM, MATERIAL: PVC - CLORETO DE POLIVINILA, TIPO: CAP, TIPO FIXAÇÃO: SOLDÁVEL","UN",20.0,15.6,312.0,0.0,"2026-07-02"]
["UNIVERSIDADE FEDERAL DE GOIAS-UF/GO",153052.0,5399.0,"Material","153052-112/2026","SEINFRA E OUTROS - Materiais hidráulicos para instalações prediais","Catálogo do Compras.gov.br","Material",4510.0,"DISPOSITIVOS E ACESSÓRIOS PARA INSTALAÇÕES HIDRÁULICAS",14144.0,"VÁLVULA ESCOAMENTO",319963.0,"APLICAÇÃO: LAVATÓRIO, CARACTERÍSTICAS ADICIONAIS: TAMPÃO, ANEL VEDAÇÃO BORRACHA, FLANGE FIXAÇÃO PVC, COMPONENTES: COM LADRÃO PARA LAVATÓRIO, COR: BRANCA, DIÂMETRO: 1, MATERIAL: PVC","UN",400.0,5.0,2000.0,0.0,"2026-07-02"]
["UNIVERSIDADE FEDERAL DE GOIAS-UF/GO",153052.0,5400.0,"Material","153052-112/2026","SEINFRA E OUTROS - Materiais hidráulicos para instalações prediais","Catálogo do Compras.gov.br","Material",4730.0,"ACESSÓRIOS E FERRAGENS ESPECIAIS PARA  MANGUEIRAS, CANOS  E TUBOS",12519.0,"GRELHA RALO",399027.0,"APLICAÇÃO: INSTALAÇÕES SANITÁRIAS, BITOLA: 150 X 150, CARACTERÍSTICAS ADICIONAIS: COM CAIXILHO, MATERIAL: AÇO INOXIDÁVEL, TIPO: QUADRADO","UN",200.0,30.5,6100.0,0.0,"2026-07-02"]
["UNIVERSIDADE FEDERAL DE GOIAS-UF/GO",153052.0,5401.0,"Material","153052-112/2026","SEINFRA E OUTROS - Materiais hidráulicos para instalações prediais","Catálogo do Compras.gov.br","Material",4710.0,"CANOS E TUBOS",659.0,"TUBO PVC SOLDÁVEL",214735.0,"APLICAÇÃO: HIDRÁULICA, COMPRIMENTO: 6, COMPRIMENTO BOLSA: 60, COR: MARROM, DIÂMETRO NOMINAL: 60, ESPESSURA PAREDES: 3,30, PRESSÃO: 7,50 KGF/CM2 A 20°C","UN",100.0,170.0,17000.0,0.0,"2026-07-02"]
["UNIVERSIDADE FEDERAL DE GOIAS-UF/GO",153052.0,5402.0,"Material","153052-112/2026","SEINFRA E OUTROS - Materiais hidráulicos para instalações prediais","Catálogo do Compras.gov.br","Material",4510.0,"DISPOSITIVOS E ACESSÓRIOS PARA INSTALAÇÕES HIDRÁULICAS",11383.0,"ENGATE HIDRÁULICO",384012.0,"BITOLA: 1/2, CARACTERÍSTICAS ADICIONAIS: MALHA TRNÇADA, COMPRIMENTO: 40, MATERIAL: AÇO INOXIDÁVEL","UN",400.0,13.85,5540.0,0.0,"2026-07-02"]
["UNIVERSIDADE FEDERAL DE GOIAS-UF/GO",153052.0,5403.0,"Material","153052-112/2026","SEINFRA E OUTROS - Materiais hidráulicos para instalações prediais","Catálogo do Compras.gov.br","Material",4510.0,"DISPOSITIVOS E ACESSÓRIOS PARA INSTALAÇÕES HIDRÁULICAS",16221.0,"ACABAMENTO PARA VÁLVULA HIDRÁULICA",406263.0,"APLICAÇÃO: VÁLVULA DESCARGA HYDRA MAX 2550 DECA, MATERIAL: METAL CROMADO, REFERÊNCIA: 4900.990","UN",300.0,74.9,22470.0,0.0,"2026-07-02"]
["UNIVERSIDADE FEDERAL DE GOIAS-UF/GO",153052.0,5404.0,"Material","153052-112/2026","SEINFRA E OUTROS - Materiais hidráulicos para instalações prediais","Catálogo do Compras.gov.br","Material",4510.0,"DISPOSITIVOS E ACESSÓRIOS PARA INSTALAÇÕES HIDRÁULICAS",17465.0,"BRAÇO CHUVEIRO",353339.0,"BITOLA: 1/2, COMPRIMENTO: 40, MATERIAL: PVC","UN",70.0,25.0,1750.0,0.0,"2026-07-02"]
["UNIVERSIDADE FEDERAL DE GOIAS-UF/GO",153052.0,5405.0,"Material","153052-112/2026","SEINFRA E OUTROS - Materiais hidráulicos para instalações prediais","Catálogo do Compras.gov.br","Material",4730.0,"ACESSÓRIOS E FERRAGENS ESPECIAIS PARA  MANGUEIRAS, CANOS  E TUBOS",13546.0,"CONEXÃO HIDRÁULICA",264979.0,"APLICAÇÃO: INSTALAÇÕES PREDIAIS ÁGUA FRIA, BITOLA: 25, COR: MARROM, MATERIAL: PVC - CLORETO DE POLIVINILA, TIPO: TÊ, TIPO FIXAÇÃO: SOLDÁVEL","UN",200.0,4.17,834.0,0.0,"2026-07-02"]
["UNIVERSIDADE FEDERAL DE GOIAS-UF/GO",153052.0,5406.0,"Material","153052-112/2026","SEINFRA E OUTROS - Materiais hidráulicos para instalações prediais","Catálogo do Compras.gov.br","Material",4730.0,"ACESSÓRIOS E FERRAGENS ESPECIAIS PARA  MANGUEIRAS, CANOS  E TUBOS",13546.0,"CONEXÃO HIDRÁULICA",245060.0,"APLICAÇÃO: INSTALAÇÕES PREDIAIS ÁGUA FRIA, BITOLA LADO SOLDÁVEL: 32, CARACTERÍSTICAS ADICIONAIS: COM BUCHA DE LATÃO, MATERIAL: PVC - CLORETO DE POLIVINILA, TIPO: JOELHO DE REDUÇÃO 90°, TIPO FIXAÇÃO: SOLDÁVEL E ROSCÁVEL, BITOLA LADO ROSCÁVEL: 3/4","UN",100.0,9.7,970.0,0.0,"2026-07-02"]
["UNIVERSIDADE FEDERAL DE GOIAS-UF/GO",153052.0,5407.0,"Material","153052-112/2026","SEINFRA E OUTROS - Materiais hidráulicos para instalações prediais","Catálogo do Compras.gov.br","Material",4730.0,"ACESSÓRIOS E FERRAGENS ESPECIAIS PARA  MANGUEIRAS, CANOS  E TUBOS",13546.0,"CONEXÃO HIDRÁULICA",398760.0,"APLICAÇÃO: INSTALAÇÃO HIDRÁULICA, BITOLA LADO SOLDÁVEL: 40, COR: MARROM, MATERIAL: PVC - CLORETO DE POLIVINILA, NORMAS TÉCNICAS: NBR 5648, TIPO: JOELHO 90°, TIPO FIXAÇÃO: SOLDÁVEL","UN",100.0,5.95,595.0,0.0,"2026-07-02"]
["UNIVERSIDADE FEDERAL DE GOIAS-UF/GO",153052.0,5408.0,"Material","153052-112/2026","SEINFRA E OUTROS - Materiais hidráulicos para instalações prediais","Catálogo do Compras.gov.br","Material",5120.0,"FERRAMENTAS MANUAIS SEM CORTE, NÃO ACIONADAS  POR  FORÇA  MOTRIZ",4873.0,"CHAVE COMBINADA",621135.0,"ACABAMENTO: CROMADO, BITOLA: 9/16, CARACTERÍSTICAS ADICIONAIS: INCLINAÇÃO:: BOCA 15º/ESTRELA 10º, PAREDE FINA, MATERIAL: AÇO CROMO VANÁDIO, TIPO: BOCA/UNIT DRIVE","UN",15.0,37.0,555.0,0.0,"2026-07-02"]
["UNIVERSIDADE FEDERAL DE GOIAS-UF/GO",153052.0,5409.0,"Material","153052-112/2026","SEINFRA E OUTROS - Materiais hidráulicos para instalações prediais","Catálogo do Compras.gov.br","Material",5133.0,"BROCAS, ALARGADORES, ESCARIADORES, MANUAIS E PARA USO EM  MÁQUINAS",3879.0,"BROCA",483685.0,"COMPRIMENTO: 66, DIÂMETRO: 10, MATERIAL: METAL DURO, NORMAS TÉCNICAS: DIN 6539, TAMANHO: CURTA, TIPO HASTE: PARALELA","UN",35.0,64.1,2243.5,0.0,"2026-07-02"]
["UNIVERSIDADE FEDERAL DE GOIAS-UF/GO",153052.0,5410.0,"Material","153052-112/2026","SEINFRA E OUTROS - Materiais hidráulicos para instalações prediais","Catálogo do Compras.gov.br","Material",7240.0,"RECEPIENTES PARA USO DOMÉSTICO E COMERCIAL",3255.0,"DISPENSER HIGIENIZADOR",404651.0,"APLICAÇÃO: MÃOS, CAPACIDADE: 800, CARACTERÍSTICAS ADICIONAIS: VISOR FRONTAL PARA ÁLCOOL GEL OU SABONETE LÍQUIDO, COR: BRANCA, MATERIAL: PLÁSTICO ABS, TIPO FIXAÇÃO: PAREDE","UN",400.0,31.8,12720.0,0.0,"2026-07-02"]
["UNIVERSIDADE FEDERAL DE GOIAS-UF/GO",153052.0,5411.0,"Material","153052-112/2026","SEINFRA E OUTROS - Materiais hidráulicos para instalações prediais","Catálogo do Compras.gov.br","Material",5365.0,"ANÉIS, BUCHAS E ESPAÇADORES",3945.0,"BUCHA REDUÇÃO",343951.0,"BITOLA: 3/4 X 1/2, CARACTERÍSTICAS ADICIONAIS: COM ROSCA, COR: BRANCA, MATERIAL: PVC RÍGIDO","UN",60.0,1.95,117.0,0.0,"2026-07-02"]
["UNIVERSIDADE FEDERAL DE GOIAS-UF/GO",153052.0,5412.0,"Material","153052-112/2026","SEINFRA E OUTROS - Materiais hidráulicos para instalações prediais","Catálogo do Compras.gov.br","Material",5330.0,"GAXETAS E OUTROS MATERIAIS PARA VEDAÇÃO",13333.0,"VEDANTE TORNEIRA",242664.0,"BITOLA: 3/4, MATERIAL: PVC","UN",400.0,0.4,160.0,0.0,"2026-07-02"]
["UNIVERSIDADE FEDERAL DE GOIAS-UF/GO",153052.0,5413.0,"Material","153052-112/2026","SEINFRA E OUTROS - Materiais hidráulicos para instalações prediais","Catálogo do Compras.gov.br","Material",5133.0,"BROCAS, ALARGADORES, ESCARIADORES, MANUAIS E PARA USO EM  MÁQUINAS",3879.0,"BROCA",477933.0,"COMPRIMENTO: 102, DIÂMETRO: 12, MATERIAL: METAL DURO, TAMANHO: CURTA, TIPO HASTE: PARALELA","UN",35.0,64.1,2243.5,0.0,"2026-07-02"]
["UNIVERSIDADE FEDERAL DE GOIAS-UF/GO",153052.0,5414.0,"Material","153052-112/2026","SEINFRA E OUTROS - Materiais hidráulicos para instalações prediais","Catálogo do Compras.gov.br","Material",5140.0,"CAIXAS PARA FERRAMENTAS E FERRAGENS",697.0,"BOLSA FERRAMENTA",621541.0,"ALTURA: 240, CARACTERÍSTICAS ADICIONAIS: 22 DIVISÕES/BOLSOS,12 INTERNA E 10 EXTERNA, COMPRIMENTO: 430, COR: PRETA E AMARELA, LARGURA: 300, MATERIAL: LONA, MATERIAL ARMAÇÃO: METAL, MATERIAL FUNDO: PLÁSTICO REFORÇADO, TIPO: IMPERMEÁVEL","UN",40.0,300.0,12000.0,0.0,"2026-07-02"]
["UNIVERSIDADE FEDERAL DE GOIAS-UF/GO",153052.0,5415.0,"Material","153052-112/2026","SEINFRA E OUTROS - Materiais hidráulicos para instalações prediais","Catálogo do Compras.gov.br","Material",5120.0,"FERRAMENTAS MANUAIS SEM CORTE, NÃO ACIONADAS  POR  FORÇA  MOTRIZ",4873.0,"CHAVE COMBINADA",621135.0,"ACABAMENTO: CROMADO, BITOLA: 9/16, CARACTERÍSTICAS ADICIONAIS: INCLINAÇÃO:: BOCA 15º/ESTRELA 10º, PAREDE FINA, MATERIAL: AÇO CROMO VANÁDIO, TIPO: BOCA/UNIT DRIVE","UN",15.0,13.0,195.0,0.0,"2026-07-02"]
["UNIVERSIDADE FEDERAL DE GOIAS-UF/GO",153052.0,5416.0,"Material","153052-112/2026","SEINFRA E OUTROS - Materiais hidráulicos para instalações prediais","Catálogo do Compras.gov.br","Material",5330.0,"GAXETAS E OUTROS MATERIAIS PARA VEDAÇÃO",13333.0,"VEDANTE TORNEIRA",304551.0,"BITOLA: 1/2, MATERIAL: PLÁSTICO","UN",400.0,0.5,200.0,0.0,"2026-07-02"]
["UNIVERSIDADE FEDERAL DE GOIAS-UF/GO",153052.0,5417.0,"Material","153052-112/2026","SEINFRA E OUTROS - Materiais hidráulicos para instalações prediais","Catálogo do Compras.gov.br","Material",5133.0,"BROCAS, ALARGADORES, ESCARIADORES, MANUAIS E PARA USO EM  MÁQUINAS",3879.0,"BROCA",477970.0,"COMPRIMENTO: 79, DIÂMETRO: 8, MATERIAL: METAL DURO, TIPO HASTE: CILÍNDRICA","UN",35.0,64.1,2243.5,0.0,"2026-07-02"]
["UNIVERSIDADE FEDERAL DE GOIAS-UF/GO",153052.0,5418.0,"Material","153052-112/2026","SEINFRA E OUTROS - Materiais hidráulicos para instalações prediais","Catálogo do Compras.gov.br","Material",5330.0,"GAXETAS E OUTROS MATERIAIS PARA VEDAÇÃO",7612.0,"FITA VEDA ROSCA",615103.0,"COMPRIMENTO: 50, LARGURA: 18, MATERIAL: PTFE","UN",700.0,6.0,4200.0,0.0,"2026-07-02"]
["UNIVERSIDADE FEDERAL DE GOIAS-UF/GO",153052.0,5419.0,"Material","153052-112/2026","SEINFRA E OUTROS - Materiais hidráulicos para instalações prediais","Catálogo do Compras.gov.br","Material",8030.0,"COMPOSTOS PRESERVATIVOS E VEDANTES",11212.0,"PRIMER",291914.0,"APLICAÇÃO: METAIS NÃO FERROSOS/VIDRO/FIBRA DE VIDRO/AZULEJOS/, COMPONENTE BÁSICO: CATALIZADOR BICOMPONENTE, COR: BRANCO FOSCO, FINALIDADE: ACABAMENTO SUPERFÍCIE NÃO FERROSAS","FR",60.0,36.08,2164.8,0.0,"2026-07-02"]
["UNIVERSIDADE FEDERAL DE GOIAS-UF/GO",153052.0,5420.0,"Material","153052-112/2026","SEINFRA E OUTROS - Materiais hidráulicos para instalações prediais","Catálogo do Compras.gov.br","Material",5120.0,"FERRAMENTAS MANUAIS SEM CORTE, NÃO ACIONADAS  POR  FORÇA  MOTRIZ",14429.0,"CHAVE AJUSTÁVEL",386810.0,"ACABAMENTO SUPERFICIAL: CROMADO, MATERIAL: AÇO, TAMANHO: 14, TIPO: GRIFO","UN",10.0,55.0,550.0,0.0,"2026-07-02"]
["UNIVERSIDADE FEDERAL DE GOIAS-UF/GO",153052.0,5421.0,"Material","153052-112/2026","SEINFRA E OUTROS - Materiais hidráulicos para instalações prediais","Catálogo do Compras.gov.br","Material",5120.0,"FERRAMENTAS MANUAIS SEM CORTE, NÃO ACIONADAS  POR  FORÇA  MOTRIZ",14823.0,"ALICATE BOMBA D'ÁGUA",616094.0,"ABERTURA DA BOCA: 10, AJUSTE: MANDÍBULAS PARALELAS, CARACTERÍSTICAS ADICIONAIS: MORDENTES COM ESTRIAS PROFUNDAS, MATERIAL: AÇO VANÁDIO, TRATAMENTO SUPERFICIAL: CROMADO","UN",15.0,78.02,1170.3,0.0,"2026-07-02"]
["UNIVERSIDADE FEDERAL DE GOIAS-UF/GO",153052.0,5422.0,"Material","153052-112/2026","SEINFRA E OUTROS - Materiais hidráulicos para instalações prediais","Catálogo do Compras.gov.br","Material",5120.0,"FERRAMENTAS MANUAIS SEM CORTE, NÃO ACIONADAS  POR  FORÇA  MOTRIZ",14637.0,"JOGO CHAVE",602695.0,"CARACTERÍSTICAS ADICIONAIS: CERTIFICAÇÃO PARA USO EM 1000 VOLTS. COM MALETA DE, MATERIAL: AÇO CROMO VANÁDIO, QUANTIDADE PEÇAS: FENDA: 05 + PHILLIPS: 02, TAMANHO: FENDA (1/8X2 3/4, 1/8X4, 5/32X4, 7/32X5, 9/32X6,, TIPO: JOGO DE CHAVE FENDA E PHILIPS","UN",20.0,50.0,1000.0,0.0,"2026-07-02"]
["UNIVERSIDADE FEDERAL DE GOIAS-UF/GO",153052.0,5423.0,"Material","153052-112/2026","SEINFRA E OUTROS - Materiais hidráulicos para instalações prediais","Catálogo do Compras.gov.br","Material",5133.0,"BROCAS, ALARGADORES, ESCARIADORES, MANUAIS E PARA USO EM  MÁQUINAS",3879.0,"BROCA",477884.0,"APLICAÇÃO: MATERIAL FERROSO EM GERAL, COMPRIMENTO: 66, DIÂMETRO: 6, MATERIAL: METAL DURO, NORMAS TÉCNICAS: DIN 6539, TAMANHO: CURTA, TIPO HASTE: PARALELA","UN",35.0,64.1,2243.5,0.0,"2026-07-02"]
["UNIVERSIDADE FEDERAL DE GOIAS-UF/GO",153052.0,5424.0,"Material","153052-112/2026","SEINFRA E OUTROS - Materiais hidráulicos para instalações prediais","Catálogo do Compras.gov.br","Material",5180.0,"JOGOS E CONJUNTOS DE FERRAMENTAS MANUAIS",14636.0,"CONJUNTO FERRAMENTAS",453214.0,"APLICAÇÃO: MOLAS HELICOIDAL, BOMBA HIDRÁULICA, COLUNA DIREÇÃO, CARACTERÍSTICAS ADICIONAIS: CAPACIDADE COMPRESSÃO ENTRE 2 A 4 TONELADAS, COMPONENTES: ENCOLHEDOR DE MOLA HIDRÁULICO","UN",5.0,78.0,390.0,0.0,"2026-07-02"]
["UNIVERSIDADE FEDERAL DE GOIAS-UF/GO",153052.0,5425.0,"Material","153052-112/2026","SEINFRA E OUTROS - Materiais hidráulicos para instalações prediais","Catálogo do Compras.gov.br","Material",7240.0,"RECEPIENTES PARA USO DOMÉSTICO E COMERCIAL",2826.0,"DISPENSER PAPEL TOALHA",614553.0,"COR: BRANCA, DIMENSÕES: 345 X 290 X 200, MATERIAL: PLÁSTICO ABS, TIPO: SEMIAUTOMÁTICO","UN",400.0,55.0,22000.0,0.0,"2026-07-02"]
["UNIVERSIDADE FEDERAL DE GOIAS-UF/GO",153052.0,5426.0,"Material","153052-112/2026","SEINFRA E OUTROS - Materiais hidráulicos para instalações prediais","Catálogo do Compras.gov.br","Material",5365.0,"ANÉIS, BUCHAS E ESPAÇADORES",3945.0,"BUCHA REDUÇÃO",345229.0,"BITOLA: 1 1/2 X 1, CARACTERÍSTICAS ADICIONAIS: ROSQUEÁVEL, COR: BRANCA, MATERIAL: PVC","UN",40.0,2.8,112.0,0.0,"2026-07-02"]
["UNIVERSIDADE FEDERAL DE GOIAS-UF/GO",153052.0,5427.0,"Material","153052-112/2026","SEINFRA E OUTROS - Materiais hidráulicos para instalações prediais","Catálogo do Compras.gov.br","Material",5120.0,"FERRAMENTAS MANUAIS SEM CORTE, NÃO ACIONADAS  POR  FORÇA  MOTRIZ",4873.0,"CHAVE COMBINADA",621135.0,"ACABAMENTO: CROMADO, BITOLA: 9/16, CARACTERÍSTICAS ADICIONAIS: INCLINAÇÃO:: BOCA 15º/ESTRELA 10º, PAREDE FINA, MATERIAL: AÇO CROMO VANÁDIO, TIPO: BOCA/UNIT DRIVE","UN",15.0,13.0,195.0,0.0,"2026-07-02"]
["UNIVERSIDADE FEDERAL DE GOIAS-UF/GO",153052.0,5428.0,"Material","153052-112/2026","SEINFRA E OUTROS - Materiais hidráulicos para instalações prediais","Catálogo do Compras.gov.br","Material",5330.0,"GAXETAS E OUTROS MATERIAIS PARA VEDAÇÃO",552.0,"ANEL VEDAÇÃO",367406.0,"CARACTERÍSTICAS ADICIONAIS: VASO SANITÁRIO, MATERIAL: MASSA EMBORRACHADA","UN",100.0,14.0,1400.0,0.0,"2026-07-02"]
["UNIVERSIDADE FEDERAL DE GOIAS-UF/GO",153052.0,5429.0,"Material","153052-112/2026","SEINFRA E OUTROS - Materiais hidráulicos para instalações prediais","Catálogo do Compras.gov.br","Material",5365.0,"ANÉIS, BUCHAS E ESPAÇADORES",3945.0,"BUCHA REDUÇÃO",333260.0,"BITOLA: 2\" X 1.1/2, CARACTERÍSTICAS ADICIONAIS: SOLDÁVEL, COR: BRANCA, MATERIAL: PVC RÍGIDO","UN",30.0,4.0,120.0,0.0,"2026-07-02"]
["UNIVERSIDADE FEDERAL DE GOIAS-UF/GO",153052.0,5430.0,"Material","153052-112/2026","SEINFRA E OUTROS - Materiais hidráulicos para instalações prediais","Catálogo do Compras.gov.br","Material",7240.0,"RECEPIENTES PARA USO DOMÉSTICO E COMERCIAL",16554.0,"DISPENSER PAPEL HIGIÊNICO",600953.0,"ALTURA: 28, CARACTERÍSTICAS ADICIONAIS: MODELO REDONDO PARA ROLO ATÉ 600M,COM CHAVE, COR: BRANCO, LARGURA: 27, MATERIAL BASE: PLÁSTICO ABS, MATERIAL TAMPA: PLASTICO ABS, PROFUNDIDADE: 13, TIPO: DE PAREDE","UN",800.0,56.0,44800.0,0.0,"2026-07-02"]
["UNIVERSIDADE FEDERAL DE GOIAS-UF/GO",153052.0,5431.0,"Material","153052-112/2026","SEINFRA E OUTROS - Materiais hidráulicos para instalações prediais","Catálogo do Compras.gov.br","Material",4010.0,"CORRENTES E CABOS DE AÇO",4010.0,"CABO AÇO",392035.0,"APLICAÇÃO: REDE ESGOTO, BITOLA: 10, CARACTERÍSTICAS ADICIONAIS: PARA MÁQUINA DESENTUPIDORA RIKO RK-25, COMPRIMENTO: 12, TIPO: ESPIRALADO","UN",4.0,110.0,440.0,0.0,"2026-07-02"]
["UNIVERSIDADE FEDERAL DE GOIAS-UF/GO",153052.0,5432.0,"Material","153052-112/2026","SEINFRA E OUTROS - Materiais hidráulicos para instalações prediais","Catálogo do Compras.gov.br","Material",5110.0,"FERRAMENTAS MANUAIS DE CORTE, NÃO ACIONADAS POR FORÇA MOTRIZ",695.0,"ARCO SERRA",311040.0,"CARACTERÍSTICAS ADICIONAIS: PROFUNDIDADE DE CORTE DE 90 MM, LÂMINA SERRA: STANDARD 12 POLEGADAS, MATERIAL CABO: POLIPROPILENO, TIPO: REGULÁVEL, TRATAMENTO SUPERFICIAL: NIQUELADO, TAMANHO: 12","UN",4.0,36.49,145.96,0.0,"2026-07-02"]
["UNIVERSIDADE FEDERAL DE GOIAS-UF/GO",153052.0,5433.0,"Material","153052-112/2026","SEINFRA E OUTROS - Materiais hidráulicos para instalações prediais","Catálogo do Compras.gov.br","Material",5120.0,"FERRAMENTAS MANUAIS SEM CORTE, NÃO ACIONADAS  POR  FORÇA  MOTRIZ",14637.0,"JOGO CHAVE",468765.0,"APLICAÇÃO: CONSERTOS EM GERAL, COMPONENTES: T10, T15, T20, T25, T27, T30, T40, T45, T50, COR: PRETA, MATERIAL: AÇO CROMO VANÁDIO, MODELO: \"L\", QUANTIDADE PEÇAS: 9, TIPO: ALLEN","UN",2.0,62.63,125.26,0.0,"2026-07-02"]
["UNIVERSIDADE FEDERAL DE GOIAS-UF/GO",153052.0,5434.0,"Material","153052-112/2026","SEINFRA E OUTROS - Materiais hidráulicos para instalações prediais","Catálogo do Compras.gov.br","Material",5110.0,"FERRAMENTAS MANUAIS DE CORTE, NÃO ACIONADAS POR FORÇA MOTRIZ",12036.0,"SERRA COPO",380445.0,"CARACTERÍSTICAS ADICIONAIS: COM HASTE DIAMANTADA, DIÂMETRO: 1 1/4, MATERIAL: AÇO RÁPIDO BIMETAL","UN",6.0,34.82,208.92,0.0,"2026-07-02"]
["UNIVERSIDADE FEDERAL DE GOIAS-UF/GO",153052.0,5435.0,"Material","153052-112/2026","SEINFRA E OUTROS - Materiais hidráulicos para instalações prediais","Catálogo do Compras.gov.br","Material",5110.0,"FERRAMENTAS MANUAIS DE CORTE, NÃO ACIONADAS POR FORÇA MOTRIZ",691.0,"ALICATE BICO MEIA CANA RETO COM CORTE",354432.0,"COMPRIMENTO: 5, MATERIAL: FORJADO EM AÇO CROMO VANÁDIO, MATERIAL CABO: PLÁSTICO, TIPO CORTE: CORTE LATERAL","UN",10.0,144.93,1449.3,0.0,"2026-07-02"]
["UNIVERSIDADE FEDERAL DE GOIAS-UF/GO",153052.0,5436.0,"Material","153052-112/2026","SEINFRA E OUTROS - Materiais hidráulicos para instalações prediais","Catálogo do Compras.gov.br","Material",5140.0,"CAIXAS PARA FERRAMENTAS E FERRAGENS",697.0,"BOLSA FERRAMENTA",432052.0,"ALTURA: 300, CARACTERÍSTICAS ADICIONAIS: 22 DIVISÕES/BOLSOS,12 INTERNA E 10 EXTERNA, COMPRIMENTO: 450, COR: PRETA E AMARELA, LARGURA: 200, MATERIAL: LONA, MATERIAL ARMAÇÃO: METAL, MATERIAL FUNDO: PLÁSTICO REFORÇADO, TIPO: IMPERMEÁVEL","UN",4.0,344.64,1378.56,0.0,"2026-07-02"]
["UNIVERSIDADE FEDERAL DE GOIAS-UF/GO",153052.0,5537.0,"Material","153052-111/2026","SEINFRA - Tintas e componentes para pintura predial","Catálogo do Compras.gov.br","Material",5640.0,"PAINEL DE PAPELÃO,PAPEL EMPREGADO EM CONSTRUÇÃO E MATERIAIS DE ISOLAMENTO TÉRMICO",7991.0,"PLACA DE GESSO ACARTONADO",383810.0,"COMPRIMENTO: 1,80, COR: BRANCA, ESPESSURA: 1,25, LARGURA: 1,20","UN",50.0,70.0,3500.0,0.0,"2026-07-02"]
["UNIVERSIDADE FEDERAL DE GOIAS-UF/GO",153052.0,5538.0,"Material","153052-111/2026","SEINFRA - Tintas e componentes para pintura predial","Catálogo do Compras.gov.br","Material",5120.0,"FERRAMENTAS MANUAIS SEM CORTE, NÃO ACIONADAS  POR  FORÇA  MOTRIZ",6084.0,"DESEMPENADEIRA MANUAL",448856.0,"APLICAÇÃO: SERVIÇOS DE OBRAS, CARACTERÍSTICAS ADICIONAIS: LISA, COMPRIMENTO: 29, LARGURA: 12, MATERIAL: AÇO","UN",40.0,35.0,1400.0,0.0,"2026-07-02"]
["UNIVERSIDADE FEDERAL DE GOIAS-UF/GO",153052.0,5539.0,"Material","153052-111/2026","SEINFRA - Tintas e componentes para pintura predial","Catálogo do Compras.gov.br","Material",5120.0,"FERRAMENTAS MANUAIS SEM CORTE, NÃO ACIONADAS  POR  FORÇA  MOTRIZ",1569.0,"ESPÁTULA",449205.0,"APLICAÇÃO: MASSA E RASPAGEM, MATERIAL CABO: PLÁSTICO, MATERIAL LÂMINA: AÇO GALVANIZADO, COMPRIMENTO: 130, LARGURA: 12","UN",40.0,20.0,800.0,0.0,"2026-07-02"]
["UNIVERSIDADE FEDERAL DE GOIAS-UF/GO",153052.0,5540.0,"Material","153052-111/2026","SEINFRA - Tintas e componentes para pintura predial","Catálogo do Compras.gov.br","Material",5350.0,"MATERIAIS ABRASIVOS",585.0,"LIXA",311547.0,"APRESENTAÇÃO: FOLHA, TIPO: LIXA FERRO, TIPO GRÃO: 100","UN",300.0,1.15,345.0,0.0,"2026-07-02"]
["UNIVERSIDADE FEDERAL DE GOIAS-UF/GO",153052.0,5541.0,"Material","153052-111/2026","SEINFRA - Tintas e componentes para pintura predial","Catálogo do Compras.gov.br","Material",5350.0,"MATERIAIS ABRASIVOS",585.0,"LIXA",313006.0,"APRESENTAÇÃO: FOLHA, COMPRIMENTO: 23, LARGURA: 28, TIPO: LIXA FERRO, TIPO GRÃO: 120","UN",300.0,1.3,390.0,0.0,"2026-07-02"]
["UNIVERSIDADE FEDERAL DE GOIAS-UF/GO",153052.0,5542.0,"Material","153052-111/2026","SEINFRA - Tintas e componentes para pintura predial","Catálogo do Compras.gov.br","Material",5350.0,"MATERIAIS ABRASIVOS",585.0,"LIXA",333204.0,"APLICAÇÃO: PAREDE, APRESENTAÇÃO: FOLHA, MATERIAL: ÓXIDO ALUMÍNIO, TIPO: LIXA MASSA, TIPO GRÃO: 100","UN",600.0,1.4,840.0,0.0,"2026-07-02"]
["UNIVERSIDADE FEDERAL DE GOIAS-UF/GO",153052.0,5543.0,"Material","153052-111/2026","SEINFRA - Tintas e componentes para pintura predial","Catálogo do Compras.gov.br","Material",5350.0,"MATERIAIS ABRASIVOS",585.0,"LIXA",213815.0,"APRESENTAÇÃO: FOLHA, COMPRIMENTO: 275, DIÂMETRO: NÃO APLICÁVEL, LARGURA: 225, MATERIAL: ÓXIDO ALUMÍNIO, TIPO: LIXA MASSA, TIPO GRÃO: 100, ESPESSURA: NÃO APLICÁVEL","UN",600.0,1.15,690.0,0.0,"2026-07-02"]
["UNIVERSIDADE FEDERAL DE GOIAS-UF/GO",153052.0,5544.0,"Material","153052-111/2026","SEINFRA - Tintas e componentes para pintura predial","Catálogo do Compras.gov.br","Material",5350.0,"MATERIAIS ABRASIVOS",585.0,"LIXA",213815.0,"APRESENTAÇÃO: FOLHA, COMPRIMENTO: 275, DIÂMETRO: NÃO APLICÁVEL, LARGURA: 225, MATERIAL: ÓXIDO ALUMÍNIO, TIPO: LIXA MASSA, TIPO GRÃO: 100, ESPESSURA: NÃO APLICÁVEL","UN",800.0,1.3,1040.0,0.0,"2026-07-02"]
["UNIVERSIDADE FEDERAL DE GOIAS-UF/GO",153052.0,5545.0,"Material","153052-111/2026","SEINFRA - Tintas e componentes para pintura predial","Catálogo do Compras.gov.br","Material",5350.0,"MATERIAIS ABRASIVOS",585.0,"LIXA",213815.0,"APRESENTAÇÃO: FOLHA, COMPRIMENTO: 275, DIÂMETRO: NÃO APLICÁVEL, LARGURA: 225, MATERIAL: ÓXIDO ALUMÍNIO, TIPO: LIXA MASSA, TIPO GRÃO: 100, ESPESSURA: NÃO APLICÁVEL","UN",600.0,1.35,810.0,0.0,"2026-07-02"]
["UNIVERSIDADE FEDERAL DE GOIAS-UF/GO",153052.0,5546.0,"Material","153052-111/2026","SEINFRA - Tintas e componentes para pintura predial","Catálogo do Compras.gov.br","Material",5350.0,"MATERIAIS ABRASIVOS",585.0,"LIXA",213815.0,"APRESENTAÇÃO: FOLHA, COMPRIMENTO: 275, DIÂMETRO: NÃO APLICÁVEL, LARGURA: 225, MATERIAL: ÓXIDO ALUMÍNIO, TIPO: LIXA MASSA, TIPO GRÃO: 100, ESPESSURA: NÃO APLICÁVEL","UN",400.0,1.2,480.0,0.0,"2026-07-02"]
["UNIVERSIDADE FEDERAL DE GOIAS-UF/GO",153052.0,5547.0,"Material","153052-111/2026","SEINFRA - Tintas e componentes para pintura predial","Catálogo do Compras.gov.br","Material",5350.0,"MATERIAIS ABRASIVOS",585.0,"LIXA",397070.0,"APLICAÇÃO: AUTOMOTIVO, MATERIAL: PAPEL, TIPO: LIXA D'ÁGUA, TIPO GRÃO: 80","UN",800.0,1.5,1200.0,0.0,"2026-07-02"]
["UNIVERSIDADE FEDERAL DE GOIAS-UF/GO",153052.0,5548.0,"Material","153052-111/2026","SEINFRA - Tintas e componentes para pintura predial","Catálogo do Compras.gov.br","Material",5350.0,"MATERIAIS ABRASIVOS",585.0,"LIXA",329586.0,"APRESENTAÇÃO: FOLHA, COMPRIMENTO: 275, LARGURA: 225, MATERIAL: PAPEL, TIPO: LIXA MADEIRA, TIPO GRÃO: 100","UN",500.0,2.2,1100.0,0.0,"2026-07-02"]
["UNIVERSIDADE FEDERAL DE GOIAS-UF/GO",153052.0,5549.0,"Material","153052-111/2026","SEINFRA - Tintas e componentes para pintura predial","Catálogo do Compras.gov.br","Material",5350.0,"MATERIAIS ABRASIVOS",585.0,"LIXA",290512.0,"COMPRIMENTO: 275, LARGURA: 225, MATERIAL: PAPEL, TIPO: LIXA MADEIRA, TIPO GRÃO: 160","UN",200.0,2.1,420.0,0.0,"2026-07-02"]
["UNIVERSIDADE FEDERAL DE GOIAS-UF/GO",153052.0,5550.0,"Material","153052-111/2026","SEINFRA - Tintas e componentes para pintura predial","Catálogo do Compras.gov.br","Material",5350.0,"MATERIAIS ABRASIVOS",585.0,"LIXA",297157.0,"APRESENTAÇÃO: FOLHA, MATERIAL: PAPEL, TIPO: LIXA MASSA, TIPO GRÃO: 280","UN",100.0,2.1,210.0,0.0,"2026-07-02"]
["UNIVERSIDADE FEDERAL DE GOIAS-UF/GO",153052.0,5551.0,"Material","153052-111/2026","SEINFRA - Tintas e componentes para pintura predial","Catálogo do Compras.gov.br","Material",5365.0,"ANÉIS, BUCHAS E ESPAÇADORES",634.0,"BUCHA PARAFUSO",318018.0,"MATERIAL: PLÁSTICO, TAMANHO: S-6","UN",30.0,30.0,900.0,0.0,"2026-07-02"]
["UNIVERSIDADE FEDERAL DE GOIAS-UF/GO",153052.0,5552.0,"Material","153052-111/2026","SEINFRA - Tintas e componentes para pintura predial","Catálogo do Compras.gov.br","Material",4020.0,"CABOS DE FIBRA, CORDOALHAS E BARBANTES",3324.0,"BARBANTE",451744.0,"COR: NATURAL, DIÂMETRO: 3, MATERIAL: SISAL","KG",40.0,25.0,1000.0,0.0,"2026-07-02"]
["UNIVERSIDADE FEDERAL DE GOIAS-UF/GO",153052.0,5437.0,"Material","153052-111/2026","SEINFRA - Tintas e componentes para pintura predial","Catálogo do Compras.gov.br","Material",8010.0,"TINTAS, VERNIZES E PRODUTOS CORRELATOS",1480.0,"CORANTE TINTA",223238.0,"ASPECTO FÍSICO: LÍQUIDO, COR: PRETA, TIPO USO: TINTA LÁTEX/PVA/ACRÍLICA/BASE ÁGUA/ARGAMASSA/CERA","UN",300.0,4.73,1419.0,0.0,"2026-07-02"]
["UNIVERSIDADE FEDERAL DE GOIAS-UF/GO",153052.0,5438.0,"Material","153052-111/2026","SEINFRA - Tintas e componentes para pintura predial","Catálogo do Compras.gov.br","Material",8010.0,"TINTAS, VERNIZES E PRODUTOS CORRELATOS",12733.0,"TINTA BASE ÁGUA",293547.0,"ASPECTO FÍSICO: LÍQUIDO, COMPOSIÇÃO BÁSICA: ÁGUA E EMULSÃO ACRÍLICA, COR: AMARELO OURO, TIPO ACABAMENTO: FOSCO, APLICAÇÃO: INTERNA E EXTERNA, SUPERFÍCIE APLICAÇÃO: PISO, MÉTODO APLICAÇÃO: ROLO / PINCEL","LT",50.0,210.0,10500.0,0.0,"2026-07-02"]
["UNIVERSIDADE FEDERAL DE GOIAS-UF/GO",153052.0,5439.0,"Material","153052-111/2026","SEINFRA - Tintas e componentes para pintura predial","Catálogo do Compras.gov.br","Material",6850.0,"ESPECIALIDADES QUÍMICAS DIVERSAS",4697.0,"CATALISADOR",464805.0,"APLICAÇÃO: TINTA ESMALTE SINTÉTICO, ASPECTO FÍSICO: LÍQUIDO, CARACTERÍSTICAS ADICIONAIS: SECAGEM RÁPIDA, COR: INCOLOR","UN",350.0,30.0,10500.0,0.0,"2026-07-02"]
["UNIVERSIDADE FEDERAL DE GOIAS-UF/GO",153052.0,5440.0,"Material","153052-111/2026","SEINFRA - Tintas e componentes para pintura predial","Catálogo do Compras.gov.br","Material",7230.0,"TAPEÇARIAS, CORTINAS E PERSIANAS",759.0,"FORRO GESSO",351167.0,"APLICAÇÃO: FORRO, APRESENTAÇÃO: PLACA LISA, COMPRIMENTO: 60, ESPESSURA: 12, LARGURA: 60, MATERIAL: SULFATO DE CÁLCIO","UN",30.0,17.0,510.0,0.0,"2026-07-02"]
["UNIVERSIDADE FEDERAL DE GOIAS-UF/GO",153052.0,5441.0,"Material","153052-111/2026","SEINFRA - Tintas e componentes para pintura predial","Catálogo do Compras.gov.br","Material",8010.0,"TINTAS, VERNIZES E PRODUTOS CORRELATOS",1501.0,"TINTA ACRÍLICA",307480.0,"ASPECTO FÍSICO: LÍQUIDO VISCOSO, CARACTERÍSTICAS ADICIONAIS: RENDIMENTO 25 A 35 M2 POR DEMÃO/PINTURA EXTERNA/IN, COMPONENTES: RESINA A BASE DE DISPERSÃO AQUOSA DE COPOLÍMERO,, COR: CONCRETO, TIPO ACABAMENTO: FOSCO, PRAZO VALIDADE: 24, APLICAÇÃO: PISOS EM GERAL, MÉTODO APLICAÇÃO: ROLO/PINCEL E PISTOLA","LT",80.0,210.0,16800.0,0.0,"2026-07-02"]
["UNIVERSIDADE FEDERAL DE GOIAS-UF/GO",153052.0,5442.0,"Material","153052-111/2026","SEINFRA - Tintas e componentes para pintura predial","Catálogo do Compras.gov.br","Material",8010.0,"TINTAS, VERNIZES E PRODUTOS CORRELATOS",12735.0,"TINTA ARTÍSTICA",237489.0,"APLICAÇÃO: ARTESANATOS, ROUPAS/TECIDOS, ARRANJOS FLORES SECAS, COMPOSIÇÃO: A BASE DE RESINA ACRÍLICA, COR: AZUL, TIPO: GLITTER, TIPO ACABAMENTO: TRANSLÚCIDO","FR",100.0,14.9,1490.0,0.0,"2026-07-02"]
["UNIVERSIDADE FEDERAL DE GOIAS-UF/GO",153052.0,5443.0,"Material","153052-111/2026","SEINFRA - Tintas e componentes para pintura predial","Catálogo do Compras.gov.br","Material",8010.0,"TINTAS, VERNIZES E PRODUTOS CORRELATOS",12735.0,"TINTA ARTÍSTICA",326450.0,"APLICAÇÃO: METAL, APRESENTAÇÃO: SPRAY, CARACTERÍSTICAS ADICIONAIS: ACETONA COM PIGMENTOS METÁLICOS, JATO DIRETO, COMPOSIÇÃO: A BASE DE RESINA ACRÍLICA, COR: CINZA, TIPO: SECAGEM RÁPIDA","FR",100.0,14.9,1490.0,0.0,"2026-07-02"]
["UNIVERSIDADE FEDERAL DE GOIAS-UF/GO",153052.0,5444.0,"Material","153052-111/2026","SEINFRA - Tintas e componentes para pintura predial","Catálogo do Compras.gov.br","Material",8010.0,"TINTAS, VERNIZES E PRODUTOS CORRELATOS",1480.0,"CORANTE TINTA",223236.0,"ASPECTO FÍSICO: LÍQUIDO, COR: VERDE, TIPO USO: TINTA LÁTEX/PVA/ACRÍLICA/BASE ÁGUA/ARGAMASSA/CERA","UN",40.0,4.73,189.2,0.0,"2026-07-02"]
["UNIVERSIDADE FEDERAL DE GOIAS-UF/GO",153052.0,5445.0,"Material","153052-111/2026","SEINFRA - Tintas e componentes para pintura predial","Catálogo do Compras.gov.br","Material",8020.0,"PINCEL PARA ARTISTAS E PINTORES",1572.0,"ROLO PINTURA PREDIAL",231857.0,"ALTURA: 10, MATERIAL: LÃ DE CARNEIRO, MATERIAL TUBO: PLÁSTICO, APLICAÇÃO: SUPERFÍCIE LISA/RUGOSA/ACRÍLICA E LÁTEX","UN",50.0,10.0,500.0,0.0,"2026-07-02"]
["UNIVERSIDADE FEDERAL DE GOIAS-UF/GO",153052.0,5446.0,"Material","153052-111/2026","SEINFRA - Tintas e componentes para pintura predial","Catálogo do Compras.gov.br","Material",8010.0,"TINTAS, VERNIZES E PRODUTOS CORRELATOS",1501.0,"TINTA ACRÍLICA",453736.0,"ASPECTO FÍSICO: LÍQUIDO VISCOSO, COMPONENTES: RESINA A BASE DE DISPERSÃO AQUOSA DE COPOLÍMERO,, COR: BRANCO GELO, TIPO ACABAMENTO: SEMI-BRILHO","LT",300.0,451.0,135300.0,0.0,"2026-07-02"]
["UNIVERSIDADE FEDERAL DE GOIAS-UF/GO",153052.0,5447.0,"Material","153052-111/2026","SEINFRA - Tintas e componentes para pintura predial","Catálogo do Compras.gov.br","Material",8020.0,"PINCEL PARA ARTISTAS E PINTORES",1573.0,"TRINCHA",250992.0,"MATERIAL CABO: MADEIRA LAQUEADA, MATERIAL CERDAS: GRIS DUPLA, TAMANHO: 1, TIPO CABO: ANATÔMICO","UN",100.0,16.0,1600.0,0.0,"2026-07-02"]
["UNIVERSIDADE FEDERAL DE GOIAS-UF/GO",153052.0,5448.0,"Material","153052-111/2026","SEINFRA - Tintas e componentes para pintura predial","Catálogo do Compras.gov.br","Material",6850.0,"ESPECIALIDADES QUÍMICAS DIVERSAS",12065.0,"SILICONE",419705.0,"APRESENTAÇÃO: LÍQUIDO LÍMPIDO, INCOLOR, COMPOSIÇÃO QUÍMICA: POLIDIMETILSILOXANO, REFERÊNCIA FABRIL: CAS 70131-67-8, TIPO: TERMINADO EM HIDROXILA (OH)","UN",100.0,384.9,38490.0,0.0,"2026-07-02"]
["UNIVERSIDADE FEDERAL DE GOIAS-UF/GO",153052.0,5449.0,"Material","153052-111/2026","SEINFRA - Tintas e componentes para pintura predial","Catálogo do Compras.gov.br","Material",8010.0,"TINTAS, VERNIZES E PRODUTOS CORRELATOS",12749.0,"TINTA INDUSTRIAL",352293.0,"APLICAÇÃO: INTERNA E EXTERNA, COR: AMARELO OURO, SUPERFÍCIE APLICAÇÃO: PISO / PAREDE / AZULEJO, TIPO: EPOXI-RESINA, TIPO ACABAMENTO: BRILHANTE","GL",30.0,240.0,7200.0,0.0,"2026-07-02"]
["UNIVERSIDADE FEDERAL DE GOIAS-UF/GO",153052.0,5450.0,"Material","153052-111/2026","SEINFRA - Tintas e componentes para pintura predial","Catálogo do Compras.gov.br","Material",8010.0,"TINTAS, VERNIZES E PRODUTOS CORRELATOS",6210.0,"DILUENTE TINTA",266776.0,"ASPECTO FÍSICO: LÍQUIDO, COMPOSIÇÃO: XILENO, ÁLCOOL ETÍLICO, ACETATO DE BUTILA, COR: INCOLOR, APLICAÇÃO: DISSOLVENTE TINTAS E LIMPEZA SUPERFÍCIES","UN",350.0,66.0,23100.0,0.0,"2026-07-02"]
["UNIVERSIDADE FEDERAL DE GOIAS-UF/GO",153052.0,5451.0,"Material","153052-111/2026","SEINFRA - Tintas e componentes para pintura predial","Catálogo do Compras.gov.br","Material",8020.0,"PINCEL PARA ARTISTAS E PINTORES",4034.0,"CABO ROLO DE PINTURA",610997.0,"MATERIAL: ALUMÍNIO, TAMANHO: 5, TIPO: TELESCÓPICO","UN",25.0,145.0,3625.0,0.0,"2026-07-02"]
["UNIVERSIDADE FEDERAL DE GOIAS-UF/GO",153052.0,5452.0,"Material","153052-111/2026","SEINFRA - Tintas e componentes para pintura predial","Catálogo do Compras.gov.br","Material",8010.0,"TINTAS, VERNIZES E PRODUTOS CORRELATOS",1501.0,"TINTA ACRÍLICA",239585.0,"ASPECTO FÍSICO: LÍQUIDO VISCOSO COLORIDO, COMPONENTES: ÁGUA/RESINA ACRÍLICA/PIGMENTOS ORGÂNICOS E INORGÂN, COR: AMARELA, PRAZO VALIDADE: 36, APLICAÇÃO: PISOS EM GERAL","GL",40.0,150.0,6000.0,0.0,"2026-07-02"]
["UNIVERSIDADE FEDERAL DE GOIAS-UF/GO",153052.0,5453.0,"Material","153052-111/2026","SEINFRA - Tintas e componentes para pintura predial","Catálogo do Compras.gov.br","Material",8010.0,"TINTAS, VERNIZES E PRODUTOS CORRELATOS",12735.0,"TINTA ARTÍSTICA",603437.0,"APLICAÇÃO: AMBIENTES INTERNOS E EXTERNOS, APRESENTAÇÃO: SPRAY, CARACTERÍSTICAS ADICIONAIS: DENSIDADE - 0,625, PONTO FULGOR: MENOR QUE - 30°C, COMPOSIÇÃO: COMPOSIÇÃO: RESINA ACRÍLICA, SOLVENTES ALIFÁTICOS,, COR: AMARELO OURO, TIPO ACABAMENTO: BRILHANTE","FR",150.0,18.9,2835.0,0.0,"2026-07-02"]
["UNIVERSIDADE FEDERAL DE GOIAS-UF/GO",153052.0,5454.0,"Material","153052-111/2026","SEINFRA - Tintas e componentes para pintura predial","Catálogo do Compras.gov.br","Material",8010.0,"TINTAS, VERNIZES E PRODUTOS CORRELATOS",12737.0,"TINTA DEMARCAÇÃO SINALIZAÇÃO",262732.0,"APLICAÇÃO: MARCAÇÃO FAIXAS EM PISO, ASFALTO E SINALIZAÇÃO, BASE: ÁGUA, CARACTERÍSTICAS ADICIONAIS: RESISTENTE À ABRASÃO E INTEMPÉRIES, COR: BRANCA, MÉTODO APLICAÇÃO: ROLO, PINCEL E PISTOLA","LT",10.0,500.0,5000.0,0.0,"2026-07-02"]
["UNIVERSIDADE FEDERAL DE GOIAS-UF/GO",153052.0,5455.0,"Material","153052-111/2026","SEINFRA - Tintas e componentes para pintura predial","Catálogo do Compras.gov.br","Material",8010.0,"TINTAS, VERNIZES E PRODUTOS CORRELATOS",1501.0,"TINTA ACRÍLICA",350862.0,"ASPECTO FÍSICO: LÍQUIDO VISCOSO, CARACTERÍSTICAS ADICIONAIS: RENDIMENTO 30 1 40 M2 GL/LT, COMPONENTES: ÁGUA, RESINA ACRÍLICA, PIGMENTOS ORGÂNICOS E INOR-, COR: BRANCO GELO, TIPO ACABAMENTO: FOSCO","UN",300.0,350.0,105000.0,0.0,"2026-07-02"]
["UNIVERSIDADE FEDERAL DE GOIAS-UF/GO",153052.0,5456.0,"Material","153052-111/2026","SEINFRA - Tintas e componentes para pintura predial","Catálogo do Compras.gov.br","Material",8010.0,"TINTAS, VERNIZES E PRODUTOS CORRELATOS",12735.0,"TINTA ARTÍSTICA",603437.0,"APLICAÇÃO: AMBIENTES INTERNOS E EXTERNOS, APRESENTAÇÃO: SPRAY, CARACTERÍSTICAS ADICIONAIS: DENSIDADE - 0,625, PONTO FULGOR: MENOR QUE - 30°C, COMPOSIÇÃO: COMPOSIÇÃO: RESINA ACRÍLICA, SOLVENTES ALIFÁTICOS,, COR: AMARELO OURO, TIPO ACABAMENTO: BRILHANTE","FR",100.0,14.9,1490.0,0.0,"2026-07-02"]
["UNIVERSIDADE FEDERAL DE GOIAS-UF/GO",153052.0,5457.0,"Material","153052-111/2026","SEINFRA - Tintas e componentes para pintura predial","Catálogo do Compras.gov.br","Material",8020.0,"PINCEL PARA ARTISTAS E PINTORES",1573.0,"TRINCHA",376146.0,"MATERIAL CABO: MADEIRA LAQUEADA, MATERIAL CERDAS: GRIS DUPLA, TAMANHO: 1/2, TIPO CABO: ANATÔMICO","UN",100.0,13.0,1300.0,0.0,"2026-07-02"]
["UNIVERSIDADE FEDERAL DE GOIAS-UF/GO",153052.0,5458.0,"Material","153052-111/2026","SEINFRA - Tintas e componentes para pintura predial","Catálogo do Compras.gov.br","Material",8010.0,"TINTAS, VERNIZES E PRODUTOS CORRELATOS",1508.0,"MASSA CORRIDA",311036.0,"COMPOSIÇÃO BÁSICA: EMULSÃO VINÍLICA, CARGAS MINERAIS, HIDROCARBONETOS, SOLUBILIDADE: ÁGUA, APLICAÇÃO: REFORMAS EM GERAL","UN",150.0,78.0,11700.0,0.0,"2026-07-02"]
["UNIVERSIDADE FEDERAL DE GOIAS-UF/GO",153052.0,5459.0,"Material","153052-111/2026","SEINFRA - Tintas e componentes para pintura predial","Catálogo do Compras.gov.br","Material",7920.0,"VASSOURAS, ESCOVAS, RODOS, ESPONJAS E ESFREGÕES",7174.0,"ESTOPA",243579.0,"COR: BRANCA, MATERIAL: FIO ALGODÃO, APLICAÇÃO: POLIMENTO E LIMPEZA ESPECIAL","UN",400.0,20.0,8000.0,0.0,"2026-07-02"]
["UNIVERSIDADE FEDERAL DE GOIAS-UF/GO",153052.0,5460.0,"Material","153052-111/2026","SEINFRA - Tintas e componentes para pintura predial","Catálogo do Compras.gov.br","Material",8010.0,"TINTAS, VERNIZES E PRODUTOS CORRELATOS",1502.0,"ZARCÃO",389532.0,"COR: LARANJA, TEMPO SECAGEM: RÁPIDA","GL",80.0,50.0,4000.0,0.0,"2026-07-02"]
["UNIVERSIDADE FEDERAL DE GOIAS-UF/GO",153052.0,5461.0,"Material","153052-111/2026","SEINFRA - Tintas e componentes para pintura predial","Catálogo do Compras.gov.br","Material",8020.0,"PINCEL PARA ARTISTAS E PINTORES",1572.0,"ROLO PINTURA PREDIAL",229043.0,"COMPRIMENTO: 15, MATERIAL: ESPUMA, MATERIAL TUBO: NÃO APLICÁVEL, APLICAÇÃO: NÃO APLICÁVEL","UN",200.0,8.78,1756.0,0.0,"2026-07-02"]
["UNIVERSIDADE FEDERAL DE GOIAS-UF/GO",153052.0,5462.0,"Material","153052-111/2026","SEINFRA - Tintas e componentes para pintura predial","Catálogo do Compras.gov.br","Material",8020.0,"PINCEL PARA ARTISTAS E PINTORES",1572.0,"ROLO PINTURA PREDIAL",320067.0,"CARACTERÍSTICAS ADICIONAIS: ALTURA DA LÃ 25 MM, COMPRIMENTO: 23, MATERIAL: LÃ DE CARNEIRO, MATERIAL TUBO: PLÁSTICO, APLICAÇÃO: SUPERFÍCIE LISA/LÁTEX E ACRÍLICA, MATERIAL CABO: PLÁSTICO RESISTENTE","UN",300.0,29.0,8700.0,0.0,"2026-07-02"]
["UNIVERSIDADE FEDERAL DE GOIAS-UF/GO",153052.0,5463.0,"Material","153052-111/2026","SEINFRA - Tintas e componentes para pintura predial","Catálogo do Compras.gov.br","Material",8010.0,"TINTAS, VERNIZES E PRODUTOS CORRELATOS",1501.0,"TINTA ACRÍLICA",253839.0,"ASPECTO FÍSICO: LÍQUIDO VISCOSO, COMPONENTES: EMULSÃO ACRÍLICA MODIFICADA, PIGMENTOS ATIVOS E, COR: BRANCO NEVE, TIPO ACABAMENTO: SEMI-BRILHO, PRAZO VALIDADE: 24, RENDIMENTO: 40 A 45, APLICAÇÃO: SUPERFÍCIES LISAS, CONCRETO, GESSO, AMIANTO, REBO-","LT",200.0,451.0,90200.0,0.0,"2026-07-02"]
["UNIVERSIDADE FEDERAL DE GOIAS-UF/GO",153052.0,5464.0,"Material","153052-111/2026","SEINFRA - Tintas e componentes para pintura predial","Catálogo do Compras.gov.br","Material",8020.0,"PINCEL PARA ARTISTAS E PINTORES",1572.0,"ROLO PINTURA PREDIAL",229113.0,"CARACTERÍSTICAS ADICIONAIS: COM SUPORTE, COMPRIMENTO: 9, MATERIAL: ESPONJA SINTÉTICA, MATERIAL TUBO: NÃO APLICÁVEL, APLICAÇÃO: SUPERFÍCIE LISA/RUGOSA/ACRÍLICA E LÁTEX, MATERIAL CABO: PLÁSTICO RESISTENTE","UN",300.0,11.89,3567.0,0.0,"2026-07-02"]
["UNIVERSIDADE FEDERAL DE GOIAS-UF/GO",153052.0,5465.0,"Material","153052-111/2026","SEINFRA - Tintas e componentes para pintura predial","Catálogo do Compras.gov.br","Material",8010.0,"TINTAS, VERNIZES E PRODUTOS CORRELATOS",1480.0,"CORANTE TINTA",223234.0,"ASPECTO FÍSICO: LÍQUIDO, COR: AZUL, TIPO USO: TINTA LÁTEX/PVA/ACRÍLICA/BASE ÁGUA/ARGAMASSA/CERA","UN",200.0,4.73,946.0,0.0,"2026-07-02"]
["UNIVERSIDADE FEDERAL DE GOIAS-UF/GO",153052.0,5466.0,"Material","153052-111/2026","SEINFRA - Tintas e componentes para pintura predial","Catálogo do Compras.gov.br","Material",9520.0,"PERFIS ESTRUTURAIS DE FERRO E AÇO",10656.0,"PERFILADO AÇO",462353.0,"APLICAÇÃO: PAREDE DIVISÓRIA TIPO DRYWALL, COMPRIMENTO BARRA: 3, ESPESSURA CHAPA: 0,50, FORMATO: H, LARGURA: 47, TIPO: PERFIL","UN",80.0,17.9,1432.0,0.0,"2026-07-02"]
["UNIVERSIDADE FEDERAL DE GOIAS-UF/GO",153052.0,5467.0,"Material","153052-111/2026","SEINFRA - Tintas e componentes para pintura predial","Catálogo do Compras.gov.br","Material",8010.0,"TINTAS, VERNIZES E PRODUTOS CORRELATOS",12746.0,"TINTA ESMALTE",292445.0,"COR: MARROM CONHAQUE, TIPO ACABAMENTO: SINTÉTICO, SUPERFÍCIE APLICAÇÃO: METAL, MÉTODO APLICAÇÃO: ROLO E PINCEL","GL",20.0,100.0,2000.0,0.0,"2026-07-02"]
["UNIVERSIDADE FEDERAL DE GOIAS-UF/GO",153052.0,5468.0,"Material","153052-111/2026","SEINFRA - Tintas e componentes para pintura predial","Catálogo do Compras.gov.br","Material",8010.0,"TINTAS, VERNIZES E PRODUTOS CORRELATOS",12737.0,"TINTA DEMARCAÇÃO SINALIZAÇÃO",262732.0,"APLICAÇÃO: MARCAÇÃO FAIXAS EM PISO, ASFALTO E SINALIZAÇÃO, BASE: ÁGUA, CARACTERÍSTICAS ADICIONAIS: RESISTENTE À ABRASÃO E INTEMPÉRIES, COR: BRANCA, MÉTODO APLICAÇÃO: ROLO, PINCEL E PISTOLA","LT",40.0,335.0,13400.0,0.0,"2026-07-02"]
["UNIVERSIDADE FEDERAL DE GOIAS-UF/GO",153052.0,5469.0,"Material","153052-111/2026","SEINFRA - Tintas e componentes para pintura predial","Catálogo do Compras.gov.br","Material",8010.0,"TINTAS, VERNIZES E PRODUTOS CORRELATOS",11979.0,"SELADOR / FUNDO PREPARADOR",226898.0,"ACABAMENTO: ENVERNIZADO, APLICAÇÃO: SUPERFÍCIES INTERNAS DA MADEIRA., COMPOSIÇÃO: À BASE DE NITROCELULOSE, COR: INCOLOR, FINALIDADE: MELHORA RENDIMENTO E QUALIDADE ACABAMENTO  VERNIZ,","GL",10.0,105.0,1050.0,0.0,"2026-07-02"]
["UNIVERSIDADE FEDERAL DE GOIAS-UF/GO",153052.0,5470.0,"Material","153052-111/2026","SEINFRA - Tintas e componentes para pintura predial","Catálogo do Compras.gov.br","Material",8010.0,"TINTAS, VERNIZES E PRODUTOS CORRELATOS",12746.0,"TINTA ESMALTE",286250.0,"APLICAÇÃO: SUPERFICÍES MADEIRA, METAL E INTERIORES, CARACTERÍSTICAS ADICIONAIS: BI-COMPONENTE EPÓXI, COR: BRANCO GELO, MATERIAL: TINTA A BASE DE RESINAS EPÓXI, RENDIMENTO: 41 M2/GL/DEMÃO, TIPO ACABAMENTO: FOSCO, DILUENTE INDICADO: DILUENTE PARA EPÓXI, MÉTODO APLICAÇÃO: ROLO/PINCEL E PISTOLA, PRAZO ARMAZENAGEM: 36","GL",70.0,100.0,7000.0,0.0,"2026-07-02"]
["UNIVERSIDADE FEDERAL DE GOIAS-UF/GO",153052.0,5471.0,"Material","153052-111/2026","SEINFRA - Tintas e componentes para pintura predial","Catálogo do Compras.gov.br","Material",8010.0,"TINTAS, VERNIZES E PRODUTOS CORRELATOS",12746.0,"TINTA ESMALTE",291611.0,"COR: BRANCO NEVE, TIPO ACABAMENTO: SINTÉTICO, SUPERFÍCIE APLICAÇÃO: METAL, MADEIRA E ALVENARIA, MÉTODO APLICAÇÃO: ROLO/PINCEL E PISTOLA","GL",90.0,110.0,9900.0,0.0,"2026-07-02"]
["UNIVERSIDADE FEDERAL DE GOIAS-UF/GO",153052.0,5472.0,"Material","153052-111/2026","SEINFRA - Tintas e componentes para pintura predial","Catálogo do Compras.gov.br","Material",9520.0,"PERFIS ESTRUTURAIS DE FERRO E AÇO",10650.0,"PERFIL METAL FERROSO",483478.0,"CARACTERÍSTICAS ADICIONAIS: TABICA ABERTA, FORMATO SEÇÃO: Z, LARGURA: 40, MATERIAL: AÇO GALVANIZADO","UN",300.0,19.99,5997.0,0.0,"2026-07-02"]
["UNIVERSIDADE FEDERAL DE GOIAS-UF/GO",153052.0,5473.0,"Material","153052-111/2026","SEINFRA - Tintas e componentes para pintura predial","Catálogo do Compras.gov.br","Material",8010.0,"TINTAS, VERNIZES E PRODUTOS CORRELATOS",12737.0,"TINTA DEMARCAÇÃO SINALIZAÇÃO",262732.0,"APLICAÇÃO: MARCAÇÃO FAIXAS EM PISO, ASFALTO E SINALIZAÇÃO, BASE: ÁGUA, CARACTERÍSTICAS ADICIONAIS: RESISTENTE À ABRASÃO E INTEMPÉRIES, COR: BRANCA, MÉTODO APLICAÇÃO: ROLO, PINCEL E PISTOLA","LT",20.0,500.0,10000.0,0.0,"2026-07-02"]
["UNIVERSIDADE FEDERAL DE GOIAS-UF/GO",153052.0,5474.0,"Material","153052-111/2026","SEINFRA - Tintas e componentes para pintura predial","Catálogo do Compras.gov.br","Material",8010.0,"TINTAS, VERNIZES E PRODUTOS CORRELATOS",12745.0,"TINTA PINTURA PREDIAL",226409.0,"ASPECTO FÍSICO: LÍQUIDO, COMPOSIÇÃO BÁSICA: ÁGUA E EMULSÃO ACRÍLICA, COR: BRANCO NEVE, TIPO ACABAMENTO: FOSCO, DILUENTE INDICADO: ÁGUA POTÁVEL, MÉTODO APLICAÇÃO: ROLO E PINCEL, SUPERFÍCIE APLICAÇÃO: REPINTURA, APLICAÇÃO: EXTERNA","LT",400.0,350.0,140000.0,0.0,"2026-07-02"]
["UNIVERSIDADE FEDERAL DE GOIAS-UF/GO",153052.0,5475.0,"Material","153052-111/2026","SEINFRA - Tintas e componentes para pintura predial","Catálogo do Compras.gov.br","Material",8010.0,"TINTAS, VERNIZES E PRODUTOS CORRELATOS",12737.0,"TINTA DEMARCAÇÃO SINALIZAÇÃO",242292.0,"APLICAÇÃO: PINTURA DE ASFALTO E SINALIZAÇÃO DE RODOVIAS, BASE: ESMALTE SINTÉTICO, CARACTERÍSTICAS ADICIONAIS: RESISTENTE À ABRASÃO E INTEMPÉRIES, COR: BRANCA, MÉTODO APLICAÇÃO: ROLO, PINCEL E PISTOLA, TIPO: BRILHANTE","GL",160.0,120.0,19200.0,0.0,"2026-07-02"]
["UNIVERSIDADE FEDERAL DE GOIAS-UF/GO",153052.0,5476.0,"Material","153052-111/2026","SEINFRA - Tintas e componentes para pintura predial","Catálogo do Compras.gov.br","Material",8010.0,"TINTAS, VERNIZES E PRODUTOS CORRELATOS",1469.0,"AGUARRÁS",429924.0,"APLICAÇÃO: SOLVENTE DE TINTA, CARACTERÍSTICAS ADICIONAIS: ORIGEM MINERAL, SEM BENZENO, ÁLCOOL OU QUEROZENE, COMPOSIÇÃO: 100% DESTILADO DE PETRÓLEO","UN",350.0,92.64,32424.0,0.0,"2026-07-02"]
["UNIVERSIDADE FEDERAL DE GOIAS-UF/GO",153052.0,5477.0,"Material","153052-111/2026","SEINFRA - Tintas e componentes para pintura predial","Catálogo do Compras.gov.br","Material",8010.0,"TINTAS, VERNIZES E PRODUTOS CORRELATOS",12746.0,"TINTA ESMALTE",234809.0,"APLICAÇÃO: SUPERFÍCIES MADEIRA E METAL/INTERIORES/EXTERIORES., COR: CAMURÇA, MATERIAL: TINTA À BASE DE RESINAS ALQUÍDICAS/PIGMENTOS, RENDIMENTO: 40 A 50 M2/GL/DEMÃO, TIPO ACABAMENTO: ALTO BRILHO, DILUENTE INDICADO: AGUARRÁS, MÉTODO APLICAÇÃO: ROLO/PINCEL E PISTOLA, PRAZO ARMAZENAGEM: 36","GL",30.0,110.0,3300.0,0.0,"2026-07-02"]
["UNIVERSIDADE FEDERAL DE GOIAS-UF/GO",153052.0,5478.0,"Material","153052-111/2026","SEINFRA - Tintas e componentes para pintura predial","Catálogo do Compras.gov.br","Material",8010.0,"TINTAS, VERNIZES E PRODUTOS CORRELATOS",1501.0,"TINTA ACRÍLICA",262306.0,"ASPECTO FÍSICO: LÍQUIDO VISCOSO, COMPONENTES: ÁGUA/RESINA ACRÍLICA/PIGMENTOS ORGÂNICOS E INORGÂN, COR: BRANCA, PRAZO VALIDADE: 36, APLICAÇÃO: PISOS EM GERAL","GL",30.0,150.0,4500.0,0.0,"2026-07-02"]
["UNIVERSIDADE FEDERAL DE GOIAS-UF/GO",153052.0,5479.0,"Material","153052-111/2026","SEINFRA - Tintas e componentes para pintura predial","Catálogo do Compras.gov.br","Material",8020.0,"PINCEL PARA ARTISTAS E PINTORES",4034.0,"CABO ROLO DE PINTURA",610996.0,"MATERIAL: ALUMÍNIO, TAMANHO: 3, TIPO: TELESCÓPICO","UN",30.0,45.0,1350.0,0.0,"2026-07-02"]
["UNIVERSIDADE FEDERAL DE GOIAS-UF/GO",153052.0,5480.0,"Material","153052-111/2026","SEINFRA - Tintas e componentes para pintura predial","Catálogo do Compras.gov.br","Material",5680.0,"MATERIAIS DIVERSOS PARA CONSTRUÇÃO",7990.0,"GESSO",604867.0,"APLICAÇÃO: CONSTRUÇÃO CIVIL, ASPECTO FÍSICO: PÓ, COR: BRANCO, ORIGEM: MINERAL, TIPO: GESSO COLA","UN",70.0,35.0,2450.0,0.0,"2026-07-02"]
["UNIVERSIDADE FEDERAL DE GOIAS-UF/GO",153052.0,5481.0,"Material","153052-111/2026","SEINFRA - Tintas e componentes para pintura predial","Catálogo do Compras.gov.br","Material",8010.0,"TINTAS, VERNIZES E PRODUTOS CORRELATOS",12749.0,"TINTA INDUSTRIAL",616754.0,"APLICAÇÃO: INTERNA E EXTERNA, APRESENTAÇÃO: BICOMPONENTE, CARACTERÍSTICAS ADICIONAIS: CATALISÁVEL, COR: BRANCO, SUPERFÍCIE APLICAÇÃO: PISO / PAREDE / AZULEJO, TIPO: EPÓXI, TIPO ACABAMENTO: BRILHANTE","GL",90.0,99.0,8910.0,0.0,"2026-07-02"]
["UNIVERSIDADE FEDERAL DE GOIAS-UF/GO",153052.0,5482.0,"Material","153052-111/2026","SEINFRA - Tintas e componentes para pintura predial","Catálogo do Compras.gov.br","Material",8010.0,"TINTAS, VERNIZES E PRODUTOS CORRELATOS",12746.0,"TINTA ESMALTE",481739.0,"APLICAÇÃO: INTERNA E EXTERNA, ASPECTO FÍSICO: LÍQUIDO E VISCOSO, CARACTERÍSTICAS ADICIONAIS: SPRAY, COR: ALÚMINIO, TIPO ACABAMENTO: SINTÉTICO","LT",100.0,14.9,1490.0,0.0,"2026-07-02"]
["UNIVERSIDADE FEDERAL DE GOIAS-UF/GO",153052.0,5483.0,"Material","153052-111/2026","SEINFRA - Tintas e componentes para pintura predial","Catálogo do Compras.gov.br","Material",8010.0,"TINTAS, VERNIZES E PRODUTOS CORRELATOS",1480.0,"CORANTE TINTA",223242.0,"ASPECTO FÍSICO: LÍQUIDO, COR: VERMELHA, TIPO USO: TINTA LÁTEX/PVA/ACRÍLICA/BASE ÁGUA/ARGAMASSA/CERA","UN",100.0,4.73,473.0,0.0,"2026-07-02"]
["UNIVERSIDADE FEDERAL DE GOIAS-UF/GO",153052.0,5484.0,"Material","153052-111/2026","SEINFRA - Tintas e componentes para pintura predial","Catálogo do Compras.gov.br","Material",8010.0,"TINTAS, VERNIZES E PRODUTOS CORRELATOS",12746.0,"TINTA ESMALTE",313459.0,"CARACTERÍSTICAS ADICIONAIS: BICOMPONENTE, COR: ALÚMINIO, MATERIAL: TINTA À BASE DE RESINAS ALQUÍDICAS/PIGMENTOS, TIPO ACABAMENTO: BRILHANTE, TIPO: SINTÉTICA","GL",90.0,120.0,10800.0,0.0,"2026-07-02"]
["UNIVERSIDADE FEDERAL DE GOIAS-UF/GO",153052.0,5485.0,"Material","153052-111/2026","SEINFRA - Tintas e componentes para pintura predial","Catálogo do Compras.gov.br","Material",8020.0,"PINCEL PARA ARTISTAS E PINTORES",1572.0,"ROLO PINTURA PREDIAL",231857.0,"ALTURA: 10, MATERIAL: LÃ DE CARNEIRO, MATERIAL TUBO: PLÁSTICO, APLICAÇÃO: SUPERFÍCIE LISA/RUGOSA/ACRÍLICA E LÁTEX","UN",200.0,12.0,2400.0,0.0,"2026-07-02"]
["UNIVERSIDADE FEDERAL DE GOIAS-UF/GO",153052.0,5486.0,"Material","153052-111/2026","SEINFRA - Tintas e componentes para pintura predial","Catálogo do Compras.gov.br","Material",8010.0,"TINTAS, VERNIZES E PRODUTOS CORRELATOS",12737.0,"TINTA DEMARCAÇÃO SINALIZAÇÃO",242293.0,"APLICAÇÃO: PINTURA DE ASFALTO E SINALIZAÇÃO DE RODOVIAS, BASE: ESMALTE SINTÉTICO, CARACTERÍSTICAS ADICIONAIS: RESISTENTE À ABRASÃO E INTEMPÉRIES, COR: AMARELA, MÉTODO APLICAÇÃO: ROLO, PINCEL E PISTOLA, TIPO: BRILHANTE","GL",150.0,120.0,18000.0,0.0,"2026-07-02"]
["UNIVERSIDADE FEDERAL DE GOIAS-UF/GO",153052.0,5487.0,"Material","153052-111/2026","SEINFRA - Tintas e componentes para pintura predial","Catálogo do Compras.gov.br","Material",8010.0,"TINTAS, VERNIZES E PRODUTOS CORRELATOS",1501.0,"TINTA ACRÍLICA",281803.0,"ASPECTO FÍSICO: LÍQUIDO VISCOSO COLORIDO, COMPONENTES: TINTA ACRÍLICA, ÁGUA, RESINA ACRÍLICA, PIGMENTOS, COR: CINZA CHUMBO, PRAZO VALIDADE: 36, APLICAÇÃO: PISOS EM GERAL","GL",80.0,210.0,16800.0,0.0,"2026-07-02"]
["UNIVERSIDADE FEDERAL DE GOIAS-UF/GO",153052.0,5488.0,"Material","153052-111/2026","SEINFRA - Tintas e componentes para pintura predial","Catálogo do Compras.gov.br","Material",8010.0,"TINTAS, VERNIZES E PRODUTOS CORRELATOS",1480.0,"CORANTE TINTA",223234.0,"ASPECTO FÍSICO: LÍQUIDO, COR: AZUL, TIPO USO: TINTA LÁTEX/PVA/ACRÍLICA/BASE ÁGUA/ARGAMASSA/CERA","UN",150.0,4.73,709.5,0.0,"2026-07-02"]
["UNIVERSIDADE FEDERAL DE GOIAS-UF/GO",153052.0,5489.0,"Material","153052-111/2026","SEINFRA - Tintas e componentes para pintura predial","Catálogo do Compras.gov.br","Material",7360.0,"JOGOS, CONJUNTOS  E  EQUIPAMENTOS PARA PREPARAR E SERVIR ALIMENTOS",7160.0,"ESPÁTULA",328792.0,"APLICAÇÃO: SERVIR PATÊ, COMPRIMENTO: 15, COMPRIMENTO CABO: 9, MATERIAL: AÇO INOXIDÁVEL, MATERIAL CABO: POLIPROPILENO","UN",50.0,10.0,500.0,0.0,"2026-07-02"]
["UNIVERSIDADE FEDERAL DE GOIAS-UF/GO",153052.0,5490.0,"Material","153052-111/2026","SEINFRA - Tintas e componentes para pintura predial","Catálogo do Compras.gov.br","Material",8010.0,"TINTAS, VERNIZES E PRODUTOS CORRELATOS",12735.0,"TINTA ARTÍSTICA",326449.0,"APLICAÇÃO: METAL, APRESENTAÇÃO: SPRAY, CARACTERÍSTICAS ADICIONAIS: ACETONA COM PIGMENTOS METÁLICOS, JATO DIRETO, COMPOSIÇÃO: A BASE DE RESINA ACRÍLICA, COR: PRETO FOSCO, TIPO: SECAGEM RÁPIDA","FR",150.0,14.9,2235.0,0.0,"2026-07-02"]
["UNIVERSIDADE FEDERAL DE GOIAS-UF/GO",153052.0,5491.0,"Material","153052-111/2026","SEINFRA - Tintas e componentes para pintura predial","Catálogo do Compras.gov.br","Material",8010.0,"TINTAS, VERNIZES E PRODUTOS CORRELATOS",12737.0,"TINTA DEMARCAÇÃO SINALIZAÇÃO",262732.0,"APLICAÇÃO: MARCAÇÃO FAIXAS EM PISO, ASFALTO E SINALIZAÇÃO, BASE: ÁGUA, CARACTERÍSTICAS ADICIONAIS: RESISTENTE À ABRASÃO E INTEMPÉRIES, COR: BRANCA, MÉTODO APLICAÇÃO: ROLO, PINCEL E PISTOLA","LT",25.0,335.0,8375.0,0.0,"2026-07-02"]
["UNIVERSIDADE FEDERAL DE GOIAS-UF/GO",153052.0,5492.0,"Material","153052-111/2026","SEINFRA - Tintas e componentes para pintura predial","Catálogo do Compras.gov.br","Material",9520.0,"PERFIS ESTRUTURAIS DE FERRO E AÇO",10656.0,"PERFILADO AÇO",462355.0,"APLICAÇÃO: PAREDE DIVISÓRIA TIPO DRYWALL, COMPRIMENTO BARRA: 3, ESPESSURA CHAPA: 0,50, FORMATO: U, LARGURA: 48, TIPO: PERFIL GUIA","UN",80.0,35.0,2800.0,0.0,"2026-07-02"]
["UNIVERSIDADE FEDERAL DE GOIAS-UF/GO",153052.0,5493.0,"Material","153052-111/2026","SEINFRA - Tintas e componentes para pintura predial","Catálogo do Compras.gov.br","Material",7340.0,"CUTELARIA E TALHERES",14036.0,"ESPÁTULA",431340.0,"COMPRIMENTO: 6, COMPRIMENTO CABO: 5, COR: LARANJA, LARGURA: 3 1/2, MATERIAL: AÇO INOXIDÁVEL, MATERIAL CABO: POLIPROPILENO","UN",50.0,18.0,900.0,0.0,"2026-07-02"]
["UNIVERSIDADE FEDERAL DE GOIAS-UF/GO",153052.0,5494.0,"Material","153052-111/2026","SEINFRA - Tintas e componentes para pintura predial","Catálogo do Compras.gov.br","Material",8010.0,"TINTAS, VERNIZES E PRODUTOS CORRELATOS",12746.0,"TINTA ESMALTE",313467.0,"COR: PLATINA BRILHANTE, TIPO ACABAMENTO: SINTÉTICO","GL",150.0,110.0,16500.0,0.0,"2026-07-02"]
["UNIVERSIDADE FEDERAL DE GOIAS-UF/GO",153052.0,5495.0,"Material","153052-111/2026","SEINFRA - Tintas e componentes para pintura predial","Catálogo do Compras.gov.br","Material",8010.0,"TINTAS, VERNIZES E PRODUTOS CORRELATOS",1501.0,"TINTA ACRÍLICA",235811.0,"ASPECTO FÍSICO: LÍQUIDO VISCOSO COLORIDO, COMPONENTES: ÁGUA/RESINA ACRÍLICA/PIGMENTOS ORGÂNICOS E INORGÂN, COR: VERMELHA, PRAZO VALIDADE: 36, APLICAÇÃO: PISOS EM GERAL","GL",30.0,150.0,4500.0,0.0,"2026-07-02"]
["UNIVERSIDADE FEDERAL DE GOIAS-UF/GO",153052.0,5496.0,"Material","153052-111/2026","SEINFRA - Tintas e componentes para pintura predial","Catálogo do Compras.gov.br","Material",8020.0,"PINCEL PARA ARTISTAS E PINTORES",1573.0,"TRINCHA",239398.0,"MATERIAL CABO: MADEIRA ENVERNIZADA, MATERIAL CERDAS: GRIS DUPLA, TAMANHO: 2, TIPO CABO: ANATÔMICO","UN",200.0,16.6,3320.0,0.0,"2026-07-02"]
["UNIVERSIDADE FEDERAL DE GOIAS-UF/GO",153052.0,5497.0,"Material","153052-111/2026","SEINFRA - Tintas e componentes para pintura predial","Catálogo do Compras.gov.br","Material",8010.0,"TINTAS, VERNIZES E PRODUTOS CORRELATOS",1508.0,"MASSA CORRIDA",223504.0,"COMPOSIÇÃO BÁSICA: PVA - POLICLORETO DE VINILA, SOLUBILIDADE: ÁGUA, TEMPO SECAGEM: 3, MÉTODO APLICAÇÃO: COM ESPÁTULA E DESEMPENADEIRA, APLICAÇÃO: IMPERFEIÇÃO SUPERFÍCIE INTERNA PARA PINTURA","UN",300.0,60.0,18000.0,0.0,"2026-07-02"]
["UNIVERSIDADE FEDERAL DE GOIAS-UF/GO",153052.0,5498.0,"Material","153052-111/2026","SEINFRA - Tintas e componentes para pintura predial","Catálogo do Compras.gov.br","Material",8010.0,"TINTAS, VERNIZES E PRODUTOS CORRELATOS",16338.0,"REVESTIMENTO TEXTURA",322364.0,"APLICAÇÃO: INTERNA E EXTERNA, CARACTERÍSTICAS ADICIONAIS: RESINA A BASE DE DISPERSÃO AQUOSA DE COPOLÍMERO,, COR: BEGE PALHA, MÉTODO APLICAÇÃO: DESEMPENADEIRA AÇO E ROLO, SUPERFÍCIE APLICAÇÃO: ALVENARIA, TIPO: ACRÍLICA, TIPO ACABAMENTO: TEXTURA","LT",70.0,149.0,10430.0,0.0,"2026-07-02"]
["UNIVERSIDADE FEDERAL DE GOIAS-UF/GO",153052.0,5499.0,"Material","153052-111/2026","SEINFRA - Tintas e componentes para pintura predial","Catálogo do Compras.gov.br","Material",8010.0,"TINTAS, VERNIZES E PRODUTOS CORRELATOS",1501.0,"TINTA ACRÍLICA",349930.0,"ASPECTO FÍSICO: LÍQUIDO VISCOSO, COMPONENTES: RESINA ACRÍLICA ELASTOMÉRICA, COR: BRANCA, TIPO ACABAMENTO: ACETINADO","UN",50.0,420.0,21000.0,0.0,"2026-07-02"]
["UNIVERSIDADE FEDERAL DE GOIAS-UF/GO",153052.0,5500.0,"Material","153052-111/2026","SEINFRA - Tintas e componentes para pintura predial","Catálogo do Compras.gov.br","Material",8010.0,"TINTAS, VERNIZES E PRODUTOS CORRELATOS",12746.0,"TINTA ESMALTE",291611.0,"COR: BRANCO NEVE, TIPO ACABAMENTO: SINTÉTICO, SUPERFÍCIE APLICAÇÃO: METAL, MADEIRA E ALVENARIA, MÉTODO APLICAÇÃO: ROLO/PINCEL E PISTOLA","GL",60.0,110.0,6600.0,0.0,"2026-07-02"]
["UNIVERSIDADE FEDERAL DE GOIAS-UF/GO",153052.0,5501.0,"Material","153052-111/2026","SEINFRA - Tintas e componentes para pintura predial","Catálogo do Compras.gov.br","Material",8010.0,"TINTAS, VERNIZES E PRODUTOS CORRELATOS",1501.0,"TINTA ACRÍLICA",453735.0,"ASPECTO FÍSICO: LÍQUIDO VISCOSO, COMPONENTES: RESINA A BASE DE DISPERSÃO AQUOSA DE COPOLÍMERO,, COR: AZUL MODERNO, TIPO ACABAMENTO: SEMI-BRILHO","GL",30.0,240.0,7200.0,0.0,"2026-07-02"]
["UNIVERSIDADE FEDERAL DE GOIAS-UF/GO",153052.0,5502.0,"Material","153052-111/2026","SEINFRA - Tintas e componentes para pintura predial","Catálogo do Compras.gov.br","Material",8010.0,"TINTAS, VERNIZES E PRODUTOS CORRELATOS",12746.0,"TINTA ESMALTE",339903.0,"CARACTERÍSTICAS ADICIONAIS: TIPO SINTÉTICO, COR: PRETA, TIPO ACABAMENTO: FOSCO","GL",80.0,110.0,8800.0,0.0,"2026-07-02"]
["UNIVERSIDADE FEDERAL DE GOIAS-UF/GO",153052.0,5503.0,"Material","153052-111/2026","SEINFRA - Tintas e componentes para pintura predial","Catálogo do Compras.gov.br","Material",8020.0,"PINCEL PARA ARTISTAS E PINTORES",1572.0,"ROLO PINTURA PREDIAL",243420.0,"CARACTERÍSTICAS ADICIONAIS: COM CABO, COMPRIMENTO: 10, MATERIAL: ESPUMA POLIÉSTER, APLICAÇÃO: PAREDE / MADEIRA / ESTRUTURA METÁLICA","UN",40.0,23.0,920.0,0.0,"2026-07-02"]
["UNIVERSIDADE FEDERAL DE GOIAS-UF/GO",153052.0,5504.0,"Material","153052-111/2026","SEINFRA - Tintas e componentes para pintura predial","Catálogo do Compras.gov.br","Material",8010.0,"TINTAS, VERNIZES E PRODUTOS CORRELATOS",12746.0,"TINTA ESMALTE",229199.0,"APLICAÇÃO: INTERNA E EXTERNA, COR: VERDE FOLHA, TIPO ACABAMENTO: BRILHANTE, SUPERFÍCIE APLICAÇÃO: METAL E MADEIRA, DILUENTE INDICADO: AGUARRÁS, MÉTODO APLICAÇÃO: ROLO/PINCEL E PISTOLA","GL",150.0,110.0,16500.0,0.0,"2026-07-02"]
["UNIVERSIDADE FEDERAL DE GOIAS-UF/GO",153052.0,5505.0,"Material","153052-111/2026","SEINFRA - Tintas e componentes para pintura predial","Catálogo do Compras.gov.br","Material",8010.0,"TINTAS, VERNIZES E PRODUTOS CORRELATOS",1480.0,"CORANTE TINTA",375308.0,"ASPECTO FÍSICO: LÍQUIDO, COR: VIOLETA, TIPO USO: TINTA LÁTEX/PVA/ACRÍLICA/BASE ÁGUA/ARGAMASSA/CERA","UN",30.0,4.73,141.9,0.0,"2026-07-02"]
["UNIVERSIDADE FEDERAL DE GOIAS-UF/GO",153052.0,5506.0,"Material","153052-111/2026","SEINFRA - Tintas e componentes para pintura predial","Catálogo do Compras.gov.br","Material",8010.0,"TINTAS, VERNIZES E PRODUTOS CORRELATOS",12735.0,"TINTA ARTÍSTICA",303610.0,"APLICAÇÃO: ARTESANATOS, ROUPAS/TECIDOS, ARRANJOS FLORES SECAS, APRESENTAÇÃO: SPRAY, COMPOSIÇÃO: A BASE DE RESINA ACRÍLICA, COR: VERDE, TIPO: GLITTER, TIPO ACABAMENTO: TRANSLÚCIDO","FR",100.0,14.9,1490.0,0.0,"2026-07-02"]
["UNIVERSIDADE FEDERAL DE GOIAS-UF/GO",153052.0,5507.0,"Material","153052-111/2026","SEINFRA - Tintas e componentes para pintura predial","Catálogo do Compras.gov.br","Material",8010.0,"TINTAS, VERNIZES E PRODUTOS CORRELATOS",16338.0,"REVESTIMENTO TEXTURA",306897.0,"APLICAÇÃO: INTERNA E EXTERNA, CARACTERÍSTICAS ADICIONAIS: RESINA ACRÍLICA, COR: BRANCO GELO, MÉTODO APLICAÇÃO: DESEMPENADEIRA AÇO E ROLO, SUPERFÍCIE APLICAÇÃO: ALVENARIA, TIPO ACABAMENTO: TEXTURA","LT",200.0,149.0,29800.0,0.0,"2026-07-02"]
["UNIVERSIDADE FEDERAL DE GOIAS-UF/GO",153052.0,5508.0,"Material","153052-111/2026","SEINFRA - Tintas e componentes para pintura predial","Catálogo do Compras.gov.br","Material",8010.0,"TINTAS, VERNIZES E PRODUTOS CORRELATOS",12746.0,"TINTA ESMALTE",337001.0,"CARACTERÍSTICAS ADICIONAIS: TIPO SINTÉTICO, COR: BRANCO GELO, MATERIAL: A BASE DE SILICONE, TIPO ACABAMENTO: BRILHANTE","GL",90.0,110.0,9900.0,0.0,"2026-07-02"]
["UNIVERSIDADE FEDERAL DE GOIAS-UF/GO",153052.0,5509.0,"Material","153052-111/2026","SEINFRA - Tintas e componentes para pintura predial","Catálogo do Compras.gov.br","Material",8010.0,"TINTAS, VERNIZES E PRODUTOS CORRELATOS",1501.0,"TINTA ACRÍLICA",236142.0,"ASPECTO FÍSICO: LÍQUIDO VISCOSO COLORIDO, COMPONENTES: ÁGUA/RESINA ACRÍLICA/PIGMENTOS ORGÂNICOS E INORGÂN, COR: GRAFITE, PRAZO VALIDADE: 36, APLICAÇÃO: PISOS EM GERAL","LT",60.0,210.0,12600.0,0.0,"2026-07-02"]
["UNIVERSIDADE FEDERAL DE GOIAS-UF/GO",153052.0,5510.0,"Material","153052-111/2026","SEINFRA - Tintas e componentes para pintura predial","Catálogo do Compras.gov.br","Material",8010.0,"TINTAS, VERNIZES E PRODUTOS CORRELATOS",13399.0,"VERNIZ",340068.0,"ACABAMENTO: BRILHANTE, APLICAÇÃO: PISTOLA EM SUPERFÍCIE METÁLICA, CARACTERÍSTICAS ADICIONAIS: SECAGEM RÁPIDA, COR: INCOLOR","GL",50.0,109.0,5450.0,0.0,"2026-07-02"]
["UNIVERSIDADE FEDERAL DE GOIAS-UF/GO",153052.0,5511.0,"Material","153052-111/2026","SEINFRA - Tintas e componentes para pintura predial","Catálogo do Compras.gov.br","Material",8010.0,"TINTAS, VERNIZES E PRODUTOS CORRELATOS",12746.0,"TINTA ESMALTE",226205.0,"APLICAÇÃO: INTERNA E EXTERNA, COR: MARFIM, TIPO ACABAMENTO: BRILHANTE, SUPERFÍCIE APLICAÇÃO: ALVENARIA, DILUENTE INDICADO: AGUARRÁS, MÉTODO APLICAÇÃO: ROLO/PINCEL E PISTOLA","GL",70.0,100.0,7000.0,0.0,"2026-07-02"]
["UNIVERSIDADE FEDERAL DE GOIAS-UF/GO",153052.0,5512.0,"Material","153052-111/2026","SEINFRA - Tintas e componentes para pintura predial","Catálogo do Compras.gov.br","Material",8010.0,"TINTAS, VERNIZES E PRODUTOS CORRELATOS",1501.0,"TINTA ACRÍLICA",453735.0,"ASPECTO FÍSICO: LÍQUIDO VISCOSO, COMPONENTES: RESINA A BASE DE DISPERSÃO AQUOSA DE COPOLÍMERO,, COR: AZUL MODERNO, TIPO ACABAMENTO: SEMI-BRILHO","GL",25.0,240.0,6000.0,0.0,"2026-07-02"]
["UNIVERSIDADE FEDERAL DE GOIAS-UF/GO",153052.0,5513.0,"Material","153052-111/2026","SEINFRA - Tintas e componentes para pintura predial","Catálogo do Compras.gov.br","Material",8010.0,"TINTAS, VERNIZES E PRODUTOS CORRELATOS",12746.0,"TINTA ESMALTE",407857.0,"APLICAÇÃO: USO GERAL: INTERIOR E EXTERIOR, ASPECTO FÍSICO: LÍQUIDO E VISCOSO, CARACTERÍSTICAS ADICIONAIS: SPRAY, COR: VERMELHA, MATERIAL: RESINA ACRÍLICA, TIPO ACABAMENTO: METÁLICO","LT",100.0,14.9,1490.0,0.0,"2026-07-02"]
["UNIVERSIDADE FEDERAL DE GOIAS-UF/GO",153052.0,5514.0,"Material","153052-111/2026","SEINFRA - Tintas e componentes para pintura predial","Catálogo do Compras.gov.br","Material",8010.0,"TINTAS, VERNIZES E PRODUTOS CORRELATOS",1480.0,"CORANTE TINTA",223240.0,"ASPECTO FÍSICO: LÍQUIDO, COR: AMARELA, TIPO USO: TINTA LÁTEX/PVA/ACRÍLICA/BASE ÁGUA/ARGAMASSA/CERA","UN",200.0,4.73,946.0,0.0,"2026-07-02"]
["UNIVERSIDADE FEDERAL DE GOIAS-UF/GO",153052.0,5515.0,"Material","153052-111/2026","SEINFRA - Tintas e componentes para pintura predial","Catálogo do Compras.gov.br","Material",6850.0,"ESPECIALIDADES QUÍMICAS DIVERSAS",12210.0,"SOLUÇÃO",442121.0,"APRESENTAÇÃO: LÍQUIDO, COMPOSIÇÃO: RESINAS EMULFIONADAS, ADITIVOS, COMPLEXANTES ORGÂN, TIPO: CONVERTEDOR DE FERRUGEM","FR",40.0,40.0,1600.0,0.0,"2026-07-02"]
["UNIVERSIDADE FEDERAL DE GOIAS-UF/GO",153052.0,5516.0,"Material","153052-111/2026","SEINFRA - Tintas e componentes para pintura predial","Catálogo do Compras.gov.br","Material",8010.0,"TINTAS, VERNIZES E PRODUTOS CORRELATOS",12746.0,"TINTA ESMALTE",252400.0,"APLICAÇÃO: INTERNA, COR: CINZA MÉDIO, TIPO ACABAMENTO: BRILHANTE, SUPERFÍCIE APLICAÇÃO: METAL, DILUENTE INDICADO: AGUARRÁS, MÉTODO APLICAÇÃO: PISTOLA","GL",60.0,110.0,6600.0,0.0,"2026-07-02"]
["UNIVERSIDADE FEDERAL DE GOIAS-UF/GO",153052.0,5517.0,"Material","153052-111/2026","SEINFRA - Tintas e componentes para pintura predial","Catálogo do Compras.gov.br","Material",8020.0,"PINCEL PARA ARTISTAS E PINTORES",1572.0,"ROLO PINTURA PREDIAL",358300.0,"CARACTERÍSTICAS ADICIONAIS: COM CABO GAIOLA/GARFO AÇO GALVANIZADO, COMPRIMENTO: 23, MATERIAL: LÃ DE CARNEIRO","UN",150.0,10.5,1575.0,0.0,"2026-07-02"]
["UNIVERSIDADE FEDERAL DE GOIAS-UF/GO",153052.0,5518.0,"Material","153052-111/2026","SEINFRA - Tintas e componentes para pintura predial","Catálogo do Compras.gov.br","Material",8020.0,"PINCEL PARA ARTISTAS E PINTORES",1572.0,"ROLO PINTURA PREDIAL",242432.0,"CARACTERÍSTICAS ADICIONAIS: COM CABO, COMPRIMENTO: 5, MATERIAL: ESPUMA POLIÉSTER, MATERIAL TUBO: PLÁSTICO, MATERIAL CABO: PLÁSTICO RESISTENTE","UN",40.0,16.0,640.0,0.0,"2026-07-02"]
["UNIVERSIDADE FEDERAL DE GOIAS-UF/GO",153052.0,5519.0,"Material","153052-111/2026","SEINFRA - Tintas e componentes para pintura predial","Catálogo do Compras.gov.br","Material",7920.0,"VASSOURAS, ESCOVAS, RODOS, ESPONJAS E ESFREGÕES",10319.0,"PALHA AÇO",241726.0,"ABRASIVIDADE: ALTA, APLICAÇÃO: LIMPEZA EM GERAL, MATERIAL: AÇO CARBONO","UN",400.0,2.41,964.0,0.0,"2026-07-02"]
["UNIVERSIDADE FEDERAL DE GOIAS-UF/GO",153052.0,5520.0,"Material","153052-111/2026","SEINFRA - Tintas e componentes para pintura predial","Catálogo do Compras.gov.br","Material",8010.0,"TINTAS, VERNIZES E PRODUTOS CORRELATOS",12746.0,"TINTA ESMALTE",337000.0,"CARACTERÍSTICAS ADICIONAIS: TIPO SINTÉTICO, COR: AREIA, MATERIAL: A BASE DE SILICONE, TIPO ACABAMENTO: BRILHANTE","GL",60.0,100.0,6000.0,0.0,"2026-07-02"]
["UNIVERSIDADE FEDERAL DE GOIAS-UF/GO",153052.0,5521.0,"Material","153052-111/2026","SEINFRA - Tintas e componentes para pintura predial","Catálogo do Compras.gov.br","Material",8010.0,"TINTAS, VERNIZES E PRODUTOS CORRELATOS",12735.0,"TINTA ARTÍSTICA",326440.0,"APLICAÇÃO: METAL, APRESENTAÇÃO: SPRAY, CARACTERÍSTICAS ADICIONAIS: ACETONA COM PIGMENTOS METÁLICOS, JATO DIRETO, COMPOSIÇÃO: A BASE DE RESINA ACRÍLICA, COR: BRANCA, TIPO: SECAGEM RÁPIDA","FR",100.0,14.9,1490.0,0.0,"2026-07-02"]
["UNIVERSIDADE FEDERAL DE GOIAS-UF/GO",153052.0,5522.0,"Material","153052-111/2026","SEINFRA - Tintas e componentes para pintura predial","Catálogo do Compras.gov.br","Material",8020.0,"PINCEL PARA ARTISTAS E PINTORES",1573.0,"TRINCHA",467559.0,"MATERIAL CABO: PLÁSTICO, MATERIAL CERDAS: SINTÉTICA, TAMANHO: 2","UN",150.0,16.5,2475.0,0.0,"2026-07-02"]
["UNIVERSIDADE FEDERAL DE GOIAS-UF/GO",153052.0,5523.0,"Material","153052-111/2026","SEINFRA - Tintas e componentes para pintura predial","Catálogo do Compras.gov.br","Material",8020.0,"PINCEL PARA ARTISTAS E PINTORES",1572.0,"ROLO PINTURA PREDIAL",318808.0,"COMPRIMENTO: 23, MATERIAL: NÁILON","UN",60.0,33.0,1980.0,0.0,"2026-07-02"]
["UNIVERSIDADE FEDERAL DE GOIAS-UF/GO",153052.0,5524.0,"Material","153052-111/2026","SEINFRA - Tintas e componentes para pintura predial","Catálogo do Compras.gov.br","Material",8020.0,"PINCEL PARA ARTISTAS E PINTORES",1572.0,"ROLO PINTURA PREDIAL",229114.0,"CARACTERÍSTICAS ADICIONAIS: COM SUPORTE, COMPRIMENTO: 15, MATERIAL: ESPONJA SINTÉTICA, MATERIAL TUBO: NÃO APLICÁVEL, APLICAÇÃO: SUPERFÍCIE LISA/RUGOSA/ACRÍLICA E LÁTEX, MATERIAL CABO: PLÁSTICO RESISTENTE","UN",200.0,16.6,3320.0,0.0,"2026-07-02"]
["UNIVERSIDADE FEDERAL DE GOIAS-UF/GO",153052.0,5525.0,"Material","153052-111/2026","SEINFRA - Tintas e componentes para pintura predial","Catálogo do Compras.gov.br","Material",8020.0,"PINCEL PARA ARTISTAS E PINTORES",1572.0,"ROLO PINTURA PREDIAL",233931.0,"CARACTERÍSTICAS ADICIONAIS: COM CABO, COMPRIMENTO: 9, MATERIAL: ESPUMA POLIÉSTER, APLICAÇÃO: PAREDE / MADEIRA / ESTRUTURA METÁLICA","UN",300.0,3.56,1068.0,0.0,"2026-07-02"]
["UNIVERSIDADE FEDERAL DE GOIAS-UF/GO",153052.0,5526.0,"Material","153052-111/2026","SEINFRA - Tintas e componentes para pintura predial","Catálogo do Compras.gov.br","Material",8010.0,"TINTAS, VERNIZES E PRODUTOS CORRELATOS",1509.0,"SELADOR",605690.0,"APLICAÇÃO: ADESÃO DE PRIMERS EM SUPERFÍCIES PLÁSTICA, ASPECTO FÍSICO: LÍQUIDO, COMPOSIÇÃO: RESINAS, HIDROCARBONETOS AROMÁTICOS E ADITIVOS ESP, MÉTODO APLICAÇÃO: CATÁLISE E / OU DILUIÇÃO, TIPO: SELADOR PARA PLÁSTICO","GL",30.0,363.96,10918.8,0.0,"2026-07-02"]
["UNIVERSIDADE FEDERAL DE GOIAS-UF/GO",153052.0,5527.0,"Material","153052-111/2026","SEINFRA - Tintas e componentes para pintura predial","Catálogo do Compras.gov.br","Material",8010.0,"TINTAS, VERNIZES E PRODUTOS CORRELATOS",1501.0,"TINTA ACRÍLICA",235810.0,"ASPECTO FÍSICO: LÍQUIDO VISCOSO COLORIDO, COMPONENTES: ÁGUA/RESINA ACRÍLICA/PIGMENTOS ORGÂNICOS E INORGÂN, COR: PRETA, PRAZO VALIDADE: 36, APLICAÇÃO: PISOS EM GERAL","GL",30.0,150.0,4500.0,0.0,"2026-07-02"]
["UNIVERSIDADE FEDERAL DE GOIAS-UF/GO",153052.0,5528.0,"Material","153052-111/2026","SEINFRA - Tintas e componentes para pintura predial","Catálogo do Compras.gov.br","Material",8010.0,"TINTAS, VERNIZES E PRODUTOS CORRELATOS",1480.0,"CORANTE TINTA",224039.0,"APLICAÇÃO: COLORIR TINTAS LÁXTER/ACRÍLICA E BASE D'ÁGUA, ASPECTO FÍSICO: LÍQUIDO, COMPONENTES: PIGMENTOS/DISPERSANTES/CONSERVANTES E ÁGUA, COR: MARROM, TIPO USO: TINTA LÁTEX/PVA/ACRÍLICA/BASE ÁGUA/ARGAMASSA/CERA, RENDIMENTO: 1","UN",200.0,4.73,946.0,0.0,"2026-07-02"]
["UNIVERSIDADE FEDERAL DE GOIAS-UF/GO",153052.0,5529.0,"Material","153052-111/2026","SEINFRA - Tintas e componentes para pintura predial","Catálogo do Compras.gov.br","Material",8010.0,"TINTAS, VERNIZES E PRODUTOS CORRELATOS",1501.0,"TINTA ACRÍLICA",349930.0,"ASPECTO FÍSICO: LÍQUIDO VISCOSO, COMPONENTES: RESINA ACRÍLICA ELASTOMÉRICA, COR: BRANCA, TIPO ACABAMENTO: ACETINADO","UN",400.0,420.0,168000.0,0.0,"2026-07-02"]
["UNIVERSIDADE FEDERAL DE GOIAS-UF/GO",153052.0,5530.0,"Material","153052-111/2026","SEINFRA - Tintas e componentes para pintura predial","Catálogo do Compras.gov.br","Material",9505.0,"ARAMES DE FERRO E DE AÇO, NÃO UTILIZÁVEIS EM ELETRICIDADE",2969.0,"ARAME GALVANIZADO",396480.0,"COR: VERDE, DIÂMETRO FIO: 1,65, MATERIAL: METAL, REVESTIMENTO: PVC, TIPO: Nº 16","UN",14.0,290.0,4060.0,0.0,"2026-07-02"]
["UNIVERSIDADE FEDERAL DE GOIAS-UF/GO",153052.0,5531.0,"Material","153052-111/2026","SEINFRA - Tintas e componentes para pintura predial","Catálogo do Compras.gov.br","Material",9520.0,"PERFIS ESTRUTURAIS DE FERRO E AÇO",10656.0,"PERFILADO AÇO",462354.0,"APLICAÇÃO: PAREDE DIVISÓRIA TIPO DRYWALL, COMPRIMENTO BARRA: 3, ESPESSURA CHAPA: 0,50, FORMATO: U, LARGURA: 70, TIPO: PERFIL GUIA","UN",40.0,26.9,1076.0,0.0,"2026-07-02"]
["UNIVERSIDADE FEDERAL DE GOIAS-UF/GO",153052.0,5532.0,"Material","153052-111/2026","SEINFRA - Tintas e componentes para pintura predial","Catálogo do Compras.gov.br","Material",6310.0,"SISTEMA DE SINALIZAÇÃO DE TRÁFEGO E TRÂNSITO",12078.0,"MICROESFERA DE VIDRO PARA REFLETORIZAÇÃO",607602.0,"APLICAÇÃO: SINALIZAÇÃO VIÁRIA, TIPO: II A, USO: MISTURADA DIRETAMENTE NA TINTA DE SINALIZAÇÃO","UN",10.0,166.0,1660.0,0.0,"2026-07-02"]
["UNIVERSIDADE FEDERAL DE GOIAS-UF/GO",153052.0,5533.0,"Material","153052-111/2026","SEINFRA - Tintas e componentes para pintura predial","Catálogo do Compras.gov.br","Material",4010.0,"CORRENTES E CABOS DE AÇO",12783.0,"TIRANTE",611184.0,"APLICAÇÃO: EMBLISTADORA N921, MATERIAL: AÇO, TIPO: HASTE TENSORA","UN",300.0,1.9,570.0,0.0,"2026-07-02"]
["UNIVERSIDADE FEDERAL DE GOIAS-UF/GO",153052.0,5534.0,"Material","153052-111/2026","SEINFRA - Tintas e componentes para pintura predial","Catálogo do Compras.gov.br","Material",5120.0,"FERRAMENTAS MANUAIS SEM CORTE, NÃO ACIONADAS  POR  FORÇA  MOTRIZ",6084.0,"DESEMPENADEIRA MANUAL",485348.0,"COMPRIMENTO: 25, LARGURA: 16, MATERIAL: MADEIRA","UN",11.0,165.0,1815.0,0.0,"2026-07-02"]
["UNIVERSIDADE FEDERAL DE GOIAS-UF/GO",153052.0,5535.0,"Material","153052-111/2026","SEINFRA - Tintas e componentes para pintura predial","Catálogo do Compras.gov.br","Material",5330.0,"GAXETAS E OUTROS MATERIAIS PARA VEDAÇÃO",602.0,"JUNTA FITA VEDAÇÃO",425672.0,"APLICAÇÃO: PLACA DE GESSO E CIMENTÍCIA, LARGURA: 45, MATERIAL: FIBRA VIDRO","UN",30.0,27.9,837.0,0.0,"2026-07-02"]
["UNIVERSIDADE FEDERAL DE GOIAS-UF/GO",153052.0,5536.0,"Material","153052-111/2026","SEINFRA - Tintas e componentes para pintura predial","Catálogo do Compras.gov.br","Material",5640.0,"PAINEL DE PAPELÃO,PAPEL EMPREGADO EM CONSTRUÇÃO E MATERIAIS DE ISOLAMENTO TÉRMICO",7991.0,"PLACA DE GESSO ACARTONADO",483471.0,"APLICAÇÃO: FORRO REMÓVIVEL, COMPRIMENTO: 2,400, ESPESSURA: 12,5, LARGURA: 1,200","UN",140.0,65.0,9100.0,0.0,"2026-07-02"]
["UNIVERSIDADE FEDERAL DE GOIAS-UF/GO",153052.0,5553.0,"Material","153052-111/2026","SEINFRA - Tintas e componentes para pintura predial","Catálogo do Compras.gov.br","Material",5110.0,"FERRAMENTAS MANUAIS DE CORTE, NÃO ACIONADAS POR FORÇA MOTRIZ",821.0,"SERROTE PROFISSIONAL",483220.0,"MATERIAL CABO: PLÁSTICO, MATERIAL LÂMINA: AÇO ALTO CARBONO, QUANTIDADE DENTES: 9 POR POLEGADA, TAMANHO: 6, TIPO: TRAVADO, TRATAMENTO SUPERFICIAL: TEMPERADO E LIXADO","UN",25.0,25.0,625.0,0.0,"2026-07-02"]
["UNIVERSIDADE FEDERAL DE GOIAS-UF/GO",153052.0,5554.0,"Material","153052-111/2026","SEINFRA - Tintas e componentes para pintura predial","Catálogo do Compras.gov.br","Material",4720.0,"MANGUEIRAS E TUBULAÇÕES FLEXÍVEIS",595.0,"MANGUEIRA AR",458445.0,"APLICAÇÃO: COMPRESSOR AR, COMPRIMENTO: 50, DIÂMETRO EXTERNO: 12, DIÂMETRO INTERNO: 9,5, MATERIAL: BORRACHA SINTÉTICA","M",30.0,7.0,210.0,0.0,"2026-07-02"]
["UNIVERSIDADE FEDERAL DE GOIAS-UF/GO",153052.0,5555.0,"Material","153052-23/2026","APARELHOS TELEFÔNICOS","Catálogo do Compras.gov.br","Material",5805.0,"EQUIPAMENTO TELEFÔNICO E TELEGRÁFICO",1174.0,"APARELHO TELEFÔNICO SEM FIO",360028.0,"ALIMENTAÇÃO: 110/220, CARACTERÍSTICAS ADICIONAIS: CARGA BATERIA DE 6 HORAS/2 VOLUMES CAMPAINHA, COR: PRETA, FUNÇÃO: FLASH, REDIAL, MUTE E VIVA-VOZ, POTÊNCIA TRANSMISSÃO: 100","UN",20.0,125.0,2500.0,0.0,"2026-08-14"]
["UNIVERSIDADE FEDERAL DE GOIAS-UF/GO",153052.0,1655.0,"Serviço","153052-48/2026","EMAC - SERVIÇO ASSISTÊNCIA TÉCNICA PRODUÇÃO","Catálogo do Compras.gov.br","Serviço",851.0,"SERVIÇOS DE AGÊNCIAS DE EMPREGOS E FORNECIMENTO DE PESSOAL",null,null,25704.0,"ASSISTÊNCIA TÉCNICA PRODUÇÃO","UN",4.0,2000.0,8000.0,0.0,"2026-11-20"]
["UNIVERSIDADE FEDERAL DE GOIAS-UF/GO",153052.0,1656.0,"Serviço","153052-49/2026","EMAC - SERVIÇOS DE MANUTENÇÃO E REPARO DE PRODUTOS FABRICADOS DE METAL,MAQUINARIA E EQUIPAMENTOS","Catálogo do Compras.gov.br","Serviço",871.0,"SERVIÇOS DE MANUTENÇÃO E REPARO DE PRODUTOS FABRICADOS DE METAL,MAQUINARIA E EQUIPAMENTOS",null,null,2739.0,"INSTALAÇÃO/MANUTENÇÃO- EQUIPAMENTO ELETRÔNICO/ELETROMECÂNICO","UN",5.0,1000.0,5000.0,0.0,"2026-11-20"]